{"text_format":"1","workbook":"xlsx","n_sheets":7,"sheets":["PLANILHA","MEMORIAL DE CALCULO","CRONOGRAMA FÍSICO-FINANCEIRO","COMPOSIÇÃO","SINAPI 09.2021","IOPES 09.2021","COMP.3_POÇO DE VISITA"],"not_rendered":{"charts":0,"images":1,"macros":1,"external_links":0,"defined_names":9,"comments":0,"pivot_tables":0},"unopened":[],"bounds":{"document_bytes":16777216,"sheet_cells":100000,"rows_first":2000,"rows_last":500,"rows_between":2000,"halvings":0,"cell_chars":16384,"cell_head_chars":4096},"cells_cut":0,"cells_raw":0,"read":"whole","date_system":"1900"}

{"sheet":"PLANILHA","index":0,"n_rows":68,"n_cols":13,"rows_kept":68,"cut":false,"hidden":false,"merged":[[18,2,18,3],[50,2,50,3],[66,1,66,8],[67,1,71,11],[1,1,1,11],[8,1,8,11],[9,1,9,11],[10,1,10,11],[17,2,17,3]]}
[]
[]
[null,"OBRA: RECONSTRUÇÃO GALPÃO DE DESTINAÇÃO DE LIXO"]
[null,"LOCAL: BAIRRO BANANEIRAS-VENDA NOVA DO IMIGRANTE/ES"]
[null,"PROPRIETÁRIO: PREFEITURA MUNICIPAL DE VENDA NOVA DO IMIGRANTE"]
[null,"DATA: 24/12/2021"]
[null,"REFERENCIAL DE PREÇOS: IOPES / SINAPI"]
[null,"DATA BASE: SETEMBRO/2021"]
[null,null,null,null,null,null,null,null,null,null,null,null,0.22]
[null,"PLANILHA ORÇAMENTÁRIA"]
[]
[null,"ITEM","FONTE","CÓDIGO","DESCRIÇÃO ORÇAMENTÁRIA","UNIDADE","QTDE","CUSTO UNITÁRIO","PREÇO UNITÁRIO PMVNI","PREÇO TOTAL PMVNI","PREÇO UNITÁRIO EMPRESA","PREÇO TOTAL EMPRESA"]
[null,1,"CANTEIRO DE OBRAS"]
[" ","1.1","IOPES","020305","PLACA DE OBRA NAS DIMENSÕES DE 1,5 X 2,5 M, PADRÃO IOPES",{"$f":"IF($C14=\"IOPES\",UPPER(VLOOKUP($D14,'IOPES 09.2021'!$A$2:$G$2000,4,0)),VLOOKUP($D14,'SINAPI 09.2021'!$A$3:$E$8000,3,0))","v":"M2"},{"$f":"VLOOKUP(B14,'MEMORIAL DE CALCULO'!$B$11:$H$99,6,0)","v":3.75},{"$f":"IF($C14=\"IOPES\",UPPER(VLOOKUP($D14,'IOPES 09.2021'!$A$2:$G$2000,6,0)),VLOOKUP($D14,'SINAPI 09.2021'!$A$3:$E$8000,5,0))","v":"286,43"},{"$f":"ROUND(H14*(1+$M$9),2)","v":349.44},{"$f":"ROUND(I14*G14,2)","v":1310.4000000000001},null,{"$f":"G14*K14","v":0}]
[null,null,null,null,null,null,null,null,"SUBTOTAL",{"$f":"SUM(J14:J14)","v":1310.4000000000001},null,{"$f":"SUM(L14:L14)","v":0}]
[null,2,"DEMOLIÇÃO E RETIRADA"]
[null,"2.1","SINAPI","97647",{"$f":"IF($C17=\"IOPES\",UPPER(VLOOKUP($D17,'IOPES 09.2021'!$A$2:$G$2000,3,0)),LEFT(VLOOKUP($D17,'SINAPI 09.2021'!$A$3:$E$8000,2,0),IFERROR(SEARCH(\"AF_\",VLOOKUP($D17,'SINAPI 09.2021'!$A$3:$E$8000,2,0))-1,LEN(VLOOKUP($D17,'SINAPI 09.2021'!$A$3:$E$8000,2,0)))))","v":"REMOÇÃO DE TELHAS, DE FIBROCIMENTO, METÁLICA E CERÂMICA, DE FORMA MANUAL, SEM REAPROVEITAMENTO. "},{"$f":"IF($C17=\"IOPES\",UPPER(VLOOKUP($D17,'IOPES 09.2021'!$A$2:$G$2000,4,0)),VLOOKUP($D17,'SINAPI 09.2021'!$A$3:$E$8000,3,0))","v":"M2"},{"$f":"VLOOKUP(B17,'MEMORIAL DE CALCULO'!$B$11:$H$99,6,0)","v":328.25},{"$f":"IF($C17=\"IOPES\",UPPER(VLOOKUP($D17,'IOPES 09.2021'!$A$2:$G$2000,6,0)),VLOOKUP($D17,'SINAPI 09.2021'!$A$3:$E$8000,5,0))","v":"2,50"},{"$f":"ROUND(H17*(1+$M$9),2)","v":3.05},{"$f":"ROUND(I17*G17,2)","v":1001.16},null,{"$f":"G17*K17","v":0}]
[null,"2.2","COMP.01",null,{"$f":"COMPOSIÇÃO!D10","v":"REMOÇÃO DE POSTE DE CONCRETO DUPLO T"},{"$f":"COMPOSIÇÃO!J10","v":"UND"},{"$f":"VLOOKUP(B18,'MEMORIAL DE CALCULO'!$B$11:$H$99,6,0)","v":3},{"$f":"COMPOSIÇÃO!J20","v":61.164000000000001},74.62,223.86,null,0]
[null,"2.3","COMP.02",null,{"$f":"COMPOSIÇÃO!D22","v":"REMOÇÃO DE POSTE DE MADEIRA DN 150 ATÉ 300 MM H=5M"},{"$f":"COMPOSIÇÃO!J22","v":"UND"},{"$f":"VLOOKUP(B19,'MEMORIAL DE CALCULO'!$B$11:$H$99,6,0)","v":3},{"$f":"COMPOSIÇÃO!J32","v":42.245720000000006},51.54,154.62,null,0]
[null,"2.4","SINAPI","97655",{"$f":"IF($C20=\"IOPES\",UPPER(VLOOKUP($D20,'IOPES 09.2021'!$A$2:$G$2000,3,0)),LEFT(VLOOKUP($D20,'SINAPI 09.2021'!$A$3:$E$8000,2,0),IFERROR(SEARCH(\"AF_\",VLOOKUP($D20,'SINAPI 09.2021'!$A$3:$E$8000,2,0))-1,LEN(VLOOKUP($D20,'SINAPI 09.2021'!$A$3:$E$8000,2,0)))))","v":"REMOÇÃO DE TRAMA METÁLICA PARA COBERTURA, DE FORMA MANUAL, SEM REAPROVEITAMENTO. "},{"$f":"IF($C20=\"IOPES\",UPPER(VLOOKUP($D20,'IOPES 09.2021'!$A$2:$G$2000,4,0)),VLOOKUP($D20,'SINAPI 09.2021'!$A$3:$E$8000,3,0))","v":"M2"},{"$f":"VLOOKUP(B20,'MEMORIAL DE CALCULO'!$B$11:$H$99,6,0)","v":171},{"$f":"IF($C20=\"IOPES\",UPPER(VLOOKUP($D20,'IOPES 09.2021'!$A$2:$G$2000,6,0)),VLOOKUP($D20,'SINAPI 09.2021'!$A$3:$E$8000,5,0))","v":"16,50"},20.13,3442.23,null,0]
[null,"2.5","SINAPI","97656",{"$f":"IF($C21=\"IOPES\",UPPER(VLOOKUP($D21,'IOPES 09.2021'!$A$2:$G$2000,3,0)),LEFT(VLOOKUP($D21,'SINAPI 09.2021'!$A$3:$E$8000,2,0),IFERROR(SEARCH(\"AF_\",VLOOKUP($D21,'SINAPI 09.2021'!$A$3:$E$8000,2,0))-1,LEN(VLOOKUP($D21,'SINAPI 09.2021'!$A$3:$E$8000,2,0)))))","v":"REMOÇÃO DE TESOURAS METÁLICAS, COM VÃO MENOR QUE 8M, DE FORMA MANUAL, SEM REAPROVEITAMENTO. "},{"$f":"IF($C21=\"IOPES\",UPPER(VLOOKUP($D21,'IOPES 09.2021'!$A$2:$G$2000,4,0)),VLOOKUP($D21,'SINAPI 09.2021'!$A$3:$E$8000,3,0))","v":"UN"},{"$f":"VLOOKUP(B21,'MEMORIAL DE CALCULO'!$B$11:$H$99,6,0)","v":4},{"$f":"IF($C21=\"IOPES\",UPPER(VLOOKUP($D21,'IOPES 09.2021'!$A$2:$G$2000,6,0)),VLOOKUP($D21,'SINAPI 09.2021'!$A$3:$E$8000,5,0))","v":"163,20"},199.1,796.4,null,0]
[null,"2.6","IOPES","030304",{"$f":"IF($C22=\"IOPES\",UPPER(VLOOKUP($D22,'IOPES 09.2021'!$A$2:$G$2000,3,0)),LEFT(VLOOKUP($D22,'SINAPI 09.2021'!$A$3:$E$8000,2,0),IFERROR(SEARCH(\"AF_\",VLOOKUP($D22,'SINAPI 09.2021'!$A$3:$E$8000,2,0))-1,LEN(VLOOKUP($D22,'SINAPI 09.2021'!$A$3:$E$8000,2,0)))))","v":"ÍNDICE DE PREÇO PARA REMOÇÃO DE ENTULHO DECORRENTE DA EXECUÇÃO DE OBRAS (CLASSE A CONAMA - NBR 10.004 - CLASSE II-B), INCLUINDO ALUGUEL DA CAÇAMBA, CARGA, TRANSPORTE E DESCARGA EM ÁREA LICENCIADA"},{"$f":"IF($C22=\"IOPES\",UPPER(VLOOKUP($D22,'IOPES 09.2021'!$A$2:$G$2000,4,0)),VLOOKUP($D22,'SINAPI 09.2021'!$A$3:$E$8000,3,0))","v":"M3"},{"$f":"VLOOKUP(B22,'MEMORIAL DE CALCULO'!$B$11:$H$99,6,0)","v":54.5},{"$f":"IF($C22=\"IOPES\",UPPER(VLOOKUP($D22,'IOPES 09.2021'!$A$2:$G$2000,6,0)),VLOOKUP($D22,'SINAPI 09.2021'!$A$3:$E$8000,5,0))","v":"48,85"},59.6,3248.2,null,0]
[null,null,null,null,null,null,null,null,"SUBTOTAL",{"$f":"SUM(J17:J22)","v":8866.4699999999993},null,{"$f":"SUM(L17:L22)","v":0}]
[null,3,"ESCAVAÇÃO"]
[null,"3.1","SINAPI","96527",{"$f":"IF($C25=\"IOPES\",UPPER(VLOOKUP($D25,'IOPES 09.2021'!$A$2:$G$2000,3,0)),LEFT(VLOOKUP($D25,'SINAPI 09.2021'!$A$3:$E$8000,2,0),IFERROR(SEARCH(\"AF_\",VLOOKUP($D25,'SINAPI 09.2021'!$A$3:$E$8000,2,0))-1,LEN(VLOOKUP($D25,'SINAPI 09.2021'!$A$3:$E$8000,2,0)))))","v":"ESCAVAÇÃO MANUAL DE VALA PARA VIGA BALDRAME (INCLUINDO ESCAVAÇÃO PARA COLOCAÇÃO DE FÔRMAS). "},{"$f":"IF($C25=\"IOPES\",UPPER(VLOOKUP($D25,'IOPES 09.2021'!$A$2:$G$2000,4,0)),VLOOKUP($D25,'SINAPI 09.2021'!$A$3:$E$8000,3,0))","v":"M3"},{"$f":"VLOOKUP(B25,'MEMORIAL DE CALCULO'!$B$11:$H$99,6,0)","v":4.2300000000000004},{"$f":"IF($C25=\"IOPES\",UPPER(VLOOKUP($D25,'IOPES 09.2021'!$A$2:$G$2000,6,0)),VLOOKUP($D25,'SINAPI 09.2021'!$A$3:$E$8000,5,0))","v":"96,66"},{"$f":"ROUND(H25*(1+$M$9),2)","v":117.93},{"$f":"ROUND(I25*G25,2)","v":498.84},null,{"$f":"G25*K25","v":0}]
[null,"3.2","SINAPI","96522",{"$f":"IF($C26=\"IOPES\",UPPER(VLOOKUP($D26,'IOPES 09.2021'!$A$2:$G$2000,3,0)),LEFT(VLOOKUP($D26,'SINAPI 09.2021'!$A$3:$E$8000,2,0),IFERROR(SEARCH(\"AF_\",VLOOKUP($D26,'SINAPI 09.2021'!$A$3:$E$8000,2,0))-1,LEN(VLOOKUP($D26,'SINAPI 09.2021'!$A$3:$E$8000,2,0)))))","v":"ESCAVAÇÃO MANUAL PARA BLOCO DE COROAMENTO OU SAPATA (SEM ESCAVAÇÃO PARA COLOCAÇÃO DE FÔRMAS). "},{"$f":"IF($C26=\"IOPES\",UPPER(VLOOKUP($D26,'IOPES 09.2021'!$A$2:$G$2000,4,0)),VLOOKUP($D26,'SINAPI 09.2021'!$A$3:$E$8000,3,0))","v":"M3"},{"$f":"VLOOKUP(B26,'MEMORIAL DE CALCULO'!$B$11:$H$99,6,0)","v":3.61},{"$f":"IF($C26=\"IOPES\",UPPER(VLOOKUP($D26,'IOPES 09.2021'!$A$2:$G$2000,6,0)),VLOOKUP($D26,'SINAPI 09.2021'!$A$3:$E$8000,5,0))","v":"116,50"},{"$f":"ROUND(H26*(1+$M$9),2)","v":142.13},{"$f":"ROUND(I26*G26,2)","v":513.09},null,{"$f":"G26*K26","v":0}]
[null,null,null,null,null,null,null,null,"SUBTOTAL",{"$f":"SUM(J25:J26)","v":1011.9300000000001},null,{"$f":"SUM(L25:L26)","v":0}]
[null,4,"FUNDAÇÕES"]
[null,"4.1","SINAPI","96536",{"$f":"IF($C29=\"IOPES\",UPPER(VLOOKUP($D29,'IOPES 09.2021'!$A$2:$G$2000,3,0)),LEFT(VLOOKUP($D29,'SINAPI 09.2021'!$A$3:$E$8000,2,0),IFERROR(SEARCH(\"AF_\",VLOOKUP($D29,'SINAPI 09.2021'!$A$3:$E$8000,2,0))-1,LEN(VLOOKUP($D29,'SINAPI 09.2021'!$A$3:$E$8000,2,0)))))","v":"FABRICAÇÃO, MONTAGEM E DESMONTAGEM DE FÔRMA PARA VIGA BALDRAME, EM MADEIRA SERRADA, E=25 MM, 4 UTILIZAÇÕES. "},{"$f":"IF($C29=\"IOPES\",UPPER(VLOOKUP($D29,'IOPES 09.2021'!$A$2:$G$2000,4,0)),VLOOKUP($D29,'SINAPI 09.2021'!$A$3:$E$8000,3,0))","v":"M2"},{"$f":"VLOOKUP(B29,'MEMORIAL DE CALCULO'!$B$11:$H$99,6,0)","v":19},{"$f":"IF($C29=\"IOPES\",UPPER(VLOOKUP($D29,'IOPES 09.2021'!$A$2:$G$2000,6,0)),VLOOKUP($D29,'SINAPI 09.2021'!$A$3:$E$8000,5,0))","v":"70,49"},{"$f":"ROUND(H29*(1+$M$9),2)","v":86},{"$f":"ROUND(I29*G29,2)","v":1634},null,{"$f":"G29*K29","v":0}]
[null,"4.2","SINAPI","96535",{"$f":"IF($C30=\"IOPES\",UPPER(VLOOKUP($D30,'IOPES 09.2021'!$A$2:$G$2000,3,0)),LEFT(VLOOKUP($D30,'SINAPI 09.2021'!$A$3:$E$8000,2,0),IFERROR(SEARCH(\"AF_\",VLOOKUP($D30,'SINAPI 09.2021'!$A$3:$E$8000,2,0))-1,LEN(VLOOKUP($D30,'SINAPI 09.2021'!$A$3:$E$8000,2,0)))))","v":"FABRICAÇÃO, MONTAGEM E DESMONTAGEM DE FÔRMA PARA SAPATA, EM MADEIRA SERRADA, E=25 MM, 4 UTILIZAÇÕES. "},{"$f":"IF($C30=\"IOPES\",UPPER(VLOOKUP($D30,'IOPES 09.2021'!$A$2:$G$2000,4,0)),VLOOKUP($D30,'SINAPI 09.2021'!$A$3:$E$8000,3,0))","v":"M2"},{"$f":"VLOOKUP(B30,'MEMORIAL DE CALCULO'!$B$11:$H$99,6,0)","v":34.200000000000003},{"$f":"IF($C30=\"IOPES\",UPPER(VLOOKUP($D30,'IOPES 09.2021'!$A$2:$G$2000,6,0)),VLOOKUP($D30,'SINAPI 09.2021'!$A$3:$E$8000,5,0))","v":"133,10"},{"$f":"ROUND(H30*(1+$M$9),2)","v":162.38},{"$f":"ROUND(I30*G30,2)","v":5553.4},null,{"$f":"G30*K30","v":0}]
[null,"4.3","SINAPI","96544",{"$f":"IF($C31=\"IOPES\",UPPER(VLOOKUP($D31,'IOPES 09.2021'!$A$2:$G$2000,3,0)),LEFT(VLOOKUP($D31,'SINAPI 09.2021'!$A$3:$E$8000,2,0),IFERROR(SEARCH(\"AF_\",VLOOKUP($D31,'SINAPI 09.2021'!$A$3:$E$8000,2,0))-1,LEN(VLOOKUP($D31,'SINAPI 09.2021'!$A$3:$E$8000,2,0)))))","v":"ARMAÇÃO DE BLOCO, VIGA BALDRAME OU SAPATA UTILIZANDO AÇO CA-50 DE 6,3 MM - MONTAGEM. "},{"$f":"IF($C31=\"IOPES\",UPPER(VLOOKUP($D31,'IOPES 09.2021'!$A$2:$G$2000,4,0)),VLOOKUP($D31,'SINAPI 09.2021'!$A$3:$E$8000,3,0))","v":"KG"},{"$f":"VLOOKUP(B31,'MEMORIAL DE CALCULO'!$B$11:$H$99,6,0)","v":58.6},{"$f":"IF($C31=\"IOPES\",UPPER(VLOOKUP($D31,'IOPES 09.2021'!$A$2:$G$2000,6,0)),VLOOKUP($D31,'SINAPI 09.2021'!$A$3:$E$8000,5,0))","v":"19,28"},{"$f":"ROUND(H31*(1+$M$9),2)","v":23.52},{"$f":"ROUND(I31*G31,2)","v":1378.27},null,{"$f":"G31*K31","v":0}]
[null,"4.4","SINAPI","96546",{"$f":"IF($C32=\"IOPES\",UPPER(VLOOKUP($D32,'IOPES 09.2021'!$A$2:$G$2000,3,0)),LEFT(VLOOKUP($D32,'SINAPI 09.2021'!$A$3:$E$8000,2,0),IFERROR(SEARCH(\"AF_\",VLOOKUP($D32,'SINAPI 09.2021'!$A$3:$E$8000,2,0))-1,LEN(VLOOKUP($D32,'SINAPI 09.2021'!$A$3:$E$8000,2,0)))))","v":"ARMAÇÃO DE BLOCO, VIGA BALDRAME OU SAPATA UTILIZANDO AÇO CA-50 DE 10 MM - MONTAGEM. "},{"$f":"IF($C32=\"IOPES\",UPPER(VLOOKUP($D32,'IOPES 09.2021'!$A$2:$G$2000,4,0)),VLOOKUP($D32,'SINAPI 09.2021'!$A$3:$E$8000,3,0))","v":"KG"},{"$f":"VLOOKUP(B32,'MEMORIAL DE CALCULO'!$B$11:$H$99,6,0)","v":165.06},{"$f":"IF($C32=\"IOPES\",UPPER(VLOOKUP($D32,'IOPES 09.2021'!$A$2:$G$2000,6,0)),VLOOKUP($D32,'SINAPI 09.2021'!$A$3:$E$8000,5,0))","v":"16,54"},{"$f":"ROUND(H32*(1+$M$9),2)","v":20.18},{"$f":"ROUND(I32*G32,2)","v":3330.91},null,{"$f":"G32*K32","v":0}]
[null,"4.5","SINAPI","94965",{"$f":"IF($C33=\"IOPES\",UPPER(VLOOKUP($D33,'IOPES 09.2021'!$A$2:$G$2000,3,0)),LEFT(VLOOKUP($D33,'SINAPI 09.2021'!$A$3:$E$8000,2,0),IFERROR(SEARCH(\"AF_\",VLOOKUP($D33,'SINAPI 09.2021'!$A$3:$E$8000,2,0))-1,LEN(VLOOKUP($D33,'SINAPI 09.2021'!$A$3:$E$8000,2,0)))))","v":"CONCRETO FCK = 25MPA, TRAÇO 1:2,3:2,7 (EM MASSA SECA DE CIMENTO/ AREIA MÉDIA/ BRITA 1) - PREPARO MECÂNICO COM BETONEIRA 400 L. "},{"$f":"IF($C33=\"IOPES\",UPPER(VLOOKUP($D33,'IOPES 09.2021'!$A$2:$G$2000,4,0)),VLOOKUP($D33,'SINAPI 09.2021'!$A$3:$E$8000,3,0))","v":"M3"},{"$f":"VLOOKUP(B33,'MEMORIAL DE CALCULO'!$B$11:$H$99,6,0)","v":9.2799999999999994},{"$f":"IF($C33=\"IOPES\",UPPER(VLOOKUP($D33,'IOPES 09.2021'!$A$2:$G$2000,6,0)),VLOOKUP($D33,'SINAPI 09.2021'!$A$3:$E$8000,5,0))","v":"347,88"},{"$f":"ROUND(H33*(1+$M$9),2)","v":424.41},{"$f":"ROUND(I33*G33,2)","v":3938.52},null,{"$f":"G33*K33","v":0}]
[null,null,null,null,null,null,null,null,"SUBTOTAL",{"$f":"SUM(J29:J33)","v":15835.1},null,{"$f":"SUM(L29:L33)","v":0}]
[null,5,"SUPERESTRUTURA"]
[null,"5.1","SINAPI","100766",{"$f":"IF($C36=\"IOPES\",UPPER(VLOOKUP($D36,'IOPES 09.2021'!$A$2:$G$2000,3,0)),LEFT(VLOOKUP($D36,'SINAPI 09.2021'!$A$3:$E$8000,2,0),IFERROR(SEARCH(\"AF_\",VLOOKUP($D36,'SINAPI 09.2021'!$A$3:$E$8000,2,0))-1,LEN(VLOOKUP($D36,'SINAPI 09.2021'!$A$3:$E$8000,2,0)))))","v":"PILAR METÁLICO PERFIL LAMINADO OU SOLDADO EM AÇO ESTRUTURAL, COM CONEXÕES SOLDADAS, INCLUSOS MÃO DE OBRA, TRANSPORTE E IÇAMENTO UTILIZANDO GUINDASTE - FORNECIMENTO E INSTALAÇÃO. "},{"$f":"IF($C36=\"IOPES\",UPPER(VLOOKUP($D36,'IOPES 09.2021'!$A$2:$G$2000,4,0)),VLOOKUP($D36,'SINAPI 09.2021'!$A$3:$E$8000,3,0))","v":"KG"},{"$f":"VLOOKUP(B36,'MEMORIAL DE CALCULO'!$B$11:$H$99,6,0)","v":1558.98},{"$f":"IF($C36=\"IOPES\",UPPER(VLOOKUP($D36,'IOPES 09.2021'!$A$2:$G$2000,6,0)),VLOOKUP($D36,'SINAPI 09.2021'!$A$3:$E$8000,5,0))","v":"22,86"},{"$f":"ROUND(H36*(1+$M$9),2)","v":27.89},{"$f":"ROUND(I36*G36,2)","v":43479.95},null,{"$f":"G36*K36","v":0}]
[null,"5.2","IOPES","200738",{"$f":"IF($C37=\"IOPES\",UPPER(VLOOKUP($D37,'IOPES 09.2021'!$A$2:$G$2000,3,0)),LEFT(VLOOKUP($D37,'SINAPI 09.2021'!$A$3:$E$8000,2,0),IFERROR(SEARCH(\"AF_\",VLOOKUP($D37,'SINAPI 09.2021'!$A$3:$E$8000,2,0))-1,LEN(VLOOKUP($D37,'SINAPI 09.2021'!$A$3:$E$8000,2,0)))))","v":"ESTRUT. METÁLICA P/ QUADRA POLIESP. COBERTA CONSTITUÍDA POR PERFIS FORMADOS A FRIO, AÇO ESTRUTURAL ASTM A-570 G33 (TERÇAS) ASTM A-36 (DEMAIS PERFIS) C/ O SISTEMA DE TRAT. E PINT CONF DESCRITO EM NOTAS DA PLANILHA"},{"$f":"IF($C37=\"IOPES\",UPPER(VLOOKUP($D37,'IOPES 09.2021'!$A$2:$G$2000,4,0)),VLOOKUP($D37,'SINAPI 09.2021'!$A$3:$E$8000,3,0))","v":"KG"},{"$f":"VLOOKUP(B37,'MEMORIAL DE CALCULO'!$B$11:$H$99,6,0)","v":5322.36},{"$f":"IF($C37=\"IOPES\",UPPER(VLOOKUP($D37,'IOPES 09.2021'!$A$2:$G$2000,6,0)),VLOOKUP($D37,'SINAPI 09.2021'!$A$3:$E$8000,5,0))","v":"33,59"},{"$f":"ROUND(H37*(1+$M$9),2)","v":40.98},{"$f":"ROUND(I37*G37,2)","v":218110.31},null,{"$f":"G37*K37","v":0}]
[null,null,null,null,null,null,null,null,"SUBTOTAL",{"$f":"SUM(J36:J37)","v":261590.26},null,{"$f":"SUM(L36:L37)","v":0}]
[null,6,"TAPAMENTO"]
[null,"6.1","IOPES","200720",{"$f":"IF($C40=\"IOPES\",UPPER(VLOOKUP($D40,'IOPES 09.2021'!$A$2:$G$2000,3,0)),LEFT(VLOOKUP($D40,'SINAPI 09.2021'!$A$3:$E$8000,2,0),IFERROR(SEARCH(\"AF_\",VLOOKUP($D40,'SINAPI 09.2021'!$A$3:$E$8000,2,0))-1,LEN(VLOOKUP($D40,'SINAPI 09.2021'!$A$3:$E$8000,2,0)))))","v":"FORN E ASSENT DE TELHAS DE LIGA DE ALUMÍNIO E ZINCO (GALVALUME), ONDULADA, ESP. MÍNIMA 0.43MM, ALT. MÍNIMA DE ONDA 17MM, SOBREP. LATERAL DE UMA ONDA E LONGIT. 200MM C/ MÍNIMO DE 3 APOIOS, ASSENT. C/ UTILIZ. DE FITAS ANTI-CORROSIVA"},{"$f":"IF($C40=\"IOPES\",UPPER(VLOOKUP($D40,'IOPES 09.2021'!$A$2:$G$2000,4,0)),VLOOKUP($D40,'SINAPI 09.2021'!$A$3:$E$8000,3,0))","v":"M2"},{"$f":"VLOOKUP(B40,'MEMORIAL DE CALCULO'!$B$11:$H$99,6,0)","v":475.13},76.709999999999994,{"$f":"ROUND(H40*(1+$M$9),2)","v":93.59},{"$f":"ROUND(I40*G40,2)","v":44467.42},null,{"$f":"G40*K40","v":0}]
[null,null,null,null,null,null,null,null,"SUBTOTAL",{"$f":"SUM(J40:J40)","v":44467.42},null,{"$f":"SUM(L40:L40)","v":0}]
[null,7,"COBERTURA"]
[null,"7.1","IOPES","200720",{"$f":"IF($C43=\"IOPES\",UPPER(VLOOKUP($D43,'IOPES 09.2021'!$A$2:$G$2000,3,0)),LEFT(VLOOKUP($D43,'SINAPI 09.2021'!$A$3:$E$8000,2,0),IFERROR(SEARCH(\"AF_\",VLOOKUP($D43,'SINAPI 09.2021'!$A$3:$E$8000,2,0))-1,LEN(VLOOKUP($D43,'SINAPI 09.2021'!$A$3:$E$8000,2,0)))))","v":"FORN E ASSENT DE TELHAS DE LIGA DE ALUMÍNIO E ZINCO (GALVALUME), ONDULADA, ESP. MÍNIMA 0.43MM, ALT. MÍNIMA DE ONDA 17MM, SOBREP. LATERAL DE UMA ONDA E LONGIT. 200MM C/ MÍNIMO DE 3 APOIOS, ASSENT. C/ UTILIZ. DE FITAS ANTI-CORROSIVA"},{"$f":"IF($C43=\"IOPES\",UPPER(VLOOKUP($D43,'IOPES 09.2021'!$A$2:$G$2000,4,0)),VLOOKUP($D43,'SINAPI 09.2021'!$A$3:$E$8000,3,0))","v":"M2"},{"$f":"VLOOKUP(B43,'MEMORIAL DE CALCULO'!$B$11:$H$99,6,0)","v":548.42999999999995},76.709999999999994,{"$f":"ROUND(H43*(1+$M$9),2)","v":93.59},{"$f":"ROUND(I43*G43,2)","v":51327.56},null,{"$f":"G43*K43","v":0}]
[null,"7.2","SINAPI","94227",{"$f":"IF($C44=\"IOPES\",UPPER(VLOOKUP($D44,'IOPES 09.2021'!$A$2:$G$2000,3,0)),LEFT(VLOOKUP($D44,'SINAPI 09.2021'!$A$3:$E$8000,2,0),IFERROR(SEARCH(\"AF_\",VLOOKUP($D44,'SINAPI 09.2021'!$A$3:$E$8000,2,0))-1,LEN(VLOOKUP($D44,'SINAPI 09.2021'!$A$3:$E$8000,2,0)))))","v":"CALHA EM CHAPA DE AÇO GALVANIZADO NÚMERO 24, DESENVOLVIMENTO DE 33 CM, INCLUSO TRANSPORTE VERTICAL. "},{"$f":"IF($C44=\"IOPES\",UPPER(VLOOKUP($D44,'IOPES 09.2021'!$A$2:$G$2000,4,0)),VLOOKUP($D44,'SINAPI 09.2021'!$A$3:$E$8000,3,0))","v":"M"},{"$f":"VLOOKUP(B44,'MEMORIAL DE CALCULO'!$B$11:$H$99,6,0)","v":54.3},{"$f":"IF($C44=\"IOPES\",UPPER(VLOOKUP($D44,'IOPES 09.2021'!$A$2:$G$2000,6,0)),VLOOKUP($D44,'SINAPI 09.2021'!$A$3:$E$8000,5,0))","v":"78,10"},{"$f":"ROUND(H44*(1+$M$9),2)","v":95.28},{"$f":"ROUND(I44*G44,2)","v":5173.7},null,{"$f":"G44*K44","v":0}]
[null,"7.3","SINAPI","100327",{"$f":"IF($C45=\"IOPES\",UPPER(VLOOKUP($D45,'IOPES 09.2021'!$A$2:$G$2000,3,0)),LEFT(VLOOKUP($D45,'SINAPI 09.2021'!$A$3:$E$8000,2,0),IFERROR(SEARCH(\"AF_\",VLOOKUP($D45,'SINAPI 09.2021'!$A$3:$E$8000,2,0))-1,LEN(VLOOKUP($D45,'SINAPI 09.2021'!$A$3:$E$8000,2,0)))))","v":"RUFO EXTERNO/INTERNO EM CHAPA DE AÇO GALVANIZADO NÚMERO 26, CORTE DE 33 CM, INCLUSO IÇAMENTO. "},{"$f":"IF($C45=\"IOPES\",UPPER(VLOOKUP($D45,'IOPES 09.2021'!$A$2:$G$2000,4,0)),VLOOKUP($D45,'SINAPI 09.2021'!$A$3:$E$8000,3,0))","v":"M"},{"$f":"VLOOKUP(B45,'MEMORIAL DE CALCULO'!$B$11:$H$99,6,0)","v":27.15},{"$f":"IF($C45=\"IOPES\",UPPER(VLOOKUP($D45,'IOPES 09.2021'!$A$2:$G$2000,6,0)),VLOOKUP($D45,'SINAPI 09.2021'!$A$3:$E$8000,5,0))","v":"67,97"},{"$f":"ROUND(H45*(1+$M$9),2)","v":82.92},{"$f":"ROUND(I45*G45,2)","v":2251.2800000000002},null,{"$f":"G45*K45","v":0}]
[null,null,null,null,null,null,null,null,"SUBTOTAL",{"$f":"SUM(J43:J45)","v":58752.539999999994},null,{"$f":"SUM(L43:L45)","v":0}]
[null,8,"PAREDES"]
[null,"8.1","SINAPI","88417",{"$f":"IF($C48=\"IOPES\",UPPER(VLOOKUP($D48,'IOPES 09.2021'!$A$2:$G$2000,3,0)),LEFT(VLOOKUP($D48,'SINAPI 09.2021'!$A$3:$E$8000,2,0),IFERROR(SEARCH(\"AF_\",VLOOKUP($D48,'SINAPI 09.2021'!$A$3:$E$8000,2,0))-1,LEN(VLOOKUP($D48,'SINAPI 09.2021'!$A$3:$E$8000,2,0)))))","v":"APLICAÇÃO MANUAL DE PINTURA COM TINTA TEXTURIZADA ACRÍLICA EM PANOS CEGOS DE FACHADA (SEM PRESENÇA DE VÃOS) DE EDIFÍCIOS DE MÚLTIPLOS PAVIMENTOS, UMA COR. "},{"$f":"IF($C48=\"IOPES\",UPPER(VLOOKUP($D48,'IOPES 09.2021'!$A$2:$G$2000,4,0)),VLOOKUP($D48,'SINAPI 09.2021'!$A$3:$E$8000,3,0))","v":"M2"},{"$f":"VLOOKUP(B48,'MEMORIAL DE CALCULO'!$B$11:$H$99,6,0)","v":82.88},{"$f":"IF($C48=\"IOPES\",UPPER(VLOOKUP($D48,'IOPES 09.2021'!$A$2:$G$2000,6,0)),VLOOKUP($D48,'SINAPI 09.2021'!$A$3:$E$8000,5,0))","v":"16,10"},{"$f":"ROUND(H48*(1+$M$9),2)","v":19.64},{"$f":"ROUND(I48*G48,2)","v":1627.76},null,{"$f":"G48*K48","v":0}]
[null,null,null,null,null,null,null,null,"SUBTOTAL",{"$f":"SUM(J48:J48)","v":1627.76},null,{"$f":"SUM(L48:L48)","v":0}]
[null,9,"DRENAGEM"]
[null,"9.1","COMP.03",null,"CANALETA NO PISO EM CONCRETO SIMPLES COM DIMENSÕES INTERNAS DE 20 x 10 CM ","M",{"$f":"VLOOKUP(B51,'MEMORIAL DE CALCULO'!$B$11:$H$99,6,0)","v":23},63.97,{"$f":"ROUND(H51*(1+$M$9),2)","v":78.040000000000006},{"$f":"ROUND(I51*G51,2)","v":1794.92},null,{"$f":"G51*K51","v":0}]
[null,"9.2","SINAPI","93358",{"$f":"IF($C52=\"IOPES\",UPPER(VLOOKUP($D52,'IOPES 09.2021'!$A$2:$G$2000,3,0)),LEFT(VLOOKUP($D52,'SINAPI 09.2021'!$A$3:$E$8000,2,0),IFERROR(SEARCH(\"AF_\",VLOOKUP($D52,'SINAPI 09.2021'!$A$3:$E$8000,2,0))-1,LEN(VLOOKUP($D52,'SINAPI 09.2021'!$A$3:$E$8000,2,0)))))","v":"ESCAVAÇÃO MANUAL DE VALA COM PROFUNDIDADE MENOR OU IGUAL A 1,30 M. "},{"$f":"IF($C52=\"IOPES\",UPPER(VLOOKUP($D52,'IOPES 09.2021'!$A$2:$G$2000,4,0)),VLOOKUP($D52,'SINAPI 09.2021'!$A$3:$E$8000,3,0))","v":"M3"},{"$f":"VLOOKUP(B52,'MEMORIAL DE CALCULO'!$B$11:$H$99,6,0)","v":3.56},{"$f":"IF($C52=\"IOPES\",UPPER(VLOOKUP($D52,'IOPES 09.2021'!$A$2:$G$2000,6,0)),VLOOKUP($D52,'SINAPI 09.2021'!$A$3:$E$8000,5,0))","v":"61,95"},75.58,269.06,null,0]
[null,"9.3","SINAPI","90694",{"$f":"IF($C53=\"IOPES\",UPPER(VLOOKUP($D53,'IOPES 09.2021'!$A$2:$G$2000,3,0)),LEFT(VLOOKUP($D53,'SINAPI 09.2021'!$A$3:$E$8000,2,0),IFERROR(SEARCH(\"AF_\",VLOOKUP($D53,'SINAPI 09.2021'!$A$3:$E$8000,2,0))-1,LEN(VLOOKUP($D53,'SINAPI 09.2021'!$A$3:$E$8000,2,0)))))","v":"TUBO DE PVC PARA REDE COLETORA DE ESGOTO DE PAREDE MACIÇA, DN 100 MM, JUNTA ELÁSTICA - FORNECIMENTO E ASSENTAMENTO. "},{"$f":"IF($C53=\"IOPES\",UPPER(VLOOKUP($D53,'IOPES 09.2021'!$A$2:$G$2000,4,0)),VLOOKUP($D53,'SINAPI 09.2021'!$A$3:$E$8000,3,0))","v":"M"},{"$f":"VLOOKUP(B53,'MEMORIAL DE CALCULO'!$B$11:$H$99,6,0)","v":8},{"$f":"IF($C53=\"IOPES\",UPPER(VLOOKUP($D53,'IOPES 09.2021'!$A$2:$G$2000,6,0)),VLOOKUP($D53,'SINAPI 09.2021'!$A$3:$E$8000,5,0))","v":"41,93"},51.15,409.2,null,0]
[null,"9.4","SINAPI","89529",{"$f":"IF($C54=\"IOPES\",UPPER(VLOOKUP($D54,'IOPES 09.2021'!$A$2:$G$2000,3,0)),LEFT(VLOOKUP($D54,'SINAPI 09.2021'!$A$3:$E$8000,2,0),IFERROR(SEARCH(\"AF_\",VLOOKUP($D54,'SINAPI 09.2021'!$A$3:$E$8000,2,0))-1,LEN(VLOOKUP($D54,'SINAPI 09.2021'!$A$3:$E$8000,2,0)))))","v":"JOELHO 90 GRAUS, PVC, SERIE R, ÁGUA PLUVIAL, DN 100 MM, JUNTA ELÁSTICA, FORNECIDO E INSTALADO EM RAMAL DE ENCAMINHAMENTO. "},{"$f":"IF($C54=\"IOPES\",UPPER(VLOOKUP($D54,'IOPES 09.2021'!$A$2:$G$2000,4,0)),VLOOKUP($D54,'SINAPI 09.2021'!$A$3:$E$8000,3,0))","v":"UN"},{"$f":"VLOOKUP(B54,'MEMORIAL DE CALCULO'!$B$11:$H$99,6,0)","v":2},{"$f":"IF($C54=\"IOPES\",UPPER(VLOOKUP($D54,'IOPES 09.2021'!$A$2:$G$2000,6,0)),VLOOKUP($D54,'SINAPI 09.2021'!$A$3:$E$8000,5,0))","v":"50,76"},61.93,123.86,null,0]
[null,"9.5","SINAPI","87530",{"$f":"IF($C55=\"IOPES\",UPPER(VLOOKUP($D55,'IOPES 09.2021'!$A$2:$G$2000,3,0)),LEFT(VLOOKUP($D55,'SINAPI 09.2021'!$A$3:$E$8000,2,0),IFERROR(SEARCH(\"AF_\",VLOOKUP($D55,'SINAPI 09.2021'!$A$3:$E$8000,2,0))-1,LEN(VLOOKUP($D55,'SINAPI 09.2021'!$A$3:$E$8000,2,0)))))","v":"MASSA ÚNICA, PARA RECEBIMENTO DE PINTURA, EM ARGAMASSA TRAÇO 1:2:8, PREPARO MANUAL, APLICADA MANUALMENTE EM FACES INTERNAS DE PAREDES, ESPESSURA DE 20MM, COM EXECUÇÃO DE TALISCAS. "},{"$f":"IF($C55=\"IOPES\",UPPER(VLOOKUP($D55,'IOPES 09.2021'!$A$2:$G$2000,4,0)),VLOOKUP($D55,'SINAPI 09.2021'!$A$3:$E$8000,3,0))","v":"M2"},{"$f":"VLOOKUP(B55,'MEMORIAL DE CALCULO'!$B$11:$H$99,6,0)","v":0.25},{"$f":"IF($C55=\"IOPES\",UPPER(VLOOKUP($D55,'IOPES 09.2021'!$A$2:$G$2000,6,0)),VLOOKUP($D55,'SINAPI 09.2021'!$A$3:$E$8000,5,0))","v":"31,56"},38.5,9.6300000000000008,null,0]
[null,"9.6","SINAPI","87280",{"$f":"IF($C56=\"IOPES\",UPPER(VLOOKUP($D56,'IOPES 09.2021'!$A$2:$G$2000,3,0)),LEFT(VLOOKUP($D56,'SINAPI 09.2021'!$A$3:$E$8000,2,0),IFERROR(SEARCH(\"AF_\",VLOOKUP($D56,'SINAPI 09.2021'!$A$3:$E$8000,2,0))-1,LEN(VLOOKUP($D56,'SINAPI 09.2021'!$A$3:$E$8000,2,0)))))","v":"ARGAMASSA TRAÇO 1:7 (EM VOLUME DE CIMENTO E AREIA MÉDIA ÚMIDA) COM ADIÇÃO DE PLASTIFICANTE PARA EMBOÇO/MASSA ÚNICA/ASSENTAMENTO DE ALVENARIA DE VEDAÇÃO, PREPARO MECÂNICO COM BETONEIRA 400 L. "},{"$f":"IF($C56=\"IOPES\",UPPER(VLOOKUP($D56,'IOPES 09.2021'!$A$2:$G$2000,4,0)),VLOOKUP($D56,'SINAPI 09.2021'!$A$3:$E$8000,3,0))","v":"M3"},{"$f":"VLOOKUP(B56,'MEMORIAL DE CALCULO'!$B$11:$H$99,6,0)","v":0.12},{"$f":"IF($C56=\"IOPES\",UPPER(VLOOKUP($D56,'IOPES 09.2021'!$A$2:$G$2000,6,0)),VLOOKUP($D56,'SINAPI 09.2021'!$A$3:$E$8000,5,0))","v":"294,74"},359.58,43.15,null,0]
[null,"9.7","SINAPI","98680",{"$f":"IF($C57=\"IOPES\",UPPER(VLOOKUP($D57,'IOPES 09.2021'!$A$2:$G$2000,3,0)),LEFT(VLOOKUP($D57,'SINAPI 09.2021'!$A$3:$E$8000,2,0),IFERROR(SEARCH(\"AF_\",VLOOKUP($D57,'SINAPI 09.2021'!$A$3:$E$8000,2,0))-1,LEN(VLOOKUP($D57,'SINAPI 09.2021'!$A$3:$E$8000,2,0)))))","v":"PISO CIMENTADO, TRAÇO 1:3 (CIMENTO E AREIA), ACABAMENTO LISO, ESPESSURA 3,0 CM, PREPARO MECÂNICO DA ARGAMASSA. "},{"$f":"IF($C57=\"IOPES\",UPPER(VLOOKUP($D57,'IOPES 09.2021'!$A$2:$G$2000,4,0)),VLOOKUP($D57,'SINAPI 09.2021'!$A$3:$E$8000,3,0))","v":"M2"},{"$f":"VLOOKUP(B57,'MEMORIAL DE CALCULO'!$B$11:$H$99,6,0)","v":0.5},{"$f":"IF($C57=\"IOPES\",UPPER(VLOOKUP($D57,'IOPES 09.2021'!$A$2:$G$2000,6,0)),VLOOKUP($D57,'SINAPI 09.2021'!$A$3:$E$8000,5,0))","v":"33,75"},41.18,20.59,null,0]
[null,null,null,null,null,null,null,null,"SUBTOTAL",{"$f":"SUM(J51:J57)","v":2670.4100000000003},null,{"$f":"SUM(L51:L57)","v":0}]
[null,10,"TAMPA CAIXA DE CHORUME"]
[null,"10.1","SINAPI","103076",{"$f":"IF($C60=\"IOPES\",UPPER(VLOOKUP($D60,'IOPES 09.2021'!$A$2:$G$2000,3,0)),LEFT(VLOOKUP($D60,'SINAPI 09.2021'!$A$3:$E$8000,2,0),IFERROR(SEARCH(\"AF_\",VLOOKUP($D60,'SINAPI 09.2021'!$A$3:$E$8000,2,0))-1,LEN(VLOOKUP($D60,'SINAPI 09.2021'!$A$3:$E$8000,2,0)))))","v":"EXECUÇÃO DE LAJE SOBRE SOLO, ESPESSURA DE 10 CM, FCK = 30 MPA, COM USO DE FORMAS EM MADEIRA SERRADA. "},{"$f":"IF($C60=\"IOPES\",UPPER(VLOOKUP($D60,'IOPES 09.2021'!$A$2:$G$2000,4,0)),VLOOKUP($D60,'SINAPI 09.2021'!$A$3:$E$8000,3,0))","v":"M2"},{"$f":"VLOOKUP(B60,'MEMORIAL DE CALCULO'!$B$11:$H$99,6,0)","v":3.3},{"$f":"IF($C60=\"IOPES\",UPPER(VLOOKUP($D60,'IOPES 09.2021'!$A$2:$G$2000,6,0)),VLOOKUP($D60,'SINAPI 09.2021'!$A$3:$E$8000,5,0))","v":"164,81"},{"$f":"ROUND(H60*(1+$M$9),2)","v":201.07},{"$f":"ROUND(I60*G60,2)","v":663.53},null,{"$f":"G60*K60","v":0}]
[null,"10.2","SINAPI","89580",{"$f":"IF($C61=\"IOPES\",UPPER(VLOOKUP($D61,'IOPES 09.2021'!$A$2:$G$2000,3,0)),LEFT(VLOOKUP($D61,'SINAPI 09.2021'!$A$3:$E$8000,2,0),IFERROR(SEARCH(\"AF_\",VLOOKUP($D61,'SINAPI 09.2021'!$A$3:$E$8000,2,0))-1,LEN(VLOOKUP($D61,'SINAPI 09.2021'!$A$3:$E$8000,2,0)))))","v":"TUBO PVC, SÉRIE R, ÁGUA PLUVIAL, DN 150 MM, FORNECIDO E INSTALADO EM CONDUTORES VERTICAIS DE ÁGUAS PLUVIAIS. "},{"$f":"IF($C61=\"IOPES\",UPPER(VLOOKUP($D61,'IOPES 09.2021'!$A$2:$G$2000,4,0)),VLOOKUP($D61,'SINAPI 09.2021'!$A$3:$E$8000,3,0))","v":"M"},{"$f":"VLOOKUP(B61,'MEMORIAL DE CALCULO'!$B$11:$H$99,6,0)","v":1},{"$f":"IF($C61=\"IOPES\",UPPER(VLOOKUP($D61,'IOPES 09.2021'!$A$2:$G$2000,6,0)),VLOOKUP($D61,'SINAPI 09.2021'!$A$3:$E$8000,5,0))","v":"108,94"},{"$f":"ROUND(H61*(1+$M$9),2)","v":132.91},{"$f":"ROUND(I61*G61,2)","v":132.91},null,{"$f":"G61*K61","v":0}]
[null,"10.3","IOPES","142114",{"$f":"IF($C62=\"IOPES\",UPPER(VLOOKUP($D62,'IOPES 09.2021'!$A$2:$G$2000,3,0)),LEFT(VLOOKUP($D62,'SINAPI 09.2021'!$A$3:$E$8000,2,0),IFERROR(SEARCH(\"AF_\",VLOOKUP($D62,'SINAPI 09.2021'!$A$3:$E$8000,2,0))-1,LEN(VLOOKUP($D62,'SINAPI 09.2021'!$A$3:$E$8000,2,0)))))","v":"TAMPA PARA CAIXA SIFONADA, EM PVC, DE 150X150MM"},{"$f":"IF($C62=\"IOPES\",UPPER(VLOOKUP($D62,'IOPES 09.2021'!$A$2:$G$2000,4,0)),VLOOKUP($D62,'SINAPI 09.2021'!$A$3:$E$8000,3,0))","v":"UND"},{"$f":"VLOOKUP(B62,'MEMORIAL DE CALCULO'!$B$11:$H$99,6,0)","v":1},{"$f":"IF($C62=\"IOPES\",UPPER(VLOOKUP($D62,'IOPES 09.2021'!$A$2:$G$2000,6,0)),VLOOKUP($D62,'SINAPI 09.2021'!$A$3:$E$8000,5,0))","v":"10,5"},{"$f":"ROUND(H62*(1+$M$9),2)","v":12.81},{"$f":"ROUND(I62*G62,2)","v":12.81},null,{"$f":"G62*K62","v":0}]
[null,null,null,null,null,null,null,null,"SUBTOTAL",{"$f":"SUM(J60:J62)","v":809.24999999999989},null,{"$f":"SUM(L60:L62)","v":0}]
[null,11,"PISO"]
[null,"11.","SINAPI","97104",{"$f":"IF($C65=\"IOPES\",UPPER(VLOOKUP($D65,'IOPES 09.2021'!$A$2:$G$2000,3,0)),LEFT(VLOOKUP($D65,'SINAPI 09.2021'!$A$3:$E$8000,2,0),IFERROR(SEARCH(\"AF_\",VLOOKUP($D65,'SINAPI 09.2021'!$A$3:$E$8000,2,0))-1,LEN(VLOOKUP($D65,'SINAPI 09.2021'!$A$3:$E$8000,2,0)))))","v":"EXECUÇÃO DE PAVIMENTO DE CONCRETO SIMPLES (PCS), FCK = 40 MPA, CAMADA COM ESPESSURA DE 15,0 CM. "},{"$f":"IF($C65=\"IOPES\",UPPER(VLOOKUP($D65,'IOPES 09.2021'!$A$2:$G$2000,4,0)),VLOOKUP($D65,'SINAPI 09.2021'!$A$3:$E$8000,3,0))","v":"M2"},390,{"$f":"IF($C65=\"IOPES\",UPPER(VLOOKUP($D65,'IOPES 09.2021'!$A$2:$G$2000,6,0)),VLOOKUP($D65,'SINAPI 09.2021'!$A$3:$E$8000,5,0))","v":"98,70"},{"$f":"ROUND(H65*(1+$M$9),2)","v":120.41},{"$f":"ROUND(I65*G65,2)","v":46959.9},null,{"$f":"G65*K65","v":0}]
[null,null,null,null,null,null,null,null,"SUBTOTAL",{"$f":"SUM(J65:J65)","v":46959.9},null,{"$f":"SUM(L65:L65)","v":0}]
[null,"TOTAL GERAL",null,null,null,null,null,null,null,{"$f":"SUMIF(I14:I66,\"SUBTOTAL\",J14:J66)","v":443901.44},null,{"$f":"SUMIF(I14:I66,\"SUBTOTAL\",L14:L66)","v":0}]
[null,"\n_____________________________\nEDUARDO ROCHA COCCO\nENG.º CIVIL CREA 6711 - D - ES"]

{"sheet":"MEMORIAL DE CALCULO","index":1,"n_rows":66,"n_cols":21,"rows_kept":66,"cut":false,"hidden":false,"merged":[[48,2,48,3],[55,1,59,7],[43,2,43,3],[44,2,44,3],[45,2,45,3],[46,2,46,3],[47,2,47,3],[1,1,1,7],[8,1,8,7],[9,1,9,7],[10,1,10,7],[42,2,42,3]]}
[]
[]
[null,{"$f":"PLANILHA!B3","v":"OBRA: RECONSTRUÇÃO GALPÃO DE DESTINAÇÃO DE LIXO"}]
[null,{"$f":"PLANILHA!B4","v":"LOCAL: BAIRRO BANANEIRAS-VENDA NOVA DO IMIGRANTE/ES"}]
[null,{"$f":"PLANILHA!B5","v":"PROPRIETÁRIO: PREFEITURA MUNICIPAL DE VENDA NOVA DO IMIGRANTE"}]
[null,{"$f":"PLANILHA!B6","v":"DATA: 24/12/2021"}]
[null,{"$f":"PLANILHA!B7","v":"REFERENCIAL DE PREÇOS: IOPES / SINAPI"}]
[]
[null,null,null,null,null,null,null,null,0.22]
[null,"MEMORIAL DE CALCULO"]
[]
[null,"ITEM","FONTE","CÓDIGO","DESCRIÇÃO ORÇAMENTÁRIA","UNIDADE","QTDE","MEMORIAL"]
[null,1,"CANTEIRO DE OBRAS"]
[" ",{"$f":"PLANILHA!B14","v":"1.1"},{"$f":"PLANILHA!C14","v":"IOPES"},{"$f":"PLANILHA!D14","v":"020305"},{"$f":"PLANILHA!E14","v":"PLACA DE OBRA NAS DIMENSÕES DE 1,5 X 2,5 M, PADRÃO IOPES"},{"$f":"PLANILHA!F14","v":"M2"},3.75,"Placa de 1,5x2,5 m"]
[null,{"$f":"PLANILHA!B16","v":2},{"$f":"PLANILHA!C24","v":"ESCAVAÇÃO"}]
[null,{"$f":"PLANILHA!B17","v":"2.1"},{"$f":"PLANILHA!C17","v":"SINAPI"},{"$f":"PLANILHA!D17","v":"97647"},{"$f":"PLANILHA!E17","v":"REMOÇÃO DE TELHAS, DE FIBROCIMENTO, METÁLICA E CERÂMICA, DE FORMA MANUAL, SEM REAPROVEITAMENTO. "},{"$f":"PLANILHA!F17","v":"M2"},328.25," Laterais: 18,50 x 7,5 + 18,5 = 157,25 m²                                         Telhado: 19,00 x 9 = 171,0 m²                                               Total: 328,25 m²"]
[null,{"$f":"PLANILHA!B18","v":"2.2"},{"$f":"PLANILHA!C18","v":"COMP.01"},{"$f":"PLANILHA!D18","v":0},{"$f":"PLANILHA!E18","v":"REMOÇÃO DE POSTE DE CONCRETO DUPLO T"},{"$f":"PLANILHA!F18","v":"UND"},3,"4 postes de concreto duplo T"]
[null,{"$f":"PLANILHA!B19","v":"2.3"},{"$f":"PLANILHA!C19","v":"COMP.02"},{"$f":"PLANILHA!D19","v":0},{"$f":"PLANILHA!E19","v":"REMOÇÃO DE POSTE DE MADEIRA DN 150 ATÉ 300 MM H=5M"},{"$f":"PLANILHA!F19","v":"UND"},3,"3 postes de 4 metros de comprimento"]
[null,{"$f":"PLANILHA!B20","v":"2.4"},{"$f":"PLANILHA!C20","v":"SINAPI"},{"$f":"PLANILHA!D20","v":"97655"},{"$f":"PLANILHA!E20","v":"REMOÇÃO DE TRAMA METÁLICA PARA COBERTURA, DE FORMA MANUAL, SEM REAPROVEITAMENTO. "},{"$f":"PLANILHA!F20","v":"M2"},171,"Telhado: 19,00 x 9,00 = 171,00 m²"]
[null,{"$f":"PLANILHA!B21","v":"2.5"},{"$f":"PLANILHA!C21","v":"SINAPI"},{"$f":"PLANILHA!D21","v":"97656"},{"$f":"PLANILHA!E21","v":"REMOÇÃO DE TESOURAS METÁLICAS, COM VÃO MENOR QUE 8M, DE FORMA MANUAL, SEM REAPROVEITAMENTO. "},{"$f":"PLANILHA!F21","v":"UN"},4,"4 Treliças de cobertura"]
[null,{"$f":"PLANILHA!B22","v":"2.6"},{"$f":"PLANILHA!C22","v":"IOPES"},{"$f":"PLANILHA!D22","v":"030304"},{"$f":"PLANILHA!E22","v":"ÍNDICE DE PREÇO PARA REMOÇÃO DE ENTULHO DECORRENTE DA EXECUÇÃO DE OBRAS (CLASSE A CONAMA - NBR 10.004 - CLASSE II-B), INCLUINDO ALUGUEL DA CAÇAMBA, CARGA, TRANSPORTE E DESCARGA EM ÁREA LICENCIADA"},{"$f":"PLANILHA!F22","v":"M3"},54.5,"54,50 m³"]
[null,{"$f":"PLANILHA!B24","v":3},{"$f":"PLANILHA!C24","v":"ESCAVAÇÃO"}]
[null,{"$f":"PLANILHA!B25","v":"3.1"},{"$f":"PLANILHA!C25","v":"SINAPI"},{"$f":"PLANILHA!D25","v":"96527"},{"$f":"PLANILHA!E25","v":"ESCAVAÇÃO MANUAL DE VALA PARA VIGA BALDRAME (INCLUINDO ESCAVAÇÃO PARA COLOCAÇÃO DE FÔRMAS). "},{"$f":"PLANILHA!F25","v":"M3"},4.2300000000000004,"Ver item 5.6"]
[null,{"$f":"PLANILHA!B26","v":"3.2"},{"$f":"PLANILHA!C26","v":"SINAPI"},{"$f":"PLANILHA!D26","v":"96522"},{"$f":"PLANILHA!E26","v":"ESCAVAÇÃO MANUAL PARA BLOCO DE COROAMENTO OU SAPATA (SEM ESCAVAÇÃO PARA COLOCAÇÃO DE FÔRMAS). "},{"$f":"PLANILHA!F26","v":"M3"},3.61,"Ver item 5.5"]
[null,{"$f":"PLANILHA!B28","v":4},{"$f":"PLANILHA!C28","v":"FUNDAÇÕES"}]
[null,{"$f":"PLANILHA!B29","v":"4.1"},{"$f":"PLANILHA!C29","v":"SINAPI"},{"$f":"PLANILHA!D29","v":"96536"},{"$f":"PLANILHA!E29","v":"FABRICAÇÃO, MONTAGEM E DESMONTAGEM DE FÔRMA PARA VIGA BALDRAME, EM MADEIRA SERRADA, E=25 MM, 4 UTILIZAÇÕES. "},{"$f":"PLANILHA!F29","v":"M2"},19,"2 x (0,35m x 54,30 m) = 19,00 m² (formas laterais)"]
[null,{"$f":"PLANILHA!B30","v":"4.2"},{"$f":"PLANILHA!C30","v":"SINAPI"},{"$f":"PLANILHA!D30","v":"96535"},{"$f":"PLANILHA!E30","v":"FABRICAÇÃO, MONTAGEM E DESMONTAGEM DE FÔRMA PARA SAPATA, EM MADEIRA SERRADA, E=25 MM, 4 UTILIZAÇÕES. "},{"$f":"PLANILHA!F30","v":"M2"},34.200000000000003,"10 sapatas de 1,20X1,00X0,30 = 13,20 m² – 10 arranques de 0,30x0,55x1,50 = 21,00 m² "]
[null,{"$f":"PLANILHA!B31","v":"4.3"},{"$f":"PLANILHA!C31","v":"SINAPI"},{"$f":"PLANILHA!D31","v":"96544"},{"$f":"PLANILHA!E31","v":"ARMAÇÃO DE BLOCO, VIGA BALDRAME OU SAPATA UTILIZANDO AÇO CA-50 DE 6,3 MM - MONTAGEM. "},{"$f":"PLANILHA!F31","v":"KG"},58.6,"239,2m x 1,1 x 0,245 kg/m = 64,46 kg"]
[null,{"$f":"PLANILHA!B32","v":"4.4"},{"$f":"PLANILHA!C32","v":"SINAPI"},{"$f":"PLANILHA!D32","v":"96546"},{"$f":"PLANILHA!E32","v":"ARMAÇÃO DE BLOCO, VIGA BALDRAME OU SAPATA UTILIZANDO AÇO CA-50 DE 10 MM - MONTAGEM. "},{"$f":"PLANILHA!F32","v":"KG"},165.06,"243,2m x 1,1 x 0,617kg/m = 165,06 kg"]
[null,{"$f":"PLANILHA!B33","v":"4.5"},{"$f":"PLANILHA!C33","v":"SINAPI"},{"$f":"PLANILHA!D33","v":"94965"},{"$f":"PLANILHA!E33","v":"CONCRETO FCK = 25MPA, TRAÇO 1:2,3:2,7 (EM MASSA SECA DE CIMENTO/ AREIA MÉDIA/ BRITA 1) - PREPARO MECÂNICO COM BETONEIRA 400 L. "},{"$f":"PLANILHA!F33","v":"M3"},9.2799999999999994,"Vigas baldrame: 0,35x0,20x27,15x2 = 3,80 m³ -  Sapatas: (1,20x1,00x0,25) x 10 = 3,00 M³ – Arranques (0,30x0,55x1,50) x 10 = 2,48 m³"]
[null,{"$f":"PLANILHA!B35","v":5},{"$f":"PLANILHA!C35","v":"SUPERESTRUTURA"}]
[null,{"$f":"PLANILHA!B36","v":"5.1"},{"$f":"PLANILHA!C36","v":"SINAPI"},{"$f":"PLANILHA!D36","v":"100766"},{"$f":"PLANILHA!E36","v":"PILAR METÁLICO PERFIL LAMINADO OU SOLDADO EM AÇO ESTRUTURAL, COM CONEXÕES SOLDADAS, INCLUSOS MÃO DE OBRA, TRANSPORTE E IÇAMENTO UTILIZANDO GUINDASTE - FORNECIMENTO E INSTALAÇÃO. "},{"$f":"PLANILHA!F36","v":"KG"},1558.98,"Pilar A: 508,06 KG                                                       Pilar B: 1.050,92 KG                                                          Total: 1559,98"]
[null,{"$f":"PLANILHA!B37","v":"5.2"},{"$f":"PLANILHA!C37","v":"IOPES"},{"$f":"PLANILHA!D37","v":"200738"},{"$f":"PLANILHA!E37","v":"ESTRUT. METÁLICA P/ QUADRA POLIESP. COBERTA CONSTITUÍDA POR PERFIS FORMADOS A FRIO, AÇO ESTRUTURAL ASTM A-570 G33 (TERÇAS) ASTM A-36 (DEMAIS PERFIS) C/ O SISTEMA DE TRAT. E PINT CONF DESCRITO EM NOTAS DA PLANILHA"},{"$f":"PLANILHA!F37","v":"KG"},5322.36,"Viga de cobertura: 2298,07 KG                                     Terças: 1668,55 KG                                        Contraventamentos: 505,44 KG                                    Travessas: 850,30 KG                                                         Total: 5322,36 KG        "]
[null,{"$f":"PLANILHA!B39","v":6},{"$f":"PLANILHA!C39","v":"TAPAMENTO"}]
[null,{"$f":"PLANILHA!B40","v":"6.1"},{"$f":"PLANILHA!C40","v":"IOPES"},{"$f":"PLANILHA!D40","v":"200720"},{"$f":"PLANILHA!E40","v":"FORN E ASSENT DE TELHAS DE LIGA DE ALUMÍNIO E ZINCO (GALVALUME), ONDULADA, ESP. MÍNIMA 0.43MM, ALT. MÍNIMA DE ONDA 17MM, SOBREP. LATERAL DE UMA ONDA E LONGIT. 200MM C/ MÍNIMO DE 3 APOIOS, ASSENT. C/ UTILIZ. DE FITAS ANTI-CORROSIVA"},{"$f":"PLANILHA!F40","v":"M2"},475.13,"Tapamentos nas laterais: (10+7,50)  x 27,15 m = 475,13 m²"]
[null,{"$f":"PLANILHA!B42","v":7},{"$f":"PLANILHA!C42","v":"COBERTURA"}]
[null,{"$f":"PLANILHA!B43","v":"7.1"},{"$f":"PLANILHA!C43","v":"IOPES"},{"$f":"PLANILHA!D43","v":"200720"},{"$f":"PLANILHA!E43","v":"FORN E ASSENT DE TELHAS DE LIGA DE ALUMÍNIO E ZINCO (GALVALUME), ONDULADA, ESP. MÍNIMA 0.43MM, ALT. MÍNIMA DE ONDA 17MM, SOBREP. LATERAL DE UMA ONDA E LONGIT. 200MM C/ MÍNIMO DE 3 APOIOS, ASSENT. C/ UTILIZ. DE FITAS ANTI-CORROSIVA"},{"$f":"PLANILHA!F43","v":"M2"},548.42999999999995,"Área de cobertura: 20,20 x 27,15 = 548,43 m²"]
[null,{"$f":"PLANILHA!B44","v":"7.2"},{"$f":"PLANILHA!C44","v":"SINAPI"},{"$f":"PLANILHA!D44","v":"94227"},{"$f":"PLANILHA!E44","v":"CALHA EM CHAPA DE AÇO GALVANIZADO NÚMERO 24, DESENVOLVIMENTO DE 33 CM, INCLUSO TRANSPORTE VERTICAL. "},{"$f":"PLANILHA!F44","v":"M"},54.3,"Calha em sentido longitudinal do galpão em cada caida: 27,15 x 2 = 54,30 m"]
[null,{"$f":"PLANILHA!B45","v":"7.3"},{"$f":"PLANILHA!C45","v":"SINAPI"},{"$f":"PLANILHA!D45","v":"100327"},{"$f":"PLANILHA!E45","v":"RUFO EXTERNO/INTERNO EM CHAPA DE AÇO GALVANIZADO NÚMERO 26, CORTE DE 33 CM, INCLUSO IÇAMENTO. "},{"$f":"PLANILHA!F45","v":"M"},27.15,"Cumeeira: 27,15m"]
[null,9,{"$f":"PLANILHA!C47","v":"PAREDES"}]
[null,{"$f":"PLANILHA!B48","v":"8.1"},{"$f":"PLANILHA!C48","v":"SINAPI"},{"$f":"PLANILHA!D48","v":"88417"},{"$f":"PLANILHA!E48","v":"APLICAÇÃO MANUAL DE PINTURA COM TINTA TEXTURIZADA ACRÍLICA EM PANOS CEGOS DE FACHADA (SEM PRESENÇA DE VÃOS) DE EDIFÍCIOS DE MÚLTIPLOS PAVIMENTOS, UMA COR. "},{"$f":"PLANILHA!F48","v":"M2"},82.88,"A = 33,15 x 2,50 = 82,88 m²"]
[null,{"$f":"PLANILHA!B50","v":9},{"$f":"PLANILHA!C50","v":"DRENAGEM"}]
[null,{"$f":"PLANILHA!B51","v":"9.1"},{"$f":"PLANILHA!C51","v":"COMP.03"},null,{"$f":"PLANILHA!E51","v":"CANALETA NO PISO EM CONCRETO SIMPLES COM DIMENSÕES INTERNAS DE 20 x 10 CM "},"ML",23,"23,00 Metros de grelhas (Ver disposição em projeto arquitetônico)"]
[null,{"$f":"PLANILHA!B52","v":"9.2"},{"$f":"PLANILHA!C52","v":"SINAPI"},null,{"$f":"PLANILHA!E52","v":"ESCAVAÇÃO MANUAL DE VALA COM PROFUNDIDADE MENOR OU IGUAL A 1,30 M. "},{"$f":"PLANILHA!F52","v":"M3"},3.56,"Caixa ralo: 3,32 m³                                                              Tubulação: 0,24 m³                                                               Total: 3,56 m³"]
[null,{"$f":"PLANILHA!B53","v":"9.3"},{"$f":"PLANILHA!C53","v":"SINAPI"},null,{"$f":"PLANILHA!E53","v":"TUBO DE PVC PARA REDE COLETORA DE ESGOTO DE PAREDE MACIÇA, DN 100 MM, JUNTA ELÁSTICA - FORNECIMENTO E ASSENTAMENTO. "},{"$f":"PLANILHA!F53","v":"M"},8,"Total de tubulação: 8 m"]
[null,{"$f":"PLANILHA!B54","v":"9.4"},{"$f":"PLANILHA!C54","v":"SINAPI"},null,{"$f":"PLANILHA!E54","v":"JOELHO 90 GRAUS, PVC, SERIE R, ÁGUA PLUVIAL, DN 100 MM, JUNTA ELÁSTICA, FORNECIDO E INSTALADO EM RAMAL DE ENCAMINHAMENTO. "},{"$f":"PLANILHA!F54","v":"UN"},2,"2 Joelhos"]
[null,{"$f":"PLANILHA!B55","v":"9.5"},{"$f":"PLANILHA!C55","v":"SINAPI"},null,{"$f":"PLANILHA!E55","v":"MASSA ÚNICA, PARA RECEBIMENTO DE PINTURA, EM ARGAMASSA TRAÇO 1:2:8, PREPARO MANUAL, APLICADA MANUALMENTE EM FACES INTERNAS DE PAREDES, ESPESSURA DE 20MM, COM EXECUÇÃO DE TALISCAS. "},{"$f":"PLANILHA!F55","v":"M2"},0.25,"0,25 m²"]
[null,{"$f":"PLANILHA!B56","v":"9.6"},{"$f":"PLANILHA!C56","v":"SINAPI"},null,{"$f":"PLANILHA!E56","v":"ARGAMASSA TRAÇO 1:7 (EM VOLUME DE CIMENTO E AREIA MÉDIA ÚMIDA) COM ADIÇÃO DE PLASTIFICANTE PARA EMBOÇO/MASSA ÚNICA/ASSENTAMENTO DE ALVENARIA DE VEDAÇÃO, PREPARO MECÂNICO COM BETONEIRA 400 L. "},{"$f":"PLANILHA!F56","v":"M3"},0.12,"Fechamento de rasgo na parede para instalação da tubulação na parede: 0,12 m³"]
[null,{"$f":"PLANILHA!B57","v":"9.7"},{"$f":"PLANILHA!C57","v":"SINAPI"},null,{"$f":"PLANILHA!E57","v":"PISO CIMENTADO, TRAÇO 1:3 (CIMENTO E AREIA), ACABAMENTO LISO, ESPESSURA 3,0 CM, PREPARO MECÂNICO DA ARGAMASSA. "},{"$f":"PLANILHA!F57","v":"M2"},0.5,"Fechamento de rasgo na parede para instalação da tubulação no piso: 0,5 m²"]
[null,{"$f":"PLANILHA!B59","v":10},{"$f":"PLANILHA!C59","v":"TAMPA CAIXA DE CHORUME"}]
[null,{"$f":"PLANILHA!B60","v":"10.1"},{"$f":"PLANILHA!C60","v":"SINAPI"},{"$f":"PLANILHA!D60","v":"103076"},{"$f":"PLANILHA!E60","v":"EXECUÇÃO DE LAJE SOBRE SOLO, ESPESSURA DE 10 CM, FCK = 30 MPA, COM USO DE FORMAS EM MADEIRA SERRADA. "},{"$f":"PLANILHA!F60","v":"M2"},3.3,"1,65x2,00 = 3,30 m²"]
[null,{"$f":"PLANILHA!B61","v":"10.2"},{"$f":"PLANILHA!C61","v":"SINAPI"},{"$f":"PLANILHA!D61","v":"89580"},{"$f":"PLANILHA!E61","v":"TUBO PVC, SÉRIE R, ÁGUA PLUVIAL, DN 150 MM, FORNECIDO E INSTALADO EM CONDUTORES VERTICAIS DE ÁGUAS PLUVIAIS. "},{"$f":"PLANILHA!F61","v":"M"},1,"1 metro de tubo, instalado perpendicularmente ao plano da tampa (ver detalhamento em projeto)"]
[null,{"$f":"PLANILHA!B62","v":"10.3"},{"$f":"PLANILHA!C62","v":"IOPES"},{"$f":"PLANILHA!D62","v":"142114"},{"$f":"PLANILHA!E62","v":"TAMPA PARA CAIXA SIFONADA, EM PVC, DE 150X150MM"},{"$f":"PLANILHA!F62","v":"UND"},1,"1 Tampa"]
[null,{"$f":"PLANILHA!B64","v":11},{"$f":"PLANILHA!C64","v":"PISO"}]
[null,"12.1",{"$f":"PLANILHA!C65","v":"SINAPI"},{"$f":"PLANILHA!D65","v":"97104"},{"$f":"PLANILHA!E65","v":"EXECUÇÃO DE PAVIMENTO DE CONCRETO SIMPLES (PCS), FCK = 40 MPA, CAMADA COM ESPESSURA DE 15,0 CM. "},{"$f":"PLANILHA!F65","v":"M2"},390,"Área a ser pavimentada = 390,00 m²(Ver projeto arquitetônico)"]
[null,"\n_____________________________\nEDUARDO ROCHA COCCO\nENG.º CIVIL CREA 6711 - D - ES",null,null,null,null,null,null,null,{"$f":"6.1*2","v":12.2},0.43,null,"ban","ban",null,"área de serviço",null,null,null,"s. Aula",{"$f":"25.33*2.9-0.8*2.1-2*1.05","v":69.676999999999992}]
[null,null,null,null,null,null,null,null,null,null,0.4,null,{"$f":"15.89*2.9-2.35*0.8-5*0.15*1.6-0.9*2.1","v":41.110999999999997},{"$f":"8.03*2.9-0.49-0.6*2.1","v":21.536999999999999},{"$f":"17.1*2.9-1.4*2.1-0.6*2.1-1.65*2","v":42.090000000000011},{"$f":"7.4*2.9-1.2*2.1","v":18.940000000000001},null,null,null,"sec",{"$f":"16.75*2.9-2*1.05-2.2*2.1","v":41.85499999999999}]
[null,null,null,null,null,null,null,null,null,null,{"$f":"14.69*2.9","v":42.600999999999999},null,{"$f":"2.08*1.6","v":3.3280000000000003}]
[null,null,null,null,null,null,null,null,null,null,null,null,{"$f":"(5.19-1.8-0.9)*1.75","v":4.3575000000000008}]
[]
[]
[]
[]
[null,null,null,null,null,null,null,null,null,14.91]
[]
[null,null,null,null,null,null,null,null,null,{"$f":"SUM(J42:J64)","v":27.11}]

{"sheet":"CRONOGRAMA FÍSICO-FINANCEIRO","index":2,"n_rows":35,"n_cols":19,"rows_kept":35,"cut":false,"hidden":false,"merged":[[34,1,34,15],[30,1,30,4],[30,5,31,5],[31,1,31,4],[32,1,32,4],[32,5,33,5],[33,1,33,4],[26,1,27,1],[26,2,27,4],[26,5,27,5],[28,1,29,1],[28,2,29,4],[28,5,29,5],[22,1,23,1],[22,2,23,4],[22,5,23,5],[24,1,25,1],[24,2,25,4],[24,5,25,5],[18,1,19,1],[18,2,19,4],[18,5,19,5],[20,1,21,1],[20,2,21,4],[20,5,21,5],[14,1,15,1],[14,2,15,4],[14,5,15,5],[16,1,17,1],[16,2,17,4],[16,5,17,5],[10,1,11,1],[10,2,11,4],[10,5,11,5],[12,1,13,1],[12,2,13,4],[12,5,13,5],[0,1,0,15],[6,1,6,15],[7,2,7,4],[8,1,9,1],[8,2,9,4],[8,5,9,5]]}
[]
[null,{"$f":"PLANILHA!B3","v":"OBRA: RECONSTRUÇÃO GALPÃO DE DESTINAÇÃO DE LIXO"}]
[null,{"$f":"PLANILHA!B4","v":"LOCAL: BAIRRO BANANEIRAS-VENDA NOVA DO IMIGRANTE/ES"}]
[null,{"$f":"PLANILHA!B5","v":"PROPRIETÁRIO: PREFEITURA MUNICIPAL DE VENDA NOVA DO IMIGRANTE"}]
[null,{"$f":"PLANILHA!B6","v":"DATA: 24/12/2021"}]
[null,{"$f":"PLANILHA!B7","v":"REFERENCIAL DE PREÇOS: IOPES / SINAPI"}]
[]
[null,"ITEM","DESCRIÇÃO DOS SERVIÇOS",null,null,"TOTAL","MÊS 1","MÊS 2","MÊS 3","MÊS 4","MÊS 5","MÊS 6","MÊS 7","MÊS 8","MÊS 9","MÊS 10"]
[null,1,{"$f":"VLOOKUP(B9,PLANILHA!$B$13:$D$95,2,0)","v":"CANTEIRO DE OBRAS"},null,null,{"$f":"PLANILHA!L15","v":0},1,null,null,null,null,null,null,null,null,null,{"$f":"SUM(G9:P9)","v":1}]
[null,null,null,null,null,null,{"$f":"ROUND(G9*$F$9,2)","v":0},null,null,null,null,null,null,null,null,null,0,null,{"$f":"F9-Q10","v":0}]
[null,2,{"$f":"VLOOKUP(B11,PLANILHA!$B$13:$D$95,2,0)","v":"DEMOLIÇÃO E RETIRADA"},null,null,{"$f":"PLANILHA!L23","v":0},1,null,null,null,null,null,null,null,null,null,1]
[null,null,null,null,null,null,{"$f":"ROUND(G11*$F$11,2)","v":0},null,null,null,null,null,null,null,null,null,0,null,{"$f":"F11-Q12","v":0}]
[null,3,{"$f":"VLOOKUP(B13,PLANILHA!$B$13:$D$95,2,0)","v":"ESCAVAÇÃO"},null,null,{"$f":"PLANILHA!L27","v":0},null,1,null,null,null,null,null,null,null,null,1]
[null,null,null,null,null,null,null,{"$f":"ROUND(H13*$F$13,2)","v":0},null,null,null,null,null,null,null,null,0,null,{"$f":"F13-Q14","v":0}]
[null,4,{"$f":"VLOOKUP(B15,PLANILHA!$B$13:$D$95,2,0)","v":"FUNDAÇÕES"},null,null,{"$f":"PLANILHA!L34","v":0},null,1,null,null,null,null,null,null,null,null,1]
[null,null,null,null,null,null,null,{"$f":"ROUND(H15*$F$15,2)","v":0},null,null,null,null,null,null,null,null,0,null,{"$f":"F15-Q16","v":0}]
[null,5,{"$f":"VLOOKUP(B17,PLANILHA!$B$13:$D$95,2,0)","v":"SUPERESTRUTURA"},null,null,{"$f":"PLANILHA!L38","v":0},null,null,0.25,0.25,0.25,0.25,null,null,null,null,1]
[null,null,null,null,null,null,null,null,{"$f":"ROUND(I$17*$F$17,2)","v":0},{"$f":"ROUND(J$17*$F$17,2)","v":0},{"$f":"ROUND(K$17*$F$17,2)","v":0},{"$f":"ROUND(L$17*$F$17,2)","v":0},null,null,null,null,0,null,{"$f":"F17-Q18","v":0}]
[null,6,{"$f":"VLOOKUP(B19,PLANILHA!$B$13:$D$95,2,0)","v":"TAPAMENTO"},null,null,{"$f":"PLANILHA!L41","v":0},null,null,null,null,null,null,0.5,0.5,null,null,1]
[null,null,null,null,null,null,null,null,null,null,null,null,{"$f":"ROUND(M19*$F$19,2)","v":0},{"$f":"ROUND(N19*$F$19,2)","v":0},null,null,0,null,{"$f":"F19-Q20","v":0}]
[null,7,{"$f":"VLOOKUP(B21,PLANILHA!$B$13:$D$95,2,0)","v":"COBERTURA"},null,null,{"$f":"PLANILHA!L46","v":0},null,null,null,null,null,null,0.5,0.5,null,null,1]
[null,null,null,null,null,null,null,null,null,null,null,null,{"$f":"ROUND(M21*$F$21,2)","v":0},{"$f":"ROUND(N21*$F$21,2)","v":0},null,null,0,null,{"$f":"F21-Q22","v":0}]
[null,8,{"$f":"VLOOKUP(B23,PLANILHA!$B$13:$D$95,2,0)","v":"PAREDES"},null,null,{"$f":"PLANILHA!L49","v":0},null,null,null,null,null,null,null,null,null,1,1]
[null,null,null,null,null,null,null,null,null,null,null,null,null,null,null,{"$f":"P23*$F$23","v":0},0,null,{"$f":"F23-Q24","v":0}]
[null,9,{"$f":"VLOOKUP(B25,PLANILHA!$B$13:$D$95,2,0)","v":"DRENAGEM"},null,null,{"$f":"PLANILHA!L58","v":0},null,null,null,null,null,null,null,null,null,1,1]
[null,null,null,null,null,null,null,null,null,null,null,null,null,null,null,{"$f":"P25*$F$25","v":0},0,null,{"$f":"F25-Q26","v":0}]
[null,10,{"$f":"VLOOKUP(B27,PLANILHA!$B$13:$D$95,2,0)","v":"TAMPA CAIXA DE CHORUME"},null,null,{"$f":"PLANILHA!L63","v":0},null,null,null,null,null,null,null,null,null,1,1]
[null,null,null,null,null,null,null,null,null,null,null,null,null,null,null,{"$f":"P27*$F$27","v":0},0,null,{"$f":"F27-Q28","v":0}]
[null,11,{"$f":"VLOOKUP(B29,PLANILHA!$B$13:$D$95,2,0)","v":"PISO"},null,null,{"$f":"PLANILHA!L66","v":0},null,null,null,null,null,null,null,null,0.75,0.25,1]
[null,null,null,null,null,null,null,null,null,null,null,null,null,null,{"$f":"O29*$F$29","v":0},{"$f":"P29*$F$29","v":0},0,null,{"$f":"F29-Q30","v":0}]
[null,"TOTAL",null,null,null,{"$f":"ROUND(SUM(F9:F30),2)","v":0},{"$f":"SUM(G10,G12,G14,G16,G18,G20,G22,G24,G26,G28,)","v":0},0,0,0,0,0,0,0,{"$f":"SUM(O10,O12,O14,O16,O18,O20,O22,O24,O26,O28,O30)","v":0},{"$f":"SUM(P10,P12,P14,P16,P18,P20,P22,P24,P26,P28,P30)","v":0}]
[null,"TOTAL ACUMULADO",null,null,null,null,{"$f":"G31","v":0},{"$f":"H31+G32","v":0},0,0,0,0,0,0,0,0,{"$f":"#REF!-F31","v":{"$error":"#REF!"}},null,{"$f":"SUM(S10:S31)","v":0}]
[null,"TOTAL PORCENTUAL",null,null,null,{"$f":"F31/F31","v":{"$error":"#DIV/0!"}},{"$f":"ROUND(G31/$F$31,4)","v":{"$error":"#DIV/0!"}},{"$error":"#DIV/0!"},{"$error":"#DIV/0!"},{"$error":"#DIV/0!"},{"$error":"#DIV/0!"},{"$error":"#DIV/0!"},{"$error":"#DIV/0!"},{"$error":"#DIV/0!"},{"$error":"#DIV/0!"},{"$error":"#DIV/0!"}]
[null,"TOTAL PORCENTUAL ACUMULADO",null,null,null,null,{"$f":"ROUND(G32/$F$31,4)","v":{"$error":"#DIV/0!"}},{"$error":"#DIV/0!"},{"$error":"#DIV/0!"},{"$error":"#DIV/0!"},{"$error":"#DIV/0!"},{"$error":"#DIV/0!"},{"$error":"#DIV/0!"},{"$error":"#DIV/0!"},{"$error":"#DIV/0!"},{"$f":"O34+P33","v":{"$error":"#DIV/0!"}}]
[null,"\n_____________________________\nEDUARDO ROCHA COCCO\nENG.º CIVIL CREA 6711 - D - ES"]

{"sheet":"COMPOSIÇÃO","index":3,"n_rows":64,"n_cols":10,"rows_kept":64,"cut":false,"hidden":false,"merged":[[54,3,54,5],[55,3,55,5],[44,3,44,5],[45,3,45,5],[46,3,46,5],[47,3,47,5],[53,1,53,9],[37,3,37,5],[38,3,38,5],[39,3,39,5],[42,1,42,9],[43,3,43,5],[33,1,33,2],[33,3,33,8],[34,1,34,9],[35,3,35,5],[36,3,36,5],[24,3,24,5],[25,3,25,5],[27,1,27,9],[28,3,28,5],[29,3,29,5],[17,3,17,5],[21,1,21,2],[21,3,21,8],[22,1,22,9],[23,3,23,5],[11,3,11,5],[12,3,12,5],[13,3,13,5],[15,1,15,9],[16,3,16,5],[1,1,1,9],[8,1,8,9],[9,1,9,2],[9,3,9,8],[10,1,10,9]]}
[]
[]
[null,"OBRA: RECONSTRUÇÃO GALPÃO DE DESTINAÇÃO DE LIXO"]
[null,"LOCAL: BAIRRO BANANEIRAS-VENDA NOVA DO IMGIRANTE/ES"]
[null,"PROPRIETÁRIO: PREFEITURA MUNICIPAL DE VENDA NOVA DO IMIGRANTE"]
[null,"DATA: 24/12/2021"]
[null,{"$f":"PLANILHA!B7","v":"REFERENCIAL DE PREÇOS: IOPES / SINAPI"}]
[null,"DATA BASE: SETEMBRO/2021"]
[]
[null,"COMPOSIÇÃO 01",null,"REMOÇÃO DE POSTE DE CONCRETO DUPLO T",null,null,null,null,null,"UND"]
[null,"MÃO DE OBRA"]
[null,"REFERÊNCIAL","CÓD.","ITEM",null,null,"UND.","QNT.","PREÇO UNIT.","PREÇO TOTAL"]
[null,"IOPES","010115","ELETRICISTA",null,null,"H",0.2,19.12,{"$f":"I13*H13","v":3.8240000000000003}]
[null,"IOPES","010146","SERVENTE",null,null,"H",2,14.05,{"$f":"I14*H14","v":28.1}]
[null,null,null,null,null,null,null,null,"SUBTOTAL",{"$f":"SUM(J13:J14)","v":31.924000000000003}]
[null,"EQUIPAMENTOS"]
[null,"REFERÊNCIAL","CÓD.","ITEM",null,null,"UND.","QNT.","PREÇO UNIT.","PREÇO TOTAL"]
[null,"SINAPI","101009","CARGA, MANOBRA E DESCARGA DE POSTE DE CONCRETO EM CAMINHÃO CARROCERIA COM GUINDAUTO (MUNCK)",null,null,"T",1,29.24,{"$f":"I18*H18","v":29.24}]
[null,null,null,null,null,null,null,null,"SUBTOTAL",{"$f":"SUM(J18:J18)","v":29.24}]
[null,null,null,null,null,null,null,null,"TOTAL",{"$f":"J19+J15","v":61.164000000000001}]
[]
[null,"COMPOSIÇÃO 02",null,"REMOÇÃO DE POSTE DE MADEIRA DN 150 ATÉ 300 MM H=5M",null,null,null,null,null,"UND"]
[null,"MÃO DE OBRA"]
[null,"REFERÊNCIAL","CÓD.","ITEM",null,null,"UND.","QNT.","PREÇO UNIT.","PREÇO TOTAL"]
[null,"IOPES","010115","ELETRICISTA",null,null,"H",0.2,19.12,{"$f":"I25*H25","v":3.8240000000000003}]
[null,"IOPES","010146","SERVENTE",null,null,"H",2,14.05,{"$f":"I26*H26","v":28.1}]
[null,null,null,null,null,null,null,null,"SUBTOTAL",{"$f":"SUM(J25:J26)","v":31.924000000000003}]
[null,"EQUIPAMENTOS"]
[null,"REFERÊNCIAL","CÓD.","ITEM",null,null,"UND.","QNT.","PREÇO UNIT.","PREÇO TOTAL"]
[null,"SICRO","5915373","CARGA, MANOBRA E DESCARGA DE MATERIAIS DIVERSOS EM CAMINHÃO CARROCERIA COM CAPACIDADE DE 7 T E COM GUINDAUTO DE 20 T.M",null,null,"T",0.35299999999999998,29.24,{"$f":"I30*H30","v":10.321719999999999}]
[null,null,null,null,null,null,null,null,"SUBTOTAL",{"$f":"SUM(J30:J30)","v":10.321719999999999}]
[null,null,null,null,null,null,null,null,"TOTAL",{"$f":"J31+J27","v":42.245720000000006}]
[]
[null,"COMPOSIÇÃO 03",null,"CANALETA NO PISO EM CONCRETO SIMPLES COM DIMENSÕES INTERNAS DE 20 X 10 CM",null,null,null,null,null,"ML"]
[null,"MÃO DE OBRA"]
[null,"REFERÊNCIAL","CÓD.","ITEM",null,null,"UND.","QNT.","PREÇO UNIT.","PREÇO TOTAL"]
[null,"IOPES","010101","AJUDANTE ",null,null,"H",0.70199999999999996,16.13,{"$f":"I37*H37","v":11.323259999999999}]
[null,"IOPES","010111","CARPINTEIRO ",null,null,"H",0.70199999999999996,19.12,{"$f":"I38*H38","v":13.42224}]
[null,"IOPES","010139","SERVENTE",null,null,"H",7.9799999999999996E-2,19.12,{"$f":"I39*H39","v":1.525776}]
[null,"IOPES","010146","PEDREIRO",null,null,"H",0.89029999999999998,14.05,{"$f":"I40*H40","v":12.508715}]
[null,null,null,null,null,null,null,null,"SUBTOTAL",{"$f":"SUM(J37:J40)","v":38.779991000000003}]
[]
[null,"MATERIAIS"]
[null,"REFERÊNCIAL","CÓD.","ITEM",null,null,"UND.","QNT.","PREÇO UNIT.","PREÇO TOTAL"]
[null,"IOPES","020503","AREIA LAVADA MEDIA (LABOR)",null,null,"M3",2.7331999999999999E-2,93.33,{"$f":"I45*H45","v":2.5508955599999998}]
[null,"IOPES","020508","CIMENTO PORTLAND CP III - 40 (LABOR)",null,null,"KG",12.768000000000001,0.46,5.8732800000000003]
[null,"IOPES","020517","BRITA 1 (LABOR)",null,null,"M3",3.0124999999999999E-2,102.66,3.0926324999999997]
[null,"IOPES","020985","SARRAFO DE MADEIRA PINUS 10 X 2.5CM (LABOR)",null,null,"M",0.27,6.42,1.7334000000000001]
[null,"IOPES","020988","TABUA DE MADEIRA PINUS 30 X 2.5 CM (LABOR)",null,null,"M",0.54,13.72,7.4088000000000012]
[null,"IOPES","026569","PREGO 18X27 (LABOR)",null,null,"KG",8.1000000000000003E-2,16.88,1.3672800000000001]
[null,"IOPES","008008","DESMOLDANTE PARA FORMAS (LABOR)",null,null,"L",0.216,10.14,2.1902400000000002]
[null,null,null,null,null,null,null,null,"SUBTOTAL",{"$f":"SUM(J45:J51)","v":24.216528059999998}]
[]
[null,"EQUIPAMENTOS"]
[null,"REFERÊNCIAL","CÓD.","ITEM",null,null,"UND.","QNT.","PREÇO UNIT.","PREÇO TOTAL"]
[null,"IOPES","080125","BETONEIRA 320 L (E301) (LABOR)",null,null,"H",2.8489E-2,34.29,{"$f":"I56*H56","v":0.97688781000000002}]
[null,null,null,null,null,null,null,null,"SUBTOTAL",{"$f":"SUM(J56:J56)","v":0.97688781000000002}]
[null,null,null,null,null,null,null,null,"TOTAL",{"$f":"J57+J41+J52","v":63.973406870000005}]
[]
[]
[]
[null,null,null,null,"____________________________"]
[null,null,null,null,"EDUARDO ROCHA COCCO"]
[null,null,null,null,"ENG.º CIVIL CREA 6711 - D - ES"]

{"sheet":"SINAPI 09.2021","index":4,"n_rows":7093,"n_cols":6,"rows_kept":7093,"cut":false,"hidden":true,"merged":[]}
["CODIGO  DA COMPOSICAO","DESCRICAO DA COMPOSICAO","UNIDADE","ORIGEM DE PREÇO","CUSTO TOTAL","VINCULO"]
[]
["97141","ASSENTAMENTO DE TUBO DE FERRO FUNDIDO PARA REDE DE ÁGUA, DN 80 MM, JUNTA ELÁSTICA, INSTALADO EM LOCAL COM NÍVEL ALTO DE INTERFERÊNCIAS (NÃO INCLUI FORNECIMENTO). AF_11/2017","M","COEFICIENTE DE REPRESENTATIVIDADE","7,50","CAIXA REFERENCIAL"]
["97142","ASSENTAMENTO DE TUBO DE FERRO FUNDIDO PARA REDE DE ÁGUA, DN 100 MM, JUNTA ELÁSTICA, INSTALADO EM LOCAL COM NÍVEL ALTO DE INTERFERÊNCIAS (NÃO INCLUI FORNECIMENTO). AF_11/2017","M","COEFICIENTE DE REPRESENTATIVIDADE","8,35","CAIXA REFERENCIAL"]
["97143","ASSENTAMENTO DE TUBO DE FERRO FUNDIDO PARA REDE DE ÁGUA, DN 150 MM, JUNTA ELÁSTICA, INSTALADO EM LOCAL COM NÍVEL ALTO DE INTERFERÊNCIAS (NÃO INCLUI FORNECIMENTO). AF_11/2017","M","COEFICIENTE DE REPRESENTATIVIDADE","10,48","CAIXA REFERENCIAL"]
["97144","ASSENTAMENTO DE TUBO DE FERRO FUNDIDO PARA REDE DE ÁGUA, DN 200 MM, JUNTA ELÁSTICA, INSTALADO EM LOCAL COM NÍVEL ALTO DE INTERFERÊNCIAS (NÃO INCLUI FORNECIMENTO). AF_11/2017","M","COEFICIENTE DE REPRESENTATIVIDADE","12,60","CAIXA REFERENCIAL"]
["97145","ASSENTAMENTO DE TUBO DE FERRO FUNDIDO PARA REDE DE ÁGUA, DN 250 MM, JUNTA ELÁSTICA, INSTALADO EM LOCAL COM NÍVEL ALTO DE INTERFERÊNCIAS (NÃO INCLUI FORNECIMENTO). AF_11/2017","M","COEFICIENTE DE REPRESENTATIVIDADE","14,73","CAIXA REFERENCIAL"]
["97146","ASSENTAMENTO DE TUBO DE FERRO FUNDIDO PARA REDE DE ÁGUA, DN 300 MM, JUNTA ELÁSTICA, INSTALADO EM LOCAL COM NÍVEL ALTO DE INTERFERÊNCIAS (NÃO INCLUI FORNECIMENTO). AF_11/2017","M","COEFICIENTE DE REPRESENTATIVIDADE","16,86","CAIXA REFERENCIAL"]
["97147","ASSENTAMENTO DE TUBO DE FERRO FUNDIDO PARA REDE DE ÁGUA, DN 350 MM, JUNTA ELÁSTICA, INSTALADO EM LOCAL COM NÍVEL ALTO DE INTERFERÊNCIAS (NÃO INCLUI FORNECIMENTO). AF_11/2017","M","COEFICIENTE DE REPRESENTATIVIDADE","19,00","CAIXA REFERENCIAL"]
["97148","ASSENTAMENTO DE TUBO DE FERRO FUNDIDO PARA REDE DE ÁGUA, DN 400 MM, JUNTA ELÁSTICA, INSTALADO EM LOCAL COM NÍVEL ALTO DE INTERFERÊNCIAS (NÃO INCLUI FORNECIMENTO). AF_11/2017","M","COEFICIENTE DE REPRESENTATIVIDADE","21,14","CAIXA REFERENCIAL"]
["97149","ASSENTAMENTO DE TUBO DE FERRO FUNDIDO PARA REDE DE ÁGUA, DN 450 MM, JUNTA ELÁSTICA, INSTALADO EM LOCAL COM NÍVEL ALTO DE INTERFERÊNCIAS (NÃO INCLUI FORNECIMENTO). AF_11/2017","M","COEFICIENTE DE REPRESENTATIVIDADE","23,30","CAIXA REFERENCIAL"]
["97150","ASSENTAMENTO DE TUBO DE FERRO FUNDIDO PARA REDE DE ÁGUA, DN 500 MM, JUNTA ELÁSTICA, INSTALADO EM LOCAL COM NÍVEL ALTO DE INTERFERÊNCIAS (NÃO INCLUI FORNECIMENTO). AF_11/2017","M","COEFICIENTE DE REPRESENTATIVIDADE","30,07","CAIXA REFERENCIAL"]
["97151","ASSENTAMENTO DE TUBO DE FERRO FUNDIDO PARA REDE DE ÁGUA, DN 600 MM, JUNTA ELÁSTICA, INSTALADO EM LOCAL COM NÍVEL ALTO DE INTERFERÊNCIAS (NÃO INCLUI FORNECIMENTO). AF_11/2017","M","COEFICIENTE DE REPRESENTATIVIDADE","35,04","CAIXA REFERENCIAL"]
["97152","ASSENTAMENTO DE TUBO DE FERRO FUNDIDO PARA REDE DE ÁGUA, DN 700 MM, JUNTA ELÁSTICA, INSTALADO EM LOCAL COM NÍVEL ALTO DE INTERFERÊNCIAS (NÃO INCLUI FORNECIMENTO). AF_11/2017","M","COEFICIENTE DE REPRESENTATIVIDADE","39,79","CAIXA REFERENCIAL"]
["97153","ASSENTAMENTO DE TUBO DE FERRO FUNDIDO PARA REDE DE ÁGUA, DN 800 MM, JUNTA ELÁSTICA, INSTALADO EM LOCAL COM NÍVEL ALTO DE INTERFERÊNCIAS (NÃO INCLUI FORNECIMENTO). AF_11/2017","M","COEFICIENTE DE REPRESENTATIVIDADE","44,65","CAIXA REFERENCIAL"]
["97154","ASSENTAMENTO DE TUBO DE FERRO FUNDIDO PARA REDE DE ÁGUA, DN 900 MM, JUNTA ELÁSTICA, INSTALADO EM LOCAL COM NÍVEL ALTO DE INTERFERÊNCIAS (NÃO INCLUI FORNECIMENTO). AF_11/2017","M","COEFICIENTE DE REPRESENTATIVIDADE","49,57","CAIXA REFERENCIAL"]
["97155","ASSENTAMENTO DE TUBO DE FERRO FUNDIDO PARA REDE DE ÁGUA, DN 1000 MM, JUNTA ELÁSTICA, INSTALADO EM LOCAL COM NÍVEL ALTO DE INTERFERÊNCIAS (NÃO INCLUI FORNECIMENTO). AF_11/2017","M","COEFICIENTE DE REPRESENTATIVIDADE","54,49","CAIXA REFERENCIAL"]
["97156","ASSENTAMENTO DE TUBO DE FERRO FUNDIDO PARA REDE DE ÁGUA, DN 1200 MM, JUNTA ELÁSTICA, INSTALADO EM LOCAL COM NÍVEL ALTO DE INTERFERÊNCIAS (NÃO INCLUI FORNECIMENTO). AF_11/2017","M","COEFICIENTE DE REPRESENTATIVIDADE","64,72","CAIXA REFERENCIAL"]
["97157","ASSENTAMENTO DE TUBO DE FERRO FUNDIDO PARA REDE DE ÁGUA, DN 80 MM, JUNTA ELÁSTICA, INSTALADO EM LOCAL COM NÍVEL BAIXO DE INTERFERÊNCIAS (NÃO INCLUI FORNECIMENTO). AF_11/2017","M","COEFICIENTE DE REPRESENTATIVIDADE","4,53","CAIXA REFERENCIAL"]
["97158","ASSENTAMENTO DE TUBO DE FERRO FUNDIDO PARA REDE DE ÁGUA, DN 100 MM, JUNTA ELÁSTICA, INSTALADO EM LOCAL COM NÍVEL BAIXO DE INTERFERÊNCIAS (NÃO INCLUI FORNECIMENTO). AF_11/2017","M","COEFICIENTE DE REPRESENTATIVIDADE","5,07","CAIXA REFERENCIAL"]
["97159","ASSENTAMENTO DE TUBO DE FERRO FUNDIDO PARA REDE DE ÁGUA, DN 150 MM, JUNTA ELÁSTICA, INSTALADO EM LOCAL COM NÍVEL BAIXO DE INTERFERÊNCIAS (NÃO INCLUI FORNECIMENTO). AF_11/2017","M","COEFICIENTE DE REPRESENTATIVIDADE","6,36","CAIXA REFERENCIAL"]
["97160","ASSENTAMENTO DE TUBO DE FERRO FUNDIDO PARA REDE DE ÁGUA, DN 200 MM, JUNTA ELÁSTICA, INSTALADO EM LOCAL COM NÍVEL BAIXO DE INTERFERÊNCIAS (NÃO INCLUI FORNECIMENTO). AF_11/2017","M","COEFICIENTE DE REPRESENTATIVIDADE","7,64","CAIXA REFERENCIAL"]
["97161","ASSENTAMENTO DE TUBO DE FERRO FUNDIDO PARA REDE DE ÁGUA, DN 250 MM, JUNTA ELÁSTICA, INSTALADO EM LOCAL COM NÍVEL BAIXO DE INTERFERÊNCIAS (NÃO INCLUI FORNECIMENTO). AF_11/2017","M","COEFICIENTE DE REPRESENTATIVIDADE","8,96","CAIXA REFERENCIAL"]
["97162","ASSENTAMENTO DE TUBO DE FERRO FUNDIDO PARA REDE DE ÁGUA, DN 300 MM, JUNTA ELÁSTICA, INSTALADO EM LOCAL COM NÍVEL BAIXO DE INTERFERÊNCIAS (NÃO INCLUI FORNECIMENTO). AF_11/2017","M","COEFICIENTE DE REPRESENTATIVIDADE","10,27","CAIXA REFERENCIAL"]
["97163","ASSENTAMENTO DE TUBO DE FERRO FUNDIDO PARA REDE DE ÁGUA, DN 350 MM, JUNTA ELÁSTICA, INSTALADO EM LOCAL COM NÍVEL BAIXO DE INTERFERÊNCIAS (NÃO INCLUI FORNECIMENTO). AF_11/2017","M","COEFICIENTE DE REPRESENTATIVIDADE","11,59","CAIXA REFERENCIAL"]
["97164","ASSENTAMENTO DE TUBO DE FERRO FUNDIDO PARA REDE DE ÁGUA, DN 400 MM, JUNTA ELÁSTICA, INSTALADO EM LOCAL COM NÍVEL BAIXO DE INTERFERÊNCIAS (NÃO INCLUI FORNECIMENTO). AF_11/2017","M","COEFICIENTE DE REPRESENTATIVIDADE","12,90","CAIXA REFERENCIAL"]
["97165","ASSENTAMENTO DE TUBO DE FERRO FUNDIDO PARA REDE DE ÁGUA, DN 450 MM, JUNTA ELÁSTICA, INSTALADO EM LOCAL COM NÍVEL BAIXO DE INTERFERÊNCIAS (NÃO INCLUI FORNECIMENTO). AF_11/2017","M","COEFICIENTE DE REPRESENTATIVIDADE","14,23","CAIXA REFERENCIAL"]
["97166","ASSENTAMENTO DE TUBO DE FERRO FUNDIDO PARA REDE DE ÁGUA, DN 500 MM, JUNTA ELÁSTICA, INSTALADO EM LOCAL COM NÍVEL BAIXO DE INTERFERÊNCIAS (NÃO INCLUI FORNECIMENTO). AF_11/2017","M","COEFICIENTE DE REPRESENTATIVIDADE","18,32","CAIXA REFERENCIAL"]
["97167","ASSENTAMENTO DE TUBO DE FERRO FUNDIDO PARA REDE DE ÁGUA, DN 600 MM, JUNTA ELÁSTICA, INSTALADO EM LOCAL COM NÍVEL BAIXO DE INTERFERÊNCIAS (NÃO INCLUI FORNECIMENTO). AF_11/2017","M","COEFICIENTE DE REPRESENTATIVIDADE","21,39","CAIXA REFERENCIAL"]
["97168","ASSENTAMENTO DE TUBO DE FERRO FUNDIDO PARA REDE DE ÁGUA, DN 700 MM, JUNTA ELÁSTICA, INSTALADO EM LOCAL COM NÍVEL BAIXO DE INTERFERÊNCIAS (NÃO INCLUI FORNECIMENTO). AF_11/2017","M","COEFICIENTE DE REPRESENTATIVIDADE","24,22","CAIXA REFERENCIAL"]
["97169","ASSENTAMENTO DE TUBO DE FERRO FUNDIDO PARA REDE DE ÁGUA, DN 800 MM, JUNTA ELÁSTICA, INSTALADO EM LOCAL COM NÍVEL BAIXO DE INTERFERÊNCIAS (NÃO INCLUI FORNECIMENTO). AF_11/2017","M","COEFICIENTE DE REPRESENTATIVIDADE","27,16","CAIXA REFERENCIAL"]
["97170","ASSENTAMENTO DE TUBO DE FERRO FUNDIDO PARA REDE DE ÁGUA, DN 900 MM, JUNTA ELÁSTICA, INSTALADO EM LOCAL COM NÍVEL BAIXO DE INTERFERÊNCIAS (NÃO INCLUI FORNECIMENTO). AF_11/2017","M","COEFICIENTE DE REPRESENTATIVIDADE","30,18","CAIXA REFERENCIAL"]
["97171","ASSENTAMENTO DE TUBO DE FERRO FUNDIDO PARA REDE DE ÁGUA, DN 1000 MM, JUNTA ELÁSTICA, INSTALADO EM LOCAL COM NÍVEL BAIXO DE INTERFERÊNCIAS (NÃO INCLUI FORNECIMENTO). AF_11/2017","M","COEFICIENTE DE REPRESENTATIVIDADE","33,19","CAIXA REFERENCIAL"]
["97172","ASSENTAMENTO DE TUBO DE FERRO FUNDIDO PARA REDE DE ÁGUA, DN 1200 MM, JUNTA ELÁSTICA, INSTALADO EM LOCAL COM NÍVEL BAIXO DE INTERFERÊNCIAS (NÃO INCLUI FORNECIMENTO). AF_11/2017","M","COEFICIENTE DE REPRESENTATIVIDADE","39,60","CAIXA REFERENCIAL"]
["97173","ASSENTAMENTO DE TUBO DE AÇO CARBONO PARA REDE DE ÁGUA, DN 600 MM (24\u0092\u0092), JUNTA SOLDADA, INSTALADO EM LOCAL COM NÍVEL ALTO DE INTERFERÊNCIAS (NÃO INCLUI FORNECIMENTO). AF_11/2017","M","COEFICIENTE DE REPRESENTATIVIDADE","32,62","CAIXA REFERENCIAL"]
["97174","ASSENTAMENTO DE TUBO DE AÇO CARBONO PARA REDE DE ÁGUA, DN 700 MM (28\u0092\u0092), JUNTA SOLDADA, INSTALADO EM LOCAL COM NÍVEL ALTO DE INTERFERÊNCIAS (NÃO INCLUI FORNECIMENTO). AF_11/2017","M","COEFICIENTE DE REPRESENTATIVIDADE","37,76","CAIXA REFERENCIAL"]
["97175","ASSENTAMENTO DE TUBO DE AÇO CARBONO PARA REDE DE ÁGUA, DN 800 MM (32\u0092\u0092), JUNTA SOLDADA, INSTALADO EM LOCAL COM NÍVEL ALTO DE INTERFERÊNCIAS (NÃO INCLUI FORNECIMENTO). AF_11/2017","M","COEFICIENTE DE REPRESENTATIVIDADE","42,88","CAIXA REFERENCIAL"]
["97176","ASSENTAMENTO DE TUBO DE AÇO CARBONO PARA REDE DE ÁGUA, DN 900 MM (36\u0092\u0092), JUNTA SOLDADA, INSTALADO EM LOCAL COM NÍVEL ALTO DE INTERFERÊNCIAS (NÃO INCLUI FORNECIMENTO). AF_11/2017","M","COEFICIENTE DE REPRESENTATIVIDADE","48,02","CAIXA REFERENCIAL"]
["97177","ASSENTAMENTO DE TUBO DE AÇO CARBONO PARA REDE DE ÁGUA, DN 1000 MM (40\u0092\u0092) OU DN 1100 MM (44\u0092\u0092), JUNTA SOLDADA, INSTALADO EM LOCAL COM NÍVEL ALTO DE INTERFERÊNCIAS (NÃO INCLUI FORNECIMENTO). AF_11/2017","M","COEFICIENTE DE REPRESENTATIVIDADE","58,29","CAIXA REFERENCIAL"]
["97178","ASSENTAMENTO DE TUBO DE AÇO CARBONO PARA REDE DE ÁGUA, DN 1200 MM (48\u0092\u0092) OU DN 1300 MM (52\u0092\u0092), JUNTA SOLDADA, INSTALADO EM LOCAL COM NÍVEL ALTO DE INTERFERÊNCIAS (NÃO INCLUI FORNECIMENTO). AF_11/2017","M","COEFICIENTE DE REPRESENTATIVIDADE","68,57","CAIXA REFERENCIAL"]
["97179","ASSENTAMENTO DE TUBO DE AÇO CARBONO PARA REDE DE ÁGUA, DN 1400 MM (56'') OU DN 1500 MM (60\u0092\u0092), JUNTA SOLDADA, INSTALADO EM LOCAL COM NÍVEL ALTO DE INTERFERÊNCIAS (NÃO INCLUI FORNECIMENTO). AF_11/2017","M","COEFICIENTE DE REPRESENTATIVIDADE","78,82","CAIXA REFERENCIAL"]
["97180","ASSENTAMENTO DE TUBO DE AÇO CARBONO PARA REDE DE ÁGUA, DN 1600 MM (64\u0092\u0092) OU DN 1700 MM (68\u0092\u0092), JUNTA SOLDADA, INSTALADO EM LOCAL COM NÍVEL ALTO DE INTERFERÊNCIAS (NÃO INCLUI FORNECIMENTO). AF_11/2017","M","COEFICIENTE DE REPRESENTATIVIDADE","89,11","CAIXA REFERENCIAL"]
["97181","ASSENTAMENTO DE TUBO DE AÇO CARBONO PARA REDE DE ÁGUA, DN 1800 MM (72\u0092\u0092) OU DN 1900 MM (76\u0092\u0092), JUNTA SOLDADA, INSTALADO EM LOCAL COM NÍVEL ALTO DE INTERFERÊNCIAS (NÃO INCLUI FORNECIMENTO). AF_11/2017","M","COEFICIENTE DE REPRESENTATIVIDADE","103,45","CAIXA REFERENCIAL"]
["97182","ASSENTAMENTO DE TUBO DE AÇO CARBONO PARA REDE DE ÁGUA, DN 2000 MM (80\u0092\u0092) OU DN 2100 MM (84\u0092\u0092), JUNTA SOLDADA, INSTALADO EM LOCAL COM NÍVEL ALTO DE INTERFERÊNCIAS (NÃO INCLUI FORNECIMENTO). AF_11/2017","M","COEFICIENTE DE REPRESENTATIVIDADE","114,14","CAIXA REFERENCIAL"]
["97183","ASSENTAMENTO DE TUBO DE AÇO CARBONO PARA REDE DE ÁGUA, DN 600 MM (24\u0092\u0092), JUNTA SOLDADA, INSTALADO EM LOCAL COM NÍVEL BAIXO DE INTERFERÊNCIAS (NÃO INCLUI FORNECIMENTO). AF_11/2017","M","COEFICIENTE DE REPRESENTATIVIDADE","26,07","CAIXA REFERENCIAL"]
["97184","ASSENTAMENTO DE TUBO DE AÇO CARBONO PARA REDE DE ÁGUA, DN 700 MM (28\u0092\u0092), JUNTA SOLDADA, INSTALADO EM LOCAL COM NÍVEL BAIXO DE INTERFERÊNCIAS (NÃO INCLUI FORNECIMENTO). AF_11/2017","M","COEFICIENTE DE REPRESENTATIVIDADE","30,23","CAIXA REFERENCIAL"]
["97185","ASSENTAMENTO DE TUBO DE AÇO CARBONO PARA REDE DE ÁGUA, DN 800 MM (32\u0092\u0092), JUNTA SOLDADA, INSTALADO EM LOCAL COM NÍVEL BAIXO DE INTERFERÊNCIAS (NÃO INCLUI FORNECIMENTO). AF_11/2017","M","COEFICIENTE DE REPRESENTATIVIDADE","34,39","CAIXA REFERENCIAL"]
["97186","ASSENTAMENTO DE TUBO DE AÇO CARBONO PARA REDE DE ÁGUA, DN 900 MM (36\u0092\u0092), JUNTA SOLDADA, INSTALADO EM LOCAL COM NÍVEL BAIXO DE INTERFERÊNCIAS (NÃO INCLUI FORNECIMENTO). AF_11/2017","M","COEFICIENTE DE REPRESENTATIVIDADE","38,56","CAIXA REFERENCIAL"]
["97187","ASSENTAMENTO DE TUBO DE AÇO CARBONO PARA REDE DE ÁGUA, DN 1000 MM (40  ) OU DN 1100 MM (44  ), JUNTA SOLDADA, INSTALADO EM LOCAL COM NÍVEL BAIXO DE INTERFERÊNCIAS (NÃO INCLUI FORNECIMENTO). AF_11/2017","M","COEFICIENTE DE REPRESENTATIVIDADE","46,89","CAIXA REFERENCIAL"]
["97188","ASSENTAMENTO DE TUBO DE AÇO CARBONO PARA REDE DE ÁGUA, DN 1200 MM (48\u0092\u0092) OU DN 1300 MM (52\u0092\u0092), JUNTA SOLDADA, INSTALADO EM LOCAL COM NÍVEL BAIXO DE INTERFERÊNCIAS (NÃO INCLUI FORNECIMENTO). AF_11/2017","M","COEFICIENTE DE REPRESENTATIVIDADE","55,23","CAIXA REFERENCIAL"]
["97189","ASSENTAMENTO DE TUBO DE AÇO CARBONO PARA REDE DE ÁGUA, DN 1400 MM (56'') OU DN 1500 MM (60\u0092\u0092), JUNTA SOLDADA, INSTALADO EM LOCAL COM NÍVEL BAIXO DE INTERFERÊNCIAS (NÃO INCLUI FORNECIMENTO). AF_11/2017","M","COEFICIENTE DE REPRESENTATIVIDADE","63,53","CAIXA REFERENCIAL"]
["97190","ASSENTAMENTO DE TUBO DE AÇO CARBONO PARA REDE DE ÁGUA, DN 1600 MM (64\u0092\u0092) OU DN 1700 MM (68\u0092\u0092), JUNTA SOLDADA, INSTALADO EM LOCAL COM NÍVEL BAIXO DE INTERFERÊNCIAS (NÃO INCLUI FORNECIMENTO). AF_11/2017","M","COEFICIENTE DE REPRESENTATIVIDADE","71,88","CAIXA REFERENCIAL"]
["97191","ASSENTAMENTO DE TUBO DE AÇO CARBONO PARA REDE DE ÁGUA, DN 1800 MM (72\u0092\u0092) OU DN 1900 MM (76\u0092\u0092), JUNTA SOLDADA, INSTALADO EM LOCAL COM NÍVEL BAIXO DE INTERFERÊNCIAS (NÃO INCLUI FORNECIMENTO). AF_11/2017","M","COEFICIENTE DE REPRESENTATIVIDADE","83,11","CAIXA REFERENCIAL"]
["97192","ASSENTAMENTO DE TUBO DE AÇO CARBONO PARA REDE DE ÁGUA, DN 2000 MM (80\u0092\u0092) OU DN 2100 MM (84\u0092\u0092), JUNTA SOLDADA, INSTALADO EM LOCAL COM NÍVEL BAIXO DE INTERFERÊNCIAS (NÃO INCLUI FORNECIMENTO). AF_11/2017","M","COEFICIENTE DE REPRESENTATIVIDADE","91,75","CAIXA REFERENCIAL"]
["90694","TUBO DE PVC PARA REDE COLETORA DE ESGOTO DE PAREDE MACIÇA, DN 100 MM, JUNTA ELÁSTICA - FORNECIMENTO E ASSENTAMENTO. AF_01/2021","M","ATRIBUÍDO SÃO PAULO","41,93","CAIXA REFERENCIAL"]
["90695","TUBO DE PVC PARA REDE COLETORA DE ESGOTO DE PAREDE MACIÇA, DN 150 MM, JUNTA ELÁSTICA  - FORNECIMENTO E ASSENTAMENTO. AF_01/2021","M","ATRIBUÍDO SÃO PAULO","87,32","CAIXA REFERENCIAL"]
["90696","TUBO DE PVC PARA REDE COLETORA DE ESGOTO DE PAREDE MACIÇA, DN 200 MM, JUNTA ELÁSTICA - FORNECIMENTO E ASSENTAMENTO. AF_01/2021","M","ATRIBUÍDO SÃO PAULO","129,73","CAIXA REFERENCIAL"]
["90697","TUBO DE PVC PARA REDE COLETORA DE ESGOTO DE PAREDE MACIÇA, DN 250 MM, JUNTA ELÁSTICA  - FORNECIMENTO E ASSENTAMENTO. AF_01/2021","M","ATRIBUÍDO SÃO PAULO","218,67","CAIXA REFERENCIAL"]
["90698","TUBO DE PVC PARA REDE COLETORA DE ESGOTO DE PAREDE MACIÇA, DN 300 MM, JUNTA ELÁSTICA,  FORNECIMENTO E ASSENTAMENTO. AF_01/2021","M","ATRIBUÍDO SÃO PAULO","350,65","CAIXA REFERENCIAL"]
["90699","TUBO DE PVC PARA REDE COLETORA DE ESGOTO DE PAREDE MACIÇA, DN 350 MM, JUNTA ELÁSTICA  - FORNECIMENTO E ASSENTAMENTO. AF_01/2021","M","ATRIBUÍDO SÃO PAULO","433,56","CAIXA REFERENCIAL"]
["90700","TUBO DE PVC PARA REDE COLETORA DE ESGOTO DE PAREDE MACIÇA, DN 400 MM, JUNTA ELÁSTICA  FORNECIMENTO E ASSENTAMENTO. AF_01/2021","M","ATRIBUÍDO SÃO PAULO","561,90","CAIXA REFERENCIAL"]
["90701","TUBO DE PVC CORRUGADO DE DUPLA PAREDE PARA REDE COLETORA DE ESGOTO, DN 150 MM, JUNTA ELÁSTICA - FORNECIMENTO E ASSENTAMENTO. AF_01/2021","M","ATRIBUÍDO SÃO PAULO","70,98","CAIXA REFERENCIAL"]
["90702","TUBO DE PVC CORRUGADO DE DUPLA PAREDE PARA REDE COLETORA DE ESGOTO, DN 200 MM, JUNTA ELÁSTICA - FORNECIMENTO E ASSENTAMENTO. AF_01/2021","M","ATRIBUÍDO SÃO PAULO","113,14","CAIXA REFERENCIAL"]
["90703","TUBO DE PVC CORRUGADO DE DUPLA PAREDE PARA REDE COLETORA DE ESGOTO, DN 250 MM, JUNTA ELÁSTICA - FORNECIMENTO E ASSENTAMENTO. AF_01/2021","M","ATRIBUÍDO SÃO PAULO","185,31","CAIXA REFERENCIAL"]
["90704","TUBO DE PVC CORRUGADO DE DUPLA PAREDE PARA REDE COLETORA DE ESGOTO, DN 300 MM, JUNTA ELÁSTICA - FORNECIMENTO E ASSENTAMENTO. AF_01/2021","M","ATRIBUÍDO SÃO PAULO","256,37","CAIXA REFERENCIAL"]
["90705","TUBO DE PVC CORRUGADO DE DUPLA PAREDE PARA REDE COLETORA DE ESGOTO, DN 350 MM, JUNTA ELÁSTICA - FORNECIMENTO E ASSENTAMENTO. AF_01/2021","M","ATRIBUÍDO SÃO PAULO","360,60","CAIXA REFERENCIAL"]
["90706","TUBO DE PVC CORRUGADO DE DUPLA PAREDE PARA REDE COLETORA DE ESGOTO, DN 400 MM, JUNTA ELÁSTICA - FORNECIMENTO E ASSENTAMENTO. AF_01/2021","M","ATRIBUÍDO SÃO PAULO","420,83","CAIXA REFERENCIAL"]
["90708","TUBO DE PEAD CORRUGADO DE DUPLA PAREDE PARA REDE COLETORA DE ESGOTO, DN 600 MM, JUNTA ELÁSTICA INTEGRADA - FORNECIMENTO E ASSENTAMENTO. AF_01/2021","M","ATRIBUÍDO SÃO PAULO","1.192,44","CAIXA REFERENCIAL"]
["90724","JUNTA ARGAMASSADA ENTRE TUBO DN 100 MM E O POÇO DE VISITA/ CAIXA DE CONCRETO OU ALVENARIA EM REDES DE ESGOTO. AF_01/2021","UN","COEFICIENTE DE REPRESENTATIVIDADE","21,17","CAIXA REFERENCIAL"]
["90725","JUNTA ARGAMASSADA ENTRE TUBO DN 150 MM E O POÇO DE VISITA/ CAIXA DE CONCRETO OU ALVENARIA EM REDES DE ESGOTO. AF_01/2021","UN","COEFICIENTE DE REPRESENTATIVIDADE","26,02","CAIXA REFERENCIAL"]
["90726","JUNTA ARGAMASSADA ENTRE TUBO DN 200 MM E O POÇO/ CAIXA DE CONCRETO OU ALVENARIA EM REDES DE ESGOTO. AF_01/2021","UN","COEFICIENTE DE REPRESENTATIVIDADE","30,91","CAIXA REFERENCIAL"]
["90727","JUNTA ARGAMASSADA ENTRE TUBO DN 250 MM E O POÇO DE VISITA/ CAIXA DE CONCRETO OU ALVENARIA EM REDES DE ESGOTO. AF_01/2021","UN","COEFICIENTE DE REPRESENTATIVIDADE","35,76","CAIXA REFERENCIAL"]
["90728","JUNTA ARGAMASSADA ENTRE TUBO DN 300 MM E O POÇO DE VISITA/ CAIXA DE CONCRETO OU ALVENARIA EM REDES DE ESGOTO. AF_01/2021","UN","COEFICIENTE DE REPRESENTATIVIDADE","40,60","CAIXA REFERENCIAL"]
["90729","JUNTA ARGAMASSADA ENTRE TUBO DN 350 MM E O POÇO DE VISITA/ CAIXA DE CONCRETO OU ALVENARIA EM REDES DE ESGOTO. AF_01/2021","UN","COEFICIENTE DE REPRESENTATIVIDADE","45,46","CAIXA REFERENCIAL"]
["90730","JUNTA ARGAMASSADA ENTRE TUBO DN 400 MM E O POÇO DE VISITA/ CAIXA DE CONCRETO OU ALVENARIA EM REDES DE ESGOTO. AF_01/2021","UN","COEFICIENTE DE REPRESENTATIVIDADE","50,31","CAIXA REFERENCIAL"]
["90731","JUNTA ARGAMASSADA ENTRE TUBO DN 450 MM E O POÇO DE VISITA/ CAIXA DE CONCRETO OU ALVENARIA EM REDES DE ESGOTO. AF_01/2021","UN","COEFICIENTE DE REPRESENTATIVIDADE","55,15","CAIXA REFERENCIAL"]
["90732","JUNTA ARGAMASSADA ENTRE TUBO DN 600 MM E O POÇO DE VISITA/ CAIXA DE CONCRETO OU ALVENARIA EM REDES DE ESGOTO. AF_01/2021","UN","COEFICIENTE DE REPRESENTATIVIDADE","69,69","CAIXA REFERENCIAL"]
["90733","ASSENTAMENTO DE TUBO DE PVC PARA REDE COLETORA DE ESGOTO DE PAREDE MACIÇA, DN 100 MM, JUNTA ELÁSTICA (NÃO INCLUI FORNECIMENTO). AF_01/2021","M","COEFICIENTE DE REPRESENTATIVIDADE","3,00","CAIXA REFERENCIAL"]
["90734","ASSENTAMENTO DE TUBO DE PVC PARA REDE COLETORA DE ESGOTO DE PAREDE MACIÇA, DN 150 MM, JUNTA ELÁSTICA,  (NÃO INCLUI FORNECIMENTO). AF_01/2021","M","COEFICIENTE DE REPRESENTATIVIDADE","3,56","CAIXA REFERENCIAL"]
["90735","ASSENTAMENTO DE TUBO DE PVC PARA REDE COLETORA DE ESGOTO DE PAREDE MACIÇA, DN 200 MM, JUNTA ELÁSTICA (NÃO INCLUI FORNECIMENTO). AF_01/2021","M","COEFICIENTE DE REPRESENTATIVIDADE","4,12","CAIXA REFERENCIAL"]
["90736","ASSENTAMENTO DE TUBO DE PVC PARA REDE COLETORA DE ESGOTO DE PAREDE MACIÇA, DN 250 MM, JUNTA ELÁSTICA (NÃO INCLUI FORNECIMENTO). AF_01/2021","M","COEFICIENTE DE REPRESENTATIVIDADE","4,68","CAIXA REFERENCIAL"]
["90737","ASSENTAMENTO DE TUBO DE PVC PARA REDE COLETORA DE ESGOTO DE PAREDE MACIÇA, DN 300 MM, JUNTA ELÁSTICA  (NÃO INCLUI FORNECIMENTO). AF_01/2021","M","COEFICIENTE DE REPRESENTATIVIDADE","5,23","CAIXA REFERENCIAL"]
["90738","ASSENTAMENTO DE TUBO DE PVC PARA REDE COLETORA DE ESGOTO DE PAREDE MACIÇA, DN 350 MM, JUNTA ELÁSTICA (NÃO INCLUI FORNECIMENTO). AF_01/2021","M","COEFICIENTE DE REPRESENTATIVIDADE","5,79","CAIXA REFERENCIAL"]
["90739","ASSENTAMENTO DE TUBO DE PVC PARA REDE COLETORA DE ESGOTO DE PAREDE MACIÇA, DN 400 MM, JUNTA ELÁSTICA (NÃO INCLUI FORNECIMENTO). AF_01/2021","M","COEFICIENTE DE REPRESENTATIVIDADE","7,96","CAIXA REFERENCIAL"]
["90740","ASSENTAMENTO DE TUBO DE PVC CORRUGADO DE DUPLA PAREDE PARA REDE COLETORA DE ESGOTO, DN 150 MM, JUNTA ELÁSTICA (NÃO INCLUI FORNECIMENTO). AF_01/2021","M","COEFICIENTE DE REPRESENTATIVIDADE","3,97","CAIXA REFERENCIAL"]
["90741","ASSENTAMENTO DE TUBO DE PVC CORRUGADO DE DUPLA PAREDE PARA REDE COLETORA DE ESGOTO, DN 200 MM, JUNTA ELÁSTICA (NÃO INCLUI FORNECIMENTO). AF_01/2021","M","COEFICIENTE DE REPRESENTATIVIDADE","4,53","CAIXA REFERENCIAL"]
["90742","ASSENTAMENTO DE TUBO DE PVC CORRUGADO DE DUPLA PAREDE PARA REDE COLETORA DE ESGOTO, DN 250 MM, JUNTA ELÁSTICA (NÃO INCLUI FORNECIMENTO). AF_01/2021","M","COEFICIENTE DE REPRESENTATIVIDADE","5,09","CAIXA REFERENCIAL"]
["90743","ASSENTAMENTO DE TUBO DE PVC CORRUGADO DE DUPLA PAREDE PARA REDE COLETORA DE ESGOTO, DN 300 MM, JUNTA ELÁSTICA (NÃO INCLUI FORNECIMENTO). AF_01/2021","M","COEFICIENTE DE REPRESENTATIVIDADE","5,64","CAIXA REFERENCIAL"]
["90744","ASSENTAMENTO DE TUBO DE PVC CORRUGADO DE DUPLA PAREDE PARA REDE COLETORA DE ESGOTO, DN 350 MM, JUNTA ELÁSTICA (NÃO INCLUI FORNECIMENTO). AF_01/2021","M","COEFICIENTE DE REPRESENTATIVIDADE","6,19","CAIXA REFERENCIAL"]
["90745","ASSENTAMENTO DE TUBO DE PVC CORRUGADO DE DUPLA PAREDE PARA REDE COLETORA DE ESGOTO, DN 400 MM, JUNTA ELÁSTICA  (NÃO INCLUI FORNECIMENTO). AF_01/2021","M","COEFICIENTE DE REPRESENTATIVIDADE","8,87","CAIXA REFERENCIAL"]
["90746","ASSENTAMENTO DE TUBO DE PEAD CORRUGADO DE DUPLA PAREDE PARA REDE COLETORA DE ESGOTO, DN 450 MM, JUNTA ELÁSTICA INTEGRADA (NÃO INCLUI FORNECIMENTO). AF_01/2021","M","COEFICIENTE DE REPRESENTATIVIDADE","3,25","CAIXA REFERENCIAL"]
["90747","ASSENTAMENTO DE TUBO DE PEAD CORRUGADO DE DUPLA PAREDE PARA REDE COLETORA DE ESGOTO, DN 600 MM, JUNTA ELÁSTICA INTEGRADA (NÃO INCLUI FORNECIMENTO). AF_01/2021","M","COEFICIENTE DE REPRESENTATIVIDADE","15,21","CAIXA REFERENCIAL"]
["94869","TUBO DE PEAD CORRUGADO DE DUPLA PAREDE PARA REDE COLETORA DE ESGOTO, DN 250 MM, JUNTA ELÁSTICA INTEGRADA - FORNECIMENTO E ASSENTAMENTO. AF_01/2021","M","ATRIBUÍDO SÃO PAULO","242,85","CAIXA REFERENCIAL"]
["94870","ASSENTAMENTO DE TUBO DE PEAD CORRUGADO DE DUPLA PAREDE PARA REDE COLETORA DE ESGOTO, DN 250 MM, JUNTA ELÁSTICA INTEGRADA (NÃO INCLUI FORNECIMENTO). AF_01/2021","M","COEFICIENTE DE REPRESENTATIVIDADE","1,76","CAIXA REFERENCIAL"]
["94871","TUBO DE PEAD CORRUGADO DE DUPLA PAREDE PARA REDE COLETORA DE ESGOTO, DN 300 MM, JUNTA ELÁSTICA INTEGRADA - FORNECIMENTO E ASSENTAMENTO. AF_01/2021","M","ATRIBUÍDO SÃO PAULO","287,60","CAIXA REFERENCIAL"]
["94872","ASSENTAMENTO DE TUBO DE PEAD CORRUGADO DE DUPLA PAREDE PARA REDE COLETORA DE ESGOTO, DN 300 MM, JUNTA ELÁSTICA INTEGRADA  (NÃO INCLUI FORNECIMENTO). AF_01/2021","M","COEFICIENTE DE REPRESENTATIVIDADE","2,46","CAIXA REFERENCIAL"]
["94875","TUBO DE PEAD CORRUGADO DE DUPLA PAREDE PARA REDE COLETORA DE ESGOTO, DN 800 MM, JUNTA ELÁSTICA INTEGRADA - FORNECIMENTO E ASSENTAMENTO. AF_01/2021","M","ATRIBUÍDO SÃO PAULO","1.684,50","CAIXA REFERENCIAL"]
["94876","ASSENTAMENTO DE TUBO DE PEAD CORRUGADO DE DUPLA PAREDE PARA REDE COLETORA DE ESGOTO, DN 800 MM, JUNTA ELÁSTICA INTEGRADA  (NÃO INCLUI FORNECIMENTO). AF_01/2021","M","COEFICIENTE DE REPRESENTATIVIDADE","25,70","CAIXA REFERENCIAL"]
["94878","ASSENTAMENTO DE TUBO DE PEAD CORRUGADO DE DUPLA PAREDE PARA REDE COLETORA DE ESGOTO, DN 900 MM, JUNTA ELÁSTICA INTEGRADA (NÃO INCLUI FORNECIMENTO). AF_01/2021","M","COEFICIENTE DE REPRESENTATIVIDADE","29,69","CAIXA REFERENCIAL"]
["94879","TUBO DE PEAD CORRUGADO DE DUPLA PAREDE PARA REDE COLETORA DE ESGOTO, DN 1000 MM, JUNTA ELÁSTICA INTEGRADA - FORNECIMENTO E ASSENTAMENTO. AF_01/2021","M","ATRIBUÍDO SÃO PAULO","2.243,25","CAIXA REFERENCIAL"]
["94880","ASSENTAMENTO DE TUBO DE PEAD CORRUGADO DE DUPLA PAREDE PARA REDE COLETORA DE ESGOTO, DN 1000 MM, JUNTA ELÁSTICA INTEGRADA (NÃO INCLUI FORNECIMENTO). AF_01/2021","M","COEFICIENTE DE REPRESENTATIVIDADE","38,44","CAIXA REFERENCIAL"]
["94881","TUBO DE PEAD CORRUGADO DE DUPLA PAREDE PARA REDE COLETORA DE ESGOTO, DN 1200 MM, JUNTA ELÁSTICA INTEGRADA - FORNECIMENTO E ASSENTAMENTO. AF_01/2021","M","ATRIBUÍDO SÃO PAULO","3.505,04","CAIXA REFERENCIAL"]
["94882","ASSENTAMENTO DE TUBO DE PEAD CORRUGADO DE DUPLA PAREDE PARA REDE COLETORA DE ESGOTO, DN 1200 MM, JUNTA ELÁSTICA INTEGRADA (NÃO INCLUI FORNECIMENTO). AF_01/2021","M","COEFICIENTE DE REPRESENTATIVIDADE","44,61","CAIXA REFERENCIAL"]
["94884","ASSENTAMENTO DE TUBO DE PEAD CORRUGADO DE DUPLA PAREDE PARA REDE COLETORA DE ESGOTO, DN 1500 MM, JUNTA ELÁSTICA INTEGRADA (NÃO INCLUI FORNECIMENTO). AF_01/2021","M","COEFICIENTE DE REPRESENTATIVIDADE","57,10","CAIXA REFERENCIAL"]
["97121","ASSENTAMENTO DE TUBO DE PVC PBA PARA REDE DE ÁGUA, DN 50 MM, JUNTA ELÁSTICA INTEGRADA, INSTALADO EM LOCAL COM NÍVEL ALTO DE INTERFERÊNCIAS (NÃO INCLUI FORNECIMENTO). AF_11/2017","M","COEFICIENTE DE REPRESENTATIVIDADE","1,80","CAIXA REFERENCIAL"]
["97122","ASSENTAMENTO DE TUBO DE PVC PBA PARA REDE DE ÁGUA, DN 75 MM, JUNTA ELÁSTICA INTEGRADA, INSTALADO EM LOCAL COM NÍVEL ALTO DE INTERFERÊNCIAS (NÃO INCLUI FORNECIMENTO). AF_11/2017","M","COEFICIENTE DE REPRESENTATIVIDADE","2,52","CAIXA REFERENCIAL"]
["97123","ASSENTAMENTO DE TUBO DE PVC PBA PARA REDE DE ÁGUA, DN 100 MM, JUNTA ELÁSTICA INTEGRADA, INSTALADO EM LOCAL COM NÍVEL ALTO DE INTERFERÊNCIAS (NÃO INCLUI FORNECIMENTO). AF_11/2017","M","COEFICIENTE DE REPRESENTATIVIDADE","3,18","CAIXA REFERENCIAL"]
["97124","ASSENTAMENTO DE TUBO DE PVC PBA PARA REDE DE ÁGUA, DN 50 MM, JUNTA ELÁSTICA INTEGRADA, INSTALADO EM LOCAL COM NÍVEL BAIXO DE INTERFERÊNCIAS (NÃO INCLUI FORNECIMENTO). AF_11/2017","M","COEFICIENTE DE REPRESENTATIVIDADE","0,80","CAIXA REFERENCIAL"]
["97125","ASSENTAMENTO DE TUBO DE PVC PBA PARA REDE DE ÁGUA, DN 75 MM, JUNTA ELÁSTICA INTEGRADA, INSTALADO EM LOCAL COM NÍVEL BAIXO DE INTERFERÊNCIAS (NÃO INCLUI FORNECIMENTO). AF_11/2017","M","COEFICIENTE DE REPRESENTATIVIDADE","1,14","CAIXA REFERENCIAL"]
["97126","ASSENTAMENTO DE TUBO DE PVC PBA PARA REDE DE ÁGUA, DN 100 MM, JUNTA ELÁSTICA INTEGRADA, INSTALADO EM LOCAL COM NÍVEL BAIXO DE INTERFERÊNCIAS (NÃO INCLUI FORNECIMENTO). AF_11/2017","M","COEFICIENTE DE REPRESENTATIVIDADE","1,45","CAIXA REFERENCIAL"]
["102264","TUBO DE PVC BRANCO PARA REDE COLETORA DE ESGOTO CONDOMINIAL DE PAREDE MACIÇA, DN 100 MM, JUNTA ELÁSTICA - FORNECIMENTO E ASSENTAMENTO. AF_01/2021","M","COEFICIENTE DE REPRESENTATIVIDADE","24,48","CAIXA REFERENCIAL"]
["102265","JUNTA ARGAMASSADA ENTRE TUBO DN 800 MM E O POÇO DE VISITA/ CAIXA DE CONCRETO OU ALVENARIA EM REDES DE ESGOTO. AF_01/2021","UN","COEFICIENTE DE REPRESENTATIVIDADE","89,09","CAIXA REFERENCIAL"]
["102266","JUNTA ARGAMASSADA ENTRE TUBO DN 900 MM E O POÇO DE VISITA/ CAIXA DE CONCRETO OU ALVENARIA EM REDES DE ESGOTO. AF_01/2021","UN","COEFICIENTE DE REPRESENTATIVIDADE","98,79","CAIXA REFERENCIAL"]
["102267","JUNTA ARGAMASSADA ENTRE TUBO DN 1000 MM E O POÇO DE VISITA/ CAIXA DE CONCRETO OU ALVENARIA EM REDES DE ESGOTO. AF_01/2021","UN","COEFICIENTE DE REPRESENTATIVIDADE","113,37","CAIXA REFERENCIAL"]
["102268","JUNTA ARGAMASSADA ENTRE TUBO DN 1200 MM E O POÇO DE VISITA/ CAIXA DE CONCRETO OU ALVENARIA EM REDES DE ESGOTO. AF_01/2021","UN","COEFICIENTE DE REPRESENTATIVIDADE","127,91","CAIXA REFERENCIAL"]
["102269","JUNTA ARGAMASSADA ENTRE TUBO DN 1500 MM E O POÇO DE VISITA/ CAIXA DE CONCRETO OU ALVENARIA EM REDES DE ESGOTO. AF_01/2021","UN","COEFICIENTE DE REPRESENTATIVIDADE","157,00","CAIXA REFERENCIAL"]
["92833","TUBO DE CONCRETO PARA REDES COLETORAS DE ESGOTO SANITÁRIO, DIÂMETRO DE 300 MM, JUNTA ELÁSTICA, INSTALADO EM LOCAL COM BAIXO NÍVEL DE INTERFERÊNCIAS - FORNECIMENTO E ASSENTAMENTO. AF_12/2015","M","COEFICIENTE DE REPRESENTATIVIDADE","177,30","CAIXA REFERENCIAL"]
["92834","ASSENTAMENTO DE TUBO DE CONCRETO PARA REDES COLETORAS DE ESGOTO SANITÁRIO, DIÂMETRO DE 300 MM, JUNTA ELÁSTICA, INSTALADO EM LOCAL COM BAIXO NÍVEL DE INTERFERÊNCIAS (NÃO INCLUI FORNECIMENTO). AF_12/2015","M","COEFICIENTE DE REPRESENTATIVIDADE","8,06","CAIXA REFERENCIAL"]
["92835","TUBO DE CONCRETO PARA REDES COLETORAS DE ESGOTO SANITÁRIO, DIÂMETRO DE 400 MM, JUNTA ELÁSTICA, INSTALADO EM LOCAL COM BAIXO NÍVEL DE INTERFERÊNCIAS - FORNECIMENTO E ASSENTAMENTO. AF_12/2015","M","COEFICIENTE DE REPRESENTATIVIDADE","190,90","CAIXA REFERENCIAL"]
["92836","ASSENTAMENTO DE TUBO DE CONCRETO PARA REDES COLETORAS DE ESGOTO SANITÁRIO, DIÂMETRO DE 400 MM, JUNTA ELÁSTICA, INSTALADO EM LOCAL COM BAIXO NÍVEL DE INTERFERÊNCIAS (NÃO INCLUI FORNECIMENTO). AF_12/2015","M","COEFICIENTE DE REPRESENTATIVIDADE","10,31","CAIXA REFERENCIAL"]
["92837","TUBO DE CONCRETO PARA REDES COLETORAS DE ESGOTO SANITÁRIO, DIÂMETRO DE 500 MM, JUNTA ELÁSTICA, INSTALADO EM LOCAL COM BAIXO NÍVEL DE INTERFERÊNCIAS - FORNECIMENTO E ASSENTAMENTO. AF_12/2015","M","COEFICIENTE DE REPRESENTATIVIDADE","315,89","CAIXA REFERENCIAL"]
["92838","ASSENTAMENTO DE TUBO DE CONCRETO PARA REDES COLETORAS DE ESGOTO SANITÁRIO, DIÂMETRO DE 500 MM, JUNTA ELÁSTICA, INSTALADO EM LOCAL COM BAIXO NÍVEL DE INTERFERÊNCIAS (NÃO INCLUI FORNECIMENTO). AF_12/2015","M","COEFICIENTE DE REPRESENTATIVIDADE","12,35","CAIXA REFERENCIAL"]
["92839","TUBO DE CONCRETO PARA REDES COLETORAS DE ESGOTO SANITÁRIO, DIÂMETRO DE 600 MM, JUNTA ELÁSTICA, INSTALADO EM LOCAL COM BAIXO NÍVEL DE INTERFERÊNCIAS - FORNECIMENTO E ASSENTAMENTO. AF_12/2015","M","COEFICIENTE DE REPRESENTATIVIDADE","387,09","CAIXA REFERENCIAL"]
["92840","ASSENTAMENTO DE TUBO DE CONCRETO PARA REDES COLETORAS DE ESGOTO SANITÁRIO, DIÂMETRO DE 600 MM, JUNTA ELÁSTICA, INSTALADO EM LOCAL COM BAIXO NÍVEL DE INTERFERÊNCIAS (NÃO INCLUI FORNECIMENTO). AF_12/2015","M","COEFICIENTE DE REPRESENTATIVIDADE","14,65","CAIXA REFERENCIAL"]
["92841","TUBO DE CONCRETO PARA REDES COLETORAS DE ESGOTO SANITÁRIO, DIÂMETRO DE 700 MM, JUNTA ELÁSTICA, INSTALADO EM LOCAL COM BAIXO NÍVEL DE INTERFERÊNCIAS - FORNECIMENTO E ASSENTAMENTO. AF_12/2015","M","COEFICIENTE DE REPRESENTATIVIDADE","482,86","CAIXA REFERENCIAL"]
["92842","ASSENTAMENTO DE TUBO DE CONCRETO PARA REDES COLETORAS DE ESGOTO SANITÁRIO, DIÂMETRO DE 700 MM, JUNTA ELÁSTICA, INSTALADO EM LOCAL COM BAIXO NÍVEL DE INTERFERÊNCIAS (NÃO INCLUI FORNECIMENTO). AF_12/2015","M","COEFICIENTE DE REPRESENTATIVIDADE","16,72","CAIXA REFERENCIAL"]
["92843","TUBO DE CONCRETO PARA REDES COLETORAS DE ESGOTO SANITÁRIO, DIÂMETRO DE 800 MM, JUNTA ELÁSTICA, INSTALADO EM LOCAL COM BAIXO NÍVEL DE INTERFERÊNCIAS - FORNECIMENTO E ASSENTAMENTO. AF_12/2015","M","COEFICIENTE DE REPRESENTATIVIDADE","515,38","CAIXA REFERENCIAL"]
["92844","ASSENTAMENTO DE TUBO DE CONCRETO PARA REDES COLETORAS DE ESGOTO SANITÁRIO, DIÂMETRO DE 800 MM, JUNTA ELÁSTICA, INSTALADO EM LOCAL COM BAIXO NÍVEL DE INTERFERÊNCIAS (NÃO INCLUI FORNECIMENTO). AF_12/2015","M","COEFICIENTE DE REPRESENTATIVIDADE","19,02","CAIXA REFERENCIAL"]
["92845","TUBO DE CONCRETO PARA REDES COLETORAS DE ESGOTO SANITÁRIO, DIÂMETRO DE 900 MM, JUNTA ELÁSTICA, INSTALADO EM LOCAL COM BAIXO NÍVEL DE INTERFERÊNCIAS - FORNECIMENTO E ASSENTAMENTO. AF_12/2015","M","COEFICIENTE DE REPRESENTATIVIDADE","711,44","CAIXA REFERENCIAL"]
["92846","ASSENTAMENTO DE TUBO DE CONCRETO PARA REDES COLETORAS DE ESGOTO SANITÁRIO, DIÂMETRO DE 900 MM, JUNTA ELÁSTICA, INSTALADO EM LOCAL COM BAIXO NÍVEL DE INTERFERÊNCIAS (NÃO INCLUI FORNECIMENTO). AF_12/2015","M","COEFICIENTE DE REPRESENTATIVIDADE","21,08","CAIXA REFERENCIAL"]
["92847","TUBO DE CONCRETO PARA REDES COLETORAS DE ESGOTO SANITÁRIO, DIÂMETRO DE 1000 MM, JUNTA ELÁSTICA, INSTALADO EM LOCAL COM BAIXO NÍVEL DE INTERFERÊNCIAS - FORNECIMENTO E ASSENTAMENTO. AF_12/2015","M","COEFICIENTE DE REPRESENTATIVIDADE","745,72","CAIXA REFERENCIAL"]
["92848","ASSENTAMENTO DE TUBO DE CONCRETO PARA REDES COLETORAS DE ESGOTO SANITÁRIO, DIÂMETRO DE 1000 MM, JUNTA ELÁSTICA, INSTALADO EM LOCAL COM BAIXO NÍVEL DE INTERFERÊNCIAS (NÃO INCLUI FORNECIMENTO). AF_12/2015","M","COEFICIENTE DE REPRESENTATIVIDADE","23,39","CAIXA REFERENCIAL"]
["92849","TUBO DE CONCRETO PARA REDES COLETORAS DE ESGOTO SANITÁRIO, DIÂMETRO DE 300 MM, JUNTA ELÁSTICA, INSTALADO EM LOCAL COM ALTO NÍVEL DE INTERFERÊNCIAS - FORNECIMENTO E ASSENTAMENTO. AF_12/2015","M","COEFICIENTE DE REPRESENTATIVIDADE","184,36","CAIXA REFERENCIAL"]
["92850","ASSENTAMENTO DE TUBO DE CONCRETO PARA REDES COLETORAS DE ESGOTO SANITÁRIO, DIÂMETRO DE 300 MM, JUNTA ELÁSTICA, INSTALADO EM LOCAL COM ALTO NÍVEL DE INTERFERÊNCIAS (NÃO INCLUI FORNECIMENTO). AF_12/2015","M","COEFICIENTE DE REPRESENTATIVIDADE","15,26","CAIXA REFERENCIAL"]
["92851","TUBO DE CONCRETO PARA REDES COLETORAS DE ESGOTO SANITÁRIO, DIÂMETRO DE 400 MM, JUNTA ELÁSTICA, INSTALADO EM LOCAL COM ALTO NÍVEL DE INTERFERÊNCIAS - FORNECIMENTO E ASSENTAMENTO. AF_12/2015","M","COEFICIENTE DE REPRESENTATIVIDADE","199,69","CAIXA REFERENCIAL"]
["92852","ASSENTAMENTO DE TUBO DE CONCRETO PARA REDES COLETORAS DE ESGOTO SANITÁRIO, DIÂMETRO DE 400 MM, JUNTA ELÁSTICA, INSTALADO EM LOCAL COM ALTO NÍVEL DE INTERFERÊNCIAS (NÃO INCLUI FORNECIMENTO). AF_12/2015","M","COEFICIENTE DE REPRESENTATIVIDADE","19,26","CAIXA REFERENCIAL"]
["92853","TUBO DE CONCRETO PARA REDES COLETORAS DE ESGOTO SANITÁRIO, DIÂMETRO DE 500 MM, JUNTA ELÁSTICA, INSTALADO EM LOCAL COM ALTO NÍVEL DE INTERFERÊNCIAS - FORNECIMENTO E ASSENTAMENTO. AF_12/2015","M","COEFICIENTE DE REPRESENTATIVIDADE","326,80","CAIXA REFERENCIAL"]
["92854","ASSENTAMENTO DE TUBO DE CONCRETO PARA REDES COLETORAS DE ESGOTO SANITÁRIO, DIÂMETRO DE 500 MM, JUNTA ELÁSTICA, INSTALADO EM LOCAL COM ALTO NÍVEL DE INTERFERÊNCIAS (NÃO INCLUI FORNECIMENTO). AF_12/2015","M","COEFICIENTE DE REPRESENTATIVIDADE","23,46","CAIXA REFERENCIAL"]
["92855","TUBO DE CONCRETO PARA REDES COLETORAS DE ESGOTO SANITÁRIO, DIÂMETRO DE 600 MM, JUNTA ELÁSTICA, INSTALADO EM LOCAL COM ALTO NÍVEL DE INTERFERÊNCIAS - FORNECIMENTO E ASSENTAMENTO. AF_12/2015","M","COEFICIENTE DE REPRESENTATIVIDADE","399,87","CAIXA REFERENCIAL"]
["92856","ASSENTAMENTO DE TUBO DE CONCRETO PARA REDES COLETORAS DE ESGOTO SANITÁRIO, DIÂMETRO DE 600 MM, JUNTA ELÁSTICA, INSTALADO EM LOCAL COM ALTO NÍVEL DE INTERFERÊNCIAS (NÃO INCLUI FORNECIMENTO). AF_12/2015","M","COEFICIENTE DE REPRESENTATIVIDADE","27,66","CAIXA REFERENCIAL"]
["92857","TUBO DE CONCRETO PARA REDES COLETORAS DE ESGOTO SANITÁRIO, DIÂMETRO DE 700 MM, JUNTA ELÁSTICA, INSTALADO EM LOCAL COM ALTO NÍVEL DE INTERFERÊNCIAS - FORNECIMENTO E ASSENTAMENTO. AF_12/2015","M","COEFICIENTE DE REPRESENTATIVIDADE","497,51","CAIXA REFERENCIAL"]
["92858","ASSENTAMENTO DE TUBO DE CONCRETO PARA REDES COLETORAS DE ESGOTO SANITÁRIO, DIÂMETRO DE 700 MM, JUNTA ELÁSTICA, INSTALADO EM LOCAL COM ALTO NÍVEL DE INTERFERÊNCIAS (NÃO INCLUI FORNECIMENTO). AF_12/2015","M","COEFICIENTE DE REPRESENTATIVIDADE","31,64","CAIXA REFERENCIAL"]
["92859","TUBO DE CONCRETO PARA REDES COLETORAS DE ESGOTO SANITÁRIO, DIÂMETRO DE 800 MM, JUNTA ELÁSTICA, INSTALADO EM LOCAL COM ALTO NÍVEL DE INTERFERÊNCIAS - FORNECIMENTO E ASSENTAMENTO. AF_12/2015","M","COEFICIENTE DE REPRESENTATIVIDADE","532,30","CAIXA REFERENCIAL"]
["92860","ASSENTAMENTO DE TUBO DE CONCRETO PARA REDES COLETORAS DE ESGOTO SANITÁRIO, DIÂMETRO DE 800 MM, JUNTA ELÁSTICA, INSTALADO EM LOCAL COM ALTO NÍVEL DE INTERFERÊNCIAS (NÃO INCLUI FORNECIMENTO). AF_12/2015","M","COEFICIENTE DE REPRESENTATIVIDADE","35,94","CAIXA REFERENCIAL"]
["92861","TUBO DE CONCRETO PARA REDES COLETORAS DE ESGOTO SANITÁRIO, DIÂMETRO DE 900 MM, JUNTA ELÁSTICA, INSTALADO EM LOCAL COM ALTO NÍVEL DE INTERFERÊNCIAS - FORNECIMENTO E ASSENTAMENTO. AF_12/2015","M","COEFICIENTE DE REPRESENTATIVIDADE","730,47","CAIXA REFERENCIAL"]
["92862","ASSENTAMENTO DE TUBO DE CONCRETO PARA REDES COLETORAS DE ESGOTO SANITÁRIO, DIÂMETRO DE 900 MM, JUNTA ELÁSTICA, INSTALADO EM LOCAL COM ALTO NÍVEL DE INTERFERÊNCIAS (NÃO INCLUI FORNECIMENTO). AF_12/2015","M","COEFICIENTE DE REPRESENTATIVIDADE","40,11","CAIXA REFERENCIAL"]
["92863","TUBO DE CONCRETO PARA REDES COLETORAS DE ESGOTO SANITÁRIO, DIÂMETRO DE 1000 MM, JUNTA ELÁSTICA, INSTALADO EM LOCAL COM ALTO NÍVEL DE INTERFERÊNCIAS - FORNECIMENTO E ASSENTAMENTO. AF_12/2015","M","COEFICIENTE DE REPRESENTATIVIDADE","766,27","CAIXA REFERENCIAL"]
["92864","ASSENTAMENTO DE TUBO DE CONCRETO PARA REDES COLETORAS DE ESGOTO SANITÁRIO, DIÂMETRO DE 1000 MM, JUNTA ELÁSTICA, INSTALADO EM LOCAL COM ALTO NÍVEL DE INTERFERÊNCIAS (NÃO INCLUI FORNECIMENTO). AF_12/2015","M","COEFICIENTE DE REPRESENTATIVIDADE","44,31","CAIXA REFERENCIAL"]
["92210","TUBO DE CONCRETO PARA REDES COLETORAS DE ÁGUAS PLUVIAIS, DIÂMETRO DE 400 MM, JUNTA RÍGIDA, INSTALADO EM LOCAL COM BAIXO NÍVEL DE INTERFERÊNCIAS - FORNECIMENTO E ASSENTAMENTO. AF_12/2015","M","COEFICIENTE DE REPRESENTATIVIDADE","125,18","CAIXA REFERENCIAL"]
["92211","TUBO DE CONCRETO PARA REDES COLETORAS DE ÁGUAS PLUVIAIS, DIÂMETRO DE 500 MM, JUNTA RÍGIDA, INSTALADO EM LOCAL COM BAIXO NÍVEL DE INTERFERÊNCIAS - FORNECIMENTO E ASSENTAMENTO. AF_12/2015","M","COEFICIENTE DE REPRESENTATIVIDADE","150,56","CAIXA REFERENCIAL"]
["92212","TUBO DE CONCRETO PARA REDES COLETORAS DE ÁGUAS PLUVIAIS, DIÂMETRO DE 600 MM, JUNTA RÍGIDA, INSTALADO EM LOCAL COM BAIXO NÍVEL DE INTERFERÊNCIAS - FORNECIMENTO E ASSENTAMENTO. AF_12/2015","M","COEFICIENTE DE REPRESENTATIVIDADE","219,47","CAIXA REFERENCIAL"]
["92213","TUBO DE CONCRETO PARA REDES COLETORAS DE ÁGUAS PLUVIAIS, DIÂMETRO DE 700 MM, JUNTA RÍGIDA, INSTALADO EM LOCAL COM BAIXO NÍVEL DE INTERFERÊNCIAS - FORNECIMENTO E ASSENTAMENTO. AF_12/2015","M","COEFICIENTE DE REPRESENTATIVIDADE","285,26","CAIXA REFERENCIAL"]
["92214","TUBO DE CONCRETO PARA REDES COLETORAS DE ÁGUAS PLUVIAIS, DIÂMETRO DE 800 MM, JUNTA RÍGIDA, INSTALADO EM LOCAL COM BAIXO NÍVEL DE INTERFERÊNCIAS - FORNECIMENTO E ASSENTAMENTO. AF_12/2015","M","COEFICIENTE DE REPRESENTATIVIDADE","343,11","CAIXA REFERENCIAL"]
["92215","TUBO DE CONCRETO PARA REDES COLETORAS DE ÁGUAS PLUVIAIS, DIÂMETRO DE 900 MM, JUNTA RÍGIDA, INSTALADO EM LOCAL COM BAIXO NÍVEL DE INTERFERÊNCIAS - FORNECIMENTO E ASSENTAMENTO. AF_12/2015","M","COEFICIENTE DE REPRESENTATIVIDADE","393,36","CAIXA REFERENCIAL"]
["92216","TUBO DE CONCRETO PARA REDES COLETORAS DE ÁGUAS PLUVIAIS, DIÂMETRO DE 1000 MM, JUNTA RÍGIDA, INSTALADO EM LOCAL COM BAIXO NÍVEL DE INTERFERÊNCIAS - FORNECIMENTO E ASSENTAMENTO. AF_12/2015","M","COEFICIENTE DE REPRESENTATIVIDADE","413,09","CAIXA REFERENCIAL"]
["92219","TUBO DE CONCRETO PARA REDES COLETORAS DE ÁGUAS PLUVIAIS, DIÂMETRO DE 400 MM, JUNTA RÍGIDA, INSTALADO EM LOCAL COM ALTO NÍVEL DE INTERFERÊNCIAS - FORNECIMENTO E ASSENTAMENTO. AF_12/2015","M","COEFICIENTE DE REPRESENTATIVIDADE","134,14","CAIXA REFERENCIAL"]
["92220","TUBO DE CONCRETO PARA REDES COLETORAS DE ÁGUAS PLUVIAIS, DIÂMETRO DE 500 MM, JUNTA RÍGIDA, INSTALADO EM LOCAL COM ALTO NÍVEL DE INTERFERÊNCIAS - FORNECIMENTO E ASSENTAMENTO. AF_12/2015","M","COEFICIENTE DE REPRESENTATIVIDADE","161,66","CAIXA REFERENCIAL"]
["92221","TUBO DE CONCRETO PARA REDES COLETORAS DE ÁGUAS PLUVIAIS, DIÂMETRO DE 600 MM, JUNTA RÍGIDA, INSTALADO EM LOCAL COM ALTO NÍVEL DE INTERFERÊNCIAS - FORNECIMENTO E ASSENTAMENTO. AF_12/2015","M","COEFICIENTE DE REPRESENTATIVIDADE","232,48","CAIXA REFERENCIAL"]
["92222","TUBO DE CONCRETO PARA REDES COLETORAS DE ÁGUAS PLUVIAIS, DIÂMETRO DE 700 MM, JUNTA RÍGIDA, INSTALADO EM LOCAL COM ALTO NÍVEL DE INTERFERÊNCIAS - FORNECIMENTO E ASSENTAMENTO. AF_12/2015","M","COEFICIENTE DE REPRESENTATIVIDADE","300,38","CAIXA REFERENCIAL"]
["92223","TUBO DE CONCRETO PARA REDES COLETORAS DE ÁGUAS PLUVIAIS, DIÂMETRO DE 800 MM, JUNTA RÍGIDA, INSTALADO EM LOCAL COM ALTO NÍVEL DE INTERFERÊNCIAS - FORNECIMENTO E ASSENTAMENTO. AF_12/2015","M","COEFICIENTE DE REPRESENTATIVIDADE","360,03","CAIXA REFERENCIAL"]
["92224","TUBO DE CONCRETO PARA REDES COLETORAS DE ÁGUAS PLUVIAIS, DIÂMETRO DE 900 MM, JUNTA RÍGIDA, INSTALADO EM LOCAL COM ALTO NÍVEL DE INTERFERÊNCIAS - FORNECIMENTO E ASSENTAMENTO. AF_12/2015","M","COEFICIENTE DE REPRESENTATIVIDADE","412,14","CAIXA REFERENCIAL"]
["92226","TUBO DE CONCRETO PARA REDES COLETORAS DE ÁGUAS PLUVIAIS, DIÂMETRO DE 1000 MM, JUNTA RÍGIDA, INSTALADO EM LOCAL COM ALTO NÍVEL DE INTERFERÊNCIAS - FORNECIMENTO E ASSENTAMENTO. AF_12/2015","M","COEFICIENTE DE REPRESENTATIVIDADE","434,11","CAIXA REFERENCIAL"]
["92808","ASSENTAMENTO DE TUBO DE CONCRETO PARA REDES COLETORAS DE ÁGUAS PLUVIAIS, DIÂMETRO DE 300 MM, JUNTA RÍGIDA, INSTALADO EM LOCAL COM BAIXO NÍVEL DE INTERFERÊNCIAS (NÃO INCLUI FORNECIMENTO). AF_12/2015","M","COEFICIENTE DE REPRESENTATIVIDADE","36,24","CAIXA REFERENCIAL"]
["92809","ASSENTAMENTO DE TUBO DE CONCRETO PARA REDES COLETORAS DE ÁGUAS PLUVIAIS, DIÂMETRO DE 400 MM, JUNTA RÍGIDA, INSTALADO EM LOCAL COM BAIXO NÍVEL DE INTERFERÊNCIAS (NÃO INCLUI FORNECIMENTO). AF_12/2015","M","COEFICIENTE DE REPRESENTATIVIDADE","46,41","CAIXA REFERENCIAL"]
["92810","ASSENTAMENTO DE TUBO DE CONCRETO PARA REDES COLETORAS DE ÁGUAS PLUVIAIS, DIÂMETRO DE 500 MM, JUNTA RÍGIDA, INSTALADO EM LOCAL COM BAIXO NÍVEL DE INTERFERÊNCIAS (NÃO INCLUI FORNECIMENTO). AF_12/2015","M","COEFICIENTE DE REPRESENTATIVIDADE","56,41","CAIXA REFERENCIAL"]
["92811","ASSENTAMENTO DE TUBO DE CONCRETO PARA REDES COLETORAS DE ÁGUAS PLUVIAIS, DIÂMETRO DE 600 MM, JUNTA RÍGIDA, INSTALADO EM LOCAL COM BAIXO NÍVEL DE INTERFERÊNCIAS (NÃO INCLUI FORNECIMENTO). AF_12/2015","M","COEFICIENTE DE REPRESENTATIVIDADE","67,03","CAIXA REFERENCIAL"]
["92812","ASSENTAMENTO DE TUBO DE CONCRETO PARA REDES COLETORAS DE ÁGUAS PLUVIAIS, DIÂMETRO DE 700 MM, JUNTA RÍGIDA, INSTALADO EM LOCAL COM BAIXO NÍVEL DE INTERFERÊNCIAS (NÃO INCLUI FORNECIMENTO). AF_12/2015","M","COEFICIENTE DE REPRESENTATIVIDADE","77,49","CAIXA REFERENCIAL"]
["92813","ASSENTAMENTO DE TUBO DE CONCRETO PARA REDES COLETORAS DE ÁGUAS PLUVIAIS, DIÂMETRO DE 800 MM, JUNTA RÍGIDA, INSTALADO EM LOCAL COM BAIXO NÍVEL DE INTERFERÊNCIAS (NÃO INCLUI FORNECIMENTO). AF_12/2015","M","COEFICIENTE DE REPRESENTATIVIDADE","89,48","CAIXA REFERENCIAL"]
["92814","ASSENTAMENTO DE TUBO DE CONCRETO PARA REDES COLETORAS DE ÁGUAS PLUVIAIS, DIÂMETRO DE 900 MM, JUNTA RÍGIDA, INSTALADO EM LOCAL COM BAIXO NÍVEL DE INTERFERÊNCIAS (NÃO INCLUI FORNECIMENTO). AF_12/2015","M","COEFICIENTE DE REPRESENTATIVIDADE","101,94","CAIXA REFERENCIAL"]
["92815","ASSENTAMENTO DE TUBO DE CONCRETO PARA REDES COLETORAS DE ÁGUAS PLUVIAIS, DIÂMETRO DE 1000 MM, JUNTA RÍGIDA, INSTALADO EM LOCAL COM BAIXO NÍVEL DE INTERFERÊNCIAS (NÃO INCLUI FORNECIMENTO). AF_12/2015","M","COEFICIENTE DE REPRESENTATIVIDADE","115,91","CAIXA REFERENCIAL"]
["92816","TUBO DE CONCRETO PARA REDES COLETORAS DE ÁGUAS PLUVIAIS, DIÂMETRO DE 1200 MM, JUNTA RÍGIDA, INSTALADO EM LOCAL COM BAIXO NÍVEL DE INTERFERÊNCIAS - FORNECIMENTO E ASSENTAMENTO. AF_12/2015","M","COEFICIENTE DE REPRESENTATIVIDADE","588,90","CAIXA REFERENCIAL"]
["92817","ASSENTAMENTO DE TUBO DE CONCRETO PARA REDES COLETORAS DE ÁGUAS PLUVIAIS, DIÂMETRO DE 1200 MM, JUNTA RÍGIDA, INSTALADO EM LOCAL COM BAIXO NÍVEL DE INTERFERÊNCIAS (NÃO INCLUI FORNECIMENTO). AF_12/2015","M","COEFICIENTE DE REPRESENTATIVIDADE","145,04","CAIXA REFERENCIAL"]
["92818","TUBO DE CONCRETO PARA REDES COLETORAS DE ÁGUAS PLUVIAIS, DIÂMETRO DE 1500 MM, JUNTA RÍGIDA, INSTALADO EM LOCAL COM BAIXO NÍVEL DE INTERFERÊNCIAS - FORNECIMENTO E ASSENTAMENTO. AF_12/2015","M","COEFICIENTE DE REPRESENTATIVIDADE","838,28","CAIXA REFERENCIAL"]
["92819","ASSENTAMENTO DE TUBO DE CONCRETO PARA REDES COLETORAS DE ÁGUAS PLUVIAIS, DIÂMETRO DE 1500 MM, JUNTA RÍGIDA, INSTALADO EM LOCAL COM BAIXO NÍVEL DE INTERFERÊNCIAS (NÃO INCLUI FORNECIMENTO). AF_12/2015","M","COEFICIENTE DE REPRESENTATIVIDADE","195,23","CAIXA REFERENCIAL"]
["92820","ASSENTAMENTO DE TUBO DE CONCRETO PARA REDES COLETORAS DE ÁGUAS PLUVIAIS, DIÂMETRO DE 300 MM, JUNTA RÍGIDA, INSTALADO EM LOCAL COM ALTO NÍVEL DE INTERFERÊNCIAS (NÃO INCLUI FORNECIMENTO). AF_12/2015","M","COEFICIENTE DE REPRESENTATIVIDADE","43,25","CAIXA REFERENCIAL"]
["92821","ASSENTAMENTO DE TUBO DE CONCRETO PARA REDES COLETORAS DE ÁGUAS PLUVIAIS, DIÂMETRO DE 400 MM, JUNTA RÍGIDA, INSTALADO EM LOCAL COM ALTO NÍVEL DE INTERFERÊNCIAS (NÃO INCLUI FORNECIMENTO). AF_12/2015","M","COEFICIENTE DE REPRESENTATIVIDADE","55,37","CAIXA REFERENCIAL"]
["92822","ASSENTAMENTO DE TUBO DE CONCRETO PARA REDES COLETORAS DE ÁGUAS PLUVIAIS, DIÂMETRO DE 500 MM, JUNTA RÍGIDA, INSTALADO EM LOCAL COM ALTO NÍVEL DE INTERFERÊNCIAS (NÃO INCLUI FORNECIMENTO). AF_12/2015","M","COEFICIENTE DE REPRESENTATIVIDADE","67,51","CAIXA REFERENCIAL"]
["92824","ASSENTAMENTO DE TUBO DE CONCRETO PARA REDES COLETORAS DE ÁGUAS PLUVIAIS, DIÂMETRO DE 600 MM, JUNTA RÍGIDA, INSTALADO EM LOCAL COM ALTO NÍVEL DE INTERFERÊNCIAS (NÃO INCLUI FORNECIMENTO). AF_12/2015","M","COEFICIENTE DE REPRESENTATIVIDADE","80,04","CAIXA REFERENCIAL"]
["92825","ASSENTAMENTO DE TUBO DE CONCRETO PARA REDES COLETORAS DE ÁGUAS PLUVIAIS, DIÂMETRO DE 700 MM, JUNTA RÍGIDA, INSTALADO EM LOCAL COM ALTO NÍVEL DE INTERFERÊNCIAS (NÃO INCLUI FORNECIMENTO). AF_12/2015","M","COEFICIENTE DE REPRESENTATIVIDADE","92,61","CAIXA REFERENCIAL"]
["92826","ASSENTAMENTO DE TUBO DE CONCRETO PARA REDES COLETORAS DE ÁGUAS PLUVIAIS, DIÂMETRO DE 800 MM, JUNTA RÍGIDA, INSTALADO EM LOCAL COM ALTO NÍVEL DE INTERFERÊNCIAS (NÃO INCLUI FORNECIMENTO). AF_12/2015","M","COEFICIENTE DE REPRESENTATIVIDADE","106,40","CAIXA REFERENCIAL"]
["92827","ASSENTAMENTO DE TUBO DE CONCRETO PARA REDES COLETORAS DE ÁGUAS PLUVIAIS, DIÂMETRO DE 900 MM, JUNTA RÍGIDA, INSTALADO EM LOCAL COM ALTO NÍVEL DE INTERFERÊNCIAS (NÃO INCLUI FORNECIMENTO). AF_12/2015","M","COEFICIENTE DE REPRESENTATIVIDADE","120,72","CAIXA REFERENCIAL"]
["92828","ASSENTAMENTO DE TUBO DE CONCRETO PARA REDES COLETORAS DE ÁGUAS PLUVIAIS, DIÂMETRO DE 1000 MM, JUNTA RÍGIDA, INSTALADO EM LOCAL COM ALTO NÍVEL DE INTERFERÊNCIAS (NÃO INCLUI FORNECIMENTO). AF_12/2015","M","COEFICIENTE DE REPRESENTATIVIDADE","136,93","CAIXA REFERENCIAL"]
["92829","TUBO DE CONCRETO PARA REDES COLETORAS DE ÁGUAS PLUVIAIS, DIÂMETRO DE 1200 MM, JUNTA RÍGIDA, INSTALADO EM LOCAL COM ALTO NÍVEL DE INTERFERÊNCIAS - FORNECIMENTO E ASSENTAMENTO. AF_12/2015","M","COEFICIENTE DE REPRESENTATIVIDADE","613,74","CAIXA REFERENCIAL"]
["92830","ASSENTAMENTO DE TUBO DE CONCRETO PARA REDES COLETORAS DE ÁGUAS PLUVIAIS, DIÂMETRO DE 1200 MM, JUNTA RÍGIDA, INSTALADO EM LOCAL COM ALTO NÍVEL DE INTERFERÊNCIAS (NÃO INCLUI FORNECIMENTO). AF_12/2015","M","COEFICIENTE DE REPRESENTATIVIDADE","169,88","CAIXA REFERENCIAL"]
["92831","TUBO DE CONCRETO PARA REDES COLETORAS DE ÁGUAS PLUVIAIS, DIÂMETRO DE 1500 MM, JUNTA RÍGIDA, INSTALADO EM LOCAL COM ALTO NÍVEL DE INTERFERÊNCIAS - FORNECIMENTO E ASSENTAMENTO. AF_12/2015","M","COEFICIENTE DE REPRESENTATIVIDADE","868,86","CAIXA REFERENCIAL"]
["92832","ASSENTAMENTO DE TUBO DE CONCRETO PARA REDES COLETORAS DE ÁGUAS PLUVIAIS, DIÂMETRO DE 1500 MM, JUNTA RÍGIDA, INSTALADO EM LOCAL COM ALTO NÍVEL DE INTERFERÊNCIAS (NÃO INCLUI FORNECIMENTO). AF_12/2015","M","COEFICIENTE DE REPRESENTATIVIDADE","225,81","CAIXA REFERENCIAL"]
["95565","TUBO DE CONCRETO PARA REDES COLETORAS DE ÁGUAS PLUVIAIS, DIÂMETRO DE 300MM, JUNTA RÍGIDA, INSTALADO EM LOCAL COM BAIXO NÍVEL DE INTERFERÊNCIAS - FORNECIMENTO E ASSENTAMENTO. AF_12/2015","M","COEFICIENTE DE REPRESENTATIVIDADE","105,41","CAIXA REFERENCIAL"]
["95566","TUBO DE CONCRETO PARA REDES COLETORAS DE ÁGUAS PLUVIAIS, DIÂMETRO DE 300MM, JUNTA RÍGIDA, INSTALADO EM LOCAL COM ALTO NÍVEL DE INTERFERÊNCIAS - FORNECIMENTO E ASSENTAMENTO. AF_12/2015","M","COEFICIENTE DE REPRESENTATIVIDADE","112,30","CAIXA REFERENCIAL"]
["95567","TUBO DE CONCRETO (SIMPLES) PARA REDES COLETORAS DE ÁGUAS PLUVIAIS, DIÂMETRO DE 300 MM, JUNTA RÍGIDA, INSTALADO EM LOCAL COM BAIXO NÍVEL DE INTERFERÊNCIAS - FORNECIMENTO E ASSENTAMENTO. AF_12/2015","M","ATRIBUÍDO SÃO PAULO","80,40","CAIXA REFERENCIAL"]
["95568","TUBO DE CONCRETO (SIMPLES) PARA REDES COLETORAS DE ÁGUAS PLUVIAIS, DIÂMETRO DE 400 MM, JUNTA RÍGIDA, INSTALADO EM LOCAL COM BAIXO NÍVEL DE INTERFERÊNCIAS - FORNECIMENTO E ASSENTAMENTO. AF_12/2015","M","ATRIBUÍDO SÃO PAULO","98,54","CAIXA REFERENCIAL"]
["95569","TUBO DE CONCRETO (SIMPLES) PARA REDES COLETORAS DE ÁGUAS PLUVIAIS, DIÂMETRO DE 500 MM, JUNTA RÍGIDA, INSTALADO EM LOCAL COM BAIXO NÍVEL DE INTERFERÊNCIAS - FORNECIMENTO E ASSENTAMENTO. AF_12/2015","M","ATRIBUÍDO SÃO PAULO","134,22","CAIXA REFERENCIAL"]
["95570","TUBO DE CONCRETO (SIMPLES) PARA REDES COLETORAS DE ÁGUAS PLUVIAIS, DIÂMETRO DE 300 MM, JUNTA RÍGIDA, INSTALADO EM LOCAL COM ALTO NÍVEL DE INTERFERÊNCIAS - FORNECIMENTO E ASSENTAMENTO. AF_12/2015","M","ATRIBUÍDO SÃO PAULO","87,29","CAIXA REFERENCIAL"]
["95571","TUBO DE CONCRETO (SIMPLES) PARA REDES COLETORAS DE ÁGUAS PLUVIAIS, DIÂMETRO DE 400 MM, JUNTA RÍGIDA, INSTALADO EM LOCAL COM ALTO NÍVEL DE INTERFERÊNCIAS - FORNECIMENTO E ASSENTAMENTO. AF_12/2015","M","ATRIBUÍDO SÃO PAULO","107,34","CAIXA REFERENCIAL"]
["95572","TUBO DE CONCRETO (SIMPLES) PARA REDES COLETORAS DE ÁGUAS PLUVIAIS, DIÂMETRO DE 500 MM, JUNTA RÍGIDA, INSTALADO EM LOCAL COM ALTO NÍVEL DE INTERFERÊNCIAS - FORNECIMENTO E ASSENTAMENTO. AF_12/2015","M","ATRIBUÍDO SÃO PAULO","145,12","CAIXA REFERENCIAL"]
["97127","ASSENTAMENTO DE TUBO DE PVC DEFOFO OU PRFV OU RPVC PARA REDE DE ÁGUA, DN 150 MM, JUNTA ELÁSTICA INTEGRADA, INSTALADO EM LOCAL COM NÍVEL ALTO DE INTERFERÊNCIAS (NÃO INCLUI FORNECIMENTO). AF_11/2017","M","COEFICIENTE DE REPRESENTATIVIDADE","4,57","CAIXA REFERENCIAL"]
["97128","ASSENTAMENTO DE TUBO DE PVC DEFOFO OU PRFV OU RPVC PARA REDE DE ÁGUA, DN 200 MM, JUNTA ELÁSTICA INTEGRADA, INSTALADO EM LOCAL COM NÍVEL ALTO DE INTERFERÊNCIAS (NÃO INCLUI FORNECIMENTO). AF_11/2017","M","COEFICIENTE DE REPRESENTATIVIDADE","9,21","CAIXA REFERENCIAL"]
["97129","ASSENTAMENTO DE TUBO DE PVC DEFOFO OU PRFV OU RPVC PARA REDE DE ÁGUA, DN 250 MM, JUNTA ELÁSTICA INTEGRADA, INSTALADO EM LOCAL COM NÍVEL ALTO DE INTERFERÊNCIAS (NÃO INCLUI FORNECIMENTO). AF_11/2017","M","COEFICIENTE DE REPRESENTATIVIDADE","11,33","CAIXA REFERENCIAL"]
["97130","ASSENTAMENTO DE TUBO DE PVC DEFOFO OU PRFV OU RPVC PARA REDE DE ÁGUA, DN 300 MM, JUNTA ELÁSTICA INTEGRADA, INSTALADO EM LOCAL COM NÍVEL ALTO DE INTERFERÊNCIAS (NÃO INCLUI FORNECIMENTO). AF_11/2017","M","COEFICIENTE DE REPRESENTATIVIDADE","13,46","CAIXA REFERENCIAL"]
["97131","ASSENTAMENTO DE TUBO DE PVC DEFOFO OU PRFV OU RPVC PARA REDE DE ÁGUA, DN 350 MM, JUNTA ELÁSTICA INTEGRADA, INSTALADO EM LOCAL COM NÍVEL ALTO DE INTERFERÊNCIAS (NÃO INCLUI FORNECIMENTO). AF_11/2017","M","COEFICIENTE DE REPRESENTATIVIDADE","15,56","CAIXA REFERENCIAL"]
["97132","ASSENTAMENTO DE TUBO DE PVC DEFOFO OU PRFV OU RPVC PARA REDE DE ÁGUA, DN 400 MM, JUNTA ELÁSTICA INTEGRADA, INSTALADO EM LOCAL COM NÍVEL ALTO DE INTERFERÊNCIAS (NÃO INCLUI FORNECIMENTO). AF_11/2017","M","COEFICIENTE DE REPRESENTATIVIDADE","17,66","CAIXA REFERENCIAL"]
["97133","ASSENTAMENTO DE TUBO DE PVC DEFOFO OU PRFV OU RPVC PARA REDE DE ÁGUA, DN 500 MM, JUNTA ELÁSTICA INTEGRADA, INSTALADO EM LOCAL COM NÍVEL ALTO DE INTERFERÊNCIAS (NÃO INCLUI FORNECIMENTO). AF_11/2017","M","COEFICIENTE DE REPRESENTATIVIDADE","21,89","CAIXA REFERENCIAL"]
["97134","ASSENTAMENTO DE TUBO DE PVC DEFOFO OU PRFV OU RPVC PARA REDE DE ÁGUA, DN 150 MM, JUNTA ELÁSTICA INTEGRADA, INSTALADO EM LOCAL COM NÍVEL BAIXO DE INTERFERÊNCIAS (NÃO INCLUI FORNECIMENTO). AF_11/2017","M","COEFICIENTE DE REPRESENTATIVIDADE","2,10","CAIXA REFERENCIAL"]
["97135","ASSENTAMENTO DE TUBO DE PVC DEFOFO OU PRFV OU RPVC PARA REDE DE ÁGUA, DN 200 MM, JUNTA ELÁSTICA INTEGRADA, INSTALADO EM LOCAL COM NÍVEL BAIXO DE INTERFERÊNCIAS (NÃO INCLUI FORNECIMENTO). AF_11/2017","M","COEFICIENTE DE REPRESENTATIVIDADE","4,70","CAIXA REFERENCIAL"]
["97136","ASSENTAMENTO DE TUBO DE PVC DEFOFO OU PRFV OU RPVC PARA REDE DE ÁGUA, DN 250 MM, JUNTA ELÁSTICA INTEGRADA, INSTALADO EM LOCAL COM NÍVEL BAIXO DE INTERFERÊNCIAS (NÃO INCLUI FORNECIMENTO). AF_11/2017","M","COEFICIENTE DE REPRESENTATIVIDADE","5,77","CAIXA REFERENCIAL"]
["97137","ASSENTAMENTO DE TUBO DE PVC DEFOFO OU PRFV OU RPVC PARA REDE DE ÁGUA, DN 300 MM, JUNTA ELÁSTICA INTEGRADA, INSTALADO EM LOCAL COM NÍVEL BAIXO DE INTERFERÊNCIAS (NÃO INCLUI FORNECIMENTO). AF_11/2017","M","COEFICIENTE DE REPRESENTATIVIDADE","6,86","CAIXA REFERENCIAL"]
["97138","ASSENTAMENTO DE TUBO DE PVC DEFOFO OU PRFV OU RPVC PARA REDE DE ÁGUA, DN 350 MM, JUNTA ELÁSTICA INTEGRADA, INSTALADO EM LOCAL COM NÍVEL BAIXO DE INTERFERÊNCIAS (NÃO INCLUI FORNECIMENTO). AF_11/2017","M","COEFICIENTE DE REPRESENTATIVIDADE","7,93","CAIXA REFERENCIAL"]
["97139","ASSENTAMENTO DE TUBO DE PVC DEFOFO OU PRFV OU RPVC PARA REDE DE ÁGUA, DN 400 MM, JUNTA ELÁSTICA INTEGRADA, INSTALADO EM LOCAL COM NÍVEL BAIXO DE INTERFERÊNCIAS (NÃO INCLUI FORNECIMENTO). AF_11/2017","M","COEFICIENTE DE REPRESENTATIVIDADE","9,00","CAIXA REFERENCIAL"]
["97140","ASSENTAMENTO DE TUBO DE PVC DEFOFO OU PRFV OU RPVC PARA REDE DE ÁGUA, DN 500 MM, JUNTA ELÁSTICA INTEGRADA, INSTALADO EM LOCAL COM NÍVEL BAIXO DE INTERFERÊNCIAS (NÃO INCLUI FORNECIMENTO). AF_11/2017","M","COEFICIENTE DE REPRESENTATIVIDADE","11,15","CAIXA REFERENCIAL"]
["103089","ASSENTAMENTO DE TUBO DE FERRO FUNDIDO PARA REDE DE ÁGUA, DN 80 MM, JUNTA FLANGEADA (NÃO INCLUI O FORNECIMENTO). AF_09/2021","M","ATRIBUÍDO SÃO PAULO","7,75","CAIXA REFERENCIAL"]
["103090","ASSENTAMENTO DE TUBO DE FERRO FUNDIDO PARA REDE DE ÁGUA, DN 100 MM, JUNTA FLANGEADA (NÃO INCLUI O FORNECIMENTO). AF_09/2021","M","ATRIBUÍDO SÃO PAULO","9,25","CAIXA REFERENCIAL"]
["103091","ASSENTAMENTO DE TUBO DE FERRO FUNDIDO PARA REDE DE ÁGUA, DN 150 MM, JUNTA FLANGEADA (NÃO INCLUI O FORNECIMENTO). AF_09/2021","M","ATRIBUÍDO SÃO PAULO","13,03","CAIXA REFERENCIAL"]
["103092","ASSENTAMENTO DE TUBO DE FERRO FUNDIDO PARA REDE DE ÁGUA, DN 200 MM, JUNTA FLANGEADA (NÃO INCLUI O FORNECIMENTO). AF_09/2021","M","ATRIBUÍDO SÃO PAULO","16,81","CAIXA REFERENCIAL"]
["103093","ASSENTAMENTO DE TUBO DE FERRO FUNDIDO PARA REDE DE ÁGUA, DN 250 MM, JUNTA FLANGEADA (NÃO INCLUI O FORNECIMENTO). AF_09/2021","M","ATRIBUÍDO SÃO PAULO","25,70","CAIXA REFERENCIAL"]
["103094","ASSENTAMENTO DE TUBO DE FERRO FUNDIDO PARA REDE DE ÁGUA, DN 300 MM, JUNTA FLANGEADA (NÃO INCLUI O FORNECIMENTO). AF_09/2021","M","ATRIBUÍDO SÃO PAULO","29,49","CAIXA REFERENCIAL"]
["103095","ASSENTAMENTO DE TUBO DE FERRO FUNDIDO PARA REDE DE ÁGUA, DN 350 MM, JUNTA FLANGEADA (NÃO INCLUI O FORNECIMENTO). AF_09/2021","M","ATRIBUÍDO SÃO PAULO","38,37","CAIXA REFERENCIAL"]
["103096","ASSENTAMENTO DE TUBO DE FERRO FUNDIDO PARA REDE DE ÁGUA, DN 400 MM, JUNTA FLANGEADA (NÃO INCLUI O FORNECIMENTO). AF_09/2021","M","ATRIBUÍDO SÃO PAULO","42,16","CAIXA REFERENCIAL"]
["103097","ASSENTAMENTO DE TUBO DE FERRO FUNDIDO PARA REDE DE ÁGUA, DN 450 MM, JUNTA FLANGEADA (NÃO INCLUI O FORNECIMENTO). AF_09/2021","M","ATRIBUÍDO SÃO PAULO","51,04","CAIXA REFERENCIAL"]
["103098","ASSENTAMENTO DE TUBO DE FERRO FUNDIDO PARA REDE DE ÁGUA, DN 500 MM, JUNTA FLANGEADA (NÃO INCLUI O FORNECIMENTO). AF_09/2021","M","ATRIBUÍDO SÃO PAULO","54,83","CAIXA REFERENCIAL"]
["103099","ASSENTAMENTO DE TUBO DE FERRO FUNDIDO PARA REDE DE ÁGUA, DN 600 MM, JUNTA FLANGEADA (NÃO INCLUI O FORNECIMENTO). AF_09/2021","M","ATRIBUÍDO SÃO PAULO","62,39","CAIXA REFERENCIAL"]
["103100","ASSENTAMENTO DE TUBO DE FERRO FUNDIDO PARA REDE DE ÁGUA, DN 700 MM, JUNTA FLANGEADA (NÃO INCLUI O FORNECIMENTO). AF_09/2021","M","ATRIBUÍDO SÃO PAULO","66,58","CAIXA REFERENCIAL"]
["103101","ASSENTAMENTO DE TUBO DE FERRO FUNDIDO PARA REDE DE ÁGUA, DN 800 MM, JUNTA FLANGEADA (NÃO INCLUI O FORNECIMENTO). AF_09/2021","M","ATRIBUÍDO SÃO PAULO","73,35","CAIXA REFERENCIAL"]
["103102","ASSENTAMENTO DE TUBO DE FERRO FUNDIDO PARA REDE DE ÁGUA, DN 900 MM, JUNTA FLANGEADA (NÃO INCLUI O FORNECIMENTO). AF_09/2021","M","ATRIBUÍDO SÃO PAULO","84,46","CAIXA REFERENCIAL"]
["103103","ASSENTAMENTO DE TUBO DE FERRO FUNDIDO PARA REDE DE ÁGUA, DN 1000 MM, JUNTA FLANGEADA (NÃO INCLUI O FORNECIMENTO). AF_09/2021","M","ATRIBUÍDO SÃO PAULO","91,22","CAIXA REFERENCIAL"]
["103104","ASSENTAMENTO DE TUBO DE FERRO FUNDIDO PARA REDE DE ÁGUA, DN 1200 MM, JUNTA FLANGEADA (NÃO INCLUI O FORNECIMENTO). AF_09/2021","M","ATRIBUÍDO SÃO PAULO","109,10","CAIXA REFERENCIAL"]
["103105","ASSENTAMENTO DE CONEXÃO COM 2 ACESSOS, FERRO FUNDIDO PARA REDE DE ÁGUA, DN  80 MM, JUNTA FLANGEADA (NÃO INCLUI O FORNECIMENTO). AF_09/2021","UN","ATRIBUÍDO SÃO PAULO","32,32","CAIXA REFERENCIAL"]
["103106","ASSENTAMENTO DE CONEXÃO COM 2 ACESSOS, FERRO FUNDIDO PARA REDE DE ÁGUA, DN  100 MM, JUNTA FLANGEADA (NÃO INCLUI O FORNECIMENTO). AF_09/2021","UN","ATRIBUÍDO SÃO PAULO","38,63","CAIXA REFERENCIAL"]
["103107","ASSENTAMENTO DE CONEXÃO COM 2 ACESSOS, FERRO FUNDIDO PARA REDE DE ÁGUA, DN  150 MM, JUNTA FLANGEADA (NÃO INCLUI O FORNECIMENTO). AF_09/2021","UN","ATRIBUÍDO SÃO PAULO","54,40","CAIXA REFERENCIAL"]
["103108","ASSENTAMENTO DE CONEXÃO COM 2 ACESSOS, FERRO FUNDIDO PARA REDE DE ÁGUA, DN  200 MM, JUNTA FLANGEADA (NÃO INCLUI O FORNECIMENTO). AF_09/2021","UN","ATRIBUÍDO SÃO PAULO","70,18","CAIXA REFERENCIAL"]
["103109","ASSENTAMENTO DE CONEXÃO COM 2 ACESSOS, FERRO FUNDIDO PARA REDE DE ÁGUA, DN  250 MM, JUNTA FLANGEADA (NÃO INCLUI O FORNECIMENTO). AF_09/2021","UN","ATRIBUÍDO SÃO PAULO","115,60","CAIXA REFERENCIAL"]
["103110","ASSENTAMENTO DE CONEXÃO COM 2 ACESSOS, FERRO FUNDIDO PARA REDE DE ÁGUA, DN  300 MM, JUNTA FLANGEADA (NÃO INCLUI O FORNECIMENTO). AF_09/2021","UN","ATRIBUÍDO SÃO PAULO","131,36","CAIXA REFERENCIAL"]
["103111","ASSENTAMENTO DE CONEXÃO COM 2 ACESSOS, FERRO FUNDIDO PARA REDE DE ÁGUA, DN  350 MM, JUNTA FLANGEADA (NÃO INCLUI O FORNECIMENTO). AF_09/2021","UN","ATRIBUÍDO SÃO PAULO","176,78","CAIXA REFERENCIAL"]
["103112","ASSENTAMENTO DE CONEXÃO COM 2 ACESSOS, FERRO FUNDIDO PARA REDE DE ÁGUA, DN  400 MM, JUNTA FLANGEADA (NÃO INCLUI O FORNECIMENTO). AF_09/2021","UN","ATRIBUÍDO SÃO PAULO","192,56","CAIXA REFERENCIAL"]
["103113","ASSENTAMENTO DE CONEXÃO COM 2 ACESSOS, FERRO FUNDIDO PARA REDE DE ÁGUA, DN  450 MM, JUNTA FLANGEADA (NÃO INCLUI O FORNECIMENTO). AF_09/2021","UN","ATRIBUÍDO SÃO PAULO","237,96","CAIXA REFERENCIAL"]
["103114","ASSENTAMENTO DE CONEXÃO COM 2 ACESSOS, FERRO FUNDIDO PARA REDE DE ÁGUA, DN  500 MM, JUNTA FLANGEADA (NÃO INCLUI O FORNECIMENTO). AF_09/2021","UN","ATRIBUÍDO SÃO PAULO","253,74","CAIXA REFERENCIAL"]
["103115","ASSENTAMENTO DE CONEXÃO COM 2 ACESSOS, FERRO FUNDIDO PARA REDE DE ÁGUA, DN  600 MM, JUNTA FLANGEADA (NÃO INCLUI O FORNECIMENTO). AF_09/2021","UN","ATRIBUÍDO SÃO PAULO","285,29","CAIXA REFERENCIAL"]
["103116","ASSENTAMENTO DE CONEXÃO COM 2 ACESSOS, FERRO FUNDIDO PARA REDE DE ÁGUA, DN  700 MM, JUNTA FLANGEADA (NÃO INCLUI O FORNECIMENTO). AF_09/2021","UN","ATRIBUÍDO SÃO PAULO","346,47","CAIXA REFERENCIAL"]
["103117","ASSENTAMENTO DE CONEXÃO COM 2 ACESSOS, FERRO FUNDIDO PARA REDE DE ÁGUA, DN  800 MM, JUNTA FLANGEADA (NÃO INCLUI O FORNECIMENTO). AF_09/2021","UN","ATRIBUÍDO SÃO PAULO","378,02","CAIXA REFERENCIAL"]
["103118","ASSENTAMENTO DE CONEXÃO COM 2 ACESSOS, FERRO FUNDIDO PARA REDE DE ÁGUA, DN  900 MM, JUNTA FLANGEADA (NÃO INCLUI O FORNECIMENTO). AF_09/2021","UN","ATRIBUÍDO SÃO PAULO","439,20","CAIXA REFERENCIAL"]
["103119","ASSENTAMENTO DE CONEXÃO COM 2 ACESSOS, FERRO FUNDIDO PARA REDE DE ÁGUA, DN  1000 MM, JUNTA FLANGEADA (NÃO INCLUI O FORNECIMENTO). AF_09/2021","UN","ATRIBUÍDO SÃO PAULO","470,75","CAIXA REFERENCIAL"]
["103120","ASSENTAMENTO DE CONEXÃO COM 2 ACESSOS, FERRO FUNDIDO PARA REDE DE ÁGUA, DN  1200 MM, JUNTA FLANGEADA (NÃO INCLUI O FORNECIMENTO). AF_09/2021","UN","ATRIBUÍDO SÃO PAULO","563,49","CAIXA REFERENCIAL"]
["103121","ASSENTAMENTO DE CONEXÃO COM 3 ACESSOS, FERRO FUNDIDO PARA REDE DE ÁGUA, DN  80 MM, JUNTA FLANGEADA (NÃO INCLUI O FORNECIMENTO). AF_09/2021","UN","ATRIBUÍDO SÃO PAULO","42,54","CAIXA REFERENCIAL"]
["103122","ASSENTAMENTO DE CONEXÃO COM 3 ACESSOS, FERRO FUNDIDO PARA REDE DE ÁGUA, DN  100 MM, JUNTA FLANGEADA (NÃO INCLUI O FORNECIMENTO). AF_09/2021","UN","ATRIBUÍDO SÃO PAULO","52,01","CAIXA REFERENCIAL"]
["103123","ASSENTAMENTO DE CONEXÃO COM 3 ACESSOS, FERRO FUNDIDO PARA REDE DE ÁGUA, DN  150 MM, JUNTA FLANGEADA (NÃO INCLUI O FORNECIMENTO). AF_09/2021","UN","ATRIBUÍDO SÃO PAULO","75,67","CAIXA REFERENCIAL"]
["103124","ASSENTAMENTO DE CONEXÃO COM 3 ACESSOS, FERRO FUNDIDO PARA REDE DE ÁGUA, DN  200 MM, JUNTA FLANGEADA (NÃO INCLUI O FORNECIMENTO). AF_09/2021","UN","ATRIBUÍDO SÃO PAULO","99,32","CAIXA REFERENCIAL"]
["103125","ASSENTAMENTO DE CONEXÃO COM 3 ACESSOS, FERRO FUNDIDO PARA REDE DE ÁGUA, DN  250 MM, JUNTA FLANGEADA (NÃO INCLUI O FORNECIMENTO). AF_09/2021","UN","ATRIBUÍDO SÃO PAULO","167,45","CAIXA REFERENCIAL"]
["103126","ASSENTAMENTO DE CONEXÃO COM 3 ACESSOS, FERRO FUNDIDO PARA REDE DE ÁGUA, DN  300 MM, JUNTA FLANGEADA (NÃO INCLUI O FORNECIMENTO). AF_09/2021","UN","ATRIBUÍDO SÃO PAULO","191,10","CAIXA REFERENCIAL"]
["103127","ASSENTAMENTO DE CONEXÃO COM 3 ACESSOS, FERRO FUNDIDO PARA REDE DE ÁGUA, DN  350 MM, JUNTA FLANGEADA (NÃO INCLUI O FORNECIMENTO). AF_09/2021","UN","ATRIBUÍDO SÃO PAULO","259,22","CAIXA REFERENCIAL"]
["103128","ASSENTAMENTO DE CONEXÃO COM 3 ACESSOS, FERRO FUNDIDO PARA REDE DE ÁGUA, DN  400 MM, JUNTA FLANGEADA (NÃO INCLUI O FORNECIMENTO). AF_09/2021","UN","ATRIBUÍDO SÃO PAULO","282,89","CAIXA REFERENCIAL"]
["103129","ASSENTAMENTO DE CONEXÃO COM 3 ACESSOS, FERRO FUNDIDO PARA REDE DE ÁGUA, DN  450 MM, JUNTA FLANGEADA (NÃO INCLUI O FORNECIMENTO). AF_09/2021","UN","ATRIBUÍDO SÃO PAULO","351,01","CAIXA REFERENCIAL"]
["103130","ASSENTAMENTO DE CONEXÃO COM 3 ACESSOS, FERRO FUNDIDO PARA REDE DE ÁGUA, DN  500 MM, JUNTA FLANGEADA (NÃO INCLUI O FORNECIMENTO). AF_09/2021","UN","ATRIBUÍDO SÃO PAULO","374,67","CAIXA REFERENCIAL"]
["103131","ASSENTAMENTO DE CONEXÃO COM 3 ACESSOS, FERRO FUNDIDO PARA REDE DE ÁGUA, DN  600 MM, JUNTA FLANGEADA (NÃO INCLUI O FORNECIMENTO). AF_09/2021","UN","ATRIBUÍDO SÃO PAULO","421,99","CAIXA REFERENCIAL"]
["103132","ASSENTAMENTO DE CONEXÃO COM 3 ACESSOS, FERRO FUNDIDO PARA REDE DE ÁGUA, DN  700 MM, JUNTA FLANGEADA (NÃO INCLUI O FORNECIMENTO). AF_09/2021","UN","ATRIBUÍDO SÃO PAULO","513,76","CAIXA REFERENCIAL"]
["103133","ASSENTAMENTO DE CONEXÃO COM 3 ACESSOS, FERRO FUNDIDO PARA REDE DE ÁGUA, DN  800 MM, JUNTA FLANGEADA (NÃO INCLUI O FORNECIMENTO). AF_09/2021","UN","ATRIBUÍDO SÃO PAULO","561,08","CAIXA REFERENCIAL"]
["103134","ASSENTAMENTO DE CONEXÃO COM 3 ACESSOS, FERRO FUNDIDO PARA REDE DE ÁGUA, DN  900 MM, JUNTA FLANGEADA (NÃO INCLUI O FORNECIMENTO). AF_09/2021","UN","ATRIBUÍDO SÃO PAULO","652,85","CAIXA REFERENCIAL"]
["103135","ASSENTAMENTO DE CONEXÃO COM 3 ACESSOS, FERRO FUNDIDO PARA REDE DE ÁGUA, DN  1000 MM, JUNTA FLANGEADA (NÃO INCLUI O FORNECIMENTO). AF_09/2021","UN","ATRIBUÍDO SÃO PAULO","700,17","CAIXA REFERENCIAL"]
["103136","ASSENTAMENTO DE CONEXÃO COM 3 ACESSOS, FERRO FUNDIDO PARA REDE DE ÁGUA, DN  1200 MM, JUNTA FLANGEADA (NÃO INCLUI O FORNECIMENTO). AF_09/2021","UN","ATRIBUÍDO SÃO PAULO","839,27","CAIXA REFERENCIAL"]
["103137","ASSENTAMENTO DE CONEXÃO COM 1 ACESSO, FERRO FUNDIDO PARA REDE DE ÁGUA, DN  80 MM, JUNTA FLANGEADA (NÃO INCLUI O FORNECIMENTO). AF_09/2021","UN","ATRIBUÍDO SÃO PAULO","22,13","CAIXA REFERENCIAL"]
["103138","ASSENTAMENTO DE CONEXÃO COM 1 ACESSO, FERRO FUNDIDO PARA REDE DE ÁGUA, DN  100 MM, JUNTA FLANGEADA (NÃO INCLUI O FORNECIMENTO). AF_09/2021","UN","ATRIBUÍDO SÃO PAULO","25,27","CAIXA REFERENCIAL"]
["103139","ASSENTAMENTO DE CONEXÃO COM 1 ACESSO, FERRO FUNDIDO PARA REDE DE ÁGUA, DN  150 MM, JUNTA FLANGEADA (NÃO INCLUI O FORNECIMENTO). AF_09/2021","UN","ATRIBUÍDO SÃO PAULO","33,17","CAIXA REFERENCIAL"]
["103140","ASSENTAMENTO DE CONEXÃO COM 1 ACESSO, FERRO FUNDIDO PARA REDE DE ÁGUA, DN  200 MM, JUNTA FLANGEADA (NÃO INCLUI O FORNECIMENTO). AF_09/2021","UN","ATRIBUÍDO SÃO PAULO","41,04","CAIXA REFERENCIAL"]
["103141","ASSENTAMENTO DE CONEXÃO COM 1 ACESSO, FERRO FUNDIDO PARA REDE DE ÁGUA, DN  250 MM, JUNTA FLANGEADA (NÃO INCLUI O FORNECIMENTO). AF_09/2021","UN","ATRIBUÍDO SÃO PAULO","63,77","CAIXA REFERENCIAL"]
["103142","ASSENTAMENTO DE CONEXÃO COM 1 ACESSO, FERRO FUNDIDO PARA REDE DE ÁGUA, DN  300 MM, JUNTA FLANGEADA (NÃO INCLUI O FORNECIMENTO). AF_09/2021","UN","ATRIBUÍDO SÃO PAULO","71,64","CAIXA REFERENCIAL"]
["103143","ASSENTAMENTO DE CONEXÃO COM 1 ACESSO, FERRO FUNDIDO PARA REDE DE ÁGUA, DN  350 MM, JUNTA FLANGEADA (NÃO INCLUI O FORNECIMENTO). AF_09/2021","UN","ATRIBUÍDO SÃO PAULO","94,35","CAIXA REFERENCIAL"]
["103144","ASSENTAMENTO DE CONEXÃO COM 1 ACESSO, FERRO FUNDIDO PARA REDE DE ÁGUA, DN  400 MM, JUNTA FLANGEADA (NÃO INCLUI O FORNECIMENTO). AF_09/2021","UN","ATRIBUÍDO SÃO PAULO","102,23","CAIXA REFERENCIAL"]
["103145","ASSENTAMENTO DE CONEXÃO COM 1 ACESSO, FERRO FUNDIDO PARA REDE DE ÁGUA, DN  450 MM, JUNTA FLANGEADA (NÃO INCLUI O FORNECIMENTO). AF_09/2021","UN","ATRIBUÍDO SÃO PAULO","124,95","CAIXA REFERENCIAL"]
["103146","ASSENTAMENTO DE CONEXÃO COM 1 ACESSO, FERRO FUNDIDO PARA REDE DE ÁGUA, DN  500 MM, JUNTA FLANGEADA (NÃO INCLUI O FORNECIMENTO). AF_09/2021","UN","ATRIBUÍDO SÃO PAULO","132,83","CAIXA REFERENCIAL"]
["103147","ASSENTAMENTO DE CONEXÃO COM 1 ACESSO, FERRO FUNDIDO PARA REDE DE ÁGUA, DN  600 MM, JUNTA FLANGEADA (NÃO INCLUI O FORNECIMENTO). AF_09/2021","UN","ATRIBUÍDO SÃO PAULO","148,60","CAIXA REFERENCIAL"]
["103148","ASSENTAMENTO DE CONEXÃO COM 1 ACESSO, FERRO FUNDIDO PARA REDE DE ÁGUA, DN  700 MM, JUNTA FLANGEADA (NÃO INCLUI O FORNECIMENTO). AF_09/2021","UN","ATRIBUÍDO SÃO PAULO","179,19","CAIXA REFERENCIAL"]
["103149","ASSENTAMENTO DE CONEXÃO COM 1 ACESSO, FERRO FUNDIDO PARA REDE DE ÁGUA, DN  800 MM, JUNTA FLANGEADA (NÃO INCLUI O FORNECIMENTO). AF_09/2021","UN","ATRIBUÍDO SÃO PAULO","194,97","CAIXA REFERENCIAL"]
["103150","ASSENTAMENTO DE CONEXÃO COM 1 ACESSO, FERRO FUNDIDO PARA REDE DE ÁGUA, DN  900 MM, JUNTA FLANGEADA (NÃO INCLUI O FORNECIMENTO). AF_09/2021","UN","ATRIBUÍDO SÃO PAULO","225,52","CAIXA REFERENCIAL"]
["103151","ASSENTAMENTO DE CONEXÃO COM 1 ACESSO, FERRO FUNDIDO PARA REDE DE ÁGUA, DN  1000 MM, JUNTA FLANGEADA (NÃO INCLUI O FORNECIMENTO). AF_09/2021","UN","ATRIBUÍDO SÃO PAULO","241,34","CAIXA REFERENCIAL"]
["103152","ASSENTAMENTO DE CONEXÃO COM 1 ACESSO, FERRO FUNDIDO PARA REDE DE ÁGUA, DN  1200 MM, JUNTA FLANGEADA (NÃO INCLUI O FORNECIMENTO). AF_09/2021","UN","ATRIBUÍDO SÃO PAULO","287,70","CAIXA REFERENCIAL"]
["93206","EXECUÇÃO DE ESCRITÓRIO EM CANTEIRO DE OBRA EM ALVENARIA, NÃO INCLUSO MOBILIÁRIO E EQUIPAMENTOS. AF_02/2016","M2","ATRIBUÍDO SÃO PAULO","983,24","CAIXA REFERENCIAL"]
["93207","EXECUÇÃO DE ESCRITÓRIO EM CANTEIRO DE OBRA EM CHAPA DE MADEIRA COMPENSADA, NÃO INCLUSO MOBILIÁRIO E EQUIPAMENTOS. AF_02/2016","M2","ATRIBUÍDO SÃO PAULO","1.006,49","CAIXA REFERENCIAL"]
["93208","EXECUÇÃO DE ALMOXARIFADO EM CANTEIRO DE OBRA EM CHAPA DE MADEIRA COMPENSADA, INCLUSO PRATELEIRAS. AF_02/2016","M2","ATRIBUÍDO SÃO PAULO","836,86","CAIXA REFERENCIAL"]
["93209","EXECUÇÃO DE ALMOXARIFADO EM CANTEIRO DE OBRA EM ALVENARIA, INCLUSO PRATELEIRAS. AF_02/2016","M2","ATRIBUÍDO SÃO PAULO","835,56","CAIXA REFERENCIAL"]
["93210","EXECUÇÃO DE REFEITÓRIO EM CANTEIRO DE OBRA EM CHAPA DE MADEIRA COMPENSADA, NÃO INCLUSO MOBILIÁRIO E EQUIPAMENTOS. AF_02/2016","M2","ATRIBUÍDO SÃO PAULO","537,95","CAIXA REFERENCIAL"]
["93211","EXECUÇÃO DE REFEITÓRIO EM CANTEIRO DE OBRA EM ALVENARIA, NÃO INCLUSO MOBILIÁRIO E EQUIPAMENTOS. AF_02/2016","M2","ATRIBUÍDO SÃO PAULO","523,85","CAIXA REFERENCIAL"]
["93212","EXECUÇÃO DE SANITÁRIO E VESTIÁRIO EM CANTEIRO DE OBRA EM CHAPA DE MADEIRA COMPENSADA, NÃO INCLUSO MOBILIÁRIO. AF_02/2016","M2","ATRIBUÍDO SÃO PAULO","891,38","CAIXA REFERENCIAL"]
["93213","EXECUÇÃO DE SANITÁRIO E VESTIÁRIO EM CANTEIRO DE OBRA EM ALVENARIA, NÃO INCLUSO MOBILIÁRIO. AF_02/2016","M2","ATRIBUÍDO SÃO PAULO","885,00","CAIXA REFERENCIAL"]
["93214","EXECUÇÃO DE RESERVATÓRIO ELEVADO DE ÁGUA (1000 LITROS) EM CANTEIRO DE OBRA, APOIADO EM ESTRUTURA DE MADEIRA. AF_02/2016","UN","ATRIBUÍDO SÃO PAULO","5.809,73","CAIXA REFERENCIAL"]
["93243","EXECUÇÃO DE RESERVATÓRIO ELEVADO DE ÁGUA (2000 LITROS) EM CANTEIRO DE OBRA, APOIADO EM ESTRUTURA DE MADEIRA. AF_02/2016","UN","ATRIBUÍDO SÃO PAULO","8.890,39","CAIXA REFERENCIAL"]
["93582","EXECUÇÃO DE CENTRAL DE ARMADURA EM CANTEIRO DE OBRA, NÃO INCLUSO MOBILIÁRIO E EQUIPAMENTOS. AF_04/2016","M2","ATRIBUÍDO SÃO PAULO","254,11","CAIXA REFERENCIAL"]
["93583","EXECUÇÃO DE CENTRAL DE FÔRMAS, PRODUÇÃO DE ARGAMASSA OU CONCRETO EM CANTEIRO DE OBRA, NÃO INCLUSO MOBILIÁRIO E EQUIPAMENTOS. AF_04/2016","M2","ATRIBUÍDO SÃO PAULO","409,85","CAIXA REFERENCIAL"]
["93584","EXECUÇÃO DE DEPÓSITO EM CANTEIRO DE OBRA EM CHAPA DE MADEIRA COMPENSADA, NÃO INCLUSO MOBILIÁRIO. AF_04/2016","M2","ATRIBUÍDO SÃO PAULO","812,64","CAIXA REFERENCIAL"]
["93585","EXECUÇÃO DE GUARITA EM CANTEIRO DE OBRA EM CHAPA DE MADEIRA COMPENSADA, NÃO INCLUSO MOBILIÁRIO. AF_04/2016","M2","ATRIBUÍDO SÃO PAULO","1.064,24","CAIXA REFERENCIAL"]
["98441","PAREDE DE MADEIRA COMPENSADA PARA CONSTRUÇÃO TEMPORÁRIA EM CHAPA SIMPLES, EXTERNA, COM ÁREA LÍQUIDA MAIOR OU IGUAL A 6 M², SEM VÃO. AF_05/2018","M2","COEFICIENTE DE REPRESENTATIVIDADE","129,21","CAIXA REFERENCIAL"]
["98442","PAREDE DE MADEIRA COMPENSADA PARA CONSTRUÇÃO TEMPORÁRIA EM CHAPA SIMPLES, EXTERNA, COM ÁREA LÍQUIDA MENOR QUE 6 M², SEM VÃO. AF_05/2018","M2","COEFICIENTE DE REPRESENTATIVIDADE","131,92","CAIXA REFERENCIAL"]
["98443","PAREDE DE MADEIRA COMPENSADA PARA CONSTRUÇÃO TEMPORÁRIA EM CHAPA SIMPLES, INTERNA, COM ÁREA LÍQUIDA MAIOR OU IGUAL A 6 M², SEM VÃO. AF_05/2018","M2","COEFICIENTE DE REPRESENTATIVIDADE","112,47","CAIXA REFERENCIAL"]
["98444","PAREDE DE MADEIRA COMPENSADA PARA CONSTRUÇÃO TEMPORÁRIA EM CHAPA SIMPLES, INTERNA, COM ÁREA LÍQUIDA MENOR QUE 6 M², SEM VÃO. AF_05/2018","M2","COEFICIENTE DE REPRESENTATIVIDADE","114,39","CAIXA REFERENCIAL"]
["98445","PAREDE DE MADEIRA COMPENSADA PARA CONSTRUÇÃO TEMPORÁRIA EM CHAPA SIMPLES, EXTERNA, COM ÁREA LÍQUIDA MAIOR OU IGUAL A 6 M², COM VÃO. AF_05/2018","M2","COEFICIENTE DE REPRESENTATIVIDADE","158,68","CAIXA REFERENCIAL"]
["98446","PAREDE DE MADEIRA COMPENSADA PARA CONSTRUÇÃO TEMPORÁRIA EM CHAPA SIMPLES, EXTERNA, COM ÁREA LÍQUIDA MENOR QUE 6 M², COM VÃO. AF_05/2018","M2","COEFICIENTE DE REPRESENTATIVIDADE","206,80","CAIXA REFERENCIAL"]
["98447","PAREDE DE MADEIRA COMPENSADA PARA CONSTRUÇÃO TEMPORÁRIA EM CHAPA SIMPLES, INTERNA, COM ÁREA LÍQUIDA MAIOR OU IGUAL A 6 M², COM VÃO. AF_05/2018","M2","COEFICIENTE DE REPRESENTATIVIDADE","135,24","CAIXA REFERENCIAL"]
["98448","PAREDE DE MADEIRA COMPENSADA PARA CONSTRUÇÃO TEMPORÁRIA EM CHAPA SIMPLES, INTERNA, COM ÁREA LÍQUIDA MENOR QUE 6 M², COM VÃO. AF_05/2018","M2","COEFICIENTE DE REPRESENTATIVIDADE","173,10","CAIXA REFERENCIAL"]
["98449","PAREDE DE MADEIRA COMPENSADA PARA CONSTRUÇÃO TEMPORÁRIA EM CHAPA DUPLA, EXTERNA, COM ÁREA LÍQUIDA MAIOR OU IGUAL A 6 M², SEM VÃO. AF_05/2018","M2","COEFICIENTE DE REPRESENTATIVIDADE","152,51","CAIXA REFERENCIAL"]
["98450","PAREDE DE MADEIRA COMPENSADA PARA CONSTRUÇÃO TEMPORÁRIA EM CHAPA DUPLA, EXTERNA, COM ÁREA LÍQUIDA MENOR QUE 6 M², SEM VÃO. AF_05/2018","M2","COEFICIENTE DE REPRESENTATIVIDADE","156,44","CAIXA REFERENCIAL"]
["98451","PAREDE DE MADEIRA COMPENSADA PARA CONSTRUÇÃO TEMPORÁRIA EM CHAPA DUPLA, INTERNA, COM ÁREA LÍQUIDA MAIOR OU IGUAL A 6 M², SEM VÃO. AF_05/2018","M2","COEFICIENTE DE REPRESENTATIVIDADE","133,44","CAIXA REFERENCIAL"]
["98452","PAREDE DE MADEIRA COMPENSADA PARA CONSTRUÇÃO TEMPORÁRIA EM CHAPA DUPLA, INTERNA, COM ÁREA LÍQUIDA MENOR QUE 6 M², SEM VÃO. AF_05/2018","M2","COEFICIENTE DE REPRESENTATIVIDADE","135,82","CAIXA REFERENCIAL"]
["98453","PAREDE DE MADEIRA COMPENSADA PARA CONSTRUÇÃO TEMPORÁRIA EM CHAPA DUPLA, EXTERNA, COM ÁREA LÍQUIDA MAIOR OU IGUAL A QUE 6 M², COM VÃO. AF_05/2018","M2","COEFICIENTE DE REPRESENTATIVIDADE","186,76","CAIXA REFERENCIAL"]
["98454","PAREDE DE MADEIRA COMPENSADA PARA CONSTRUÇÃO TEMPORÁRIA EM CHAPA DUPLA, EXTERNA, COM ÁREA LÍQUIDA MENOR QUE 6 M², COM VÃO. AF_05/2018","M2","COEFICIENTE DE REPRESENTATIVIDADE","246,39","CAIXA REFERENCIAL"]
["98455","PAREDE DE MADEIRA COMPENSADA PARA CONSTRUÇÃO TEMPORÁRIA EM CHAPA DUPLA, INTERNA, COM ÁREA LÍQUIDA MAIOR OU IGUAL A 6 M², COM VÃO. AF_05/2018","M2","COEFICIENTE DE REPRESENTATIVIDADE","160,99","CAIXA REFERENCIAL"]
["98456","PAREDE DE MADEIRA COMPENSADA PARA CONSTRUÇÃO TEMPORÁRIA EM CHAPA DUPLA, INTERNA, COM ÁREA LÍQUIDA MENOR QUE 6 M², COM VÃO. AF_05/2018","M2","COEFICIENTE DE REPRESENTATIVIDADE","209,58","CAIXA REFERENCIAL"]
["98458","TAPUME COM COMPENSADO DE MADEIRA. AF_05/2018","M2","COEFICIENTE DE REPRESENTATIVIDADE","124,47","CAIXA REFERENCIAL"]
["98459","TAPUME COM TELHA METÁLICA. AF_05/2018","M2","ATRIBUÍDO SÃO PAULO","124,60","CAIXA REFERENCIAL"]
["98460","PISO PARA CONSTRUÇÃO TEMPORÁRIA EM MADEIRA, SEM REAPROVEITAMENTO. AF_05/2018","M2","COEFICIENTE DE REPRESENTATIVIDADE","173,53","CAIXA REFERENCIAL"]
["98461","ESTRUTURA DE MADEIRA PROVISÓRIA PARA SUPORTE DE CAIXA D ÁGUA ELEVADA DE 1000 LITROS. AF_05/2018_P","UN","ATRIBUÍDO SÃO PAULO","4.989,18","CAIXA REFERENCIAL"]
["98462","ESTRUTURA DE MADEIRA PROVISÓRIA PARA SUPORTE DE CAIXA D ÁGUA ELEVADA DE 3000 LITROS. AF_05/2018_P","UN","ATRIBUÍDO SÃO PAULO","7.451,27","CAIXA REFERENCIAL"]
["5631","ESCAVADEIRA HIDRÁULICA SOBRE ESTEIRAS, CAÇAMBA 0,80 M3, PESO OPERACIONAL 17 T, POTENCIA BRUTA 111 HP - CHP DIURNO. AF_06/2014","CHP","COLETADO","187,98","CAIXA REFERENCIAL"]
["5678","RETROESCAVADEIRA SOBRE RODAS COM CARREGADEIRA, TRAÇÃO 4X4, POTÊNCIA LÍQ. 88 HP, CAÇAMBA CARREG. CAP. MÍN. 1 M3, CAÇAMBA RETRO CAP. 0,26 M3, PESO OPERACIONAL MÍN. 6.674 KG, PROFUNDIDADE ESCAVAÇÃO MÁX. 4,37 M - CHP DIURNO. AF_06/2014","CHP","COEFICIENTE DE REPRESENTATIVIDADE","124,86","CAIXA REFERENCIAL"]
["5680","RETROESCAVADEIRA SOBRE RODAS COM CARREGADEIRA, TRAÇÃO 4X2, POTÊNCIA LÍQ. 79 HP, CAÇAMBA CARREG. CAP. MÍN. 1 M3, CAÇAMBA RETRO CAP. 0,20 M3, PESO OPERACIONAL MÍN. 6.570 KG, PROFUNDIDADE ESCAVAÇÃO MÁX. 4,37 M - CHP DIURNO. AF_06/2014","CHP","COEFICIENTE DE REPRESENTATIVIDADE","115,26","CAIXA REFERENCIAL"]
["5684","ROLO COMPACTADOR VIBRATÓRIO DE UM CILINDRO AÇO LISO, POTÊNCIA 80 HP, PESO OPERACIONAL MÁXIMO 8,1 T, IMPACTO DINÂMICO 16,15 / 9,5 T, LARGURA DE TRABALHO 1,68 M - CHP DIURNO. AF_06/2014","CHP","ATRIBUÍDO SÃO PAULO","119,10","CAIXA REFERENCIAL"]
["5689","GRADE DE DISCO CONTROLE REMOTO REBOCÁVEL, COM 24 DISCOS 24 X 6 MM COM PNEUS PARA TRANSPORTE - CHP DIURNO. AF_06/2014","CHP","ATRIBUÍDO SÃO PAULO","7,08","CAIXA REFERENCIAL"]
["5795","MARTELETE OU ROMPEDOR PNEUMÁTICO MANUAL, 28 KG, COM SILENCIADOR - CHP DIURNO. AF_07/2016","CHP","ATRIBUÍDO SÃO PAULO","17,56","CAIXA REFERENCIAL"]
["5811","CAMINHÃO BASCULANTE 6 M3, PESO BRUTO TOTAL 16.000 KG, CARGA ÚTIL MÁXIMA 13.071 KG, DISTÂNCIA ENTRE EIXOS 4,80 M, POTÊNCIA 230 CV INCLUSIVE CAÇAMBA METÁLICA - CHP DIURNO. AF_06/2014","CHP","ATRIBUÍDO SÃO PAULO","153,62","CAIXA REFERENCIAL"]
["5823","USINA DE CONCRETO FIXA, CAPACIDADE NOMINAL DE 90 A 120 M3/H, SEM SILO - CHP DIURNO. AF_07/2016","CHP","ATRIBUÍDO SÃO PAULO","178,08","CAIXA REFERENCIAL"]
["5824","CAMINHÃO TOCO, PBT 16.000 KG, CARGA ÚTIL MÁX. 10.685 KG, DIST. ENTRE EIXOS 4,8 M, POTÊNCIA 189 CV, INCLUSIVE CARROCERIA FIXA ABERTA DE MADEIRA P/ TRANSPORTE GERAL DE CARGA SECA, DIMEN. APROX. 2,5 X 7,00 X 0,50 M - CHP DIURNO. AF_06/2014","CHP","ATRIBUÍDO SÃO PAULO","145,21","CAIXA REFERENCIAL"]
["5835","VIBROACABADORA DE ASFALTO SOBRE ESTEIRAS, LARGURA DE PAVIMENTAÇÃO 1,90 M A 5,30 M, POTÊNCIA 105 HP CAPACIDADE 450 T/H - CHP DIURNO. AF_11/2014","CHP","ATRIBUÍDO SÃO PAULO","343,15","CAIXA REFERENCIAL"]
["5839","VASSOURA MECÂNICA REBOCÁVEL COM ESCOVA CILÍNDRICA, LARGURA ÚTIL DE VARRIMENTO DE 2,44 M - CHP DIURNO. AF_06/2014","CHP","ATRIBUÍDO SÃO PAULO","10,64","CAIXA REFERENCIAL"]
["5843","TRATOR DE PNEUS, POTÊNCIA 122 CV, TRAÇÃO 4X4, PESO COM LASTRO DE 4.510 KG - CHP DIURNO. AF_06/2014","CHP","ATRIBUÍDO SÃO PAULO","191,68","CAIXA REFERENCIAL"]
["5847","TRATOR DE ESTEIRAS, POTÊNCIA 170 HP, PESO OPERACIONAL 19 T, CAÇAMBA 5,2 M3 - CHP DIURNO. AF_06/2014","CHP","ATRIBUÍDO SÃO PAULO","201,11","CAIXA REFERENCIAL"]
["5851","TRATOR DE ESTEIRAS, POTÊNCIA 150 HP, PESO OPERACIONAL 16,7 T, COM RODA MOTRIZ ELEVADA E LÂMINA 3,18 M3 - CHP DIURNO. AF_06/2014","CHP","ATRIBUÍDO SÃO PAULO","192,21","CAIXA REFERENCIAL"]
["5855","TRATOR DE ESTEIRAS, POTÊNCIA 347 HP, PESO OPERACIONAL 38,5 T, COM LÂMINA 8,70 M3 - CHP DIURNO. AF_06/2014","CHP","ATRIBUÍDO SÃO PAULO","500,93","CAIXA REFERENCIAL"]
["5863","ROLO COMPACTADOR VIBRATÓRIO REBOCÁVEL, CILINDRO DE AÇO LISO, POTÊNCIA DE TRAÇÃO DE 65 CV, PESO 4,7 T, IMPACTO DINÂMICO 18,3 T, LARGURA DE TRABALHO 1,67 M - CHP DIURNO. AF_02/2016","CHP","ATRIBUÍDO SÃO PAULO","16,93","CAIXA REFERENCIAL"]
["5867","ROLO COMPACTADOR VIBRATÓRIO TANDEM AÇO LISO, POTÊNCIA 58 HP, PESO SEM/COM LASTRO 6,5 / 9,4 T, LARGURA DE TRABALHO 1,2 M - CHP DIURNO. AF_06/2014","CHP","ATRIBUÍDO SÃO PAULO","119,95","CAIXA REFERENCIAL"]
["5875","RETROESCAVADEIRA SOBRE RODAS COM CARREGADEIRA, TRAÇÃO 4X4, POTÊNCIA LÍQ. 72 HP, CAÇAMBA CARREG. CAP. MÍN. 0,79 M3, CAÇAMBA RETRO CAP. 0,18 M3, PESO OPERACIONAL MÍN. 7.140 KG, PROFUNDIDADE ESCAVAÇÃO MÁX. 4,50 M - CHP DIURNO. AF_06/2014","CHP","COLETADO","116,63","CAIXA REFERENCIAL"]
["5879","ROLO COMPACTADOR VIBRATÓRIO PÉ DE CARNEIRO, OPERADO POR CONTROLE REMOTO, POTÊNCIA 12,5 KW, PESO OPERACIONAL 1,675 T, LARGURA DE TRABALHO 0,85 M - CHP DIURNO. AF_02/2016","CHP","ATRIBUÍDO SÃO PAULO","105,39","CAIXA REFERENCIAL"]
["5882","USINA DE LAMA ASFÁLTICA, PROD 30 A 50 T/H, SILO DE AGREGADO 7 M3, RESERVATÓRIOS PARA EMULSÃO E ÁGUA DE 2,3 M3 CADA, MISTURADOR TIPO PUG MILL A SER MONTADO SOBRE CAMINHÃO - CHP DIURNO. AF_10/2014","CHP","ATRIBUÍDO SÃO PAULO","103,20","CAIXA REFERENCIAL"]
["5890","CAMINHÃO TOCO, PESO BRUTO TOTAL 14.300 KG, CARGA ÚTIL MÁXIMA 9590 KG, DISTÂNCIA ENTRE EIXOS 4,76 M, POTÊNCIA 185 CV (NÃO INCLUI CARROCERIA) - CHP DIURNO. AF_06/2014","CHP","ATRIBUÍDO SÃO PAULO","146,42","CAIXA REFERENCIAL"]
["5894","CAMINHÃO TOCO, PESO BRUTO TOTAL 16.000 KG, CARGA ÚTIL MÁXIMA DE 10.685 KG, DISTÂNCIA ENTRE EIXOS 4,80 M, POTÊNCIA 189 CV EXCLUSIVE CARROCERIA - CHP DIURNO. AF_06/2014","CHP","ATRIBUÍDO SÃO PAULO","142,26","CAIXA REFERENCIAL"]
["5901","CAMINHÃO PIPA 10.000 L TRUCADO, PESO BRUTO TOTAL 23.000 KG, CARGA ÚTIL MÁXIMA 15.935 KG, DISTÂNCIA ENTRE EIXOS 4,8 M, POTÊNCIA 230 CV, INCLUSIVE TANQUE DE AÇO PARA TRANSPORTE DE ÁGUA - CHP DIURNO. AF_06/2014","CHP","ATRIBUÍDO SÃO PAULO","224,70","CAIXA REFERENCIAL"]
["5909","ESPARGIDOR DE ASFALTO PRESSURIZADO COM TANQUE DE 2500 L, REBOCÁVEL COM MOTOR A GASOLINA POTÊNCIA 3,4 HP - CHP DIURNO. AF_07/2014","CHP","ATRIBUÍDO SÃO PAULO","27,35","CAIXA REFERENCIAL"]
["5921","GRADE DE DISCO REBOCÁVEL COM 20 DISCOS 24\" X 6 MM COM PNEUS PARA TRANSPORTE - CHP DIURNO. AF_06/2014","CHP","ATRIBUÍDO SÃO PAULO","5,55","CAIXA REFERENCIAL"]
["5928","GUINDAUTO HIDRÁULICO, CAPACIDADE MÁXIMA DE CARGA 6200 KG, MOMENTO MÁXIMO DE CARGA 11,7 TM, ALCANCE MÁXIMO HORIZONTAL 9,70 M, INCLUSIVE CAMINHÃO TOCO PBT 16.000 KG, POTÊNCIA DE 189 CV - CHP DIURNO. AF_06/2014","CHP","ATRIBUÍDO SÃO PAULO","189,54","CAIXA REFERENCIAL"]
["5932","MOTONIVELADORA POTÊNCIA BÁSICA LÍQUIDA (PRIMEIRA MARCHA) 125 HP, PESO BRUTO 13032 KG, LARGURA DA LÂMINA DE 3,7 M - CHP DIURNO. AF_06/2014","CHP","COEFICIENTE DE REPRESENTATIVIDADE","201,69","CAIXA REFERENCIAL"]
["5940","PÁ CARREGADEIRA SOBRE RODAS, POTÊNCIA LÍQUIDA 128 HP, CAPACIDADE DA CAÇAMBA 1,7 A 2,8 M3, PESO OPERACIONAL 11632 KG - CHP DIURNO. AF_06/2014","CHP","COEFICIENTE DE REPRESENTATIVIDADE","162,78","CAIXA REFERENCIAL"]
["5944","PÁ CARREGADEIRA SOBRE RODAS, POTÊNCIA 197 HP, CAPACIDADE DA CAÇAMBA 2,5 A 3,5 M3, PESO OPERACIONAL 18338 KG - CHP DIURNO. AF_06/2014","CHP","COEFICIENTE DE REPRESENTATIVIDADE","185,94","CAIXA REFERENCIAL"]
["5953","COMPRESSOR DE AR REBOCÁVEL, VAZÃO 189 PCM, PRESSÃO EFETIVA DE TRABALHO 102 PSI, MOTOR DIESEL, POTÊNCIA 63 CV - CHP DIURNO. AF_06/2015","CHP","ATRIBUÍDO SÃO PAULO","44,01","CAIXA REFERENCIAL"]
["6259","CAMINHÃO PIPA 6.000 L, PESO BRUTO TOTAL 13.000 KG, DISTÂNCIA ENTRE EIXOS 4,80 M, POTÊNCIA 189 CV INCLUSIVE TANQUE DE AÇO PARA TRANSPORTE DE ÁGUA, CAPACIDADE 6 M3 - CHP DIURNO. AF_06/2014","CHP","ATRIBUÍDO SÃO PAULO","186,19","CAIXA REFERENCIAL"]
["6879","ROLO COMPACTADOR DE PNEUS ESTÁTICO, PRESSÃO VARIÁVEL, POTÊNCIA 111 HP, PESO SEM/COM LASTRO 9,5 / 26 T, LARGURA DE TRABALHO 1,90 M - CHP DIURNO. AF_07/2014","CHP","ATRIBUÍDO SÃO PAULO","156,22","CAIXA REFERENCIAL"]
["7030","TANQUE DE ASFALTO ESTACIONÁRIO COM SERPENTINA, CAPACIDADE 30.000 L - CHP DIURNO. AF_06/2014","CHP","ATRIBUÍDO SÃO PAULO","177,80","CAIXA REFERENCIAL"]
["7042","MOTOBOMBA TRASH (PARA ÁGUA SUJA) AUTO ESCORVANTE, MOTOR GASOLINA DE 6,41 HP, DIÂMETROS DE SUCÇÃO X RECALQUE: 3\" X 3\", HM/Q = 10 MCA / 60 M3/H A 23 MCA / 0 M3/H - CHP DIURNO. AF_10/2014","CHP","COEFICIENTE DE REPRESENTATIVIDADE","10,87","CAIXA REFERENCIAL"]
["7049","ROLO COMPACTADOR PE DE CARNEIRO VIBRATORIO, POTENCIA 125 HP, PESO OPERACIONAL SEM/COM LASTRO 11,95 / 13,30 T, IMPACTO DINAMICO 38,5 / 22,5 T, LARGURA DE TRABALHO 2,15 M - CHP DIURNO. AF_06/2014","CHP","ATRIBUÍDO SÃO PAULO","165,15","CAIXA REFERENCIAL"]
["67826","CAMINHÃO BASCULANTE 6 M3 TOCO, PESO BRUTO TOTAL 16.000 KG, CARGA ÚTIL MÁXIMA 11.130 KG, DISTÂNCIA ENTRE EIXOS 5,36 M, POTÊNCIA 185 CV, INCLUSIVE CAÇAMBA METÁLICA - CHP DIURNO. AF_06/2014","CHP","ATRIBUÍDO SÃO PAULO","136,09","CAIXA REFERENCIAL"]
["73417","GRUPO GERADOR ESTACIONÁRIO, MOTOR DIESEL POTÊNCIA 170 KVA - CHP DIURNO. AF_02/2016","CHP","ATRIBUÍDO SÃO PAULO","143,55","CAIXA REFERENCIAL"]
["73436","ROLO COMPACTADOR VIBRATÓRIO PÉ DE CARNEIRO PARA SOLOS, POTÊNCIA 80 HP, PESO OPERACIONAL SEM/COM LASTRO 7,4 / 8,8 T, LARGURA DE TRABALHO 1,68 M - CHP DIURNO. AF_02/2016","CHP","ATRIBUÍDO SÃO PAULO","160,58","CAIXA REFERENCIAL"]
["73467","CAMINHÃO TOCO, PBT 14.300 KG, CARGA ÚTIL MÁX. 9.710 KG, DIST. ENTRE EIXOS 3,56 M, POTÊNCIA 185 CV, INCLUSIVE CARROCERIA FIXA ABERTA DE MADEIRA P/ TRANSPORTE GERAL DE CARGA SECA, DIMEN. APROX. 2,50 X 6,50 X 0,50 M - CHP DIURNO. AF_06/2014","CHP","ATRIBUÍDO SÃO PAULO","125,16","CAIXA REFERENCIAL"]
["73536","MOTOBOMBA CENTRÍFUGA, MOTOR A GASOLINA, POTÊNCIA 5,42 HP, BOCAIS 1 1/2\" X 1\", DIÂMETRO ROTOR 143 MM HM/Q = 6 MCA / 16,8 M3/H A 38 MCA / 6,6 M3/H - CHP DIURNO. AF_06/2014","CHP","COEFICIENTE DE REPRESENTATIVIDADE","9,22","CAIXA REFERENCIAL"]
["83362","ESPARGIDOR DE ASFALTO PRESSURIZADO, TANQUE 6 M3 COM ISOLAÇÃO TÉRMICA, AQUECIDO COM 2 MAÇARICOS, COM BARRA ESPARGIDORA 3,60 M, MONTADO SOBRE CAMINHÃO  TOCO, PBT 14.300 KG, POTÊNCIA 185 CV - CHP DIURNO. AF_08/2015","CHP","ATRIBUÍDO SÃO PAULO","224,75","CAIXA REFERENCIAL"]
["83765","GRUPO DE SOLDAGEM COM GERADOR A DIESEL 60 CV PARA SOLDA ELÉTRICA, SOBRE 04 RODAS, COM MOTOR 4 CILINDROS 600 A - CHP DIURNO. AF_02/2016","CHP","ATRIBUÍDO SÃO PAULO","83,05","CAIXA REFERENCIAL"]
["87445","BETONEIRA CAPACIDADE NOMINAL 400 L, CAPACIDADE DE MISTURA 310 L, MOTOR A DIESEL POTÊNCIA 5,0 HP, SEM CARREGADOR - CHP DIURNO. AF_06/2014","CHP","ATRIBUÍDO SÃO PAULO","4,12","CAIXA REFERENCIAL"]
["88386","MISTURADOR DE ARGAMASSA, EIXO HORIZONTAL, CAPACIDADE DE MISTURA 300 KG, MOTOR ELÉTRICO POTÊNCIA 5 CV - CHP DIURNO. AF_06/2014","CHP","ATRIBUÍDO SÃO PAULO","4,86","CAIXA REFERENCIAL"]
["88393","MISTURADOR DE ARGAMASSA, EIXO HORIZONTAL, CAPACIDADE DE MISTURA 600 KG, MOTOR ELÉTRICO POTÊNCIA 7,5 CV - CHP DIURNO. AF_06/2014","CHP","ATRIBUÍDO SÃO PAULO","6,67","CAIXA REFERENCIAL"]
["88399","MISTURADOR DE ARGAMASSA, EIXO HORIZONTAL, CAPACIDADE DE MISTURA 160 KG, MOTOR ELÉTRICO POTÊNCIA 3 CV - CHP DIURNO. AF_06/2014","CHP","ATRIBUÍDO SÃO PAULO","3,62","CAIXA REFERENCIAL"]
["88418","PROJETOR DE ARGAMASSA, CAPACIDADE DE PROJEÇÃO 1,5 M3/H, ALCANCE DE 30 ATÉ 60 M, MOTOR ELÉTRICO POTÊNCIA 7,5 HP - CHP DIURNO. AF_06/2014","CHP","ATRIBUÍDO SÃO PAULO","15,99","CAIXA REFERENCIAL"]
["88433","PROJETOR DE ARGAMASSA, CAPACIDADE DE PROJEÇÃO 2 M3/H, ALCANCE ATÉ 50 M, MOTOR ELÉTRICO POTÊNCIA 7,5 HP - CHP DIURNO. AF_06/2014","CHP","ATRIBUÍDO SÃO PAULO","19,80","CAIXA REFERENCIAL"]
["88830","BETONEIRA CAPACIDADE NOMINAL DE 400 L, CAPACIDADE DE MISTURA 280 L, MOTOR ELÉTRICO TRIFÁSICO POTÊNCIA DE 2 CV, SEM CARREGADOR - CHP DIURNO. AF_10/2014","CHP","ATRIBUÍDO SÃO PAULO","1,78","CAIXA REFERENCIAL"]
["88843","TRATOR DE ESTEIRAS, POTÊNCIA 125 HP, PESO OPERACIONAL 12,9 T, COM LÂMINA 2,7 M3 - CHP DIURNO. AF_10/2014","CHP","ATRIBUÍDO SÃO PAULO","162,11","CAIXA REFERENCIAL"]
["88907","ESCAVADEIRA HIDRÁULICA SOBRE ESTEIRAS, CAÇAMBA 1,20 M3, PESO OPERACIONAL 21 T, POTÊNCIA BRUTA 155 HP - CHP DIURNO. AF_06/2014","CHP","COEFICIENTE DE REPRESENTATIVIDADE","220,08","CAIXA REFERENCIAL"]
["89021","BOMBA SUBMERSÍVEL ELÉTRICA TRIFÁSICA, POTÊNCIA 2,96 HP, Ø ROTOR 144 MM SEMI-ABERTO, BOCAL DE SAÍDA Ø 2\u0094, HM/Q = 2 MCA / 38,8 M3/H A 28 MCA / 5 M3/H - CHP DIURNO. AF_06/2014","CHP","ATRIBUÍDO SÃO PAULO","2,36","CAIXA REFERENCIAL"]
["89028","TANQUE DE ASFALTO ESTACIONÁRIO COM MAÇARICO, CAPACIDADE 20.000 L - CHP DIURNO. AF_06/2014","CHP","ATRIBUÍDO SÃO PAULO","163,80","CAIXA REFERENCIAL"]
["89032","TRATOR DE ESTEIRAS, POTÊNCIA 100 HP, PESO OPERACIONAL 9,4 T, COM LÂMINA 2,19 M3 - CHP DIURNO. AF_06/2014","CHP","ATRIBUÍDO SÃO PAULO","146,81","CAIXA REFERENCIAL"]
["89035","TRATOR DE PNEUS, POTÊNCIA 85 CV, TRAÇÃO 4X4, PESO COM LASTRO DE 4.675 KG - CHP DIURNO. AF_06/2014","CHP","ATRIBUÍDO SÃO PAULO","142,84","CAIXA REFERENCIAL"]
["89225","BETONEIRA CAPACIDADE NOMINAL DE 600 L, CAPACIDADE DE MISTURA 360 L, MOTOR ELÉTRICO TRIFÁSICO POTÊNCIA DE 4 CV, SEM CARREGADOR - CHP DIURNO. AF_11/2014","CHP","ATRIBUÍDO SÃO PAULO","4,96","CAIXA REFERENCIAL"]
["89234","FRESADORA DE ASFALTO A FRIO SOBRE RODAS, LARGURA FRESAGEM DE 1,0 M, POTÊNCIA 208 HP - CHP DIURNO. AF_11/2014","CHP","ATRIBUÍDO SÃO PAULO","520,96","CAIXA REFERENCIAL"]
["89242","FRESADORA DE ASFALTO A FRIO SOBRE RODAS, LARGURA FRESAGEM DE 2,0 M, POTÊNCIA 550 HP - CHP DIURNO. AF_11/2014","CHP","ATRIBUÍDO SÃO PAULO","1.223,23","CAIXA REFERENCIAL"]
["89250","RECICLADORA DE ASFALTO A FRIO SOBRE RODAS, LARGURA FRESAGEM DE 2,0 M, POTÊNCIA 422 HP - CHP DIURNO. AF_11/2014","CHP","ATRIBUÍDO SÃO PAULO","1.060,59","CAIXA REFERENCIAL"]
["89257","VIBROACABADORA DE ASFALTO SOBRE ESTEIRAS, LARGURA DE PAVIMENTAÇÃO 2,13 M A 4,55 M, POTÊNCIA 100 HP CAPACIDADE 400 T/H - CHP DIURNO. AF_11/2014","CHP","ATRIBUÍDO SÃO PAULO","294,61","CAIXA REFERENCIAL"]
["89272","GUINDASTE HIDRÁULICO AUTOPROPELIDO, COM LANÇA TELESCÓPICA 28,80 M, CAPACIDADE MÁXIMA 30 T, POTÊNCIA 97 KW, TRAÇÃO 4 X 4 - CHP DIURNO. AF_11/2014","CHP","ATRIBUÍDO SÃO PAULO","179,01","CAIXA REFERENCIAL"]
["89278","BETONEIRA CAPACIDADE NOMINAL DE 600 L, CAPACIDADE DE MISTURA 440 L, MOTOR A DIESEL POTÊNCIA 10 HP, COM CARREGADOR - CHP DIURNO. AF_11/2014","CHP","ATRIBUÍDO SÃO PAULO","9,73","CAIXA REFERENCIAL"]
["89843","BATE-ESTACAS POR GRAVIDADE, POTÊNCIA DE 160 HP, PESO DO MARTELO ATÉ 3 TONELADAS - CHP DIURNO. AF_11/2014","CHP","ATRIBUÍDO SÃO PAULO","172,80","CAIXA REFERENCIAL"]
["89876","CAMINHÃO BASCULANTE 14 M3, COM CAVALO MECÂNICO DE CAPACIDADE MÁXIMA DE TRAÇÃO COMBINADO DE 36000 KG, POTÊNCIA 286 CV, INCLUSIVE SEMIREBOQUE COM CAÇAMBA METÁLICA - CHP DIURNO. AF_12/2014","CHP","ATRIBUÍDO SÃO PAULO","244,98","CAIXA REFERENCIAL"]
["89883","CAMINHÃO BASCULANTE 18 M3, COM CAVALO MECÂNICO DE CAPACIDADE MÁXIMA DE TRAÇÃO COMBINADO DE 45000 KG, POTÊNCIA 330 CV, INCLUSIVE SEMIREBOQUE COM CAÇAMBA METÁLICA - CHP DIURNO. AF_12/2014","CHP","ATRIBUÍDO SÃO PAULO","270,79","CAIXA REFERENCIAL"]
["90586","VIBRADOR DE IMERSÃO, DIÂMETRO DE PONTEIRA 45MM, MOTOR ELÉTRICO TRIFÁSICO POTÊNCIA DE 2 CV - CHP DIURNO. AF_06/2015","CHP","ATRIBUÍDO SÃO PAULO","1,75","CAIXA REFERENCIAL"]
["90625","PERFURATRIZ MANUAL, TORQUE MÁXIMO 83 N.M, POTÊNCIA 5 CV, COM DIÂMETRO MÁXIMO 4\" - CHP DIURNO. AF_06/2015","CHP","ATRIBUÍDO SÃO PAULO","7,19","CAIXA REFERENCIAL"]
["90631","PERFURATRIZ SOBRE ESTEIRA, TORQUE MÁXIMO 600 KGF, PESO MÉDIO 1000 KG, POTÊNCIA 20 HP, DIÂMETRO MÁXIMO 10\" - CHP DIURNO. AF_06/2015","CHP","COEFICIENTE DE REPRESENTATIVIDADE","151,89","CAIXA REFERENCIAL"]
["90637","MISTURADOR DUPLO HORIZONTAL DE ALTA TURBULÊNCIA, CAPACIDADE / VOLUME 2 X 500 LITROS, MOTORES ELÉTRICOS MÍNIMO 5 CV CADA, PARA NATA CIMENTO, ARGAMASSA E OUTROS - CHP DIURNO. AF_06/2015","CHP","ATRIBUÍDO SÃO PAULO","14,66","CAIXA REFERENCIAL"]
["90643","BOMBA TRIPLEX, PARA INJEÇÃO DE NATA DE CIMENTO, VAZÃO MÁXIMA DE 100 LITROS/MINUTO, PRESSÃO MÁXIMA DE 70 BAR - CHP DIURNO. AF_06/2015","CHP","ATRIBUÍDO SÃO PAULO","20,38","CAIXA REFERENCIAL"]
["90650","BOMBA CENTRÍFUGA MONOESTÁGIO COM MOTOR ELÉTRICO MONOFÁSICO, POTÊNCIA 15 HP, DIÂMETRO DO ROTOR 173 MM, HM/Q = 30 MCA / 90 M3/H A 45 MCA / 55 M3/H - CHP DIURNO. AF_06/2015","CHP","COEFICIENTE DE REPRESENTATIVIDADE","10,37","CAIXA REFERENCIAL"]
["90656","BOMBA DE PROJEÇÃO DE CONCRETO SECO, POTÊNCIA 10 CV, VAZÃO 3 M3/H - CHP DIURNO. AF_06/2015","CHP","ATRIBUÍDO SÃO PAULO","14,53","CAIXA REFERENCIAL"]
["90662","BOMBA DE PROJEÇÃO DE CONCRETO SECO, POTÊNCIA 10 CV, VAZÃO 6 M3/H - CHP DIURNO. AF_06/2015","CHP","ATRIBUÍDO SÃO PAULO","15,16","CAIXA REFERENCIAL"]
["90668","PROJETOR PNEUMÁTICO DE ARGAMASSA PARA CHAPISCO E REBOCO COM RECIPIENTE ACOPLADO, TIPO CANEQUINHA, COM COMPRESSOR DE AR REBOCÁVEL VAZÃO 89 PCM E MOTOR DIESEL DE 20 CV - CHP DIURNO. AF_06/2015","CHP","ATRIBUÍDO SÃO PAULO","23,66","CAIXA REFERENCIAL"]
["90674","PERFURATRIZ COM TORRE METÁLICA PARA EXECUÇÃO DE ESTACA HÉLICE CONTÍNUA, PROFUNDIDADE MÁXIMA DE 30 M, DIÂMETRO MÁXIMO DE 800 MM, POTÊNCIA INSTALADA DE 268 HP, MESA ROTATIVA COM TORQUE MÁXIMO DE 170 KNM - CHP DIURNO. AF_06/2015","CHP","COEFICIENTE DE REPRESENTATIVIDADE","646,65","CAIXA REFERENCIAL"]
["90680","PERFURATRIZ HIDRÁULICA SOBRE CAMINHÃO COM TRADO CURTO ACOPLADO, PROFUNDIDADE MÁXIMA DE 20 M, DIÂMETRO MÁXIMO DE 1500 MM, POTÊNCIA INSTALADA DE 137 HP, MESA ROTATIVA COM TORQUE MÁXIMO DE 30 KNM - CHP DIURNO. AF_06/2015","CHP","ATRIBUÍDO SÃO PAULO","356,96","CAIXA REFERENCIAL"]
["90686","MANIPULADOR TELESCÓPICO, POTÊNCIA DE 85 HP, CAPACIDADE DE CARGA DE 3.500 KG, ALTURA MÁXIMA DE ELEVAÇÃO DE 12,3 M - CHP DIURNO. AF_06/2015","CHP","ATRIBUÍDO SÃO PAULO","131,77","CAIXA REFERENCIAL"]
["90692","MINICARREGADEIRA SOBRE RODAS, POTÊNCIA LÍQUIDA DE 47 HP, CAPACIDADE NOMINAL DE OPERAÇÃO DE 646 KG - CHP DIURNO. AF_06/2015","CHP","ATRIBUÍDO SÃO PAULO","98,72","CAIXA REFERENCIAL"]
["90964","COMPRESSOR DE AR REBOCÁVEL, VAZÃO 89 PCM, PRESSÃO EFETIVA DE TRABALHO 102 PSI, MOTOR DIESEL, POTÊNCIA 20 CV - CHP DIURNO. AF_06/2015","CHP","ATRIBUÍDO SÃO PAULO","22,37","CAIXA REFERENCIAL"]
["90972","COMPRESSOR DE AR REBOCAVEL, VAZÃO 250 PCM, PRESSAO DE TRABALHO 102 PSI, MOTOR A DIESEL POTÊNCIA 81 CV - CHP DIURNO. AF_06/2015","CHP","ATRIBUÍDO SÃO PAULO","57,04","CAIXA REFERENCIAL"]
["90979","COMPRESSOR DE AR REBOCÁVEL, VAZÃO 748 PCM, PRESSÃO EFETIVA DE TRABALHO 102 PSI, MOTOR DIESEL, POTÊNCIA 210 CV - CHP DIURNO. AF_06/2015","CHP","ATRIBUÍDO SÃO PAULO","147,38","CAIXA REFERENCIAL"]
["90991","ESCAVADEIRA HIDRÁULICA SOBRE ESTEIRAS, CAÇAMBA 0,80 M3, PESO OPERACIONAL 17,8 T, POTÊNCIA LÍQUIDA 110 HP - CHP DIURNO. AF_10/2014","CHP","COEFICIENTE DE REPRESENTATIVIDADE","182,31","CAIXA REFERENCIAL"]
["90999","COMPRESSOR DE AR REBOCAVEL, VAZÃO 400 PCM, PRESSAO DE TRABALHO 102 PSI, MOTOR A DIESEL POTÊNCIA 110 CV - CHP DIURNO. AF_06/2015","CHP","ATRIBUÍDO SÃO PAULO","75,57","CAIXA REFERENCIAL"]
["91031","CAMINHÃO TRUCADO (C/ TERCEIRO EIXO) ELETRÔNICO - POTÊNCIA 231CV - PBT = 22000KG - DIST. ENTRE EIXOS 5170 MM - INCLUI CARROCERIA FIXA ABERTA DE MADEIRA - CHP DIURNO. AF_06/2015","CHP","ATRIBUÍDO SÃO PAULO","179,25","CAIXA REFERENCIAL"]
["91277","PLACA VIBRATÓRIA REVERSÍVEL COM MOTOR 4 TEMPOS A GASOLINA, FORÇA CENTRÍFUGA DE 25 KN (2500 KGF), POTÊNCIA 5,5 CV - CHP DIURNO. AF_08/2015","CHP","ATRIBUÍDO SÃO PAULO","9,94","CAIXA REFERENCIAL"]
["91283","CORTADORA DE PISO COM MOTOR 4 TEMPOS A GASOLINA, POTÊNCIA DE 13 HP, COM DISCO DE CORTE DIAMANTADO SEGMENTADO PARA CONCRETO, DIÂMETRO DE 350 MM, FURO DE 1\" (14 X 1\") - CHP DIURNO. AF_08/2015","CHP","COEFICIENTE DE REPRESENTATIVIDADE","23,18","CAIXA REFERENCIAL"]
["91386","CAMINHÃO BASCULANTE 10 M3, TRUCADO CABINE SIMPLES, PESO BRUTO TOTAL 23.000 KG, CARGA ÚTIL MÁXIMA 15.935 KG, DISTÂNCIA ENTRE EIXOS 4,80 M, POTÊNCIA 230 CV INCLUSIVE CAÇAMBA METÁLICA - CHP DIURNO. AF_06/2014","CHP","ATRIBUÍDO SÃO PAULO","191,76","CAIXA REFERENCIAL"]
["91533","COMPACTADOR DE SOLOS DE PERCUSSÃO (SOQUETE) COM MOTOR A GASOLINA 4 TEMPOS, POTÊNCIA 4 CV - CHP DIURNO. AF_08/2015","CHP","ATRIBUÍDO SÃO PAULO","32,43","CAIXA REFERENCIAL"]
["91634","GUINDAUTO HIDRÁULICO, CAPACIDADE MÁXIMA DE CARGA 6500 KG, MOMENTO MÁXIMO DE CARGA 5,8 TM, ALCANCE MÁXIMO HORIZONTAL 7,60 M, INCLUSIVE CAMINHÃO TOCO PBT 9.700 KG, POTÊNCIA DE 160 CV - CHP DIURNO. AF_08/2015","CHP","ATRIBUÍDO SÃO PAULO","167,41","CAIXA REFERENCIAL"]
["91645","CAMINHÃO DE TRANSPORTE DE MATERIAL ASFÁLTICO 30.000 L, COM CAVALO MECÂNICO DE CAPACIDADE MÁXIMA DE TRAÇÃO COMBINADO DE 66.000 KG, POTÊNCIA 360 CV, INCLUSIVE TANQUE DE ASFALTO COM SERPENTINA - CHP DIURNO. AF_08/2015","CHP","ATRIBUÍDO SÃO PAULO","351,99","CAIXA REFERENCIAL"]
["91692","SERRA CIRCULAR DE BANCADA COM MOTOR ELÉTRICO POTÊNCIA DE 5HP, COM COIFA PARA DISCO 10\" - CHP DIURNO. AF_08/2015","CHP","COEFICIENTE DE REPRESENTATIVIDADE","27,45","CAIXA REFERENCIAL"]
["92043","DISTRIBUIDOR DE AGREGADOS REBOCAVEL, CAPACIDADE 1,9 M³, LARGURA DE TRABALHO 3,66 M - CHP DIURNO. AF_11/2015","CHP","ATRIBUÍDO SÃO PAULO","11,88","CAIXA REFERENCIAL"]
["92106","CAMINHÃO PARA EQUIPAMENTO DE LIMPEZA A SUCÇÃO, COM CAMINHÃO TRUCADO DE PESO BRUTO TOTAL 23000 KG, CARGA ÚTIL MÁXIMA 15935 KG, DISTÂNCIA ENTRE EIXOS 4,80 M, POTÊNCIA 230 CV, INCLUSIVE LIMPADORA A SUCÇÃO, TANQUE 12000 L - CHP DIURNO. AF_11/2015","CHP","ATRIBUÍDO SÃO PAULO","232,31","CAIXA REFERENCIAL"]
["92112","PENEIRA ROTATIVA COM MOTOR ELÉTRICO TRIFÁSICO DE 2 CV, CILINDRO DE 1 M X 0,60 M, COM FUROS DE 3,17 MM - CHP DIURNO. AF_11/2015","CHP","ATRIBUÍDO SÃO PAULO","2,92","CAIXA REFERENCIAL"]
["92118","DOSADOR DE AREIA, CAPACIDADE DE 26 LITROS - CHP DIURNO. AF_11/2015","CHP","ATRIBUÍDO SÃO PAULO","0,24","CAIXA REFERENCIAL"]
["92138","CAMINHONETE COM MOTOR A DIESEL, POTÊNCIA 180 CV, CABINE DUPLA, 4X4 - CHP DIURNO. AF_11/2015","CHP","COEFICIENTE DE REPRESENTATIVIDADE","76,95","CAIXA REFERENCIAL"]
["92145","CAMINHONETE CABINE SIMPLES COM MOTOR 1.6 FLEX, CÂMBIO MANUAL, POTÊNCIA 101/104 CV, 2 PORTAS - CHP DIURNO. AF_11/2015","CHP","COEFICIENTE DE REPRESENTATIVIDADE","70,41","CAIXA REFERENCIAL"]
["92242","CAMINHÃO DE TRANSPORTE DE MATERIAL ASFÁLTICO 20.000 L, COM CAVALO MECÂNICO DE CAPACIDADE MÁXIMA DE TRAÇÃO COMBINADO DE 45.000 KG, POTÊNCIA 330 CV, INCLUSIVE TANQUE DE ASFALTO COM MAÇARICO - CHP DIURNO. AF_12/2015","CHP","ATRIBUÍDO SÃO PAULO","307,38","CAIXA REFERENCIAL"]
["92716","APARELHO PARA CORTE E SOLDA OXI-ACETILENO SOBRE RODAS, INCLUSIVE CILINDROS E MAÇARICOS - CHP DIURNO. AF_12/2015","CHP","COEFICIENTE DE REPRESENTATIVIDADE","23,42","CAIXA REFERENCIAL"]
["92960","MÁQUINA EXTRUSORA DE CONCRETO PARA GUIAS E SARJETAS, MOTOR A DIESEL, POTÊNCIA 14 CV - CHP DIURNO. AF_12/2015","CHP","ATRIBUÍDO SÃO PAULO","15,89","CAIXA REFERENCIAL"]
["92966","MARTELO PERFURADOR PNEUMÁTICO MANUAL, HASTE 25 X 75 MM, 21 KG - CHP DIURNO. AF_12/2015","CHP","ATRIBUÍDO SÃO PAULO","17,66","CAIXA REFERENCIAL"]
["93224","PERFURATRIZ COM TORRE METÁLICA PARA EXECUÇÃO DE ESTACA HÉLICE CONTÍNUA, PROFUNDIDADE MÁXIMA DE 32 M, DIÂMETRO MÁXIMO DE 1000 MM, POTÊNCIA INSTALADA DE 350 HP, MESA ROTATIVA COM TORQUE MÁXIMO DE 263 KNM - CHP DIURNO. AF_01/2016","CHP","COEFICIENTE DE REPRESENTATIVIDADE","969,37","CAIXA REFERENCIAL"]
["93233","BETONEIRA CAPACIDADE NOMINAL 400 L, CAPACIDADE DE MISTURA 310 L, MOTOR A GASOLINA POTÊNCIA 5,5 HP, SEM CARREGADOR - CHP DIURNO. AF_02/2016","CHP","ATRIBUÍDO SÃO PAULO","9,73","CAIXA REFERENCIAL"]
["93272","GRUA ASCENSIONAL, LANCA DE 30 M, CAPACIDADE DE 1,0 T A 30 M, ALTURA ATE 39 M - CHP DIURNO. AF_03/2016","CHP","ATRIBUÍDO SÃO PAULO","130,14","CAIXA REFERENCIAL"]
["93281","GUINCHO ELÉTRICO DE COLUNA, CAPACIDADE 400 KG, COM MOTO FREIO, MOTOR TRIFÁSICO DE 1,25 CV - CHP DIURNO. AF_03/2016","CHP","ATRIBUÍDO SÃO PAULO","22,54","CAIXA REFERENCIAL"]
["93287","GUINDASTE HIDRÁULICO AUTOPROPELIDO, COM LANÇA TELESCÓPICA 40 M, CAPACIDADE MÁXIMA 60 T, POTÊNCIA 260 KW - CHP DIURNO. AF_03/2016","CHP","ATRIBUÍDO SÃO PAULO","470,92","CAIXA REFERENCIAL"]
["93402","GUINDAUTO HIDRÁULICO, CAPACIDADE MÁXIMA DE CARGA 3300 KG, MOMENTO MÁXIMO DE CARGA 5,8 TM, ALCANCE MÁXIMO HORIZONTAL 7,60 M, INCLUSIVE CAMINHÃO TOCO PBT 16.000 KG, POTÊNCIA DE 189 CV - CHP DIURNO. AF_03/2016","CHP","ATRIBUÍDO SÃO PAULO","185,85","CAIXA REFERENCIAL"]
["93408","MÁQUINA JATO DE PRESSAO PORTÁTIL, CAMARA DE 1 SAIDA, CAPACIDADE 280 L, DIAMETRO 670 MM, BICO DE JATO CURTO VENTURI DE 5/16'' , MANGUEIRA DE 1'' COM COMPRESSOR DE AR REBOCÁVEL 189 PCM E MOTOR DIESEL 63 CV - CHP DIURNO. AF_03/2016","CHP","ATRIBUÍDO SÃO PAULO","74,37","CAIXA REFERENCIAL"]
["93415","GERADOR PORTÁTIL MONOFÁSICO, POTÊNCIA 5500 VA, MOTOR A GASOLINA, POTÊNCIA DO MOTOR 13 CV - CHP DIURNO. AF_03/2016","CHP","ATRIBUÍDO SÃO PAULO","15,82","CAIXA REFERENCIAL"]
["93421","GRUPO GERADOR REBOCÁVEL, POTÊNCIA 66 KVA, MOTOR A DIESEL - CHP DIURNO. AF_03/2016","CHP","ATRIBUÍDO SÃO PAULO","56,67","CAIXA REFERENCIAL"]
["93427","GRUPO GERADOR ESTACIONÁRIO, POTÊNCIA 150 KVA, MOTOR A DIESEL- CHP DIURNO. AF_03/2016","CHP","ATRIBUÍDO SÃO PAULO","129,81","CAIXA REFERENCIAL"]
["93433","USINA DE MISTURA ASFÁLTICA À QUENTE, TIPO CONTRA FLUXO, PROD 40 A 80 TON/HORA - CHP DIURNO. AF_03/2016","CHP","ATRIBUÍDO SÃO PAULO","2.533,42","CAIXA REFERENCIAL"]
["93439","USINA DE ASFALTO À FRIO, CAPACIDADE DE 40 A 60 TON/HORA, ELÉTRICA POTÊNCIA 30 CV - CHP DIURNO. AF_03/2016","CHP","ATRIBUÍDO SÃO PAULO","123,08","CAIXA REFERENCIAL"]
["95121","USINA MISTURADORA DE SOLOS, CAPACIDADE DE 200 A 500 TON/H, POTENCIA 75KW - CHP DIURNO. AF_07/2016","CHP","ATRIBUÍDO SÃO PAULO","263,73","CAIXA REFERENCIAL"]
["95127","DISTRIBUIDOR DE AGREGADOS AUTOPROPELIDO, CAP 3 M3, A DIESEL, POTÊNCIA 176CV - CHP DIURNO. AF_07/2016","CHP","ATRIBUÍDO SÃO PAULO","174,19","CAIXA REFERENCIAL"]
["95133","MÁQUINA DEMARCADORA DE FAIXA DE TRÁFEGO À FRIO, AUTOPROPELIDA, POTÊNCIA 38 HP - CHP DIURNO. AF_07/2016","CHP","ATRIBUÍDO SÃO PAULO","139,83","CAIXA REFERENCIAL"]
["95139","TALHA MANUAL DE CORRENTE, CAPACIDADE DE 2 TON. COM ELEVAÇÃO DE 3 M - CHP DIURNO. AF_07/2016","CHP","ATRIBUÍDO SÃO PAULO","0,06","CAIXA REFERENCIAL"]
["95212","GRUA ASCENCIONAL, LANCA DE 42 M, CAPACIDADE DE 1,5 T A 30 M, ALTURA ATE 39 M - CHP DIURNO. AF_08/2016","CHP","ATRIBUÍDO SÃO PAULO","141,56","CAIXA REFERENCIAL"]
["95258","MARTELO DEMOLIDOR PNEUMÁTICO MANUAL, 32 KG - CHP DIURNO. AF_09/2016","CHP","ATRIBUÍDO SÃO PAULO","17,19","CAIXA REFERENCIAL"]
["95264","COMPACTADOR DE SOLOS DE PERCUSÃO (SOQUETE) COM MOTOR A GASOLINA, POTÊNCIA 3 CV - CHP DIURNO. AF_09/2016","CHP","ATRIBUÍDO SÃO PAULO","6,76","CAIXA REFERENCIAL"]
["95270","RÉGUA VIBRATÓRIA DUPLA PARA CONCRETO, PESO DE 60KG, COMPRIMENTO 4 M, COM MOTOR A GASOLINA, POTÊNCIA 5,5 HP - CHP DIURNO. AF_09/2016","CHP","ATRIBUÍDO SÃO PAULO","9,83","CAIXA REFERENCIAL"]
["95276","POLIDORA DE PISO (POLITRIZ), PESO DE 100KG, DIÂMETRO 450 MM, MOTOR ELÉTRICO, POTÊNCIA 4 HP - CHP DIURNO. AF_09/2016","CHP","ATRIBUÍDO SÃO PAULO","3,13","CAIXA REFERENCIAL"]
["95282","DESEMPENADEIRA DE CONCRETO, PESO DE 75KG, 4 PÁS, MOTOR A GASOLINA, POTÊNCIA 5,5 HP - CHP DIURNO. AF_09/2016","CHP","ATRIBUÍDO SÃO PAULO","9,81","CAIXA REFERENCIAL"]
["95620","PERFURATRIZ PNEUMATICA MANUAL DE PESO MEDIO, MARTELETE, 18KG, COMPRIMENTO MÁXIMO DE CURSO DE 6 M, DIAMETRO DO PISTAO DE 5,5 CM - CHP DIURNO. AF_11/2016","CHP","ATRIBUÍDO SÃO PAULO","16,67","CAIXA REFERENCIAL"]
["95631","ROLO COMPACTADOR VIBRATORIO TANDEM, ACO LISO, POTENCIA 125 HP, PESO SEM/COM LASTRO 10,20/11,65 T, LARGURA DE TRABALHO 1,73 M - CHP DIURNO. AF_11/2016","CHP","ATRIBUÍDO SÃO PAULO","171,30","CAIXA REFERENCIAL"]
["95702","PERFURATRIZ MANUAL, TORQUE MAXIMO 55 KGF.M, POTENCIA 5 CV, COM DIAMETRO MAXIMO 8 1/2\" - CHP DIURNO. AF_11/2016","CHP","ATRIBUÍDO SÃO PAULO","36,88","CAIXA REFERENCIAL"]
["95708","PERFURATRIZ SOBRE ESTEIRA, TORQUE MÁXIMO 600 KGF, POTÊNCIA ENTRE 50 E 60 HP, DIÂMETRO MÁXIMO 10\u0094 - CHP DIURNO. AF_11/2016","CHP","COEFICIENTE DE REPRESENTATIVIDADE","167,28","CAIXA REFERENCIAL"]
["95714","ESCAVADEIRA HIDRAULICA SOBRE ESTEIRA, COM GARRA GIRATORIA DE MANDIBULAS, PESO OPERACIONAL ENTRE 22,00 E 25,50 TON, POTENCIA LIQUIDA ENTRE 150 E 160 HP - CHP DIURNO. AF_11/2016","CHP","COEFICIENTE DE REPRESENTATIVIDADE","226,90","CAIXA REFERENCIAL"]
["95720","ESCAVADEIRA HIDRAULICA SOBRE ESTEIRA, EQUIPADA COM CLAMSHELL, COM CAPACIDADE DA CAÇAMBA ENTRE 1,20 E 1,50 M3, PESO OPERACIONAL ENTRE 20,00 E 22,00 TON, POTENCIA LIQUIDA ENTRE 150 E 160 HP - CHP DIURNO. AF_11/2016","CHP","COEFICIENTE DE REPRESENTATIVIDADE","221,93","CAIXA REFERENCIAL"]
["95872","GRUPO GERADOR COM CARENAGEM, MOTOR DIESEL POTÊNCIA STANDART ENTRE 250 E 260 KVA - CHP DIURNO. AF_12/2016","CHP","ATRIBUÍDO SÃO PAULO","220,29","CAIXA REFERENCIAL"]
["96013","TRATOR DE PNEUS COM POTÊNCIA DE 122 CV, TRAÇÃO 4X4, COM VASSOURA MECÂNICA ACOPLADA - CHP DIURNO. AF_02/2017","CHP","ATRIBUÍDO SÃO PAULO","201,17","CAIXA REFERENCIAL"]
["96020","TRATOR DE PNEUS COM POTÊNCIA DE 122 CV, TRAÇÃO 4X4, COM GRADE DE DISCOS ACOPLADA - CHP DIURNO. AF_02/2017","CHP","ATRIBUÍDO SÃO PAULO","200,62","CAIXA REFERENCIAL"]
["96028","TRATOR DE PNEUS COM POTÊNCIA DE 85 CV, TRAÇÃO 4X4, COM GRADE DE DISCOS ACOPLADA - CHP DIURNO. AF_02/2017","CHP","ATRIBUÍDO SÃO PAULO","151,78","CAIXA REFERENCIAL"]
["96035","CAMINHÃO BASCULANTE 10 M3, TRUCADO, POTÊNCIA 230 CV, INCLUSIVE CAÇAMBA METÁLICA, COM DISTRIBUIDOR DE AGREGADOS ACOPLADO - CHP DIURNO. AF_02/2017","CHP","ATRIBUÍDO SÃO PAULO","202,41","CAIXA REFERENCIAL"]
["96157","TRATOR DE PNEUS COM POTÊNCIA DE 85 CV, TRAÇÃO 4X4, COM VASSOURA MECÂNICA ACOPLADA - CHP DIURNO. AF_03/2017","CHP","ATRIBUÍDO SÃO PAULO","152,33","CAIXA REFERENCIAL"]
["96158","MINICARREGADEIRA SOBRE RODAS POTENCIA 47HP CAPACIDADE OPERACAO 646 KG, COM VASSOURA MECÂNICA ACOPLADA - CHP DIURNO. AF_03/2017","CHP","ATRIBUÍDO SÃO PAULO","113,71","CAIXA REFERENCIAL"]
["96245","MINIESCAVADEIRA SOBRE ESTEIRAS, POTENCIA LIQUIDA DE *30* HP, PESO OPERACIONAL DE *3.500* KG - CHP DIURNO. AF_04/2017","CHP","ATRIBUÍDO SÃO PAULO","77,21","CAIXA REFERENCIAL"]
["96463","ROLO COMPACTADOR DE PNEUS, ESTATICO, PRESSAO VARIAVEL, POTENCIA 110 HP, PESO SEM/COM LASTRO 10,8/27 T, LARGURA DE ROLAGEM 2,30 M - CHP DIURNO. AF_06/2017","CHP","ATRIBUÍDO SÃO PAULO","161,17","CAIXA REFERENCIAL"]
["98764","INVERSOR DE SOLDA MONOFÁSICO DE 160 A, POTÊNCIA DE 5400 W, TENSÃO DE 220 V, PARA SOLDA COM ELETRODOS DE 2,0 A 4,0 MM E PROCESSO TIG - CHP DIURNO. AF_06/2018","CHP","COEFICIENTE DE REPRESENTATIVIDADE","4,36","CAIXA REFERENCIAL"]
["99833","LAVADORA DE ALTA PRESSAO (LAVA-JATO) PARA AGUA FRIA, PRESSAO DE OPERACAO ENTRE 1400 E 1900 LIB/POL2, VAZAO MAXIMA ENTRE 400 E 700 L/H - CHP DIURNO. AF_04/2019","CHP","COEFICIENTE DE REPRESENTATIVIDADE","1,43","CAIXA REFERENCIAL"]
["100641","USINA DE MISTURA ASFÁLTICA À QUENTE, TIPO CONTRA FLUXO, PROD 100 A 140 TON/HORA - CHP DIURNO. AF_12/2019","CHP","ATRIBUÍDO SÃO PAULO","569,77","CAIXA REFERENCIAL"]
["100647","USINA DE ASFALTO, TIPO GRAVIMÉTRICA, PROD 150 TON/HORA - CHP DIURNO. AF_12/2019","CHP","ATRIBUÍDO SÃO PAULO","1.203,82","CAIXA REFERENCIAL"]
["102275","MARTELO DEMOLIDOR ELÉTRICO, COM POTÊNCIA DE 2.000 W, 1.000 IMPACTOS POR MINUTO, PESO DE 30 KG - CHP DIURNO. AF_01/2021","CHP","ATRIBUÍDO SÃO PAULO","17,23","CAIXA REFERENCIAL"]
["5632","ESCAVADEIRA HIDRÁULICA SOBRE ESTEIRAS, CAÇAMBA 0,80 M3, PESO OPERACIONAL 17 T, POTENCIA BRUTA 111 HP - CHI DIURNO. AF_06/2014","CHI","COLETADO","79,59","CAIXA REFERENCIAL"]
["5679","RETROESCAVADEIRA SOBRE RODAS COM CARREGADEIRA, TRAÇÃO 4X4, POTÊNCIA LÍQ. 88 HP, CAÇAMBA CARREG. CAP. MÍN. 1 M3, CAÇAMBA RETRO CAP. 0,26 M3, PESO OPERACIONAL MÍN. 6.674 KG, PROFUNDIDADE ESCAVAÇÃO MÁX. 4,37 M - CHI DIURNO. AF_06/2014","CHI","COEFICIENTE DE REPRESENTATIVIDADE","53,54","CAIXA REFERENCIAL"]
["5681","RETROESCAVADEIRA SOBRE RODAS COM CARREGADEIRA, TRAÇÃO 4X2, POTÊNCIA LÍQ. 79 HP, CAÇAMBA CARREG. CAP. MÍN. 1 M3, CAÇAMBA RETRO CAP. 0,20 M3, PESO OPERACIONAL MÍN. 6.570 KG, PROFUNDIDADE ESCAVAÇÃO MÁX. 4,37 M - CHI DIURNO. AF_06/2014","CHI","COEFICIENTE DE REPRESENTATIVIDADE","50,44","CAIXA REFERENCIAL"]
["5685","ROLO COMPACTADOR VIBRATÓRIO DE UM CILINDRO AÇO LISO, POTÊNCIA 80 HP, PESO OPERACIONAL MÁXIMO 8,1 T, IMPACTO DINÂMICO 16,15 / 9,5 T, LARGURA DE TRABALHO 1,68 M - CHI DIURNO. AF_06/2014","CHI","ATRIBUÍDO SÃO PAULO","46,37","CAIXA REFERENCIAL"]
["5690","GRADE DE DISCO CONTROLE REMOTO REBOCÁVEL, COM 24 DISCOS 24\u0094 X 6 MM COM PNEUS PARA TRANSPORTE - CHI DIURNO. AF_06/2014","CHI","ATRIBUÍDO SÃO PAULO","4,40","CAIXA REFERENCIAL"]
["5806","MOTOBOMBA CENTRÍFUGA, MOTOR A GASOLINA, POTÊNCIA 5,42 HP, BOCAIS 1 1/2\" X 1\", DIÂMETRO ROTOR 143 MM HM/Q = 6 MCA / 16,8 M3/H A 38 MCA / 6,6 M3/H - CHI DIURNO. AF_06/2014","CHI","COEFICIENTE DE REPRESENTATIVIDADE","0,21","CAIXA REFERENCIAL"]
["5826","CAMINHÃO TOCO, PBT 16.000 KG, CARGA ÚTIL MÁX. 10.685 KG, DIST. ENTRE EIXOS 4,8 M, POTÊNCIA 189 CV, INCLUSIVE CARROCERIA FIXA ABERTA DE MADEIRA P/ TRANSPORTE GERAL DE CARGA SECA, DIMEN. APROX. 2,5 X 7,00 X 0,50 M - CHI DIURNO. AF_06/2014","CHI","ATRIBUÍDO SÃO PAULO","36,02","CAIXA REFERENCIAL"]
["5829","USINA DE CONCRETO FIXA, CAPACIDADE NOMINAL DE 90 A 120 M3/H, SEM SILO - CHI DIURNO. AF_07/2016","CHI","ATRIBUÍDO SÃO PAULO","121,43","CAIXA REFERENCIAL"]
["5837","VIBROACABADORA DE ASFALTO SOBRE ESTEIRAS, LARGURA DE PAVIMENTAÇÃO 1,90 M A 5,30 M, POTÊNCIA 105 HP CAPACIDADE 450 T/H - CHI DIURNO. AF_11/2014","CHI","ATRIBUÍDO SÃO PAULO","130,84","CAIXA REFERENCIAL"]
["5841","VASSOURA MECÂNICA REBOCÁVEL COM ESCOVA CILÍNDRICA, LARGURA ÚTIL DE VARRIMENTO DE 2,44 M - CHI DIURNO. AF_06/2014","CHI","ATRIBUÍDO SÃO PAULO","5,06","CAIXA REFERENCIAL"]
["5845","TRATOR DE PNEUS, POTÊNCIA 122 CV, TRAÇÃO 4X4, PESO COM LASTRO DE 4.510 KG - CHI DIURNO. AF_06/2014","CHI","ATRIBUÍDO SÃO PAULO","44,19","CAIXA REFERENCIAL"]
["5849","TRATOR DE ESTEIRAS, POTÊNCIA 170 HP, PESO OPERACIONAL 19 T, CAÇAMBA 5,2 M3 - CHI DIURNO. AF_06/2014","CHI","ATRIBUÍDO SÃO PAULO","64,67","CAIXA REFERENCIAL"]
["5853","TRATOR DE ESTEIRAS, POTÊNCIA 150 HP, PESO OPERACIONAL 16,7 T, COM RODA MOTRIZ ELEVADA E LÂMINA 3,18 M3 - CHI DIURNO. AF_06/2014","CHI","ATRIBUÍDO SÃO PAULO","64,92","CAIXA REFERENCIAL"]
["5857","TRATOR DE ESTEIRAS, POTÊNCIA 347 HP, PESO OPERACIONAL 38,5 T, COM LÂMINA 8,70 M3 - CHI DIURNO. AF_06/2014","CHI","ATRIBUÍDO SÃO PAULO","152,47","CAIXA REFERENCIAL"]
["5865","ROLO COMPACTADOR VIBRATÓRIO REBOCÁVEL, CILINDRO DE AÇO LISO, POTÊNCIA DE TRAÇÃO DE 65 CV, PESO 4,7 T, IMPACTO DINÂMICO 18,3 T, LARGURA DE TRABALHO 1,67 M - CHI DIURNO. AF_02/2016","CHI","ATRIBUÍDO SÃO PAULO","8,06","CAIXA REFERENCIAL"]
["5869","ROLO COMPACTADOR VIBRATÓRIO TANDEM AÇO LISO, POTÊNCIA 58 HP, PESO SEM/COM LASTRO 6,5 / 9,4 T, LARGURA DE TRABALHO 1,2 M - CHI DIURNO. AF_06/2014","CHI","ATRIBUÍDO SÃO PAULO","52,46","CAIXA REFERENCIAL"]
["5877","RETROESCAVADEIRA SOBRE RODAS COM CARREGADEIRA, TRAÇÃO 4X4, POTÊNCIA LÍQ. 72 HP, CAÇAMBA CARREG. CAP. MÍN. 0,79 M3, CAÇAMBA RETRO CAP. 0,18 M3, PESO OPERACIONAL MÍN. 7.140 KG, PROFUNDIDADE ESCAVAÇÃO MÁX. 4,50 M - CHI DIURNO. AF_06/2014","CHI","COLETADO","52,56","CAIXA REFERENCIAL"]
["5881","ROLO COMPACTADOR VIBRATÓRIO PÉ DE CARNEIRO, OPERADO POR CONTROLE REMOTO, POTÊNCIA 12,5 KW, PESO OPERACIONAL 1,675 T, LARGURA DE TRABALHO 0,85 M - CHI DIURNO. AF_02/2016","CHI","ATRIBUÍDO SÃO PAULO","56,16","CAIXA REFERENCIAL"]
["5884","USINA DE LAMA ASFÁLTICA, PROD 30 A 50 T/H, SILO DE AGREGADO 7 M3, RESERVATÓRIOS PARA EMULSÃO E ÁGUA DE 2,3 M3 CADA, MISTURADOR TIPO PUG MILL A SER MONTADO SOBRE CAMINHÃO - CHI DIURNO. AF_10/2014","CHI","ATRIBUÍDO SÃO PAULO","41,79","CAIXA REFERENCIAL"]
["5892","CAMINHÃO TOCO, PESO BRUTO TOTAL 14.300 KG, CARGA ÚTIL MÁXIMA 9590 KG, DISTÂNCIA ENTRE EIXOS 4,76 M, POTÊNCIA 185 CV (NÃO INCLUI CARROCERIA) - CHI DIURNO. AF_06/2014","CHI","ATRIBUÍDO SÃO PAULO","37,29","CAIXA REFERENCIAL"]
["5896","CAMINHÃO TOCO, PESO BRUTO TOTAL 16.000 KG, CARGA ÚTIL MÁXIMA DE 10.685 KG, DISTÂNCIA ENTRE EIXOS 4,80 M, POTÊNCIA 189 CV EXCLUSIVE CARROCERIA - CHI DIURNO. AF_06/2014","CHI","ATRIBUÍDO SÃO PAULO","34,83","CAIXA REFERENCIAL"]
["5903","CAMINHÃO PIPA 10.000 L TRUCADO, PESO BRUTO TOTAL 23.000 KG, CARGA ÚTIL MÁXIMA 15.935 KG, DISTÂNCIA ENTRE EIXOS 4,8 M, POTÊNCIA 230 CV, INCLUSIVE TANQUE DE AÇO PARA TRANSPORTE DE ÁGUA - CHI DIURNO. AF_06/2014","CHI","ATRIBUÍDO SÃO PAULO","44,95","CAIXA REFERENCIAL"]
["5911","ESPARGIDOR DE ASFALTO PRESSURIZADO COM TANQUE DE 2500 L, REBOCÁVEL COM MOTOR A GASOLINA POTÊNCIA 3,4 HP - CHI DIURNO. AF_07/2014","CHI","ATRIBUÍDO SÃO PAULO","20,10","CAIXA REFERENCIAL"]
["5923","GRADE DE DISCO REBOCÁVEL COM 20 DISCOS 24\" X 6 MM COM PNEUS PARA TRANSPORTE - CHI DIURNO. AF_06/2014","CHI","ATRIBUÍDO SÃO PAULO","3,45","CAIXA REFERENCIAL"]
["5930","GUINDAUTO HIDRÁULICO, CAPACIDADE MÁXIMA DE CARGA 6200 KG, MOMENTO MÁXIMO DE CARGA 11,7 TM, ALCANCE MÁXIMO HORIZONTAL 9,70 M, INCLUSIVE CAMINHÃO TOCO PBT 16.000 KG, POTÊNCIA DE 189 CV - CHI DIURNO. AF_06/2014","CHI","ATRIBUÍDO SÃO PAULO","42,94","CAIXA REFERENCIAL"]
["5934","MOTONIVELADORA POTÊNCIA BÁSICA LÍQUIDA (PRIMEIRA MARCHA) 125 HP, PESO BRUTO 13032 KG, LARGURA DA LÂMINA DE 3,7 M - CHI DIURNO. AF_06/2014","CHI","COEFICIENTE DE REPRESENTATIVIDADE","74,85","CAIXA REFERENCIAL"]
["5942","PÁ CARREGADEIRA SOBRE RODAS, POTÊNCIA LÍQUIDA 128 HP, CAPACIDADE DA CAÇAMBA 1,7 A 2,8 M3, PESO OPERACIONAL 11632 KG - CHI DIURNO. AF_06/2014","CHI","COEFICIENTE DE REPRESENTATIVIDADE","60,79","CAIXA REFERENCIAL"]
["5946","PÁ CARREGADEIRA SOBRE RODAS, POTÊNCIA 197 HP, CAPACIDADE DA CAÇAMBA 2,5 A 3,5 M3, PESO OPERACIONAL 18338 KG - CHI DIURNO. AF_06/2014","CHI","COEFICIENTE DE REPRESENTATIVIDADE","75,29","CAIXA REFERENCIAL"]
["5952","MARTELETE OU ROMPEDOR PNEUMÁTICO MANUAL, 28 KG, COM SILENCIADOR - CHI DIURNO. AF_07/2016","CHI","ATRIBUÍDO SÃO PAULO","15,84","CAIXA REFERENCIAL"]
["5954","COMPRESSOR DE AR REBOCÁVEL, VAZÃO 189 PCM, PRESSÃO EFETIVA DE TRABALHO 102 PSI, MOTOR DIESEL, POTÊNCIA 63 CV - CHI DIURNO. AF_06/2015","CHI","ATRIBUÍDO SÃO PAULO","3,92","CAIXA REFERENCIAL"]
["5961","CAMINHÃO BASCULANTE 6 M3, PESO BRUTO TOTAL 16.000 KG, CARGA ÚTIL MÁXIMA 13.071 KG, DISTÂNCIA ENTRE EIXOS 4,80 M, POTÊNCIA 230 CV INCLUSIVE CAÇAMBA METÁLICA - CHI DIURNO. AF_06/2014","CHI","ATRIBUÍDO SÃO PAULO","43,22","CAIXA REFERENCIAL"]
["6260","CAMINHÃO PIPA 6.000 L, PESO BRUTO TOTAL 13.000 KG, DISTÂNCIA ENTRE EIXOS 4,80 M, POTÊNCIA 189 CV INCLUSIVE TANQUE DE AÇO PARA TRANSPORTE DE ÁGUA, CAPACIDADE 6 M3 - CHI DIURNO. AF_06/2014","CHI","ATRIBUÍDO SÃO PAULO","39,85","CAIXA REFERENCIAL"]
["6880","ROLO COMPACTADOR DE PNEUS ESTÁTICO, PRESSÃO VARIÁVEL, POTÊNCIA 111 HP, PESO SEM/COM LASTRO 9,5 / 26 T, LARGURA DE TRABALHO 1,90 M - CHI DIURNO. AF_07/2014","CHI","ATRIBUÍDO SÃO PAULO","61,41","CAIXA REFERENCIAL"]
["7031","TANQUE DE ASFALTO ESTACIONÁRIO COM SERPENTINA, CAPACIDADE 30.000 L - CHI DIURNO. AF_06/2014","CHI","ATRIBUÍDO SÃO PAULO","6,00","CAIXA REFERENCIAL"]
["7043","MOTOBOMBA TRASH (PARA ÁGUA SUJA) AUTO ESCORVANTE, MOTOR GASOLINA DE 6,41 HP, DIÂMETROS DE SUCÇÃO X RECALQUE: 3\" X 3\", HM/Q = 10 MCA / 60 M3/H A 23 MCA / 0 M3/H - CHI DIURNO. AF_10/2014","CHI","COEFICIENTE DE REPRESENTATIVIDADE","0,26","CAIXA REFERENCIAL"]
["7050","ROLO COMPACTADOR PE DE CARNEIRO VIBRATORIO, POTENCIA 125 HP, PESO OPERACIONAL SEM/COM LASTRO 11,95 / 13,30 T, IMPACTO DINAMICO 38,5 / 22,5 T, LARGURA DE TRABALHO 2,15 M - CHI DIURNO. AF_06/2014","CHI","ATRIBUÍDO SÃO PAULO","56,69","CAIXA REFERENCIAL"]
["67827","CAMINHÃO BASCULANTE 6 M3 TOCO, PESO BRUTO TOTAL 16.000 KG, CARGA ÚTIL MÁXIMA 11.130 KG, DISTÂNCIA ENTRE EIXOS 5,36 M, POTÊNCIA 185 CV, INCLUSIVE CAÇAMBA METÁLICA - CHI DIURNO. AF_06/2014","CHI","ATRIBUÍDO SÃO PAULO","42,21","CAIXA REFERENCIAL"]
["73395","GRUPO GERADOR ESTACIONÁRIO, MOTOR DIESEL POTÊNCIA 170 KVA - CHI DIURNO. AF_02/2016","CHI","ATRIBUÍDO SÃO PAULO","5,24","CAIXA REFERENCIAL"]
["83766","GRUPO DE SOLDAGEM COM GERADOR A DIESEL 60 CV PARA SOLDA ELÉTRICA, SOBRE 04 RODAS, COM MOTOR 4 CILINDROS 600 A - CHI DIURNO. AF_02/2016","CHI","ATRIBUÍDO SÃO PAULO","33,11","CAIXA REFERENCIAL"]
["84013","ESCAVADEIRA HIDRÁULICA SOBRE ESTEIRAS, CAÇAMBA 0,80 M3, PESO OPERACIONAL 17,8 T, POTÊNCIA LÍQUIDA 110 HP - CHI DIURNO. AF_10/2014","CHI","COEFICIENTE DE REPRESENTATIVIDADE","77,10","CAIXA REFERENCIAL"]
["87446","BETONEIRA CAPACIDADE NOMINAL 400 L, CAPACIDADE DE MISTURA 310 L, MOTOR A DIESEL POTÊNCIA 5,0 HP, SEM CARREGADOR - CHI DIURNO. AF_06/2014","CHI","ATRIBUÍDO SÃO PAULO","0,49","CAIXA REFERENCIAL"]
["88392","MISTURADOR DE ARGAMASSA, EIXO HORIZONTAL, CAPACIDADE DE MISTURA 300 KG, MOTOR ELÉTRICO POTÊNCIA 5 CV - CHI DIURNO. AF_06/2014","CHI","ATRIBUÍDO SÃO PAULO","0,95","CAIXA REFERENCIAL"]
["88398","MISTURADOR DE ARGAMASSA, EIXO HORIZONTAL, CAPACIDADE DE MISTURA 600 KG, MOTOR ELÉTRICO POTÊNCIA 7,5 CV - CHI DIURNO. AF_06/2014","CHI","ATRIBUÍDO SÃO PAULO","1,14","CAIXA REFERENCIAL"]
["88404","MISTURADOR DE ARGAMASSA, EIXO HORIZONTAL, CAPACIDADE DE MISTURA 160 KG, MOTOR ELÉTRICO POTÊNCIA 3 CV - CHI DIURNO. AF_06/2014","CHI","ATRIBUÍDO SÃO PAULO","0,90","CAIXA REFERENCIAL"]
["88430","PROJETOR DE ARGAMASSA, CAPACIDADE DE PROJEÇÃO 1,5 M3/H, ALCANCE DE 30 ATÉ 60 M, MOTOR ELÉTRICO POTÊNCIA 7,5 HP - CHI DIURNO. AF_06/2014","CHI","ATRIBUÍDO SÃO PAULO","5,89","CAIXA REFERENCIAL"]
["88438","PROJETOR DE ARGAMASSA, CAPACIDADE DE PROJEÇÃO 2 M3/H, ALCANCE ATÉ 50 M, MOTOR ELÉTRICO POTÊNCIA 7,5 HP - CHI DIURNO. AF_06/2014","CHI","ATRIBUÍDO SÃO PAULO","7,82","CAIXA REFERENCIAL"]
["88831","BETONEIRA CAPACIDADE NOMINAL DE 400 L, CAPACIDADE DE MISTURA 280 L, MOTOR ELÉTRICO TRIFÁSICO POTÊNCIA DE 2 CV, SEM CARREGADOR - CHI DIURNO. AF_10/2014","CHI","ATRIBUÍDO SÃO PAULO","0,35","CAIXA REFERENCIAL"]
["88844","TRATOR DE ESTEIRAS, POTÊNCIA 125 HP, PESO OPERACIONAL 12,9 T, COM LÂMINA 2,7 M3 - CHI DIURNO. AF_10/2014","CHI","ATRIBUÍDO SÃO PAULO","57,49","CAIXA REFERENCIAL"]
["88908","ESCAVADEIRA HIDRÁULICA SOBRE ESTEIRAS, CAÇAMBA 1,20 M3, PESO OPERACIONAL 21 T, POTÊNCIA BRUTA 155 HP - CHI DIURNO. AF_06/2014","CHI","COEFICIENTE DE REPRESENTATIVIDADE","85,66","CAIXA REFERENCIAL"]
["89022","BOMBA SUBMERSÍVEL ELÉTRICA TRIFÁSICA, POTÊNCIA 2,96 HP, Ø ROTOR 144 MM SEMI-ABERTO, BOCAL DE SAÍDA Ø 2\u0094, HM/Q = 2 MCA / 38,8 M3/H A 28 MCA / 5 M3/H - CHI DIURNO. AF_06/2014","CHI","ATRIBUÍDO SÃO PAULO","0,31","CAIXA REFERENCIAL"]
["89027","TANQUE DE ASFALTO ESTACIONÁRIO COM MAÇARICO, CAPACIDADE 20.000 L - CHI DIURNO. AF_06/2014","CHI","ATRIBUÍDO SÃO PAULO","4,87","CAIXA REFERENCIAL"]
["89031","TRATOR DE ESTEIRAS, POTÊNCIA 100 HP, PESO OPERACIONAL 9,4 T, COM LÂMINA 2,19 M3 - CHI DIURNO. AF_06/2014","CHI","ATRIBUÍDO SÃO PAULO","56,11","CAIXA REFERENCIAL"]
["89036","TRATOR DE PNEUS, POTÊNCIA 85 CV, TRAÇÃO 4X4, PESO COM LASTRO DE 4.675 KG - CHI DIURNO. AF_06/2014","CHI","ATRIBUÍDO SÃO PAULO","39,45","CAIXA REFERENCIAL"]
["89218","BATE-ESTACAS POR GRAVIDADE, POTÊNCIA DE 160 HP, PESO DO MARTELO ATÉ 3 TONELADAS - CHI DIURNO. AF_11/2014","CHI","ATRIBUÍDO SÃO PAULO","79,45","CAIXA REFERENCIAL"]
["89226","BETONEIRA CAPACIDADE NOMINAL DE 600 L, CAPACIDADE DE MISTURA 360 L, MOTOR ELÉTRICO TRIFÁSICO POTÊNCIA DE 4 CV, SEM CARREGADOR - CHI DIURNO. AF_11/2014","CHI","ATRIBUÍDO SÃO PAULO","1,46","CAIXA REFERENCIAL"]
["89235","FRESADORA DE ASFALTO A FRIO SOBRE RODAS, LARGURA FRESAGEM DE 1,0 M, POTÊNCIA 208 HP - CHI DIURNO. AF_11/2014","CHI","ATRIBUÍDO SÃO PAULO","170,10","CAIXA REFERENCIAL"]
["89243","FRESADORA DE ASFALTO A FRIO SOBRE RODAS, LARGURA FRESAGEM DE 2,0 M, POTÊNCIA 550 HP - CHI DIURNO. AF_11/2014","CHI","ATRIBUÍDO SÃO PAULO","364,51","CAIXA REFERENCIAL"]
["89251","RECICLADORA DE ASFALTO A FRIO SOBRE RODAS, LARGURA FRESAGEM DE 2,0 M, POTÊNCIA 422 HP - CHI DIURNO. AF_11/2014","CHI","ATRIBUÍDO SÃO PAULO","319,96","CAIXA REFERENCIAL"]
["89258","VIBROACABADORA DE ASFALTO SOBRE ESTEIRAS, LARGURA DE PAVIMENTAÇÃO 2,13 M A 4,55 M, POTÊNCIA 100 HP, CAPACIDADE 400 T/H - CHI DIURNO. AF_11/2014","CHI","ATRIBUÍDO SÃO PAULO","111,66","CAIXA REFERENCIAL"]
["89273","GUINDASTE HIDRÁULICO AUTOPROPELIDO, COM LANÇA TELESCÓPICA 28,80 M, CAPACIDADE MÁXIMA 30 T, POTÊNCIA 97 KW, TRAÇÃO 4 X 4 - CHI DIURNO. AF_11/2014","CHI","ATRIBUÍDO SÃO PAULO","88,75","CAIXA REFERENCIAL"]
["89279","BETONEIRA CAPACIDADE NOMINAL DE 600 L, CAPACIDADE DE MISTURA 440 L, MOTOR A DIESEL POTÊNCIA 10 HP, COM CARREGADOR - CHI DIURNO. AF_11/2014","CHI","ATRIBUÍDO SÃO PAULO","1,79","CAIXA REFERENCIAL"]
["89877","CAMINHÃO BASCULANTE 14 M3, COM CAVALO MECÂNICO DE CAPACIDADE MÁXIMA DE TRAÇÃO COMBINADO DE 36000 KG, POTÊNCIA 286 CV, INCLUSIVE SEMIREBOQUE COM CAÇAMBA METÁLICA - CHI DIURNO. AF_12/2014","CHI","ATRIBUÍDO SÃO PAULO","57,03","CAIXA REFERENCIAL"]
["89884","CAMINHÃO BASCULANTE 18 M3, COM CAVALO MECÂNICO DE CAPACIDADE MÁXIMA DE TRAÇÃO COMBINADO DE 45000 KG, POTÊNCIA 330 CV, INCLUSIVE SEMIREBOQUE COM CAÇAMBA METÁLICA - CHI DIURNO. AF_12/2014","CHI","ATRIBUÍDO SÃO PAULO","59,13","CAIXA REFERENCIAL"]
["90587","VIBRADOR DE IMERSÃO, DIÂMETRO DE PONTEIRA 45MM, MOTOR ELÉTRICO TRIFÁSICO POTÊNCIA DE 2 CV - CHI DIURNO. AF_06/2015","CHI","ATRIBUÍDO SÃO PAULO","0,36","CAIXA REFERENCIAL"]
["90626","PERFURATRIZ MANUAL, TORQUE MÁXIMO 83 N.M, POTÊNCIA 5 CV, COM DIÂMETRO MÁXIMO 4\" - CHI DIURNO. AF_06/2015","CHI","ATRIBUÍDO SÃO PAULO","2,05","CAIXA REFERENCIAL"]
["90632","PERFURATRIZ SOBRE ESTEIRA, TORQUE MÁXIMO 600 KGF, PESO MÉDIO 1000 KG, POTÊNCIA 20 HP, DIÂMETRO MÁXIMO 10\" - CHI DIURNO. AF_06/2015","CHI","COEFICIENTE DE REPRESENTATIVIDADE","79,73","CAIXA REFERENCIAL"]
["90638","MISTURADOR DUPLO HORIZONTAL DE ALTA TURBULÊNCIA, CAPACIDADE / VOLUME 2 X 500 LITROS, MOTORES ELÉTRICOS MÍNIMO 5 CV CADA, PARA NATA CIMENTO, ARGAMASSA E OUTROS - CHI DIURNO. AF_06/2015","CHI","ATRIBUÍDO SÃO PAULO","4,53","CAIXA REFERENCIAL"]
["90644","BOMBA TRIPLEX, PARA INJEÇÃO DE NATA DE CIMENTO, VAZÃO MÁXIMA DE 100 LITROS/MINUTO, PRESSÃO MÁXIMA DE 70 BAR - CHI DIURNO. AF_06/2015","CHI","ATRIBUÍDO SÃO PAULO","6,77","CAIXA REFERENCIAL"]
["90651","BOMBA CENTRÍFUGA MONOESTÁGIO COM MOTOR ELÉTRICO MONOFÁSICO, POTÊNCIA 15 HP, DIÂMETRO DO ROTOR 173 MM, HM/Q = 30 MCA / 90 M3/H A 45 MCA / 55 M3/H - CHI DIURNO. AF_06/2015","CHI","COEFICIENTE DE REPRESENTATIVIDADE","0,77","CAIXA REFERENCIAL"]
["90657","BOMBA DE PROJEÇÃO DE CONCRETO SECO, POTÊNCIA 10 CV, VAZÃO 3 M3/H - CHI DIURNO. AF_06/2015","CHI","ATRIBUÍDO SÃO PAULO","4,40","CAIXA REFERENCIAL"]
["90663","BOMBA DE PROJEÇÃO DE CONCRETO SECO, POTÊNCIA 10 CV, VAZÃO 6 M3/H - CHI DIURNO. AF_06/2015","CHI","ATRIBUÍDO SÃO PAULO","4,72","CAIXA REFERENCIAL"]
["90669","PROJETOR PNEUMÁTICO DE ARGAMASSA PARA CHAPISCO E REBOCO COM RECIPIENTE ACOPLADO, TIPO CANEQUINHA, COM COMPRESSOR DE AR REBOCÁVEL VAZÃO 89 PCM E MOTOR DIESEL DE 20 CV - CHI DIURNO. AF_06/2015","CHI","ATRIBUÍDO SÃO PAULO","6,22","CAIXA REFERENCIAL"]
["90675","PERFURATRIZ COM TORRE METÁLICA PARA EXECUÇÃO DE ESTACA HÉLICE CONTÍNUA, PROFUNDIDADE MÁXIMA DE 30 M, DIÂMETRO MÁXIMO DE 800 MM, POTÊNCIA INSTALADA DE 268 HP, MESA ROTATIVA COM TORQUE MÁXIMO DE 170 KNM - CHI DIURNO. AF_06/2015","CHI","COEFICIENTE DE REPRESENTATIVIDADE","277,60","CAIXA REFERENCIAL"]
["90681","PERFURATRIZ HIDRÁULICA SOBRE CAMINHÃO COM TRADO CURTO ACOPLADO, PROFUNDIDADE MÁXIMA DE 20 M, DIÂMETRO MÁXIMO DE 1500 MM, POTÊNCIA INSTALADA DE 137 HP, MESA ROTATIVA COM TORQUE MÁXIMO DE 30 KNM - CHI DIURNO. AF_06/2015","CHI","ATRIBUÍDO SÃO PAULO","152,73","CAIXA REFERENCIAL"]
["90687","MANIPULADOR TELESCÓPICO, POTÊNCIA DE 85 HP, CAPACIDADE DE CARGA DE 3.500 KG, ALTURA MÁXIMA DE ELEVAÇÃO DE 12,3 M - CHI DIURNO. AF_06/2015","CHI","ATRIBUÍDO SÃO PAULO","56,30","CAIXA REFERENCIAL"]
["90693","MINICARREGADEIRA SOBRE RODAS, POTÊNCIA LÍQUIDA DE 47 HP, CAPACIDADE NOMINAL DE OPERAÇÃO DE 646 KG - CHI DIURNO. AF_06/2015","CHI","ATRIBUÍDO SÃO PAULO","39,98","CAIXA REFERENCIAL"]
["90965","COMPRESSOR DE AR REBOCÁVEL, VAZÃO 89 PCM, PRESSÃO EFETIVA DE TRABALHO 102 PSI, MOTOR DIESEL, POTÊNCIA 20 CV - CHI DIURNO. AF_06/2015","CHI","ATRIBUÍDO SÃO PAULO","5,25","CAIXA REFERENCIAL"]
["90973","COMPRESSOR DE AR REBOCAVEL, VAZÃO 250 PCM, PRESSAO DE TRABALHO 102 PSI, MOTOR A DIESEL POTÊNCIA 81 CV - CHI DIURNO. AF_06/2015","CHI","ATRIBUÍDO SÃO PAULO","5,26","CAIXA REFERENCIAL"]
["90982","COMPRESSOR DE AR REBOCÁVEL, VAZÃO 748 PCM, PRESSÃO EFETIVA DE TRABALHO 102 PSI, MOTOR DIESEL, POTÊNCIA 210 CV - CHI DIURNO. AF_06/2015","CHI","ATRIBUÍDO SÃO PAULO","13,37","CAIXA REFERENCIAL"]
["91001","COMPRESSOR DE AR REBOCAVEL, VAZÃO 400 PCM, PRESSAO DE TRABALHO 102 PSI, MOTOR A DIESEL POTÊNCIA 110 CV - CHI DIURNO. AF_06/2015","CHI","ATRIBUÍDO SÃO PAULO","6,24","CAIXA REFERENCIAL"]
["91032","CAMINHÃO TRUCADO (C/ TERCEIRO EIXO) ELETRÔNICO - POTÊNCIA 231CV - PBT = 22000KG - DIST. ENTRE EIXOS 5170 MM - INCLUI CARROCERIA FIXA ABERTA DE MADEIRA - CHI DIURNO. AF_06/2015","CHI","ATRIBUÍDO SÃO PAULO","41,89","CAIXA REFERENCIAL"]
["91278","PLACA VIBRATÓRIA REVERSÍVEL COM MOTOR 4 TEMPOS A GASOLINA, FORÇA CENTRÍFUGA DE 25 KN (2500 KGF), POTÊNCIA 5,5 CV - CHI DIURNO. AF_08/2015","CHI","ATRIBUÍDO SÃO PAULO","0,54","CAIXA REFERENCIAL"]
["91285","CORTADORA DE PISO COM MOTOR 4 TEMPOS A GASOLINA, POTÊNCIA DE 13 HP, COM DISCO DE CORTE DIAMANTADO SEGMENTADO PARA CONCRETO, DIÂMETRO DE 350 MM, FURO DE 1\" (14 X 1\") - CHI DIURNO. AF_08/2015","CHI","COEFICIENTE DE REPRESENTATIVIDADE","1,00","CAIXA REFERENCIAL"]
["91387","CAMINHÃO BASCULANTE 10 M3, TRUCADO CABINE SIMPLES, PESO BRUTO TOTAL 23.000 KG, CARGA ÚTIL MÁXIMA 15.935 KG, DISTÂNCIA ENTRE EIXOS 4,80 M, POTÊNCIA 230 CV INCLUSIVE CAÇAMBA METÁLICA - CHI DIURNO. AF_06/2014","CHI","ATRIBUÍDO SÃO PAULO","46,19","CAIXA REFERENCIAL"]
["91395","CAMINHÃO TOCO, PBT 14.300 KG, CARGA ÚTIL MÁX. 9.710 KG, DIST. ENTRE EIXOS 3,56 M, POTÊNCIA 185 CV, INCLUSIVE CARROCERIA FIXA ABERTA DE MADEIRA P/ TRANSPORTE GERAL DE CARGA SECA, DIMEN. APROX. 2,50 X 6,50 X 0,50 M - CHI DIURNO. AF_06/2014","CHI","ATRIBUÍDO SÃO PAULO","38,68","CAIXA REFERENCIAL"]
["91486","ESPARGIDOR DE ASFALTO PRESSURIZADO, TANQUE 6 M3 COM ISOLAÇÃO TÉRMICA, AQUECIDO COM 2 MAÇARICOS, COM BARRA ESPARGIDORA 3,60 M, MONTADO SOBRE CAMINHÃO  TOCO, PBT 14.300 KG, POTÊNCIA 185 CV - CHI DIURNO. AF_08/2015","CHI","ATRIBUÍDO SÃO PAULO","46,71","CAIXA REFERENCIAL"]
["91534","COMPACTADOR DE SOLOS DE PERCUSSÃO (SOQUETE) COM MOTOR A GASOLINA 4 TEMPOS, POTÊNCIA 4 CV - CHI DIURNO. AF_08/2015","CHI","ATRIBUÍDO SÃO PAULO","25,17","CAIXA REFERENCIAL"]
["91635","GUINDAUTO HIDRÁULICO, CAPACIDADE MÁXIMA DE CARGA 6500 KG, MOMENTO MÁXIMO DE CARGA 5,8 TM, ALCANCE MÁXIMO HORIZONTAL 7,60 M, INCLUSIVE CAMINHÃO TOCO PBT 9.700 KG, POTÊNCIA DE 160 CV - CHI DIURNO. AF_08/2015","CHI","ATRIBUÍDO SÃO PAULO","41,44","CAIXA REFERENCIAL"]
["91646","CAMINHÃO DE TRANSPORTE DE MATERIAL ASFÁLTICO 30.000 L, COM CAVALO MECÂNICO DE CAPACIDADE MÁXIMA DE TRAÇÃO COMBINADO DE 66.000 KG, POTÊNCIA 360 CV, INCLUSIVE TANQUE DE ASFALTO COM SERPENTINA - CHI DIURNO. AF_08/2015","CHI","ATRIBUÍDO SÃO PAULO","66,62","CAIXA REFERENCIAL"]
["91693","SERRA CIRCULAR DE BANCADA COM MOTOR ELÉTRICO POTÊNCIA DE 5HP, COM COIFA PARA DISCO 10\" - CHI DIURNO. AF_08/2015","CHI","COEFICIENTE DE REPRESENTATIVIDADE","24,50","CAIXA REFERENCIAL"]
["92044","DISTRIBUIDOR DE AGREGADOS REBOCAVEL, CAPACIDADE 1,9 M³, LARGURA DE TRABALHO 3,66 M - CHI DIURNO. AF_11/2015","CHI","ATRIBUÍDO SÃO PAULO","6,77","CAIXA REFERENCIAL"]
["92107","CAMINHÃO PARA EQUIPAMENTO DE LIMPEZA A SUCÇÃO COM CAMINHÃO TRUCADO DE PESO BRUTO TOTAL 23000 KG, CARGA ÚTIL MÁXIMA 15935 KG, DISTÂNCIA ENTRE EIXOS 4,80 M, POTÊNCIA 230 CV, INCLUSIVE LIMPADORA A SUCÇÃO, TANQUE 12000 L - CHI DIURNO. AF_11/2015","CHI","ATRIBUÍDO SÃO PAULO","48,05","CAIXA REFERENCIAL"]
["92113","PENEIRA ROTATIVA COM MOTOR ELÉTRICO TRIFÁSICO DE 2 CV, CILINDRO DE 1 M X 0,60 M, COM FUROS DE 3,17 MM - CHI DIURNO. AF_11/2015","CHI","ATRIBUÍDO SÃO PAULO","1,05","CAIXA REFERENCIAL"]
["92119","DOSADOR DE AREIA, CAPACIDADE DE 26 LITROS - CHI DIURNO. AF_11/2015","CHI","ATRIBUÍDO SÃO PAULO","0,11","CAIXA REFERENCIAL"]
["92139","CAMINHONETE COM MOTOR A DIESEL, POTÊNCIA 180 CV, CABINE DUPLA, 4X4 - CHI DIURNO. AF_11/2015","CHI","COEFICIENTE DE REPRESENTATIVIDADE","33,84","CAIXA REFERENCIAL"]
["92146","CAMINHONETE CABINE SIMPLES COM MOTOR 1.6 FLEX, CÂMBIO MANUAL, POTÊNCIA 101/104 CV, 2 PORTAS - CHI DIURNO. AF_11/2015","CHI","COEFICIENTE DE REPRESENTATIVIDADE","24,96","CAIXA REFERENCIAL"]
["92243","CAMINHÃO DE TRANSPORTE DE MATERIAL ASFÁLTICO 20.000 L, COM CAVALO MECÂNICO DE CAPACIDADE MÁXIMA DE TRAÇÃO COMBINADO DE 45.000 KG, POTÊNCIA 330 CV, INCLUSIVE TANQUE DE ASFALTO COM MAÇARICO - CHI DIURNO. AF_12/2015","CHI","ATRIBUÍDO SÃO PAULO","56,17","CAIXA REFERENCIAL"]
["92717","APARELHO PARA CORTE E SOLDA OXI-ACETILENO SOBRE RODAS, INCLUSIVE CILINDROS E MAÇARICOS - CHI DIURNO. AF_12/2015","CHI","COEFICIENTE DE REPRESENTATIVIDADE","0,24","CAIXA REFERENCIAL"]
["92961","MÁQUINA EXTRUSORA DE CONCRETO PARA GUIAS E SARJETAS, MOTOR A DIESEL, POTÊNCIA 14 CV - CHI DIURNO. AF_12/2015","CHI","ATRIBUÍDO SÃO PAULO","4,48","CAIXA REFERENCIAL"]
["92967","MARTELO PERFURADOR PNEUMÁTICO MANUAL, HASTE 25 X 75 MM, 21 KG - CHI DIURNO. AF_12/2015","CHI","ATRIBUÍDO SÃO PAULO","15,88","CAIXA REFERENCIAL"]
["93225","PERFURATRIZ COM TORRE METÁLICA PARA EXECUÇÃO DE ESTACA HÉLICE CONTÍNUA, PROFUNDIDADE MÁXIMA DE 32 M, DIÂMETRO MÁXIMO DE 1000 MM, POTÊNCIA INSTALADA DE 350 HP, MESA ROTATIVA COM TORQUE MÁXIMO DE 263 KNM - CHI DIURNO. AF_01/2016","CHI","COEFICIENTE DE REPRESENTATIVIDADE","418,12","CAIXA REFERENCIAL"]
["93234","BETONEIRA CAPACIDADE NOMINAL 400 L, CAPACIDADE DE MISTURA 310 L, MOTOR A GASOLINA POTÊNCIA 5,5 HP, SEM CARREGADOR - CHI DIURNO. AF_02/2016","CHI","ATRIBUÍDO SÃO PAULO","0,44","CAIXA REFERENCIAL"]
["93244","ROLO COMPACTADOR VIBRATÓRIO PÉ DE CARNEIRO PARA SOLOS, POTÊNCIA 80 HP, PESO OPERACIONAL SEM/COM LASTRO 7,4 / 8,8 T, LARGURA DE TRABALHO 1,68 M - CHI DIURNO. AF_02/2016","CHI","ATRIBUÍDO SÃO PAULO","47,42","CAIXA REFERENCIAL"]
["93274","GRUA ASCENSIONAL, LANÇA DE 30 M, CAPACIDADE DE 1,0 T A 30 M, ALTURA ATÉ 39 M - CHI DIURNO. AF_03/2016","CHI","ATRIBUÍDO SÃO PAULO","79,15","CAIXA REFERENCIAL"]
["93282","GUINCHO ELÉTRICO DE COLUNA, CAPACIDADE 400 KG, COM MOTO FREIO, MOTOR TRIFÁSICO DE 1,25 CV - CHI DIURNO. AF_03/2016","CHI","ATRIBUÍDO SÃO PAULO","21,56","CAIXA REFERENCIAL"]
["93288","GUINDASTE HIDRÁULICO AUTOPROPELIDO, COM LANÇA TELESCÓPICA 40 M, CAPACIDADE MÁXIMA 60 T, POTÊNCIA 260 KW - CHI DIURNO. AF_03/2016","CHI","ATRIBUÍDO SÃO PAULO","138,56","CAIXA REFERENCIAL"]
["93403","GUINDAUTO HIDRÁULICO, CAPACIDADE MÁXIMA DE CARGA 3300 KG, MOMENTO MÁXIMO DE CARGA 5,8 TM, ALCANCE MÁXIMO HORIZONTAL 7,60 M, INCLUSIVE CAMINHÃO TOCO PBT 16.000 KG, POTÊNCIA DE 189 CV - CHI DIURNO. AF_03/2016","CHI","ATRIBUÍDO SÃO PAULO","41,44","CAIXA REFERENCIAL"]
["93409","MÁQUINA JATO DE PRESSAO PORTÁTIL, CAMARA DE 1 SAIDA, CAPACIDADE 280 L, DIAMETRO 670 MM, BICO DE JATO CURTO VENTURI DE 5/16'' , MANGUEIRA DE 1'' COM COMPRESSOR DE AR REBOCÁVEL 189 PCM E MOTOR DIESEL 63 CV - CHI DIURNO. AF_03/2016","CHI","ATRIBUÍDO SÃO PAULO","30,47","CAIXA REFERENCIAL"]
["93416","GERADOR PORTÁTIL MONOFÁSICO, POTÊNCIA 5500 VA, MOTOR A GASOLINA, POTÊNCIA DO MOTOR 13 CV - CHI DIURNO. AF_03/2016","CHI","ATRIBUÍDO SÃO PAULO","0,24","CAIXA REFERENCIAL"]
["93422","GRUPO GERADOR REBOCÁVEL, POTÊNCIA 66 KVA, MOTOR A DIESEL - CHI DIURNO. AF_03/2016","CHI","ATRIBUÍDO SÃO PAULO","3,29","CAIXA REFERENCIAL"]
["93428","GRUPO GERADOR ESTACIONÁRIO, POTÊNCIA 150 KVA, MOTOR A DIESEL- CHI DIURNO. AF_03/2016","CHI","ATRIBUÍDO SÃO PAULO","4,66","CAIXA REFERENCIAL"]
["93434","USINA DE MISTURA ASFÁLTICA À QUENTE, TIPO CONTRA FLUXO, PROD 40 A 80 TON/HORA - CHI DIURNO. AF_03/2016","CHI","ATRIBUÍDO SÃO PAULO","198,62","CAIXA REFERENCIAL"]
["93440","USINA DE ASFALTO À FRIO, CAPACIDADE DE 40 A 60 TON/HORA, ELÉTRICA POTÊNCIA 30 CV - CHI DIURNO. AF_03/2016","CHI","ATRIBUÍDO SÃO PAULO","90,74","CAIXA REFERENCIAL"]
["95122","USINA MISTURADORA DE SOLOS, CAPACIDADE DE 200 A 500 TON/H, POTENCIA 75KW - CHI DIURNO. AF_07/2016","CHI","ATRIBUÍDO SÃO PAULO","143,31","CAIXA REFERENCIAL"]
["95128","DISTRIBUIDOR DE AGREGADOS AUTOPROPELIDO, CAP 3 M3, A DIESEL, POTÊNCIA 176CV - CHI DIURNO. AF_07/2016","CHI","ATRIBUÍDO SÃO PAULO","43,96","CAIXA REFERENCIAL"]
["95140","TALHA MANUAL DE CORRENTE, CAPACIDADE DE 2 TON. COM ELEVAÇÃO DE 3 M - CHI DIURNO. AF_07/2016","CHI","ATRIBUÍDO SÃO PAULO","0,04","CAIXA REFERENCIAL"]
["95213","GRUA ASCENCIONAL, LANÇA DE 42 M, CAPACIDADE DE 1,5 T A 30 M, ALTURA ATÉ 39 M - CHI DIURNO. AF_08/2016","CHI","ATRIBUÍDO SÃO PAULO","84,92","CAIXA REFERENCIAL"]
["95259","MARTELO DEMOLIDOR PNEUMÁTICO MANUAL, 32 KG - CHI DIURNO. AF_09/2016","CHI","ATRIBUÍDO SÃO PAULO","15,66","CAIXA REFERENCIAL"]
["95265","COMPACTADOR DE SOLOS DE PERCUSÃO (SOQUETE) COM MOTOR A GASOLINA, POTÊNCIA 3 CV - CHI DIURNO. AF_09/2016","CHI","ATRIBUÍDO SÃO PAULO","0,71","CAIXA REFERENCIAL"]
["95271","RÉGUA VIBRATÓRIA DUPLA PARA CONCRETO, PESO DE 60KG, COMPRIMENTO 4 M, COM MOTOR A GASOLINA, POTÊNCIA 5,5 HP - CHI DIURNO. AF_09/2016","CHI","ATRIBUÍDO SÃO PAULO","0,48","CAIXA REFERENCIAL"]
["95277","POLIDORA DE PISO (POLITRIZ), PESO DE 100KG, DIÂMETRO 450 MM, MOTOR ELÉTRICO, POTÊNCIA 4 HP - CHI DIURNO. AF_09/2016","CHI","ATRIBUÍDO SÃO PAULO","0,48","CAIXA REFERENCIAL"]
["95283","DESEMPENADEIRA DE CONCRETO, PESO DE 75KG, 4 PÁS, MOTOR A GASOLINA, POTÊNCIA 5,5 HP - CHI DIURNO. AF_09/2016","CHI","ATRIBUÍDO SÃO PAULO","0,52","CAIXA REFERENCIAL"]
["95621","PERFURATRIZ PNEUMATICA MANUAL DE PESO MEDIO, MARTELETE, 18KG, COMPRIMENTO MÁXIMO DE CURSO DE 6 M, DIAMETRO DO PISTAO DE 5,5 CM - CHI DIURNO. AF_11/2016","CHI","ATRIBUÍDO SÃO PAULO","15,41","CAIXA REFERENCIAL"]
["95632","ROLO COMPACTADOR VIBRATORIO TANDEM, ACO LISO, POTENCIA 125 HP, PESO SEM/COM LASTRO 10,20/11,65 T, LARGURA DE TRABALHO 1,73 M - CHI DIURNO. AF_11/2016","CHI","ATRIBUÍDO SÃO PAULO","59,62","CAIXA REFERENCIAL"]
["95703","PERFURATRIZ MANUAL, TORQUE MAXIMO 55 KGF.M, POTENCIA 5 CV, COM DIAMETRO MAXIMO 8 1/2\" - CHI DIURNO. AF_11/2016","CHI","ATRIBUÍDO SÃO PAULO","28,94","CAIXA REFERENCIAL"]
["95709","PERFURATRIZ SOBRE ESTEIRA, TORQUE MÁXIMO 600 KGF, POTÊNCIA ENTRE 50 E 60 HP, DIÂMETRO MÁXIMO 10\u0094 - CHI DIURNO. AF_11/2016","CHI","COEFICIENTE DE REPRESENTATIVIDADE","77,43","CAIXA REFERENCIAL"]
["95715","ESCAVADEIRA HIDRAULICA SOBRE ESTEIRA, COM GARRA GIRATORIA DE MANDIBULAS, PESO OPERACIONAL ENTRE 22,00 E 25,50 TON, POTENCIA LIQUIDA ENTRE 150 E 160 HP - CHI DIURNO. AF_11/2016","CHI","COEFICIENTE DE REPRESENTATIVIDADE","88,91","CAIXA REFERENCIAL"]
["95721","ESCAVADEIRA HIDRAULICA SOBRE ESTEIRA, EQUIPADA COM CLAMSHELL, COM CAPACIDADE DA CAÇAMBA ENTRE 1,20 E 1,50 M3, PESO OPERACIONAL ENTRE 20,00 E 22,00 TON, POTENCIA LIQUIDA ENTRE 150 E 160 HP - CHI DIURNO. AF_11/2016","CHI","COEFICIENTE DE REPRESENTATIVIDADE","86,54","CAIXA REFERENCIAL"]
["95873","GRUPO GERADOR COM CARENAGEM, MOTOR DIESEL POTÊNCIA STANDART ENTRE 250 E 260 KVA - CHI DIURNO. AF_12/2016","CHI","ATRIBUÍDO SÃO PAULO","7,45","CAIXA REFERENCIAL"]
["96014","TRATOR DE PNEUS COM POTÊNCIA DE 122 CV, TRAÇÃO 4X4, COM VASSOURA MECÂNICA ACOPLADA - CHI DIURNO. AF_02/2017","CHI","ATRIBUÍDO SÃO PAULO","49,03","CAIXA REFERENCIAL"]
["96021","TRATOR DE PNEUS COM POTÊNCIA DE 122 CV, TRAÇÃO 4X4, COM GRADE DE DISCOS ACOPLADA - CHI DIURNO. AF_02/2017","CHI","ATRIBUÍDO SÃO PAULO","48,75","CAIXA REFERENCIAL"]
["96029","TRATOR DE PNEUS COM POTÊNCIA DE 85 CV, TRAÇÃO 4X4, COM GRADE DE DISCOS ACOPLADA - CHI DIURNO. AF_02/2017","CHI","ATRIBUÍDO SÃO PAULO","44,01","CAIXA REFERENCIAL"]
["96036","CAMINHÃO BASCULANTE 10 M3, TRUCADO, POTÊNCIA 230 CV, INCLUSIVE CAÇAMBA METÁLICA, COM DISTRIBUIDOR DE AGREGADOS ACOPLADO - CHI DIURNO. AF_02/2017","CHI","ATRIBUÍDO SÃO PAULO","50,46","CAIXA REFERENCIAL"]
["96155","TRATOR DE PNEUS COM POTÊNCIA DE 85 CV, TRAÇÃO 4X4, COM VASSOURA MECÂNICA ACOPLADA - CHI DIURNO. AF_02/2017","CHI","ATRIBUÍDO SÃO PAULO","44,29","CAIXA REFERENCIAL"]
["96156","MINICARREGADEIRA SOBRE RODAS POTENCIA 47HP CAPACIDADE OPERACAO 646 KG, COM VASSOURA MECÂNICA ACOPLADA - CHI DIURNO. AF_03/2017","CHI","ATRIBUÍDO SÃO PAULO","47,00","CAIXA REFERENCIAL"]
["96159","MÁQUINA DEMARCADORA DE FAIXA DE TRÁFEGO À FRIO, AUTOPROPELIDA, POTÊNCIA 38 HP - CHI DIURNO. AF_07/2016","CHI","ATRIBUÍDO SÃO PAULO","59,06","CAIXA REFERENCIAL"]
["96246","MINIESCAVADEIRA SOBRE ESTEIRAS, POTENCIA LIQUIDA DE *30* HP, PESO OPERACIONAL DE *3.500* KG - CHI DIURNO. AF_04/2017","CHI","ATRIBUÍDO SÃO PAULO","43,84","CAIXA REFERENCIAL"]
["96464","ROLO COMPACTADOR DE PNEUS, ESTATICO, PRESSAO VARIAVEL, POTENCIA 110 HP, PESO SEM/COM LASTRO 10,8/27 T, LARGURA DE ROLAGEM 2,30 M - CHI DIURNO. AF_06/2017","CHI","ATRIBUÍDO SÃO PAULO","63,98","CAIXA REFERENCIAL"]
["98765","INVERSOR DE SOLDA MONOFÁSICO DE 160 A, POTÊNCIA DE 5400 W, TENSÃO DE 220 V, PARA SOLDA COM ELETRODOS DE 2,0 A 4,0 MM E PROCESSO TIG - CHI DIURNO. AF_06/2018","CHI","COLETADO","0,09","CAIXA REFERENCIAL"]
["99834","LAVADORA DE ALTA PRESSAO (LAVA-JATO) PARA AGUA FRIA, PRESSAO DE OPERACAO ENTRE 1400 E 1900 LIB/POL2, VAZAO MAXIMA ENTRE 400 E 700 L/H - CHI DIURNO. AF_04/2019","CHI","COLETADO","0,15","CAIXA REFERENCIAL"]
["100642","USINA DE MISTURA ASFÁLTICA À QUENTE, TIPO CONTRA FLUXO, PROD 100 A 140 TON/HORA - CHI DIURNO. AF_12/2019","CHI","ATRIBUÍDO SÃO PAULO","162,06","CAIXA REFERENCIAL"]
["100648","USINA DE ASFALTO, TIPO GRAVIMÉTRICA, PROD 150 TON/HORA - CHI DIURNO. AF_12/2019","CHI","ATRIBUÍDO SÃO PAULO","391,17","CAIXA REFERENCIAL"]
["102274","MARTELO DEMOLIDOR ELÉTRICO, COM POTÊNCIA DE 2.000 W, 1.000 IMPACTOS POR MINUTO, PESO DE 30 KG -  CHI DIURNO. AF_01/2021","CHI","ATRIBUÍDO SÃO PAULO","15,22","CAIXA REFERENCIAL"]
["5089","ROLO COMPACTADOR VIBRATÓRIO PÉ DE CARNEIRO PARA SOLOS, POTÊNCIA 80 HP, PESO OPERACIONAL SEM/COM LASTRO 7,4 / 8,8 T, LARGURA DE TRABALHO 1,68 M - MANUTENÇÃO. AF_02/2016","H","ATRIBUÍDO SÃO PAULO","30,55","CAIXA REFERENCIAL"]
["5627","ESCAVADEIRA HIDRÁULICA SOBRE ESTEIRAS, CAÇAMBA 0,80 M3, PESO OPERACIONAL 17 T, POTENCIA BRUTA 111 HP - DEPRECIAÇÃO. AF_06/2014","H","COLETADO","47,60","CAIXA REFERENCIAL"]
["5628","ESCAVADEIRA HIDRÁULICA SOBRE ESTEIRAS, CAÇAMBA 0,80 M3, PESO OPERACIONAL 17 T, POTENCIA BRUTA 111 HP - JUROS. AF_06/2014","H","COLETADO","6,46","CAIXA REFERENCIAL"]
["5629","ESCAVADEIRA HIDRÁULICA SOBRE ESTEIRAS, CAÇAMBA 0,80 M3, PESO OPERACIONAL 17 T, POTENCIA BRUTA 111 HP - MANUTENÇÃO. AF_06/2014","H","COLETADO","59,50","CAIXA REFERENCIAL"]
["5630","ESCAVADEIRA HIDRÁULICA SOBRE ESTEIRAS, CAÇAMBA 0,80 M3, PESO OPERACIONAL 17 T, POTENCIA BRUTA 111 HP - MATERIAIS NA OPERAÇÃO. AF_06/2014","H","COLETADO","48,89","CAIXA REFERENCIAL"]
["5658","GRADE DE DISCO CONTROLE REMOTO REBOCÁVEL, COM 24 DISCOS 24\u0094 X 6 MM COM PNEUS PARA TRANSPORTE - MANUTENÇÃO. AF_06/2014","H","ATRIBUÍDO SÃO PAULO","2,68","CAIXA REFERENCIAL"]
["5664","RETROESCAVADEIRA SOBRE RODAS COM CARREGADEIRA, TRAÇÃO 4X4, POTÊNCIA LÍQ. 88 HP, CAÇAMBA CARREG. CAP. MÍN. 1 M3, CAÇAMBA RETRO CAP. 0,26 M3, PESO OPERACIONAL MÍN. 6.674 KG, PROFUNDIDADE ESCAVAÇÃO MÁX. 4,37 M - MANUTENÇÃO. AF_06/2014","H","COEFICIENTE DE REPRESENTATIVIDADE","30,83","CAIXA REFERENCIAL"]
["5667","RETROESCAVADEIRA SOBRE RODAS COM CARREGADEIRA, TRAÇÃO 4X2, POTÊNCIA LÍQ. 79 HP, CAÇAMBA CARREG. CAP. MÍN. 1 M3, CAÇAMBA RETRO CAP. 0,20 M3, PESO OPERACIONAL MÍN. 6.570 KG, PROFUNDIDADE ESCAVAÇÃO MÁX. 4,37 M - MANUTENÇÃO. AF_06/2014","H","COEFICIENTE DE REPRESENTATIVIDADE","27,42","CAIXA REFERENCIAL"]
["5668","RETROESCAVADEIRA SOBRE RODAS COM CARREGADEIRA, TRAÇÃO 4X2, POTÊNCIA LÍQ. 79 HP, CAÇAMBA CARREG. CAP. MÍN. 1 M3, CAÇAMBA RETRO CAP. 0,20 M3, PESO OPERACIONAL MÍN. 6.570 KG, PROFUNDIDADE ESCAVAÇÃO MÁX. 4,37 M - MATERIAIS NA OPERAÇÃO. AF_06/2014","H","COLETADO","37,40","CAIXA REFERENCIAL"]
["5674","ROLO COMPACTADOR VIBRATÓRIO DE UM CILINDRO AÇO LISO, POTÊNCIA 80 HP, PESO OPERACIONAL MÁXIMO 8,1 T, IMPACTO DINÂMICO 16,15 / 9,5 T, LARGURA DE TRABALHO 1,68 M - MANUTENÇÃO. AF_06/2014","H","ATRIBUÍDO SÃO PAULO","29,38","CAIXA REFERENCIAL"]
["5692","MOTOBOMBA CENTRÍFUGA, MOTOR A GASOLINA, POTÊNCIA 5,42 HP, BOCAIS 1 1/2\" X 1\", DIÂMETRO ROTOR 143 MM HM/Q = 6 MCA / 16,8 M3/H A 38 MCA / 6,6 M3/H - MANUTENÇÃO. AF_06/2014","H","COEFICIENTE DE REPRESENTATIVIDADE","0,21","CAIXA REFERENCIAL"]
["5693","MOTOBOMBA CENTRÍFUGA, MOTOR A GASOLINA, POTÊNCIA 5,42 HP, BOCAIS 1 1/2\" X 1\", DIÂMETRO ROTOR 143 MM HM/Q = 6 MCA / 16,8 M3/H A 38 MCA / 6,6 M3/H - MATERIAIS NA OPERAÇÃO. AF_06/2014","H","COLETADO","8,80","CAIXA REFERENCIAL"]
["5695","CAMINHÃO BASCULANTE 6 M3, PESO BRUTO TOTAL 16.000 KG, CARGA ÚTIL MÁXIMA 13.071 KG, DISTÂNCIA ENTRE EIXOS 4,80 M, POTÊNCIA 230 CV INCLUSIVE CAÇAMBA METÁLICA - MANUTENÇÃO. AF_06/2014","H","ATRIBUÍDO SÃO PAULO","33,54","CAIXA REFERENCIAL"]
["5703","USINA DE CONCRETO FIXA, CAPACIDADE NOMINAL DE 90 A 120 M3/H, SEM SILO - MATERIAIS NA OPERAÇÃO. AF_07/2016","H","COEFICIENTE DE REPRESENTATIVIDADE","21,65","CAIXA REFERENCIAL"]
["5705","CAMINHÃO TOCO, PBT 16.000 KG, CARGA ÚTIL MÁX. 10.685 KG, DIST. ENTRE EIXOS 4,8 M, POTÊNCIA 189 CV, INCLUSIVE CARROCERIA FIXA ABERTA DE MADEIRA P/ TRANSPORTE GERAL DE CARGA SECA, DIMEN. APROX. 2,5 X 7,00 X 0,50 M - MANUTENÇÃO. AF_06/2014","H","ATRIBUÍDO SÃO PAULO","20,80","CAIXA REFERENCIAL"]
["5707","USINA MISTURADORA DE SOLOS, CAPACIDADE DE 200 A 500 TON/H, POTENCIA 75KW - MANUTENÇÃO. AF_07/2016","H","ATRIBUÍDO SÃO PAULO","62,41","CAIXA REFERENCIAL"]
["5710","VIBROACABADORA DE ASFALTO SOBRE ESTEIRAS, LARGURA DE PAVIMENTAÇÃO 1,90 M A 5,30 M, POTÊNCIA 105 HP CAPACIDADE 450 T/H - MANUTENÇÃO. AF_11/2014","H","ATRIBUÍDO SÃO PAULO","144,76","CAIXA REFERENCIAL"]
["5711","VIBROACABADORA DE ASFALTO SOBRE ESTEIRAS, LARGURA DE PAVIMENTAÇÃO 1,90 M A 5,30 M, POTÊNCIA 105 HP CAPACIDADE 450 T/H - MATERIAIS NA OPERAÇÃO. AF_11/2014","H","COLETADO","67,55","CAIXA REFERENCIAL"]
["5714","TRATOR DE PNEUS, POTÊNCIA 85 CV, TRAÇÃO 4X4, PESO COM LASTRO DE 4.675 KG - MANUTENÇÃO. AF_06/2014","H","ATRIBUÍDO SÃO PAULO","12,50","CAIXA REFERENCIAL"]
["5715","TRATOR DE PNEUS, POTÊNCIA 85 CV, TRAÇÃO 4X4, PESO COM LASTRO DE 4.675 KG - MATERIAIS NA OPERAÇÃO. AF_06/2014","H","COLETADO","90,89","CAIXA REFERENCIAL"]
["5718","TRATOR DE ESTEIRAS, POTÊNCIA 170 HP, PESO OPERACIONAL 19 T, CAÇAMBA 5,2 M3 - MATERIAIS NA OPERAÇÃO. AF_06/2014","H","COLETADO","80,63","CAIXA REFERENCIAL"]
["5721","TRATOR DE ESTEIRAS, POTÊNCIA 150 HP, PESO OPERACIONAL 16,7 T, COM RODA MOTRIZ ELEVADA E LÂMINA 3,18 M3 - MATERIAIS NA OPERAÇÃO. AF_06/2014","H","COLETADO","71,14","CAIXA REFERENCIAL"]
["5722","TRATOR DE ESTEIRAS, POTÊNCIA 347 HP, PESO OPERACIONAL 38,5 T, COM LÂMINA 8,70 M3 - MATERIAIS NA OPERAÇÃO. AF_06/2014","H","COLETADO","164,52","CAIXA REFERENCIAL"]
["5724","TRATOR DE ESTEIRAS, POTÊNCIA 100 HP, PESO OPERACIONAL 9,4 T, COM LÂMINA 2,19 M3 - MANUTENÇÃO. AF_06/2014","H","ATRIBUÍDO SÃO PAULO","43,31","CAIXA REFERENCIAL"]
["5727","ROLO COMPACTADOR VIBRATÓRIO REBOCÁVEL, CILINDRO DE AÇO LISO, POTÊNCIA DE TRAÇÃO DE 65 CV, PESO 4,7 T, IMPACTO DINÂMICO 18,3 T, LARGURA DE TRABALHO 1,67 M - MANUTENÇÃO. AF_02/2016","H","ATRIBUÍDO SÃO PAULO","8,87","CAIXA REFERENCIAL"]
["5729","ROLO COMPACTADOR VIBRATÓRIO TANDEM AÇO LISO, POTÊNCIA 58 HP, PESO SEM/COM LASTRO 6,5 / 9,4 T, LARGURA DE TRABALHO 1,2 M - MANUTENÇÃO. AF_06/2014","H","ATRIBUÍDO SÃO PAULO","36,08","CAIXA REFERENCIAL"]
["5730","ROLO COMPACTADOR VIBRATÓRIO TANDEM AÇO LISO, POTÊNCIA 58 HP, PESO SEM/COM LASTRO 6,5 / 9,4 T, LARGURA DE TRABALHO 1,2 M - MATERIAIS NA OPERAÇÃO. AF_06/2014","H","COLETADO","31,41","CAIXA REFERENCIAL"]
["5735","RETROESCAVADEIRA SOBRE RODAS COM CARREGADEIRA, TRAÇÃO 4X4, POTÊNCIA LÍQ. 72 HP, CAÇAMBA CARREG. CAP. MÍN. 0,79 M3, CAÇAMBA RETRO CAP. 0,18 M3, PESO OPERACIONAL MÍN. 7.140 KG, PROFUNDIDADE ESCAVAÇÃO MÁX. 4,50 M - MANUTENÇÃO. AF_06/2014","H","COLETADO","29,75","CAIXA REFERENCIAL"]
["5736","RETROESCAVADEIRA SOBRE RODAS COM CARREGADEIRA, TRAÇÃO 4X4, POTÊNCIA LÍQ. 72 HP, CAÇAMBA CARREG. CAP. MÍN. 0,79 M3, CAÇAMBA RETRO CAP. 0,18 M3, PESO OPERACIONAL MÍN. 7.140 KG, PROFUNDIDADE ESCAVAÇÃO MÁX. 4,50 M - MATERIAIS NA OPERAÇÃO. AF_06/2014","H","COLETADO","34,32","CAIXA REFERENCIAL"]
["5738","ROLO COMPACTADOR VIBRATÓRIO PÉ DE CARNEIRO, OPERADO POR CONTROLE REMOTO, POTÊNCIA 12,5 KW, PESO OPERACIONAL 1,675 T, LARGURA DE TRABALHO 0,85 M - DEPRECIAÇÃO. AF_02/2016","H","ATRIBUÍDO SÃO PAULO","32,08","CAIXA REFERENCIAL"]
["5739","ROLO COMPACTADOR VIBRATÓRIO PÉ DE CARNEIRO, OPERADO POR CONTROLE REMOTO, POTÊNCIA 12,5 KW, PESO OPERACIONAL 1,675 T, LARGURA DE TRABALHO 0,85 M - MANUTENÇÃO. AF_02/2016","H","ATRIBUÍDO SÃO PAULO","40,15","CAIXA REFERENCIAL"]
["5741","USINA DE LAMA ASFÁLTICA, PROD 30 A 50 T/H, SILO DE AGREGADO 7 M3, RESERVATÓRIOS PARA EMULSÃO E ÁGUA DE 2,3 M3 CADA, MISTURADOR TIPO PUG MILL A SER MONTADO SOBRE CAMINHÃO - MANUTENÇÃO. AF_10/2014","H","ATRIBUÍDO SÃO PAULO","40,49","CAIXA REFERENCIAL"]
["5742","USINA DE LAMA ASFÁLTICA, PROD 30 A 50 T/H, SILO DE AGREGADO 7 M3, RESERVATÓRIOS PARA EMULSÃO E ÁGUA DE 2,3 M3 CADA, MISTURADOR TIPO PUG MILL A SER MONTADO SOBRE CAMINHÃO - MATERIAIS NA OPERAÇÃO. AF_10/2014","H","COLETADO","20,92","CAIXA REFERENCIAL"]
["5747","CAMINHÃO PIPA 6.000 L, PESO BRUTO TOTAL 13.000 KG, DISTÂNCIA ENTRE EIXOS 4,80 M, POTÊNCIA 189 CV INCLUSIVE TANQUE DE AÇO PARA TRANSPORTE DE ÁGUA, CAPACIDADE 6 M3 - MATERIAIS NA OPERAÇÃO. AF_06/2014","H","COLETADO","119,99","CAIXA REFERENCIAL"]
["5751","CAMINHÃO TOCO, PESO BRUTO TOTAL 14.300 KG, CARGA ÚTIL MÁXIMA 9590 KG, DISTÂNCIA ENTRE EIXOS 4,76 M, POTÊNCIA 185 CV (NÃO INCLUI CARROCERIA) - MANUTENÇÃO. AF_06/2014","H","ATRIBUÍDO SÃO PAULO","22,60","CAIXA REFERENCIAL"]
["5754","CAMINHÃO TOCO, PESO BRUTO TOTAL 16.000 KG, CARGA ÚTIL MÁXIMA DE 10.685 KG, DISTÂNCIA ENTRE EIXOS 4,80 M, POTÊNCIA 189 CV EXCLUSIVE CARROCERIA - MANUTENÇÃO. AF_06/2014","H","ATRIBUÍDO SÃO PAULO","19,04","CAIXA REFERENCIAL"]
["5763","CAMINHÃO PIPA 10.000 L TRUCADO, PESO BRUTO TOTAL 23.000 KG, CARGA ÚTIL MÁXIMA 15.935 KG, DISTÂNCIA ENTRE EIXOS 4,8 M, POTÊNCIA 230 CV, INCLUSIVE TANQUE DE AÇO PARA TRANSPORTE DE ÁGUA - MANUTENÇÃO. AF_06/2014","H","ATRIBUÍDO SÃO PAULO","33,75","CAIXA REFERENCIAL"]
["5765","ESPARGIDOR DE ASFALTO PRESSURIZADO COM TANQUE DE 2500 L, REBOCÁVEL COM MOTOR A GASOLINA POTÊNCIA 3,4 HP - MANUTENÇÃO. AF_07/2014","H","ATRIBUÍDO SÃO PAULO","2,85","CAIXA REFERENCIAL"]
["5766","ESPARGIDOR DE ASFALTO PRESSURIZADO COM TANQUE DE 2500 L, REBOCÁVEL COM MOTOR A GASOLINA POTÊNCIA 3,4 HP - MATERIAIS NA OPERAÇÃO. AF_07/2014","H","COLETADO","4,40","CAIXA REFERENCIAL"]
["5779","MOTONIVELADORA POTÊNCIA BÁSICA LÍQUIDA (PRIMEIRA MARCHA) 125 HP, PESO BRUTO 13032 KG, LARGURA DA LÂMINA DE 3,7 M - MANUTENÇÃO. AF_06/2014","H","COLETADO","63,33","CAIXA REFERENCIAL"]
["5787","PÁ CARREGADEIRA SOBRE RODAS, POTÊNCIA 197 HP, CAPACIDADE DA CAÇAMBA 2,5 A 3,5 M3, PESO OPERACIONAL 18338 KG - MATERIAIS NA OPERAÇÃO. AF_06/2014","H","COLETADO","53,39","CAIXA REFERENCIAL"]
["5797","COMPRESSOR DE AR REBOCÁVEL, VAZÃO 189 PCM, PRESSÃO EFETIVA DE TRABALHO 102 PSI, MOTOR DIESEL, POTÊNCIA 63 CV - MANUTENÇÃO. AF_06/2015","H","ATRIBUÍDO SÃO PAULO","4,32","CAIXA REFERENCIAL"]
["5800","BOMBA SUBMERSÍVEL ELÉTRICA TRIFÁSICA, POTÊNCIA 2,96 HP, Ø ROTOR 144 MM SEMI-ABERTO, BOCAL DE SAÍDA Ø 2\u0094, HM/Q = 2 MCA / 38,8 M3/H A 28 MCA / 5 M3/H - MANUTENÇÃO. AF_06/2014","H","ATRIBUÍDO SÃO PAULO","0,31","CAIXA REFERENCIAL"]
["7032","TANQUE DE ASFALTO ESTACIONÁRIO COM SERPENTINA, CAPACIDADE 30.000 L - DEPRECIAÇÃO. AF_06/2014","H","ATRIBUÍDO SÃO PAULO","5,15","CAIXA REFERENCIAL"]
["7033","TANQUE DE ASFALTO ESTACIONÁRIO COM SERPENTINA, CAPACIDADE 30.000 L - JUROS. AF_06/2014","H","ATRIBUÍDO SÃO PAULO","0,85","CAIXA REFERENCIAL"]
["7034","TANQUE DE ASFALTO ESTACIONÁRIO COM SERPENTINA, CAPACIDADE 30.000 L - MANUTENÇÃO. AF_06/2014","H","ATRIBUÍDO SÃO PAULO","9,65","CAIXA REFERENCIAL"]
["7035","TANQUE DE ASFALTO ESTACIONÁRIO COM SERPENTINA, CAPACIDADE 30.000 L - MATERIAIS NA OPERAÇÃO. AF_06/2014","H","COLETADO","162,15","CAIXA REFERENCIAL"]
["7038","ROLO COMPACTADOR DE PNEUS ESTÁTICO, PRESSÃO VARIÁVEL, POTÊNCIA 111 HP, PESO SEM/COM LASTRO 9,5 / 26 T, LARGURA DE TRABALHO 1,90 M - DEPRECIAÇÃO. AF_07/2014","H","ATRIBUÍDO SÃO PAULO","36,69","CAIXA REFERENCIAL"]
["7039","ROLO COMPACTADOR DE PNEUS ESTÁTICO, PRESSÃO VARIÁVEL, POTÊNCIA 111 HP, PESO SEM/COM LASTRO 9,5 / 26 T, LARGURA DE TRABALHO 1,90 M - JUROS. AF_07/2014","H","ATRIBUÍDO SÃO PAULO","5,09","CAIXA REFERENCIAL"]
["7040","ROLO COMPACTADOR DE PNEUS ESTÁTICO, PRESSÃO VARIÁVEL, POTÊNCIA 111 HP, PESO SEM/COM LASTRO 9,5 / 26 T, LARGURA DE TRABALHO 1,90 M - MANUTENÇÃO. AF_07/2014","H","ATRIBUÍDO SÃO PAULO","45,92","CAIXA REFERENCIAL"]
["7044","MOTOBOMBA TRASH (PARA ÁGUA SUJA) AUTO ESCORVANTE, MOTOR GASOLINA DE 6,41 HP, DIÂMETROS DE SUCÇÃO X RECALQUE: 3\" X 3\", HM/Q = 10 MCA / 60 M3/H A 23 MCA / 0 M3/H - DEPRECIAÇÃO. AF_10/2014","H","COEFICIENTE DE REPRESENTATIVIDADE","0,24","CAIXA REFERENCIAL"]
["7045","MOTOBOMBA TRASH (PARA ÁGUA SUJA) AUTO ESCORVANTE, MOTOR GASOLINA DE 6,41 HP, DIÂMETROS DE SUCÇÃO X RECALQUE: 3\" X 3\", HM/Q = 10 MCA / 60 M3/H A 23 MCA / 0 M3/H - JUROS. AF_10/2014","H","COEFICIENTE DE REPRESENTATIVIDADE","0,02","CAIXA REFERENCIAL"]
["7046","MOTOBOMBA TRASH (PARA ÁGUA SUJA) AUTO ESCORVANTE, MOTOR GASOLINA DE 6,41 HP, DIÂMETROS DE SUCÇÃO X RECALQUE: 3\" X 3\", HM/Q = 10 MCA / 60 M3/H A 23 MCA / 0 M3/H - MANUTENÇÃO. AF_10/2014","H","COEFICIENTE DE REPRESENTATIVIDADE","0,26","CAIXA REFERENCIAL"]
["7047","MOTOBOMBA TRASH (PARA ÁGUA SUJA) AUTO ESCORVANTE, MOTOR GASOLINA DE 6,41 HP, DIÂMETROS DE SUCÇÃO X RECALQUE: 3\" X 3\", HM/Q = 10 MCA / 60 M3/H A 23 MCA / 0 M3/H - MATERIAIS NA OPERAÇÃO. AF_10/2014","H","COLETADO","10,35","CAIXA REFERENCIAL"]
["7051","ROLO COMPACTADOR PE DE CARNEIRO VIBRATORIO, POTENCIA 125 HP, PESO OPERACIONAL SEM/COM LASTRO 11,95 / 13,30 T, IMPACTO DINAMICO 38,5 / 22,5 T, LARGURA DE TRABALHO 2,15 M - DEPRECIAÇÃO. AF_06/2014","H","ATRIBUÍDO SÃO PAULO","32,55","CAIXA REFERENCIAL"]
["7052","ROLO COMPACTADOR PE DE CARNEIRO VIBRATORIO, POTENCIA 125 HP, PESO OPERACIONAL SEM/COM LASTRO 11,95 / 13,30 T, IMPACTO DINAMICO 38,5 / 22,5 T, LARGURA DE TRABALHO 2,15 M - JUROS. AF_06/2014","H","ATRIBUÍDO SÃO PAULO","4,51","CAIXA REFERENCIAL"]
["7053","ROLO COMPACTADOR PE DE CARNEIRO VIBRATORIO, POTENCIA 125 HP, PESO OPERACIONAL SEM/COM LASTRO 11,95 / 13,30 T, IMPACTO DINAMICO 38,5 / 22,5 T, LARGURA DE TRABALHO 2,15 M - MANUTENÇÃO. AF_06/2014","H","ATRIBUÍDO SÃO PAULO","40,73","CAIXA REFERENCIAL"]
["7054","ROLO COMPACTADOR PE DE CARNEIRO VIBRATORIO, POTENCIA 125 HP, PESO OPERACIONAL SEM/COM LASTRO 11,95 / 13,30 T, IMPACTO DINAMICO 38,5 / 22,5 T, LARGURA DE TRABALHO 2,15 M - MATERIAIS NA OPERAÇÃO. AF_06/2014","H","COLETADO","67,73","CAIXA REFERENCIAL"]
["7058","CAMINHÃO BASCULANTE 6 M3 TOCO, PESO BRUTO TOTAL 16.000 KG, CARGA ÚTIL MÁXIMA 11.130 KG, DISTÂNCIA ENTRE EIXOS 5,36 M, POTÊNCIA 185 CV, INCLUSIVE CAÇAMBA METÁLICA - DEPRECIAÇÃO. AF_06/2014","H","ATRIBUÍDO SÃO PAULO","17,09","CAIXA REFERENCIAL"]
["7059","CAMINHÃO BASCULANTE 6 M3 TOCO, PESO BRUTO TOTAL 16.000 KG, CARGA ÚTIL MÁXIMA 11.130 KG, DISTÂNCIA ENTRE EIXOS 5,36 M, POTÊNCIA 185 CV, INCLUSIVE CAÇAMBA METÁLICA - JUROS. AF_06/2014","H","ATRIBUÍDO SÃO PAULO","3,15","CAIXA REFERENCIAL"]
["7060","CAMINHÃO BASCULANTE 6 M3 TOCO, PESO BRUTO TOTAL 16.000 KG, CARGA ÚTIL MÁXIMA 11.130 KG, DISTÂNCIA ENTRE EIXOS 5,36 M, POTÊNCIA 185 CV, INCLUSIVE CAÇAMBA METÁLICA - MANUTENÇÃO. AF_06/2014","H","ATRIBUÍDO SÃO PAULO","32,05","CAIXA REFERENCIAL"]
["7061","CAMINHÃO BASCULANTE 6 M3 TOCO, PESO BRUTO TOTAL 16.000 KG, CARGA ÚTIL MÁXIMA 11.130 KG, DISTÂNCIA ENTRE EIXOS 5,36 M, POTÊNCIA 185 CV, INCLUSIVE CAÇAMBA METÁLICA - MATERIAIS NA OPERAÇÃO. AF_06/2014","H","COLETADO","61,83","CAIXA REFERENCIAL"]
["7063","TRATOR DE PNEUS, POTÊNCIA 122 CV, TRAÇÃO 4X4, PESO COM LASTRO DE 4.510 KG - DEPRECIAÇÃO. AF_06/2014","H","ATRIBUÍDO SÃO PAULO","15,59","CAIXA REFERENCIAL"]
["7064","TRATOR DE PNEUS, POTÊNCIA 122 CV, TRAÇÃO 4X4, PESO COM LASTRO DE 4.510 KG - JUROS. AF_06/2014","H","ATRIBUÍDO SÃO PAULO","2,16","CAIXA REFERENCIAL"]
["7065","TRATOR DE PNEUS, POTÊNCIA 122 CV, TRAÇÃO 4X4, PESO COM LASTRO DE 4.510 KG - MANUTENÇÃO. AF_06/2014","H","ATRIBUÍDO SÃO PAULO","17,06","CAIXA REFERENCIAL"]
["7066","TRATOR DE PNEUS, POTÊNCIA 122 CV, TRAÇÃO 4X4, PESO COM LASTRO DE 4.510 KG - MATERIAIS NA OPERAÇÃO. AF_06/2014","H","COLETADO","130,43","CAIXA REFERENCIAL"]
["53786","RETROESCAVADEIRA SOBRE RODAS COM CARREGADEIRA, TRAÇÃO 4X4, POTÊNCIA LÍQ. 88 HP, CAÇAMBA CARREG. CAP. MÍN. 1 M3, CAÇAMBA RETRO CAP. 0,26 M3, PESO OPERACIONAL MÍN. 6.674 KG, PROFUNDIDADE ESCAVAÇÃO MÁX. 4,37 M - MATERIAIS NA OPERAÇÃO. AF_06/2014","H","COLETADO","40,49","CAIXA REFERENCIAL"]
["53788","ROLO COMPACTADOR VIBRATÓRIO DE UM CILINDRO AÇO LISO, POTÊNCIA 80 HP, PESO OPERACIONAL MÁXIMO 8,1 T, IMPACTO DINÂMICO 16,15 / 9,5 T, LARGURA DE TRABALHO 1,68 M - MATERIAIS NA OPERAÇÃO. AF_06/2014","H","COLETADO","43,35","CAIXA REFERENCIAL"]
["53792","CAMINHÃO BASCULANTE 6 M3, PESO BRUTO TOTAL 16.000 KG, CARGA ÚTIL MÁXIMA 13.071 KG, DISTÂNCIA ENTRE EIXOS 4,80 M, POTÊNCIA 230 CV INCLUSIVE CAÇAMBA METÁLICA - MATERIAIS NA OPERAÇÃO. AF_06/2014","H","COLETADO","76,86","CAIXA REFERENCIAL"]
["53794","USINA DE CONCRETO FIXA, CAPACIDADE NOMINAL DE 90 A 120 M3/H, SEM SILO - MANUTENÇÃO. AF_07/2016","H","ATRIBUÍDO SÃO PAULO","35,00","CAIXA REFERENCIAL"]
["53797","CAMINHÃO TOCO, PBT 16.000 KG, CARGA ÚTIL MÁX. 10.685 KG, DIST. ENTRE EIXOS 4,8 M, POTÊNCIA 189 CV, INCLUSIVE CARROCERIA FIXA ABERTA DE MADEIRA P/ TRANSPORTE GERAL DE CARGA SECA, DIMEN. APROX. 2,5 X 7,00 X 0,50 M - MATERIAIS NA OPERAÇÃO. AF_06/2014","H","COLETADO","88,39","CAIXA REFERENCIAL"]
["53804","VASSOURA MECÂNICA REBOCÁVEL COM ESCOVA CILÍNDRICA, LARGURA ÚTIL DE VARRIMENTO DE 2,44 M - MANUTENÇÃO. AF_06/2014","H","ATRIBUÍDO SÃO PAULO","5,58","CAIXA REFERENCIAL"]
["53806","TRATOR DE ESTEIRAS, POTÊNCIA 170 HP, PESO OPERACIONAL 19 T, CAÇAMBA 5,2 M3 - MANUTENÇÃO. AF_06/2014","H","ATRIBUÍDO SÃO PAULO","55,81","CAIXA REFERENCIAL"]
["53810","TRATOR DE ESTEIRAS, POTÊNCIA 150 HP, PESO OPERACIONAL 16,7 T, COM RODA MOTRIZ ELEVADA E LÂMINA 3,18 M3 - MANUTENÇÃO. AF_06/2014","H","ATRIBUÍDO SÃO PAULO","56,15","CAIXA REFERENCIAL"]
["53814","TRATOR DE ESTEIRAS, POTÊNCIA 347 HP, PESO OPERACIONAL 38,5 T, COM LÂMINA 8,70 M3 - MANUTENÇÃO. AF_06/2014","H","ATRIBUÍDO SÃO PAULO","183,94","CAIXA REFERENCIAL"]
["53817","TRATOR DE ESTEIRAS, POTÊNCIA 100 HP, PESO OPERACIONAL 9,4 T, COM LÂMINA 2,19 M3 - MATERIAIS NA OPERAÇÃO. AF_06/2014","H","COLETADO","47,39","CAIXA REFERENCIAL"]
["53818","ROLO COMPACTADOR VIBRATÓRIO REBOCÁVEL, CILINDRO DE AÇO LISO, POTÊNCIA DE TRAÇÃO DE 65 CV, PESO 4,7 T, IMPACTO DINÂMICO 18,3 T, LARGURA DE TRABALHO 1,67 M - DEPRECIAÇÃO. AF_02/2016","H","ATRIBUÍDO SÃO PAULO","7,08","CAIXA REFERENCIAL"]
["53827","CAMINHÃO TOCO, PESO BRUTO TOTAL 14.300 KG, CARGA ÚTIL MÁXIMA 9590 KG, DISTÂNCIA ENTRE EIXOS 4,76 M, POTÊNCIA 185 CV (NÃO INCLUI CARROCERIA) - MATERIAIS NA OPERAÇÃO. AF_06/2014","H","COLETADO","86,53","CAIXA REFERENCIAL"]
["53829","CAMINHÃO TOCO, PESO BRUTO TOTAL 16.000 KG, CARGA ÚTIL MÁXIMA DE 10.685 KG, DISTÂNCIA ENTRE EIXOS 4,80 M, POTÊNCIA 189 CV EXCLUSIVE CARROCERIA - MATERIAIS NA OPERAÇÃO. AF_06/2014","H","COLETADO","88,39","CAIXA REFERENCIAL"]
["53831","CAMINHÃO PIPA 10.000 L TRUCADO, PESO BRUTO TOTAL 23.000 KG, CARGA ÚTIL MÁXIMA 15.935 KG, DISTÂNCIA ENTRE EIXOS 4,8 M, POTÊNCIA 230 CV, INCLUSIVE TANQUE DE AÇO PARA TRANSPORTE DE ÁGUA - MATERIAIS NA OPERAÇÃO. AF_06/2014","H","COLETADO","146,00","CAIXA REFERENCIAL"]
["53840","GRADE DE DISCO REBOCÁVEL COM 20 DISCOS 24\" X 6 MM COM PNEUS PARA TRANSPORTE - DEPRECIAÇÃO. AF_06/2014","H","ATRIBUÍDO SÃO PAULO","3,03","CAIXA REFERENCIAL"]
["53841","GRADE DE DISCO REBOCÁVEL COM 20 DISCOS 24\" X 6 MM COM PNEUS PARA TRANSPORTE - MANUTENÇÃO. AF_06/2014","H","ATRIBUÍDO SÃO PAULO","2,10","CAIXA REFERENCIAL"]
["53849","MOTONIVELADORA POTÊNCIA BÁSICA LÍQUIDA (PRIMEIRA MARCHA) 125 HP, PESO BRUTO 13032 KG, LARGURA DA LÂMINA DE 3,7 M - MATERIAIS NA OPERAÇÃO. AF_06/2014","H","COLETADO","63,51","CAIXA REFERENCIAL"]
["53857","PÁ CARREGADEIRA SOBRE RODAS, POTÊNCIA LÍQUIDA 128 HP, CAPACIDADE DA CAÇAMBA 1,7 A 2,8 M3, PESO OPERACIONAL 11632 KG - MANUTENÇÃO. AF_06/2014","H","COLETADO","41,30","CAIXA REFERENCIAL"]
["53858","PÁ CARREGADEIRA SOBRE RODAS, POTÊNCIA LÍQUIDA 128 HP, CAPACIDADE DA CAÇAMBA 1,7 A 2,8 M3, PESO OPERACIONAL 11632 KG - MATERIAIS NA OPERAÇÃO. AF_06/2014","H","COLETADO","60,69","CAIXA REFERENCIAL"]
["53861","PÁ CARREGADEIRA SOBRE RODAS, POTÊNCIA 197 HP, CAPACIDADE DA CAÇAMBA 2,5 A 3,5 M3, PESO OPERACIONAL 18338 KG - MANUTENÇÃO. AF_06/2014","H","COEFICIENTE DE REPRESENTATIVIDADE","57,26","CAIXA REFERENCIAL"]
["53863","MARTELETE OU ROMPEDOR PNEUMÁTICO MANUAL, 28 KG, COM SILENCIADOR - MANUTENÇÃO. AF_07/2016","H","ATRIBUÍDO SÃO PAULO","1,72","CAIXA REFERENCIAL"]
["53865","COMPRESSOR DE AR REBOCÁVEL, VAZÃO 189 PCM, PRESSÃO EFETIVA DE TRABALHO 102 PSI, MOTOR DIESEL, POTÊNCIA 63 CV - MATERIAIS NA OPERAÇÃO. AF_06/2015","H","COLETADO","35,77","CAIXA REFERENCIAL"]
["53866","BOMBA SUBMERSÍVEL ELÉTRICA TRIFÁSICA, POTÊNCIA 2,96 HP, Ø ROTOR 144 MM SEMI-ABERTO, BOCAL DE SAÍDA Ø 2\u0094, HM/Q = 2 MCA / 38,8 M3/H A 28 MCA / 5 M3/H - MATERIAIS NA OPERAÇÃO. AF_06/2014","H","COLETADO","1,74","CAIXA REFERENCIAL"]
["53882","CAMINHÃO PIPA 6.000 L, PESO BRUTO TOTAL 13.000 KG, DISTÂNCIA ENTRE EIXOS 4,80 M, POTÊNCIA 189 CV INCLUSIVE TANQUE DE AÇO PARA TRANSPORTE DE ÁGUA, CAPACIDADE 6 M3 - MANUTENÇÃO. AF_06/2014","H","ATRIBUÍDO SÃO PAULO","26,35","CAIXA REFERENCIAL"]
["55263","ROLO COMPACTADOR DE PNEUS ESTÁTICO, PRESSÃO VARIÁVEL, POTÊNCIA 111 HP, PESO SEM/COM LASTRO 9,5 / 26 T, LARGURA DE TRABALHO 1,90 M - MATERIAIS NA OPERAÇÃO. AF_07/2014","H","COLETADO","48,89","CAIXA REFERENCIAL"]
["73303","GRUPO GERADOR ESTACIONÁRIO, MOTOR DIESEL POTÊNCIA 170 KVA - DEPRECIAÇÃO. AF_02/2016","H","ATRIBUÍDO SÃO PAULO","4,44","CAIXA REFERENCIAL"]
["73307","GRUPO GERADOR ESTACIONÁRIO, MOTOR DIESEL POTÊNCIA 170 KVA - MANUTENÇÃO. AF_02/2016","H","ATRIBUÍDO SÃO PAULO","3,96","CAIXA REFERENCIAL"]
["73309","ROLO COMPACTADOR VIBRATÓRIO PÉ DE CARNEIRO PARA SOLOS, POTÊNCIA 80 HP, PESO OPERACIONAL SEM/COM LASTRO 7,4 / 8,8 T, LARGURA DE TRABALHO 1,68 M - DEPRECIAÇÃO. AF_02/2016","H","ATRIBUÍDO SÃO PAULO","24,41","CAIXA REFERENCIAL"]
["73311","GRUPO GERADOR ESTACIONÁRIO, MOTOR DIESEL POTÊNCIA 170 KVA - MATERIAIS NA OPERAÇÃO. AF_02/2016","H","COLETADO","135,15","CAIXA REFERENCIAL"]
["73313","ROLO COMPACTADOR VIBRATÓRIO PÉ DE CARNEIRO PARA SOLOS, POTÊNCIA 80 HP, PESO OPERACIONAL SEM/COM LASTRO 7,4 / 8,8 T, LARGURA DE TRABALHO 1,68 M - JUROS. AF_02/2016","H","ATRIBUÍDO SÃO PAULO","3,38","CAIXA REFERENCIAL"]
["73315","ROLO COMPACTADOR VIBRATÓRIO PÉ DE CARNEIRO PARA SOLOS, POTÊNCIA 80 HP, PESO OPERACIONAL SEM/COM LASTRO 7,4 / 8,8 T, LARGURA DE TRABALHO 1,68 M - MATERIAIS NA OPERAÇÃO. AF_02/2016","H","COLETADO","43,35","CAIXA REFERENCIAL"]
["73335","CAMINHÃO TOCO, PBT 14.300 KG, CARGA ÚTIL MÁX. 9.710 KG, DIST. ENTRE EIXOS 3,56 M, POTÊNCIA 185 CV, INCLUSIVE CARROCERIA FIXA ABERTA DE MADEIRA P/ TRANSPORTE GERAL DE CARGA SECA, DIMEN. APROX. 2,50 X 6,50 X 0,50 M - MANUTENÇÃO. AF_06/2014","H","ATRIBUÍDO SÃO PAULO","24,65","CAIXA REFERENCIAL"]
["73340","CAMINHÃO TOCO, PBT 14.300 KG, CARGA ÚTIL MÁX. 9.710 KG, DIST. ENTRE EIXOS 3,56 M, POTÊNCIA 185 CV, INCLUSIVE CARROCERIA FIXA ABERTA DE MADEIRA P/ TRANSPORTE GERAL DE CARGA SECA, DIMEN. APROX. 2,50 X 6,50 X 0,50 M - MATERIAIS NA OPERAÇÃO. AF_06/2014","H","COLETADO","61,83","CAIXA REFERENCIAL"]
["83361","ESPARGIDOR DE ASFALTO PRESSURIZADO, TANQUE 6 M3 COM ISOLAÇÃO TÉRMICA, AQUECIDO COM 2 MAÇARICOS, COM BARRA ESPARGIDORA 3,60 M, MONTADO SOBRE CAMINHÃO  TOCO, PBT 14.300 KG, POTÊNCIA 185 CV - MANUTENÇÃO. AF_08/2015","H","ATRIBUÍDO SÃO PAULO","15,20","CAIXA REFERENCIAL"]
["83761","GRUPO DE SOLDAGEM COM GERADOR A DIESEL 60 CV PARA SOLDA ELÉTRICA, SOBRE 04 RODAS, COM MOTOR 4 CILINDROS 600 A - DEPRECIAÇÃO. AF_02/2016","H","ATRIBUÍDO SÃO PAULO","9,48","CAIXA REFERENCIAL"]
["83762","GRUPO DE SOLDAGEM COM GERADOR A DIESEL 60 CV PARA SOLDA ELÉTRICA, SOBRE 04 RODAS, COM MOTOR 4 CILINDROS 600 A - MANUTENÇÃO. AF_02/2016","H","ATRIBUÍDO SÃO PAULO","11,85","CAIXA REFERENCIAL"]
["83763","GRUPO DE SOLDAGEM COM GERADOR A DIESEL 60 CV PARA SOLDA ELÉTRICA, SOBRE 04 RODAS, COM MOTOR 4 CILINDROS 600 A - MATERIAIS NA OPERAÇÃO. AF_02/2016","H","COLETADO","38,09","CAIXA REFERENCIAL"]
["83764","GRUPO DE SOLDAGEM COM GERADOR A DIESEL 60 CV PARA SOLDA ELÉTRICA, SOBRE 04 RODAS, COM MOTOR 4 CILINDROS 600 A - JUROS. AF_02/2016","H","ATRIBUÍDO SÃO PAULO","1,06","CAIXA REFERENCIAL"]
["87026","GRADE DE DISCO REBOCÁVEL COM 20 DISCOS 24\" X 6 MM COM PNEUS PARA TRANSPORTE - JUROS. AF_06/2014","H","ATRIBUÍDO SÃO PAULO","0,42","CAIXA REFERENCIAL"]
["87441","BETONEIRA CAPACIDADE NOMINAL 400 L, CAPACIDADE DE MISTURA 310 L, MOTOR A DIESEL POTÊNCIA 5,0 HP, SEM CARREGADOR - DEPRECIAÇÃO. AF_06/2014","H","ATRIBUÍDO SÃO PAULO","0,44","CAIXA REFERENCIAL"]
["87442","BETONEIRA CAPACIDADE NOMINAL 400 L, CAPACIDADE DE MISTURA 310 L, MOTOR A DIESEL POTÊNCIA 5,0 HP, SEM CARREGADOR - JUROS. AF_06/2014","H","ATRIBUÍDO SÃO PAULO","0,05","CAIXA REFERENCIAL"]
["87443","BETONEIRA CAPACIDADE NOMINAL 400 L, CAPACIDADE DE MISTURA 310 L, MOTOR A DIESEL POTÊNCIA 5,0 HP, SEM CARREGADOR - MANUTENÇÃO. AF_06/2014","H","ATRIBUÍDO SÃO PAULO","0,41","CAIXA REFERENCIAL"]
["87444","BETONEIRA CAPACIDADE NOMINAL 400 L, CAPACIDADE DE MISTURA 310 L, MOTOR A DIESEL POTÊNCIA 5,0 HP, SEM CARREGADOR - MATERIAIS NA OPERAÇÃO. AF_06/2014","H","COLETADO","3,22","CAIXA REFERENCIAL"]
["88387","MISTURADOR DE ARGAMASSA, EIXO HORIZONTAL, CAPACIDADE DE MISTURA 300 KG, MOTOR ELÉTRICO POTÊNCIA 5 CV - DEPRECIAÇÃO. AF_06/2014","H","ATRIBUÍDO SÃO PAULO","0,85","CAIXA REFERENCIAL"]
["88389","MISTURADOR DE ARGAMASSA, EIXO HORIZONTAL, CAPACIDADE DE MISTURA 300 KG, MOTOR ELÉTRICO POTÊNCIA 5 CV - JUROS. AF_06/2014","H","ATRIBUÍDO SÃO PAULO","0,10","CAIXA REFERENCIAL"]
["88390","MISTURADOR DE ARGAMASSA, EIXO HORIZONTAL, CAPACIDADE DE MISTURA 300 KG, MOTOR ELÉTRICO POTÊNCIA 5 CV - MANUTENÇÃO. AF_06/2014","H","ATRIBUÍDO SÃO PAULO","1,07","CAIXA REFERENCIAL"]
["88391","MISTURADOR DE ARGAMASSA, EIXO HORIZONTAL, CAPACIDADE DE MISTURA 300 KG, MOTOR ELÉTRICO POTÊNCIA 5 CV - MATERIAIS NA OPERAÇÃO. AF_06/2014","H","COEFICIENTE DE REPRESENTATIVIDADE","2,84","CAIXA REFERENCIAL"]
["88394","MISTURADOR DE ARGAMASSA, EIXO HORIZONTAL, CAPACIDADE DE MISTURA 600 KG, MOTOR ELÉTRICO POTÊNCIA 7,5 CV - DEPRECIAÇÃO. AF_06/2014","H","ATRIBUÍDO SÃO PAULO","1,02","CAIXA REFERENCIAL"]
["88395","MISTURADOR DE ARGAMASSA, EIXO HORIZONTAL, CAPACIDADE DE MISTURA 600 KG, MOTOR ELÉTRICO POTÊNCIA 7,5 CV - JUROS. AF_06/2014","H","ATRIBUÍDO SÃO PAULO","0,12","CAIXA REFERENCIAL"]
["88396","MISTURADOR DE ARGAMASSA, EIXO HORIZONTAL, CAPACIDADE DE MISTURA 600 KG, MOTOR ELÉTRICO POTÊNCIA 7,5 CV - MANUTENÇÃO. AF_06/2014","H","ATRIBUÍDO SÃO PAULO","1,27","CAIXA REFERENCIAL"]
["88397","MISTURADOR DE ARGAMASSA, EIXO HORIZONTAL, CAPACIDADE DE MISTURA 600 KG, MOTOR ELÉTRICO POTÊNCIA 7,5 CV - MATERIAIS NA OPERAÇÃO. AF_06/2014","H","COEFICIENTE DE REPRESENTATIVIDADE","4,26","CAIXA REFERENCIAL"]
["88400","MISTURADOR DE ARGAMASSA, EIXO HORIZONTAL, CAPACIDADE DE MISTURA 160 KG, MOTOR ELÉTRICO POTÊNCIA 3 CV - DEPRECIAÇÃO. AF_06/2014","H","ATRIBUÍDO SÃO PAULO","0,81","CAIXA REFERENCIAL"]
["88401","MISTURADOR DE ARGAMASSA, EIXO HORIZONTAL, CAPACIDADE DE MISTURA 160 KG, MOTOR ELÉTRICO POTÊNCIA 3 CV - JUROS. AF_06/2014","H","ATRIBUÍDO SÃO PAULO","0,09","CAIXA REFERENCIAL"]
["88402","MISTURADOR DE ARGAMASSA, EIXO HORIZONTAL, CAPACIDADE DE MISTURA 160 KG, MOTOR ELÉTRICO POTÊNCIA 3 CV - MANUTENÇÃO. AF_06/2014","H","ATRIBUÍDO SÃO PAULO","1,01","CAIXA REFERENCIAL"]
["88403","MISTURADOR DE ARGAMASSA, EIXO HORIZONTAL, CAPACIDADE DE MISTURA 160 KG, MOTOR ELÉTRICO POTÊNCIA 3 CV - MATERIAIS NA OPERAÇÃO. AF_06/2014","H","COEFICIENTE DE REPRESENTATIVIDADE","1,71","CAIXA REFERENCIAL"]
["88419","PROJETOR DE ARGAMASSA, CAPACIDADE DE PROJEÇÃO 1,5 M3/H, ALCANCE DE 30 ATÉ 60 M, MOTOR ELÉTRICO POTÊNCIA 7,5 HP - DEPRECIAÇÃO. AF_06/2014","H","ATRIBUÍDO SÃO PAULO","5,27","CAIXA REFERENCIAL"]
["88422","PROJETOR DE ARGAMASSA, CAPACIDADE DE PROJEÇÃO 1,5 M3/H, ALCANCE DE 30 ATÉ 60 M, MOTOR ELÉTRICO POTÊNCIA 7,5 HP - JUROS. AF_06/2014","H","ATRIBUÍDO SÃO PAULO","0,62","CAIXA REFERENCIAL"]
["88425","PROJETOR DE ARGAMASSA, CAPACIDADE DE PROJEÇÃO 1,5 M3/H, ALCANCE DE 30 ATÉ 60 M, MOTOR ELÉTRICO POTÊNCIA 7,5 HP - MANUTENÇÃO. AF_06/2014","H","ATRIBUÍDO SÃO PAULO","5,77","CAIXA REFERENCIAL"]
["88427","PROJETOR DE ARGAMASSA, CAPACIDADE DE PROJEÇÃO 1,5 M3/H, ALCANCE DE 30 ATÉ 60 M, MOTOR ELÉTRICO POTÊNCIA 7,5 HP - MATERIAIS NA OPERAÇÃO. AF_06/2014","H","COEFICIENTE DE REPRESENTATIVIDADE","4,33","CAIXA REFERENCIAL"]
["88434","PROJETOR DE ARGAMASSA, CAPACIDADE DE PROJEÇÃO 2 M3/H, ALCANCE ATÉ 50 M, MOTOR ELÉTRICO POTÊNCIA 7,5 HP - DEPRECIAÇÃO. AF_06/2014","H","ATRIBUÍDO SÃO PAULO","6,99","CAIXA REFERENCIAL"]
["88435","PROJETOR DE ARGAMASSA, CAPACIDADE DE PROJEÇÃO 2 M3/H, ALCANCE ATÉ 50 M, MOTOR ELÉTRICO POTÊNCIA 7,5 HP - JUROS. AF_06/2014","H","ATRIBUÍDO SÃO PAULO","0,83","CAIXA REFERENCIAL"]
["88436","PROJETOR DE ARGAMASSA, CAPACIDADE DE PROJEÇÃO 2 M3/H, ALCANCE ATÉ 50 M, MOTOR ELÉTRICO POTÊNCIA 7,5 HP - MANUTENÇÃO. AF_06/2014","H","ATRIBUÍDO SÃO PAULO","7,65","CAIXA REFERENCIAL"]
["88437","PROJETOR DE ARGAMASSA, CAPACIDADE DE PROJEÇÃO 2 M3/H, ALCANCE ATÉ 50 M, MOTOR ELÉTRICO POTÊNCIA 7,5 HP - MATERIAIS NA OPERAÇÃO. AF_06/2014","H","COEFICIENTE DE REPRESENTATIVIDADE","4,33","CAIXA REFERENCIAL"]
["88569","ESPARGIDOR DE ASFALTO PRESSURIZADO COM TANQUE DE 2500 L, REBOCÁVEL COM MOTOR A GASOLINA POTÊNCIA 3,4 HP - DEPRECIAÇÃO. AF_07/2014","H","ATRIBUÍDO SÃO PAULO","3,65","CAIXA REFERENCIAL"]
["88570","ESPARGIDOR DE ASFALTO PRESSURIZADO COM TANQUE DE 2500 L, REBOCÁVEL COM MOTOR A GASOLINA POTÊNCIA 3,4 HP - JUROS. AF_07/2014","H","ATRIBUÍDO SÃO PAULO","0,79","CAIXA REFERENCIAL"]
["88826","BETONEIRA CAPACIDADE NOMINAL DE 400 L, CAPACIDADE DE MISTURA 280 L, MOTOR ELÉTRICO TRIFÁSICO POTÊNCIA DE 2 CV, SEM CARREGADOR - DEPRECIAÇÃO. AF_10/2014","H","ATRIBUÍDO SÃO PAULO","0,32","CAIXA REFERENCIAL"]
["88827","BETONEIRA CAPACIDADE NOMINAL DE 400 L, CAPACIDADE DE MISTURA 280 L, MOTOR ELÉTRICO TRIFÁSICO POTÊNCIA DE 2 CV, SEM CARREGADOR - JUROS. AF_10/2014","H","ATRIBUÍDO SÃO PAULO","0,03","CAIXA REFERENCIAL"]
["88828","BETONEIRA CAPACIDADE NOMINAL DE 400 L, CAPACIDADE DE MISTURA 280 L, MOTOR ELÉTRICO TRIFÁSICO POTÊNCIA DE 2 CV, SEM CARREGADOR - MANUTENÇÃO. AF_10/2014","H","ATRIBUÍDO SÃO PAULO","0,30","CAIXA REFERENCIAL"]
["88829","BETONEIRA CAPACIDADE NOMINAL DE 400 L, CAPACIDADE DE MISTURA 280 L, MOTOR ELÉTRICO TRIFÁSICO POTÊNCIA DE 2 CV, SEM CARREGADOR - MATERIAIS NA OPERAÇÃO. AF_10/2014","H","COEFICIENTE DE REPRESENTATIVIDADE","1,13","CAIXA REFERENCIAL"]
["88832","ESCAVADEIRA HIDRÁULICA SOBRE ESTEIRAS, CAÇAMBA 0,80 M3, PESO OPERACIONAL 17,8 T, POTÊNCIA LÍQUIDA 110 HP - DEPRECIAÇÃO. AF_10/2014","H","COEFICIENTE DE REPRESENTATIVIDADE","45,41","CAIXA REFERENCIAL"]
["88834","ESCAVADEIRA HIDRÁULICA SOBRE ESTEIRAS, CAÇAMBA 0,80 M3, PESO OPERACIONAL 17,8 T, POTÊNCIA LÍQUIDA 110 HP - JUROS. AF_10/2014","H","COEFICIENTE DE REPRESENTATIVIDADE","6,16","CAIXA REFERENCIAL"]
["88835","ESCAVADEIRA HIDRÁULICA SOBRE ESTEIRAS, CAÇAMBA 0,80 M3, PESO OPERACIONAL 17,8 T, POTÊNCIA LÍQUIDA 110 HP - MANUTENÇÃO. AF_10/2014","H","COEFICIENTE DE REPRESENTATIVIDADE","56,77","CAIXA REFERENCIAL"]
["88836","ESCAVADEIRA HIDRÁULICA SOBRE ESTEIRAS, CAÇAMBA 0,80 M3, PESO OPERACIONAL 17,8 T, POTÊNCIA LÍQUIDA 110 HP - MATERIAIS NA OPERAÇÃO. AF_10/2014","H","COLETADO","48,44","CAIXA REFERENCIAL"]
["88839","TRATOR DE ESTEIRAS, POTÊNCIA 125 HP, PESO OPERACIONAL 12,9 T, COM LÂMINA 2,7 M3 - DEPRECIAÇÃO. AF_10/2014","H","ATRIBUÍDO SÃO PAULO","25,35","CAIXA REFERENCIAL"]
["88840","TRATOR DE ESTEIRAS, POTÊNCIA 125 HP, PESO OPERACIONAL 12,9 T, COM LÂMINA 2,7 M3 - JUROS. AF_10/2014","H","ATRIBUÍDO SÃO PAULO","5,70","CAIXA REFERENCIAL"]
["88841","TRATOR DE ESTEIRAS, POTÊNCIA 125 HP, PESO OPERACIONAL 12,9 T, COM LÂMINA 2,7 M3 - MANUTENÇÃO. AF_10/2014","H","ATRIBUÍDO SÃO PAULO","45,33","CAIXA REFERENCIAL"]
["88842","TRATOR DE ESTEIRAS, POTÊNCIA 125 HP, PESO OPERACIONAL 12,9 T, COM LÂMINA 2,7 M3 - MATERIAIS NA OPERAÇÃO. AF_10/2014","H","COLETADO","59,29","CAIXA REFERENCIAL"]
["88847","USINA DE LAMA ASFÁLTICA, PROD 30 A 50 T/H, SILO DE AGREGADO 7 M3, RESERVATÓRIOS PARA EMULSÃO E ÁGUA DE 2,3 M3 CADA, MISTURADOR TIPO PUG MILL A SER MONTADO SOBRE CAMINHÃO - DEPRECIAÇÃO. AF_10/2014","H","ATRIBUÍDO SÃO PAULO","21,60","CAIXA REFERENCIAL"]
["88848","USINA DE LAMA ASFÁLTICA, PROD 30 A 50 T/H, SILO DE AGREGADO 7 M3, RESERVATÓRIOS PARA EMULSÃO E ÁGUA DE 2,3 M3 CADA, MISTURADOR TIPO PUG MILL A SER MONTADO SOBRE CAMINHÃO - JUROS. AF_10/2014","H","ATRIBUÍDO SÃO PAULO","4,53","CAIXA REFERENCIAL"]
["88853","MOTOBOMBA CENTRÍFUGA, MOTOR A GASOLINA, POTÊNCIA 5,42 HP, BOCAIS 1 1/2\" X 1\", DIÂMETRO ROTOR 143 MM HM/Q = 6 MCA / 16,8 M3/H A 38 MCA / 6,6 M3/H - DEPRECIAÇÃO. AF_06/2014","H","COEFICIENTE DE REPRESENTATIVIDADE","0,19","CAIXA REFERENCIAL"]
["88854","MOTOBOMBA CENTRÍFUGA, MOTOR A GASOLINA, POTÊNCIA 5,42 HP, BOCAIS 1 1/2\" X 1\", DIÂMETRO ROTOR 143 MM HM/Q = 6 MCA / 16,8 M3/H A 38 MCA / 6,6 M3/H - JUROS. AF_06/2014","H","COEFICIENTE DE REPRESENTATIVIDADE","0,02","CAIXA REFERENCIAL"]
["88855","GRADE DE DISCO CONTROLE REMOTO REBOCÁVEL, COM 24 DISCOS 24\u0094 X 6 MM COM PNEUS PARA TRANSPORTE - DEPRECIAÇÃO. AF_06/2014","H","ATRIBUÍDO SÃO PAULO","3,86","CAIXA REFERENCIAL"]
["88856","GRADE DE DISCO CONTROLE REMOTO REBOCÁVEL, COM 24 DISCOS 24\u0094 X 6 MM COM PNEUS PARA TRANSPORTE - JUROS. AF_06/2014","H","ATRIBUÍDO SÃO PAULO","0,54","CAIXA REFERENCIAL"]
["88857","RETROESCAVADEIRA SOBRE RODAS COM CARREGADEIRA, TRAÇÃO 4X4, POTÊNCIA LÍQ. 88 HP, CAÇAMBA CARREG. CAP. MÍN. 1 M3, CAÇAMBA RETRO CAP. 0,26 M3, PESO OPERACIONAL MÍN. 6.674 KG, PROFUNDIDADE ESCAVAÇÃO MÁX. 4,37 M - DEPRECIAÇÃO. AF_06/2014","H","COEFICIENTE DE REPRESENTATIVIDADE","24,67","CAIXA REFERENCIAL"]
["88858","RETROESCAVADEIRA SOBRE RODAS COM CARREGADEIRA, TRAÇÃO 4X4, POTÊNCIA LÍQ. 88 HP, CAÇAMBA CARREG. CAP. MÍN. 1 M3, CAÇAMBA RETRO CAP. 0,26 M3, PESO OPERACIONAL MÍN. 6.674 KG, PROFUNDIDADE ESCAVAÇÃO MÁX. 4,37 M - JUROS. AF_06/2014","H","COEFICIENTE DE REPRESENTATIVIDADE","3,34","CAIXA REFERENCIAL"]
["88859","RETROESCAVADEIRA SOBRE RODAS COM CARREGADEIRA, TRAÇÃO 4X2, POTÊNCIA LÍQ. 79 HP, CAÇAMBA CARREG. CAP. MÍN. 1 M3, CAÇAMBA RETRO CAP. 0,20 M3, PESO OPERACIONAL MÍN. 6.570 KG, PROFUNDIDADE ESCAVAÇÃO MÁX. 4,37 M - DEPRECIAÇÃO. AF_06/2014","H","COEFICIENTE DE REPRESENTATIVIDADE","21,94","CAIXA REFERENCIAL"]
["88860","RETROESCAVADEIRA SOBRE RODAS COM CARREGADEIRA, TRAÇÃO 4X2, POTÊNCIA LÍQ. 79 HP, CAÇAMBA CARREG. CAP. MÍN. 1 M3, CAÇAMBA RETRO CAP. 0,20 M3, PESO OPERACIONAL MÍN. 6.570 KG, PROFUNDIDADE ESCAVAÇÃO MÁX. 4,37 M - JUROS. AF_06/2014","H","COEFICIENTE DE REPRESENTATIVIDADE","2,97","CAIXA REFERENCIAL"]
["88900","ESCAVADEIRA HIDRÁULICA SOBRE ESTEIRAS, CAÇAMBA 1,20 M3, PESO OPERACIONAL 21 T, POTÊNCIA BRUTA 155 HP - DEPRECIAÇÃO. AF_06/2014","H","COEFICIENTE DE REPRESENTATIVIDADE","52,95","CAIXA REFERENCIAL"]
["88902","ESCAVADEIRA HIDRÁULICA SOBRE ESTEIRAS, CAÇAMBA 1,20 M3, PESO OPERACIONAL 21 T, POTÊNCIA BRUTA 155 HP - JUROS. AF_06/2014","H","COEFICIENTE DE REPRESENTATIVIDADE","7,18","CAIXA REFERENCIAL"]
["88903","ESCAVADEIRA HIDRÁULICA SOBRE ESTEIRAS, CAÇAMBA 1,20 M3, PESO OPERACIONAL 21 T, POTÊNCIA BRUTA 155 HP - MANUTENÇÃO. AF_06/2014","H","COEFICIENTE DE REPRESENTATIVIDADE","66,19","CAIXA REFERENCIAL"]
["88904","ESCAVADEIRA HIDRÁULICA SOBRE ESTEIRAS, CAÇAMBA 1,20 M3, PESO OPERACIONAL 21 T, POTÊNCIA BRUTA 155 HP - MATERIAIS NA OPERAÇÃO. AF_06/2014","H","COLETADO","68,23","CAIXA REFERENCIAL"]
["89009","TRATOR DE ESTEIRAS, POTÊNCIA 150 HP, PESO OPERACIONAL 16,7 T, COM RODA MOTRIZ ELEVADA E LÂMINA 3,18 M3 - DEPRECIAÇÃO. AF_06/2014","H","ATRIBUÍDO SÃO PAULO","31,41","CAIXA REFERENCIAL"]
["89010","TRATOR DE ESTEIRAS, POTÊNCIA 150 HP, PESO OPERACIONAL 16,7 T, COM RODA MOTRIZ ELEVADA E LÂMINA 3,18 M3 - JUROS. AF_06/2014","H","ATRIBUÍDO SÃO PAULO","7,07","CAIXA REFERENCIAL"]
["89011","RETROESCAVADEIRA SOBRE RODAS COM CARREGADEIRA, TRAÇÃO 4X4, POTÊNCIA LÍQ. 72 HP, CAÇAMBA CARREG. CAP. MÍN. 0,79 M3, CAÇAMBA RETRO CAP. 0,18 M3, PESO OPERACIONAL MÍN. 7.140 KG, PROFUNDIDADE ESCAVAÇÃO MÁX. 4,50 M - DEPRECIAÇÃO. AF_06/2014","H","COLETADO","23,80","CAIXA REFERENCIAL"]
["89012","RETROESCAVADEIRA SOBRE RODAS COM CARREGADEIRA, TRAÇÃO 4X4, POTÊNCIA LÍQ. 72 HP, CAÇAMBA CARREG. CAP. MÍN. 0,79 M3, CAÇAMBA RETRO CAP. 0,18 M3, PESO OPERACIONAL MÍN. 7.140 KG, PROFUNDIDADE ESCAVAÇÃO MÁX. 4,50 M - JUROS. AF_06/2014","H","COLETADO","3,23","CAIXA REFERENCIAL"]
["89013","TRATOR DE ESTEIRAS, POTÊNCIA 347 HP, PESO OPERACIONAL 38,5 T, COM LÂMINA 8,70 M3 - DEPRECIAÇÃO. AF_06/2014","H","ATRIBUÍDO SÃO PAULO","102,88","CAIXA REFERENCIAL"]
["89014","TRATOR DE ESTEIRAS, POTÊNCIA 347 HP, PESO OPERACIONAL 38,5 T, COM LÂMINA 8,70 M3 - JUROS. AF_06/2014","H","ATRIBUÍDO SÃO PAULO","23,15","CAIXA REFERENCIAL"]
["89015","VASSOURA MECÂNICA REBOCÁVEL COM ESCOVA CILÍNDRICA, LARGURA ÚTIL DE VARRIMENTO DE 2,44 M - DEPRECIAÇÃO. AF_06/2014","H","ATRIBUÍDO SÃO PAULO","4,46","CAIXA REFERENCIAL"]
["89016","VASSOURA MECÂNICA REBOCÁVEL COM ESCOVA CILÍNDRICA, LARGURA ÚTIL DE VARRIMENTO DE 2,44 M - JUROS. AF_06/2014","H","ATRIBUÍDO SÃO PAULO","0,60","CAIXA REFERENCIAL"]
["89017","TRATOR DE ESTEIRAS, POTÊNCIA 170 HP, PESO OPERACIONAL 19 T, CAÇAMBA 5,2 M3 - DEPRECIAÇÃO. AF_06/2014","H","ATRIBUÍDO SÃO PAULO","31,21","CAIXA REFERENCIAL"]
["89018","TRATOR DE ESTEIRAS, POTÊNCIA 170 HP, PESO OPERACIONAL 19 T, CAÇAMBA 5,2 M3 - JUROS. AF_06/2014","H","ATRIBUÍDO SÃO PAULO","7,02","CAIXA REFERENCIAL"]
["89019","BOMBA SUBMERSÍVEL ELÉTRICA TRIFÁSICA, POTÊNCIA 2,96 HP, Ø ROTOR 144 MM SEMI-ABERTO, BOCAL DE SAÍDA Ø 2\u0094, HM/Q = 2 MCA / 38,8 M3/H A 28 MCA / 5 M3/H - DEPRECIAÇÃO. AF_06/2014","H","ATRIBUÍDO SÃO PAULO","0,28","CAIXA REFERENCIAL"]
["89020","BOMBA SUBMERSÍVEL ELÉTRICA TRIFÁSICA, POTÊNCIA 2,96 HP, Ø ROTOR 144 MM SEMI-ABERTO, BOCAL DE SAÍDA Ø 2\u0094, HM/Q = 2 MCA / 38,8 M3/H A 28 MCA / 5 M3/H - JUROS. AF_06/2014","H","ATRIBUÍDO SÃO PAULO","0,03","CAIXA REFERENCIAL"]
["89023","TANQUE DE ASFALTO ESTACIONÁRIO COM MAÇARICO, CAPACIDADE 20.000 L - DEPRECIAÇÃO. AF_06/2014","H","ATRIBUÍDO SÃO PAULO","4,18","CAIXA REFERENCIAL"]
["89024","TANQUE DE ASFALTO ESTACIONÁRIO COM MAÇARICO, CAPACIDADE 20.000 L - JUROS. AF_06/2014","H","ATRIBUÍDO SÃO PAULO","0,69","CAIXA REFERENCIAL"]
["89025","TANQUE DE ASFALTO ESTACIONÁRIO COM MAÇARICO, CAPACIDADE 20.000 L - MANUTENÇÃO. AF_06/2014","H","ATRIBUÍDO SÃO PAULO","7,84","CAIXA REFERENCIAL"]
["89026","TANQUE DE ASFALTO ESTACIONÁRIO COM MAÇARICO, CAPACIDADE 20.000 L - MATERIAIS NA OPERAÇÃO. AF_06/2014","H","COLETADO","151,09","CAIXA REFERENCIAL"]
["89029","TRATOR DE ESTEIRAS, POTÊNCIA 100 HP, PESO OPERACIONAL 9,4 T, COM LÂMINA 2,19 M3 - DEPRECIAÇÃO. AF_06/2014","H","ATRIBUÍDO SÃO PAULO","24,22","CAIXA REFERENCIAL"]
["89030","TRATOR DE ESTEIRAS, POTÊNCIA 100 HP, PESO OPERACIONAL 9,4 T, COM LÂMINA 2,19 M3 - JUROS. AF_06/2014","H","ATRIBUÍDO SÃO PAULO","5,45","CAIXA REFERENCIAL"]
["89033","TRATOR DE PNEUS, POTÊNCIA 85 CV, TRAÇÃO 4X4, PESO COM LASTRO DE 4.675 KG - DEPRECIAÇÃO. AF_06/2014","H","ATRIBUÍDO SÃO PAULO","11,43","CAIXA REFERENCIAL"]
["89034","TRATOR DE PNEUS, POTÊNCIA 85 CV, TRAÇÃO 4X4, PESO COM LASTRO DE 4.675 KG - JUROS. AF_06/2014","H","ATRIBUÍDO SÃO PAULO","1,58","CAIXA REFERENCIAL"]
["89128","PÁ CARREGADEIRA SOBRE RODAS, POTÊNCIA LÍQUIDA 128 HP, CAPACIDADE DA CAÇAMBA 1,7 A 2,8 M3, PESO OPERACIONAL 11632 KG - DEPRECIAÇÃO. AF_06/2014","H","COLETADO","33,04","CAIXA REFERENCIAL"]
["89129","PÁ CARREGADEIRA SOBRE RODAS, POTÊNCIA LÍQUIDA 128 HP, CAPACIDADE DA CAÇAMBA 1,7 A 2,8 M3, PESO OPERACIONAL 11632 KG - JUROS. AF_06/2014","H","COLETADO","4,48","CAIXA REFERENCIAL"]
["89130","PÁ CARREGADEIRA SOBRE RODAS, POTÊNCIA 197 HP, CAPACIDADE DA CAÇAMBA 2,5 A 3,5 M3, PESO OPERACIONAL 18338 KG - DEPRECIAÇÃO. AF_06/2014","H","COEFICIENTE DE REPRESENTATIVIDADE","45,81","CAIXA REFERENCIAL"]
["89131","PÁ CARREGADEIRA SOBRE RODAS, POTÊNCIA 197 HP, CAPACIDADE DA CAÇAMBA 2,5 A 3,5 M3, PESO OPERACIONAL 18338 KG - JUROS. AF_06/2014","H","COEFICIENTE DE REPRESENTATIVIDADE","6,21","CAIXA REFERENCIAL"]
["89210","ROLO COMPACTADOR VIBRATÓRIO DE UM CILINDRO AÇO LISO, POTÊNCIA 80 HP, PESO OPERACIONAL MÁXIMO 8,1 T, IMPACTO DINÂMICO 16,15 / 9,5 T, LARGURA DE TRABALHO 1,68 M - DEPRECIAÇÃO. AF_06/2014","H","ATRIBUÍDO SÃO PAULO","23,48","CAIXA REFERENCIAL"]
["89211","ROLO COMPACTADOR VIBRATÓRIO DE UM CILINDRO AÇO LISO, POTÊNCIA 80 HP, PESO OPERACIONAL MÁXIMO 8,1 T, IMPACTO DINÂMICO 16,15 / 9,5 T, LARGURA DE TRABALHO 1,68 M - JUROS. AF_06/2014","H","ATRIBUÍDO SÃO PAULO","3,26","CAIXA REFERENCIAL"]
["89212","BATE-ESTACAS POR GRAVIDADE, POTÊNCIA DE 160 HP, PESO DO MARTELO ATÉ 3 TONELADAS - DEPRECIAÇÃO. AF_11/2014","H","ATRIBUÍDO SÃO PAULO","24,39","CAIXA REFERENCIAL"]
["89213","BATE-ESTACAS POR GRAVIDADE, POTÊNCIA DE 160 HP, PESO DO MARTELO ATÉ 3 TONELADAS - JUROS. AF_11/2014","H","ATRIBUÍDO SÃO PAULO","3,84","CAIXA REFERENCIAL"]
["89214","BATE-ESTACAS POR GRAVIDADE, POTÊNCIA DE 160 HP, PESO DO MARTELO ATÉ 3 TONELADAS - MANUTENÇÃO. AF_11/2014","H","ATRIBUÍDO SÃO PAULO","22,89","CAIXA REFERENCIAL"]
["89215","BATE-ESTACAS POR GRAVIDADE, POTÊNCIA DE 160 HP, PESO DO MARTELO ATÉ 3 TONELADAS - MATERIAIS NA OPERAÇÃO. AF_11/2014","H","COLETADO","70,46","CAIXA REFERENCIAL"]
["89221","BETONEIRA CAPACIDADE NOMINAL DE 600 L, CAPACIDADE DE MISTURA 360 L, MOTOR ELÉTRICO TRIFÁSICO POTÊNCIA DE 4 CV, SEM CARREGADOR - DEPRECIAÇÃO. AF_11/2014","H","ATRIBUÍDO SÃO PAULO","1,31","CAIXA REFERENCIAL"]
["89222","BETONEIRA CAPACIDADE NOMINAL DE 600 L, CAPACIDADE DE MISTURA 360 L, MOTOR ELÉTRICO TRIFÁSICO POTÊNCIA DE 4 CV, SEM CARREGADOR - JUROS. AF_11/2014","H","ATRIBUÍDO SÃO PAULO","0,15","CAIXA REFERENCIAL"]
["89223","BETONEIRA CAPACIDADE NOMINAL DE 600 L, CAPACIDADE DE MISTURA 360 L, MOTOR ELÉTRICO TRIFÁSICO POTÊNCIA DE 4 CV, SEM CARREGADOR - MANUTENÇÃO. AF_11/2014","H","ATRIBUÍDO SÃO PAULO","1,23","CAIXA REFERENCIAL"]
["89224","BETONEIRA CAPACIDADE NOMINAL DE 600 L, CAPACIDADE DE MISTURA 360 L, MOTOR ELÉTRICO TRIFÁSICO POTÊNCIA DE 4 CV, SEM CARREGADOR - MATERIAIS NA OPERAÇÃO. AF_11/2014","H","COEFICIENTE DE REPRESENTATIVIDADE","2,27","CAIXA REFERENCIAL"]
["89228","MOTONIVELADORA POTÊNCIA BÁSICA LÍQUIDA (PRIMEIRA MARCHA) 125 HP, PESO BRUTO 13032 KG, LARGURA DA LÂMINA DE 3,7 M - DEPRECIAÇÃO. AF_06/2014","H","COLETADO","39,40","CAIXA REFERENCIAL"]
["89229","MOTONIVELADORA POTÊNCIA BÁSICA LÍQUIDA (PRIMEIRA MARCHA) 125 HP, PESO BRUTO 13032 KG, LARGURA DA LÂMINA DE 3,7 M - JUROS. AF_06/2014","H","COLETADO","7,09","CAIXA REFERENCIAL"]
["89230","FRESADORA DE ASFALTO A FRIO SOBRE RODAS, LARGURA FRESAGEM DE 1,0 M, POTÊNCIA 208 HP - DEPRECIAÇÃO. AF_11/2014","H","ATRIBUÍDO SÃO PAULO","125,61","CAIXA REFERENCIAL"]
["89231","FRESADORA DE ASFALTO A FRIO SOBRE RODAS, LARGURA FRESAGEM DE 1,0 M, POTÊNCIA 208 HP - JUROS. AF_11/2014","H","ATRIBUÍDO SÃO PAULO","19,90","CAIXA REFERENCIAL"]
["89232","FRESADORA DE ASFALTO A FRIO SOBRE RODAS, LARGURA FRESAGEM DE 1,0 M, POTÊNCIA 208 HP - MANUTENÇÃO. AF_11/2014","H","ATRIBUÍDO SÃO PAULO","224,06","CAIXA REFERENCIAL"]
["89233","FRESADORA DE ASFALTO A FRIO SOBRE RODAS, LARGURA FRESAGEM DE 1,0 M, POTÊNCIA 208 HP - MATERIAIS NA OPERAÇÃO. AF_11/2014","H","COLETADO","126,80","CAIXA REFERENCIAL"]
["89236","FRESADORA DE ASFALTO A FRIO SOBRE RODAS, LARGURA FRESAGEM DE 2,0 M, POTÊNCIA 550 HP - DEPRECIAÇÃO. AF_11/2014","H","ATRIBUÍDO SÃO PAULO","293,43","CAIXA REFERENCIAL"]
["89237","FRESADORA DE ASFALTO A FRIO SOBRE RODAS, LARGURA FRESAGEM DE 2,0 M, POTÊNCIA 550 HP - JUROS. AF_11/2014","H","ATRIBUÍDO SÃO PAULO","46,49","CAIXA REFERENCIAL"]
["89238","FRESADORA DE ASFALTO A FRIO SOBRE RODAS, LARGURA FRESAGEM DE 2,0 M, POTÊNCIA 550 HP - MANUTENÇÃO. AF_11/2014","H","ATRIBUÍDO SÃO PAULO","523,40","CAIXA REFERENCIAL"]
["89239","FRESADORA DE ASFALTO A FRIO SOBRE RODAS, LARGURA FRESAGEM DE 2,0 M, POTÊNCIA 550 HP - MATERIAIS NA OPERAÇÃO. AF_11/2014","H","COLETADO","335,32","CAIXA REFERENCIAL"]
["89240","VIBROACABADORA DE ASFALTO SOBRE ESTEIRAS, LARGURA DE PAVIMENTAÇÃO 1,90 M A 5,30 M, POTÊNCIA 105 HP CAPACIDADE 450 T/H - DEPRECIAÇÃO. AF_11/2014","H","ATRIBUÍDO SÃO PAULO","90,05","CAIXA REFERENCIAL"]
["89241","VIBROACABADORA DE ASFALTO SOBRE ESTEIRAS, LARGURA DE PAVIMENTAÇÃO 1,90 M A 5,30 M, POTÊNCIA 105 HP CAPACIDADE 450 T/H - JUROS. AF_11/2014","H","ATRIBUÍDO SÃO PAULO","16,20","CAIXA REFERENCIAL"]
["89246","RECICLADORA DE ASFALTO A FRIO SOBRE RODAS, LARGURA FRESAGEM DE 2,0 M, POTÊNCIA 422 HP - DEPRECIAÇÃO. AF_11/2014","H","ATRIBUÍDO SÃO PAULO","254,97","CAIXA REFERENCIAL"]
["89247","RECICLADORA DE ASFALTO A FRIO SOBRE RODAS, LARGURA FRESAGEM DE 2,0 M, POTÊNCIA 422 HP - JUROS. AF_11/2014","H","ATRIBUÍDO SÃO PAULO","40,40","CAIXA REFERENCIAL"]
["89248","RECICLADORA DE ASFALTO A FRIO SOBRE RODAS, LARGURA FRESAGEM DE 2,0 M, POTÊNCIA 422 HP - MANUTENÇÃO. AF_11/2014","H","ATRIBUÍDO SÃO PAULO","454,80","CAIXA REFERENCIAL"]
["89249","RECICLADORA DE ASFALTO A FRIO SOBRE RODAS, LARGURA FRESAGEM DE 2,0 M, POTÊNCIA 422 HP - MATERIAIS NA OPERAÇÃO. AF_11/2014","H","COLETADO","285,83","CAIXA REFERENCIAL"]
["89253","VIBROACABADORA DE ASFALTO SOBRE ESTEIRAS, LARGURA DE PAVIMENTAÇÃO 2,13 M A 4,55 M, POTÊNCIA 100 HP, CAPACIDADE 400 T/H - DEPRECIAÇÃO. AF_11/2014","H","ATRIBUÍDO SÃO PAULO","73,79","CAIXA REFERENCIAL"]
["89254","VIBROACABADORA DE ASFALTO SOBRE ESTEIRAS, LARGURA DE PAVIMENTAÇÃO 2,13 M A 4,55 M, POTÊNCIA 100 HP, CAPACIDADE 400 T/H - JUROS. AF_11/2014","H","ATRIBUÍDO SÃO PAULO","13,28","CAIXA REFERENCIAL"]
["89255","VIBROACABADORA DE ASFALTO SOBRE ESTEIRAS, LARGURA DE PAVIMENTAÇÃO 2,13 M A 4,55 M, POTÊNCIA 100 HP, CAPACIDADE 400 T/H - MANUTENÇÃO. AF_11/2014","H","ATRIBUÍDO SÃO PAULO","118,62","CAIXA REFERENCIAL"]
["89256","VIBROACABADORA DE ASFALTO SOBRE ESTEIRAS, LARGURA DE PAVIMENTAÇÃO 2,13 M A 4,55 M, POTÊNCIA 100 HP, CAPACIDADE 400 T/H - MATERIAIS NA OPERAÇÃO. AF_11/2014","H","COLETADO","64,33","CAIXA REFERENCIAL"]
["89259","GUINDAUTO HIDRÁULICO, CAPACIDADE MÁXIMA DE CARGA 6200 KG, MOMENTO MÁXIMO DE CARGA 11,7 TM, ALCANCE MÁXIMO HORIZONTAL 9,70 M, INCLUSIVE CAMINHÃO TOCO PBT 16.000 KG, POTÊNCIA DE 189 CV - DEPRECIAÇÃO. AF_06/2014","H","ATRIBUÍDO SÃO PAULO","14,20","CAIXA REFERENCIAL"]
["89260","GUINDAUTO HIDRÁULICO, CAPACIDADE MÁXIMA DE CARGA 6200 KG, MOMENTO MÁXIMO DE CARGA 11,7 TM, ALCANCE MÁXIMO HORIZONTAL 9,70 M, INCLUSIVE CAMINHÃO TOCO PBT 16.000 KG, POTÊNCIA DE 189 CV - JUROS. AF_06/2014","H","ATRIBUÍDO SÃO PAULO","2,97","CAIXA REFERENCIAL"]
["89262","GUINDAUTO HIDRÁULICO, CAPACIDADE MÁXIMA DE CARGA 6200 KG, MOMENTO MÁXIMO DE CARGA 11,7 TM, ALCANCE MÁXIMO HORIZONTAL 9,70 M, INCLUSIVE CAMINHÃO TOCO PBT 16.000 KG, POTÊNCIA DE 189 CV - MANUTENÇÃO. AF_06/2014","H","ATRIBUÍDO SÃO PAULO","26,61","CAIXA REFERENCIAL"]
["89264","CAMINHÃO TOCO, PBT 16.000 KG, CARGA ÚTIL MÁX. 10.685 KG, DIST. ENTRE EIXOS 4,8 M, POTÊNCIA 189 CV, INCLUSIVE CARROCERIA FIXA ABERTA DE MADEIRA P/ TRANSPORTE GERAL DE CARGA SECA, DIMEN. APROX. 2,5 X 7,00 X 0,50 M - DEPRECIAÇÃO. AF_06/2014","H","ATRIBUÍDO SÃO PAULO","11,09","CAIXA REFERENCIAL"]
["89265","CAMINHÃO TOCO, PBT 16.000 KG, CARGA ÚTIL MÁX. 10.685 KG, DIST. ENTRE EIXOS 4,8 M, POTÊNCIA 189 CV, INCLUSIVE CARROCERIA FIXA ABERTA DE MADEIRA P/ TRANSPORTE GERAL DE CARGA SECA, DIMEN. APROX. 2,5 X 7,00 X 0,50 M - JUROS. AF_06/2014","H","ATRIBUÍDO SÃO PAULO","2,32","CAIXA REFERENCIAL"]
["89266","CAMINHÃO TOCO, PBT 16.000 KG, CARGA ÚTIL MÁX. 10.685 KG, DIST. ENTRE EIXOS 4,8 M, POTÊNCIA 189 CV, INCLUSIVE CARROCERIA FIXA ABERTA DE MADEIRA P/ TRANSPORTE GERAL DE CARGA SECA, DIMEN. APROX. 2,5 X 7,00 X 0,50 M - IMPOSTOS E SEGUROS. AF_06/2014","H","ATRIBUÍDO SÃO PAULO","0,89","CAIXA REFERENCIAL"]
["89267","GUINDASTE HIDRÁULICO AUTOPROPELIDO, COM LANÇA TELESCÓPICA 28,80 M, CAPACIDADE MÁXIMA 30 T, POTÊNCIA 97 KW, TRAÇÃO 4 X 4 - DEPRECIAÇÃO. AF_11/2014","H","ATRIBUÍDO SÃO PAULO","42,45","CAIXA REFERENCIAL"]
["89268","GUINDASTE HIDRÁULICO AUTOPROPELIDO, COM LANÇA TELESCÓPICA 28,80 M, CAPACIDADE MÁXIMA 30 T, POTÊNCIA 97 KW, TRAÇÃO 4 X 4 - JUROS. AF_11/2014","H","ATRIBUÍDO SÃO PAULO","7,64","CAIXA REFERENCIAL"]
["89269","GUINDASTE HIDRÁULICO AUTOPROPELIDO, COM LANÇA TELESCÓPICA 28,80 M, CAPACIDADE MÁXIMA 30 T, POTÊNCIA 97 KW, TRAÇÃO 4 X 4 - IMPOSTOS E SEGUROS. AF_11/2014","H","ATRIBUÍDO SÃO PAULO","2,97","CAIXA REFERENCIAL"]
["89270","GUINDASTE HIDRÁULICO AUTOPROPELIDO, COM LANÇA TELESCÓPICA 28,80 M, CAPACIDADE MÁXIMA 30 T, POTÊNCIA 97 KW, TRAÇÃO 4 X 4 - MANUTENÇÃO. AF_11/2014","H","ATRIBUÍDO SÃO PAULO","68,25","CAIXA REFERENCIAL"]
["89271","GUINDASTE HIDRÁULICO AUTOPROPELIDO, COM LANÇA TELESCÓPICA 28,80 M, CAPACIDADE MÁXIMA 30 T, POTÊNCIA 97 KW, TRAÇÃO 4 X 4 - MATERIAIS NA OPERAÇÃO. AF_11/2014","H","COLETADO","22,01","CAIXA REFERENCIAL"]
["89274","BETONEIRA CAPACIDADE NOMINAL DE 600 L, CAPACIDADE DE MISTURA 440 L, MOTOR A DIESEL POTÊNCIA 10 HP, COM CARREGADOR - DEPRECIAÇÃO. AF_11/2014","H","ATRIBUÍDO SÃO PAULO","1,60","CAIXA REFERENCIAL"]
["89275","BETONEIRA CAPACIDADE NOMINAL DE 600 L, CAPACIDADE DE MISTURA 440 L, MOTOR A DIESEL POTÊNCIA 10 HP, COM CARREGADOR - JUROS. AF_11/2014","H","ATRIBUÍDO SÃO PAULO","0,19","CAIXA REFERENCIAL"]
["89276","BETONEIRA CAPACIDADE NOMINAL DE 600 L, CAPACIDADE DE MISTURA 440 L, MOTOR A DIESEL POTÊNCIA 10 HP, COM CARREGADOR - MANUTENÇÃO. AF_11/2014","H","ATRIBUÍDO SÃO PAULO","1,50","CAIXA REFERENCIAL"]
["89277","BETONEIRA CAPACIDADE NOMINAL DE 600 L, CAPACIDADE DE MISTURA 440 L, MOTOR A DIESEL POTÊNCIA 10 HP, COM CARREGADOR - MATERIAIS NA OPERAÇÃO. AF_11/2014","H","COLETADO","6,44","CAIXA REFERENCIAL"]
["89280","ROLO COMPACTADOR VIBRATÓRIO TANDEM AÇO LISO, POTÊNCIA 58 HP, PESO SEM/COM LASTRO 6,5 / 9,4 T, LARGURA DE TRABALHO 1,2 M - DEPRECIAÇÃO. AF_06/2014","H","ATRIBUÍDO SÃO PAULO","28,83","CAIXA REFERENCIAL"]
["89281","ROLO COMPACTADOR VIBRATÓRIO TANDEM AÇO LISO, POTÊNCIA 58 HP, PESO SEM/COM LASTRO 6,5 / 9,4 T, LARGURA DE TRABALHO 1,2 M - JUROS. AF_06/2014","H","ATRIBUÍDO SÃO PAULO","4,00","CAIXA REFERENCIAL"]
["89870","CAMINHÃO BASCULANTE 14 M3, COM CAVALO MECÂNICO DE CAPACIDADE MÁXIMA DE TRAÇÃO COMBINADO DE 36000 KG, POTÊNCIA 286 CV, INCLUSIVE SEMIREBOQUE COM CAÇAMBA METÁLICA - DEPRECIAÇÃO. AF_12/2014","H","ATRIBUÍDO SÃO PAULO","28,88","CAIXA REFERENCIAL"]
["89871","CAMINHÃO BASCULANTE 14 M3, COM CAVALO MECÂNICO DE CAPACIDADE MÁXIMA DE TRAÇÃO COMBINADO DE 36000 KG, POTÊNCIA 286 CV, INCLUSIVE SEMIREBOQUE COM CAÇAMBA METÁLICA - JUROS. AF_12/2014","H","ATRIBUÍDO SÃO PAULO","5,33","CAIXA REFERENCIAL"]
["89872","CAMINHÃO BASCULANTE 14 M3, COM CAVALO MECÂNICO DE CAPACIDADE MÁXIMA DE TRAÇÃO COMBINADO DE 36000 KG, POTÊNCIA 286 CV, INCLUSIVE SEMIREBOQUE COM CAÇAMBA METÁLICA - IMPOSTOS E SEGUROS. AF_12/2014","H","ATRIBUÍDO SÃO PAULO","2,08","CAIXA REFERENCIAL"]
["89873","CAMINHÃO BASCULANTE 14 M3, COM CAVALO MECÂNICO DE CAPACIDADE MÁXIMA DE TRAÇÃO COMBINADO DE 36000 KG, POTÊNCIA 286 CV, INCLUSIVE SEMIREBOQUE COM CAÇAMBA METÁLICA - MANUTENÇÃO. AF_12/2014","H","ATRIBUÍDO SÃO PAULO","54,16","CAIXA REFERENCIAL"]
["89874","CAMINHÃO BASCULANTE 14 M3, COM CAVALO MECÂNICO DE CAPACIDADE MÁXIMA DE TRAÇÃO COMBINADO DE 36000 KG, POTÊNCIA 286 CV, INCLUSIVE SEMIREBOQUE COM CAÇAMBA METÁLICA - MATERIAIS NA OPERAÇÃO. AF_12/2014","H","COLETADO","133,79","CAIXA REFERENCIAL"]
["89878","CAMINHÃO BASCULANTE 18 M3, COM CAVALO MECÂNICO DE CAPACIDADE MÁXIMA DE TRAÇÃO COMBINADO DE 45000 KG, POTÊNCIA 330 CV, INCLUSIVE SEMIREBOQUE COM CAÇAMBA METÁLICA - DEPRECIAÇÃO. AF_12/2014","H","ATRIBUÍDO SÃO PAULO","30,55","CAIXA REFERENCIAL"]
["89879","CAMINHÃO BASCULANTE 18 M3, COM CAVALO MECÂNICO DE CAPACIDADE MÁXIMA DE TRAÇÃO COMBINADO DE 45000 KG, POTÊNCIA 330 CV, INCLUSIVE SEMIREBOQUE COM CAÇAMBA METÁLICA - JUROS. AF_12/2014","H","ATRIBUÍDO SÃO PAULO","5,64","CAIXA REFERENCIAL"]
["89880","CAMINHÃO BASCULANTE 18 M3, COM CAVALO MECÂNICO DE CAPACIDADE MÁXIMA DE TRAÇÃO COMBINADO DE 45000 KG, POTÊNCIA 330 CV, INCLUSIVE SEMIREBOQUE COM CAÇAMBA METÁLICA - IMPOSTOS E SEGUROS. AF_12/2014","H","ATRIBUÍDO SÃO PAULO","2,20","CAIXA REFERENCIAL"]
["89881","CAMINHÃO BASCULANTE 18 M3, COM CAVALO MECÂNICO DE CAPACIDADE MÁXIMA DE TRAÇÃO COMBINADO DE 45000 KG, POTÊNCIA 330 CV, INCLUSIVE SEMIREBOQUE COM CAÇAMBA METÁLICA - MANUTENÇÃO. AF_12/2014","H","ATRIBUÍDO SÃO PAULO","57,30","CAIXA REFERENCIAL"]
["89882","CAMINHÃO BASCULANTE 18 M3, COM CAVALO MECÂNICO DE CAPACIDADE MÁXIMA DE TRAÇÃO COMBINADO DE 45000 KG, POTÊNCIA 330 CV, INCLUSIVE SEMIREBOQUE COM CAÇAMBA METÁLICA - MATERIAIS NA OPERAÇÃO. AF_12/2014","H","COLETADO","154,36","CAIXA REFERENCIAL"]
["90582","VIBRADOR DE IMERSÃO, DIÂMETRO DE PONTEIRA 45MM, MOTOR ELÉTRICO TRIFÁSICO POTÊNCIA DE 2 CV - DEPRECIAÇÃO. AF_06/2015","H","ATRIBUÍDO SÃO PAULO","0,33","CAIXA REFERENCIAL"]
["90583","VIBRADOR DE IMERSÃO, DIÂMETRO DE PONTEIRA 45MM, MOTOR ELÉTRICO TRIFÁSICO POTÊNCIA DE 2 CV - JUROS. AF_06/2015","H","ATRIBUÍDO SÃO PAULO","0,03","CAIXA REFERENCIAL"]
["90584","VIBRADOR DE IMERSÃO, DIÂMETRO DE PONTEIRA 45MM, MOTOR ELÉTRICO TRIFÁSICO POTÊNCIA DE 2 CV - MANUTENÇÃO. AF_06/2015","H","ATRIBUÍDO SÃO PAULO","0,26","CAIXA REFERENCIAL"]
["90585","VIBRADOR DE IMERSÃO, DIÂMETRO DE PONTEIRA 45MM, MOTOR ELÉTRICO TRIFÁSICO POTÊNCIA DE 2 CV - MATERIAIS NA OPERAÇÃO. AF_06/2015","H","COEFICIENTE DE REPRESENTATIVIDADE","1,13","CAIXA REFERENCIAL"]
["90621","PERFURATRIZ MANUAL, TORQUE MÁXIMO 83 N.M, POTÊNCIA 5 CV, COM DIÂMETRO MÁXIMO 4\" - DEPRECIAÇÃO. AF_06/2015","H","ATRIBUÍDO SÃO PAULO","1,84","CAIXA REFERENCIAL"]
["90622","PERFURATRIZ MANUAL, TORQUE MÁXIMO 83 N.M, POTÊNCIA 5 CV, COM DIÂMETRO MÁXIMO 4\" - JUROS. AF_06/2015","H","ATRIBUÍDO SÃO PAULO","0,21","CAIXA REFERENCIAL"]
["90623","PERFURATRIZ MANUAL, TORQUE MÁXIMO 83 N.M, POTÊNCIA 5 CV, COM DIÂMETRO MÁXIMO 4\" - MANUTENÇÃO. AF_06/2015","H","ATRIBUÍDO SÃO PAULO","2,30","CAIXA REFERENCIAL"]
["90624","PERFURATRIZ MANUAL, TORQUE MÁXIMO 83 N.M, POTÊNCIA 5 CV, COM DIÂMETRO MÁXIMO 4\" - MATERIAIS NA OPERAÇÃO. AF_06/2015","H","COEFICIENTE DE REPRESENTATIVIDADE","2,84","CAIXA REFERENCIAL"]
["90627","PERFURATRIZ SOBRE ESTEIRA, TORQUE MÁXIMO 600 KGF, PESO MÉDIO 1000 KG, POTÊNCIA 20 HP, DIÂMETRO MÁXIMO 10\" - DEPRECIAÇÃO. AF_06/2015","H","COEFICIENTE DE REPRESENTATIVIDADE","48,45","CAIXA REFERENCIAL"]
["90628","PERFURATRIZ SOBRE ESTEIRA, TORQUE MÁXIMO 600 KGF, PESO MÉDIO 1000 KG, POTÊNCIA 20 HP, DIÂMETRO MÁXIMO 10\" - JUROS. AF_06/2015","H","COEFICIENTE DE REPRESENTATIVIDADE","6,90","CAIXA REFERENCIAL"]
["90629","PERFURATRIZ SOBRE ESTEIRA, TORQUE MÁXIMO 600 KGF, PESO MÉDIO 1000 KG, POTÊNCIA 20 HP, DIÂMETRO MÁXIMO 10\" - MANUTENÇÃO. AF_06/2015","H","COEFICIENTE DE REPRESENTATIVIDADE","60,63","CAIXA REFERENCIAL"]
["90630","PERFURATRIZ SOBRE ESTEIRA, TORQUE MÁXIMO 600 KGF, PESO MÉDIO 1000 KG, POTÊNCIA 20 HP, DIÂMETRO MÁXIMO 10\" - MATERIAIS NA OPERAÇÃO. AF_06/2015","H","COEFICIENTE DE REPRESENTATIVIDADE","11,53","CAIXA REFERENCIAL"]
["90633","MISTURADOR DUPLO HORIZONTAL DE ALTA TURBULÊNCIA, CAPACIDADE / VOLUME 2 X 500 LITROS, MOTORES ELÉTRICOS MÍNIMO 5 CV CADA, PARA NATA CIMENTO, ARGAMASSA E OUTROS - DEPRECIAÇÃO. AF_06/2015","H","ATRIBUÍDO SÃO PAULO","4,05","CAIXA REFERENCIAL"]
["90634","MISTURADOR DUPLO HORIZONTAL DE ALTA TURBULÊNCIA, CAPACIDADE / VOLUME 2 X 500 LITROS, MOTORES ELÉTRICOS MÍNIMO 5 CV CADA, PARA NATA CIMENTO, ARGAMASSA E OUTROS - JUROS. AF_06/2015","H","ATRIBUÍDO SÃO PAULO","0,48","CAIXA REFERENCIAL"]
["90635","MISTURADOR DUPLO HORIZONTAL DE ALTA TURBULÊNCIA, CAPACIDADE / VOLUME 2 X 500 LITROS, MOTORES ELÉTRICOS MÍNIMO 5 CV CADA, PARA NATA CIMENTO, ARGAMASSA E OUTROS - MANUTENÇÃO. AF_06/2015","H","ATRIBUÍDO SÃO PAULO","4,44","CAIXA REFERENCIAL"]
["90636","MISTURADOR DUPLO HORIZONTAL DE ALTA TURBULÊNCIA, CAPACIDADE / VOLUME 2 X 500 LITROS, MOTORES ELÉTRICOS MÍNIMO 5 CV CADA, PARA NATA CIMENTO, ARGAMASSA E OUTROS - MATERIAIS NA OPERAÇÃO. AF_06/2015","H","COEFICIENTE DE REPRESENTATIVIDADE","5,69","CAIXA REFERENCIAL"]
["90639","BOMBA TRIPLEX, PARA INJEÇÃO DE NATA DE CIMENTO, VAZÃO MÁXIMA DE 100 LITROS/MINUTO, PRESSÃO MÁXIMA DE 70 BAR - DEPRECIAÇÃO. AF_06/2015","H","ATRIBUÍDO SÃO PAULO","6,06","CAIXA REFERENCIAL"]
["90640","BOMBA TRIPLEX, PARA INJEÇÃO DE NATA DE CIMENTO, VAZÃO MÁXIMA DE 100 LITROS/MINUTO, PRESSÃO MÁXIMA DE 70 BAR - JUROS. AF_06/2015","H","ATRIBUÍDO SÃO PAULO","0,71","CAIXA REFERENCIAL"]
["90641","BOMBA TRIPLEX, PARA INJEÇÃO DE NATA DE CIMENTO, VAZÃO MÁXIMA DE 100 LITROS/MINUTO, PRESSÃO MÁXIMA DE 70 BAR - MANUTENÇÃO. AF_06/2015","H","ATRIBUÍDO SÃO PAULO","6,62","CAIXA REFERENCIAL"]
["90642","BOMBA TRIPLEX, PARA INJEÇÃO DE NATA DE CIMENTO, VAZÃO MÁXIMA DE 100 LITROS/MINUTO, PRESSÃO MÁXIMA DE 70 BAR - MATERIAIS NA OPERAÇÃO. AF_06/2015","H","COLETADO","6,99","CAIXA REFERENCIAL"]
["90646","BOMBA CENTRÍFUGA MONOESTÁGIO COM MOTOR ELÉTRICO MONOFÁSICO, POTÊNCIA 15 HP, DIÂMETRO DO ROTOR 173 MM, HM/Q = 30 MCA / 90 M3/H A 45 MCA / 55 M3/H - DEPRECIAÇÃO. AF_06/2015","H","COEFICIENTE DE REPRESENTATIVIDADE","0,69","CAIXA REFERENCIAL"]
["90647","BOMBA CENTRÍFUGA MONOESTÁGIO COM MOTOR ELÉTRICO MONOFÁSICO, POTÊNCIA 15 HP, DIÂMETRO DO ROTOR 173 MM, HM/Q = 30 MCA / 90 M3/H A 45 MCA / 55 M3/H - JUROS. AF_06/2015","H","COEFICIENTE DE REPRESENTATIVIDADE","0,08","CAIXA REFERENCIAL"]
["90648","BOMBA CENTRÍFUGA MONOESTÁGIO COM MOTOR ELÉTRICO MONOFÁSICO, POTÊNCIA 15 HP, DIÂMETRO DO ROTOR 173 MM, HM/Q = 30 MCA / 90 M3/H A 45 MCA / 55 M3/H - MANUTENÇÃO. AF_06/2015","H","COEFICIENTE DE REPRESENTATIVIDADE","0,76","CAIXA REFERENCIAL"]
["90649","BOMBA CENTRÍFUGA MONOESTÁGIO COM MOTOR ELÉTRICO MONOFÁSICO, POTÊNCIA 15 HP, DIÂMETRO DO ROTOR 173 MM, HM/Q = 30 MCA / 90 M3/H A 45 MCA / 55 M3/H - MATERIAIS NA OPERAÇÃO. AF_06/2015","H","COLETADO","8,84","CAIXA REFERENCIAL"]
["90652","BOMBA DE PROJEÇÃO DE CONCRETO SECO, POTÊNCIA 10 CV, VAZÃO 3 M3/H - DEPRECIAÇÃO. AF_06/2015","H","ATRIBUÍDO SÃO PAULO","3,94","CAIXA REFERENCIAL"]
["90653","BOMBA DE PROJEÇÃO DE CONCRETO SECO, POTÊNCIA 10 CV, VAZÃO 3 M3/H - JUROS. AF_06/2015","H","ATRIBUÍDO SÃO PAULO","0,46","CAIXA REFERENCIAL"]
["90654","BOMBA DE PROJEÇÃO DE CONCRETO SECO, POTÊNCIA 10 CV, VAZÃO 3 M3/H - MANUTENÇÃO. AF_06/2015","H","ATRIBUÍDO SÃO PAULO","4,31","CAIXA REFERENCIAL"]
["90655","BOMBA DE PROJEÇÃO DE CONCRETO SECO, POTÊNCIA 10 CV, VAZÃO 3 M3/H - MATERIAIS NA OPERAÇÃO. AF_06/2015","H","COLETADO","5,82","CAIXA REFERENCIAL"]
["90658","BOMBA DE PROJEÇÃO DE CONCRETO SECO, POTÊNCIA 10 CV, VAZÃO 6 M3/H - DEPRECIAÇÃO. AF_06/2015","H","ATRIBUÍDO SÃO PAULO","4,22","CAIXA REFERENCIAL"]
["90659","BOMBA DE PROJEÇÃO DE CONCRETO SECO, POTÊNCIA 10 CV, VAZÃO 6 M3/H - JUROS. AF_06/2015","H","ATRIBUÍDO SÃO PAULO","0,50","CAIXA REFERENCIAL"]
["90660","BOMBA DE PROJEÇÃO DE CONCRETO SECO, POTÊNCIA 10 CV, VAZÃO 6 M3/H - MANUTENÇÃO. AF_06/2015","H","ATRIBUÍDO SÃO PAULO","4,62","CAIXA REFERENCIAL"]
["90661","BOMBA DE PROJEÇÃO DE CONCRETO SECO, POTÊNCIA 10 CV, VAZÃO 6 M3/H - MATERIAIS NA OPERAÇÃO. AF_06/2015","H","COLETADO","5,82","CAIXA REFERENCIAL"]
["90664","PROJETOR PNEUMÁTICO DE ARGAMASSA PARA CHAPISCO E REBOCO COM RECIPIENTE ACOPLADO, TIPO CANEQUINHA, COM COMPRESSOR DE AR REBOCÁVEL VAZÃO 89 PCM E MOTOR DIESEL DE 20 CV - DEPRECIAÇÃO. AF_06/2015","H","ATRIBUÍDO SÃO PAULO","5,58","CAIXA REFERENCIAL"]
["90665","PROJETOR PNEUMÁTICO DE ARGAMASSA PARA CHAPISCO E REBOCO COM RECIPIENTE ACOPLADO, TIPO CANEQUINHA, COM COMPRESSOR DE AR REBOCÁVEL VAZÃO 89 PCM E MOTOR DIESEL DE 20 CV - JUROS. AF_06/2015","H","ATRIBUÍDO SÃO PAULO","0,64","CAIXA REFERENCIAL"]
["90666","PROJETOR PNEUMÁTICO DE ARGAMASSA PARA CHAPISCO E REBOCO COM RECIPIENTE ACOPLADO, TIPO CANEQUINHA, COM COMPRESSOR DE AR REBOCÁVEL VAZÃO 89 PCM E MOTOR DIESEL DE 20 CV - MANUTENÇÃO. AF_06/2015","H","ATRIBUÍDO SÃO PAULO","6,09","CAIXA REFERENCIAL"]
["90667","PROJETOR PNEUMÁTICO DE ARGAMASSA PARA CHAPISCO E REBOCO COM RECIPIENTE ACOPLADO, TIPO CANEQUINHA, COM COMPRESSOR DE AR REBOCÁVEL VAZÃO 89 PCM E MOTOR DIESEL DE 20 CV - MATERIAIS NA OPERAÇÃO. AF_06/2015","H","COLETADO","11,35","CAIXA REFERENCIAL"]
["90670","PERFURATRIZ COM TORRE METÁLICA PARA EXECUÇÃO DE ESTACA HÉLICE CONTÍNUA, PROFUNDIDADE MÁXIMA DE 30 M, DIÂMETRO MÁXIMO DE 800 MM, POTÊNCIA INSTALADA DE 268 HP, MESA ROTATIVA COM TORQUE MÁXIMO DE 170 KNM - DEPRECIAÇÃO. AF_06/2015","H","COEFICIENTE DE REPRESENTATIVIDADE","222,35","CAIXA REFERENCIAL"]
["90671","PERFURATRIZ COM TORRE METÁLICA PARA EXECUÇÃO DE ESTACA HÉLICE CONTÍNUA, PROFUNDIDADE MÁXIMA DE 30 M, DIÂMETRO MÁXIMO DE 800 MM, POTÊNCIA INSTALADA DE 268 HP, MESA ROTATIVA COM TORQUE MÁXIMO DE 170 KNM - JUROS. AF_06/2015","H","COEFICIENTE DE REPRESENTATIVIDADE","30,87","CAIXA REFERENCIAL"]
["90672","PERFURATRIZ COM TORRE METÁLICA PARA EXECUÇÃO DE ESTACA HÉLICE CONTÍNUA, PROFUNDIDADE MÁXIMA DE 30 M, DIÂMETRO MÁXIMO DE 800 MM, POTÊNCIA INSTALADA DE 268 HP, MESA ROTATIVA COM TORQUE MÁXIMO DE 170 KNM - MANUTENÇÃO. AF_06/2015","H","COEFICIENTE DE REPRESENTATIVIDADE","278,25","CAIXA REFERENCIAL"]
["90673","PERFURATRIZ COM TORRE METÁLICA PARA EXECUÇÃO DE ESTACA HÉLICE CONTÍNUA, PROFUNDIDADE MÁXIMA DE 30 M, DIÂMETRO MÁXIMO DE 800 MM, POTÊNCIA INSTALADA DE 268 HP, MESA ROTATIVA COM TORQUE MÁXIMO DE 170 KNM - MATERIAIS NA OPERAÇÃO. AF_06/2015","H","COLETADO","90,80","CAIXA REFERENCIAL"]
["90676","PERFURATRIZ HIDRÁULICA SOBRE CAMINHÃO COM TRADO CURTO ACOPLADO, PROFUNDIDADE MÁXIMA DE 20 M, DIÂMETRO MÁXIMO DE 1500 MM, POTÊNCIA INSTALADA DE 137 HP, MESA ROTATIVA COM TORQUE MÁXIMO DE 30 KNM - DEPRECIAÇÃO. AF_06/2015","H","ATRIBUÍDO SÃO PAULO","107,58","CAIXA REFERENCIAL"]
["90677","PERFURATRIZ HIDRÁULICA SOBRE CAMINHÃO COM TRADO CURTO ACOPLADO, PROFUNDIDADE MÁXIMA DE 20 M, DIÂMETRO MÁXIMO DE 1500 MM, POTÊNCIA INSTALADA DE 137 HP, MESA ROTATIVA COM TORQUE MÁXIMO DE 30 KNM - JUROS. AF_06/2015","H","ATRIBUÍDO SÃO PAULO","14,93","CAIXA REFERENCIAL"]
["90678","PERFURATRIZ HIDRÁULICA SOBRE CAMINHÃO COM TRADO CURTO ACOPLADO, PROFUNDIDADE MÁXIMA DE 20 M, DIÂMETRO MÁXIMO DE 1500 MM, POTÊNCIA INSTALADA DE 137 HP, MESA ROTATIVA COM TORQUE MÁXIMO DE 30 KNM - MANUTENÇÃO. AF_06/2015","H","ATRIBUÍDO SÃO PAULO","134,64","CAIXA REFERENCIAL"]
["90679","PERFURATRIZ HIDRÁULICA SOBRE CAMINHÃO COM TRADO CURTO ACOPLADO, PROFUNDIDADE MÁXIMA DE 20 M, DIÂMETRO MÁXIMO DE 1500 MM, POTÊNCIA INSTALADA DE 137 HP, MESA ROTATIVA COM TORQUE MÁXIMO DE 30 KNM - MATERIAIS NA OPERAÇÃO. AF_06/2015","H","COLETADO","69,59","CAIXA REFERENCIAL"]
["90682","MANIPULADOR TELESCÓPICO, POTÊNCIA DE 85 HP, CAPACIDADE DE CARGA DE 3.500 KG, ALTURA MÁXIMA DE ELEVAÇÃO DE 12,3 M - DEPRECIAÇÃO. AF_06/2015","H","ATRIBUÍDO SÃO PAULO","29,53","CAIXA REFERENCIAL"]
["90683","MANIPULADOR TELESCÓPICO, POTÊNCIA DE 85 HP, CAPACIDADE DE CARGA DE 3.500 KG, ALTURA MÁXIMA DE ELEVAÇÃO DE 12,3 M - JUROS. AF_06/2015","H","ATRIBUÍDO SÃO PAULO","3,50","CAIXA REFERENCIAL"]
["90684","MANIPULADOR TELESCÓPICO, POTÊNCIA DE 85 HP, CAPACIDADE DE CARGA DE 3.500 KG, ALTURA MÁXIMA DE ELEVAÇÃO DE 12,3 M - MANUTENÇÃO. AF_06/2015","H","ATRIBUÍDO SÃO PAULO","32,30","CAIXA REFERENCIAL"]
["90685","MANIPULADOR TELESCÓPICO, POTÊNCIA DE 85 HP, CAPACIDADE DE CARGA DE 3.500 KG, ALTURA MÁXIMA DE ELEVAÇÃO DE 12,3 M - MATERIAIS NA OPERAÇÃO. AF_06/2015","H","COLETADO","43,17","CAIXA REFERENCIAL"]
["90688","MINICARREGADEIRA SOBRE RODAS, POTÊNCIA LÍQUIDA DE 47 HP, CAPACIDADE NOMINAL DE OPERAÇÃO DE 646 KG - DEPRECIAÇÃO. AF_06/2015","H","ATRIBUÍDO SÃO PAULO","15,18","CAIXA REFERENCIAL"]
["90689","MINICARREGADEIRA SOBRE RODAS, POTÊNCIA LÍQUIDA DE 47 HP, CAPACIDADE NOMINAL DE OPERAÇÃO DE 646 KG - JUROS. AF_06/2015","H","ATRIBUÍDO SÃO PAULO","1,53","CAIXA REFERENCIAL"]
["90690","MINICARREGADEIRA SOBRE RODAS, POTÊNCIA LÍQUIDA DE 47 HP, CAPACIDADE NOMINAL DE OPERAÇÃO DE 646 KG - MANUTENÇÃO. AF_06/2015","H","ATRIBUÍDO SÃO PAULO","18,97","CAIXA REFERENCIAL"]
["90691","MINICARREGADEIRA SOBRE RODAS, POTÊNCIA LÍQUIDA DE 47 HP, CAPACIDADE NOMINAL DE OPERAÇÃO DE 646 KG - MATERIAIS NA OPERAÇÃO. AF_06/2015","H","COLETADO","39,77","CAIXA REFERENCIAL"]
["90957","COMPRESSOR DE AR REBOCÁVEL, VAZÃO 189 PCM, PRESSÃO EFETIVA DE TRABALHO 102 PSI, MOTOR DIESEL, POTÊNCIA 63 CV - DEPRECIAÇÃO. AF_06/2015","H","ATRIBUÍDO SÃO PAULO","3,45","CAIXA REFERENCIAL"]
["90958","COMPRESSOR DE AR REBOCÁVEL, VAZÃO 189 PCM, PRESSÃO EFETIVA DE TRABALHO 102 PSI, MOTOR DIESEL, POTÊNCIA 63 CV - JUROS. AF_06/2015","H","ATRIBUÍDO SÃO PAULO","0,47","CAIXA REFERENCIAL"]
["90960","COMPRESSOR DE AR REBOCÁVEL, VAZÃO 89 PCM, PRESSÃO EFETIVA DE TRABALHO 102 PSI, MOTOR DIESEL, POTÊNCIA 20 CV - DEPRECIAÇÃO. AF_06/2015","H","ATRIBUÍDO SÃO PAULO","4,61","CAIXA REFERENCIAL"]
["90961","COMPRESSOR DE AR REBOCÁVEL, VAZÃO 89 PCM, PRESSÃO EFETIVA DE TRABALHO 102 PSI, MOTOR DIESEL, POTÊNCIA 20 CV - JUROS. AF_06/2015","H","ATRIBUÍDO SÃO PAULO","0,64","CAIXA REFERENCIAL"]
["90962","COMPRESSOR DE AR REBOCÁVEL, VAZÃO 89 PCM, PRESSÃO EFETIVA DE TRABALHO 102 PSI, MOTOR DIESEL, POTÊNCIA 20 CV - MANUTENÇÃO. AF_06/2015","H","ATRIBUÍDO SÃO PAULO","5,77","CAIXA REFERENCIAL"]
["90963","COMPRESSOR DE AR REBOCÁVEL, VAZÃO 89 PCM, PRESSÃO EFETIVA DE TRABALHO 102 PSI, MOTOR DIESEL, POTÊNCIA 20 CV - MATERIAIS NA OPERAÇÃO. AF_06/2015","H","COLETADO","11,35","CAIXA REFERENCIAL"]
["90968","COMPRESSOR DE AR REBOCAVEL, VAZÃO 250 PCM, PRESSAO DE TRABALHO 102 PSI, MOTOR A DIESEL POTÊNCIA 81 CV - DEPRECIAÇÃO. AF_06/2015","H","ATRIBUÍDO SÃO PAULO","4,62","CAIXA REFERENCIAL"]
["90969","COMPRESSOR DE AR REBOCAVEL, VAZÃO 250 PCM, PRESSAO DE TRABALHO 102 PSI, MOTOR A DIESEL POTÊNCIA 81 CV - JUROS. AF_06/2015","H","ATRIBUÍDO SÃO PAULO","0,64","CAIXA REFERENCIAL"]
["90970","COMPRESSOR DE AR REBOCAVEL, VAZÃO 250 PCM, PRESSAO DE TRABALHO 102 PSI, MOTOR A DIESEL POTÊNCIA 81 CV - MANUTENÇÃO. AF_06/2015","H","ATRIBUÍDO SÃO PAULO","5,79","CAIXA REFERENCIAL"]
["90971","COMPRESSOR DE AR REBOCAVEL, VAZÃO 250 PCM, PRESSAO DE TRABALHO 102 PSI, MOTOR A DIESEL POTÊNCIA 81 CV - MATERIAIS NA OPERAÇÃO. AF_06/2015","H","COLETADO","45,99","CAIXA REFERENCIAL"]
["90975","COMPRESSOR DE AR REBOCÁVEL, VAZÃO 748 PCM, PRESSÃO EFETIVA DE TRABALHO 102 PSI, MOTOR DIESEL, POTÊNCIA 210 CV - DEPRECIAÇÃO. AF_06/2015","H","ATRIBUÍDO SÃO PAULO","11,74","CAIXA REFERENCIAL"]
["90976","COMPRESSOR DE AR REBOCÁVEL, VAZÃO 748 PCM, PRESSÃO EFETIVA DE TRABALHO 102 PSI, MOTOR DIESEL, POTÊNCIA 210 CV - JUROS. AF_06/2015","H","ATRIBUÍDO SÃO PAULO","1,63","CAIXA REFERENCIAL"]
["90977","COMPRESSOR DE AR REBOCÁVEL, VAZÃO 748 PCM, PRESSÃO EFETIVA DE TRABALHO 102 PSI, MOTOR DIESEL, POTÊNCIA 210 CV - MANUTENÇÃO. AF_06/2015","H","ATRIBUÍDO SÃO PAULO","14,70","CAIXA REFERENCIAL"]
["90978","COMPRESSOR DE AR REBOCÁVEL, VAZÃO 748 PCM, PRESSÃO EFETIVA DE TRABALHO 102 PSI, MOTOR DIESEL, POTÊNCIA 210 CV - MATERIAIS NA OPERAÇÃO. AF_06/2015","H","COLETADO","119,31","CAIXA REFERENCIAL"]
["90992","COMPRESSOR DE AR REBOCAVEL, VAZÃO 400 PCM, PRESSAO DE TRABALHO 102 PSI, MOTOR A DIESEL POTÊNCIA 110 CV - DEPRECIAÇÃO. AF_06/2015","H","ATRIBUÍDO SÃO PAULO","5,48","CAIXA REFERENCIAL"]
["90993","COMPRESSOR DE AR REBOCAVEL, VAZÃO 400 PCM, PRESSAO DE TRABALHO 102 PSI, MOTOR A DIESEL POTÊNCIA 110 CV - JUROS. AF_06/2015","H","ATRIBUÍDO SÃO PAULO","0,76","CAIXA REFERENCIAL"]
["90994","COMPRESSOR DE AR REBOCAVEL, VAZÃO 400 PCM, PRESSAO DE TRABALHO 102 PSI, MOTOR A DIESEL POTÊNCIA 110 CV - MANUTENÇÃO. AF_06/2015","H","ATRIBUÍDO SÃO PAULO","6,86","CAIXA REFERENCIAL"]
["90995","COMPRESSOR DE AR REBOCAVEL, VAZÃO 400 PCM, PRESSAO DE TRABALHO 102 PSI, MOTOR A DIESEL POTÊNCIA 110 CV - MATERIAIS NA OPERAÇÃO. AF_06/2015","H","COLETADO","62,47","CAIXA REFERENCIAL"]
["91021","PERFURATRIZ HIDRÁULICA SOBRE CAMINHÃO COM TRADO CURTO ACOPLADO, PROFUNDIDADE MÁXIMA DE 20 M, DIÂMETRO MÁXIMO DE 1500 MM, POTÊNCIA INSTALADA DE 137 HP, MESA ROTATIVA COM TORQUE MÁXIMO DE 30 KNM - IMPOSTOS E SEGUROS. AF_06/2015","H","ATRIBUÍDO SÃO PAULO","5,84","CAIXA REFERENCIAL"]
["91026","CAMINHÃO TRUCADO (C/ TERCEIRO EIXO) ELETRÔNICO - POTÊNCIA 231CV - PBT = 22000KG - DIST. ENTRE EIXOS 5170 MM - INCLUI CARROCERIA FIXA ABERTA DE MADEIRA - DEPRECIAÇÃO. AF_06/2015","H","ATRIBUÍDO SÃO PAULO","15,63","CAIXA REFERENCIAL"]
["91027","CAMINHÃO TRUCADO (C/ TERCEIRO EIXO) ELETRÔNICO - POTÊNCIA 231CV - PBT = 22000KG - DIST. ENTRE EIXOS 5170 MM - INCLUI CARROCERIA FIXA ABERTA DE MADEIRA - JUROS. AF_06/2015","H","ATRIBUÍDO SÃO PAULO","3,27","CAIXA REFERENCIAL"]
["91028","CAMINHÃO TRUCADO (C/ TERCEIRO EIXO) ELETRÔNICO - POTÊNCIA 231CV - PBT = 22000KG - DIST. ENTRE EIXOS 5170 MM - INCLUI CARROCERIA FIXA ABERTA DE MADEIRA - IMPOSTOS E SEGUROS. AF_06/2015","H","ATRIBUÍDO SÃO PAULO","1,27","CAIXA REFERENCIAL"]
["91029","CAMINHÃO TRUCADO (C/ TERCEIRO EIXO) ELETRÔNICO - POTÊNCIA 231CV - PBT = 22000KG - DIST. ENTRE EIXOS 5170 MM - INCLUI CARROCERIA FIXA ABERTA DE MADEIRA - MANUTENÇÃO. AF_06/2015","H","ATRIBUÍDO SÃO PAULO","29,31","CAIXA REFERENCIAL"]
["91030","CAMINHÃO TRUCADO (C/ TERCEIRO EIXO) ELETRÔNICO - POTÊNCIA 231CV - PBT = 22000KG - DIST. ENTRE EIXOS 5170 MM - INCLUI CARROCERIA FIXA ABERTA DE MADEIRA - MATERIAIS NA OPERAÇÃO. AF_06/2015","H","COLETADO","108,05","CAIXA REFERENCIAL"]
["91273","PLACA VIBRATÓRIA REVERSÍVEL COM MOTOR 4 TEMPOS A GASOLINA, FORÇA CENTRÍFUGA DE 25 KN (2500 KGF), POTÊNCIA 5,5 CV - DEPRECIAÇÃO. AF_08/2015","H","ATRIBUÍDO SÃO PAULO","0,48","CAIXA REFERENCIAL"]
["91274","PLACA VIBRATÓRIA REVERSÍVEL COM MOTOR 4 TEMPOS A GASOLINA, FORÇA CENTRÍFUGA DE 25 KN (2500 KGF), POTÊNCIA 5,5 CV - JUROS. AF_08/2015","H","ATRIBUÍDO SÃO PAULO","0,06","CAIXA REFERENCIAL"]
["91275","PLACA VIBRATÓRIA REVERSÍVEL COM MOTOR 4 TEMPOS A GASOLINA, FORÇA CENTRÍFUGA DE 25 KN (2500 KGF), POTÊNCIA 5,5 CV - MANUTENÇÃO. AF_08/2015","H","ATRIBUÍDO SÃO PAULO","0,60","CAIXA REFERENCIAL"]
["91276","PLACA VIBRATÓRIA REVERSÍVEL COM MOTOR 4 TEMPOS A GASOLINA, FORÇA CENTRÍFUGA DE 25 KN (2500 KGF), POTÊNCIA 5,5 CV - MATERIAIS NA OPERAÇÃO. AF_08/2015","H","COLETADO","8,80","CAIXA REFERENCIAL"]
["91279","CORTADORA DE PISO COM MOTOR 4 TEMPOS A GASOLINA, POTÊNCIA DE 13 HP, COM DISCO DE CORTE DIAMANTADO SEGMENTADO PARA CONCRETO, DIÂMETRO DE 350 MM, FURO DE 1\" (14 X 1\") - DEPRECIAÇÃO. AF_08/2015","H","COEFICIENTE DE REPRESENTATIVIDADE","0,90","CAIXA REFERENCIAL"]
["91280","CORTADORA DE PISO COM MOTOR 4 TEMPOS A GASOLINA, POTÊNCIA DE 13 HP, COM DISCO DE CORTE DIAMANTADO SEGMENTADO PARA CONCRETO, DIÂMETRO DE 350 MM, FURO DE 1\" (14 X 1\") - JUROS. AF_08/2015","H","COEFICIENTE DE REPRESENTATIVIDADE","0,10","CAIXA REFERENCIAL"]
["91281","CORTADORA DE PISO COM MOTOR 4 TEMPOS A GASOLINA, POTÊNCIA DE 13 HP, COM DISCO DE CORTE DIAMANTADO SEGMENTADO PARA CONCRETO, DIÂMETRO DE 350 MM, FURO DE 1\" (14 X 1\") - MANUTENÇÃO. AF_08/2015","H","COEFICIENTE DE REPRESENTATIVIDADE","1,14","CAIXA REFERENCIAL"]
["91282","CORTADORA DE PISO COM MOTOR 4 TEMPOS A GASOLINA, POTÊNCIA DE 13 HP, COM DISCO DE CORTE DIAMANTADO SEGMENTADO PARA CONCRETO, DIÂMETRO DE 350 MM, FURO DE 1\" (14 X 1\") - MATERIAIS NA OPERAÇÃO. AF_08/2015","H","COLETADO","21,04","CAIXA REFERENCIAL"]
["91354","CAMINHÃO TOCO, PESO BRUTO TOTAL 14.300 KG, CARGA ÚTIL MÁXIMA 9590 KG, DISTÂNCIA ENTRE EIXOS 4,76 M, POTÊNCIA 185 CV (NÃO INCLUI CARROCERIA) - DEPRECIAÇÃO. AF_06/2014","H","ATRIBUÍDO SÃO PAULO","12,06","CAIXA REFERENCIAL"]
["91355","CAMINHÃO TOCO, PESO BRUTO TOTAL 14.300 KG, CARGA ÚTIL MÁXIMA 9590 KG, DISTÂNCIA ENTRE EIXOS 4,76 M, POTÊNCIA 185 CV (NÃO INCLUI CARROCERIA) - JUROS. AF_06/2014","H","ATRIBUÍDO SÃO PAULO","2,53","CAIXA REFERENCIAL"]
["91356","CAMINHÃO TOCO, PESO BRUTO TOTAL 14.300 KG, CARGA ÚTIL MÁXIMA 9590 KG, DISTÂNCIA ENTRE EIXOS 4,76 M, POTÊNCIA 185 CV (NÃO INCLUI CARROCERIA) - IMPOSTOS E SEGUROS. AF_06/2014","H","ATRIBUÍDO SÃO PAULO","0,98","CAIXA REFERENCIAL"]
["91359","CAMINHÃO PIPA 6.000 L, PESO BRUTO TOTAL 13.000 KG, DISTÂNCIA ENTRE EIXOS 4,80 M, POTÊNCIA 189 CV INCLUSIVE TANQUE DE AÇO PARA TRANSPORTE DE ÁGUA, CAPACIDADE 6 M3 - DEPRECIAÇÃO. AF_06/2014","H","ATRIBUÍDO SÃO PAULO","14,05","CAIXA REFERENCIAL"]
["91360","CAMINHÃO PIPA 6.000 L, PESO BRUTO TOTAL 13.000 KG, DISTÂNCIA ENTRE EIXOS 4,80 M, POTÊNCIA 189 CV INCLUSIVE TANQUE DE AÇO PARA TRANSPORTE DE ÁGUA, CAPACIDADE 6 M3 - JUROS. AF_06/2014","H","ATRIBUÍDO SÃO PAULO","2,94","CAIXA REFERENCIAL"]
["91361","CAMINHÃO PIPA 6.000 L, PESO BRUTO TOTAL 13.000 KG, DISTÂNCIA ENTRE EIXOS 4,80 M, POTÊNCIA 189 CV INCLUSIVE TANQUE DE AÇO PARA TRANSPORTE DE ÁGUA, CAPACIDADE 6 M3 - IMPOSTOS E SEGUROS. AF_06/2014","H","ATRIBUÍDO SÃO PAULO","1,14","CAIXA REFERENCIAL"]
["91367","CAMINHÃO BASCULANTE 6 M3, PESO BRUTO TOTAL 16.000 KG, CARGA ÚTIL MÁXIMA 13.071 KG, DISTÂNCIA ENTRE EIXOS 4,80 M, POTÊNCIA 230 CV INCLUSIVE CAÇAMBA METÁLICA - DEPRECIAÇÃO. AF_06/2014","H","ATRIBUÍDO SÃO PAULO","17,89","CAIXA REFERENCIAL"]
["91368","CAMINHÃO BASCULANTE 6 M3, PESO BRUTO TOTAL 16.000 KG, CARGA ÚTIL MÁXIMA 13.071 KG, DISTÂNCIA ENTRE EIXOS 4,80 M, POTÊNCIA 230 CV INCLUSIVE CAÇAMBA METÁLICA - JUROS. AF_06/2014","H","ATRIBUÍDO SÃO PAULO","3,30","CAIXA REFERENCIAL"]
["91369","CAMINHÃO BASCULANTE 6 M3, PESO BRUTO TOTAL 16.000 KG, CARGA ÚTIL MÁXIMA 13.071 KG, DISTÂNCIA ENTRE EIXOS 4,80 M, POTÊNCIA 230 CV INCLUSIVE CAÇAMBA METÁLICA - IMPOSTOS E SEGUROS. AF_06/2014","H","ATRIBUÍDO SÃO PAULO","1,29","CAIXA REFERENCIAL"]
["91375","CAMINHÃO TOCO, PESO BRUTO TOTAL 16.000 KG, CARGA ÚTIL MÁXIMA DE 10.685 KG, DISTÂNCIA ENTRE EIXOS 4,80 M, POTÊNCIA 189 CV EXCLUSIVE CARROCERIA - DEPRECIAÇÃO. AF_06/2014","H","ATRIBUÍDO SÃO PAULO","10,16","CAIXA REFERENCIAL"]
["91376","CAMINHÃO TOCO, PESO BRUTO TOTAL 16.000 KG, CARGA ÚTIL MÁXIMA DE 10.685 KG, DISTÂNCIA ENTRE EIXOS 4,80 M, POTÊNCIA 189 CV EXCLUSIVE CARROCERIA - JUROS. AF_06/2014","H","ATRIBUÍDO SÃO PAULO","2,13","CAIXA REFERENCIAL"]
["91377","CAMINHÃO TOCO, PESO BRUTO TOTAL 16.000 KG, CARGA ÚTIL MÁXIMA DE 10.685 KG, DISTÂNCIA ENTRE EIXOS 4,80 M, POTÊNCIA 189 CV EXCLUSIVE CARROCERIA - IMPOSTOS E SEGUROS. AF_06/2014","H","ATRIBUÍDO SÃO PAULO","0,82","CAIXA REFERENCIAL"]
["91380","CAMINHÃO BASCULANTE 10 M3, TRUCADO CABINE SIMPLES, PESO BRUTO TOTAL 23.000 KG, CARGA ÚTIL MÁXIMA 15.935 KG, DISTÂNCIA ENTRE EIXOS 4,80 M, POTÊNCIA 230 CV INCLUSIVE CAÇAMBA METÁLICA - DEPRECIAÇÃO. AF_06/2014","H","ATRIBUÍDO SÃO PAULO","20,25","CAIXA REFERENCIAL"]
["91381","CAMINHÃO BASCULANTE 10 M3, TRUCADO CABINE SIMPLES, PESO BRUTO TOTAL 23.000 KG, CARGA ÚTIL MÁXIMA 15.935 KG, DISTÂNCIA ENTRE EIXOS 4,80 M, POTÊNCIA 230 CV INCLUSIVE CAÇAMBA METÁLICA - JUROS. AF_06/2014","H","ATRIBUÍDO SÃO PAULO","3,74","CAIXA REFERENCIAL"]
["91382","CAMINHÃO BASCULANTE 10 M3, TRUCADO CABINE SIMPLES, PESO BRUTO TOTAL 23.000 KG, CARGA ÚTIL MÁXIMA 15.935 KG, DISTÂNCIA ENTRE EIXOS 4,80 M, POTÊNCIA 230 CV INCLUSIVE CAÇAMBA METÁLICA - IMPOSTOS E SEGUROS. AF_06/2014","H","ATRIBUÍDO SÃO PAULO","1,46","CAIXA REFERENCIAL"]
["91383","CAMINHÃO BASCULANTE 10 M3, TRUCADO CABINE SIMPLES, PESO BRUTO TOTAL 23.000 KG, CARGA ÚTIL MÁXIMA 15.935 KG, DISTÂNCIA ENTRE EIXOS 4,80 M, POTÊNCIA 230 CV INCLUSIVE CAÇAMBA METÁLICA - MANUTENÇÃO. AF_06/2014","H","ATRIBUÍDO SÃO PAULO","37,98","CAIXA REFERENCIAL"]
["91384","CAMINHÃO BASCULANTE 10 M3, TRUCADO CABINE SIMPLES, PESO BRUTO TOTAL 23.000 KG, CARGA ÚTIL MÁXIMA 15.935 KG, DISTÂNCIA ENTRE EIXOS 4,80 M, POTÊNCIA 230 CV INCLUSIVE CAÇAMBA METÁLICA - MATERIAIS NA OPERAÇÃO. AF_06/2014","H","COLETADO","107,59","CAIXA REFERENCIAL"]
["91390","CAMINHÃO TOCO, PBT 14.300 KG, CARGA ÚTIL MÁX. 9.710 KG, DIST. ENTRE EIXOS 3,56 M, POTÊNCIA 185 CV, INCLUSIVE CARROCERIA FIXA ABERTA DE MADEIRA P/ TRANSPORTE GERAL DE CARGA SECA, DIMEN. APROX. 2,50 X 6,50 X 0,50 M - DEPRECIAÇÃO. AF_06/2014","H","ATRIBUÍDO SÃO PAULO","13,14","CAIXA REFERENCIAL"]
["91391","CAMINHÃO TOCO, PBT 14.300 KG, CARGA ÚTIL MÁX. 9.710 KG, DIST. ENTRE EIXOS 3,56 M, POTÊNCIA 185 CV, INCLUSIVE CARROCERIA FIXA ABERTA DE MADEIRA P/ TRANSPORTE GERAL DE CARGA SECA, DIMEN. APROX. 2,50 X 6,50 X 0,50 M - JUROS. AF_06/2014","H","ATRIBUÍDO SÃO PAULO","2,75","CAIXA REFERENCIAL"]
["91392","CAMINHÃO TOCO, PBT 14.300 KG, CARGA ÚTIL MÁX. 9.710 KG, DIST. ENTRE EIXOS 3,56 M, POTÊNCIA 185 CV, INCLUSIVE CARROCERIA FIXA ABERTA DE MADEIRA P/ TRANSPORTE GERAL DE CARGA SECA, DIMEN. APROX. 2,50 X 6,50 X 0,50 M - IMPOSTOS E SEGUROS. AF_06/2014","H","ATRIBUÍDO SÃO PAULO","1,07","CAIXA REFERENCIAL"]
["91396","CAMINHÃO PIPA 10.000 L TRUCADO, PESO BRUTO TOTAL 23.000 KG, CARGA ÚTIL MÁXIMA 15.935 KG, DISTÂNCIA ENTRE EIXOS 4,8 M, POTÊNCIA 230 CV, INCLUSIVE TANQUE DE AÇO PARA TRANSPORTE DE ÁGUA - DEPRECIAÇÃO. AF_06/2014","H","ATRIBUÍDO SÃO PAULO","18,00","CAIXA REFERENCIAL"]
["91397","CAMINHÃO PIPA 10.000 L TRUCADO, PESO BRUTO TOTAL 23.000 KG, CARGA ÚTIL MÁXIMA 15.935 KG, DISTÂNCIA ENTRE EIXOS 4,8 M, POTÊNCIA 230 CV, INCLUSIVE TANQUE DE AÇO PARA TRANSPORTE DE ÁGUA - JUROS. AF_06/2014","H","ATRIBUÍDO SÃO PAULO","3,77","CAIXA REFERENCIAL"]
["91398","CAMINHÃO PIPA 10.000 L TRUCADO, PESO BRUTO TOTAL 23.000 KG, CARGA ÚTIL MÁXIMA 15.935 KG, DISTÂNCIA ENTRE EIXOS 4,8 M, POTÊNCIA 230 CV, INCLUSIVE TANQUE DE AÇO PARA TRANSPORTE DE ÁGUA - IMPOSTOS E SEGUROS. AF_06/2014","H","ATRIBUÍDO SÃO PAULO","1,46","CAIXA REFERENCIAL"]
["91402","CAMINHÃO BASCULANTE 6 M3 TOCO, PESO BRUTO TOTAL 16.000 KG, CARGA ÚTIL MÁXIMA 11.130 KG, DISTÂNCIA ENTRE EIXOS 5,36 M, POTÊNCIA 185 CV, INCLUSIVE CAÇAMBA METÁLICA - IMPOSTOS E SEGUROS. AF_06/2014","H","ATRIBUÍDO SÃO PAULO","1,23","CAIXA REFERENCIAL"]
["91466","GUINDAUTO HIDRÁULICO, CAPACIDADE MÁXIMA DE CARGA 6200 KG, MOMENTO MÁXIMO DE CARGA 11,7 TM, ALCANCE MÁXIMO HORIZONTAL 9,70 M, INCLUSIVE CAMINHÃO TOCO PBT 16.000 KG, POTÊNCIA DE 189 CV - IMPOSTOS E SEGUROS. AF_08/2015","H","ATRIBUÍDO SÃO PAULO","1,14","CAIXA REFERENCIAL"]
["91467","GUINDAUTO HIDRÁULICO, CAPACIDADE MÁXIMA DE CARGA 6200 KG, MOMENTO MÁXIMO DE CARGA 11,7 TM, ALCANCE MÁXIMO HORIZONTAL 9,70 M, INCLUSIVE CAMINHÃO TOCO PBT 16.000 KG, POTÊNCIA DE 189 CV - MATERIAIS NA OPERAÇÃO. AF_08/2015","H","COLETADO","119,99","CAIXA REFERENCIAL"]
["91468","ESPARGIDOR DE ASFALTO PRESSURIZADO, TANQUE 6 M3 COM ISOLAÇÃO TÉRMICA, AQUECIDO COM 2 MAÇARICOS, COM BARRA ESPARGIDORA 3,60 M, MONTADO SOBRE CAMINHÃO  TOCO, PBT 14.300 KG, POTÊNCIA 185 CV - DEPRECIAÇÃO. AF_08/2015","H","ATRIBUÍDO SÃO PAULO","19,46","CAIXA REFERENCIAL"]
["91469","ESPARGIDOR DE ASFALTO PRESSURIZADO, TANQUE 6 M3 COM ISOLAÇÃO TÉRMICA, AQUECIDO COM 2 MAÇARICOS, COM BARRA ESPARGIDORA 3,60 M, MONTADO SOBRE CAMINHÃO  TOCO, PBT 14.300 KG, POTÊNCIA 185 CV - JUROS. AF_08/2015","H","ATRIBUÍDO SÃO PAULO","4,20","CAIXA REFERENCIAL"]
["91484","ESPARGIDOR DE ASFALTO PRESSURIZADO, TANQUE 6 M3 COM ISOLAÇÃO TÉRMICA, AQUECIDO COM 2 MAÇARICOS, COM BARRA ESPARGIDORA 3,60 M, MONTADO SOBRE CAMINHÃO  TOCO, PBT 14.300 KG, POTÊNCIA 185 CV - IMPOSTOS E SEGUROS. AF_08/2015","H","ATRIBUÍDO SÃO PAULO","1,33","CAIXA REFERENCIAL"]
["91485","ESPARGIDOR DE ASFALTO PRESSURIZADO, TANQUE 6 M3 COM ISOLAÇÃO TÉRMICA, AQUECIDO COM 2 MAÇARICOS, COM BARRA ESPARGIDORA 3,60 M, MONTADO SOBRE CAMINHÃO  TOCO, PBT 14.300 KG, POTÊNCIA 185 CV - MATERIAIS NA OPERAÇÃO. AF_08/2015","H","COLETADO","162,84","CAIXA REFERENCIAL"]
["91529","COMPACTADOR DE SOLOS DE PERCUSSÃO (SOQUETE) COM MOTOR A GASOLINA 4 TEMPOS, POTÊNCIA 4 CV - DEPRECIAÇÃO. AF_08/2015","H","ATRIBUÍDO SÃO PAULO","0,70","CAIXA REFERENCIAL"]
["91530","COMPACTADOR DE SOLOS DE PERCUSSÃO (SOQUETE) COM MOTOR A GASOLINA 4 TEMPOS, POTÊNCIA 4 CV - JUROS. AF_08/2015","H","ATRIBUÍDO SÃO PAULO","0,09","CAIXA REFERENCIAL"]
["91531","COMPACTADOR DE SOLOS DE PERCUSSÃO (SOQUETE) COM MOTOR A GASOLINA 4 TEMPOS, POTÊNCIA 4 CV - MANUTENÇÃO. AF_08/2015","H","ATRIBUÍDO SÃO PAULO","0,88","CAIXA REFERENCIAL"]
["91532","COMPACTADOR DE SOLOS DE PERCUSSÃO (SOQUETE) COM MOTOR A GASOLINA 4 TEMPOS, POTÊNCIA 4 CV - MATERIAIS NA OPERAÇÃO. AF_08/2015","H","COLETADO","6,38","CAIXA REFERENCIAL"]
["91629","GUINDAUTO HIDRÁULICO, CAPACIDADE MÁXIMA DE CARGA 6500 KG, MOMENTO MÁXIMO DE CARGA 5,8 TM, ALCANCE MÁXIMO HORIZONTAL 7,60 M, INCLUSIVE CAMINHÃO TOCO PBT 9.700 KG, POTÊNCIA DE 160 CV - DEPRECIAÇÃO. AF_08/2015","H","ATRIBUÍDO SÃO PAULO","13,03","CAIXA REFERENCIAL"]
["91630","GUINDAUTO HIDRÁULICO, CAPACIDADE MÁXIMA DE CARGA 6500 KG, MOMENTO MÁXIMO DE CARGA 5,8 TM, ALCANCE MÁXIMO HORIZONTAL 7,60 M, INCLUSIVE CAMINHÃO TOCO PBT 9.700 KG, POTÊNCIA DE 160 CV - JUROS. AF_08/2015","H","ATRIBUÍDO SÃO PAULO","2,73","CAIXA REFERENCIAL"]
["91631","GUINDAUTO HIDRÁULICO, CAPACIDADE MÁXIMA DE CARGA 6500 KG, MOMENTO MÁXIMO DE CARGA 5,8 TM, ALCANCE MÁXIMO HORIZONTAL 7,60 M, INCLUSIVE CAMINHÃO TOCO PBT 9.700 KG, POTÊNCIA DE 160 CV - IMPOSTOS E SEGUROS. AF_08/2015","H","ATRIBUÍDO SÃO PAULO","1,05","CAIXA REFERENCIAL"]
["91632","GUINDAUTO HIDRÁULICO, CAPACIDADE MÁXIMA DE CARGA 6500 KG, MOMENTO MÁXIMO DE CARGA 5,8 TM, ALCANCE MÁXIMO HORIZONTAL 7,60 M, INCLUSIVE CAMINHÃO TOCO PBT 9.700 KG, POTÊNCIA DE 160 CV - MANUTENÇÃO. AF_08/2015","H","ATRIBUÍDO SÃO PAULO","24,42","CAIXA REFERENCIAL"]
["91633","GUINDAUTO HIDRÁULICO, CAPACIDADE MÁXIMA DE CARGA 6500 KG, MOMENTO MÁXIMO DE CARGA 5,8 TM, ALCANCE MÁXIMO HORIZONTAL 7,60 M, INCLUSIVE CAMINHÃO TOCO PBT 9.700 KG, POTÊNCIA DE 160 CV - MATERIAIS NA OPERAÇÃO. AF_08/2015","H","COLETADO","101,55","CAIXA REFERENCIAL"]
["91640","CAMINHÃO DE TRANSPORTE DE MATERIAL ASFÁLTICO 30.000 L, COM CAVALO MECÂNICO DE CAPACIDADE MÁXIMA DE TRAÇÃO COMBINADO DE 66.000 KG, POTÊNCIA 360 CV, INCLUSIVE TANQUE DE ASFALTO COM SERPENTINA - DEPRECIAÇÃO. AF_08/2015","H","ATRIBUÍDO SÃO PAULO","30,32","CAIXA REFERENCIAL"]
["91641","CAMINHÃO DE TRANSPORTE DE MATERIAL ASFÁLTICO 30.000 L, COM CAVALO MECÂNICO DE CAPACIDADE MÁXIMA DE TRAÇÃO COMBINADO DE 66.000 KG, POTÊNCIA 360 CV, INCLUSIVE TANQUE DE ASFALTO COM SERPENTINA - JUROS. AF_08/2015","H","ATRIBUÍDO SÃO PAULO","6,36","CAIXA REFERENCIAL"]
["91642","CAMINHÃO DE TRANSPORTE DE MATERIAL ASFÁLTICO 30.000 L, COM CAVALO MECÂNICO DE CAPACIDADE MÁXIMA DE TRAÇÃO COMBINADO DE 66.000 KG, POTÊNCIA 360 CV, INCLUSIVE TANQUE DE ASFALTO COM SERPENTINA - IMPOSTOS E SEGUROS. AF_08/2015","H","ATRIBUÍDO SÃO PAULO","2,47","CAIXA REFERENCIAL"]
["91643","CAMINHÃO DE TRANSPORTE DE MATERIAL ASFÁLTICO 30.000 L, COM CAVALO MECÂNICO DE CAPACIDADE MÁXIMA DE TRAÇÃO COMBINADO DE 66.000 KG, POTÊNCIA 360 CV, INCLUSIVE TANQUE DE ASFALTO COM SERPENTINA - MANUTENÇÃO. AF_08/2015","H","ATRIBUÍDO SÃO PAULO","56,83","CAIXA REFERENCIAL"]
["91644","CAMINHÃO DE TRANSPORTE DE MATERIAL ASFÁLTICO 30.000 L, COM CAVALO MECÂNICO DE CAPACIDADE MÁXIMA DE TRAÇÃO COMBINADO DE 66.000 KG, POTÊNCIA 360 CV, INCLUSIVE TANQUE DE ASFALTO COM SERPENTINA - MATERIAIS NA OPERAÇÃO. AF_08/2015","H","COLETADO","228,54","CAIXA REFERENCIAL"]
["91688","SERRA CIRCULAR DE BANCADA COM MOTOR ELÉTRICO POTÊNCIA DE 5HP, COM COIFA PARA DISCO 10\" - DEPRECIAÇÃO. AF_08/2015","H","COEFICIENTE DE REPRESENTATIVIDADE","0,10","CAIXA REFERENCIAL"]
["91689","SERRA CIRCULAR DE BANCADA COM MOTOR ELÉTRICO POTÊNCIA DE 5HP, COM COIFA PARA DISCO 10\" - JUROS. AF_08/2015","H","COEFICIENTE DE REPRESENTATIVIDADE","0,02","CAIXA REFERENCIAL"]
["91690","SERRA CIRCULAR DE BANCADA COM MOTOR ELÉTRICO POTÊNCIA DE 5HP, COM COIFA PARA DISCO 10\" - MANUTENÇÃO. AF_08/2015","H","COEFICIENTE DE REPRESENTATIVIDADE","0,07","CAIXA REFERENCIAL"]
["91691","SERRA CIRCULAR DE BANCADA COM MOTOR ELÉTRICO POTÊNCIA DE 5HP, COM COIFA PARA DISCO 10\" - MATERIAIS NA OPERAÇÃO. AF_08/2015","H","COEFICIENTE DE REPRESENTATIVIDADE","2,88","CAIXA REFERENCIAL"]
["92040","DISTRIBUIDOR DE AGREGADOS REBOCAVEL, CAPACIDADE 1,9 M³, LARGURA DE TRABALHO 3,66 M - DEPRECIAÇÃO. AF_11/2015","H","ATRIBUÍDO SÃO PAULO","6,13","CAIXA REFERENCIAL"]
["92041","DISTRIBUIDOR DE AGREGADOS REBOCAVEL, CAPACIDADE 1,9 M³, LARGURA DE TRABALHO 3,66 M - JUROS. AF_11/2015","H","ATRIBUÍDO SÃO PAULO","0,64","CAIXA REFERENCIAL"]
["92042","DISTRIBUIDOR DE AGREGADOS REBOCAVEL, CAPACIDADE 1,9 M³, LARGURA DE TRABALHO 3,66 M - MANUTENÇÃO. AF_11/2015","H","ATRIBUÍDO SÃO PAULO","5,11","CAIXA REFERENCIAL"]
["92101","CAMINHÃO PARA EQUIPAMENTO DE LIMPEZA A SUCÇÃO COM CAMINHÃO TRUCADO DE PESO BRUTO TOTAL 23000 KG, CARGA ÚTIL MÁXIMA 15935 KG, DISTÂNCIA ENTRE EIXOS 4,80 M, POTÊNCIA 230 CV, INCLUSIVE LIMPADORA A SUCÇÃO, TANQUE 12000 L - DEPRECIAÇÃO. AF_11/2015","H","ATRIBUÍDO SÃO PAULO","20,40","CAIXA REFERENCIAL"]
["92102","CAMINHÃO PARA EQUIPAMENTO DE LIMPEZA A SUCÇÃO COM CAMINHÃO TRUCADO DE PESO BRUTO TOTAL 23000 KG, CARGA ÚTIL MÁXIMA 15935 KG, DISTÂNCIA ENTRE EIXOS 4,80 M, POTÊNCIA 230 CV, INCLUSIVE LIMPADORA A SUCÇÃO, TANQUE 12000 L - JUROS. AF_11/2015","H","ATRIBUÍDO SÃO PAULO","4,27","CAIXA REFERENCIAL"]
["92103","CAMINHÃO PARA EQUIPAMENTO DE LIMPEZA A SUCÇÃO COM CAMINHÃO TRUCADO DE PESO BRUTO TOTAL 23000 KG, CARGA ÚTIL MÁXIMA 15935 KG, DISTÂNCIA ENTRE EIXOS 4,80 M, POTÊNCIA 230 CV, INCLUSIVE LIMPADORA A SUCÇÃO, TANQUE 12000 L - IMPOSTOS E SEGUROS. AF_11/2015","H","ATRIBUÍDO SÃO PAULO","1,66","CAIXA REFERENCIAL"]
["92104","CAMINHÃO PARA EQUIPAMENTO DE LIMPEZA A SUCÇÃO COM CAMINHÃO TRUCADO DE PESO BRUTO TOTAL 23000 KG, CARGA ÚTIL MÁXIMA 15935 KG, DISTÂNCIA ENTRE EIXOS 4,80 M, POTÊNCIA 230 CV, INCLUSIVE LIMPADORA A SUCÇÃO, TANQUE 12000 L - MANUTENÇÃO. AF_11/2015","H","ATRIBUÍDO SÃO PAULO","38,26","CAIXA REFERENCIAL"]
["92105","CAMINHÃO PARA EQUIPAMENTO DE LIMPEZA A SUCÇÃO COM CAMINHÃO TRUCADO DE PESO BRUTO TOTAL 23000 KG, CARGA ÚTIL MÁX. 15935 KG, DISTÂNCIA ENTRE EIXOS 4,80 M, POTÊNCIA 230 CV, INCLUSIVE LIMPADORA A SUCÇÃO, TANQUE 12000 L - MATERIAIS NA OPERAÇÃO. AF_11/2015","H","COLETADO","146,00","CAIXA REFERENCIAL"]
["92108","PENEIRA ROTATIVA COM MOTOR ELÉTRICO TRIFÁSICO DE 2 CV, CILINDRO DE 1 M X 0,60 M, COM FUROS DE 3,17 MM - DEPRECIAÇÃO. AF_11/2015","H","ATRIBUÍDO SÃO PAULO","0,94","CAIXA REFERENCIAL"]
["92109","PENEIRA ROTATIVA COM MOTOR ELÉTRICO TRIFÁSICO DE 2 CV, CILINDRO DE 1 M X 0,60 M, COM FUROS DE 3,17 MM - JUROS. AF_11/2015","H","ATRIBUÍDO SÃO PAULO","0,11","CAIXA REFERENCIAL"]
["92110","PENEIRA ROTATIVA COM MOTOR ELÉTRICO TRIFÁSICO DE 2 CV, CILINDRO DE 1 M X 0,60 M, COM FUROS DE 3,17 MM - MANUTENÇÃO. AF_11/2015","H","ATRIBUÍDO SÃO PAULO","0,74","CAIXA REFERENCIAL"]
["92111","PENEIRA ROTATIVA COM MOTOR ELÉTRICO TRIFÁSICO DE 2 CV, CILINDRO DE 1 M X 0,60 M, COM FUROS DE 3,17 MM - MATERIAIS NA OPERAÇÃO. AF_11/2015","H","COEFICIENTE DE REPRESENTATIVIDADE","1,13","CAIXA REFERENCIAL"]
["92114","DOSADOR DE AREIA, CAPACIDADE DE 26 LITROS - DEPRECIAÇÃO. AF_11/2015","H","ATRIBUÍDO SÃO PAULO","0,10","CAIXA REFERENCIAL"]
["92115","DOSADOR DE AREIA, CAPACIDADE DE 26 LITROS - JUROS. AF_11/2015","H","ATRIBUÍDO SÃO PAULO","0,01","CAIXA REFERENCIAL"]
["92116","DOSADOR DE AREIA, CAPACIDADE DE 26 LITROS - MANUTENÇÃO. AF_11/2015","H","ATRIBUÍDO SÃO PAULO","0,13","CAIXA REFERENCIAL"]
["92133","CAMINHONETE COM MOTOR A DIESEL, POTÊNCIA 180 CV, CABINE DUPLA, 4X4 - DEPRECIAÇÃO. AF_11/2015","H","COLETADO","10,45","CAIXA REFERENCIAL"]
["92134","CAMINHONETE COM MOTOR A DIESEL, POTÊNCIA 180 CV, CABINE DUPLA, 4X4 - JUROS. AF_11/2015","H","COLETADO","1,65","CAIXA REFERENCIAL"]
["92135","CAMINHONETE COM MOTOR A DIESEL, POTÊNCIA 180 CV, CABINE DUPLA, 4X4 - IMPOSTOS E SEGUROS. AF_11/2015","H","COLETADO","0,65","CAIXA REFERENCIAL"]
["92136","CAMINHONETE COM MOTOR A DIESEL, POTÊNCIA 180 CV, CABINE DUPLA, 4X4 - MANUTENÇÃO. AF_11/2015","H","COLETADO","13,06","CAIXA REFERENCIAL"]
["92137","CAMINHONETE COM MOTOR A DIESEL, POTÊNCIA 180 CV, CABINE DUPLA, 4X4 - MATERIAIS NA OPERAÇÃO. AF_11/2015","H","COLETADO","30,05","CAIXA REFERENCIAL"]
["92140","CAMINHONETE CABINE SIMPLES COM MOTOR 1.6 FLEX, CÂMBIO MANUAL, POTÊNCIA 101/104 CV, 2 PORTAS - DEPRECIAÇÃO. AF_11/2015","H","COEFICIENTE DE REPRESENTATIVIDADE","3,18","CAIXA REFERENCIAL"]
["92141","CAMINHONETE CABINE SIMPLES COM MOTOR 1.6 FLEX, CÂMBIO MANUAL, POTÊNCIA 101/104 CV, 2 PORTAS - JUROS. AF_11/2015","H","COEFICIENTE DE REPRESENTATIVIDADE","0,50","CAIXA REFERENCIAL"]
["92142","CAMINHONETE CABINE SIMPLES COM MOTOR 1.6 FLEX, CÂMBIO MANUAL, POTÊNCIA 101/104 CV, 2 PORTAS - IMPOSTOS E SEGUROS. AF_11/2015","H","COEFICIENTE DE REPRESENTATIVIDADE","0,19","CAIXA REFERENCIAL"]
["92143","CAMINHONETE CABINE SIMPLES COM MOTOR 1.6 FLEX, CÂMBIO MANUAL, POTÊNCIA 101/104 CV, 2 PORTAS - MANUTENÇÃO. AF_11/2015","H","COEFICIENTE DE REPRESENTATIVIDADE","3,98","CAIXA REFERENCIAL"]
["92144","CAMINHONETE CABINE SIMPLES COM MOTOR 1.6 FLEX, CÂMBIO MANUAL, POTÊNCIA 101/104 CV, 2 PORTAS - MATERIAIS NA OPERAÇÃO. AF_11/2015","H","COLETADO","41,47","CAIXA REFERENCIAL"]
["92237","CAMINHÃO DE TRANSPORTE DE MATERIAL ASFÁLTICO 20.000 L, COM CAVALO MECÂNICO DE CAPACIDADE MÁXIMA DE TRAÇÃO COMBINADO DE 45.000 KG, POTÊNCIA 330 CV, INCLUSIVE TANQUE DE ASFALTO COM MAÇARICO - DEPRECIAÇÃO. AF_12/2015","H","ATRIBUÍDO SÃO PAULO","22,23","CAIXA REFERENCIAL"]
["92238","CAMINHÃO DE TRANSPORTE DE MATERIAL ASFÁLTICO 20.000 L, COM CAVALO MECÂNICO DE CAPACIDADE MÁXIMA DE TRAÇÃO COMBINADO DE 45.000 KG, POTÊNCIA 330 CV, INCLUSIVE TANQUE DE ASFALTO COM MAÇARICO - JUROS. AF_12/2015","H","ATRIBUÍDO SÃO PAULO","4,66","CAIXA REFERENCIAL"]
["92239","CAMINHÃO DE TRANSPORTE DE MATERIAL ASFÁLTICO 20.000 L, COM CAVALO MECÂNICO DE CAPACIDADE MÁXIMA DE TRAÇÃO COMBINADO DE 45.000 KG, POTÊNCIA 330 CV, INCLUSIVE TANQUE DE ASFALTO COM MAÇARICO - IMPOSTOS E SEGUROS. AF_12/2015","H","ATRIBUÍDO SÃO PAULO","1,81","CAIXA REFERENCIAL"]
["92240","CAMINHÃO DE TRANSPORTE DE MATERIAL ASFÁLTICO 20.000 L, COM CAVALO MECÂNICO DE CAPACIDADE MÁXIMA DE TRAÇÃO COMBINADO DE 45.000 KG, POTÊNCIA 330 CV, INCLUSIVE TANQUE DE ASFALTO COM MAÇARICO - MANUTENÇÃO. AF_12/2015","H","ATRIBUÍDO SÃO PAULO","41,69","CAIXA REFERENCIAL"]
["92241","CAMINHÃO DE TRANSPORTE DE MATERIAL ASFÁLTICO 20.000 L, COM CAVALO MECÂNICO DE CAPACIDADE MÁXIMA DE TRAÇÃO COMBINADO DE 45.000 KG, POTÊNCIA 330 CV, INCLUSIVE TANQUE DE ASFALTO COM MAÇARICO - MATERIAIS NA OPERAÇÃO. AF_12/2015","H","COLETADO","209,52","CAIXA REFERENCIAL"]
["92712","APARELHO PARA CORTE E SOLDA OXI-ACETILENO SOBRE RODAS, INCLUSIVE CILINDROS E MAÇARICOS - DEPRECIAÇÃO. AF_12/2015","H","COEFICIENTE DE REPRESENTATIVIDADE","0,22","CAIXA REFERENCIAL"]
["92713","APARELHO PARA CORTE E SOLDA OXI-ACETILENO SOBRE RODAS, INCLUSIVE CILINDROS E MAÇARICOS - JUROS. AF_12/2015","H","COEFICIENTE DE REPRESENTATIVIDADE","0,02","CAIXA REFERENCIAL"]
["92714","APARELHO PARA CORTE E SOLDA OXI-ACETILENO SOBRE RODAS, INCLUSIVE CILINDROS E MAÇARICOS - MANUTENÇÃO. AF_12/2015","H","COEFICIENTE DE REPRESENTATIVIDADE","0,28","CAIXA REFERENCIAL"]
["92715","APARELHO PARA CORTE E SOLDA OXI-ACETILENO SOBRE RODAS, INCLUSIVE CILINDROS E MAÇARICOS - MATERIAIS NA OPERAÇÃO. AF_12/2015","H","COEFICIENTE DE REPRESENTATIVIDADE","22,90","CAIXA REFERENCIAL"]
["92956","MÁQUINA EXTRUSORA DE CONCRETO PARA GUIAS E SARJETAS, MOTOR A DIESEL, POTÊNCIA 14 CV - DEPRECIAÇÃO. AF_12/2015","H","ATRIBUÍDO SÃO PAULO","4,01","CAIXA REFERENCIAL"]
["92957","MÁQUINA EXTRUSORA DE CONCRETO PARA GUIAS E SARJETAS, MOTOR A DIESEL, POTÊNCIA 14 CV - JUROS. AF_12/2015","H","ATRIBUÍDO SÃO PAULO","0,47","CAIXA REFERENCIAL"]
["92958","MÁQUINA EXTRUSORA DE CONCRETO PARA GUIAS E SARJETAS, MOTOR A DIESEL, POTÊNCIA 14 CV - MANUTENÇÃO. AF_12/2015","H","ATRIBUÍDO SÃO PAULO","4,38","CAIXA REFERENCIAL"]
["92959","MÁQUINA EXTRUSORA DE CONCRETO PARA GUIAS E SARJETAS, MOTOR A DIESEL, POTÊNCIA 14 CV - MATERIAIS NA OPERAÇÃO. AF_12/2015","H","COLETADO","7,03","CAIXA REFERENCIAL"]
["92963","MARTELO PERFURADOR PNEUMÁTICO MANUAL, HASTE 25 X 75 MM, 21 KG - DEPRECIAÇÃO. AF_12/2015","H","ATRIBUÍDO SÃO PAULO","1,42","CAIXA REFERENCIAL"]
["92964","MARTELO PERFURADOR PNEUMÁTICO MANUAL, HASTE 25 X 75 MM, 21 KG - JUROS. AF_12/2015","H","ATRIBUÍDO SÃO PAULO","0,16","CAIXA REFERENCIAL"]
["92965","MARTELO PERFURADOR PNEUMÁTICO MANUAL, HASTE 25 X 75 MM, 21 KG - MANUTENÇÃO. AF_12/2015","H","ATRIBUÍDO SÃO PAULO","1,78","CAIXA REFERENCIAL"]
["93220","PERFURATRIZ COM TORRE METÁLICA PARA EXECUÇÃO DE ESTACA HÉLICE CONTÍNUA, PROFUNDIDADE MÁXIMA DE 32 M, DIÂMETRO MÁXIMO DE 1000 MM, POTÊNCIA INSTALADA DE 350 HP, MESA ROTATIVA COM TORQUE MÁXIMO DE 263 KNM - DEPRECIAÇÃO. AF_01/2016","H","COEFICIENTE DE REPRESENTATIVIDADE","345,74","CAIXA REFERENCIAL"]
["93221","PERFURATRIZ COM TORRE METÁLICA PARA EXECUÇÃO DE ESTACA HÉLICE CONTÍNUA, PROFUNDIDADE MÁXIMA DE 32 M, DIÂMETRO MÁXIMO DE 1000 MM, POTÊNCIA INSTALADA DE 350 HP, MESA ROTATIVA COM TORQUE MÁXIMO DE 263 KNM - JUROS. AF_01/2016","H","COEFICIENTE DE REPRESENTATIVIDADE","48,00","CAIXA REFERENCIAL"]
["93222","PERFURATRIZ COM TORRE METÁLICA PARA EXECUÇÃO DE ESTACA HÉLICE CONTÍNUA, PROFUNDIDADE MÁXIMA DE 32 M, DIÂMETRO MÁXIMO DE 1000 MM, POTÊNCIA INSTALADA DE 350 HP, MESA ROTATIVA COM TORQUE MÁXIMO DE 263 KNM - MANUTENÇÃO. AF_01/2016","H","COEFICIENTE DE REPRESENTATIVIDADE","432,67","CAIXA REFERENCIAL"]
["93223","PERFURATRIZ COM TORRE METÁLICA PARA EXECUÇÃO DE ESTACA HÉLICE CONTÍNUA, PROFUNDIDADE MÁXIMA DE 32 M, DIÂMETRO MÁXIMO DE 1000 MM, POTÊNCIA INSTALADA DE 350 HP, MESA ROTATIVA COM TORQUE MÁXIMO DE 263 KNM \u0096 MATERIAIS NA OPERAÇÃO. AF_01/2016","H","COLETADO","118,58","CAIXA REFERENCIAL"]
["93229","BETONEIRA CAPACIDADE NOMINAL 400 L, CAPACIDADE DE MISTURA 310 L, MOTOR A GASOLINA POTÊNCIA 5,5 HP, SEM CARREGADOR - DEPRECIAÇÃO. AF_02/2016","H","ATRIBUÍDO SÃO PAULO","0,40","CAIXA REFERENCIAL"]
["93230","BETONEIRA CAPACIDADE NOMINAL 400 L, CAPACIDADE DE MISTURA 310 L, MOTOR A GASOLINA POTÊNCIA 5,5 HP, SEM CARREGADOR - JUROS. AF_02/2016","H","ATRIBUÍDO SÃO PAULO","0,04","CAIXA REFERENCIAL"]
["93231","BETONEIRA CAPACIDADE NOMINAL 400 L, CAPACIDADE DE MISTURA 310 L, MOTOR A GASOLINA POTÊNCIA 5,5 HP, SEM CARREGADOR - MANUTENÇÃO. AF_02/2016","H","ATRIBUÍDO SÃO PAULO","0,37","CAIXA REFERENCIAL"]
["93232","BETONEIRA CAPACIDADE NOMINAL 400 L, CAPACIDADE DE MISTURA 310 L, MOTOR A GASOLINA POTÊNCIA 5,5 HP, SEM CARREGADOR - MATERIAIS NA OPERAÇÃO. AF_02/2016","H","COLETADO","8,92","CAIXA REFERENCIAL"]
["93235","GRUPO GERADOR ESTACIONÁRIO, MOTOR DIESEL POTÊNCIA 170 KVA - JUROS. AF_02/2016","H","ATRIBUÍDO SÃO PAULO","0,80","CAIXA REFERENCIAL"]
["93238","ROLO COMPACTADOR VIBRATÓRIO REBOCÁVEL, CILINDRO DE AÇO LISO, POTÊNCIA DE TRAÇÃO DE 65 CV, PESO 4,7 T, IMPACTO DINÂMICO 18,3 T, LARGURA DE TRABALHO 1,67 M - JUROS. AF_02/2016","H","ATRIBUÍDO SÃO PAULO","0,98","CAIXA REFERENCIAL"]
["93239","ROLO COMPACTADOR VIBRATÓRIO PÉ DE CARNEIRO, OPERADO POR CONTROLE REMOTO, POTÊNCIA 12,5 KW, PESO OPERACIONAL 1,675 T, LARGURA DE TRABALHO 0,85 M - JUROS. AF_02/2016","H","ATRIBUÍDO SÃO PAULO","4,45","CAIXA REFERENCIAL"]
["93240","ROLO COMPACTADOR VIBRATÓRIO PÉ DE CARNEIRO, OPERADO POR CONTROLE REMOTO, POTÊNCIA 12,5 KW, PESO OPERACIONAL 1,675 T, LARGURA DE TRABALHO 0,85 M - MATERIAIS NA OPERAÇÃO. AF_02/2016","H","COLETADO","9,08","CAIXA REFERENCIAL"]
["93267","GRUA ASCENCIONAL, LANÇA DE 30 M, CAPACIDADE DE 1,0 T A 30 M, ALTURA ATÉ 39 M \u0096 DEPRECIAÇÃO. AF_03/2016","H","ATRIBUÍDO SÃO PAULO","38,85","CAIXA REFERENCIAL"]
["93269","GRUA ASCENCIONAL, LANÇA DE 30 M, CAPACIDADE DE 1,0 T A 30 M, ALTURA ATÉ 39 M   JUROS. AF_03/2016","H","ATRIBUÍDO SÃO PAULO","4,61","CAIXA REFERENCIAL"]
["93270","GRUA ASCENCIONAL, LANÇA DE 30 M, CAPACIDADE DE 1,0 T A 30 M, ALTURA ATÉ 39 M   MANUTENÇÃO. AF_03/2016","H","ATRIBUÍDO SÃO PAULO","42,49","CAIXA REFERENCIAL"]
["93271","GRUA ASCENCIONAL, LANÇA DE 30 M, CAPACIDADE DE 1,0 T A 30 M, ALTURA ATÉ 39 M   MATERIAIS NA OPERAÇÃO. AF_03/2016","H","COEFICIENTE DE REPRESENTATIVIDADE","8,50","CAIXA REFERENCIAL"]
["93277","GUINCHO ELÉTRICO DE COLUNA, CAPACIDADE 400 KG, COM MOTO FREIO, MOTOR TRIFÁSICO DE 1,25 CV - DEPRECIAÇÃO. AF_03/2016","H","ATRIBUÍDO SÃO PAULO","0,30","CAIXA REFERENCIAL"]
["93278","GUINCHO ELÉTRICO DE COLUNA, CAPACIDADE 400 KG, COM MOTO FREIO, MOTOR TRIFÁSICO DE 1,25 CV - JUROS. AF_03/2016","H","ATRIBUÍDO SÃO PAULO","0,03","CAIXA REFERENCIAL"]
["93279","GUINCHO ELÉTRICO DE COLUNA, CAPACIDADE 400 KG, COM MOTO FREIO, MOTOR TRIFÁSICO DE 1,25 CV - MANUTENÇÃO. AF_03/2016","H","ATRIBUÍDO SÃO PAULO","0,28","CAIXA REFERENCIAL"]
["93280","GUINCHO ELÉTRICO DE COLUNA, CAPACIDADE 400 KG, COM MOTO FREIO, MOTOR TRIFÁSICO DE 1,25 CV - MATERIAIS NA OPERAÇÃO. AF_03/2016","H","COEFICIENTE DE REPRESENTATIVIDADE","0,70","CAIXA REFERENCIAL"]
["93283","GUINDASTE HIDRÁULICO AUTOPROPELIDO, COM LANÇA TELESCÓPICA 40 M, CAPACIDADE MÁXIMA 60 T, POTÊNCIA 260 KW - DEPRECIAÇÃO. AF_03/2016","H","ATRIBUÍDO SÃO PAULO","81,65","CAIXA REFERENCIAL"]
["93284","GUINDASTE HIDRÁULICO AUTOPROPELIDO, COM LANÇA TELESCÓPICA 40 M, CAPACIDADE MÁXIMA 60 T, POTÊNCIA 260 KW - JUROS. AF_03/2016","H","ATRIBUÍDO SÃO PAULO","15,51","CAIXA REFERENCIAL"]
["93285","GUINDASTE HIDRÁULICO AUTOPROPELIDO, COM LANÇA TELESCÓPICA 40 M, CAPACIDADE MÁXIMA 60 T, POTÊNCIA 260 KW - MANUTENÇÃO. AF_03/2016","H","ATRIBUÍDO SÃO PAULO","131,25","CAIXA REFERENCIAL"]
["93286","GUINDASTE HIDRÁULICO AUTOPROPELIDO, COM LANÇA TELESCÓPICA 40 M, CAPACIDADE MÁXIMA 60 T, POTÊNCIA 260 KW - MATERIAIS NA OPERAÇÃO. AF_03/2016","H","COEFICIENTE DE REPRESENTATIVIDADE","201,11","CAIXA REFERENCIAL"]
["93296","GUINDASTE HIDRÁULICO AUTOPROPELIDO, COM LANÇA TELESCÓPICA 40 M, CAPACIDADE MÁXIMA 60 T, POTÊNCIA 260 KW - IMPOSTOS E SEGUROS. AF_03/2016","H","ATRIBUÍDO SÃO PAULO","5,71","CAIXA REFERENCIAL"]
["93397","GUINDAUTO HIDRÁULICO, CAPACIDADE MÁXIMA DE CARGA 3300 KG, MOMENTO MÁXIMO DE CARGA 5,8 TM, ALCANCE MÁXIMO HORIZONTAL 7,60 M, INCLUSIVE CAMINHÃO TOCO PBT 16.000 KG, POTÊNCIA DE 189 CV - DEPRECIAÇÃO. AF_03/2016","H","ATRIBUÍDO SÃO PAULO","13,03","CAIXA REFERENCIAL"]
["93398","GUINDAUTO HIDRÁULICO, CAPACIDADE MÁXIMA DE CARGA 3300 KG, MOMENTO MÁXIMO DE CARGA 5,8 TM, ALCANCE MÁXIMO HORIZONTAL 7,60 M, INCLUSIVE CAMINHÃO TOCO PBT 16.000 KG, POTÊNCIA DE 189 CV - JUROS. AF_03/2016","H","ATRIBUÍDO SÃO PAULO","2,73","CAIXA REFERENCIAL"]
["93399","GUINDAUTO HIDRÁULICO, CAPACIDADE MÁXIMA DE CARGA 3300 KG, MOMENTO MÁXIMO DE CARGA 5,8 TM, ALCANCE MÁXIMO HORIZONTAL 7,60 M, INCLUSIVE CAMINHÃO TOCO PBT 16.000 KG, POTÊNCIA DE 189 CV \u0096 IMPOSTOS E SEGUROS. AF_03/2016","H","ATRIBUÍDO SÃO PAULO","1,05","CAIXA REFERENCIAL"]
["93400","GUINDAUTO HIDRÁULICO, CAPACIDADE MÁXIMA DE CARGA 3300 KG, MOMENTO MÁXIMO DE CARGA 5,8 TM, ALCANCE MÁXIMO HORIZONTAL 7,60 M, INCLUSIVE CAMINHÃO TOCO PBT 16.000 KG, POTÊNCIA DE 189 CV - MANUTENÇÃO. AF_03/2016","H","ATRIBUÍDO SÃO PAULO","24,42","CAIXA REFERENCIAL"]
["93401","GUINDAUTO HIDRÁULICO, CAPACIDADE MÁXIMA DE CARGA 3300 KG, MOMENTO MÁXIMO DE CARGA 5,8 TM, ALCANCE MÁXIMO HORIZONTAL 7,60 M, INCLUSIVE CAMINHÃO TOCO PBT 16.000 KG, POTÊNCIA DE 189 CV - MATERIAIS NA OPERAÇÃO. AF_03/2016","H","COLETADO","119,99","CAIXA REFERENCIAL"]
["93404","MÁQUINA JATO DE PRESSAO PORTÁTIL, CAMARA DE 1 SAIDA, CAPACIDADE 280 L, DIAMETRO 670 MM, BICO DE JATO CURTO VENTURI DE 5/16'' , MANGUEIRA DE 1'' COM COMPRESSOR DE AR REBOCÁVEL 189 PCM E MOTOR DIESEL 63 CV - DEPRECIAÇÃO. AF_03/2016","H","ATRIBUÍDO SÃO PAULO","6,50","CAIXA REFERENCIAL"]
["93405","MÁQUINA JATO DE PRESSAO PORTÁTIL, CAMARA DE 1 SAIDA, CAPACIDADE 280 L, DIAMETRO 670 MM, BICO DE JATO CURTO VENTURI DE 5/16'' , MANGUEIRA DE 1'' COM COMPRESSOR DE AR REBOCÁVEL 189 PCM E MOTOR DIESEL 63 CV - JUROS. AF_03/2016","H","ATRIBUÍDO SÃO PAULO","0,65","CAIXA REFERENCIAL"]
["93406","MÁQUINA JATO DE PRESSAO PORTÁTIL, CAMARA DE 1 SAIDA, CAPACIDADE 280 L, DIAMETRO 670 MM, BICO DE JATO CURTO VENTURI DE 5/16'' , MANGUEIRA DE 1'' COM COMPRESSOR DE AR REBOCÁVEL 189 PCM E MOTOR DIESEL 63 CV - MANUTENÇÃO. AF_03/2016","H","ATRIBUÍDO SÃO PAULO","8,13","CAIXA REFERENCIAL"]
["93407","MÁQUINA JATO DE PRESSAO PORTÁTIL, CAMARA DE 1 SAIDA, CAPACIDADE 280 L, DIAMETRO 670 MM, BICO DE JATO CURTO VENTURI DE 5/16'' , MANGUEIRA DE 1'' COM COMPRESSOR DE AR REBOCÁVEL 189 PCM E MOTOR DIESEL 63 CV - MATERIAIS NA OPERAÇÃO. AF_03/2016","H","COLETADO","35,77","CAIXA REFERENCIAL"]
["93411","GERADOR PORTÁTIL MONOFÁSICO, POTÊNCIA 5500 VA, MOTOR A GASOLINA, POTÊNCIA DO MOTOR 13 CV - DEPRECIAÇÃO. AF_03/2016","H","ATRIBUÍDO SÃO PAULO","0,21","CAIXA REFERENCIAL"]
["93412","GERADOR PORTÁTIL MONOFÁSICO, POTÊNCIA 5500 VA, MOTOR A GASOLINA, POTÊNCIA DO MOTOR 13 CV - JUROS. AF_03/2016","H","ATRIBUÍDO SÃO PAULO","0,03","CAIXA REFERENCIAL"]
["93413","GERADOR PORTÁTIL MONOFÁSICO, POTÊNCIA 5500 VA, MOTOR A GASOLINA, POTÊNCIA DO MOTOR 13 CV - MANUTENÇÃO. AF_03/2016","H","ATRIBUÍDO SÃO PAULO","0,19","CAIXA REFERENCIAL"]
["93414","GERADOR PORTÁTIL MONOFÁSICO, POTÊNCIA 5500 VA, MOTOR A GASOLINA, POTÊNCIA DO MOTOR 13 CV - MATERIAIS NA OPERAÇÃO. AF_03/2016","H","COLETADO","15,39","CAIXA REFERENCIAL"]
["93417","GRUPO GERADOR REBOCÁVEL, POTÊNCIA 66 KVA, MOTOR A DIESEL - DEPRECIAÇÃO. AF_03/2016","H","ATRIBUÍDO SÃO PAULO","2,79","CAIXA REFERENCIAL"]
["93418","GRUPO GERADOR REBOCÁVEL, POTÊNCIA 66 KVA, MOTOR A DIESEL - JUROS. AF_03/2016","H","ATRIBUÍDO SÃO PAULO","0,50","CAIXA REFERENCIAL"]
["93419","GRUPO GERADOR REBOCÁVEL, POTÊNCIA 66 KVA, MOTOR A DIESEL - MANUTENÇÃO. AF_03/2016","H","ATRIBUÍDO SÃO PAULO","2,49","CAIXA REFERENCIAL"]
["93420","GRUPO GERADOR REBOCÁVEL, POTÊNCIA 66 KVA, MOTOR A DIESEL - MATERIAIS NA OPERAÇÃO. AF_03/2016","H","COLETADO","50,89","CAIXA REFERENCIAL"]
["93423","GRUPO GERADOR ESTACIONÁRIO, POTÊNCIA 150 KVA, MOTOR A DIESEL- DEPRECIAÇÃO. AF_03/2016","H","ATRIBUÍDO SÃO PAULO","3,95","CAIXA REFERENCIAL"]
["93424","GRUPO GERADOR ESTACIONÁRIO, POTÊNCIA 150 KVA, MOTOR A DIESEL- JUROS. AF_03/2016","H","ATRIBUÍDO SÃO PAULO","0,71","CAIXA REFERENCIAL"]
["93425","GRUPO GERADOR ESTACIONÁRIO, POTÊNCIA 150 KVA, MOTOR A DIESEL- MANUTENÇÃO. AF_03/2016","H","ATRIBUÍDO SÃO PAULO","3,53","CAIXA REFERENCIAL"]
["93426","GRUPO GERADOR ESTACIONÁRIO, POTÊNCIA 150 KVA, MOTOR A DIESEL- MATERIAIS NA OPERAÇÃO. AF_03/2016","H","COLETADO","121,62","CAIXA REFERENCIAL"]
["93429","USINA DE MISTURA ASFÁLTICA À QUENTE, TIPO CONTRA FLUXO, PROD 40 A 80 TON/HORA - DEPRECIAÇÃO. AF_03/2016","H","ATRIBUÍDO SÃO PAULO","96,80","CAIXA REFERENCIAL"]
["93430","USINA DE MISTURA ASFÁLTICA À QUENTE, TIPO CONTRA FLUXO, PROD 40 A 80 TON/HORA - JUROS. AF_03/2016","H","ATRIBUÍDO SÃO PAULO","17,42","CAIXA REFERENCIAL"]
["93431","USINA DE MISTURA ASFÁLTICA À QUENTE, TIPO CONTRA FLUXO, PROD 40 A 80 TON/HORA - MANUTENÇÃO. AF_03/2016","H","ATRIBUÍDO SÃO PAULO","155,60","CAIXA REFERENCIAL"]
["93432","USINA DE MISTURA ASFÁLTICA À QUENTE, TIPO CONTRA FLUXO, PROD 40 A 80 TON/HORA - MATERIAIS NA OPERAÇÃO. AF_03/2016","H","COLETADO","2.179,20","CAIXA REFERENCIAL"]
["93435","USINA DE ASFALTO À FRIO, CAPACIDADE DE 40 A 60 TON/HORA, ELÉTRICA POTÊNCIA 30 CV - DEPRECIAÇÃO. AF_03/2016","H","ATRIBUÍDO SÃO PAULO","5,24","CAIXA REFERENCIAL"]
["93436","USINA DE ASFALTO À FRIO, CAPACIDADE DE 40 A 60 TON/HORA, ELÉTRICA POTÊNCIA 30 CV - JUROS. AF_03/2016","H","ATRIBUÍDO SÃO PAULO","1,10","CAIXA REFERENCIAL"]
["93437","USINA DE ASFALTO À FRIO, CAPACIDADE DE 40 A 60 TON/HORA, ELÉTRICA POTÊNCIA 30 CV - MANUTENÇÃO. AF_03/2016","H","ATRIBUÍDO SÃO PAULO","9,82","CAIXA REFERENCIAL"]
["93438","USINA DE ASFALTO À FRIO, CAPACIDADE DE 40 A 60 TON/HORA, ELÉTRICA POTÊNCIA 30 CV - MATERIAIS NA OPERAÇÃO. AF_03/2016","H","COLETADO","22,52","CAIXA REFERENCIAL"]
["95114","MARTELETE OU ROMPEDOR PNEUMÁTICO MANUAL, 28 KG, COM SILENCIADOR - DEPRECIAÇÃO. AF_07/2016","H","ATRIBUÍDO SÃO PAULO","1,38","CAIXA REFERENCIAL"]
["95115","MARTELETE OU ROMPEDOR PNEUMÁTICO MANUAL, 28 KG, COM SILENCIADOR - JUROS. AF_07/2016","H","ATRIBUÍDO SÃO PAULO","0,16","CAIXA REFERENCIAL"]
["95116","USINA DE CONCRETO FIXA, CAPACIDADE NOMINAL DE 90 A 120 M3/H, SEM SILO - DEPRECIAÇÃO. AF_07/2016","H","ATRIBUÍDO SÃO PAULO","31,99","CAIXA REFERENCIAL"]
["95117","USINA DE CONCRETO FIXA, CAPACIDADE NOMINAL DE 90 A 120 M3/H, SEM SILO - JUROS. AF_07/2016","H","ATRIBUÍDO SÃO PAULO","5,04","CAIXA REFERENCIAL"]
["95118","USINA MISTURADORA DE SOLOS, CAPACIDADE DE 200 A 500 TON/H, POTENCIA 75KW - DEPRECIAÇÃO. AF_07/2016","H","ATRIBUÍDO SÃO PAULO","49,93","CAIXA REFERENCIAL"]
["95119","USINA MISTURADORA DE SOLOS, CAPACIDADE DE 200 A 500 TON/H, POTENCIA 75KW - JUROS. AF_07/2016","H","ATRIBUÍDO SÃO PAULO","8,98","CAIXA REFERENCIAL"]
["95120","USINA MISTURADORA DE SOLOS, CAPACIDADE DE 200 A 500 TON/H, POTENCIA 75KW - MATERIAIS NA OPERAÇÃO. AF_07/2016","H","COEFICIENTE DE REPRESENTATIVIDADE","58,01","CAIXA REFERENCIAL"]
["95123","DISTRIBUIDOR DE AGREGADOS AUTOPROPELIDO, CAP 3 M3, A DIESEL, POTÊNCIA 176CV - DEPRECIAÇÃO. AF_07/2016","H","ATRIBUÍDO SÃO PAULO","16,92","CAIXA REFERENCIAL"]
["95124","DISTRIBUIDOR DE AGREGADOS AUTOPROPELIDO, C/AP 3 M3, A DIESEL, POTÊNCIA 176CV - JUROS. AF_07/2016","H","ATRIBUÍDO SÃO PAULO","2,66","CAIXA REFERENCIAL"]
["95125","DISTRIBUIDOR DE AGREGADOS AUTOPROPELIDO, CAP 3 M3, A DIESEL, POTÊNCIA 176CV - MANUTENÇÃO. AF_07/2016","H","ATRIBUÍDO SÃO PAULO","18,51","CAIXA REFERENCIAL"]
["95126","DISTRIBUIDOR DE AGREGADOS AUTOPROPELIDO, CAP 3 M3, A DIESEL, POTÊNCIA 176CV \u0096 MATERIAIS NA OPERAÇÃO. AF_07/2016","H","COLETADO","111,72","CAIXA REFERENCIAL"]
["95129","MÁQUINA DEMARCADORA DE FAIXA DE TRÁFEGO À FRIO, AUTOPROPELIDA, POTÊNCIA 38 HP - DEPRECIAÇÃO. AF_07/2016","H","ATRIBUÍDO SÃO PAULO","30,02","CAIXA REFERENCIAL"]
["95130","MÁQUINA DEMARCADORA DE FAIXA DE TRÁFEGO À FRIO, AUTOPROPELIDA, POTÊNCIA 38 HP - JUROS. AF_07/2016","H","ATRIBUÍDO SÃO PAULO","5,40","CAIXA REFERENCIAL"]
["95131","MÁQUINA DEMARCADORA DE FAIXA DE TRÁFEGO À FRIO, AUTOPROPELIDA, POTÊNCIA 38 HP - MANUTENÇÃO. AF_07/2016","H","ATRIBUÍDO SÃO PAULO","56,30","CAIXA REFERENCIAL"]
["95132","MÁQUINA DEMARCADORA DE FAIXA DE TRÁFEGO À FRIO, AUTOPROPELIDA, POTÊNCIA 38 HP - MATERIAIS NA OPERAÇÃO. AF_07/2016","H","COLETADO","24,47","CAIXA REFERENCIAL"]
["95136","TALHA MANUAL DE CORRENTE, CAPACIDADE DE 2 TON. COM ELEVAÇÃO DE 3 M - DEPRECIAÇÃO. AF_07/2016","H","ATRIBUÍDO SÃO PAULO","0,03","CAIXA REFERENCIAL"]
["95137","TALHA MANUAL DE CORRENTE, CAPACIDADE DE 2 TON. COM ELEVAÇÃO DE 3 M - JUROS. AF_07/2016","H","ATRIBUÍDO SÃO PAULO","0,01","CAIXA REFERENCIAL"]
["95138","TALHA MANUAL DE CORRENTE, CAPACIDADE DE 2 TON. COM ELEVAÇÃO DE 3 M - MANUTENÇÃO. AF_07/2016","H","ATRIBUÍDO SÃO PAULO","0,02","CAIXA REFERENCIAL"]
["95208","GRUA ASCENCIONAL, LANÇA DE 42 M, CAPACIDADE DE 1,5 T A 30 M, ALTURA ATÉ 39 M \u0096 DEPRECIAÇÃO. AF_08/2016","H","ATRIBUÍDO SÃO PAULO","44,01","CAIXA REFERENCIAL"]
["95209","GRUA ASCENCIONAL, LANCA DE 42 M, CAPACIDADE DE 1,5 T A 30 M, ALTURA ATE 39 M \u0096 JUROS. AF_08/2016","H","ATRIBUÍDO SÃO PAULO","5,22","CAIXA REFERENCIAL"]
["95210","GRUA ASCENCIONAL, LANCA DE 42 M, CAPACIDADE DE 1,5 T A 30 M, ALTURA ATE 39 M \u0096 MANUTENÇÃO. AF_08/2016","H","ATRIBUÍDO SÃO PAULO","48,14","CAIXA REFERENCIAL"]
["95211","GRUA ASCENCIONAL, LANCA DE 42 M, CAPACIDADE DE 1,5 T A 30 M, ALTURA ATE 39 M \u0096 MATERIAIS NA OPERAÇÃO. AF_08/2016","H","COEFICIENTE DE REPRESENTATIVIDADE","8,50","CAIXA REFERENCIAL"]
["95217","PULVERIZADOR DE TINTA ELÉTRICO/MÁQUINA DE PINTURA AIRLESS, VAZÃO 2 L/MIN - MATERIAIS NA OPERAÇÃO. AF_08/2016","H","COEFICIENTE DE REPRESENTATIVIDADE","0,57","CAIXA REFERENCIAL"]
["95255","MARTELO DEMOLIDOR PNEUMÁTICO MANUAL, 32 KG - DEPRECIAÇÃO. AF_09/2016","H","ATRIBUÍDO SÃO PAULO","1,22","CAIXA REFERENCIAL"]
["95256","MARTELO DEMOLIDOR PNEUMÁTICO MANUAL, 32 KG - JUROS. AF_09/2016","H","ATRIBUÍDO SÃO PAULO","0,14","CAIXA REFERENCIAL"]
["95257","MARTELO DEMOLIDOR PNEUMÁTICO MANUAL, 32 KG - MANUTENÇÃO. AF_09/2016","H","ATRIBUÍDO SÃO PAULO","1,53","CAIXA REFERENCIAL"]
["95260","COMPACTADOR DE SOLOS DE PERCUSÃO (SOQUETE) COM MOTOR A GASOLINA, POTÊNCIA 3 CV - DEPRECIAÇÃO. AF_09/2016","H","ATRIBUÍDO SÃO PAULO","0,57","CAIXA REFERENCIAL"]
["95261","COMPACTADOR DE SOLOS DE PERCUSÃO (SOQUETE) COM MOTOR A GASOLINA, POTÊNCIA 3 CV - JUROS. AF_09/2016","H","ATRIBUÍDO SÃO PAULO","0,14","CAIXA REFERENCIAL"]
["95262","COMPACTADOR DE SOLOS DE PERCUSÃO (SOQUETE) COM MOTOR A GASOLINA, POTÊNCIA 3 CV - MANUTENÇÃO. AF_09/2016","H","ATRIBUÍDO SÃO PAULO","1,28","CAIXA REFERENCIAL"]
["95263","COMPACTADOR DE SOLOS DE PERCUSÃO (SOQUETE) COM MOTOR A GASOLINA, POTÊNCIA 3 CV - MATERIAIS NA OPERAÇÃO. AF_09/2016","H","COLETADO","4,77","CAIXA REFERENCIAL"]
["95266","RÉGUA VIBRATÓRIA DUPLA PARA CONCRETO, PESO DE 60KG, COMPRIMENTO 4 M, COM MOTOR A GASOLINA, POTÊNCIA 5,5 HP - DEPRECIAÇÃO. AF_09/2016","H","ATRIBUÍDO SÃO PAULO","0,44","CAIXA REFERENCIAL"]
["95267","RÉGUA VIBRATÓRIA DUPLA PARA CONCRETO, PESO DE 60KG, COMPRIMENTO 4 M, COM MOTOR A GASOLINA, POTÊNCIA 5,5 HP - JUROS. AF_09/2016","H","ATRIBUÍDO SÃO PAULO","0,04","CAIXA REFERENCIAL"]
["95268","RÉGUA VIBRATÓRIA DUPLA PARA CONCRETO, PESO DE 60KG, COMPRIMENTO 4 M, COM MOTOR A GASOLINA, POTÊNCIA 5,5 HP - MANUTENÇÃO. AF_09/2016","H","ATRIBUÍDO SÃO PAULO","0,43","CAIXA REFERENCIAL"]
["95269","RÉGUA VIBRATÓRIA DUPLA PARA CONCRETO, PESO DE 60KG, COMPRIMENTO 4 M, COM MOTOR A GASOLINA, POTÊNCIA 5,5 HP \u0096 MATERIAIS NA OPERAÇÃO. AF_09/2016","H","COLETADO","8,92","CAIXA REFERENCIAL"]
["95272","POLIDORA DE PISO (POLITRIZ), PESO DE 100KG, DIÂMETRO 450 MM, MOTOR ELÉTRICO, POTÊNCIA 4 HP - DEPRECIAÇÃO. AF_09/2016","H","ATRIBUÍDO SÃO PAULO","0,43","CAIXA REFERENCIAL"]
["95273","POLIDORA DE PISO (POLITRIZ), PESO DE 100KG, DIÂMETRO 450 MM, MOTOR ELÉTRICO, POTÊNCIA 4 HP - JUROS. AF_09/2016","H","ATRIBUÍDO SÃO PAULO","0,05","CAIXA REFERENCIAL"]
["95274","POLIDORA DE PISO (POLITRIZ), PESO DE 100KG, DIÂMETRO 450 MM, MOTOR ELÉTRICO, POTÊNCIA 4 HP - MANUTENÇÃO. AF_09/2016","H","ATRIBUÍDO SÃO PAULO","0,34","CAIXA REFERENCIAL"]
["95275","POLIDORA DE PISO (POLITRIZ), PESO DE 100KG, DIÂMETRO 450 MM, MOTOR ELÉTRICO, POTÊNCIA 4 HP \u0096 MATERIAIS NA OPERAÇÃO. AF_09/2016","H","COEFICIENTE DE REPRESENTATIVIDADE","2,31","CAIXA REFERENCIAL"]
["95278","DESEMPENADEIRA DE CONCRETO, PESO DE 75KG, 4 PÁS, MOTOR A GASOLINA, POTÊNCIA 5,5 HP - DEPRECIAÇÃO. AF_09/2016","H","ATRIBUÍDO SÃO PAULO","0,47","CAIXA REFERENCIAL"]
["95279","DESEMPENADEIRA DE CONCRETO, PESO DE 75KG, 4 PÁS, MOTOR A GASOLINA, POTÊNCIA 5,5 HP - JUROS. AF_09/2016","H","ATRIBUÍDO SÃO PAULO","0,05","CAIXA REFERENCIAL"]
["95280","DESEMPENADEIRA DE CONCRETO, PESO DE 75KG, 4 PÁS, MOTOR A GASOLINA, POTÊNCIA 5,5 HP - MANUTENÇÃO. AF_09/2016","H","ATRIBUÍDO SÃO PAULO","0,37","CAIXA REFERENCIAL"]
["95281","DESEMPENADEIRA DE CONCRETO, PESO DE 75KG, 4 PÁS, MOTOR A GASOLINA, POTÊNCIA 5,5 HP \u0096 MATERIAIS NA OPERAÇÃO. AF_09/2016","H","COLETADO","8,92","CAIXA REFERENCIAL"]
["95617","PERFURATRIZ PNEUMATICA MANUAL DE PESO MEDIO, MARTELETE, 18KG, COMPRIMENTO MÁXIMO DE CURSO DE 6 M, DIAMETRO DO PISTAO DE 5,5 CM - DEPRECIAÇÃO. AF_11/2016","H","ATRIBUÍDO SÃO PAULO","1,00","CAIXA REFERENCIAL"]
["95618","PERFURATRIZ PNEUMATICA MANUAL DE PESO MEDIO, MARTELETE, 18KG, COMPRIMENTO MÁXIMO DE CURSO DE 6 M, DIAMETRO DO PISTAO DE 5,5 CM - JUROS. AF_11/2016","H","ATRIBUÍDO SÃO PAULO","0,11","CAIXA REFERENCIAL"]
["95619","PERFURATRIZ PNEUMATICA MANUAL DE PESO MEDIO, MARTELETE, 18KG, COMPRIMENTO MÁXIMO DE CURSO DE 6 M, DIAMETRO DO PISTAO DE 5,5 CM - MANUTENÇÃO. AF_11/2016","H","ATRIBUÍDO SÃO PAULO","1,26","CAIXA REFERENCIAL"]
["95627","ROLO COMPACTADOR VIBRATORIO TANDEM, ACO LISO, POTENCIA 125 HP, PESO SEM/COM LASTRO 10,20/11,65 T, LARGURA DE TRABALHO 1,73 M - DEPRECIAÇÃO. AF_11/2016","H","ATRIBUÍDO SÃO PAULO","35,12","CAIXA REFERENCIAL"]
["95628","ROLO COMPACTADOR VIBRATORIO TANDEM, ACO LISO, POTENCIA 125 HP, PESO SEM/COM LASTRO 10,20/11,65 T, LARGURA DE TRABALHO 1,73 M - JUROS. AF_11/2016","H","ATRIBUÍDO SÃO PAULO","4,87","CAIXA REFERENCIAL"]
["95629","ROLO COMPACTADOR VIBRATORIO TANDEM, ACO LISO, POTENCIA 125 HP, PESO SEM/COM LASTRO 10,20/11,65 T, LARGURA DE TRABALHO 1,73 M - MANUTENÇÃO. AF_11/2016","H","ATRIBUÍDO SÃO PAULO","43,95","CAIXA REFERENCIAL"]
["95630","ROLO COMPACTADOR VIBRATORIO TANDEM, ACO LISO, POTENCIA 125 HP, PESO SEM/COM LASTRO 10,20/11,65 T, LARGURA DE TRABALHO 1,73 M - MATERIAIS NA OPERAÇÃO. AF_11/2016","H","COLETADO","67,73","CAIXA REFERENCIAL"]
["95698","PERFURATRIZ MANUAL, TORQUE MAXIMO 55 KGF.M, POTENCIA 5 CV, COM DIAMETRO MAXIMO 8 1/2\" - DEPRECIAÇÃO. AF_11/2016","H","ATRIBUÍDO SÃO PAULO","4,08","CAIXA REFERENCIAL"]
["95699","PERFURATRIZ MANUAL, TORQUE MAXIMO 55 KGF.M, POTENCIA 5 CV, COM DIAMETRO MAXIMO 8 1/2\" - JUROS. AF_11/2016","H","ATRIBUÍDO SÃO PAULO","0,48","CAIXA REFERENCIAL"]
["95700","PERFURATRIZ MANUAL, TORQUE MAXIMO 55 KGF.M, POTENCIA 5 CV, COM DIAMETRO MAXIMO 8 1/2\" - MANUTENÇÃO. AF_11/2016","H","ATRIBUÍDO SÃO PAULO","5,10","CAIXA REFERENCIAL"]
["95701","PERFURATRIZ MANUAL, TORQUE MAXIMO 55 KGF.M, POTENCIA 5 CV, COM DIAMETRO MAXIMO 8 1/2\" - MATERIAIS NA OPERAÇÃO. AF_11/2016","H","COEFICIENTE DE REPRESENTATIVIDADE","2,84","CAIXA REFERENCIAL"]
["95704","PERFURATRIZ SOBRE ESTEIRA, TORQUE MÁXIMO 600 KGF, POTÊNCIA ENTRE 50 E 60 HP, DIÂMETRO MÁXIMO 10\u0094 - DEPRECIAÇÃO. AF_11/2016","H","COEFICIENTE DE REPRESENTATIVIDADE","46,43","CAIXA REFERENCIAL"]
["95705","PERFURATRIZ SOBRE ESTEIRA, TORQUE MÁXIMO 600 KGF, POTÊNCIA ENTRE 50 E 60 HP, DIÂMETRO MÁXIMO 10\u0094 - JUROS. AF_11/2016","H","COEFICIENTE DE REPRESENTATIVIDADE","6,62","CAIXA REFERENCIAL"]
["95706","PERFURATRIZ SOBRE ESTEIRA, TORQUE MÁXIMO 600 KGF, POTÊNCIA ENTRE 50 E 60 HP, DIÂMETRO MÁXIMO 10\u0094 - MANUTENÇÃO. AF_11/2016","H","COEFICIENTE DE REPRESENTATIVIDADE","58,11","CAIXA REFERENCIAL"]
["95707","PERFURATRIZ SOBRE ESTEIRA, TORQUE MÁXIMO 600 KGF, POTÊNCIA ENTRE 50 E 60 HP, DIÂMETRO MÁXIMO 10\u0094 - MATERIAIS NA OPERAÇÃO. AF_11/2016","H","COEFICIENTE DE REPRESENTATIVIDADE","31,74","CAIXA REFERENCIAL"]
["95710","ESCAVADEIRA HIDRAULICA SOBRE ESTEIRA, COM GARRA GIRATORIA DE MANDIBULAS, PESO OPERACIONAL ENTRE 22,00 E 25,50 TON, POTENCIA LIQUIDA ENTRE 150 E 160 HP - DEPRECIAÇÃO. AF_11/2016","H","COEFICIENTE DE REPRESENTATIVIDADE","55,81","CAIXA REFERENCIAL"]
["95711","ESCAVADEIRA HIDRAULICA SOBRE ESTEIRA, COM GARRA GIRATORIA DE MANDIBULAS, PESO OPERACIONAL ENTRE 22,00 E 25,50 TON, POTENCIA LIQUIDA ENTRE 150 E 160 HP - JUROS. AF_11/2016","H","COEFICIENTE DE REPRESENTATIVIDADE","7,57","CAIXA REFERENCIAL"]
["95712","ESCAVADEIRA HIDRAULICA SOBRE ESTEIRA, COM GARRA GIRATORIA DE MANDIBULAS, PESO OPERACIONAL ENTRE 22,00 E 25,50 TON, POTENCIA LIQUIDA ENTRE 150 E 160 HP - MANUTENÇÃO. AF_11/2016","H","COEFICIENTE DE REPRESENTATIVIDADE","69,76","CAIXA REFERENCIAL"]
["95713","ESCAVADEIRA HIDRAULICA SOBRE ESTEIRA, COM GARRA GIRATORIA DE MANDIBULAS, PESO OPERACIONAL ENTRE 22,00 E 25,50 TON, POTENCIA LIQUIDA ENTRE 150 E 160 HP - MATERIAIS NA OPERAÇÃO. AF_11/2016","H","COLETADO","68,23","CAIXA REFERENCIAL"]
["95716","ESCAVADEIRA HIDRAULICA SOBRE ESTEIRA, EQUIPADA COM CLAMSHELL, COM CAPACIDADE DA CAÇAMBA ENTRE 1,20 E 1,50 M3, PESO OPERACIONAL ENTRE 20,00 E 22,00 TON, POTENCIA LIQUIDA ENTRE 150 E 160 HP - DEPRECIAÇÃO. AF_11/2016","H","COEFICIENTE DE REPRESENTATIVIDADE","53,72","CAIXA REFERENCIAL"]
["95717","ESCAVADEIRA HIDRAULICA SOBRE ESTEIRA, EQUIPADA COM CLAMSHELL, COM CAPACIDADE DA CAÇAMBA ENTRE 1,20 E 1,50 M3, PESO OPERACIONAL ENTRE 20,00 E 22,00 TON, POTENCIA LIQUIDA ENTRE 150 E 160 HP - JUROS. AF_11/2016","H","COEFICIENTE DE REPRESENTATIVIDADE","7,29","CAIXA REFERENCIAL"]
["95718","ESCAVADEIRA HIDRAULICA SOBRE ESTEIRA, EQUIPADA COM CLAMSHELL, COM CAPACIDADE DA CAÇAMBA ENTRE 1,20 E 1,50 M3, PESO OPERACIONAL ENTRE 20,00 E 22,00 TON, POTENCIA LIQUIDA ENTRE 150 E 160 HP - MANUTENÇÃO. AF_11/2016","H","COEFICIENTE DE REPRESENTATIVIDADE","67,16","CAIXA REFERENCIAL"]
["95719","ESCAVADEIRA HIDRAULICA SOBRE ESTEIRA, EQUIPADA COM CLAMSHELL, COM CAPACIDADE DA CAÇAMBA ENTRE 1,20 E 1,50 M3, PESO OPERACIONAL ENTRE 20,00 E 22,00 TON, POTENCIA LIQUIDA ENTRE 150 E 160 HP - MATERIAIS NA OPERAÇÃO. AF_11/2016","H","COLETADO","68,23","CAIXA REFERENCIAL"]
["95869","GRUPO GERADOR COM CARENAGEM, MOTOR DIESEL POTÊNCIA STANDART ENTRE 250 E 260 KVA - JUROS. AF_12/2016","H","ATRIBUÍDO SÃO PAULO","1,13","CAIXA REFERENCIAL"]
["95870","GRUPO GERADOR COM CARENAGEM, MOTOR DIESEL POTÊNCIA STANDART ENTRE 250 E 260 KVA - MANUTENÇÃO. AF_12/2016","H","ATRIBUÍDO SÃO PAULO","5,64","CAIXA REFERENCIAL"]
["95871","GRUPO GERADOR COM CARENAGEM, MOTOR DIESEL POTÊNCIA STANDART ENTRE 250 E 260 KVA - MATERIAIS NA OPERAÇÃO. AF_12/2016","H","COLETADO","207,20","CAIXA REFERENCIAL"]
["95874","GRUPO GERADOR COM CARENAGEM, MOTOR DIESEL POTÊNCIA STANDART ENTRE 250 E 260 KVA - DEPRECIAÇÃO. AF_12/2016","H","ATRIBUÍDO SÃO PAULO","6,32","CAIXA REFERENCIAL"]
["96008","TRATOR DE PNEUS COM POTÊNCIA DE 122 CV, TRAÇÃO 4X4, COM VASSOURA MECÂNICA ACOPLADA - DEPRECIAÇÃO. AF_02/2017","H","ATRIBUÍDO SÃO PAULO","19,84","CAIXA REFERENCIAL"]
["96009","TRATOR DE PNEUS COM POTÊNCIA DE 122 CV, TRAÇÃO 4X4, COM VASSOURA MECÂNICA ACOPLADA - JUROS. AF_02/2017","H","ATRIBUÍDO SÃO PAULO","2,75","CAIXA REFERENCIAL"]
["96011","TRATOR DE PNEUS COM POTÊNCIA DE 122 CV, TRAÇÃO 4X4, COM VASSOURA MECÂNICA ACOPLADA - MANUTENÇÃO. AF_02/2017","H","ATRIBUÍDO SÃO PAULO","21,71","CAIXA REFERENCIAL"]
["96012","TRATOR DE PNEUS COM POTÊNCIA DE 122 CV, TRAÇÃO 4X4, COM VASSOURA MECÂNICA ACOPLADA - MATERIAIS NA OPERAÇÃO. AF_02/2017","H","COLETADO","130,43","CAIXA REFERENCIAL"]
["96015","TRATOR DE PNEUS COM POTÊNCIA DE 122 CV, TRAÇÃO 4X4, COM GRADE DE DISCOS ACOPLADA - DEPRECIAÇÃO. AF_02/2017","H","ATRIBUÍDO SÃO PAULO","19,60","CAIXA REFERENCIAL"]
["96016","TRATOR DE PNEUS COM POTÊNCIA DE 122 CV, TRAÇÃO 4X4, COM GRADE DE DISCOS ACOPLADA - JUROS. AF_02/2017","H","ATRIBUÍDO SÃO PAULO","2,71","CAIXA REFERENCIAL"]
["96018","TRATOR DE PNEUS COM POTÊNCIA DE 122 CV, TRAÇÃO 4X4, COM GRADE DE DISCOS ACOPLADA - MANUTENÇÃO. AF_02/2017","H","ATRIBUÍDO SÃO PAULO","21,44","CAIXA REFERENCIAL"]
["96019","TRATOR DE PNEUS COM POTÊNCIA DE 122 CV, TRAÇÃO 4X4, COM GRADE DE DISCOS ACOPLADA - MATERIAIS NA OPERAÇÃO. AF_02/2017","H","COLETADO","130,43","CAIXA REFERENCIAL"]
["96023","TRATOR DE PNEUS COM POTÊNCIA DE 85 CV, TRAÇÃO 4X4, COM GRADE DE DISCOS ACOPLADA - DEPRECIAÇÃO. AF_02/2017","H","ATRIBUÍDO SÃO PAULO","15,44","CAIXA REFERENCIAL"]
["96024","TRATOR DE PNEUS COM POTÊNCIA DE 85 CV, TRAÇÃO 4X4, COM GRADE DE DISCOS ACOPLADA - JUROS. AF_02/2017","H","ATRIBUÍDO SÃO PAULO","2,13","CAIXA REFERENCIAL"]
["96026","TRATOR DE PNEUS COM POTÊNCIA DE 85 CV, TRAÇÃO 4X4, COM GRADE DE DISCOS ACOPLADA - MANUTENÇÃO. AF_02/2017","H","ATRIBUÍDO SÃO PAULO","16,88","CAIXA REFERENCIAL"]
["96027","TRATOR DE PNEUS COM POTÊNCIA DE 85 CV, TRAÇÃO 4X4, COM GRADE DE DISCOS ACOPLADA - MATERIAIS NA OPERAÇÃO. AF_02/2017","H","COLETADO","90,89","CAIXA REFERENCIAL"]
["96030","CAMINHÃO BASCULANTE 10 M3, TRUCADO, POTÊNCIA 230 CV, INCLUSIVE CAÇAMBA METÁLICA, COM DISTRIBUIDOR DE AGREGADOS ACOPLADO - DEPRECIAÇÃO. AF_02/2017","H","ATRIBUÍDO SÃO PAULO","23,65","CAIXA REFERENCIAL"]
["96031","CAMINHÃO BASCULANTE 10 M3, TRUCADO, POTÊNCIA 230 CV, INCLUSIVE CAÇAMBA METÁLICA, COM DISTRIBUIDOR DE AGREGADOS ACOPLADO - JUROS. AF_02/2017","H","ATRIBUÍDO SÃO PAULO","4,37","CAIXA REFERENCIAL"]
["96032","CAMINHÃO BASCULANTE 10 M3, TRUCADO, POTÊNCIA 230 CV, INCLUSIVE CAÇAMBA METÁLICA, COM DISTRIBUIDOR DE AGREGADOS ACOPLADO - IMPOSTOS E SEGUROS. AF_02/2017","H","ATRIBUÍDO SÃO PAULO","1,70","CAIXA REFERENCIAL"]
["96033","CAMINHÃO BASCULANTE 10 M3, TRUCADO, POTÊNCIA 230 CV, INCLUSIVE CAÇAMBA METÁLICA, COM DISTRIBUIDOR DE AGREGADOS ACOPLADO - MANUTENÇÃO. AF_02/2017","H","ATRIBUÍDO SÃO PAULO","44,36","CAIXA REFERENCIAL"]
["96034","CAMINHÃO BASCULANTE 10 M3, TRUCADO, POTÊNCIA 230 CV, INCLUSIVE CAÇAMBA METÁLICA, COM DISTRIBUIDOR DE AGREGADOS ACOPLADO - MATERIAIS NA OPERAÇÃO. AF_02/2017","H","COLETADO","107,59","CAIXA REFERENCIAL"]
["96053","TRATOR DE PNEUS COM POTÊNCIA DE 85 CV, TRAÇÃO 4X4, COM VASSOURA MECÂNICA ACOPLADA - DEPRECIAÇÃO. AF_03/2017","H","ATRIBUÍDO SÃO PAULO","15,68","CAIXA REFERENCIAL"]
["96054","MINICARREGADEIRA SOBRE RODAS POTENCIA 47HP CAPACIDADE OPERACAO 646 KG, COM VASSOURA MECÂNICA ACOPLADA - DEPRECIAÇÃO. AF_03/2017","H","ATRIBUÍDO SÃO PAULO","21,56","CAIXA REFERENCIAL"]
["96055","TRATOR DE PNEUS COM POTÊNCIA DE 85 CV, TRAÇÃO 4X4, COM VASSOURA MECÂNICA ACOPLADA - JUROS. AF_03/2017","H","ATRIBUÍDO SÃO PAULO","2,17","CAIXA REFERENCIAL"]
["96056","TRATOR DE PNEUS COM POTÊNCIA DE 85 CV, TRAÇÃO 4X4, COM VASSOURA MECÂNICA ACOPLADA - MANUTENÇÃO. AF_03/2017","H","ATRIBUÍDO SÃO PAULO","17,15","CAIXA REFERENCIAL"]
["96057","TRATOR DE PNEUS COM POTÊNCIA DE 85 CV, TRAÇÃO 4X4, COM VASSOURA MECÂNICA ACOPLADA - MATERIAIS NA OPERAÇÃO. AF_03/2017","H","COLETADO","90,89","CAIXA REFERENCIAL"]
["96060","MINICARREGADEIRA SOBRE RODAS POTENCIA 47HP CAPACIDADE OPERACAO 646 KG, COM VASSOURA MECÂNICA ACOPLADA - JUROS. AF_03/2017","H","ATRIBUÍDO SÃO PAULO","2,17","CAIXA REFERENCIAL"]
["96061","MINICARREGADEIRA SOBRE RODAS POTENCIA 47HP CAPACIDADE OPERACAO 646 KG, COM VASSOURA MECÂNICA ACOPLADA - MANUTENÇÃO. AF_03/2017","H","ATRIBUÍDO SÃO PAULO","26,94","CAIXA REFERENCIAL"]
["96062","MINICARREGADEIRA SOBRE RODAS POTENCIA 47HP CAPACIDADE OPERACAO 646 KG, COM VASSOURA MECÂNICA ACOPLADA - MATERIAIS NA OPERAÇÃO. AF_03/2017","H","COLETADO","39,77","CAIXA REFERENCIAL"]
["96241","MINIESCAVADEIRA SOBRE ESTEIRAS, POTENCIA LIQUIDA DE *30* HP, PESO OPERACIONAL DE *3.500* KG - DEPRECIACAO. AF_04/2017","H","ATRIBUÍDO SÃO PAULO","16,13","CAIXA REFERENCIAL"]
["96242","MINIESCAVADEIRA SOBRE ESTEIRAS, POTENCIA LIQUIDA DE *30* HP, PESO OPERACIONAL DE *3.500* KG - JUROS. AF_04/2017","H","ATRIBUÍDO SÃO PAULO","2,18","CAIXA REFERENCIAL"]
["96243","MINIESCAVADEIRA SOBRE ESTEIRAS, POTENCIA LIQUIDA DE *30* HP, PESO OPERACIONAL DE *3.500* KG - MANUTENCAO. AF_04/2017","H","ATRIBUÍDO SÃO PAULO","20,16","CAIXA REFERENCIAL"]
["96244","MINIESCAVADEIRA SOBRE ESTEIRAS, POTENCIA LIQUIDA DE *30* HP, PESO OPERACIONAL DE *3.500* KG - MATERIAIS NA OPERACAO. AF_04/2017","H","COLETADO","13,21","CAIXA REFERENCIAL"]
["96301","PERFURATRIZ ROTATIVA SOBRE ESTEIRA, TORQUE MAXIMO 2500 KGM, POTENCIA 110 HP, MOTOR DIESEL - MATERIAIS NA OPERAÇÃO. AF_05/2017","H","COLETADO","37,27","CAIXA REFERENCIAL"]
["96457","ROLO COMPACTADOR DE PNEUS, ESTATICO, PRESSAO VARIAVEL, POTENCIA 110 HP, PESO SEM/COM LASTRO 10,8/27 T, LARGURA DE ROLAGEM 2,30 M - MATERIAIS NA OPERACAO. AF_06/2017","H","COLETADO","48,44","CAIXA REFERENCIAL"]
["96458","ROLO COMPACTADOR DE PNEUS, ESTATICO, PRESSAO VARIAVEL, POTENCIA 110 HP, PESO SEM/COM LASTRO 10,8/27 T, LARGURA DE ROLAGEM 2,30 M - MANUTENCAO. AF_06/2017","H","ATRIBUÍDO SÃO PAULO","48,75","CAIXA REFERENCIAL"]
["96459","ROLO COMPACTADOR DE PNEUS, ESTATICO, PRESSAO VARIAVEL, POTENCIA 110 HP, PESO SEM/COM LASTRO 10,8/27 T, LARGURA DE ROLAGEM 2,30 M - JUROS. AF_06/2017","H","ATRIBUÍDO SÃO PAULO","5,40","CAIXA REFERENCIAL"]
["96460","ROLO COMPACTADOR DE PNEUS, ESTATICO, PRESSAO VARIAVEL, POTENCIA 110 HP, PESO SEM/COM LASTRO 10,8/27 T, LARGURA DE ROLAGEM 2,30 M - DEPRECIAÇÃO. AF_06/2017","H","ATRIBUÍDO SÃO PAULO","38,95","CAIXA REFERENCIAL"]
["98760","INVERSOR DE SOLDA MONOFÁSICO DE 160 A, POTÊNCIA DE 5400 W, TENSÃO DE 220 V, PARA SOLDA COM ELETRODOS DE 2,0 A 4,0 MM E PROCESSO TIG - DEPRECIAÇÃO. AF_06/2018","H","COLETADO","0,08","CAIXA REFERENCIAL"]
["98761","INVERSOR DE SOLDA MONOFÁSICO DE 160 A, POTÊNCIA DE 5400 W, TENSÃO DE 220 V, PARA SOLDA COM ELETRODOS DE 2,0 A 4,0 MM E PROCESSO TIG - JUROS. AF_06/2018","H","COLETADO","0,01","CAIXA REFERENCIAL"]
["98762","INVERSOR DE SOLDA MONOFÁSICO DE 160 A, POTÊNCIA DE 5400 W, TENSÃO DE 220 V, PARA SOLDA COM ELETRODOS DE 2,0 A 4,0 MM E PROCESSO TIG - MANUTENÇÃO. AF_06/2018","H","COLETADO","0,10","CAIXA REFERENCIAL"]
["98763","INVERSOR DE SOLDA MONOFÁSICO DE 160 A, POTÊNCIA DE 5400 W, TENSÃO DE 220 V, PARA SOLDA COM ELETRODOS DE 2,0 A 4,0 MM E PROCESSO TIG - MATERIAIS NA OPERAÇÃO. AF_06/2018","H","COEFICIENTE DE REPRESENTATIVIDADE","4,17","CAIXA REFERENCIAL"]
["99829","LAVADORA DE ALTA PRESSAO (LAVA-JATO) PARA AGUA FRIA, PRESSAO DE OPERACAO ENTRE 1400 E 1900 LIB/POL2, VAZAO MAXIMA ENTRE 400 E 700 L/H - DEPRECIAÇÃO. AF_04/2019","H","COLETADO","0,14","CAIXA REFERENCIAL"]
["99830","LAVADORA DE ALTA PRESSAO (LAVA-JATO) PARA AGUA FRIA, PRESSAO DE OPERACAO ENTRE 1400 E 1900 LIB/POL2, VAZAO MAXIMA ENTRE 400 E 700 L/H - JUROS. AF_04/2019","H","COLETADO","0,01","CAIXA REFERENCIAL"]
["99831","LAVADORA DE ALTA PRESSAO (LAVA-JATO) PARA AGUA FRIA, PRESSAO DE OPERACAO ENTRE 1400 E 1900 LIB/POL2, VAZAO MAXIMA ENTRE 400 E 700 L/H - MANUTENÇÃO. AF_04/2019","H","COLETADO","0,20","CAIXA REFERENCIAL"]
["99832","LAVADORA DE ALTA PRESSAO (LAVA-JATO) PARA AGUA FRIA, PRESSAO DE OPERACAO ENTRE 1400 E 1900 LIB/POL2, VAZAO MAXIMA ENTRE 400 E 700 L/H - MATERIAIS NA OPERAÇÃO. AF_04/2019","H","COEFICIENTE DE REPRESENTATIVIDADE","1,08","CAIXA REFERENCIAL"]
["100637","USINA DE MISTURA ASFÁLTICA À QUENTE, TIPO CONTRA FLUXO, PROD 100 A 140 TON/HORA - DEPRECIAÇÃO. AF_12/2019","H","ATRIBUÍDO SÃO PAULO","118,90","CAIXA REFERENCIAL"]
["100638","USINA DE MISTURA ASFÁLTICA À QUENTE, TIPO CONTRA FLUXO, PROD 100 A 140 TON/HORA - JUROS. AF_12/2019","H","ATRIBUÍDO SÃO PAULO","21,40","CAIXA REFERENCIAL"]
["100639","USINA DE MISTURA ASFÁLTICA À QUENTE, TIPO CONTRA FLUXO, PROD 100 A 140 TON/HORA - MANUTENÇÃO. AF_12/2019","H","ATRIBUÍDO SÃO PAULO","191,13","CAIXA REFERENCIAL"]
["100640","USINA DE MISTURA ASFÁLTICA À QUENTE, TIPO CONTRA FLUXO, PROD 100 A 140 TON/HORA - MATERIAIS NA OPERAÇÃO. AF_12/2019","H","COEFICIENTE DE REPRESENTATIVIDADE","216,58","CAIXA REFERENCIAL"]
["100643","USINA DE ASFALTO, TIPO GRAVIMÉTRICA, PROD 150 TON/HORA - DEPRECIAÇÃO. AF_12/2019","H","ATRIBUÍDO SÃO PAULO","313,06","CAIXA REFERENCIAL"]
["100644","USINA DE ASFALTO, TIPO GRAVIMÉTRICA, PROD 150 TON/HORA - JUROS. AF_12/2019","H","ATRIBUÍDO SÃO PAULO","56,35","CAIXA REFERENCIAL"]
["100645","USINA DE ASFALTO, TIPO GRAVIMÉTRICA, PROD 150 TON/HORA - MANUTENÇÃO. AF_12/2019","H","ATRIBUÍDO SÃO PAULO","503,25","CAIXA REFERENCIAL"]
["100646","USINA DE ASFALTO, TIPO GRAVIMÉTRICA, PROD 150 TON/HORA - MATERIAIS NA OPERAÇÃO. AF_12/2019","H","COEFICIENTE DE REPRESENTATIVIDADE","309,40","CAIXA REFERENCIAL"]
["102270","MARTELO DEMOLIDOR ELÉTRICO, COM POTÊNCIA DE 2.000 W, 1.000 IMPACTOS POR MINUTO, PESO DE 30 KG - DEPRECIAÇÃO. AF_01/2021","H","ATRIBUÍDO SÃO PAULO","0,72","CAIXA REFERENCIAL"]
["102271","MARTELO DEMOLIDOR ELÉTRICO, COM POTÊNCIA DE 2.000 W, 1.000 IMPACTOS POR MINUTO, PESO DE 30 KG - JUROS. AF_01/2021","H","ATRIBUÍDO SÃO PAULO","0,20","CAIXA REFERENCIAL"]
["102272","MARTELO DEMOLIDOR ELÉTRICO, COM POTÊNCIA DE 2.000 W, 1.000 IMPACTOS POR MINUTO, PESO DE 30 KG - MANUTENÇÃO. AF_01/2021","H","ATRIBUÍDO SÃO PAULO","0,47","CAIXA REFERENCIAL"]
["102273","MARTELO DEMOLIDOR ELÉTRICO, COM POTÊNCIA DE 2.000 W, 1.000 IMPACTOS POR MINUTO, PESO DE 30 KG - MATERIAIS NA OPERAÇÃO. AF_01/2021","H","COEFICIENTE DE REPRESENTATIVIDADE","1,54","CAIXA REFERENCIAL"]
["92259","INSTALAÇÃO DE TESOURA (INTEIRA OU MEIA), BIAPOIADA, EM MADEIRA NÃO APARELHADA, PARA VÃOS MAIORES OU IGUAIS A 3,0 M E MENORES QUE 6,0 M, INCLUSO IÇAMENTO. AF_07/2019","UN","ATRIBUÍDO SÃO PAULO","469,40","CAIXA REFERENCIAL"]
["92260","INSTALAÇÃO DE TESOURA (INTEIRA OU MEIA), BIAPOIADA, EM MADEIRA NÃO APARELHADA, PARA VÃOS MAIORES OU IGUAIS A 6,0 M E MENORES QUE 8,0 M, INCLUSO IÇAMENTO. AF_07/2019","UN","ATRIBUÍDO SÃO PAULO","521,40","CAIXA REFERENCIAL"]
["92261","INSTALAÇÃO DE TESOURA (INTEIRA OU MEIA), BIAPOIADA, EM MADEIRA NÃO APARELHADA, PARA VÃOS MAIORES OU IGUAIS A 8,0 M E MENORES QUE 10,0 M, INCLUSO IÇAMENTO. AF_07/2019","UN","ATRIBUÍDO SÃO PAULO","571,82","CAIXA REFERENCIAL"]
["92262","INSTALAÇÃO DE TESOURA (INTEIRA OU MEIA), BIAPOIADA, EM MADEIRA NÃO APARELHADA, PARA VÃOS MAIORES OU IGUAIS A 10,0 M E MENORES QUE 12,0 M, INCLUSO IÇAMENTO. AF_07/2019","UN","ATRIBUÍDO SÃO PAULO","652,99","CAIXA REFERENCIAL"]
["92539","TRAMA DE MADEIRA COMPOSTA POR RIPAS, CAIBROS E TERÇAS PARA TELHADOS DE ATÉ 2 ÁGUAS PARA TELHA DE ENCAIXE DE CERÂMICA OU DE CONCRETO, INCLUSO TRANSPORTE VERTICAL. AF_07/2019","M2","ATRIBUÍDO SÃO PAULO","76,50","CAIXA REFERENCIAL"]
["92540","TRAMA DE MADEIRA COMPOSTA POR RIPAS, CAIBROS E TERÇAS PARA TELHADOS DE MAIS QUE 2 ÁGUAS PARA TELHA DE ENCAIXE DE CERÂMICA OU DE CONCRETO, INCLUSO TRANSPORTE VERTICAL. AF_07/2019","M2","ATRIBUÍDO SÃO PAULO","84,37","CAIXA REFERENCIAL"]
["92541","TRAMA DE MADEIRA COMPOSTA POR RIPAS, CAIBROS E TERÇAS PARA TELHADOS DE ATÉ 2 ÁGUAS PARA TELHA CERÂMICA CAPA-CANAL, INCLUSO TRANSPORTE VERTICAL. AF_07/2019","M2","ATRIBUÍDO SÃO PAULO","82,63","CAIXA REFERENCIAL"]
["92542","TRAMA DE MADEIRA COMPOSTA POR RIPAS, CAIBROS E TERÇAS PARA TELHADOS DE MAIS QUE 2 ÁGUAS PARA TELHA CERÂMICA CAPA-CANAL, INCLUSO TRANSPORTE VERTICAL. AF_07/2019","M2","ATRIBUÍDO SÃO PAULO","99,07","CAIXA REFERENCIAL"]
["92543","TRAMA DE MADEIRA COMPOSTA POR TERÇAS PARA TELHADOS DE ATÉ 2 ÁGUAS PARA TELHA ONDULADA DE FIBROCIMENTO, METÁLICA, PLÁSTICA OU TERMOACÚSTICA, INCLUSO TRANSPORTE VERTICAL. AF_07/2019","M2","ATRIBUÍDO SÃO PAULO","23,25","CAIXA REFERENCIAL"]
["92544","TRAMA DE MADEIRA COMPOSTA POR TERÇAS PARA TELHADOS DE ATÉ 2 ÁGUAS PARA TELHA ESTRUTURAL DE FIBROCIMENTO, INCLUSO TRANSPORTE VERTICAL. AF_07/2019","M2","ATRIBUÍDO SÃO PAULO","18,46","CAIXA REFERENCIAL"]
["92545","FABRICAÇÃO E INSTALAÇÃO DE TESOURA INTEIRA EM MADEIRA NÃO APARELHADA, VÃO DE 3 M, PARA TELHA CERÂMICA OU DE CONCRETO, INCLUSO IÇAMENTO. AF_07/2019","UN","ATRIBUÍDO SÃO PAULO","1.003,58","CAIXA REFERENCIAL"]
["92546","FABRICAÇÃO E INSTALAÇÃO DE TESOURA INTEIRA EM MADEIRA NÃO APARELHADA, VÃO DE 4 M, PARA TELHA CERÂMICA OU DE CONCRETO, INCLUSO IÇAMENTO. AF_07/2019","UN","ATRIBUÍDO SÃO PAULO","1.221,30","CAIXA REFERENCIAL"]
["92547","FABRICAÇÃO E INSTALAÇÃO DE TESOURA INTEIRA EM MADEIRA NÃO APARELHADA, VÃO DE 5 M, PARA TELHA CERÂMICA OU DE CONCRETO, INCLUSO IÇAMENTO. AF_07/2019","UN","ATRIBUÍDO SÃO PAULO","1.297,59","CAIXA REFERENCIAL"]
["92548","FABRICAÇÃO E INSTALAÇÃO DE TESOURA INTEIRA EM MADEIRA NÃO APARELHADA, VÃO DE 6 M, PARA TELHA CERÂMICA OU DE CONCRETO, INCLUSO IÇAMENTO. AF_07/2019","UN","ATRIBUÍDO SÃO PAULO","1.440,48","CAIXA REFERENCIAL"]
["92549","FABRICAÇÃO E INSTALAÇÃO DE TESOURA INTEIRA EM MADEIRA NÃO APARELHADA, VÃO DE 7 M, PARA TELHA CERÂMICA OU DE CONCRETO, INCLUSO IÇAMENTO. AF_07/2019","UN","ATRIBUÍDO SÃO PAULO","1.773,88","CAIXA REFERENCIAL"]
["92550","FABRICAÇÃO E INSTALAÇÃO DE TESOURA INTEIRA EM MADEIRA NÃO APARELHADA, VÃO DE 8 M, PARA TELHA CERÂMICA OU DE CONCRETO, INCLUSO IÇAMENTO. AF_07/2019","UN","ATRIBUÍDO SÃO PAULO","2.208,84","CAIXA REFERENCIAL"]
["92551","FABRICAÇÃO E INSTALAÇÃO DE TESOURA INTEIRA EM MADEIRA NÃO APARELHADA, VÃO DE 9 M, PARA TELHA CERÂMICA OU DE CONCRETO, INCLUSO IÇAMENTO. AF_07/2019","UN","ATRIBUÍDO SÃO PAULO","2.306,61","CAIXA REFERENCIAL"]
["92552","FABRICAÇÃO E INSTALAÇÃO DE TESOURA INTEIRA EM MADEIRA NÃO APARELHADA, VÃO DE 10 M, PARA TELHA CERÂMICA OU DE CONCRETO, INCLUSO IÇAMENTO. AF_07/2019","UN","ATRIBUÍDO SÃO PAULO","2.500,16","CAIXA REFERENCIAL"]
["92553","FABRICAÇÃO E INSTALAÇÃO DE TESOURA INTEIRA EM MADEIRA NÃO APARELHADA, VÃO DE 11 M, PARA TELHA CERÂMICA OU DE CONCRETO, INCLUSO IÇAMENTO. AF_07/2019","UN","ATRIBUÍDO SÃO PAULO","2.845,26","CAIXA REFERENCIAL"]
["92554","FABRICAÇÃO E INSTALAÇÃO DE TESOURA INTEIRA EM MADEIRA NÃO APARELHADA, VÃO DE 12 M, PARA TELHA CERÂMICA OU DE CONCRETO, INCLUSO IÇAMENTO. AF_07/2019","UN","ATRIBUÍDO SÃO PAULO","2.957,25","CAIXA REFERENCIAL"]
["92555","FABRICAÇÃO E INSTALAÇÃO DE TESOURA INTEIRA EM MADEIRA NÃO APARELHADA, VÃO DE 3 M, PARA TELHA ONDULADA DE FIBROCIMENTO, METÁLICA, PLÁSTICA OU TERMOACÚSTICA, INCLUSO IÇAMENTO. AF_07/2019","UN","ATRIBUÍDO SÃO PAULO","988,99","CAIXA REFERENCIAL"]
["92556","FABRICAÇÃO E INSTALAÇÃO DE TESOURA INTEIRA EM MADEIRA NÃO APARELHADA, VÃO DE 4 M, PARA TELHA ONDULADA DE FIBROCIMENTO, METÁLICA, PLÁSTICA OU TERMOACÚSTICA, INCLUSO IÇAMENTO. AF_07/2019","UN","ATRIBUÍDO SÃO PAULO","1.195,73","CAIXA REFERENCIAL"]
["92557","FABRICAÇÃO E INSTALAÇÃO DE TESOURA INTEIRA EM MADEIRA NÃO APARELHADA, VÃO DE 5 M, PARA TELHA ONDULADA DE FIBROCIMENTO, METÁLICA, PLÁSTICA OU TERMOACÚSTICA, INCLUSO IÇAMENTO. AF_07/2019","UN","ATRIBUÍDO SÃO PAULO","1.272,02","CAIXA REFERENCIAL"]
["92558","FABRICAÇÃO E INSTALAÇÃO DE TESOURA INTEIRA EM MADEIRA NÃO APARELHADA, VÃO DE 6 M, PARA TELHA ONDULADA DE FIBROCIMENTO, METÁLICA, PLÁSTICA OU TERMOACÚSTICA, INCLUSO IÇAMENTO. AF_07/2019","UN","ATRIBUÍDO SÃO PAULO","1.425,88","CAIXA REFERENCIAL"]
["92559","FABRICAÇÃO E INSTALAÇÃO DE TESOURA INTEIRA EM MADEIRA NÃO APARELHADA, VÃO DE 7 M, PARA TELHA ONDULADA DE FIBROCIMENTO, METÁLICA, PLÁSTICA OU TERMOACÚSTICA, INCLUSO IÇAMENTO. AF_07/2019","UN","ATRIBUÍDO SÃO PAULO","1.746,71","CAIXA REFERENCIAL"]
["92560","FABRICAÇÃO E INSTALAÇÃO DE TESOURA INTEIRA EM MADEIRA NÃO APARELHADA, VÃO DE 8 M, PARA TELHA ONDULADA DE FIBROCIMENTO, METÁLICA, PLÁSTICA OU TERMOACÚSTICA, INCLUSO IÇAMENTO. AF_07/2019","UN","ATRIBUÍDO SÃO PAULO","2.171,83","CAIXA REFERENCIAL"]
["92561","FABRICAÇÃO E INSTALAÇÃO DE TESOURA INTEIRA EM MADEIRA NÃO APARELHADA, VÃO DE 9 M, PARA TELHA ONDULADA DE FIBROCIMENTO, METÁLICA, PLÁSTICA OU TERMOACÚSTICA, INCLUSO IÇAMENTO. AF_07/2019","UN","ATRIBUÍDO SÃO PAULO","2.270,61","CAIXA REFERENCIAL"]
["92562","FABRICAÇÃO E INSTALAÇÃO DE TESOURA INTEIRA EM MADEIRA NÃO APARELHADA, VÃO DE 10 M, PARA TELHA ONDULADA DE FIBROCIMENTO, METÁLICA, PLÁSTICA OU TERMOACÚSTICA, INCLUSO IÇAMENTO. AF_07/2019","UN","ATRIBUÍDO SÃO PAULO","2.438,59","CAIXA REFERENCIAL"]
["92563","FABRICAÇÃO E INSTALAÇÃO DE TESOURA INTEIRA EM MADEIRA NÃO APARELHADA, VÃO DE 11 M, PARA TELHA ONDULADA DE FIBROCIMENTO, METÁLICA, PLÁSTICA OU TERMOACÚSTICA, INCLUSO IÇAMENTO. AF_07/2019","UN","ATRIBUÍDO SÃO PAULO","2.773,27","CAIXA REFERENCIAL"]
["92564","FABRICAÇÃO E INSTALAÇÃO DE TESOURA INTEIRA EM MADEIRA NÃO APARELHADA, VÃO DE 12 M, PARA TELHA ONDULADA DE FIBROCIMENTO, METÁLICA, PLÁSTICA OU TERMOACÚSTICA, INCLUSO IÇAMENTO. AF_07/2019","UN","ATRIBUÍDO SÃO PAULO","2.869,07","CAIXA REFERENCIAL"]
["92565","FABRICAÇÃO E INSTALAÇÃO DE ESTRUTURA PONTALETADA DE MADEIRA NÃO APARELHADA PARA TELHADOS COM ATÉ 2 ÁGUAS E PARA TELHA CERÂMICA OU DE CONCRETO, INCLUSO TRANSPORTE VERTICAL. AF_12/2015","M2","ATRIBUÍDO SÃO PAULO","37,95","CAIXA REFERENCIAL"]
["92566","FABRICAÇÃO E INSTALAÇÃO DE ESTRUTURA PONTALETADA DE MADEIRA NÃO APARELHADA PARA TELHADOS COM ATÉ 2 ÁGUAS E PARA TELHA ONDULADA DE FIBROCIMENTO, METÁLICA, PLÁSTICA OU TERMOACÚSTICA, INCLUSO TRANSPORTE VERTICAL. AF_12/2015","M2","ATRIBUÍDO SÃO PAULO","24,03","CAIXA REFERENCIAL"]
["92567","FABRICAÇÃO E INSTALAÇÃO DE ESTRUTURA PONTALETADA DE MADEIRA NÃO APARELHADA PARA TELHADOS COM MAIS QUE 2 ÁGUAS E PARA TELHA CERÂMICA OU DE CONCRETO, INCLUSO TRANSPORTE VERTICAL. AF_12/2015","M2","ATRIBUÍDO SÃO PAULO","34,64","CAIXA REFERENCIAL"]
["100379","FABRICAÇÃO E INSTALAÇÃO DE PONTALETES DE MADEIRA NÃO APARELHADA PARA TELHADOS COM ATÉ 2 ÁGUAS E COM TELHA CERÂMICA OU DE CONCRETO EM EDIFÍCIO RESIDENCIAL TÉRREO, INCLUSO TRANSPORTE VERTICAL. AF_07/2019","M2","ATRIBUÍDO SÃO PAULO","37,95","CAIXA REFERENCIAL"]
["100380","FABRICAÇÃO E INSTALAÇÃO DE PONTALETES DE MADEIRA NÃO APARELHADA PARA TELHADOS COM ATÉ 2 ÁGUAS E COM TELHA CERÂMICA OU DE CONCRETO EM EDIFÍCIO RESIDENCIAL DE MÚLTIPLOS PAVIMENTOS, INCLUSO TRANSPORTE VERTICAL. AF_07/2019","M2","ATRIBUÍDO SÃO PAULO","49,06","CAIXA REFERENCIAL"]
["100381","FABRICAÇÃO E INSTALAÇÃO DE PONTALETES DE MADEIRA NÃO APARELHADA PARA TELHADOS COM ATÉ 2 ÁGUAS E COM TELHA CERÂMICA OU DE CONCRETO EM EDIFÍCIO INSTITUCIONAL TÉRREO, INCLUSO TRANSPORTE VERTICAL. AF_07/2019","M2","ATRIBUÍDO SÃO PAULO","54,09","CAIXA REFERENCIAL"]
["100383","FABRICAÇÃO E INSTALAÇÃO DE PONTALETES DE MADEIRA NÃO APARELHADA PARA TELHADOS COM ATÉ 2 ÁGUAS E COM TELHA ONDULADA DE FIBROCIMENTO, ALUMÍNIO OU PLÁSTICA EM EDIFÍCIO RESIDENCIAL DE MÚLTIPLOS PAVIMENTOS, INCLUSO TRANSPORTE VERTICAL. AF_07/2019","M2","ATRIBUÍDO SÃO PAULO","26,06","CAIXA REFERENCIAL"]
["100384","FABRICAÇÃO E INSTALAÇÃO DE PONTALETES DE MADEIRA NÃO APARELHADA PARA TELHADOS COM ATÉ 2 ÁGUAS E COM TELHA ONDULADA DE FIBROCIMENTO, ALUMÍNIO OU PLÁSTICA EM EDIFÍCIO INSTITUCIONAL TÉRREO, INCLUSO TRANSPORTE VERTICAL. AF_07/2019","M2","ATRIBUÍDO SÃO PAULO","26,95","CAIXA REFERENCIAL"]
["100385","FABRICAÇÃO E INSTALAÇÃO DE PONTALETES DE MADEIRA NÃO APARELHADA PARA TELHADOS COM MAIS QUE 2 ÁGUAS E COM TELHA CERÂMICA OU DE CONCRETO EM EDIFÍCIO RESIDENCIAL TÉRREO, INCLUSO TRANSPORTE VERTICAL. AF_07/2019","M2","ATRIBUÍDO SÃO PAULO","34,64","CAIXA REFERENCIAL"]
["100386","FABRICAÇÃO E INSTALAÇÃO DE PONTALETES DE MADEIRA NÃO APARELHADA PARA TELHADOS COM MAIS QUE 2 ÁGUAS E COM TELHA CERÂMICA OU DE CONCRETO EM EDIFÍCIO RESIDENCIAL DE MÚLTIPLOS PAVIMENTOS. AF_07/2019","M2","ATRIBUÍDO SÃO PAULO","43,70","CAIXA REFERENCIAL"]
["100387","FABRICAÇÃO E INSTALAÇÃO DE PONTALETES DE MADEIRA NÃO APARELHADA PARA TELHADOS COM MAIS QUE 2 ÁGUAS E COM TELHA CERÂMICA OU DE CONCRETO EM EDIFÍCIO INSTITUCIONAL TÉRREO, INCLUSO TRANSPORTE VERTICAL. AF_07/2019","M2","ATRIBUÍDO SÃO PAULO","52,77","CAIXA REFERENCIAL"]
["100388","RETIRADA E RECOLOCAÇÃO DE RIPA EM TELHADOS DE ATÉ 2 ÁGUAS COM TELHA CERÂMICA OU DE CONCRETO DE ENCAIXE, INCLUSO TRANSPORTE VERTICAL. AF_07/2019","M2","ATRIBUÍDO SÃO PAULO","18,15","CAIXA REFERENCIAL"]
["100389","RETIRADA E RECOLOCAÇÃO DE CAIBRO EM TELHADOS DE ATÉ 2 ÁGUAS COM TELHA CERÂMICA OU DE CONCRETO DE ENCAIXE, INCLUSO TRANSPORTE VERTICAL. AF_07/2019","M2","ATRIBUÍDO SÃO PAULO","15,85","CAIXA REFERENCIAL"]
["100390","RETIRADA E RECOLOCAÇÃO DE RIPA EM TELHADOS DE MAIS DE 2 ÁGUAS COM TELHA CERÂMICA OU DE CONCRETO DE ENCAIXE, INCLUSO TRANSPORTE VERTICAL. AF_07/2019","M2","ATRIBUÍDO SÃO PAULO","21,25","CAIXA REFERENCIAL"]
["100391","RETIRADA E RECOLOCAÇÃO DE CAIBRO EM TELHADOS DE MAIS DE 2 ÁGUAS COM TELHA CERÂMICA OU DE CONCRETO DE ENCAIXE, INCLUSO TRANSPORTE VERTICAL. AF_07/2019","M2","ATRIBUÍDO SÃO PAULO","17,87","CAIXA REFERENCIAL"]
["100392","RETIRADA E RECOLOCAÇÃO DE RIPA EM TELHADOS DE ATÉ 2 ÁGUAS COM TELHA CERÂMICA CAPA-CANAL, INCLUSO TRANSPORTE VERTICAL. AF_07/2019","M2","ATRIBUÍDO SÃO PAULO","14,36","CAIXA REFERENCIAL"]
["100393","RETIRADA E RECOLOCAÇÃO DE CAIBRO EM TELHADOS DE ATÉ 2 ÁGUAS COM TELHA CERÂMICA CAPA-CANAL, INCLUSO TRANSPORTE VERTICAL. AF_07/2019","M2","ATRIBUÍDO SÃO PAULO","18,11","CAIXA REFERENCIAL"]
["100394","RETIRADA E RECOLOCAÇÃO DE RIPA EM TELHADOS DE MAIS DE 2 ÁGUAS COM TELHA CERÂMICA CAPA-CANAL, INCLUSO TRANSPORTE VERTICAL. AF_07/2019","M2","ATRIBUÍDO SÃO PAULO","16,78","CAIXA REFERENCIAL"]
["100395","RETIRADA E RECOLOCAÇÃO DE CAIBRO EM TELHADOS DE MAIS DE 2 ÁGUAS COM TELHA CERÂMICA CAPA-CANAL, INCLUSO TRANSPORTE VERTICAL. AF_07/2019","M2","ATRIBUÍDO SÃO PAULO","21,20","CAIXA REFERENCIAL"]
["94189","TELHAMENTO COM TELHA DE CONCRETO DE ENCAIXE, COM ATÉ 2 ÁGUAS, INCLUSO TRANSPORTE VERTICAL. AF_07/2019","M2","ATRIBUÍDO SÃO PAULO","29,62","CAIXA REFERENCIAL"]
["94192","TELHAMENTO COM TELHA DE CONCRETO DE ENCAIXE, COM MAIS DE 2 ÁGUAS, INCLUSO TRANSPORTE VERTICAL. AF_07/2019","M2","ATRIBUÍDO SÃO PAULO","31,54","CAIXA REFERENCIAL"]
["94195","TELHAMENTO COM TELHA CERÂMICA DE ENCAIXE, TIPO PORTUGUESA, COM ATÉ 2 ÁGUAS, INCLUSO TRANSPORTE VERTICAL. AF_07/2019","M2","ATRIBUÍDO SÃO PAULO","22,44","CAIXA REFERENCIAL"]
["94198","TELHAMENTO COM TELHA CERÂMICA DE ENCAIXE, TIPO PORTUGUESA, COM MAIS DE 2 ÁGUAS, INCLUSO TRANSPORTE VERTICAL. AF_07/2019","M2","ATRIBUÍDO SÃO PAULO","24,97","CAIXA REFERENCIAL"]
["94201","TELHAMENTO COM TELHA CERÂMICA CAPA-CANAL, TIPO COLONIAL, COM ATÉ 2 ÁGUAS, INCLUSO TRANSPORTE VERTICAL. AF_07/2019","M2","ATRIBUÍDO SÃO PAULO","32,27","CAIXA REFERENCIAL"]
["94204","TELHAMENTO COM TELHA CERÂMICA CAPA-CANAL, TIPO COLONIAL, COM MAIS DE 2 ÁGUAS, INCLUSO TRANSPORTE VERTICAL. AF_07/2019","M2","ATRIBUÍDO SÃO PAULO","36,58","CAIXA REFERENCIAL"]
["94224","EMBOÇAMENTO COM ARGAMASSA TRAÇO 1:2:9 (CIMENTO, CAL E AREIA). AF_07/2019","M","ATRIBUÍDO SÃO PAULO","19,17","CAIXA REFERENCIAL"]
["94226","SUBCOBERTURA COM MANTA PLÁSTICA REVESTIDA POR PELÍCULA DE ALUMÍNO, INCLUSO TRANSPORTE VERTICAL. AF_07/2019","M2","ATRIBUÍDO SÃO PAULO","17,01","CAIXA REFERENCIAL"]
["94232","AMARRAÇÃO DE TELHAS CERÂMICAS OU DE CONCRETO. AF_07/2019","UN","COEFICIENTE DE REPRESENTATIVIDADE","2,20","CAIXA REFERENCIAL"]
["94440","TELHAMENTO COM TELHA CERÂMICA DE ENCAIXE, TIPO FRANCESA, COM ATÉ 2 ÁGUAS, INCLUSO TRANSPORTE VERTICAL. AF_07/2019","M2","ATRIBUÍDO SÃO PAULO","22,44","CAIXA REFERENCIAL"]
["94441","TELHAMENTO COM TELHA CERÂMICA DE ENCAIXE, TIPO FRANCESA, COM MAIS DE 2 ÁGUAS, INCLUSO TRANSPORTE VERTICAL. AF_07/2019","M2","ATRIBUÍDO SÃO PAULO","24,97","CAIXA REFERENCIAL"]
["94442","TELHAMENTO COM TELHA CERÂMICA DE ENCAIXE, TIPO ROMANA, COM ATÉ 2 ÁGUAS, INCLUSO TRANSPORTE VERTICAL. AF_07/2019","M2","ATRIBUÍDO SÃO PAULO","22,44","CAIXA REFERENCIAL"]
["94443","TELHAMENTO COM TELHA CERÂMICA DE ENCAIXE, TIPO ROMANA, COM MAIS DE 2 ÁGUAS, INCLUSO TRANSPORTE VERTICAL. AF_07/2019","M2","ATRIBUÍDO SÃO PAULO","24,97","CAIXA REFERENCIAL"]
["94445","TELHAMENTO COM TELHA CERÂMICA CAPA-CANAL, TIPO PLAN, COM ATÉ 2 ÁGUAS, INCLUSO TRANSPORTE VERTICAL. AF_07/2019","M2","ATRIBUÍDO SÃO PAULO","32,27","CAIXA REFERENCIAL"]
["94446","TELHAMENTO COM TELHA CERÂMICA CAPA-CANAL, TIPO PLAN, COM MAIS DE 2 ÁGUAS, INCLUSO TRANSPORTE VERTICAL. AF_07/2019","M2","ATRIBUÍDO SÃO PAULO","36,58","CAIXA REFERENCIAL"]
["94447","TELHAMENTO COM TELHA CERÂMICA CAPA-CANAL, TIPO PAULISTA, COM ATÉ 2 ÁGUAS, INCLUSO TRANSPORTE VERTICAL. AF_07/2019","M2","ATRIBUÍDO SÃO PAULO","32,27","CAIXA REFERENCIAL"]
["94448","TELHAMENTO COM TELHA CERÂMICA CAPA-CANAL, TIPO PAULISTA, COM MAIS DE 2 ÁGUAS, INCLUSO TRANSPORTE VERTICAL. AF_07/2019","M2","ATRIBUÍDO SÃO PAULO","36,58","CAIXA REFERENCIAL"]
["94207","TELHAMENTO COM TELHA ONDULADA DE FIBROCIMENTO E = 6 MM, COM RECOBRIMENTO LATERAL DE 1/4 DE ONDA PARA TELHADO COM INCLINAÇÃO MAIOR QUE 10°, COM ATÉ 2 ÁGUAS, INCLUSO IÇAMENTO. AF_07/2019","M2","ATRIBUÍDO SÃO PAULO","47,26","CAIXA REFERENCIAL"]
["94210","TELHAMENTO COM TELHA ONDULADA DE FIBROCIMENTO E = 6 MM, COM RECOBRIMENTO LATERAL DE 1 1/4 DE ONDA PARA TELHADO COM INCLINAÇÃO MÁXIMA DE 10°, COM ATÉ 2 ÁGUAS, INCLUSO IÇAMENTO. AF_07/2019","M2","ATRIBUÍDO SÃO PAULO","50,02","CAIXA REFERENCIAL"]
["94218","TELHAMENTO COM TELHA ESTRUTURAL DE FIBROCIMENTO E= 8 MM, COM ATÉ 2 ÁGUAS, INCLUSO IÇAMENTO. AF_07/2019_P","M2","ATRIBUÍDO SÃO PAULO","101,48","CAIXA REFERENCIAL"]
["94213","TELHAMENTO COM TELHA DE AÇO/ALUMÍNIO E = 0,5 MM, COM ATÉ 2 ÁGUAS, INCLUSO IÇAMENTO. AF_07/2019","M2","ATRIBUÍDO SÃO PAULO","96,38","CAIXA REFERENCIAL"]
["94216","TELHAMENTO COM TELHA METÁLICA TERMOACÚSTICA E = 30 MM, COM ATÉ 2 ÁGUAS, INCLUSO IÇAMENTO. AF_07/2019","M2","ATRIBUÍDO SÃO PAULO","284,69","CAIXA REFERENCIAL"]
["94219","CUMEEIRA E ESPIGÃO PARA TELHA CERÂMICA EMBOÇADA COM ARGAMASSA TRAÇO 1:2:9 (CIMENTO, CAL E AREIA), PARA TELHADOS COM MAIS DE 2 ÁGUAS, INCLUSO TRANSPORTE VERTICAL. AF_07/2019","M","ATRIBUÍDO SÃO PAULO","22,59","CAIXA REFERENCIAL"]
["94220","CUMEEIRA E ESPIGÃO PARA TELHA DE CONCRETO EMBOÇADA COM ARGAMASSA TRAÇO 1:2:9 (CIMENTO, CAL E AREIA), PARA TELHADOS COM MAIS DE 2 ÁGUAS, INCLUSO TRANSPORTE VERTICAL. AF_07/2019","M","ATRIBUÍDO SÃO PAULO","40,65","CAIXA REFERENCIAL"]
["94221","CUMEEIRA PARA TELHA CERÂMICA EMBOÇADA COM ARGAMASSA TRAÇO 1:2:9 (CIMENTO, CAL E AREIA) PARA TELHADOS COM ATÉ 2 ÁGUAS, INCLUSO TRANSPORTE VERTICAL. AF_07/2019","M","ATRIBUÍDO SÃO PAULO","17,58","CAIXA REFERENCIAL"]
["94222","CUMEEIRA PARA TELHA DE CONCRETO EMBOÇADA COM ARGAMASSA TRAÇO 1:2:9 (CIMENTO, CAL E AREIA) PARA TELHADOS COM ATÉ 2 ÁGUAS, INCLUSO TRANSPORTE VERTICAL. AF_07/2019","M","ATRIBUÍDO SÃO PAULO","35,64","CAIXA REFERENCIAL"]
["94223","CUMEEIRA PARA TELHA DE FIBROCIMENTO ONDULADA E = 6 MM, INCLUSO ACESSÓRIOS DE FIXAÇÃO E IÇAMENTO. AF_07/2019","M","ATRIBUÍDO SÃO PAULO","65,56","CAIXA REFERENCIAL"]
["94451","CUMEEIRA PARA TELHA DE FIBROCIMENTO ESTRUTURAL E = 6 MM, INCLUSO ACESSÓRIOS DE FIXAÇÃO E IÇAMENTO. AF_07/2019","M","ATRIBUÍDO SÃO PAULO","140,05","CAIXA REFERENCIAL"]
["100325","CUMEEIRA SHED PARA TELHA ONDULADA DE FIBROCIMENTO, E = 6 MM, INCLUSO ACESSÓRIOS DE FIXAÇÃO E IÇAMENTO. AF_07/2019","M","ATRIBUÍDO SÃO PAULO","63,52","CAIXA REFERENCIAL"]
["100327","RUFO EXTERNO/INTERNO EM CHAPA DE AÇO GALVANIZADO NÚMERO 26, CORTE DE 33 CM, INCLUSO IÇAMENTO. AF_07/2019","M","ATRIBUÍDO SÃO PAULO","67,97","CAIXA REFERENCIAL"]
["100328","RETIRADA E RECOLOCAÇÃO DE  TELHA CERÂMICA DE ENCAIXE, COM ATÉ DUAS ÁGUAS, INCLUSO IÇAMENTO. AF_07/2019","M2","ATRIBUÍDO SÃO PAULO","9,41","CAIXA REFERENCIAL"]
["100329","RETIRADA E RECOLOCAÇÃO DE  TELHA CERÂMICA DE ENCAIXE, COM MAIS DE DUAS ÁGUAS, INCLUSO IÇAMENTO. AF_07/2019","M2","ATRIBUÍDO SÃO PAULO","11,94","CAIXA REFERENCIAL"]
["100330","RETIRADA E RECOLOCAÇÃO DE  TELHA CERÂMICA CAPA-CANAL, COM ATÉ DUAS ÁGUAS, INCLUSO IÇAMENTO. AF_07/2019","M2","ATRIBUÍDO SÃO PAULO","12,76","CAIXA REFERENCIAL"]
["100331","RETIRADA E RECOLOCAÇÃO DE  TELHA CERÂMICA CAPA-CANAL, COM MAIS DE DUAS ÁGUAS, INCLUSO IÇAMENTO. AF_07/2019","M2","ATRIBUÍDO SÃO PAULO","17,09","CAIXA REFERENCIAL"]
["100434","CALHA DE BEIRAL, SEMICIRCULAR DE PVC, DIAMETRO 125 MM, INCLUINDO CABECEIRAS, EMENDAS, BOCAIS, SUPORTES E VEDAÇÕES, EXCLUINDO CONDUTORES, INCLUSO TRANSPORTE VERTICAL. AF_07/2019","M","ATRIBUÍDO SÃO PAULO","66,34","CAIXA REFERENCIAL"]
["100435","RUFO EM FIBROCIMENTO PARA TELHA ONDULADA E = 6 MM, ABA DE 26 CM, INCLUSO TRANSPORTE VERTICAL, EXCETO CONTRARRUFO. AF_07/2019","M","ATRIBUÍDO SÃO PAULO","29,77","CAIXA REFERENCIAL"]
["94227","CALHA EM CHAPA DE AÇO GALVANIZADO NÚMERO 24, DESENVOLVIMENTO DE 33 CM, INCLUSO TRANSPORTE VERTICAL. AF_07/2019","M","ATRIBUÍDO SÃO PAULO","78,10","CAIXA REFERENCIAL"]
["94228","CALHA EM CHAPA DE AÇO GALVANIZADO NÚMERO 24, DESENVOLVIMENTO DE 50 CM, INCLUSO TRANSPORTE VERTICAL. AF_07/2019","M","ATRIBUÍDO SÃO PAULO","104,54","CAIXA REFERENCIAL"]
["94229","CALHA EM CHAPA DE AÇO GALVANIZADO NÚMERO 24, DESENVOLVIMENTO DE 100 CM, INCLUSO TRANSPORTE VERTICAL. AF_07/2019","M","ATRIBUÍDO SÃO PAULO","203,02","CAIXA REFERENCIAL"]
["94231","RUFO EM CHAPA DE AÇO GALVANIZADO NÚMERO 24, CORTE DE 25 CM, INCLUSO TRANSPORTE VERTICAL. AF_07/2019","M","ATRIBUÍDO SÃO PAULO","61,25","CAIXA REFERENCIAL"]
["94449","TELHAMENTO COM TELHA ONDULADA DE FIBRA DE VIDRO E = 0,6 MM, PARA TELHADO COM INCLINAÇÃO MAIOR QUE 10°, COM ATÉ 2 ÁGUAS, INCLUSO IÇAMENTO. AF_07/2019","M2","ATRIBUÍDO SÃO PAULO","58,62","CAIXA REFERENCIAL"]
["92255","INSTALAÇÃO DE TESOURA (INTEIRA OU MEIA), EM AÇO, PARA VÃOS MAIORES OU IGUAIS A 3,0 M E MENORES QUE 6,0 M, INCLUSO IÇAMENTO. AF_07/2019","UN","ATRIBUÍDO SÃO PAULO","175,86","CAIXA REFERENCIAL"]
["92256","INSTALAÇÃO DE TESOURA (INTEIRA OU MEIA), EM AÇO, PARA VÃOS MAIORES OU IGUAIS A 6,0 M E MENORES QUE 8,0 M, INCLUSO IÇAMENTO. AF_07/2019","UN","ATRIBUÍDO SÃO PAULO","215,23","CAIXA REFERENCIAL"]
["92257","INSTALAÇÃO DE TESOURA (INTEIRA OU MEIA), EM AÇO, PARA VÃOS MAIORES OU IGUAIS A 8,0 M E MENORES QUE 10,0 M, INCLUSO IÇAMENTO. AF_07/2019","UN","ATRIBUÍDO SÃO PAULO","254,04","CAIXA REFERENCIAL"]
["92258","INSTALAÇÃO DE TESOURA (INTEIRA OU MEIA), EM AÇO, PARA VÃOS MAIORES OU IGUAIS A 10,0 M E MENORES QUE 12,0 M, INCLUSO IÇAMENTO. AF_07/2019","UN","ATRIBUÍDO SÃO PAULO","316,44","CAIXA REFERENCIAL"]
["92568","TRAMA DE AÇO COMPOSTA POR RIPAS, CAIBROS E TERÇAS PARA TELHADOS DE ATÉ 2 ÁGUAS PARA TELHA DE ENCAIXE DE CERÂMICA OU DE CONCRETO, INCLUSO TRANSPORTE VERTICAL. AF_07/2019","M2","ATRIBUÍDO SÃO PAULO","204,49","CAIXA REFERENCIAL"]
["92569","TRAMA DE AÇO COMPOSTA POR RIPAS E CAIBROS PARA TELHADOS DE ATÉ 2 ÁGUAS PARA TELHA DE ENCAIXE DE CERÂMICA OU DE CONCRETO, INCLUSO TRANSPORTE VERTICAL. AF_07/2019","M2","ATRIBUÍDO SÃO PAULO","115,37","CAIXA REFERENCIAL"]
["92570","TRAMA DE AÇO COMPOSTA POR RIPAS PARA TELHADOS DE ATÉ 2 ÁGUAS PARA TELHA DE ENCAIXE DE CERÂMICA OU DE CONCRETO, INCLUSO TRANSPORTE VERTICAL. AF_07/2019","M2","ATRIBUÍDO SÃO PAULO","73,96","CAIXA REFERENCIAL"]
["92571","TRAMA DE AÇO COMPOSTA POR RIPAS, CAIBROS E TERÇAS PARA TELHADOS DE MAIS DE 2 ÁGUAS PARA TELHA DE ENCAIXE DE CERÂMICA OU DE CONCRETO, INCLUSO TRANSPORTE VERTICAL. AF_07/2019","M2","ATRIBUÍDO SÃO PAULO","212,84","CAIXA REFERENCIAL"]
["92572","TRAMA DE AÇO COMPOSTA POR RIPAS E CAIBROS PARA TELHADOS DE MAIS DE 2 ÁGUAS PARA TELHA DE ENCAIXE DE CERÂMICA OU DE CONCRETO, INCLUSO TRANSPORTE VERTICAL. AF_07/2019","M2","ATRIBUÍDO SÃO PAULO","129,58","CAIXA REFERENCIAL"]
["92573","TRAMA DE AÇO COMPOSTA POR RIPAS PARA TELHADOS DE MAIS DE 2 ÁGUAS PARA TELHA DE ENCAIXE DE CERÂMICA OU DE CONCRETO, INCLUSO TRANSPORTE VERTICAL, INCLUSO TRANSPORTE VERTICAL. AF_07/2019","M2","ATRIBUÍDO SÃO PAULO","77,37","CAIXA REFERENCIAL"]
["92574","TRAMA DE AÇO COMPOSTA POR RIPAS, CAIBROS E TERÇAS PARA TELHADOS DE ATÉ 2 ÁGUAS PARA TELHA CERÂMICA CAPA-CANAL, INCLUSO TRANSPORTE VERTICAL. AF_07/2019","M2","ATRIBUÍDO SÃO PAULO","207,21","CAIXA REFERENCIAL"]
["92575","TRAMA DE AÇO COMPOSTA POR RIPAS E CAIBROS PARA TELHADOS DE ATÉ 2 ÁGUAS PARA TELHA CERÂMICA CAPA-CANAL, INCLUSO TRANSPORTE VERTICAL. AF_07/2019","M2","ATRIBUÍDO SÃO PAULO","105,04","CAIXA REFERENCIAL"]
["92576","TRAMA DE AÇO COMPOSTA POR RIPAS PARA TELHADOS DE ATÉ 2 ÁGUAS PARA TELHA CERÂMICA CAPA-CANAL, INCLUSO TRANSPORTE VERTICAL. AF_07/2019","M2","ATRIBUÍDO SÃO PAULO","58,07","CAIXA REFERENCIAL"]
["92577","TRAMA DE AÇO COMPOSTA POR RIPAS, CAIBROS E TERÇAS PARA TELHADOS DE MAIS DE 2 ÁGUAS PARA TELHA CERÂMICA CAPA-CANAL, INCLUSO TRANSPORTE VERTICAL. AF_07/2019","M2","ATRIBUÍDO SÃO PAULO","216,42","CAIXA REFERENCIAL"]
["92578","TRAMA DE AÇO COMPOSTA POR RIPAS E CAIBROS PARA TELHADOS DE MAIS DE 2 ÁGUAS PARA TELHA CERÂMICA CAPA-CANAL, INCLUSO TRANSPORTE VERTICAL. AF_07/2019","M2","ATRIBUÍDO SÃO PAULO","110,07","CAIXA REFERENCIAL"]
["92579","TRAMA DE AÇO COMPOSTA POR RIPAS PARA TELHADOS DE MAIS DE 2 ÁGUAS PARA TELHA CERÂMICA CAPA-CANAL, INCLUSO TRANSPORTE VERTICAL. AF_07/2019","M2","ATRIBUÍDO SÃO PAULO","60,80","CAIXA REFERENCIAL"]
["92580","TRAMA DE AÇO COMPOSTA POR TERÇAS PARA TELHADOS DE ATÉ 2 ÁGUAS PARA TELHA ONDULADA DE FIBROCIMENTO, METÁLICA, PLÁSTICA OU TERMOACÚSTICA, INCLUSO TRANSPORTE VERTICAL. AF_07/2019","M2","ATRIBUÍDO SÃO PAULO","75,28","CAIXA REFERENCIAL"]
["92581","TRAMA DE AÇO COMPOSTA POR TERÇAS PARA TELHADOS DE ATÉ 2 ÁGUAS PARA TELHA ESTRUTURAL DE FIBROCIMENTO, INCLUSO TRANSPORTE VERTICAL. AF_07/2019","M2","ATRIBUÍDO SÃO PAULO","79,31","CAIXA REFERENCIAL"]
["92582","FABRICAÇÃO E INSTALAÇÃO DE TESOURA INTEIRA EM AÇO, VÃO DE 3 M, PARA TELHA CERÂMICA OU DE CONCRETO, INCLUSO IÇAMENTO. AF_12/2015","UN","ATRIBUÍDO SÃO PAULO","1.031,60","CAIXA REFERENCIAL"]
["92584","FABRICAÇÃO E INSTALAÇÃO DE TESOURA INTEIRA EM AÇO, VÃO DE 4 M, PARA TELHA CERÂMICA OU DE CONCRETO, INCLUSO IÇAMENTO. AF_12/2015","UN","ATRIBUÍDO SÃO PAULO","1.240,51","CAIXA REFERENCIAL"]
["92586","FABRICAÇÃO E INSTALAÇÃO DE TESOURA INTEIRA EM AÇO, VÃO DE 5 M, PARA TELHA CERÂMICA OU DE CONCRETO, INCLUSO IÇAMENTO. AF_12/2015","UN","ATRIBUÍDO SÃO PAULO","1.449,41","CAIXA REFERENCIAL"]
["92588","FABRICAÇÃO E INSTALAÇÃO DE TESOURA INTEIRA EM AÇO, VÃO DE 6 M, PARA TELHA CERÂMICA OU DE CONCRETO, INCLUSO IÇAMENTO. AF_12/2015","UN","ATRIBUÍDO SÃO PAULO","1.826,24","CAIXA REFERENCIAL"]
["92590","FABRICAÇÃO E INSTALAÇÃO DE TESOURA INTEIRA EM AÇO, VÃO DE 7 M, PARA TELHA CERÂMICA OU DE CONCRETO, INCLUSO IÇAMENTO. AF_12/2015","UN","ATRIBUÍDO SÃO PAULO","2.035,14","CAIXA REFERENCIAL"]
["92592","FABRICAÇÃO E INSTALAÇÃO DE TESOURA INTEIRA EM AÇO, VÃO DE 8 M, PARA TELHA CERÂMICA OU DE CONCRETO, INCLUSO IÇAMENTO. AF_12/2015","UN","ATRIBUÍDO SÃO PAULO","2.282,86","CAIXA REFERENCIAL"]
["92593","(COMPOSIÇÃO REPRESENTATIVA) FABRICAÇÃO E INSTALAÇÃO DE TESOURA INTEIRA EM AÇO, PARA VÃOS DE 3 A 12 M E PARA QUALQUER TIPO DE TELHA, INCLUSO IÇAMENTO. AF_12/2015","KG","ATRIBUÍDO SÃO PAULO","17,34","CAIXA REFERENCIAL"]
["92594","FABRICAÇÃO E INSTALAÇÃO DE TESOURA INTEIRA EM AÇO, VÃO DE 9 M, PARA TELHA CERÂMICA OU DE CONCRETO, INCLUSO IÇAMENTO. AF_12/2015","UN","ATRIBUÍDO SÃO PAULO","2.673,16","CAIXA REFERENCIAL"]
["92596","FABRICAÇÃO E INSTALAÇÃO DE TESOURA INTEIRA EM AÇO, VÃO DE 10 M, PARA TELHA CERÂMICA OU DE CONCRETO, INCLUSO IÇAMENTO. AF_12/2015","UN","ATRIBUÍDO SÃO PAULO","2.953,42","CAIXA REFERENCIAL"]
["92598","FABRICAÇÃO E INSTALAÇÃO DE TESOURA INTEIRA EM AÇO, VÃO DE 11 M, PARA TELHA CERÂMICA OU DE CONCRETO, INCLUSO IÇAMENTO. AF_12/2015","UN","ATRIBUÍDO SÃO PAULO","3.162,32","CAIXA REFERENCIAL"]
["92600","FABRICAÇÃO E INSTALAÇÃO DE TESOURA INTEIRA EM AÇO, VÃO DE 12 M, PARA TELHA CERÂMICA OU DE CONCRETO, INCLUSO IÇAMENTO. AF_12/2015","UN","ATRIBUÍDO SÃO PAULO","3.424,08","CAIXA REFERENCIAL"]
["92602","FABRICAÇÃO E INSTALAÇÃO DE TESOURA INTEIRA EM AÇO, VÃO DE 3 M, PARA TELHA ONDULADA DE FIBROCIMENTO, METÁLICA, PLÁSTICA OU TERMOACÚSTICA, INCLUSO IÇAMENTO.. AF_12/2015","UN","ATRIBUÍDO SÃO PAULO","1.031,60","CAIXA REFERENCIAL"]
["92604","FABRICAÇÃO E INSTALAÇÃO DE TESOURA INTEIRA EM AÇO, VÃO DE 4 M, PARA TELHA ONDULADA DE FIBROCIMENTO, METÁLICA, PLÁSTICA OU TERMOACÚSTICA, INCLUSO IÇAMENTO. AF_12/2015","UN","ATRIBUÍDO SÃO PAULO","1.187,66","CAIXA REFERENCIAL"]
["92606","FABRICAÇÃO E INSTALAÇÃO DE TESOURA INTEIRA EM AÇO, VÃO DE 5 M, PARA TELHA ONDULADA DE FIBROCIMENTO, METÁLICA, PLÁSTICA OU TERMOACÚSTICA, INCLUSO IÇAMENTO. AF_12/2015","UN","ATRIBUÍDO SÃO PAULO","1.396,56","CAIXA REFERENCIAL"]
["92608","FABRICAÇÃO E INSTALAÇÃO DE TESOURA INTEIRA EM AÇO, VÃO DE 6 M, PARA TELHA ONDULADA DE FIBROCIMENTO, METÁLICA, PLÁSTICA OU TERMOACÚSTICA, INCLUSO IÇAMENTO. AF_12/2015","UN","ATRIBUÍDO SÃO PAULO","1.720,54","CAIXA REFERENCIAL"]
["92610","FABRICAÇÃO E INSTALAÇÃO DE TESOURA INTEIRA EM AÇO, VÃO DE 7 M, PARA TELHA ONDULADA DE FIBROCIMENTO, METÁLICA, PLÁSTICA OU TERMOACÚSTICA, INCLUSO IÇAMENTO. AF_12/2015","UN","ATRIBUÍDO SÃO PAULO","1.929,44","CAIXA REFERENCIAL"]
["92612","FABRICAÇÃO E INSTALAÇÃO DE TESOURA INTEIRA EM AÇO, VÃO DE 8 M, PARA TELHA ONDULADA DE FIBROCIMENTO, METÁLICA, PLÁSTICA OU TERMOACÚSTICA, INCLUSO IÇAMENTO, INCLUSO IÇAMENTO. AF_12/2015","UN","ATRIBUÍDO SÃO PAULO","2.177,16","CAIXA REFERENCIAL"]
["92614","FABRICAÇÃO E INSTALAÇÃO DE TESOURA INTEIRA EM AÇO, VÃO DE 9 M, PARA TELHA ONDULADA DE FIBROCIMENTO, METÁLICA, PLÁSTICA OU TERMOACÚSTICA, INCLUSO IÇAMENTO. AF_12/2015","UN","ATRIBUÍDO SÃO PAULO","2.461,76","CAIXA REFERENCIAL"]
["92616","FABRICAÇÃO E INSTALAÇÃO DE TESOURA INTEIRA EM AÇO, VÃO DE 10 M, PARA TELHA ONDULADA DE FIBROCIMENTO, METÁLICA, PLÁSTICA OU TERMOACÚSTICA, INCLUSO IÇAMENTO. AF_12/2015","UN","ATRIBUÍDO SÃO PAULO","2.794,87","CAIXA REFERENCIAL"]
["92618","FABRICAÇÃO E INSTALAÇÃO DE TESOURA INTEIRA EM AÇO, VÃO DE 11 M, PARA TELHA ONDULADA DE FIBROCIMENTO, METÁLICA, PLÁSTICA OU TERMOACÚSTICA, INCLUSO IÇAMENTO. AF_12/2015","UN","ATRIBUÍDO SÃO PAULO","3.003,77","CAIXA REFERENCIAL"]
["92620","FABRICAÇÃO E INSTALAÇÃO DE TESOURA INTEIRA EM AÇO, VÃO DE 12 M, PARA TELHA ONDULADA DE FIBROCIMENTO, METÁLICA, PLÁSTICA OU TERMOACÚSTICA, INCLUSO IÇAMENTO. AF_12/2015","UN","ATRIBUÍDO SÃO PAULO","3.212,67","CAIXA REFERENCIAL"]
["100357","FABRICAÇÃO E INSTALAÇÃO DE MEIA TESOURA DE MADEIRA NÃO APARELHADA, COM VÃO DE 3 M, PARA TELHA CERÂMICA OU DE CONCRETO, INCLUSO IÇAMENTO. AF_07/2019","UN","ATRIBUÍDO SÃO PAULO","1.043,72","CAIXA REFERENCIAL"]
["100358","FABRICAÇÃO E INSTALAÇÃO DE MEIA TESOURA DE MADEIRA NÃO APARELHADA, COM VÃO DE 4 M, PARA TELHA CERÂMICA OU DE CONCRETO, INCLUSO IÇAMENTO. AF_07/2019","UN","ATRIBUÍDO SÃO PAULO","1.382,11","CAIXA REFERENCIAL"]
["100359","FABRICAÇÃO E INSTALAÇÃO DE MEIA TESOURA DE MADEIRA NÃO APARELHADA, COM VÃO DE 5 M, PARA TELHA CERÂMICA OU DE CONCRETO, INCLUSO IÇAMENTO. AF_07/2019","UN","ATRIBUÍDO SÃO PAULO","1.459,75","CAIXA REFERENCIAL"]
["100360","FABRICAÇÃO E INSTALAÇÃO DE MEIA TESOURA DE MADEIRA NÃO APARELHADA, COM VÃO DE 6 M, PARA TELHA CERÂMICA OU DE CONCRETO, INCLUSO IÇAMENTO. AF_07/2019","UN","ATRIBUÍDO SÃO PAULO","1.617,56","CAIXA REFERENCIAL"]
["100361","FABRICAÇÃO E INSTALAÇÃO DE MEIA TESOURA DE MADEIRA NÃO APARELHADA, COM VÃO DE 7 M, PARA TELHA CERÂMICA OU DE CONCRETO, INCLUSO IÇAMENTO. AF_07/2019","UN","ATRIBUÍDO SÃO PAULO","1.988,33","CAIXA REFERENCIAL"]
["100362","FABRICAÇÃO E INSTALAÇÃO DE MEIA TESOURA DE MADEIRA NÃO APARELHADA, COM VÃO DE 8 M, PARA TELHA CERÂMICA OU DE CONCRETO, INCLUSO IÇAMENTO. AF_07/2019","UN","ATRIBUÍDO SÃO PAULO","2.702,82","CAIXA REFERENCIAL"]
["100363","FABRICAÇÃO E INSTALAÇÃO DE MEIA TESOURA DE MADEIRA NÃO APARELHADA, COM VÃO DE 9 M, PARA TELHA CERÂMICA OU DE CONCRETO, INCLUSO IÇAMENTO. AF_07/2019","UN","ATRIBUÍDO SÃO PAULO","2.799,19","CAIXA REFERENCIAL"]
["100364","FABRICAÇÃO E INSTALAÇÃO DE MEIA TESOURA DE MADEIRA NÃO APARELHADA, COM VÃO DE 10 M, PARA TELHA CERÂMICA OU DE CONCRETO, INCLUSO IÇAMENTO. AF_07/2019","UN","ATRIBUÍDO SÃO PAULO","3.033,72","CAIXA REFERENCIAL"]
["100365","FABRICAÇÃO E INSTALAÇÃO DE MEIA TESOURA DE MADEIRA NÃO APARELHADA, COM VÃO DE 11 M, PARA TELHA CERÂMICA OU DE CONCRETO, INCLUSO IÇAMENTO. AF_07/2019","UN","ATRIBUÍDO SÃO PAULO","3.463,05","CAIXA REFERENCIAL"]
["100366","FABRICAÇÃO E INSTALAÇÃO DE MEIA TESOURA DE MADEIRA NÃO APARELHADA, COM VÃO DE 12 M, PARA TELHA CERÂMICA OU DE CONCRETO, INCLUSO IÇAMENTO. AF_07/2019","UN","ATRIBUÍDO SÃO PAULO","3.716,75","CAIXA REFERENCIAL"]
["100367","FABRICAÇÃO E INSTALAÇÃO DE MEIA TESOURA DE MADEIRA NÃO APARELHADA, COM VÃO DE 3 M, PARA TELHA ONDULADA DE FIBROCIMENTO, ALUMÍNIO, PLÁSTICA OU TERMOACÚSTICA, INCLUSO IÇAMENTO. AF_07/2019","UN","ATRIBUÍDO SÃO PAULO","1.014,53","CAIXA REFERENCIAL"]
["100368","FABRICAÇÃO E INSTALAÇÃO DE MEIA TESOURA DE MADEIRA NÃO APARELHADA, COM VÃO DE 4 M, PARA TELHA ONDULADA DE FIBROCIMENTO, ALUMÍNIO, PLÁSTICA OU TERMOACÚSTICA, INCLUSO IÇAMENTO. AF_07/2019","UN","ATRIBUÍDO SÃO PAULO","1.346,11","CAIXA REFERENCIAL"]
["100369","FABRICAÇÃO E INSTALAÇÃO DE MEIA TESOURA DE MADEIRA NÃO APARELHADA, COM VÃO DE 5 M, PARA TELHA ONDULADA DE FIBROCIMENTO, ALUMÍNIO, PLÁSTICA OU TERMOACÚSTICA, INCLUSO IÇAMENTO. AF_07/2019","UN","ATRIBUÍDO SÃO PAULO","1.423,75","CAIXA REFERENCIAL"]
["100370","FABRICAÇÃO E INSTALAÇÃO DE MEIA TESOURA DE MADEIRA NÃO APARELHADA, COM VÃO DE 6 M, PARA TELHA ONDULADA DE FIBROCIMENTO, ALUMÍNIO, PLÁSTICA OU TERMOACÚSTICA, INCLUSO IÇAMENTO. AF_07/2019","UN","ATRIBUÍDO SÃO PAULO","1.693,12","CAIXA REFERENCIAL"]
["100371","FABRICAÇÃO E INSTALAÇÃO DE MEIA TESOURA DE MADEIRA NÃO APARELHADA, COM VÃO DE 7 M, PARA TELHA ONDULADA DE FIBROCIMENTO, ALUMÍNIO, PLÁSTICA OU TERMOACÚSTICA, INCLUSO IÇAMENTO. AF_07/2019","UN","ATRIBUÍDO SÃO PAULO","1.892,34","CAIXA REFERENCIAL"]
["100372","FABRICAÇÃO E INSTALAÇÃO DE MEIA TESOURA DE MADEIRA NÃO APARELHADA, COM VÃO DE 8 M, PARA TELHA ONDULADA DE FIBROCIMENTO, ALUMÍNIO, PLÁSTICA OU TERMOACÚSTICA, INCLUSO IÇAMENTO. AF_07/2019","UN","ATRIBUÍDO SÃO PAULO","2.538,34","CAIXA REFERENCIAL"]
["100373","FABRICAÇÃO E INSTALAÇÃO DE MEIA TESOURA DE MADEIRA NÃO APARELHADA, COM VÃO DE 9 M, PARA TELHA ONDULADA DE FIBROCIMENTO, ALUMÍNIO, PLÁSTICA OU TERMOACÚSTICA, INCLUSO IÇAMENTO. AF_07/2019","UN","ATRIBUÍDO SÃO PAULO","2.632,25","CAIXA REFERENCIAL"]
["100374","FABRICAÇÃO E INSTALAÇÃO DE MEIA TESOURA DE MADEIRA NÃO APARELHADA, COM VÃO DE 10 M, PARA TELHA ONDULADA DE FIBROCIMENTO, ALUMÍNIO, PLÁSTICA OU TERMOACÚSTICA, INCLUSO IÇAMENTO. AF_07/2019","UN","ATRIBUÍDO SÃO PAULO","2.812,54","CAIXA REFERENCIAL"]
["100375","FABRICAÇÃO E INSTALAÇÃO DE MEIA TESOURA DE MADEIRA NÃO APARELHADA, COM VÃO DE 11 M, PARA TELHA ONDULADA DE FIBROCIMENTO, ALUMÍNIO, PLÁSTICA OU TERMOACÚSTICA, INCLUSO IÇAMENTO. AF_07/2019","UN","ATRIBUÍDO SÃO PAULO","3.134,98","CAIXA REFERENCIAL"]
["100376","FABRICAÇÃO E INSTALAÇÃO DE MEIA TESOURA DE MADEIRA NÃO APARELHADA, COM VÃO DE 12 M, PARA TELHA ONDULADA DE FIBROCIMENTO, ALUMÍNIO, PLÁSTICA OU TERMOACÚSTICA, INCLUSO IÇAMENTO. AF_07/2019","UN","ATRIBUÍDO SÃO PAULO","3.066,01","CAIXA REFERENCIAL"]
["100377","FABRICAÇÃO E INSTALAÇÃO DE TESOURA (INTEIRA OU MEIA) EM AÇO, VÃOS MAIORES OU IGUAIS A 3,0 M E MENORES OU IGUAL A 6,0 M, INCLUSO IÇAMENTO. AF_07/2019","KG","ATRIBUÍDO SÃO PAULO","17,86","CAIXA REFERENCIAL"]
["100378","FABRICAÇÃO E INSTALAÇÃO DE TESOURA (INTEIRA OU MEIA) EM AÇO, VÃOS MAIORES QUE 6,0 M E MENORES QUE 12,0 M, INCLUSO IÇAMENTO. AF_07/2019","KG","ATRIBUÍDO SÃO PAULO","17,01","CAIXA REFERENCIAL"]
["100382","FABRICAÇÃO E INSTALAÇÃO DE PONTALETES DE MADEIRA NÃO APARELHADA PARA TELHADOS COM ATÉ 2 ÁGUAS E COM TELHA ONDULADA DE FIBROCIMENTO, ALUMÍNIO OU PLÁSTICA EM EDIFÍCIO RESIDENCIAL TÉRREO, INCLUSO TRANSPORTE VERTICAL. AF_07/2019","M2","ATRIBUÍDO SÃO PAULO","24,03","CAIXA REFERENCIAL"]
["94444","TELHAMENTO COM TELHA DE ENCAIXE, TIPO FRANCESA DE VIDRO, COM ATÉ 2 ÁGUAS, INCLUSO TRANSPORTE VERTICAL. AF_07/2019","M2","ATRIBUÍDO SÃO PAULO","588,81","CAIXA REFERENCIAL"]
["102661","DRENO SUBSUPERFICIAL (SEÇÃO 0,40 X 0,40 M), COM TUBO DE PEAD CORRUGADO PERFURADO, DN 100 MM, ENCHIMENTO COM AREIA. AF_07/2021","M","ATRIBUÍDO SÃO PAULO","26,56","CAIXA REFERENCIAL"]
["102663","DRENO SUBSUPERFICIAL (SEÇÃO 0,40 X 0,40 M), COM TUBO DE CONCRETO SIMPLES POROSO, DN 200 MM, ENCHIMENTO COM AREIA. AF_07/2021","M","ATRIBUÍDO SÃO PAULO","44,67","CAIXA REFERENCIAL"]
["102664","DRENO SUBSUPERFICIAL (SEÇÃO 0,40 X 0,40 M), CEGO, ENCHIMENTO DE BRITA, ENVOLVIDO COM MANTA GEOTÊXTIL. AF_07/2021","M","COEFICIENTE DE REPRESENTATIVIDADE","42,96","CAIXA REFERENCIAL"]
["102665","DRENO SUBSUPERFICIAL (SEÇÃO 0,40 X 0,40 M), CEGO, ENCHIMENTO DE BRITA. AF_07/2021","M","COEFICIENTE DE REPRESENTATIVIDADE","18,74","CAIXA REFERENCIAL"]
["102666","DRENO SUBSUPERFICIAL (SEÇÃO 0,40 X 0,40 M), COM TUBO DE PEAD CORRUGADO PERFURADO, DN 100 MM, ENCHIMENTO COM BRITA, ENVOLVIDO COM MANTA GEOTÊXTIL. AF_07/2021","M","ATRIBUÍDO SÃO PAULO","53,75","CAIXA REFERENCIAL"]
["102669","DRENO SUBSUPERFICIAL (SEÇÃO 0,40 X 0,40 M), COM TUBO DE CONCRETO SIMPLES POROSO, DN 200 MM, ENCHIMENTO COM BRITA, ENVOLVIDO COM MANTA GEOTÊXTIL. AF_07/2021","M","ATRIBUÍDO SÃO PAULO","71,40","CAIXA REFERENCIAL"]
["102670","DRENO PROFUNDO (SEÇÃO 0,50 X 1,50 M), COM TUBO DE PEAD CORRUGADO PERFURADO, DN 100 MM, ENCHIMENTO COM AREIA, COM SELO DE ARGILA. AF_07/2021","M","ATRIBUÍDO SÃO PAULO","73,09","CAIXA REFERENCIAL"]
["102673","DRENO PROFUNDO (SEÇÃO 0,50 X 1,50 M), COM TUBO DE CONCRETO SIMPLES POROSO, DN 200 MM, ENCHIMENTO COM AREIA, COM SELO DE ARGILA. AF_07/2021","M","ATRIBUÍDO SÃO PAULO","113,25","CAIXA REFERENCIAL"]
["102674","DRENO PROFUNDO (SEÇÃO 0,50 X 1,50 M), COM TUBO DE PEAD CORRUGADO PERFURADO, DN 100 MM, ENCHIMENTO COM AREIA. AF_07/2021","M","ATRIBUÍDO SÃO PAULO","77,46","CAIXA REFERENCIAL"]
["102677","DRENO PROFUNDO (SEÇÃO 0,50 X 1,50 M), COM TUBO DE CONCRETO SIMPLES POROSO, DN 200 MM, ENCHIMENTO COM AREIA. AF_07/2021","M","ATRIBUÍDO SÃO PAULO","100,68","CAIXA REFERENCIAL"]
["102678","DRENO PROFUNDO (SEÇÃO 0,50 X 1,50 M), CEGO, ENCHIMENTO DE BRITA, ENVOLVIDO COM MANTA GEOTÊXTIL, COM SELO DE ARGILA. AF_07/2021","M","COEFICIENTE DE REPRESENTATIVIDADE","120,86","CAIXA REFERENCIAL"]
["102679","DRENO PROFUNDO (SEÇÃO 0,50 X 1,50 M), CEGO, ENCHIMENTO DE BRITA, ENVOLVIDO COM MANTA GEOTÊXTIL. AF_07/2021","M","COEFICIENTE DE REPRESENTATIVIDADE","128,79","CAIXA REFERENCIAL"]
["102680","DRENO PROFUNDO (SEÇÃO 0,50 X 1,50 M), COM TUBO DE PEAD CORRUGADO PERFURADO, DN 100 MM, ENCHIMENTO COM BRITA, ENVOLVIDO COM MANTA GEOTÊXTIL, COM SELO DE ARGILA. AF_07/2021","M","ATRIBUÍDO SÃO PAULO","132,69","CAIXA REFERENCIAL"]
["102683","DRENO PROFUNDO (SEÇÃO 0,50 X 1,50 M), COM TUBO DE CONCRETO SIMPLES POROSO, DN 200 MM, ENCHIMENTO COM BRITA, ENVOLVIDO COM MANTA GEOTÊXTIL, COM SELO DE ARGILA. AF_07/2021","M","ATRIBUÍDO SÃO PAULO","158,70","CAIXA REFERENCIAL"]
["102684","DRENO PROFUNDO (SEÇÃO 0,50 X 1,50 M), COM TUBO DE PEAD CORRUGADO PERFURADO, DN 100 MM, ENCHIMENTO COM BRITA, ENVOLVIDO COM MANTA GEOTÊXTIL. AF_07/2021","M","ATRIBUÍDO SÃO PAULO","140,60","CAIXA REFERENCIAL"]
["102687","DRENO PROFUNDO (SEÇÃO 0,50 X 1,50 M), COM TUBO DE CONCRETO SIMPLES POROSO, DN 200 MM, ENCHIMENTO COM BRITA, ENVOLVIDO COM MANTA GEOTÊXTIL. AF_07/2021","M","ATRIBUÍDO SÃO PAULO","163,35","CAIXA REFERENCIAL"]
["102688","DRENO ESPINHA DE PEIXE (SEÇÃO (0,40 X 0,40 M), COM TUBO DE PEAD CORRUGADO PERFURADO, DN 100 MM, ENCHIMENTO COM AREIA, INCLUSIVE CONEXÕES. AF_07/2021","M","ATRIBUÍDO SÃO PAULO","32,19","CAIXA REFERENCIAL"]
["102690","DRENO ESPINHA DE PEIXE (SEÇÃO (0,40 X 0,40 M), COM TUBO DE PEAD CORRUGADO PERFURADO, DN 100 MM, ENCHIMENTO COM BRITA, ENVOLVIDO COM MANTA GEOTÊXTIL, INCLUSIVE CONEXÕES. AF_07/2021","M","ATRIBUÍDO SÃO PAULO","59,39","CAIXA REFERENCIAL"]
["102694","DRENO ESPINHA DE PEIXE (SEÇÃO (0,50 X 0,80 M), COM TUBO DE PEAD CORRUGADO PERFURADO, DN 100 MM, ENCHIMENTO COM AREIA, INCLUSIVE CONEXÕES. AF_07/2021","M","ATRIBUÍDO SÃO PAULO","56,49","CAIXA REFERENCIAL"]
["102697","DRENO ESPINHA DE PEIXE (SEÇÃO (0,50 X 0,80 M), COM TUBO DE PEAD CORRUGADO PERFURADO, DN 100 MM, ENCHIMENTO COM BRITA, ENVOLVIDO COM MANTA GEOTÊXTIL, INCLUSIVE CONEXÕES. AF_07/2021","M","ATRIBUÍDO SÃO PAULO","97,32","CAIXA REFERENCIAL"]
["102704","TUBO DE PEAD CORRUGADO PERFURADO, DN 100 MM, PARA DRENO - FORNECIMENTO E ASSENTAMENTO. AF_07/2021","M","ATRIBUÍDO SÃO PAULO","11,39","CAIXA REFERENCIAL"]
["102706","TUBO DE PVC CORRUGADO FLEXÍVEL PERFURADO, DN 100 MM, PARA DRENO - FORNECIMENTO E ASSENTAMENTO. AF_07/2021","M","ATRIBUÍDO SÃO PAULO","13,16","CAIXA REFERENCIAL"]
["102707","TUBO DE CONCRETO SIMPLES POROSO, DN 200 MM, PARA DRENO - FORNECIMENTO E ASSENTAMENTO. AF_07/2021","M","ATRIBUÍDO SÃO PAULO","31,93","CAIXA REFERENCIAL"]
["102708","LUVA DE PVC, SÉRIE NORMAL, PARA ESGOTO PREDIAL, DN 100 MM, INSTALADA EM DRENO  - FORNECIMENTO E INSTALAÇÃO. AF_07/2021","UN","COEFICIENTE DE REPRESENTATIVIDADE","21,59","CAIXA REFERENCIAL"]
["102710","JUNÇÃO SIMPLES DE PVC, 45 GRAUS, SÉRIE NORMAL, PARA ESGOTO PREDIAL, DN 100 MM, INSTALADA EM DRENO - FORNECIMENTO E INSTALAÇÃO. AF_07/2021","UN","COEFICIENTE DE REPRESENTATIVIDADE","55,12","CAIXA REFERENCIAL"]
["102711","JUNÇÃO DUPLA DE PVC, SÉRIE NORMAL, PARA ESGOTO PREDIAL, DN 100 X 100 X 100 MM, INSTALADA EM DRENO  - FORNECIMENTO E INSTALAÇÃO. AF_07/2021","UN","COEFICIENTE DE REPRESENTATIVIDADE","78,81","CAIXA REFERENCIAL"]
["102712","GEOTÊXTIL NÃO TECIDO 100% POLIÉSTER, RESISTÊNCIA A TRAÇÃO DE 9 KN/M (RT - 9), INSTALADO EM DRENO - FORNECIMENTO E INSTALAÇÃO. AF_07/2021","M2","COEFICIENTE DE REPRESENTATIVIDADE","9,34","CAIXA REFERENCIAL"]
["102713","GEOTÊXTIL NÃO TECIDO 100% POLIÉSTER, RESISTÊNCIA A TRAÇÃO DE 14 KN/M (RT - 14), INSTALADO EM DRENO - FORNECIMENTO E INSTALAÇÃO. AF_07/2021","M2","COEFICIENTE DE REPRESENTATIVIDADE","12,89","CAIXA REFERENCIAL"]
["102715","GEOTÊXTIL NÃO TECIDO 100% POLIÉSTER, RESISTÊNCIA A TRAÇÃO DE 26 KN/M (RT - 26), INSTALADO EM DRENO - FORNECIMENTO E INSTALAÇÃO. AF_07/2021","M2","COEFICIENTE DE REPRESENTATIVIDADE","30,65","CAIXA REFERENCIAL"]
["102716","ENCHIMENTO DE AREIA PARA DRENO, LANÇAMENTO MECANIZADO. AF_07/2021","M3","COEFICIENTE DE REPRESENTATIVIDADE","86,34","CAIXA REFERENCIAL"]
["102717","ENCHIMENTO DE BRITA PARA DRENO, LANÇAMENTO MECANIZADO. AF_07/2021","M3","COEFICIENTE DE REPRESENTATIVIDADE","105,92","CAIXA REFERENCIAL"]
["102718","ENCHIMENTO DE AREIA PARA DRENO, LANÇAMENTO MANUAL. AF_07/2021","M3","COLETADO","91,53","CAIXA REFERENCIAL"]
["102719","ENCHIMENTO DE BRITA PARA DRENO, LANÇAMENTO MANUAL. AF_07/2021","M3","COLETADO","111,11","CAIXA REFERENCIAL"]
["102722","DRENO EM MURO DE CONTENÇÃO, EXECUTADO NO PÉ DO MURO, COM TUBO DE PEAD CORRUGADO FLEXÍVEL PERFURADO, ENCHIMENTO COM BRITA, ENVOLVIDO COM MANTA GEOTÊXTIL. AF_07/2021","M","ATRIBUÍDO SÃO PAULO","49,65","CAIXA REFERENCIAL"]
["102723","DRENO EM MURO DE CONTENÇÃO, EXECUTADO NO PÉ DO MURO, COM TUBO DE PVC CORRUGADO FLEXÍVEL PERFURADO, ENCHIMENTO COM BRITA, ENVOLVIDO COM MANTA GEOTÊXTIL. AF_07/2021","M","ATRIBUÍDO SÃO PAULO","50,17","CAIXA REFERENCIAL"]
["102724","DRENO BARBACÃ, DN 100 MM, COM MATERIAL DRENANTE. AF_07/2021","UN","COEFICIENTE DE REPRESENTATIVIDADE","28,60","CAIXA REFERENCIAL"]
["102725","DRENO BARBACÃ, DN 75 MM, COM MATERIAL DRENANTE. AF_07/2021","UN","COEFICIENTE DE REPRESENTATIVIDADE","27,20","CAIXA REFERENCIAL"]
["102726","DRENO BARBACÃ, DN 50 MM, COM MATERIAL DRENANTE. AF_07/2021","UN","COEFICIENTE DE REPRESENTATIVIDADE","24,25","CAIXA REFERENCIAL"]
["92743","MURO DE GABIÃO, ENCHIMENTO COM PEDRA DE MÃO TIPO RACHÃO, DE GRAVIDADE, COM GAIOLAS DE COMPRIMENTO IGUAL A 2 M, PARA MUROS COM ALTURA MENOR OU IGUAL A 4 M \u0096 FORNECIMENTO E EXECUÇÃO. AF_12/2015","M3","ATRIBUÍDO SÃO PAULO","538,91","CAIXA REFERENCIAL"]
["92744","MURO DE GABIÃO, ENCHIMENTO COM PEDRA DE MÃO TIPO RACHÃO, DE GRAVIDADE, COM GAIOLAS DE COMPRIMENTO IGUAL A 5 M, PARA MUROS COM ALTURA MENOR OU IGUAL A 4 M \u0096 FORNECIMENTO E EXECUÇÃO. AF_12/2015","M3","ATRIBUÍDO SÃO PAULO","506,38","CAIXA REFERENCIAL"]
["92745","MURO DE GABIÃO, ENCHIMENTO COM PEDRA DE MÃO TIPO RACHÃO, DE GRAVIDADE, COM GAIOLAS DE COMPRIMENTO IGUAL A 2 M, PARA MUROS COM ALTURA MAIOR QUE 4 M E MENOR OU IGUAL A 6 M \u0096 FORNECIMENTO E EXECUÇÃO. AF_12/2015","M3","ATRIBUÍDO SÃO PAULO","665,82","CAIXA REFERENCIAL"]
["92746","MURO DE GABIÃO, ENCHIMENTO COM PEDRA DE MÃO TIPO RACHÃO, DE GRAVIDADE, COM GAIOLAS DE COMPRIMENTO IGUAL A 5 M, PARA MUROS COM ALTURA MAIOR QUE 4 M E MENOR OU IGUAL A 6 M   FORNECIMENTO E EXECUÇÃO. AF_12/2015","M3","ATRIBUÍDO SÃO PAULO","601,42","CAIXA REFERENCIAL"]
["92747","MURO DE GABIÃO, ENCHIMENTO COM PEDRA DE MÃO TIPO RACHÃO, DE GRAVIDADE, COM GAIOLAS DE COMPRIMENTO IGUAL A 2 M, PARA MUROS COM ALTURA MAIOR QUE 6 M E MENOR OU IGUAL A 10 M   FORNECIMENTO E EXECUÇÃO. AF_12/2015","M3","ATRIBUÍDO SÃO PAULO","737,67","CAIXA REFERENCIAL"]
["92748","MURO DE GABIÃO, ENCHIMENTO COM PEDRA DE MÃO TIPO RACHÃO, DE GRAVIDADE, COM GAIOLAS DE COMPRIMENTO IGUAL A 5 M, PARA MUROS COM ALTURA MAIOR QUE 6 M E MENOR OU IGUAL A 10 M\u0096 FORNECIMENTO E EXECUÇÃO. AF_12/2015","M3","ATRIBUÍDO SÃO PAULO","655,48","CAIXA REFERENCIAL"]
["92749","MURO DE GABIÃO, ENCHIMENTO COM PEDRA DE MÃO TIPO RACHÃO, COM SOLO REFORÇADO, PARA MUROS COM ALTURA MENOR OU IGUAL A 4 M   FORNECIMENTO E EXECUÇÃO. AF_12/2015","M3","ATRIBUÍDO SÃO PAULO","763,82","CAIXA REFERENCIAL"]
["92750","MURO DE GABIÃO, ENCHIMENTO COM PEDRA DE MÃO TIPO RACHÃO, COM SOLO REFORÇADO, PARA MUROS COM ALTURA MAIOR QUE 4 M E MENOR OU IGUAL A 12 M   FORNECIMENTO E EXECUÇÃO. AF_12/2015","M3","ATRIBUÍDO SÃO PAULO","1.301,32","CAIXA REFERENCIAL"]
["92751","MURO DE GABIÃO, ENCHIMENTO COM PEDRA DE MÃO TIPO RACHÃO, COM SOLO REFORÇADO, PARA MUROS COM ALTURA MAIOR QUE 12 M E MENOR OU IGUAL A 20 M    FORNECIMENTO E EXECUÇÃO. AF_12/2015","M3","ATRIBUÍDO SÃO PAULO","1.612,86","CAIXA REFERENCIAL"]
["92752","MURO DE GABIÃO, ENCHIMENTO COM PEDRA DE MÃO TIPO RACHÃO, COM SOLO REFORÇADO, PARA MUROS COM ALTURA MAIOR QUE 20 M E MENOR OU IGUAL A 28 M   FORNECIMENTO E EXECUÇÃO. AF_12/2015","M3","ATRIBUÍDO SÃO PAULO","1.923,04","CAIXA REFERENCIAL"]
["92753","MURO DE GABIÃO, ENCHIMENTO COM RESÍDUO DE CONSTRUÇÃO E DEMOLIÇÃO, DE GRAVIDADE, COM GAIOLA TRAPEZOIDAL DE COMPRIMENTO IGUAL A 2 M, PARA MUROS COM ALTURA MENOR OU IGUAL A 2 M   FORNECIMENTO E EXECUÇÃO. AF_12/2015","M3","ATRIBUÍDO SÃO PAULO","508,10","CAIXA REFERENCIAL"]
["92754","MURO DE GABIÃO, ENCHIMENTO COM RESÍDUO DE CONSTRUÇÃO E DEMOLIÇÃO, DE GRAVIDADE, COM GAIOLA TRAPEZOIDAL DE COMPRIMENTO IGUAL A 2 M, PARA MUROS COM ALTURA MAIOR QUE 2 M E MENOR OU IGUAL A 4 M    FORNECIMENTO E EXECUÇÃO. AF_12/2015","M3","ATRIBUÍDO SÃO PAULO","462,08","CAIXA REFERENCIAL"]
["92755","PROTEÇÃO SUPERFICIAL DE CANAL EM GABIÃO TIPO COLCHÃO, ALTURA DE 17 CENTÍMETROS, ENCHIMENTO COM PEDRA DE MÃO TIPO RACHÃO - FORNECIMENTO E EXECUÇÃO. AF_12/2015","M2","ATRIBUÍDO SÃO PAULO","197,73","CAIXA REFERENCIAL"]
["92756","PROTEÇÃO SUPERFICIAL DE CANAL EM GABIÃO TIPO COLCHÃO, ALTURA DE 23 CENTÍMETROS, ENCHIMENTO COM PEDRA DE MÃO TIPO RACHÃO - FORNECIMENTO E EXECUÇÃO. AF_12/2015","M2","ATRIBUÍDO SÃO PAULO","224,57","CAIXA REFERENCIAL"]
["92757","PROTEÇÃO SUPERFICIAL DE CANAL EM GABIÃO TIPO COLCHÃO, ALTURA DE 30 CENTÍMETROS, ENCHIMENTO COM PEDRA DE MÃO TIPO RACHÃO - FORNECIMENTO E EXECUÇÃO. AF_12/2015","M2","ATRIBUÍDO SÃO PAULO","257,17","CAIXA REFERENCIAL"]
["92758","PROTEÇÃO SUPERFICIAL DE CANAL EM GABIÃO TIPO SACO, DIÂMETRO DE 65 CENTÍMETROS, ENCHIMENTO MANUAL COM PEDRA DE MÃO TIPO RACHÃO - FORNECIMENTO E EXECUÇÃO. AF_12/2015","M3","ATRIBUÍDO SÃO PAULO","584,34","CAIXA REFERENCIAL"]
["91069","EXECUÇÃO DE REVESTIMENTO DE CONCRETO PROJETADO COM ESPESSURA DE 7 CM, ARMADO COM TELA, INCLINAÇÃO MENOR QUE 90°, APLICAÇÃO CONTÍNUA, UTILIZANDO EQUIPAMENTO DE PROJEÇÃO COM 6 M³/H DE CAPACIDADE. AF_01/2016","M2","ATRIBUÍDO SÃO PAULO","115,80","CAIXA REFERENCIAL"]
["91070","EXECUÇÃO DE REVESTIMENTO DE CONCRETO PROJETADO COM ESPESSURA DE 10 CM, ARMADO COM TELA, INCLINAÇÃO MENOR QUE 90°, APLICAÇÃO CONTÍNUA, UTILIZANDO EQUIPAMENTO DE PROJEÇÃO COM 6 M³/H DE CAPACIDADE. AF_01/2016","M2","ATRIBUÍDO SÃO PAULO","125,31","CAIXA REFERENCIAL"]
["91071","EXECUÇÃO DE REVESTIMENTO DE CONCRETO PROJETADO COM ESPESSURA DE 7 CM, ARMADO COM TELA, INCLINAÇÃO DE 90°, APLICAÇÃO CONTÍNUA, UTILIZANDO EQUIPAMENTO DE PROJEÇÃO COM 6 M³/H DE CAPACIDADE. AF_01/2016","M2","ATRIBUÍDO SÃO PAULO","152,88","CAIXA REFERENCIAL"]
["91072","EXECUÇÃO DE REVESTIMENTO DE CONCRETO PROJETADO COM ESPESSURA DE 10 CM, ARMADO COM TELA, INCLINAÇÃO DE 90°, APLICAÇÃO CONTÍNUA, UTILIZANDO EQUIPAMENTO DE PROJEÇÃO COM 6 M³/H DE CAPACIDADE. AF_01/2016","M2","ATRIBUÍDO SÃO PAULO","162,36","CAIXA REFERENCIAL"]
["91073","EXECUÇÃO DE REVESTIMENTO DE CONCRETO PROJETADO COM ESPESSURA DE 7 CM, ARMADO COM TELA, INCLINAÇÃO MENOR QUE 90°, APLICAÇÃO CONTÍNUA, UTILIZANDO EQUIPAMENTO DE PROJEÇÃO COM 3 M³/H DE CAPACIDADE. AF_01/2016","M2","ATRIBUÍDO SÃO PAULO","128,88","CAIXA REFERENCIAL"]
["91074","EXECUÇÃO DE REVESTIMENTO DE CONCRETO PROJETADO COM ESPESSURA DE 10 CM, ARMADO COM TELA, INCLINAÇÃO MENOR QUE 90°, APLICAÇÃO CONTÍNUA, UTILIZANDO EQUIPAMENTO DE PROJEÇÃO COM 3 M³/H DE CAPACIDADE. AF_01/2016","M2","ATRIBUÍDO SÃO PAULO","139,76","CAIXA REFERENCIAL"]
["91075","EXECUÇÃO DE REVESTIMENTO DE CONCRETO PROJETADO COM ESPESSURA DE 7 CM, ARMADO COM TELA, INCLINAÇÃO DE 90°, APLICAÇÃO CONTÍNUA, UTILIZANDO EQUIPAMENTO DE PROJEÇÃO COM 3 M³/H DE CAPACIDADE. AF_01/2016","M2","ATRIBUÍDO SÃO PAULO","168,07","CAIXA REFERENCIAL"]
["91076","EXECUÇÃO DE REVESTIMENTO DE CONCRETO PROJETADO COM ESPESSURA DE 10 CM, ARMADO COM TELA, INCLINAÇÃO DE 90°, APLICAÇÃO CONTÍNUA, UTILIZANDO EQUIPAMENTO DE PROJEÇÃO COM 3 M³/H DE CAPACIDADE. AF_01/2016","M2","ATRIBUÍDO SÃO PAULO","178,95","CAIXA REFERENCIAL"]
["91077","EXECUÇÃO DE REVESTIMENTO DE CONCRETO PROJETADO COM ESPESSURA DE 7 CM, ARMADO COM FIBRAS DE AÇO, INCLINAÇÃO MENOR QUE 90°, APLICAÇÃO CONTÍNUA, UTILIZANDO EQUIPAMENTO DE PROJEÇÃO COM 6 M³/H DE CAPACIDADE. AF_01/2016","M2","ATRIBUÍDO SÃO PAULO","108,19","CAIXA REFERENCIAL"]
["91078","EXECUÇÃO DE REVESTIMENTO DE CONCRETO PROJETADO COM ESPESSURA DE 10 CM, ARMADO COM FIBRAS DE AÇO, INCLINAÇÃO MENOR QUE 90°, APLICAÇÃO CONTÍNUA, UTILIZANDO EQUIPAMENTO DE PROJEÇÃO COM 6 M³/H DE CAPACIDADE. AF_01/2016","M2","ATRIBUÍDO SÃO PAULO","126,68","CAIXA REFERENCIAL"]
["91079","EXECUÇÃO DE REVESTIMENTO DE CONCRETO PROJETADO COM ESPESSURA DE 7 CM, ARMADO COM FIBRAS DE AÇO, INCLINAÇÃO DE 90°, APLICAÇÃO CONTÍNUA, UTILIZANDO EQUIPAMENTO DE PROJEÇÃO COM 6 M³/H DE CAPACIDADE. AF_01/2016","M2","ATRIBUÍDO SÃO PAULO","113,40","CAIXA REFERENCIAL"]
["91080","EXECUÇÃO DE REVESTIMENTO DE CONCRETO PROJETADO COM ESPESSURA DE 10 CM, ARMADO COM FIBRAS DE AÇO, INCLINAÇÃO DE 90°, APLICAÇÃO CONTÍNUA, UTILIZANDO EQUIPAMENTO DE PROJEÇÃO COM 6 M³/H DE CAPACIDADE. AF_01/2016","M2","ATRIBUÍDO SÃO PAULO","131,66","CAIXA REFERENCIAL"]
["91081","EXECUÇÃO DE REVESTIMENTO DE CONCRETO PROJETADO COM ESPESSURA DE 7 CM, ARMADO COM FIBRAS DE AÇO, INCLINAÇÃO MENOR QUE 90°, APLICAÇÃO CONTÍNUA, UTILIZANDO EQUIPAMENTO DE PROJEÇÃO COM 3 M³/H DE CAPACIDADE. AF_01/2016","M2","ATRIBUÍDO SÃO PAULO","122,86","CAIXA REFERENCIAL"]
["91082","EXECUÇÃO DE REVESTIMENTO DE CONCRETO PROJETADO COM ESPESSURA DE 10 CM, ARMADO COM FIBRAS DE AÇO, INCLINAÇÃO MENOR QUE 90°, APLICAÇÃO CONTÍNUA, UTILIZANDO EQUIPAMENTO DE PROJEÇÃO COM 3 M³/H DE CAPACIDADE. AF_01/2016","M2","ATRIBUÍDO SÃO PAULO","142,53","CAIXA REFERENCIAL"]
["91083","EXECUÇÃO DE REVESTIMENTO DE CONCRETO PROJETADO COM ESPESSURA DE 7 CM, ARMADO COM FIBRAS DE AÇO, INCLINAÇÃO DE 90°, APLICAÇÃO CONTÍNUA, UTILIZANDO EQUIPAMENTO DE PROJEÇÃO COM 3 M³/H DE CAPACIDADE. AF_01/2016","M2","ATRIBUÍDO SÃO PAULO","131,99","CAIXA REFERENCIAL"]
["91084","EXECUÇÃO DE REVESTIMENTO DE CONCRETO PROJETADO COM ESPESSURA DE 10 CM, ARMADO COM FIBRAS DE AÇO, INCLINAÇÃO DE 90°, APLICAÇÃO CONTÍNUA, UTILIZANDO EQUIPAMENTO DE PROJEÇÃO COM 3 M³/H DE CAPACIDADE. AF_01/2016","M2","ATRIBUÍDO SÃO PAULO","151,38","CAIXA REFERENCIAL"]
["91086","EXECUÇÃO DE REVESTIMENTO DE CONCRETO PROJETADO COM ESPESSURA DE 7 CM, ARMADO COM TELA, INCLINAÇÃO MENOR QUE 90°, APLICAÇÃO DESCONTÍNUA, UTILIZANDO EQUIPAMENTO DE PROJEÇÃO COM 6 M³/H DE CAPACIDADE. AF_01/2016","M2","ATRIBUÍDO SÃO PAULO","126,20","CAIXA REFERENCIAL"]
["91087","EXECUÇÃO DE REVESTIMENTO DE CONCRETO PROJETADO COM ESPESSURA DE 10 CM, ARMADO COM TELA, INCLINAÇÃO MENOR QUE 90°, APLICAÇÃO DESCONTÍNUA, UTILIZANDO EQUIPAMENTO DE PROJEÇÃO COM 6 M³/H DE CAPACIDADE. AF_01/2016","M2","ATRIBUÍDO SÃO PAULO","136,00","CAIXA REFERENCIAL"]
["91088","EXECUÇÃO DE REVESTIMENTO DE CONCRETO PROJETADO COM ESPESSURA DE 7 CM, ARMADO COM TELA, INCLINAÇÃO DE 90°, APLICAÇÃO DESCONTÍNUA, UTILIZANDO EQUIPAMENTO DE PROJEÇÃO COM 6 M³/H DE CAPACIDADE. AF_01/2016","M2","ATRIBUÍDO SÃO PAULO","164,55","CAIXA REFERENCIAL"]
["91089","EXECUÇÃO DE REVESTIMENTO DE CONCRETO PROJETADO COM ESPESSURA DE 10 CM, ARMADO COM TELA, INCLINAÇÃO DE 90°, APLICAÇÃO DESCONTÍNUA, UTILIZANDO EQUIPAMENTO DE PROJEÇÃO COM 6 M³/H DE CAPACIDADE. AF_01/2016","M2","ATRIBUÍDO SÃO PAULO","174,48","CAIXA REFERENCIAL"]
["91090","EXECUÇÃO DE REVESTIMENTO DE CONCRETO PROJETADO COM ESPESSURA DE 7 CM, ARMADO COM TELA, INCLINAÇÃO MENOR QUE 90°, APLICAÇÃO DESCONTÍNUA, UTILIZANDO EQUIPAMENTO DE PROJEÇÃO COM 3 M³/H DE CAPACIDADE. AF_01/2016","M2","ATRIBUÍDO SÃO PAULO","137,42","CAIXA REFERENCIAL"]
["91091","EXECUÇÃO DE REVESTIMENTO DE CONCRETO PROJETADO COM ESPESSURA DE 10 CM, ARMADO COM TELA, INCLINAÇÃO MENOR QUE 90°, APLICAÇÃO DESCONTÍNUA, UTILIZANDO EQUIPAMENTO DE PROJEÇÃO COM 3 M³/H DE CAPACIDADE. AF_01/2016","M2","ATRIBUÍDO SÃO PAULO","148,78","CAIXA REFERENCIAL"]
["91092","EXECUÇÃO DE REVESTIMENTO DE CONCRETO PROJETADO COM ESPESSURA DE 7 CM, ARMADO COM TELA, INCLINAÇÃO DE 90°, APLICAÇÃO DESCONTÍNUA, UTILIZANDO EQUIPAMENTO DE PROJEÇÃO COM 3 M³/H DE CAPACIDADE. AF_01/2016","M2","ATRIBUÍDO SÃO PAULO","177,43","CAIXA REFERENCIAL"]
["91093","EXECUÇÃO DE REVESTIMENTO DE CONCRETO PROJETADO COM ESPESSURA DE 10 CM, ARMADO COM TELA, INCLINAÇÃO DE 90°, APLICAÇÃO DESCONTÍNUA, UTILIZANDO EQUIPAMENTO DE PROJEÇÃO COM 3 M³/H DE CAPACIDADE. AF_01/2016","M2","ATRIBUÍDO SÃO PAULO","189,04","CAIXA REFERENCIAL"]
["91094","EXECUÇÃO DE REVESTIMENTO DE CONCRETO PROJETADO COM ESPESSURA DE 7 CM, ARMADO COM FIBRAS DE AÇO, INCLINAÇÃO MENOR QUE 90°, APLICAÇÃO DESCONTÍNUA, UTILIZANDO EQUIPAMENTO DE PROJEÇÃO COM 6 M³/H DE CAPACIDADE. AF_01/2016","M2","ATRIBUÍDO SÃO PAULO","114,09","CAIXA REFERENCIAL"]
["91095","EXECUÇÃO DE REVESTIMENTO DE CONCRETO PROJETADO COM ESPESSURA DE 10 CM, ARMADO COM FIBRAS DE AÇO, INCLINAÇÃO MENOR QUE 90°, APLICAÇÃO DESCONTÍNUA, UTILIZANDO EQUIPAMENTO DE PROJEÇÃO COM 6 M³/H DE CAPACIDADE. AF_01/2016","M2","ATRIBUÍDO SÃO PAULO","132,94","CAIXA REFERENCIAL"]
["91096","EXECUÇÃO DE REVESTIMENTO DE CONCRETO PROJETADO COM ESPESSURA DE 7 CM, ARMADO COM FIBRAS DE AÇO, INCLINAÇÃO DE 90°, APLICAÇÃO DESCONTÍNUA, UTILIZANDO EQUIPAMENTO DE PROJEÇÃO COM 6 M³/H DE CAPACIDADE. AF_01/2016","M2","ATRIBUÍDO SÃO PAULO","116,55","CAIXA REFERENCIAL"]
["91097","EXECUÇÃO DE REVESTIMENTO DE CONCRETO PROJETADO COM ESPESSURA DE 10 CM, ARMADO COM FIBRAS DE AÇO, INCLINAÇÃO DE 90°, APLICAÇÃO DESCONTÍNUA, UTILIZANDO EQUIPAMENTO DE PROJEÇÃO COM 6 M³/H DE CAPACIDADE. AF_01/2016","M2","ATRIBUÍDO SÃO PAULO","135,26","CAIXA REFERENCIAL"]
["91098","EXECUÇÃO DE REVESTIMENTO DE CONCRETO PROJETADO COM ESPESSURA DE 7 CM, ARMADO COM FIBRAS DE AÇO, INCLINAÇÃO MENOR QUE 90°, APLICAÇÃO DESCONTÍNUA, UTILIZANDO EQUIPAMENTO DE PROJEÇÃO COM 3 M³/H DE CAPACIDADE. AF_01/2016","M2","ATRIBUÍDO SÃO PAULO","128,56","CAIXA REFERENCIAL"]
["91099","EXECUÇÃO DE REVESTIMENTO DE CONCRETO PROJETADO COM ESPESSURA DE 10 CM, ARMADO COM FIBRAS DE AÇO, INCLINAÇÃO MENOR QUE 90°, APLICAÇÃO DESCONTÍNUA, UTILIZANDO EQUIPAMENTO DE PROJEÇÃO COM 3 M³/H DE CAPACIDADE. AF_01/2016","M2","ATRIBUÍDO SÃO PAULO","148,71","CAIXA REFERENCIAL"]
["91100","EXECUÇÃO DE REVESTIMENTO DE CONCRETO PROJETADO COM ESPESSURA DE 7 CM, ARMADO COM FIBRAS DE AÇO, INCLINAÇÃO DE 90°, APLICAÇÃO DESCONTÍNUA, UTILIZANDO EQUIPAMENTO DE PROJEÇÃO COM 3 M³/H DE CAPACIDADE. AF_01/2016","M2","ATRIBUÍDO SÃO PAULO","135,69","CAIXA REFERENCIAL"]
["91101","EXECUÇÃO DE REVESTIMENTO DE CONCRETO PROJETADO COM ESPESSURA DE 10 CM, ARMADO COM FIBRAS DE AÇO, INCLINAÇÃO DE 90°, APLICAÇÃO DESCONTÍNUA, UTILIZANDO EQUIPAMENTO DE PROJEÇÃO COM 3 M³/H DE CAPACIDADE. AF_01/2016","M2","ATRIBUÍDO SÃO PAULO","155,73","CAIXA REFERENCIAL"]
["93952","EXECUÇÃO DE GRAMPO PARA SOLO GRAMPEADO COM COMPRIMENTO MENOR OU IGUAL A 4 M, DIÂMETRO DE 10 CM, PERFURAÇÃO COM EQUIPAMENTO MANUAL E ARMADURA COM DIÂMETRO DE 16 MM. AF_05/2016","M","ATRIBUÍDO SÃO PAULO","200,31","CAIXA REFERENCIAL"]
["93953","EXECUÇÃO DE GRAMPO PARA SOLO GRAMPEADO COM COMPRIMENTO MAIOR QUE 4 M E MENOR OU IGUAL A 6 M, DIÂMETRO DE 10 CM, PERFURAÇÃO COM EQUIPAMENTO MANUAL E ARMADURA COM DIÂMETRO DE 16 MM. AF_05/2016","M","ATRIBUÍDO SÃO PAULO","186,65","CAIXA REFERENCIAL"]
["93954","EXECUÇÃO DE GRAMPO PARA SOLO GRAMPEADO COM COMPRIMENTO MAIOR QUE 6 M E MENOR OU IGUAL A 8 M, DIÂMETRO DE 10 CM, PERFURAÇÃO COM EQUIPAMENTO MANUAL E ARMADURA COM DIÂMETRO DE 16 MM. AF_05/2016","M","ATRIBUÍDO SÃO PAULO","178,47","CAIXA REFERENCIAL"]
["93955","EXECUÇÃO DE GRAMPO PARA SOLO GRAMPEADO COM COMPRIMENTO MAIOR QUE 8 M E MENOR OU IGUAL A 10 M, DIÂMETRO DE 10 CM, PERFURAÇÃO COM EQUIPAMENTO MANUAL E ARMADURA COM DIÂMETRO DE 16 MM. AF_05/2016","M","ATRIBUÍDO SÃO PAULO","172,66","CAIXA REFERENCIAL"]
["93956","EXECUÇÃO DE GRAMPO PARA SOLO GRAMPEADO COM COMPRIMENTO MAIOR QUE 10 M, DIÂMETRO DE 10 CM, PERFURAÇÃO COM EQUIPAMENTO MANUAL E ARMADURA COM DIÂMETRO DE 16 MM. AF_05/2016","M","ATRIBUÍDO SÃO PAULO","168,10","CAIXA REFERENCIAL"]
["93957","EXECUÇÃO DE GRAMPO PARA SOLO GRAMPEADO COM COMPRIMENTO MENOR OU IGUAL A 4 M, DIÂMETRO DE 10 CM, PERFURAÇÃO COM EQUIPAMENTO MANUAL E ARMADURA COM DIÂMETRO DE 20 MM. AF_05/2016","M","ATRIBUÍDO SÃO PAULO","217,47","CAIXA REFERENCIAL"]
["93958","EXECUÇÃO DE GRAMPO PARA SOLO GRAMPEADO COM COMPRIMENTO MAIOR QUE 4 M E MENOR OU IGUAL A 6 M, DIÂMETRO DE 10 CM, PERFURAÇÃO COM EQUIPAMENTO MANUAL E ARMADURA COM DIÂMETRO DE 20 MM. AF_05/2016","M","ATRIBUÍDO SÃO PAULO","202,96","CAIXA REFERENCIAL"]
["93959","EXECUÇÃO DE GRAMPO PARA SOLO GRAMPEADO COM COMPRIMENTO MAIOR QUE 6 M E MENOR OU IGUAL A 8 M, DIÂMETRO DE 10 CM, PERFURAÇÃO COM EQUIPAMENTO MANUAL E ARMADURA COM DIÂMETRO DE 20 MM. AF_05/2016","M","ATRIBUÍDO SÃO PAULO","194,33","CAIXA REFERENCIAL"]
["93960","EXECUÇÃO DE GRAMPO PARA SOLO GRAMPEADO COM COMPRIMENTO MAIOR QUE 8 M E MENOR OU IGUAL A 10 M, DIÂMETRO DE 10 CM, PERFURAÇÃO COM EQUIPAMENTO MANUAL E ARMADURA COM DIÂMETRO DE 20 MM. AF_05/2016","M","ATRIBUÍDO SÃO PAULO","188,26","CAIXA REFERENCIAL"]
["93961","EXECUÇÃO DE GRAMPO PARA SOLO GRAMPEADO COM COMPRIMENTO MAIOR QUE 10 M, DIÂMETRO DE 10 CM, PERFURAÇÃO COM EQUIPAMENTO MANUAL E ARMADURA COM DIÂMETRO DE 20 MM. AF_05/2016","M","ATRIBUÍDO SÃO PAULO","183,51","CAIXA REFERENCIAL"]
["93962","EXECUÇÃO DE GRAMPO PARA SOLO GRAMPEADO COM COMPRIMENTO MENOR OU IGUAL A 4 M, DIÂMETRO DE 7 CM, PERFURAÇÃO COM EQUIPAMENTO MANUAL E ARMADURA COM DIÂMETRO DE 16 MM. AF_05/2016","M","ATRIBUÍDO SÃO PAULO","189,48","CAIXA REFERENCIAL"]
["93963","EXECUÇÃO DE GRAMPO PARA SOLO GRAMPEADO COM COMPRIMENTO MAIOR QUE 4 E MENOR OU IGUAL A 6 M, DIÂMETRO DE 7 CM, PERFURAÇÃO COM EQUIPAMENTO MANUAL E ARMADURA COM DIÂMETRO DE 16 MM. AF_05/2016","M","ATRIBUÍDO SÃO PAULO","175,88","CAIXA REFERENCIAL"]
["93964","EXECUÇÃO DE GRAMPO PARA SOLO GRAMPEADO COM COMPRIMENTO MAIOR QUE 6 M E MENOR OU IGUAL A 8 M, DIÂMETRO DE 7 CM, PERFURAÇÃO COM EQUIPAMENTO MANUAL E ARMADURA COM DIÂMETRO DE 16 MM. AF_05/2016","M","ATRIBUÍDO SÃO PAULO","167,73","CAIXA REFERENCIAL"]
["93965","EXECUÇÃO DE GRAMPO PARA SOLO GRAMPEADO COM COMPRIMENTO MAIOR QUE 8 M E MENOR OU IGUAL A 10 M, DIÂMETRO DE 7 CM, PERFURAÇÃO COM EQUIPAMENTO MANUAL E ARMADURA COM DIÂMETRO DE 16 MM. AF_05/2016","M","ATRIBUÍDO SÃO PAULO","159,51","CAIXA REFERENCIAL"]
["93966","EXECUÇÃO DE GRAMPO PARA SOLO GRAMPEADO COM COMPRIMENTO MAIOR QUE 10 M, DIÂMETRO DE 7 CM, PERFURAÇÃO COM EQUIPAMENTO MANUAL E ARMADURA COM DIÂMETRO DE 16 MM. AF_05/2016","M","ATRIBUÍDO SÃO PAULO","157,45","CAIXA REFERENCIAL"]
["93967","EXECUÇÃO DE GRAMPO PARA SOLO GRAMPEADO COM COMPRIMENTO MENOR OU IGUAL A 4 M, DIÂMETRO DE 7 CM, PERFURAÇÃO COM EQUIPAMENTO MANUAL E ARMADURA COM DIÂMETRO DE 20 MM. AF_05/2016","M","ATRIBUÍDO SÃO PAULO","206,64","CAIXA REFERENCIAL"]
["93968","EXECUÇÃO DE GRAMPO PARA SOLO GRAMPEADO COM COMPRIMENTO MAIOR QUE 4 E MENOR OU IGUAL A 6 M, DIÂMETRO DE 7 CM, PERFURAÇÃO COM EQUIPAMENTO MANUAL E ARMADURA COM DIÂMETRO DE 20 MM. AF_05/2016","M","ATRIBUÍDO SÃO PAULO","192,17","CAIXA REFERENCIAL"]
["93969","EXECUÇÃO DE GRAMPO PARA SOLO GRAMPEADO COM COMPRIMENTO MAIOR QUE 6 M E MENOR OU IGUAL A 8 M, DIÂMETRO DE 7 CM, PERFURAÇÃO COM EQUIPAMENTO MANUAL E ARMADURA COM DIÂMETRO DE 20 MM. AF_05/2016","M","ATRIBUÍDO SÃO PAULO","183,57","CAIXA REFERENCIAL"]
["93970","EXECUÇÃO DE GRAMPO PARA SOLO GRAMPEADO COM COMPRIMENTO MAIOR QUE 8 MENOR OU IGUAL A 10 M, DIÂMETRO DE 7 CM, PERFURAÇÃO COM EQUIPAMENTO MANUAL E ARMADURA COM DIÂMETRO DE 20 MM. AF_05/2016","M","ATRIBUÍDO SÃO PAULO","177,58","CAIXA REFERENCIAL"]
["93971","EXECUÇÃO DE GRAMPO PARA SOLO GRAMPEADO COM COMPRIMENTO MAIOR QUE 10 M, DIÂMETRO DE 7 CM, PERFURAÇÃO COM EQUIPAMENTO MANUAL E ARMADURA COM DIÂMETRO DE 20 MM. AF_05/2016","M","ATRIBUÍDO SÃO PAULO","167,14","CAIXA REFERENCIAL"]
["95108","EXECUÇÃO DE PROTEÇÃO DA CABEÇA DO TIRANTE COM USO DE FÔRMAS EM CHAPA COMPENSADA PLASTIFICADA DE MADEIRA E CONCRETO FCK =15 MPA. AF_07/2016","UN","ATRIBUÍDO SÃO PAULO","24,68","CAIXA REFERENCIAL"]
["100332","CONTENÇÃO EM PERFIL PRANCHADO COM PRANCHÃO DE MADEIRA, PERFIS ESPAÇADOS A 1,5 M PARA 1 SUBSOLO. AF_07/2019","M2","ATRIBUÍDO SÃO PAULO","1.280,00","CAIXA REFERENCIAL"]
["100333","CONTENÇÃO EM PERFIL PRANCHADO COM PRANCHÃO DE MADEIRA, PERFIS ESPAÇADOS A 1,5 M PARA 2 OU MAIS SUBSOLOS. AF_07/2019","M2","ATRIBUÍDO SÃO PAULO","743,61","CAIXA REFERENCIAL"]
["100334","CONTENÇÃO EM PERFIL PRANCHADO COM PRANCHÃO DE MADEIRA, PERFIS ESPAÇADOS A 2 M PARA 1 SUBSOLO. AF_07/2019","M2","ATRIBUÍDO SÃO PAULO","990,76","CAIXA REFERENCIAL"]
["100335","CONTENÇÃO EM PERFIL PRANCHADO COM PRANCHÃO DE MADEIRA, PERFIS ESPAÇADOS A 2 M PARA 2 OU MAIS SUBSOLOS. AF_07/2019","M2","ATRIBUÍDO SÃO PAULO","588,47","CAIXA REFERENCIAL"]
["100341","FABRICAÇÃO, MONTAGEM E DESMONTAGEM DE FÔRMA PARA CORTINA DE CONTENÇÃO, EM CHAPA DE MADEIRA COMPENSADA PLASTIFICADA, E = 18 MM, 10 UTILIZAÇÕES. AF_07/2019","M2","COEFICIENTE DE REPRESENTATIVIDADE","30,68","CAIXA REFERENCIAL"]
["100342","ARMAÇÃO DE CORTINA DE CONTENÇÃO EM CONCRETO ARMADO, COM AÇO CA-50 DE 6,3 MM - MONTAGEM. AF_07/2019","KG","COEFICIENTE DE REPRESENTATIVIDADE","17,77","CAIXA REFERENCIAL"]
["100343","ARMAÇÃO DE CORTINA DE CONTENÇÃO EM CONCRETO ARMADO, COM AÇO CA-50 DE 8 MM - MONTAGEM. AF_07/2019","KG","COEFICIENTE DE REPRESENTATIVIDADE","17,15","CAIXA REFERENCIAL"]
["100344","ARMAÇÃO DE CORTINA DE CONTENÇÃO EM CONCRETO ARMADO, COM AÇO CA-50 DE 10 MM - MONTAGEM. AF_07/2019","KG","COEFICIENTE DE REPRESENTATIVIDADE","15,61","CAIXA REFERENCIAL"]
["100345","ARMAÇÃO DE CORTINA DE CONTENÇÃO EM CONCRETO ARMADO, COM AÇO CA-50 DE 12,5 MM - MONTAGEM. AF_07/2019","KG","COEFICIENTE DE REPRESENTATIVIDADE","13,30","CAIXA REFERENCIAL"]
["100346","ARMAÇÃO DE CORTINA DE CONTENÇÃO EM CONCRETO ARMADO, COM AÇO CA-50 DE 16 MM - MONTAGEM. AF_07/2019","KG","COEFICIENTE DE REPRESENTATIVIDADE","12,83","CAIXA REFERENCIAL"]
["100347","ARMAÇÃO DE CORTINA DE CONTENÇÃO EM CONCRETO ARMADO, COM AÇO CA-50 DE 20 MM - MONTAGEM. AF_07/2019","KG","COEFICIENTE DE REPRESENTATIVIDADE","14,60","CAIXA REFERENCIAL"]
["100348","ARMAÇÃO DE CORTINA DE CONTENÇÃO EM CONCRETO ARMADO, COM AÇO CA-50 DE 25 MM - MONTAGEM. AF_07/2019","KG","COEFICIENTE DE REPRESENTATIVIDADE","14,37","CAIXA REFERENCIAL"]
["100349","CONCRETAGEM DE CORTINA DE CONTENÇÃO, ATRAVÉS DE BOMBA  \u0096 LANÇAMENTO, ADENSAMENTO E ACABAMENTO. AF_07/2019","M3","ATRIBUÍDO SÃO PAULO","429,18","CAIXA REFERENCIAL"]
["102989","CANALETA MEIA CANA PRÉ-MOLDADA DE CONCRETO (D = 20 CM) - FORNECIMENTO E INSTALAÇÃO. AF_08/2021","M","ATRIBUÍDO SÃO PAULO","27,69","CAIXA REFERENCIAL"]
["102990","CANALETA MEIA CANA PRÉ-MOLDADA DE CONCRETO (D = 30 CM) - FORNECIMENTO E INSTALAÇÃO. AF_08/2021","M","ATRIBUÍDO SÃO PAULO","33,63","CAIXA REFERENCIAL"]
["102991","CANALETA MEIA CANA PRÉ-MOLDADA DE CONCRETO (D = 40 CM) - FORNECIMENTO E INSTALAÇÃO. AF_08/2021","M","ATRIBUÍDO SÃO PAULO","43,53","CAIXA REFERENCIAL"]
["102992","CANALETA MEIA CANA PRÉ-MOLDADA DE CONCRETO (D = 50 CM) - FORNECIMENTO E INSTALAÇÃO. AF_08/2021","M","ATRIBUÍDO SÃO PAULO","63,61","CAIXA REFERENCIAL"]
["102993","CANALETA MEIA CANA PRÉ-MOLDADA DE CONCRETO (D = 60 CM) - FORNECIMENTO E INSTALAÇÃO. AF_08/2021","M","ATRIBUÍDO SÃO PAULO","82,87","CAIXA REFERENCIAL"]
["102994","CANALETA MEIA CANA PRÉ-MOLDADA DE CONCRETO (D = 80 CM) - FORNECIMENTO E INSTALAÇÃO. AF_08/2021","M","ATRIBUÍDO SÃO PAULO","140,31","CAIXA REFERENCIAL"]
["102995","EXECUÇÃO DE CANALETA DE CONCRETO MOLDADO IN LOCO, ESPESSURA DE 0,07 M, GEOMETRIA TRAPEZOIDAL (DIMENSÕES INTERNAS: B=0,6 M; B=0,147 M; H=0,2 M). AF_08/2021","M","ATRIBUÍDO SÃO PAULO","37,97","CAIXA REFERENCIAL"]
["102996","EXECUÇÃO DE CANALETA DE CONCRETO MOLDADO IN LOCO, ESPESSURA DE 0,07 M, GEOMETRIA TRAPEZOIDAL (DIMENSÕES INTERNAS: B=0,9 M; B=0,246 M; H=0,3 M). AF_08/2021","M","ATRIBUÍDO SÃO PAULO","53,64","CAIXA REFERENCIAL"]
["102997","EXECUÇÃO DE CANALETA DE CONCRETO MOLDADO IN LOCO, ESPESSURA DE 0,08 M, GEOMETRIA TRAPEZOIDAL (DIMENSÕES INTERNAS: B=1M; B=0,5 M; H=0,25 M). AF_08/2021","M","ATRIBUÍDO SÃO PAULO","71,37","CAIXA REFERENCIAL"]
["102998","EXECUÇÃO DE CANALETA DE CONCRETO MOLDADO IN LOCO, ESPESSURA DE 0,08 M, GEOMETRIA TRAPEZOIDAL (DIMENSÕES INTERNAS: B=1,074 M; B=0,534 M; H=0,27 M). AF_08/2021","M","ATRIBUÍDO SÃO PAULO","68,36","CAIXA REFERENCIAL"]
["102999","EXECUÇÃO DE CANALETA DE CONCRETO MOLDADO IN LOCO, ESPESSURA DE 0,08 M, GEOMETRIA TRAPEZOIDAL (DIMENSÕES INTERNAS: B=1,4 M; B=0,7 M; H=0,35 M). AF_08/2021","M","ATRIBUÍDO SÃO PAULO","86,47","CAIXA REFERENCIAL"]
["103000","EXECUÇÃO DE CANALETA DE CONCRETO MOLDADO IN LOCO, ESPESSURA DE 0,08 M, GEOMETRIA TRAPEZOIDAL (DIMENSÕES INTERNAS: B=1,474 M; B=0,934 M; H=0,27 M). AF_08/2021","M","ATRIBUÍDO SÃO PAULO","86,81","CAIXA REFERENCIAL"]
["103001","GRELHA DE FERRO FUNDIDO SIMPLES COM REQUADRO, 150 X 1000 MM, ASSENTADA COM ARGAMASSA 1 : 3 CIMENTO: AREIA - FORNECIMENTO E INSTALAÇÃO. AF_08/2021","UN","ATRIBUÍDO SÃO PAULO","242,67","CAIXA REFERENCIAL"]
["103002","GRELHA DE FERRO FUNDIDO SIMPLES COM REQUADRO, 200 X 1000 MM, ASSENTADA COM ARGAMASSA 1 : 3 CIMENTO: AREIA - FORNECIMENTO E INSTALAÇÃO. AF_08/2021","UN","ATRIBUÍDO SÃO PAULO","303,95","CAIXA REFERENCIAL"]
["103003","GRELHA DE FERRO FUNDIDO SIMPLES COM REQUADRO, 300 X 1000 MM, ASSENTADA COM ARGAMASSA 1 : 3 CIMENTO: AREIA - FORNECIMENTO E INSTALAÇÃO. AF_08/2021","UN","ATRIBUÍDO SÃO PAULO","426,56","CAIXA REFERENCIAL"]
["103005","CAIXA COM GRELHA RETANGULAR DE FERRO FUNDIDO, EM ALVENARIA COM TIJOLOS CERÂMICOS MACIÇOS, DIMENSÕES INTERNAS: 0,15 X 1,00 X 0,3 M. AF_08/2021","UN","ATRIBUÍDO SÃO PAULO","524,65","CAIXA REFERENCIAL"]
["103006","CAIXA COM GRELHA RETANGULAR DE FERRO FUNDIDO, EM ALVENARIA COM TIJOLOS CERÂMICOS MACIÇOS, DIMENSÕES INTERNAS: 0,20 X 1,00 X 0,4 M. AF_08/2021","UN","ATRIBUÍDO SÃO PAULO","706,59","CAIXA REFERENCIAL"]
["103007","CAIXA COM GRELHA RETANGULAR DE FERRO FUNDIDO, EM ALVENARIA COM TIJOLOS CERÂMICOS MACIÇOS, DIMENSÕES INTERNAS: 0,30 X 1,00 X 0,5 M. AF_08/2021","UN","ATRIBUÍDO SÃO PAULO","937,33","CAIXA REFERENCIAL"]
["97933","CAIXA COM GRELHA SIMPLES RETANGULAR, EM CONCRETO PRÉ-MOLDADO, DIMENSÕES INTERNAS: 0,6X1,0X1,0 M. AF_12/2020","UN","ATRIBUÍDO SÃO PAULO","706,45","CAIXA REFERENCIAL"]
["97934","CAIXA COM GRELHA DUPLA RETANGULAR, EM CONCRETO PRÉ-MOLDADO, DIMENSÕES INTERNAS: 0,6X2,2X1,0 M. AF_12/2020","UN","ATRIBUÍDO SÃO PAULO","1.713,88","CAIXA REFERENCIAL"]
["97935","CAIXA PARA BOCA DE LOBO SIMPLES RETANGULAR, EM CONCRETO PRÉ-MOLDADO, DIMENSÕES INTERNAS: 0,6X1,0X1,2 M. AF_12/2020","UN","ATRIBUÍDO SÃO PAULO","608,77","CAIXA REFERENCIAL"]
["97936","CAIXA PARA BOCA DE LOBO DUPLA RETANGULAR, EM CONCRETO PRÉ-MOLDADO, DIMENSÕES INTERNAS: 0,6X2,2X1,2 M. AF_12/2020","UN","ATRIBUÍDO SÃO PAULO","1.581,16","CAIXA REFERENCIAL"]
["97947","CAIXA COM GRELHA SIMPLES RETANGULAR, EM ALVENARIA COM TIJOLOS CERÂMICOS MACIÇOS, DIMENSÕES INTERNAS: 0,5X1X1 M. AF_12/2020","UN","ATRIBUÍDO SÃO PAULO","1.274,98","CAIXA REFERENCIAL"]
["97948","CAIXA COM GRELHA DUPLA RETANGULAR, EM ALVENARIA COM TIJOLOS CERÂMICOS MACIÇOS, DIMENSÕES INTERNAS: 0,5X2,2X1 M. AF_12/2020","UN","ATRIBUÍDO SÃO PAULO","2.368,39","CAIXA REFERENCIAL"]
["97949","CAIXA PARA BOCA DE LOBO SIMPLES RETANGULAR, EM ALVENARIA COM TIJOLOS CERÂMICOS MACIÇOS, DIMENSÕES INTERNAS: 0,6X1X1,2 M. AF_12/2020","UN","ATRIBUÍDO SÃO PAULO","1.326,67","CAIXA REFERENCIAL"]
["97950","CAIXA PARA BOCA DE LOBO DUPLA RETANGULAR, EM ALVENARIA COM TIJOLOS CERÂMICOS MACIÇOS, DIMENSÕES INTERNAS: 0,6X2,2X1,2 M. AF_12/2020","UN","ATRIBUÍDO SÃO PAULO","2.365,68","CAIXA REFERENCIAL"]
["97951","CAIXA PARA BOCA DE LOBO COMBINADA COM GRELHA RETANGULAR, EM ALVENARIA COM TIJOLOS CERÂMICOS MACIÇOS, DIMENSÕES INTERNAS: 1,3X1X1,2 M. AF_12/2020","UN","ATRIBUÍDO SÃO PAULO","2.087,99","CAIXA REFERENCIAL"]
["97952","CAIXA PARA BOCA DE LOBO DUPLA COMBINADA COM GRELHA RETANGULAR, EM ALVENARIA COM TIJOLOS CERÂMICOS MACIÇOS, DIMENSÕES INTERNAS: 1,3X2,2X1,2 M. AF_12/2020","UN","ATRIBUÍDO SÃO PAULO","3.646,00","CAIXA REFERENCIAL"]
["97953","CAIXA COM GRELHA SIMPLES RETANGULAR, EM ALVENARIA COM BLOCOS DE CONCRETO, DIMENSÕES INTERNAS: 0,5X1X1 M. AF_12/2020","UN","ATRIBUÍDO SÃO PAULO","975,53","CAIXA REFERENCIAL"]
["97955","CAIXA COM GRELHA DUPLA RETANGULAR, EM ALVENARIA COM BLOCOS DE CONCRETO, DIMENSÕES INTERNAS: 0,5X2,2X1 M. AF_12/2020","UN","ATRIBUÍDO SÃO PAULO","2.136,57","CAIXA REFERENCIAL"]
["97956","CAIXA PARA BOCA DE LOBO SIMPLES RETANGULAR, EM ALVENARIA COM BLOCOS DE CONCRETO, DIMENSÕES INTERNAS: 0,6X1X1,2 M. AF_12/2020","UN","ATRIBUÍDO SÃO PAULO","1.104,38","CAIXA REFERENCIAL"]
["97957","CAIXA PARA BOCA DE LOBO DUPLA RETANGULAR, EM ALVENARIA COM BLOCOS DE CONCRETO, DIMENSÕES INTERNAS: 0,6X2,2X1,2 M. AF_12/2020","UN","ATRIBUÍDO SÃO PAULO","1.996,63","CAIXA REFERENCIAL"]
["97961","CAIXA PARA BOCA DE LOBO COMBINADA COM GRELHA RETANGULAR, EM ALVENARIA COM BLOCOS DE CONCRETO, DIMENSÕES INTERNAS: 1,3X1X1,2 M. AF_12/2020","UN","ATRIBUÍDO SÃO PAULO","1.744,78","CAIXA REFERENCIAL"]
["97973","CAIXA PARA BOCA DE LOBO DUPLA COMBINADA COM GRELHA RETANGULAR, EM ALVENARIA COM BLOCOS DE CONCRETO, DIMENSÕES INTERNAS: 1,3X2,2X1,2 M. AF_12/2020","UN","ATRIBUÍDO SÃO PAULO","3.292,34","CAIXA REFERENCIAL"]
["97974","POÇO DE INSPEÇÃO CIRCULAR PARA ESGOTO, EM CONCRETO PRÉ-MOLDADO, DIÂMETRO INTERNO = 0,6 M, PROFUNDIDADE = 1 M, EXCLUINDO TAMPÃO. AF_12/2020","UN","ATRIBUÍDO SÃO PAULO","319,24","CAIXA REFERENCIAL"]
["97975","POÇO DE INSPEÇÃO CIRCULAR PARA ESGOTO, EM CONCRETO PRÉ-MOLDADO, DIÂMETRO INTERNO = 0,6 M, PROFUNDIDADE = 1,5 M, EXCLUINDO TAMPÃO. AF_12/2020","UN","ATRIBUÍDO SÃO PAULO","337,59","CAIXA REFERENCIAL"]
["97976","POÇO DE INSPEÇÃO CIRCULAR PARA ESGOTO, EM ALVENARIA COM TIJOLOS CERÂMICOS MACIÇOS, DIÂMETRO INTERNO = 0,6 M, PROFUNDIDADE = 1 M, EXCLUINDO TAMPÃO. AF_12/2020","UN","ATRIBUÍDO SÃO PAULO","861,58","CAIXA REFERENCIAL"]
["97977","POÇO DE INSPEÇÃO CIRCULAR PARA ESGOTO, EM ALVENARIA COM TIJOLOS CERÂMICOS MACIÇOS, DIÂMETRO INTERNO = 0,6 M, PROFUNDIDADE = 1,5 M, EXCLUINDO TAMPÃO. AF_12/2020","UN","ATRIBUÍDO SÃO PAULO","1.195,21","CAIXA REFERENCIAL"]
["97978","BASE PARA POÇO DE VISITA CIRCULAR PARA ESGOTO, EM CONCRETO PRÉ-MOLDADO, DIÂMETRO INTERNO = 0,8 M, PROFUNDIDADE = 1,45 M, EXCLUINDO TAMPÃO. AF_12/2020","UN","ATRIBUÍDO SÃO PAULO","657,43","CAIXA REFERENCIAL"]
["97980","BASE PARA POÇO DE VISITA CIRCULAR PARA  ESGOTO, EM ALVENARIA COM TIJOLOS CERÂMICOS MACIÇOS, DIÂMETRO INTERNO = 0,8 M, PROFUNDIDADE = 1,45 M, EXCLUINDO TAMPÃO. AF_12/2020","UN","ATRIBUÍDO SÃO PAULO","1.594,31","CAIXA REFERENCIAL"]
["97981","ACRÉSCIMO PARA POÇO DE VISITA CIRCULAR PARA ESGOTO, EM ALVENARIA COM TIJOLOS CERÂMICOS MACIÇOS, DIÂMETRO INTERNO = 0,8 M. AF_12/2020","M","ATRIBUÍDO SÃO PAULO","879,93","CAIXA REFERENCIAL"]
["97983","ACRÉSCIMO PARA POÇO DE VISITA CIRCULAR PARA ESGOTO, EM CONCRETO PRÉ-MOLDADO, DIÂMETRO INTERNO = 1 M. AF_12/2020","M","ATRIBUÍDO SÃO PAULO","348,27","CAIXA REFERENCIAL"]
["97985","ACRÉSCIMO PARA POÇO DE VISITA CIRCULAR PARA  ESGOTO, EM ALVENARIA COM TIJOLOS CERÂMICOS MACIÇOS, DIÂMETRO INTERNO = 1 M. AF_12/2020","M","ATRIBUÍDO SÃO PAULO","1.060,70","CAIXA REFERENCIAL"]
["97987","ACRÉSCIMO PARA POÇO DE VISITA CIRCULAR PARA ESGOTO, EM CONCRETO PRÉ-MOLDADO, DIÂMETRO INTERNO = 1,2 M. AF_12/2020","M","ATRIBUÍDO SÃO PAULO","461,45","CAIXA REFERENCIAL"]
["97988","BASE PARA POÇO DE VISITA CIRCULAR PARA  ESGOTO, EM ALVENARIA COM TIJOLOS CERÂMICOS MACIÇOS, DIÂMETRO INTERNO = 1,2 M, PROFUNDIDADE = 1,45 M, EXCLUINDO TAMPÃO. AF_12/2020","UN","ATRIBUÍDO SÃO PAULO","2.356,59","CAIXA REFERENCIAL"]
["97989","ACRÉSCIMO PARA POÇO DE VISITA CIRCULAR PARA ESGOTO, EM ALVENARIA COM TIJOLOS CERÂMICOS MACIÇOS, DIÂMETRO INTERNO = 1,2 M. AF_12/2020","M","ATRIBUÍDO SÃO PAULO","1.241,52","CAIXA REFERENCIAL"]
["97991","ACRÉSCIMO PARA POÇO DE VISITA CIRCULAR PARA  ESGOTO, EM CONCRETO PRÉ-MOLDADO, DIÂMETRO INTERNO = 1,5 M. AF_12/2020","M","ATRIBUÍDO SÃO PAULO","667,60","CAIXA REFERENCIAL"]
["97992","BASE PARA POÇO DE VISITA CIRCULAR PARA ESGOTO, EM ALVENARIA COM TIJOLOS CERÂMICOS MACIÇOS, DIÂMETRO INTERNO = 1,5 M, PROFUNDIDADE = 1,45 M, EXCLUINDO TAMPÃO. AF_12/2020","UN","ATRIBUÍDO SÃO PAULO","3.031,46","CAIXA REFERENCIAL"]
["97993","ACRÉSCIMO PARA POÇO DE VISITA CIRCULAR PARA  ESGOTO, EM ALVENARIA COM TIJOLOS CERÂMICOS MACIÇOS, DIÂMETRO INTERNO = 1,5 M. AF_12/2020","M","ATRIBUÍDO SÃO PAULO","1.512,68","CAIXA REFERENCIAL"]
["97994","BASE PARA POÇO DE VISITA RETANGULAR PARA  ESGOTO, EM ALVENARIA COM BLOCOS DE CONCRETO, DIMENSÕES INTERNAS = 1X1 M, PROFUNDIDADE = 1,45 M, EXCLUINDO TAMPÃO. AF_12/2020","UN","ATRIBUÍDO SÃO PAULO","2.083,08","CAIXA REFERENCIAL"]
["97995","ACRÉSCIMO PARA POÇO DE VISITA RETANGULAR PARA ESGOTO, EM ALVENARIA COM BLOCOS DE CONCRETO, DIMENSÕES INTERNAS = 1X1 M. AF_12/2020","M","ATRIBUÍDO SÃO PAULO","992,06","CAIXA REFERENCIAL"]
["97996","BASE PARA POÇO DE VISITA RETANGULAR PARA ESGOTO, EM ALVENARIA COM BLOCOS DE CONCRETO, DIMENSÕES INTERNAS = 1X1,5 M, PROFUNDIDADE = 1,45 M, EXCLUINDO TAMPÃO. AF_12/2020","UN","ATRIBUÍDO SÃO PAULO","2.644,31","CAIXA REFERENCIAL"]
["97997","ACRÉSCIMO PARA POÇO DE VISITA RETANGULAR PARA ESGOTO, EM ALVENARIA COM BLOCOS DE CONCRETO, DIMENSÕES INTERNAS = 1X1,5 M. AF_12/2020","M","ATRIBUÍDO SÃO PAULO","1.183,55","CAIXA REFERENCIAL"]
["97999","ACRÉSCIMO PARA POÇO DE VISITA RETANGULAR PARA ESGOTO, EM ALVENARIA COM BLOCOS DE CONCRETO, DIMENSÕES INTERNAS = 1X2 M. AF_12/2020","M","ATRIBUÍDO SÃO PAULO","1.375,06","CAIXA REFERENCIAL"]
["98001","ACRÉSCIMO PARA POÇO DE VISITA RETANGULAR PARA ESGOTO, EM ALVENARIA COM BLOCOS DE CONCRETO, DIMENSÕES INTERNAS = 1X2,5 M. AF_12/2020","M","ATRIBUÍDO SÃO PAULO","1.566,56","CAIXA REFERENCIAL"]
["98002","BASE PARA POÇO DE VISITA RETANGULAR PARA ESGOTO, EM ALVENARIA COM BLOCOS DE CONCRETO, DIMENSÕES INTERNAS = 1X3 M, PROFUNDIDADE = 1,45 M, EXCLUINDO TAMPÃO. AF_12/2020","UN","ATRIBUÍDO SÃO PAULO","4.360,09","CAIXA REFERENCIAL"]
["98003","ACRÉSCIMO PARA POÇO DE VISITA RETANGULAR PARA ESGOTO, EM ALVENARIA COM BLOCOS DE CONCRETO, DIMENSÕES INTERNAS = 1X3 M. AF_12/2020","M","ATRIBUÍDO SÃO PAULO","1.758,09","CAIXA REFERENCIAL"]
["98005","ACRÉSCIMO PARA POÇO DE VISITA RETANGULAR PARA ESGOTO, EM ALVENARIA COM BLOCOS DE CONCRETO, DIMENSÕES INTERNAS = 1X3,5 M. AF_12/2020","M","ATRIBUÍDO SÃO PAULO","1.949,63","CAIXA REFERENCIAL"]
["98006","BASE PARA POÇO DE VISITA RETANGULAR PARA ESGOTO, EM ALVENARIA COM BLOCOS DE CONCRETO, DIMENSÕES INTERNAS = 1X4 M, PROFUNDIDADE = 1,45 M, EXCLUINDO TAMPÃO. AF_12/2020","UN","ATRIBUÍDO SÃO PAULO","5.485,84","CAIXA REFERENCIAL"]
["98007","ACRÉSCIMO PARA POÇO DE VISITA RETANGULAR PARA ESGOTO, EM ALVENARIA COM BLOCOS DE CONCRETO, DIMENSÕES INTERNAS = 1X4 M. AF_12/2020","M","ATRIBUÍDO SÃO PAULO","2.141,12","CAIXA REFERENCIAL"]
["98008","BASE PARA POÇO DE VISITA RETANGULAR PARA ESGOTO, EM ALVENARIA COM BLOCOS DE CONCRETO, DIMENSÕES INTERNAS = 1,5X1,5 M, PROFUNDIDADE = 1,45 M, EXCLUINDO TAMPÃO . AF_12/2020","UN","ATRIBUÍDO SÃO PAULO","3.290,91","CAIXA REFERENCIAL"]
["98009","ACRÉSCIMO PARA POÇO DE VISITA RETANGULAR PARA ESGOTO, EM ALVENARIA COM BLOCOS DE CONCRETO, DIMENSÕES INTERNAS = 1,5X1,5 M. AF_12/2020","M","ATRIBUÍDO SÃO PAULO","1.375,06","CAIXA REFERENCIAL"]
["98010","BASE PARA POÇO DE VISITA RETANGULAR PARA ESGOTO, EM ALVENARIA COM BLOCOS DE CONCRETO, DIMENSÕES INTERNAS = 1,5X2 M, PROFUNDIDADE = 1,45 M, EXCLUINDO TAMPÃO. AF_12/2020","UN","ATRIBUÍDO SÃO PAULO","4.029,42","CAIXA REFERENCIAL"]
["98011","ACRÉSCIMO PARA POÇO DE VISITA RETANGULAR PARA ESGOTO, EM ALVENARIA COM BLOCOS DE CONCRETO, DIMENSÕES INTERNAS = 1,5X2 M. AF_12/2020","M","ATRIBUÍDO SÃO PAULO","1.566,56","CAIXA REFERENCIAL"]
["98012","BASE PARA POÇO DE VISITA RETANGULAR PARA ESGOTO, EM ALVENARIA COM BLOCOS DE CONCRETO, DIMENSÕES INTERNAS = 1,5X2,5 M, PROFUNDIDADE = 1,45 M, EXCLUINDO TAMPÃO. AF_12/2020","UN","ATRIBUÍDO SÃO PAULO","4.742,13","CAIXA REFERENCIAL"]
["98013","ACRÉSCIMO PARA POÇO DE VISITA RETANGULAR PARA ESGOTO, EM ALVENARIA COM BLOCOS DE CONCRETO, DIMENSÕES INTERNAS = 1,5X2,5 M. AF_12/2020","M","ATRIBUÍDO SÃO PAULO","1.758,09","CAIXA REFERENCIAL"]
["98014","BASE PARA POÇO DE VISITA RETANGULAR PARA ESGOTO, EM ALVENARIA COM BLOCOS DE CONCRETO, DIMENSÕES INTERNAS = 1,5X3 M, PROFUNDIDADE = 1,45 M, EXCLUINDO TAMPÃO. AF_12/2020","UN","ATRIBUÍDO SÃO PAULO","5.454,83","CAIXA REFERENCIAL"]
["98015","ACRÉSCIMO PARA POÇO DE VISITA RETANGULAR PARA ESGOTO, EM ALVENARIA COM BLOCOS DE CONCRETO, DIMENSÕES INTERNAS = 1,5X3 M. AF_12/2020","M","ATRIBUÍDO SÃO PAULO","1.949,63","CAIXA REFERENCIAL"]
["98016","BASE PARA POÇO DE VISITA RETANGULAR PARA ESGOTO, EM ALVENARIA COM BLOCOS DE CONCRETO, DIMENSÕES INTERNAS = 1,5X3,5 M, PROFUNDIDADE = 1,45 M, EXCLUINDO TAMPÃO. AF_12/2020","UN","ATRIBUÍDO SÃO PAULO","6.171,04","CAIXA REFERENCIAL"]
["98017","ACRÉSCIMO PARA POÇO DE VISITA RETANGULAR PARA ESGOTO, EM ALVENARIA COM BLOCOS DE CONCRETO, DIMENSÕES INTERNAS = 1,5X3,5 M. AF_12/2020","M","ATRIBUÍDO SÃO PAULO","2.141,12","CAIXA REFERENCIAL"]
["98018","BASE PARA POÇO DE VISITA RETANGULAR PARA ESGOTO, EM ALVENARIA COM BLOCOS DE CONCRETO, DIMENSÕES INTERNAS = 1,5X4 M, PROFUNDIDADE = 1,45 M, EXCLUINDO TAMPÃO. AF_12/2020","UN","ATRIBUÍDO SÃO PAULO","6.880,33","CAIXA REFERENCIAL"]
["98019","ACRÉSCIMO PARA POÇO DE VISITA RETANGULAR PARA ESGOTO, EM ALVENARIA COM BLOCOS DE CONCRETO, DIMENSÕES INTERNAS = 1,5X4 M. AF_12/2020","M","ATRIBUÍDO SÃO PAULO","2.350,16","CAIXA REFERENCIAL"]
["98020","BASE PARA POÇO DE VISITA RETANGULAR PARA ESGOTO, EM ALVENARIA COM BLOCOS DE CONCRETO, DIMENSÕES INTERNAS = 2X2 M, PROFUNDIDADE = 1,45 M, EXCLUINDO TAMPÃO. AF_12/2020","UN","ATRIBUÍDO SÃO PAULO","4.867,70","CAIXA REFERENCIAL"]
["98021","ACRÉSCIMO PARA POÇO DE VISITA RETANGULAR PARA ESGOTO, EM ALVENARIA COM BLOCOS DE CONCRETO, DIMENSÕES INTERNAS = 2X2 M. AF_12/2020","M","ATRIBUÍDO SÃO PAULO","1.775,67","CAIXA REFERENCIAL"]
["98022","BASE PARA POÇO DE VISITA RETANGULAR PARA ESGOTO, EM ALVENARIA COM BLOCOS DE CONCRETO, DIMENSÕES INTERNAS = 2X2,5 M, PROFUNDIDADE = 1,45 M, EXCLUINDO TAMPÃO. AF_12/2020","UN","ATRIBUÍDO SÃO PAULO","5.721,82","CAIXA REFERENCIAL"]
["98023","ACRÉSCIMO PARA POÇO DE VISITA RETANGULAR PARA ESGOTO, EM ALVENARIA COM BLOCOS DE CONCRETO, DIMENSÕES INTERNAS = 2X2,5 M. AF_12/2020","M","ATRIBUÍDO SÃO PAULO","1.967,14","CAIXA REFERENCIAL"]
["98024","BASE PARA POÇO DE VISITA RETANGULAR PARA ESGOTO, EM ALVENARIA COM BLOCOS DE CONCRETO, DIMENSÕES INTERNAS = 2X3 M, PROFUNDIDADE = 1,45 M, EXCLUINDO TAMPÃO. AF_12/2020","UN","ATRIBUÍDO SÃO PAULO","6.627,88","CAIXA REFERENCIAL"]
["98025","ACRÉSCIMO PARA POÇO DE VISITA RETANGULAR PARA ESGOTO, EM ALVENARIA COM BLOCOS DE CONCRETO, DIMENSÕES INTERNAS = 2X3 M. AF_12/2020","M","ATRIBUÍDO SÃO PAULO","2.158,69","CAIXA REFERENCIAL"]
["98026","BASE PARA POÇO DE VISITA RETANGULAR PARA ESGOTO, EM ALVENARIA COM BLOCOS DE CONCRETO, DIMENSÕES INTERNAS = 2X3,5 M, PROFUNDIDADE = 1,45 M, EXCLUINDO TAMPÃO. AF_12/2020","UN","ATRIBUÍDO SÃO PAULO","7.484,17","CAIXA REFERENCIAL"]
["98027","ACRÉSCIMO PARA POÇO DE VISITA RETANGULAR PARA ESGOTO, EM ALVENARIA COM BLOCOS DE CONCRETO, DIMENSÕES INTERNAS = 2X3,5 M. AF_12/2020","M","ATRIBUÍDO SÃO PAULO","2.350,16","CAIXA REFERENCIAL"]
["98028","BASE PARA POÇO DE VISITA RETANGULAR PARA ESGOTO, EM ALVENARIA COM BLOCOS DE CONCRETO, DIMENSÕES INTERNAS = 2X4 M, PROFUNDIDADE = 1,45 M, EXCLUINDO TAMPÃO. AF_12/2020","UN","ATRIBUÍDO SÃO PAULO","8.340,50","CAIXA REFERENCIAL"]
["98029","ACRÉSCIMO PARA POÇO DE VISITA RETANGULAR PARA ESGOTO, EM ALVENARIA COM BLOCOS DE CONCRETO, DIMENSÕES INTERNAS = 2X4 M. AF_12/2020","M","ATRIBUÍDO SÃO PAULO","2.545,29","CAIXA REFERENCIAL"]
["98030","BASE PARA POÇO DE VISITA RETANGULAR PARA ESGOTO, EM ALVENARIA COM BLOCOS DE CONCRETO, DIMENSÕES INTERNAS = 2,5X2,5 M, PROFUNDIDADE = 1,45 M, EXCLUINDO TAMPÃO. AF_12/2020","UN","ATRIBUÍDO SÃO PAULO","6.787,28","CAIXA REFERENCIAL"]
["98031","ACRÉSCIMO PARA POÇO DE VISITA RETANGULAR PARA ESGOTO, EM ALVENARIA COM BLOCOS DE CONCRETO, DIMENSÕES INTERNAS = 2,5X2,5 M. AF_12/2020","M","ATRIBUÍDO SÃO PAULO","2.162,35","CAIXA REFERENCIAL"]
["98032","BASE PARA POÇO DE VISITA RETANGULAR PARA ESGOTO, EM ALVENARIA COM BLOCOS DE CONCRETO, DIMENSÕES INTERNAS = 2,5X3 M, PROFUNDIDADE = 1,45 M, EXCLUINDO TAMPÃO. AF_12/2020","UN","ATRIBUÍDO SÃO PAULO","7.818,79","CAIXA REFERENCIAL"]
["98033","ACRÉSCIMO PARA POÇO DE VISITA RETANGULAR PARA ESGOTO, EM ALVENARIA COM BLOCOS DE CONCRETO, DIMENSÕES INTERNAS = 2,5X3 M. AF_12/2020","M","ATRIBUÍDO SÃO PAULO","2.353,82","CAIXA REFERENCIAL"]
["98034","BASE PARA POÇO DE VISITA RETANGULAR PARA ESGOTO, EM ALVENARIA COM BLOCOS DE CONCRETO, DIMENSÕES INTERNAS = 2,5X3,5 M, PROFUNDIDADE = 1,45 M, EXCLUINDO TAMPÃO. AF_12/2020","UN","ATRIBUÍDO SÃO PAULO","8.850,24","CAIXA REFERENCIAL"]
["98035","ACRÉSCIMO PARA POÇO DE VISITA RETANGULAR PARA ESGOTO, EM ALVENARIA COM BLOCOS DE CONCRETO, DIMENSÕES INTERNAS = 2,5X3,5 M. AF_12/2020","M","ATRIBUÍDO SÃO PAULO","2.545,29","CAIXA REFERENCIAL"]
["98036","BASE PARA POÇO DE VISITA RETANGULAR PARA ESGOTO, EM ALVENARIA COM BLOCOS DE CONCRETO, DIMENSÕES INTERNAS = 2,5X4 M, PROFUNDIDADE = 1,45 M, EXCLUINDO TAMPÃO. AF_12/2020","UN","ATRIBUÍDO SÃO PAULO","9.881,76","CAIXA REFERENCIAL"]
["98037","ACRÉSCIMO PARA POÇO DE VISITA RETANGULAR PARA ESGOTO, EM ALVENARIA COM BLOCOS DE CONCRETO, DIMENSÕES INTERNAS = 2,5X4 M. AF_12/2020","M","ATRIBUÍDO SÃO PAULO","2.740,44","CAIXA REFERENCIAL"]
["98038","BASE PARA POÇO DE VISITA RETANGULAR PARA ESGOTO, EM ALVENARIA COM BLOCOS DE CONCRETO, DIMENSÕES INTERNAS = 3X3 M, PROFUNDIDADE = 1,45 M, EXCLUINDO TAMPÃO. AF_12/2020","UN","ATRIBUÍDO SÃO PAULO","9.037,53","CAIXA REFERENCIAL"]
["98039","ACRÉSCIMO PARA POÇO DE VISITA RETANGULAR PARA ESGOTO, EM ALVENARIA COM BLOCOS DE CONCRETO, DIMENSÕES INTERNAS = 3X3 M. AF_12/2020","M","ATRIBUÍDO SÃO PAULO","2.548,95","CAIXA REFERENCIAL"]
["98040","BASE PARA POÇO DE VISITA RETANGULAR PARA ESGOTO, EM ALVENARIA COM BLOCOS DE CONCRETO, DIMENSÕES INTERNAS = 3X3,5 M, PROFUNDIDADE = 1,45 M, EXCLUINDO TAMPÃO. AF_12/2020","UN","ATRIBUÍDO SÃO PAULO","10.224,55","CAIXA REFERENCIAL"]
["98041","ACRÉSCIMO PARA POÇO DE VISITA RETANGULAR PARA ESGOTO, EM ALVENARIA COM BLOCOS DE CONCRETO, DIMENSÕES INTERNAS = 3X3,5 M. AF_12/2020","M","ATRIBUÍDO SÃO PAULO","2.740,44","CAIXA REFERENCIAL"]
["98042","BASE PARA POÇO DE VISITA RETANGULAR PARA ESGOTO, EM ALVENARIA COM BLOCOS DE CONCRETO, DIMENSÕES INTERNAS = 3X4 M, PROFUNDIDADE = 1,45 M, EXCLUINDO TAMPÃO. AF_12/2020","UN","ATRIBUÍDO SÃO PAULO","11.411,55","CAIXA REFERENCIAL"]
["98043","ACRÉSCIMO PARA POÇO DE VISITA RETANGULAR PARA ESGOTO, EM ALVENARIA COM BLOCOS DE CONCRETO, DIMENSÕES INTERNAS = 3X4 M. AF_12/2020","M","ATRIBUÍDO SÃO PAULO","2.935,63","CAIXA REFERENCIAL"]
["98044","BASE PARA POÇO DE VISITA RETANGULAR PARA ESGOTO, EM ALVENARIA COM BLOCOS DE CONCRETO, DIMENSÕES INTERNAS = 3,5X3,5 M, PROFUNDIDADE = 1,45 M, EXCLUINDO TAMPÃO. AF_12/2020","UN","ATRIBUÍDO SÃO PAULO","11.588,23","CAIXA REFERENCIAL"]
["98045","ACRÉSCIMO PARA POÇO DE VISITA RETANGULAR PARA ESGOTO, EM ALVENARIA COM BLOCOS DE CONCRETO, DIMENSÕES INTERNAS = 3,5X3,5 M. AF_12/2020","M","ATRIBUÍDO SÃO PAULO","2.935,63","CAIXA REFERENCIAL"]
["98046","BASE PARA POÇO DE VISITA RETANGULAR PARA ESGOTO, EM ALVENARIA COM BLOCOS DE CONCRETO, DIMENSÕES INTERNAS = 3,5X4 M, PROFUNDIDADE = 1,45 M, EXCLUINDO TAMPÃO. AF_12/2020","UN","ATRIBUÍDO SÃO PAULO","12.941,30","CAIXA REFERENCIAL"]
["98047","ACRÉSCIMO PARA POÇO DE VISITA RETANGULAR PARA ESGOTO, EM ALVENARIA COM BLOCOS DE CONCRETO, DIMENSÕES INTERNAS = 3,5X4 M. AF_12/2020","M","ATRIBUÍDO SÃO PAULO","3.130,79","CAIXA REFERENCIAL"]
["98048","BASE PARA POÇO DE VISITA RETANGULAR PARA ESGOTO, EM ALVENARIA COM BLOCOS DE CONCRETO, DIMENSÕES INTERNAS = 4X4 M, PROFUNDIDADE = 1,45 M, EXCLUINDO TAMPÃO. AF_12/2020","UN","ATRIBUÍDO SÃO PAULO","15.062,63","CAIXA REFERENCIAL"]
["98049","ACRÉSCIMO PARA POÇO DE VISITA RETANGULAR PARA ESGOTO, EM ALVENARIA COM BLOCOS DE CONCRETO, DIMENSÕES INTERNAS = 4X4 M. AF_12/2020","M","ATRIBUÍDO SÃO PAULO","3.290,14","CAIXA REFERENCIAL"]
["98050","CHAMINÉ CIRCULAR PARA POÇO DE VISITA PARA ESGOTO, EM CONCRETO PRÉ-MOLDADO, DIÂMETRO INTERNO = 0,6 M. AF_12/2020","M","ATRIBUÍDO SÃO PAULO","191,88","CAIXA REFERENCIAL"]
["98051","CHAMINÉ CIRCULAR PARA POÇO DE VISITA PARA ESGOTO, EM ALVENARIA COM TIJOLOS CERÂMICOS MACIÇOS, DIÂMETRO INTERNO = 0,6 M. AF_12/2020","M","ATRIBUÍDO SÃO PAULO","710,29","CAIXA REFERENCIAL"]
["98405","BASE PARA POÇO DE VISITA CIRCULAR PARA  ESGOTO, EM ALVENARIA COM TIJOLOS CERÂMICOS MACIÇOS, DIÂMETRO INTERNO = 1 M, PROFUNDIDADE = 1,45 M, EXCLUINDO TAMPÃO. AF_12/2020","UN","ATRIBUÍDO SÃO PAULO","1.973,71","CAIXA REFERENCIAL"]
["98406","BASE PARA POÇO DE VISITA RETANGULAR PARA ESGOTO, EM ALVENARIA COM BLOCOS DE CONCRETO, DIMENSÕES INTERNAS = 1X3,5 M, PROFUNDIDADE = 1,45 M, EXCLUINDO TAMPÃO. AF_12/2020","UN","ATRIBUÍDO SÃO PAULO","4.925,31","CAIXA REFERENCIAL"]
["98407","BASE PARA POÇO DE VISITA RETANGULAR PARA ESGOTO, EM ALVENARIA COM BLOCOS DE CONCRETO, DIMENSÕES INTERNAS = 1X2 M, PROFUNDIDADE = 1,45 M, EXCLUINDO TAMPÃO. AF_12/2020","UN","ATRIBUÍDO SÃO PAULO","3.205,37","CAIXA REFERENCIAL"]
["98408","BASE PARA POÇO DE VISITA RETANGULAR PARA ESGOTO, EM ALVENARIA COM BLOCOS DE CONCRETO, DIMENSÕES INTERNAS = 1X2,5 M, PROFUNDIDADE = 1,45 M, EXCLUINDO TAMPÃO. AF_12/2020","UN","ATRIBUÍDO SÃO PAULO","3.766,55","CAIXA REFERENCIAL"]
["98409","ACRÉSCIMO PARA POÇO DE VISITA CIRCULAR PARA ESGOTO, EM CONCRETO PRÉ-MOLDADO, DIÂMETRO INTERNO = 0,8 M. AF_12/2020","M","ATRIBUÍDO SÃO PAULO","264,94","CAIXA REFERENCIAL"]
["98410","BASE PARA POÇO DE VISITA CIRCULAR PARA ESGOTO, EM CONCRETO PRÉ-MOLDADO, DIÂMETRO INTERNO = 1 M, PROFUNDIDADE = 1,45 M, EXCLUINDO TAMPÃO. AF_12/2020","UN","ATRIBUÍDO SÃO PAULO","865,10","CAIXA REFERENCIAL"]
["98414","BASE PARA POÇO DE VISITA CIRCULAR PARA  ESGOTO, EM CONCRETO PRÉ-MOLDADO, DIÂMETRO INTERNO = 1 M, PROFUNDIDADE = 1,45 M, EXCLUINDO TAMPÃO. AF_12/2020","UN","ATRIBUÍDO SÃO PAULO","852,39","CAIXA REFERENCIAL"]
["98415","(COMPOSIÇÃO REPRESENTATIVA) POÇO DE VISITA CIRCULAR PARA ESGOTO, EM CONCRETO PRÉ-MOLDADO, DIÂMETRO INTERNO = 1,0 M, PROFUNDIDADE ATÉ 1,50 M, EXCLUINDO TAMPÃO. AF_04/2018","UN","ATRIBUÍDO SÃO PAULO","1.014,41","CAIXA REFERENCIAL"]
["98416","(COMPOSIÇÃO REPRESENTATIVA) POÇO DE VISITA CIRCULAR PARA ESGOTO, EM CONCRETO PRÉ-MOLDADO, DIÂMETRO INTERNO = 1,0 M, PROFUNDIDADE DE 1,50 A 2,00 M, EXCLUINDO TAMPÃO. AF_04/2018","UN","ATRIBUÍDO SÃO PAULO","1.026,52","CAIXA REFERENCIAL"]
["98417","(COMPOSIÇÃO REPRESENTATIVA) POÇO DE VISITA CIRCULAR PARA ESGOTO, EM CONCRETO PRÉ-MOLDADO, DIÂMETRO INTERNO = 1,0 M, PROFUNDIDADE DE 2,00 A 2,50 M, EXCLUINDO TAMPÃO. AF_04/2018","UN","ATRIBUÍDO SÃO PAULO","1.200,66","CAIXA REFERENCIAL"]
["98418","(COMPOSIÇÃO REPRESENTATIVA) POÇO DE VISITA CIRCULAR PARA ESGOTO, EM CONCRETO PRÉ-MOLDADO, DIÂMETRO INTERNO = 1,0 M, PROFUNDIDADE DE 2,50 A 3,00 M, EXCLUINDO TAMPÃO. AF_04/2018","UN","ATRIBUÍDO SÃO PAULO","1.296,60","CAIXA REFERENCIAL"]
["98419","(COMPOSIÇÃO REPRESENTATIVA) POÇO DE VISITA CIRCULAR PARA ESGOTO, EM CONCRETO PRÉ-MOLDADO, DIÂMETRO INTERNO = 1,0 M, PROFUNDIDADE DE 3,00 A 3,50 M, EXCLUINDO TAMPÃO. AF_04/2018","UN","ATRIBUÍDO SÃO PAULO","1.392,54","CAIXA REFERENCIAL"]
["98420","(COMPOSIÇÃO REPRESENTATIVA) POÇO DE VISITA CIRCULAR PARA ESGOTO, EM CONCRETO PRÉ-MOLDADO, DIÂMETRO INTERNO = 1,0 M, PROFUNDIDADE ATÉ 1,50 M, INCLUINDO TAMPÃO DE FERRO FUNDIDO, DIÂMETRO DE 60 CM. AF_04/2018","UN","ATRIBUÍDO SÃO PAULO","1.574,58","CAIXA REFERENCIAL"]
["98421","(COMPOSIÇÃO REPRESENTATIVA) POÇO DE VISITA CIRCULAR PARA ESGOTO, EM CONCRETO PRÉ-MOLDADO, DIÂMETRO INTERNO = 1,0 M, PROFUNDIDADE DE 1,50 A 2,00 M, INCLUINDO TAMPÃO DE FERRO FUNDIDO, DIÂMETRO DE 60 CM. AF_04/2018","UN","ATRIBUÍDO SÃO PAULO","1.748,71","CAIXA REFERENCIAL"]
["98422","(COMPOSIÇÃO REPRESENTATIVA) POÇO DE VISITA CIRCULAR PARA ESGOTO, EM CONCRETO PRÉ-MOLDADO, DIÂMETRO INTERNO = 1,0 M, PROFUNDIDADE DE 2,00 A 2,50 M, INCLUINDO TAMPÃO DE FERRO FUNDIDO, DIÂMETRO DE 60 CM. AF_04/2018","UN","ATRIBUÍDO SÃO PAULO","1.922,85","CAIXA REFERENCIAL"]
["98423","(COMPOSIÇÃO REPRESENTATIVA) POÇO DE VISITA CIRCULAR PARA ESGOTO, EM CONCRETO PRÉ-MOLDADO, DIÂMETRO INTERNO = 1,0 M, PROFUNDIDADE DE 2,50 A 3,00 M, INCLUINDO TAMPÃO DE FERRO FUNDIDO, DIÂMETRO DE 60 CM. AF_04/2018","UN","ATRIBUÍDO SÃO PAULO","2.018,79","CAIXA REFERENCIAL"]
["98424","(COMPOSIÇÃO REPRESENTATIVA) POÇO DE VISITA CIRCULAR PARA ESGOTO, EM CONCRETO PRÉ-MOLDADO, DIÂMETRO INTERNO = 1,0 M, PROFUNDIDADE DE 3,00 A 3,50 M, INCLUINDO TAMPÃO DE FERRO FUNDIDO, DIÂMETRO DE 60 CM. AF_04/2018","UN","ATRIBUÍDO SÃO PAULO","2.114,73","CAIXA REFERENCIAL"]
["98425","(COMPOSIÇÃO REPRESENTATIVA) POÇO DE VISITA CIRCULAR PARA ESGOTO, EM ALVENARIA COM TIJOLOS CERÂMICOS MACIÇOS, DIÂMETRO INTERNO = 1,2 M, PROFUNDIDADE ATÉ 1,50 M, EXCLUINDO TAMPÃO. AF_04/2018","UN","ATRIBUÍDO SÃO PAULO","2.356,59","CAIXA REFERENCIAL"]
["98426","(COMPOSIÇÃO REPRESENTATIVA) POÇO DE VISITA CIRCULAR PARA ESGOTO, EM ALVENARIA COM TIJOLOS CERÂMICOS MACIÇOS, DIÂMETRO INTERNO = 1,2 M, PROFUNDIDADE DE 1,50 A 2,00 M, EXCLUINDO TAMPÃO. AF_04/2018","UN","ATRIBUÍDO SÃO PAULO","2.977,35","CAIXA REFERENCIAL"]
["98427","(COMPOSIÇÃO REPRESENTATIVA) POÇO DE VISITA CIRCULAR PARA ESGOTO, EM ALVENARIA COM TIJOLOS CERÂMICOS MACIÇOS, DIÂMETRO INTERNO = 1,2 M, PROFUNDIDADE DE 2,00 A 2,50 M, EXCLUINDO TAMPÃO. AF_04/2018","UN","ATRIBUÍDO SÃO PAULO","3.598,11","CAIXA REFERENCIAL"]
["98428","(COMPOSIÇÃO REPRESENTATIVA) POÇO DE VISITA CIRCULAR PARA ESGOTO, EM ALVENARIA COM TIJOLOS CERÂMICOS MACIÇOS, DIÂMETRO INTERNO = 1,2 M, PROFUNDIDADE DE 2,50 A 3,00 M, EXCLUINDO TAMPÃO. AF_04/2018","UN","ATRIBUÍDO SÃO PAULO","3.953,25","CAIXA REFERENCIAL"]
["98429","(COMPOSIÇÃO REPRESENTATIVA) POÇO DE VISITA CIRCULAR PARA ESGOTO, EM ALVENARIA COM TIJOLOS CERÂMICOS MACIÇOS, DIÂMETRO INTERNO = 1,2 M, PROFUNDIDADE DE 3,00 A 3,50 M, EXCLUINDO TAMPÃO. AF_04/2018","UN","ATRIBUÍDO SÃO PAULO","4.308,40","CAIXA REFERENCIAL"]
["98430","(COMPOSIÇÃO REPRESENTATIVA) POÇO DE VISITA CIRCULAR PARA ESGOTO, EM ALVENARIA COM TIJOLOS CERÂMICOS MACIÇOS, DIÂMETRO INTERNO = 1,2 M, PROFUNDIDADE ATÉ 1,50 M, INCLUINDO TAMPÃO DE FERRO FUNDIDO, DIÂMETRO DE 60 CM. AF_04/2018","UN","ATRIBUÍDO SÃO PAULO","3.078,78","CAIXA REFERENCIAL"]
["98431","(COMPOSIÇÃO REPRESENTATIVA) POÇO DE VISITA CIRCULAR PARA ESGOTO, EM ALVENARIA COM TIJOLOS CERÂMICOS MACIÇOS, DIÂMETRO INTERNO = 1,2 M, PROFUNDIDADE DE 1,50 A 2,00 M, INCLUINDO TAMPÃO DE FERRO FUNDIDO, DIÂMETRO DE 60 CM. AF_04/2018","UN","ATRIBUÍDO SÃO PAULO","3.699,54","CAIXA REFERENCIAL"]
["98432","(COMPOSIÇÃO REPRESENTATIVA) POÇO DE VISITA CIRCULAR PARA ESGOTO, EM ALVENARIA COM TIJOLOS CERÂMICOS MACIÇOS, DIÂMETRO INTERNO = 1,2 M, PROFUNDIDADE DE 2,00 A 2,50 M, INCLUINDO TAMPÃO DE FERRO FUNDIDO, DIÂMETRO DE 60 CM. AF_04/2018","UN","ATRIBUÍDO SÃO PAULO","4.320,30","CAIXA REFERENCIAL"]
["98433","(COMPOSIÇÃO REPRESENTATIVA) POÇO DE VISITA CIRCULAR PARA ESGOTO, EM ALVENARIA COM TIJOLOS CERÂMICOS MACIÇOS, DIÂMETRO INTERNO = 1,2 M, PROFUNDIDADE DE 2,50 A 3,00 M, INCLUINDO TAMPÃO DE FERRO FUNDIDO, DIÂMETRO DE 60 CM. AF_04/2018","UN","ATRIBUÍDO SÃO PAULO","4.675,44","CAIXA REFERENCIAL"]
["98434","(COMPOSIÇÃO REPRESENTATIVA) POÇO DE VISITA CIRCULAR PARA ESGOTO, EM ALVENARIA COM TIJOLOS CERÂMICOS MACIÇOS, DIÂMETRO INTERNO = 1,2 M, PROFUNDIDADE DE 3,00 A 3,50 M, INCLUINDO TAMPÃO DE FERRO FUNDIDO, DIÂMETRO DE 60 CM. AF_04/2018","UN","ATRIBUÍDO SÃO PAULO","5.030,59","CAIXA REFERENCIAL"]
["99240","ACRÉSCIMO PARA POÇO DE VISITA CIRCULAR PARA DRENAGEM, EM CONCRETO PRÉ-MOLDADO, DIÂMETRO INTERNO = 1,2 M. AF_12/2020","M","ATRIBUÍDO SÃO PAULO","458,54","CAIXA REFERENCIAL"]
["99241","ACRÉSCIMO PARA POÇO DE VISITA RETANGULAR PARA DRENAGEM, EM ALVENARIA COM BLOCOS DE CONCRETO, DIMENSÕES INTERNAS = 1,5X1,5 M. AF_12/2020","M","ATRIBUÍDO SÃO PAULO","1.314,20","CAIXA REFERENCIAL"]
["99242","BASE PARA POÇO DE VISITA CIRCULAR PARA DRENAGEM, EM ALVENARIA COM TIJOLOS CERÂMICOS MACIÇOS, DIÂMETRO INTERNO = 1,2 M, PROFUNDIDADE = 1,45 M, EXCLUINDO TAMPÃO. AF_12/2020","UN","ATRIBUÍDO SÃO PAULO","2.273,83","CAIXA REFERENCIAL"]
["99243","ACRÉSCIMO PARA POÇO DE VISITA CIRCULAR PARA DRENAGEM, EM ALVENARIA COM TIJOLOS CERÂMICOS MACIÇOS, DIÂMETRO INTERNO = 1,2 M. AF_12/2020","M","ATRIBUÍDO SÃO PAULO","1.163,13","CAIXA REFERENCIAL"]
["99244","BASE PARA POÇO DE VISITA RETANGULAR PARA DRENAGEM, EM ALVENARIA COM BLOCOS DE CONCRETO, DIMENSÕES INTERNAS = 1,5X2 M, PROFUNDIDADE = 1,45 M, EXCLUINDO TAMPÃO. AF_12/2020","UN","ATRIBUÍDO SÃO PAULO","3.929,98","CAIXA REFERENCIAL"]
["99246","ACRÉSCIMO PARA POÇO DE VISITA CIRCULAR PARA DRENAGEM, EM CONCRETO PRÉ-MOLDADO, DIÂMETRO INTERNO = 1,5 M. AF_12/2020","M","ATRIBUÍDO SÃO PAULO","663,64","CAIXA REFERENCIAL"]
["99247","ACRÉSCIMO PARA POÇO DE VISITA RETANGULAR PARA DRENAGEM, EM ALVENARIA COM BLOCOS DE CONCRETO, DIMENSÕES INTERNAS = 1,5X2 M. AF_12/2020","M","ATRIBUÍDO SÃO PAULO","1.496,75","CAIXA REFERENCIAL"]
["99248","BASE PARA POÇO DE VISITA CIRCULAR PARA DRENAGEM, EM ALVENARIA COM TIJOLOS CERÂMICOS MACIÇOS, DIÂMETRO INTERNO = 1,5 M, PROFUNDIDADE = 1,45 M, EXCLUINDO TAMPÃO. AF_12/2020","UN","ATRIBUÍDO SÃO PAULO","3.495,91","CAIXA REFERENCIAL"]
["99249","ACRÉSCIMO PARA POÇO DE VISITA CIRCULAR PARA DRENAGEM, EM ALVENARIA COM TIJOLOS CERÂMICOS MACIÇOS, DIÂMETRO INTERNO = 1,5 M. AF_12/2020","M","ATRIBUÍDO SÃO PAULO","1.422,10","CAIXA REFERENCIAL"]
["99252","BASE PARA POÇO DE VISITA RETANGULAR PARA DRENAGEM, EM ALVENARIA COM BLOCOS DE CONCRETO, DIMENSÕES INTERNAS = 1X1 M, PROFUNDIDADE = 1,45 M, EXCLUINDO TAMPÃO. AF_12/2020","UN","ATRIBUÍDO SÃO PAULO","2.031,25","CAIXA REFERENCIAL"]
["99254","ACRÉSCIMO PARA POÇO DE VISITA RETANGULAR PARA DRENAGEM, EM ALVENARIA COM BLOCOS DE CONCRETO, DIMENSÕES INTERNAS = 1X1 M. AF_12/2020","M","ATRIBUÍDO SÃO PAULO","949,09","CAIXA REFERENCIAL"]
["99256","BASE PARA POÇO DE VISITA RETANGULAR PARA DRENAGEM, EM ALVENARIA COM BLOCOS DE CONCRETO, DIMENSÕES INTERNAS = 1,5X2,5 M, PROFUNDIDADE = 1,45 M, EXCLUINDO TAMPÃO. AF_12/2020","UN","ATRIBUÍDO SÃO PAULO","4.637,88","CAIXA REFERENCIAL"]
["99259","BASE PARA POÇO DE VISITA RETANGULAR PARA DRENAGEM, EM ALVENARIA COM BLOCOS DE CONCRETO, DIMENSÕES INTERNAS = 1X1,5 M, PROFUNDIDADE = 1,45 M, EXCLUINDO TAMPÃO. AF_12/2020","UN","ATRIBUÍDO SÃO PAULO","2.578,15","CAIXA REFERENCIAL"]
["99261","ACRÉSCIMO PARA POÇO DE VISITA RETANGULAR PARA DRENAGEM, EM ALVENARIA COM BLOCOS DE CONCRETO, DIMENSÕES INTERNAS = 1X1,5 M. AF_12/2020","M","ATRIBUÍDO SÃO PAULO","1.131,64","CAIXA REFERENCIAL"]
["99263","ACRÉSCIMO PARA POÇO DE VISITA RETANGULAR PARA DRENAGEM, EM ALVENARIA COM BLOCOS DE CONCRETO, DIMENSÕES INTERNAS = 1,5X2,5 M. AF_12/2020","M","ATRIBUÍDO SÃO PAULO","1.679,33","CAIXA REFERENCIAL"]
["99265","BASE PARA POÇO DE VISITA RETANGULAR PARA DRENAGEM, EM ALVENARIA COM BLOCOS DE CONCRETO, DIMENSÕES INTERNAS = 1X2 M, PROFUNDIDADE = 1,45 M, EXCLUINDO TAMPÃO. AF_12/2020","UN","ATRIBUÍDO SÃO PAULO","3.124,90","CAIXA REFERENCIAL"]
["99266","ACRÉSCIMO PARA POÇO DE VISITA RETANGULAR PARA DRENAGEM, EM ALVENARIA COM BLOCOS DE CONCRETO, DIMENSÕES INTERNAS = 1X2 M. AF_12/2020","M","ATRIBUÍDO SÃO PAULO","1.314,20","CAIXA REFERENCIAL"]
["99267","BASE PARA POÇO DE VISITA RETANGULAR PARA DRENAGEM, EM ALVENARIA COM BLOCOS DE CONCRETO, DIMENSÕES INTERNAS = 1X2,5 M, PROFUNDIDADE = 1,45 M, EXCLUINDO TAMPÃO. AF_12/2020","UN","ATRIBUÍDO SÃO PAULO","3.673,67","CAIXA REFERENCIAL"]
["99268","POÇO DE INSPEÇÃO CIRCULAR PARA DRENAGEM, EM CONCRETO PRÉ-MOLDADO, DIÂMETRO INTERNO = 0,6 M, PROFUNDIDADE = 1 M, EXCLUINDO TAMPÃO. AF_12/2020","UN","ATRIBUÍDO SÃO PAULO","315,54","CAIXA REFERENCIAL"]
["99269","ACRÉSCIMO PARA POÇO DE VISITA RETANGULAR PARA DRENAGEM, EM ALVENARIA COM BLOCOS DE CONCRETO, DIMENSÕES INTERNAS = 1X2,5 M. AF_12/2020","M","ATRIBUÍDO SÃO PAULO","1.496,75","CAIXA REFERENCIAL"]
["99270","POÇO DE INSPEÇÃO CIRCULAR PARA DRENAGEM, EM CONCRETO PRÉ-MOLDADO, DIÂMETRO INTERNO = 0,6 M, PROFUNDIDADE = 1,5 M, EXCLUINDO TAMPÃO. AF_12/2020","UN","ATRIBUÍDO SÃO PAULO","430,51","CAIXA REFERENCIAL"]
["99271","BASE PARA POÇO DE VISITA RETANGULAR PARA DRENAGEM, EM ALVENARIA COM BLOCOS DE CONCRETO, DIMENSÕES INTERNAS = 1,5X3 M, PROFUNDIDADE = 1,45 M, EXCLUINDO TAMPÃO. AF_12/2020","UN","ATRIBUÍDO SÃO PAULO","5.319,53","CAIXA REFERENCIAL"]
["99272","POÇO DE INSPEÇÃO CIRCULAR PARA DRENAGEM, EM ALVENARIA COM TIJOLOS CERÂMICOS MACIÇOS, DIÂMETRO INTERNO = 0,6 M, PROFUNDIDADE = 1 M, EXCLUINDO TAMPÃO. AF_12/2020","UN","ATRIBUÍDO SÃO PAULO","824,32","CAIXA REFERENCIAL"]
["99273","POÇO DE INSPEÇÃO CIRCULAR PARA DRENAGEM, EM ALVENARIA COM TIJOLOS CERÂMICOS MACIÇOS, DIÂMETRO INTERNO = 0,6 M, PROFUNDIDADE = 1,5 M, EXCLUINDO TAMPÃO. AF_12/2020","UN","ATRIBUÍDO SÃO PAULO","1.148,57","CAIXA REFERENCIAL"]
["99274","BASE PARA POÇO DE VISITA RETANGULAR PARA DRENAGEM, EM ALVENARIA COM BLOCOS DE CONCRETO, DIMENSÕES INTERNAS = 1X3 M, PROFUNDIDADE = 1,45 M, EXCLUINDO TAMPÃO. AF_12/2020","UN","ATRIBUÍDO SÃO PAULO","4.251,05","CAIXA REFERENCIAL"]
["99275","BASE PARA POÇO DE VISITA CIRCULAR PARA DRENAGEM, EM CONCRETO PRÉ-MOLDADO, DIÂMETRO INTERNO = 0,8 M, PROFUNDIDADE = 1,45 M, EXCLUINDO TAMPÃO. AF_12/2020","UN","ATRIBUÍDO SÃO PAULO","650,16","CAIXA REFERENCIAL"]
["99276","ACRÉSCIMO PARA POÇO DE VISITA RETANGULAR PARA DRENAGEM, EM ALVENARIA COM BLOCOS DE CONCRETO, DIMENSÕES INTERNAS = 1,5X3 M. AF_12/2020","M","ATRIBUÍDO SÃO PAULO","1.861,91","CAIXA REFERENCIAL"]
["99277","ACRÉSCIMO PARA POÇO DE VISITA RETANGULAR PARA DRENAGEM, EM ALVENARIA COM BLOCOS DE CONCRETO, DIMENSÕES INTERNAS = 1X3 M. AF_12/2020","M","ATRIBUÍDO SÃO PAULO","1.679,33","CAIXA REFERENCIAL"]
["99278","ACRÉSCIMO PARA POÇO DE VISITA CIRCULAR PARA DRENAGEM, EM CONCRETO PRÉ-MOLDADO, DIÂMETRO INTERNO = 0,8 M. AF_12/2020","M","ATRIBUÍDO SÃO PAULO","263,18","CAIXA REFERENCIAL"]
["99279","BASE PARA POÇO DE VISITA RETANGULAR PARA DRENAGEM, EM ALVENARIA COM BLOCOS DE CONCRETO, DIMENSÕES INTERNAS = 1X3,5 M, PROFUNDIDADE = 1,45 M, EXCLUINDO TAMPÃO. AF_12/2020","UN","ATRIBUÍDO SÃO PAULO","4.801,96","CAIXA REFERENCIAL"]
["99280","BASE PARA POÇO DE VISITA CIRCULAR PARA DRENAGEM, EM ALVENARIA COM TIJOLOS CERÂMICOS MACIÇOS, DIÂMETRO INTERNO = 0,8 M, PROFUNDIDADE = 1,45 M, EXCLUINDO TAMPÃO. AF_12/2020","UN","ATRIBUÍDO SÃO PAULO","1.529,04","CAIXA REFERENCIAL"]
["99281","ACRÉSCIMO PARA POÇO DE VISITA RETANGULAR PARA DRENAGEM, EM ALVENARIA COM BLOCOS DE CONCRETO, DIMENSÕES INTERNAS = 1X3,5 M. AF_12/2020","M","ATRIBUÍDO SÃO PAULO","1.861,91","CAIXA REFERENCIAL"]
["99282","ACRÉSCIMO PARA POÇO DE VISITA RETANGULAR PARA DRENAGEM, EM ALVENARIA COM BLOCOS DE CONCRETO, DIMENSÕES INTERNAS = 2,5X2,5 M. AF_12/2020","M","ATRIBUÍDO SÃO PAULO","2.062,43","CAIXA REFERENCIAL"]
["99283","ACRÉSCIMO PARA POÇO DE VISITA CIRCULAR PARA DRENAGEM, EM ALVENARIA COM TIJOLOS CERÂMICOS MACIÇOS, DIÂMETRO INTERNO = 0,8 M. AF_12/2020","M","ATRIBUÍDO SÃO PAULO","817,80","CAIXA REFERENCIAL"]
["99284","BASE PARA POÇO DE VISITA RETANGULAR PARA DRENAGEM, EM ALVENARIA COM BLOCOS DE CONCRETO, DIMENSÕES INTERNAS = 1,5X3,5 M, PROFUNDIDADE = 1,45 M, EXCLUINDO TAMPÃO. AF_12/2020","UN","ATRIBUÍDO SÃO PAULO","6.014,40","CAIXA REFERENCIAL"]
["99285","BASE PARA POÇO DE VISITA CIRCULAR PARA DRENAGEM, EM CONCRETO PRÉ-MOLDADO, DIÂMETRO INTERNO = 1 M, PROFUNDIDADE = 1,45 M, EXCLUINDO TAMPÃO. AF_05/2018","UN","ATRIBUÍDO SÃO PAULO","934,12","CAIXA REFERENCIAL"]
["99286","BASE PARA POÇO DE VISITA RETANGULAR PARA DRENAGEM, EM ALVENARIA COM BLOCOS DE CONCRETO, DIMENSÕES INTERNAS = 1X4 M, PROFUNDIDADE = 1,45 M, EXCLUINDO TAMPÃO. AF_12/2020","UN","ATRIBUÍDO SÃO PAULO","5.348,19","CAIXA REFERENCIAL"]
["99287","BASE PARA POÇO DE VISITA RETANGULAR PARA DRENAGEM, EM ALVENARIA COM BLOCOS DE CONCRETO, DIMENSÕES INTERNAS = 2,5X3 M, PROFUNDIDADE = 1,45 M, EXCLUINDO TAMPÃO. AF_12/2020","UN","ATRIBUÍDO SÃO PAULO","7.623,89","CAIXA REFERENCIAL"]
["99288","ACRÉSCIMO PARA POÇO DE VISITA CIRCULAR PARA DRENAGEM, EM CONCRETO PRÉ-MOLDADO, DIÂMETRO INTERNO = 1 M. AF_12/2020","M","ATRIBUÍDO SÃO PAULO","407,55","CAIXA REFERENCIAL"]
["99289","ACRÉSCIMO PARA POÇO DE VISITA RETANGULAR PARA DRENAGEM, EM ALVENARIA COM BLOCOS DE CONCRETO, DIMENSÕES INTERNAS = 1X4 M. AF_12/2020","M","ATRIBUÍDO SÃO PAULO","2.005,16","CAIXA REFERENCIAL"]
["99290","BASE PARA POÇO DE VISITA RETANGULAR PARA DRENAGEM, EM ALVENARIA COM BLOCOS DE CONCRETO, DIMENSÕES INTERNAS = 1,5X1,5 M, PROFUNDIDADE = 1,45 M, EXCLUINDO TAMPÃO. AF_12/2020","UN","ATRIBUÍDO SÃO PAULO","3.209,41","CAIXA REFERENCIAL"]
["99291","ACRÉSCIMO PARA POÇO DE VISITA RETANGULAR PARA DRENAGEM, EM ALVENARIA COM BLOCOS DE CONCRETO, DIMENSÕES INTERNAS = 1,5X3,5 M. AF_12/2020","M","ATRIBUÍDO SÃO PAULO","2.044,46","CAIXA REFERENCIAL"]
["99292","BASE PARA POÇO DE VISITA CIRCULAR PARA DRENAGEM, EM ALVENARIA COM TIJOLOS CERÂMICOS MACIÇOS, DIÂMETRO INTERNO = 1 M, PROFUNDIDADE = 1,45 M, EXCLUINDO TAMPÃO. AF_12/2020","UN","ATRIBUÍDO SÃO PAULO","1.899,29","CAIXA REFERENCIAL"]
["99293","ACRÉSCIMO PARA POÇO DE VISITA CIRCULAR PARA DRENAGEM, EM ALVENARIA COM TIJOLOS CERÂMICOS MACIÇOS, DIÂMETRO INTERNO = 1 M. AF_12/2020","M","ATRIBUÍDO SÃO PAULO","990,44","CAIXA REFERENCIAL"]
["99294","BASE PARA POÇO DE VISITA RETANGULAR PARA DRENAGEM, EM ALVENARIA COM BLOCOS DE CONCRETO, DIMENSÕES INTERNAS = 1,5X4 M, PROFUNDIDADE = 1,45 M, EXCLUINDO TAMPÃO. AF_12/2020","UN","ATRIBUÍDO SÃO PAULO","6.649,29","CAIXA REFERENCIAL"]
["99296","ACRÉSCIMO PARA POÇO DE VISITA RETANGULAR PARA DRENAGEM, EM ALVENARIA COM BLOCOS DE CONCRETO, DIMENSÕES INTERNAS = 2,5X3 M. AF_12/2020","M","ATRIBUÍDO SÃO PAULO","2.244,96","CAIXA REFERENCIAL"]
["99297","ACRÉSCIMO PARA POÇO DE VISITA RETANGULAR PARA DRENAGEM, EM ALVENARIA COM BLOCOS DE CONCRETO, DIMENSÕES INTERNAS = 1,5X4 M. AF_12/2020","M","ATRIBUÍDO SÃO PAULO","2.241,86","CAIXA REFERENCIAL"]
["99298","BASE PARA POÇO DE VISITA RETANGULAR PARA DRENAGEM, EM ALVENARIA COM BLOCOS DE CONCRETO, DIMENSÕES INTERNAS = 2,5X3,5 M, PROFUNDIDADE = 1,45 M, EXCLUINDO TAMPÃO. AF_12/2020","UN","ATRIBUÍDO SÃO PAULO","8.629,01","CAIXA REFERENCIAL"]
["99299","ACRÉSCIMO PARA POÇO DE VISITA RETANGULAR PARA DRENAGEM, EM ALVENARIA COM BLOCOS DE CONCRETO, DIMENSÕES INTERNAS = 2,5X3,5 M. AF_12/2020","M","ATRIBUÍDO SÃO PAULO","2.427,47","CAIXA REFERENCIAL"]
["99300","BASE PARA POÇO DE VISITA RETANGULAR PARA DRENAGEM, EM ALVENARIA COM BLOCOS DE CONCRETO, DIMENSÕES INTERNAS = 2,5X4 M, PROFUNDIDADE = 1,45 M, EXCLUINDO TAMPÃO. AF_12/2020","UN","ATRIBUÍDO SÃO PAULO","9.634,33","CAIXA REFERENCIAL"]
["99301","BASE PARA POÇO DE VISITA RETANGULAR PARA DRENAGEM, EM ALVENARIA COM BLOCOS DE CONCRETO, DIMENSÕES INTERNAS = 2X2 M, PROFUNDIDADE = 1,45 M, EXCLUINDO TAMPÃO. AF_12/2020","UN","ATRIBUÍDO SÃO PAULO","4.751,55","CAIXA REFERENCIAL"]
["99302","ACRÉSCIMO PARA POÇO DE VISITA RETANGULAR PARA DRENAGEM, EM ALVENARIA COM BLOCOS DE CONCRETO, DIMENSÕES INTERNAS = 2,5X4 M. AF_12/2020","M","ATRIBUÍDO SÃO PAULO","2.613,12","CAIXA REFERENCIAL"]
["99303","BASE PARA POÇO DE VISITA RETANGULAR PARA DRENAGEM, EM ALVENARIA COM BLOCOS DE CONCRETO, DIMENSÕES INTERNAS = 3X3 M, PROFUNDIDADE = 1,45 M, EXCLUINDO TAMPÃO. AF_12/2020","UN","ATRIBUÍDO SÃO PAULO","8.811,29","CAIXA REFERENCIAL"]
["99304","ACRÉSCIMO PARA POÇO DE VISITA RETANGULAR PARA DRENAGEM, EM ALVENARIA COM BLOCOS DE CONCRETO, DIMENSÕES INTERNAS = 3X3 M. AF_12/2020","M","ATRIBUÍDO SÃO PAULO","2.430,57","CAIXA REFERENCIAL"]
["99305","BASE PARA POÇO DE VISITA RETANGULAR PARA DRENAGEM, EM ALVENARIA COM BLOCOS DE CONCRETO, DIMENSÕES INTERNAS = 3X3,5 M, PROFUNDIDADE = 1,45 M, EXCLUINDO TAMPÃO. AF_12/2020","UN","ATRIBUÍDO SÃO PAULO","9.968,30","CAIXA REFERENCIAL"]
["99306","ACRÉSCIMO PARA POÇO DE VISITA RETANGULAR PARA DRENAGEM, EM ALVENARIA COM BLOCOS DE CONCRETO, DIMENSÕES INTERNAS = 3X3,5 M. AF_12/2020","M","ATRIBUÍDO SÃO PAULO","2.613,12","CAIXA REFERENCIAL"]
["99307","ACRÉSCIMO PARA POÇO DE VISITA RETANGULAR PARA DRENAGEM, EM ALVENARIA COM BLOCOS DE CONCRETO, DIMENSÕES INTERNAS = 2X2 M. AF_12/2020","M","ATRIBUÍDO SÃO PAULO","1.756,09","CAIXA REFERENCIAL"]
["99308","BASE PARA POÇO DE VISITA RETANGULAR PARA DRENAGEM, EM ALVENARIA COM BLOCOS DE CONCRETO, DIMENSÕES INTERNAS = 3X4 M, PROFUNDIDADE = 1,45 M, EXCLUINDO TAMPÃO. AF_12/2020","UN","ATRIBUÍDO SÃO PAULO","11.121,25","CAIXA REFERENCIAL"]
["99309","ACRÉSCIMO PARA POÇO DE VISITA RETANGULAR PARA DRENAGEM, EM ALVENARIA COM BLOCOS DE CONCRETO, DIMENSÕES INTERNAS = 3X4 M. AF_12/2020","M","ATRIBUÍDO SÃO PAULO","2.798,79","CAIXA REFERENCIAL"]
["99310","BASE PARA POÇO DE VISITA RETANGULAR PARA DRENAGEM, EM ALVENARIA COM BLOCOS DE CONCRETO, DIMENSÕES INTERNAS = 3,5X3,5 M, PROFUNDIDADE = 1,45 M, EXCLUINDO TAMPÃO. AF_12/2020","UN","ATRIBUÍDO SÃO PAULO","11.309,67","CAIXA REFERENCIAL"]
["99311","ACRÉSCIMO PARA POÇO DE VISITA RETANGULAR PARA DRENAGEM, EM ALVENARIA COM BLOCOS DE CONCRETO, DIMENSÕES INTERNAS = 3,5X3,5 M. AF_12/2020","M","ATRIBUÍDO SÃO PAULO","2.798,79","CAIXA REFERENCIAL"]
["99312","BASE PARA POÇO DE VISITA RETANGULAR PARA DRENAGEM, EM ALVENARIA COM BLOCOS DE CONCRETO, DIMENSÕES INTERNAS = 2X2,5 M, PROFUNDIDADE = 1,45 M, EXCLUINDO TAMPÃO. AF_12/2020","UN","ATRIBUÍDO SÃO PAULO","5.579,58","CAIXA REFERENCIAL"]
["99313","BASE PARA POÇO DE VISITA RETANGULAR PARA DRENAGEM, EM ALVENARIA COM BLOCOS DE CONCRETO, DIMENSÕES INTERNAS = 3,5X4 M, PROFUNDIDADE = 1,45 M, EXCLUINDO TAMPÃO. AF_12/2020","UN","ATRIBUÍDO SÃO PAULO","12.616,16","CAIXA REFERENCIAL"]
["99314","ACRÉSCIMO PARA POÇO DE VISITA RETANGULAR PARA DRENAGEM, EM ALVENARIA COM BLOCOS DE CONCRETO, DIMENSÕES INTERNAS = 3,5X4 M. AF_12/2020","M","ATRIBUÍDO SÃO PAULO","2.984,44","CAIXA REFERENCIAL"]
["99315","BASE PARA POÇO DE VISITA RETANGULAR PARA DRENAGEM, EM ALVENARIA COM BLOCOS DE CONCRETO, DIMENSÕES INTERNAS = 4X4 M, PROFUNDIDADE = 1,45 M, EXCLUINDO TAMPÃO. AF_12/2020","UN","ATRIBUÍDO SÃO PAULO","14.107,15","CAIXA REFERENCIAL"]
["99317","ACRÉSCIMO PARA POÇO DE VISITA RETANGULAR PARA DRENAGEM, EM ALVENARIA COM BLOCOS DE CONCRETO, DIMENSÕES INTERNAS = 2X2,5 M. AF_12/2020","M","ATRIBUÍDO SÃO PAULO","1.876,73","CAIXA REFERENCIAL"]
["99318","CHAMINÉ CIRCULAR PARA POÇO DE VISITA PARA DRENAGEM, EM CONCRETO PRÉ-MOLDADO, DIÂMETRO INTERNO = 0,6 M. AF_12/2020","M","ATRIBUÍDO SÃO PAULO","191,09","CAIXA REFERENCIAL"]
["99319","CHAMINÉ CIRCULAR PARA POÇO DE VISITA PARA DRENAGEM, EM ALVENARIA COM TIJOLOS CERÂMICOS MACIÇOS, DIÂMETRO INTERNO = 0,6 M. AF_12/2020","M","ATRIBUÍDO SÃO PAULO","658,31","CAIXA REFERENCIAL"]
["99320","BASE PARA POÇO DE VISITA RETANGULAR PARA DRENAGEM, EM ALVENARIA COM BLOCOS DE CONCRETO, DIMENSÕES INTERNAS = 2X3 M, PROFUNDIDADE = 1,45 M, EXCLUINDO TAMPÃO. AF_12/2020","UN","ATRIBUÍDO SÃO PAULO","6.464,50","CAIXA REFERENCIAL"]
["99321","ACRÉSCIMO PARA POÇO DE VISITA RETANGULAR PARA DRENAGEM, EM ALVENARIA COM BLOCOS DE CONCRETO, DIMENSÕES INTERNAS = 2X3 M. AF_12/2020","M","ATRIBUÍDO SÃO PAULO","2.059,33","CAIXA REFERENCIAL"]
["99322","BASE PARA POÇO DE VISITA RETANGULAR PARA DRENAGEM, EM ALVENARIA COM BLOCOS DE CONCRETO, DIMENSÕES INTERNAS = 2X3,5 M, PROFUNDIDADE = 1,45 M, EXCLUINDO TAMPÃO. AF_12/2020","UN","ATRIBUÍDO SÃO PAULO","7.299,67","CAIXA REFERENCIAL"]
["99323","ACRÉSCIMO PARA POÇO DE VISITA RETANGULAR PARA DRENAGEM, EM ALVENARIA COM BLOCOS DE CONCRETO, DIMENSÕES INTERNAS = 2X3,5 M. AF_12/2020","M","ATRIBUÍDO SÃO PAULO","2.241,86","CAIXA REFERENCIAL"]
["99324","BASE PARA POÇO DE VISITA RETANGULAR PARA DRENAGEM, EM ALVENARIA COM BLOCOS DE CONCRETO, DIMENSÕES INTERNAS = 2X4 M, PROFUNDIDADE = 1,45 M, EXCLUINDO TAMPÃO. AF_12/2020","UN","ATRIBUÍDO SÃO PAULO","8.134,87","CAIXA REFERENCIAL"]
["99325","ACRÉSCIMO PARA POÇO DE VISITA RETANGULAR PARA DRENAGEM, EM ALVENARIA COM BLOCOS DE CONCRETO, DIMENSÕES INTERNAS = 2X4 M. AF_12/2020","M","ATRIBUÍDO SÃO PAULO","2.427,47","CAIXA REFERENCIAL"]
["99326","BASE PARA POÇO DE VISITA RETANGULAR PARA DRENAGEM, EM ALVENARIA COM BLOCOS DE CONCRETO, DIMENSÕES INTERNAS = 2,5X2,5 M, PROFUNDIDADE = 1,45 M, EXCLUINDO TAMPÃO. AF_12/2020","UN","ATRIBUÍDO SÃO PAULO","6.618,46","CAIXA REFERENCIAL"]
["99327","ACRÉSCIMO PARA POÇO DE VISITA RETANGULAR PARA DRENAGEM, EM ALVENARIA COM BLOCOS DE CONCRETO, DIMENSÕES INTERNAS = 4X4 M. AF_12/2020","M","ATRIBUÍDO SÃO PAULO","3.139,77","CAIXA REFERENCIAL"]
["101800","CAIXA COM GRELHA RETANGULAR DE FERRO FUNDIDO, EM ALVENARIA COM TIJOLOS CERÂMICOS MACIÇOS, DIMENSÕES INTERNAS: 0,30 X 1,00 X 1,00. AF_12/2020","UN","ATRIBUÍDO SÃO PAULO","1.170,16","CAIXA REFERENCIAL"]
["101801","CAIXA COM GRELHA RETANGULAR DE FERRO FUNDIDO, EM ALVENARIA COM BLOCOS DE CONCRETO, DIMENSÕES INTERNAS: 0,30 X 1,00 X 1,00. AF_12/2020","UN","ATRIBUÍDO SÃO PAULO","978,46","CAIXA REFERENCIAL"]
["101806","CAIXA ENTERRADA DISTRIBUIDORA DE VAZÃO (SUMIDOUROS MÚLTIPLOS), RETANGULAR, EM ALVENARIA COM TIJOLOS MACIÇOS, DIMENSÕES INTERNAS: 0,60 X 0,60 X 0,50 M. AF_12/2020","UN","ATRIBUÍDO SÃO PAULO","401,70","CAIXA REFERENCIAL"]
["101807","CAIXA ENTERRADA DISTRIBUIDORA DE VAZÃO (SUMIDOUROS MÚLTIPLOS), RETANGULAR, EM ALVENARIA COM BLOCOS DE CONCRETO, DIMENSÕES INTERNAS: 0,60 X 0,60 X 0,50 M. AF_12/2020","UN","ATRIBUÍDO SÃO PAULO","371,02","CAIXA REFERENCIAL"]
["101808","CAIXA ENTERRADA DISTRIBUIDORA DE VAZÃO (SUMIDOUROS MÚLTIPLOS), RETANGULAR, EM CONCRETO PRÉ-MOLDADO, DIMENSÕES INTERNAS: 0,60 X 0,60 X 0,50 M. AF_12/2020","UN","ATRIBUÍDO SÃO PAULO","349,78","CAIXA REFERENCIAL"]
["101809","BASE PARA POCO DE VISITA RETANGULAR PARA ESGOTO E DRENAGEM, EM CONCRETO ESTRUTURAL, DIMENSÕES INTERNAS DE 90X150 M, PROFUNDIDADE DE 1,25 M, EXCLUINDO TAMPÃO. AF_12/2020","UN","ATRIBUÍDO SÃO PAULO","2.426,53","CAIXA REFERENCIAL"]
["102139","BASE PARA POÇO DE VISITA CIRCULAR PARA  ESGOTO, EM CONCRETO PRÉ-MOLDADO, DIÂMETRO INTERNO = 1,2 M, PROFUNDIDADE = 1,45 M, EXCLUINDO TAMPÃO. AF_12/2020","UN","ATRIBUÍDO SÃO PAULO","1.195,44","CAIXA REFERENCIAL"]
["102141","BASE PARA POÇO DE VISITA CIRCULAR PARA  ESGOTO, EM CONCRETO PRÉ-MOLDADO, DIÂMETRO INTERNO = 1,5 M, PROFUNDIDADE = 1,45 M, EXCLUINDO TAMPÃO. AF_12/2020","UN","ATRIBUÍDO SÃO PAULO","1.922,01","CAIXA REFERENCIAL"]
["102142","BASE PARA POÇO DE VISITA CIRCULAR PARA DRENAGEM, EM CONCRETO PRÉ-MOLDADO, DIÂMETRO INTERNO = 1,5 M, PROFUNDIDADE = 1,45 M, EXCLUINDO TAMPÃO. AF_12/2020","UN","ATRIBUÍDO SÃO PAULO","1.889,18","CAIXA REFERENCIAL"]
["102457","BASE PARA POÇO DE VISITA CIRCULAR PARA DRENAGEM, EM CONCRETO PRÉ-MOLDADO, DIÂMETRO INTERNO = 1,2 M, PROFUNDIDADE = 1,45 M, EXCLUINDO TAMPÃO. AF_05/2021","UN","ATRIBUÍDO SÃO PAULO","1.175,97","CAIXA REFERENCIAL"]
["94263","GUIA (MEIO-FIO) CONCRETO, MOLDADA  IN LOCO  EM TRECHO RETO COM EXTRUSORA, 13 CM BASE X 22 CM ALTURA. AF_06/2016","M","ATRIBUÍDO SÃO PAULO","24,60","CAIXA REFERENCIAL"]
["94264","GUIA (MEIO-FIO) CONCRETO, MOLDADA  IN LOCO  EM TRECHO CURVO COM EXTRUSORA, 13 CM BASE X 22 CM ALTURA. AF_06/2016","M","ATRIBUÍDO SÃO PAULO","27,51","CAIXA REFERENCIAL"]
["94265","GUIA (MEIO-FIO) CONCRETO, MOLDADA  IN LOCO  EM TRECHO RETO COM EXTRUSORA, 15 CM BASE X 30 CM ALTURA. AF_06/2016","M","ATRIBUÍDO SÃO PAULO","32,00","CAIXA REFERENCIAL"]
["94266","GUIA (MEIO-FIO) CONCRETO, MOLDADA  IN LOCO  EM TRECHO CURVO COM EXTRUSORA, 15 CM BASE X 30 CM ALTURA. AF_06/2016","M","ATRIBUÍDO SÃO PAULO","35,30","CAIXA REFERENCIAL"]
["94267","GUIA (MEIO-FIO) E SARJETA CONJUGADOS DE CONCRETO, MOLDADA  IN LOCO  EM TRECHO RETO COM EXTRUSORA, 45 CM BASE (15 CM BASE DA GUIA + 30 CM BASE DA SARJETA) X 22 CM ALTURA. AF_06/2016","M","ATRIBUÍDO SÃO PAULO","37,67","CAIXA REFERENCIAL"]
["94268","GUIA (MEIO-FIO) E SARJETA CONJUGADOS DE CONCRETO, MOLDADA  IN LOCO  EM TRECHO CURVO COM EXTRUSORA, 45 CM BASE (15 CM BASE DA GUIA + 30 CM BASE DA SARJETA) X 22 CM ALTURA. AF_06/2016","M","ATRIBUÍDO SÃO PAULO","41,33","CAIXA REFERENCIAL"]
["94269","GUIA (MEIO-FIO) E SARJETA CONJUGADOS DE CONCRETO, MOLDADA  IN LOCO  EM TRECHO RETO COM EXTRUSORA, 60 CM BASE (15 CM BASE DA GUIA + 45 CM BASE DA SARJETA) X 26 CM ALTURA. AF_06/2016","M","ATRIBUÍDO SÃO PAULO","53,48","CAIXA REFERENCIAL"]
["94270","GUIA (MEIO-FIO) E SARJETA CONJUGADOS DE CONCRETO, MOLDADA IN LOCO  EM TRECHO CURVO COM EXTRUSORA, 60 CM BASE (15 CM BASE DA GUIA + 45 CM BASE DA SARJETA) X 26 CM ALTURA. AF_06/2016","M","ATRIBUÍDO SÃO PAULO","58,59","CAIXA REFERENCIAL"]
["94271","GUIA (MEIO-FIO) E SARJETA CONJUGADOS DE CONCRETO, MOLDADA  IN LOCO  EM TRECHO RETO COM EXTRUSORA, 65 CM BASE (15 CM BASE DA GUIA + 50 CM BASE DA SARJETA) X 26 CM ALTURA. AF_06/2016","M","ATRIBUÍDO SÃO PAULO","65,29","CAIXA REFERENCIAL"]
["94272","GUIA (MEIO-FIO) E SARJETA CONJUGADOS DE CONCRETO, MOLDADA  IN LOCO  EM TRECHO CURVO COM EXTRUSORA, 65 CM BASE (15 CM BASE DA GUIA + 50 CM BASE DA SARJETA) X 26 CM ALTURA. AF_06/2016","M","ATRIBUÍDO SÃO PAULO","72,08","CAIXA REFERENCIAL"]
["94273","ASSENTAMENTO DE GUIA (MEIO-FIO) EM TRECHO RETO, CONFECCIONADA EM CONCRETO PRÉ-FABRICADO, DIMENSÕES 100X15X13X30 CM (COMPRIMENTO X BASE INFERIOR X BASE SUPERIOR X ALTURA), PARA VIAS URBANAS (USO VIÁRIO). AF_06/2016","M","COEFICIENTE DE REPRESENTATIVIDADE","43,90","CAIXA REFERENCIAL"]
["94274","ASSENTAMENTO DE GUIA (MEIO-FIO) EM TRECHO CURVO, CONFECCIONADA EM CONCRETO PRÉ-FABRICADO, DIMENSÕES 100X15X13X30 CM (COMPRIMENTO X BASE INFERIOR X BASE SUPERIOR X ALTURA), PARA VIAS URBANAS (USO VIÁRIO). AF_06/2016","M","COEFICIENTE DE REPRESENTATIVIDADE","47,23","CAIXA REFERENCIAL"]
["94275","ASSENTAMENTO DE GUIA (MEIO-FIO) EM TRECHO RETO, CONFECCIONADA EM CONCRETO PRÉ-FABRICADO, DIMENSÕES 100X15X13X20 CM (COMPRIMENTO X BASE INFERIOR X BASE SUPERIOR X ALTURA), PARA URBANIZAÇÃO INTERNA DE EMPREENDIMENTOS. AF_06/2016_P","M","COEFICIENTE DE REPRESENTATIVIDADE","42,17","CAIXA REFERENCIAL"]
["94276","ASSENTAMENTO DE GUIA (MEIO-FIO) EM TRECHO CURVO, CONFECCIONADA EM CONCRETO PRÉ-FABRICADO, DIMENSÕES 100X15X13X20 CM (COMPRIMENTO X BASE INFERIOR X BASE SUPERIOR X ALTURA), PARA URBANIZAÇÃO INTERNA DE EMPREENDIMENTOS. AF_06/2016_P","M","COEFICIENTE DE REPRESENTATIVIDADE","45,51","CAIXA REFERENCIAL"]
["94277","ASSENTAMENTO DE GUIA (MEIO-FIO) EM TRECHO RETO, CONFECCIONADA EM CONCRETO PRÉ-FABRICADO, DIMENSÕES 80X08X08X25 CM (COMPRIMENTO X BASE INFERIOR X BASE SUPERIOR X ALTURA), PARA URBANIZAÇÃO INTERNA DE EMPREENDIMENTOS. AF_06/2016","M","COEFICIENTE DE REPRESENTATIVIDADE","34,82","CAIXA REFERENCIAL"]
["94278","ASSENTAMENTO DE GUIA (MEIO-FIO) EM TRECHO CURVO, CONFECCIONADA EM CONCRETO PRÉ-FABRICADO, DIMENSÕES 80X08X08X25 CM (COMPRIMENTO X BASE INFERIOR X BASE SUPERIOR X ALTURA), PARA URBANIZAÇÃO INTERNA DE EMPREENDIMENTOS. AF_06/2016","M","COEFICIENTE DE REPRESENTATIVIDADE","38,16","CAIXA REFERENCIAL"]
["94279","ASSENTAMENTO DE GUIA (MEIO-FIO) EM TRECHO RETO, CONFECCIONADA EM CONCRETO PRÉ-FABRICADO, DIMENSÕES 39X6,5X6,5X19 CM (COMPRIMENTO X BASE INFERIOR X BASE SUPERIOR X ALTURA), PARA DELIMITAÇÃO DE JARDINS, PRAÇAS OU PASSEIOS. AF_05/2016","M","COEFICIENTE DE REPRESENTATIVIDADE","40,56","CAIXA REFERENCIAL"]
["94280","ASSENTAMENTO DE GUIA (MEIO-FIO) EM TRECHO CURVO, CONFECCIONADA EM CONCRETO PRÉ-FABRICADO, DIMENSÕES 39X6,5X6,5X19 CM (COMPRIMENTO X BASE INFERIOR X BASE SUPERIOR X ALTURA), PARA DELIMITAÇÃO DE JARDINS, PRAÇAS OU PASSEIOS. AF_05/2016","M","COEFICIENTE DE REPRESENTATIVIDADE","43,90","CAIXA REFERENCIAL"]
["94281","EXECUÇÃO DE SARJETA DE CONCRETO USINADO, MOLDADA  IN LOCO  EM TRECHO RETO, 30 CM BASE X 15 CM ALTURA. AF_06/2016","M","COEFICIENTE DE REPRESENTATIVIDADE","41,07","CAIXA REFERENCIAL"]
["94282","EXECUÇÃO DE SARJETA DE CONCRETO USINADO, MOLDADA  IN LOCO  EM TRECHO CURVO, 30 CM BASE X 15 CM ALTURA. AF_06/2016","M","COEFICIENTE DE REPRESENTATIVIDADE","51,24","CAIXA REFERENCIAL"]
["94283","EXECUÇÃO DE SARJETA DE CONCRETO USINADO, MOLDADA  IN LOCO  EM TRECHO RETO, 45 CM BASE X 15 CM ALTURA. AF_06/2016","M","COEFICIENTE DE REPRESENTATIVIDADE","51,94","CAIXA REFERENCIAL"]
["94284","EXECUÇÃO DE SARJETA DE CONCRETO USINADO, MOLDADA  IN LOCO  EM TRECHO CURVO, 45 CM BASE X 15 CM ALTURA. AF_06/2016","M","COEFICIENTE DE REPRESENTATIVIDADE","62,10","CAIXA REFERENCIAL"]
["94285","EXECUÇÃO DE SARJETA DE CONCRETO USINADO, MOLDADA  IN LOCO  EM TRECHO RETO, 60 CM BASE X 15 CM ALTURA. AF_06/2016","M","COEFICIENTE DE REPRESENTATIVIDADE","62,33","CAIXA REFERENCIAL"]
["94286","EXECUÇÃO DE SARJETA DE CONCRETO USINADO, MOLDADA  IN LOCO  EM TRECHO CURVO, 60 CM BASE X 15 CM ALTURA. AF_06/2016","M","COEFICIENTE DE REPRESENTATIVIDADE","72,49","CAIXA REFERENCIAL"]
["94287","EXECUÇÃO DE SARJETA DE CONCRETO USINADO, MOLDADA  IN LOCO  EM TRECHO RETO, 30 CM BASE X 10 CM ALTURA. AF_06/2016","M","COEFICIENTE DE REPRESENTATIVIDADE","32,15","CAIXA REFERENCIAL"]
["94288","EXECUÇÃO DE SARJETA DE CONCRETO USINADO, MOLDADA  IN LOCO  EM TRECHO CURVO, 30 CM BASE X 10 CM ALTURA. AF_06/2016","M","COEFICIENTE DE REPRESENTATIVIDADE","41,05","CAIXA REFERENCIAL"]
["94289","EXECUÇÃO DE SARJETA DE CONCRETO USINADO, MOLDADA  IN LOCO  EM TRECHO RETO, 45 CM BASE X 10 CM ALTURA. AF_06/2016","M","COEFICIENTE DE REPRESENTATIVIDADE","39,95","CAIXA REFERENCIAL"]
["94290","EXECUÇÃO DE SARJETA DE CONCRETO USINADO, MOLDADA  IN LOCO  EM TRECHO CURVO, 45 CM BASE X 10 CM ALTURA. AF_06/2016","M","COEFICIENTE DE REPRESENTATIVIDADE","48,84","CAIXA REFERENCIAL"]
["94291","EXECUÇÃO DE SARJETA DE CONCRETO USINADO, MOLDADA  IN LOCO  EM TRECHO RETO, 60 CM BASE X 10 CM ALTURA. AF_06/2016","M","COEFICIENTE DE REPRESENTATIVIDADE","47,32","CAIXA REFERENCIAL"]
["94292","EXECUÇÃO DE SARJETA DE CONCRETO USINADO, MOLDADA  IN LOCO  EM TRECHO CURVO, 60 CM BASE X 10 CM ALTURA. AF_06/2016","M","COEFICIENTE DE REPRESENTATIVIDADE","56,20","CAIXA REFERENCIAL"]
["94293","EXECUÇÃO DE SARJETÃO DE CONCRETO USINADO, MOLDADA  IN LOCO  EM TRECHO RETO, 100 CM BASE X 20 CM ALTURA. AF_06/2016","M","COEFICIENTE DE REPRESENTATIVIDADE","123,68","CAIXA REFERENCIAL"]
["94294","EXECUÇÃO DE ESCORAS DE CONCRETO PARA CONTENÇÃO DE GUIAS PRÉ-FABRICADAS. AF_06/2016","M","ATRIBUÍDO SÃO PAULO","6,52","CAIXA REFERENCIAL"]
["102727","FABRICAÇÃO, MONTAGEM E DESMONTAGEM DE FÔRMA PARA BOCA PARA BUEIRO, EM CHAPA DE MADEIRA COMPENSADA RESINADA, E = 17 MM, 2 UTILIZAÇÕES. AF_07/2021","M2","COEFICIENTE DE REPRESENTATIVIDADE","69,39","CAIXA REFERENCIAL"]
["102728","ARMAÇÃO DE MURO ALA E MURO TESTA UTILIZANDO AÇO CA-50 DE 6,3 MM - MONTAGEM. AF_07/2021","KG","COEFICIENTE DE REPRESENTATIVIDADE","18,09","CAIXA REFERENCIAL"]
["102729","ARMAÇÃO DE MURO ALA E MURO TESTA UTILIZANDO AÇO CA-50 DE 8 MM - MONTAGEM. AF_07/2021","KG","COEFICIENTE DE REPRESENTATIVIDADE","17,38","CAIXA REFERENCIAL"]
["102730","ARMAÇÃO DE MURO ALA E MURO TESTA UTILIZANDO AÇO CA-50 DE 10 MM - MONTAGEM. AF_07/2021","KG","COEFICIENTE DE REPRESENTATIVIDADE","15,78","CAIXA REFERENCIAL"]
["102731","ARMAÇÃO DE MURO ALA E MURO TESTA UTILIZANDO AÇO CA-50 DE 12,5 MM - MONTAGEM. AF_07/2021","KG","COEFICIENTE DE REPRESENTATIVIDADE","13,41","CAIXA REFERENCIAL"]
["102732","ARMAÇÃO DE MURO ALA E MURO TESTA UTILIZANDO AÇO CA-50 DE 16 MM - MONTAGEM. AF_07/2021","KG","COEFICIENTE DE REPRESENTATIVIDADE","12,92","CAIXA REFERENCIAL"]
["102733","ARMAÇÃO DE MURO ALA E MURO TESTA UTILIZANDO AÇO CA-50 DE 20 MM - MONTAGEM. AF_07/2021","KG","COEFICIENTE DE REPRESENTATIVIDADE","14,65","CAIXA REFERENCIAL"]
["102734","ARMAÇÃO DE SOLEIRA UTILIZANDO AÇO CA-50 DE 6,3 MM - MONTAGEM. AF_07/2021","KG","COEFICIENTE DE REPRESENTATIVIDADE","17,11","CAIXA REFERENCIAL"]
["102735","ARMAÇÃO DE SOLEIRA UTILIZANDO AÇO CA-50 DE 8 MM - MONTAGEM. AF_07/2021","KG","COEFICIENTE DE REPRESENTATIVIDADE","16,60","CAIXA REFERENCIAL"]
["102736","CONCRETAGEM DE BOCA PARA BUEIRO, FCK = 20 MPA, COM USO DE BOMBA - LANÇAMENTO, ADENSAMENTO E ACABAMENTO. AF_07/2021","M3","ATRIBUÍDO SÃO PAULO","416,14","CAIXA REFERENCIAL"]
["102737","BOCA PARA BUEIRO SIMPLES TUBULAR D = 40 CM EM CONCRETO, ALAS COM ESCONSIDADE DE 0°, INCLUINDO FÔRMAS E MATERIAIS. AF_07/2021","UN","ATRIBUÍDO SÃO PAULO","968,39","CAIXA REFERENCIAL"]
["102738","BOCA PARA BUEIRO SIMPLES TUBULAR D = 60 CM EM CONCRETO, ALAS COM ESCONSIDADE DE 0°, INCLUINDO FÔRMAS E MATERIAIS. AF_07/2021","UN","ATRIBUÍDO SÃO PAULO","2.015,09","CAIXA REFERENCIAL"]
["102739","BOCA PARA BUEIRO SIMPLES TUBULAR D = 80 CM EM CONCRETO, ALAS COM ESCONSIDADE DE 0°, INCLUINDO FÔRMAS E MATERIAIS. AF_07/2021","UN","ATRIBUÍDO SÃO PAULO","3.404,92","CAIXA REFERENCIAL"]
["102740","BOCA PARA BUEIRO SIMPLES TUBULAR D = 100 CM EM CONCRETO, ALAS COM ESCONSIDADE DE 0°, INCLUINDO FÔRMAS E MATERIAIS. AF_07/2021","UN","ATRIBUÍDO SÃO PAULO","5.145,47","CAIXA REFERENCIAL"]
["102741","BOCA PARA BUEIRO SIMPLES TUBULAR D = 120 CM EM CONCRETO, ALAS COM ESCONSIDADE DE 0°, INCLUINDO FÔRMAS E MATERIAIS. AF_07/2021","UN","ATRIBUÍDO SÃO PAULO","7.276,20","CAIXA REFERENCIAL"]
["102742","BOCA PARA BUEIRO SIMPLES TUBULAR D = 150 CM EM CONCRETO, ALAS COM ESCONSIDADE DE 0°, INCLUINDO FÔRMAS E MATERIAIS. AF_07/2021","UN","ATRIBUÍDO SÃO PAULO","12.694,36","CAIXA REFERENCIAL"]
["102743","BOCA PARA BUEIRO DUPLO TUBULAR D = 80 CM EM CONCRETO, ALAS COM ESCONSIDADE DE 0°, INCLUINDO FÔRMAS E MATERIAIS. AF_07/2021","UN","ATRIBUÍDO SÃO PAULO","11.439,58","CAIXA REFERENCIAL"]
["102744","BOCA PARA BUEIRO DUPLO TUBULAR D = 100 CM EM CONCRETO, ALAS COM ESCONSIDADE DE 0°, INCLUINDO FÔRMAS E MATERIAIS. AF_07/2021","UN","ATRIBUÍDO SÃO PAULO","6.216,91","CAIXA REFERENCIAL"]
["102745","BOCA PARA BUEIRO DUPLO TUBULAR D = 120 CM EM CONCRETO, ALAS COM ESCONSIDADE DE 0°, INCLUINDO FÔRMAS E MATERIAIS. AF_07/2021","UN","ATRIBUÍDO SÃO PAULO","8.806,31","CAIXA REFERENCIAL"]
["102746","BOCA PARA BUEIRO DUPLO TUBULAR D = 150 CM EM CONCRETO, ALAS COM ESCONSIDADE DE 0°, INCLUINDO FÔRMAS E MATERIAIS. AF_07/2021","UN","ATRIBUÍDO SÃO PAULO","15.388,07","CAIXA REFERENCIAL"]
["102747","BOCA PARA BUEIRO TRIPLO TUBULAR D = 100 CM EM CONCRETO, ALAS COM ESCONSIDADE DE 0°, INCLUINDO FÔRMAS E MATERIAIS. AF_07/2021","UN","ATRIBUÍDO SÃO PAULO","7.734,04","CAIXA REFERENCIAL"]
["102748","BOCA PARA BUEIRO TRIPLO TUBULAR D = 120 CM EM CONCRETO, ALAS COM ESCONSIDADE DE 0°, INCLUINDO FÔRMAS E MATERIAIS. AF_07/2021","UN","ATRIBUÍDO SÃO PAULO","10.903,68","CAIXA REFERENCIAL"]
["102749","BOCA PARA BUEIRO TRIPLO TUBULAR D = 150 CM EM CONCRETO, ALAS COM ESCONSIDADE DE 0°, INCLUINDO FÔRMAS E MATERIAIS. AF_07/2021","UN","ATRIBUÍDO SÃO PAULO","18.866,44","CAIXA REFERENCIAL"]
["102750","BOCA PARA BUEIRO SIMPLES TUBULAR D = 60 CM EM CONCRETO, ALAS COM ESCONSIDADE DE 30°, INCLUINDO FÔRMAS E MATERIAIS. AF_07/2021","UN","ATRIBUÍDO SÃO PAULO","2.471,50","CAIXA REFERENCIAL"]
["102751","BOCA PARA BUEIRO SIMPLES TUBULAR D = 80 CM EM CONCRETO, ALAS COM ESCONSIDADE DE 30°, INCLUINDO FÔRMAS E MATERIAIS. AF_07/2021","UN","ATRIBUÍDO SÃO PAULO","4.361,76","CAIXA REFERENCIAL"]
["102752","BOCA PARA BUEIRO SIMPLES TUBULAR D = 100 CM EM CONCRETO, ALAS COM ESCONSIDADE DE 30°, INCLUINDO FÔRMAS E MATERIAIS. AF_07/2021","UN","ATRIBUÍDO SÃO PAULO","7.027,76","CAIXA REFERENCIAL"]
["102753","BOCA PARA BUEIRO SIMPLES TUBULAR D = 120 CM EM CONCRETO, ALAS COM ESCONSIDADE DE 30°, INCLUINDO FÔRMAS E MATERIAIS. AF_07/2021","UN","ATRIBUÍDO SÃO PAULO","10.504,17","CAIXA REFERENCIAL"]
["102754","BOCA PARA BUEIRO SIMPLES TUBULAR D = 150 CM EM CONCRETO, ALAS COM ESCONSIDADE DE 30°, INCLUINDO FÔRMAS E MATERIAIS. AF_07/2021","UN","ATRIBUÍDO SÃO PAULO","20.140,80","CAIXA REFERENCIAL"]
["102755","BOCA PARA BUEIRO DUPLO TUBULAR D = 100 CM EM CONCRETO, ALAS COM ESCONSIDADE DE 30°, INCLUINDO FÔRMAS E MATERIAIS. AF_07/2021","UN","ATRIBUÍDO SÃO PAULO","9.856,93","CAIXA REFERENCIAL"]
["102756","BOCA PARA BUEIRO DUPLO TUBULAR D = 120 CM EM CONCRETO, ALAS COM ESCONSIDADE DE 30°, INCLUINDO FÔRMAS E MATERIAIS. AF_07/2021","UN","ATRIBUÍDO SÃO PAULO","14.779,56","CAIXA REFERENCIAL"]
["102757","BOCA PARA BUEIRO DUPLO TUBULAR D = 150 CM EM CONCRETO, ALAS COM ESCONSIDADE DE 30°, INCLUINDO FÔRMAS E MATERIAIS. AF_07/2021","UN","ATRIBUÍDO SÃO PAULO","27.725,16","CAIXA REFERENCIAL"]
["102758","BOCA PARA BUEIRO TRIPLO TUBULAR D = 100 CM EM CONCRETO, ALAS COM ESCONSIDADE DE 30°, INCLUINDO FÔRMAS E MATERIAIS. AF_07/2021","UN","ATRIBUÍDO SÃO PAULO","12.701,28","CAIXA REFERENCIAL"]
["102759","BOCA PARA BUEIRO TRIPLO TUBULAR D = 120 CM EM CONCRETO, ALAS COM ESCONSIDADE DE 30°, INCLUINDO FÔRMAS E MATERIAIS. AF_07/2021","UN","ATRIBUÍDO SÃO PAULO","19.078,10","CAIXA REFERENCIAL"]
["102760","BOCA PARA BUEIRO TRIPLO TUBULAR D = 150 CM EM CONCRETO, ALAS COM ESCONSIDADE DE 30°, INCLUINDO FÔRMAS E MATERIAIS. AF_07/2021","UN","ATRIBUÍDO SÃO PAULO","35.453,39","CAIXA REFERENCIAL"]
["102761","BOCA PARA BUEIRO SIMPLES CELULAR 150 X 150 CM EM CONCRETO, ALAS COM ESCONSIDADE DE 30°, INCLUINDO FÔRMAS E MATERIAIS. AF_07/2021","UN","ATRIBUÍDO SÃO PAULO","11.582,52","CAIXA REFERENCIAL"]
["102762","BOCA PARA BUEIRO SIMPLES CELULAR 200 X 200 CM EM CONCRETO, ALAS COM ESCONSIDADE DE 30°, INCLUINDO FÔRMAS E MATERIAIS. AF_07/2021","UN","ATRIBUÍDO SÃO PAULO","18.127,48","CAIXA REFERENCIAL"]
["102763","BOCA PARA BUEIRO SIMPLES CELULAR 250 X 250 CM EM CONCRETO, ALAS COM ESCONSIDADE DE 30°, INCLUINDO FÔRMAS E MATERIAIS. AF_07/2021","UN","ATRIBUÍDO SÃO PAULO","25.508,46","CAIXA REFERENCIAL"]
["102764","BOCA PARA BUEIRO SIMPLES CELULAR 300 X 300 CM EM CONCRETO, ALAS COM ESCONSIDADE DE 30°, INCLUINDO FÔRMAS E MATERIAIS. AF_07/2021","UN","ATRIBUÍDO SÃO PAULO","36.493,93","CAIXA REFERENCIAL"]
["102765","BOCA PARA BUEIRO DUPLO CELULAR 150 X 150 CM EM CONCRETO, ALAS COM ESCONSIDADE DE 30°, INCLUINDO FÔRMAS E MATERIAIS. AF_07/2021","UN","ATRIBUÍDO SÃO PAULO","14.275,73","CAIXA REFERENCIAL"]
["102766","BOCA PARA BUEIRO DUPLO CELULAR 200 X 200 CM EM CONCRETO, ALAS COM ESCONSIDADE DE 30°, INCLUINDO FÔRMAS E MATERIAIS. AF_07/2021","UN","ATRIBUÍDO SÃO PAULO","21.866,12","CAIXA REFERENCIAL"]
["102767","BOCA PARA BUEIRO DUPLO CELULAR 250 X 250 CM EM CONCRETO, ALAS COM ESCONSIDADE DE 30°, INCLUINDO FÔRMAS E MATERIAIS. AF_07/2021","UN","ATRIBUÍDO SÃO PAULO","31.130,25","CAIXA REFERENCIAL"]
["102768","BOCA PARA BUEIRO DUPLO CELULAR 300 X 300 CM EM CONCRETO, ALAS COM ESCONSIDADE DE 30°, INCLUINDO FÔRMAS E MATERIAIS. AF_07/2021","UN","ATRIBUÍDO SÃO PAULO","44.182,22","CAIXA REFERENCIAL"]
["102769","BOCA PARA BUEIRO TRIPLO CELULAR 150 X 150 CM EM CONCRETO, ALAS COM ESCONSIDADE DE 30°, INCLUINDO FÔRMAS E MATERIAIS. AF_07/2021","UN","ATRIBUÍDO SÃO PAULO","16.485,20","CAIXA REFERENCIAL"]
["102770","BOCA PARA BUEIRO TRIPLO CELULAR 200 X 200 CM EM CONCRETO, ALAS COM ESCONSIDADE DE 30°, INCLUINDO FÔRMAS E MATERIAIS. AF_07/2021","UN","ATRIBUÍDO SÃO PAULO","25.676,48","CAIXA REFERENCIAL"]
["102771","BOCA PARA BUEIRO TRIPLO CELULAR 250 X 250 CM EM CONCRETO, ALAS COM ESCONSIDADE DE 30°, INCLUINDO FÔRMAS E MATERIAIS. AF_07/2021","UN","ATRIBUÍDO SÃO PAULO","36.528,13","CAIXA REFERENCIAL"]
["102772","BOCA PARA BUEIRO TRIPLO CELULAR 300 X 300 CM EM CONCRETO, ALAS COM ESCONSIDADE DE 30°, INCLUINDO FÔRMAS E MATERIAIS. AF_07/2021","UN","ATRIBUÍDO SÃO PAULO","52.516,46","CAIXA REFERENCIAL"]
["102773","BOCA PARA BUEIRO SIMPLES TUBULAR D = 40 CM EM GABIÃO, ALAS COM ESCONSIDADE DE 45°, INCLUINDO FÔRMAS E MATERIAIS. AF_07/2021","UN","ATRIBUÍDO SÃO PAULO","6.556,98","CAIXA REFERENCIAL"]
["102774","BOCA PARA BUEIRO SIMPLES TUBULAR D = 60 CM EM GABIÃO, ALAS COM ESCONSIDADE DE 45°, INCLUINDO FÔRMAS E MATERIAIS. AF_07/2021","UN","ATRIBUÍDO SÃO PAULO","6.556,98","CAIXA REFERENCIAL"]
["102775","BOCA PARA BUEIRO SIMPLES TUBULAR D = 80 CM EM GABIÃO, ALAS COM ESCONSIDADE DE 45°, INCLUINDO FÔRMAS E MATERIAIS. AF_07/2021","UN","ATRIBUÍDO SÃO PAULO","9.790,44","CAIXA REFERENCIAL"]
["102776","BOCA PARA BUEIRO SIMPLES TUBULAR D = 100 CM EM GABIÃO, ALAS COM ESCONSIDADE DE 45°, INCLUINDO FÔRMAS E MATERIAIS. AF_07/2021","UN","ATRIBUÍDO SÃO PAULO","9.790,44","CAIXA REFERENCIAL"]
["102777","BOCA PARA BUEIRO SIMPLES TUBULAR D = 120 CM EM GABIÃO, ALAS COM ESCONSIDADE DE 45°, INCLUINDO FÔRMAS E MATERIAIS. AF_07/2021","UN","ATRIBUÍDO SÃO PAULO","14.820,31","CAIXA REFERENCIAL"]
["102778","BOCA PARA BUEIRO SIMPLES TUBULAR D = 150 CM EM GABIÃO, ALAS COM ESCONSIDADE DE 45°, INCLUINDO FÔRMAS E MATERIAIS. AF_07/2021","UN","ATRIBUÍDO SÃO PAULO","22.091,00","CAIXA REFERENCIAL"]
["102779","BOCA PARA BUEIRO DUPLO TUBULAR D = 40 CM EM GABIÃO, ALAS COM ESCONSIDADE DE 45°, INCLUINDO FÔRMAS E MATERIAIS. AF_07/2021","UN","ATRIBUÍDO SÃO PAULO","6.556,98","CAIXA REFERENCIAL"]
["102780","BOCA PARA BUEIRO DUPLO TUBULAR D = 60 CM EM GABIÃO, ALAS COM ESCONSIDADE DE 45°, INCLUINDO FÔRMAS E MATERIAIS. AF_07/2021","UN","ATRIBUÍDO SÃO PAULO","7.545,03","CAIXA REFERENCIAL"]
["102781","BOCA PARA BUEIRO DUPLO TUBULAR D = 80 CM EM GABIÃO, ALAS COM ESCONSIDADE DE 45°, INCLUINDO FÔRMAS E MATERIAIS. AF_07/2021","UN","ATRIBUÍDO SÃO PAULO","11.182,67","CAIXA REFERENCIAL"]
["102782","BOCA PARA BUEIRO DUPLO TUBULAR D = 100 CM EM GABIÃO, ALAS COM ESCONSIDADE DE 45°, INCLUINDO FÔRMAS E MATERIAIS. AF_07/2021","UN","ATRIBUÍDO SÃO PAULO","12.444,78","CAIXA REFERENCIAL"]
["102783","BOCA PARA BUEIRO DUPLO TUBULAR D = 120 CM EM GABIÃO, ALAS COM ESCONSIDADE DE 45°, INCLUINDO FÔRMAS E MATERIAIS. AF_07/2021","UN","ATRIBUÍDO SÃO PAULO","16.486,61","CAIXA REFERENCIAL"]
["102784","BOCA PARA BUEIRO DUPLO TUBULAR D = 150 CM EM GABIÃO, ALAS COM ESCONSIDADE DE 45°, INCLUINDO FÔRMAS E MATERIAIS. AF_07/2021","UN","ATRIBUÍDO SÃO PAULO","25.726,35","CAIXA REFERENCIAL"]
["102785","BOCA PARA BUEIRO TRIPLO TUBULAR D = 40 CM EM GABIÃO, ALAS COM ESCONSIDADE DE 45°, INCLUINDO FÔRMAS E MATERIAIS. AF_07/2021","UN","ATRIBUÍDO SÃO PAULO","7.545,03","CAIXA REFERENCIAL"]
["102786","BOCA PARA BUEIRO TRIPLO TUBULAR D = 60 CM EM GABIÃO, ALAS COM ESCONSIDADE DE 45°, INCLUINDO FÔRMAS E MATERIAIS. AF_07/2021","UN","ATRIBUÍDO SÃO PAULO","8.402,96","CAIXA REFERENCIAL"]
["102787","BOCA PARA BUEIRO TRIPLO TUBULAR D = 80 CM EM GABIÃO, ALAS COM ESCONSIDADE DE 45°, INCLUINDO FÔRMAS E MATERIAIS. AF_07/2021","UN","ATRIBUÍDO SÃO PAULO","12.444,78","CAIXA REFERENCIAL"]
["102788","BOCA PARA BUEIRO TRIPLO TUBULAR D = 100 CM EM GABIÃO, ALAS COM ESCONSIDADE DE 45°, INCLUINDO FÔRMAS E MATERIAIS. AF_07/2021","UN","ATRIBUÍDO SÃO PAULO","13.682,49","CAIXA REFERENCIAL"]
["102789","BOCA PARA BUEIRO TRIPLO TUBULAR D = 120 CM EM GABIÃO, ALAS COM ESCONSIDADE DE 45°, INCLUINDO FÔRMAS E MATERIAIS. AF_07/2021","UN","ATRIBUÍDO SÃO PAULO","18.006,52","CAIXA REFERENCIAL"]
["102790","BOCA PARA BUEIRO TRIPLO TUBULAR D = 150 CM EM GABIÃO, ALAS COM ESCONSIDADE DE 45°, INCLUINDO FÔRMAS E MATERIAIS. AF_07/2021","UN","ATRIBUÍDO SÃO PAULO","29.768,32","CAIXA REFERENCIAL"]
["102791","BOCA PARA BUEIRO SIMPLES CELULAR 150 X 150 CM EM GABIÃO, ALAS COM ESCONSIDADE DE 45°, INCLUINDO FÔRMAS E MATERIAIS. AF_07/2021","UN","ATRIBUÍDO SÃO PAULO","23.926,23","CAIXA REFERENCIAL"]
["102792","BOCA PARA BUEIRO SIMPLES CELULAR 200 X 200 CM EM GABIÃO, ALAS COM ESCONSIDADE DE 45°, INCLUINDO FÔRMAS E MATERIAIS. AF_07/2021","UN","ATRIBUÍDO SÃO PAULO","38.932,23","CAIXA REFERENCIAL"]
["102793","BOCA PARA BUEIRO SIMPLES CELULAR 250 X 250 CM EM GABIÃO, ALAS COM ESCONSIDADE DE 45°, INCLUINDO FÔRMAS E MATERIAIS. AF_07/2021","UN","ATRIBUÍDO SÃO PAULO","52.436,90","CAIXA REFERENCIAL"]
["102794","BOCA PARA BUEIRO SIMPLES CELULAR 300 X 300 CM EM GABIÃO, ALAS COM ESCONSIDADE DE 45°, INCLUINDO FÔRMAS E MATERIAIS. AF_07/2021","UN","ATRIBUÍDO SÃO PAULO","75.136,04","CAIXA REFERENCIAL"]
["102795","BOCA PARA BUEIRO DUPLO CELULAR 150 X 150 CM EM GABIÃO, ALAS COM ESCONSIDADE DE 45°, INCLUINDO FÔRMAS E MATERIAIS. AF_07/2021","UN","ATRIBUÍDO SÃO PAULO","25.526,84","CAIXA REFERENCIAL"]
["102796","BOCA PARA BUEIRO DUPLO CELULAR 200 X 200 CM EM GABIÃO, ALAS COM ESCONSIDADE DE 45°, INCLUINDO FÔRMAS E MATERIAIS. AF_07/2021","UN","ATRIBUÍDO SÃO PAULO","41.186,37","CAIXA REFERENCIAL"]
["102797","BOCA PARA BUEIRO DUPLO CELULAR 250 X 250 CM EM GABIÃO, ALAS COM ESCONSIDADE DE 45°, INCLUINDO FÔRMAS E MATERIAIS. AF_07/2021","UN","ATRIBUÍDO SÃO PAULO","58.401,71","CAIXA REFERENCIAL"]
["102798","BOCA PARA BUEIRO DUPLO CELULAR 300 X 300 CM EM GABIÃO, ALAS COM ESCONSIDADE DE 45°, INCLUINDO FÔRMAS E MATERIAIS. AF_07/2021","UN","ATRIBUÍDO SÃO PAULO","71.492,69","CAIXA REFERENCIAL"]
["102799","BOCA PARA BUEIRO TRIPLO CELULAR 150 X 150 CM EM GABIÃO, ALAS COM ESCONSIDADE DE 45°, INCLUINDO FÔRMAS E MATERIAIS. AF_07/2021","UN","ATRIBUÍDO SÃO PAULO","26.065,75","CAIXA REFERENCIAL"]
["102800","BOCA PARA BUEIRO TRIPLO CELULAR 200 X 200 CM EM GABIÃO, ALAS COM ESCONSIDADE DE 45°, INCLUINDO FÔRMAS E MATERIAIS. AF_07/2021","UN","ATRIBUÍDO SÃO PAULO","45.208,24","CAIXA REFERENCIAL"]
["102801","BOCA PARA BUEIRO TRIPLO CELULAR 250 X 250 CM EM GABIÃO, ALAS COM ESCONSIDADE DE 45°, INCLUINDO FÔRMAS E MATERIAIS. AF_07/2021","UN","ATRIBUÍDO SÃO PAULO","63.314,04","CAIXA REFERENCIAL"]
["102802","BOCA PARA BUEIRO TRIPLO CELULAR 300 X 300 CM EM GABIÃO, ALAS COM ESCONSIDADE DE 45°, INCLUINDO FÔRMAS E MATERIAIS. AF_07/2021","UN","ATRIBUÍDO SÃO PAULO","75.931,31","CAIXA REFERENCIAL"]
["101570","ESCORAMENTO DE VALA, TIPO PONTALETEAMENTO, COM PROFUNDIDADE DE 0 A 1,5 M, LARGURA MENOR QUE 1,5 M. AF_08/2020","M2","ATRIBUÍDO SÃO PAULO","19,86","CAIXA REFERENCIAL"]
["101571","ESCORAMENTO DE VALA, TIPO PONTALETEAMENTO, COM PROFUNDIDADE DE 0 A 1,5 M, LARGURA MAIOR OU IGUAL A 1,5 M E MENOR QUE 2,5 M. AF_08/2020","M2","ATRIBUÍDO SÃO PAULO","26,52","CAIXA REFERENCIAL"]
["101572","ESCORAMENTO DE VALA, TIPO PONTALETEAMENTO, COM PROFUNDIDADE DE 1,5 A 3,0 M, LARGURA MENOR QUE 1,5 M. AF_08/2020","M2","ATRIBUÍDO SÃO PAULO","15,72","CAIXA REFERENCIAL"]
["101573","ESCORAMENTO DE VALA, TIPO PONTALETEAMENTO, COM PROFUNDIDADE DE 1,5 A 3,0 M, LARGURA MAIOR OU IGUAL A 1,5 M E MENOR QUE 2,5 M. AF_08/2020","M2","ATRIBUÍDO SÃO PAULO","22,38","CAIXA REFERENCIAL"]
["101574","ESCORAMENTO DE VALA, TIPO PONTALETEAMENTO, COM PROFUNDIDADE DE 3,0 A 4,5 M, LARGURA MENOR QUE 1,5 M. AF_08/2020","M2","ATRIBUÍDO SÃO PAULO","12,30","CAIXA REFERENCIAL"]
["101575","ESCORAMENTO DE VALA, TIPO PONTALETEAMENTO, COM PROFUNDIDADE DE 3,0 A 4,5 M, LARGURA MAIOR OU IGUAL A 1,5 M E MENOR QUE 2,5 M. AF_08/2020","M2","ATRIBUÍDO SÃO PAULO","19,09","CAIXA REFERENCIAL"]
["101576","ESCORAMENTO DE VALA, TIPO DESCONTÍNUO, COM PROFUNDIDADE DE 0 A 1,5 M, LARGURA MENOR QUE 1,5 M. AF_08/2020","M2","ATRIBUÍDO SÃO PAULO","37,22","CAIXA REFERENCIAL"]
["101577","ESCORAMENTO DE VALA, TIPO DESCONTÍNUO, COM PROFUNDIDADE DE 0 A 1,5 M, LARGURA MAIOR OU IGUAL A 1,5 M E MENOR QUE 2,5 M. AF_08/2020","M2","ATRIBUÍDO SÃO PAULO","45,75","CAIXA REFERENCIAL"]
["101578","ESCORAMENTO DE VALA, TIPO DESCONTÍNUO, COM PROFUNDIDADE DE 1,5 M A 3,0 M, LARGURA MENOR QUE 1,5 M. AF_08/2020","M2","ATRIBUÍDO SÃO PAULO","31,11","CAIXA REFERENCIAL"]
["101579","ESCORAMENTO DE VALA, TIPO DESCONTÍNUO, COM PROFUNDIDADE DE 1,5 A 3,0 M, LARGURA MAIOR OU IGUAL A 1,5 M E MENOR QUE 2,5 M. AF_08/2020","M2","ATRIBUÍDO SÃO PAULO","39,64","CAIXA REFERENCIAL"]
["101580","ESCORAMENTO DE VALA, TIPO DESCONTÍNUO, COM PROFUNDIDADE DE 3,0 A 4,5 M, LARGURA MENOR QUE 1,5 M. AF_08/2020","M2","ATRIBUÍDO SÃO PAULO","28,30","CAIXA REFERENCIAL"]
["101581","ESCORAMENTO DE VALA, TIPO DESCONTÍNUO, COM PROFUNDIDADE DE 3,0 A 4,5 M, LARGURA MAIOR OU IGUAL A 1,5 E MENOR QUE 2,5 M. AF_08/2020","M2","ATRIBUÍDO SÃO PAULO","36,95","CAIXA REFERENCIAL"]
["101582","ESCORAMENTO DE VALA, TIPO CONTÍNUO, COM PROFUNDIDADE DE 0 A 1,5 M, LARGURA MENOR QUE 1,5 M. AF_08/2020","M2","ATRIBUÍDO SÃO PAULO","61,43","CAIXA REFERENCIAL"]
["101583","ESCORAMENTO DE VALA, TIPO CONTÍNUO, COM PROFUNDIDADE DE 0 A 1,5 M, LARGURA MAIOR OU IGUAL A 1,5 M E MENOR QUE 2,5 M. AF_08/2020","M2","ATRIBUÍDO SÃO PAULO","74,71","CAIXA REFERENCIAL"]
["101584","ESCORAMENTO DE VALA, TIPO CONTÍNUO, COM PROFUNDIDADE DE 1,5 M A 3,0 M, LARGURA MENOR QUE 1,5 M. AF_08/2020","M2","ATRIBUÍDO SÃO PAULO","51,04","CAIXA REFERENCIAL"]
["101585","ESCORAMENTO DE VALA, TIPO CONTÍNUO, COM PROFUNDIDADE DE 1,5 A 3,0 M, LARGURA MAIOR OU IGUAL A 1,5 M E MENOR QUE 2,5 M. AF_08/2020","M2","ATRIBUÍDO SÃO PAULO","64,32","CAIXA REFERENCIAL"]
["101586","ESCORAMENTO DE VALA, TIPO CONTÍNUO, COM PROFUNDIDADE DE 3,0 A 4,5 M, LARGURA MENOR QUE 1,5 M. AF_08/2020","M2","ATRIBUÍDO SÃO PAULO","45,23","CAIXA REFERENCIAL"]
["101587","ESCORAMENTO DE VALA, TIPO CONTÍNUO, COM PROFUNDIDADE DE 3,0 A 4,5 M, LARGURA MAIOR OU IGUAL A 1,5 E MENOR QUE 2,5 M. AF_08/2020","M2","ATRIBUÍDO SÃO PAULO","58,63","CAIXA REFERENCIAL"]
["101588","ESCORAMENTO DE VALA, TIPO CONTÍNUO COM PERFIL METÁLICO \"U\", COM PROFUNDIDADE DE 0 A 1,5 M, LARGURA MENOR QUE 1,5 M. AF_08/2020","M2","ATRIBUÍDO SÃO PAULO","78,64","CAIXA REFERENCIAL"]
["101589","ESCORAMENTO DE VALA,TIPO CONTÍNUO COM PERFIL METÁLICO \"U\", COM PROFUNDIDADE DE 0 A 1,5 M, LARGURA MAIOR OU IGUAL A 1,5 E MENOR QUE 2,5 M. AF_08/2020","M2","ATRIBUÍDO SÃO PAULO","113,95","CAIXA REFERENCIAL"]
["101590","ESCORAMENTO DE VALA, TIPO CONTÍNUO COM PERFIL METÁLICO \"U\", COM PROFUNDIDADE DE 1,5 A 3,0 M, LARGURA MENOR QUE 1,5 M. AF_08/2020","M2","ATRIBUÍDO SÃO PAULO","59,79","CAIXA REFERENCIAL"]
["101591","ESCORAMENTO DE VALA, TIPO CONTÍNUO COM PERFIL METÁLICO \"U\", COM PROFUNDIDADE DE 1,5 A 3,0 M, LARGURA MAIOR OU IGUAL 1,5 M E MENOR QUE 2,5 M. AF_08/2020","M2","ATRIBUÍDO SÃO PAULO","95,12","CAIXA REFERENCIAL"]
["101592","ESCORAMENTO DE VALA, TIPO CONTÍNUO COM PERFIL METÁLICO \"U\", COM PROFUNDIDADE DE 3,0 A 4,5 M, LARGURA MENOR QUE 1,5 M. AF_08/2020","M2","ATRIBUÍDO SÃO PAULO","42,63","CAIXA REFERENCIAL"]
["101593","ESCORAMENTO DE VALA, TIPO CONTÍNUO COM PERFIL METÁLICO \"U\", COM PROFUNDIDADE DE 3,0 A 4,5 M, LARGURA MAIOR OU IGUAL A 1,5 M E MENOR QUE 2,5 M. AF_08/2020","M2","ATRIBUÍDO SÃO PAULO","78,06","CAIXA REFERENCIAL"]
["101600","ESCORAMENTO DE VALA, TIPO BLINDAGEM, COM PROFUNDIDADE DE 0 A 1,5 M, LARGURA MENOR QUE 1,5 M - EXECUÇÃO, NÃO INCLUI MATERIAL. AF_08/2020","M2","COLETADO","14,49","CAIXA REFERENCIAL"]
["101601","ESCORAMENTO DE VALA, TIPO BLINDAGEM COM PROFUNDIDADE DE 0 A 1,5 M, LARGURA MAIOR OU IGUAL A 1,5 M E MENOR QUE 2,5 M - EXECUÇÃO, NÃO INCLUI MATERIAL. AF_08/2020","M2","COLETADO","21,44","CAIXA REFERENCIAL"]
["101602","ESCORAMENTO DE VALA, TIPO BLINDAGEM, COM PROFUNDIDADE DE 1,5 A 3,0 M, LARGURA MENOR QUE 1,5 M - EXECUÇÃO, NÃO INCLUI MATERIAL. AF_08/2020","M2","COLETADO","10,73","CAIXA REFERENCIAL"]
["101603","ESCORAMENTO DE VALA, TIPO BLINDAGEM, COM PROFUNDIDADE DE 1,5 A 3,0 M, LARGURA MAIOR OU IGUAL A 1,5 M E MENOR QUE 2,5 M - EXECUÇÃO, NÃO INCLUI MATERIAL. AF_08/2020","M2","COLETADO","17,70","CAIXA REFERENCIAL"]
["101604","ESCORAMENTO DE VALA, TIPO BLINDAGEM, COM PROFUNDIDADE DE 3,0 A 4,5 M, LARGURA MENOR QUE 1,5 M - EXECUÇÃO, NÃO INCLUI MATERIAL. AF_08/2020","M2","COLETADO","7,03","CAIXA REFERENCIAL"]
["101605","ESCORAMENTO DE VALA, TIPO BLINDAGEM, COM PROFUNDIDADE DE 3,0 A 4,5 M, LARGURA MAIOR OU IGUAL A 1,5 M E MENOR QUE 2,5 M - EXECUÇÃO, NÃO INCLUI MATERIAL. AF_08/2020","M2","COLETADO","13,97","CAIXA REFERENCIAL"]
["90788","KIT DE PORTA-PRONTA DE MADEIRA EM ACABAMENTO MELAMÍNICO BRANCO, FOLHA LEVE OU MÉDIA, 60X210CM, EXCLUSIVE FECHADURA, FIXAÇÃO COM PREENCHIMENTO PARCIAL DE ESPUMA EXPANSIVA - FORNECIMENTO E INSTALAÇÃO. AF_12/2019","UN","COEFICIENTE DE REPRESENTATIVIDADE","624,82","CAIXA REFERENCIAL"]
["90789","KIT DE PORTA-PRONTA DE MADEIRA EM ACABAMENTO MELAMÍNICO BRANCO, FOLHA LEVE OU MÉDIA, 70X210CM, EXCLUSIVE FECHADURA, FIXAÇÃO COM PREENCHIMENTO PARCIAL DE ESPUMA EXPANSIVA - FORNECIMENTO E INSTALAÇÃO. AF_12/2019","UN","COEFICIENTE DE REPRESENTATIVIDADE","626,11","CAIXA REFERENCIAL"]
["90790","KIT DE PORTA-PRONTA DE MADEIRA EM ACABAMENTO MELAMÍNICO BRANCO, FOLHA LEVE OU MÉDIA, 80X210CM, EXCLUSIVE FECHADURA, FIXAÇÃO COM PREENCHIMENTO PARCIAL DE ESPUMA EXPANSIVA - FORNECIMENTO E INSTALAÇÃO. AF_12/2019","UN","COEFICIENTE DE REPRESENTATIVIDADE","645,76","CAIXA REFERENCIAL"]
["90791","KIT DE PORTA-PRONTA DE MADEIRA EM ACABAMENTO MELAMÍNICO BRANCO, FOLHA PESADA OU SUPERPESADA, 80X210CM, FIXAÇÃO COM PREENCHIMENTO PARCIAL DE ESPUMA EXPANSIVA - FORNECIMENTO E INSTALAÇÃO. AF_12/2019","UN","COEFICIENTE DE REPRESENTATIVIDADE","756,75","CAIXA REFERENCIAL"]
["90793","KIT DE PORTA-PRONTA DE MADEIRA EM ACABAMENTO MELAMÍNICO BRANCO, FOLHA PESADA OU SUPERPESADA, 90X210CM, FIXAÇÃO COM PREENCHIMENTO TOTAL DE ESPUMA EXPANSIVA - FORNECIMENTO E INSTALAÇÃO. AF_12/2019","UN","COEFICIENTE DE REPRESENTATIVIDADE","801,42","CAIXA REFERENCIAL"]
["90794","KIT DE PORTA-PRONTA DE MADEIRA EM ACABAMENTO MELAMÍNICO BRANCO, FOLHA LEVE OU MÉDIA, E BATENTE METÁLICO, 60X210CM, FIXAÇÃO COM ARGAMASSA - FORNECIMENTO E INSTALAÇÃO. AF_12/2019","UN","COEFICIENTE DE REPRESENTATIVIDADE","541,17","CAIXA REFERENCIAL"]
["90795","KIT DE PORTA-PRONTA DE MADEIRA EM ACABAMENTO MELAMÍNICO BRANCO, FOLHA LEVE OU MÉDIA, E BATENTE METÁLICO, 70X210CM, FIXAÇÃO COM ARGAMASSA - FORNECIMENTO E INSTALAÇÃO. AF_12/2019","UN","COEFICIENTE DE REPRESENTATIVIDADE","546,92","CAIXA REFERENCIAL"]
["90796","KIT DE PORTA-PRONTA DE MADEIRA EM ACABAMENTO MELAMÍNICO BRANCO, FOLHA LEVE OU MÉDIA, E BATENTE METÁLICO, 80X210CM, FIXAÇÃO COM ARGAMASSA - FORNECIMENTO E INSTALAÇÃO. AF_12/2019","UN","COEFICIENTE DE REPRESENTATIVIDADE","552,69","CAIXA REFERENCIAL"]
["90797","KIT DE PORTA-PRONTA DE MADEIRA EM ACABAMENTO MELAMÍNICO BRANCO, FOLHA LEVE OU MÉDIA, E BATENTE METÁLICO, 90X210CM, FIXAÇÃO COM ARGAMASSA - FORNECIMENTO E INSTALAÇÃO. AF_12/2019","UN","COEFICIENTE DE REPRESENTATIVIDADE","558,44","CAIXA REFERENCIAL"]
["90798","KIT DE PORTA-PRONTA DE MADEIRA EM ACABAMENTO MELAMÍNICO BRANCO, FOLHA PESADA OU SUPERPESADA, E BATENTE METÁLICO, 80X210CM, FIXAÇÃO COM ARGAMASSA - FORNECIMENTO E INSTALAÇÃO. AF_12/2019","UN","COEFICIENTE DE REPRESENTATIVIDADE","808,12","CAIXA REFERENCIAL"]
["90799","KIT DE PORTA-PRONTA DE MADEIRA EM ACABAMENTO MELAMÍNICO BRANCO, FOLHA PESADA OU SUPERPESADA, E BATENTE METÁLICO, 90X210CM, FIXAÇÃO COM ARGAMASSA - FORNECIMENTO E INSTALAÇÃO. AF_12/2019","UN","COEFICIENTE DE REPRESENTATIVIDADE","834,24","CAIXA REFERENCIAL"]
["90801","BATENTE PARA PORTA DE MADEIRA, PADRÃO MÉDIO - FORNECIMENTO E MONTAGEM. AF_12/2019","UN","COEFICIENTE DE REPRESENTATIVIDADE","260,00","CAIXA REFERENCIAL"]
["90806","BATENTE PARA PORTA DE MADEIRA, FIXAÇÃO COM ARGAMASSA, PADRÃO MÉDIO - FORNECIMENTO E INSTALAÇÃO. AF_12/2019_P","UN","COEFICIENTE DE REPRESENTATIVIDADE","331,95","CAIXA REFERENCIAL"]
["90820","PORTA DE MADEIRA PARA PINTURA, SEMI-OCA (LEVE OU MÉDIA), 60X210CM, ESPESSURA DE 3,5CM, INCLUSO DOBRADIÇAS - FORNECIMENTO E INSTALAÇÃO. AF_12/2019","UN","COEFICIENTE DE REPRESENTATIVIDADE","237,95","CAIXA REFERENCIAL"]
["90821","PORTA DE MADEIRA PARA PINTURA, SEMI-OCA (LEVE OU MÉDIA), 70X210CM, ESPESSURA DE 3,5CM, INCLUSO DOBRADIÇAS - FORNECIMENTO E INSTALAÇÃO. AF_12/2019","UN","COEFICIENTE DE REPRESENTATIVIDADE","242,91","CAIXA REFERENCIAL"]
["90822","PORTA DE MADEIRA PARA PINTURA, SEMI-OCA (LEVE OU MÉDIA), 80X210CM, ESPESSURA DE 3,5CM, INCLUSO DOBRADIÇAS - FORNECIMENTO E INSTALAÇÃO. AF_12/2019","UN","COEFICIENTE DE REPRESENTATIVIDADE","260,76","CAIXA REFERENCIAL"]
["90823","PORTA DE MADEIRA PARA PINTURA, SEMI-OCA (LEVE OU MÉDIA), 90X210CM, ESPESSURA DE 3,5CM, INCLUSO DOBRADIÇAS - FORNECIMENTO E INSTALAÇÃO. AF_12/2019","UN","COEFICIENTE DE REPRESENTATIVIDADE","321,07","CAIXA REFERENCIAL"]
["90824","PORTA DE MADEIRA PARA PINTURA, SEMI-OCA (PESADA OU SUPERPESADA), 80X210CM, ESPESSURA DE 3,5CM, INCLUSO DOBRADIÇAS - FORNECIMENTO E INSTALAÇÃO. AF_12/2019","UN","COEFICIENTE DE REPRESENTATIVIDADE","460,24","CAIXA REFERENCIAL"]
["90825","PORTA DE MADEIRA, MACIÇA (PESADA OU SUPERPESADA), 90X210CM, ESPESSURA DE 3,5CM, INCLUSO DOBRADIÇAS - FORNECIMENTO E INSTALAÇÃO. AF_12/2019","UN","COEFICIENTE DE REPRESENTATIVIDADE","512,87","CAIXA REFERENCIAL"]
["90830","FECHADURA DE EMBUTIR COM CILINDRO, EXTERNA, COMPLETA, ACABAMENTO PADRÃO MÉDIO, INCLUSO EXECUÇÃO DE FURO - FORNECIMENTO E INSTALAÇÃO. AF_12/2019","UN","COEFICIENTE DE REPRESENTATIVIDADE","125,01","CAIXA REFERENCIAL"]
["90831","FECHADURA DE EMBUTIR PARA PORTA DE BANHEIRO, COMPLETA, ACABAMENTO PADRÃO MÉDIO, INCLUSO EXECUÇÃO DE FURO - FORNECIMENTO E INSTALAÇÃO. AF_12/2019","UN","COEFICIENTE DE REPRESENTATIVIDADE","109,49","CAIXA REFERENCIAL"]
["90841","KIT DE PORTA DE MADEIRA PARA PINTURA, SEMI-OCA (LEVE OU MÉDIA), PADRÃO MÉDIO, 60X210CM, ESPESSURA DE 3,5CM, ITENS INCLUSOS: DOBRADIÇAS, MONTAGEM E INSTALAÇÃO DO BATENTE, FECHADURA COM EXECUÇÃO DO FURO - FORNECIMENTO E INSTALAÇÃO. AF_12/2019","UN","COEFICIENTE DE REPRESENTATIVIDADE","773,66","CAIXA REFERENCIAL"]
["90842","KIT DE PORTA DE MADEIRA PARA PINTURA, SEMI-OCA (LEVE OU MÉDIA), PADRÃO MÉDIO, 70X210CM, ESPESSURA DE 3,5CM, ITENS INCLUSOS: DOBRADIÇAS, MONTAGEM E INSTALAÇÃO DO BATENTE, FECHADURA COM EXECUÇÃO DO FURO - FORNECIMENTO E INSTALAÇÃO. AF_12/2019","UN","COEFICIENTE DE REPRESENTATIVIDADE","780,58","CAIXA REFERENCIAL"]
["90843","KIT DE PORTA DE MADEIRA PARA PINTURA, SEMI-OCA (LEVE OU MÉDIA), PADRÃO MÉDIO, 80X210CM, ESPESSURA DE 3,5CM, ITENS INCLUSOS: DOBRADIÇAS, MONTAGEM E INSTALAÇÃO DO BATENTE, FECHADURA COM EXECUÇÃO DO FURO - FORNECIMENTO E INSTALAÇÃO. AF_12/2019","UN","COEFICIENTE DE REPRESENTATIVIDADE","815,92","CAIXA REFERENCIAL"]
["90844","KIT DE PORTA DE MADEIRA PARA PINTURA, SEMI-OCA (LEVE OU MÉDIA), PADRÃO MÉDIO, 90X210CM, ESPESSURA DE 3,5CM, ITENS INCLUSOS: DOBRADIÇAS, MONTAGEM E INSTALAÇÃO DO BATENTE, FECHADURA COM EXECUÇÃO DO FURO - FORNECIMENTO E INSTALAÇÃO. AF_12/2019","UN","COEFICIENTE DE REPRESENTATIVIDADE","878,19","CAIXA REFERENCIAL"]
["90845","KIT DE PORTA DE MADEIRA PARA PINTURA, SEMI-OCA (PESADA OU SUPERPESADA), PADRÃO MÉDIO, 80X210CM, ESPESSURA DE 3,5CM, ITENS INCLUSOS: DOBRADIÇAS, MONTAGEM E INSTALAÇÃO DO BATENTE, FECHADURA COM EXECUÇÃO DO FURO - FORNECIMENTO E INSTALAÇÃO. AF_12/2019","UN","COEFICIENTE DE REPRESENTATIVIDADE","1.015,40","CAIXA REFERENCIAL"]
["90846","KIT DE PORTA DE MADEIRA PARA PINTURA, SEMI-OCA (PESADA OU SUPERPESADA), PADRÃO MÉDIO, 90X210CM, ESPESSURA DE 3,5CM, ITENS INCLUSOS: DOBRADIÇAS, MONTAGEM E INSTALAÇÃO DO BATENTE, FECHADURA COM EXECUÇÃO DO FURO - FORNECIMENTO E INSTALAÇÃO. AF_12/2019","UN","COEFICIENTE DE REPRESENTATIVIDADE","1.069,99","CAIXA REFERENCIAL"]
["90847","KIT DE PORTA DE MADEIRA PARA PINTURA, SEMI-OCA (LEVE OU MÉDIA), PADRÃO MÉDIO, 60X210CM, ESPESSURA DE 3,5CM, ITENS INCLUSOS: DOBRADIÇAS, MONTAGEM E INSTALAÇÃO DO BATENTE, SEM FECHADURA - FORNECIMENTO E INSTALAÇÃO. AF_12/2019","UN","COEFICIENTE DE REPRESENTATIVIDADE","664,17","CAIXA REFERENCIAL"]
["90848","KIT DE PORTA DE MADEIRA PARA PINTURA, SEMI-OCA (LEVE OU MÉDIA), PADRÃO MÉDIO, 70X210CM, ESPESSURA DE 3,5CM, ITENS INCLUSOS: DOBRADIÇAS, MONTAGEM E INSTALAÇÃO DO BATENTE, SEM FECHADURA - FORNECIMENTO E INSTALAÇÃO. AF_12/2019","UN","COEFICIENTE DE REPRESENTATIVIDADE","671,09","CAIXA REFERENCIAL"]
["90849","KIT DE PORTA DE MADEIRA PARA PINTURA, SEMI-OCA (LEVE OU MÉDIA), PADRÃO MÉDIO, 80X210CM, ESPESSURA DE 3,5CM, ITENS INCLUSOS: DOBRADIÇAS, MONTAGEM E INSTALAÇÃO DO BATENTE, SEM FECHADURA - FORNECIMENTO E INSTALAÇÃO. AF_12/2019","UN","COEFICIENTE DE REPRESENTATIVIDADE","690,91","CAIXA REFERENCIAL"]
["90850","KIT DE PORTA DE MADEIRA PARA PINTURA, SEMI-OCA (LEVE OU MÉDIA), PADRÃO MÉDIO, 90X210CM, ESPESSURA DE 3,5CM, ITENS INCLUSOS: DOBRADIÇAS, MONTAGEM E INSTALAÇÃO DO BATENTE, SEM FECHADURA - FORNECIMENTO E INSTALAÇÃO. AF_12/2019","UN","COEFICIENTE DE REPRESENTATIVIDADE","753,18","CAIXA REFERENCIAL"]
["90851","KIT DE PORTA DE MADEIRA PARA PINTURA, SEMI-OCA (PESADA OU SUPERPESADA), PADRÃO MÉDIO, 80X210CM, ESPESSURA DE 3,5CM, ITENS INCLUSOS: DOBRADIÇAS, MONTAGEM E INSTALAÇÃO DO BATENTE, SEM FECHADURA - FORNECIMENTO E INSTALAÇÃO. AF_12/2019","UN","COEFICIENTE DE REPRESENTATIVIDADE","890,39","CAIXA REFERENCIAL"]
["90852","KIT DE PORTA DE MADEIRA PARA PINTURA, SEMI-OCA (PESADA OU SUPERPESADA), PADRÃO MÉDIO, 90X210CM, ESPESSURA DE 3,5CM, ITENS INCLUSOS: DOBRADIÇAS, MONTAGEM E INSTALAÇÃO DO BATENTE, SEM FECHADURA - FORNECIMENTO E INSTALAÇÃO. AF_12/2019","UN","COEFICIENTE DE REPRESENTATIVIDADE","944,98","CAIXA REFERENCIAL"]
["91009","PORTA DE MADEIRA PARA VERNIZ, SEMI-OCA (LEVE OU MÉDIA), 60X210CM, ESPESSURA DE 3,5CM, INCLUSO DOBRADIÇAS - FORNECIMENTO E INSTALAÇÃO. AF_12/2019","UN","COEFICIENTE DE REPRESENTATIVIDADE","246,45","CAIXA REFERENCIAL"]
["91010","PORTA DE MADEIRA PARA VERNIZ, SEMI-OCA (LEVE OU MÉDIA), 70X210CM, ESPESSURA DE 3,5CM, INCLUSO DOBRADIÇAS - FORNECIMENTO E INSTALAÇÃO. AF_12/2019","UN","COEFICIENTE DE REPRESENTATIVIDADE","251,81","CAIXA REFERENCIAL"]
["91011","PORTA DE MADEIRA PARA VERNIZ, SEMI-OCA (LEVE OU MÉDIA), 80X210CM, ESPESSURA DE 3,5CM, INCLUSO DOBRADIÇAS - FORNECIMENTO E INSTALAÇÃO. AF_12/2019","UN","COEFICIENTE DE REPRESENTATIVIDADE","295,26","CAIXA REFERENCIAL"]
["91012","PORTA DE MADEIRA PARA VERNIZ, SEMI-OCA (LEVE OU MÉDIA), 90X210CM, ESPESSURA DE 3,5CM, INCLUSO DOBRADIÇAS - FORNECIMENTO E INSTALAÇÃO. AF_12/2019","UN","COEFICIENTE DE REPRESENTATIVIDADE","328,60","CAIXA REFERENCIAL"]
["91013","KIT DE PORTA DE MADEIRA PARA VERNIZ, SEMI-OCA (LEVE OU MÉDIA), PADRÃO MÉDIO, 60X210CM, ESPESSURA DE 3,5CM, ITENS INCLUSOS: DOBRADIÇAS, MONTAGEM E INSTALAÇÃO DO BATENTE, SEM FECHADURA - FORNECIMENTO E INSTALAÇÃO. AF_12/2019","UN","COEFICIENTE DE REPRESENTATIVIDADE","672,67","CAIXA REFERENCIAL"]
["91014","KIT DE PORTA DE MADEIRA PARA VERNIZ, SEMI-OCA (LEVE OU MÉDIA), PADRÃO MÉDIO, 70X210CM, ESPESSURA DE 3,5CM, ITENS INCLUSOS: DOBRADIÇAS, MONTAGEM E INSTALAÇÃO DO BATENTE, SEM FECHADURA - FORNECIMENTO E INSTALAÇÃO. AF_12/2019","UN","COEFICIENTE DE REPRESENTATIVIDADE","679,99","CAIXA REFERENCIAL"]
["91015","KIT DE PORTA DE MADEIRA PARA VERNIZ, SEMI-OCA (LEVE OU MÉDIA), PADRÃO MÉDIO, 80X210CM, ESPESSURA DE 3,5CM, ITENS INCLUSOS: DOBRADIÇAS, MONTAGEM E INSTALAÇÃO DO BATENTE, SEM FECHADURA - FORNECIMENTO E INSTALAÇÃO. AF_12/2019","UN","COEFICIENTE DE REPRESENTATIVIDADE","725,41","CAIXA REFERENCIAL"]
["91016","KIT DE PORTA DE MADEIRA PARA VERNIZ, SEMI-OCA (LEVE OU MÉDIA), PADRÃO MÉDIO, 90X210CM, ESPESSURA DE 3,5CM, ITENS INCLUSOS: DOBRADIÇAS, MONTAGEM E INSTALAÇÃO DO BATENTE, SEM FECHADURA - FORNECIMENTO E INSTALAÇÃO. AF_12/2019","UN","COEFICIENTE DE REPRESENTATIVIDADE","760,71","CAIXA REFERENCIAL"]
["91287","BATENTE PARA PORTA DE MADEIRA, PADRÃO POPULAR - FORNECIMENTO E MONTAGEM. AF_12/2019","UN","COEFICIENTE DE REPRESENTATIVIDADE","189,76","CAIXA REFERENCIAL"]
["91292","BATENTE PARA PORTA DE MADEIRA, FIXAÇÃO COM ARGAMASSA, PADRÃO POPULAR. FORNECIMENTO E INSTALAÇÃO. AF_12/2019_P","UN","COEFICIENTE DE REPRESENTATIVIDADE","261,71","CAIXA REFERENCIAL"]
["91295","PORTA DE MADEIRA FRISADA, SEMI-OCA (LEVE OU MÉDIA), 60X210CM, ESPESSURA DE 3CM, INCLUSO DOBRADIÇAS - FORNECIMENTO E INSTALAÇÃO. AF_12/2019","UN","COEFICIENTE DE REPRESENTATIVIDADE","253,80","CAIXA REFERENCIAL"]
["91296","PORTA DE MADEIRA FRISADA, SEMI-OCA (LEVE OU MÉDIA), 70X210CM, ESPESSURA DE 3CM, INCLUSO DOBRADIÇAS - FORNECIMENTO E INSTALAÇÃO. AF_12/2019","UN","COEFICIENTE DE REPRESENTATIVIDADE","272,37","CAIXA REFERENCIAL"]
["91297","PORTA DE MADEIRA FRISADA, SEMI-OCA (LEVE OU MÉDIA), 80X210CM, ESPESSURA DE 3,5CM, INCLUSO DOBRADIÇAS - FORNECIMENTO E INSTALAÇÃO. AF_12/2019","UN","COEFICIENTE DE REPRESENTATIVIDADE","300,17","CAIXA REFERENCIAL"]
["91298","PORTA DE MADEIRA TIPO VENEZIANA, 80X210CM, ESPESSURA DE 3CM, INCLUSO DOBRADIÇAS - FORNECIMENTO E INSTALAÇÃO. AF_12/2019","UN","ATRIBUÍDO SÃO PAULO","637,17","CAIXA REFERENCIAL"]
["91299","PORTA DE MADEIRA, TIPO MEXICANA, MACIÇA (PESADA OU SUPERPESADA), 80X210CM, ESPESSURA DE 3,5CM, INCLUSO DOBRADIÇAS - FORNECIMENTO E INSTALAÇÃO. AF_12/2019","UN","ATRIBUÍDO SÃO PAULO","893,00","CAIXA REFERENCIAL"]
["91304","FECHADURA DE EMBUTIR COM CILINDRO, EXTERNA, COMPLETA, ACABAMENTO PADRÃO POPULAR, INCLUSO EXECUÇÃO DE FURO - FORNECIMENTO E INSTALAÇÃO. AF_12/2019","UN","COEFICIENTE DE REPRESENTATIVIDADE","76,56","CAIXA REFERENCIAL"]
["91305","FECHADURA DE EMBUTIR PARA PORTA DE BANHEIRO, COMPLETA, ACABAMENTO PADRÃO POPULAR, INCLUSO EXECUÇÃO DE FURO - FORNECIMENTO E INSTALAÇÃO. AF_12/2019","UN","COEFICIENTE DE REPRESENTATIVIDADE","76,15","CAIXA REFERENCIAL"]
["91306","FECHADURA DE EMBUTIR PARA PORTAS INTERNAS, COMPLETA, ACABAMENTO PADRÃO MÉDIO, COM EXECUÇÃO DE FURO - FORNECIMENTO E INSTALAÇÃO. AF_12/2019","UN","COEFICIENTE DE REPRESENTATIVIDADE","109,49","CAIXA REFERENCIAL"]
["91307","FECHADURA DE EMBUTIR PARA PORTAS INTERNAS, COMPLETA, ACABAMENTO PADRÃO POPULAR, COM EXECUÇÃO DE FURO - FORNECIMENTO E INSTALAÇÃO. AF_12/2019","UN","COEFICIENTE DE REPRESENTATIVIDADE","64,91","CAIXA REFERENCIAL"]
["91312","KIT DE PORTA DE MADEIRA PARA PINTURA, SEMI-OCA (LEVE OU MÉDIA), PADRÃO POPULAR, 60X210CM, ESPESSURA DE 3,5CM, ITENS INCLUSOS: DOBRADIÇAS, MONTAGEM E INSTALAÇÃO DO BATENTE, FECHADURA COM EXECUÇÃO DO FURO - FORNECIMENTO E INSTALAÇÃO. AF_12/2019","UN","COEFICIENTE DE REPRESENTATIVIDADE","639,84","CAIXA REFERENCIAL"]
["91313","KIT DE PORTA DE MADEIRA PARA PINTURA, SEMI-OCA (LEVE OU MÉDIA), PADRÃO POPULAR, 70X210CM, ESPESSURA DE 3,5CM, ITENS INCLUSOS: DOBRADIÇAS, MONTAGEM E INSTALAÇÃO DO BATENTE, FECHADURA COM EXECUÇÃO DO FURO - FORNECIMENTO E INSTALAÇÃO. AF_12/2019","UN","COEFICIENTE DE REPRESENTATIVIDADE","634,89","CAIXA REFERENCIAL"]
["91314","KIT DE PORTA DE MADEIRA PARA PINTURA, SEMI-OCA (LEVE OU MÉDIA), PADRÃO POPULAR, 80X210CM, ESPESSURA DE 3,5CM, ITENS INCLUSOS: DOBRADIÇAS, MONTAGEM E INSTALAÇÃO DO BATENTE, FECHADURA COM EXECUÇÃO DO FURO - FORNECIMENTO E INSTALAÇÃO. AF_12/2019","UN","COEFICIENTE DE REPRESENTATIVIDADE","665,73","CAIXA REFERENCIAL"]
["91315","KIT DE PORTA DE MADEIRA PARA PINTURA, SEMI-OCA (LEVE OU MÉDIA), PADRÃO POPULAR, 90X210CM, ESPESSURA DE 3,5CM, ITENS INCLUSOS: DOBRADIÇAS, MONTAGEM E INSTALAÇÃO DO BATENTE, FECHADURA COM EXECUÇÃO DO FURO - FORNECIMENTO E INSTALAÇÃO. AF_12/2019","UN","COEFICIENTE DE REPRESENTATIVIDADE","727,37","CAIXA REFERENCIAL"]
["91316","KIT DE PORTA DE MADEIRA PARA PINTURA, SEMI-OCA (PESADA OU SUPERPESADA), PADRÃO POPULAR, 80X210CM, ESPESSURA DE 3,5CM, ITENS INCLUSOS: DOBRADIÇAS, MONTAGEM E INSTALAÇÃO DO BATENTE, FECHADURA COM EXECUÇÃO DO FURO - FORNECIMENTO E INSTALAÇÃO. AF_12/2019","UN","COEFICIENTE DE REPRESENTATIVIDADE","865,21","CAIXA REFERENCIAL"]
["91317","KIT DE PORTA DE MADEIRA PARA PINTURA, SEMI-OCA (PESADA OU SUPERPESADA), PADRÃO POPULAR, 90X210CM, ESPESSURA DE 3,5CM, ITENS INCLUSOS: DOBRADIÇAS, MONTAGEM E INSTALAÇÃO DO BATENTE, FECHADURA COM EXECUÇÃO DO FURO - FORNECIMENTO E INSTALAÇÃO. AF_12/2019","UN","COEFICIENTE DE REPRESENTATIVIDADE","919,17","CAIXA REFERENCIAL"]
["91318","KIT DE PORTA DE MADEIRA PARA PINTURA, SEMI-OCA (LEVE OU MÉDIA), PADRÃO POPULAR, 60X210CM, ESPESSURA DE 3,5CM, ITENS INCLUSOS: DOBRADIÇAS, MONTAGEM E INSTALAÇÃO DO BATENTE, SEM FECHADURA - FORNECIMENTO E INSTALAÇÃO. AF_12/2019","UN","COEFICIENTE DE REPRESENTATIVIDADE","563,69","CAIXA REFERENCIAL"]
["91319","KIT DE PORTA DE MADEIRA PARA PINTURA, SEMI-OCA (LEVE OU MÉDIA), PADRÃO POPULAR, 70X210CM, ESPESSURA DE 3,5CM, ITENS INCLUSOS: DOBRADIÇAS, MONTAGEM E INSTALAÇÃO DO BATENTE, SEM FECHADURA - FORNECIMENTO E INSTALAÇÃO. AF_12/2019","UN","COEFICIENTE DE REPRESENTATIVIDADE","569,98","CAIXA REFERENCIAL"]
["91320","KIT DE PORTA DE MADEIRA PARA PINTURA, SEMI-OCA (LEVE OU MÉDIA), PADRÃO POPULAR, 80X210CM, ESPESSURA DE 3,5CM, ITENS INCLUSOS: DOBRADIÇAS, MONTAGEM E INSTALAÇÃO DO BATENTE, SEM FECHADURA - FORNECIMENTO E INSTALAÇÃO. AF_12/2019","UN","COEFICIENTE DE REPRESENTATIVIDADE","589,17","CAIXA REFERENCIAL"]
["91321","KIT DE PORTA DE MADEIRA PARA PINTURA, SEMI-OCA (LEVE OU MÉDIA), PADRÃO POPULAR, 90X210CM, ESPESSURA DE 3,5CM, ITENS INCLUSOS: DOBRADIÇAS, MONTAGEM E INSTALAÇÃO DO BATENTE, SEM FECHADURA - FORNECIMENTO E INSTALAÇÃO. AF_12/2019","UN","COEFICIENTE DE REPRESENTATIVIDADE","650,81","CAIXA REFERENCIAL"]
["91322","KIT DE PORTA DE MADEIRA PARA PINTURA, SEMI-OCA (PESADA OU SUPERPESADA), PADRÃO POPULAR, 80X210CM, ESPESSURA DE 3,5CM, ITENS INCLUSOS: DOBRADIÇAS, MONTAGEM E INSTALAÇÃO DO BATENTE, SEM FECHADURA - FORNECIMENTO E INSTALAÇÃO. AF_12/2019","UN","COEFICIENTE DE REPRESENTATIVIDADE","788,65","CAIXA REFERENCIAL"]
["91323","KIT DE PORTA DE MADEIRA PARA PINTURA, SEMI-OCA (PESADA OU SUPERPESADA), PADRÃO POPULAR, 90X210CM, ESPESSURA DE 3,5CM, ITENS INCLUSOS: DOBRADIÇAS, MONTAGEM E INSTALAÇÃO DO BATENTE, SEM FECHADURA - FORNECIMENTO E INSTALAÇÃO. AF_12/2019","UN","COEFICIENTE DE REPRESENTATIVIDADE","842,61","CAIXA REFERENCIAL"]
["91324","KIT DE PORTA DE MADEIRA PARA VERNIZ, SEMI-OCA (LEVE OU MÉDIA), PADRÃO POPULAR, 60X210CM, ESPESSURA DE 3,5CM, ITENS INCLUSOS: DOBRADIÇAS, MONTAGEM E INSTALAÇÃO DO BATENTE, SEM FECHADURA - FORNECIMENTO E INSTALAÇÃO. AF_12/2019","UN","COEFICIENTE DE REPRESENTATIVIDADE","572,19","CAIXA REFERENCIAL"]
["91325","KIT DE PORTA DE MADEIRA PARA VERNIZ, SEMI-OCA (LEVE OU MÉDIA), PADRÃO POPULAR, 70X210CM, ESPESSURA DE 3,5CM, ITENS INCLUSOS: DOBRADIÇAS, MONTAGEM E INSTALAÇÃO DO BATENTE, SEM FECHADURA - FORNECIMENTO E INSTALAÇÃO. AF_12/2019","UN","COEFICIENTE DE REPRESENTATIVIDADE","578,88","CAIXA REFERENCIAL"]
["91326","KIT DE PORTA DE MADEIRA PARA VERNIZ, SEMI-OCA (LEVE OU MÉDIA), PADRÃO POPULAR, 80X210CM, ESPESSURA DE 3,5CM, ITENS INCLUSOS: DOBRADIÇAS, MONTAGEM E INSTALAÇÃO DO BATENTE, SEM FECHADURA - FORNECIMENTO E INSTALAÇÃO. AF_12/2019","UN","COEFICIENTE DE REPRESENTATIVIDADE","623,67","CAIXA REFERENCIAL"]
["91327","KIT DE PORTA DE MADEIRA PARA VERNIZ, SEMI-OCA (LEVE OU MÉDIA), PADRÃO POPULAR, 90X210CM, ESPESSURA DE 3,5CM, ITENS INCLUSOS: DOBRADIÇAS, MONTAGEM E INSTALAÇÃO DO BATENTE, SEM FECHADURA - FORNECIMENTO E INSTALAÇÃO. AF_12/2019","UN","COEFICIENTE DE REPRESENTATIVIDADE","658,34","CAIXA REFERENCIAL"]
["91328","KIT DE PORTA DE MADEIRA FRISADA, SEMI-OCA (LEVE OU MÉDIA), PADRÃO MÉDIO 60X210CM, ESPESSURA DE 3CM, ITENS INCLUSOS: DOBRADIÇAS, MONTAGEM E INSTALAÇÃO DO BATENTE, SEM FECHADURA - FORNECIMENTO E INSTALAÇÃO. AF_12/2019","UN","COEFICIENTE DE REPRESENTATIVIDADE","680,02","CAIXA REFERENCIAL"]
["91329","KIT DE PORTA DE MADEIRA FRISADA, SEMI-OCA (LEVE OU MÉDIA), PADRÃO POPULAR, 60X210CM, ESPESSURA DE 3CM, ITENS INCLUSOS: DOBRADIÇAS, MONTAGEM E INSTALAÇÃO DO BATENTE, SEM FECHADURA - FORNECIMENTO E INSTALAÇÃO. AF_12/2019","UN","COEFICIENTE DE REPRESENTATIVIDADE","579,54","CAIXA REFERENCIAL"]
["91330","KIT DE PORTA DE MADEIRA FRISADA, SEMI-OCA (LEVE OU MÉDIA), PADRÃO MÉDIO, 70X210CM, ESPESSURA DE 3CM, ITENS INCLUSOS: DOBRADIÇAS, MONTAGEM E INSTALAÇÃO DO BATENTE, SEM FECHADURA - FORNECIMENTO E INSTALAÇÃO. AF_12/2019","UN","COEFICIENTE DE REPRESENTATIVIDADE","700,55","CAIXA REFERENCIAL"]
["91331","KIT DE PORTA DE MADEIRA FRISADA, SEMI-OCA (LEVE OU MÉDIA), PADRÃO POPULAR, 70X210CM, ESPESSURA DE 3CM, ITENS INCLUSOS: DOBRADIÇAS, MONTAGEM E INSTALAÇÃO DO BATENTE, SEM FECHADURA - FORNECIMENTO E INSTALAÇÃO. AF_12/2019","UN","COEFICIENTE DE REPRESENTATIVIDADE","599,44","CAIXA REFERENCIAL"]
["91332","KIT DE PORTA DE MADEIRA FRISADA, SEMI-OCA (LEVE OU MÉDIA), PADRÃO MÉDIO, 80X210CM, ESPESSURA DE 3,5CM, ITENS INCLUSOS: DOBRADIÇAS, MONTAGEM E INSTALAÇÃO DO BATENTE, SEM FECHADURA - FORNECIMENTO E INSTALAÇÃO. AF_12/2019","UN","COEFICIENTE DE REPRESENTATIVIDADE","730,32","CAIXA REFERENCIAL"]
["91333","KIT DE PORTA DE MADEIRA FRISADA, SEMI-OCA (LEVE OU MÉDIA), PADRÃO POPULAR, 80X210CM, ESPESSURA DE 3,5CM, ITENS INCLUSOS: DOBRADIÇAS, MONTAGEM E INSTALAÇÃO DO BATENTE, SEM FECHADURA - FORNECIMENTO E INSTALAÇÃO. AF_12/2019","UN","COEFICIENTE DE REPRESENTATIVIDADE","628,58","CAIXA REFERENCIAL"]
["91334","KIT DE PORTA DE MADEIRA TIPO VENEZIANA, PADRÃO MÉDIO, 80X210CM, ESPESSURA DE 3CM, ITENS INCLUSOS: DOBRADIÇAS, MONTAGEM E INSTALAÇÃO DO BATENTE, SEM FECHADURA - FORNECIMENTO E INSTALAÇÃO. AF_12/2019","UN","ATRIBUÍDO SÃO PAULO","1.067,32","CAIXA REFERENCIAL"]
["91335","KIT DE PORTA DE MADEIRA TIPO VENEZIANA, PADRÃO POPULAR, 80X210CM, ESPESSURA DE 3CM, ITENS INCLUSOS: DOBRADIÇAS, MONTAGEM E INSTALAÇÃO DO BATENTE, SEM FECHADURA - FORNECIMENTO E INSTALAÇÃO. AF_12/2019","UN","ATRIBUÍDO SÃO PAULO","965,58","CAIXA REFERENCIAL"]
["91336","KIT DE PORTA DE MADEIRA TIPO MEXICANA, MACIÇA (PESADA OU SUPERPESADA), PADRÃO MÉDIO, 80X210CM, ESPESSURA DE 3CM, ITENS INCLUSOS: DOBRADIÇAS, MONTAGEM E INSTALAÇÃO DO BATENTE, SEM FECHADURA - FORNECIMENTO E INSTALAÇÃO. AF_12/2019","UN","ATRIBUÍDO SÃO PAULO","1.323,15","CAIXA REFERENCIAL"]
["91337","KIT DE PORTA DE MADEIRA TIPO MEXICANA, MACIÇA (PESADA OU SUPERPESADA), PADRÃO POPULAR, 80X210CM, ESPESSURA DE 3CM, ITENS INCLUSOS: DOBRADIÇAS, MONTAGEM E INSTALAÇÃO DO BATENTE, SEM FECHADURA - FORNECIMENTO E INSTALAÇÃO. AF_12/2019","UN","ATRIBUÍDO SÃO PAULO","1.221,41","CAIXA REFERENCIAL"]
["100659","ALIZAR DE 5X1,5CM PARA PORTA FIXADO COM PREGOS, PADRÃO MÉDIO - FORNECIMENTO E INSTALAÇÃO. AF_12/2019","M","COEFICIENTE DE REPRESENTATIVIDADE","9,82","CAIXA REFERENCIAL"]
["100660","ALIZAR DE 5X1,5CM PARA PORTA FIXADO COM PREGOS, PADRÃO POPULAR - FORNECIMENTO E INSTALAÇÃO. AF_12/2019","M","COEFICIENTE DE REPRESENTATIVIDADE","6,67","CAIXA REFERENCIAL"]
["100675","KIT DE PORTA-PRONTA DE MADEIRA EM ACABAMENTO MELAMÍNICO BRANCO, FOLHA LEVE OU MÉDIA, 90X210, EXCLUSIVE FECHADURA, FIXAÇÃO COM PREENCHIMENTO TOTAL DE ESPUMA EXPANSIVA - FORNECIMENTO E INSTALAÇÃO. AF_12/2019","UN","COEFICIENTE DE REPRESENTATIVIDADE","714,41","CAIXA REFERENCIAL"]
["100676","BATENTE PARA PORTA COM BANDEIRA, FIXAÇÃO COM PARAFUSO E BUCHA. AF_12/2019","UN","COEFICIENTE DE REPRESENTATIVIDADE","158,15","CAIXA REFERENCIAL"]
["100678","KIT DE PORTA DE MADEIRA PARA VERNIZ, SEMI-OCA (LEVE OU MÉDIA), PADRÃO MÉDIO, 60X210CM, ESPESSURA DE 3,5CM, ITENS INCLUSOS: DOBRADIÇAS, MONTAGEM E INSTALAÇÃO DE BATENTE, FECHADURA COM EXECUÇÃO DO FURO - FORNECIMENTO E INSTALAÇÃO. AF_12/2019","UN","COEFICIENTE DE REPRESENTATIVIDADE","782,16","CAIXA REFERENCIAL"]
["100679","KIT DE PORTA DE MADEIRA PARA VERNIZ, SEMI-OCA (LEVE OU MÉDIA), PADRÃO POPULAR, 60X210CM, ESPESSURA DE 3,5CM, ITENS INCLUSOS: DOBRADIÇAS, MONTAGEM E INSTALAÇÃO DE BATENTE, FECHADURA COM EXECUÇÃO DO FURO - FORNECIMENTO E INSTALAÇÃO. AF_12/2019","UN","COEFICIENTE DE REPRESENTATIVIDADE","648,34","CAIXA REFERENCIAL"]
["100680","KIT DE PORTA DE MADEIRA PARA VERNIZ, SEMI-OCA (LEVE OU MÉDIA), PADRÃO MÉDIO, 70X210CM, ESPESSURA DE 3,5CM, ITENS INCLUSOS: DOBRADIÇAS, MONTAGEM E INSTALAÇÃO DE BATENTE, FECHADURA COM EXECUÇÃO DO FURO - FORNECIMENTO E INSTALAÇÃO. AF_12/2019","UN","COEFICIENTE DE REPRESENTATIVIDADE","789,48","CAIXA REFERENCIAL"]
["100681","KIT DE PORTA DE MADEIRA FRISADA, SEMI-OCA (LEVE OU MÉDIA), PADRÃO MÉDIO, 70X210CM, ESPESSURA DE 3CM, ITENS INCLUSOS: DOBRADIÇAS, MONTAGEM E INSTALAÇÃO DE BATENTE, FECHADURA COM EXECUÇÃO DO FURO - FORNECIMENTO E INSTALAÇÃO. AF_12/2019","UN","COEFICIENTE DE REPRESENTATIVIDADE","810,04","CAIXA REFERENCIAL"]
["100682","KIT DE PORTA DE MADEIRA FRISADA, SEMI-OCA (LEVE OU MÉDIA), PADRÃO POPULAR, 70X210CM, ESPESSURA DE 3CM, ITENS INCLUSOS: DOBRADIÇAS, MONTAGEM E INSTALAÇÃO DE BATENTE, FECHADURA COM EXECUÇÃO DO FURO - FORNECIMENTO E INSTALAÇÃO. AF_12/2019","UN","COEFICIENTE DE REPRESENTATIVIDADE","664,35","CAIXA REFERENCIAL"]
["100683","KIT DE PORTA DE MADEIRA PARA VERNIZ, SEMI-OCA (LEVE OU MÉDIA), PADRÃO MÉDIO, 80X210CM, ESPESSURA DE 3,5CM, ITENS INCLUSOS: DOBRADIÇAS, MONTAGEM E INSTALAÇÃO DE BATENTE, FECHADURA COM EXECUÇÃO DO FURO - FORNECIMENTO E INSTALAÇÃO. AF_12/2019","UN","COEFICIENTE DE REPRESENTATIVIDADE","850,42","CAIXA REFERENCIAL"]
["100684","KIT DE PORTA DE MADEIRA PARA VERNIZ, SEMI-OCA (LEVE OU MÉDIA), PADRÃO POPULAR, 80X210CM, ESPESSURA DE 3,5CM, ITENS INCLUSOS: DOBRADIÇAS, MONTAGEM E INSTALAÇÃO DE BATENTE, FECHADURA COM EXECUÇÃO DO FURO - FORNECIMENTO E INSTALAÇÃO. AF_12/2019","UN","COEFICIENTE DE REPRESENTATIVIDADE","700,23","CAIXA REFERENCIAL"]
["100685","KIT DE PORTA DE MADEIRA PARA VERNIZ, SEMI-OCA (LEVE OU MÉDIA), PADRÃO MÉDIO, 90X210CM, ESPESSURA DE 3,5CM, ITENS INCLUSOS: DOBRADIÇAS, MONTAGEM E INSTALAÇÃO DE BATENTE, FECHADURA COM EXECUÇÃO DO FURO - FORNECIMENTO E INSTALAÇÃO. AF_12/2019","UN","COEFICIENTE DE REPRESENTATIVIDADE","885,72","CAIXA REFERENCIAL"]
["100686","KIT DE PORTA DE MADEIRA PARA VERNIZ, SEMI-OCA (LEVE OU MÉDIA), PADRÃO POPULAR, 90X210CM, ESPESSURA DE 3CM, ITENS INCLUSOS: DOBRADIÇAS, MONTAGEM E INSTALAÇÃO DE BATENTE, FECHADURA COM EXECUÇÃO DO FURO - FORNECIMENTO E INSTALAÇÃO. AF_12/2019","UN","COEFICIENTE DE REPRESENTATIVIDADE","734,90","CAIXA REFERENCIAL"]
["100687","KIT DE PORTA DE MADEIRA FRISADA, SEMI-OCA (LEVE OU MÉDIA), PADRÃO MÉDIO, 60X210CM, ESPESSURA DE 3,5CM, ITENS INCLUSOS: DOBRADIÇAS, MONTAGEM E INSTALAÇÃO DE BATENTE, FECHADURA COM EXECUÇÃO DO FURO - FORNECIMENTO E INSTALAÇÃO. AF_12/2019","UN","COEFICIENTE DE REPRESENTATIVIDADE","789,51","CAIXA REFERENCIAL"]
["100688","KIT DE PORTA DE MADEIRA FRISADA, SEMI-OCA (LEVE OU MÉDIA), PADRÃO POPULAR, 60X210CM, ESPESSURA DE 3CM, ITENS INCLUSOS: DOBRADIÇAS, MONTAGEM E INSTALAÇÃO DE BATENTE, FECHADURA COM EXECUÇÃO DO FURO - FORNECIMENTO E INSTALAÇÃO. AF_12/2019","UN","COEFICIENTE DE REPRESENTATIVIDADE","655,69","CAIXA REFERENCIAL"]
["100689","KIT DE PORTA DE MADEIRA FRISADA, SEMI-OCA (LEVE OU MÉDIA), PADRÃO MÉDIO, 80X210CM, ESPESSURA DE 3,5CM, ITENS INCLUSOS: DOBRADIÇAS, MONTAGEM E INSTALAÇÃO DE BATENTE, FECHADURA COM EXECUÇÃO DO FURO - FORNECIMENTO E INSTALAÇÃO. AF_12/2019","UN","COEFICIENTE DE REPRESENTATIVIDADE","855,33","CAIXA REFERENCIAL"]
["100690","KIT DE PORTA DE MADEIRA FRISADA, SEMI-OCA (LEVE OU MÉDIA), PADRÃO POPULAR, 80X210CM, ESPESSURA DE 3,5CM, ITENS INCLUSOS: DOBRADIÇAS, MONTAGEM E INSTALAÇÃO DE BATENTE, FECHADURA COM EXECUÇÃO DO FURO - FORNECIMENTO E INSTALAÇÃO. AF_12/2019","UN","COEFICIENTE DE REPRESENTATIVIDADE","705,14","CAIXA REFERENCIAL"]
["100691","KIT DE PORTA DE MADEIRA TIPO VENEZIANA, 80X210CM (ESPESSURA DE 3CM), PADRÃO MÉDIO, ITENS INCLUSOS: DOBRADIÇAS, MONTAGEM E INSTALAÇÃO DE BATENTE, FECHADURA COM EXECUÇÃO DO FURO - FORNECIMENTO E INSTALAÇÃO. AF_12/2019","UN","ATRIBUÍDO SÃO PAULO","1.192,33","CAIXA REFERENCIAL"]
["100692","KIT DE PORTA DE MADEIRA TIPO VENEZIANA, 80X210CM (ESPESSURA DE 3CM), PADRÃO POPULAR, ITENS INCLUSOS: DOBRADIÇAS, MONTAGEM E INSTALAÇÃO DE BATENTE, FECHADURA COM EXECUÇÃO DO FURO - FORNECIMENTO E INSTALAÇÃO. AF_12/2019","UN","ATRIBUÍDO SÃO PAULO","1.042,14","CAIXA REFERENCIAL"]
["100693","KIT DE PORTA DE MADEIRA TIPO MEXICANA, MACIÇA (PESADA OU SUPERPESADA), PADRÃO MÉDIO, 80X210CM, ESPESSURA DE 3,5CM, ITENS INCLUSOS: DOBRADIÇAS, MONTAGEM E INSTALAÇÃO DE BATENTE, FECHADURA COM EXECUÇÃO DO FURO - FORNECIMENTO E INSTALAÇÃO. AF_12/2019","UN","ATRIBUÍDO SÃO PAULO","1.448,16","CAIXA REFERENCIAL"]
["100694","KIT DE PORTA DE MADEIRA TIPO MEXICANA, MACIÇA (PESADA OU SUPERPESADA), PADRÃO POPULAR, 80X210CM, ESPESSURA DE 3,5CM, ITENS INCLUSOS: DOBRADIÇAS, MONTAGEM E INSTALAÇÃO DE BATENTE, FECHADURA COM EXECUÇÃO DO FURO - FORNECIMENTO E INSTALAÇÃO. AF_12/2019","UN","ATRIBUÍDO SÃO PAULO","1.297,97","CAIXA REFERENCIAL"]
["100695","RECOLOCAÇÃO DE FOLHAS DE PORTA DE MADEIRA LEVE OU MÉDIA DE 60CM DE LARGURA, CONSIDERANDO REAPROVEITAMENTO DO MATERIAL. AF_12/2019","UN","COEFICIENTE DE REPRESENTATIVIDADE","45,29","CAIXA REFERENCIAL"]
["100696","RECOLOCAÇÃO DE FOLHAS DE PORTA DE MADEIRA LEVE OU MÉDIA DE 70CM DE LARGURA, CONSIDERANDO REAPROVEITAMENTO DO MATERIAL. AF_12/2019","UN","COEFICIENTE DE REPRESENTATIVIDADE","50,29","CAIXA REFERENCIAL"]
["100697","RECOLOCAÇÃO DE FOLHAS DE PORTA DE MADEIRA LEVE OU MÉDIA DE 80CM DE LARGURA, CONSIDERANDO REAPROVEITAMENTO DO MATERIAL. AF_12/2019","UN","COEFICIENTE DE REPRESENTATIVIDADE","55,33","CAIXA REFERENCIAL"]
["100698","RECOLOCAÇÃO DE FOLHAS DE PORTA DE MADEIRA LEVE OU MÉDIA DE 90CM DE LARGURA, CONSIDERANDO REAPROVEITAMENTO DO MATERIAL. AF_12/2019","UN","COEFICIENTE DE REPRESENTATIVIDADE","60,35","CAIXA REFERENCIAL"]
["100699","RECOLOCAÇÃO DE FOLHAS DE PORTA DE MADEIRA PESADA OU SUPERPESADA DE 80CM DE LARGURA, CONSIDERANDO REAPROVEITAMENTO DO MATERIAL. AF_12/2019","UN","COEFICIENTE DE REPRESENTATIVIDADE","71,49","CAIXA REFERENCIAL"]
["100700","PORTA DE MADEIRA COMPENSADA LISA PARA PINTURA, 120X210X3,5CM, 2 FOLHAS, INCLUSO ADUELA 2A, ALIZAR 2A E DOBRADIÇAS. AF_12/2019","UN","COEFICIENTE DE REPRESENTATIVIDADE","656,78","CAIXA REFERENCIAL"]
["100712","KIT DE PORTA DE MADEIRA PARA VERNIZ, SEMI-OCA (LEVE OU MÉDIA), PADRÃO POPULAR, 70X210CM, ESPESSURA DE 3,5CM, ITENS INCLUSOS: DOBRADIÇAS, MONTAGEM E INSTALAÇÃO DE BATENTE, FECHADURA COM EXECUÇÃO DO FURO - FORNECIMENTO E INSTALAÇÃO. AF_12/2019","UN","COEFICIENTE DE REPRESENTATIVIDADE","643,79","CAIXA REFERENCIAL"]
["100665","JANELA DE MADEIRA - CEDRINHO/ANGELIM OU EQUIVALENTE DA REGIÃO - DE ABRIR COM 4 FOLHAS (2 VENEZIANAS E 2 GUILHOTINAS PARA VIDRO), COM BATENTE, ALIZAR E FERRAGENS. EXCLUSIVE VIDROS, ACABAMENTO E CONTRAMARCO. FORNECIMENTO E INSTALAÇÃO. AF_12/2019","M2","ATRIBUÍDO SÃO PAULO","758,38","CAIXA REFERENCIAL"]
["100666","JANELA DE MADEIRA (PINUS/EUCALIPTO OU EQUIV.) DE ABRIR COM 4 FOLHAS (2 VENEZIANAS E 2 GUILHOTINAS PARA VIDRO), COM BATENTE, ALIZAR E FERRAGENS. EXCLUSIVE VIDROS, ACABAMENTO E CONTRAMARCO. FORNECIMENTO E INSTALAÇÃO. AF_12/2019","M2","ATRIBUÍDO SÃO PAULO","601,39","CAIXA REFERENCIAL"]
["100667","JANELA DE MADEIRA (IMBUIA/CEDRO OU EQUIV.) DE ABRIR COM 4 FOLHAS (2 VENEZIANAS E 2 GUILHOTINAS PARA VIDRO), COM BATENTE, ALIZAR E FERRAGENS. EXCLUSIVE VIDROS, ACABAMENTO E CONTRAMARCO. FORNECIMENTO E INSTALAÇÃO. AF_12/2019","M2","ATRIBUÍDO SÃO PAULO","980,32","CAIXA REFERENCIAL"]
["100668","JANELA DE MADEIRA (CEDRINHO/ANGELIM OU EQUIV.) TIPO MAXIM-AR, PARA VIDRO, COM BATENTE, ALIZAR E FERRAGENS. EXCLUSIVE VIDRO, ACABAMENTO E CONTRAMARCO. FORNECIMENTO E INSTALAÇÃO. AF_12/2019","M2","ATRIBUÍDO SÃO PAULO","1.195,71","CAIXA REFERENCIAL"]
["100669","JANELA DE MADEIRA (PINUS/EUCALIPTO OU EQUIV.) TIPO BASCULANTE COM 2 FOLHAS PARA VIDRO, COM BATENTE, ALIZAR E FERRAGENS. EXCLUSIVE VIDROS, ACABAMENTO E CONTRAMARCO. FORNECIMENTO E INSTALAÇÃO. AF_12/2019","M2","ATRIBUÍDO SÃO PAULO","705,14","CAIXA REFERENCIAL"]
["100670","JANELA DE MADEIRA (CEDRINHO/ANGELIM OU EQUIV.) DE CORRER COM 6 FOLHAS (2 VENEZ. FIXAS, 2 VENEZ. DE CORRER E 2 DE CORRER PARA VIDRO), COM BATENTE, ALIZAR E FERRAGENS. EXCLUSIVE VIDROS, ACABAMENTO E CONTRAMARCO. FORNECIMENTO E INSTALAÇÃO. AF_12/2019","M2","ATRIBUÍDO SÃO PAULO","945,12","CAIXA REFERENCIAL"]
["100671","JANELA DE MADEIRA (IMBUIA/CEDRO OU EQUIV) DE CORRER COM 6 FOLHAS (2 VENEZIANAS FIXAS, 2 VENEZIANAS DE CORRER E 2 DE CORRER PARA VIDRO), COM BATENTE, ALIZAR E FERRAGENS. EXCLUSIVE VIDROS, ACABAMENTO E CONTRAMARCO. FORNECIMENTO E INSTALAÇÃO. AF_12/2019","M2","ATRIBUÍDO SÃO PAULO","1.170,81","CAIXA REFERENCIAL"]
["100672","JANELA DE MADEIRA (PINUS/EUCALIPTO OU EQUIV.) DE CORRER COM 6 FOLHAS (2 VENEZ. FIXAS, 2 VENEZ. DE CORRER E 2 DE CORRER PARA VIDRO), COM BATENTE, ALIZAR E FERRAGENS. EXCLUSIVE VIDROS, ACABAMENTO E CONTRAMARCO. FORNECIMENTO EINSTALAÇÃO. AF_12/2019","M2","ATRIBUÍDO SÃO PAULO","759,20","CAIXA REFERENCIAL"]
["100701","PORTA DE FERRO, DE ABRIR, TIPO GRADE COM CHAPA, COM GUARNIÇÕES. AF_12/2019","M2","ATRIBUÍDO SÃO PAULO","487,31","CAIXA REFERENCIAL"]
["94559","JANELA DE AÇO TIPO BASCULANTE PARA VIDROS, COM BATENTE, FERRAGENS E PINTURA ANTICORROSIVA. EXCLUSIVE VIDROS, ACABAMENTO, ALIZAR E CONTRAMARCO. FORNECIMENTO E INSTALAÇÃO. AF_12/2019","M2","ATRIBUÍDO SÃO PAULO","736,84","CAIXA REFERENCIAL"]
["94562","JANELA DE AÇO DE CORRER COM 4 FOLHAS PARA VIDRO, COM BATENTE, FERRAGENS E PINTURA ANTICORROSIVA. EXCLUSIVE VIDROS, ALIZAR E CONTRAMARCO. FORNECIMENTO E INSTALAÇÃO. AF_12/2019","M2","ATRIBUÍDO SÃO PAULO","719,39","CAIXA REFERENCIAL"]
["94587","CONTRAMARCO DE AÇO, FIXAÇÃO COM ARGAMASSA - FORNECIMENTO E INSTALAÇÃO. AF_12/2019","M","COEFICIENTE DE REPRESENTATIVIDADE","86,44","CAIXA REFERENCIAL"]
["94588","CONTRAMARCO DE AÇO, FIXAÇÃO COM PARAFUSO - FORNECIMENTO E INSTALAÇÃO. AF_12/2019","M","COEFICIENTE DE REPRESENTATIVIDADE","80,65","CAIXA REFERENCIAL"]
["99837","GUARDA-CORPO DE AÇO GALVANIZADO DE 1,10M, MONTANTES TUBULARES DE 1.1/4\" ESPAÇADOS DE 1,20M, TRAVESSA SUPERIOR DE 1.1/2\", GRADIL FORMADO POR TUBOS HORIZONTAIS DE 1\" E VERTICAIS DE 3/4\", FIXADO COM CHUMBADOR MECÂNICO. AF_04/2019_P","M","ATRIBUÍDO SÃO PAULO","701,73","CAIXA REFERENCIAL"]
["99839","GUARDA-CORPO DE AÇO GALVANIZADO DE 1,10M DE ALTURA, MONTANTES TUBULARES DE 1.1/2\u0094 ESPAÇADOS DE 1,20M, TRAVESSA SUPERIOR DE 2\u0094, GRADIL FORMADO POR BARRAS CHATAS EM FERRO DE 32X4,8MM, FIXADO COM CHUMBADOR MECÂNICO. AF_04/2019_P","M","ATRIBUÍDO SÃO PAULO","543,16","CAIXA REFERENCIAL"]
["99841","GUARDA-CORPO PANORÂMICO COM PERFIS DE ALUMÍNIO E VIDRO LAMINADO 8 MM, FIXADO COM CHUMBADOR MECÂNICO. AF_04/2019_P","M","ATRIBUÍDO SÃO PAULO","1.225,92","CAIXA REFERENCIAL"]
["99855","CORRIMÃO SIMPLES, DIÂMETRO EXTERNO = 1 1/2\", EM AÇO GALVANIZADO. AF_04/2019_P","M","COEFICIENTE DE REPRESENTATIVIDADE","128,59","CAIXA REFERENCIAL"]
["99857","CORRIMÃO SIMPLES, DIÂMETRO EXTERNO = 1 1/2\", EM ALUMÍNIO. AF_04/2019_P","M","ATRIBUÍDO SÃO PAULO","78,86","CAIXA REFERENCIAL"]
["99861","GRADIL EM FERRO FIXADO EM VÃOS DE JANELAS, FORMADO POR BARRAS CHATAS DE 25X4,8 MM. AF_04/2019","M2","COEFICIENTE DE REPRESENTATIVIDADE","652,40","CAIXA REFERENCIAL"]
["99862","GRADIL EM ALUMÍNIO FIXADO EM VÃOS DE JANELAS, FORMADO POR TUBOS DE 3/4\". AF_04/2019","M2","ATRIBUÍDO SÃO PAULO","502,60","CAIXA REFERENCIAL"]
["90838","PORTA CORTA-FOGO 90X210X4CM - FORNECIMENTO E INSTALAÇÃO. AF_12/2019","UN","ATRIBUÍDO SÃO PAULO","1.090,74","CAIXA REFERENCIAL"]
["91338","PORTA DE ALUMÍNIO DE ABRIR COM LAMBRI, COM GUARNIÇÃO, FIXAÇÃO COM PARAFUSOS - FORNECIMENTO E INSTALAÇÃO. AF_12/2019","M2","ATRIBUÍDO SÃO PAULO","705,07","CAIXA REFERENCIAL"]
["91341","PORTA EM ALUMÍNIO DE ABRIR TIPO VENEZIANA COM GUARNIÇÃO, FIXAÇÃO COM PARAFUSOS - FORNECIMENTO E INSTALAÇÃO. AF_12/2019","M2","ATRIBUÍDO SÃO PAULO","536,47","CAIXA REFERENCIAL"]
["94805","PORTA DE ALUMÍNIO DE ABRIR PARA VIDRO SEM GUARNIÇÃO, 87X210CM, FIXAÇÃO COM PARAFUSOS, INCLUSIVE VIDROS - FORNECIMENTO E INSTALAÇÃO. AF_12/2019","UN","ATRIBUÍDO SÃO PAULO","750,15","CAIXA REFERENCIAL"]
["94806","PORTA EM AÇO DE ABRIR PARA VIDRO SEM GUARNIÇÃO, 87X210CM, FIXAÇÃO COM PARAFUSOS, EXCLUSIVE VIDROS - FORNECIMENTO E INSTALAÇÃO. AF_12/2019","UN","ATRIBUÍDO SÃO PAULO","515,38","CAIXA REFERENCIAL"]
["94807","PORTA EM AÇO DE ABRIR TIPO VENEZIANA SEM GUARNIÇÃO, 87X210CM, FIXAÇÃO COM PARAFUSOS - FORNECIMENTO E INSTALAÇÃO. AF_12/2019","UN","ATRIBUÍDO SÃO PAULO","619,98","CAIXA REFERENCIAL"]
["100702","PORTA DE CORRER DE ALUMÍNIO, COM DUAS FOLHAS PARA VIDRO, INCLUSO VIDRO LISO INCOLOR, FECHADURA E PUXADOR, SEM ALIZAR. AF_12/2019","M2","ATRIBUÍDO SÃO PAULO","402,44","CAIXA REFERENCIAL"]
["102188","MOLA HIDRAULICA DE PISO PARA PORTA DE VIDRO TEMPERADO. AF_01/2021","UN","COEFICIENTE DE REPRESENTATIVIDADE","680,95","CAIXA REFERENCIAL"]
["102189","JOGO DE FERRAGENS CROMADAS PARA PORTA DE VIDRO TEMPERADO, UMA FOLHA COMPOSTO DE DOBRADICAS SUPERIOR E INFERIOR, TRINCO, FECHADURA, CONTRA FECHADURA COM CAPUCHINHO SEM MOLA E PUXADOR. AF_01/2021","UN","COEFICIENTE DE REPRESENTATIVIDADE","187,26","CAIXA REFERENCIAL"]
["100703","PUXADOR CENTRAL PARA ESQUADRIA DE MADEIRA. AF_12/2019","UN","COEFICIENTE DE REPRESENTATIVIDADE","26,58","CAIXA REFERENCIAL"]
["100704","PORTA CADEADO ZINCADO OXIDADO PRETO COM CADEADO DE AÇO INOX, LARGURA DE *50* MM. AF_12/2019","UN","COEFICIENTE DE REPRESENTATIVIDADE","57,09","CAIXA REFERENCIAL"]
["100705","TARJETA TIPO LIVRE/OCUPADO PARA PORTA DE BANHEIRO. AF_12/2019","UN","COEFICIENTE DE REPRESENTATIVIDADE","64,46","CAIXA REFERENCIAL"]
["100706","CREMONA EM LATÃO CROMADO OU POLIDO, COMPLETA. AF_12/2019","UN","COEFICIENTE DE REPRESENTATIVIDADE","55,91","CAIXA REFERENCIAL"]
["100707","FECHO DE EMBUTIR TIPO UNHA 22CM. AF_12/2019","UN","COEFICIENTE DE REPRESENTATIVIDADE","120,78","CAIXA REFERENCIAL"]
["100708","FECHO DE EMBUTIR TIPO UNHA 40CM. AF_12/2019","UN","COEFICIENTE DE REPRESENTATIVIDADE","151,93","CAIXA REFERENCIAL"]
["100709","DOBRADIÇA EM AÇO/FERRO, 3\" X 21/2\", E=1,9 A 2MM, SEN ANEL, CROMADO OU ZINCADO, TAMPA BOLA, COM PARAFUSOS. AF_12/2019","UN","COEFICIENTE DE REPRESENTATIVIDADE","33,42","CAIXA REFERENCIAL"]
["100710","DOBRADIÇA TIPO VAI E VEM EM LATÃO POLIDO 3\". AF_12/2019","UN","COEFICIENTE DE REPRESENTATIVIDADE","79,09","CAIXA REFERENCIAL"]
["102151","INSTALAÇÃO DE VIDRO LISO INCOLOR, E = 3 MM, EM ESQUADRIA DE MADEIRA, FIXADO COM BAGUETE. AF_01/2021","M2","COEFICIENTE DE REPRESENTATIVIDADE","174,65","CAIXA REFERENCIAL"]
["102152","INSTALAÇÃO DE VIDRO LISO, E = 4 MM, EM ESQUADRIA DE MADEIRA, FIXADO COM BAGUETE. AF_01/2021","M2","COEFICIENTE DE REPRESENTATIVIDADE","221,09","CAIXA REFERENCIAL"]
["102153","INSTALAÇÃO DE VIDRO LISO FUME, E = 4 MM, EM ESQUADRIA DE MADEIRA, FIXADO COM BAGUETE. AF_01/2021","M2","COEFICIENTE DE REPRESENTATIVIDADE","283,02","CAIXA REFERENCIAL"]
["102154","INSTALAÇÃO DE VIDRO LISO INCOLOR, E = 5 MM, EM ESQUADRIA DE MADEIRA, FIXADO COM BAGUETE. AF_01/2021","M2","COEFICIENTE DE REPRESENTATIVIDADE","245,17","CAIXA REFERENCIAL"]
["102155","INSTALAÇÃO DE VIDRO LISO FUME, E = 5 MM, EM ESQUADRIA DE MADEIRA, FIXADO COM BAGUETE. AF_01/2021","M2","COEFICIENTE DE REPRESENTATIVIDADE","295,81","CAIXA REFERENCIAL"]
["102156","INSTALAÇÃO DE VIDRO LISO INCOLOR, E = 6 MM, EM ESQUADRIA DE MADEIRA, FIXADO COM BAGUETE. AF_01/2021","M2","COEFICIENTE DE REPRESENTATIVIDADE","284,98","CAIXA REFERENCIAL"]
["102157","INSTALAÇÃO DE VIDRO LISO FUME, E = 6 MM, EM ESQUADRIA DE MADEIRA, FIXADO COM BAGUETE. AF_01/2021","M2","COEFICIENTE DE REPRESENTATIVIDADE","393,36","CAIXA REFERENCIAL"]
["102158","INSTALAÇÃO DE VIDRO LISO INCOLOR, E = 8 MM, EM ESQUADRIA DE MADEIRA, FIXADO COM BAGUETE. AF_01/2021","M2","COEFICIENTE DE REPRESENTATIVIDADE","400,13","CAIXA REFERENCIAL"]
["102159","INSTALAÇÃO DE VIDRO LISO INCOLOR, E = 10 MM, EM ESQUADRIA DE MADEIRA, FIXADO COM BAGUETE. AF_01/2021","M2","COEFICIENTE DE REPRESENTATIVIDADE","478,61","CAIXA REFERENCIAL"]
["102160","INSTALAÇÃO DE VIDRO IMPRESSO, E = 4 MM, EM ESQUADRIA DE MADEIRA, FIXADO COM BAGUETE. AF_01/2021","M2","COEFICIENTE DE REPRESENTATIVIDADE","190,13","CAIXA REFERENCIAL"]
["102161","INSTALAÇÃO DE VIDRO LISO INCOLOR, E = 3 MM, EM ESQUADRIA DE ALUMÍNIO OU PVC, FIXADO COM BAGUETE. AF_01/2021_P","M2","ATRIBUÍDO SÃO PAULO","260,21","CAIXA REFERENCIAL"]
["102162","INSTALAÇÃO DE VIDRO LISO INCOLOR, E = 4 MM, EM ESQUADRIA DE ALUMÍNIO OU PVC, FIXADO COM BAGUETE. AF_01/2021_P","M2","ATRIBUÍDO SÃO PAULO","306,65","CAIXA REFERENCIAL"]
["102163","INSTALAÇÃO DE VIDRO LISO FUME, E = 4 MM, EM ESQUADRIA DE ALUMÍNIO OU PVC, FIXADO COM BAGUETE. AF_01/2021_P","M2","ATRIBUÍDO SÃO PAULO","368,58","CAIXA REFERENCIAL"]
["102164","INSTALAÇÃO DE VIDRO LISO INCOLOR, E = 5 MM, EM ESQUADRIA DE ALUMÍNIO OU PVC, FIXADO COM BAGUETE. AF_01/2021_P","M2","ATRIBUÍDO SÃO PAULO","314,98","CAIXA REFERENCIAL"]
["102165","INSTALAÇÃO DE VIDRO LISO FUME, E = 5 MM, EM ESQUADRIA DE ALUMÍNIO OU PVC, FIXADO COM BAGUETE. AF_01/2021_P","M2","ATRIBUÍDO SÃO PAULO","365,62","CAIXA REFERENCIAL"]
["102166","INSTALAÇÃO DE VIDRO LISO INCOLOR, E = 6 MM, EM ESQUADRIA DE ALUMÍNIO OU PVC, FIXADO COM BAGUETE. AF_01/2021_P","M2","ATRIBUÍDO SÃO PAULO","339,05","CAIXA REFERENCIAL"]
["102167","INSTALAÇÃO DE VIDRO LISO FUME, E = 6 MM, EM ESQUADRIA DE ALUMÍNIO OU PVC, FIXADO COM BAGUETE. AF_01/2021_P","M2","ATRIBUÍDO SÃO PAULO","447,43","CAIXA REFERENCIAL"]
["102168","INSTALAÇÃO DE VIDRO LISO INCOLOR, E = 8 MM, EM ESQUADRIA DE ALUMÍNIO OU PVC, FIXADO COM BAGUETE. AF_01/2021_P","M2","ATRIBUÍDO SÃO PAULO","440,20","CAIXA REFERENCIAL"]
["102169","INSTALAÇÃO DE VIDRO LISO INCOLOR, E = 10 MM, EM ESQUADRIA DE ALUMÍNIO OU PVC, FIXADO COM BAGUETE. AF_01/2021_P","M2","ATRIBUÍDO SÃO PAULO","513,51","CAIXA REFERENCIAL"]
["102170","INSTALAÇÃO DE VIDRO IMPRESSO, E = 4 MM, EM ESQUADRIA DE ALUMÍNIO OU PVC, FIXADO COM BAGUETE. AF_01/2021_P","M2","ATRIBUÍDO SÃO PAULO","275,69","CAIXA REFERENCIAL"]
["102171","INSTALAÇÃO DE VIDRO ARAMADO, E = 6 MM, EM ESQUADRIA DE ALUMÍNIO OU PVC, FIXADO COM BAGUETE. AF_01/2021_P","M2","ATRIBUÍDO SÃO PAULO","562,69","CAIXA REFERENCIAL"]
["102172","INSTALAÇÃO DE VIDRO ARAMADO, E = 7 MM, EM ESQUADRIA DE ALUMÍNIO OU PVC, FIXADO COM BAGUETE. AF_01/2021_P","M2","ATRIBUÍDO SÃO PAULO","555,80","CAIXA REFERENCIAL"]
["102176","INSTALAÇÃO DE VIDRO LAMINADO, E = 8 MM (4+4), ENCAIXADO EM PERFIL U. AF_01/2021_P","M2","ATRIBUÍDO SÃO PAULO","1.032,75","CAIXA REFERENCIAL"]
["102177","INSTALAÇÃO DE VIDRO LAMINADO, E = 12 MM (4+4+4), ENCAIXADO EM PERFIL U. AF_01/2021_P","M2","ATRIBUÍDO SÃO PAULO","2.139,92","CAIXA REFERENCIAL"]
["102178","INSTALAÇÃO DE VIDRO LAMINADO, E = 15 MM (5+5+5), ENCAIXADO EM PERFIL U. AF_01/2021_P","M2","ATRIBUÍDO SÃO PAULO","2.468,07","CAIXA REFERENCIAL"]
["102179","INSTALAÇÃO DE VIDRO TEMPERADO, E = 6 MM, ENCAIXADO EM PERFIL U. AF_01/2021_P","M2","ATRIBUÍDO SÃO PAULO","407,50","CAIXA REFERENCIAL"]
["102180","INSTALAÇÃO DE VIDRO TEMPERADO, E = 8 MM, ENCAIXADO EM PERFIL U. AF_01/2021_P","M2","ATRIBUÍDO SÃO PAULO","488,05","CAIXA REFERENCIAL"]
["102181","INSTALAÇÃO DE VIDRO TEMPERADO, E = 10 MM, ENCAIXADO EM PERFIL U. AF_01/2021_P","M2","ATRIBUÍDO SÃO PAULO","594,71","CAIXA REFERENCIAL"]
["102182","PORTA PIVOTANTE DE VIDRO TEMPERADO, 90X210 CM, ESPESSURA 10 MM, INCLUSIVE ACESSÓRIOS. AF_01/2021","UN","COEFICIENTE DE REPRESENTATIVIDADE","1.208,27","CAIXA REFERENCIAL"]
["102183","PORTA PIVOTANTE DE VIDRO TEMPERADO, 2 FOLHAS DE 90X210 CM, ESPESSURA DE 10MM, INCLUSIVE ACESSÓRIOS. AF_01/2021","UN","COEFICIENTE DE REPRESENTATIVIDADE","2.426,02","CAIXA REFERENCIAL"]
["102184","PORTA DE ABRIR COM MOLA HIDRÁULICA, EM VIDRO TEMPERADO, 90X210 CM, ESPESSURA 10 MM, INCLUSIVE ACESSÓRIOS. AF_01/2021","UN","COEFICIENTE DE REPRESENTATIVIDADE","1.871,65","CAIXA REFERENCIAL"]
["102185","PORTA DE ABRIR COM MOLA HIDRÁULICA, EM VIDRO TEMPERADO, 2 FOLHAS DE 90X210 CM, ESPESSURA DD 10MM, INCLUSIVE ACESSÓRIOS. AF_01/2021","UN","COEFICIENTE DE REPRESENTATIVIDADE","3.752,51","CAIXA REFERENCIAL"]
["102190","REMOÇÃO DE VIDRO LISO COMUM DE ESQUADRIA COM BAGUETE DE MADEIRA. AF_01/2021","M2","COEFICIENTE DE REPRESENTATIVIDADE","14,52","CAIXA REFERENCIAL"]
["102191","REMOÇÃO DE VIDRO LISO COMUM DE ESQUADRIA COM BAGUETE DE ALUMÍNIO OU PVC. AF_01/2021","M2","COEFICIENTE DE REPRESENTATIVIDADE","17,65","CAIXA REFERENCIAL"]
["102192","REMOÇÃO DE VIDRO TEMPERADO FIXADO EM PERFIL U. AF_01/2021","M2","COEFICIENTE DE REPRESENTATIVIDADE","12,60","CAIXA REFERENCIAL"]
["94569","JANELA DE ALUMÍNIO TIPO MAXIM-AR, COM VIDROS, BATENTE E FERRAGENS. EXCLUSIVE ALIZAR, ACABAMENTO E CONTRAMARCO. FORNECIMENTO E INSTALAÇÃO. AF_12/2019","M2","ATRIBUÍDO SÃO PAULO","891,58","CAIXA REFERENCIAL"]
["94570","JANELA DE ALUMÍNIO DE CORRER COM 2 FOLHAS PARA VIDROS, COM VIDROS, BATENTE, ACABAMENTO COM ACETATO OU BRILHANTE E FERRAGENS. EXCLUSIVE ALIZAR E CONTRAMARCO. FORNECIMENTO E INSTALAÇÃO. AF_12/2019","M2","ATRIBUÍDO SÃO PAULO","583,88","CAIXA REFERENCIAL"]
["94572","JANELA DE ALUMÍNIO DE CORRER COM 3 FOLHAS (2 VENEZIANAS E 1 PARA VIDRO), COM VIDROS, BATENTE E FERRAGENS. EXCLUSIVE ACABAMENTO, ALIZAR E CONTRAMARCO. FORNECIMENTO E INSTALAÇÃO. AF_12/2019","M2","ATRIBUÍDO SÃO PAULO","839,82","CAIXA REFERENCIAL"]
["94573","JANELA DE ALUMÍNIO DE CORRER COM 4 FOLHAS PARA VIDROS, COM VIDROS, BATENTE, ACABAMENTO COM ACETATO OU BRILHANTE E FERRAGENS. EXCLUSIVE ALIZAR E CONTRAMARCO. FORNECIMENTO E INSTALAÇÃO. AF_12/2019","M2","ATRIBUÍDO SÃO PAULO","634,95","CAIXA REFERENCIAL"]
["94580","JANELA DE ALUMÍNIO DE CORRER COM 6 FOLHAS (2 VENEZIANAS FIXAS, 2 VENEZIANAS DE CORRER E 2 PARA VIDRO), COM VIDROS, BATENTE, ACABAMENTO COM ACETATO OU BRILHANTE E FERRAGENS. EXCLUSIVE ALIZAR E CONTRAMARCO. FORNECIMENTO E INSTALAÇÃO. AF_12/2019","M2","COEFICIENTE DE REPRESENTATIVIDADE","943,56","CAIXA REFERENCIAL"]
["100674","JANELA FIXA DE ALUMÍNIO PARA VIDRO, COM VIDRO, BATENTE E FERRAGENS. EXCLUSIVE ACABAMENTO, ALIZAR E CONTRAMARCO. FORNECIMENTO E INSTALAÇÃO. AF_12/2019","M2","ATRIBUÍDO SÃO PAULO","609,64","CAIXA REFERENCIAL"]
["101096","TUBULÃO A CÉU ABERTO, DIÂMETRO DO FUSTE DE 70CM, ESCAVAÇÃO MANUAL, SEM ALARGAMENTO DE BASE, CONCRETO FEITO EM OBRA E LANÇADO COM JERICA. AF_05/2020","M3","ATRIBUÍDO SÃO PAULO","1.047,02","CAIXA REFERENCIAL"]
["101097","TUBULÃO A CÉU ABERTO, DIÂMETRO DO FUSTE DE 80CM, ESCAVAÇÃO MANUAL, SEM ALARGAMENTO DE BASE, CONCRETO FEITO EM OBRA E LANÇADO COM JERICA. AF_05/2020","M3","ATRIBUÍDO SÃO PAULO","994,03","CAIXA REFERENCIAL"]
["101098","TUBULÃO A CÉU ABERTO, DIÂMETRO DO FUSTE DE 100CM, ESCAVAÇÃO MANUAL, SEM ALARGAMENTO DE BASE, CONCRETO FEITO EM OBRA E LANÇADO COM JERICA. AF_05/2020","M3","ATRIBUÍDO SÃO PAULO","932,25","CAIXA REFERENCIAL"]
["101099","TUBULÃO A CÉU ABERTO, DIÂMETRO DO FUSTE DE 120CM, ESCAVAÇÃO MANUAL, SEM ALARGAMENTO DE BASE, CONCRETO FEITO EM OBRA E LANÇADO COM JERICA. AF_05/2020","M3","ATRIBUÍDO SÃO PAULO","847,72","CAIXA REFERENCIAL"]
["101100","TUBULÃO A CÉU ABERTO, DIÂMETRO DO FUSTE DE 70CM, ESCAVAÇÃO MECÂNICA, SEM ALARGAMENTO DE BASE, CONCRETO FEITO EM OBRA E LANÇADO COM JERICA. AF_05/2020","M3","ATRIBUÍDO SÃO PAULO","776,22","CAIXA REFERENCIAL"]
["101101","TUBULÃO A CÉU ABERTO, DIÂMETRO DO FUSTE DE 80CM, ESCAVAÇÃO MECÂNICA, SEM ALARGAMENTO DE BASE, CONCRETO FEITO EM OBRA E LANÇADO COM JERICA. AF_05/2020","M3","ATRIBUÍDO SÃO PAULO","761,31","CAIXA REFERENCIAL"]
["101102","TUBULÃO A CÉU ABERTO, DIÂMETRO DO FUSTE DE 100CM, ESCAVAÇÃO MECÂNICA, SEM ALARGAMENTO DE BASE, CONCRETO FEITO EM OBRA E LANÇADO COM JERICA. AF_05/2020","M3","ATRIBUÍDO SÃO PAULO","752,12","CAIXA REFERENCIAL"]
["101103","TUBULÃO A CÉU ABERTO, DIÂMETRO DO FUSTE DE 120CM, ESCAVAÇÃO MECÂNICA, SEM ALARGAMENTO DE BASE, CONCRETO FEITO EM OBRA E LANÇADO COM JERICA. AF_05/2020","M3","ATRIBUÍDO SÃO PAULO","701,76","CAIXA REFERENCIAL"]
["101104","TUBULÃO A CÉU ABERTO, DIÂMETRO DO FUSTE DE 70CM, ESCAVAÇÃO MANUAL, SEM ALARGAMENTO DE BASE, CONCRETO USINADO E LANÇADO COM BOMBA OU DIRETAMENTE DO CAMINHÃO. AF_05/2020","M3","ATRIBUÍDO SÃO PAULO","1.022,09","CAIXA REFERENCIAL"]
["101105","TUBULÃO A CÉU ABERTO, DIÂMETRO DO FUSTE DE 80CM, ESCAVAÇÃO MANUAL, SEM ALARGAMENTO DE BASE, CONCRETO USINADO E LANÇADO COM BOMBA OU DIRETAMENTE DO CAMINHÃO. AF_05/2020","M3","ATRIBUÍDO SÃO PAULO","969,63","CAIXA REFERENCIAL"]
["101106","TUBULÃO A CÉU ABERTO, DIÂMETRO DO FUSTE DE 100CM, ESCAVAÇÃO MANUAL, SEM ALARGAMENTO DE BASE, CONCRETO USINADO E LANÇADO COM BOMBA OU DIRETAMENTE DO CAMINHÃO. AF_05/2020","M3","ATRIBUÍDO SÃO PAULO","909,01","CAIXA REFERENCIAL"]
["101107","TUBULÃO A CÉU ABERTO, DIÂMETRO DO FUSTE DE 120CM, ESCAVAÇÃO MANUAL, SEM ALARGAMENTO DE BASE, CONCRETO USINADO E LANÇADO COM BOMBA OU DIRETAMENTE DO CAMINHÃO. AF_05/2020","M3","ATRIBUÍDO SÃO PAULO","825,58","CAIXA REFERENCIAL"]
["101108","TUBULÃO A CÉU ABERTO, DIÂMETRO DO FUSTE DE 70CM, ESCAVAÇÃO MECÂNICA, SEM ALARGAMENTO DE BASE, CONCRETO USINADO E LANÇADO COM BOMBA OU DIRETAMENTE DO CAMINHÃO. AF_05/2020","M3","ATRIBUÍDO SÃO PAULO","746,62","CAIXA REFERENCIAL"]
["101109","TUBULÃO A CÉU ABERTO, DIÂMETRO DO FUSTE DE 80CM, ESCAVAÇÃO MECÂNICA, SEM ALARGAMENTO DE BASE, CONCRETO USINADO E LANÇADO COM BOMBA OU DIRETAMENTE DO CAMINHÃO. AF_05/2020","M3","ATRIBUÍDO SÃO PAULO","732,49","CAIXA REFERENCIAL"]
["101110","TUBULÃO A CÉU ABERTO, DIÂMETRO DO FUSTE DE 100CM, ESCAVAÇÃO MECÂNICA, SEM ALARGAMENTO DE BASE, CONCRETO USINADO E LANÇADO COM BOMBA OU DIRETAMENTE DO CAMINHÃO. AF_05/2020","M3","ATRIBUÍDO SÃO PAULO","724,98","CAIXA REFERENCIAL"]
["101111","TUBULÃO A CÉU ABERTO, DIÂMETRO DO FUSTE DE 120CM, ESCAVAÇÃO MECÂNICA, SEM ALARGAMENTO DE BASE, CONCRETO USINADO E LANÇADO COM BOMBA OU DIRETAMENTE DO CAMINHÃO. AF_05/2020","M3","ATRIBUÍDO SÃO PAULO","676,26","CAIXA REFERENCIAL"]
["101112","ALARGAMENTO DE BASE DE TUBULÃO A CÉU ABERTO, ESCAVAÇÃO MANUAL, CONCRETO FEITO EM OBRA E LANÇADO COM JERICA. AF_05/2020","M3","ATRIBUÍDO SÃO PAULO","671,09","CAIXA REFERENCIAL"]
["101113","ALARGAMENTO DE BASE DE TUBULÃO A CÉU ABERTO, ESCAVAÇÃO MANUAL, CONCRETO USINADO E LANÇADO COM BOMBA OU DIRETAMENTE DO CAMINHÃO. AF_05/2020","M3","ATRIBUÍDO SÃO PAULO","649,21","CAIXA REFERENCIAL"]
["95601","ARRASAMENTO MECANICO DE ESTACA DE CONCRETO ARMADO, DIAMETROS DE ATÉ 40 CM. AF_05/2021","UN","ATRIBUÍDO SÃO PAULO","11,52","CAIXA REFERENCIAL"]
["95602","ARRASAMENTO MECANICO DE ESTACA DE CONCRETO ARMADO, DIAMETROS DE 41 CM A 60 CM. AF_05/2021","UN","ATRIBUÍDO SÃO PAULO","18,44","CAIXA REFERENCIAL"]
["95603","ARRASAMENTO MECANICO DE ESTACA DE CONCRETO ARMADO, DIAMETROS DE 61 CM A 80 CM. AF_05/2021","UN","ATRIBUÍDO SÃO PAULO","31,48","CAIXA REFERENCIAL"]
["95604","ARRASAMENTO MECANICO DE ESTACA DE CONCRETO ARMADO, DIAMETROS DE 81 CM A 100 CM. AF_05/2021","UN","ATRIBUÍDO SÃO PAULO","48,85","CAIXA REFERENCIAL"]
["95605","ARRASAMENTO MECANICO DE ESTACA DE CONCRETO ARMADO, DIAMETROS DE 101 CM A 150 CM. AF_05/2021","UN","ATRIBUÍDO SÃO PAULO","89,69","CAIXA REFERENCIAL"]
["95607","ARRASAMENTO DE ESTACA METÁLICA, PERFIL LAMINADO TIPO  I  FAMÍLIA 250. AF_05/2021","UN","COEFICIENTE DE REPRESENTATIVIDADE","11,84","CAIXA REFERENCIAL"]
["95608","ARRASAMENTO MECÂNICO DE ESTACA METÁLICA, PERFIL LAMINADO TIPO  H - FAMÍLIA 250. AF_05/2021","UN","COEFICIENTE DE REPRESENTATIVIDADE","17,18","CAIXA REFERENCIAL"]
["95609","ARRASAMENTO MECÂNICO DE ESTACA METÁLICA, PERFIL LAMINADO TIPO  H - FAMÍLIA 310. AF_05/2021","UN","COEFICIENTE DE REPRESENTATIVIDADE","21,79","CAIXA REFERENCIAL"]
["100651","ESTACA HÉLICE CONTÍNUA, DIÂMETRO DE 30 CM, INCLUSO CONCRETO FCK=30MPA E ARMADURA MÍNIMA (EXCLUSIVE MOBILIZAÇÃO, DESMOBILIZAÇÃO E BOMBEAMENTO). AF_12/2019","M","ATRIBUÍDO SÃO PAULO","116,78","CAIXA REFERENCIAL"]
["100652","ESTACA HÉLICE CONTÍNUA , DIÂMETRO DE 50 CM, INCLUSO CONCRETO FCK=30MPA E ARMADURA MÍNIMA (EXCLUSIVE MOBILIZAÇÃO, DESMOBILIZAÇÃO E BOMBEAMENTO). AF_12/2019","M","ATRIBUÍDO SÃO PAULO","210,44","CAIXA REFERENCIAL"]
["100653","ESTACA HÉLICE CONTÍNUA, DIÂMETRO DE 70 CM, INCLUSO CONCRETO FCK=30MPA E ARMADURA MÍNIMA (EXCLUSIVE MOBILIZAÇÃO, DESMOBILIZAÇÃO E BOMBEAMENTO). AF_12/2019","M","ATRIBUÍDO SÃO PAULO","342,99","CAIXA REFERENCIAL"]
["100654","ESTACA HÉLICE CONTÍNUA, DIÂMETRO DE 80 CM, INCLUSO CONCRETO FCK=30MPA E ARMADURA MÍNIMA (EXCLUSIVE MOBILIZAÇÃO, DESMOBILIZAÇÃO E BOMBEAMENTO). AF_12/2019.","M","ATRIBUÍDO SÃO PAULO","484,59","CAIXA REFERENCIAL"]
["100655","ESTACA HÉLICE CONTÍNUA, DIÂMETRO DE 90 CM, INCLUSO CONCRETO FCK=30MPA E ARMADURA MÍNIMA (EXCLUSIVE MOBILIZAÇÃO, DESMOBILIZAÇÃO E BOMBEAMENTO). AF_12/2019.","M","ATRIBUÍDO SÃO PAULO","550,36","CAIXA REFERENCIAL"]
["100656","ESTACA PRÉ-MOLDADA DE CONCRETO, SEÇÃO QUADRADA, CAPACIDADE DE 25 TONELADAS, INCLUSO EMENDA (EXCLUSIVE MOBILIZAÇÃO E DESMOBILIZAÇÃO). AF_12/2019","M","ATRIBUÍDO SÃO PAULO","70,81","CAIXA REFERENCIAL"]
["100657","ESTACA PRÉ-MOLDADA DE CONCRETO SEÇÃO QUADRADA, CAPACIDADE DE 50 TONELADAS, INCLUSO EMENDA (EXCLUSIVE MOBILIZAÇÃO E DESMOBILIZAÇÃO). AF_12/2019","M","ATRIBUÍDO SÃO PAULO","89,92","CAIXA REFERENCIAL"]
["100658","ESTACA PRÉ-MOLDADA DE CONCRETO CENTRIFUGADO, SEÇÃO CIRCULAR, CAPACIDADE DE 100 TONELADAS, INCLUSO EMENDA (EXCLUSIVE MOBILIZAÇÃO E DESMOBILIZAÇÃO). AF_12/2019","M","ATRIBUÍDO SÃO PAULO","199,71","CAIXA REFERENCIAL"]
["100889","ESTACA METÁLICA PARA FUNDAÇÃO, UTILIZANDO PERFIL LAMINADO HP250X62 (EXCLUSIVE MOBILIZAÇÃO E DESMOBILIZAÇÃO). AF_01/2020","KG","ATRIBUÍDO SÃO PAULO","22,53","CAIXA REFERENCIAL"]
["100890","ESTACA METÁLICA PARA FUNDAÇÃO, UTILIZANDO PERFIL LAMINADO HP310X79 (EXCLUSIVE MOBILIZAÇÃO E DESMOBILIZAÇÃO). AF_01/2020","KG","ATRIBUÍDO SÃO PAULO","22,37","CAIXA REFERENCIAL"]
["100892","ESTACA METÁLICA PARA CONTENÇÃO, UTILIZANDO PERFIL LAMINADO W250X32,7 (EXCLUSIVE MOBILIZAÇÃO E DESMOBILIZAÇÃO). AF_01/2020","KG","ATRIBUÍDO SÃO PAULO","21,09","CAIXA REFERENCIAL"]
["100893","ESTACA METÁLICA PARA CONTENÇÃO, UTILIZANDO PERFIL LAMINADO W250X38,5 (EXCLUSIVE MOBILIZAÇÃO E DESMOBILIZAÇÃO). AF_01/2020","KG","ATRIBUÍDO SÃO PAULO","20,92","CAIXA REFERENCIAL"]
["100894","ESTACA METÁLICA PARA CONTENÇÃO, UTILIZANDO PERFIL LAMINADO W250X44,8 (EXCLUSIVE MOBILIZAÇÃO E DESMOBILIZAÇÃO). AF_01/2020","KG","ATRIBUÍDO SÃO PAULO","20,84","CAIXA REFERENCIAL"]
["100896","ESTACA ESCAVADA MECANICAMENTE, SEM FLUIDO ESTABILIZANTE, COM 25CM DE DIÂMETRO, CONCRETO LANÇADO POR CAMINHÃO BETONEIRA (EXCLUSIVE MOBILIZAÇÃO E DESMOBILIZAÇÃO). AF_01/2020","M","ATRIBUÍDO SÃO PAULO","50,32","CAIXA REFERENCIAL"]
["100897","ESTACA ESCAVADA MECANICAMENTE, SEM FLUIDO ESTABILIZANTE, COM 40CM DE DIÂMETRO, CONCRETO LANÇADO POR CAMINHÃO BETONEIRA (EXCLUSIVE MOBILIZAÇÃO E DESMOBILIZAÇÃO). AF_01/2020","M","ATRIBUÍDO SÃO PAULO","93,34","CAIXA REFERENCIAL"]
["100898","ESTACA ESCAVADA MECANICAMENTE, SEM FLUIDO ESTABILIZANTE, COM 60CM DE DIÂMETRO, CONCRETO LANÇADO POR CAMINHÃO BETONEIRA (EXCLUSIVE MOBILIZAÇÃO E DESMOBILIZAÇÃO). AF_01/2020","M","ATRIBUÍDO SÃO PAULO","174,51","CAIXA REFERENCIAL"]
["100899","ESTACA ESCAVADA MECANICAMENTE, SEM FLUIDO ESTABILIZANTE, COM 25CM DE DIÂMETRO, CONCRETO LANÇADO MANUALMENTE (EXCLUSIVE MOBILIZAÇÃO E DESMOBILIZAÇÃO). AF_01/2020","M","ATRIBUÍDO SÃO PAULO","68,38","CAIXA REFERENCIAL"]
["100900","ESTACA ESCAVADA MECANICAMENTE, SEM FLUIDO ESTABILIZANTE, COM 60CM DE DIÂMETRO, CONCRETO LANÇADO POR BOMBA LANÇA (EXCLUSIVE MOBILIZAÇÃO E DESMOBILIZAÇÃO). AF_01/2020","M","ATRIBUÍDO SÃO PAULO","197,31","CAIXA REFERENCIAL"]
["101173","ESTACA BROCA DE CONCRETO, DIÂMETRO DE 20CM, ESCAVAÇÃO MANUAL COM TRADO CONCHA, COM ARMADURA DE ARRANQUE. AF_05/2020","M","ATRIBUÍDO SÃO PAULO","53,01","CAIXA REFERENCIAL"]
["101174","ESTACA BROCA DE CONCRETO, DIÂMETRO DE 25CM, ESCAVAÇÃO MANUAL COM TRADO CONCHA, COM ARMADURA DE ARRANQUE. AF_05/2020","M","ATRIBUÍDO SÃO PAULO","71,10","CAIXA REFERENCIAL"]
["101175","ESTACA BROCA DE CONCRETO, DIÂMETRO DE 30CM, ESCAVAÇÃO MANUAL COM TRADO CONCHA, COM ARMADURA DE ARRANQUE. AF_05/2020","M","ATRIBUÍDO SÃO PAULO","96,92","CAIXA REFERENCIAL"]
["101176","ESTACA BROCA DE CONCRETO, DIÂMETRO DE 30CM, ESCAVAÇÃO MANUAL COM TRADO CONCHA, INTEIRAMENTE ARMADA. AF_05/2020","M","ATRIBUÍDO SÃO PAULO","131,34","CAIXA REFERENCIAL"]
["102521","ARRASAMENTO MECÂNICO DE ESTACA BARRETE DE CONCRETO ARMADO, SEÇÃO DE 0,40 X 2,50 M. AF_05/2021","UN","ATRIBUÍDO SÃO PAULO","73,99","CAIXA REFERENCIAL"]
["102522","ARRASAMENTO MECÂNICO DE ESTACA BARRETE DE CONCRETO ARMADO, SEÇÃO DE 0,60 X 2,50 M. AF_05/2021","UN","ATRIBUÍDO SÃO PAULO","108,55","CAIXA REFERENCIAL"]
["102523","ARRASAMENTO MECÂNICO DE ESTACA BARRETE DE CONCRETO ARMADO, SEÇÃO DE 0,80 X 2,50 M. AF_05/2021","UN","ATRIBUÍDO SÃO PAULO","143,11","CAIXA REFERENCIAL"]
["95240","LASTRO DE CONCRETO MAGRO, APLICADO EM PISOS, LAJES SOBRE SOLO OU RADIERS, ESPESSURA DE 3 CM. AF_07/2016","M2","ATRIBUÍDO SÃO PAULO","13,24","CAIXA REFERENCIAL"]
["95241","LASTRO DE CONCRETO MAGRO, APLICADO EM PISOS, LAJES SOBRE SOLO OU RADIERS, ESPESSURA DE 5 CM. AF_07/2016","M2","ATRIBUÍDO SÃO PAULO","22,08","CAIXA REFERENCIAL"]
["96616","LASTRO DE CONCRETO MAGRO, APLICADO EM BLOCOS DE COROAMENTO OU SAPATAS. AF_08/2017","M3","ATRIBUÍDO SÃO PAULO","462,00","CAIXA REFERENCIAL"]
["96617","LASTRO DE CONCRETO MAGRO, APLICADO EM BLOCOS DE COROAMENTO OU SAPATAS, ESPESSURA DE 3 CM. AF_08/2017","M2","ATRIBUÍDO SÃO PAULO","13,84","CAIXA REFERENCIAL"]
["96619","LASTRO DE CONCRETO MAGRO, APLICADO EM BLOCOS DE COROAMENTO OU SAPATAS, ESPESSURA DE 5 CM. AF_08/2017","M2","ATRIBUÍDO SÃO PAULO","23,09","CAIXA REFERENCIAL"]
["96620","LASTRO DE CONCRETO MAGRO, APLICADO EM PISOS, LAJES SOBRE SOLO OU RADIERS. AF_08/2017","M3","ATRIBUÍDO SÃO PAULO","441,77","CAIXA REFERENCIAL"]
["96621","LASTRO COM MATERIAL GRANULAR, APLICAÇÃO EM BLOCOS DE COROAMENTO, ESPESSURA DE *5 CM*. AF_08/2017","M3","ATRIBUÍDO SÃO PAULO","180,47","CAIXA REFERENCIAL"]
["96622","LASTRO COM MATERIAL GRANULAR, APLICADO EM PISOS OU LAJES SOBRE SOLO, ESPESSURA DE *5 CM*. AF_08/2017","M3","ATRIBUÍDO SÃO PAULO","120,97","CAIXA REFERENCIAL"]
["96623","LASTRO COM MATERIAL GRANULAR, APLICADO EM BLOCOS DE COROAMENTO, ESPESSURA DE *10 CM*. AF_08/2017","M3","ATRIBUÍDO SÃO PAULO","166,63","CAIXA REFERENCIAL"]
["96624","LASTRO COM MATERIAL GRANULAR (PEDRA BRITADA N.2), APLICADO EM PISOS OU LAJES SOBRE SOLO, ESPESSURA DE *10 CM*. AF_08/2017","M3","ATRIBUÍDO SÃO PAULO","116,09","CAIXA REFERENCIAL"]
["97082","ESCAVAÇÃO MANUAL DE VIGA DE BORDA PARA RADIER. AF_09/2021","M3","COLETADO","45,47","CAIXA REFERENCIAL"]
["97083","COMPACTAÇÃO MECÂNICA DE SOLO PARA EXECUÇÃO DE RADIER, PISO DE CONCRETO OU LAJE SOBRE SOLO, COM COMPACTADOR DE SOLOS A PERCUSSÃO. AF_09/2021","M2","ATRIBUÍDO SÃO PAULO","2,55","CAIXA REFERENCIAL"]
["97084","COMPACTAÇÃO MECÂNICA DE SOLO PARA EXECUÇÃO DE RADIER, PISO DE CONCRETO OU LAJE SOBRE SOLO, COM COMPACTADOR DE SOLOS TIPO PLACA VIBRATÓRIA. AF_09/2021","M2","ATRIBUÍDO SÃO PAULO","0,52","CAIXA REFERENCIAL"]
["97086","FABRICAÇÃO, MONTAGEM E DESMONTAGEM DE FORMA PARA RADIER, PISO DE CONCRETO OU LAJE SOBRE SOLO, EM MADEIRA SERRADA, 4 UTILIZAÇÕES. AF_09/2021","M2","COEFICIENTE DE REPRESENTATIVIDADE","110,88","CAIXA REFERENCIAL"]
["97087","CAMADA SEPARADORA PARA EXECUÇÃO DE RADIER, PISO DE CONCRETO OU LAJE SOBRE SOLO, EM LONA PLÁSTICA. AF_09/2021","M2","COEFICIENTE DE REPRESENTATIVIDADE","1,98","CAIXA REFERENCIAL"]
["97088","ARMAÇÃO PARA EXECUÇÃO DE RADIER, PISO DE CONCRETO OU LAJE SOBRE SOLO, COM USO DE TELA Q-92. AF_09/2021","KG","COEFICIENTE DE REPRESENTATIVIDADE","30,13","CAIXA REFERENCIAL"]
["97089","ARMAÇÃO PARA EXECUÇÃO DE RADIER, PISO DE CONCRETO OU LAJE SOBRE SOLO, COM USO DE TELA Q-113. AF_09/2021","KG","COEFICIENTE DE REPRESENTATIVIDADE","27,59","CAIXA REFERENCIAL"]
["97090","ARMAÇÃO PARA EXECUÇÃO DE RADIER, PISO DE CONCRETO OU LAJE SOBRE SOLO, COM USO DE TELA Q-138. AF_09/2021","KG","COEFICIENTE DE REPRESENTATIVIDADE","27,22","CAIXA REFERENCIAL"]
["97091","ARMAÇÃO PARA EXECUÇÃO DE RADIER, PISO DE CONCRETO OU LAJE SOBRE SOLO, COM USO DE TELA Q-159. AF_09/2021","KG","COEFICIENTE DE REPRESENTATIVIDADE","26,43","CAIXA REFERENCIAL"]
["97092","ARMAÇÃO PARA EXECUÇÃO DE RADIER, PISO DE CONCRETO OU LAJE SOBRE SOLO, COM USO DE TELA Q-196. AF_09/2021","KG","COEFICIENTE DE REPRESENTATIVIDADE","25,68","CAIXA REFERENCIAL"]
["97093","ARMAÇÃO PARA EXECUÇÃO DE RADIER, PISO DE CONCRETO OU LAJE SOBRE SOLO, COM USO DE TELA Q-283. AF_09/2021","KG","COEFICIENTE DE REPRESENTATIVIDADE","24,19","CAIXA REFERENCIAL"]
["97096","CONCRETAGEM DE RADIER, PISO DE CONCRETO OU LAJE SOBRE SOLO, FCK 30 MPA - LANÇAMENTO, ADENSAMENTO E ACABAMENTO. AF_09/2021","M3","ATRIBUÍDO SÃO PAULO","404,94","CAIXA REFERENCIAL"]
["97097","ACABAMENTO POLIDO PARA PISO DE CONCRETO ARMADO OU LAJE SOBRE SOLO DE ALTA RESISTÊNCIA. AF_09/2021","M2","ATRIBUÍDO SÃO PAULO","32,18","CAIXA REFERENCIAL"]
["97101","EXECUÇÃO DE RADIER, ESPESSURA DE 10 CM, FCK = 30 MPA, COM USO DE FORMAS EM MADEIRA SERRADA. AF_09/2021","M2","ATRIBUÍDO SÃO PAULO","181,04","CAIXA REFERENCIAL"]
["97102","EXECUÇÃO DE RADIER, ESPESSURA DE 15 CM, FCK = 30 MPA, COM USO DE FORMAS EM MADEIRA SERRADA. AF_09/2021","M2","ATRIBUÍDO SÃO PAULO","223,94","CAIXA REFERENCIAL"]
["97103","EXECUÇÃO DE RADIER, ESPESSURA DE 20 CM, FCK = 30 MPA, COM USO DE FORMAS EM MADEIRA SERRADA. AF_09/2021","M2","ATRIBUÍDO SÃO PAULO","259,85","CAIXA REFERENCIAL"]
["100322","LASTRO COM MATERIAL GRANULAR (PEDRA BRITADA N.3), APLICADO EM PISOS OU LAJES SOBRE SOLO, ESPESSURA DE *10 CM*. AF_07/2019","M3","ATRIBUÍDO SÃO PAULO","110,78","CAIXA REFERENCIAL"]
["100323","LASTRO COM MATERIAL GRANULAR (AREIA MÉDIA), APLICADO EM PISOS OU LAJES SOBRE SOLO, ESPESSURA DE *10 CM*. AF_07/2019","M3","ATRIBUÍDO SÃO PAULO","79,03","CAIXA REFERENCIAL"]
["100324","LASTRO COM MATERIAL GRANULAR (PEDRA BRITADA N.1 E PEDRA BRITADA N.2), APLICADO EM PISOS OU LAJES SOBRE SOLO, ESPESSURA DE *10 CM*. AF_07/2019","M3","ATRIBUÍDO SÃO PAULO","115,85","CAIXA REFERENCIAL"]
["103072","EXECUÇÃO DE RADIER, ESPESSURA DE 25 CM, FCK = 30 MPA, COM USO DE FORMAS EM MADEIRA SERRADA. AF_09/2021","M2","ATRIBUÍDO SÃO PAULO","308,83","CAIXA REFERENCIAL"]
["103073","EXECUÇÃO DE RADIER, ESPESSURA DE 30 CM, FCK = 30 MPA, COM USO DE FORMAS EM MADEIRA SERRADA. AF_09/2021","M2","ATRIBUÍDO SÃO PAULO","388,32","CAIXA REFERENCIAL"]
["103074","EXECUÇÃO DE PISO DE CONCRETO, SEM ACABAMENTO SUPERFICIAL, ESPESSURA DE 15 CM, FCK = 30 MPA, COM USO DE FORMAS EM MADEIRA SERRADA. AF_09/2021","M2","ATRIBUÍDO SÃO PAULO","167,81","CAIXA REFERENCIAL"]
["103075","EXECUÇÃO DE PISO DE CONCRETO, COM ACABAMENTO SUPERFICIAL, ESPESSURA DE 15 CM, FCK = 30 MPA, COM USO DE FORMAS EM MADEIRA SERRADA. AF_09/2021","M2","ATRIBUÍDO SÃO PAULO","199,99","CAIXA REFERENCIAL"]
["103076","EXECUÇÃO DE LAJE SOBRE SOLO, ESPESSURA DE 10 CM, FCK = 30 MPA, COM USO DE FORMAS EM MADEIRA SERRADA. AF_09/2021","M2","ATRIBUÍDO SÃO PAULO","164,81","CAIXA REFERENCIAL"]
["103077","EXECUÇÃO DE LAJE SOBRE SOLO, ESPESSURA DE 15 CM, FCK = 30 MPA, COM USO DE FORMAS EM MADEIRA SERRADA. AF_09/2021","M2","ATRIBUÍDO SÃO PAULO","207,71","CAIXA REFERENCIAL"]
["103078","EXECUÇÃO DE LAJE SOBRE SOLO, ESPESSURA DE 20 CM, FCK = 30 MPA, COM USO DE FORMAS EM MADEIRA SERRADA. AF_09/2021","M2","ATRIBUÍDO SÃO PAULO","243,61","CAIXA REFERENCIAL"]
["103079","EXECUÇÃO DE LAJE SOBRE SOLO, ESPESSURA DE 25 CM, FCK = 30 MPA, COM USO DE FORMAS EM MADEIRA SERRADA. AF_09/2021","M2","ATRIBUÍDO SÃO PAULO","292,60","CAIXA REFERENCIAL"]
["103080","EXECUÇÃO DE LAJE SOBRE SOLO, ESPESSURA DE 30 CM, FCK = 30 MPA, COM USO DE FORMAS EM MADEIRA SERRADA. AF_09/2021","M2","ATRIBUÍDO SÃO PAULO","372,09","CAIXA REFERENCIAL"]
["92263","FABRICAÇÃO DE FÔRMA PARA PILARES E ESTRUTURAS SIMILARES, EM CHAPA DE MADEIRA COMPENSADA RESINADA, E = 17 MM. AF_09/2020","M2","COEFICIENTE DE REPRESENTATIVIDADE","119,88","CAIXA REFERENCIAL"]
["92264","FABRICAÇÃO DE FÔRMA PARA PILARES E ESTRUTURAS SIMILARES, EM CHAPA DE MADEIRA COMPENSADA PLASTIFICADA, E = 18 MM. AF_09/2020","M2","COEFICIENTE DE REPRESENTATIVIDADE","194,51","CAIXA REFERENCIAL"]
["92265","FABRICAÇÃO DE FÔRMA PARA VIGAS, EM CHAPA DE MADEIRA COMPENSADA RESINADA, E = 17 MM. AF_09/2020","M2","COEFICIENTE DE REPRESENTATIVIDADE","85,40","CAIXA REFERENCIAL"]
["92266","FABRICAÇÃO DE FÔRMA PARA VIGAS, EM CHAPA DE MADEIRA COMPENSADA PLASTIFICADA, E = 18 MM. AF_09/2020","M2","COEFICIENTE DE REPRESENTATIVIDADE","149,41","CAIXA REFERENCIAL"]
["92267","FABRICAÇÃO DE FÔRMA PARA LAJES, EM CHAPA DE MADEIRA COMPENSADA RESINADA, E = 17 MM. AF_09/2020","M2","COEFICIENTE DE REPRESENTATIVIDADE","30,40","CAIXA REFERENCIAL"]
["92268","FABRICAÇÃO DE FÔRMA PARA LAJES, EM CHAPA DE MADEIRA COMPENSADA PLASTIFICADA, E = 18 MM. AF_09/2020","M2","COEFICIENTE DE REPRESENTATIVIDADE","89,06","CAIXA REFERENCIAL"]
["92269","FABRICAÇÃO DE FÔRMA PARA PILARES E ESTRUTURAS SIMILARES, EM MADEIRA SERRADA, E=25 MM. AF_09/2020","M2","COEFICIENTE DE REPRESENTATIVIDADE","220,73","CAIXA REFERENCIAL"]
["92270","FABRICAÇÃO DE FÔRMA PARA VIGAS, COM MADEIRA SERRADA, E = 25 MM. AF_09/2020","M2","COEFICIENTE DE REPRESENTATIVIDADE","167,48","CAIXA REFERENCIAL"]
["92271","FABRICAÇÃO DE FÔRMA PARA LAJES, EM MADEIRA SERRADA, E=25 MM. AF_09/2020","M2","COEFICIENTE DE REPRESENTATIVIDADE","110,12","CAIXA REFERENCIAL"]
["92272","FABRICAÇÃO DE ESCORAS DE VIGA DO TIPO GARFO, EM MADEIRA. AF_09/2020","M","COEFICIENTE DE REPRESENTATIVIDADE","33,12","CAIXA REFERENCIAL"]
["92273","FABRICAÇÃO DE ESCORAS DO TIPO PONTALETE, EM MADEIRA, PARA PÉ-DIREITO SIMPLES. AF_09/2020","M","COEFICIENTE DE REPRESENTATIVIDADE","13,01","CAIXA REFERENCIAL"]
["92409","MONTAGEM E DESMONTAGEM DE FÔRMA DE PILARES RETANGULARES E ESTRUTURAS SIMILARES, PÉ-DIREITO SIMPLES, EM MADEIRA SERRADA, 1 UTILIZAÇÃO. AF_09/2020","M2","COEFICIENTE DE REPRESENTATIVIDADE","302,09","CAIXA REFERENCIAL"]
["92411","MONTAGEM E DESMONTAGEM DE FÔRMA DE PILARES RETANGULARES E ESTRUTURAS SIMILARES, PÉ-DIREITO SIMPLES, EM MADEIRA SERRADA, 2 UTILIZAÇÕES. AF_09/2020","M2","COEFICIENTE DE REPRESENTATIVIDADE","185,00","CAIXA REFERENCIAL"]
["92413","MONTAGEM E DESMONTAGEM DE FÔRMA DE PILARES RETANGULARES E ESTRUTURAS SIMILARES, PÉ-DIREITO SIMPLES, EM MADEIRA SERRADA, 4 UTILIZAÇÕES. AF_09/2020","M2","COEFICIENTE DE REPRESENTATIVIDADE","113,23","CAIXA REFERENCIAL"]
["92415","MONTAGEM E DESMONTAGEM DE FÔRMA DE PILARES RETANGULARES E ESTRUTURAS SIMILARES, PÉ-DIREITO SIMPLES, EM CHAPA DE MADEIRA COMPENSADA RESINADA, 2 UTILIZAÇÕES. AF_09/2020","M2","COEFICIENTE DE REPRESENTATIVIDADE","100,43","CAIXA REFERENCIAL"]
["92417","MONTAGEM E DESMONTAGEM DE FÔRMA DE PILARES RETANGULARES E ESTRUTURAS SIMILARES, PÉ-DIREITO DUPLO, EM CHAPA DE MADEIRA COMPENSADA RESINADA, 2 UTILIZAÇÕES. AF_09/2020","M2","COEFICIENTE DE REPRESENTATIVIDADE","118,72","CAIXA REFERENCIAL"]
["92419","MONTAGEM E DESMONTAGEM DE FÔRMA DE PILARES RETANGULARES E ESTRUTURAS SIMILARES, PÉ-DIREITO SIMPLES, EM CHAPA DE MADEIRA COMPENSADA RESINADA, 4 UTILIZAÇÕES. AF_09/2020","M2","COEFICIENTE DE REPRESENTATIVIDADE","62,52","CAIXA REFERENCIAL"]
["92421","MONTAGEM E DESMONTAGEM DE FÔRMA DE PILARES RETANGULARES E ESTRUTURAS SIMILARES, PÉ-DIREITO DUPLO, EM CHAPA DE MADEIRA COMPENSADA RESINADA, 4 UTILIZAÇÕES. AF_09/2020","M2","COEFICIENTE DE REPRESENTATIVIDADE","76,54","CAIXA REFERENCIAL"]
["92423","MONTAGEM E DESMONTAGEM DE FÔRMA DE PILARES RETANGULARES E ESTRUTURAS SIMILARES, PÉ-DIREITO SIMPLES, EM CHAPA DE MADEIRA COMPENSADA RESINADA, 6 UTILIZAÇÕES. AF_09/2020","M2","COEFICIENTE DE REPRESENTATIVIDADE","50,65","CAIXA REFERENCIAL"]
["92425","MONTAGEM E DESMONTAGEM DE FÔRMA DE PILARES RETANGULARES E ESTRUTURAS SIMILARES, PÉ-DIREITO DUPLO, EM CHAPA DE MADEIRA COMPENSADA RESINADA, 6 UTILIZAÇÕES. AF_09/2020","M2","COEFICIENTE DE REPRESENTATIVIDADE","62,85","CAIXA REFERENCIAL"]
["92427","MONTAGEM E DESMONTAGEM DE FÔRMA DE PILARES RETANGULARES E ESTRUTURAS SIMILARES, PÉ-DIREITO SIMPLES, EM CHAPA DE MADEIRA COMPENSADA RESINADA, 8 UTILIZAÇÕES. AF_09/2020","M2","COEFICIENTE DE REPRESENTATIVIDADE","44,66","CAIXA REFERENCIAL"]
["92429","MONTAGEM E DESMONTAGEM DE FÔRMA DE PILARES RETANGULARES E ESTRUTURAS SIMILARES, PÉ-DIREITO DUPLO, EM CHAPA DE MADEIRA COMPENSADA RESINADA, 8 UTILIZAÇÕES. AF_09/2020","M2","COEFICIENTE DE REPRESENTATIVIDADE","55,96","CAIXA REFERENCIAL"]
["92431","MONTAGEM E DESMONTAGEM DE FÔRMA DE PILARES RETANGULARES E ESTRUTURAS SIMILARES, PÉ-DIREITO SIMPLES, EM CHAPA DE MADEIRA COMPENSADA PLASTIFICADA, 10 UTILIZAÇÕES. AF_09/2020","M2","COEFICIENTE DE REPRESENTATIVIDADE","46,22","CAIXA REFERENCIAL"]
["92433","MONTAGEM E DESMONTAGEM DE FÔRMA DE PILARES RETANGULARES E ESTRUTURAS SIMILARES, PÉ-DIREITO DUPLO, EM CHAPA DE MADEIRA COMPENSADA PLASTIFICADA, 10 UTILIZAÇÕES. AF_09/2020","M2","COEFICIENTE DE REPRESENTATIVIDADE","56,95","CAIXA REFERENCIAL"]
["92435","MONTAGEM E DESMONTAGEM DE FÔRMA DE PILARES RETANGULARES E ESTRUTURAS SIMILARES, PÉ-DIREITO SIMPLES, EM CHAPA DE MADEIRA COMPENSADA PLASTIFICADA, 12 UTILIZAÇÕES. AF_09/2020","M2","COEFICIENTE DE REPRESENTATIVIDADE","43,51","CAIXA REFERENCIAL"]
["92437","MONTAGEM E DESMONTAGEM DE FÔRMA DE PILARES RETANGULARES E ESTRUTURAS SIMILARES, PÉ-DIREITO DUPLO, EM CHAPA DE MADEIRA COMPENSADA PLASTIFICADA, 12 UTILIZAÇÕES. AF_09/2020","M2","COEFICIENTE DE REPRESENTATIVIDADE","53,87","CAIXA REFERENCIAL"]
["92439","MONTAGEM E DESMONTAGEM DE FÔRMA DE PILARES RETANGULARES E ESTRUTURAS SIMILARES, PÉ-DIREITO SIMPLES, EM CHAPA DE MADEIRA COMPENSADA PLASTIFICADA, 14 UTILIZAÇÕES. AF_09/2020","M2","COEFICIENTE DE REPRESENTATIVIDADE","41,54","CAIXA REFERENCIAL"]
["92441","MONTAGEM E DESMONTAGEM DE FÔRMA DE PILARES RETANGULARES E ESTRUTURAS SIMILARES, PÉ-DIREITO DUPLO, EM CHAPA DE MADEIRA COMPENSADA PLASTIFICADA, 14 UTILIZAÇÕES. AF_09/2020","M2","COEFICIENTE DE REPRESENTATIVIDADE","51,66","CAIXA REFERENCIAL"]
["92443","MONTAGEM E DESMONTAGEM DE FÔRMA DE PILARES RETANGULARES E ESTRUTURAS SIMILARES, PÉ-DIREITO SIMPLES, EM CHAPA DE MADEIRA COMPENSADA PLASTIFICADA, 18 UTILIZAÇÕES. AF_09/2020","M2","COEFICIENTE DE REPRESENTATIVIDADE","37,30","CAIXA REFERENCIAL"]
["92445","MONTAGEM E DESMONTAGEM DE FÔRMA DE PILARES RETANGULARES E ESTRUTURAS SIMILARES, PÉ-DIREITO DUPLO, EM CHAPA DE MADEIRA COMPENSADA PLASTIFICADA, 18 UTILIZAÇÕES. AF_09/2020","M2","COEFICIENTE DE REPRESENTATIVIDADE","47,05","CAIXA REFERENCIAL"]
["92446","MONTAGEM E DESMONTAGEM DE FÔRMA DE VIGA, ESCORAMENTO COM PONTALETE DE MADEIRA, PÉ-DIREITO SIMPLES, EM MADEIRA SERRADA, 1 UTILIZAÇÃO. AF_09/2020","M2","COEFICIENTE DE REPRESENTATIVIDADE","275,03","CAIXA REFERENCIAL"]
["92447","MONTAGEM E DESMONTAGEM DE FÔRMA DE VIGA, ESCORAMENTO COM PONTALETE DE MADEIRA, PÉ-DIREITO SIMPLES, EM MADEIRA SERRADA, 2 UTILIZAÇÕES. AF_09/2020","M2","COEFICIENTE DE REPRESENTATIVIDADE","188,55","CAIXA REFERENCIAL"]
["92448","MONTAGEM E DESMONTAGEM DE FÔRMA DE VIGA, ESCORAMENTO COM PONTALETE DE MADEIRA, PÉ-DIREITO SIMPLES, EM MADEIRA SERRADA, 4 UTILIZAÇÕES. AF_09/2020","M2","COEFICIENTE DE REPRESENTATIVIDADE","145,54","CAIXA REFERENCIAL"]
["92449","MONTAGEM E DESMONTAGEM DE FÔRMA DE VIGA, ESCORAMENTO COM GARFO DE MADEIRA, PÉ-DIREITO DUPLO, EM CHAPA DE MADEIRA RESINADA, 2 UTILIZAÇÕES. AF_09/2020","M2","COEFICIENTE DE REPRESENTATIVIDADE","230,15","CAIXA REFERENCIAL"]
["92450","MONTAGEM E DESMONTAGEM DE FÔRMA DE VIGA, ESCORAMENTO METÁLICO, PÉ-DIREITO DUPLO, EM CHAPA DE MADEIRA RESINADA, 2 UTILIZAÇÕES. AF_09/2020","M2","COEFICIENTE DE REPRESENTATIVIDADE","218,52","CAIXA REFERENCIAL"]
["92451","MONTAGEM E DESMONTAGEM DE FÔRMA DE VIGA, ESCORAMENTO COM GARFO DE MADEIRA, PÉ-DIREITO SIMPLES, EM CHAPA DE MADEIRA RESINADA, 2 UTILIZAÇÕES. AF_09/2020","M2","COEFICIENTE DE REPRESENTATIVIDADE","152,13","CAIXA REFERENCIAL"]
["92452","MONTAGEM E DESMONTAGEM DE FÔRMA DE VIGA, ESCORAMENTO METÁLICO, PÉ-DIREITO SIMPLES, EM CHAPA DE MADEIRA RESINADA, 2 UTILIZAÇÕES. AF_09/2020","M2","COEFICIENTE DE REPRESENTATIVIDADE","119,43","CAIXA REFERENCIAL"]
["92453","MONTAGEM E DESMONTAGEM DE FÔRMA DE VIGA, ESCORAMENTO COM GARFO DE MADEIRA, PÉ-DIREITO DUPLO, EM CHAPA DE MADEIRA RESINADA, 4 UTILIZAÇÕES. AF_09/2020","M2","COEFICIENTE DE REPRESENTATIVIDADE","199,39","CAIXA REFERENCIAL"]
["92454","MONTAGEM E DESMONTAGEM DE FÔRMA DE VIGA, ESCORAMENTO METÁLICO, PÉ-DIREITO DUPLO, EM CHAPA DE MADEIRA RESINADA, 4 UTILIZAÇÕES. AF_09/2020","M2","COEFICIENTE DE REPRESENTATIVIDADE","196,38","CAIXA REFERENCIAL"]
["92455","MONTAGEM E DESMONTAGEM DE FÔRMA DE VIGA, ESCORAMENTO COM GARFO DE MADEIRA, PÉ-DIREITO SIMPLES, EM CHAPA DE MADEIRA RESINADA, 4 UTILIZAÇÕES. AF_09/2020","M2","COEFICIENTE DE REPRESENTATIVIDADE","126,60","CAIXA REFERENCIAL"]
["92456","MONTAGEM E DESMONTAGEM DE FÔRMA DE VIGA, ESCORAMENTO METÁLICO, PÉ-DIREITO SIMPLES, EM CHAPA DE MADEIRA RESINADA, 4 UTILIZAÇÕES. AF_09/2020","M2","COEFICIENTE DE REPRESENTATIVIDADE","96,93","CAIXA REFERENCIAL"]
["92457","MONTAGEM E DESMONTAGEM DE FÔRMA DE VIGA, ESCORAMENTO COM GARFO DE MADEIRA, PÉ-DIREITO DUPLO, EM CHAPA DE MADEIRA RESINADA, 6 UTILIZAÇÕES. AF_09/2020","M2","COEFICIENTE DE REPRESENTATIVIDADE","174,68","CAIXA REFERENCIAL"]
["92458","MONTAGEM E DESMONTAGEM DE FÔRMA DE VIGA, ESCORAMENTO METÁLICO, PÉ-DIREITO DUPLO, EM CHAPA DE MADEIRA RESINADA, 6 UTILIZAÇÕES. AF_12/2015","M2","COEFICIENTE DE REPRESENTATIVIDADE","182,23","CAIXA REFERENCIAL"]
["92459","MONTAGEM E DESMONTAGEM DE FÔRMA DE VIGA, ESCORAMENTO COM GARFO DE MADEIRA, PÉ-DIREITO SIMPLES, EM CHAPA DE MADEIRA RESINADA, 6 UTILIZAÇÕES. AF_09/2020","M2","COEFICIENTE DE REPRESENTATIVIDADE","108,73","CAIXA REFERENCIAL"]
["92460","MONTAGEM E DESMONTAGEM DE FÔRMA DE VIGA, ESCORAMENTO METÁLICO, PÉ-DIREITO SIMPLES, EM CHAPA DE MADEIRA RESINADA, 6 UTILIZAÇÕES. AF_09/2020","M2","COEFICIENTE DE REPRESENTATIVIDADE","79,59","CAIXA REFERENCIAL"]
["92461","MONTAGEM E DESMONTAGEM DE FÔRMA DE VIGA, ESCORAMENTO COM GARFO DE MADEIRA, PÉ-DIREITO DUPLO, EM CHAPA DE MADEIRA RESINADA, 8 UTILIZAÇÕES. AF_09/2020","M2","COEFICIENTE DE REPRESENTATIVIDADE","162,22","CAIXA REFERENCIAL"]
["92462","MONTAGEM E DESMONTAGEM DE FÔRMA DE VIGA, ESCORAMENTO METÁLICO, PÉ-DIREITO DUPLO, EM CHAPA DE MADEIRA RESINADA, 8 UTILIZAÇÕES. AF_09/2020","M2","COEFICIENTE DE REPRESENTATIVIDADE","173,17","CAIXA REFERENCIAL"]
["92463","MONTAGEM E DESMONTAGEM DE FÔRMA DE VIGA, ESCORAMENTO COM GARFO DE MADEIRA, PÉ-DIREITO SIMPLES, EM CHAPA DE MADEIRA RESINADA, 8 UTILIZAÇÕES. AF_09/2020","M2","COEFICIENTE DE REPRESENTATIVIDADE","99,41","CAIXA REFERENCIAL"]
["92464","MONTAGEM E DESMONTAGEM DE FÔRMA DE VIGA, ESCORAMENTO METÁLICO, PÉ-DIREITO SIMPLES, EM CHAPA DE MADEIRA RESINADA, 8 UTILIZAÇÕES. AF_09/2020","M2","COEFICIENTE DE REPRESENTATIVIDADE","74,17","CAIXA REFERENCIAL"]
["92465","MONTAGEM E DESMONTAGEM DE FÔRMA DE VIGA, ESCORAMENTO COM GARFO DE MADEIRA, PÉ-DIREITO DUPLO, EM CHAPA DE MADEIRA PLASTIFICADA, 10 UTILIZAÇÕES. AF_09/2020","M2","COEFICIENTE DE REPRESENTATIVIDADE","134,76","CAIXA REFERENCIAL"]
["92466","MONTAGEM E DESMONTAGEM DE FÔRMA DE VIGA, ESCORAMENTO METÁLICO, PÉ-DIREITO DUPLO, EM CHAPA DE MADEIRA PLASTIFICADA, 10 UTILIZAÇÕES. AF_09/2020","M2","COEFICIENTE DE REPRESENTATIVIDADE","174,10","CAIXA REFERENCIAL"]
["92467","MONTAGEM E DESMONTAGEM DE FÔRMA DE VIGA, ESCORAMENTO COM GARFO DE MADEIRA, PÉ-DIREITO SIMPLES, EM CHAPA DE MADEIRA PLASTIFICADA, 10 UTILIZAÇÕES. AF_09/2020","M2","COEFICIENTE DE REPRESENTATIVIDADE","87,49","CAIXA REFERENCIAL"]
["92468","MONTAGEM E DESMONTAGEM DE FÔRMA DE VIGA, ESCORAMENTO METÁLICO, PÉ-DIREITO SIMPLES, EM CHAPA DE MADEIRA PLASTIFICADA, 10 UTILIZAÇÕES. AF_09/2020","M2","COEFICIENTE DE REPRESENTATIVIDADE","75,37","CAIXA REFERENCIAL"]
["92469","MONTAGEM E DESMONTAGEM DE FÔRMA DE VIGA, ESCORAMENTO COM GARFO DE MADEIRA, PÉ-DIREITO DUPLO, EM CHAPA DE MADEIRA PLASTIFICADA, 12 UTILIZAÇÕES. AF_09/2020","M2","COEFICIENTE DE REPRESENTATIVIDADE","122,81","CAIXA REFERENCIAL"]
["92470","MONTAGEM E DESMONTAGEM DE FÔRMA DE VIGA, ESCORAMENTO METÁLICO, PÉ-DIREITO DUPLO, EM CHAPA DE MADEIRA PLASTIFICADA, 12 UTILIZAÇÕES. AF_09/2020","M2","COEFICIENTE DE REPRESENTATIVIDADE","168,29","CAIXA REFERENCIAL"]
["92471","MONTAGEM E DESMONTAGEM DE FÔRMA DE VIGA, ESCORAMENTO COM GARFO DE MADEIRA, PÉ-DIREITO SIMPLES, EM CHAPA DE MADEIRA PLASTIFICADA, 12 UTILIZAÇÕES. AF_09/2020","M2","COEFICIENTE DE REPRESENTATIVIDADE","79,86","CAIXA REFERENCIAL"]
["92472","MONTAGEM E DESMONTAGEM DE FÔRMA DE VIGA, ESCORAMENTO METÁLICO, PÉ-DIREITO SIMPLES, EM CHAPA DE MADEIRA PLASTIFICADA, 12 UTILIZAÇÕES. AF_09/2020","M2","COEFICIENTE DE REPRESENTATIVIDADE","70,20","CAIXA REFERENCIAL"]
["92473","MONTAGEM E DESMONTAGEM DE FÔRMA DE VIGA, ESCORAMENTO COM GARFO DE MADEIRA, PÉ-DIREITO DUPLO, EM CHAPA DE MADEIRA PLASTIFICADA, 14 UTILIZAÇÕES. AF_09/2020","M2","COEFICIENTE DE REPRESENTATIVIDADE","113,20","CAIXA REFERENCIAL"]
["92474","MONTAGEM E DESMONTAGEM DE FÔRMA DE VIGA, ESCORAMENTO METÁLICO, PÉ-DIREITO DUPLO, EM CHAPA DE MADEIRA PLASTIFICADA, 14 UTILIZAÇÕES. AF_09/2020","M2","COEFICIENTE DE REPRESENTATIVIDADE","163,34","CAIXA REFERENCIAL"]
["92475","MONTAGEM E DESMONTAGEM DE FÔRMA DE VIGA, ESCORAMENTO COM GARFO DE MADEIRA, PÉ-DIREITO SIMPLES, EM CHAPA DE MADEIRA PLASTIFICADA, 14 UTILIZAÇÕES. AF_09/2020","M2","COEFICIENTE DE REPRESENTATIVIDADE","73,69","CAIXA REFERENCIAL"]
["92476","MONTAGEM E DESMONTAGEM DE FÔRMA DE VIGA, ESCORAMENTO METÁLICO, PÉ-DIREITO SIMPLES, EM CHAPA DE MADEIRA PLASTIFICADA, 14 UTILIZAÇÕES. AF_09/2020","M2","COEFICIENTE DE REPRESENTATIVIDADE","65,87","CAIXA REFERENCIAL"]
["92477","MONTAGEM E DESMONTAGEM DE FÔRMA DE VIGA, ESCORAMENTO COM GARFO DE MADEIRA, PÉ-DIREITO DUPLO, EM CHAPA DE MADEIRA PLASTIFICADA, 18 UTILIZAÇÕES. AF_09/2020","M2","COEFICIENTE DE REPRESENTATIVIDADE","92,49","CAIXA REFERENCIAL"]
["92478","MONTAGEM E DESMONTAGEM DE FÔRMA DE VIGA, ESCORAMENTO METÁLICO, PÉ-DIREITO DUPLO, EM CHAPA DE MADEIRA PLASTIFICADA, 18 UTILIZAÇÕES. AF_09/2020","M2","COEFICIENTE DE REPRESENTATIVIDADE","153,43","CAIXA REFERENCIAL"]
["92479","MONTAGEM E DESMONTAGEM DE FÔRMA DE VIGA, ESCORAMENTO COM GARFO DE MADEIRA, PÉ-DIREITO SIMPLES, EM CHAPA DE MADEIRA PLASTIFICADA, 18 UTILIZAÇÕES. AF_09/2020","M2","COEFICIENTE DE REPRESENTATIVIDADE","60,40","CAIXA REFERENCIAL"]
["92480","MONTAGEM E DESMONTAGEM DE FÔRMA DE VIGA, ESCORAMENTO METÁLICO, PÉ-DIREITO SIMPLES, EM CHAPA DE MADEIRA PLASTIFICADA, 18 UTILIZAÇÕES. AF_09/2020","M2","COEFICIENTE DE REPRESENTATIVIDADE","57,07","CAIXA REFERENCIAL"]
["92482","MONTAGEM E DESMONTAGEM DE FÔRMA DE LAJE MACIÇA, PÉ-DIREITO SIMPLES, EM MADEIRA SERRADA, 1 UTILIZAÇÃO. AF_09/2020","M2","COEFICIENTE DE REPRESENTATIVIDADE","307,14","CAIXA REFERENCIAL"]
["92484","MONTAGEM E DESMONTAGEM DE FÔRMA DE LAJE MACIÇA, PÉ-DIREITO SIMPLES, EM MADEIRA SERRADA, 2 UTILIZAÇÕES. AF_09/2020","M2","COEFICIENTE DE REPRESENTATIVIDADE","213,71","CAIXA REFERENCIAL"]
["92486","MONTAGEM E DESMONTAGEM DE FÔRMA DE LAJE MACIÇA, PÉ-DIREITO SIMPLES, EM MADEIRA SERRADA, 4 UTILIZAÇÕES. AF_09/2020","M2","COEFICIENTE DE REPRESENTATIVIDADE","145,50","CAIXA REFERENCIAL"]
["92488","MONTAGEM E DESMONTAGEM DE FÔRMA DE LAJE NERVURADA COM CUBETA E ASSOALHO, PÉ-DIREITO DUPLO, EM CHAPA DE MADEIRA COMPENSADA RESINADA, 8 UTILIZAÇÕES. AF_09/2020","M2","ATRIBUÍDO SÃO PAULO","67,78","CAIXA REFERENCIAL"]
["92490","MONTAGEM E DESMONTAGEM DE FÔRMA DE LAJE NERVURADA COM CUBETA E ASSOALHO, PÉ-DIREITO SIMPLES, EM CHAPA DE MADEIRA COMPENSADA RESINADA, 8 UTILIZAÇÕES. AF_09/2020","M2","ATRIBUÍDO SÃO PAULO","40,38","CAIXA REFERENCIAL"]
["92492","MONTAGEM E DESMONTAGEM DE FÔRMA DE LAJE NERVURADA COM CUBETA E ASSOALHO, PÉ-DIREITO DUPLO, EM CHAPA DE MADEIRA COMPENSADA RESINADA, 10 UTILIZAÇÕES. AF_09/2020","M2","ATRIBUÍDO SÃO PAULO","65,20","CAIXA REFERENCIAL"]
["92494","MONTAGEM E DESMONTAGEM DE FÔRMA DE LAJE NERVURADA COM CUBETA E ASSOALHO, PÉ-DIREITO SIMPLES, EM CHAPA DE MADEIRA COMPENSADA RESINADA, 10 UTILIZAÇÕES. AF_09/2020","M2","ATRIBUÍDO SÃO PAULO","38,19","CAIXA REFERENCIAL"]
["92496","MONTAGEM E DESMONTAGEM DE FÔRMA DE LAJE NERVURADA COM CUBETA E ASSOALHO, PÉ-DIREITO DUPLO, EM CHAPA DE MADEIRA COMPENSADA RESINADA, 12 UTILIZAÇÕES. AF_09/2020","M2","ATRIBUÍDO SÃO PAULO","63,46","CAIXA REFERENCIAL"]
["92498","MONTAGEM E DESMONTAGEM DE FÔRMA DE LAJE NERVURADA COM CUBETA E ASSOALHO, PÉ-DIREITO SIMPLES, EM CHAPA DE MADEIRA COMPENSADA RESINADA, 12 UTILIZAÇÕES. AF_09/2020","M2","ATRIBUÍDO SÃO PAULO","36,73","CAIXA REFERENCIAL"]
["92500","MONTAGEM E DESMONTAGEM DE FÔRMA DE LAJE NERVURADA COM CUBETA E ASSOALHO, PÉ-DIREITO DUPLO, EM CHAPA DE MADEIRA COMPENSADA RESINADA, 14 UTILIZAÇÕES. AF_09/2020","M2","ATRIBUÍDO SÃO PAULO","62,43","CAIXA REFERENCIAL"]
["92502","MONTAGEM E DESMONTAGEM DE FÔRMA DE LAJE NERVURADA COM CUBETA E ASSOALHO, PÉ-DIREITO SIMPLES, EM CHAPA DE MADEIRA COMPENSADA RESINADA, 14 UTILIZAÇÕES. AF_09/2020","M2","ATRIBUÍDO SÃO PAULO","35,89","CAIXA REFERENCIAL"]
["92504","MONTAGEM E DESMONTAGEM DE FÔRMA DE LAJE NERVURADA COM CUBETA E ASSOALHO, PÉ-DIREITO DUPLO, EM CHAPA DE MADEIRA COMPENSADA RESINADA, 18 UTILIZAÇÕES. AF_09/2020","M2","ATRIBUÍDO SÃO PAULO","41,90","CAIXA REFERENCIAL"]
["92506","MONTAGEM E DESMONTAGEM DE FÔRMA DE LAJE NERVURADA COM CUBETA E ASSOALHO, PÉ-DIREITO SIMPLES, EM CHAPA DE MADEIRA COMPENSADA RESINADA, 18 UTILIZAÇÕES. AF_09/2020","M2","ATRIBUÍDO SÃO PAULO","34,48","CAIXA REFERENCIAL"]
["92508","MONTAGEM E DESMONTAGEM DE FÔRMA DE LAJE MACIÇA, PÉ-DIREITO DUPLO, EM CHAPA DE MADEIRA COMPENSADA RESINADA, 2 UTILIZAÇÕES. AF_09/2020","M2","ATRIBUÍDO SÃO PAULO","71,20","CAIXA REFERENCIAL"]
["92510","MONTAGEM E DESMONTAGEM DE FÔRMA DE LAJE MACIÇA, PÉ-DIREITO SIMPLES, EM CHAPA DE MADEIRA COMPENSADA RESINADA, 2 UTILIZAÇÕES. AF_09/2020","M2","ATRIBUÍDO SÃO PAULO","39,83","CAIXA REFERENCIAL"]
["92512","MONTAGEM E DESMONTAGEM DE FÔRMA DE LAJE MACIÇA, PÉ-DIREITO DUPLO, EM CHAPA DE MADEIRA COMPENSADA RESINADA, 4 UTILIZAÇÕES. AF_09/2020","M2","ATRIBUÍDO SÃO PAULO","57,13","CAIXA REFERENCIAL"]
["92514","MONTAGEM E DESMONTAGEM DE FÔRMA DE LAJE MACIÇA, PÉ-DIREITO SIMPLES, EM CHAPA DE MADEIRA COMPENSADA RESINADA, 4 UTILIZAÇÕES. AF_09/2020","M2","ATRIBUÍDO SÃO PAULO","28,66","CAIXA REFERENCIAL"]
["92515","MONTAGEM E DESMONTAGEM DE FÔRMA DE LAJE MACIÇA, PÉ-DIREITO DUPLO, EM CHAPA DE MADEIRA COMPENSADA RESINADA, 6 UTILIZAÇÕES. AF_09/2020","M2","ATRIBUÍDO SÃO PAULO","51,20","CAIXA REFERENCIAL"]
["92518","MONTAGEM E DESMONTAGEM DE FÔRMA DE LAJE MACIÇA, PÉ-DIREITO SIMPLES, EM CHAPA DE MADEIRA COMPENSADA RESINADA, 6 UTILIZAÇÕES. AF_09/2020","M2","ATRIBUÍDO SÃO PAULO","24,00","CAIXA REFERENCIAL"]
["92520","MONTAGEM E DESMONTAGEM DE FÔRMA DE LAJE MACIÇA, PÉ-DIREITO DUPLO, EM CHAPA DE MADEIRA COMPENSADA RESINADA, 8 UTILIZAÇÕES. AF_09/2020","M2","ATRIBUÍDO SÃO PAULO","48,17","CAIXA REFERENCIAL"]
["92522","MONTAGEM E DESMONTAGEM DE FÔRMA DE LAJE MACIÇA, PÉ-DIREITO SIMPLES, EM CHAPA DE MADEIRA COMPENSADA RESINADA, 8 UTILIZAÇÕES. AF_09/2020","M2","ATRIBUÍDO SÃO PAULO","21,60","CAIXA REFERENCIAL"]
["92524","MONTAGEM E DESMONTAGEM DE FÔRMA DE LAJE MACIÇA, PÉ-DIREITO DUPLO, EM CHAPA DE MADEIRA COMPENSADA PLASTIFICADA, 10 UTILIZAÇÕES. AF-09/2020","M2","ATRIBUÍDO SÃO PAULO","53,41","CAIXA REFERENCIAL"]
["92526","MONTAGEM E DESMONTAGEM DE FÔRMA DE LAJE MACIÇA, PÉ-DIREITO SIMPLES, EM CHAPA DE MADEIRA COMPENSADA PLASTIFICADA, 10 UTILIZAÇÕES. AF_09/2020","M2","ATRIBUÍDO SÃO PAULO","27,24","CAIXA REFERENCIAL"]
["92528","MONTAGEM E DESMONTAGEM DE FÔRMA DE LAJE MACIÇA, PÉ-DIREITO DUPLO, EM CHAPA DE MADEIRA COMPENSADA PLASTIFICADA, 12 UTILIZAÇÕES. AF_09/2020","M2","ATRIBUÍDO SÃO PAULO","51,57","CAIXA REFERENCIAL"]
["92530","MONTAGEM E DESMONTAGEM DE FÔRMA DE LAJE MACIÇA, PÉ-DIREITO SIMPLES, EM CHAPA DE MADEIRA COMPENSADA PLASTIFICADA, 12 UTILIZAÇÕES. AF_09/2020","M2","ATRIBUÍDO SÃO PAULO","25,63","CAIXA REFERENCIAL"]
["92532","MONTAGEM E DESMONTAGEM DE FÔRMA DE LAJE MACIÇA, PÉ-DIREITO DUPLO, EM CHAPA DE MADEIRA COMPENSADA PLASTIFICADA, 14 UTILIZAÇÕES. AF_09/2020","M2","ATRIBUÍDO SÃO PAULO","50,14","CAIXA REFERENCIAL"]
["92534","MONTAGEM E DESMONTAGEM DE FÔRMA DE LAJE MACIÇA, PÉ-DIREITO SIMPLES, EM CHAPA DE MADEIRA COMPENSADA PLASTIFICADA, 14 UTILIZAÇÕES. AF_09/2020","M2","ATRIBUÍDO SÃO PAULO","24,44","CAIXA REFERENCIAL"]
["92536","MONTAGEM E DESMONTAGEM DE FÔRMA DE LAJE MACIÇA, PÉ-DIREITO DUPLO, EM CHAPA DE MADEIRA COMPENSADA PLASTIFICADA, 18 UTILIZAÇÕES. AF_09/2020","M2","ATRIBUÍDO SÃO PAULO","47,43","CAIXA REFERENCIAL"]
["92538","MONTAGEM E DESMONTAGEM DE FÔRMA DE LAJE MACIÇA, PÉ-DIREITO SIMPLES, EM CHAPA DE MADEIRA COMPENSADA PLASTIFICADA, 18 UTILIZAÇÕES. AF_09/2020","M2","ATRIBUÍDO SÃO PAULO","21,93","CAIXA REFERENCIAL"]
["96252","FABRICAÇÃO DE FÔRMA PARA PILARES CIRCULARES, EM CHAPA DE MADEIRA COMPENSADA RESINADA. AF_06/2017","M2","COEFICIENTE DE REPRESENTATIVIDADE","201,39","CAIXA REFERENCIAL"]
["96257","MONTAGEM E DESMONTAGEM DE FÔRMA DE PILARES CIRCULARES, COM ÁREA MÉDIA DAS SEÇÕES MENOR OU IGUAL A 0,28 M², PÉ-DIREITO SIMPLES, EM MADEIRA, 2 UTILIZAÇÕES. AF_06/2017","M2","COEFICIENTE DE REPRESENTATIVIDADE","163,97","CAIXA REFERENCIAL"]
["96258","MONTAGEM E DESMONTAGEM DE FÔRMA DE PILARES CIRCULARES, COM ÁREA MÉDIA DAS SEÇÕES MAIOR QUE 0,28 M², PÉ-DIREITO SIMPLES, EM MADEIRA, 2 UTILIZAÇÕES. AF_06/2017","M2","COEFICIENTE DE REPRESENTATIVIDADE","153,90","CAIXA REFERENCIAL"]
["96259","MONTAGEM E DESMONTAGEM DE FÔRMA DE PILARES CIRCULARES, COM ÁREA MÉDIA DAS SEÇÕES MENOR OU IGUAL A 0,28 M², PÉ-DIREITO DUPLO, EM MADEIRA, 2 UTILIZAÇÕES. AF_06/2017","M2","COEFICIENTE DE REPRESENTATIVIDADE","183,66","CAIXA REFERENCIAL"]
["96529","FABRICAÇÃO, MONTAGEM E DESMONTAGEM DE FÔRMA PARA SAPATA, EM MADEIRA SERRADA, E=25 MM, 1 UTILIZAÇÃO. AF_06/2017","M2","COEFICIENTE DE REPRESENTATIVIDADE","316,18","CAIXA REFERENCIAL"]
["96530","FABRICAÇÃO, MONTAGEM E DESMONTAGEM DE FÔRMA PARA VIGA BALDRAME, EM MADEIRA SERRADA, E=25 MM, 1 UTILIZAÇÃO. AF_06/2017","M2","COEFICIENTE DE REPRESENTATIVIDADE","178,26","CAIXA REFERENCIAL"]
["96531","FABRICAÇÃO, MONTAGEM E DESMONTAGEM DE FÔRMA PARA BLOCO DE COROAMENTO, EM MADEIRA SERRADA, E=25 MM, 2 UTILIZAÇÕES. AF_06/2017","M2","COEFICIENTE DE REPRESENTATIVIDADE","120,05","CAIXA REFERENCIAL"]
["96532","FABRICAÇÃO, MONTAGEM E DESMONTAGEM DE FÔRMA PARA SAPATA, EM MADEIRA SERRADA, E=25 MM, 2 UTILIZAÇÕES. AF_06/2017","M2","COEFICIENTE DE REPRESENTATIVIDADE","195,79","CAIXA REFERENCIAL"]
["96533","FABRICAÇÃO, MONTAGEM E DESMONTAGEM DE FÔRMA PARA VIGA BALDRAME, EM MADEIRA SERRADA, E=25 MM, 2 UTILIZAÇÕES. AF_06/2017","M2","COEFICIENTE DE REPRESENTATIVIDADE","107,37","CAIXA REFERENCIAL"]
["96534","FABRICAÇÃO, MONTAGEM E DESMONTAGEM DE FÔRMA PARA BLOCO DE COROAMENTO, EM MADEIRA SERRADA, E=25 MM, 4 UTILIZAÇÕES. AF_06/2017","M2","COEFICIENTE DE REPRESENTATIVIDADE","80,98","CAIXA REFERENCIAL"]
["96535","FABRICAÇÃO, MONTAGEM E DESMONTAGEM DE FÔRMA PARA SAPATA, EM MADEIRA SERRADA, E=25 MM, 4 UTILIZAÇÕES. AF_06/2017","M2","COEFICIENTE DE REPRESENTATIVIDADE","133,10","CAIXA REFERENCIAL"]
["96536","FABRICAÇÃO, MONTAGEM E DESMONTAGEM DE FÔRMA PARA VIGA BALDRAME, EM MADEIRA SERRADA, E=25 MM, 4 UTILIZAÇÕES. AF_06/2017","M2","COEFICIENTE DE REPRESENTATIVIDADE","70,49","CAIXA REFERENCIAL"]
["96537","FABRICAÇÃO, MONTAGEM E DESMONTAGEM DE FÔRMA PARA BLOCO DE COROAMENTO, EM CHAPA DE MADEIRA COMPENSADA RESINADA, E=17 MM, 2 UTILIZAÇÕES. AF_06/2017","M2","COEFICIENTE DE REPRESENTATIVIDADE","159,10","CAIXA REFERENCIAL"]
["96538","FABRICAÇÃO, MONTAGEM E DESMONTAGEM DE FÔRMA PARA SAPATA, EM CHAPA DE MADEIRA COMPENSADA RESINADA, E=17 MM, 2 UTILIZAÇÕES. AF_06/2017","M2","COEFICIENTE DE REPRESENTATIVIDADE","218,16","CAIXA REFERENCIAL"]
["96539","FABRICAÇÃO, MONTAGEM E DESMONTAGEM DE FÔRMA PARA VIGA BALDRAME, EM CHAPA DE MADEIRA COMPENSADA RESINADA, E=17 MM, 2 UTILIZAÇÕES. AF_06/2017","M2","COEFICIENTE DE REPRESENTATIVIDADE","95,88","CAIXA REFERENCIAL"]
["96540","FABRICAÇÃO, MONTAGEM E DESMONTAGEM DE FÔRMA PARA BLOCO DE COROAMENTO, EM CHAPA DE MADEIRA COMPENSADA RESINADA, E=17 MM, 4 UTILIZAÇÕES. AF_06/2017","M2","COEFICIENTE DE REPRESENTATIVIDADE","110,07","CAIXA REFERENCIAL"]
["96541","FABRICAÇÃO, MONTAGEM E DESMONTAGEM DE FÔRMA PARA SAPATA, EM CHAPA DE MADEIRA COMPENSADA RESINADA, E=17 MM, 4 UTILIZAÇÕES. AF_06/2017","M2","COEFICIENTE DE REPRESENTATIVIDADE","154,40","CAIXA REFERENCIAL"]
["96542","FABRICAÇÃO, MONTAGEM E DESMONTAGEM DE FÔRMA PARA VIGA BALDRAME, EM CHAPA DE MADEIRA COMPENSADA RESINADA, E=17 MM, 4 UTILIZAÇÕES. AF_06/2017","M2","COEFICIENTE DE REPRESENTATIVIDADE","72,64","CAIXA REFERENCIAL"]
["96543","ARMAÇÃO DE BLOCO, VIGA BALDRAME E SAPATA UTILIZANDO AÇO CA-60 DE 5 MM - MONTAGEM. AF_06/2017","KG","COEFICIENTE DE REPRESENTATIVIDADE","20,11","CAIXA REFERENCIAL"]
["97747","MONTAGEM E DESMONTAGEM DE FÔRMA DE PILARES CIRCULARES, COM ÁREA MÉDIA DAS SEÇÕES MAIOR QUE 0,28 M², PÉ-DIREITO DUPLO, EM MADEIRA, 2 UTILIZAÇÕES.  AF_06/2017","M2","COEFICIENTE DE REPRESENTATIVIDADE","170,85","CAIXA REFERENCIAL"]
["101791","FABRICAÇÃO DE ESCORAS DO TIPO PONTALETE, EM MADEIRA, PARA PÉ-DIREITO DUPLO. AF_09/2020","M","COEFICIENTE DE REPRESENTATIVIDADE","22,26","CAIXA REFERENCIAL"]
["101792","ESCORAMENTO DE FÔRMAS DE LAJE EM MADEIRA NÃO APARELHADA, PÉ-DIREITO SIMPLES, INCLUSO TRAVAMENTO, 4 UTILIZAÇÕES. AF_09/2020","M3","COEFICIENTE DE REPRESENTATIVIDADE","14,61","CAIXA REFERENCIAL"]
["101793","ESCORAMENTO DE FÔRMAS DE LAJE EM MADEIRA NÃO APARELHADA, PÉ-DIREITO DUPLO, INCLUSO TRAVAMENTO, 4 UTILIZAÇÕES. AF_09/2020","M3","COEFICIENTE DE REPRESENTATIVIDADE","21,84","CAIXA REFERENCIAL"]
["101969","FABRICAÇÃO DE FÔRMA PARA ESCADAS, COM 2 LANCES EM \"U\" E LAJE PLANA, EM CHAPA DE MADEIRA COMPENSADA PLASTIFICADA, E=18 MM. AF_11/2020","M2","COEFICIENTE DE REPRESENTATIVIDADE","176,63","CAIXA REFERENCIAL"]
["101971","FABRICAÇÃO DE FÔRMA PARA ESCADAS, COM 2 LANCES EM \"U\" E LAJE PLANA, EM CHAPA DE MADEIRA COMPENSADA RESINADA, E= 17 MM. AF_11/2020","M2","COEFICIENTE DE REPRESENTATIVIDADE","109,71","CAIXA REFERENCIAL"]
["101973","FABRICAÇÃO DE FÔRMA PARA ESCADAS, COM 2 LANCES EM \"U\" E LAJE PLANA, EM MADEIRA SERRADA, E=25 MM. AF_11/2020","M2","COEFICIENTE DE REPRESENTATIVIDADE","204,80","CAIXA REFERENCIAL"]
["101974","MONTAGEM E DESMONTAGEM DE FÔRMA PARA ESCADAS, COM 2 LANCES EM \"U\" E LAJE PLANA, EM MADEIRA SERRADA, 1 UTILIZAÇÃO. AF_11/2020","M2","COEFICIENTE DE REPRESENTATIVIDADE","434,20","CAIXA REFERENCIAL"]
["101975","MONTAGEM E DESMONTAGEM DE FÔRMA PARA ESCADAS, COM 2 LANCES EM \"U\"  E LAJE PLANA, EM MADEIRA SERRADA, 2 UTILIZAÇÕES. AF_11/2020","M2","COEFICIENTE DE REPRESENTATIVIDADE","371,54","CAIXA REFERENCIAL"]
["101977","MONTAGEM E DESMONTAGEM DE FÔRMA PARA ESCADAS, COM 2 LANCES EM \"U\" E LAJE PLANA, EM CHAPA DE MADEIRA COMPENSADA RESINADA, 2 UTILIZAÇÕES. AF_11/2020","M2","COEFICIENTE DE REPRESENTATIVIDADE","222,05","CAIXA REFERENCIAL"]
["101980","MONTAGEM E DESMONTAGEM DE FÔRMA PARA ESCADAS, COM 2 LANCES EM \"U\" E LAJE PLANA, EM CHAPA DE MADEIRA COMPENSADA RESINADA, 4 UTILIZAÇÕES. AF_11/2020","M2","COEFICIENTE DE REPRESENTATIVIDADE","197,83","CAIXA REFERENCIAL"]
["101981","MONTAGEM E DESMONTAGEM DE FÔRMA PARA ESCADAS, COM 2 LANCES EM \"U\" E LAJE PLANA, EM CHAPA DE MADEIRA COMPENSADA PLASTIFICADA, 6 UTILIZAÇÕES. AF_11/2020","M2","COEFICIENTE DE REPRESENTATIVIDADE","189,25","CAIXA REFERENCIAL"]
["101982","MONTAGEM E DESMONTAGEM DE FÔRMA PARA ESCADAS, COM 2 LANCES EM \"U\" E LAJE PLANA, EM CHAPA DE MADEIRA COMPENSADA PLASTIFICADA, 8 UTILIZAÇÕES. AF_11/2020","M2","COEFICIENTE DE REPRESENTATIVIDADE","165,46","CAIXA REFERENCIAL"]
["101983","MONTAGEM E DESMONTAGEM DE FÔRMA PARA ESCADAS, COM 2 LANCES EM \"U\" E LAJE PLANA, EM CHAPA DE MADEIRA COMPENSADA PLASTIFICADA, 10 UTILIZAÇÕES. AF_11/2020","M2","COEFICIENTE DE REPRESENTATIVIDADE","150,47","CAIXA REFERENCIAL"]
["101985","FABRICAÇÃO DE FÔRMA PARA ESCADAS, COM 2 LANCES EM \"U\" E LAJE CASCATA, EM CHAPA DE MADEIRA COMPENSADA PLASTIFICADA, E=18 MM. AF_11/2020","M2","COEFICIENTE DE REPRESENTATIVIDADE","187,26","CAIXA REFERENCIAL"]
["101986","FABRICAÇÃO DE FÔRMA PARA ESCADAS, COM 2 LANCES EM \"U\" E LAJE CASCATA, EM CHAPA DE MADEIRA COMPENSADA RESINADA, E= 17 MM. AF_11/2020","M2","COEFICIENTE DE REPRESENTATIVIDADE","102,18","CAIXA REFERENCIAL"]
["101987","FABRICAÇÃO DE FÔRMA PARA ESCADAS, COM 2 LANCES EM \"U\" E LAJE CASCATA, EM MADEIRA SERRADA, E=25 MM. AF_11/2020","M2","COEFICIENTE DE REPRESENTATIVIDADE","242,81","CAIXA REFERENCIAL"]
["101988","FABRICAÇÃO DE FÔRMA PARA ESCADAS, COM 2 LANCES EM \"L\" E LAJE PLANA, EM CHAPA DE MADEIRA COMPENSADA PLASTIFICADA, E=18 MM. AF_11/2020","M2","COEFICIENTE DE REPRESENTATIVIDADE","182,77","CAIXA REFERENCIAL"]
["101989","FABRICAÇÃO DE FÔRMA PARA ESCADAS, COM 2 LANCES EM \"L\" E LAJE PLANA, EM CHAPA DE MADEIRA COMPENSADA RESINADA, E= 17 MM. AF_11/2020","M2","COEFICIENTE DE REPRESENTATIVIDADE","116,69","CAIXA REFERENCIAL"]
["101990","FABRICAÇÃO DE FÔRMA PARA ESCADAS, COM 2 LANCES EM \"L\" E LAJE PLANA, EM MADEIRA SERRADA, E=25 MM. AF_11/2020","M2","COEFICIENTE DE REPRESENTATIVIDADE","220,39","CAIXA REFERENCIAL"]
["101991","FABRICAÇÃO DE FÔRMA PARA ESCADAS, COM 2 LANCES EM \"L\" E LAJE CASCATA, EM CHAPA DE MADEIRA COMPENSADA PLASTIFICADA, E=18 MM. AF_11/2020","M2","COEFICIENTE DE REPRESENTATIVIDADE","186,67","CAIXA REFERENCIAL"]
["101992","FABRICAÇÃO DE FÔRMA PARA ESCADAS, COM 2 LANCES EM \"L\" E LAJE CASCATA, EM CHAPA DE MADEIRA COMPENSADA RESINADA, E= 17 MM. AF_11/2020","M2","COEFICIENTE DE REPRESENTATIVIDADE","105,34","CAIXA REFERENCIAL"]
["101993","FABRICAÇÃO DE FÔRMA PARA ESCADAS, COM 2 LANCES EM \"L\" E LAJE CASCATA, EM MADEIRA SERRADA, E=25 MM. AF_11/2020","M2","COEFICIENTE DE REPRESENTATIVIDADE","285,80","CAIXA REFERENCIAL"]
["101994","FABRICAÇÃO DE FÔRMA PARA ESCADAS, COM 1 LANCE E LAJE PLANA, EM CHAPA DE MADEIRA COMPENSADA PLASTIFICADA, E=18 MM. AF_11/2020","M2","COEFICIENTE DE REPRESENTATIVIDADE","194,81","CAIXA REFERENCIAL"]
["101995","FABRICAÇÃO DE FÔRMA PARA ESCADAS, COM 1 LANCE E LAJE PLANA, EM CHAPA DE MADEIRA COMPENSADA RESINADA, E= 17 MM. AF_11/2020","M2","COEFICIENTE DE REPRESENTATIVIDADE","120,63","CAIXA REFERENCIAL"]
["101996","FABRICAÇÃO DE FÔRMA PARA ESCADAS, COM 1 LANCE E LAJE PLANA, EM MADEIRA SERRADA, E=25 MM. AF_11/2020","M2","COEFICIENTE DE REPRESENTATIVIDADE","237,46","CAIXA REFERENCIAL"]
["101997","FABRICAÇÃO DE FÔRMA PARA ESCADAS, COM 1 LANCE E LAJE CASCATA, EM CHAPA DE MADEIRA COMPENSADA PLASTIFICADA, E=18 MM. AF_11/2020","M2","COEFICIENTE DE REPRESENTATIVIDADE","186,84","CAIXA REFERENCIAL"]
["101998","FABRICAÇÃO DE FÔRMA PARA ESCADAS, COM 1 LANCE E LAJE CASCATA, EM CHAPA DE MADEIRA COMPENSADA RESINADA, E= 17 MM. AF_11/2020","M2","COEFICIENTE DE REPRESENTATIVIDADE","103,67","CAIXA REFERENCIAL"]
["101999","FABRICAÇÃO DE FÔRMA PARA ESCADAS, COM 1 LANCE E LAJE CASCATA, EM MADEIRA SERRADA, E=25 MM. AF_11/2020","M2","COEFICIENTE DE REPRESENTATIVIDADE","306,65","CAIXA REFERENCIAL"]
["102000","MONTAGEM E DESMONTAGEM DE FÔRMA PARA ESCADAS, COM 2 LANCES EM \"U\" E LAJE CASCATA, EM MADEIRA SERRADA, 1 UTILIZAÇÃO. AF_11/2020","M2","COEFICIENTE DE REPRESENTATIVIDADE","449,34","CAIXA REFERENCIAL"]
["102001","MONTAGEM E DESMONTAGEM DE FÔRMA PARA ESCADAS, COM 2 LANCES EM \"U\" E LAJE CASCATA, EM MADEIRA SERRADA, 2 UTILIZAÇÕES. AF_11/2020","M2","COEFICIENTE DE REPRESENTATIVIDADE","389,93","CAIXA REFERENCIAL"]
["102002","MONTAGEM E DESMONTAGEM DE FÔRMA PARA ESCADAS, COM 2 LANCES EM \"U\" E LAJE CASCATA, EM CHAPA DE MADEIRA COMPENSADA RESINADA, 2 UTILIZAÇÕES. AF_11/2020","M2","COEFICIENTE DE REPRESENTATIVIDADE","215,18","CAIXA REFERENCIAL"]
["102003","MONTAGEM E DESMONTAGEM DE FÔRMA PARA ESCADAS, COM 2 LANCES EM \"U\" E LAJE CASCATA, EM CHAPA DE MADEIRA COMPENSADA RESINADA, 4 UTILIZAÇÕES. AF_11/2020","M2","COEFICIENTE DE REPRESENTATIVIDADE","192,03","CAIXA REFERENCIAL"]
["102004","MONTAGEM E DESMONTAGEM DE FÔRMA PARA ESCADAS, COM 2 LANCES EM \"U\" E LAJE CASCATA, EM CHAPA DE MADEIRA COMPENSADA PLASTIFICADA, 6 UTILIZAÇÕES. AF_11/2020","M2","COEFICIENTE DE REPRESENTATIVIDADE","195,84","CAIXA REFERENCIAL"]
["102005","MONTAGEM E DESMONTAGEM DE FÔRMA PARA ESCADAS, COM 2 LANCES EM \"U\" E LAJE CASCATA, EM CHAPA DE MADEIRA COMPENSADA PLASTIFICADA, 8 UTILIZAÇÕES. AF_11/2020","M2","COEFICIENTE DE REPRESENTATIVIDADE","170,88","CAIXA REFERENCIAL"]
["102006","MONTAGEM E DESMONTAGEM DE FÔRMA PARA ESCADAS, COM 2 LANCES EM \"U\" E LAJE CASCATA, EM CHAPA DE MADEIRA COMPENSADA PLASTIFICADA, 10 UTILIZAÇÕES. AF_11/2020","M2","COEFICIENTE DE REPRESENTATIVIDADE","155,15","CAIXA REFERENCIAL"]
["102007","MONTAGEM E DESMONTAGEM DE FÔRMA PARA ESCADAS, COM 2 LANCES EM \"L\" E LAJE PLANA, EM MADEIRA SERRADA, 1 UTILIZAÇÃO. AF_11/2020","M2","COEFICIENTE DE REPRESENTATIVIDADE","431,37","CAIXA REFERENCIAL"]
["102008","MONTAGEM E DESMONTAGEM DE FÔRMA PARA ESCADAS, COM 2 LANCES EM \"L\" E LAJE PLANA, EM MADEIRA SERRADA, 2 UTILIZAÇÕES. AF_11/2020","M2","COEFICIENTE DE REPRESENTATIVIDADE","362,28","CAIXA REFERENCIAL"]
["102009","MONTAGEM E DESMONTAGEM DE FÔRMA PARA ESCADAS, COM 2 LANCES EM \"L\" E LAJE PLANA, EM CHAPA DE MADEIRA COMPENSADA RESINADA, 2 UTILIZAÇÕES. AF_11/2020","M2","COEFICIENTE DE REPRESENTATIVIDADE","225,66","CAIXA REFERENCIAL"]
["102010","MONTAGEM E DESMONTAGEM DE FÔRMA PARA ESCADAS, COM 2 LANCES EM \"L\" E LAJE PLANA, EM CHAPA DE MADEIRA COMPENSADA RESINADA, 4 UTILIZAÇÕES. AF_11/2020","M2","COEFICIENTE DE REPRESENTATIVIDADE","199,89","CAIXA REFERENCIAL"]
["102011","MONTAGEM E DESMONTAGEM DE FÔRMA PARA ESCADAS, COM 2 LANCES EM \"L\" E LAJE PLANA, EM CHAPA DE MADEIRA COMPENSADA PLASTIFICADA, 6 UTILIZAÇÕES. AF_11/2020","M2","COEFICIENTE DE REPRESENTATIVIDADE","188,30","CAIXA REFERENCIAL"]
["102012","MONTAGEM E DESMONTAGEM DE FÔRMA PARA ESCADAS, COM 2 LANCES EM \"L\" E LAJE PLANA, EM CHAPA DE MADEIRA COMPENSADA PLASTIFICADA, 8 UTILIZAÇÕES. AF_11/2020","M2","COEFICIENTE DE REPRESENTATIVIDADE","163,84","CAIXA REFERENCIAL"]
["102013","MONTAGEM E DESMONTAGEM DE FÔRMA PARA ESCADAS, COM 2 LANCES EM \"L\" E LAJE PLANA, EM CHAPA DE MADEIRA COMPENSADA PLASTIFICADA, 10 UTILIZAÇÕES. AF_11/2020","M2","COEFICIENTE DE REPRESENTATIVIDADE","150,25","CAIXA REFERENCIAL"]
["102014","MONTAGEM E DESMONTAGEM DE FÔRMA PARA ESCADAS, COM 2 LANCES EM \"L\" E LAJE CASCATA, EM MADEIRA SERRADA, 1 UTILIZAÇÃO. AF_11/2020","M2","COEFICIENTE DE REPRESENTATIVIDADE","492,57","CAIXA REFERENCIAL"]
["102015","MONTAGEM E DESMONTAGEM DE FÔRMA PARA ESCADAS, COM 2 LANCES EM \"L\" E LAJE CASCATA, EM MADEIRA SERRADA, 2 UTILIZAÇÕES. AF_11/2020","M2","COEFICIENTE DE REPRESENTATIVIDADE","414,61","CAIXA REFERENCIAL"]
["102016","MONTAGEM E DESMONTAGEM DE FÔRMA PARA ESCADAS, COM 2 LANCES EM \"L\" E LAJE CASCATA, EM CHAPA DE MADEIRA COMPENSADA RESINADA, 2 UTILIZAÇÕES. AF_11/2020","M2","COEFICIENTE DE REPRESENTATIVIDADE","215,92","CAIXA REFERENCIAL"]
["102017","MONTAGEM E DESMONTAGEM DE FÔRMA PARA ESCADAS, COM 2 LANCES EM \"L\" E LAJE CASCATA, EM CHAPA DE MADEIRA COMPENSADA RESINADA, 4 UTILIZAÇÕES. AF_11/2020","M2","COEFICIENTE DE REPRESENTATIVIDADE","191,58","CAIXA REFERENCIAL"]
["102036","MONTAGEM E DESMONTAGEM DE FÔRMA PARA ESCADAS, COM 2 LANCES EM \"L\" E LAJE CASCATA, EM CHAPA DE MADEIRA COMPENSADA PLASTIFICADA, 6 UTILIZAÇÕES. AF_11/2020","M2","COEFICIENTE DE REPRESENTATIVIDADE","191,50","CAIXA REFERENCIAL"]
["102037","MONTAGEM E DESMONTAGEM DE FÔRMA PARA ESCADAS, COM 2 LANCES EM \"L\" E LAJE CASCATA, EM CHAPA DE MADEIRA COMPENSADA PLASTIFICADA, 8 UTILIZAÇÕES. AF_11/2020","M2","COEFICIENTE DE REPRESENTATIVIDADE","166,61","CAIXA REFERENCIAL"]
["102038","MONTAGEM E DESMONTAGEM DE FÔRMA PARA ESCADAS, COM 2 LANCES EM \"L\" E LAJE CASCATA, EM CHAPA DE MADEIRA COMPENSADA PLASTIFICADA, 10 UTILIZAÇÕES. AF_11/2020","M2","COEFICIENTE DE REPRESENTATIVIDADE","152,79","CAIXA REFERENCIAL"]
["102039","MONTAGEM E DESMONTAGEM DE FÔRMA PARA ESCADAS, COM 1 LANCE E LAJE PLANA, EM MADEIRA SERRADA, 1 UTILIZAÇÃO. AF_11/2020","M2","COEFICIENTE DE REPRESENTATIVIDADE","452,29","CAIXA REFERENCIAL"]
["102040","MONTAGEM E DESMONTAGEM DE FÔRMA PARA ESCADAS, COM 1 LANCE E LAJE PLANA, EM MADEIRA SERRADA, 2 UTILIZAÇÕES. AF_11/2020","M2","COEFICIENTE DE REPRESENTATIVIDADE","378,55","CAIXA REFERENCIAL"]
["102041","MONTAGEM E DESMONTAGEM DE FÔRMA PARA ESCADAS, COM 1 LANCE E LAJE PLANA, EM CHAPA DE MADEIRA COMPENSADA RESINADA, 2 UTILIZAÇÕES. AF_11/2020","M2","COEFICIENTE DE REPRESENTATIVIDADE","226,32","CAIXA REFERENCIAL"]
["102042","MONTAGEM E DESMONTAGEM DE FÔRMA PARA ESCADAS, COM 1 LANCE E LAJE PLANA, EM CHAPA DE MADEIRA COMPENSADA RESINADA, 4 UTILIZAÇÕES. AF_11/2020","M2","COEFICIENTE DE REPRESENTATIVIDADE","198,96","CAIXA REFERENCIAL"]
["102043","MONTAGEM E DESMONTAGEM DE FÔRMA PARA ESCADAS, COM 1 LANCE E LAJE PLANA, EM CHAPA DE MADEIRA COMPENSADA PLASTIFICADA, 6 UTILIZAÇÕES. AF_11/2020","M2","COEFICIENTE DE REPRESENTATIVIDADE","190,18","CAIXA REFERENCIAL"]
["102044","MONTAGEM E DESMONTAGEM DE FÔRMA PARA ESCADAS, COM 1 LANCE E LAJE PLANA, EM CHAPA DE MADEIRA COMPENSADA PLASTIFICADA, 8 UTILIZAÇÕES. AF_11/2020","M2","COEFICIENTE DE REPRESENTATIVIDADE","166,34","CAIXA REFERENCIAL"]
["102045","MONTAGEM E DESMONTAGEM DE FÔRMA PARA ESCADAS, COM 1 LANCE E LAJE PLANA, EM CHAPA DE MADEIRA COMPENSADA PLASTIFICADA, 10 UTILIZAÇÕES. AF_11/2020","M2","COEFICIENTE DE REPRESENTATIVIDADE","152,03","CAIXA REFERENCIAL"]
["102046","MONTAGEM E DESMONTAGEM DE FÔRMA PARA ESCADAS, COM 1 LANCE E LAJE CASCATA, EM MADEIRA SERRADA, 1 UTILIZAÇÃO. AF_11/2020","M2","COEFICIENTE DE REPRESENTATIVIDADE","504,01","CAIXA REFERENCIAL"]
["102047","MONTAGEM E DESMONTAGEM DE FÔRMA PARA ESCADAS, COM 1 LANCE E LAJE CASCATA, EM MADEIRA SERRADA, 2 UTILIZAÇÕES. AF_11/2020","M2","COEFICIENTE DE REPRESENTATIVIDADE","432,48","CAIXA REFERENCIAL"]
["102048","MONTAGEM E DESMONTAGEM DE FÔRMA PARA ESCADAS, COM 1 LANCE E LAJE CASCATA, EM CHAPA DE MADEIRA COMPENSADA RESINADA, 2 UTILIZAÇÕES. AF_11/2020","M2","COEFICIENTE DE REPRESENTATIVIDADE","212,29","CAIXA REFERENCIAL"]
["102049","MONTAGEM E DESMONTAGEM DE FÔRMA PARA ESCADAS, COM 1 LANCE E LAJE CASCATA, EM CHAPA DE MADEIRA COMPENSADA RESINADA, 4 UTILIZAÇÕES. AF_11/2020","M2","COEFICIENTE DE REPRESENTATIVIDADE","186,31","CAIXA REFERENCIAL"]
["102050","MONTAGEM E DESMONTAGEM DE FÔRMA PARA ESCADAS, COM 1 LANCE E LAJE CASCATA, EM CHAPA DE MADEIRA COMPENSADA PLASTIFICADA, 6 UTILIZAÇÕES. AF_11/2020","M2","COEFICIENTE DE REPRESENTATIVIDADE","188,05","CAIXA REFERENCIAL"]
["102051","MONTAGEM E DESMONTAGEM DE FÔRMA PARA ESCADAS, COM 1 LANCE E LAJE CASCATA, EM CHAPA DE MADEIRA COMPENSADA PLASTIFICADA, 8 UTILIZAÇÕES. AF_11/2020","M2","COEFICIENTE DE REPRESENTATIVIDADE","163,13","CAIXA REFERENCIAL"]
["102052","MONTAGEM E DESMONTAGEM DE FÔRMA PARA ESCADAS, COM 1 LANCE E LAJE CASCATA, EM CHAPA DE MADEIRA COMPENSADA PLASTIFICADA, 10 UTILIZAÇÕES. AF_11/2020","M2","COEFICIENTE DE REPRESENTATIVIDADE","149,30","CAIXA REFERENCIAL"]
["102059","MONTAGEM E DESMONTAGEM DE FÔRMA PARA ESCADA DUPLA COM 2 LANCES EM \"X\" E LAJE PLANA, EM MADEIRA SERRADA, 1 UTILIZAÇÃO. AF_11/2020","M2","COEFICIENTE DE REPRESENTATIVIDADE","422,96","CAIXA REFERENCIAL"]
["102060","MONTAGEM E DESMONTAGEM DE FÔRMA PARA ESCADA DUPLA COM 2 LANCES EM \"X\" E LAJE PLANA, EM MADEIRA SERRADA, 2 UTILIZAÇÕES. AF_11/2020","M2","COEFICIENTE DE REPRESENTATIVIDADE","357,18","CAIXA REFERENCIAL"]
["102061","MONTAGEM E DESMONTAGEM DE FÔRMA PARA ESCADA DUPLA COM 2 LANCES EM \"X\" E LAJE PLANA, EM CHAPA DE MADEIRA COMPENSADA RESINADA, 2 UTILIZAÇÕES. AF_11/2020","M2","COEFICIENTE DE REPRESENTATIVIDADE","207,64","CAIXA REFERENCIAL"]
["102062","MONTAGEM E DESMONTAGEM DE FÔRMA PARA ESCADA DUPLA COM 2 LANCES EM \"X\" E LAJE PLANA, EM CHAPA DE MADEIRA COMPENSADA RESINADA, 4 UTILIZAÇÕES. AF_11/2020","M2","COEFICIENTE DE REPRESENTATIVIDADE","186,12","CAIXA REFERENCIAL"]
["102063","MONTAGEM E DESMONTAGEM DE FÔRMA PARA ESCADA DUPLA COM 2 LANCES EM \"X\" E LAJE PLANA, EM CHAPA DE MADEIRA COMPENSADA PLASTIFICADA, 6 UTILIZAÇÕES. AF_11/2020","M2","COEFICIENTE DE REPRESENTATIVIDADE","177,63","CAIXA REFERENCIAL"]
["102064","MONTAGEM E DESMONTAGEM DE FÔRMA PARA ESCADA DUPLA COM 2 LANCES EM \"X\" E LAJE PLANA, EM CHAPA DE MADEIRA COMPENSADA PLASTIFICADA, 8 UTILIZAÇÕES. AF_11/2020","M2","COEFICIENTE DE REPRESENTATIVIDADE","153,46","CAIXA REFERENCIAL"]
["102065","MONTAGEM E DESMONTAGEM DE FÔRMA PARA ESCADA DUPLA COM 2 LANCES EM \"X\" E LAJE PLANA, EM CHAPA DE MADEIRA COMPENSADA PLASTIFICADA, 10 UTILIZAÇÕES. AF_11/2020","M2","COEFICIENTE DE REPRESENTATIVIDADE","140,07","CAIXA REFERENCIAL"]
["102066","MONTAGEM E DESMONTAGEM DE FÔRMA PARA ESCADA DUPLA COM 2 LANCES EM \"X\" E LAJE CASCATA, EM MADEIRA SERRADA, 1 UTILIZAÇÃO. AF_11/2020","M2","COEFICIENTE DE REPRESENTATIVIDADE","446,27","CAIXA REFERENCIAL"]
["102067","MONTAGEM E DESMONTAGEM DE FÔRMA PARA ESCADA DUPLA COM 2 LANCES EM \"X\" E LAJE CASCATA, EM MADEIRA SERRADA, 2 UTILIZAÇÕES. AF_11/2020","M2","COEFICIENTE DE REPRESENTATIVIDADE","384,76","CAIXA REFERENCIAL"]
["102068","MONTAGEM E DESMONTAGEM DE FÔRMA PARA ESCADA DUPLA COM 2 LANCES EM \"X\" E LAJE CASCATA, EM CHAPA DE MADEIRA COMPENSADA RESINADA, 2 UTILIZAÇÕES. AF_11/2020","M2","COEFICIENTE DE REPRESENTATIVIDADE","191,53","CAIXA REFERENCIAL"]
["102069","MONTAGEM E DESMONTAGEM DE FÔRMA PARA ESCADA DUPLA COM 2 LANCES EM \"X\" E LAJE CASCATA, EM CHAPA DE MADEIRA COMPENSADA RESINADA, 4 UTILIZAÇÕES. AF_11/2020","M2","COEFICIENTE DE REPRESENTATIVIDADE","171,45","CAIXA REFERENCIAL"]
["102070","MONTAGEM E DESMONTAGEM DE FÔRMA PARA ESCADA DUPLA COM 2 LANCES EM \"X\" E LAJE CASCATA, EM CHAPA DE MADEIRA COMPENSADA PLASTIFICADA, 6 UTILIZAÇÕES. AF_11/2020","M2","COEFICIENTE DE REPRESENTATIVIDADE","173,66","CAIXA REFERENCIAL"]
["102071","MONTAGEM E DESMONTAGEM DE FÔRMA PARA ESCADA DUPLA COM 2 LANCES EM \"X\" E LAJE CASCATA, EM CHAPA DE MADEIRA COMPENSADA PLASTIFICADA, 8 UTILIZAÇÕES. AF_11/2020","M2","COEFICIENTE DE REPRESENTATIVIDADE","150,48","CAIXA REFERENCIAL"]
["102072","MONTAGEM E DESMONTAGEM DE FÔRMA PARA ESCADA DUPLA COM 2 LANCES EM \"X\" E LAJE CASCATA, EM CHAPA DE MADEIRA COMPENSADA PLASTIFICADA, 10 UTILIZAÇÕES. AF_11/2020","M2","COEFICIENTE DE REPRESENTATIVIDADE","140,96","CAIXA REFERENCIAL"]
["102073","ESCADA EM CONCRETO ARMADO MOLDADO IN LOCO, FCK 20 MPA, COM 1 LANCE E LAJE PLANA, FÔRMA EM CHAPA DE MADEIRA COMPENSADA RESINADA. AF_11/2020","M3","ATRIBUÍDO SÃO PAULO","2.993,78","CAIXA REFERENCIAL"]
["102074","ESCADA EM CONCRETO ARMADO MOLDADO IN LOCO, FCK 20 MPA, COM 2 LANCES EM \"U\" E LAJE PLANA, FÔRMA EM CHAPA DE MADEIRA COMPENSADA RESINADA. AF_11/2020","M3","ATRIBUÍDO SÃO PAULO","3.839,49","CAIXA REFERENCIAL"]
["102075","ESCADA EM CONCRETO ARMADO MOLDADO IN LOCO, FCK 20 MPA, COM 2 LANCES EM \"L\" E LAJE PLANA, FÔRMA EM CHAPA DE MADEIRA COMPENSADA RESINADA. AF_11/2020","M3","ATRIBUÍDO SÃO PAULO","4.126,63","CAIXA REFERENCIAL"]
["102076","ESCADA EM CONCRETO ARMADO MOLDADO IN LOCO, FCK 20 MPA, COM 2 LANCES EM \"X\" E LAJE PLANA, FÔRMA EM CHAPA DE MADEIRA COMPENSADA RESINADA. AF_11/2020","M3","ATRIBUÍDO SÃO PAULO","4.195,49","CAIXA REFERENCIAL"]
["102077","ESCADA EM CONCRETO ARMADO MOLDADO IN LOCO, FCK 20 MPA, COM 1 LANCE E LAJE CASCATA, FÔRMA EM CHAPA DE MADEIRA COMPENSADA RESINADA. AF_11/2020","M3","ATRIBUÍDO SÃO PAULO","4.516,49","CAIXA REFERENCIAL"]
["102078","ESCADA EM CONCRETO ARMADO MOLDADO IN LOCO, FCK 20 MPA, COM 2 LANCES EM \"U\" E LAJE CASCATA, FÔRMA EM CHAPA DE MADEIRA COMPENSADA RESINADA. AF_11/2020","M3","ATRIBUÍDO SÃO PAULO","4.478,43","CAIXA REFERENCIAL"]
["102079","ESCADA EM CONCRETO ARMADO MOLDADO IN LOCO, FCK 20 MPA, COM 2 LANCES EM \"L\" E LAJE CASCATA, FÔRMA EM CHAPA DE MADEIRA COMPENSADA RESINADA. AF_11/2020","M3","ATRIBUÍDO SÃO PAULO","4.436,71","CAIXA REFERENCIAL"]
["102080","ESCADA EM CONCRETO ARMADO MOLDADO IN LOCO, FCK 20 MPA, COM 2 LANCES EM \"X\" E LAJE CASCATA, FÔRMA EM CHAPA DE MADEIRA COMPENSADA RESINADA. AF_11/2020","M3","ATRIBUÍDO SÃO PAULO","3.983,15","CAIXA REFERENCIAL"]
["102086","FABRICAÇÃO DE FÔRMA PARA ESCADA DUPLA COM 2 LANCES EM \"X\" E LAJE PLANA, EM CHAPA DE MADEIRA COMPENSADA PLASTIFICADA, E=18 MM. AF_11/2020","M2","COEFICIENTE DE REPRESENTATIVIDADE","186,42","CAIXA REFERENCIAL"]
["102087","FABRICAÇÃO DE FÔRMA PARA ESCADA DUPLA COM 2 LANCES EM \"X\" E LAJE PLANA, EM CHAPA DE MADEIRA COMPENSADA RESINADA, E= 17 MM. AF_11/2020","M2","COEFICIENTE DE REPRESENTATIVIDADE","117,04","CAIXA REFERENCIAL"]
["102088","FABRICAÇÃO DE FÔRMA PARA ESCADA DUPLA COM 2 LANCES EM \u0093X\u0094 E LAJE PLANA, EM MADEIRA SERRADA, E=25 MM. AF_11/2020","M2","COEFICIENTE DE REPRESENTATIVIDADE","220,57","CAIXA REFERENCIAL"]
["102089","FABRICAÇÃO DE FÔRMA PARA ESCADA DUPLA COM 2 LANCES EM \"X\" E LAJE CASCATA, EM CHAPA DE MADEIRA COMPENSADA PLASTIFICADA, E=18 MM. AF_11/2020","M2","COEFICIENTE DE REPRESENTATIVIDADE","177,39","CAIXA REFERENCIAL"]
["102090","FABRICAÇÃO DE FÔRMA PARA ESCADA DUPLA COM 2 LANCES EM \"X\" E LAJE CASCATA, EM CHAPA DE MADEIRA COMPENSADA RESINADA, E= 17 MM. AF_11/2020","M2","COEFICIENTE DE REPRESENTATIVIDADE","98,68","CAIXA REFERENCIAL"]
["102091","FABRICAÇÃO DE FÔRMA PARA ESCADA DUPLA COM 2 LANCES EM \u0093X\u0094 E LAJE CASCATA, EM MADEIRA SERRADA, E=25 MM. AF_11/2020","M2","COEFICIENTE DE REPRESENTATIVIDADE","258,47","CAIXA REFERENCIAL"]
["89996","ARMAÇÃO VERTICAL DE ALVENARIA ESTRUTURAL; DIÂMETRO DE 10,0 MM. AF_09/2021","KG","COEFICIENTE DE REPRESENTATIVIDADE","13,74","CAIXA REFERENCIAL"]
["89997","ARMAÇÃO VERTICAL DE ALVENARIA ESTRUTURAL; DIÂMETRO DE 12,5 MM. AF_09/2021","KG","COEFICIENTE DE REPRESENTATIVIDADE","11,45","CAIXA REFERENCIAL"]
["89998","ARMAÇÃO DE CINTA DE ALVENARIA ESTRUTURAL; DIÂMETRO DE 10,0 MM. AF_09/2021","KG","COEFICIENTE DE REPRESENTATIVIDADE","13,33","CAIXA REFERENCIAL"]
["89999","ARMAÇÃO DE VERGA E CONTRAVERGA DE ALVENARIA ESTRUTURAL; DIÂMETRO DE 8,0 MM. AF_09/2021","KG","COEFICIENTE DE REPRESENTATIVIDADE","18,33","CAIXA REFERENCIAL"]
["90000","ARMAÇÃO DE VERGA E CONTRAVERGA DE ALVENARIA ESTRUTURAL; DIÂMETRO DE 10,0 MM. AF_09/2021","KG","COEFICIENTE DE REPRESENTATIVIDADE","15,50","CAIXA REFERENCIAL"]
["91593","ARMAÇÃO DO SISTEMA DE PAREDES DE CONCRETO, EXECUTADA EM PAREDES DE EDIFICAÇÕES DE MÚLTIPLOS PAVIMENTOS, TELA Q-138. AF_06/2019","KG","COEFICIENTE DE REPRESENTATIVIDADE","18,85","CAIXA REFERENCIAL"]
["91594","ARMAÇÃO DO SISTEMA DE PAREDES DE CONCRETO, EXECUTADA EM PAREDES DE EDIFICAÇÕES TÉRREAS OU DE MÚLTIPLOS PAVIMENTOS, TELA Q-92. AF_06/2019","KG","COEFICIENTE DE REPRESENTATIVIDADE","19,19","CAIXA REFERENCIAL"]
["91595","ARMAÇÃO DO SISTEMA DE PAREDES DE CONCRETO, EXECUTADA EM PAREDES DE EDIFICAÇÕES TÉRREAS, TELA Q-61. AF_06/2019","KG","COEFICIENTE DE REPRESENTATIVIDADE","19,63","CAIXA REFERENCIAL"]
["91596","ARMAÇÃO DO SISTEMA DE PAREDES DE CONCRETO, EXECUTADA COMO ARMADURA POSITIVA DE LAJES, TELA Q-138. AF_06/2019","KG","COEFICIENTE DE REPRESENTATIVIDADE","19,12","CAIXA REFERENCIAL"]
["91597","ARMAÇÃO DO SISTEMA DE PAREDES DE CONCRETO, EXECUTADA COMO ARMADURA NEGATIVA DE LAJES, TELA T-196. AF_06/2019","KG","COEFICIENTE DE REPRESENTATIVIDADE","13,25","CAIXA REFERENCIAL"]
["91598","ARMAÇÃO DO SISTEMA DE PAREDES DE CONCRETO, EXECUTADA COMO ARMADURA POSITIVA DE LAJES, TELA Q-113. AF_06/2019","KG","COEFICIENTE DE REPRESENTATIVIDADE","18,49","CAIXA REFERENCIAL"]
["91599","ARMAÇÃO DO SISTEMA DE PAREDES DE CONCRETO, EXECUTADA COMO ARMADURA NEGATIVA DE LAJES, TELA L-159. AF_06/2019","KG","COEFICIENTE DE REPRESENTATIVIDADE","13,64","CAIXA REFERENCIAL"]
["91600","ARMAÇÃO DO SISTEMA DE PAREDES DE CONCRETO, EXECUTADA EM PLATIBANDAS, TELA Q-92. AF_06/2019","KG","COEFICIENTE DE REPRESENTATIVIDADE","21,20","CAIXA REFERENCIAL"]
["91601","ARMAÇÃO DO SISTEMA DE PAREDES DE CONCRETO, EXECUTADA COMO REFORÇO, VERGALHÃO DE 6,3 MM DE DIÂMETRO. AF_06/2019","KG","COEFICIENTE DE REPRESENTATIVIDADE","16,14","CAIXA REFERENCIAL"]
["91602","ARMAÇÃO DO SISTEMA DE PAREDES DE CONCRETO, EXECUTADA COMO REFORÇO, VERGALHÃO DE 8,0 MM DE DIÂMETRO. AF_06/2019","KG","COEFICIENTE DE REPRESENTATIVIDADE","15,37","CAIXA REFERENCIAL"]
["91603","ARMAÇÃO DO SISTEMA DE PAREDES DE CONCRETO, EXECUTADA COMO REFORÇO, VERGALHÃO DE 10,0 MM DE DIÂMETRO. AF_06/2019","KG","COEFICIENTE DE REPRESENTATIVIDADE","14,53","CAIXA REFERENCIAL"]
["92759","ARMAÇÃO DE PILAR OU VIGA DE UMA ESTRUTURA CONVENCIONAL DE CONCRETO ARMADO EM UM EDIFÍCIO DE MÚLTIPLOS PAVIMENTOS UTILIZANDO AÇO CA-60 DE 5,0 MM - MONTAGEM. AF_12/2015","KG","COEFICIENTE DE REPRESENTATIVIDADE","17,70","CAIXA REFERENCIAL"]
["92760","ARMAÇÃO DE PILAR OU VIGA DE UMA ESTRUTURA CONVENCIONAL DE CONCRETO ARMADO EM UM EDIFÍCIO DE MÚLTIPLOS PAVIMENTOS UTILIZANDO AÇO CA-50 DE 6,3 MM - MONTAGEM. AF_12/2015","KG","COEFICIENTE DE REPRESENTATIVIDADE","17,45","CAIXA REFERENCIAL"]
["92761","ARMAÇÃO DE PILAR OU VIGA DE UMA ESTRUTURA CONVENCIONAL DE CONCRETO ARMADO EM UM EDIFÍCIO DE MÚLTIPLOS PAVIMENTOS UTILIZANDO AÇO CA-50 DE 8,0 MM - MONTAGEM. AF_12/2015","KG","COEFICIENTE DE REPRESENTATIVIDADE","16,91","CAIXA REFERENCIAL"]
["92762","ARMAÇÃO DE PILAR OU VIGA DE UMA ESTRUTURA CONVENCIONAL DE CONCRETO ARMADO EM UM EDIFÍCIO DE MÚLTIPLOS PAVIMENTOS UTILIZANDO AÇO CA-50 DE 10,0 MM - MONTAGEM. AF_12/2015","KG","COEFICIENTE DE REPRESENTATIVIDADE","15,42","CAIXA REFERENCIAL"]
["92763","ARMAÇÃO DE PILAR OU VIGA DE UMA ESTRUTURA CONVENCIONAL DE CONCRETO ARMADO EM UM EDIFÍCIO DE MÚLTIPLOS PAVIMENTOS UTILIZANDO AÇO CA-50 DE 12,5 MM - MONTAGEM. AF_12/2015","KG","COEFICIENTE DE REPRESENTATIVIDADE","13,15","CAIXA REFERENCIAL"]
["92764","ARMAÇÃO DE PILAR OU VIGA DE UMA ESTRUTURA CONVENCIONAL DE CONCRETO ARMADO EM UM EDIFÍCIO DE MÚLTIPLOS PAVIMENTOS UTILIZANDO AÇO CA-50 DE 16,0 MM - MONTAGEM. AF_12/2015","KG","COEFICIENTE DE REPRESENTATIVIDADE","12,74","CAIXA REFERENCIAL"]
["92765","ARMAÇÃO DE PILAR OU VIGA DE UMA ESTRUTURA CONVENCIONAL DE CONCRETO ARMADO EM UM EDIFÍCIO DE MÚLTIPLOS PAVIMENTOS UTILIZANDO AÇO CA-50 DE 20,0 MM - MONTAGEM. AF_12/2015","KG","COEFICIENTE DE REPRESENTATIVIDADE","14,53","CAIXA REFERENCIAL"]
["92766","ARMAÇÃO DE PILAR OU VIGA DE UMA ESTRUTURA CONVENCIONAL DE CONCRETO ARMADO EM UM EDIFÍCIO DE MÚLTIPLOS PAVIMENTOS UTILIZANDO AÇO CA-50 DE 25,0 MM - MONTAGEM. AF_12/2015","KG","COEFICIENTE DE REPRESENTATIVIDADE","14,31","CAIXA REFERENCIAL"]
["92767","ARMAÇÃO DE LAJE DE UMA ESTRUTURA CONVENCIONAL DE CONCRETO ARMADO EM UM EDIFÍCIO DE MÚLTIPLOS PAVIMENTOS UTILIZANDO AÇO CA-60 DE 4,2 MM - MONTAGEM. AF_12/2015","KG","COEFICIENTE DE REPRESENTATIVIDADE","17,93","CAIXA REFERENCIAL"]
["92768","ARMAÇÃO DE LAJE DE UMA ESTRUTURA CONVENCIONAL DE CONCRETO ARMADO EM UM EDIFÍCIO DE MÚLTIPLOS PAVIMENTOS UTILIZANDO AÇO CA-60 DE 5,0 MM - MONTAGEM. AF_12/2015","KG","COEFICIENTE DE REPRESENTATIVIDADE","16,48","CAIXA REFERENCIAL"]
["92769","ARMAÇÃO DE LAJE DE UMA ESTRUTURA CONVENCIONAL DE CONCRETO ARMADO EM UM EDIFÍCIO DE MÚLTIPLOS PAVIMENTOS UTILIZANDO AÇO CA-50 DE 6,3 MM - MONTAGEM. AF_12/2015","KG","COEFICIENTE DE REPRESENTATIVIDADE","16,52","CAIXA REFERENCIAL"]
["92770","ARMAÇÃO DE LAJE DE UMA ESTRUTURA CONVENCIONAL DE CONCRETO ARMADO EM UM EDIFÍCIO DE MÚLTIPLOS PAVIMENTOS UTILIZANDO AÇO CA-50 DE 8,0 MM - MONTAGEM. AF_12/2015","KG","COEFICIENTE DE REPRESENTATIVIDADE","16,20","CAIXA REFERENCIAL"]
["92771","ARMAÇÃO DE LAJE DE UMA ESTRUTURA CONVENCIONAL DE CONCRETO ARMADO EM UM EDIFÍCIO DE MÚLTIPLOS PAVIMENTOS UTILIZANDO AÇO CA-50 DE 10,0 MM - MONTAGEM. AF_12/2015","KG","COEFICIENTE DE REPRESENTATIVIDADE","14,86","CAIXA REFERENCIAL"]
["92772","ARMAÇÃO DE LAJE DE UMA ESTRUTURA CONVENCIONAL DE CONCRETO ARMADO EM UM EDIFÍCIO DE MÚLTIPLOS PAVIMENTOS UTILIZANDO AÇO CA-50 DE 12,5 MM - MONTAGEM. AF_12/2015","KG","COEFICIENTE DE REPRESENTATIVIDADE","12,71","CAIXA REFERENCIAL"]
["92773","ARMAÇÃO DE LAJE DE UMA ESTRUTURA CONVENCIONAL DE CONCRETO ARMADO EM UM EDIFÍCIO DE MÚLTIPLOS PAVIMENTOS UTILIZANDO AÇO CA-50 DE 16,0 MM - MONTAGEM. AF_12/2015","KG","COEFICIENTE DE REPRESENTATIVIDADE","12,42","CAIXA REFERENCIAL"]
["92774","ARMAÇÃO DE LAJE DE UMA ESTRUTURA CONVENCIONAL DE CONCRETO ARMADO EM UM EDIFÍCIO DE MÚLTIPLOS PAVIMENTOS UTILIZANDO AÇO CA-50 DE 20,0 MM - MONTAGEM. AF_12/2015","KG","COEFICIENTE DE REPRESENTATIVIDADE","14,30","CAIXA REFERENCIAL"]
["92775","ARMAÇÃO DE PILAR OU VIGA DE UMA ESTRUTURA CONVENCIONAL DE CONCRETO ARMADO EM UMA EDIFICAÇÃO TÉRREA OU SOBRADO UTILIZANDO AÇO CA-60 DE 5,0 MM - MONTAGEM. AF_12/2015","KG","COEFICIENTE DE REPRESENTATIVIDADE","20,15","CAIXA REFERENCIAL"]
["92776","ARMAÇÃO DE PILAR OU VIGA DE UMA ESTRUTURA CONVENCIONAL DE CONCRETO ARMADO EM UMA EDIFICAÇÃO TÉRREA OU SOBRADO UTILIZANDO AÇO CA-50 DE 6,3 MM - MONTAGEM. AF_12/2015","KG","COEFICIENTE DE REPRESENTATIVIDADE","19,33","CAIXA REFERENCIAL"]
["92777","ARMAÇÃO DE PILAR OU VIGA DE UMA ESTRUTURA CONVENCIONAL DE CONCRETO ARMADO EM UMA EDIFICAÇÃO TÉRREA OU SOBRADO UTILIZANDO AÇO CA-50 DE 8,0 MM - MONTAGEM. AF_12/2015","KG","COEFICIENTE DE REPRESENTATIVIDADE","18,31","CAIXA REFERENCIAL"]
["92778","ARMAÇÃO DE PILAR OU VIGA DE UMA ESTRUTURA CONVENCIONAL DE CONCRETO ARMADO EM UMA EDIFICAÇÃO TÉRREA OU SOBRADO UTILIZANDO AÇO CA-50 DE 10,0 MM - MONTAGEM. AF_12/2015","KG","COEFICIENTE DE REPRESENTATIVIDADE","16,47","CAIXA REFERENCIAL"]
["92779","ARMAÇÃO DE PILAR OU VIGA DE UMA ESTRUTURA CONVENCIONAL DE CONCRETO ARMADO EM UMA EDIFICAÇÃO TÉRREA OU SOBRADO UTILIZANDO AÇO CA-50 DE 12,5 MM - MONTAGEM. AF_12/2015","KG","COEFICIENTE DE REPRESENTATIVIDADE","13,92","CAIXA REFERENCIAL"]
["92780","ARMAÇÃO DE PILAR OU VIGA DE UMA ESTRUTURA CONVENCIONAL DE CONCRETO ARMADO EM UMA EDIFICAÇÃO TÉRREA OU SOBRADO UTILIZANDO AÇO CA-50 DE 16,0 MM - MONTAGEM. AF_12/2015","KG","COEFICIENTE DE REPRESENTATIVIDADE","13,25","CAIXA REFERENCIAL"]
["92781","ARMAÇÃO DE PILAR OU VIGA DE UMA ESTRUTURA CONVENCIONAL DE CONCRETO ARMADO EM UMA EDIFICAÇÃO TÉRREA OU SOBRADO UTILIZANDO AÇO CA-50 DE 20,0 MM - MONTAGEM. AF_12/2015","KG","COEFICIENTE DE REPRESENTATIVIDADE","14,87","CAIXA REFERENCIAL"]
["92782","ARMAÇÃO DE PILAR OU VIGA DE UMA ESTRUTURA CONVENCIONAL DE CONCRETO ARMADO EM UMA EDIFICAÇÃO TÉRREA OU SOBRADO UTILIZANDO AÇO CA-50 DE 25,0 MM - MONTAGEM. AF_12/2015","KG","COEFICIENTE DE REPRESENTATIVIDADE","14,52","CAIXA REFERENCIAL"]
["92783","ARMAÇÃO DE LAJE DE UMA ESTRUTURA CONVENCIONAL DE CONCRETO ARMADO EM UMA EDIFICAÇÃO TÉRREA OU SOBRADO UTILIZANDO AÇO CA-60 DE 4,2 MM - MONTAGEM. AF_12/2015","KG","COEFICIENTE DE REPRESENTATIVIDADE","20,02","CAIXA REFERENCIAL"]
["92784","ARMAÇÃO DE LAJE DE UMA ESTRUTURA CONVENCIONAL DE CONCRETO ARMADO EM UMA EDIFICAÇÃO TÉRREA OU SOBRADO UTILIZANDO AÇO CA-60 DE 5,0 MM - MONTAGEM. AF_12/2015","KG","COEFICIENTE DE REPRESENTATIVIDADE","18,18","CAIXA REFERENCIAL"]
["92785","ARMAÇÃO DE LAJE DE UMA ESTRUTURA CONVENCIONAL DE CONCRETO ARMADO EM UMA EDIFICAÇÃO TÉRREA OU SOBRADO UTILIZANDO AÇO CA-50 DE 6,3 MM - MONTAGEM. AF_12/2015","KG","COEFICIENTE DE REPRESENTATIVIDADE","17,80","CAIXA REFERENCIAL"]
["92786","ARMAÇÃO DE LAJE DE UMA ESTRUTURA CONVENCIONAL DE CONCRETO ARMADO EM UMA EDIFICAÇÃO TÉRREA OU SOBRADO UTILIZANDO AÇO CA-50 DE 8,0 MM - MONTAGEM. AF_12/2015","KG","COEFICIENTE DE REPRESENTATIVIDADE","17,13","CAIXA REFERENCIAL"]
["92787","ARMAÇÃO DE LAJE DE UMA ESTRUTURA CONVENCIONAL DE CONCRETO ARMADO EM UMA EDIFICAÇÃO TÉRREA OU SOBRADO UTILIZANDO AÇO CA-50 DE 10,0 MM - MONTAGEM. AF_12/2015","KG","COEFICIENTE DE REPRESENTATIVIDADE","15,55","CAIXA REFERENCIAL"]
["92788","ARMAÇÃO DE LAJE DE UMA ESTRUTURA CONVENCIONAL DE CONCRETO ARMADO EM UMA EDIFICAÇÃO TÉRREA OU SOBRADO UTILIZANDO AÇO CA-50 DE 12,5 MM - MONTAGEM. AF_12/2015","KG","COEFICIENTE DE REPRESENTATIVIDADE","13,20","CAIXA REFERENCIAL"]
["92789","ARMAÇÃO DE LAJE DE UMA ESTRUTURA CONVENCIONAL DE CONCRETO ARMADO EM UMA EDIFICAÇÃO TÉRREA OU SOBRADO UTILIZANDO AÇO CA-50 DE 16,0 MM - MONTAGEM. AF_12/2015","KG","COEFICIENTE DE REPRESENTATIVIDADE","12,72","CAIXA REFERENCIAL"]
["92790","ARMAÇÃO DE LAJE DE UMA ESTRUTURA CONVENCIONAL DE CONCRETO ARMADO EM UMA EDIFICAÇÃO TÉRREA OU SOBRADO UTILIZANDO AÇO CA-50 DE 20,0 MM - MONTAGEM. AF_12/2015","KG","COEFICIENTE DE REPRESENTATIVIDADE","14,49","CAIXA REFERENCIAL"]
["92791","CORTE E DOBRA DE AÇO CA-60, DIÂMETRO DE 5,0 MM, UTILIZADO EM ESTRUTURAS DIVERSAS, EXCETO LAJES. AF_12/2015","KG","COEFICIENTE DE REPRESENTATIVIDADE","13,72","CAIXA REFERENCIAL"]
["92792","CORTE E DOBRA DE AÇO CA-50, DIÂMETRO DE 6,3 MM, UTILIZADO EM ESTRUTURAS DIVERSAS, EXCETO LAJES. AF_12/2015","KG","COEFICIENTE DE REPRESENTATIVIDADE","14,23","CAIXA REFERENCIAL"]
["92793","CORTE E DOBRA DE AÇO CA-50, DIÂMETRO DE 8,0 MM, UTILIZADO EM ESTRUTURAS DIVERSAS, EXCETO LAJES. AF_12/2015","KG","COEFICIENTE DE REPRESENTATIVIDADE","14,33","CAIXA REFERENCIAL"]
["92794","CORTE E DOBRA DE AÇO CA-50, DIÂMETRO DE 10,0 MM, UTILIZADO EM ESTRUTURAS DIVERSAS, EXCETO LAJES. AF_12/2015","KG","COEFICIENTE DE REPRESENTATIVIDADE","13,32","CAIXA REFERENCIAL"]
["92795","CORTE E DOBRA DE AÇO CA-50, DIÂMETRO DE 12,5 MM, UTILIZADO EM ESTRUTURAS DIVERSAS, EXCETO LAJES. AF_12/2015","KG","COEFICIENTE DE REPRESENTATIVIDADE","11,43","CAIXA REFERENCIAL"]
["92796","CORTE E DOBRA DE AÇO CA-50, DIÂMETRO DE 16,0 MM, UTILIZADO EM ESTRUTURAS DIVERSAS, EXCETO LAJES. AF_12/2015","KG","COEFICIENTE DE REPRESENTATIVIDADE","11,35","CAIXA REFERENCIAL"]
["92797","CORTE E DOBRA DE AÇO CA-50, DIÂMETRO DE 20,0 MM, UTILIZADO EM ESTRUTURAS DIVERSAS, EXCETO LAJES. AF_12/2015","KG","COEFICIENTE DE REPRESENTATIVIDADE","13,38","CAIXA REFERENCIAL"]
["92798","CORTE E DOBRA DE AÇO CA-50, DIÂMETRO DE 25,0 MM, UTILIZADO EM ESTRUTURAS DIVERSAS, EXCETO LAJES. AF_12/2015","KG","COEFICIENTE DE REPRESENTATIVIDADE","13,36","CAIXA REFERENCIAL"]
["92799","CORTE E DOBRA DE AÇO CA-60, DIÂMETRO DE 4,2 MM, UTILIZADO EM LAJE. AF_12/2015","KG","COEFICIENTE DE REPRESENTATIVIDADE","14,10","CAIXA REFERENCIAL"]
["92800","CORTE E DOBRA DE AÇO CA-60, DIÂMETRO DE 5,0 MM, UTILIZADO EM LAJE. AF_12/2015","KG","COEFICIENTE DE REPRESENTATIVIDADE","13,26","CAIXA REFERENCIAL"]
["92801","CORTE E DOBRA DE AÇO CA-50, DIÂMETRO DE 6,3 MM, UTILIZADO EM LAJE. AF_12/2015","KG","COEFICIENTE DE REPRESENTATIVIDADE","13,97","CAIXA REFERENCIAL"]
["92802","CORTE E DOBRA DE AÇO CA-50, DIÂMETRO DE 8,0 MM, UTILIZADO EM LAJE. AF_12/2015","KG","COEFICIENTE DE REPRESENTATIVIDADE","14,18","CAIXA REFERENCIAL"]
["92803","CORTE E DOBRA DE AÇO CA-50, DIÂMETRO DE 10,0 MM, UTILIZADO EM LAJE. AF_12/2015","KG","COEFICIENTE DE REPRESENTATIVIDADE","13,23","CAIXA REFERENCIAL"]
["92804","CORTE E DOBRA DE AÇO CA-50, DIÂMETRO DE 12,5 MM, UTILIZADO EM LAJE. AF_12/2015","KG","COEFICIENTE DE REPRESENTATIVIDADE","11,38","CAIXA REFERENCIAL"]
["92805","CORTE E DOBRA DE AÇO CA-50, DIÂMETRO DE 16,0 MM, UTILIZADO EM LAJE. AF_12/2015","KG","COEFICIENTE DE REPRESENTATIVIDADE","11,32","CAIXA REFERENCIAL"]
["92806","CORTE E DOBRA DE AÇO CA-50, DIÂMETRO DE 20,0 MM, UTILIZADO EM LAJE. AF_12/2015","KG","COEFICIENTE DE REPRESENTATIVIDADE","13,36","CAIXA REFERENCIAL"]
["92875","CORTE E DOBRA DE AÇO CA-25, DIÂMETRO DE 6,3 MM. AF_12/2015","KG","COEFICIENTE DE REPRESENTATIVIDADE","13,04","CAIXA REFERENCIAL"]
["92876","CORTE E DOBRA DE AÇO CA-25, DIÂMETRO DE 8,0 MM. AF_12/2015","KG","COEFICIENTE DE REPRESENTATIVIDADE","13,02","CAIXA REFERENCIAL"]
["92877","CORTE E DOBRA DE AÇO CA-25, DIÂMETRO DE 10,0 MM. AF_12/2015","KG","COEFICIENTE DE REPRESENTATIVIDADE","14,28","CAIXA REFERENCIAL"]
["92878","CORTE E DOBRA DE AÇO CA-25, DIÂMETRO DE 12,5 MM. AF_12/2015","KG","COEFICIENTE DE REPRESENTATIVIDADE","14,14","CAIXA REFERENCIAL"]
["92879","CORTE E DOBRA DE AÇO CA-25, DIÂMETRO DE 16,0 MM. AF_12/2015","KG","COEFICIENTE DE REPRESENTATIVIDADE","14,06","CAIXA REFERENCIAL"]
["92880","CORTE E DOBRA DE AÇO CA-25, DIÂMETRO DE 20,0 MM. AF_12/2015","KG","COEFICIENTE DE REPRESENTATIVIDADE","14,40","CAIXA REFERENCIAL"]
["92881","CORTE E DOBRA DE AÇO CA-25, DIÂMETRO DE 25,0 MM. AF_12/2015","KG","COEFICIENTE DE REPRESENTATIVIDADE","14,38","CAIXA REFERENCIAL"]
["92882","ARMAÇÃO UTILIZANDO AÇO CA-25 DE 6,3 MM - MONTAGEM. AF_12/2015","KG","COEFICIENTE DE REPRESENTATIVIDADE","16,26","CAIXA REFERENCIAL"]
["92883","ARMAÇÃO UTILIZANDO AÇO CA-25 DE 8,0 MM - MONTAGEM. AF_12/2015","KG","COEFICIENTE DE REPRESENTATIVIDADE","15,60","CAIXA REFERENCIAL"]
["92884","ARMAÇÃO UTILIZANDO AÇO CA-25 DE 10,0 MM - MONTAGEM. AF_12/2015","KG","COEFICIENTE DE REPRESENTATIVIDADE","16,38","CAIXA REFERENCIAL"]
["92885","ARMAÇÃO UTILIZANDO AÇO CA-25 DE 12,5 MM - MONTAGEM. AF_12/2015","KG","COEFICIENTE DE REPRESENTATIVIDADE","15,86","CAIXA REFERENCIAL"]
["92886","ARMAÇÃO UTILIZANDO AÇO CA-25 DE 16,0 MM - MONTAGEM. AF_12/2015","KG","COEFICIENTE DE REPRESENTATIVIDADE","15,45","CAIXA REFERENCIAL"]
["92887","ARMAÇÃO UTILIZANDO AÇO CA-25 DE 20,0 MM - MONTAGEM. AF_12/2015","KG","COEFICIENTE DE REPRESENTATIVIDADE","15,55","CAIXA REFERENCIAL"]
["92888","ARMAÇÃO UTILIZANDO AÇO CA-25 DE 25,0 MM - MONTAGEM. AF_12/2015","KG","COEFICIENTE DE REPRESENTATIVIDADE","15,33","CAIXA REFERENCIAL"]
["92915","ARMAÇÃO DE ESTRUTURAS DE CONCRETO ARMADO, EXCETO VIGAS, PILARES, LAJES E FUNDAÇÕES, UTILIZANDO AÇO CA-60 DE 5,0 MM - MONTAGEM. AF_12/2015","KG","COEFICIENTE DE REPRESENTATIVIDADE","18,92","CAIXA REFERENCIAL"]
["92916","ARMAÇÃO DE ESTRUTURAS DE CONCRETO ARMADO, EXCETO VIGAS, PILARES, LAJES E FUNDAÇÕES, UTILIZANDO AÇO CA-50 DE 6,3 MM - MONTAGEM. AF_12/2015","KG","COEFICIENTE DE REPRESENTATIVIDADE","18,39","CAIXA REFERENCIAL"]
["92917","ARMAÇÃO DE ESTRUTURAS DE CONCRETO ARMADO, EXCETO VIGAS, PILARES, LAJES E FUNDAÇÕES, UTILIZANDO AÇO CA-50 DE 8,0 MM - MONTAGEM. AF_12/2015","KG","COEFICIENTE DE REPRESENTATIVIDADE","17,61","CAIXA REFERENCIAL"]
["92919","ARMAÇÃO DE ESTRUTURAS DE CONCRETO ARMADO, EXCETO VIGAS, PILARES, LAJES E FUNDAÇÕES, UTILIZANDO AÇO CA-50 DE 10,0 MM - MONTAGEM. AF_12/2015","KG","COEFICIENTE DE REPRESENTATIVIDADE","15,95","CAIXA REFERENCIAL"]
["92921","ARMAÇÃO DE ESTRUTURAS DE CONCRETO ARMADO, EXCETO VIGAS, PILARES, LAJES E FUNDAÇÕES, UTILIZANDO AÇO CA-50 DE 12,5 MM - MONTAGEM. AF_12/2015","KG","COEFICIENTE DE REPRESENTATIVIDADE","13,53","CAIXA REFERENCIAL"]
["92922","ARMAÇÃO DE ESTRUTURAS DE CONCRETO ARMADO, EXCETO VIGAS, PILARES, LAJES E FUNDAÇÕES, UTILIZANDO AÇO CA-50 DE 16,0 MM - MONTAGEM. AF_12/2015","KG","COEFICIENTE DE REPRESENTATIVIDADE","13,00","CAIXA REFERENCIAL"]
["92923","ARMAÇÃO DE ESTRUTURAS DE CONCRETO ARMADO, EXCETO VIGAS, PILARES, LAJES E FUNDAÇÕES, UTILIZANDO AÇO CA-50 DE 20,0 MM - MONTAGEM. AF_12/2015","KG","COEFICIENTE DE REPRESENTATIVIDADE","14,70","CAIXA REFERENCIAL"]
["92924","ARMAÇÃO DE ESTRUTURAS DE CONCRETO ARMADO, EXCETO VIGAS, PILARES, LAJES E FUNDAÇÕES, UTILIZANDO AÇO CA-50 DE 25,0 MM - MONTAGEM. AF_12/2015","KG","COEFICIENTE DE REPRESENTATIVIDADE","14,41","CAIXA REFERENCIAL"]
["95445","CORTE E DOBRA DE AÇO CA-60, DIÂMETRO DE 5,0 MM, UTILIZADO EM ESTRIBO CONTÍNUO HELICOIDAL. AF_09/2021","KG","COEFICIENTE DE REPRESENTATIVIDADE","12,42","CAIXA REFERENCIAL"]
["95446","CORTE E DOBRA DE AÇO CA-50, DIÂMETRO DE 6,3 MM, UTILIZADO EM ESTRIBO CONTÍNUO HELICOIDAL. AF_09/2021","KG","COEFICIENTE DE REPRESENTATIVIDADE","13,53","CAIXA REFERENCIAL"]
["95448","CORTE E DOBRA DE AÇO CA-50, DIÂMERO DE 32 MM, UTILIZADO EM ESTRUTURAS DIVERSAS, EXCETO LAJE. AF_10/2016","KG","COEFICIENTE DE REPRESENTATIVIDADE","14,69","CAIXA REFERENCIAL"]
["95576","MONTAGEM DE ARMADURA DE ESTACAS, DIÂMETRO = 8,0 MM. AF_09/2021","KG","COEFICIENTE DE REPRESENTATIVIDADE","16,52","CAIXA REFERENCIAL"]
["95577","MONTAGEM DE ARMADURA DE ESTACAS, DIÂMETRO = 10,0 MM. AF_09/2021","KG","COEFICIENTE DE REPRESENTATIVIDADE","14,66","CAIXA REFERENCIAL"]
["95578","MONTAGEM DE ARMADURA DE ESTACAS, DIÂMETRO = 12,5 MM. AF_09/2021","KG","COEFICIENTE DE REPRESENTATIVIDADE","12,42","CAIXA REFERENCIAL"]
["95579","MONTAGEM DE ARMADURA DE ESTACAS, DIÂMETRO = 16,0 MM. AF_09/2021","KG","COEFICIENTE DE REPRESENTATIVIDADE","12,19","CAIXA REFERENCIAL"]
["95580","MONTAGEM DE ARMADURA DE ESTACAS, DIÂMETRO = 20,0 MM. AF_09/2021","KG","COEFICIENTE DE REPRESENTATIVIDADE","14,16","CAIXA REFERENCIAL"]
["95581","MONTAGEM DE ARMADURA DE ESTACAS, DIÂMETRO = 25,0 MM. AF_09/2021","KG","COEFICIENTE DE REPRESENTATIVIDADE","14,12","CAIXA REFERENCIAL"]
["95582","MONTAGEM DE ARMADURA DE ESTACAS, DIÂMETRO = 32,0 MM. AF_09/2021","KG","COEFICIENTE DE REPRESENTATIVIDADE","15,44","CAIXA REFERENCIAL"]
["95583","MONTAGEM DE ARMADURA TRANSVERSAL DE ESTACAS DE SEÇÃO CIRCULAR, DIÂMETRO = 5,0 MM. AF_09/2021","KG","COEFICIENTE DE REPRESENTATIVIDADE","17,13","CAIXA REFERENCIAL"]
["95584","MONTAGEM DE ARMADURA TRANSVERSAL DE ESTACAS DE SEÇÃO CIRCULAR, DIÂMETRO = 6,30 MM. AF_09/2021","KG","COEFICIENTE DE REPRESENTATIVIDADE","16,70","CAIXA REFERENCIAL"]
["95592","MONTAGEM DE ARMADURA TRANVERSAL DE ESTACAS DE SEÇÃO RETANGULAR, DIÂMETRO = 5,0 MM. AF_09/2021","KG","COEFICIENTE DE REPRESENTATIVIDADE","18,43","CAIXA REFERENCIAL"]
["95593","MONTAGEM DE ARMADURA TRANSVERSAL DE ESTACAS DE SEÇÃO RETANGULAR, DIÂMETRO = 6,30 MM. AF_09/2021","KG","COEFICIENTE DE REPRESENTATIVIDADE","17,40","CAIXA REFERENCIAL"]
["95943","ARMAÇÃO DE ESCADA, DE UMA ESTRUTURA CONVENCIONAL DE CONCRETO ARMADO UTILIZANDO AÇO CA-60 DE 5,0 MM - MONTAGEM. AF_11/2020","KG","COEFICIENTE DE REPRESENTATIVIDADE","23,10","CAIXA REFERENCIAL"]
["95944","ARMAÇÃO DE ESCADA, DE UMA ESTRUTURA CONVENCIONAL DE CONCRETO ARMADO UTILIZANDO AÇO CA-50 DE 6,3 MM - MONTAGEM. AF_11/2020","KG","COEFICIENTE DE REPRESENTATIVIDADE","22,08","CAIXA REFERENCIAL"]
["95945","ARMAÇÃO DE ESCADA, DE UMA ESTRUTURA CONVENCIONAL DE CONCRETO ARMADO UTILIZANDO AÇO CA-50 DE 8,0 MM - MONTAGEM. AF_11/2020","KG","COEFICIENTE DE REPRESENTATIVIDADE","19,29","CAIXA REFERENCIAL"]
["95946","ARMAÇÃO DE ESCADA, DE UMA ESTRUTURA CONVENCIONAL DE CONCRETO ARMADO UTILIZANDO AÇO CA-50 DE 10,0 MM - MONTAGEM. AF_11/2020","KG","COEFICIENTE DE REPRESENTATIVIDADE","16,32","CAIXA REFERENCIAL"]
["95947","ARMAÇÃO DE ESCADA, DE UMA ESTRUTURA CONVENCIONAL DE CONCRETO ARMADO UTILIZANDO AÇO CA-50 DE 12,5 MM - MONTAGEM. AF_11/2020","KG","COEFICIENTE DE REPRESENTATIVIDADE","13,17","CAIXA REFERENCIAL"]
["95948","ARMAÇÃO DE ESCADA, DE UMA ESTRUTURA CONVENCIONAL DE CONCRETO ARMADO UTILIZANDO AÇO CA-50 DE 16,0 MM - MONTAGEM. AF_11/2020","KG","COEFICIENTE DE REPRESENTATIVIDADE","12,23","CAIXA REFERENCIAL"]
["96544","ARMAÇÃO DE BLOCO, VIGA BALDRAME OU SAPATA UTILIZANDO AÇO CA-50 DE 6,3 MM - MONTAGEM. AF_06/2017","KG","COEFICIENTE DE REPRESENTATIVIDADE","19,28","CAIXA REFERENCIAL"]
["96545","ARMAÇÃO DE BLOCO, VIGA BALDRAME OU SAPATA UTILIZANDO AÇO CA-50 DE 8 MM - MONTAGEM. AF_06/2017","KG","COEFICIENTE DE REPRESENTATIVIDADE","18,31","CAIXA REFERENCIAL"]
["96546","ARMAÇÃO DE BLOCO, VIGA BALDRAME OU SAPATA UTILIZANDO AÇO CA-50 DE 10 MM - MONTAGEM. AF_06/2017","KG","COEFICIENTE DE REPRESENTATIVIDADE","16,54","CAIXA REFERENCIAL"]
["96547","ARMAÇÃO DE BLOCO, VIGA BALDRAME OU SAPATA UTILIZANDO AÇO CA-50 DE 12,5 MM - MONTAGEM. AF_06/2017","KG","COEFICIENTE DE REPRESENTATIVIDADE","14,04","CAIXA REFERENCIAL"]
["96548","ARMAÇÃO DE BLOCO, VIGA BALDRAME OU SAPATA UTILIZANDO AÇO CA-50 DE 16 MM - MONTAGEM. AF_06/2017","KG","COEFICIENTE DE REPRESENTATIVIDADE","13,43","CAIXA REFERENCIAL"]
["96549","ARMAÇÃO DE BLOCO, VIGA BALDRAME OU SAPATA UTILIZANDO AÇO CA-50 DE 20 MM - MONTAGEM. AF_06/2017","KG","COEFICIENTE DE REPRESENTATIVIDADE","15,11","CAIXA REFERENCIAL"]
["96550","ARMAÇÃO DE BLOCO, VIGA BALDRAME OU SAPATA UTILIZANDO AÇO CA-50 DE 25 MM - MONTAGEM. AF_06/2017","KG","COEFICIENTE DE REPRESENTATIVIDADE","14,79","CAIXA REFERENCIAL"]
["100064","ARMAÇÃO DO SISTEMA DE PAREDES DE CONCRETO, EXECUTADA COMO ARMADURA POSITIVA DE LAJES, TELA Q-159. AF_06/2019","KG","COEFICIENTE DE REPRESENTATIVIDADE","19,09","CAIXA REFERENCIAL"]
["100066","ARMAÇÃO DO SISTEMA DE PAREDES DE CONCRETO, EXECUTADA COMO ARMADURA POSITIVA DE LAJES, TELA Q-196. AF_06/2019","KG","COEFICIENTE DE REPRESENTATIVIDADE","19,16","CAIXA REFERENCIAL"]
["100067","ARMAÇÃO DO SISTEMA DE PAREDES DE CONCRETO, EXECUTADA COMO REFORÇO, VERGALHÃO DE 5,0 MM DE DIÂMETRO. AF_06/2019","KG","COEFICIENTE DE REPRESENTATIVIDADE","15,26","CAIXA REFERENCIAL"]
["100068","ARMAÇÃO DO SISTEMA DE PAREDES DE CONCRETO, EXECUTADA COMO REFORÇO, VERGALHÃO DE 12,5 MM DE DIÂMETRO. AF_06/2019","KG","COEFICIENTE DE REPRESENTATIVIDADE","12,51","CAIXA REFERENCIAL"]
["102920","ARMAÇÃO DE CINTA DE ALVENARIA ESTRUTURAL; DIÂMETRO DE 12,5 MM. AF_09/2021","KG","COEFICIENTE DE REPRESENTATIVIDADE","11,19","CAIXA REFERENCIAL"]
["102921","ARMAÇÃO VERTICAL DE ALVENARIA ESTRUTURAL; DIÂMETRO DE 16,0 MM. AF_09/2021","KG","COEFICIENTE DE REPRESENTATIVIDADE","10,94","CAIXA REFERENCIAL"]
["102922","ARMAÇÃO DE VERGA E CONTRAVERGA DE ALVENARIA ESTRUTURAL; DIÂMETRO DE 16,0 MM. AF_09/2021","KG","COEFICIENTE DE REPRESENTATIVIDADE","11,63","CAIXA REFERENCIAL"]
["102923","ARMAÇÃO DE CINTA DE ALVENARIA ESTRUTURAL; DIÂMETRO DE 16,0 MM. AF_09/2021","KG","COEFICIENTE DE REPRESENTATIVIDADE","10,78","CAIXA REFERENCIAL"]
["103088","ARMAÇÃO DE VERGA E CONTRAVERGA DE ALVENARIA ESTRUTURAL; DIÂMETRO DE 12,5 MM. AF_09/2021","KG","COEFICIENTE DE REPRESENTATIVIDADE","12,57","CAIXA REFERENCIAL"]
["89993","GRAUTEAMENTO VERTICAL EM ALVENARIA ESTRUTURAL. AF_09/2021","M3","ATRIBUÍDO SÃO PAULO","765,18","CAIXA REFERENCIAL"]
["89994","GRAUTEAMENTO DE CINTA INTERMEDIÁRIA OU DE CONTRAVERGA EM ALVENARIA ESTRUTURAL. AF_09/2021","M3","ATRIBUÍDO SÃO PAULO","653,80","CAIXA REFERENCIAL"]
["89995","GRAUTEAMENTO DE CINTA SUPERIOR OU DE VERGA EM ALVENARIA ESTRUTURAL. AF_09/2021","M3","ATRIBUÍDO SÃO PAULO","736,69","CAIXA REFERENCIAL"]
["90278","GRAUTE FGK=15 MPA; TRAÇO 1:0,04:2,2:2,5 (EM MASSA SECA DE CIMENTO/CAL/AREIA GROSSA/BRITA 0) - PREPARO MECÂNICO COM BETONEIRA 400 L. AF_09/2021","M3","ATRIBUÍDO SÃO PAULO","372,56","CAIXA REFERENCIAL"]
["90279","GRAUTE FGK=20 MPA; TRAÇO 1:0,04:1,8:2,1 (EM MASSA SECA DE CIMENTO/ CAL/ AREIA GROSSA/ BRITA 0) - PREPARO MECÂNICO COM BETONEIRA 400 L. AF_09/2021","M3","ATRIBUÍDO SÃO PAULO","413,43","CAIXA REFERENCIAL"]
["90280","GRAUTE FGK=25 MPA; TRAÇO 1:0,02:1,3:1,6 (EM MASSA SECA DE CIMENTO/ CAL/ AREIA GROSSA/ BRITA 0) - PREPARO MECÂNICO COM BETONEIRA 400 L. AF_09/2021","M3","ATRIBUÍDO SÃO PAULO","459,26","CAIXA REFERENCIAL"]
["90281","GRAUTE FGK=30 MPA; TRAÇO 1:0,02:0,9:1,2 (EM MASSA SECA DE CIMENTO/ CAL/ AREIA GROSSA/ BRITA 0) - PREPARO MECÂNICO COM BETONEIRA 400 L. AF_09/2021","M3","ATRIBUÍDO SÃO PAULO","536,52","CAIXA REFERENCIAL"]
["90282","GRAUTE FGK=15 MPA; TRAÇO 1:2,2:2,5:0,3 (EM MASSA SECA DE CIMENTO/ AREIA GROSSA/ BRITA 0/ ADITIVO) - PREPARO MECÂNICO COM BETONEIRA 400 L. AF_09/2021","M3","ATRIBUÍDO SÃO PAULO","362,87","CAIXA REFERENCIAL"]
["90283","GRAUTE FGK=20 MPA; TRAÇO 1:1,8:2,1:0,4 (EM MASSA SECA DE CIMENTO/ AREIA GROSSA/ BRITA 0/ ADITIVO) - PREPARO MECÂNICO COM BETONEIRA 400 L. AF_09/2021","M3","ATRIBUÍDO SÃO PAULO","403,65","CAIXA REFERENCIAL"]
["90284","GRAUTE FGK=25 MPA; TRAÇO 1:1,3:1,6:0,4 (EM MASSA SECA DE CIMENTO/ AREIA GROSSA/ BRITA 0/ ADITIVO) - PREPARO MECÂNICO COM BETONEIRA 400 L. AF_09/2021","M3","ATRIBUÍDO SÃO PAULO","453,16","CAIXA REFERENCIAL"]
["90285","GRAUTE FGK=30 MPA; TRAÇO 1:0,9:1,2:0,6 (EM MASSA SECA DE CIMENTO/ AREIA GROSSA/ BRITA 0/ ADITIVO) - PREPARO MECÂNICO COM BETONEIRA 400 L. AF_09/2021","M3","ATRIBUÍDO SÃO PAULO","535,14","CAIXA REFERENCIAL"]
["92718","CONCRETAGEM DE PILARES, FCK = 25 MPA,  COM USO DE BALDES EM EDIFICAÇÃO COM SEÇÃO MÉDIA DE PILARES MENOR OU IGUAL A 0,25 M² - LANÇAMENTO, ADENSAMENTO E ACABAMENTO. AF_12/2015","M3","ATRIBUÍDO SÃO PAULO","531,74","CAIXA REFERENCIAL"]
["92719","CONCRETAGEM DE PILARES, FCK = 25 MPA, COM USO DE GRUA EM EDIFICAÇÃO COM SEÇÃO MÉDIA DE PILARES MENOR OU IGUAL A 0,25 M² - LANÇAMENTO, ADENSAMENTO E ACABAMENTO. AF_12/2015","M3","ATRIBUÍDO SÃO PAULO","395,19","CAIXA REFERENCIAL"]
["92720","CONCRETAGEM DE PILARES, FCK = 25 MPA, COM USO DE BOMBA EM EDIFICAÇÃO COM SEÇÃO MÉDIA DE PILARES MENOR OU IGUAL A 0,25 M² - LANÇAMENTO, ADENSAMENTO E ACABAMENTO. AF_12/2015","M3","ATRIBUÍDO SÃO PAULO","420,63","CAIXA REFERENCIAL"]
["92721","CONCRETAGEM DE PILARES, FCK = 25 MPA, COM USO DE GRUA EM EDIFICAÇÃO COM SEÇÃO MÉDIA DE PILARES MAIOR QUE 0,25 M² - LANÇAMENTO, ADENSAMENTO E ACABAMENTO. AF_12/2015","M3","ATRIBUÍDO SÃO PAULO","386,83","CAIXA REFERENCIAL"]
["92722","CONCRETAGEM DE PILARES, FCK = 25 MPA, COM USO DE BOMBA EM EDIFICAÇÃO COM SEÇÃO MÉDIA DE PILARES MAIOR QUE 0,25 M² - LANÇAMENTO, ADENSAMENTO E ACABAMENTO. AF_12/2015","M3","ATRIBUÍDO SÃO PAULO","417,23","CAIXA REFERENCIAL"]
["92723","CONCRETAGEM DE VIGAS E LAJES, FCK=20 MPA, PARA LAJES PREMOLDADAS COM USO DE BOMBA EM EDIFICAÇÃO COM ÁREA MÉDIA DE LAJES MENOR OU IGUAL A 20 M² - LANÇAMENTO, ADENSAMENTO E ACABAMENTO. AF_12/2015","M3","ATRIBUÍDO SÃO PAULO","409,95","CAIXA REFERENCIAL"]
["92724","CONCRETAGEM DE VIGAS E LAJES, FCK=20 MPA, PARA LAJES PREMOLDADAS COM USO DE BOMBA EM EDIFICAÇÃO COM ÁREA MÉDIA DE LAJES MAIOR QUE 20 M² - LANÇAMENTO, ADENSAMENTO E ACABAMENTO. AF_12/2015","M3","ATRIBUÍDO SÃO PAULO","406,85","CAIXA REFERENCIAL"]
["92725","CONCRETAGEM DE VIGAS E LAJES, FCK=20 MPA, PARA LAJES MACIÇAS OU NERVURADAS COM USO DE BOMBA EM EDIFICAÇÃO COM ÁREA MÉDIA DE LAJES MENOR OU IGUAL A 20 M² - LANÇAMENTO, ADENSAMENTO E ACABAMENTO. AF_12/2015","M3","ATRIBUÍDO SÃO PAULO","405,54","CAIXA REFERENCIAL"]
["92726","CONCRETAGEM DE VIGAS E LAJES, FCK=20 MPA, PARA LAJES MACIÇAS OU NERVURADAS COM USO DE BOMBA EM EDIFICAÇÃO COM ÁREA MÉDIA DE LAJES MAIOR QUE 20 M² - LANÇAMENTO, ADENSAMENTO E ACABAMENTO. AF_12/2015","M3","ATRIBUÍDO SÃO PAULO","403,36","CAIXA REFERENCIAL"]
["92727","CONCRETAGEM DE VIGAS E LAJES, FCK=20 MPA, PARA LAJES PREMOLDADAS COM JERICAS EM ELEVADOR DE CABO EM EDIFICAÇÃO DE MULTIPAVIMENTOS ATÉ 16 ANDARES, COM ÁREA MÉDIA DE LAJES MENOR OU IGUAL A 20 M² - LANÇAMENTO, ADENSAMENTO E ACABAMENTO. AF_12/2015","M3","ATRIBUÍDO SÃO PAULO","470,23","CAIXA REFERENCIAL"]
["92728","CONCRETAGEM DE VIGAS E LAJES, FCK=20 MPA, PARA LAJES PREMOLDADAS COM JERICAS EM ELEVADOR DE CABO EM EDIFICAÇÃO DE MULTIPAVIMENTOS ATÉ 16 ANDARES, COM ÁREA MÉDIA DE LAJES MAIOR QUE 20 M² - LANÇAMENTO, ADENSAMENTO E ACABAMENTO. AF_12/2015","M3","ATRIBUÍDO SÃO PAULO","448,68","CAIXA REFERENCIAL"]
["92729","CONCRETAGEM DE VIGAS E LAJES, FCK=20 MPA, PARA LAJES MACIÇAS OU NERVURADAS COM JERICAS EM ELEVADOR DE CABO EM EDIFICAÇÃO DE ATÉ 16 ANDARES, COM ÁREA MÉDIA DE LAJES MENOR OU IGUAL A 20 M² - LANÇAMENTO, ADENSAMENTO E ACABAMENTO. AF_12/2015","M3","ATRIBUÍDO SÃO PAULO","439,56","CAIXA REFERENCIAL"]
["92730","CONCRETAGEM DE VIGAS E LAJES, FCK=20 MPA, PARA LAJES MACIÇAS OU NERVURADAS COM JERICAS EM ELEVADOR DE CABO EM EDIFICAÇÃO DE MULTIPAVIMENTOS ATÉ 16 ANDARES, COM ÁREA MÉDIA DE LAJES MAIOR QUE 20 M² - LANÇAMENTO, ADENSAMENTO E ACABAMENTO. AF_12/2015","M3","ATRIBUÍDO SÃO PAULO","424,35","CAIXA REFERENCIAL"]
["92731","CONCRETAGEM DE VIGAS E LAJES, FCK=20 MPA, PARA LAJES PREMOLDADAS COM JERICAS EM CREMALHEIRA EM EDIFICAÇÃO DE MULTIPAVIMENTOS ATÉ 16 ANDARES, COM ÁREA MÉDIA DE LAJES MENOR OU IGUAL A 20 M² - LANÇAMENTO, ADENSAMENTO E ACABAMENTO. AF_12/2015","M3","ATRIBUÍDO SÃO PAULO","441,67","CAIXA REFERENCIAL"]
["92732","CONCRETAGEM DE VIGAS E LAJES, FCK=20 MPA, PARA LAJES PREMOLDADAS COM JERICAS EM CREMALHEIRA EM EDIFICAÇÃO DE MULTIPAVIMENTOS ATÉ 16 ANDARES, COM ÁREA MÉDIA DE LAJES MAIOR QUE 20 M² - LANÇAMENTO, ADENSAMENTO E ACABAMENTO. AF_12/2015","M3","ATRIBUÍDO SÃO PAULO","426,95","CAIXA REFERENCIAL"]
["92733","CONCRETAGEM DE VIGAS E LAJES, FCK=20 MPA, PARA LAJES MACIÇAS OU NERVURADAS COM JERICAS EM CREMALHEIRA EM EDIFICAÇÃO DE MULTIPAVIMENTOS ATÉ 16 ANDARES, COM ÁREA MÉDIA DE LAJES MENOR OU IGUAL A 20 M² - LANÇAMENTO, ADENSAMENTO E ACABAMENTO. AF_12/2015","M3","ATRIBUÍDO SÃO PAULO","420,68","CAIXA REFERENCIAL"]
["92734","CONCRETAGEM DE VIGAS E LAJES, FCK=20 MPA, PARA LAJES MACIÇAS OU NERVURADAS COM JERICAS EM CREMALHEIRA EM EDIFICAÇÃO DE MULTIPAVIMENTOS ATÉ 16 ANDARES, COM ÁREA MÉDIA DE LAJES MAIOR QUE 20 M² - LANÇAMENTO, ADENSAMENTO E ACABAMENTO. AF_12/2015","M3","ATRIBUÍDO SÃO PAULO","410,31","CAIXA REFERENCIAL"]
["92735","CONCRETAGEM DE VIGAS E LAJES, FCK=20 MPA, PARA LAJES PREMOLDADAS COM GRUA DE CAÇAMBA DE 350 L EM EDIFICAÇÃO DE MULTIPAVIMENTOS ATÉ 16 ANDARES, COM ÁREA MÉDIA DE LAJES MENOR OU IGUAL A 20 M² - LANÇAMENTO, ADENSAMENTO E ACABAMENTO. AF_12/2015","M3","ATRIBUÍDO SÃO PAULO","418,57","CAIXA REFERENCIAL"]
["92736","CONCRETAGEM DE VIGAS E LAJES, FCK=20 MPA, PARA LAJES PREMOLDADAS COM GRUA DE CAÇAMBA DE 350 L EM EDIFICAÇÃO DE MULTIPAVIMENTOS ATÉ 16 ANDARES, COM ÁREA MÉDIA DE LAJES MAIOR QUE 20 M² - LANÇAMENTO, ADENSAMENTO E ACABAMENTO. AF_12/2015","M3","ATRIBUÍDO SÃO PAULO","406,94","CAIXA REFERENCIAL"]
["92739","CONCRETAGEM DE VIGAS E LAJES, FCK=20 MPA, PARA LAJES MACIÇAS OU NERVURADAS COM GRUA DE CAÇAMBA DE 500 L EM EDIFICAÇÃO DE MULTIPAVIMENTOS ATÉ 16 ANDARES, COM ÁREA MÉDIA DE LAJES MENOR OU IGUAL A 20 M² - LANÇAMENTO, ADENSAMENTO E ACABAMENTO. AF_12/2015","M3","ATRIBUÍDO SÃO PAULO","390,06","CAIXA REFERENCIAL"]
["92740","CONCRETAGEM DE VIGAS E LAJES, FCK=20 MPA, PARA LAJES MACIÇAS OU NERVURADAS COM GRUA DE CAÇAMBA DE 500 L EM EDIFICAÇÃO DE MULTIPAVIMENTOS ATÉ 16 ANDARES, COM ÁREA MÉDIA DE LAJES MAIOR QUE 20 M² - LANÇAMENTO, ADENSAMENTO E ACABAMENTO. AF_12/2015","M3","ATRIBUÍDO SÃO PAULO","384,29","CAIXA REFERENCIAL"]
["92741","CONCRETAGEM DE VIGAS E LAJES, FCK=20 MPA, PARA QUALQUER TIPO DE LAJE COM BALDES EM EDIFICAÇÃO TÉRREA, COM ÁREA MÉDIA DE LAJES MENOR OU IGUAL A 20 M² - LANÇAMENTO, ADENSAMENTO E ACABAMENTO. AF_12/2015","M3","ATRIBUÍDO SÃO PAULO","589,80","CAIXA REFERENCIAL"]
["92742","CONCRETAGEM DE VIGAS E LAJES, FCK=20 MPA, PARA QUALQUER TIPO DE LAJE COM BALDES EM EDIFICAÇÃO DE MULTIPAVIMENTOS ATÉ 04 ANDARES, COM ÁREA MÉDIA DE LAJES MENOR OU IGUAL A 20 M² - LANÇAMENTO, ADENSAMENTO E ACABAMENTO. AF_12/2015","M3","ATRIBUÍDO SÃO PAULO","806,68","CAIXA REFERENCIAL"]
["92873","LANÇAMENTO COM USO DE BALDES, ADENSAMENTO E ACABAMENTO DE CONCRETO EM ESTRUTURAS. AF_12/2015","M3","ATRIBUÍDO SÃO PAULO","168,84","CAIXA REFERENCIAL"]
["92874","LANÇAMENTO COM USO DE BOMBA, ADENSAMENTO E ACABAMENTO DE CONCRETO EM ESTRUTURAS. AF_12/2015","M3","ATRIBUÍDO SÃO PAULO","27,48","CAIXA REFERENCIAL"]
["94962","CONCRETO MAGRO PARA LASTRO, TRAÇO 1:4,5:4,5 (EM MASSA SECA DE CIMENTO/ AREIA MÉDIA/ BRITA 1) - PREPARO MECÂNICO COM BETONEIRA 400 L. AF_05/2021","M3","ATRIBUÍDO SÃO PAULO","267,88","CAIXA REFERENCIAL"]
["94963","CONCRETO FCK = 15MPA, TRAÇO 1:3,4:3,5 (EM MASSA SECA DE CIMENTO/ AREIA MÉDIA/ BRITA 1) - PREPARO MECÂNICO COM BETONEIRA 400 L. AF_05/2021","M3","ATRIBUÍDO SÃO PAULO","300,63","CAIXA REFERENCIAL"]
["94964","CONCRETO FCK = 20MPA, TRAÇO 1:2,7:3 (EM MASSA SECA DE CIMENTO/ AREIA MÉDIA/ BRITA 1) - PREPARO MECÂNICO COM BETONEIRA 400 L. AF_05/2021","M3","ATRIBUÍDO SÃO PAULO","333,04","CAIXA REFERENCIAL"]
["94965","CONCRETO FCK = 25MPA, TRAÇO 1:2,3:2,7 (EM MASSA SECA DE CIMENTO/ AREIA MÉDIA/ BRITA 1) - PREPARO MECÂNICO COM BETONEIRA 400 L. AF_05/2021","M3","ATRIBUÍDO SÃO PAULO","347,88","CAIXA REFERENCIAL"]
["94966","CONCRETO FCK = 30MPA, TRAÇO 1:2,1:2,5 (EM MASSA SECA DE CIMENTO/ AREIA MÉDIA/ BRITA 1) - PREPARO MECÂNICO COM BETONEIRA 400 L. AF_05/2021","M3","ATRIBUÍDO SÃO PAULO","361,00","CAIXA REFERENCIAL"]
["94967","CONCRETO FCK = 40MPA, TRAÇO 1:1,6:1,9 (EM MASSA SECA DE CIMENTO/ AREIA MÉDIA/ BRITA 1) - PREPARO MECÂNICO COM BETONEIRA 400 L. AF_05/2021","M3","ATRIBUÍDO SÃO PAULO","416,32","CAIXA REFERENCIAL"]
["94968","CONCRETO MAGRO PARA LASTRO, TRAÇO 1:4,5:4,5 (EM MASSA SECA DE CIMENTO/ AREIA MÉDIA/ BRITA 1) - PREPARO MECÂNICO COM BETONEIRA 600 L. AF_05/2021","M3","ATRIBUÍDO SÃO PAULO","265,32","CAIXA REFERENCIAL"]
["94969","CONCRETO FCK = 15MPA, TRAÇO 1:3,4:3,5 (EM MASSA SECA DE CIMENTO/ AREIA MÉDIA/ BRITA 1) - PREPARO MECÂNICO COM BETONEIRA 600 L. AF_05/2021","M3","ATRIBUÍDO SÃO PAULO","295,71","CAIXA REFERENCIAL"]
["94970","CONCRETO FCK = 20MPA, TRAÇO 1:2,7:3 (EM MASSA SECA DE CIMENTO/ AREIA MÉDIA/ BRITA 1) - PREPARO MECÂNICO COM BETONEIRA 600 L. AF_05/2021","M3","ATRIBUÍDO SÃO PAULO","322,87","CAIXA REFERENCIAL"]
["94971","CONCRETO FCK = 25MPA, TRAÇO 1:2,3:2,7 (EM MASSA SECA DE CIMENTO/ AREIA MÉDIA/ BRITA 1) - PREPARO MECÂNICO COM BETONEIRA 600 L. AF_05/2021","M3","ATRIBUÍDO SÃO PAULO","342,76","CAIXA REFERENCIAL"]
["94972","CONCRETO FCK = 30MPA, TRAÇO 1:2,1:2,5 (EM MASSA SECA DE CIMENTO/ AREIA MÉDIA/ BRITA 1) - PREPARO MECÂNICO COM BETONEIRA 600 L. AF_05/2021","M3","ATRIBUÍDO SÃO PAULO","355,91","CAIXA REFERENCIAL"]
["94973","CONCRETO FCK = 40MPA, TRAÇO 1:1,6:1,9 (EM MASSA SECA DE CIMENTO/ AREIA MÉDIA/ BRITA 1) - PREPARO MECÂNICO COM BETONEIRA 600 L. AF_05/2021","M3","ATRIBUÍDO SÃO PAULO","409,71","CAIXA REFERENCIAL"]
["94974","CONCRETO MAGRO PARA LASTRO, TRAÇO 1:4,5:4,5 (EM MASSA SECA DE CIMENTO/ AREIA MÉDIA/ BRITA 1) - PREPARO MANUAL. AF_05/2021","M3","COEFICIENTE DE REPRESENTATIVIDADE","305,65","CAIXA REFERENCIAL"]
["94975","CONCRETO FCK = 15MPA, TRAÇO 1:3,4:3,5 (EM MASSA SECA DE CIMENTO/ AREIA MÉDIA/ BRITA 1) - PREPARO MANUAL. AF_05/2021","M3","COEFICIENTE DE REPRESENTATIVIDADE","335,23","CAIXA REFERENCIAL"]
["96555","CONCRETAGEM DE BLOCOS DE COROAMENTO E VIGAS BALDRAME, FCK 30 MPA, COM USO DE JERICA \u0096 LANÇAMENTO, ADENSAMENTO E ACABAMENTO. AF_06/2017","M3","ATRIBUÍDO SÃO PAULO","500,62","CAIXA REFERENCIAL"]
["96556","CONCRETAGEM DE SAPATAS, FCK 30 MPA, COM USO DE JERICA \u0096 LANÇAMENTO, ADENSAMENTO E ACABAMENTO. AF_06/2017","M3","ATRIBUÍDO SÃO PAULO","569,22","CAIXA REFERENCIAL"]
["96557","CONCRETAGEM DE BLOCOS DE COROAMENTO E VIGAS BALDRAMES, FCK 30 MPA, COM USO DE BOMBA \u0096 LANÇAMENTO, ADENSAMENTO E ACABAMENTO. AF_06/2017","M3","ATRIBUÍDO SÃO PAULO","439,12","CAIXA REFERENCIAL"]
["96558","CONCRETAGEM DE SAPATAS, FCK 30 MPA, COM USO DE BOMBA \u0096 LANÇAMENTO, ADENSAMENTO E ACABAMENTO. AF_11/2016","M3","ATRIBUÍDO SÃO PAULO","445,10","CAIXA REFERENCIAL"]
["99235","CONCRETAGEM DE EDIFICAÇÕES (PAREDES E LAJES) FEITAS COM SISTEMA DE FÔRMAS MANUSEÁVEIS, COM CONCRETO USINADO AUTOADENSÁVEL FCK 25 MPA - LANÇAMENTO E ACABAMENTO. AF_06/2015","M3","COEFICIENTE DE REPRESENTATIVIDADE","429,35","CAIXA REFERENCIAL"]
["99431","CONCRETAGEM DE LAJES EM EDIFICAÇÕES UNIFAMILIARES FEITAS COM SISTEMA DE FÔRMAS MANUSEÁVEIS, COM CONCRETO USINADO BOMBEÁVEL FCK 25 MPA - LANÇAMENTO, ADENSAMENTO E ACABAMENTO (EXCLUSIVE BOMBA LANÇA). AF_06/2015","M3","ATRIBUÍDO SÃO PAULO","448,70","CAIXA REFERENCIAL"]
["99432","CONCRETAGEM DE PAREDES EM EDIFICAÇÕES UNIFAMILIARES FEITAS COM SISTEMA DE FÔRMAS MANUSEÁVEIS, COM CONCRETO USINADO BOMBEÁVEL FCK 25 MPA - LANÇAMENTO, ADENSAMENTO E ACABAMENTO (EXCLUSIVE BOMBA LANÇA). AF_06/2015","M3","ATRIBUÍDO SÃO PAULO","434,97","CAIXA REFERENCIAL"]
["99433","CONCRETAGEM DE PLATIBANDA EM EDIFICAÇÕES UNIFAMILIARES FEITAS COM SISTEMA DE FÔRMAS MANUSEÁVEIS, COM CONCRETO USINADO BOMBEÁVEL FCK 25 MPA, - LANÇAMENTO, ADENSAMENTO E ACABAMENTO (EXCLUSIVE BOMBA LANÇA). AF_06/2015","M3","ATRIBUÍDO SÃO PAULO","476,22","CAIXA REFERENCIAL"]
["99434","CONCRETAGEM DE LAJES EM EDIFICAÇÕES MULTIFAMILIARES FEITAS COM SISTEMA DE FÔRMAS MANUSEÁVEIS, COM CONCRETO USINADO BOMBEÁVEL FCK 25 MPA - LANÇAMENTO, ADENSAMENTO E ACABAMENTO (EXCLUSIVE BOMBA LANÇA). AF_06/2015","M3","ATRIBUÍDO SÃO PAULO","452,49","CAIXA REFERENCIAL"]
["99435","CONCRETAGEM DE PAREDES EM EDIFICAÇÕES MULTIFAMILIARES FEITAS COM SISTEMA DE FÔRMAS MANUSEÁVEIS, COM CONCRETO USINADO BOMBEÁVEL FCK 25 MPA - LANÇAMENTO, ADENSAMENTO E ACABAMENTO (EXCLUSIVE BOMBA LANÇA). AF_06/2015","M3","ATRIBUÍDO SÃO PAULO","437,47","CAIXA REFERENCIAL"]
["99436","CONCRETAGEM DE PLATIBANDA EM EDIFICAÇÕES MULTIFAMILIARES FEITAS COM SISTEMA DE FÔRMAS MANUSEÁVEIS, COM CONCRETO USINADO BOMBEÁVEL FCK 25 MPA - LANÇAMENTO, ADENSAMENTO E ACABAMENTO (EXCLUSIVE BOMBA LANÇA). AF_06/2015","M3","ATRIBUÍDO SÃO PAULO","493,59","CAIXA REFERENCIAL"]
["99437","CONCRETAGEM DE PLATIBANDA EM EDIFICAÇÕES UNIFAMILIARES FEITAS COM SISTEMA DE FÔRMAS MANUSEÁVEIS, COM CONCRETO USINADO AUTOADENSÁVEL FCK 25 MPA - LANÇAMENTO E ACABAMENTO. AF_06/2015","M3","COEFICIENTE DE REPRESENTATIVIDADE","456,71","CAIXA REFERENCIAL"]
["99438","CONCRETAGEM DE PLATIBANDA EM EDIFICAÇÕES MULTIFAMILIARES FEITAS COM SISTEMA DE FÔRMAS MANUSEÁVEIS, COM CONCRETO USINADO AUTOADENSÁVEL FCK 25 MPA - LANÇAMENTO E ACABAMENTO. AF_06/2015","M3","COEFICIENTE DE REPRESENTATIVIDADE","461,94","CAIXA REFERENCIAL"]
["99439","CONCRETAGEM DE EDIFICAÇÕES (PAREDES E LAJES) FEITAS COM SISTEMA DE FÔRMAS MANUSEÁVEIS, COM CONCRETO USINADO BOMBEÁVEL FCK 25 MPA - LANÇAMENTO, ADENSAMENTO E ACABAMENTO (EXCLUSIVE BOMBA LANÇA). AF_06/2015","M3","ATRIBUÍDO SÃO PAULO","441,66","CAIXA REFERENCIAL"]
["102473","CONCRETO MAGRO PARA LASTRO, TRAÇO 1:4,5:4,5 (EM MASSA SECA DE CIMENTO/ AREIA MÉDIA/ SEIXO ROLADO) - PREPARO MECÂNICO COM BETONEIRA 400 L. AF_05/2021","M3","ATRIBUÍDO SÃO PAULO","286,75","CAIXA REFERENCIAL"]
["102474","CONCRETO FCK = 15MPA, TRAÇO 1:3,4:3,4 (EM MASSA SECA DE CIMENTO/ AREIA MÉDIA/ SEIXO ROLADO) - PREPARO MECÂNICO COM BETONEIRA 400 L. AF_05/2021","M3","ATRIBUÍDO SÃO PAULO","319,22","CAIXA REFERENCIAL"]
["102475","CONCRETO FCK = 20MPA, TRAÇO 1:2,6:2,9 (EM MASSA SECA DE CIMENTO/ AREIA MÉDIA/ SEIXO ROLADO) - PREPARO MECÂNICO COM BETONEIRA 400 L. AF_05/2021","M3","ATRIBUÍDO SÃO PAULO","354,52","CAIXA REFERENCIAL"]
["102476","CONCRETO FCK = 25MPA, TRAÇO 1:2,2:2,5 (EM MASSA SECA DE CIMENTO/ AREIA MÉDIA/ SEIXO ROLADO) - PREPARO MECÂNICO COM BETONEIRA 400 L. AF_05/2021","M3","ATRIBUÍDO SÃO PAULO","369,60","CAIXA REFERENCIAL"]
["102477","CONCRETO FCK = 30MPA, TRAÇO 1:1,9:2,3 (EM MASSA SECA DE CIMENTO/ AREIA MÉDIA/ SEIXO ROLADO) - PREPARO MECÂNICO COM BETONEIRA 400 L. AF_05/2021","M3","ATRIBUÍDO SÃO PAULO","396,87","CAIXA REFERENCIAL"]
["102478","CONCRETO FCK = 40MPA, TRAÇO 1:1,4:1,8 (EM MASSA SECA DE CIMENTO/ AREIA MÉDIA/ SEIXO ROLADO) - PREPARO MECÂNICO COM BETONEIRA 400 L. AF_05/2021","M3","ATRIBUÍDO SÃO PAULO","440,81","CAIXA REFERENCIAL"]
["102479","CONCRETO MAGRO PARA LASTRO, TRAÇO 1:4,5:4,5 (EM MASSA SECA DE CIMENTO/ AREIA MÉDIA/ SEIXO ROLADO) - PREPARO MECÂNICO COM BETONEIRA 600 L. AF_05/2021","M3","ATRIBUÍDO SÃO PAULO","284,07","CAIXA REFERENCIAL"]
["102480","CONCRETO FCK = 15MPA, TRAÇO 1:3,4:3,4 (EM MASSA SECA DE CIMENTO/ AREIA MÉDIA/ SEIXO ROLADO) - PREPARO MECÂNICO COM BETONEIRA 600 L. AF_05/2021","M3","ATRIBUÍDO SÃO PAULO","314,35","CAIXA REFERENCIAL"]
["102481","CONCRETO FCK = 20MPA, TRAÇO 1:2,6:2,9 (EM MASSA SECA DE CIMENTO/ AREIA MÉDIA/ SEIXO ROLADO) - PREPARO MECÂNICO COM BETONEIRA 600 L. AF_05/2021","M3","ATRIBUÍDO SÃO PAULO","344,12","CAIXA REFERENCIAL"]
["102482","CONCRETO FCK = 25MPA, TRAÇO 1:2,2:2,5 (EM MASSA SECA DE CIMENTO/ AREIA MÉDIA/ SEIXO ROLADO) - PREPARO MECÂNICO COM BETONEIRA 600 L. AF_05/2021","M3","ATRIBUÍDO SÃO PAULO","367,05","CAIXA REFERENCIAL"]
["102483","CONCRETO FCK = 30MPA, TRAÇO 1:1,9:2,3 (EM MASSA SECA DE CIMENTO/ AREIA MÉDIA/ SEIXO ROLADO) - PREPARO MECÂNICO COM BETONEIRA 600 L. AF_05/2021","M3","ATRIBUÍDO SÃO PAULO","390,61","CAIXA REFERENCIAL"]
["102484","CONCRETO FCK = 40MPA, TRAÇO 1:1,4:1,8 (EM MASSA SECA DE CIMENTO/ AREIA MÉDIA/ SEIXO ROLADO) - PREPARO MECÂNICO COM BETONEIRA 600 L. AF_05/2021","M3","ATRIBUÍDO SÃO PAULO","440,00","CAIXA REFERENCIAL"]
["102485","CONCRETO MAGRO PARA LASTRO, TRAÇO 1:4,5:4,5 (EM MASSA SECA DE CIMENTO/ AREIA MÉDIA/ SEIXO ROLADO) - PREPARO MANUAL. AF_05/2021","M3","COEFICIENTE DE REPRESENTATIVIDADE","323,92","CAIXA REFERENCIAL"]
["102486","CONCRETO FCK = 15MPA, TRAÇO 1:3,4:3,4 (EM MASSA SECA DE CIMENTO/ AREIA MÉDIA/ SEIXO ROLADO) - PREPARO MANUAL. AF_05/2021","M3","COEFICIENTE DE REPRESENTATIVIDADE","353,08","CAIXA REFERENCIAL"]
["102487","CONCRETO CICLÓPICO FCK = 15MPA, 30% PEDRA DE MÃO EM VOLUME REAL, INCLUSIVE LANÇAMENTO. AF_05/2021","M3","ATRIBUÍDO SÃO PAULO","413,40","CAIXA REFERENCIAL"]
["101963","LAJE PRÉ-MOLDADA UNIDIRECIONAL, BIAPOIADA, PARA PISO, ENCHIMENTO EM CERÂMICA, VIGOTA CONVENCIONAL, ALTURA TOTAL DA LAJE (ENCHIMENTO+CAPA) = (8+4). AF_11/2020","M2","ATRIBUÍDO SÃO PAULO","159,87","CAIXA REFERENCIAL"]
["101964","LAJE PRÉ-MOLDADA UNIDIRECIONAL, BIAPOIADA, PARA FORRO, ENCHIMENTO EM CERÂMICA, VIGOTA CONVENCIONAL, ALTURA TOTAL DA LAJE (ENCHIMENTO+CAPA) = (8+3). AF_11/2020","M2","ATRIBUÍDO SÃO PAULO","149,62","CAIXA REFERENCIAL"]
["101165","ALVENARIA DE EMBASAMENTO COM BLOCO ESTRUTURAL DE CONCRETO, DE 14X19X29CM E ARGAMASSA DE ASSENTAMENTO COM PREPARO EM BETONEIRA. AF_05/2020","M3","ATRIBUÍDO SÃO PAULO","714,66","CAIXA REFERENCIAL"]
["101166","ALVENARIA DE EMBASAMENTO COM BLOCO ESTRUTURAL DE CERÂMICA, DE 14X19X29CM E ARGAMASSA DE ASSENTAMENTO COM PREPARO EM BETONEIRA. AF_05/2020","M3","ATRIBUÍDO SÃO PAULO","474,32","CAIXA REFERENCIAL"]
["98575","TRATAMENTO DE JUNTA DE DILATAÇÃO, COM TARUGO DE POLIETILENO E SELANTE PU, INCLUSO PREENCHIMENTO COM ESPUMA EXPANSIVA PU. AF_06/2018","M","COEFICIENTE DE REPRESENTATIVIDADE","85,68","CAIXA REFERENCIAL"]
["98576","TRATAMENTO DE JUNTA DE DILATAÇÃO COM MANTA ASFÁLTICA ADERIDA COM MAÇARICO. AF_06/2018","M","COEFICIENTE DE REPRESENTATIVIDADE","21,68","CAIXA REFERENCIAL"]
["98577","TRATAMENTO DE JUNTA SERRADA, COM TARUGO DE POLIETILENO E SELANTE À BASE DE SILICONE. AF_06/2018","M","COEFICIENTE DE REPRESENTATIVIDADE","38,33","CAIXA REFERENCIAL"]
["93182","VERGA PRÉ-MOLDADA PARA JANELAS COM ATÉ 1,5 M DE VÃO. AF_03/2016","M","ATRIBUÍDO SÃO PAULO","46,64","CAIXA REFERENCIAL"]
["93183","VERGA PRÉ-MOLDADA PARA JANELAS COM MAIS DE 1,5 M DE VÃO. AF_03/2016","M","ATRIBUÍDO SÃO PAULO","60,33","CAIXA REFERENCIAL"]
["93184","VERGA PRÉ-MOLDADA PARA PORTAS COM ATÉ 1,5 M DE VÃO. AF_03/2016","M","ATRIBUÍDO SÃO PAULO","34,20","CAIXA REFERENCIAL"]
["93185","VERGA PRÉ-MOLDADA PARA PORTAS COM MAIS DE 1,5 M DE VÃO. AF_03/2016","M","ATRIBUÍDO SÃO PAULO","59,48","CAIXA REFERENCIAL"]
["93186","VERGA MOLDADA IN LOCO EM CONCRETO PARA JANELAS COM ATÉ 1,5 M DE VÃO. AF_03/2016","M","ATRIBUÍDO SÃO PAULO","86,24","CAIXA REFERENCIAL"]
["93187","VERGA MOLDADA IN LOCO EM CONCRETO PARA JANELAS COM MAIS DE 1,5 M DE VÃO. AF_03/2016","M","ATRIBUÍDO SÃO PAULO","99,50","CAIXA REFERENCIAL"]
["93188","VERGA MOLDADA IN LOCO EM CONCRETO PARA PORTAS COM ATÉ 1,5 M DE VÃO. AF_03/2016","M","ATRIBUÍDO SÃO PAULO","79,60","CAIXA REFERENCIAL"]
["93189","VERGA MOLDADA IN LOCO EM CONCRETO PARA PORTAS COM MAIS DE 1,5 M DE VÃO. AF_03/2016","M","ATRIBUÍDO SÃO PAULO","100,33","CAIXA REFERENCIAL"]
["93190","VERGA MOLDADA IN LOCO COM UTILIZAÇÃO DE BLOCOS CANALETA PARA JANELAS COM ATÉ 1,5 M DE VÃO. AF_03/2016","M","ATRIBUÍDO SÃO PAULO","40,05","CAIXA REFERENCIAL"]
["93191","VERGA MOLDADA IN LOCO COM UTILIZAÇÃO DE BLOCOS CANALETA PARA JANELAS COM MAIS DE 1,5 M DE VÃO. AF_03/2016","M","ATRIBUÍDO SÃO PAULO","43,13","CAIXA REFERENCIAL"]
["93192","VERGA MOLDADA IN LOCO COM UTILIZAÇÃO DE BLOCOS CANALETA PARA PORTAS COM ATÉ 1,5 M DE VÃO. AF_03/2016","M","ATRIBUÍDO SÃO PAULO","43,63","CAIXA REFERENCIAL"]
["93193","VERGA MOLDADA IN LOCO COM UTILIZAÇÃO DE BLOCOS CANALETA PARA PORTAS COM MAIS DE 1,5 M DE VÃO. AF_03/2016","M","ATRIBUÍDO SÃO PAULO","44,09","CAIXA REFERENCIAL"]
["93194","CONTRAVERGA PRÉ-MOLDADA PARA VÃOS DE ATÉ 1,5 M DE COMPRIMENTO. AF_03/2016","M","ATRIBUÍDO SÃO PAULO","45,63","CAIXA REFERENCIAL"]
["93195","CONTRAVERGA PRÉ-MOLDADA PARA VÃOS DE MAIS DE 1,5 M DE COMPRIMENTO. AF_03/2016","M","ATRIBUÍDO SÃO PAULO","55,31","CAIXA REFERENCIAL"]
["93196","CONTRAVERGA MOLDADA IN LOCO EM CONCRETO PARA VÃOS DE ATÉ 1,5 M DE COMPRIMENTO. AF_03/2016","M","ATRIBUÍDO SÃO PAULO","83,77","CAIXA REFERENCIAL"]
["93197","CONTRAVERGA MOLDADA IN LOCO EM CONCRETO PARA VÃOS DE MAIS DE 1,5 M DE COMPRIMENTO. AF_03/2016","M","ATRIBUÍDO SÃO PAULO","93,61","CAIXA REFERENCIAL"]
["93198","CONTRAVERGA MOLDADA IN LOCO COM UTILIZAÇÃO DE BLOCOS CANALETA PARA VÃOS DE ATÉ 1,5 M DE COMPRIMENTO. AF_03/2016","M","ATRIBUÍDO SÃO PAULO","34,15","CAIXA REFERENCIAL"]
["93199","CONTRAVERGA MOLDADA IN LOCO COM UTILIZAÇÃO DE BLOCOS CANALETA PARA VÃOS DE MAIS DE 1,5 M DE COMPRIMENTO. AF_03/2016","M","ATRIBUÍDO SÃO PAULO","33,68","CAIXA REFERENCIAL"]
["93200","FIXAÇÃO (ENCUNHAMENTO) DE ALVENARIA DE VEDAÇÃO COM ARGAMASSA APLICADA COM BISNAGA. AF_03/2016","M","ATRIBUÍDO SÃO PAULO","2,44","CAIXA REFERENCIAL"]
["93201","FIXAÇÃO (ENCUNHAMENTO) DE ALVENARIA DE VEDAÇÃO COM ARGAMASSA APLICADA COM COLHER. AF_03/2016","M","ATRIBUÍDO SÃO PAULO","5,10","CAIXA REFERENCIAL"]
["93202","FIXAÇÃO (ENCUNHAMENTO) DE ALVENARIA DE VEDAÇÃO COM TIJOLO MACIÇO. AF_03/2016","M","ATRIBUÍDO SÃO PAULO","20,05","CAIXA REFERENCIAL"]
["93203","FIXAÇÃO (ENCUNHAMENTO) DE ALVENARIA DE VEDAÇÃO COM ESPUMA DE POLIURETANO EXPANSIVA. AF_03/2016","M","COLETADO","12,63","CAIXA REFERENCIAL"]
["93204","CINTA DE AMARRAÇÃO DE ALVENARIA MOLDADA IN LOCO EM CONCRETO. AF_03/2016","M","ATRIBUÍDO SÃO PAULO","61,67","CAIXA REFERENCIAL"]
["93205","CINTA DE AMARRAÇÃO DE ALVENARIA MOLDADA IN LOCO COM UTILIZAÇÃO DE BLOCOS CANALETA. AF_03/2016","M","ATRIBUÍDO SÃO PAULO","34,64","CAIXA REFERENCIAL"]
["95952","(COMPOSIÇÃO REPRESENTATIVA) EXECUÇÃO DE ESTRUTURAS DE CONCRETO ARMADO CONVENCIONAL, PARA EDIFICAÇÃO HABITACIONAL MULTIFAMILIAR (PRÉDIO), FCK = 25 MPA. AF_01/2017","M3","ATRIBUÍDO SÃO PAULO","2.088,47","CAIXA REFERENCIAL"]
["95953","(COMPOSIÇÃO REPRESENTATIVA) EXECUÇÃO DE ESTRUTURAS DE CONCRETO ARMADO, PARA EDIFICAÇÃO HABITACIONAL UNIFAMILIAR COM DOIS PAVIMENTOS (CASA ISOLADA), FCK = 25 MPA. AF_01/2017","M3","ATRIBUÍDO SÃO PAULO","3.273,81","CAIXA REFERENCIAL"]
["95954","(COMPOSIÇÃO REPRESENTATIVA) EXECUÇÃO DE ESTRUTURAS DE CONCRETO ARMADO, PARA EDIFICAÇÃO HABITACIONAL UNIFAMILIAR COM DOIS PAVIMENTOS (CASA EM EMPREENDIMENTOS), FCK = 25 MPA. AF_01/2017","M3","ATRIBUÍDO SÃO PAULO","2.485,95","CAIXA REFERENCIAL"]
["95955","(COMPOSIÇÃO REPRESENTATIVA) EXECUÇÃO DE ESTRUTURAS DE CONCRETO ARMADO, PARA EDIFICAÇÃO HABITACIONAL UNIFAMILIAR TÉRREA (CASA ISOLADA), FCK = 25 MPA. AF_01/2017","M3","ATRIBUÍDO SÃO PAULO","2.951,93","CAIXA REFERENCIAL"]
["95956","(COMPOSIÇÃO REPRESENTATIVA) EXECUÇÃO DE ESTRUTURAS DE CONCRETO ARMADO, PARA EDIFICAÇÃO HABITACIONAL UNIFAMILIAR TÉRREA (CASA EM EMPREENDIMENTOS), FCK = 25 MPA. AF_01/2017","M3","ATRIBUÍDO SÃO PAULO","2.438,47","CAIXA REFERENCIAL"]
["95957","(COMPOSIÇÃO REPRESENTATIVA) EXECUÇÃO DE ESTRUTURAS DE CONCRETO ARMADO, PARA EDIFICAÇÃO INSTITUCIONAL TÉRREA, FCK = 25 MPA. AF_01/2017","M3","ATRIBUÍDO SÃO PAULO","3.108,23","CAIXA REFERENCIAL"]
["95969","(COMPOSIÇÃO REPRESENTATIVA) EXECUÇÃO DE ESCADA EM CONCRETO ARMADO, MOLDADA IN LOCO, FCK = 25 MPA. AF_02/2017","M3","ATRIBUÍDO SÃO PAULO","2.715,40","CAIXA REFERENCIAL"]
["97733","PEÇA RETANGULAR PRÉ-MOLDADA, VOLUME DE CONCRETO DE ATÉ 10 LITROS, TAXA DE AÇO APROXIMADA DE 30KG/M³. AF_01/2018","M3","ATRIBUÍDO SÃO PAULO","2.846,88","CAIXA REFERENCIAL"]
["97734","PEÇA RETANGULAR PRÉ-MOLDADA, VOLUME DE CONCRETO DE 10 A 30 LITROS, TAXA DE AÇO APROXIMADA DE 30KG/M³. AF_01/2018","M3","ATRIBUÍDO SÃO PAULO","2.418,88","CAIXA REFERENCIAL"]
["97735","PEÇA RETANGULAR PRÉ-MOLDADA, VOLUME DE CONCRETO DE 30 A 100 LITROS, TAXA DE AÇO APROXIMADA DE 30KG/M³. AF_01/2018","M3","ATRIBUÍDO SÃO PAULO","2.036,22","CAIXA REFERENCIAL"]
["97736","PEÇA RETANGULAR PRÉ-MOLDADA, VOLUME DE CONCRETO ACIMA DE 100 LITROS, TAXA DE AÇO APROXIMADA DE 30KG/M³. AF_01/2018","M3","ATRIBUÍDO SÃO PAULO","1.334,61","CAIXA REFERENCIAL"]
["97737","PEÇA RETANGULAR PRÉ-MOLDADA, VOLUME DE CONCRETO DE 30 A 70 LITROS , TAXA DE AÇO APROXIMADA DE 70KG/M³. AF_01/2018","M3","ATRIBUÍDO SÃO PAULO","3.009,48","CAIXA REFERENCIAL"]
["97738","PEÇA CIRCULAR PRÉ-MOLDADA, VOLUME DE CONCRETO DE 10 A 30 LITROS, TAXA DE FIBRA DE POLIPROPILENO APROXIMADA DE 6 KG/M³. AF_01/2018_P","M3","ATRIBUÍDO SÃO PAULO","3.424,41","CAIXA REFERENCIAL"]
["97739","PEÇA CIRCULAR PRÉ-MOLDADA, VOLUME DE CONCRETO DE 30 A 100 LITROS, TAXA DE AÇO APROXIMADA DE 30KG/M³. AF_01/2018","M3","ATRIBUÍDO SÃO PAULO","2.257,09","CAIXA REFERENCIAL"]
["97740","PEÇA CIRCULAR PRÉ-MOLDADA, VOLUME DE CONCRETO ACIMA DE 100 LITROS, TAXA DE AÇO APROXIMADA DE 30KG/M³. AF_01/2018","M3","ATRIBUÍDO SÃO PAULO","1.711,63","CAIXA REFERENCIAL"]
["98615","CONTENÇÃO EM CORTINA COM ESTACAS ESPAÇADAS COM 30 CM DE DIÂMETRO E PROFUNDIDADE MENOR OU IGUAL A 10 M. AF_06/2018","M2","ATRIBUÍDO SÃO PAULO","108,53","CAIXA REFERENCIAL"]
["98616","CONTENÇÃO EM CORTINA COM ESTACAS ESPAÇADAS COM 30 CM DE DIÂMETRO E PROFUNDIDADE MAIOR QUE 10 M E MENOR OU IGUAL A 15 M. AF_06/2018","M2","ATRIBUÍDO SÃO PAULO","83,21","CAIXA REFERENCIAL"]
["98617","CONTENÇÃO EM CORTINA COM ESTACAS ESPAÇADAS COM 30 CM DE DIÂMETRO E PROFUNDIDADE MAIOR QUE 15 M. AF_06/2018","M2","ATRIBUÍDO SÃO PAULO","75,85","CAIXA REFERENCIAL"]
["98618","CONTENÇÃO EM CORTINA COM ESTACAS ESPAÇADAS COM 40 CM DE DIÂMETRO E PROFUNDIDADE MENOR OU IGUAL A 10 M. AF_06/2018","M2","ATRIBUÍDO SÃO PAULO","104,68","CAIXA REFERENCIAL"]
["98619","CONTENÇÃO EM CORTINA COM ESTACAS ESPAÇADAS COM 40 CM DE DIÂMETRO E PROFUNDIDADE MAIOR QUE 10 M E MENOR OU IGUAL A 15 M. AF_06/2018","M2","ATRIBUÍDO SÃO PAULO","93,55","CAIXA REFERENCIAL"]
["98620","CONTENÇÃO EM CORTINA COM ESTACAS ESPAÇADAS COM 40 CM DE DIÂMETRO E PROFUNDIDADE MAIOR QUE 15 M. AF_06/2018","M2","ATRIBUÍDO SÃO PAULO","87,94","CAIXA REFERENCIAL"]
["98621","CONTENÇÃO EM CORTINA COM ESTACAS ESPAÇADAS COM 50 CM DE DIÂMETRO E PROFUNDIDADE MENOR OU IGUAL A 10 M. AF_06/2018","M2","ATRIBUÍDO SÃO PAULO","116,36","CAIXA REFERENCIAL"]
["98622","CONTENÇÃO EM CORTINA COM ESTACAS ESPAÇADAS COM 50 CM DE DIÂMETRO E PROFUNDIDADE MAIOR QUE 10 M E MENOR OU IGUAL A 15 M. AF_06/2018","M2","ATRIBUÍDO SÃO PAULO","107,43","CAIXA REFERENCIAL"]
["98623","CONTENÇÃO EM CORTINA COM ESTACAS ESPAÇADAS COM 50 CM DE DIÂMETRO E PROFUNDIDADE MAIOR QUE 15 M. AF_06/2018","M2","ATRIBUÍDO SÃO PAULO","102,90","CAIXA REFERENCIAL"]
["98624","CONTENÇÃO EM CORTINA COM ESTACAS ESPAÇADAS COM 60 CM DE DIÂMETRO E PROFUNDIDADE MENOR OU IGUAL A 10 M. AF_06/2018","M2","ATRIBUÍDO SÃO PAULO","129,64","CAIXA REFERENCIAL"]
["98625","CONTENÇÃO EM CORTINA COM ESTACAS ESPAÇADAS COM 60 CM DE DIÂMETRO E PROFUNDIDADE MAIOR QUE 10 M E MENOR OU IGUAL A 15 M. AF_06/2018","M2","ATRIBUÍDO SÃO PAULO","122,13","CAIXA REFERENCIAL"]
["98626","CONTENÇÃO EM CORTINA COM ESTACAS ESPAÇADAS COM 60 CM DE DIÂMETRO E PROFUNDIDADE MAIOR QUE 15 M. AF_06/2018","M2","ATRIBUÍDO SÃO PAULO","118,26","CAIXA REFERENCIAL"]
["98655","EXECUÇÃO DE MURETA GUIA PARA CONTENÇÃO/ FUNDAÇÃO COM 30 CM DE ESPESSURA. AF_06/2018","M","ATRIBUÍDO SÃO PAULO","603,67","CAIXA REFERENCIAL"]
["98656","EXECUÇÃO DE MURETA GUIA PARA CONTENÇÃO/ FUNDAÇÃO COM 40 CM DE ESPESSURA. AF_06/2018","M","ATRIBUÍDO SÃO PAULO","610,26","CAIXA REFERENCIAL"]
["98657","EXECUÇÃO DE MURETA GUIA PARA CONTENÇÃO/ FUNDAÇÃO COM 50 CM DE ESPESSURA. AF_06/2018","M","ATRIBUÍDO SÃO PAULO","616,86","CAIXA REFERENCIAL"]
["98658","EXECUÇÃO DE MURETA GUIA PARA CONTENÇÃO/ FUNDAÇÃO COM 60 CM DE ESPESSURA. AF_06/2018","M","ATRIBUÍDO SÃO PAULO","623,46","CAIXA REFERENCIAL"]
["98659","EXECUÇÃO DE MURETA GUIA PARA CONTENÇÃO/ FUNDAÇÃO COM 80 CM DE ESPESSURA. AF_06/2018","M","ATRIBUÍDO SÃO PAULO","636,66","CAIXA REFERENCIAL"]
["98746","SOLDA DE TOPO EM CHAPA/PERFIL/TUBO DE AÇO CHANFRADO, ESPESSURA=1/4''. AF_06/2018","M","COEFICIENTE DE REPRESENTATIVIDADE","53,28","CAIXA REFERENCIAL"]
["98749","SOLDA DE TOPO EM CHAPA/PERFIL/TUBO DE AÇO CHANFRADO, ESPESSURA=5/16''. AF_06/2018","M","COEFICIENTE DE REPRESENTATIVIDADE","63,84","CAIXA REFERENCIAL"]
["98750","SOLDA DE TOPO EM CHAPA/PERFIL/TUBO DE AÇO CHANFRADO, ESPESSURA=3/8''. AF_06/2018","M","COEFICIENTE DE REPRESENTATIVIDADE","76,62","CAIXA REFERENCIAL"]
["98751","SOLDA DE TOPO EM CHAPA/PERFIL/TUBO DE AÇO CHANFRADO, ESPESSURA=1/2''. AF_06/2018","M","COEFICIENTE DE REPRESENTATIVIDADE","109,99","CAIXA REFERENCIAL"]
["98752","SOLDA DE TOPO EM CHAPA/PERFIL/TUBO DE AÇO CHANFRADO, ESPESSURA=5/8''. AF_06/2018","M","COEFICIENTE DE REPRESENTATIVIDADE","150,19","CAIXA REFERENCIAL"]
["98753","SOLDA DE TOPO EM CHAPA/PERFIL/TUBO DE AÇO CHANFRADO, ESPESSURA=3/4''. AF_06/2018","M","COEFICIENTE DE REPRESENTATIVIDADE","200,19","CAIXA REFERENCIAL"]
["100763","VIGA METÁLICA EM PERFIL LAMINADO OU SOLDADO EM AÇO ESTRUTURAL, COM CONEXÕES PARAFUSADAS, INCLUSOS MÃO DE OBRA, TRANSPORTE E IÇAMENTO UTILIZANDO GUINDASTE - FORNECIMENTO E INSTALAÇÃO. AF_01/2020_P","KG","ATRIBUÍDO SÃO PAULO","22,99","CAIXA REFERENCIAL"]
["100764","VIGA METÁLICA EM PERFIL LAMINADO OU SOLDADO EM AÇO ESTRUTURAL, COM CONEXÕES SOLDADAS, INCLUSOS MÃO DE OBRA, TRANSPORTE E IÇAMENTO UTILIZANDO GUINDASTE - FORNECIMENTO E INSTALAÇÃO. AF_01/2020_P","KG","ATRIBUÍDO SÃO PAULO","22,80","CAIXA REFERENCIAL"]
["100765","PILAR METÁLICO PERFIL LAMINADO/SOLDADO EM AÇO ESTRUTURAL, COM CONEXÕES PARAFUSADAS, INCLUSOS MÃO DE OBRA, TRANSPORTE E IÇAMENTO UTILIZANDO GUINDASTE - FORNECIMENTO E INSTALAÇÃO. AF_01/2020_P","KG","ATRIBUÍDO SÃO PAULO","22,69","CAIXA REFERENCIAL"]
["100766","PILAR METÁLICO PERFIL LAMINADO OU SOLDADO EM AÇO ESTRUTURAL, COM CONEXÕES SOLDADAS, INCLUSOS MÃO DE OBRA, TRANSPORTE E IÇAMENTO UTILIZANDO GUINDASTE - FORNECIMENTO E INSTALAÇÃO. AF_01/2020_P","KG","ATRIBUÍDO SÃO PAULO","22,86","CAIXA REFERENCIAL"]
["100767","CONTRAVENTAMENTO COM CANTONEIRAS DE AÇO, ABAS IGUAIS, COM CONEXÕES PARAFUSADAS, INCLUSOS MÃO DE OBRA, TRANSPORTE E IÇAMENTO UTILIZANDO TALHA MANUAL, PARA EDIFÍCIOS DE ATÉ 2 PAVIMENTOS - FORNECIMENTO E INSTALAÇÃO. AF_01/2020_P","KG","ATRIBUÍDO SÃO PAULO","21,47","CAIXA REFERENCIAL"]
["100768","CONTRAVENTAMENTO COM CANTONEIRAS DE AÇO, ABAS IGUAIS, COM CONEXÕES SOLDADAS, INCLUSOS MÃO DE OBRA, TRANSPORTE E IÇAMENTO UTILIZANDO TALHA MANUAL, PARA EDIFÍCIOS DE ATÉ 2 PAVIMENTOS - FORNECIMENTO E INSTALAÇÃO. AF_01/2020_P","KG","ATRIBUÍDO SÃO PAULO","26,18","CAIXA REFERENCIAL"]
["100769","CONTRAVENTAMENTO COM CANTONEIRAS DE AÇO, ABAS IGUAIS, COM CONEXÕES PARAFUSADAS, INCLUSOS MÃO DE OBRA, TRANSPORTE E IÇAMENTO UTILIZANDO GUINDASTE, PARA EDIFÍCIOS DE 3 A 5 PAVIMENTOS - FORNECIMENTO E INSTALAÇÃO. AF_01/2020_P","KG","ATRIBUÍDO SÃO PAULO","28,65","CAIXA REFERENCIAL"]
["100770","CONTRAVENTAMENTO COM CANTONEIRAS DE AÇO, ABAS IGUAIS, COM CONEXÕES SOLDADAS, INCLUSOS MÃO DE OBRA, TRANSPORTE E IÇAMENTO UTILIZANDO GUINDASTE, PARA EDIFÍCIOS DE 3 A 5 PAVIMENTOS - FORNECIMENTO E INSTALAÇÃO. AF_01/2020_P","KG","ATRIBUÍDO SÃO PAULO","27,86","CAIXA REFERENCIAL"]
["100771","CONTRAVENTAMENTO COM CANTONEIRAS DE AÇO, ABAS IGUAIS, COM CONEXÕES PARAFUSADAS, INCLUSOS MÃO DE OBRA, TRANSPORTE E IÇAMENTO UTILIZANDO GRUA, PARA EDIFÍCIOS DE 6 A 10 PAVIMENTOS - FORNECIMENTO E INSTALAÇÃO. AF_01/2020_P","KG","ATRIBUÍDO SÃO PAULO","33,01","CAIXA REFERENCIAL"]
["100772","CONTRAVENTAMENTO COM CANTONEIRAS DE AÇO, ABAS IGUAIS, COM CONEXÕES SOLDADAS, INCLUSOS MÃO DE OBRA, TRANSPORTE E IÇAMENTO UTILIZANDO GRUA, PARA EDIFÍCIOS DE 6 A 10 PAVIMENTOS - FORNECIMENTO E INSTALAÇÃO. AF_01/2020_P","KG","ATRIBUÍDO SÃO PAULO","21,53","CAIXA REFERENCIAL"]
["100773","ESTRUTURA TRELIÇADA DE COBERTURA, TIPO ARCO, COM LIGAÇÕES SOLDADAS, INCLUSOS PERFIS METÁLICOS, CHAPAS METÁLICAS, MÃO DE OBRA E TRANSPORTE COM GUINDASTE - FORNECIMENTO E INSTALAÇÃO. AF_01/2020_P","KG","ATRIBUÍDO SÃO PAULO","24,63","CAIXA REFERENCIAL"]
["100774","ESTRUTURA TRELIÇADA DE COBERTURA, TIPO SHED, COM LIGAÇÕES SOLDADAS, INCLUSOS PERFIS METÁLICOS, CHAPAS METÁLICAS, MÃO DE OBRA E TRANSPORTE COM GUINDASTE - FORNECIMENTO E INSTALAÇÃO. AF_01/2020_P","KG","ATRIBUÍDO SÃO PAULO","17,26","CAIXA REFERENCIAL"]
["100775","ESTRUTURA TRELIÇADA DE COBERTURA, TIPO FINK, COM LIGAÇÕES SOLDADAS, INCLUSOS PERFIS METÁLICOS, CHAPAS METÁLICAS, MÃO DE OBRA E TRANSPORTE COM GUINDASTE - FORNECIMENTO E INSTALAÇÃO. AF_01/2020_P","KG","ATRIBUÍDO SÃO PAULO","19,16","CAIXA REFERENCIAL"]
["100776","ESTRUTURA TRELIÇADA DE COBERTURA, TIPO ARCO, COM LIGAÇÕES PARAFUSADAS, INCLUSOS PERFIS METÁLICOS, CHAPAS METÁLICAS, MÃO DE OBRA E TRANSPORTE COM GUINDASTE - FORNECIMENTO E INSTALAÇÃO. AF_01/2020_P","KG","ATRIBUÍDO SÃO PAULO","24,68","CAIXA REFERENCIAL"]
["100777","ESTRUTURA TRELIÇADA DE COBERTURA, TIPO SHED, COM LIGAÇÕES PARAFUSADAS, INCLUSOS PERFIS METÁLICOS, CHAPAS METÁLICAS, MÃO DE OBRA E TRANSPORTE COM GUINDASTE - FORNECIMENTO E INSTALAÇÃO. AF_01/2020_P","KG","ATRIBUÍDO SÃO PAULO","20,30","CAIXA REFERENCIAL"]
["100778","ESTRUTURA TRELIÇADA DE COBERTURA, TIPO FINK, COM LIGAÇÕES PARAFUSADAS, INCLUSOS PERFIS METÁLICOS, CHAPAS METÁLICAS, MÃO DE OBRA E TRANSPORTE COM GUINDASTE - FORNECIMENTO E INSTALAÇÃO. AF_01/2020_P","KG","ATRIBUÍDO SÃO PAULO","15,70","CAIXA REFERENCIAL"]
["98560","IMPERMEABILIZAÇÃO DE PISO COM ARGAMASSA DE CIMENTO E AREIA, COM ADITIVO IMPERMEABILIZANTE, E = 2CM. AF_06/2018","M2","ATRIBUÍDO SÃO PAULO","37,77","CAIXA REFERENCIAL"]
["98561","IMPERMEABILIZAÇÃO DE PAREDES COM ARGAMASSA DE CIMENTO E AREIA, COM ADITIVO IMPERMEABILIZANTE, E = 2CM. AF_06/2018","M2","ATRIBUÍDO SÃO PAULO","34,44","CAIXA REFERENCIAL"]
["98562","IMPERMEABILIZAÇÃO DE FLOREIRA OU VIGA BALDRAME COM ARGAMASSA DE CIMENTO E AREIA, COM ADITIVO IMPERMEABILIZANTE, E = 2 CM. AF_06/2018","M2","ATRIBUÍDO SÃO PAULO","33,37","CAIXA REFERENCIAL"]
["98555","IMPERMEABILIZAÇÃO DE SUPERFÍCIE COM ARGAMASSA POLIMÉRICA / MEMBRANA ACRÍLICA, 3 DEMÃOS. AF_06/2018","M2","COEFICIENTE DE REPRESENTATIVIDADE","21,98","CAIXA REFERENCIAL"]
["98556","IMPERMEABILIZAÇÃO DE SUPERFÍCIE COM ARGAMASSA POLIMÉRICA / MEMBRANA ACRÍLICA, 4 DEMÃOS, REFORÇADA COM VÉU DE POLIÉSTER (MAV). AF_06/2018","M2","COEFICIENTE DE REPRESENTATIVIDADE","43,71","CAIXA REFERENCIAL"]
["98558","TRATAMENTO DE RALO OU PONTO EMERGENTE COM ARGAMASSA POLIMÉRICA / MEMBRANA ACRÍLICA REFORÇADO COM VÉU DE POLIÉSTER (MAV). AF_06/2018","UN","COEFICIENTE DE REPRESENTATIVIDADE","6,82","CAIXA REFERENCIAL"]
["98559","TRATAMENTO DE RODAPÉ COM VÉU DE POLIÉSTER. AF_06/2018","M","COEFICIENTE DE REPRESENTATIVIDADE","4,51","CAIXA REFERENCIAL"]
["98546","IMPERMEABILIZAÇÃO DE SUPERFÍCIE COM MANTA ASFÁLTICA, UMA CAMADA, INCLUSIVE APLICAÇÃO DE PRIMER ASFÁLTICO, E=3MM. AF_06/2018","M2","COEFICIENTE DE REPRESENTATIVIDADE","97,20","CAIXA REFERENCIAL"]
["98547","IMPERMEABILIZAÇÃO DE SUPERFÍCIE COM MANTA ASFÁLTICA, DUAS CAMADAS, INCLUSIVE APLICAÇÃO DE PRIMER ASFÁLTICO, E=3MM E E=4MM. AF_06/2018","M2","COEFICIENTE DE REPRESENTATIVIDADE","190,96","CAIXA REFERENCIAL"]
["98553","IMPERMEABILIZAÇÃO DE SUPERFÍCIE COM MEMBRANA À BASE DE POLIURETANO, 2 DEMÃOS. AF_06/2018","M2","COEFICIENTE DE REPRESENTATIVIDADE","113,74","CAIXA REFERENCIAL"]
["98554","IMPERMEABILIZAÇÃO DE SUPERFÍCIE COM MEMBRANA À BASE DE RESINA ACRÍLICA, 3 DEMÃOS. AF_06/2018","M2","COEFICIENTE DE REPRESENTATIVIDADE","37,83","CAIXA REFERENCIAL"]
["98557","IMPERMEABILIZAÇÃO DE SUPERFÍCIE COM EMULSÃO ASFÁLTICA, 2 DEMÃOS AF_06/2018","M2","COEFICIENTE DE REPRESENTATIVIDADE","32,94","CAIXA REFERENCIAL"]
["98563","PROTEÇÃO MECÂNICA DE SUPERFÍCIE HORIZONTAL COM ARGAMASSA DE CIMENTO E AREIA, TRAÇO 1:3, E=2CM. AF_06/2018","M2","COEFICIENTE DE REPRESENTATIVIDADE","26,70","CAIXA REFERENCIAL"]
["98564","PROTEÇÃO MECÂNICA DE SUPERFÍCIE VERTICAL COM ARGAMASSA DE CIMENTO E AREIA, TRAÇO 1:3, E=2CM. AF_06/2018","M2","ATRIBUÍDO SÃO PAULO","38,81","CAIXA REFERENCIAL"]
["98565","PROTEÇÃO MECÂNICA DE SUPERFICIE HORIZONTAL COM ARGAMASSA DE CIMENTO E AREIA, TRAÇO 1:3, E=3CM. AF_06/2018","M2","COEFICIENTE DE REPRESENTATIVIDADE","38,24","CAIXA REFERENCIAL"]
["98566","PROTEÇÃO MECÂNICA DE SUPERFÍCIE VERTICAL COM ARGAMASSA DE CIMENTO E AREIA, TRAÇO 1:3, E=3CM. AF_06/2018","M2","ATRIBUÍDO SÃO PAULO","50,34","CAIXA REFERENCIAL"]
["98567","PROTEÇÃO MECÂNICA DE SUPERFICIE HORIZONTAL COM ARGAMASSA DE CIMENTO E AREIA, TRAÇO 1:3, E=4CM. AF_06/2018","M2","COEFICIENTE DE REPRESENTATIVIDADE","49,23","CAIXA REFERENCIAL"]
["98568","PROTEÇÃO MECÂNICA DE SUPERFÍCIE VERTICAL COM ARGAMASSA DE CIMENTO E AREIA, TRAÇO 1:3, E=4CM. AF_06/2018","M2","ATRIBUÍDO SÃO PAULO","61,33","CAIXA REFERENCIAL"]
["98569","PROTEÇÃO MECÂNICA DE SUPERFICIE HORIZONTAL COM ARGAMASSA DE CIMENTO E AREIA, TRAÇO 1:3, E=5CM. AF_06/2018","M2","COEFICIENTE DE REPRESENTATIVIDADE","60,75","CAIXA REFERENCIAL"]
["98570","PROTEÇÃO MECÂNICA DE SUPERFÍCIE VERTICAL COM ARGAMASSA DE CIMENTO E AREIA, TRAÇO 1:3, E=5CM. AF_06/2018","M2","ATRIBUÍDO SÃO PAULO","72,88","CAIXA REFERENCIAL"]
["98571","PROTEÇÃO MECÂNICA DE SUPERFICIE HORIZONTAL COM CONCRETO 15 MPA, E=4CM. AF_06/2018","M2","COEFICIENTE DE REPRESENTATIVIDADE","31,81","CAIXA REFERENCIAL"]
["98572","PROTEÇÃO MECÂNICA DE SUPERFICIE HORIZONTAL COM CONCRETO 15 MPA, E=5CM. AF_06/2018","M2","COEFICIENTE DE REPRESENTATIVIDADE","39,08","CAIXA REFERENCIAL"]
["98573","PROTEÇÃO MECÂNICA DE SUPERFÍCIE VERTICAL COM CONCRETO 15 MPA, E=5CM. AF_06/2018","M2","ATRIBUÍDO SÃO PAULO","50,86","CAIXA REFERENCIAL"]
["91831","ELETRODUTO FLEXÍVEL CORRUGADO, PVC, DN 20 MM (1/2\"), PARA CIRCUITOS TERMINAIS, INSTALADO EM FORRO - FORNECIMENTO E INSTALAÇÃO. AF_12/2015","M","COEFICIENTE DE REPRESENTATIVIDADE","6,98","CAIXA REFERENCIAL"]
["91833","ELETRODUTO FLEXÍVEL CORRUGADO REFORÇADO, PVC, DN 20 MM (1/2\"), PARA CIRCUITOS TERMINAIS, INSTALADO EM FORRO - FORNECIMENTO E INSTALAÇÃO. AF_12/2015","M","COEFICIENTE DE REPRESENTATIVIDADE","7,47","CAIXA REFERENCIAL"]
["91834","ELETRODUTO FLEXÍVEL CORRUGADO, PVC, DN 25 MM (3/4\"), PARA CIRCUITOS TERMINAIS, INSTALADO EM FORRO - FORNECIMENTO E INSTALAÇÃO. AF_12/2015","M","COEFICIENTE DE REPRESENTATIVIDADE","7,78","CAIXA REFERENCIAL"]
["91835","ELETRODUTO FLEXÍVEL CORRUGADO REFORÇADO, PVC, DN 25 MM (3/4\"), PARA CIRCUITOS TERMINAIS, INSTALADO EM FORRO - FORNECIMENTO E INSTALAÇÃO. AF_12/2015","M","COEFICIENTE DE REPRESENTATIVIDADE","9,05","CAIXA REFERENCIAL"]
["91836","ELETRODUTO FLEXÍVEL CORRUGADO, PVC, DN 32 MM (1\"), PARA CIRCUITOS TERMINAIS, INSTALADO EM FORRO - FORNECIMENTO E INSTALAÇÃO. AF_12/2015","M","COEFICIENTE DE REPRESENTATIVIDADE","10,32","CAIXA REFERENCIAL"]
["91837","ELETRODUTO FLEXÍVEL CORRUGADO REFORÇADO, PVC, DN 32 MM (1\"), PARA CIRCUITOS TERMINAIS, INSTALADO EM FORRO - FORNECIMENTO E INSTALAÇÃO. AF_12/2015","M","COEFICIENTE DE REPRESENTATIVIDADE","13,30","CAIXA REFERENCIAL"]
["91839","ELETRODUTO FLEXÍVEL LISO, PEAD, DN 32 MM (1\"), PARA CIRCUITOS TERMINAIS, INSTALADO EM FORRO - FORNECIMENTO E INSTALAÇÃO. AF_12/2015","M","COEFICIENTE DE REPRESENTATIVIDADE","8,92","CAIXA REFERENCIAL"]
["91840","ELETRODUTO FLEXÍVEL CORRUGADO, PEAD, DN 40 MM (1 1/4\"), PARA CIRCUITOS TERMINAIS, INSTALADO EM FORRO - FORNECIMENTO E INSTALAÇÃO. AF_12/2015","M","COEFICIENTE DE REPRESENTATIVIDADE","11,27","CAIXA REFERENCIAL"]
["91841","ELETRODUTO FLEXÍVEL LISO, PEAD, DN 40 MM (1 1/4\"), PARA CIRCUITOS TERMINAIS, INSTALADO EM FORRO - FORNECIMENTO E INSTALAÇÃO. AF_12/2015","M","COEFICIENTE DE REPRESENTATIVIDADE","10,64","CAIXA REFERENCIAL"]
["91842","ELETRODUTO FLEXÍVEL CORRUGADO, PVC, DN 20 MM (1/2\"), PARA CIRCUITOS TERMINAIS, INSTALADO EM LAJE - FORNECIMENTO E INSTALAÇÃO. AF_12/2015","M","COEFICIENTE DE REPRESENTATIVIDADE","5,22","CAIXA REFERENCIAL"]
["91843","ELETRODUTO FLEXÍVEL CORRUGADO REFORÇADO, PVC, DN 20 MM (1/2\"), PARA CIRCUITOS TERMINAIS, INSTALADO EM LAJE - FORNECIMENTO E INSTALAÇÃO. AF_12/2015","M","COEFICIENTE DE REPRESENTATIVIDADE","5,71","CAIXA REFERENCIAL"]
["91844","ELETRODUTO FLEXÍVEL CORRUGADO, PVC, DN 25 MM (3/4\"), PARA CIRCUITOS TERMINAIS, INSTALADO EM LAJE - FORNECIMENTO E INSTALAÇÃO. AF_12/2015","M","COEFICIENTE DE REPRESENTATIVIDADE","6,03","CAIXA REFERENCIAL"]
["91845","ELETRODUTO FLEXÍVEL CORRUGADO REFORÇADO, PVC, DN 25 MM (3/4\"), PARA CIRCUITOS TERMINAIS, INSTALADO EM LAJE - FORNECIMENTO E INSTALAÇÃO. AF_12/2015","M","COEFICIENTE DE REPRESENTATIVIDADE","7,30","CAIXA REFERENCIAL"]
["91846","ELETRODUTO FLEXÍVEL CORRUGADO, PVC, DN 32 MM (1\"), PARA CIRCUITOS TERMINAIS, INSTALADO EM LAJE - FORNECIMENTO E INSTALAÇÃO. AF_12/2015","M","COEFICIENTE DE REPRESENTATIVIDADE","8,56","CAIXA REFERENCIAL"]
["91847","ELETRODUTO FLEXÍVEL CORRUGADO REFORÇADO, PVC, DN 32 MM (1\"), PARA CIRCUITOS TERMINAIS, INSTALADO EM LAJE - FORNECIMENTO E INSTALAÇÃO. AF_12/2015","M","COEFICIENTE DE REPRESENTATIVIDADE","11,54","CAIXA REFERENCIAL"]
["91849","ELETRODUTO FLEXÍVEL LISO, PEAD, DN 32 MM (1\"), PARA CIRCUITOS TERMINAIS, INSTALADO EM LAJE - FORNECIMENTO E INSTALAÇÃO. AF_12/2015","M","COEFICIENTE DE REPRESENTATIVIDADE","7,16","CAIXA REFERENCIAL"]
["91850","ELETRODUTO FLEXÍVEL CORRUGADO, PEAD, DN 40 MM (1 1/4\"), PARA CIRCUITOS TERMINAIS, INSTALADO EM LAJE - FORNECIMENTO E INSTALAÇÃO. AF_12/2015","M","COEFICIENTE DE REPRESENTATIVIDADE","9,57","CAIXA REFERENCIAL"]
["91851","ELETRODUTO FLEXÍVEL LISO, PEAD, DN 40 MM (1 1/4\"), PARA CIRCUITOS TERMINAIS, INSTALADO EM LAJE - FORNECIMENTO E INSTALAÇÃO. AF_12/2015","M","COEFICIENTE DE REPRESENTATIVIDADE","8,94","CAIXA REFERENCIAL"]
["91852","ELETRODUTO FLEXÍVEL CORRUGADO, PVC, DN 20 MM (1/2\"), PARA CIRCUITOS TERMINAIS, INSTALADO EM PAREDE - FORNECIMENTO E INSTALAÇÃO. AF_12/2015","M","COEFICIENTE DE REPRESENTATIVIDADE","7,34","CAIXA REFERENCIAL"]
["91853","ELETRODUTO FLEXÍVEL CORRUGADO REFORÇADO, PVC, DN 20 MM (1/2\"), PARA CIRCUITOS TERMINAIS, INSTALADO EM PAREDE - FORNECIMENTO E INSTALAÇÃO. AF_12/2015","M","COEFICIENTE DE REPRESENTATIVIDADE","7,80","CAIXA REFERENCIAL"]
["91854","ELETRODUTO FLEXÍVEL CORRUGADO, PVC, DN 25 MM (3/4\"), PARA CIRCUITOS TERMINAIS, INSTALADO EM PAREDE - FORNECIMENTO E INSTALAÇÃO. AF_12/2015","M","COEFICIENTE DE REPRESENTATIVIDADE","8,12","CAIXA REFERENCIAL"]
["91855","ELETRODUTO FLEXÍVEL CORRUGADO REFORÇADO, PVC, DN 25 MM (3/4\"), PARA CIRCUITOS TERMINAIS, INSTALADO EM PAREDE - FORNECIMENTO E INSTALAÇÃO. AF_12/2015","M","COEFICIENTE DE REPRESENTATIVIDADE","9,30","CAIXA REFERENCIAL"]
["91856","ELETRODUTO FLEXÍVEL CORRUGADO, PVC, DN 32 MM (1\"), PARA CIRCUITOS TERMINAIS, INSTALADO EM PAREDE - FORNECIMENTO E INSTALAÇÃO. AF_12/2015","M","COEFICIENTE DE REPRESENTATIVIDADE","10,54","CAIXA REFERENCIAL"]
["91857","ELETRODUTO FLEXÍVEL CORRUGADO REFORÇADO, PVC, DN 32 MM (1\"), PARA CIRCUITOS TERMINAIS, INSTALADO EM PAREDE - FORNECIMENTO E INSTALAÇÃO. AF_12/2015","M","COEFICIENTE DE REPRESENTATIVIDADE","13,30","CAIXA REFERENCIAL"]
["91859","ELETRODUTO FLEXÍVEL LISO, PEAD, DN 32 MM (1\"), PARA CIRCUITOS TERMINAIS, INSTALADO EM PAREDE - FORNECIMENTO E INSTALAÇÃO. AF_12/2015","M","COEFICIENTE DE REPRESENTATIVIDADE","9,24","CAIXA REFERENCIAL"]
["91860","ELETRODUTO FLEXÍVEL CORRUGADO, PEAD, DN 40 MM (1 1/4\"), PARA CIRCUITOS TERMINAIS, INSTALADO EM PAREDE - FORNECIMENTO E INSTALAÇÃO. AF_12/2015","M","COEFICIENTE DE REPRESENTATIVIDADE","11,53","CAIXA REFERENCIAL"]
["91861","ELETRODUTO FLEXÍVEL LISO, PEAD, DN 40 MM (1 1/4\"), PARA CIRCUITOS TERMINAIS, INSTALADO EM PAREDE - FORNECIMENTO E INSTALAÇÃO. AF_12/2015","M","COEFICIENTE DE REPRESENTATIVIDADE","10,94","CAIXA REFERENCIAL"]
["91862","ELETRODUTO RÍGIDO ROSCÁVEL, PVC, DN 20 MM (1/2\"), PARA CIRCUITOS TERMINAIS, INSTALADO EM FORRO - FORNECIMENTO E INSTALAÇÃO. AF_12/2015","M","COEFICIENTE DE REPRESENTATIVIDADE","8,57","CAIXA REFERENCIAL"]
["91863","ELETRODUTO RÍGIDO ROSCÁVEL, PVC, DN 25 MM (3/4\"), PARA CIRCUITOS TERMINAIS, INSTALADO EM FORRO - FORNECIMENTO E INSTALAÇÃO. AF_12/2015","M","COEFICIENTE DE REPRESENTATIVIDADE","10,13","CAIXA REFERENCIAL"]
["91864","ELETRODUTO RÍGIDO ROSCÁVEL, PVC, DN 32 MM (1\"), PARA CIRCUITOS TERMINAIS, INSTALADO EM FORRO - FORNECIMENTO E INSTALAÇÃO. AF_12/2015","M","COEFICIENTE DE REPRESENTATIVIDADE","13,50","CAIXA REFERENCIAL"]
["91865","ELETRODUTO RÍGIDO ROSCÁVEL, PVC, DN 40 MM (1 1/4\"), PARA CIRCUITOS TERMINAIS, INSTALADO EM FORRO - FORNECIMENTO E INSTALAÇÃO. AF_12/2015","M","COEFICIENTE DE REPRESENTATIVIDADE","16,86","CAIXA REFERENCIAL"]
["91866","ELETRODUTO RÍGIDO ROSCÁVEL, PVC, DN 20 MM (1/2\"), PARA CIRCUITOS TERMINAIS, INSTALADO EM LAJE - FORNECIMENTO E INSTALAÇÃO. AF_12/2015","M","COEFICIENTE DE REPRESENTATIVIDADE","6,94","CAIXA REFERENCIAL"]
["91867","ELETRODUTO RÍGIDO ROSCÁVEL, PVC, DN 25 MM (3/4\"), PARA CIRCUITOS TERMINAIS, INSTALADO EM LAJE - FORNECIMENTO E INSTALAÇÃO. AF_12/2015","M","COEFICIENTE DE REPRESENTATIVIDADE","8,49","CAIXA REFERENCIAL"]
["91868","ELETRODUTO RÍGIDO ROSCÁVEL, PVC, DN 32 MM (1\"), PARA CIRCUITOS TERMINAIS, INSTALADO EM LAJE - FORNECIMENTO E INSTALAÇÃO. AF_12/2015","M","COEFICIENTE DE REPRESENTATIVIDADE","11,87","CAIXA REFERENCIAL"]
["91869","ELETRODUTO RÍGIDO ROSCÁVEL, PVC, DN 40 MM (1 1/4\"), PARA CIRCUITOS TERMINAIS, INSTALADO EM LAJE - FORNECIMENTO E INSTALAÇÃO. AF_12/2015","M","COEFICIENTE DE REPRESENTATIVIDADE","15,24","CAIXA REFERENCIAL"]
["91870","ELETRODUTO RÍGIDO ROSCÁVEL, PVC, DN 20 MM (1/2\"), PARA CIRCUITOS TERMINAIS, INSTALADO EM PAREDE - FORNECIMENTO E INSTALAÇÃO. AF_12/2015","M","COEFICIENTE DE REPRESENTATIVIDADE","9,64","CAIXA REFERENCIAL"]
["91871","ELETRODUTO RÍGIDO ROSCÁVEL, PVC, DN 25 MM (3/4\"), PARA CIRCUITOS TERMINAIS, INSTALADO EM PAREDE - FORNECIMENTO E INSTALAÇÃO. AF_12/2015","M","COEFICIENTE DE REPRESENTATIVIDADE","11,23","CAIXA REFERENCIAL"]
["91872","ELETRODUTO RÍGIDO ROSCÁVEL, PVC, DN 32 MM (1\"), PARA CIRCUITOS TERMINAIS, INSTALADO EM PAREDE - FORNECIMENTO E INSTALAÇÃO. AF_12/2015","M","COEFICIENTE DE REPRESENTATIVIDADE","14,60","CAIXA REFERENCIAL"]
["91873","ELETRODUTO RÍGIDO ROSCÁVEL, PVC, DN 40 MM (1 1/4\"), PARA CIRCUITOS TERMINAIS, INSTALADO EM PAREDE - FORNECIMENTO E INSTALAÇÃO. AF_12/2015","M","COEFICIENTE DE REPRESENTATIVIDADE","17,92","CAIXA REFERENCIAL"]
["93008","ELETRODUTO RÍGIDO ROSCÁVEL, PVC, DN 50 MM (1 1/2\") - FORNECIMENTO E INSTALAÇÃO. AF_12/2015","M","COEFICIENTE DE REPRESENTATIVIDADE","15,15","CAIXA REFERENCIAL"]
["93009","ELETRODUTO RÍGIDO ROSCÁVEL, PVC, DN 60 MM (2\") - FORNECIMENTO E INSTALAÇÃO. AF_12/2015","M","COEFICIENTE DE REPRESENTATIVIDADE","22,57","CAIXA REFERENCIAL"]
["93010","ELETRODUTO RÍGIDO ROSCÁVEL, PVC, DN 75 MM (2 1/2\") - FORNECIMENTO E INSTALAÇÃO. AF_12/2015","M","COEFICIENTE DE REPRESENTATIVIDADE","31,52","CAIXA REFERENCIAL"]
["93011","ELETRODUTO RÍGIDO ROSCÁVEL, PVC, DN 85 MM (3\") - FORNECIMENTO E INSTALAÇÃO. AF_12/2015","M","COEFICIENTE DE REPRESENTATIVIDADE","38,62","CAIXA REFERENCIAL"]
["93012","ELETRODUTO RÍGIDO ROSCÁVEL, PVC, DN 110 MM (4\") - FORNECIMENTO E INSTALAÇÃO. AF_12/2015","M","COEFICIENTE DE REPRESENTATIVIDADE","58,57","CAIXA REFERENCIAL"]
["95726","ELETRODUTO RÍGIDO SOLDÁVEL, PVC, DN 20 MM (½\u0092\u0092), APARENTE, INSTALADO EM TETO - FORNECIMENTO E INSTALAÇÃO. AF_11/2016_P","M","COEFICIENTE DE REPRESENTATIVIDADE","5,81","CAIXA REFERENCIAL"]
["95727","ELETRODUTO RÍGIDO SOLDÁVEL, PVC, DN 25 MM (3/4\u0092\u0092), APARENTE, INSTALADO EM TETO - FORNECIMENTO E INSTALAÇÃO. AF_11/2016_P","M","COEFICIENTE DE REPRESENTATIVIDADE","6,66","CAIXA REFERENCIAL"]
["95728","ELETRODUTO RÍGIDO SOLDÁVEL, PVC, DN 32 MM (1\u0092\u0092), APARENTE, INSTALADO EM TETO - FORNECIMENTO E INSTALAÇÃO. AF_11/2016_P","M","COEFICIENTE DE REPRESENTATIVIDADE","8,53","CAIXA REFERENCIAL"]
["95729","ELETRODUTO RÍGIDO SOLDÁVEL, PVC, DN 20 MM (½\u0092\u0092), APARENTE, INSTALADO EM PAREDE - FORNECIMENTO E INSTALAÇÃO. AF_11/2016_P","M","COEFICIENTE DE REPRESENTATIVIDADE","7,56","CAIXA REFERENCIAL"]
["95730","ELETRODUTO RÍGIDO SOLDÁVEL, PVC, DN 25 MM (3/4\u0092\u0092), APARENTE, INSTALADO EM PAREDE - FORNECIMENTO E INSTALAÇÃO. AF_11/2016_P","M","COEFICIENTE DE REPRESENTATIVIDADE","8,42","CAIXA REFERENCIAL"]
["95731","ELETRODUTO RÍGIDO SOLDÁVEL, PVC, DN 32 MM (1\u0092\u0092), APARENTE, INSTALADO EM PAREDE - FORNECIMENTO E INSTALAÇÃO. AF_11/2016_P","M","COEFICIENTE DE REPRESENTATIVIDADE","10,29","CAIXA REFERENCIAL"]
["95732","LUVA PARA ELETRODUTO, PVC, SOLDÁVEL, DN 20 MM (1/2\u0092\u0092), APARENTE, INSTALADA EM TETO - FORNECIMENTO E INSTALAÇÃO. AF_11/2016_P","UN","COEFICIENTE DE REPRESENTATIVIDADE","3,99","CAIXA REFERENCIAL"]
["95745","ELETRODUTO DE AÇO GALVANIZADO, CLASSE LEVE, DN 20 MM (3/4\u0092\u0092), APARENTE, INSTALADO EM TETO - FORNECIMENTO E INSTALAÇÃO. AF_11/2016_P","M","ATRIBUÍDO SÃO PAULO","18,88","CAIXA REFERENCIAL"]
["95746","ELETRODUTO DE AÇO GALVANIZADO, CLASSE LEVE, DN 25 MM (1\u0092\u0092), APARENTE, INSTALADO EM TETO - FORNECIMENTO E INSTALAÇÃO. AF_11/2016_P","M","ATRIBUÍDO SÃO PAULO","23,49","CAIXA REFERENCIAL"]
["95747","ELETRODUTO DE AÇO GALVANIZADO, CLASSE SEMI PESADO, DN 32 MM (1 1/4\u0092\u0092), APARENTE, INSTALADO EM TETO - FORNECIMENTO E INSTALAÇÃO. AF_11/2016_P","M","ATRIBUÍDO SÃO PAULO","38,95","CAIXA REFERENCIAL"]
["95748","ELETRODUTO DE AÇO GALVANIZADO, CLASSE SEMI PESADO, DN 40 MM (1 1/2 ), APARENTE, INSTALADO EM TETO - FORNECIMENTO E INSTALAÇÃO. AF_11/2016_P","M","ATRIBUÍDO SÃO PAULO","42,06","CAIXA REFERENCIAL"]
["95749","ELETRODUTO DE AÇO GALVANIZADO, CLASSE LEVE, DN 20 MM (3/4\u0092\u0092), APARENTE, INSTALADO EM PAREDE - FORNECIMENTO E INSTALAÇÃO. AF_11/2016_P","M","ATRIBUÍDO SÃO PAULO","24,55","CAIXA REFERENCIAL"]
["95750","ELETRODUTO DE AÇO GALVANIZADO, CLASSE LEVE, DN 25 MM (1\u0092\u0092), APARENTE, INSTALADO EM PAREDE - FORNECIMENTO E INSTALAÇÃO. AF_11/2016_P","M","ATRIBUÍDO SÃO PAULO","29,04","CAIXA REFERENCIAL"]
["95751","ELETRODUTO DE AÇO GALVANIZADO, CLASSE SEMI PESADO, DN 32 MM (1 1/4\u0092\u0092), APARENTE, INSTALADO EM PAREDE - FORNECIMENTO E INSTALAÇÃO. AF_11/2016_P","M","ATRIBUÍDO SÃO PAULO","44,33","CAIXA REFERENCIAL"]
["95752","ELETRODUTO DE AÇO GALVANIZADO, CLASSE SEMI PESADO, DN 40 MM (1 1/2  ), APARENTE, INSTALADO EM PAREDE - FORNECIMENTO E INSTALAÇÃO. AF_11/2016_P","M","ATRIBUÍDO SÃO PAULO","47,22","CAIXA REFERENCIAL"]
["97667","ELETRODUTO FLEXÍVEL CORRUGADO, PEAD, DN 50 (1 ½\u0094)  - FORNECIMENTO E INSTALAÇÃO. AF_04/2016","M","COEFICIENTE DE REPRESENTATIVIDADE","7,31","CAIXA REFERENCIAL"]
["97668","ELETRODUTO FLEXÍVEL CORRUGADO, PEAD, DN 63 (2\")  - FORNECIMENTO E INSTALAÇÃO. AF_04/2016","M","COEFICIENTE DE REPRESENTATIVIDADE","11,16","CAIXA REFERENCIAL"]
["97669","ELETRODUTO FLEXÍVEL CORRUGADO, PEAD, DN 90 (3\u0094) - FORNECIMENTO E INSTALAÇÃO. AF_04/2016","M","COEFICIENTE DE REPRESENTATIVIDADE","17,63","CAIXA REFERENCIAL"]
["97670","ELETRODUTO FLEXÍVEL CORRUGADO, PEAD, DN 100 (4\u0094) - FORNECIMENTO E INSTALAÇÃO. AF_04/2016","M","COEFICIENTE DE REPRESENTATIVIDADE","22,82","CAIXA REFERENCIAL"]
["91874","LUVA PARA ELETRODUTO, PVC, ROSCÁVEL, DN 20 MM (1/2\"), PARA CIRCUITOS TERMINAIS, INSTALADA EM FORRO - FORNECIMENTO E INSTALAÇÃO. AF_12/2015","UN","COEFICIENTE DE REPRESENTATIVIDADE","4,31","CAIXA REFERENCIAL"]
["91875","LUVA PARA ELETRODUTO, PVC, ROSCÁVEL, DN 25 MM (3/4\"), PARA CIRCUITOS TERMINAIS, INSTALADA EM FORRO - FORNECIMENTO E INSTALAÇÃO. AF_12/2015","UN","COEFICIENTE DE REPRESENTATIVIDADE","5,73","CAIXA REFERENCIAL"]
["91876","LUVA PARA ELETRODUTO, PVC, ROSCÁVEL, DN 32 MM (1\"), PARA CIRCUITOS TERMINAIS, INSTALADA EM FORRO - FORNECIMENTO E INSTALAÇÃO. AF_12/2015","UN","COEFICIENTE DE REPRESENTATIVIDADE","7,58","CAIXA REFERENCIAL"]
["91877","LUVA PARA ELETRODUTO, PVC, ROSCÁVEL, DN 40 MM (1 1/4\"), PARA CIRCUITOS TERMINAIS, INSTALADA EM FORRO - FORNECIMENTO E INSTALAÇÃO. AF_12/2015","UN","COEFICIENTE DE REPRESENTATIVIDADE","10,16","CAIXA REFERENCIAL"]
["91878","LUVA PARA ELETRODUTO, PVC, ROSCÁVEL, DN 20 MM (1/2\"), PARA CIRCUITOS TERMINAIS, INSTALADA EM LAJE - FORNECIMENTO E INSTALAÇÃO. AF_12/2015","UN","COEFICIENTE DE REPRESENTATIVIDADE","5,50","CAIXA REFERENCIAL"]
["91879","LUVA PARA ELETRODUTO, PVC, ROSCÁVEL, DN 25 MM (3/4\"), PARA CIRCUITOS TERMINAIS, INSTALADA EM LAJE - FORNECIMENTO E INSTALAÇÃO. AF_12/2015","UN","COEFICIENTE DE REPRESENTATIVIDADE","6,88","CAIXA REFERENCIAL"]
["91880","LUVA PARA ELETRODUTO, PVC, ROSCÁVEL, DN 32 MM (1\"), PARA CIRCUITOS TERMINAIS, INSTALADA EM LAJE - FORNECIMENTO E INSTALAÇÃO. AF_12/2015","UN","COEFICIENTE DE REPRESENTATIVIDADE","8,77","CAIXA REFERENCIAL"]
["91881","LUVA PARA ELETRODUTO, PVC, ROSCÁVEL, DN 40 MM (1 1/4\"), PARA CIRCUITOS TERMINAIS, INSTALADA EM LAJE - FORNECIMENTO E INSTALAÇÃO. AF_12/2015","UN","COEFICIENTE DE REPRESENTATIVIDADE","11,34","CAIXA REFERENCIAL"]
["91882","LUVA PARA ELETRODUTO, PVC, ROSCÁVEL, DN 20 MM (1/2\"), PARA CIRCUITOS TERMINAIS, INSTALADA EM PAREDE - FORNECIMENTO E INSTALAÇÃO. AF_12/2015","UN","COEFICIENTE DE REPRESENTATIVIDADE","6,76","CAIXA REFERENCIAL"]
["91884","LUVA PARA ELETRODUTO, PVC, ROSCÁVEL, DN 25 MM (3/4\"), PARA CIRCUITOS TERMINAIS, INSTALADA EM PAREDE - FORNECIMENTO E INSTALAÇÃO. AF_12/2015","UN","COEFICIENTE DE REPRESENTATIVIDADE","7,86","CAIXA REFERENCIAL"]
["91885","LUVA PARA ELETRODUTO, PVC, ROSCÁVEL, DN 32 MM (1\"), PARA CIRCUITOS TERMINAIS, INSTALADA EM PAREDE - FORNECIMENTO E INSTALAÇÃO. AF_12/2015","UN","COEFICIENTE DE REPRESENTATIVIDADE","9,34","CAIXA REFERENCIAL"]
["91886","LUVA PARA ELETRODUTO, PVC, ROSCÁVEL, DN 40 MM (1 1/4\"), PARA CIRCUITOS TERMINAIS, INSTALADA EM PAREDE - FORNECIMENTO E INSTALAÇÃO. AF_12/2015","UN","COEFICIENTE DE REPRESENTATIVIDADE","11,46","CAIXA REFERENCIAL"]
["91887","CURVA 90 GRAUS PARA ELETRODUTO, PVC, ROSCÁVEL, DN 20 MM (1/2\"), PARA CIRCUITOS TERMINAIS, INSTALADA EM FORRO - FORNECIMENTO E INSTALAÇÃO. AF_12/2015","UN","COEFICIENTE DE REPRESENTATIVIDADE","8,22","CAIXA REFERENCIAL"]
["91889","CURVA 180 GRAUS PARA ELETRODUTO, PVC, ROSCÁVEL, DN 20 MM (1/2\"), PARA CIRCUITOS TERMINAIS, INSTALADA EM FORRO - FORNECIMENTO E INSTALAÇÃO. AF_12/2015","UN","COEFICIENTE DE REPRESENTATIVIDADE","7,88","CAIXA REFERENCIAL"]
["91890","CURVA 90 GRAUS PARA ELETRODUTO, PVC, ROSCÁVEL, DN 25 MM (3/4\"), PARA CIRCUITOS TERMINAIS, INSTALADA EM FORRO - FORNECIMENTO E INSTALAÇÃO. AF_12/2015","UN","COEFICIENTE DE REPRESENTATIVIDADE","9,70","CAIXA REFERENCIAL"]
["91892","CURVA 180 GRAUS PARA ELETRODUTO, PVC, ROSCÁVEL, DN 25 MM (3/4\"), PARA CIRCUITOS TERMINAIS, INSTALADA EM FORRO - FORNECIMENTO E INSTALAÇÃO. AF_12/2015","UN","COEFICIENTE DE REPRESENTATIVIDADE","11,96","CAIXA REFERENCIAL"]
["91893","CURVA 90 GRAUS PARA ELETRODUTO, PVC, ROSCÁVEL, DN 32 MM (1\"), PARA CIRCUITOS TERMINAIS, INSTALADA EM FORRO - FORNECIMENTO E INSTALAÇÃO. AF_12/2015","UN","COEFICIENTE DE REPRESENTATIVIDADE","13,33","CAIXA REFERENCIAL"]
["91895","CURVA 180 GRAUS PARA ELETRODUTO, PVC, ROSCÁVEL, DN 32 MM (1\"), PARA CIRCUITOS TERMINAIS, INSTALADA EM FORRO - FORNECIMENTO E INSTALAÇÃO. AF_12/2015","UN","COEFICIENTE DE REPRESENTATIVIDADE","15,63","CAIXA REFERENCIAL"]
["91896","CURVA 90 GRAUS PARA ELETRODUTO, PVC, ROSCÁVEL, DN 40 MM (1 1/4\"), PARA CIRCUITOS TERMINAIS, INSTALADA EM FORRO - FORNECIMENTO E INSTALAÇÃO. AF_12/2015","UN","COEFICIENTE DE REPRESENTATIVIDADE","16,19","CAIXA REFERENCIAL"]
["91898","CURVA 180 GRAUS PARA ELETRODUTO, PVC, ROSCÁVEL, DN 40 MM (1 1/4\"), PARA CIRCUITOS TERMINAIS, INSTALADA EM FORRO - FORNECIMENTO E INSTALAÇÃO. AF_12/2015","UN","COEFICIENTE DE REPRESENTATIVIDADE","18,65","CAIXA REFERENCIAL"]
["91899","CURVA 90 GRAUS PARA ELETRODUTO, PVC, ROSCÁVEL, DN 20 MM (1/2\"), PARA CIRCUITOS TERMINAIS, INSTALADA EM LAJE - FORNECIMENTO E INSTALAÇÃO. AF_12/2015","UN","COEFICIENTE DE REPRESENTATIVIDADE","9,94","CAIXA REFERENCIAL"]
["91901","CURVA 180 GRAUS PARA ELETRODUTO, PVC, ROSCÁVEL, DN 20 MM (1/2\"), PARA CIRCUITOS TERMINAIS, INSTALADA EM LAJE - FORNECIMENTO E INSTALAÇÃO. AF_12/2015","UN","COEFICIENTE DE REPRESENTATIVIDADE","9,60","CAIXA REFERENCIAL"]
["91902","CURVA 90 GRAUS PARA ELETRODUTO, PVC, ROSCÁVEL, DN 25 MM (3/4\"), PARA CIRCUITOS TERMINAIS, INSTALADA EM LAJE - FORNECIMENTO E INSTALAÇÃO. AF_12/2015","UN","COEFICIENTE DE REPRESENTATIVIDADE","11,42","CAIXA REFERENCIAL"]
["91904","CURVA 180 GRAUS PARA ELETRODUTO, PVC, ROSCÁVEL, DN 25 MM (3/4\"), PARA CIRCUITOS TERMINAIS, INSTALADA EM LAJE - FORNECIMENTO E INSTALAÇÃO. AF_12/2015","UN","COEFICIENTE DE REPRESENTATIVIDADE","13,68","CAIXA REFERENCIAL"]
["91905","CURVA 90 GRAUS PARA ELETRODUTO, PVC, ROSCÁVEL, DN 32 MM (1\"), PARA CIRCUITOS TERMINAIS, INSTALADA EM LAJE - FORNECIMENTO E INSTALAÇÃO. AF_12/2015","UN","COEFICIENTE DE REPRESENTATIVIDADE","15,05","CAIXA REFERENCIAL"]
["91907","CURVA 180 GRAUS PARA ELETRODUTO, PVC, ROSCÁVEL, DN 32 MM (1\u0094), PARA CIRCUITOS TERMINAIS, INSTALADA EM LAJE - FORNECIMENTO E INSTALAÇÃO. AF_12/2015","UN","COEFICIENTE DE REPRESENTATIVIDADE","17,35","CAIXA REFERENCIAL"]
["91908","CURVA 90 GRAUS PARA ELETRODUTO, PVC, ROSCÁVEL, DN 40 MM (1 1/4\"), PARA CIRCUITOS TERMINAIS, INSTALADA EM LAJE - FORNECIMENTO E INSTALAÇÃO. AF_12/2015","UN","COEFICIENTE DE REPRESENTATIVIDADE","17,95","CAIXA REFERENCIAL"]
["91910","CURVA 180 GRAUS PARA ELETRODUTO, PVC, ROSCÁVEL, DN 40 MM (1 1/4\"), PARA CIRCUITOS TERMINAIS, INSTALADA EM LAJE - FORNECIMENTO E INSTALAÇÃO. AF_12/2015","UN","COEFICIENTE DE REPRESENTATIVIDADE","20,41","CAIXA REFERENCIAL"]
["91911","CURVA 90 GRAUS PARA ELETRODUTO, PVC, ROSCÁVEL, DN 20 MM (1/2\"), PARA CIRCUITOS TERMINAIS, INSTALADA EM PAREDE - FORNECIMENTO E INSTALAÇÃO. AF_12/2015","UN","COEFICIENTE DE REPRESENTATIVIDADE","11,91","CAIXA REFERENCIAL"]
["91913","CURVA 180 GRAUS PARA ELETRODUTO, PVC, ROSCÁVEL, DN 20 MM (1/2\"), PARA CIRCUITOS TERMINAIS, INSTALADA EM PAREDE - FORNECIMENTO E INSTALAÇÃO. AF_12/2015","UN","COEFICIENTE DE REPRESENTATIVIDADE","11,57","CAIXA REFERENCIAL"]
["91914","CURVA 90 GRAUS PARA ELETRODUTO, PVC, ROSCÁVEL, DN 25 MM (3/4\"), PARA CIRCUITOS TERMINAIS, INSTALADA EM PAREDE - FORNECIMENTO E INSTALAÇÃO. AF_12/2015","UN","COEFICIENTE DE REPRESENTATIVIDADE","12,93","CAIXA REFERENCIAL"]
["91916","CURVA 180 GRAUS PARA ELETRODUTO, PVC, ROSCÁVEL, DN 25 MM (3/4\"), PARA CIRCUITOS TERMINAIS, INSTALADA EM PAREDE - FORNECIMENTO E INSTALAÇÃO. AF_12/2015","UN","COEFICIENTE DE REPRESENTATIVIDADE","15,19","CAIXA REFERENCIAL"]
["91917","CURVA 90 GRAUS PARA ELETRODUTO, PVC, ROSCÁVEL, DN 32 MM (1\"), PARA CIRCUITOS TERMINAIS, INSTALADA EM PAREDE - FORNECIMENTO E INSTALAÇÃO. AF_12/2015","UN","COEFICIENTE DE REPRESENTATIVIDADE","15,94","CAIXA REFERENCIAL"]
["91919","CURVA 180 GRAUS PARA ELETRODUTO, PVC, ROSCÁVEL, DN 32 MM (1\u0094), PARA CIRCUITOS TERMINAIS, INSTALADA EM PAREDE - FORNECIMENTO E INSTALAÇÃO. AF_12/2015","UN","COEFICIENTE DE REPRESENTATIVIDADE","18,24","CAIXA REFERENCIAL"]
["91920","CURVA 90 GRAUS PARA ELETRODUTO, PVC, ROSCÁVEL, DN 40 MM (1 1/4\"), PARA CIRCUITOS TERMINAIS, INSTALADA EM PAREDE - FORNECIMENTO E INSTALAÇÃO. AF_12/2015","UN","COEFICIENTE DE REPRESENTATIVIDADE","18,15","CAIXA REFERENCIAL"]
["91922","CURVA 180 GRAUS PARA ELETRODUTO, PVC, ROSCÁVEL, DN 40 MM (1 1/4\"), PARA CIRCUITOS TERMINAIS, INSTALADA EM PAREDE - FORNECIMENTO E INSTALAÇÃO. AF_12/2015","UN","COEFICIENTE DE REPRESENTATIVIDADE","20,61","CAIXA REFERENCIAL"]
["93013","LUVA PARA ELETRODUTO, PVC, ROSCÁVEL, DN 50 MM (1 1/2\") - FORNECIMENTO E INSTALAÇÃO. AF_12/2015","UN","COEFICIENTE DE REPRESENTATIVIDADE","13,23","CAIXA REFERENCIAL"]
["93014","LUVA PARA ELETRODUTO, PVC, ROSCÁVEL, DN 60 MM (2\") - FORNECIMENTO E INSTALAÇÃO. AF_12/2015","UN","COEFICIENTE DE REPRESENTATIVIDADE","16,46","CAIXA REFERENCIAL"]
["93015","LUVA PARA ELETRODUTO, PVC, ROSCÁVEL, DN 75 MM (2 1/2\") - FORNECIMENTO E INSTALAÇÃO. AF_12/2015","UN","COEFICIENTE DE REPRESENTATIVIDADE","25,73","CAIXA REFERENCIAL"]
["93016","LUVA PARA ELETRODUTO, PVC, ROSCÁVEL, DN 85 MM (3\") - FORNECIMENTO E INSTALAÇÃO. AF_12/2015","UN","COEFICIENTE DE REPRESENTATIVIDADE","31,62","CAIXA REFERENCIAL"]
["93017","LUVA PARA ELETRODUTO, PVC, ROSCÁVEL, DN 110 MM (4\") - FORNECIMENTO E INSTALAÇÃO. AF_12/2015","UN","COEFICIENTE DE REPRESENTATIVIDADE","48,42","CAIXA REFERENCIAL"]
["93018","CURVA 90 GRAUS PARA ELETRODUTO, PVC, ROSCÁVEL, DN 50 MM (1 1/2\") - FORNECIMENTO E INSTALAÇÃO. AF_12/2015","UN","COEFICIENTE DE REPRESENTATIVIDADE","20,28","CAIXA REFERENCIAL"]
["93020","CURVA 90 GRAUS PARA ELETRODUTO, PVC, ROSCÁVEL, DN 60 MM (2\") - FORNECIMENTO E INSTALAÇÃO. AF_12/2015","UN","COEFICIENTE DE REPRESENTATIVIDADE","26,45","CAIXA REFERENCIAL"]
["93022","CURVA 90 GRAUS PARA ELETRODUTO, PVC, ROSCÁVEL, DN 75 MM (2 1/2\") - FORNECIMENTO E INSTALAÇÃO. AF_12/2015","UN","COEFICIENTE DE REPRESENTATIVIDADE","46,06","CAIXA REFERENCIAL"]
["93024","CURVA 90 GRAUS PARA ELETRODUTO, PVC, ROSCÁVEL, DN 85 MM (3\") - FORNECIMENTO E INSTALAÇÃO. AF_12/2015","UN","COEFICIENTE DE REPRESENTATIVIDADE","48,13","CAIXA REFERENCIAL"]
["93026","CURVA 90 GRAUS PARA ELETRODUTO, PVC, ROSCÁVEL, DN 110 MM (4\") - FORNECIMENTO E INSTALAÇÃO. AF_12/2015","UN","COEFICIENTE DE REPRESENTATIVIDADE","80,70","CAIXA REFERENCIAL"]
["95733","LUVA PARA ELETRODUTO, PVC, SOLDÁVEL, DN 25 MM (3/4\u0092\u0092), APARENTE, INSTALADA EM TETO - FORNECIMENTO E INSTALAÇÃO. AF_11/2016_P","UN","COEFICIENTE DE REPRESENTATIVIDADE","5,23","CAIXA REFERENCIAL"]
["95734","LUVA PARA ELETRODUTO, PVC, SOLDÁVEL, DN 32 MM (1\u0092\u0092), APARENTE, INSTALADA EM TETO - FORNECIMENTO E INSTALAÇÃO. AF_11/2016_P","UN","COEFICIENTE DE REPRESENTATIVIDADE","6,98","CAIXA REFERENCIAL"]
["95735","LUVA PARA ELETRODUTO, PVC, SOLDÁVEL, DN 20 MM (1/2\u0092\u0092), APARENTE, INSTALADA EM PAREDE - FORNECIMENTO E INSTALAÇÃO. AF_11/2016_P","UN","COEFICIENTE DE REPRESENTATIVIDADE","5,80","CAIXA REFERENCIAL"]
["95736","LUVA PARA ELETRODUTO, PVC, SOLDÁVEL, DN 25 MM (3/4\u0092\u0092), APARENTE, INSTALADA EM PAREDE - FORNECIMENTO E INSTALAÇÃO. AF_11/2016_P","UN","COEFICIENTE DE REPRESENTATIVIDADE","6,83","CAIXA REFERENCIAL"]
["95738","LUVA PARA ELETRODUTO, PVC, SOLDÁVEL, DN 32 MM (1\u0092\u0092), APARENTE, INSTALADA EM PAREDE - FORNECIMENTO E INSTALAÇÃO. AF_11/2016_P","UN","COEFICIENTE DE REPRESENTATIVIDADE","8,29","CAIXA REFERENCIAL"]
["95753","LUVA DE EMENDA PARA ELETRODUTO, AÇO GALVANIZADO, DN 20 MM (3/4  ), APARENTE, INSTALADA EM TETO - FORNECIMENTO E INSTALAÇÃO. AF_11/2016_P","UN","ATRIBUÍDO SÃO PAULO","6,23","CAIXA REFERENCIAL"]
["95754","LUVA DE EMENDA PARA ELETRODUTO, AÇO GALVANIZADO, DN 25 MM (1''), APARENTE, INSTALADA EM TETO - FORNECIMENTO E INSTALAÇÃO. AF_11/2016_P","UN","ATRIBUÍDO SÃO PAULO","7,76","CAIXA REFERENCIAL"]
["95755","LUVA DE EMENDA PARA ELETRODUTO, AÇO GALVANIZADO, DN 32 MM (1 1/4''), APARENTE, INSTALADA EM TETO - FORNECIMENTO E INSTALAÇÃO. AF_11/2016_P","UN","ATRIBUÍDO SÃO PAULO","11,19","CAIXA REFERENCIAL"]
["95756","LUVA DE EMENDA PARA ELETRODUTO, AÇO GALVANIZADO, DN 40 MM (1 1/2''), APARENTE, INSTALADA EM TETO - FORNECIMENTO E INSTALAÇÃO. AF_11/2016_P","UN","ATRIBUÍDO SÃO PAULO","14,91","CAIXA REFERENCIAL"]
["95757","LUVA DE EMENDA PARA ELETRODUTO, AÇO GALVANIZADO, DN 20 MM (3/4''), APARENTE, INSTALADA EM PAREDE - FORNECIMENTO E INSTALAÇÃO. AF_11/2016_P","UN","ATRIBUÍDO SÃO PAULO","9,38","CAIXA REFERENCIAL"]
["95758","LUVA DE EMENDA PARA ELETRODUTO, AÇO GALVANIZADO, DN 25 MM (1''), APARENTE, INSTALADA EM PAREDE - FORNECIMENTO E INSTALAÇÃO. AF_11/2016_P","UN","ATRIBUÍDO SÃO PAULO","10,54","CAIXA REFERENCIAL"]
["95759","LUVA DE EMENDA PARA ELETRODUTO, AÇO GALVANIZADO, DN 32 MM (1 1/4''), APARENTE, INSTALADA EM PAREDE - FORNECIMENTO E INSTALAÇÃO. AF_11/2016_P","UN","ATRIBUÍDO SÃO PAULO","13,45","CAIXA REFERENCIAL"]
["95760","LUVA DE EMENDA PARA ELETRODUTO, AÇO GALVANIZADO, DN 40 MM (1 1/2''), APARENTE, INSTALADA EM PAREDE - FORNECIMENTO E INSTALAÇÃO. AF_11/2016_P","UN","ATRIBUÍDO SÃO PAULO","16,56","CAIXA REFERENCIAL"]
["97559","CURVA 135 GRAUS PARA ELETRODUTO, PVC, ROSCÁVEL, DN 25 MM (3/4\u0094), PARA CIRCUITOS TERMINAIS, INSTALADA EM FORRO - FORNECIMENTO E INSTALAÇÃO. AF_12/2015","UN","COEFICIENTE DE REPRESENTATIVIDADE","9,45","CAIXA REFERENCIAL"]
["97562","CURVA 135 GRAUS PARA ELETRODUTO, PVC, ROSCÁVEL, DN 25 MM (3/4\u0094), PARA CIRCUITOS TERMINAIS, INSTALADA EM LAJE - FORNECIMENTO E INSTALAÇÃO. AF_12/2015","UN","COEFICIENTE DE REPRESENTATIVIDADE","11,17","CAIXA REFERENCIAL"]
["97564","CURVA 135 GRAUS PARA ELETRODUTO, PVC, ROSCÁVEL, DN 25 MM (3/4\u0094), PARA CIRCUITOS TERMINAIS, INSTALADA EM PAREDE - FORNECIMENTO E INSTALAÇÃO. AF_12/2015","UN","COEFICIENTE DE REPRESENTATIVIDADE","12,68","CAIXA REFERENCIAL"]
["91924","CABO DE COBRE FLEXÍVEL ISOLADO, 1,5 MM², ANTI-CHAMA 450/750 V, PARA CIRCUITOS TERMINAIS - FORNECIMENTO E INSTALAÇÃO. AF_12/2015","M","COEFICIENTE DE REPRESENTATIVIDADE","2,67","CAIXA REFERENCIAL"]
["91925","CABO DE COBRE FLEXÍVEL ISOLADO, 1,5 MM², ANTI-CHAMA 0,6/1,0 KV, PARA CIRCUITOS TERMINAIS - FORNECIMENTO E INSTALAÇÃO. AF_12/2015","M","COEFICIENTE DE REPRESENTATIVIDADE","3,82","CAIXA REFERENCIAL"]
["91926","CABO DE COBRE FLEXÍVEL ISOLADO, 2,5 MM², ANTI-CHAMA 450/750 V, PARA CIRCUITOS TERMINAIS - FORNECIMENTO E INSTALAÇÃO. AF_12/2015","M","COEFICIENTE DE REPRESENTATIVIDADE","3,89","CAIXA REFERENCIAL"]
["91927","CABO DE COBRE FLEXÍVEL ISOLADO, 2,5 MM², ANTI-CHAMA 0,6/1,0 KV, PARA CIRCUITOS TERMINAIS - FORNECIMENTO E INSTALAÇÃO. AF_12/2015","M","COEFICIENTE DE REPRESENTATIVIDADE","5,17","CAIXA REFERENCIAL"]
["91928","CABO DE COBRE FLEXÍVEL ISOLADO, 4 MM², ANTI-CHAMA 450/750 V, PARA CIRCUITOS TERMINAIS - FORNECIMENTO E INSTALAÇÃO. AF_12/2015","M","COEFICIENTE DE REPRESENTATIVIDADE","6,38","CAIXA REFERENCIAL"]
["91929","CABO DE COBRE FLEXÍVEL ISOLADO, 4 MM², ANTI-CHAMA 0,6/1,0 KV, PARA CIRCUITOS TERMINAIS - FORNECIMENTO E INSTALAÇÃO. AF_12/2015","M","COEFICIENTE DE REPRESENTATIVIDADE","7,27","CAIXA REFERENCIAL"]
["91930","CABO DE COBRE FLEXÍVEL ISOLADO, 6 MM², ANTI-CHAMA 450/750 V, PARA CIRCUITOS TERMINAIS - FORNECIMENTO E INSTALAÇÃO. AF_12/2015","M","COEFICIENTE DE REPRESENTATIVIDADE","8,72","CAIXA REFERENCIAL"]
["91931","CABO DE COBRE FLEXÍVEL ISOLADO, 6 MM², ANTI-CHAMA 0,6/1,0 KV, PARA CIRCUITOS TERMINAIS - FORNECIMENTO E INSTALAÇÃO. AF_12/2015","M","COEFICIENTE DE REPRESENTATIVIDADE","9,81","CAIXA REFERENCIAL"]
["91932","CABO DE COBRE FLEXÍVEL ISOLADO, 10 MM², ANTI-CHAMA 450/750 V, PARA CIRCUITOS TERMINAIS - FORNECIMENTO E INSTALAÇÃO. AF_12/2015","M","COEFICIENTE DE REPRESENTATIVIDADE","14,42","CAIXA REFERENCIAL"]
["91933","CABO DE COBRE FLEXÍVEL ISOLADO, 10 MM², ANTI-CHAMA 0,6/1,0 KV, PARA CIRCUITOS TERMINAIS - FORNECIMENTO E INSTALAÇÃO. AF_12/2015","M","COEFICIENTE DE REPRESENTATIVIDADE","15,44","CAIXA REFERENCIAL"]
["91934","CABO DE COBRE FLEXÍVEL ISOLADO, 16 MM², ANTI-CHAMA 450/750 V, PARA CIRCUITOS TERMINAIS - FORNECIMENTO E INSTALAÇÃO. AF_12/2015","M","COEFICIENTE DE REPRESENTATIVIDADE","22,06","CAIXA REFERENCIAL"]
["91935","CABO DE COBRE FLEXÍVEL ISOLADO, 16 MM², ANTI-CHAMA 0,6/1,0 KV, PARA CIRCUITOS TERMINAIS - FORNECIMENTO E INSTALAÇÃO. AF_12/2015","M","COEFICIENTE DE REPRESENTATIVIDADE","23,54","CAIXA REFERENCIAL"]
["92979","CABO DE COBRE FLEXÍVEL ISOLADO, 10 MM², ANTI-CHAMA 450/750 V, PARA DISTRIBUIÇÃO - FORNECIMENTO E INSTALAÇÃO. AF_12/2015","M","COEFICIENTE DE REPRESENTATIVIDADE","10,10","CAIXA REFERENCIAL"]
["92980","CABO DE COBRE FLEXÍVEL ISOLADO, 10 MM², ANTI-CHAMA 0,6/1,0 KV, PARA DISTRIBUIÇÃO - FORNECIMENTO E INSTALAÇÃO. AF_12/2015","M","COEFICIENTE DE REPRESENTATIVIDADE","10,98","CAIXA REFERENCIAL"]
["92981","CABO DE COBRE FLEXÍVEL ISOLADO, 16 MM², ANTI-CHAMA 450/750 V, PARA DISTRIBUIÇÃO - FORNECIMENTO E INSTALAÇÃO. AF_12/2015","M","COEFICIENTE DE REPRESENTATIVIDADE","15,51","CAIXA REFERENCIAL"]
["92982","CABO DE COBRE FLEXÍVEL ISOLADO, 16 MM², ANTI-CHAMA 0,6/1,0 KV, PARA DISTRIBUIÇÃO - FORNECIMENTO E INSTALAÇÃO. AF_12/2015","M","COEFICIENTE DE REPRESENTATIVIDADE","16,78","CAIXA REFERENCIAL"]
["92983","CABO DE COBRE FLEXÍVEL ISOLADO, 25 MM², ANTI-CHAMA 450/750 V, PARA DISTRIBUIÇÃO - FORNECIMENTO E INSTALAÇÃO. AF_12/2015","M","COEFICIENTE DE REPRESENTATIVIDADE","26,36","CAIXA REFERENCIAL"]
["92984","CABO DE COBRE FLEXÍVEL ISOLADO, 25 MM², ANTI-CHAMA 0,6/1,0 KV, PARA DISTRIBUIÇÃO - FORNECIMENTO E INSTALAÇÃO. AF_12/2015","M","COEFICIENTE DE REPRESENTATIVIDADE","27,06","CAIXA REFERENCIAL"]
["92985","CABO DE COBRE FLEXÍVEL ISOLADO, 35 MM², ANTI-CHAMA 450/750 V, PARA DISTRIBUIÇÃO - FORNECIMENTO E INSTALAÇÃO. AF_12/2015","M","COEFICIENTE DE REPRESENTATIVIDADE","35,61","CAIXA REFERENCIAL"]
["92986","CABO DE COBRE FLEXÍVEL ISOLADO, 35 MM², ANTI-CHAMA 0,6/1,0 KV, PARA DISTRIBUIÇÃO - FORNECIMENTO E INSTALAÇÃO. AF_12/2015","M","COEFICIENTE DE REPRESENTATIVIDADE","36,66","CAIXA REFERENCIAL"]
["92987","CABO DE COBRE FLEXÍVEL ISOLADO, 50 MM², ANTI-CHAMA 450/750 V, PARA DISTRIBUIÇÃO - FORNECIMENTO E INSTALAÇÃO. AF_12/2015","M","COEFICIENTE DE REPRESENTATIVIDADE","51,41","CAIXA REFERENCIAL"]
["92988","CABO DE COBRE FLEXÍVEL ISOLADO, 50 MM², ANTI-CHAMA 0,6/1,0 KV, PARA DISTRIBUIÇÃO - FORNECIMENTO E INSTALAÇÃO. AF_12/2015","M","COEFICIENTE DE REPRESENTATIVIDADE","51,54","CAIXA REFERENCIAL"]
["92989","CABO DE COBRE FLEXÍVEL ISOLADO, 70 MM², ANTI-CHAMA 450/750 V, PARA DISTRIBUIÇÃO - FORNECIMENTO E INSTALAÇÃO. AF_12/2015","M","COEFICIENTE DE REPRESENTATIVIDADE","71,59","CAIXA REFERENCIAL"]
["92990","CABO DE COBRE FLEXÍVEL ISOLADO, 70 MM², ANTI-CHAMA 0,6/1,0 KV, PARA DISTRIBUIÇÃO - FORNECIMENTO E INSTALAÇÃO. AF_12/2015","M","COEFICIENTE DE REPRESENTATIVIDADE","70,76","CAIXA REFERENCIAL"]
["92991","CABO DE COBRE FLEXÍVEL ISOLADO, 95 MM², ANTI-CHAMA 450/750 V, PARA DISTRIBUIÇÃO - FORNECIMENTO E INSTALAÇÃO. AF_12/2015","M","COEFICIENTE DE REPRESENTATIVIDADE","93,44","CAIXA REFERENCIAL"]
["92992","CABO DE COBRE FLEXÍVEL ISOLADO, 95 MM², ANTI-CHAMA 0,6/1,0 KV, PARA DISTRIBUIÇÃO - FORNECIMENTO E INSTALAÇÃO. AF_12/2015","M","COEFICIENTE DE REPRESENTATIVIDADE","93,51","CAIXA REFERENCIAL"]
["92993","CABO DE COBRE FLEXÍVEL ISOLADO, 120 MM², ANTI-CHAMA 450/750 V, PARA DISTRIBUIÇÃO - FORNECIMENTO E INSTALAÇÃO. AF_12/2015","M","COEFICIENTE DE REPRESENTATIVIDADE","119,90","CAIXA REFERENCIAL"]
["92994","CABO DE COBRE FLEXÍVEL ISOLADO, 120 MM², ANTI-CHAMA 0,6/1,0 KV, PARA DISTRIBUIÇÃO - FORNECIMENTO E INSTALAÇÃO. AF_12/2015","M","COEFICIENTE DE REPRESENTATIVIDADE","121,10","CAIXA REFERENCIAL"]
["92995","CABO DE COBRE FLEXÍVEL ISOLADO, 150 MM², ANTI-CHAMA 450/750 V, PARA DISTRIBUIÇÃO - FORNECIMENTO E INSTALAÇÃO. AF_12/2015","M","COEFICIENTE DE REPRESENTATIVIDADE","149,24","CAIXA REFERENCIAL"]
["92996","CABO DE COBRE FLEXÍVEL ISOLADO, 150 MM², ANTI-CHAMA 0,6/1,0 KV, PARA DISTRIBUIÇÃO - FORNECIMENTO E INSTALAÇÃO. AF_12/2015","M","COEFICIENTE DE REPRESENTATIVIDADE","149,66","CAIXA REFERENCIAL"]
["92997","CABO DE COBRE FLEXÍVEL ISOLADO, 185 MM², ANTI-CHAMA 450/750 V, PARA DISTRIBUIÇÃO - FORNECIMENTO E INSTALAÇÃO. AF_12/2015","M","COEFICIENTE DE REPRESENTATIVIDADE","181,39","CAIXA REFERENCIAL"]
["92998","CABO DE COBRE FLEXÍVEL ISOLADO, 185 MM², ANTI-CHAMA 0,6/1,0 KV, PARA DISTRIBUIÇÃO - FORNECIMENTO E INSTALAÇÃO. AF_12/2015","M","COEFICIENTE DE REPRESENTATIVIDADE","183,14","CAIXA REFERENCIAL"]
["92999","CABO DE COBRE FLEXÍVEL ISOLADO, 240 MM², ANTI-CHAMA 450/750 V, PARA DISTRIBUIÇÃO - FORNECIMENTO E INSTALAÇÃO. AF_12/2015","M","COEFICIENTE DE REPRESENTATIVIDADE","239,02","CAIXA REFERENCIAL"]
["93000","CABO DE COBRE FLEXÍVEL ISOLADO, 240 MM², ANTI-CHAMA 0,6/1,0 KV, PARA DISTRIBUIÇÃO - FORNECIMENTO E INSTALAÇÃO. AF_12/2015","M","COEFICIENTE DE REPRESENTATIVIDADE","240,49","CAIXA REFERENCIAL"]
["93001","CABO DE COBRE RÍGIDO ISOLADO, 300 MM², ANTI-CHAMA 450/750 V, PARA DISTRIBUIÇÃO - FORNECIMENTO E INSTALAÇÃO. AF_12/2015","M","COEFICIENTE DE REPRESENTATIVIDADE","292,01","CAIXA REFERENCIAL"]
["93002","CABO DE COBRE FLEXÍVEL ISOLADO, 300 MM², ANTI-CHAMA 0,6/1,0 KV, PARA DISTRIBUIÇÃO - FORNECIMENTO E INSTALAÇÃO. AF_12/2015","M","COEFICIENTE DE REPRESENTATIVIDADE","300,22","CAIXA REFERENCIAL"]
["101884","CABO DE COBRE ISOLADO, 10 MM², ANTI-CHAMA 450/750 V, INSTALADO EM ELETROCALHA OU PERFILADO - FORNECIMENTO E INSTALAÇÃO. AF_10/2020","M","COEFICIENTE DE REPRESENTATIVIDADE","9,88","CAIXA REFERENCIAL"]
["101885","CABO DE COBRE ISOLADO, 10 MM², ANTI-CHAMA 0,6/1 KV, INSTALADO EM ELETROCALHA OU PERFILADO - FORNECIMENTO E INSTALAÇÃO. AF_10/2020","M","COEFICIENTE DE REPRESENTATIVIDADE","10,76","CAIXA REFERENCIAL"]
["101886","CABO DE COBRE ISOLADO, 16 MM², ANTI-CHAMA 450/750 V, INSTALADO EM ELETROCALHA OU PERFILADO - FORNECIMENTO E INSTALAÇÃO. AF_10/2020","M","COEFICIENTE DE REPRESENTATIVIDADE","15,27","CAIXA REFERENCIAL"]
["101887","CABO DE COBRE ISOLADO, 16 MM², ANTI-CHAMA 0,6/1 KV, INSTALADO EM ELETROCALHA OU PERFILADO - FORNECIMENTO E INSTALAÇÃO. AF_10/2020","M","COEFICIENTE DE REPRESENTATIVIDADE","16,54","CAIXA REFERENCIAL"]
["101888","CABO DE COBRE ISOLADO, 25 MM², ANTI-CHAMA 450/750 V, INSTALADO EM ELETROCALHA OU PERFILADO - FORNECIMENTO E INSTALAÇÃO. AF_10/2020","M","COEFICIENTE DE REPRESENTATIVIDADE","24,51","CAIXA REFERENCIAL"]
["101889","CABO DE COBRE ISOLADO, 25 MM², ANTI-CHAMA 0,6/1 KV, INSTALADO EM ELETROCALHA OU PERFILADO - FORNECIMENTO E INSTALAÇÃO. AF_10/2020","M","COEFICIENTE DE REPRESENTATIVIDADE","25,21","CAIXA REFERENCIAL"]
["91936","CAIXA OCTOGONAL 4\" X 4\", PVC, INSTALADA EM LAJE - FORNECIMENTO E INSTALAÇÃO. AF_12/2015","UN","COEFICIENTE DE REPRESENTATIVIDADE","12,88","CAIXA REFERENCIAL"]
["91937","CAIXA OCTOGONAL 3\" X 3\", PVC, INSTALADA EM LAJE - FORNECIMENTO E INSTALAÇÃO. AF_12/2015","UN","COEFICIENTE DE REPRESENTATIVIDADE","10,71","CAIXA REFERENCIAL"]
["91939","CAIXA RETANGULAR 4\" X 2\" ALTA (2,00 M DO PISO), PVC, INSTALADA EM PAREDE - FORNECIMENTO E INSTALAÇÃO. AF_12/2015","UN","COEFICIENTE DE REPRESENTATIVIDADE","24,35","CAIXA REFERENCIAL"]
["91940","CAIXA RETANGULAR 4\" X 2\" MÉDIA (1,30 M DO PISO), PVC, INSTALADA EM PAREDE - FORNECIMENTO E INSTALAÇÃO. AF_12/2015","UN","COEFICIENTE DE REPRESENTATIVIDADE","13,22","CAIXA REFERENCIAL"]
["91941","CAIXA RETANGULAR 4\" X 2\" BAIXA (0,30 M DO PISO), PVC, INSTALADA EM PAREDE - FORNECIMENTO E INSTALAÇÃO. AF_12/2015","UN","COEFICIENTE DE REPRESENTATIVIDADE","9,05","CAIXA REFERENCIAL"]
["91942","CAIXA RETANGULAR 4\" X 4\" ALTA (2,00 M DO PISO), PVC, INSTALADA EM PAREDE - FORNECIMENTO E INSTALAÇÃO. AF_12/2015","UN","COEFICIENTE DE REPRESENTATIVIDADE","30,32","CAIXA REFERENCIAL"]
["91943","CAIXA RETANGULAR 4\" X 4\" MÉDIA (1,30 M DO PISO), PVC, INSTALADA EM PAREDE - FORNECIMENTO E INSTALAÇÃO. AF_12/2015","UN","COEFICIENTE DE REPRESENTATIVIDADE","17,52","CAIXA REFERENCIAL"]
["91944","CAIXA RETANGULAR 4\" X 4\" BAIXA (0,30 M DO PISO), PVC, INSTALADA EM PAREDE - FORNECIMENTO E INSTALAÇÃO. AF_12/2015","UN","COEFICIENTE DE REPRESENTATIVIDADE","12,73","CAIXA REFERENCIAL"]
["92865","CAIXA OCTOGONAL 4\" X 4\", METÁLICA, INSTALADA EM LAJE - FORNECIMENTO E INSTALAÇÃO. AF_12/2015","UN","COEFICIENTE DE REPRESENTATIVIDADE","10,89","CAIXA REFERENCIAL"]
["92866","CAIXA SEXTAVADA 3\" X 3\", METÁLICA, INSTALADA EM LAJE - FORNECIMENTO E INSTALAÇÃO. AF_12/2015","UN","COEFICIENTE DE REPRESENTATIVIDADE","8,14","CAIXA REFERENCIAL"]
["92867","CAIXA RETANGULAR 4\" X 2\" ALTA (2,00 M DO PISO), METÁLICA, INSTALADA EM PAREDE - FORNECIMENTO E INSTALAÇÃO. AF_12/2015","UN","COEFICIENTE DE REPRESENTATIVIDADE","24,01","CAIXA REFERENCIAL"]
["92868","CAIXA RETANGULAR 4\" X 2\" MÉDIA (1,30 M DO PISO), METÁLICA, INSTALADA EM PAREDE - FORNECIMENTO E INSTALAÇÃO. AF_12/2015","UN","COEFICIENTE DE REPRESENTATIVIDADE","12,88","CAIXA REFERENCIAL"]
["92869","CAIXA RETANGULAR 4\" X 2\" BAIXA (0,30 M DO PISO), METÁLICA, INSTALADA EM PAREDE - FORNECIMENTO E INSTALAÇÃO. AF_12/2015","UN","COEFICIENTE DE REPRESENTATIVIDADE","8,71","CAIXA REFERENCIAL"]
["92870","CAIXA RETANGULAR 4\" X 4\" ALTA (2,00 M DO PISO), METÁLICA, INSTALADA EM PAREDE - FORNECIMENTO E INSTALAÇÃO. AF_12/2015","UN","COEFICIENTE DE REPRESENTATIVIDADE","29,96","CAIXA REFERENCIAL"]
["92871","CAIXA RETANGULAR 4\" X 4\" MÉDIA (1,30 M DO PISO), METÁLICA, INSTALADA EM PAREDE - FORNECIMENTO E INSTALAÇÃO. AF_12/2015","UN","COEFICIENTE DE REPRESENTATIVIDADE","17,16","CAIXA REFERENCIAL"]
["92872","CAIXA RETANGULAR 4\" X 4\" BAIXA (0,30 M DO PISO), METÁLICA, INSTALADA EM PAREDE - FORNECIMENTO E INSTALAÇÃO. AF_12/2015","UN","COEFICIENTE DE REPRESENTATIVIDADE","12,37","CAIXA REFERENCIAL"]
["95777","CONDULETE DE ALUMÍNIO, TIPO B, PARA ELETRODUTO DE AÇO GALVANIZADO DN 20 MM (3/4''), APARENTE - FORNECIMENTO E INSTALAÇÃO. AF_11/2016_P","UN","COEFICIENTE DE REPRESENTATIVIDADE","26,57","CAIXA REFERENCIAL"]
["95778","CONDULETE DE ALUMÍNIO, TIPO C, PARA ELETRODUTO DE AÇO GALVANIZADO DN 20 MM (3/4''), APARENTE - FORNECIMENTO E INSTALAÇÃO. AF_11/2016_P","UN","COEFICIENTE DE REPRESENTATIVIDADE","27,30","CAIXA REFERENCIAL"]
["95779","CONDULETE DE ALUMÍNIO, TIPO E, PARA ELETRODUTO DE AÇO GALVANIZADO DN 20 MM (3/4''), APARENTE - FORNECIMENTO E INSTALAÇÃO. AF_11/2016_P","UN","COEFICIENTE DE REPRESENTATIVIDADE","24,85","CAIXA REFERENCIAL"]
["95780","CONDULETE DE ALUMÍNIO, TIPO B, PARA ELETRODUTO DE AÇO GALVANIZADO DN 25 MM (1''), APARENTE - FORNECIMENTO E INSTALAÇÃO. AF_11/2016_P","UN","COEFICIENTE DE REPRESENTATIVIDADE","30,54","CAIXA REFERENCIAL"]
["95781","CONDULETE DE ALUMÍNIO, TIPO C, PARA ELETRODUTO DE AÇO GALVANIZADO DN 25 MM (1''), APARENTE - FORNECIMENTO E INSTALAÇÃO. AF_11/2016_P","UN","COEFICIENTE DE REPRESENTATIVIDADE","31,08","CAIXA REFERENCIAL"]
["95782","CONDULETE DE ALUMÍNIO, TIPO E, ELETRODUTO DE AÇO GALVANIZADO DN 25 MM (1''), APARENTE - FORNECIMENTO E INSTALAÇÃO. AF_11/2016_P","UN","COEFICIENTE DE REPRESENTATIVIDADE","32,50","CAIXA REFERENCIAL"]
["95785","CONDULETE DE ALUMÍNIO, TIPO E, PARA ELETRODUTO DE AÇO GALVANIZADO DN 32 MM (1 1/4''), APARENTE - FORNECIMENTO E INSTALAÇÃO. AF_11/2016_P","UN","COEFICIENTE DE REPRESENTATIVIDADE","37,25","CAIXA REFERENCIAL"]
["95787","CONDULETE DE ALUMÍNIO, TIPO LR, PARA ELETRODUTO DE AÇO GALVANIZADO DN 20 MM (3/4''), APARENTE - FORNECIMENTO E INSTALAÇÃO. AF_11/2016_P","UN","COEFICIENTE DE REPRESENTATIVIDADE","26,56","CAIXA REFERENCIAL"]
["95789","CONDULETE DE ALUMÍNIO, TIPO LR, PARA ELETRODUTO DE AÇO GALVANIZADO DN 25 MM (1''), APARENTE - FORNECIMENTO E INSTALAÇÃO. AF_11/2016_P","UN","COEFICIENTE DE REPRESENTATIVIDADE","33,59","CAIXA REFERENCIAL"]
["95791","CONDULETE DE ALUMÍNIO, TIPO LR, PARA ELETRODUTO DE AÇO GALVANIZADO DN 32 MM (1 1/4''), APARENTE - FORNECIMENTO E INSTALAÇÃO. AF_11/2016_P","UN","COEFICIENTE DE REPRESENTATIVIDADE","44,10","CAIXA REFERENCIAL"]
["95795","CONDULETE DE ALUMÍNIO, TIPO T, PARA ELETRODUTO DE AÇO GALVANIZADO DN 20 MM (3/4''), APARENTE - FORNECIMENTO E INSTALAÇÃO. AF_11/2016_P","UN","COEFICIENTE DE REPRESENTATIVIDADE","30,66","CAIXA REFERENCIAL"]
["95796","CONDULETE DE ALUMÍNIO, TIPO T, PARA ELETRODUTO DE AÇO GALVANIZADO DN 25 MM (1''), APARENTE - FORNECIMENTO E INSTALAÇÃO. AF_11/2016_P","UN","COEFICIENTE DE REPRESENTATIVIDADE","39,55","CAIXA REFERENCIAL"]
["95797","CONDULETE DE ALUMÍNIO, TIPO T, PARA ELETRODUTO DE AÇO GALVANIZADO DN 32 MM (1 1/4''), APARENTE - FORNECIMENTO E INSTALAÇÃO. AF_11/2016_P","UN","COEFICIENTE DE REPRESENTATIVIDADE","51,09","CAIXA REFERENCIAL"]
["95801","CONDULETE DE ALUMÍNIO, TIPO X, PARA ELETRODUTO DE AÇO GALVANIZADO DN 20 MM (3/4''), APARENTE - FORNECIMENTO E INSTALAÇÃO. AF_11/2016_P","UN","COEFICIENTE DE REPRESENTATIVIDADE","37,10","CAIXA REFERENCIAL"]
["95802","CONDULETE DE ALUMÍNIO, TIPO X, PARA ELETRODUTO DE AÇO GALVANIZADO DN 25 MM (1''), APARENTE - FORNECIMENTO E INSTALAÇÃO. AF_11/2016_P","UN","COEFICIENTE DE REPRESENTATIVIDADE","41,57","CAIXA REFERENCIAL"]
["95803","CONDULETE DE ALUMÍNIO, TIPO X, PARA ELETRODUTO DE AÇO GALVANIZADO DN 32 MM (1 1/4''), APARENTE - FORNECIMENTO E INSTALAÇÃO. AF_11/2016_P","UN","COEFICIENTE DE REPRESENTATIVIDADE","56,27","CAIXA REFERENCIAL"]
["95804","CONDULETE DE PVC, TIPO B, PARA ELETRODUTO DE PVC SOLDÁVEL DN 20 MM (1/2''), APARENTE - FORNECIMENTO E INSTALAÇÃO. AF_11/2016","UN","COEFICIENTE DE REPRESENTATIVIDADE","23,43","CAIXA REFERENCIAL"]
["95805","CONDULETE DE PVC, TIPO B, PARA ELETRODUTO DE PVC SOLDÁVEL DN 25 MM (3/4''), APARENTE - FORNECIMENTO E INSTALAÇÃO. AF_11/2016","UN","COEFICIENTE DE REPRESENTATIVIDADE","23,63","CAIXA REFERENCIAL"]
["95806","CONDULETE DE PVC, TIPO B, PARA ELETRODUTO DE PVC SOLDÁVEL DN 32 MM (1''), APARENTE - FORNECIMENTO E INSTALAÇÃO. AF_11/2016","UN","COEFICIENTE DE REPRESENTATIVIDADE","24,42","CAIXA REFERENCIAL"]
["95807","CONDULETE DE PVC, TIPO LL, PARA ELETRODUTO DE PVC SOLDÁVEL DN 20 MM (1/2''), APARENTE - FORNECIMENTO E INSTALAÇÃO. AF_11/2016","UN","COEFICIENTE DE REPRESENTATIVIDADE","26,82","CAIXA REFERENCIAL"]
["95808","CONDULETE DE PVC, TIPO LL, PARA ELETRODUTO DE PVC SOLDÁVEL DN 25 MM (3/4''), APARENTE - FORNECIMENTO E INSTALAÇÃO. AF_11/2016","UN","COEFICIENTE DE REPRESENTATIVIDADE","27,39","CAIXA REFERENCIAL"]
["95809","CONDULETE DE PVC, TIPO LL, PARA ELETRODUTO DE PVC SOLDÁVEL DN 32 MM (1''), APARENTE - FORNECIMENTO E INSTALAÇÃO. AF_11/2016","UN","COEFICIENTE DE REPRESENTATIVIDADE","30,27","CAIXA REFERENCIAL"]
["95810","CONDULETE DE PVC, TIPO LB, PARA ELETRODUTO DE PVC SOLDÁVEL DN 20 MM (1/2''), APARENTE - FORNECIMENTO E INSTALAÇÃO. AF_11/2016","UN","COEFICIENTE DE REPRESENTATIVIDADE","15,94","CAIXA REFERENCIAL"]
["95811","CONDULETE DE PVC, TIPO LB, PARA ELETRODUTO DE PVC SOLDÁVEL DN 25 MM (3/4''), APARENTE - FORNECIMENTO E INSTALAÇÃO. AF_11/2016","UN","COEFICIENTE DE REPRESENTATIVIDADE","16,51","CAIXA REFERENCIAL"]
["95812","CONDULETE DE PVC, TIPO LB, PARA ELETRODUTO DE PVC SOLDÁVEL DN 32 MM (1''), APARENTE - FORNECIMENTO E INSTALAÇÃO. AF_11/2016","UN","COEFICIENTE DE REPRESENTATIVIDADE","19,40","CAIXA REFERENCIAL"]
["95813","CONDULETE DE PVC, TIPO TB, PARA ELETRODUTO DE PVC SOLDÁVEL DN 20 MM (1/2''), APARENTE - FORNECIMENTO E INSTALAÇÃO. AF_11/2016","UN","COEFICIENTE DE REPRESENTATIVIDADE","18,89","CAIXA REFERENCIAL"]
["95814","CONDULETE DE PVC, TIPO TB, PARA ELETRODUTO DE PVC SOLDÁVEL DN 25 MM (3/4''), APARENTE - FORNECIMENTO E INSTALAÇÃO. AF_11/2016","UN","COEFICIENTE DE REPRESENTATIVIDADE","19,76","CAIXA REFERENCIAL"]
["95815","CONDULETE DE PVC, TIPO TB, PARA ELETRODUTO DE PVC SOLDÁVEL DN 32 MM (1''), APARENTE - FORNECIMENTO E INSTALAÇÃO. AF_11/2016","UN","COEFICIENTE DE REPRESENTATIVIDADE","25,41","CAIXA REFERENCIAL"]
["95816","CONDULETE DE PVC, TIPO X, PARA ELETRODUTO DE PVC SOLDÁVEL DN 20 MM (1/2''), APARENTE - FORNECIMENTO E INSTALAÇÃO. AF_11/2016","UN","COEFICIENTE DE REPRESENTATIVIDADE","33,01","CAIXA REFERENCIAL"]
["95817","CONDULETE DE PVC, TIPO X, PARA ELETRODUTO DE PVC SOLDÁVEL DN 25 MM (3/4''), APARENTE - FORNECIMENTO E INSTALAÇÃO. AF_11/2016","UN","COEFICIENTE DE REPRESENTATIVIDADE","33,66","CAIXA REFERENCIAL"]
["95818","CONDULETE DE PVC, TIPO X, PARA ELETRODUTO DE PVC SOLDÁVEL DN 32 MM (1''), APARENTE - FORNECIMENTO E INSTALAÇÃO. AF_11/2016","UN","COEFICIENTE DE REPRESENTATIVIDADE","41,26","CAIXA REFERENCIAL"]
["97881","CAIXA ENTERRADA ELÉTRICA RETANGULAR, EM CONCRETO PRÉ-MOLDADO, FUNDO COM BRITA, DIMENSÕES INTERNAS: 0,3X0,3X0,3 M. AF_12/2020","UN","ATRIBUÍDO SÃO PAULO","95,39","CAIXA REFERENCIAL"]
["97882","CAIXA ENTERRADA ELÉTRICA RETANGULAR, EM CONCRETO PRÉ-MOLDADO, FUNDO COM BRITA, DIMENSÕES INTERNAS: 0,4X0,4X0,4 M. AF_12/2020","UN","ATRIBUÍDO SÃO PAULO","147,98","CAIXA REFERENCIAL"]
["97883","CAIXA ENTERRADA ELÉTRICA RETANGULAR, EM CONCRETO PRÉ-MOLDADO, FUNDO COM BRITA, DIMENSÕES INTERNAS: 0,6X0,6X0,5 M. AF_12/2020","UN","ATRIBUÍDO SÃO PAULO","286,17","CAIXA REFERENCIAL"]
["97884","CAIXA ENTERRADA ELÉTRICA RETANGULAR, EM CONCRETO PRÉ-MOLDADO, FUNDO COM BRITA, DIMENSÕES INTERNAS: 0,8X0,8X0,5 M. AF_12/2020","UN","ATRIBUÍDO SÃO PAULO","551,04","CAIXA REFERENCIAL"]
["97885","CAIXA ENTERRADA ELÉTRICA RETANGULAR, EM CONCRETO PRÉ-MOLDADO, FUNDO COM BRITA, DIMENSÕES INTERNAS: 1X1X0,5 M. AF_12/2020","UN","ATRIBUÍDO SÃO PAULO","849,72","CAIXA REFERENCIAL"]
["97886","CAIXA ENTERRADA ELÉTRICA RETANGULAR, EM ALVENARIA COM TIJOLOS CERÂMICOS MACIÇOS, FUNDO COM BRITA, DIMENSÕES INTERNAS: 0,3X0,3X0,3 M. AF_12/2020","UN","ATRIBUÍDO SÃO PAULO","139,55","CAIXA REFERENCIAL"]
["97887","CAIXA ENTERRADA ELÉTRICA RETANGULAR, EM ALVENARIA COM TIJOLOS CERÂMICOS MACIÇOS, FUNDO COM BRITA, DIMENSÕES INTERNAS: 0,4X0,4X0,4 M. AF_12/2020","UN","ATRIBUÍDO SÃO PAULO","220,05","CAIXA REFERENCIAL"]
["97888","CAIXA ENTERRADA ELÉTRICA RETANGULAR, EM ALVENARIA COM TIJOLOS CERÂMICOS MACIÇOS, FUNDO COM BRITA, DIMENSÕES INTERNAS: 0,6X0,6X0,6 M. AF_12/2020","UN","ATRIBUÍDO SÃO PAULO","426,32","CAIXA REFERENCIAL"]
["97889","CAIXA ENTERRADA ELÉTRICA RETANGULAR, EM ALVENARIA COM TIJOLOS CERÂMICOS MACIÇOS, FUNDO COM BRITA, DIMENSÕES INTERNAS: 0,8X0,8X0,6 M. AF_12/2020","UN","ATRIBUÍDO SÃO PAULO","572,53","CAIXA REFERENCIAL"]
["97890","CAIXA ENTERRADA ELÉTRICA RETANGULAR, EM ALVENARIA COM TIJOLOS CERÂMICOS MACIÇOS, FUNDO COM BRITA, DIMENSÕES INTERNAS: 1X1X0,6 M. AF_12/2020","UN","ATRIBUÍDO SÃO PAULO","662,58","CAIXA REFERENCIAL"]
["97891","CAIXA ENTERRADA ELÉTRICA RETANGULAR, EM ALVENARIA COM BLOCOS DE CONCRETO, FUNDO COM BRITA, DIMENSÕES INTERNAS: 0,4X0,4X0,4 M. AF_12/2020","UN","ATRIBUÍDO SÃO PAULO","166,95","CAIXA REFERENCIAL"]
["97892","CAIXA ENTERRADA ELÉTRICA RETANGULAR, EM ALVENARIA COM BLOCOS DE CONCRETO, FUNDO COM BRITA, DIMENSÕES INTERNAS: 0,6X0,6X0,6 M. AF_12/2020","UN","ATRIBUÍDO SÃO PAULO","314,05","CAIXA REFERENCIAL"]
["97893","CAIXA ENTERRADA ELÉTRICA RETANGULAR, EM ALVENARIA COM BLOCOS DE CONCRETO, FUNDO COM BRITA, DIMENSÕES INTERNAS: 0,8X0,8X0,6 M. AF_12/2020","UN","ATRIBUÍDO SÃO PAULO","429,36","CAIXA REFERENCIAL"]
["97894","CAIXA ENTERRADA ELÉTRICA RETANGULAR, EM ALVENARIA COM BLOCOS DE CONCRETO, FUNDO COM BRITA, DIMENSÕES INTERNAS: 1X1X0,6 M. AF_12/2020","UN","ATRIBUÍDO SÃO PAULO","489,09","CAIXA REFERENCIAL"]
["93653","DISJUNTOR MONOPOLAR TIPO DIN, CORRENTE NOMINAL DE 10A - FORNECIMENTO E INSTALAÇÃO. AF_10/2020","UN","COEFICIENTE DE REPRESENTATIVIDADE","10,49","CAIXA REFERENCIAL"]
["93654","DISJUNTOR MONOPOLAR TIPO DIN, CORRENTE NOMINAL DE 16A - FORNECIMENTO E INSTALAÇÃO. AF_10/2020","UN","COEFICIENTE DE REPRESENTATIVIDADE","10,99","CAIXA REFERENCIAL"]
["93655","DISJUNTOR MONOPOLAR TIPO DIN, CORRENTE NOMINAL DE 20A - FORNECIMENTO E INSTALAÇÃO. AF_10/2020","UN","COEFICIENTE DE REPRESENTATIVIDADE","12,05","CAIXA REFERENCIAL"]
["93656","DISJUNTOR MONOPOLAR TIPO DIN, CORRENTE NOMINAL DE 25A - FORNECIMENTO E INSTALAÇÃO. AF_10/2020","UN","COEFICIENTE DE REPRESENTATIVIDADE","12,05","CAIXA REFERENCIAL"]
["93657","DISJUNTOR MONOPOLAR TIPO DIN, CORRENTE NOMINAL DE 32A - FORNECIMENTO E INSTALAÇÃO. AF_10/2020","UN","COEFICIENTE DE REPRESENTATIVIDADE","13,31","CAIXA REFERENCIAL"]
["93658","DISJUNTOR MONOPOLAR TIPO DIN, CORRENTE NOMINAL DE 40A - FORNECIMENTO E INSTALAÇÃO. AF_10/2020","UN","COEFICIENTE DE REPRESENTATIVIDADE","19,15","CAIXA REFERENCIAL"]
["93659","DISJUNTOR MONOPOLAR TIPO DIN, CORRENTE NOMINAL DE 50A - FORNECIMENTO E INSTALAÇÃO. AF_10/2020","UN","COEFICIENTE DE REPRESENTATIVIDADE","21,66","CAIXA REFERENCIAL"]
["93660","DISJUNTOR BIPOLAR TIPO DIN, CORRENTE NOMINAL DE 10A - FORNECIMENTO E INSTALAÇÃO. AF_10/2020","UN","COEFICIENTE DE REPRESENTATIVIDADE","51,26","CAIXA REFERENCIAL"]
["93661","DISJUNTOR BIPOLAR TIPO DIN, CORRENTE NOMINAL DE 16A - FORNECIMENTO E INSTALAÇÃO. AF_10/2020","UN","COEFICIENTE DE REPRESENTATIVIDADE","52,27","CAIXA REFERENCIAL"]
["93662","DISJUNTOR BIPOLAR TIPO DIN, CORRENTE NOMINAL DE 20A - FORNECIMENTO E INSTALAÇÃO. AF_10/2020","UN","COEFICIENTE DE REPRESENTATIVIDADE","54,38","CAIXA REFERENCIAL"]
["93663","DISJUNTOR BIPOLAR TIPO DIN, CORRENTE NOMINAL DE 25A - FORNECIMENTO E INSTALAÇÃO. AF_10/2020","UN","COEFICIENTE DE REPRESENTATIVIDADE","54,38","CAIXA REFERENCIAL"]
["93664","DISJUNTOR BIPOLAR TIPO DIN, CORRENTE NOMINAL DE 32A - FORNECIMENTO E INSTALAÇÃO. AF_10/2020","UN","COEFICIENTE DE REPRESENTATIVIDADE","56,90","CAIXA REFERENCIAL"]
["93665","DISJUNTOR BIPOLAR TIPO DIN, CORRENTE NOMINAL DE 40A - FORNECIMENTO E INSTALAÇÃO. AF_10/2020","UN","COEFICIENTE DE REPRESENTATIVIDADE","60,04","CAIXA REFERENCIAL"]
["93666","DISJUNTOR BIPOLAR TIPO DIN, CORRENTE NOMINAL DE 50A - FORNECIMENTO E INSTALAÇÃO. AF_10/2020","UN","COEFICIENTE DE REPRESENTATIVIDADE","65,04","CAIXA REFERENCIAL"]
["93667","DISJUNTOR TRIPOLAR TIPO DIN, CORRENTE NOMINAL DE 10A - FORNECIMENTO E INSTALAÇÃO. AF_10/2020","UN","COEFICIENTE DE REPRESENTATIVIDADE","64,12","CAIXA REFERENCIAL"]
["93668","DISJUNTOR TRIPOLAR TIPO DIN, CORRENTE NOMINAL DE 16A - FORNECIMENTO E INSTALAÇÃO. AF_10/2020","UN","COEFICIENTE DE REPRESENTATIVIDADE","65,64","CAIXA REFERENCIAL"]
["93669","DISJUNTOR TRIPOLAR TIPO DIN, CORRENTE NOMINAL DE 20A - FORNECIMENTO E INSTALAÇÃO. AF_10/2020","UN","COEFICIENTE DE REPRESENTATIVIDADE","68,80","CAIXA REFERENCIAL"]
["93670","DISJUNTOR TRIPOLAR TIPO DIN, CORRENTE NOMINAL DE 25A - FORNECIMENTO E INSTALAÇÃO. AF_10/2020","UN","COEFICIENTE DE REPRESENTATIVIDADE","68,80","CAIXA REFERENCIAL"]
["93671","DISJUNTOR TRIPOLAR TIPO DIN, CORRENTE NOMINAL DE 32A - FORNECIMENTO E INSTALAÇÃO. AF_10/2020","UN","COEFICIENTE DE REPRESENTATIVIDADE","72,57","CAIXA REFERENCIAL"]
["93672","DISJUNTOR TRIPOLAR TIPO DIN, CORRENTE NOMINAL DE 40A - FORNECIMENTO E INSTALAÇÃO. AF_10/2020","UN","COEFICIENTE DE REPRESENTATIVIDADE","78,34","CAIXA REFERENCIAL"]
["93673","DISJUNTOR TRIPOLAR TIPO DIN, CORRENTE NOMINAL DE 50A - FORNECIMENTO E INSTALAÇÃO. AF_10/2020","UN","COEFICIENTE DE REPRESENTATIVIDADE","85,87","CAIXA REFERENCIAL"]
["97359","QUADRO DE MEDIÇÃO GERAL DE ENERGIA COM 8 MEDIDORES - FORNECIMENTO E INSTALAÇÃO. AF_10/2020","UN","COEFICIENTE DE REPRESENTATIVIDADE","2.864,96","CAIXA REFERENCIAL"]
["97360","QUADRO DE MEDIÇÃO GERAL DE ENERGIA COM 12 MEDIDORES - FORNECIMENTO E INSTALAÇÃO. AF_10/2020","UN","COEFICIENTE DE REPRESENTATIVIDADE","5.519,31","CAIXA REFERENCIAL"]
["97361","QUADRO DE MEDIÇÃO GERAL DE ENERGIA COM 16 MEDIDORES - FORNECIMENTO E INSTALAÇÃO. AF_10/2020","UN","COEFICIENTE DE REPRESENTATIVIDADE","7.359,09","CAIXA REFERENCIAL"]
["97362","QUADRO DE MEDIÇÃO GERAL DE ENERGIA PARA BARRAMENTO BLINDADO COM 4 MEDIDORES - FORNECIMENTO E INSTALAÇÃO. AF_10/2020","UN","COEFICIENTE DE REPRESENTATIVIDADE","2.709,03","CAIXA REFERENCIAL"]
["101875","QUADRO DE DISTRIBUIÇÃO DE ENERGIA EM CHAPA DE AÇO GALVANIZADO, DE EMBUTIR, COM BARRAMENTO TRIFÁSICO, PARA 12 DISJUNTORES DIN 100A - FORNECIMENTO E INSTALAÇÃO. AF_10/2020","UN","COEFICIENTE DE REPRESENTATIVIDADE","567,16","CAIXA REFERENCIAL"]
["101876","QUADRO DE DISTRIBUIÇÃO DE ENERGIA EM PVC, DE EMBUTIR, SEM BARRAMENTO, PARA 6 DISJUNTORES - FORNECIMENTO E INSTALAÇÃO. AF_10/2020","UN","COEFICIENTE DE REPRESENTATIVIDADE","64,57","CAIXA REFERENCIAL"]
["101877","QUADRO DE DISTRIBUIÇÃO DE ENERGIA EM PVC, DE EMBUTIR, SEM BARRAMENTO, PARA 3 DISJUNTORES - FORNECIMENTO E INSTALAÇÃO. AF_10/2020","UN","COEFICIENTE DE REPRESENTATIVIDADE","44,64","CAIXA REFERENCIAL"]
["101878","QUADRO DE DISTRIBUIÇÃO DE ENERGIA EM CHAPA DE AÇO GALVANIZADO, DE SOBREPOR, COM BARRAMENTO TRIFÁSICO, PARA 18 DISJUNTORES DIN 100A - FORNECIMENTO E INSTALAÇÃO. AF_10/2020","UN","COEFICIENTE DE REPRESENTATIVIDADE","765,07","CAIXA REFERENCIAL"]
["101879","QUADRO DE DISTRIBUIÇÃO DE ENERGIA EM CHAPA DE AÇO GALVANIZADO, DE EMBUTIR, COM BARRAMENTO TRIFÁSICO, PARA 24 DISJUNTORES DIN 100A - FORNECIMENTO E INSTALAÇÃO. AF_10/2020","UN","COEFICIENTE DE REPRESENTATIVIDADE","826,80","CAIXA REFERENCIAL"]
["101880","QUADRO DE DISTRIBUIÇÃO DE ENERGIA EM CHAPA DE AÇO GALVANIZADO, DE EMBUTIR, COM BARRAMENTO TRIFÁSICO, PARA 30 DISJUNTORES DIN 150A - FORNECIMENTO E INSTALAÇÃO. AF_10/2020","UN","COEFICIENTE DE REPRESENTATIVIDADE","950,32","CAIXA REFERENCIAL"]
["101881","QUADRO DE DISTRIBUIÇÃO DE ENERGIA EM CHAPA DE AÇO GALVANIZADO, DE EMBUTIR, COM BARRAMENTO TRIFÁSICO, PARA 40 DISJUNTORES DIN 100A - FORNECIMENTO E INSTALAÇÃO. AF_10/2020","UN","COEFICIENTE DE REPRESENTATIVIDADE","1.378,05","CAIXA REFERENCIAL"]
["101882","QUADRO DE DISTRIBUIÇÃO DE ENERGIA EM CHAPA DE AÇO GALVANIZADO, DE EMBUTIR, COM BARRAMENTO TRIFÁSICO, PARA 30 DISJUNTORES DIN 225A - FORNECIMENTO E INSTALAÇÃO. AF_10/2020","UN","COEFICIENTE DE REPRESENTATIVIDADE","1.967,45","CAIXA REFERENCIAL"]
["101883","QUADRO DE DISTRIBUIÇÃO DE ENERGIA EM CHAPA DE AÇO GALVANIZADO, DE EMBUTIR, COM BARRAMENTO TRIFÁSICO, PARA 18 DISJUNTORES DIN 100A - FORNECIMENTO E INSTALAÇÃO. AF_10/2020","UN","COEFICIENTE DE REPRESENTATIVIDADE","787,63","CAIXA REFERENCIAL"]
["101890","DISJUNTOR MONOPOLAR TIPO NEMA, CORRENTE NOMINAL DE 10 ATÉ 30A - FORNECIMENTO E INSTALAÇÃO. AF_10/2020","UN","COEFICIENTE DE REPRESENTATIVIDADE","14,45","CAIXA REFERENCIAL"]
["101891","DISJUNTOR MONOPOLAR TIPO NEMA, CORRENTE NOMINAL DE 35 ATÉ 50A - FORNECIMENTO E INSTALAÇÃO. AF_10/2020","UN","COEFICIENTE DE REPRESENTATIVIDADE","24,74","CAIXA REFERENCIAL"]
["101892","DISJUNTOR BIPOLAR TIPO NEMA, CORRENTE NOMINAL DE 10 ATÉ 50A - FORNECIMENTO E INSTALAÇÃO. AF_10/2020","UN","COEFICIENTE DE REPRESENTATIVIDADE","64,42","CAIXA REFERENCIAL"]
["101893","DISJUNTOR TRIPOLAR TIPO NEMA, CORRENTE NOMINAL DE 10 ATÉ 50A - FORNECIMENTO E INSTALAÇÃO. AF_10/2020","UN","COEFICIENTE DE REPRESENTATIVIDADE","82,35","CAIXA REFERENCIAL"]
["101894","DISJUNTOR TRIPOLAR TIPO NEMA, CORRENTE NOMINAL DE 60 ATÉ 100A - FORNECIMENTO E INSTALAÇÃO. AF_10/2020","UN","COEFICIENTE DE REPRESENTATIVIDADE","139,24","CAIXA REFERENCIAL"]
["101895","DISJUNTOR TERMOMAGNÉTICO TRIPOLAR , CORRENTE NOMINAL DE 125A - FORNECIMENTO E INSTALAÇÃO. AF_10/2020","UN","COEFICIENTE DE REPRESENTATIVIDADE","380,15","CAIXA REFERENCIAL"]
["101896","DISJUNTOR TERMOMAGNÉTICO TRIPOLAR , CORRENTE NOMINAL DE 200A - FORNECIMENTO E INSTALAÇÃO. AF_10/2020","UN","COEFICIENTE DE REPRESENTATIVIDADE","572,35","CAIXA REFERENCIAL"]
["101897","DISJUNTOR TERMOMAGNÉTICO TRIPOLAR , CORRENTE NOMINAL DE 250A - FORNECIMENTO E INSTALAÇÃO. AF_10/2020","UN","COEFICIENTE DE REPRESENTATIVIDADE","915,59","CAIXA REFERENCIAL"]
["101898","DISJUNTOR TERMOMAGNÉTICO TRIPOLAR , CORRENTE NOMINAL DE 400A - FORNECIMENTO E INSTALAÇÃO. AF_10/2020","UN","COEFICIENTE DE REPRESENTATIVIDADE","1.224,97","CAIXA REFERENCIAL"]
["101899","DISJUNTOR TERMOMAGNÉTICO TRIPOLAR , CORRENTE NOMINAL DE 600A - FORNECIMENTO E INSTALAÇÃO. AF_10/2020","UN","COEFICIENTE DE REPRESENTATIVIDADE","1.960,86","CAIXA REFERENCIAL"]
["101900","DISJUNTOR BAIXA TENSÃO TRIPOLAR A SECO  800A/600V - FORNECIMENTO E INSTALAÇÃO. AF_10/2020","UN","COEFICIENTE DE REPRESENTATIVIDADE","4.092,34","CAIXA REFERENCIAL"]
["101901","CONTATOR TRIPOLAR I NOMINAL 12A - FORNECIMENTO E INSTALAÇÃO. AF_10/2020","UN","COEFICIENTE DE REPRESENTATIVIDADE","232,63","CAIXA REFERENCIAL"]
["101902","CONTATOR TRIPOLAR I NOMINAL 22A - FORNECIMENTO E INSTALAÇÃO. AF_10/2020","UN","COEFICIENTE DE REPRESENTATIVIDADE","286,44","CAIXA REFERENCIAL"]
["101903","CONTATOR TRIPOLAR I NOMINAL 38A - FORNECIMENTO E INSTALAÇÃO. AF_10/2020","UN","COEFICIENTE DE REPRESENTATIVIDADE","599,79","CAIXA REFERENCIAL"]
["101904","CONTATOR TRIPOLAR I NOMIMAL 95A - FORNECIMENTO E INSTALAÇÃO. AF_10/2020","UN","COEFICIENTE DE REPRESENTATIVIDADE","2.239,99","CAIXA REFERENCIAL"]
["101938","CAIXA DE PROTEÇÃO PARA MEDIDOR MONOFÁSICO DE EMBUTIR - FORNECIMENTO E INSTALAÇÃO. AF_10/2020","UN","COEFICIENTE DE REPRESENTATIVIDADE","86,48","CAIXA REFERENCIAL"]
["101946","QUADRO DE MEDIÇÃO GERAL DE ENERGIA PARA 1 MEDIDOR DE SOBREPOR - FORNECIMENTO E INSTALAÇÃO. AF_10/2020","UN","COEFICIENTE DE REPRESENTATIVIDADE","129,20","CAIXA REFERENCIAL"]
["91945","SUPORTE PARAFUSADO COM PLACA DE ENCAIXE 4\" X 2\" ALTO (2,00 M DO PISO) PARA PONTO ELÉTRICO - FORNECIMENTO E INSTALAÇÃO. AF_12/2015","UN","COEFICIENTE DE REPRESENTATIVIDADE","8,64","CAIXA REFERENCIAL"]
["91946","SUPORTE PARAFUSADO COM PLACA DE ENCAIXE 4\" X 2\" MÉDIO (1,30 M DO PISO) PARA PONTO ELÉTRICO - FORNECIMENTO E INSTALAÇÃO. AF_12/2015","UN","COEFICIENTE DE REPRESENTATIVIDADE","7,31","CAIXA REFERENCIAL"]
["91947","SUPORTE PARAFUSADO COM PLACA DE ENCAIXE 4\" X 2\" BAIXO (0,30 M DO PISO) PARA PONTO ELÉTRICO - FORNECIMENTO E INSTALAÇÃO. AF_12/2015","UN","COEFICIENTE DE REPRESENTATIVIDADE","6,48","CAIXA REFERENCIAL"]
["91949","SUPORTE PARAFUSADO COM PLACA DE ENCAIXE 4\" X 4\" ALTO (2,00 M DO PISO) PARA PONTO ELÉTRICO - FORNECIMENTO E INSTALAÇÃO. AF_12/2015","UN","COEFICIENTE DE REPRESENTATIVIDADE","13,42","CAIXA REFERENCIAL"]
["91950","SUPORTE PARAFUSADO COM PLACA DE ENCAIXE 4\" X 4\" MÉDIO (1,30 M DO PISO) PARA PONTO ELÉTRICO - FORNECIMENTO E INSTALAÇÃO. AF_12/2015","UN","COEFICIENTE DE REPRESENTATIVIDADE","11,80","CAIXA REFERENCIAL"]
["91951","SUPORTE PARAFUSADO COM PLACA DE ENCAIXE 4\" X 4\" BAIXO (0,30 M DO PISO) PARA PONTO ELÉTRICO - FORNECIMENTO E INSTALAÇÃO. AF_12/2015","UN","COEFICIENTE DE REPRESENTATIVIDADE","10,83","CAIXA REFERENCIAL"]
["91952","INTERRUPTOR SIMPLES (1 MÓDULO), 10A/250V, SEM SUPORTE E SEM PLACA - FORNECIMENTO E INSTALAÇÃO. AF_12/2015","UN","COEFICIENTE DE REPRESENTATIVIDADE","16,11","CAIXA REFERENCIAL"]
["91953","INTERRUPTOR SIMPLES (1 MÓDULO), 10A/250V, INCLUINDO SUPORTE E PLACA - FORNECIMENTO E INSTALAÇÃO. AF_12/2015","UN","COEFICIENTE DE REPRESENTATIVIDADE","23,42","CAIXA REFERENCIAL"]
["91954","INTERRUPTOR PARALELO (1 MÓDULO), 10A/250V, SEM SUPORTE E SEM PLACA - FORNECIMENTO E INSTALAÇÃO. AF_12/2015","UN","COEFICIENTE DE REPRESENTATIVIDADE","21,60","CAIXA REFERENCIAL"]
["91955","INTERRUPTOR PARALELO (1 MÓDULO), 10A/250V, INCLUINDO SUPORTE E PLACA - FORNECIMENTO E INSTALAÇÃO. AF_12/2015","UN","COEFICIENTE DE REPRESENTATIVIDADE","28,91","CAIXA REFERENCIAL"]
["91956","INTERRUPTOR SIMPLES (1 MÓDULO) COM INTERRUPTOR PARALELO (1 MÓDULO), 10A/250V, SEM SUPORTE E SEM PLACA - FORNECIMENTO E INSTALAÇÃO. AF_12/2015","UN","COEFICIENTE DE REPRESENTATIVIDADE","35,21","CAIXA REFERENCIAL"]
["91957","INTERRUPTOR SIMPLES (1 MÓDULO) COM INTERRUPTOR PARALELO (1 MÓDULO), 10A/250V, INCLUINDO SUPORTE E PLACA - FORNECIMENTO E INSTALAÇÃO. AF_12/2015","UN","COEFICIENTE DE REPRESENTATIVIDADE","42,52","CAIXA REFERENCIAL"]
["91958","INTERRUPTOR SIMPLES (2 MÓDULOS), 10A/250V, SEM SUPORTE E SEM PLACA - FORNECIMENTO E INSTALAÇÃO. AF_12/2015","UN","COEFICIENTE DE REPRESENTATIVIDADE","29,76","CAIXA REFERENCIAL"]
["91959","INTERRUPTOR SIMPLES (2 MÓDULOS), 10A/250V, INCLUINDO SUPORTE E PLACA - FORNECIMENTO E INSTALAÇÃO. AF_12/2015","UN","COEFICIENTE DE REPRESENTATIVIDADE","37,07","CAIXA REFERENCIAL"]
["91960","INTERRUPTOR PARALELO (2 MÓDULOS), 10A/250V, SEM SUPORTE E SEM PLACA - FORNECIMENTO E INSTALAÇÃO. AF_12/2015","UN","COEFICIENTE DE REPRESENTATIVIDADE","40,71","CAIXA REFERENCIAL"]
["91961","INTERRUPTOR PARALELO (2 MÓDULOS), 10A/250V, INCLUINDO SUPORTE E PLACA - FORNECIMENTO E INSTALAÇÃO. AF_12/2015","UN","COEFICIENTE DE REPRESENTATIVIDADE","48,02","CAIXA REFERENCIAL"]
["91962","INTERRUPTOR SIMPLES (1 MÓDULO) COM INTERRUPTOR PARALELO (2 MÓDULOS), 10A/250V, SEM SUPORTE E SEM PLACA - FORNECIMENTO E INSTALAÇÃO. AF_12/2015","UN","COEFICIENTE DE REPRESENTATIVIDADE","54,37","CAIXA REFERENCIAL"]
["91963","INTERRUPTOR SIMPLES (1 MÓDULO) COM INTERRUPTOR PARALELO (2 MÓDULOS), 10A/250V, INCLUINDO SUPORTE E PLACA - FORNECIMENTO E INSTALAÇÃO. AF_12/2015","UN","COEFICIENTE DE REPRESENTATIVIDADE","61,68","CAIXA REFERENCIAL"]
["91964","INTERRUPTOR SIMPLES (2 MÓDULOS) COM INTERRUPTOR PARALELO (1 MÓDULO), 10A/250V, SEM SUPORTE E SEM PLACA - FORNECIMENTO E INSTALAÇÃO. AF_12/2015","UN","COEFICIENTE DE REPRESENTATIVIDADE","48,87","CAIXA REFERENCIAL"]
["91965","INTERRUPTOR SIMPLES (2 MÓDULOS) COM INTERRUPTOR PARALELO (1 MÓDULO), 10A/250V, INCLUINDO SUPORTE E PLACA - FORNECIMENTO E INSTALAÇÃO. AF_12/2015","UN","COEFICIENTE DE REPRESENTATIVIDADE","56,18","CAIXA REFERENCIAL"]
["91966","INTERRUPTOR SIMPLES (3 MÓDULOS), 10A/250V, SEM SUPORTE E SEM PLACA - FORNECIMENTO E INSTALAÇÃO. AF_12/2015","UN","COEFICIENTE DE REPRESENTATIVIDADE","43,42","CAIXA REFERENCIAL"]
["91967","INTERRUPTOR SIMPLES (3 MÓDULOS), 10A/250V, INCLUINDO SUPORTE E PLACA - FORNECIMENTO E INSTALAÇÃO. AF_12/2015","UN","COEFICIENTE DE REPRESENTATIVIDADE","50,73","CAIXA REFERENCIAL"]
["91968","INTERRUPTOR PARALELO (3 MÓDULOS), 10A/250V, SEM SUPORTE E SEM PLACA - FORNECIMENTO E INSTALAÇÃO. AF_12/2015","UN","COEFICIENTE DE REPRESENTATIVIDADE","59,82","CAIXA REFERENCIAL"]
["91969","INTERRUPTOR PARALELO (3 MÓDULOS), 10A/250V, INCLUINDO SUPORTE E PLACA - FORNECIMENTO E INSTALAÇÃO. AF_12/2015","UN","COEFICIENTE DE REPRESENTATIVIDADE","67,13","CAIXA REFERENCIAL"]
["91970","INTERRUPTOR SIMPLES (3 MÓDULOS) COM INTERRUPTOR PARALELO (1 MÓDULO), 10A/250V, SEM SUPORTE E SEM PLACA - FORNECIMENTO E INSTALAÇÃO. AF_12/2015","UN","COEFICIENTE DE REPRESENTATIVIDADE","62,82","CAIXA REFERENCIAL"]
["91971","INTERRUPTOR SIMPLES (3 MÓDULOS) COM INTERRUPTOR PARALELO (1 MÓDULO), 10A/250V, INCLUINDO SUPORTE E PLACA - FORNECIMENTO E INSTALAÇÃO. AF_12/2015","UN","COEFICIENTE DE REPRESENTATIVIDADE","74,62","CAIXA REFERENCIAL"]
["91972","INTERRUPTOR SIMPLES (2 MÓDULOS) COM INTERRUPTOR PARALELO (2 MÓDULOS), 10A/250V, SEM SUPORTE E SEM PLACA - FORNECIMENTO E INSTALAÇÃO. AF_12/2015","UN","COEFICIENTE DE REPRESENTATIVIDADE","68,31","CAIXA REFERENCIAL"]
["91973","INTERRUPTOR SIMPLES (2 MÓDULOS) COM INTERRUPTOR PARALELO (2 MÓDULOS), 10A/250V, INCLUINDO SUPORTE E PLACA - FORNECIMENTO E INSTALAÇÃO. AF_12/2015","UN","COEFICIENTE DE REPRESENTATIVIDADE","80,11","CAIXA REFERENCIAL"]
["91974","INTERRUPTOR SIMPLES (4 MÓDULOS), 10A/250V, SEM SUPORTE E SEM PLACA - FORNECIMENTO E INSTALAÇÃO. AF_12/2015","UN","COEFICIENTE DE REPRESENTATIVIDADE","57,32","CAIXA REFERENCIAL"]
["91975","INTERRUPTOR SIMPLES (4 MÓDULOS), 10A/250V, INCLUINDO SUPORTE E PLACA - FORNECIMENTO E INSTALAÇÃO. AF_12/2015","UN","COEFICIENTE DE REPRESENTATIVIDADE","69,12","CAIXA REFERENCIAL"]
["91976","INTERRUPTOR SIMPLES (6 MÓDULOS), 10A/250V, SEM SUPORTE E SEM PLACA - FORNECIMENTO E INSTALAÇÃO. AF_12/2015","UN","COEFICIENTE DE REPRESENTATIVIDADE","84,72","CAIXA REFERENCIAL"]
["91977","INTERRUPTOR SIMPLES (6 MÓDULOS), 10A/250V, INCLUINDO SUPORTE E PLACA - FORNECIMENTO E INSTALAÇÃO. AF_12/2015","UN","COEFICIENTE DE REPRESENTATIVIDADE","96,52","CAIXA REFERENCIAL"]
["91978","INTERRUPTOR INTERMEDIÁRIO (1 MÓDULO), 10A/250V, SEM SUPORTE E SEM PLACA - FORNECIMENTO E INSTALAÇÃO. AF_09/2017","UN","COEFICIENTE DE REPRESENTATIVIDADE","35,07","CAIXA REFERENCIAL"]
["91979","INTERRUPTOR INTERMEDIÁRIO (1 MÓDULO), 10A/250V, INCLUINDO SUPORTE E PLACA - FORNECIMENTO E INSTALAÇÃO. AF_09/2017","UN","COEFICIENTE DE REPRESENTATIVIDADE","42,38","CAIXA REFERENCIAL"]
["91980","INTERRUPTOR BIPOLAR (1 MÓDULO), 10A/250V, SEM SUPORTE E SEM PLACA - FORNECIMENTO E INSTALAÇÃO. AF_09/2017","UN","COEFICIENTE DE REPRESENTATIVIDADE","33,86","CAIXA REFERENCIAL"]
["91981","INTERRUPTOR BIPOLAR (1 MÓDULO), 10A/250V, INCLUINDO SUPORTE E PLACA - FORNECIMENTO E INSTALAÇÃO. AF_09/2017","UN","COEFICIENTE DE REPRESENTATIVIDADE","41,17","CAIXA REFERENCIAL"]
["91982","DIMMER ROTATIVO (1 MÓDULO), 220V/600W, SEM SUPORTE E SEM PLACA - FORNECIMENTO E INSTALAÇÃO. AF_09/2017","UN","COEFICIENTE DE REPRESENTATIVIDADE","86,19","CAIXA REFERENCIAL"]
["91983","DIMMER ROTATIVO (1 MÓDULO), 220V/600W, INCLUINDO SUPORTE E PLACA - FORNECIMENTO E INSTALAÇÃO. AF_09/2017","UN","COEFICIENTE DE REPRESENTATIVIDADE","93,50","CAIXA REFERENCIAL"]
["91984","INTERRUPTOR PULSADOR CAMPAINHA (1 MÓDULO), 10A/250V, SEM SUPORTE E SEM PLACA - FORNECIMENTO E INSTALAÇÃO. AF_09/2017","UN","COEFICIENTE DE REPRESENTATIVIDADE","14,99","CAIXA REFERENCIAL"]
["91985","INTERRUPTOR PULSADOR CAMPAINHA (1 MÓDULO), 10A/250V, INCLUINDO SUPORTE E PLACA - FORNECIMENTO E INSTALAÇÃO. AF_09/2017","UN","COEFICIENTE DE REPRESENTATIVIDADE","22,30","CAIXA REFERENCIAL"]
["91986","CAMPAINHA CIGARRA (1 MÓDULO), 10A/250V, SEM SUPORTE E SEM PLACA - FORNECIMENTO E INSTALAÇÃO. AF_09/2017","UN","COEFICIENTE DE REPRESENTATIVIDADE","32,87","CAIXA REFERENCIAL"]
["91987","CAMPAINHA CIGARRA (1 MÓDULO), 10A/250V, INCLUINDO SUPORTE E PLACA - FORNECIMENTO E INSTALAÇÃO. AF_09/2017","UN","COEFICIENTE DE REPRESENTATIVIDADE","40,18","CAIXA REFERENCIAL"]
["91988","INTERRUPTOR PULSADOR MINUTERIA (1 MÓDULO), 10A/250V, SEM SUPORTE E SEM PLACA - FORNECIMENTO E INSTALAÇÃO. AF_09/2017","UN","COEFICIENTE DE REPRESENTATIVIDADE","19,07","CAIXA REFERENCIAL"]
["91989","INTERRUPTOR PULSADOR MINUTERIA (1 MÓDULO), 10A/250V, INCLUINDO SUPORTE E PLACA - FORNECIMENTO E INSTALAÇÃO. AF_09/2017","UN","COEFICIENTE DE REPRESENTATIVIDADE","26,38","CAIXA REFERENCIAL"]
["91990","TOMADA ALTA DE EMBUTIR (1 MÓDULO), 2P+T 10 A, SEM SUPORTE E SEM PLACA - FORNECIMENTO E INSTALAÇÃO. AF_12/2015","UN","COEFICIENTE DE REPRESENTATIVIDADE","28,15","CAIXA REFERENCIAL"]
["91991","TOMADA ALTA DE EMBUTIR (1 MÓDULO), 2P+T 20 A, SEM SUPORTE E SEM PLACA - FORNECIMENTO E INSTALAÇÃO. AF_12/2015","UN","COEFICIENTE DE REPRESENTATIVIDADE","30,35","CAIXA REFERENCIAL"]
["91992","TOMADA ALTA DE EMBUTIR (1 MÓDULO), 2P+T 10 A, INCLUINDO SUPORTE E PLACA - FORNECIMENTO E INSTALAÇÃO. AF_12/2015","UN","COEFICIENTE DE REPRESENTATIVIDADE","35,46","CAIXA REFERENCIAL"]
["91993","TOMADA ALTA DE EMBUTIR (1 MÓDULO), 2P+T 20 A, INCLUINDO SUPORTE E PLACA - FORNECIMENTO E INSTALAÇÃO. AF_12/2015","UN","COEFICIENTE DE REPRESENTATIVIDADE","37,66","CAIXA REFERENCIAL"]
["91994","TOMADA MÉDIA DE EMBUTIR (1 MÓDULO), 2P+T 10 A, SEM SUPORTE E SEM PLACA - FORNECIMENTO E INSTALAÇÃO. AF_12/2015","UN","COEFICIENTE DE REPRESENTATIVIDADE","20,46","CAIXA REFERENCIAL"]
["91995","TOMADA MÉDIA DE EMBUTIR (1 MÓDULO), 2P+T 20 A, SEM SUPORTE E SEM PLACA - FORNECIMENTO E INSTALAÇÃO. AF_12/2015","UN","COEFICIENTE DE REPRESENTATIVIDADE","22,66","CAIXA REFERENCIAL"]
["91996","TOMADA MÉDIA DE EMBUTIR (1 MÓDULO), 2P+T 10 A, INCLUINDO SUPORTE E PLACA - FORNECIMENTO E INSTALAÇÃO. AF_12/2015","UN","COEFICIENTE DE REPRESENTATIVIDADE","27,77","CAIXA REFERENCIAL"]
["91997","TOMADA MÉDIA DE EMBUTIR (1 MÓDULO), 2P+T 20 A, INCLUINDO SUPORTE E PLACA - FORNECIMENTO E INSTALAÇÃO. AF_12/2015","UN","COEFICIENTE DE REPRESENTATIVIDADE","29,97","CAIXA REFERENCIAL"]
["91998","TOMADA BAIXA DE EMBUTIR (1 MÓDULO), 2P+T 10 A, SEM SUPORTE E SEM PLACA - FORNECIMENTO E INSTALAÇÃO. AF_12/2015","UN","COEFICIENTE DE REPRESENTATIVIDADE","17,48","CAIXA REFERENCIAL"]
["91999","TOMADA BAIXA DE EMBUTIR (1 MÓDULO), 2P+T 20 A, SEM SUPORTE E SEM PLACA - FORNECIMENTO E INSTALAÇÃO. AF_12/2015","UN","COEFICIENTE DE REPRESENTATIVIDADE","19,68","CAIXA REFERENCIAL"]
["92000","TOMADA BAIXA DE EMBUTIR (1 MÓDULO), 2P+T 10 A, INCLUINDO SUPORTE E PLACA - FORNECIMENTO E INSTALAÇÃO. AF_12/2015","UN","COEFICIENTE DE REPRESENTATIVIDADE","24,79","CAIXA REFERENCIAL"]
["92001","TOMADA BAIXA DE EMBUTIR (1 MÓDULO), 2P+T 20 A, INCLUINDO SUPORTE E PLACA - FORNECIMENTO E INSTALAÇÃO. AF_12/2015","UN","COEFICIENTE DE REPRESENTATIVIDADE","26,99","CAIXA REFERENCIAL"]
["92002","TOMADA MÉDIA DE EMBUTIR (2 MÓDULOS), 2P+T 10 A, SEM SUPORTE E SEM PLACA - FORNECIMENTO E INSTALAÇÃO. AF_12/2015","UN","COEFICIENTE DE REPRESENTATIVIDADE","38,43","CAIXA REFERENCIAL"]
["92003","TOMADA MÉDIA DE EMBUTIR (2 MÓDULOS), 2P+T 20 A, SEM SUPORTE E SEM PLACA - FORNECIMENTO E INSTALAÇÃO. AF_12/2015","UN","COEFICIENTE DE REPRESENTATIVIDADE","42,83","CAIXA REFERENCIAL"]
["92004","TOMADA MÉDIA DE EMBUTIR (2 MÓDULOS), 2P+T 10 A, INCLUINDO SUPORTE E PLACA - FORNECIMENTO E INSTALAÇÃO. AF_12/2015","UN","COEFICIENTE DE REPRESENTATIVIDADE","45,74","CAIXA REFERENCIAL"]
["92005","TOMADA MÉDIA DE EMBUTIR (2 MÓDULOS), 2P+T 20 A, INCLUINDO SUPORTE E PLACA - FORNECIMENTO E INSTALAÇÃO. AF_12/2015","UN","COEFICIENTE DE REPRESENTATIVIDADE","50,14","CAIXA REFERENCIAL"]
["92006","TOMADA BAIXA DE EMBUTIR (2 MÓDULOS), 2P+T 10 A, SEM SUPORTE E SEM PLACA - FORNECIMENTO E INSTALAÇÃO. AF_12/2015","UN","COEFICIENTE DE REPRESENTATIVIDADE","32,46","CAIXA REFERENCIAL"]
["92007","TOMADA BAIXA DE EMBUTIR (2 MÓDULOS), 2P+T 20 A, SEM SUPORTE E SEM PLACA - FORNECIMENTO E INSTALAÇÃO. AF_12/2015","UN","COEFICIENTE DE REPRESENTATIVIDADE","36,86","CAIXA REFERENCIAL"]
["92008","TOMADA BAIXA DE EMBUTIR (2 MÓDULOS), 2P+T 10 A, INCLUINDO SUPORTE E PLACA - FORNECIMENTO E INSTALAÇÃO. AF_12/2015","UN","COEFICIENTE DE REPRESENTATIVIDADE","39,77","CAIXA REFERENCIAL"]
["92009","TOMADA BAIXA DE EMBUTIR (2 MÓDULOS), 2P+T 20 A, INCLUINDO SUPORTE E PLACA - FORNECIMENTO E INSTALAÇÃO. AF_12/2015","UN","COEFICIENTE DE REPRESENTATIVIDADE","44,17","CAIXA REFERENCIAL"]
["92010","TOMADA MÉDIA DE EMBUTIR (3 MÓDULOS), 2P+T 10 A, SEM SUPORTE E SEM PLACA - FORNECIMENTO E INSTALAÇÃO. AF_12/2015","UN","COEFICIENTE DE REPRESENTATIVIDADE","56,40","CAIXA REFERENCIAL"]
["92011","TOMADA MÉDIA DE EMBUTIR (3 MÓDULOS), 2P+T 20 A, SEM SUPORTE E SEM PLACA - FORNECIMENTO E INSTALAÇÃO. AF_12/2015","UN","COEFICIENTE DE REPRESENTATIVIDADE","63,00","CAIXA REFERENCIAL"]
["92012","TOMADA MÉDIA DE EMBUTIR (3 MÓDULOS), 2P+T 10 A, INCLUINDO SUPORTE E PLACA - FORNECIMENTO E INSTALAÇÃO. AF_12/2015","UN","COEFICIENTE DE REPRESENTATIVIDADE","63,71","CAIXA REFERENCIAL"]
["92013","TOMADA MÉDIA DE EMBUTIR (3 MÓDULOS), 2P+T 20 A, INCLUINDO SUPORTE E PLACA - FORNECIMENTO E INSTALAÇÃO. AF_12/2015","UN","COEFICIENTE DE REPRESENTATIVIDADE","70,31","CAIXA REFERENCIAL"]
["92014","TOMADA BAIXA DE EMBUTIR (3 MÓDULOS), 2P+T 10 A, SEM SUPORTE E SEM PLACA - FORNECIMENTO E INSTALAÇÃO. AF_12/2015","UN","COEFICIENTE DE REPRESENTATIVIDADE","47,44","CAIXA REFERENCIAL"]
["92015","TOMADA BAIXA DE EMBUTIR (3 MÓDULOS), 2P+T 20 A, SEM SUPORTE E SEM PLACA - FORNECIMENTO E INSTALAÇÃO. AF_12/2015","UN","COEFICIENTE DE REPRESENTATIVIDADE","54,04","CAIXA REFERENCIAL"]
["92016","TOMADA BAIXA DE EMBUTIR (3 MÓDULOS), 2P+T 10 A, INCLUINDO SUPORTE E PLACA - FORNECIMENTO E INSTALAÇÃO. AF_12/2015","UN","COEFICIENTE DE REPRESENTATIVIDADE","54,75","CAIXA REFERENCIAL"]
["92017","TOMADA BAIXA DE EMBUTIR (3 MÓDULOS), 2P+T 20 A, INCLUINDO SUPORTE E PLACA - FORNECIMENTO E INSTALAÇÃO. AF_12/2015","UN","COEFICIENTE DE REPRESENTATIVIDADE","61,35","CAIXA REFERENCIAL"]
["92018","TOMADA BAIXA DE EMBUTIR (4 MÓDULOS), 2P+T 10 A, SEM SUPORTE E SEM PLACA - FORNECIMENTO E INSTALAÇÃO. AF_12/2015","UN","COEFICIENTE DE REPRESENTATIVIDADE","62,84","CAIXA REFERENCIAL"]
["92019","TOMADA BAIXA DE EMBUTIR (4 MÓDULOS), 2P+T 10 A, INCLUINDO SUPORTE E PLACA - FORNECIMENTO E INSTALAÇÃO. AF_12/2015","UN","COEFICIENTE DE REPRESENTATIVIDADE","74,64","CAIXA REFERENCIAL"]
["92020","TOMADA BAIXA DE EMBUTIR (6 MÓDULOS), 2P+T 10 A, SEM SUPORTE E SEM PLACA - FORNECIMENTO E INSTALAÇÃO. AF_12/2015","UN","COEFICIENTE DE REPRESENTATIVIDADE","93,01","CAIXA REFERENCIAL"]
["92021","TOMADA BAIXA DE EMBUTIR (6 MÓDULOS), 2P+T 10 A, INCLUINDO SUPORTE E PLACA - FORNECIMENTO E INSTALAÇÃO. AF_12/2015","UN","COEFICIENTE DE REPRESENTATIVIDADE","104,81","CAIXA REFERENCIAL"]
["92022","INTERRUPTOR SIMPLES (1 MÓDULO) COM 1 TOMADA DE EMBUTIR 2P+T 10 A,  SEM SUPORTE E SEM PLACA - FORNECIMENTO E INSTALAÇÃO. AF_12/2015","UN","COEFICIENTE DE REPRESENTATIVIDADE","34,07","CAIXA REFERENCIAL"]
["92023","INTERRUPTOR SIMPLES (1 MÓDULO) COM 1 TOMADA DE EMBUTIR 2P+T 10 A,  INCLUINDO SUPORTE E PLACA - FORNECIMENTO E INSTALAÇÃO. AF_12/2015","UN","COEFICIENTE DE REPRESENTATIVIDADE","41,38","CAIXA REFERENCIAL"]
["92024","INTERRUPTOR SIMPLES (1 MÓDULO) COM 2 TOMADAS DE EMBUTIR 2P+T 10 A,  SEM SUPORTE E SEM PLACA - FORNECIMENTO E INSTALAÇÃO. AF_12/2015","UN","COEFICIENTE DE REPRESENTATIVIDADE","52,09","CAIXA REFERENCIAL"]
["92025","INTERRUPTOR SIMPLES (1 MÓDULO) COM 2 TOMADAS DE EMBUTIR 2P+T 10 A,  INCLUINDO SUPORTE E PLACA - FORNECIMENTO E INSTALAÇÃO. AF_12/2015","UN","COEFICIENTE DE REPRESENTATIVIDADE","59,40","CAIXA REFERENCIAL"]
["92026","INTERRUPTOR SIMPLES (2 MÓDULOS) COM 1 TOMADA DE EMBUTIR 2P+T 10 A,  SEM SUPORTE E SEM PLACA - FORNECIMENTO E INSTALAÇÃO. AF_12/2015","UN","COEFICIENTE DE REPRESENTATIVIDADE","47,73","CAIXA REFERENCIAL"]
["92027","INTERRUPTOR SIMPLES (2 MÓDULOS) COM 1 TOMADA DE EMBUTIR 2P+T 10 A,  INCLUINDO SUPORTE E PLACA - FORNECIMENTO E INSTALAÇÃO. AF_12/2015","UN","COEFICIENTE DE REPRESENTATIVIDADE","55,04","CAIXA REFERENCIAL"]
["92028","INTERRUPTOR PARALELO (1 MÓDULO) COM 1 TOMADA DE EMBUTIR 2P+T 10 A,  SEM SUPORTE E SEM PLACA - FORNECIMENTO E INSTALAÇÃO. AF_12/2015","UN","COEFICIENTE DE REPRESENTATIVIDADE","39,57","CAIXA REFERENCIAL"]
["92029","INTERRUPTOR PARALELO (1 MÓDULO) COM 1 TOMADA DE EMBUTIR 2P+T 10 A,  INCLUINDO SUPORTE E PLACA - FORNECIMENTO E INSTALAÇÃO. AF_12/2015","UN","COEFICIENTE DE REPRESENTATIVIDADE","46,88","CAIXA REFERENCIAL"]
["92030","INTERRUPTOR PARALELO (1 MÓDULO) COM 2 TOMADAS DE EMBUTIR 2P+T 10 A,  SEM SUPORTE E SEM PLACA - FORNECIMENTO E INSTALAÇÃO. AF_12/2015","UN","COEFICIENTE DE REPRESENTATIVIDADE","57,54","CAIXA REFERENCIAL"]
["92031","INTERRUPTOR PARALELO (1 MÓDULO) COM 2 TOMADAS DE EMBUTIR 2P+T 10 A,  INCLUINDO SUPORTE E PLACA - FORNECIMENTO E INSTALAÇÃO. AF_12/2015","UN","COEFICIENTE DE REPRESENTATIVIDADE","64,85","CAIXA REFERENCIAL"]
["92032","INTERRUPTOR PARALELO (2 MÓDULOS) COM 1 TOMADA DE EMBUTIR 2P+T 10 A,  SEM SUPORTE E SEM PLACA - FORNECIMENTO E INSTALAÇÃO. AF_12/2015","UN","COEFICIENTE DE REPRESENTATIVIDADE","58,68","CAIXA REFERENCIAL"]
["92033","INTERRUPTOR PARALELO (2 MÓDULOS) COM 1 TOMADA DE EMBUTIR 2P+T 10 A,  INCLUINDO SUPORTE E PLACA - FORNECIMENTO E INSTALAÇÃO. AF_12/2015","UN","COEFICIENTE DE REPRESENTATIVIDADE","65,99","CAIXA REFERENCIAL"]
["92034","INTERRUPTOR SIMPLES (1 MÓDULO), INTERRUPTOR PARALELO (1 MÓDULO) E 1 TOMADA DE EMBUTIR 2P+T 10 A,  SEM SUPORTE E SEM PLACA - FORNECIMENTO E INSTALAÇÃO. AF_12/2015","UN","COEFICIENTE DE REPRESENTATIVIDADE","53,23","CAIXA REFERENCIAL"]
["92035","INTERRUPTOR SIMPLES (1 MÓDULO), INTERRUPTOR PARALELO (1 MÓDULO) E 1 TOMADA DE EMBUTIR 2P+T 10 A,  INCLUINDO SUPORTE E PLACA - FORNECIMENTO E INSTALAÇÃO. AF_12/2015","UN","COEFICIENTE DE REPRESENTATIVIDADE","60,54","CAIXA REFERENCIAL"]
["97583","LUMINÁRIA TIPO CALHA, DE SOBREPOR, COM 1 LÂMPADA TUBULAR FLUORESCENTE DE 18 W, COM REATOR DE PARTIDA RÁPIDA - FORNECIMENTO E INSTALAÇÃO. AF_02/2020","UN","ATRIBUÍDO SÃO PAULO","77,98","CAIXA REFERENCIAL"]
["97584","LUMINÁRIA TIPO CALHA, DE SOBREPOR, COM 1 LÂMPADA TUBULAR FLUORESCENTE DE 36 W, COM REATOR DE PARTIDA RÁPIDA - FORNECIMENTO E INSTALAÇÃO. AF_02/2020","UN","ATRIBUÍDO SÃO PAULO","109,77","CAIXA REFERENCIAL"]
["97585","LUMINÁRIA TIPO CALHA, DE SOBREPOR, COM 2 LÂMPADAS TUBULARES FLUORESCENTES DE 18 W, COM REATOR DE PARTIDA RÁPIDA - FORNECIMENTO E INSTALAÇÃO. AF_02/2020","UN","ATRIBUÍDO SÃO PAULO","105,31","CAIXA REFERENCIAL"]
["97586","LUMINÁRIA TIPO CALHA, DE SOBREPOR, COM 2 LÂMPADAS TUBULARES FLUORESCENTES DE 36 W, COM REATOR DE PARTIDA RÁPIDA - FORNECIMENTO E INSTALAÇÃO. AF_02/2020","UN","ATRIBUÍDO SÃO PAULO","143,70","CAIXA REFERENCIAL"]
["97587","LUMINÁRIA TIPO CALHA, DE EMBUTIR, COM 2 LÂMPADAS FLUORESCENTES DE 14 W, COM REATOR DE PARTIDA RÁPIDA - FORNECIMENTO E INSTALAÇÃO. AF_02/2020","UN","ATRIBUÍDO SÃO PAULO","264,11","CAIXA REFERENCIAL"]
["97589","LUMINÁRIA TIPO PLAFON EM PLÁSTICO, DE SOBREPOR, COM 1 LÂMPADA FLUORESCENTE DE 15 W, SEM REATOR - FORNECIMENTO E INSTALAÇÃO. AF_02/2020","UN","ATRIBUÍDO SÃO PAULO","38,68","CAIXA REFERENCIAL"]
["97590","LUMINÁRIA TIPO PLAFON REDONDO COM VIDRO FOSCO, DE SOBREPOR, COM 1 LÂMPADA FLUORESCENTE DE 15 W, SEM REATOR - FORNECIMENTO E INSTALAÇÃO. AF_02/2020","UN","ATRIBUÍDO SÃO PAULO","91,73","CAIXA REFERENCIAL"]
["97591","LUMINÁRIA TIPO PLAFON REDONDO COM VIDRO FOSCO, DE SOBREPOR, COM 2 LÂMPADAS FLUORESCENTES DE 15 W, SEM REATOR - FORNECIMENTO E INSTALAÇÃO. AF_02/2020","UN","ATRIBUÍDO SÃO PAULO","121,95","CAIXA REFERENCIAL"]
["97592","LUMINÁRIA TIPO PLAFON, DE SOBREPOR, COM 1 LÂMPADA LED DE 12/13 W, SEM REATOR - FORNECIMENTO E INSTALAÇÃO. AF_02/2020","UN","COEFICIENTE DE REPRESENTATIVIDADE","36,49","CAIXA REFERENCIAL"]
["97593","LUMINÁRIA TIPO SPOT, DE SOBREPOR, COM 1 LÂMPADA FLUORESCENTE DE 15 W, SEM REATOR - FORNECIMENTO E INSTALAÇÃO. AF_02/2020","UN","ATRIBUÍDO SÃO PAULO","132,81","CAIXA REFERENCIAL"]
["97594","LUMINÁRIA TIPO SPOT, DE SOBREPOR, COM 2 LÂMPADAS FLUORESCENTES DE 15 W, SEM REATOR - FORNECIMENTO E INSTALAÇÃO. AF_02/2020","UN","ATRIBUÍDO SÃO PAULO","123,00","CAIXA REFERENCIAL"]
["97595","SENSOR DE PRESENÇA COM FOTOCÉLULA, FIXAÇÃO EM PAREDE - FORNECIMENTO E INSTALAÇÃO. AF_02/2020","UN","ATRIBUÍDO SÃO PAULO","92,32","CAIXA REFERENCIAL"]
["97596","SENSOR DE PRESENÇA SEM FOTOCÉLULA, FIXAÇÃO EM PAREDE - FORNECIMENTO E INSTALAÇÃO. AF_02/2020","UN","ATRIBUÍDO SÃO PAULO","63,66","CAIXA REFERENCIAL"]
["97597","SENSOR DE PRESENÇA COM FOTOCÉLULA, FIXAÇÃO EM TETO - FORNECIMENTO E INSTALAÇÃO. AF_02/2020","UN","ATRIBUÍDO SÃO PAULO","63,73","CAIXA REFERENCIAL"]
["97598","SENSOR DE PRESENÇA SEM FOTOCÉLULA, FIXAÇÃO EM TETO - FORNECIMENTO E INSTALAÇÃO. AF_02/2020","UN","ATRIBUÍDO SÃO PAULO","60,07","CAIXA REFERENCIAL"]
["97599","LUMINÁRIA DE EMERGÊNCIA, COM 30 LÂMPADAS LED DE 2 W, SEM REATOR - FORNECIMENTO E INSTALAÇÃO. AF_02/2020","UN","COEFICIENTE DE REPRESENTATIVIDADE","27,53","CAIXA REFERENCIAL"]
["97609","LÂMPADA COMPACTA DE LED 6 W, BASE E27 - FORNECIMENTO E INSTALAÇÃO. AF_02/2020","UN","COEFICIENTE DE REPRESENTATIVIDADE","15,66","CAIXA REFERENCIAL"]
["97610","LÂMPADA COMPACTA DE LED 10 W, BASE E27 - FORNECIMENTO E INSTALAÇÃO. AF_02/2020","UN","COEFICIENTE DE REPRESENTATIVIDADE","16,81","CAIXA REFERENCIAL"]
["97611","LÂMPADA COMPACTA FLUORESCENTE DE 15 W, BASE E27 - FORNECIMENTO E INSTALAÇÃO. AF_02/2020","UN","ATRIBUÍDO SÃO PAULO","24,10","CAIXA REFERENCIAL"]
["97612","LÂMPADA COMPACTA FLUORESCENTE DE 20 W, BASE E27 - FORNECIMENTO E INSTALAÇÃO. AF_02/2020","UN","ATRIBUÍDO SÃO PAULO","26,36","CAIXA REFERENCIAL"]
["97613","LÂMPADA COMPACTA DE VAPOR MERCURIO 125 W, BASE E27 - FORNECIMENTO E INSTALAÇÃO. AF_02/2020","UN","ATRIBUÍDO SÃO PAULO","33,89","CAIXA REFERENCIAL"]
["97614","LÂMPADA COMPACTA DE VAPOR METÁLICO OVOIDE 150 W, BASE E27 - FORNECIMENTO E INSTALAÇÃO. AF_02/2020","UN","ATRIBUÍDO SÃO PAULO","61,05","CAIXA REFERENCIAL"]
["97615","LÂMPADA TUBULAR FLUORESCENTE T8 DE 16/18 W, BASE G13 - FORNECIMENTO E INSTALAÇÃO. AF_02/2020_P","UN","ATRIBUÍDO SÃO PAULO","50,62","CAIXA REFERENCIAL"]
["97616","LÂMPADA TUBULAR FLUORESCENTE T8 DE 32/36 W, BASE G13 - FORNECIMENTO E INSTALAÇÃO. AF_02/2020_P","UN","ATRIBUÍDO SÃO PAULO","58,04","CAIXA REFERENCIAL"]
["97617","LÂMPADA TUBULAR FLUORESCENTE T10 DE 20/40 W, BASE G13 - FORNECIMENTO E INSTALAÇÃO. AF_02/2020_P","UN","ATRIBUÍDO SÃO PAULO","57,69","CAIXA REFERENCIAL"]
["97618","LÂMPADA TUBULAR FLUORESCENTE T5 DE 14 W, BASE G13 - FORNECIMENTO E INSTALAÇÃO. AF_02/2020_P","UN","ATRIBUÍDO SÃO PAULO","53,80","CAIXA REFERENCIAL"]
["100902","LÂMPADA TUBULAR LED DE 9/10 W, BASE G13 - FORNECIMENTO E INSTALAÇÃO. AF_02/2020_P","UN","COEFICIENTE DE REPRESENTATIVIDADE","25,27","CAIXA REFERENCIAL"]
["100903","LÂMPADA TUBULAR LED DE 18/20 W, BASE G13 - FORNECIMENTO E INSTALAÇÃO. AF_02/2020_P","UN","COEFICIENTE DE REPRESENTATIVIDADE","30,36","CAIXA REFERENCIAL"]
["100904","LUMINÁRIA TIPO CALHA, DE SOBREPOR, COM 1 LÂMPADA TUBULAR FLUORESCENTE DE 20 W, COM REATOR DE PARTIDA CONVENCIONAL - FORNECIMENTO E INSTALAÇÃO. AF_02/2020","UN","ATRIBUÍDO SÃO PAULO","77,98","CAIXA REFERENCIAL"]
["100905","LUMINÁRIA DUPLA TIPO CALHA, DE SOBREPOR, COM 4 LÂMPADAS TUBULARES FLUORESCENTES DE 18 W,COM REATORES DE PARTIDA RÁPIDA - FORNECIMENTO E INSTALAÇÃO. AF_02/2020","UN","ATRIBUÍDO SÃO PAULO","210,63","CAIXA REFERENCIAL"]
["100906","LUMINÁRIA DUPLA TIPO CALHA, DE SOBREPOR, COM 4 LÂMPADAS TUBULARES FLUORESCENTES DE 36 W, COM REATORES DE PARTIDA RÁPIDA -FORNECIMENTO E INSTALAÇÃO. AF_02/2020","UN","ATRIBUÍDO SÃO PAULO","287,41","CAIXA REFERENCIAL"]
["100919","LÂMPADA FLUORESCENTE ESPIRAL BRANCA 45 W, BASE E27 - FORNECIMENTO E INSTALAÇÃO. AF_02/2020","UN","ATRIBUÍDO SÃO PAULO","69,93","CAIXA REFERENCIAL"]
["100920","LÂMPADA FLUORESCENTE ESPIRAL BRANCA 65 W, BASE E27 - FORNECIMENTO E INSTALAÇÃO. AF_02/2020","UN","ATRIBUÍDO SÃO PAULO","120,03","CAIXA REFERENCIAL"]
["100921","REATOR DE PARTIDA RÁPIDA PARA LÂMPADA FLUORESCENTE 2X40W - FORNECIMENTO E INSTALAÇÃO. AF_02/2020","UN","ATRIBUÍDO SÃO PAULO","58,34","CAIXA REFERENCIAL"]
["100922","REATOR DE PARTIDA RÁPIDA PARA LÂMPADA FLUORESCENTE 1X20W - FORNECIMENTO E INSTALAÇÃO. AF_02/2020","UN","ATRIBUÍDO SÃO PAULO","41,97","CAIXA REFERENCIAL"]
["100923","REATOR DE PARTIDA RÁPIDA PARA LÂMPADA FLUORESCENTE 1X40W - FORNECIMENTO E INSTALAÇÃO. AF_02/2020","UN","ATRIBUÍDO SÃO PAULO","48,82","CAIXA REFERENCIAL"]
["101489","ENTRADA DE ENERGIA ELÉTRICA, AÉREA, MONOFÁSICA, COM CAIXA DE SOBREPOR, CABO DE 10 MM2 E DISJUNTOR DIN 50A (NÃO INCLUSO O POSTE DE CONCRETO). AF_07/2020_P","UN","ATRIBUÍDO SÃO PAULO","1.229,73","CAIXA REFERENCIAL"]
["101490","ENTRADA DE ENERGIA ELÉTRICA, AÉREA, MONOFÁSICA, COM CAIXA DE SOBREPOR, CABO DE 16 MM2 E DISJUNTOR DIN 50A (NÃO INCLUSO O POSTE DE CONCRETO). AF_07/2020_P","UN","ATRIBUÍDO SÃO PAULO","1.318,83","CAIXA REFERENCIAL"]
["101491","ENTRADA DE ENERGIA ELÉTRICA, AÉREA, MONOFÁSICA, COM CAIXA DE SOBREPOR, CABO DE 25 MM2 E DISJUNTOR DIN 50A (NÃO INCLUSO O POSTE DE CONCRETO). AF_07/2020_P","UN","ATRIBUÍDO SÃO PAULO","1.357,55","CAIXA REFERENCIAL"]
["101492","ENTRADA DE ENERGIA ELÉTRICA, AÉREA, MONOFÁSICA, COM CAIXA DE SOBREPOR, CABO DE 35 MM2 E DISJUNTOR DIN 50A (NÃO INCLUSO O POSTE DE CONCRETO). AF_07/2020_P","UN","ATRIBUÍDO SÃO PAULO","1.489,93","CAIXA REFERENCIAL"]
["101493","ENTRADA DE ENERGIA ELÉTRICA, AÉREA, MONOFÁSICA, COM CAIXA DE EMBUTIR, CABO DE 10 MM2 E DISJUNTOR DIN 50A (NÃO INCLUSO O POSTE DE CONCRETO). AF_07/2020_P","UN","ATRIBUÍDO SÃO PAULO","1.216,32","CAIXA REFERENCIAL"]
["101494","ENTRADA DE ENERGIA ELÉTRICA, AÉREA, MONOFÁSICA, COM CAIXA DE EMBUTIR, CABO DE 16 MM2 E DISJUNTOR DIN 50A (NÃO INCLUSO O POSTE DE CONCRETO). AF_07/2020_P","UN","ATRIBUÍDO SÃO PAULO","1.305,42","CAIXA REFERENCIAL"]
["101495","ENTRADA DE ENERGIA ELÉTRICA, AÉREA, MONOFÁSICA, COM CAIXA DE EMBUTIR, CABO DE 25 MM2 E DISJUNTOR DIN 50A (NÃO INCLUSO O POSTE DE CONCRETO). AF_07/2020_P","UN","ATRIBUÍDO SÃO PAULO","1.344,14","CAIXA REFERENCIAL"]
["101496","ENTRADA DE ENERGIA ELÉTRICA, AÉREA, MONOFÁSICA, COM CAIXA DE EMBUTIR, CABO DE 35 MM2 E DISJUNTOR DIN 50A (NÃO INCLUSO O POSTE DE CONCRETO). AF_07/2020_P","UN","ATRIBUÍDO SÃO PAULO","1.476,52","CAIXA REFERENCIAL"]
["101497","ENTRADA DE ENERGIA ELÉTRICA, AÉREA, BIFÁSICA, COM CAIXA DE SOBREPOR, CABO DE 10 MM2 E DISJUNTOR DIN 50A (NÃO INCLUSO O POSTE DE CONCRETO). AF_07/2020_P","UN","ATRIBUÍDO SÃO PAULO","1.451,13","CAIXA REFERENCIAL"]
["101498","ENTRADA DE ENERGIA ELÉTRICA, AÉREA, BIFÁSICA, COM CAIXA DE SOBREPOR, CABO DE 16 MM2 E DISJUNTOR DIN 50A (NÃO INCLUSO O POSTE DE CONCRETO). AF_07/2020_P","UN","ATRIBUÍDO SÃO PAULO","1.586,00","CAIXA REFERENCIAL"]
["101499","ENTRADA DE ENERGIA ELÉTRICA, AÉREA, BIFÁSICA, COM CAIXA DE SOBREPOR, CABO DE 25 MM2 E DISJUNTOR DIN 50A (NÃO INCLUSO O POSTE DE CONCRETO). AF_07/2020_P","UN","ATRIBUÍDO SÃO PAULO","1.644,60","CAIXA REFERENCIAL"]
["101500","ENTRADA DE ENERGIA ELÉTRICA, AÉREA, BIFÁSICA, COM CAIXA DE SOBREPOR, CABO DE 35 MM2 E DISJUNTOR DIN 50A (NÃO INCLUSO O POSTE DE CONCRETO). AF_07/2020_P","UN","ATRIBUÍDO SÃO PAULO","1.831,22","CAIXA REFERENCIAL"]
["101501","ENTRADA DE ENERGIA ELÉTRICA, AÉREA, BIFÁSICA, COM CAIXA DE EMBUTIR, CABO DE 10 MM2 E DISJUNTOR DIN 50A (NÃO INCLUSO O POSTE DE CONCRETO). AF_07/2020_P","UN","ATRIBUÍDO SÃO PAULO","1.443,49","CAIXA REFERENCIAL"]
["101502","ENTRADA DE ENERGIA ELÉTRICA, AÉREA, BIFÁSICA, COM CAIXA DE EMBUTIR, CABO DE 16 MM2 E DISJUNTOR DIN 50A (NÃO INCLUSO O POSTE DE CONCRETO). AF_07/2020_P","UN","ATRIBUÍDO SÃO PAULO","1.578,36","CAIXA REFERENCIAL"]
["101503","ENTRADA DE ENERGIA ELÉTRICA, AÉREA, BIFÁSICA, COM CAIXA DE EMBUTIR, CABO DE 25 MM2 E DISJUNTOR DIN 50A (NÃO INCLUSO O POSTE DE CONCRETO). AF_07/2020_P","UN","ATRIBUÍDO SÃO PAULO","1.636,96","CAIXA REFERENCIAL"]
["101504","ENTRADA DE ENERGIA ELÉTRICA, AÉREA, BIFÁSICA, COM CAIXA DE EMBUTIR, CABO DE 35 MM2 E DISJUNTOR DIN 50A (NÃO INCLUSO O POSTE DE CONCRETO). AF_07/2020_P","UN","ATRIBUÍDO SÃO PAULO","1.823,58","CAIXA REFERENCIAL"]
["101505","ENTRADA DE ENERGIA ELÉTRICA, AÉREA, TRIFÁSICA, COM CAIXA DE SOBREPOR, CABO DE 10 MM2 E DISJUNTOR DIN 50A (NÃO INCLUSO O POSTE DE CONCRETO). AF_07/2020_P","UN","ATRIBUÍDO SÃO PAULO","1.557,65","CAIXA REFERENCIAL"]
["101506","ENTRADA DE ENERGIA ELÉTRICA, AÉREA, TRIFÁSICA, COM CAIXA DE SOBREPOR, CABO DE 16 MM2 E DISJUNTOR DIN 50A (NÃO INCLUSO O POSTE DE CONCRETO). AF_07/2020_P","UN","ATRIBUÍDO SÃO PAULO","1.737,47","CAIXA REFERENCIAL"]
["101507","ENTRADA DE ENERGIA ELÉTRICA, AÉREA, TRIFÁSICA, COM CAIXA DE SOBREPOR, CABO DE 25 MM2 E DISJUNTOR DIN 50A (NÃO INCLUSO O POSTE DE CONCRETO). AF_07/2020_P","UN","ATRIBUÍDO SÃO PAULO","1.815,62","CAIXA REFERENCIAL"]
["101508","ENTRADA DE ENERGIA ELÉTRICA, AÉREA, TRIFÁSICA, COM CAIXA DE SOBREPOR, CABO DE 35 MM2 E DISJUNTOR DIN 50A (NÃO INCLUSO O POSTE DE CONCRETO). AF_07/2020_P","UN","ATRIBUÍDO SÃO PAULO","2.055,52","CAIXA REFERENCIAL"]
["101509","ENTRADA DE ENERGIA ELÉTRICA, AÉREA, TRIFÁSICA, COM CAIXA DE EMBUTIR, CABO DE 10 MM2 E DISJUNTOR DIN 50A (NÃO INCLUSO O POSTE DE CONCRETO). AF_07/2020","UN","ATRIBUÍDO SÃO PAULO","1.799,85","CAIXA REFERENCIAL"]
["101510","ENTRADA DE ENERGIA ELÉTRICA, AÉREA, TRIFÁSICA, COM CAIXA DE EMBUTIR, CABO DE 16 MM2 E DISJUNTOR DIN 50A (NÃO INCLUSO O POSTE DE CONCRETO). AF_07/2020","UN","ATRIBUÍDO SÃO PAULO","1.979,67","CAIXA REFERENCIAL"]
["101511","ENTRADA DE ENERGIA ELÉTRICA, AÉREA, TRIFÁSICA, COM CAIXA DE EMBUTIR, CABO DE 25 MM2 E DISJUNTOR DIN 50A (NÃO INCLUSO O POSTE DE CONCRETO). AF_07/2020","UN","ATRIBUÍDO SÃO PAULO","2.057,82","CAIXA REFERENCIAL"]
["101512","ENTRADA DE ENERGIA ELÉTRICA, AÉREA, TRIFÁSICA, COM CAIXA DE EMBUTIR, CABO DE 35 MM2 E DISJUNTOR DIN 50A (NÃO INCLUSO O POSTE DE CONCRETO). AF_07/2020","UN","ATRIBUÍDO SÃO PAULO","2.297,72","CAIXA REFERENCIAL"]
["101513","ENTRADA DE ENERGIA ELÉTRICA, SUBTERRÂNEA, MONOFÁSICA, COM CAIXA DE SOBREPOR, CABO DE 10 MM2 E DISJUNTOR DIN 50A (NÃO INCLUSA MURETA DE ALVENARIA). AF_07/2020_P","UN","COEFICIENTE DE REPRESENTATIVIDADE","699,13","CAIXA REFERENCIAL"]
["101514","ENTRADA DE ENERGIA ELÉTRICA, SUBTERRÂNEA, MONOFÁSICA, COM CAIXA DE SOBREPOR, CABO DE 16 MM2 E DISJUNTOR DIN 50A (NÃO INCLUSA MURETA DE ALVENARIA). AF_07/2020_P","UN","COEFICIENTE DE REPRESENTATIVIDADE","806,05","CAIXA REFERENCIAL"]
["101515","ENTRADA DE ENERGIA ELÉTRICA, SUBTERRÂNEA, MONOFÁSICA, COM CAIXA DE SOBREPOR, CABO DE 25 MM2 E DISJUNTOR DIN 50A (NÃO INCLUSA MURETA DE ALVENARIA). AF_07/2020_P","UN","COEFICIENTE DE REPRESENTATIVIDADE","852,52","CAIXA REFERENCIAL"]
["101516","ENTRADA DE ENERGIA ELÉTRICA, SUBTERRÂNEA, MONOFÁSICA, COM CAIXA DE SOBREPOR, CABO DE 35 MM2 E DISJUNTOR DIN 50A (NÃO INCLUSA MURETA DE ALVENARIA). AF_07/2020_P","UN","COEFICIENTE DE REPRESENTATIVIDADE","979,24","CAIXA REFERENCIAL"]
["101517","ENTRADA DE ENERGIA ELÉTRICA, SUBTERRÂNEA, MONOFÁSICA, COM CAIXA DE EMBUTIR, CABO DE 10 MM2 E DISJUNTOR DIN 50A (NÃO INCLUSA MURETA DE ALVENARIA). AF_07/2020_P","UN","COEFICIENTE DE REPRESENTATIVIDADE","685,71","CAIXA REFERENCIAL"]
["101518","ENTRADA DE ENERGIA ELÉTRICA, SUBTERRÂNEA, MONOFÁSICA, COM CAIXA DE EMBUTIR, CABO DE 16 MM2 E DISJUNTOR DIN 50A (NÃO INCLUSA MURETA DE ALVENARIA). AF_07/2020_P","UN","COEFICIENTE DE REPRESENTATIVIDADE","792,63","CAIXA REFERENCIAL"]
["101519","ENTRADA DE ENERGIA ELÉTRICA, SUBTERRÂNEA, MONOFÁSICA, COM CAIXA DE EMBUTIR, CABO DE 25 MM2 E DISJUNTOR DIN 50A (NÃO INCLUSA MURETA DE ALVENARIA). AF_07/2020_P","UN","COEFICIENTE DE REPRESENTATIVIDADE","839,10","CAIXA REFERENCIAL"]
["101520","ENTRADA DE ENERGIA ELÉTRICA, SUBTERRÂNEA, MONOFÁSICA, COM CAIXA DE EMBUTIR, CABO DE 35 MM2 E DISJUNTOR DIN 50A (NÃO INCLUSA MURETA DE ALVENARIA). AF_07/2020_P","UN","COEFICIENTE DE REPRESENTATIVIDADE","965,82","CAIXA REFERENCIAL"]
["101521","ENTRADA DE ENERGIA ELÉTRICA, SUBTERRÂNEA, BIFÁSICA, COM CAIXA DE SOBREPOR, CABO DE 10 MM2 E DISJUNTOR DIN 50A (NÃO INCLUSA MURETA DE ALVENARIA). AF_07/2020_P","UN","COEFICIENTE DE REPRESENTATIVIDADE","935,21","CAIXA REFERENCIAL"]
["101522","ENTRADA DE ENERGIA ELÉTRICA, SUBTERRÂNEA, BIFÁSICA, COM CAIXA DE SOBREPOR, CABO DE 16 MM2 E DISJUNTOR DIN 50A (NÃO INCLUSA MURETA DE ALVENARIA). AF_07/2020_P","UN","COEFICIENTE DE REPRESENTATIVIDADE","1.095,59","CAIXA REFERENCIAL"]
["101523","ENTRADA DE ENERGIA ELÉTRICA, SUBTERRÂNEA, BIFÁSICA, COM CAIXA DE SOBREPOR, CABO DE 25 MM2 E DISJUNTOR DIN 50A (NÃO INCLUSA MURETA DE ALVENARIA). AF_07/2020_P","UN","COEFICIENTE DE REPRESENTATIVIDADE","1.165,28","CAIXA REFERENCIAL"]
["101524","ENTRADA DE ENERGIA ELÉTRICA, SUBTERRÂNEA, BIFÁSICA, COM CAIXA DE SOBREPOR, CABO DE 35 MM2 E DISJUNTOR DIN 50A (NÃO INCLUSA MURETA DE ALVENARIA). AF_07/2020_P","UN","COEFICIENTE DE REPRESENTATIVIDADE","1.355,36","CAIXA REFERENCIAL"]
["101525","ENTRADA DE ENERGIA ELÉTRICA, SUBTERRÂNEA, BIFÁSICA, COM CAIXA DE EMBUTIR, CABO DE 10 MM2 E DISJUNTOR DIN 50A (NÃO INCLUSA MURETA DE ALVENARIA). AF_07/2020_P","UN","COEFICIENTE DE REPRESENTATIVIDADE","927,56","CAIXA REFERENCIAL"]
["101526","ENTRADA DE ENERGIA ELÉTRICA, SUBTERRÂNEA, BIFÁSICA, COM CAIXA DE EMBUTIR, CABO DE 16 MM2 E DISJUNTOR DIN 50A (NÃO INCLUSA MURETA DE ALVENARIA). AF_07/2020_P","UN","COEFICIENTE DE REPRESENTATIVIDADE","1.087,94","CAIXA REFERENCIAL"]
["101527","ENTRADA DE ENERGIA ELÉTRICA, SUBTERRÂNEA, BIFÁSICA, COM CAIXA DE EMBUTIR, CABO DE 25 MM2 E DISJUNTOR DIN 50A (NÃO INCLUSA MURETA DE ALVENARIA). AF_07/2020_P","UN","COEFICIENTE DE REPRESENTATIVIDADE","1.157,63","CAIXA REFERENCIAL"]
["101528","ENTRADA DE ENERGIA ELÉTRICA, SUBTERRÂNEA, BIFÁSICA, COM CAIXA DE EMBUTIR, CABO DE 35 MM2 E DISJUNTOR DIN 50A (NÃO INCLUSA MURETA DE ALVENARIA). AF_07/2020_P","UN","COEFICIENTE DE REPRESENTATIVIDADE","1.347,71","CAIXA REFERENCIAL"]
["101529","ENTRADA DE ENERGIA ELÉTRICA, SUBTERRÂNEA, TRIFÁSICA, COM CAIXA DE SOBREPOR, CABO DE 10 MM2 E DISJUNTOR DIN 50A (NÃO INCLUSA MURETA DE ALVENARIA). AF_07/2020_P","UN","COEFICIENTE DE REPRESENTATIVIDADE","1.057,94","CAIXA REFERENCIAL"]
["101530","ENTRADA DE ENERGIA ELÉTRICA, SUBTERRÂNEA, TRIFÁSICA, COM CAIXA DE SOBREPOR, CABO DE 16 MM2 E DISJUNTOR DIN 50A (NÃO INCLUSA MURETA DE ALVENARIA). AF_07/2020_P","UN","COEFICIENTE DE REPRESENTATIVIDADE","1.271,78","CAIXA REFERENCIAL"]
["101531","ENTRADA DE ENERGIA ELÉTRICA, SUBTERRÂNEA, TRIFÁSICA, COM CAIXA DE SOBREPOR, CABO DE 25 MM2 E DISJUNTOR DIN 50A (NÃO INCLUSA MURETA DE ALVENARIA). AF_07/2020_P","UN","COEFICIENTE DE REPRESENTATIVIDADE","1.364,71","CAIXA REFERENCIAL"]
["101532","ENTRADA DE ENERGIA ELÉTRICA, SUBTERRÂNEA, TRIFÁSICA, COM CAIXA DE SOBREPOR, CABO DE 35 MM2 E DISJUNTOR DIN 50A (NÃO INCLUSA MURETA DE ALVENARIA). AF_07/2020_P","UN","COEFICIENTE DE REPRESENTATIVIDADE","1.618,15","CAIXA REFERENCIAL"]
["101533","ENTRADA DE ENERGIA ELÉTRICA, SUBTERRÂNEA, TRIFÁSICA, COM CAIXA DE EMBUTIR, CABO DE 10 MM2 E DISJUNTOR DIN 50A (NÃO INCLUSA MURETA DE ALVENARIA). AF_07/2020","UN","COEFICIENTE DE REPRESENTATIVIDADE","1.300,13","CAIXA REFERENCIAL"]
["101534","ENTRADA DE ENERGIA ELÉTRICA, SUBTERRÂNEA, TRIFÁSICA, COM CAIXA DE EMBUTIR, CABO DE 16 MM2 E DISJUNTOR DIN 50A (NÃO INCLUSA MURETA DE ALVENARIA). AF_07/2020","UN","COEFICIENTE DE REPRESENTATIVIDADE","1.513,97","CAIXA REFERENCIAL"]
["101535","ENTRADA DE ENERGIA ELÉTRICA, SUBTERRÂNEA, TRIFÁSICA, COM CAIXA DE EMBUTIR, CABO DE 25 MM2 E DISJUNTOR DIN 50A (NÃO INCLUSA MURETA DE ALVENARIA). AF_07/2020","UN","COEFICIENTE DE REPRESENTATIVIDADE","1.606,90","CAIXA REFERENCIAL"]
["101536","ENTRADA DE ENERGIA ELÉTRICA, SUBTERRÂNEA, TRIFÁSICA, COM CAIXA DE EMBUTIR, CABO DE 35 MM2 E DISJUNTOR DIN 50A (NÃO INCLUSA MURETA DE ALVENARIA). AF_07/2020","UN","COEFICIENTE DE REPRESENTATIVIDADE","1.860,34","CAIXA REFERENCIAL"]
["101537","APARELHO SINALIZADOR DE SAÍDA DE GARAGEM, COM CÉLULA FOTOELÉTRICA - FORNECIMENTO E INSTALAÇÃO. AF_07/2020","UN","COEFICIENTE DE REPRESENTATIVIDADE","130,42","CAIXA REFERENCIAL"]
["101538","ARMAÇÃO SECUNDÁRIA, COM 1 ESTRIBO E 1 ISOLADOR - FORNECIMENTO E INSTALAÇÃO. AF_07/2020","UN","ATRIBUÍDO SÃO PAULO","40,08","CAIXA REFERENCIAL"]
["101539","ARMAÇÃO SECUNDÁRIA, COM 2 ESTRIBOS E 2 ISOLADORES - FORNECIMENTO E INSTALAÇÃO. AF_07/2020","UN","ATRIBUÍDO SÃO PAULO","65,90","CAIXA REFERENCIAL"]
["101540","ARMAÇÃO SECUNDÁRIA, COM 3 ESTRIBOS E 3 ISOLADORES - FORNECIMENTO E INSTALAÇÃO. AF_07/2020","UN","ATRIBUÍDO SÃO PAULO","111,56","CAIXA REFERENCIAL"]
["101541","ARMAÇÃO SECUNDÁRIA, COM 4 ESTRIBOS E 4 ISOLADORES - FORNECIMENTO E INSTALAÇÃO. AF_07/2020","UN","ATRIBUÍDO SÃO PAULO","145,40","CAIXA REFERENCIAL"]
["101542","ARMAÇÃO SECUNDÁRIA, COM 1 ESTRIBO, SEM ISOLADOR - FORNECIMENTO E INSTALAÇÃO. AF_07/2020","UN","ATRIBUÍDO SÃO PAULO","30,18","CAIXA REFERENCIAL"]
["101543","ARMAÇÃO SECUNDÁRIA, COM 2 ESTRIBOS, SEM ISOLADOR - FORNECIMENTO E INSTALAÇÃO. AF_07/2020","UN","ATRIBUÍDO SÃO PAULO","53,47","CAIXA REFERENCIAL"]
["101544","ARMAÇÃO SECUNDÁRIA, COM 3 ESTRIBOS, SEM ISOLADOR - FORNECIMENTO E INSTALAÇÃO. AF_07/2020","UN","ATRIBUÍDO SÃO PAULO","85,70","CAIXA REFERENCIAL"]
["101545","ARMAÇÃO SECUNDÁRIA, COM 4 ESTRIBOS, SEM ISOLADOR - FORNECIMENTO E INSTALAÇÃO. AF_07/2020","UN","ATRIBUÍDO SÃO PAULO","124,66","CAIXA REFERENCIAL"]
["101546","ISOLADOR, TIPO PINO, PARA TENSÃO 15 KV - FORNECIMENTO E INSTALAÇÃO. AF_07/2020","UN","COEFICIENTE DE REPRESENTATIVIDADE","24,56","CAIXA REFERENCIAL"]
["101547","ISOLADOR, TIPO DISCO, PARA TENSÃO 15 KV - FORNECIMENTO E INSTALAÇÃO. AF_07/2020","UN","COEFICIENTE DE REPRESENTATIVIDADE","76,74","CAIXA REFERENCIAL"]
["101548","ISOLADOR, TIPO ROLDANA, PARA BAIXA TENSÃO - FORNECIMENTO E INSTALAÇÃO. AF_07/2020","UN","COEFICIENTE DE REPRESENTATIVIDADE","6,15","CAIXA REFERENCIAL"]
["101549","GRAMPO PARALELO METÁLICO, PARA REDES AÉREAS DE DISTRIBUIÇÃO DE ENERGIA ELÉTRICA DE BAIXA TENSÃO - FORNECIMENTO E INSTALAÇÃO. AF_07/2020","UN","COEFICIENTE DE REPRESENTATIVIDADE","14,88","CAIXA REFERENCIAL"]
["101553","ALÇA PREFORMADA DE DISTRIBUIÇÃO, EM  AÇO GALVANIZADO, AWG 1 - FORNECIMENTO E INSTALAÇÃO. AF_07/2020","UN","COEFICIENTE DE REPRESENTATIVIDADE","14,13","CAIXA REFERENCIAL"]
["101554","ALÇA PREFORMADA DE DISTRIBUIÇÃO, EM  AÇO GALVANIZADO, AWG 2 - FORNECIMENTO E INSTALAÇÃO. AF_07/2020","UN","COEFICIENTE DE REPRESENTATIVIDADE","10,09","CAIXA REFERENCIAL"]
["101555","ALÇA PREFORMADA DE DISTRIBUIÇÃO, EM  AÇO GALVANIZADO, AWG 4 - FORNECIMENTO E INSTALAÇÃO. AF_07/2020","UN","COEFICIENTE DE REPRESENTATIVIDADE","6,40","CAIXA REFERENCIAL"]
["101556","ALÇA PREFORMADA DE DISTRIBUIÇÃO, EM  AÇO GALVANIZADO, AWG 6 - FORNECIMENTO E INSTALAÇÃO. AF_07/2020","UN","COEFICIENTE DE REPRESENTATIVIDADE","5,81","CAIXA REFERENCIAL"]
["101560","CABO DE COBRE FLEXÍVEL ISOLADO, 10 MM², 0,6/1,0 KV, PARA REDE AÉREA DE DISTRIBUIÇÃO DE ENERGIA ELÉTRICA DE BAIXA TENSÃO - FORNECIMENTO E INSTALAÇÃO. AF_07/2020","M","COEFICIENTE DE REPRESENTATIVIDADE","10,77","CAIXA REFERENCIAL"]
["101561","CABO DE COBRE FLEXÍVEL ISOLADO, 16 MM², 0,6/1,0 KV, PARA REDE AÉREA DE DISTRIBUIÇÃO DE ENERGIA ELÉTRICA DE BAIXA TENSÃO - FORNECIMENTO E INSTALAÇÃO. AF_07/2020","M","COEFICIENTE DE REPRESENTATIVIDADE","16,48","CAIXA REFERENCIAL"]
["101562","CABO DE COBRE FLEXÍVEL ISOLADO, 25 MM², 0,6/1,0 KV, PARA REDE AÉREA DE DISTRIBUIÇÃO DE ENERGIA ELÉTRICA DE BAIXA TENSÃO - FORNECIMENTO E INSTALAÇÃO. AF_07/2020","M","COEFICIENTE DE REPRESENTATIVIDADE","25,06","CAIXA REFERENCIAL"]
["101563","CABO DE COBRE FLEXÍVEL ISOLADO, 35 MM², 0,6/1,0 KV, PARA REDE AÉREA DE DISTRIBUIÇÃO DE ENERGIA ELÉTRICA DE BAIXA TENSÃO - FORNECIMENTO E INSTALAÇÃO. AF_07/2020","M","COEFICIENTE DE REPRESENTATIVIDADE","34,52","CAIXA REFERENCIAL"]
["101564","CABO DE COBRE FLEXÍVEL ISOLADO, 50 MM², 0,6/1,0 KV, PARA REDE AÉREA DE DISTRIBUIÇÃO DE ENERGIA ELÉTRICA DE BAIXA TENSÃO - FORNECIMENTO E INSTALAÇÃO. AF_07/2020","M","COEFICIENTE DE REPRESENTATIVIDADE","49,19","CAIXA REFERENCIAL"]
["101565","CABO DE COBRE FLEXÍVEL ISOLADO, 70 MM², 0,6/1,0 KV, PARA REDE AÉREA DE DISTRIBUIÇÃO DE ENERGIA ELÉTRICA DE BAIXA TENSÃO - FORNECIMENTO E INSTALAÇÃO. AF_07/2020","M","COEFICIENTE DE REPRESENTATIVIDADE","68,13","CAIXA REFERENCIAL"]
["101567","CABO DE COBRE FLEXÍVEL ISOLADO, 95 MM², 0,6/1,0 KV, PARA REDE AÉREA DE DISTRIBUIÇÃO DE ENERGIA ELÉTRICA DE BAIXA TENSÃO - FORNECIMENTO E INSTALAÇÃO. AF_07/2020","M","COEFICIENTE DE REPRESENTATIVIDADE","90,48","CAIXA REFERENCIAL"]
["101568","CABO DE COBRE FLEXÍVEL ISOLADO, 120 MM², 0,6/1,0 KV, PARA REDE AÉREA DE DISTRIBUIÇÃO DE ENERGIA ELÉTRICA DE BAIXA TENSÃO - FORNECIMENTO E INSTALAÇÃO. AF_07/2020","M","COEFICIENTE DE REPRESENTATIVIDADE","117,75","CAIXA REFERENCIAL"]
["101626","REATOR PARA LÂMPADA VAPOR DE MERCÚRIO 400 W, USO EXTERNO - FORNECIMENTO E INSTALAÇÃO. AF_08/2020","UN","ATRIBUÍDO SÃO PAULO","155,89","CAIXA REFERENCIAL"]
["101627","REATOR PARA LÂMPADA VAPOR DE SÓDIO 250 W, USO EXTERNO - FORNECIMENTO E INSTALAÇÃO. AF_08/2020","UN","ATRIBUÍDO SÃO PAULO","242,82","CAIXA REFERENCIAL"]
["101628","REATOR PARA LÂMPADA VAPOR DE MERCÚRIO 125 W, USO EXTERNO - FORNECIMENTO E INSTALAÇÃO. AF_08/2020","UN","ATRIBUÍDO SÃO PAULO","115,67","CAIXA REFERENCIAL"]
["101629","REATOR PARA LÂMPADA VAPOR DE MERCÚRIO 250 W, USO EXTERNO - FORNECIMENTO E INSTALAÇÃO. AF_08/2020","UN","ATRIBUÍDO SÃO PAULO","136,38","CAIXA REFERENCIAL"]
["101630","SUBSTITUIÇÃO DE REATOR PARA ILUMINAÇÃO PÚBLICA (NÃO INCLUI FORNECIMENTO). AF_08/2020","UN","ATRIBUÍDO SÃO PAULO","56,60","CAIXA REFERENCIAL"]
["101631","IGNITOR PARA PARTIDA LÂMPADA VAPOR SÓDIO / VAPOR METÁLICO ATÉ 400 W - FORNECIMENTO E INSTALAÇÃO. AF_08/2020","UN","ATRIBUÍDO SÃO PAULO","20,80","CAIXA REFERENCIAL"]
["101632","RELÉ FOTOELÉTRICO PARA COMANDO DE ILUMINAÇÃO EXTERNA 1000 W - FORNECIMENTO E INSTALAÇÃO. AF_08/2020","UN","ATRIBUÍDO SÃO PAULO","34,78","CAIXA REFERENCIAL"]
["101633","SUBSTITUIÇÃO DE RELÉ FOTOELÉTRICO PARA COMANDO DE ILUMINAÇÃO EXTERNA 1000 W - FORNECIMENTO E INSTALAÇÃO. AF_08/2020","UN","ATRIBUÍDO SÃO PAULO","80,73","CAIXA REFERENCIAL"]
["101636","BRAÇO PARA ILUMINAÇÃO PÚBLICA, EM TUBO DE AÇO GALVANIZADO, COMPRIMENTO DE 1,50 M, PARA FIXAÇÃO EM POSTE DE CONCRETO - FORNECIMENTO E INSTALAÇÃO. AF_08/2020","UN","ATRIBUÍDO SÃO PAULO","126,56","CAIXA REFERENCIAL"]
["101637","BRAÇO PARA ILUMINAÇÃO PÚBLICA, EM TUBO DE AÇO GALVANIZADO, COMPRIMENTO DE 1,50 M, PARA FIXAÇÃO EM POSTE METÁLICO - FORNECIMENTO E INSTALAÇÃO. AF_08/2020","UN","ATRIBUÍDO SÃO PAULO","120,00","CAIXA REFERENCIAL"]
["101640","LÂMPADA VAPOR METÁLICO 400 W - FORNECIMENTO E INSTALAÇÃO. AF_08/2020","UN","ATRIBUÍDO SÃO PAULO","104,87","CAIXA REFERENCIAL"]
["101641","LÂMPADA VAPOR METÁLICO 150 W - FORNECIMENTO E INSTALAÇÃO. AF_08/2020","UN","ATRIBUÍDO SÃO PAULO","54,13","CAIXA REFERENCIAL"]
["101642","LÂMPADA VAPOR DE MERCÚRIO 125 W - FORNECIMENTO E INSTALAÇÃO. AF_08/2020","UN","ATRIBUÍDO SÃO PAULO","26,97","CAIXA REFERENCIAL"]
["101643","LÂMPADA VAPOR DE MERCÚRIO 250 W - FORNECIMENTO E INSTALAÇÃO. AF_08/2020","UN","ATRIBUÍDO SÃO PAULO","47,20","CAIXA REFERENCIAL"]
["101644","LÂMPADA VAPOR DE MERCÚRIO 400 W - FORNECIMENTO E INSTALAÇÃO. AF_08/2020","UN","ATRIBUÍDO SÃO PAULO","64,01","CAIXA REFERENCIAL"]
["101645","LÂMPADA MISTA 160 W - FORNECIMENTO E INSTALAÇÃO. AF_08/2020","UN","ATRIBUÍDO SÃO PAULO","30,10","CAIXA REFERENCIAL"]
["101646","LÂMPADA MISTA 250 W - FORNECIMENTO E INSTALAÇÃO. AF_08/2020","UN","ATRIBUÍDO SÃO PAULO","40,10","CAIXA REFERENCIAL"]
["101647","LÂMPADA MISTA 500 W - FORNECIMENTO E INSTALAÇÃO. AF_08/2020","UN","ATRIBUÍDO SÃO PAULO","73,96","CAIXA REFERENCIAL"]
["101648","LÂMPADA VAPOR DE SÓDIO 150 W - FORNECIMENTO E INSTALAÇÃO. AF_08/2020","UN","ATRIBUÍDO SÃO PAULO","57,12","CAIXA REFERENCIAL"]
["101649","LÂMPADA VAPOR DE SÓDIO 250 W - FORNECIMENTO E INSTALAÇÃO. AF_08/2020","UN","ATRIBUÍDO SÃO PAULO","65,88","CAIXA REFERENCIAL"]
["101650","LÂMPADA VAPOR DE SÓDIO 400 W - FORNECIMENTO E INSTALAÇÃO. AF_08/2020","UN","ATRIBUÍDO SÃO PAULO","76,63","CAIXA REFERENCIAL"]
["101651","SUBSTITUIÇÃO DE LÂMPADA PARA ILUMINAÇÃO PÚBLICA (NÃO INCLUI FORNECIMENTO). AF_08/2020","UN","ATRIBUÍDO SÃO PAULO","47,64","CAIXA REFERENCIAL"]
["101652","LUMINÁRIA FECHADA, PARA ILUMINAÇÃO PÚBLICA, PARA LÂMPADA DE VAPOR - FORNECIMENTO E INSTALAÇÃO (EXCLUSIVE LÂMPADA E REATOR). AF_08/2020","UN","ATRIBUÍDO SÃO PAULO","452,44","CAIXA REFERENCIAL"]
["101653","LUMINÁRIA ABERTA PARA ILUMINAÇÃO PÚBLICA, PARA LÂMPADA VAPOR DE MERCÚRIO ATÉ 400 W E MISTA ATÉ 500 W, COM BRAÇO EM TUBO DE AÇO GALV 1\", COMPRIMENTO DE 1,50 M, PARA POSTE DE CONCRETO - FORNECIMENTO E INSTALAÇÃO (EXCLUSIVE LÂMPADA E REATOR). AF_08/2020","UN","ATRIBUÍDO SÃO PAULO","239,93","CAIXA REFERENCIAL"]
["101654","LUMINÁRIA DE LED PARA ILUMINAÇÃO PÚBLICA, DE 33 W ATÉ 50 W - FORNECIMENTO E INSTALAÇÃO. AF_08/2020","UN","ATRIBUÍDO SÃO PAULO","281,31","CAIXA REFERENCIAL"]
["101655","LUMINÁRIA DE LED PARA ILUMINAÇÃO PÚBLICA, DE 51 W ATÉ 67 W - FORNECIMENTO E INSTALAÇÃO. AF_08/2020","UN","ATRIBUÍDO SÃO PAULO","472,57","CAIXA REFERENCIAL"]
["101656","LUMINÁRIA DE LED PARA ILUMINAÇÃO PÚBLICA, DE 68 W ATÉ 97 W - FORNECIMENTO E INSTALAÇÃO. AF_08/2020","UN","ATRIBUÍDO SÃO PAULO","517,22","CAIXA REFERENCIAL"]
["101657","LUMINÁRIA DE LED PARA ILUMINAÇÃO PÚBLICA, DE 98 W ATÉ 137 W - FORNECIMENTO E INSTALAÇÃO. AF_08/2020","UN","ATRIBUÍDO SÃO PAULO","612,34","CAIXA REFERENCIAL"]
["101658","LUMINÁRIA DE LED PARA ILUMINAÇÃO PÚBLICA, DE 138 W ATÉ 180 W - FORNECIMENTO E INSTALAÇÃO. AF_08/2020","UN","ATRIBUÍDO SÃO PAULO","807,93","CAIXA REFERENCIAL"]
["101659","LUMINÁRIA DE LED PARA ILUMINAÇÃO PÚBLICA, DE 181 W ATÉ 239 W - FORNECIMENTO E INSTALAÇÃO. AF_08/2020","UN","ATRIBUÍDO SÃO PAULO","929,58","CAIXA REFERENCIAL"]
["101660","LUMINÁRIA DE LED PARA ILUMINAÇÃO PÚBLICA, DE 240 W ATÉ 350 W - FORNECIMENTO E INSTALAÇÃO. AF_08/2020","UN","ATRIBUÍDO SÃO PAULO","1.503,83","CAIXA REFERENCIAL"]
["101661","SUBSTITUIÇÃO DE LUMINÁRIA DE VAPOR DE MERCÚRIO/VAPOR DE SÓDIO POR LUMINÁRIA DE LED PARA ILUMINAÇÃO PÚBLICA (NÃO INCLUI FORNECIMENTO). AF_08/2020","UN","ATRIBUÍDO SÃO PAULO","88,14","CAIXA REFERENCIAL"]
["101662","LUMINÁRIA FECHADA PARA ILUMINAÇÃO PÚBLICA, COM REATOR DE PARTIDA RÁPIDA, COM LÂMPADA VAPOR DE MERCÚRIO 250 W - FORNECIMENTO E INSTALAÇÃO. AF_08/2020","UN","ATRIBUÍDO SÃO PAULO","636,04","CAIXA REFERENCIAL"]
["101663","ABRAÇADEIRA DE FIXAÇÃO DE BRAÇOS DE LUMINÁRIAS DE 2\" - FORNECIMENTO E INSTALAÇÃO. AF_08/2020","UN","ATRIBUÍDO SÃO PAULO","20,57","CAIXA REFERENCIAL"]
["101664","ABRAÇADEIRA DE FIXAÇÃO DE BRAÇOS DE LUMINÁRIAS DE 3\" - FORNECIMENTO E INSTALAÇÃO. AF_08/2020","UN","ATRIBUÍDO SÃO PAULO","21,38","CAIXA REFERENCIAL"]
["101665","ABRAÇADEIRA DE FIXAÇÃO DE BRAÇOS DE LUMINÁRIAS DE 4\" - FORNECIMENTO E INSTALAÇÃO. AF_08/2020","UN","ATRIBUÍDO SÃO PAULO","24,85","CAIXA REFERENCIAL"]
["101666","REFLETOR RETANGULAR FECHADO, COM LÂMPADA VAPOR METÁLICO 400 W - FORNECIMENTO E INSTALAÇÃO. AF_08/2020","UN","ATRIBUÍDO SÃO PAULO","379,42","CAIXA REFERENCIAL"]
["102085","LUMINÁRIA ESTANQUE COM PROTEÇÃO CONTRA ÁGUA, POEIRA OU IMPACTOS - FORNECIMENTO E INSTALAÇÃO. AF_08/2020","UN","ATRIBUÍDO SÃO PAULO","179,65","CAIXA REFERENCIAL"]
["100578","ASSENTAMENTO DE POSTE DE CONCRETO COM COMPRIMENTO NOMINAL DE 9 M, CARGA NOMINAL MENOR OU IGUAL A 1000 DAN, ENGASTAMENTO SIMPLES COM 1,5 M DE SOLO (NÃO INCLUI FORNECIMENTO). AF_11/2019","UN","ATRIBUÍDO SÃO PAULO","430,53","CAIXA REFERENCIAL"]
["100579","ASSENTAMENTO DE POSTE DE CONCRETO COM COMPRIMENTO NOMINAL DE 10 M, CARGA NOMINAL MENOR OU IGUAL A 1000 DAN, ENGASTAMENTO SIMPLES COM 1,6 M DE SOLO (NÃO INCLUI FORNECIMENTO). AF_11/2019","UN","ATRIBUÍDO SÃO PAULO","472,91","CAIXA REFERENCIAL"]
["100580","ASSENTAMENTO DE POSTE DE CONCRETO COM COMPRIMENTO NOMINAL DE 10 M, CARGA NOMINAL MAIOR QUE 1000 DAN, ENGASTAMENTO SIMPLES COM 1,6 M DE SOLO (NÃO INCLUI FORNECIMENTO). AF_11/2019","UN","ATRIBUÍDO SÃO PAULO","512,46","CAIXA REFERENCIAL"]
["100581","ASSENTAMENTO DE POSTE DE CONCRETO COM COMPRIMENTO NOMINAL DE 10,5 M, CARGA NOMINAL MENOR OU IGUAL A 1000 DAN, ENGASTAMENTO SIMPLES COM 1,65 M DE SOLO (NÃO INCLUI FORNECIMENTO). AF_11/2019","UN","ATRIBUÍDO SÃO PAULO","493,94","CAIXA REFERENCIAL"]
["100582","ASSENTAMENTO DE POSTE DE CONCRETO COM COMPRIMENTO NOMINAL DE 10,5 M, CARGA NOMINAL MAIOR QUE 1000 DAN, ENGASTAMENTO SIMPLES COM 1,65 M DE SOLO (NÃO INCLUI FORNECIMENTO). AF_11/2019","UN","ATRIBUÍDO SÃO PAULO","565,28","CAIXA REFERENCIAL"]
["100583","ASSENTAMENTO DE POSTE DE CONCRETO COM COMPRIMENTO NOMINAL DE 11 M, CARGA NOMINAL MENOR OU IGUAL A 1000 DAN, ENGASTAMENTO SIMPLES COM 1,7 M DE SOLO (NÃO INCLUI FORNECIMENTO). AF_11/2019","UN","ATRIBUÍDO SÃO PAULO","516,25","CAIXA REFERENCIAL"]
["100584","ASSENTAMENTO DE POSTE DE CONCRETO COM COMPRIMENTO NOMINAL DE 11 M, CARGA NOMINAL MAIOR QUE 1000 DAN, ENGASTAMENTO SIMPLES COM 1,7 M DE SOLO (NÃO INCLUI FORNECIMENTO). AF_11/2019","UN","ATRIBUÍDO SÃO PAULO","559,13","CAIXA REFERENCIAL"]
["100585","ASSENTAMENTO DE POSTE DE CONCRETO COM COMPRIMENTO NOMINAL DE 12 M, CARGA NOMINAL MENOR OU IGUAL A 1000 DAN, ENGASTAMENTO SIMPLES COM 1,8 M DE SOLO (NÃO INCLUI FORNECIMENTO). AF_11/2019","UN","ATRIBUÍDO SÃO PAULO","559,79","CAIXA REFERENCIAL"]
["100586","ASSENTAMENTO DE POSTE DE CONCRETO COM COMPRIMENTO NOMINAL DE 12 M, CARGA NOMINAL MAIOR QUE 1000 DAN, ENGASTAMENTO SIMPLES COM 1,8 M DE SOLO (NÃO INCLUI FORNECIMENTO). AF_11/2019","UN","ATRIBUÍDO SÃO PAULO","628,10","CAIXA REFERENCIAL"]
["100587","ASSENTAMENTO DE POSTE DE CONCRETO COM COMPRIMENTO NOMINAL DE 13 M, CARGA NOMINAL MENOR OU IGUAL A 1000 DAN, ENGASTAMENTO SIMPLES COM 1,9 M DE SOLO (NÃO INCLUI FORNECIMENTO). AF_11/2019","UN","ATRIBUÍDO SÃO PAULO","604,68","CAIXA REFERENCIAL"]
["100588","ASSENTAMENTO DE POSTE DE CONCRETO COM COMPRIMENTO NOMINAL DE 13 M, CARGA NOMINAL MAIOR QUE 1000 DAN, ENGASTAMENTO SIMPLES COM 1,9 M DE SOLO (NÃO INCLUI FORNECIMENTO). AF_11/2019","UN","ATRIBUÍDO SÃO PAULO","657,77","CAIXA REFERENCIAL"]
["100589","ASSENTAMENTO DE POSTE DE CONCRETO COM COMPRIMENTO NOMINAL DE 13,5 M, CARGA NOMINAL MENOR OU IGUAL A 1000 DAN, ENGASTAMENTO SIMPLES COM 1,95 M DE SOLO (NÃO INCLUI FORNECIMENTO). AF_11/2019","UN","ATRIBUÍDO SÃO PAULO","664,01","CAIXA REFERENCIAL"]
["100590","ASSENTAMENTO DE POSTE DE CONCRETO COM COMPRIMENTO NOMINAL DE 13,5 M, CARGA NOMINAL MAIOR QUE 1000 DAN, ENGASTAMENTO SIMPLES COM 1,95 M DE SOLO (NÃO INCLUI FORNECIMENTO). AF_11/2019","UN","ATRIBUÍDO SÃO PAULO","716,54","CAIXA REFERENCIAL"]
["100591","ASSENTAMENTO DE POSTE DE CONCRETO COM COMPRIMENTO NOMINAL DE 14 M, CARGA NOMINAL MENOR OU IGUAL A 1000 DAN, ENGASTAMENTO SIMPLES COM 2 M DE SOLO (NÃO INCLUI FORNECIMENTO). AF_11/2019","UN","ATRIBUÍDO SÃO PAULO","663,46","CAIXA REFERENCIAL"]
["100592","ASSENTAMENTO DE POSTE DE CONCRETO COM COMPRIMENTO NOMINAL DE 14 M, CARGA NOMINAL MAIOR QUE 1000 DAN, ENGASTAMENTO SIMPLES COM 2 M DE SOLO (NÃO INCLUI FORNECIMENTO). AF_11/2019","UN","ATRIBUÍDO SÃO PAULO","706,98","CAIXA REFERENCIAL"]
["100593","ASSENTAMENTO DE POSTE DE CONCRETO COM COMPRIMENTO NOMINAL DE 15 M, CARGA NOMINAL MENOR OU IGUAL A 1000 DAN, ENGASTAMENTO SIMPLES COM 2,1 M DE SOLO (NÃO INCLUI FORNECIMENTO). AF_11/2019","UN","ATRIBUÍDO SÃO PAULO","710,72","CAIXA REFERENCIAL"]
["100594","ASSENTAMENTO DE POSTE DE CONCRETO COM COMPRIMENTO NOMINAL DE 15 M, CARGA NOMINAL MAIOR QUE 1000 DAN, ENGASTAMENTO SIMPLES COM 2,1 M DE SOLO (NÃO INCLUI FORNECIMENTO). AF_11/2019","UN","ATRIBUÍDO SÃO PAULO","784,46","CAIXA REFERENCIAL"]
["100595","ASSENTAMENTO DE POSTE DE CONCRETO COM COMPRIMENTO NOMINAL DE 18 M, CARGA NOMINAL MENOR OU IGUAL A 1000 DAN, ENGASTAMENTO SIMPLES COM 2,4 M DE SOLO (NÃO INCLUI FORNECIMENTO). AF_11/2019","UN","ATRIBUÍDO SÃO PAULO","852,56","CAIXA REFERENCIAL"]
["100596","ASSENTAMENTO DE POSTE DE CONCRETO COM COMPRIMENTO NOMINAL DE 18 M, CARGA NOMINAL MAIOR QUE 1000 DAN, ENGASTAMENTO SIMPLES COM 2,4 M DE SOLO (NÃO INCLUI FORNECIMENTO). AF_11/2019","UN","ATRIBUÍDO SÃO PAULO","951,99","CAIXA REFERENCIAL"]
["100597","ASSENTAMENTO DE POSTE DE CONCRETO COM COMPRIMENTO NOMINAL DE 20 M, CARGA NOMINAL MENOR OU IGUAL A 1000 DAN, ENGASTAMENTO SIMPLES COM 2,6 M DE SOLO (NÃO INCLUI FORNECIMENTO). AF_11/2019","UN","ATRIBUÍDO SÃO PAULO","980,95","CAIXA REFERENCIAL"]
["100598","ASSENTAMENTO DE POSTE DE CONCRETO COM COMPRIMENTO NOMINAL DE 20 M, CARGA NOMINAL MAIOR QUE 1000, ENGASTAMENTO SIMPLES COM 2,6 M DE SOLO (NÃO INCLUI FORNECIMENTO). AF_11/2019","UN","ATRIBUÍDO SÃO PAULO","1.062,92","CAIXA REFERENCIAL"]
["100599","ASSENTAMENTO DE POSTE DE CONCRETO COM COMPRIMENTO NOMINAL DE 9 M, CARGA NOMINAL DE 150 DAN, ENGASTAMENTO BASE CONCRETADA COM 1 M DE CONCRETO E 0,5 M DE SOLO (NÃO INCLUI FORNECIMENTO). AF_11/2019","UN","ATRIBUÍDO SÃO PAULO","440,18","CAIXA REFERENCIAL"]
["100600","ASSENTAMENTO DE POSTE DE CONCRETO COM COMPRIMENTO NOMINAL DE 9 M, CARGA NOMINAL DE 300 DAN, ENGASTAMENTO BASE CONCRETADA COM 1 M DE CONCRETO E 0,5 M DE SOLO (NÃO INCLUI FORNECIMENTO). AF_11/2019","UN","ATRIBUÍDO SÃO PAULO","510,54","CAIXA REFERENCIAL"]
["100601","ASSENTAMENTO DE POSTE DE CONCRETO COM COMPRIMENTO NOMINAL DE 9 M, CARGA NOMINAL DE 400 DAN, ENGASTAMENTO BASE CONCRETADA COM 1 M DE CONCRETO E 0,5 M DE SOLO (NÃO INCLUI FORNECIMENTO). AF_11/2019","UN","ATRIBUÍDO SÃO PAULO","628,46","CAIXA REFERENCIAL"]
["100602","ASSENTAMENTO DE POSTE DE CONCRETO COM COMPRIMENTO NOMINAL DE 9 M, CARGA NOMINAL DE 600 DAN, ENGASTAMENTO BASE CONCRETADA COM 1 M DE CONCRETO E 0,5 M DE SOLO (NÃO INCLUI FORNECIMENTO). AF_11/2019","UN","ATRIBUÍDO SÃO PAULO","775,53","CAIXA REFERENCIAL"]
["100603","ASSENTAMENTO DE POSTE DE CONCRETO COM COMPRIMENTO NOMINAL DE 9 M, CARGA NOMINAL DE 1000 DAN, ENGASTAMENTO BASE CONCRETADA COM 1 M DE CONCRETO E 0,5 M DE SOLO (NÃO INCLUI FORNECIMENTO). AF_11/2019","UN","ATRIBUÍDO SÃO PAULO","1.154,25","CAIXA REFERENCIAL"]
["100604","ASSENTAMENTO DE POSTE DE CONCRETO COM COMPRIMENTO NOMINAL DE 10 M, CARGA NOMINAL DE 300 DAN, ENGASTAMENTO BASE CONCRETADA COM 1 M DE CONCRETO E 0,6 M DE SOLO (NÃO INCLUI FORNECIMENTO). AF_11/2019","UN","ATRIBUÍDO SÃO PAULO","545,80","CAIXA REFERENCIAL"]
["100605","ASSENTAMENTO DE POSTE DE CONCRETO COM COMPRIMENTO NOMINAL DE 10 M, CARGA NOMINAL DE 600 DAN, ENGASTAMENTO BASE CONCRETADA COM 1 M DE CONCRETO E 0,6 M DE SOLO (NÃO INCLUI FORNECIMENTO). AF_11/2019","UN","ATRIBUÍDO SÃO PAULO","818,07","CAIXA REFERENCIAL"]
["100606","ASSENTAMENTO DE POSTE DE CONCRETO COM COMPRIMENTO NOMINAL DE 10 M, CARGA NOMINAL DE 1000 DAN, ENGASTAMENTO BASE CONCRETADA COM 1 M DE CONCRETO E 0,6 M DE SOLO (NÃO INCLUI FORNECIMENTO). AF_11/2019","UN","ATRIBUÍDO SÃO PAULO","1.206,20","CAIXA REFERENCIAL"]
["100607","ASSENTAMENTO DE POSTE DE CONCRETO COM COMPRIMENTO NOMINAL DE 10,5 M, CARGA NOMINAL DE 300 DAN, ENGASTAMENTO BASE CONCRETADA COM 1 M DE CONCRETO E 0,65 M DE SOLO (NÃO INCLUI FORNECIMENTO). AF_11/2019","UN","ATRIBUÍDO SÃO PAULO","562,78","CAIXA REFERENCIAL"]
["100608","ASSENTAMENTO DE POSTE DE CONCRETO COM COMPRIMENTO NOMINAL DE 10,5 M, CARGA NOMINAL DE 600 DAN, ENGASTAMENTO BASE CONCRETADA COM 1 M DE CONCRETO E 0,65 M DE SOLO (NÃO INCLUI FORNECIMENTO). AF_11/2019","UN","ATRIBUÍDO SÃO PAULO","839,09","CAIXA REFERENCIAL"]
["100609","ASSENTAMENTO DE POSTE DE CONCRETO COM COMPRIMENTO NOMINAL DE 10,5 M, CARGA NOMINAL DE 1000 DAN, ENGASTAMENTO BASE CONCRETADA COM 1 M DE CONCRETO E 0,65 M DE SOLO (NÃO INCLUI FORNECIMENTO). AF_11/2019","UN","ATRIBUÍDO SÃO PAULO","1.233,74","CAIXA REFERENCIAL"]
["100610","ASSENTAMENTO DE POSTE DE CONCRETO COM COMPRIMENTO NOMINAL DE 11 M, CARGA NOMINAL DE 300 DAN, ENGASTAMENTO BASE CONCRETADA COM 1 M DE CONCRETO E 0,7 M DE SOLO (NÃO INCLUI FORNECIMENTO). AF_11/2019","UN","ATRIBUÍDO SÃO PAULO","579,69","CAIXA REFERENCIAL"]
["100611","ASSENTAMENTO DE POSTE DE CONCRETO COM COMPRIMENTO NOMINAL DE 11 M, CARGA NOMINAL DE 400 DAN, ENGASTAMENTO BASE CONCRETADA COM 1 M DE CONCRETO E 0,7 M DE SOLO (NÃO INCLUI FORNECIMENTO). AF_11/2019","UN","ATRIBUÍDO SÃO PAULO","704,03","CAIXA REFERENCIAL"]
["100612","ASSENTAMENTO DE POSTE DE CONCRETO COM COMPRIMENTO NOMINAL DE 11 M, CARGA NOMINAL DE 600 DAN, ENGASTAMENTO BASE CONCRETADA COM 1 M DE CONCRETO E 0,7 M DE SOLO (NÃO INCLUI FORNECIMENTO). AF_11/2019","UN","ATRIBUÍDO SÃO PAULO","859,80","CAIXA REFERENCIAL"]
["100613","ASSENTAMENTO DE POSTE DE CONCRETO COM COMPRIMENTO NOMINAL DE 11 M, CARGA NOMINAL DE 1000 DAN, ENGASTAMENTO BASE CONCRETADA COM 1 M DE CONCRETO E 0,7 M DE SOLO (NÃO INCLUI FORNECIMENTO). AF_11/2019","UN","ATRIBUÍDO SÃO PAULO","1.260,76","CAIXA REFERENCIAL"]
["100614","ASSENTAMENTO DE POSTE DE CONCRETO COM COMPRIMENTO NOMINAL DE 12 M, CARGA NOMINAL DE 400 DAN, ENGASTAMENTO BASE CONCRETADA COM 1 M DE CONCRETO E 0,8 M DE SOLO (NÃO INCLUI FORNECIMENTO). AF_11/2019","UN","ATRIBUÍDO SÃO PAULO","741,28","CAIXA REFERENCIAL"]
["100615","ASSENTAMENTO DE POSTE DE CONCRETO COM COMPRIMENTO NOMINAL DE 12 M, CARGA NOMINAL DE 600 DAN, ENGASTAMENTO BASE CONCRETADA COM 1 M DE CONCRETO E 0,8 M DE SOLO (NÃO INCLUI FORNECIMENTO). AF_11/2019","UN","ATRIBUÍDO SÃO PAULO","900,97","CAIXA REFERENCIAL"]
["100616","ASSENTAMENTO DE POSTE DE CONCRETO COM COMPRIMENTO NOMINAL DE 12 M, CARGA NOMINAL DE 1000 DAN, ENGASTAMENTO BASE CONCRETADA COM 1 M DE CONCRETO E 0,8 M DE SOLO (NÃO INCLUI FORNECIMENTO). AF_11/2019","UN","ATRIBUÍDO SÃO PAULO","1.317,20","CAIXA REFERENCIAL"]
["100617","ASSENTAMENTO DE POSTE DE CONCRETO COM COMPRIMENTO NOMINAL DE 13 M, CARGA NOMINAL DE 600 DAN, ENGASTAMENTO BASE CONCRETADA COM 1 M DE CONCRETO E 0,9 M DE SOLO (NÃO INCLUI FORNECIMENTO). AF_11/2019","UN","ATRIBUÍDO SÃO PAULO","942,03","CAIXA REFERENCIAL"]
["100618","ASSENTAMENTO DE POSTE DE CONCRETO COM COMPRIMENTO NOMINAL DE 13 M, CARGA NOMINAL DE 1000 DAN, ENGASTAMENTO BASE CONCRETADA COM 1 M DE CONCRETO E 0,9 M DE SOLO - SOMENTE INSTALAÇÃO, SEM FORNECIMENTO. AF_11/2019","UN","ATRIBUÍDO SÃO PAULO","1.376,82","CAIXA REFERENCIAL"]
["100619","POSTE DECORATIVO PARA JARDIM EM AÇO TUBULAR, H = *2,5* M, SEM LUMINÁRIA - FORNECIMENTO E INSTALAÇÃO. AF_11/2019","UN","ATRIBUÍDO SÃO PAULO","563,88","CAIXA REFERENCIAL"]
["100620","POSTE DE AÇO CONICO CONTÍNUO CURVO SIMPLES, FLANGEADO, H=9M, INCLUSIVE LUMINÁRIA, SEM LÂMPADA - FORNECIMENTO E INSTALACAO. AF_11/2019","UN","ATRIBUÍDO SÃO PAULO","3.397,64","CAIXA REFERENCIAL"]
["100621","POSTE DE AÇO CONICO CONTÍNUO CURVO DUPLO, FLANGEADO, H=9M, INCLUSIVE LUMINÁRIAS, SEM LÂMPADAS - FORNECIMENTO E INSTALACAO. AF_11/2019","UN","ATRIBUÍDO SÃO PAULO","3.890,41","CAIXA REFERENCIAL"]
["100622","POSTE DE AÇO CONICO CONTÍNUO CURVO SIMPLES, ENGASTADO, H=9M, INCLUSIVE LUMINÁRIA, SEM LÂMPADA - FORNECIMENTO E INSTALACAO. AF_11/2019","UN","ATRIBUÍDO SÃO PAULO","2.683,29","CAIXA REFERENCIAL"]
["100623","POSTE DE AÇO CONICO CONTÍNUO CURVO DUPLO, ENGASTADO, H=9M, INCLUSIVE LUMINÁRIAS, SEM LÂMPADAS - FORNECIMENTO E INSTALACAO. AF_11/2019","UN","ATRIBUÍDO SÃO PAULO","2.865,40","CAIXA REFERENCIAL"]
["97600","REFLETOR EM ALUMÍNIO, DE SUPORTE E ALÇA, COM 1 LÂMPADA VAPOR DE MERCÚRIO DE 125 W, COM REATOR ALTO FATOR DE POTÊNCIA - FORNECIMENTO E INSTALAÇÃO. AF_02/2020","UN","ATRIBUÍDO SÃO PAULO","279,42","CAIXA REFERENCIAL"]
["97601","REFLETOR EM ALUMÍNIO, DE SUPORTE E ALÇA, COM LÂMPADA VAPOR DE MERCÚRIO DE 250 W, COM REATOR ALTO FATOR DE POTÊNCIA - FORNECIMENTO E INSTALAÇÃO. AF_02/2020","UN","ATRIBUÍDO SÃO PAULO","299,65","CAIXA REFERENCIAL"]
["97605","LUMINÁRIA ARANDELA TIPO MEIA LUA, DE SOBREPOR, COM 1 LÂMPADA LED DE 6 W, SEM REATOR - FORNECIMENTO E INSTALAÇÃO. AF_02/2020","UN","ATRIBUÍDO SÃO PAULO","84,63","CAIXA REFERENCIAL"]
["97606","LUMINÁRIA ARANDELA TIPO MEIA LUA, DE SOBREPOR, COM 1 LÂMPADA FLUORESCENTE DE 15 W, SEM REATOR - FORNECIMENTO E INSTALAÇÃO. AF_02/2020","UN","ATRIBUÍDO SÃO PAULO","93,07","CAIXA REFERENCIAL"]
["97607","LUMINÁRIA ARANDELA TIPO TARTARUGA, DE SOBREPOR, COM 1 LÂMPADA LED DE 6 W, SEM REATOR - FORNECIMENTO E INSTALAÇÃO. AF_02/2020","UN","ATRIBUÍDO SÃO PAULO","101,92","CAIXA REFERENCIAL"]
["97608","LUMINÁRIA ARANDELA TIPO TARTARUGA, COM GRADE, DE SOBREPOR, COM 1 LÂMPADA FLUORESCENTE DE 15 W, SEM REATOR - FORNECIMENTO E INSTALAÇÃO. AF_02/2020","UN","ATRIBUÍDO SÃO PAULO","110,36","CAIXA REFERENCIAL"]
["102102","TRANSFORMADOR DE DISTRIBUIÇÃO, 30 KVA, TRIFÁSICO, 60 HZ, CLASSE 15 KV, IMERSO EM ÓLEO MINERAL, INSTALAÇÃO EM POSTE (NÃO INCLUSO SUPORTE) - FORNECIMENTO E INSTALAÇÃO. AF_12/2020","UN","ATRIBUÍDO SÃO PAULO","8.087,71","CAIXA REFERENCIAL"]
["102103","TRANSFORMADOR DE DISTRIBUIÇÃO, 45 KVA, TRIFÁSICO, 60 HZ, CLASSE 15 KV, IMERSO EM ÓLEO MINERAL, INSTALAÇÃO EM POSTE (NÃO INCLUSO SUPORTE) - FORNECIMENTO E INSTALAÇÃO. AF_12/2020","UN","ATRIBUÍDO SÃO PAULO","8.998,45","CAIXA REFERENCIAL"]
["102104","TRANSFORMADOR DE DISTRIBUIÇÃO, 75 KVA, TRIFÁSICO, 60 HZ, CLASSE 15 KV, IMERSO EM ÓLEO MINERAL, INSTALAÇÃO EM POSTE (NÃO INCLUSO SUPORTE) - FORNECIMENTO E INSTALAÇÃO. AF_12/2020","UN","ATRIBUÍDO SÃO PAULO","11.537,72","CAIXA REFERENCIAL"]
["102105","TRANSFORMADOR DE DISTRIBUIÇÃO, 112,5 KVA, TRIFÁSICO, 60 HZ, CLASSE 15 KV, IMERSO EM ÓLEO MINERAL, INSTALAÇÃO EM POSTE (NÃO INCLUSO SUPORTE) - FORNECIMENTO E INSTALAÇÃO. AF_12/2020","UN","ATRIBUÍDO SÃO PAULO","14.176,09","CAIXA REFERENCIAL"]
["102106","TRANSFORMADOR DE DISTRIBUIÇÃO, 150 KVA, TRIFÁSICO, 60 HZ, CLASSE 15 KV, IMERSO EM ÓLEO MINERAL, INSTALAÇÃO EM POSTE (NÃO INCLUSO SUPORTE) - FORNECIMENTO E INSTALAÇÃO. AF_12/2020","UN","ATRIBUÍDO SÃO PAULO","17.777,10","CAIXA REFERENCIAL"]
["102107","TRANSFORMADOR DE DISTRIBUIÇÃO, 225 KVA, TRIFÁSICO, 60 HZ, CLASSE 15 KV, IMERSO EM ÓLEO MINERAL, INSTALAÇÃO EM POSTE (NÃO INCLUSO SUPORTE) - FORNECIMENTO E INSTALAÇÃO. AF_12/2020","UN","ATRIBUÍDO SÃO PAULO","24.798,39","CAIXA REFERENCIAL"]
["102108","TRANSFORMADOR DE DISTRIBUIÇÃO, 300 KVA, TRIFÁSICO, 60 HZ, CLASSE 15 KV, IMERSO EM ÓLEO MINERAL, INSTALAÇÃO EM POSTE (NÃO INCLUSO SUPORTE) - FORNECIMENTO E INSTALAÇÃO. AF_12/2020","UN","ATRIBUÍDO SÃO PAULO","28.874,70","CAIXA REFERENCIAL"]
["102109","SUPORTE PARA TRANSFORMADOR EM POSTE DE CONCRETO CIRCULAR - FORNECIMENTO E INSTALAÇÃO. AF_12/2020","UN","COEFICIENTE DE REPRESENTATIVIDADE","52,66","CAIXA REFERENCIAL"]
["102110","SUPORTE PARA TRANSFORMADOR EM POSTE DE CONCRETO DUPLO T - FORNECIMENTO E INSTALAÇÃO. AF_12/2020","UN","COEFICIENTE DE REPRESENTATIVIDADE","168,71","CAIXA REFERENCIAL"]
["93128","PONTO DE ILUMINAÇÃO RESIDENCIAL INCLUINDO INTERRUPTOR SIMPLES, CAIXA ELÉTRICA, ELETRODUTO, CABO, RASGO, QUEBRA E CHUMBAMENTO (EXCLUINDO LUMINÁRIA E LÂMPADA). AF_01/2016","UN","COEFICIENTE DE REPRESENTATIVIDADE","126,11","CAIXA REFERENCIAL"]
["93137","PONTO DE ILUMINAÇÃO RESIDENCIAL INCLUINDO INTERRUPTOR SIMPLES (2 MÓDULOS), CAIXA ELÉTRICA, ELETRODUTO, CABO, RASGO, QUEBRA E CHUMBAMENTO (EXCLUINDO LUMINÁRIA E LÂMPADA). AF_01/2016","UN","COEFICIENTE DE REPRESENTATIVIDADE","150,98","CAIXA REFERENCIAL"]
["93138","PONTO DE ILUMINAÇÃO RESIDENCIAL INCLUINDO INTERRUPTOR PARALELO, CAIXA ELÉTRICA, ELETRODUTO, CABO, RASGO, QUEBRA E CHUMBAMENTO (EXCLUINDO LUMINÁRIA E LÂMPADA). AF_01/2016","UN","COEFICIENTE DE REPRESENTATIVIDADE","142,82","CAIXA REFERENCIAL"]
["93139","PONTO DE ILUMINAÇÃO RESIDENCIAL INCLUINDO INTERRUPTOR PARALELO (2 MÓDULOS), CAIXA ELÉTRICA, ELETRODUTO, CABO, RASGO, QUEBRA E CHUMBAMENTO (EXCLUINDO LUMINÁRIA E LÂMPADA). AF_01/2016","UN","COEFICIENTE DE REPRESENTATIVIDADE","184,36","CAIXA REFERENCIAL"]
["93140","PONTO DE ILUMINAÇÃO RESIDENCIAL INCLUINDO INTERRUPTOR SIMPLES CONJUGADO COM PARALELO, CAIXA ELÉTRICA, ELETRODUTO, CABO, RASGO, QUEBRA E CHUMBAMENTO (EXCLUINDO LUMINÁRIA E LÂMPADA). AF_01/2016","UN","COEFICIENTE DE REPRESENTATIVIDADE","173,25","CAIXA REFERENCIAL"]
["93141","PONTO DE TOMADA RESIDENCIAL INCLUINDO TOMADA 10A/250V, CAIXA ELÉTRICA, ELETRODUTO, CABO, RASGO, QUEBRA E CHUMBAMENTO. AF_01/2016","UN","COEFICIENTE DE REPRESENTATIVIDADE","157,05","CAIXA REFERENCIAL"]
["93142","PONTO DE TOMADA RESIDENCIAL INCLUINDO TOMADA (2 MÓDULOS) 10A/250V, CAIXA ELÉTRICA, ELETRODUTO, CABO, RASGO, QUEBRA E CHUMBAMENTO. AF_01/2016","UN","COEFICIENTE DE REPRESENTATIVIDADE","175,02","CAIXA REFERENCIAL"]
["93143","PONTO DE TOMADA RESIDENCIAL INCLUINDO TOMADA 20A/250V, CAIXA ELÉTRICA, ELETRODUTO, CABO, RASGO, QUEBRA E CHUMBAMENTO. AF_01/2016","UN","COEFICIENTE DE REPRESENTATIVIDADE","159,25","CAIXA REFERENCIAL"]
["93144","PONTO DE UTILIZAÇÃO DE EQUIPAMENTOS ELÉTRICOS, RESIDENCIAL, INCLUINDO SUPORTE E PLACA, CAIXA ELÉTRICA, ELETRODUTO, CABO, RASGO, QUEBRA E CHUMBAMENTO. AF_01/2016","UN","COEFICIENTE DE REPRESENTATIVIDADE","214,19","CAIXA REFERENCIAL"]
["93145","PONTO DE ILUMINAÇÃO E TOMADA, RESIDENCIAL, INCLUINDO INTERRUPTOR SIMPLES E TOMADA 10A/250V, CAIXA ELÉTRICA, ELETRODUTO, CABO, RASGO, QUEBRA E CHUMBAMENTO (EXCLUINDO LUMINÁRIA E LÂMPADA). AF_01/2016","UN","COEFICIENTE DE REPRESENTATIVIDADE","193,08","CAIXA REFERENCIAL"]
["93146","PONTO DE ILUMINAÇÃO E TOMADA, RESIDENCIAL, INCLUINDO INTERRUPTOR PARALELO E TOMADA 10A/250V, CAIXA ELÉTRICA, ELETRODUTO, CABO, RASGO, QUEBRA E CHUMBAMENTO (EXCLUINDO LUMINÁRIA E LÂMPADA). AF_01/2016","UN","COEFICIENTE DE REPRESENTATIVIDADE","209,80","CAIXA REFERENCIAL"]
["93147","PONTO DE ILUMINAÇÃO E TOMADA, RESIDENCIAL, INCLUINDO INTERRUPTOR SIMPLES, INTERRUPTOR PARALELO E TOMADA 10A/250V, CAIXA ELÉTRICA, ELETRODUTO, CABO, RASGO, QUEBRA E CHUMBAMENTO (EXCLUINDO LUMINÁRIA E LÂMPADA). AF_01/2016","UN","COEFICIENTE DE REPRESENTATIVIDADE","240,28","CAIXA REFERENCIAL"]
["96971","CORDOALHA DE COBRE NU 16 MM², NÃO ENTERRADA, COM ISOLADOR - FORNECIMENTO E INSTALAÇÃO. AF_12/2017","M","ATRIBUÍDO SÃO PAULO","29,79","CAIXA REFERENCIAL"]
["96972","CORDOALHA DE COBRE NU 25 MM², NÃO ENTERRADA, COM ISOLADOR - FORNECIMENTO E INSTALAÇÃO. AF_12/2017","M","ATRIBUÍDO SÃO PAULO","42,43","CAIXA REFERENCIAL"]
["96973","CORDOALHA DE COBRE NU 35 MM², NÃO ENTERRADA, COM ISOLADOR - FORNECIMENTO E INSTALAÇÃO. AF_12/2017","M","ATRIBUÍDO SÃO PAULO","54,93","CAIXA REFERENCIAL"]
["96974","CORDOALHA DE COBRE NU 50 MM², NÃO ENTERRADA, COM ISOLADOR - FORNECIMENTO E INSTALAÇÃO. AF_12/2017","M","ATRIBUÍDO SÃO PAULO","71,68","CAIXA REFERENCIAL"]
["96975","CORDOALHA DE COBRE NU 70 MM², NÃO ENTERRADA, COM ISOLADOR - FORNECIMENTO E INSTALAÇÃO. AF_12/2017","M","ATRIBUÍDO SÃO PAULO","94,48","CAIXA REFERENCIAL"]
["96976","CORDOALHA DE COBRE NU 95 MM², NÃO ENTERRADA, COM ISOLADOR - FORNECIMENTO E INSTALAÇÃO. AF_12/2017","M","ATRIBUÍDO SÃO PAULO","125,19","CAIXA REFERENCIAL"]
["96977","CORDOALHA DE COBRE NU 50 MM², ENTERRADA, SEM ISOLADOR - FORNECIMENTO E INSTALAÇÃO. AF_12/2017","M","COEFICIENTE DE REPRESENTATIVIDADE","52,68","CAIXA REFERENCIAL"]
["96978","CORDOALHA DE COBRE NU 70 MM², ENTERRADA, SEM ISOLADOR - FORNECIMENTO E INSTALAÇÃO. AF_12/2017","M","COEFICIENTE DE REPRESENTATIVIDADE","73,95","CAIXA REFERENCIAL"]
["96979","CORDOALHA DE COBRE NU 95 MM², ENTERRADA, SEM ISOLADOR - FORNECIMENTO E INSTALAÇÃO. AF_12/2017","M","COEFICIENTE DE REPRESENTATIVIDADE","103,74","CAIXA REFERENCIAL"]
["96984","ELETRODUTO PVC 40MM (1 ¼ ) PARA SPDA - FORNECIMENTO E INSTALAÇÃO. AF_12/2017","UN","COEFICIENTE DE REPRESENTATIVIDADE","50,85","CAIXA REFERENCIAL"]
["96985","HASTE DE ATERRAMENTO 5/8  PARA SPDA - FORNECIMENTO E INSTALAÇÃO. AF_12/2017","UN","COEFICIENTE DE REPRESENTATIVIDADE","61,02","CAIXA REFERENCIAL"]
["96986","HASTE DE ATERRAMENTO 3/4  PARA SPDA - FORNECIMENTO E INSTALAÇÃO. AF_12/2017","UN","COEFICIENTE DE REPRESENTATIVIDADE","91,16","CAIXA REFERENCIAL"]
["96987","BASE METÁLICA PARA MASTRO 1 ½  PARA SPDA - FORNECIMENTO E INSTALAÇÃO. AF_12/2017","UN","COEFICIENTE DE REPRESENTATIVIDADE","84,65","CAIXA REFERENCIAL"]
["96988","MASTRO 1 ½  PARA SPDA - FORNECIMENTO E INSTALAÇÃO. AF_12/2017","UN","COEFICIENTE DE REPRESENTATIVIDADE","119,71","CAIXA REFERENCIAL"]
["96989","CAPTOR TIPO FRANKLIN PARA SPDA - FORNECIMENTO E INSTALAÇÃO. AF_12/2017","UN","COEFICIENTE DE REPRESENTATIVIDADE","100,16","CAIXA REFERENCIAL"]
["98463","SUPORTE ISOLADOR PARA CORDOALHA DE COBRE - FORNECIMENTO E INSTALAÇÃO. AF_12/2017","UN","ATRIBUÍDO SÃO PAULO","18,82","CAIXA REFERENCIAL"]
["96765","ABRIGO PARA HIDRANTE, 90X60X17CM, COM REGISTRO GLOBO ANGULAR 45 GRAUS 2 1/2\", ADAPTADOR STORZ 2 1/2\", MANGUEIRA DE INCÊNDIO 20M, REDUÇÃO 2 1/2\" X 1 1/2\" E ESGUICHO EM LATÃO 1 1/2\" - FORNECIMENTO E INSTALAÇÃO. AF_10/2020","UN","ATRIBUÍDO SÃO PAULO","1.470,37","CAIXA REFERENCIAL"]
["101905","EXTINTOR DE INCÊNDIO PORTÁTIL COM CARGA DE ÁGUA PRESSURIZADA DE 10 L, CLASSE A - FORNECIMENTO E INSTALAÇÃO. AF_10/2020_P","UN","ATRIBUÍDO SÃO PAULO","178,28","CAIXA REFERENCIAL"]
["101906","EXTINTOR DE INCÊNDIO PORTÁTIL COM CARGA DE CO2 DE 4 KG, CLASSE BC - FORNECIMENTO E INSTALAÇÃO. AF_10/2020_P","UN","ATRIBUÍDO SÃO PAULO","528,71","CAIXA REFERENCIAL"]
["101907","EXTINTOR DE INCÊNDIO PORTÁTIL COM CARGA DE CO2 DE 6 KG, CLASSE BC - FORNECIMENTO E INSTALAÇÃO. AF_10/2020_P","UN","ATRIBUÍDO SÃO PAULO","571,41","CAIXA REFERENCIAL"]
["101908","EXTINTOR DE INCÊNDIO PORTÁTIL COM CARGA DE PQS DE 4 KG, CLASSE BC - FORNECIMENTO E INSTALAÇÃO. AF_10/2020_P","UN","ATRIBUÍDO SÃO PAULO","172,94","CAIXA REFERENCIAL"]
["101909","EXTINTOR DE INCÊNDIO PORTÁTIL COM CARGA DE PQS DE 6 KG, CLASSE BC - FORNECIMENTO E INSTALAÇÃO. AF_10/2020_P","UN","ATRIBUÍDO SÃO PAULO","201,41","CAIXA REFERENCIAL"]
["101910","EXTINTOR DE INCÊNDIO PORTÁTIL COM CARGA DE PQS DE 8 KG, CLASSE BC - FORNECIMENTO E INSTALAÇÃO. AF_10/2020_P","UN","ATRIBUÍDO SÃO PAULO","236,98","CAIXA REFERENCIAL"]
["101911","EXTINTOR DE INCÊNDIO PORTÁTIL COM CARGA DE PQS DE 12 KG, CLASSE BC - FORNECIMENTO E INSTALAÇÃO. AF_10/2020_P","UN","ATRIBUÍDO SÃO PAULO","272,56","CAIXA REFERENCIAL"]
["101912","ABRIGO PARA HIDRANTE, 75X45X17CM, COM REGISTRO GLOBO ANGULAR 45 GRAUS 2 1/2\", ADAPTADOR STORZ 2 1/2\", MANGUEIRA DE INCÊNDIO 15M 2 1/2\" E ESGUICHO EM LATÃO 2 1/2\" - FORNECIMENTO E INSTALAÇÃO. AF_10/2020","UN","COEFICIENTE DE REPRESENTATIVIDADE","1.404,91","CAIXA REFERENCIAL"]
["101913","CAIXA DE INCÊNDIO 45X75X17CM - FORNECIMENTO E INSTALAÇÃO. AF_10/2020","UN","COEFICIENTE DE REPRESENTATIVIDADE","508,95","CAIXA REFERENCIAL"]
["101914","CAIXA DE INCÊNDIO 60X90X17CM - FORNECIMENTO E INSTALAÇÃO. AF_10/2020","UN","COEFICIENTE DE REPRESENTATIVIDADE","483,40","CAIXA REFERENCIAL"]
["101915","CONJUNTO DE MANGUEIRA PARA COMBATE A INCÊNDIO EM FIBRA DE POLIESTER PURA, COM 1.1/2\", REVESTIDA INTERNAMENTE, COMPRIMENTO DE 15M - FORNECIMENTO E INSTALAÇÃO. AF_10/2020","UN","COEFICIENTE DE REPRESENTATIVIDADE","324,80","CAIXA REFERENCIAL"]
["101916","HIDRANTE SUBTERRÂNEO PREDIAL (COM CURVA LONGA E CAIXA), DN 75 MM - FORNECIMENTO E INSTALAÇÃO. AF_10/2020","UN","ATRIBUÍDO SÃO PAULO","2.759,29","CAIXA REFERENCIAL"]
["101917","MANÔMETRO 0 A 200 PSI (0 A 14 KGF/CM2), D = 50MM - FORNECIMENTO E INSTALAÇÃO. AF_10/2020","UN","ATRIBUÍDO SÃO PAULO","116,91","CAIXA REFERENCIAL"]
["98261","CABO TELEFÔNICO CCI-50 1 PAR, INSTALADO EM ENTRADA DE EDIFICAÇÃO - FORNECIMENTO E INSTALAÇÃO. AF_11/2019","M","COEFICIENTE DE REPRESENTATIVIDADE","3,13","CAIXA REFERENCIAL"]
["98262","CABO TELEFÔNICO CCI-50 2 PARES, SEM BLINDAGEM, INSTALADO EM ENTRADA DE EDIFICAÇÃO - FORNECIMENTO E INSTALAÇÃO. AF_11/2019","M","COEFICIENTE DE REPRESENTATIVIDADE","3,70","CAIXA REFERENCIAL"]
["98263","CABO TELEFÔNICO CCI-50 3 PARES, SEM BLINDAGEM, INSTALADO EM ENTRADA DE EDIFICAÇÃO - FORNECIMENTO E INSTALAÇÃO. AF_11/2019","M","COEFICIENTE DE REPRESENTATIVIDADE","4,40","CAIXA REFERENCIAL"]
["98264","CABO TELEFÔNICO CCI-50 4 PARES, SEM BLINDAGEM, INSTALADO EM ENTRADA DE EDIFICAÇÃO - FORNECIMENTO E INSTALAÇÃO. AF_11/2019","M","COEFICIENTE DE REPRESENTATIVIDADE","4,95","CAIXA REFERENCIAL"]
["98265","CABO TELEFÔNICO CCI-50 5 PARES, SEM BLINDAGEM, INSTALADO EM ENTRADA DE EDIFICAÇÃO - FORNECIMENTO E INSTALAÇÃO. AF_11/2019","M","COEFICIENTE DE REPRESENTATIVIDADE","5,77","CAIXA REFERENCIAL"]
["98266","CABO TELEFÔNICO CCI-50 6 PARES, SEM BLINDAGEM, INSTALADO EM ENTRADA DE EDIFICAÇÃO - FORNECIMENTO E INSTALAÇÃO. AF_11/2019","M","COEFICIENTE DE REPRESENTATIVIDADE","6,23","CAIXA REFERENCIAL"]
["98267","CABO TELEFÔNICO CI-50 10 PARES INSTALADO EM ENTRADA DE EDIFICAÇÃO - FORNECIMENTO E INSTALAÇÃO. AF_11/2019","M","COEFICIENTE DE REPRESENTATIVIDADE","10,31","CAIXA REFERENCIAL"]
["98268","CABO TELEFÔNICO CI-50 20 PARES INSTALADO EM ENTRADA DE EDIFICAÇÃO - FORNECIMENTO E INSTALAÇÃO. AF_11/2019","M","COEFICIENTE DE REPRESENTATIVIDADE","16,96","CAIXA REFERENCIAL"]
["98269","CABO TELEFÔNICO CI-50 30 PARES INSTALADO EM ENTRADA DE EDIFICAÇÃO - FORNECIMENTO E INSTALAÇÃO. AF_11/2019","M","COEFICIENTE DE REPRESENTATIVIDADE","21,96","CAIXA REFERENCIAL"]
["98270","CABO TELEFÔNICO CI-50 50 PARES INSTALADO EM ENTRADA DE EDIFICAÇÃO - FORNECIMENTO E INSTALAÇÃO. AF_11/2019","M","COEFICIENTE DE REPRESENTATIVIDADE","35,89","CAIXA REFERENCIAL"]
["98271","CABO TELEFÔNICO CI-50 75 PARES INSTALADO EM ENTRADA DE EDIFICAÇÃO - FORNECIMENTO E INSTALAÇÃO. AF_11/2019","M","COEFICIENTE DE REPRESENTATIVIDADE","55,86","CAIXA REFERENCIAL"]
["98272","CABO TELEFÔNICO CI-50 200 PARES INSTALADO EM ENTRADA DE EDIFICAÇÃO - FORNECIMENTO E INSTALAÇÃO. AF_11/2019","M","COEFICIENTE DE REPRESENTATIVIDADE","131,37","CAIXA REFERENCIAL"]
["98273","CABO TELEFÔNICO CCI-50 4 PARES, SEM BLINDAGEM, INSTALADO EM PRUMADA - FORNECIMENTO E INSTALAÇÃO. AF_11/2019","M","COEFICIENTE DE REPRESENTATIVIDADE","2,48","CAIXA REFERENCIAL"]
["98274","CABO TELEFÔNICO CCI-50 5 PARES, SEM BLINDAGEM, INSTALADO EM PRUMADA - FORNECIMENTO E INSTALAÇÃO. AF_11/2019","M","COEFICIENTE DE REPRESENTATIVIDADE","3,30","CAIXA REFERENCIAL"]
["98275","CABO TELEFÔNICO CCI-50 6 PARES, SEM BLINDAGEM, INSTALADO EM PRUMADA - FORNECIMENTO E INSTALAÇÃO. AF_11/2019","M","COEFICIENTE DE REPRESENTATIVIDADE","3,76","CAIXA REFERENCIAL"]
["98276","CABO TELEFÔNICO CI-50 10 PARES INSTALADO EM PRUMADA - FORNECIMENTO E INSTALAÇÃO. AF_11/2019","M","COEFICIENTE DE REPRESENTATIVIDADE","7,84","CAIXA REFERENCIAL"]
["98277","CABO TELEFÔNICO CI-50 20 PARES INSTALADO EM PRUMADA - FORNECIMENTO E INSTALAÇÃO. AF_11/2019","M","COEFICIENTE DE REPRESENTATIVIDADE","14,50","CAIXA REFERENCIAL"]
["98278","CABO TELEFÔNICO CI-50 30 PARES INSTALADO EM PRUMADA - FORNECIMENTO E INSTALAÇÃO. AF_11/2019","M","COEFICIENTE DE REPRESENTATIVIDADE","19,50","CAIXA REFERENCIAL"]
["98279","CABO TELEFÔNICO CI-50 50 PARES INSTALADO EM PRUMADA - FORNECIMENTO E INSTALAÇÃO. AF_11/2019","M","COEFICIENTE DE REPRESENTATIVIDADE","33,42","CAIXA REFERENCIAL"]
["98280","CABO TELEFÔNICO CCI-50 1 PAR, SEM BLINDAGEM, INSTALADO EM DISTRIBUIÇÃO DE EDIFICAÇÃO RESIDENCIAL - FORNECIMENTO E INSTALAÇÃO. AF_11/2019","M","COEFICIENTE DE REPRESENTATIVIDADE","6,30","CAIXA REFERENCIAL"]
["98281","CABO TELEFÔNICO CCI-50 2 PARES, SEM BLINDAGEM, INSTALADO EM DISTRIBUIÇÃO DE EDIFICAÇÃO RESIDENCIAL - FORNECIMENTO E INSTALAÇÃO. AF_11/2019","M","COEFICIENTE DE REPRESENTATIVIDADE","6,87","CAIXA REFERENCIAL"]
["98282","CABO TELEFÔNICO CCI-50 3 PARES, SEM BLINDAGEM, INSTALADO EM DISTRIBUIÇÃO DE EDIFICAÇÃO RESIDENCIAL - FORNECIMENTO E INSTALAÇÃO. AF_11/2019","M","COEFICIENTE DE REPRESENTATIVIDADE","7,57","CAIXA REFERENCIAL"]
["98283","CABO TELEFÔNICO CCI-50 4 PARES, SEM BLINDAGEM, INSTALADO EM DISTRIBUIÇÃO DE EDIFICAÇÃO RESIDENCIAL - FORNECIMENTO E INSTALAÇÃO. AF_11/2019","M","COEFICIENTE DE REPRESENTATIVIDADE","8,12","CAIXA REFERENCIAL"]
["98284","CABO TELEFÔNICO CCI-50 5 PARES, SEM BLINDAGEM, INSTALADO EM DISTRIBUIÇÃO DE EDIFICAÇÃO RESIDENCIAL - FORNECIMENTO E INSTALAÇÃO. AF_11/2019","M","COEFICIENTE DE REPRESENTATIVIDADE","8,93","CAIXA REFERENCIAL"]
["98285","CABO TELEFÔNICO CCI-50 6 PARES, SEM BLINDAGEM, INSTALADO EM DISTRIBUIÇÃO DE EDIFICAÇÃO RESIDENCIAL - FORNECIMENTO E INSTALAÇÃO. AF_11/2019","M","COEFICIENTE DE REPRESENTATIVIDADE","9,39","CAIXA REFERENCIAL"]
["98286","CABO TELEFÔNICO CI-50 10 PARES INSTALADO EM DISTRIBUIÇÃO DE EDIFICAÇÃO RESIDENCIAL - FORNECIMENTO E INSTALAÇÃO. AF_11/2019","M","COEFICIENTE DE REPRESENTATIVIDADE","13,48","CAIXA REFERENCIAL"]
["98287","CABO TELEFÔNICO CCI-50 1 PAR, SEM BLINDAGEM, INSTALADO EM DISTRIBUIÇÃO DE EDIFICAÇÃO INSTITUCIONAL - FORNECIMENTO E INSTALAÇÃO. AF_11/2019","M","COEFICIENTE DE REPRESENTATIVIDADE","1,23","CAIXA REFERENCIAL"]
["98288","CABO TELEFÔNICO CCI-50 2 PARES, SEM BLINDAGEM, INSTALADO EM DISTRIBUIÇÃO DE EDIFICAÇÃO INSTITUCIONAL - FORNECIMENTO E INSTALAÇÃO. AF_11/2019","M","COEFICIENTE DE REPRESENTATIVIDADE","1,80","CAIXA REFERENCIAL"]
["98289","CABO TELEFÔNICO CCI-50 3 PARES, SEM BLINDAGEM, INSTALADO EM DISTRIBUIÇÃO DE EDIFICAÇÃO INSTITUCIONAL - FORNECIMENTO E INSTALAÇÃO. AF_11/2019","M","COEFICIENTE DE REPRESENTATIVIDADE","2,50","CAIXA REFERENCIAL"]
["98290","CABO TELEFÔNICO CCI-50 4 PARES, SEM BLINDAGEM, INSTALADO EM DISTRIBUIÇÃO DE EDIFICAÇÃO INSTITUCIONAL - FORNECIMENTO E INSTALAÇÃO. AF_11/2019","M","COEFICIENTE DE REPRESENTATIVIDADE","3,04","CAIXA REFERENCIAL"]
["98291","CABO TELEFÔNICO CCI-50 5 PARES, SEM BLINDAGEM, INSTALADO EM DISTRIBUIÇÃO DE EDIFICAÇÃO INSTITUCIONAL - FORNECIMENTO E INSTALAÇÃO. AF_11/2019","M","COEFICIENTE DE REPRESENTATIVIDADE","3,86","CAIXA REFERENCIAL"]
["98292","CABO TELEFÔNICO CCI-50 6 PARES, SEM BLINDAGEM, INSTALADO EM DISTRIBUIÇÃO DE EDIFICAÇÃO INSTITUCIONAL - FORNECIMENTO E INSTALAÇÃO. AF_11/2019","M","COEFICIENTE DE REPRESENTATIVIDADE","4,32","CAIXA REFERENCIAL"]
["98293","CABO TELEFÔNICO CI-50 10 PARES INSTALADO EM DISTRIBUIÇÃO DE EDIFICAÇÃO INSTITUCIONAL - FORNECIMENTO E INSTALAÇÃO. AF_11/2019","M","COEFICIENTE DE REPRESENTATIVIDADE","8,40","CAIXA REFERENCIAL"]
["98400","CABO TELEFÔNICO CTP-APL-50 10 PARES INSTALADO EM ENTRADA DE EDIFICAÇÃO - FORNECIMENTO E INSTALAÇÃO. AF_11/2019","M","COEFICIENTE DE REPRESENTATIVIDADE","12,26","CAIXA REFERENCIAL"]
["98401","CABO TELEFÔNICO CTP-APL-50 20 PARES INSTALADO EM ENTRADA DE EDIFICAÇÃO - FORNECIMENTO E INSTALAÇÃO. AF_11/2019","M","COEFICIENTE DE REPRESENTATIVIDADE","19,06","CAIXA REFERENCIAL"]
["98402","CABO TELEFÔNICO CTP-APL-50 30 PARES INSTALADO EM ENTRADA DE EDIFICAÇÃO - FORNECIMENTO E INSTALAÇÃO. AF_11/2019","M","COEFICIENTE DE REPRESENTATIVIDADE","24,76","CAIXA REFERENCIAL"]
["100556","CAIXA DE PASSAGEM PARA TELEFONE 15X15X10CM (SOBREPOR), FORNECIMENTO E INSTALACAO. AF_11/2019","UN","COEFICIENTE DE REPRESENTATIVIDADE","48,21","CAIXA REFERENCIAL"]
["100557","CAIXA DE PASSAGEM PARA TELEFONE 80X80X15CM (SOBREPOR) FORNECIMENTO E INSTALACAO. AF_11/2019","UN","COEFICIENTE DE REPRESENTATIVIDADE","678,89","CAIXA REFERENCIAL"]
["100560","QUADRO DE DISTRIBUIÇÃO PARA TELEFONE N.2, 20X20X12CM EM CHAPA METALICA, DE EMBUTIR, SEM ACESSORIOS, PADRÃO TELEBRAS, FORNECIMENTO E INSTALAÇÃO. AF_11/2019","UN","COEFICIENTE DE REPRESENTATIVIDADE","130,69","CAIXA REFERENCIAL"]
["100561","QUADRO DE DISTRIBUICAO PARA TELEFONE N.3, 40X40X12CM EM CHAPA METALICA, DE EMBUTIR, SEM ACESSORIOS, PADRAO TELEBRAS, FORNECIMENTO E INSTALAÇÃO. AF_11/2019","UN","COEFICIENTE DE REPRESENTATIVIDADE","251,40","CAIXA REFERENCIAL"]
["100562","QUADRO DE DISTRIBUICAO PARA TELEFONE N.4, 60X60X12CM EM CHAPA METALICA, DE EMBUTIR, SEM ACESSORIOS, PADRAO TELEBRAS, FORNECIMENTO E INSTALAÇÃO. AF_11/2019","UN","COEFICIENTE DE REPRESENTATIVIDADE","396,73","CAIXA REFERENCIAL"]
["100563","QUADRO DE DISTRIBUIÇÃO PARA TELEFONE N.5, 80X80X12CM EM CHAPA METALICA, SEM ACESSORIOS, PADRAO TELEBRAS, FORNECIMENTO E INSTALAÇÃO. AF_11/2019","UN","COEFICIENTE DE REPRESENTATIVIDADE","577,88","CAIXA REFERENCIAL"]
["101795","CAIXA ENTERRADA PARA INSTALAÇÕES TELEFÔNICAS TIPO R1, EM ALVENARIA COM BLOCOS DE CONCRETO, DIMENSÕES INTERNAS: 0,35X0,60X0,60 M, EXCLUINDO TAMPÃO. AF_12/2020","UN","ATRIBUÍDO SÃO PAULO","445,73","CAIXA REFERENCIAL"]
["101798","TAMPA PARA CAIXA TIPO R1, EM FERRO FUNDIDO, DIMENSÕES INTERNAS: 0,40 X 0,60 M - FORNECIMENTO E INSTALAÇÃO. AF_12/2020","UN","ATRIBUÍDO SÃO PAULO","373,81","CAIXA REFERENCIAL"]
["101799","TAMPA PARA CAIXA TIPO R2 E R3, EM FERRO FUNDIDO, DIMENSÕES INTERNAS: 0,55 X 1,10 M - FORNECIMENTO E INSTALAÇÃO. AF_12/2020","UN","ATRIBUÍDO SÃO PAULO","916,36","CAIXA REFERENCIAL"]
["98397","PINTURA ANTICORROSIVA DE DUTO METÁLICO. AF_04/2018","M2","COEFICIENTE DE REPRESENTATIVIDADE","10,48","CAIXA REFERENCIAL"]
["101936","INSTALAÇÃO DE TUBOS E CONEXÕES, EM AÇO/FERRO GALVANIZADO, PARA O CENTRO DE MEDIÇÃO DE GÁS DE EDIFÍCIO RESIDENCIAL, COM 4 PAVIMENTOS, 16 UNIDADES HABITACIONAIS, DN 32 (1 1/4\u0094) - FORNECIMENTO E INSTALAÇÃO. AF_10/2020","UN","COEFICIENTE DE REPRESENTATIVIDADE","6.884,11","CAIXA REFERENCIAL"]
["101937","INSTALAÇÃO DE TUBOS E CONEXÕES, EM AÇO/FERRO GALVANIZADO, PARA O CENTRO DE MEDIÇÃO DE GÁS DE EDIFÍCIO RESIDENCIAL, COM 4 PAVIMENTOS, 16 UNIDADES HABITACIONAIS, DN 50 (2\u0094) - FORNECIMENTO E INSTALAÇÃO. AF_10/2020","UN","COEFICIENTE DE REPRESENTATIVIDADE","12.083,14","CAIXA REFERENCIAL"]
["98294","CABO ELETRÔNICO CATEGORIA 5E, INSTALADO EM EDIFICAÇÃO RESIDENCIAL - FORNECIMENTO E INSTALAÇÃO. AF_11/2019","M","COEFICIENTE DE REPRESENTATIVIDADE","3,84","CAIXA REFERENCIAL"]
["98295","CABO ELETRÔNICO CATEGORIA 5E, INSTALADO EM EDIFICAÇÃO INSTITUCIONAL - FORNECIMENTO E INSTALAÇÃO. AF_11/2019","M","COEFICIENTE DE REPRESENTATIVIDADE","3,26","CAIXA REFERENCIAL"]
["98296","CABO ELETRÔNICO CATEGORIA 6, INSTALADO EM EDIFICAÇÃO RESIDENCIAL - FORNECIMENTO E INSTALAÇÃO. AF_11/2019","M","COEFICIENTE DE REPRESENTATIVIDADE","5,85","CAIXA REFERENCIAL"]
["98297","CABO ELETRÔNICO CATEGORIA 6, INSTALADO EM EDIFICAÇÃO INSTITUCIONAL - FORNECIMENTO E INSTALAÇÃO. AF_11/2019","M","COEFICIENTE DE REPRESENTATIVIDADE","4,94","CAIXA REFERENCIAL"]
["98301","PATCH PANEL 24 PORTAS, CATEGORIA 5E - FORNECIMENTO E INSTALAÇÃO. AF_11/2019","UN","COEFICIENTE DE REPRESENTATIVIDADE","738,60","CAIXA REFERENCIAL"]
["98302","PATCH PANEL 24 PORTAS, CATEGORIA 6 - FORNECIMENTO E INSTALAÇÃO. AF_11/2019","UN","COEFICIENTE DE REPRESENTATIVIDADE","1.098,94","CAIXA REFERENCIAL"]
["98304","PATCH PANEL 48 PORTAS, CATEGORIA 6 - FORNECIMENTO E INSTALAÇÃO. AF_11/2019","UN","COEFICIENTE DE REPRESENTATIVIDADE","1.643,99","CAIXA REFERENCIAL"]
["98307","TOMADA DE REDE RJ45 - FORNECIMENTO E INSTALAÇÃO. AF_11/2019","UN","COEFICIENTE DE REPRESENTATIVIDADE","44,40","CAIXA REFERENCIAL"]
["98308","TOMADA PARA TELEFONE RJ11 - FORNECIMENTO E INSTALAÇÃO. AF_11/2019","UN","COEFICIENTE DE REPRESENTATIVIDADE","28,81","CAIXA REFERENCIAL"]
["98593","PATCH PANEL 48 PORTAS, CATEGORIA 5E - FORNECIMENTO E INSTALAÇÃO. AF_11/2019","UN","COEFICIENTE DE REPRESENTATIVIDADE","1.213,61","CAIXA REFERENCIAL"]
["89355","TUBO, PVC, SOLDÁVEL, DN 20MM, INSTALADO EM RAMAL OU SUB-RAMAL DE ÁGUA - FORNECIMENTO E INSTALAÇÃO. AF_12/2014","M","COEFICIENTE DE REPRESENTATIVIDADE","15,80","CAIXA REFERENCIAL"]
["89356","TUBO, PVC, SOLDÁVEL, DN 25MM, INSTALADO EM RAMAL OU SUB-RAMAL DE ÁGUA - FORNECIMENTO E INSTALAÇÃO. AF_12/2014","M","COEFICIENTE DE REPRESENTATIVIDADE","18,90","CAIXA REFERENCIAL"]
["89357","TUBO, PVC, SOLDÁVEL, DN 32MM, INSTALADO EM RAMAL OU SUB-RAMAL DE ÁGUA - FORNECIMENTO E INSTALAÇÃO. AF_12/2014","M","COEFICIENTE DE REPRESENTATIVIDADE","29,01","CAIXA REFERENCIAL"]
["89401","TUBO, PVC, SOLDÁVEL, DN 20MM, INSTALADO EM RAMAL DE DISTRIBUIÇÃO DE ÁGUA - FORNECIMENTO E INSTALAÇÃO. AF_12/2014","M","COEFICIENTE DE REPRESENTATIVIDADE","8,13","CAIXA REFERENCIAL"]
["89402","TUBO, PVC, SOLDÁVEL, DN 25MM, INSTALADO EM RAMAL DE DISTRIBUIÇÃO DE ÁGUA - FORNECIMENTO E INSTALAÇÃO. AF_12/2014","M","COEFICIENTE DE REPRESENTATIVIDADE","10,04","CAIXA REFERENCIAL"]
["89403","TUBO, PVC, SOLDÁVEL, DN 32MM, INSTALADO EM RAMAL DE DISTRIBUIÇÃO DE ÁGUA - FORNECIMENTO E INSTALAÇÃO. AF_12/2014","M","COEFICIENTE DE REPRESENTATIVIDADE","18,42","CAIXA REFERENCIAL"]
["89446","TUBO, PVC, SOLDÁVEL, DN 25MM, INSTALADO EM PRUMADA DE ÁGUA - FORNECIMENTO E INSTALAÇÃO. AF_12/2014","M","COEFICIENTE DE REPRESENTATIVIDADE","6,68","CAIXA REFERENCIAL"]
["89447","TUBO, PVC, SOLDÁVEL, DN 32MM, INSTALADO EM PRUMADA DE ÁGUA - FORNECIMENTO E INSTALAÇÃO. AF_12/2014","M","COEFICIENTE DE REPRESENTATIVIDADE","14,48","CAIXA REFERENCIAL"]
["89448","TUBO, PVC, SOLDÁVEL, DN 40MM, INSTALADO EM PRUMADA DE ÁGUA - FORNECIMENTO E INSTALAÇÃO. AF_12/2014","M","COEFICIENTE DE REPRESENTATIVIDADE","20,92","CAIXA REFERENCIAL"]
["89449","TUBO, PVC, SOLDÁVEL, DN 50MM, INSTALADO EM PRUMADA DE ÁGUA - FORNECIMENTO E INSTALAÇÃO. AF_12/2014","M","COEFICIENTE DE REPRESENTATIVIDADE","24,03","CAIXA REFERENCIAL"]
["89450","TUBO, PVC, SOLDÁVEL, DN 60MM, INSTALADO EM PRUMADA DE ÁGUA - FORNECIMENTO E INSTALAÇÃO. AF_12/2014","M","COEFICIENTE DE REPRESENTATIVIDADE","40,03","CAIXA REFERENCIAL"]
["89451","TUBO, PVC, SOLDÁVEL, DN 75MM, INSTALADO EM PRUMADA DE ÁGUA - FORNECIMENTO E INSTALAÇÃO. AF_12/2014","M","COEFICIENTE DE REPRESENTATIVIDADE","66,56","CAIXA REFERENCIAL"]
["89452","TUBO, PVC, SOLDÁVEL, DN 85MM, INSTALADO EM PRUMADA DE ÁGUA - FORNECIMENTO E INSTALAÇÃO. AF_12/2014","M","COEFICIENTE DE REPRESENTATIVIDADE","82,99","CAIXA REFERENCIAL"]
["89508","TUBO PVC, SÉRIE R, ÁGUA PLUVIAL, DN 40 MM, FORNECIDO E INSTALADO EM RAMAL DE ENCAMINHAMENTO. AF_12/2014","M","COEFICIENTE DE REPRESENTATIVIDADE","23,13","CAIXA REFERENCIAL"]
["89509","TUBO PVC, SÉRIE R, ÁGUA PLUVIAL, DN 50 MM, FORNECIDO E INSTALADO EM RAMAL DE ENCAMINHAMENTO. AF_12/2014","M","COEFICIENTE DE REPRESENTATIVIDADE","31,12","CAIXA REFERENCIAL"]
["89511","TUBO PVC, SÉRIE R, ÁGUA PLUVIAL, DN 75 MM, FORNECIDO E INSTALADO EM RAMAL DE ENCAMINHAMENTO. AF_12/2014","M","COEFICIENTE DE REPRESENTATIVIDADE","44,81","CAIXA REFERENCIAL"]
["89512","TUBO PVC, SÉRIE R, ÁGUA PLUVIAL, DN 100 MM, FORNECIDO E INSTALADO EM RAMAL DE ENCAMINHAMENTO. AF_12/2014","M","COEFICIENTE DE REPRESENTATIVIDADE","73,01","CAIXA REFERENCIAL"]
["89576","TUBO PVC, SÉRIE R, ÁGUA PLUVIAL, DN 75 MM, FORNECIDO E INSTALADO EM CONDUTORES VERTICAIS DE ÁGUAS PLUVIAIS. AF_12/2014","M","COEFICIENTE DE REPRESENTATIVIDADE","31,52","CAIXA REFERENCIAL"]
["89578","TUBO PVC, SÉRIE R, ÁGUA PLUVIAL, DN 100 MM, FORNECIDO E INSTALADO EM CONDUTORES VERTICAIS DE ÁGUAS PLUVIAIS. AF_12/2014","M","COEFICIENTE DE REPRESENTATIVIDADE","54,67","CAIXA REFERENCIAL"]
["89580","TUBO PVC, SÉRIE R, ÁGUA PLUVIAL, DN 150 MM, FORNECIDO E INSTALADO EM CONDUTORES VERTICAIS DE ÁGUAS PLUVIAIS. AF_12/2014","M","COEFICIENTE DE REPRESENTATIVIDADE","108,94","CAIXA REFERENCIAL"]
["89633","TUBO, CPVC, SOLDÁVEL, DN 15MM, INSTALADO EM RAMAL OU SUB-RAMAL DE ÁGUA - FORNECIMENTO E INSTALAÇÃO. AF_12/2014","M","COEFICIENTE DE REPRESENTATIVIDADE","21,92","CAIXA REFERENCIAL"]
["89634","TUBO, CPVC, SOLDÁVEL, DN 22MM, INSTALADO EM RAMAL OU SUB-RAMAL DE ÁGUA - FORNECIMENTO E INSTALAÇÃO. AF_12/2014","M","COEFICIENTE DE REPRESENTATIVIDADE","34,26","CAIXA REFERENCIAL"]
["89635","TUBO, CPVC, SOLDÁVEL, DN 28MM, INSTALADO EM RAMAL OU SUB-RAMAL DE ÁGUA - FORNECIMENTO E INSTALAÇÃO. AF_12/2014","M","COEFICIENTE DE REPRESENTATIVIDADE","50,12","CAIXA REFERENCIAL"]
["89636","TUBO, CPVC, SOLDÁVEL, DN 35MM, INSTALADO EM RAMAL OU SUB-RAMAL DE ÁGUA \u0096 FORNECIMENTO E INSTALAÇÃO. AF_12/2014","M","COEFICIENTE DE REPRESENTATIVIDADE","61,24","CAIXA REFERENCIAL"]
["89711","TUBO PVC, SERIE NORMAL, ESGOTO PREDIAL, DN 40 MM, FORNECIDO E INSTALADO EM RAMAL DE DESCARGA OU RAMAL DE ESGOTO SANITÁRIO. AF_12/2014","M","COEFICIENTE DE REPRESENTATIVIDADE","17,74","CAIXA REFERENCIAL"]
["89712","TUBO PVC, SERIE NORMAL, ESGOTO PREDIAL, DN 50 MM, FORNECIDO E INSTALADO EM RAMAL DE DESCARGA OU RAMAL DE ESGOTO SANITÁRIO. AF_12/2014","M","COEFICIENTE DE REPRESENTATIVIDADE","27,50","CAIXA REFERENCIAL"]
["89713","TUBO PVC, SERIE NORMAL, ESGOTO PREDIAL, DN 75 MM, FORNECIDO E INSTALADO EM RAMAL DE DESCARGA OU RAMAL DE ESGOTO SANITÁRIO. AF_12/2014","M","COEFICIENTE DE REPRESENTATIVIDADE","41,73","CAIXA REFERENCIAL"]
["89714","TUBO PVC, SERIE NORMAL, ESGOTO PREDIAL, DN 100 MM, FORNECIDO E INSTALADO EM RAMAL DE DESCARGA OU RAMAL DE ESGOTO SANITÁRIO. AF_12/2014","M","COEFICIENTE DE REPRESENTATIVIDADE","52,49","CAIXA REFERENCIAL"]
["89716","TUBO, CPVC, SOLDÁVEL, DN 22MM, INSTALADO EM RAMAL DE DISTRIBUIÇÃO DE ÁGUA - FORNECIMENTO E INSTALAÇÃO. AF_12/2014","M","COEFICIENTE DE REPRESENTATIVIDADE","26,25","CAIXA REFERENCIAL"]
["89717","TUBO, CPVC, SOLDÁVEL, DN 28MM, INSTALADO EM RAMAL DE DISTRIBUIÇÃO DE ÁGUA - FORNECIMENTO E INSTALAÇÃO. AF_12/2014","M","COEFICIENTE DE REPRESENTATIVIDADE","40,70","CAIXA REFERENCIAL"]
["89770","TUBO, CPVC, SOLDÁVEL, DN 35MM, INSTALADO EM PRUMADA DE ÁGUA \u0096 FORNECIMENTO E INSTALAÇÃO. AF_12/2014","M","COEFICIENTE DE REPRESENTATIVIDADE","45,97","CAIXA REFERENCIAL"]
["89771","TUBO, CPVC, SOLDÁVEL, DN 42MM, INSTALADO EM PRUMADA DE ÁGUA \u0096 FORNECIMENTO E INSTALAÇÃO. AF_12/2014","M","COEFICIENTE DE REPRESENTATIVIDADE","62,88","CAIXA REFERENCIAL"]
["89773","TUBO, CPVC, SOLDÁVEL, DN 73MM, INSTALADO EM PRUMADA DE ÁGUA \u0096 FORNECIMENTO E INSTALAÇÃO. AF_12/2014","M","COEFICIENTE DE REPRESENTATIVIDADE","146,66","CAIXA REFERENCIAL"]
["89775","TUBO, CPVC, SOLDÁVEL, DN 89MM, INSTALADO EM PRUMADA DE ÁGUA \u0096 FORNECIMENTO E INSTALAÇÃO. AF_12/2014","M","COEFICIENTE DE REPRESENTATIVIDADE","231,87","CAIXA REFERENCIAL"]
["89798","TUBO PVC, SERIE NORMAL, ESGOTO PREDIAL, DN 50 MM, FORNECIDO E INSTALADO EM PRUMADA DE ESGOTO SANITÁRIO OU VENTILAÇÃO. AF_12/2014","M","COEFICIENTE DE REPRESENTATIVIDADE","14,81","CAIXA REFERENCIAL"]
["89799","TUBO PVC, SERIE NORMAL, ESGOTO PREDIAL, DN 75 MM, FORNECIDO E INSTALADO EM PRUMADA DE ESGOTO SANITÁRIO OU VENTILAÇÃO. AF_12/2014","M","COEFICIENTE DE REPRESENTATIVIDADE","23,29","CAIXA REFERENCIAL"]
["89800","TUBO PVC, SERIE NORMAL, ESGOTO PREDIAL, DN 100 MM, FORNECIDO E INSTALADO EM PRUMADA DE ESGOTO SANITÁRIO OU VENTILAÇÃO. AF_12/2014","M","COEFICIENTE DE REPRESENTATIVIDADE","28,04","CAIXA REFERENCIAL"]
["89848","TUBO PVC, SERIE NORMAL, ESGOTO PREDIAL, DN 100 MM, FORNECIDO E INSTALADO EM SUBCOLETOR AÉREO DE ESGOTO SANITÁRIO. AF_12/2014","M","COEFICIENTE DE REPRESENTATIVIDADE","32,22","CAIXA REFERENCIAL"]
["89849","TUBO PVC, SERIE NORMAL, ESGOTO PREDIAL, DN 150 MM, FORNECIDO E INSTALADO EM SUBCOLETOR AÉREO DE ESGOTO SANITÁRIO. AF_12/2014","M","COEFICIENTE DE REPRESENTATIVIDADE","68,20","CAIXA REFERENCIAL"]
["89865","TUBO, PVC, SOLDÁVEL, DN 25MM, INSTALADO EM DRENO DE AR-CONDICIONADO - FORNECIMENTO E INSTALAÇÃO. AF_12/2014","M","COEFICIENTE DE REPRESENTATIVIDADE","12,65","CAIXA REFERENCIAL"]
["91784","(COMPOSIÇÃO REPRESENTATIVA) DO SERVIÇO DE INSTALAÇÃO DE TUBOS DE PVC, SOLDÁVEL, ÁGUA FRIA, DN 20 MM (INSTALADO EM RAMAL, SUB-RAMAL OU RAMAL DE DISTRIBUIÇÃO), INCLUSIVE CONEXÕES, CORTES E FIXAÇÕES, PARA PRÉDIOS. AF_10/2015","M","COEFICIENTE DE REPRESENTATIVIDADE","37,76","CAIXA REFERENCIAL"]
["91785","(COMPOSIÇÃO REPRESENTATIVA) DO SERVIÇO DE INSTALAÇÃO DE TUBOS DE PVC, SOLDÁVEL, ÁGUA FRIA, DN 25 MM (INSTALADO EM RAMAL, SUB-RAMAL, RAMAL DE DISTRIBUIÇÃO OU PRUMADA), INCLUSIVE CONEXÕES, CORTES E FIXAÇÕES, PARA PRÉDIOS. AF_10/2015","M","ATRIBUÍDO SÃO PAULO","37,80","CAIXA REFERENCIAL"]
["91786","(COMPOSIÇÃO REPRESENTATIVA) DO SERVIÇO DE INSTALAÇÃO TUBOS DE PVC, SOLDÁVEL, ÁGUA FRIA, DN 32 MM (INSTALADO EM RAMAL, SUB-RAMAL, RAMAL DE DISTRIBUIÇÃO OU PRUMADA), INCLUSIVE CONEXÕES, CORTES E FIXAÇÕES, PARA PRÉDIOS. AF_10/2015","M","ATRIBUÍDO SÃO PAULO","32,22","CAIXA REFERENCIAL"]
["91787","(COMPOSIÇÃO REPRESENTATIVA) DO SERVIÇO DE INSTALAÇÃO DE TUBOS DE PVC, SOLDÁVEL, ÁGUA FRIA, DN 40 MM (INSTALADO EM PRUMADA), INCLUSIVE CONEXÕES, CORTES E FIXAÇÕES, PARA PRÉDIOS. AF_10/2015","M","ATRIBUÍDO SÃO PAULO","41,47","CAIXA REFERENCIAL"]
["91788","(COMPOSIÇÃO REPRESENTATIVA) DO SERVIÇO DE INSTALAÇÃO DE TUBOS DE PVC, SOLDÁVEL, ÁGUA FRIA, DN 50 MM (INSTALADO EM PRUMADA), INCLUSIVE CONEXÕES, CORTES E FIXAÇÕES, PARA PRÉDIOS. AF_10/2015","M","ATRIBUÍDO SÃO PAULO","51,20","CAIXA REFERENCIAL"]
["91789","(COMPOSIÇÃO REPRESENTATIVA) DO SERVIÇO DE INSTALAÇÃO DE TUBOS DE PVC, SÉRIE R, ÁGUA PLUVIAL, DN 75 MM (INSTALADO EM RAMAL DE ENCAMINHAMENTO, OU CONDUTORES VERTICAIS), INCLUSIVE CONEXÕES, CORTE E FIXAÇÕES, PARA PRÉDIOS. AF_10/2015","M","COEFICIENTE DE REPRESENTATIVIDADE","53,69","CAIXA REFERENCIAL"]
["91790","(COMPOSIÇÃO REPRESENTATIVA) DO SERVIÇO DE INSTALAÇÃO DE TUBOS DE PVC, SÉRIE R, ÁGUA PLUVIAL, DN 100 MM (INSTALADO EM RAMAL DE ENCAMINHAMENTO, OU CONDUTORES VERTICAIS), INCLUSIVE CONEXÕES, CORTES E FIXAÇÕES, PARA PRÉDIOS. AF_10/2015","M","ATRIBUÍDO SÃO PAULO","79,94","CAIXA REFERENCIAL"]
["91791","(COMPOSIÇÃO REPRESENTATIVA) DO SERVIÇO DE INSTALAÇÃO DE TUBOS DE PVC, SÉRIE R, ÁGUA PLUVIAL, DN 150 MM (INSTALADO EM CONDUTORES VERTICAIS), INCLUSIVE CONEXÕES, CORTES E FIXAÇÕES, PARA PRÉDIOS. AF_10/2015","M","ATRIBUÍDO SÃO PAULO","115,35","CAIXA REFERENCIAL"]
["91792","(COMPOSIÇÃO REPRESENTATIVA) DO SERVIÇO DE INSTALAÇÃO DE TUBO DE PVC, SÉRIE NORMAL, ESGOTO PREDIAL, DN 40 MM (INSTALADO EM RAMAL DE DESCARGA OU RAMAL DE ESGOTO SANITÁRIO), INCLUSIVE CONEXÕES, CORTES E FIXAÇÕES, PARA PRÉDIOS. AF_10/2015","M","ATRIBUÍDO SÃO PAULO","50,09","CAIXA REFERENCIAL"]
["91793","(COMPOSIÇÃO REPRESENTATIVA) DO SERVIÇO DE INSTALAÇÃO DE TUBO DE PVC, SÉRIE NORMAL, ESGOTO PREDIAL, DN 50 MM (INSTALADO EM RAMAL DE DESCARGA OU RAMAL DE ESGOTO SANITÁRIO), INCLUSIVE CONEXÕES, CORTES E FIXAÇÕES PARA, PRÉDIOS. AF_10/2015","M","ATRIBUÍDO SÃO PAULO","79,74","CAIXA REFERENCIAL"]
["91794","(COMPOSIÇÃO REPRESENTATIVA) DO SERVIÇO DE INST. TUBO PVC, SÉRIE N, ESGOTO PREDIAL, DN 75 MM, (INST. EM RAMAL DE DESCARGA, RAMAL DE ESG. SANITÁRIO, PRUMADA DE ESG. SANITÁRIO OU VENTILAÇÃO), INCL. CONEXÕES, CORTES E FIXAÇÕES, P/ PRÉDIOS. AF_10/2015","M","ATRIBUÍDO SÃO PAULO","42,98","CAIXA REFERENCIAL"]
["91795","(COMPOSIÇÃO REPRESENTATIVA) DO SERVIÇO DE INST. TUBO PVC, SÉRIE N, ESGOTO PREDIAL, 100 MM (INST. RAMAL DESCARGA, RAMAL DE ESG. SANIT., PRUMADA ESG. SANIT., VENTILAÇÃO OU SUB-COLETOR AÉREO), INCL. CONEXÕES E CORTES, FIXAÇÕES, P/ PRÉDIOS. AF_10/2015","M","ATRIBUÍDO SÃO PAULO","69,58","CAIXA REFERENCIAL"]
["91796","(COMPOSIÇÃO REPRESENTATIVA) DO SERVIÇO DE INSTALAÇÃO DE TUBO DE PVC, SÉRIE NORMAL, ESGOTO PREDIAL, DN 150 MM (INSTALADO EM SUB-COLETOR AÉREO), INCLUSIVE CONEXÕES, CORTES E FIXAÇÕES, PARA PRÉDIOS. AF_10/2015","M","COEFICIENTE DE REPRESENTATIVIDADE","78,98","CAIXA REFERENCIAL"]
["92275","TUBO EM COBRE RÍGIDO, DN 22 MM, CLASSE E, SEM ISOLAMENTO, INSTALADO EM PRUMADA \u0096 FORNECIMENTO E INSTALAÇÃO. AF_12/2015","M","ATRIBUÍDO SÃO PAULO","60,24","CAIXA REFERENCIAL"]
["92276","TUBO EM COBRE RÍGIDO, DN 28 MM, CLASSE E, SEM ISOLAMENTO, INSTALADO EM PRUMADA \u0096 FORNECIMENTO E INSTALAÇÃO. AF_12/2015","M","ATRIBUÍDO SÃO PAULO","76,32","CAIXA REFERENCIAL"]
["92277","TUBO EM COBRE RÍGIDO, DN 35 MM, CLASSE E, SEM ISOLAMENTO, INSTALADO EM PRUMADA \u0096 FORNECIMENTO E INSTALAÇÃO. AF_12/2015","M","ATRIBUÍDO SÃO PAULO","110,32","CAIXA REFERENCIAL"]
["92278","TUBO EM COBRE RÍGIDO, DN 42 MM, CLASSE E, SEM ISOLAMENTO, INSTALADO EM PRUMADA \u0096 FORNECIMENTO E INSTALAÇÃO. AF_12/2015","M","ATRIBUÍDO SÃO PAULO","148,53","CAIXA REFERENCIAL"]
["92279","TUBO EM COBRE RÍGIDO, DN 54 MM, CLASSE E, SEM ISOLAMENTO, INSTALADO EM PRUMADA \u0096 FORNECIMENTO E INSTALAÇÃO. AF_12/2015","M","ATRIBUÍDO SÃO PAULO","214,86","CAIXA REFERENCIAL"]
["92280","TUBO EM COBRE RÍGIDO, DN 66 MM, CLASSE E, SEM ISOLAMENTO, INSTALADO EM PRUMADA \u0096 FORNECIMENTO E INSTALAÇÃO. AF_12/2015","M","ATRIBUÍDO SÃO PAULO","301,99","CAIXA REFERENCIAL"]
["92281","TUBO EM COBRE RÍGIDO, DN 22 MM, CLASSE E, COM ISOLAMENTO, INSTALADO EM PRUMADA \u0096 FORNECIMENTO E INSTALAÇÃO. AF_12/2015","M","ATRIBUÍDO SÃO PAULO","131,91","CAIXA REFERENCIAL"]
["92282","TUBO EM COBRE RÍGIDO, DN 28 MM, CLASSE E, COM ISOLAMENTO, INSTALADO EM PRUMADA \u0096 FORNECIMENTO E INSTALAÇÃO. AF_12/2015","M","ATRIBUÍDO SÃO PAULO","150,90","CAIXA REFERENCIAL"]
["92283","TUBO EM COBRE RÍGIDO, DN 35 MM, CLASSE E, COM ISOLAMENTO, INSTALADO EM PRUMADA \u0096 FORNECIMENTO E INSTALAÇÃO. AF_12/2015","M","ATRIBUÍDO SÃO PAULO","204,63","CAIXA REFERENCIAL"]
["92284","TUBO EM COBRE RÍGIDO, DN 42 MM, CLASSE E, COM ISOLAMENTO, INSTALADO EM PRUMADA \u0096 FORNECIMENTO E INSTALAÇÃO. AF_12/2015","M","ATRIBUÍDO SÃO PAULO","256,10","CAIXA REFERENCIAL"]
["92285","TUBO EM COBRE RÍGIDO, DN 54 MM, CLASSE E, COM ISOLAMENTO, INSTALADO EM PRUMADA \u0096 FORNECIMENTO E INSTALAÇÃO. AF_12/2015","M","ATRIBUÍDO SÃO PAULO","343,41","CAIXA REFERENCIAL"]
["92286","TUBO EM COBRE RÍGIDO, DN 66 MM, CLASSE E, COM ISOLAMENTO, INSTALADO EM PRUMADA \u0096 FORNECIMENTO E INSTALAÇÃO. AF_12/2015","M","ATRIBUÍDO SÃO PAULO","432,34","CAIXA REFERENCIAL"]
["92305","TUBO EM COBRE RÍGIDO, DN 15 MM, CLASSE E, SEM ISOLAMENTO, INSTALADO EM RAMAL DE DISTRIBUIÇÃO \u0096 FORNECIMENTO E INSTALAÇÃO. AF_12/2015","M","ATRIBUÍDO SÃO PAULO","38,32","CAIXA REFERENCIAL"]
["92306","TUBO EM COBRE RÍGIDO, DN 22 MM, CLASSE E, SEM ISOLAMENTO, INSTALADO EM RAMAL DE DISTRIBUIÇÃO \u0096 FORNECIMENTO E INSTALAÇÃO. AF_12/2015","M","ATRIBUÍDO SÃO PAULO","63,52","CAIXA REFERENCIAL"]
["92307","TUBO EM COBRE RÍGIDO, DN 28 MM, CLASSE E, SEM ISOLAMENTO, INSTALADO EM RAMAL DE DISTRIBUIÇÃO \u0096 FORNECIMENTO E INSTALAÇÃO. AF_12/2015","M","ATRIBUÍDO SÃO PAULO","79,85","CAIXA REFERENCIAL"]
["92308","TUBO EM COBRE RÍGIDO, DN 15 MM, CLASSE E, COM ISOLAMENTO, INSTALADO EM RAMAL DE DISTRIBUIÇÃO \u0096 FORNECIMENTO E INSTALAÇÃO. AF_12/2015","M","ATRIBUÍDO SÃO PAULO","55,05","CAIXA REFERENCIAL"]
["92309","TUBO EM COBRE RÍGIDO, DN 22 MM, CLASSE E, COM ISOLAMENTO, INSTALADO EM RAMAL DE DISTRIBUIÇÃO \u0096 FORNECIMENTO E INSTALAÇÃO. AF_12/2015","M","ATRIBUÍDO SÃO PAULO","136,86","CAIXA REFERENCIAL"]
["92310","TUBO EM COBRE RÍGIDO, DN 28 MM, CLASSE E, COM ISOLAMENTO, INSTALADO EM RAMAL DE DISTRIBUIÇÃO \u0096 FORNECIMENTO E INSTALAÇÃO. AF_12/2015","M","ATRIBUÍDO SÃO PAULO","156,13","CAIXA REFERENCIAL"]
["92320","TUBO EM COBRE RÍGIDO, DN 15 MM, CLASSE E, SEM ISOLAMENTO, INSTALADO EM RAMAL E SUB-RAMAL \u0096 FORNECIMENTO E INSTALAÇÃO. AF_12/2015","M","ATRIBUÍDO SÃO PAULO","45,55","CAIXA REFERENCIAL"]
["92321","TUBO EM COBRE RÍGIDO, DN 22 MM, CLASSE E, SEM ISOLAMENTO, INSTALADO EM RAMAL E SUB-RAMAL \u0096 FORNECIMENTO E INSTALAÇÃO. AF_12/2015","M","ATRIBUÍDO SÃO PAULO","75,95","CAIXA REFERENCIAL"]
["92322","TUBO EM COBRE RÍGIDO, DN 28 MM, CLASSE E, SEM ISOLAMENTO, INSTALADO EM RAMAL E SUB-RAMAL \u0096 FORNECIMENTO E INSTALAÇÃO. AF_12/2015","M","ATRIBUÍDO SÃO PAULO","96,79","CAIXA REFERENCIAL"]
["92323","TUBO EM COBRE RÍGIDO, DN 15 MM, CLASSE E, COM ISOLAMENTO, INSTALADO EM RAMAL E SUB-RAMAL \u0096 FORNECIMENTO E INSTALAÇÃO. AF_12/2015","M","ATRIBUÍDO SÃO PAULO","60,56","CAIXA REFERENCIAL"]
["92324","TUBO EM COBRE RÍGIDO, DN 22 MM, CLASSE E, COM ISOLAMENTO, INSTALADO EM RAMAL E SUB-RAMAL \u0096 FORNECIMENTO E INSTALAÇÃO. AF_12/2015","M","ATRIBUÍDO SÃO PAULO","147,56","CAIXA REFERENCIAL"]
["92325","TUBO EM COBRE RÍGIDO, DN 28 MM, CLASSE E, COM ISOLAMENTO, INSTALADO EM RAMAL E SUB-RAMAL \u0096 FORNECIMENTO E INSTALAÇÃO. AF_12/2015","M","ATRIBUÍDO SÃO PAULO","171,30","CAIXA REFERENCIAL"]
["92335","TUBO DE AÇO GALVANIZADO COM COSTURA, CLASSE MÉDIA, CONEXÃO RANHURADA, DN 50 (2\"), INSTALADO EM PRUMADAS - FORNECIMENTO E INSTALAÇÃO. AF_10/2020","M","COEFICIENTE DE REPRESENTATIVIDADE","129,20","CAIXA REFERENCIAL"]
["92336","TUBO DE AÇO GALVANIZADO COM COSTURA, CLASSE MÉDIA, CONEXÃO RANHURADA, DN 65 (2 1/2\"), INSTALADO EM PRUMADAS - FORNECIMENTO E INSTALAÇÃO. AF_10/2020","M","COEFICIENTE DE REPRESENTATIVIDADE","159,54","CAIXA REFERENCIAL"]
["92337","TUBO DE AÇO GALVANIZADO COM COSTURA, CLASSE MÉDIA, CONEXÃO RANHURADA, DN 80 (3\"), INSTALADO EM PRUMADAS - FORNECIMENTO E INSTALAÇÃO. AF_10/2020","M","COEFICIENTE DE REPRESENTATIVIDADE","212,47","CAIXA REFERENCIAL"]
["92338","TUBO DE AÇO PRETO SEM COSTURA, CONEXÃO SOLDADA, DN 50 (2\"), INSTALADO EM PRUMADAS - FORNECIMENTO E INSTALAÇÃO. AF_10/2020","M","COEFICIENTE DE REPRESENTATIVIDADE","171,41","CAIXA REFERENCIAL"]
["92339","TUBO DE AÇO PRETO SEM COSTURA, CONEXÃO SOLDADA, DN 65 (2 1/2\"), INSTALADO EM PRUMADAS - FORNECIMENTO E INSTALAÇÃO. AF_10/2020","M","COEFICIENTE DE REPRESENTATIVIDADE","266,80","CAIXA REFERENCIAL"]
["92341","TUBO DE AÇO GALVANIZADO COM COSTURA, CLASSE MÉDIA, DN 50 (2\"), CONEXÃO ROSQUEADA, INSTALADO EM PRUMADAS - FORNECIMENTO E INSTALAÇÃO. AF_10/2020","M","COEFICIENTE DE REPRESENTATIVIDADE","136,42","CAIXA REFERENCIAL"]
["92342","TUBO DE AÇO GALVANIZADO COM COSTURA, CLASSE MÉDIA, DN 65 (2 1/2\"), CONEXÃO ROSQUEADA, INSTALADO EM PRUMADAS - FORNECIMENTO E INSTALAÇÃO. AF_10/2020","M","COEFICIENTE DE REPRESENTATIVIDADE","166,80","CAIXA REFERENCIAL"]
["92343","TUBO DE AÇO GALVANIZADO COM COSTURA, CLASSE MÉDIA, DN 80 (3\"), CONEXÃO ROSQUEADA, INSTALADO EM PRUMADAS - FORNECIMENTO E INSTALAÇÃO. AF_10/2020","M","COEFICIENTE DE REPRESENTATIVIDADE","219,79","CAIXA REFERENCIAL"]
["92359","TUBO DE AÇO PRETO SEM COSTURA, CONEXÃO SOLDADA, DN 25 (1\"), INSTALADO EM REDE DE ALIMENTAÇÃO PARA HIDRANTE - FORNECIMENTO E INSTALAÇÃO. AF_10/2020","M","COEFICIENTE DE REPRESENTATIVIDADE","86,55","CAIXA REFERENCIAL"]
["92360","TUBO DE AÇO PRETO SEM COSTURA, CONEXÃO SOLDADA, DN 32 (1 1/4\"), INSTALADO EM REDE DE ALIMENTAÇÃO PARA HIDRANTE - FORNECIMENTO E INSTALAÇÃO. AF_10/2020","M","COEFICIENTE DE REPRESENTATIVIDADE","115,82","CAIXA REFERENCIAL"]
["92361","TUBO DE AÇO PRETO SEM COSTURA, CONEXÃO SOLDADA, DN 50 (2\"), INSTALADO EM REDE DE ALIMENTAÇÃO PARA HIDRANTE - FORNECIMENTO E INSTALAÇÃO. AF_10/2020","M","COEFICIENTE DE REPRESENTATIVIDADE","155,71","CAIXA REFERENCIAL"]
["92362","TUBO DE AÇO PRETO SEM COSTURA, CONEXÃO SOLDADA, DN 65 (2 1/2\"), INSTALADO EM REDE DE ALIMENTAÇÃO PARA HIDRANTE - FORNECIMENTO E INSTALAÇÃO. AF_10/2020","M","COEFICIENTE DE REPRESENTATIVIDADE","250,47","CAIXA REFERENCIAL"]
["92364","TUBO DE AÇO GALVANIZADO COM COSTURA, CLASSE MÉDIA, DN 32 (1 1/4\"), CONEXÃO ROSQUEADA, INSTALADO EM REDE DE ALIMENTAÇÃO PARA HIDRANTE - FORNECIMENTO E INSTALAÇÃO. AF_10/2020","M","COEFICIENTE DE REPRESENTATIVIDADE","77,78","CAIXA REFERENCIAL"]
["92365","TUBO DE AÇO GALVANIZADO COM COSTURA, CLASSE MÉDIA, DN 40 (1 1/2\"), CONEXÃO ROSQUEADA, INSTALADO EM REDE DE ALIMENTAÇÃO PARA HIDRANTE - FORNECIMENTO E INSTALAÇÃO. AF_10/2020","M","COEFICIENTE DE REPRESENTATIVIDADE","89,91","CAIXA REFERENCIAL"]
["92366","TUBO DE AÇO GALVANIZADO COM COSTURA, CLASSE MÉDIA, DN 50 (2\"), CONEXÃO ROSQUEADA, INSTALADO EM REDE DE ALIMENTAÇÃO PARA HIDRANTE - FORNECIMENTO E INSTALAÇÃO. AF_10/2020","M","COEFICIENTE DE REPRESENTATIVIDADE","127,48","CAIXA REFERENCIAL"]
["92367","TUBO DE AÇO GALVANIZADO COM COSTURA, CLASSE MÉDIA, DN 65 (2 1/2\"), CONEXÃO ROSQUEADA, INSTALADO EM REDE DE ALIMENTAÇÃO PARA HIDRANTE - FORNECIMENTO E INSTALAÇÃO. AF_10/2020","M","COEFICIENTE DE REPRESENTATIVIDADE","157,46","CAIXA REFERENCIAL"]
["92368","TUBO DE AÇO GALVANIZADO COM COSTURA, CLASSE MÉDIA, DN 80 (3\"), CONEXÃO ROSQUEADA, INSTALADO EM REDE DE ALIMENTAÇÃO PARA HIDRANTE - FORNECIMENTO E INSTALAÇÃO. AF_10/2020","M","COEFICIENTE DE REPRESENTATIVIDADE","210,08","CAIXA REFERENCIAL"]
["92645","TUBO DE AÇO PRETO SEM COSTURA, CONEXÃO SOLDADA, DN 25 (1\"), INSTALADO EM REDE DE ALIMENTAÇÃO PARA SPRINKLER - FORNECIMENTO E INSTALAÇÃO. AF_10/2020","M","COEFICIENTE DE REPRESENTATIVIDADE","89,38","CAIXA REFERENCIAL"]
["92646","TUBO DE AÇO PRETO SEM COSTURA, CONEXÃO SOLDADA, DN 32 (1 1/4\"), INSTALADO EM REDE DE ALIMENTAÇÃO PARA SPRINKLER - FORNECIMENTO E INSTALAÇÃO. AF_10/2020","M","COEFICIENTE DE REPRESENTATIVIDADE","118,65","CAIXA REFERENCIAL"]
["92648","TUBO DE AÇO PRETO SEM COSTURA, CONEXÃO SOLDADA, DN 40 (1 1/2\"), INSTALADO EM REDE DE ALIMENTAÇÃO PARA SPRINKLER - FORNECIMENTO E INSTALAÇÃO. AF_10/2020","M","COEFICIENTE DE REPRESENTATIVIDADE","129,63","CAIXA REFERENCIAL"]
["92649","TUBO DE AÇO PRETO SEM COSTURA, CONEXÃO SOLDADA, DN 50 (2\"), INSTALADO EM REDE DE ALIMENTAÇÃO PARA SPRINKLER - FORNECIMENTO E INSTALAÇÃO. AF_10/2020","M","COEFICIENTE DE REPRESENTATIVIDADE","158,53","CAIXA REFERENCIAL"]
["92650","TUBO DE AÇO PRETO SEM COSTURA, CONEXÃO SOLDADA, DN 65 (2 1/2\"), INSTALADO EM REDE DE ALIMENTAÇÃO PARA SPRINKLER - FORNECIMENTO E INSTALAÇÃO. AF_10/2020","M","COEFICIENTE DE REPRESENTATIVIDADE","253,30","CAIXA REFERENCIAL"]
["92652","TUBO DE AÇO GALVANIZADO COM COSTURA, CLASSE MÉDIA, CONEXÃO ROSQUEADA, DN 32 (1 1/4\"), INSTALADO EM REDE DE ALIMENTAÇÃO PARA SPRINKLER - FORNECIMENTO E INSTALAÇÃO. AF_10/2020","M","COEFICIENTE DE REPRESENTATIVIDADE","81,08","CAIXA REFERENCIAL"]
["92653","TUBO DE AÇO GALVANIZADO COM COSTURA, CLASSE MÉDIA, CONEXÃO ROSQUEADA, DN 40 (1 1/2\"), INSTALADO EM REDE DE ALIMENTAÇÃO PARA SPRINKLER - FORNECIMENTO E INSTALAÇÃO. AF_10/2020","M","COEFICIENTE DE REPRESENTATIVIDADE","93,24","CAIXA REFERENCIAL"]
["92654","TUBO DE AÇO GALVANIZADO COM COSTURA, CLASSE MÉDIA, CONEXÃO ROSQUEADA, DN 50 (2\"), INSTALADO EM REDE DE ALIMENTAÇÃO PARA SPRINKLER - FORNECIMENTO E INSTALAÇÃO. AF_10/2020","M","COEFICIENTE DE REPRESENTATIVIDADE","130,81","CAIXA REFERENCIAL"]
["92655","TUBO DE AÇO GALVANIZADO COM COSTURA, CLASSE MÉDIA, CONEXÃO ROSQUEADA, DN 65 (2 1/2\"), INSTALADO EM REDE DE ALIMENTAÇÃO PARA SPRINKLER - FORNECIMENTO E INSTALAÇÃO. AF_10/2020","M","COEFICIENTE DE REPRESENTATIVIDADE","160,86","CAIXA REFERENCIAL"]
["92656","TUBO DE AÇO GALVANIZADO COM COSTURA, CLASSE MÉDIA, CONEXÃO ROSQUEADA, DN 80 (3\"), INSTALADO EM REDE DE ALIMENTAÇÃO PARA SPRINKLER - FORNECIMENTO E INSTALAÇÃO. AF_10/2020","M","COEFICIENTE DE REPRESENTATIVIDADE","213,48","CAIXA REFERENCIAL"]
["92687","TUBO DE AÇO GALVANIZADO COM COSTURA, CLASSE MÉDIA, CONEXÃO ROSQUEADA, DN 15 (1/2\"), INSTALADO EM RAMAIS E SUB-RAMAIS DE GÁS - FORNECIMENTO E INSTALAÇÃO. AF_10/2020","M","COEFICIENTE DE REPRESENTATIVIDADE","36,18","CAIXA REFERENCIAL"]
["92688","TUBO DE AÇO GALVANIZADO COM COSTURA, CLASSE MÉDIA, CONEXÃO ROSQUEADA, DN 20 (3/4\"), INSTALADO EM RAMAIS E SUB-RAMAIS DE GÁS - FORNECIMENTO E INSTALAÇÃO. AF_10/2020","M","COEFICIENTE DE REPRESENTATIVIDADE","48,40","CAIXA REFERENCIAL"]
["92689","TUBO DE AÇO PRETO SEM COSTURA, CLASSE MÉDIA, CONEXÃO SOLDADA, DN 15 (1/2\"), INSTALADO EM RAMAIS E SUB-RAMAIS DE GÁS - FORNECIMENTO E INSTALAÇÃO. AF_10/2020","M","COEFICIENTE DE REPRESENTATIVIDADE","60,97","CAIXA REFERENCIAL"]
["92690","TUBO DE AÇO PRETO SEM COSTURA, CLASSE MÉDIA, CONEXÃO SOLDADA, DN 20 (3/4\"), INSTALADO EM RAMAIS E SUB-RAMAIS DE GÁS - FORNECIMENTO E INSTALAÇÃO. AF_10/2020","M","COEFICIENTE DE REPRESENTATIVIDADE","85,47","CAIXA REFERENCIAL"]
["92691","TUBO DE AÇO PRETO SEM COSTURA, CLASSE MÉDIA, CONEXÃO SOLDADA, DN 25 (1\"), INSTALADO EM RAMAIS  E SUB-RAMAIS DE GÁS - FORNECIMENTO E INSTALAÇÃO. AF_10/2020","M","COEFICIENTE DE REPRESENTATIVIDADE","105,31","CAIXA REFERENCIAL"]
["94462","TUBO DE AÇO GALVANIZADO COM COSTURA, CLASSE MÉDIA, DN 50 (2\u0094), CONEXÃO ROSQUEADA, INSTALADO EM RESERVAÇÃO DE ÁGUA DE EDIFICAÇÃO QUE POSSUA RESERVATÓRIO DE FIBRA/FIBROCIMENTO \u0096 FORNECIMENTO E INSTALAÇÃO. AF_06/2016","M","COEFICIENTE DE REPRESENTATIVIDADE","130,51","CAIXA REFERENCIAL"]
["94463","TUBO DE AÇO GALVANIZADO COM COSTURA, CLASSE MÉDIA, DN 65 (2 1/2\u0094), CONEXÃO ROSQUEADA, INSTALADO EM RESERVAÇÃO DE ÁGUA DE EDIFICAÇÃO QUE POSSUA RESERVATÓRIO DE FIBRA/FIBROCIMENTO \u0096 FORNECIMENTO E INSTALAÇÃO. AF_06/2016","M","COEFICIENTE DE REPRESENTATIVIDADE","157,22","CAIXA REFERENCIAL"]
["94464","TUBO DE AÇO GALVANIZADO COM COSTURA, CLASSE MÉDIA, DN 80 (3\u0094), CONEXÃO ROSQUEADA, INSTALADO EM RESERVAÇÃO DE ÁGUA DE EDIFICAÇÃO QUE POSSUA RESERVATÓRIO DE FIBRA/FIBROCIMENTO \u0096 FORNECIMENTO E INSTALAÇÃO. AF_06/2016","M","COEFICIENTE DE REPRESENTATIVIDADE","225,32","CAIXA REFERENCIAL"]
["94602","TUBO EM COBRE RÍGIDO, DN 54 MM, CLASSE E, SEM ISOLAMENTO, INSTALADO EM RESERVAÇÃO DE ÁGUA DE EDIFICAÇÃO QUE POSSUA RESERVATÓRIO DE FIBRA/FIBROCIMENTO \u0096 FORNECIMENTO E INSTALAÇÃO. AF_06/2016","M","ATRIBUÍDO SÃO PAULO","220,49","CAIXA REFERENCIAL"]
["94603","TUBO EM COBRE RÍGIDO, DN 66 MM, CLASSE E, SEM ISOLAMENTO, INSTALADO EM RESERVAÇÃO DE ÁGUA DE EDIFICAÇÃO QUE POSSUA RESERVATÓRIO DE FIBRA/FIBROCIMENTO \u0096 FORNECIMENTO E INSTALAÇÃO. AF_06/2016","M","ATRIBUÍDO SÃO PAULO","301,19","CAIXA REFERENCIAL"]
["94604","TUBO EM COBRE RÍGIDO, DN 79 MM, CLASSE E, SEM ISOLAMENTO, INSTALADO EM RESERVAÇÃO DE ÁGUA DE EDIFICAÇÃO QUE POSSUA RESERVATÓRIO DE FIBRA/FIBROCIMENTO \u0096 FORNECIMENTO E INSTALAÇÃO. AF_06/2016","M","ATRIBUÍDO SÃO PAULO","415,44","CAIXA REFERENCIAL"]
["94605","TUBO EM COBRE RÍGIDO, DN 104 MM, CLASSE E, SEM ISOLAMENTO, INSTALADO EM RESERVAÇÃO DE ÁGUA DE EDIFICAÇÃO QUE POSSUA RESERVATÓRIO DE FIBRA/FIBROCIMENTO \u0096 FORNECIMENTO E INSTALAÇÃO. AF_06/2016","M","ATRIBUÍDO SÃO PAULO","600,63","CAIXA REFERENCIAL"]
["94648","TUBO, PVC, SOLDÁVEL, DN  25 MM, INSTALADO EM RESERVAÇÃO DE ÁGUA DE EDIFICAÇÃO QUE POSSUA RESERVATÓRIO DE FIBRA/FIBROCIMENTO   FORNECIMENTO E INSTALAÇÃO. AF_06/2016","M","COEFICIENTE DE REPRESENTATIVIDADE","10,54","CAIXA REFERENCIAL"]
["94649","TUBO, PVC, SOLDÁVEL, DN 32 MM, INSTALADO EM RESERVAÇÃO DE ÁGUA DE EDIFICAÇÃO QUE POSSUA RESERVATÓRIO DE FIBRA/FIBROCIMENTO   FORNECIMENTO E INSTALAÇÃO. AF_06/2016","M","COEFICIENTE DE REPRESENTATIVIDADE","18,07","CAIXA REFERENCIAL"]
["94650","TUBO, PVC, SOLDÁVEL, DN 40 MM, INSTALADO EM RESERVAÇÃO DE ÁGUA DE EDIFICAÇÃO QUE POSSUA RESERVATÓRIO DE FIBRA/FIBROCIMENTO   FORNECIMENTO E INSTALAÇÃO. AF_06/2016","M","COEFICIENTE DE REPRESENTATIVIDADE","25,89","CAIXA REFERENCIAL"]
["94651","TUBO, PVC, SOLDÁVEL, DN 50 MM, INSTALADO EM RESERVAÇÃO DE ÁGUA DE EDIFICAÇÃO QUE POSSUA RESERVATÓRIO DE FIBRA/FIBROCIMENTO   FORNECIMENTO E INSTALAÇÃO. AF_06/2016","M","COEFICIENTE DE REPRESENTATIVIDADE","28,72","CAIXA REFERENCIAL"]
["94652","TUBO, PVC, SOLDÁVEL, DN 60 MM, INSTALADO EM RESERVAÇÃO DE ÁGUA DE EDIFICAÇÃO QUE POSSUA RESERVATÓRIO DE FIBRA/FIBROCIMENTO   FORNECIMENTO E INSTALAÇÃO. AF_06/2016","M","COEFICIENTE DE REPRESENTATIVIDADE","46,75","CAIXA REFERENCIAL"]
["94653","TUBO, PVC, SOLDÁVEL, DN 75 MM, INSTALADO EM RESERVAÇÃO DE ÁGUA DE EDIFICAÇÃO QUE POSSUA RESERVATÓRIO DE FIBRA/FIBROCIMENTO   FORNECIMENTO E INSTALAÇÃO. AF_06/2016","M","COEFICIENTE DE REPRESENTATIVIDADE","71,27","CAIXA REFERENCIAL"]
["94654","TUBO, PVC, SOLDÁVEL, DN 85 MM, INSTALADO EM RESERVAÇÃO DE ÁGUA DE EDIFICAÇÃO QUE POSSUA RESERVATÓRIO DE FIBRA/FIBROCIMENTO   FORNECIMENTO E INSTALAÇÃO. AF_06/2016","M","COEFICIENTE DE REPRESENTATIVIDADE","90,55","CAIXA REFERENCIAL"]
["94655","TUBO, PVC, SOLDÁVEL, DN 110 MM, INSTALADO EM RESERVAÇÃO DE ÁGUA DE EDIFICAÇÃO QUE POSSUA RESERVATÓRIO DE FIBRA/FIBROCIMENTO   FORNECIMENTO E INSTALAÇÃO. AF_06/2016","M","COEFICIENTE DE REPRESENTATIVIDADE","134,21","CAIXA REFERENCIAL"]
["94716","TUBO, CPVC, SOLDÁVEL, DN 22 MM, INSTALADO EM RESERVAÇÃO DE ÁGUA DE EDIFICAÇÃO QUE POSSUA RESERVATÓRIO DE FIBRA/FIBROCIMENTO \u0096 FORNECIMENTO E INSTALAÇÃO. AF_06/2016","M","COEFICIENTE DE REPRESENTATIVIDADE","26,24","CAIXA REFERENCIAL"]
["94717","TUBO, CPVC, SOLDÁVEL, DN 28 MM, INSTALADO EM RESERVAÇÃO DE ÁGUA DE EDIFICAÇÃO QUE POSSUA RESERVATÓRIO DE FIBRA/FIBROCIMENTO \u0096 FORNECIMENTO E INSTALAÇÃO. AF_06/2016","M","COEFICIENTE DE REPRESENTATIVIDADE","39,59","CAIXA REFERENCIAL"]
["94718","TUBO, CPVC, SOLDÁVEL, DN 35 MM, INSTALADO EM RESERVAÇÃO DE ÁGUA DE EDIFICAÇÃO QUE POSSUA RESERVATÓRIO DE FIBRA/FIBROCIMENTO \u0096 FORNECIMENTO E INSTALAÇÃO. AF_06/2016","M","COEFICIENTE DE REPRESENTATIVIDADE","48,77","CAIXA REFERENCIAL"]
["94719","TUBO, CPVC, SOLDÁVEL, DN 42 MM, INSTALADO EM RESERVAÇÃO DE ÁGUA DE EDIFICAÇÃO QUE POSSUA RESERVATÓRIO DE FIBRA/FIBROCIMENTO \u0096 FORNECIMENTO E INSTALAÇÃO. AF_06/2016","M","COEFICIENTE DE REPRESENTATIVIDADE","64,79","CAIXA REFERENCIAL"]
["94720","TUBO, CPVC, SOLDÁVEL, DN 54 MM, INSTALADO EM RESERVAÇÃO DE ÁGUA DE EDIFICAÇÃO QUE POSSUA RESERVATÓRIO DE FIBRA/FIBROCIMENTO \u0096 FORNECIMENTO E INSTALAÇÃO. AF_06/2016","M","COEFICIENTE DE REPRESENTATIVIDADE","97,17","CAIXA REFERENCIAL"]
["94721","TUBO, CPVC, SOLDÁVEL, DN 73 MM, INSTALADO EM RESERVAÇÃO DE ÁGUA DE EDIFICAÇÃO QUE POSSUA RESERVATÓRIO DE FIBRA/FIBROCIMENTO \u0096 FORNECIMENTO E INSTALAÇÃO. AF_06/2016","M","COEFICIENTE DE REPRESENTATIVIDADE","144,09","CAIXA REFERENCIAL"]
["94722","TUBO, CPVC, SOLDÁVEL, DN 89 MM, INSTALADO EM RESERVAÇÃO DE ÁGUA DE EDIFICAÇÃO QUE POSSUA RESERVATÓRIO DE FIBRA/FIBROCIMENTO \u0096 FORNECIMENTO E INSTALAÇÃO. AF_06/2016","M","COEFICIENTE DE REPRESENTATIVIDADE","249,71","CAIXA REFERENCIAL"]
["95697","TUBO DE AÇO PRETO SEM COSTURA, CONEXÃO SOLDADA, DN 40 (1 1/2\"), INSTALADO EM REDE DE ALIMENTAÇÃO PARA HIDRANTE - FORNECIMENTO E INSTALAÇÃO. AF_10/2020","M","COEFICIENTE DE REPRESENTATIVIDADE","126,81","CAIXA REFERENCIAL"]
["96635","TUBO, PPR, DN 25, CLASSE PN 20,  INSTALADO EM RAMAL OU SUB-RAMAL DE ÁGUA \u0096 FORNECIMENTO E INSTALAÇÃO. AF_06/2015","M","ATRIBUÍDO SÃO PAULO","26,00","CAIXA REFERENCIAL"]
["96636","TUBO, PPR, DN 25, CLASSE PN 25 INSTALADO EM RAMAL OU SUB-RAMAL DE ÁGUA \u0096 FORNECIMENTO E INSTALAÇÃO. AF_06/2015","M","ATRIBUÍDO SÃO PAULO","27,22","CAIXA REFERENCIAL"]
["96644","TUBO, PPR, DN 25, CLASSE PN 20,  INSTALADO EM RAMAL DE DISTRIBUIÇÃO DE ÁGUA \u0096 FORNECIMENTO E INSTALAÇÃO. AF_06/2015","M","ATRIBUÍDO SÃO PAULO","18,50","CAIXA REFERENCIAL"]
["96645","TUBO, PPR, DN 32, CLASSE PN 12,  INSTALADO EM RAMAL DE DISTRIBUIÇÃO DE ÁGUA \u0096 FORNECIMENTO E INSTALAÇÃO. AF_06/2015","M","ATRIBUÍDO SÃO PAULO","23,77","CAIXA REFERENCIAL"]
["96646","TUBO, PPR, DN 40, CLASSE PN 12,  INSTALADO EM RAMAL DE DISTRIBUIÇÃO DE ÁGUA \u0096 FORNECIMENTO E INSTALAÇÃO. AF_06/2015","M","ATRIBUÍDO SÃO PAULO","36,72","CAIXA REFERENCIAL"]
["96647","TUBO, PPR, DN 25, CLASSE PN 25,  INSTALADO EM RAMAL DE DISTRIBUIÇÃO DE ÁGUA \u0096 FORNECIMENTO E INSTALAÇÃO. AF_06/2015","M","ATRIBUÍDO SÃO PAULO","17,14","CAIXA REFERENCIAL"]
["96648","TUBO, PPR, DN 32, CLASSE PN 25,  INSTALADO EM RAMAL DE DISTRIBUIÇÃO DE ÁGUA \u0096 FORNECIMENTO E INSTALAÇÃO. AF_06/2015","M","ATRIBUÍDO SÃO PAULO","30,55","CAIXA REFERENCIAL"]
["96649","TUBO, PPR, DN 40, CLASSE PN 25,  INSTALADO EM RAMAL DE DISTRIBUIÇÃO DE ÁGUA \u0096 FORNECIMENTO E INSTALAÇÃO. AF_06/2015","M","ATRIBUÍDO SÃO PAULO","44,36","CAIXA REFERENCIAL"]
["96668","TUBO, PPR, DN 25, CLASSE PN 20,  INSTALADO EM PRUMADA DE ÁGUA \u0096 FORNECIMENTO E INSTALAÇÃO. AF_06/2015","M","ATRIBUÍDO SÃO PAULO","13,27","CAIXA REFERENCIAL"]
["96669","TUBO, PPR, DN 32, CLASSE PN 12,  INSTALADO EM PRUMADA DE ÁGUA \u0096 FORNECIMENTO E INSTALAÇÃO. AF_06/2015","M","ATRIBUÍDO SÃO PAULO","16,54","CAIXA REFERENCIAL"]
["96670","TUBO, PPR, DN 40, CLASSE PN 12,  INSTALADO EM PRUMADA DE ÁGUA \u0096 FORNECIMENTO E INSTALAÇÃO. AF_06/2015","M","ATRIBUÍDO SÃO PAULO","25,15","CAIXA REFERENCIAL"]
["96671","TUBO, PPR, DN 50, CLASSE PN 12,  INSTALADO EM PRUMADA DE ÁGUA \u0096 FORNECIMENTO E INSTALAÇÃO. AF_06/2015","M","ATRIBUÍDO SÃO PAULO","33,54","CAIXA REFERENCIAL"]
["96672","TUBO, PPR, DN 63, CLASSE PN 12,  INSTALADO EM PRUMADA DE ÁGUA \u0096 FORNECIMENTO E INSTALAÇÃO. AF_06/2015","M","ATRIBUÍDO SÃO PAULO","49,14","CAIXA REFERENCIAL"]
["96673","TUBO, PPR, DN 75, CLASSE PN 12,  INSTALADO EM PRUMADA DE ÁGUA \u0096 FORNECIMENTO E INSTALAÇÃO. AF_06/2015","M","ATRIBUÍDO SÃO PAULO","80,77","CAIXA REFERENCIAL"]
["96674","TUBO, PPR, DN 90, CLASSE PN 12,  INSTALADO EM PRUMADA DE ÁGUA \u0096 FORNECIMENTO E INSTALAÇÃO. AF_06/2015","M","ATRIBUÍDO SÃO PAULO","113,40","CAIXA REFERENCIAL"]
["96675","TUBO, PPR, DN 110, CLASSE PN 12,  INSTALADO EM PRUMADA DE ÁGUA \u0096 FORNECIMENTO E INSTALAÇÃO. AF_06/2015","M","ATRIBUÍDO SÃO PAULO","198,15","CAIXA REFERENCIAL"]
["96676","TUBO, PPR, DN 25, CLASSE PN 25,  INSTALADO EM PRUMADA DE ÁGUA \u0096 FORNECIMENTO E INSTALAÇÃO. AF_06/2015","M","ATRIBUÍDO SÃO PAULO","13,24","CAIXA REFERENCIAL"]
["96677","TUBO, PPR, DN 32, CLASSE PN 25,  INSTALADO EM PRUMADA DE ÁGUA \u0096 FORNECIMENTO E INSTALAÇÃO. AF_06/2015","M","ATRIBUÍDO SÃO PAULO","21,93","CAIXA REFERENCIAL"]
["96678","TUBO, PPR, DN 40, CLASSE PN 25,  INSTALADO EM PRUMADA DE ÁGUA \u0096 FORNECIMENTO E INSTALAÇÃO. AF_06/2015","M","ATRIBUÍDO SÃO PAULO","30,44","CAIXA REFERENCIAL"]
["96679","TUBO, PPR, DN 50, CLASSE PN 25,  INSTALADO EM PRUMADA DE ÁGUA \u0096 FORNECIMENTO E INSTALAÇÃO. AF_06/2015","M","ATRIBUÍDO SÃO PAULO","44,40","CAIXA REFERENCIAL"]
["96680","TUBO, PPR, DN 63, CLASSE PN 25,  INSTALADO EM PRUMADA DE ÁGUA \u0096 FORNECIMENTO E INSTALAÇÃO. AF_06/2015","M","ATRIBUÍDO SÃO PAULO","59,52","CAIXA REFERENCIAL"]
["96681","TUBO, PPR, DN 75, CLASSE PN 25,  INSTALADO EM PRUMADA DE ÁGUA \u0096 FORNECIMENTO E INSTALAÇÃO. AF_06/2015","M","ATRIBUÍDO SÃO PAULO","112,22","CAIXA REFERENCIAL"]
["96682","TUBO, PPR, DN 90, CLASSE PN 25,  INSTALADO EM PRUMADA DE ÁGUA \u0096 FORNECIMENTO E INSTALAÇÃO. AF_06/2015","M","ATRIBUÍDO SÃO PAULO","165,71","CAIXA REFERENCIAL"]
["96683","TUBO, PPR, DN 110, CLASSE PN 25,  INSTALADO EM PRUMADA DE ÁGUA \u0096 FORNECIMENTO E INSTALAÇÃO. AF_06/2015","M","ATRIBUÍDO SÃO PAULO","226,29","CAIXA REFERENCIAL"]
["96718","TUBO, PPR, DN 20, CLASSE PN 20,  INSTALADO EM RESERVAÇÃO DE ÁGUA DE EDIFICAÇÃO QUE POSSUA RESERVATÓRIO DE FIBRA/FIBROCIMENTO \u0096 FORNECIMENTO E INSTALAÇÃO. AF_06/2016","M","ATRIBUÍDO SÃO PAULO","8,93","CAIXA REFERENCIAL"]
["96719","TUBO, PPR, DN 25, CLASSE PN 20,  INSTALADO EM RESERVAÇÃO DE ÁGUA DE EDIFICAÇÃO QUE POSSUA RESERVATÓRIO DE FIBRA/FIBROCIMENTO \u0096 FORNECIMENTO E INSTALAÇÃO. AF_06/2016","M","ATRIBUÍDO SÃO PAULO","16,25","CAIXA REFERENCIAL"]
["96720","TUBO, PPR, DN 32, CLASSE PN 12,  INSTALADO EM RESERVAÇÃO DE ÁGUA DE EDIFICAÇÃO QUE POSSUA RESERVATÓRIO DE FIBRA/FIBROCIMENTO \u0096 FORNECIMENTO E INSTALAÇÃO. AF_06/2016","M","ATRIBUÍDO SÃO PAULO","19,84","CAIXA REFERENCIAL"]
["96721","TUBO, PPR, DN 40, CLASSE PN 12,  INSTALADO EM RESERVAÇÃO DE ÁGUA DE EDIFICAÇÃO QUE POSSUA RESERVATÓRIO DE FIBRA/FIBROCIMENTO \u0096 FORNECIMENTO E INSTALAÇÃO. AF_06/2016","M","ATRIBUÍDO SÃO PAULO","27,52","CAIXA REFERENCIAL"]
["96722","TUBO, PPR, DN 50, CLASSE PN 12,  INSTALADO EM RESERVAÇÃO DE ÁGUA DE EDIFICAÇÃO QUE POSSUA RESERVATÓRIO DE FIBRA/FIBROCIMENTO \u0096 FORNECIMENTO E INSTALAÇÃO. AF_06/2016","M","ATRIBUÍDO SÃO PAULO","37,18","CAIXA REFERENCIAL"]
["96723","TUBO, PPR, DN 63, CLASSE PN 12,  INSTALADO EM RESERVAÇÃO DE ÁGUA DE EDIFICAÇÃO QUE POSSUA RESERVATÓRIO DE FIBRA/FIBROCIMENTO \u0096 FORNECIMENTO E INSTALAÇÃO. AF_06/2016","M","ATRIBUÍDO SÃO PAULO","50,60","CAIXA REFERENCIAL"]
["96724","TUBO, PPR, DN 75, CLASSE PN 12,  INSTALADO EM RESERVAÇÃO DE ÁGUA DE EDIFICAÇÃO QUE POSSUA RESERVATÓRIO DE FIBRA/FIBROCIMENTO \u0096 FORNECIMENTO E INSTALAÇÃO. AF_06/2016","M","ATRIBUÍDO SÃO PAULO","82,56","CAIXA REFERENCIAL"]
["96725","TUBO, PPR, DN 90, CLASSE PN 12,  INSTALADO EM RESERVAÇÃO DE ÁGUA DE EDIFICAÇÃO QUE POSSUA RESERVATÓRIO DE FIBRA/FIBROCIMENTO \u0096 FORNECIMENTO E INSTALAÇÃO. AF_06/2016","M","ATRIBUÍDO SÃO PAULO","110,54","CAIXA REFERENCIAL"]
["96726","TUBO, PPR, DN 110, CLASSE PN 12,  INSTALADO EM RESERVAÇÃO DE ÁGUA DE EDIFICAÇÃO QUE POSSUA RESERVATÓRIO DE FIBRA/FIBROCIMENTO \u0096 FORNECIMENTO E INSTALAÇÃO. AF_06/2016","M","ATRIBUÍDO SÃO PAULO","180,61","CAIXA REFERENCIAL"]
["96727","TUBO, PPR, DN 20, CLASSE PN 25,  INSTALADO EM RESERVAÇÃO DE ÁGUA DE EDIFICAÇÃO QUE POSSUA RESERVATÓRIO DE FIBRA/FIBROCIMENTO \u0096 FORNECIMENTO E INSTALAÇÃO. AF_06/2016","M","ATRIBUÍDO SÃO PAULO","13,54","CAIXA REFERENCIAL"]
["96728","TUBO, PPR, DN 25, CLASSE PN 25,  INSTALADO EM RESERVAÇÃO DE ÁGUA DE EDIFICAÇÃO QUE POSSUA RESERVATÓRIO DE FIBRA/FIBROCIMENTO \u0096 FORNECIMENTO E INSTALAÇÃO. AF_06/2016","M","ATRIBUÍDO SÃO PAULO","16,65","CAIXA REFERENCIAL"]
["96729","TUBO, PPR, DN 32, CLASSE PN 25,  INSTALADO EM RESERVAÇÃO DE ÁGUA DE EDIFICAÇÃO QUE POSSUA RESERVATÓRIO DE FIBRA/FIBROCIMENTO \u0096 FORNECIMENTO E INSTALAÇÃO. AF_06/2016","M","ATRIBUÍDO SÃO PAULO","25,76","CAIXA REFERENCIAL"]
["96730","TUBO, PPR, DN 40, CLASSE PN 25,  INSTALADO EM RESERVAÇÃO DE ÁGUA DE EDIFICAÇÃO QUE POSSUA RESERVATÓRIO DE FIBRA/FIBROCIMENTO \u0096 FORNECIMENTO E INSTALAÇÃO. AF_06/2016","M","ATRIBUÍDO SÃO PAULO","33,28","CAIXA REFERENCIAL"]
["96731","TUBO, PPR, DN 50, CLASSE PN 25,  INSTALADO EM RESERVAÇÃO DE ÁGUA DE EDIFICAÇÃO QUE POSSUA RESERVATÓRIO DE FIBRA/FIBROCIMENTO \u0096 FORNECIMENTO E INSTALAÇÃO. AF_06/2016","M","ATRIBUÍDO SÃO PAULO","48,51","CAIXA REFERENCIAL"]
["96732","TUBO, PPR, DN 63, CLASSE PN 25,  INSTALADO EM RESERVAÇÃO DE ÁGUA DE EDIFICAÇÃO QUE POSSUA RESERVATÓRIO DE FIBRA/FIBROCIMENTO \u0096 FORNECIMENTO E INSTALAÇÃO. AF_06/2016","M","ATRIBUÍDO SÃO PAULO","61,24","CAIXA REFERENCIAL"]
["96733","TUBO, PPR, DN 75, CLASSE PN 25,  INSTALADO EM RESERVAÇÃO DE ÁGUA DE EDIFICAÇÃO QUE POSSUA RESERVATÓRIO DE FIBRA/FIBROCIMENTO \u0096 FORNECIMENTO E INSTALAÇÃO. AF_06/2016","M","ATRIBUÍDO SÃO PAULO","113,22","CAIXA REFERENCIAL"]
["96734","TUBO, PPR, DN 90, CLASSE PN 25,  INSTALADO EM RESERVAÇÃO DE ÁGUA DE EDIFICAÇÃO QUE POSSUA RESERVATÓRIO DE FIBRA/FIBROCIMENTO \u0096 FORNECIMENTO E INSTALAÇÃO. AF_06/2016","M","ATRIBUÍDO SÃO PAULO","160,09","CAIXA REFERENCIAL"]
["96735","TUBO, PPR, DN 110, CLASSE PN 25,  INSTALADO EM RESERVAÇÃO DE ÁGUA DE EDIFICAÇÃO QUE POSSUA RESERVATÓRIO DE FIBRA/FIBROCIMENTO \u0096 FORNECIMENTO E INSTALAÇÃO. AF_06/2016","M","ATRIBUÍDO SÃO PAULO","206,85","CAIXA REFERENCIAL"]
["96794","TUBO, PEX, MONOCAMADA, DN 16, INSTALADO EM RAMAL OU SUB-RAMAL DE ÁGUA \u0096 FORNECIMENTO E INSTALAÇÃO. AF_06/2015","M","ATRIBUÍDO SÃO PAULO","7,54","CAIXA REFERENCIAL"]
["96795","TUBO, PEX, MONOCAMADA, DN 20, INSTALADO EM RAMAL OU SUB-RAMAL DE ÁGUA \u0096 FORNECIMENTO E INSTALAÇÃO. AF_06/2015","M","ATRIBUÍDO SÃO PAULO","9,63","CAIXA REFERENCIAL"]
["96796","TUBO, PEX, MONOCAMADA, DN 25, INSTALADO EM RAMAL OU SUB-RAMAL DE ÁGUA \u0096 FORNECIMENTO E INSTALAÇÃO. AF_06/2015","M","ATRIBUÍDO SÃO PAULO","13,56","CAIXA REFERENCIAL"]
["96797","TUBO, PEX, MONOCAMADA, DN 32, INSTALADO EM RAMAL OU SUB-RAMAL DE ÁGUA \u0096 FORNECIMENTO E INSTALAÇÃO. AF_06/2015","M","ATRIBUÍDO SÃO PAULO","20,65","CAIXA REFERENCIAL"]
["96798","TUBO, PEX, MONOCAMADA, DN 16, INSTALADO EM RAMAL DE DISTRIBUIÇÃO DE ÁGUA \u0096 FORNECIMENTO E INSTALAÇÃO. AF_06/2015","M","ATRIBUÍDO SÃO PAULO","7,64","CAIXA REFERENCIAL"]
["96799","TUBO, PEX, MONOCAMADA, DN 20, INSTALADO EM RAMAL DE DISTRIBUIÇÃO DE ÁGUA \u0096 FORNECIMENTO E INSTALAÇÃO. AF_06/2015","M","ATRIBUÍDO SÃO PAULO","10,23","CAIXA REFERENCIAL"]
["96800","TUBO, PEX, MONOCAMADA, DN 25, INSTALADO EM RAMAL DE DISTRIBUIÇÃO DE ÁGUA \u0096 FORNECIMENTO E INSTALAÇÃO. AF_06/2015","M","ATRIBUÍDO SÃO PAULO","14,79","CAIXA REFERENCIAL"]
["96801","TUBO, PEX, MONOCAMADA, DN 32, INSTALADO EM RAMAL DE DISTRIBUIÇÃO DE ÁGUA \u0096 FORNECIMENTO E INSTALAÇÃO. AF_06/2015","M","ATRIBUÍDO SÃO PAULO","22,75","CAIXA REFERENCIAL"]
["97327","TUBO EM COBRE FLEXÍVEL, DN 1/4\u0094, COM ISOLAMENTO, INSTALADO EM RAMAL DE ALIMENTAÇÃO DE AR CONDICIONADO COM CONDENSADORA INDIVIDUAL   FORNECIMENTO E INSTALAÇÃO. AF_12/2015","M","ATRIBUÍDO SÃO PAULO","28,46","CAIXA REFERENCIAL"]
["97328","TUBO EM COBRE FLEXÍVEL, DN 3/8\", COM ISOLAMENTO, INSTALADO EM RAMAL DE ALIMENTAÇÃO DE AR CONDICIONADO COM CONDENSADORA INDIVIDUAL \u0096 FORNECIMENTO E INSTALAÇÃO. AF_12/2015","M","ATRIBUÍDO SÃO PAULO","48,11","CAIXA REFERENCIAL"]
["97329","TUBO EM COBRE FLEXÍVEL, DN 1/2\", COM ISOLAMENTO, INSTALADO EM RAMAL DE ALIMENTAÇÃO DE AR CONDICIONADO COM CONDENSADORA INDIVIDUAL \u0096 FORNECIMENTO E INSTALAÇÃO. AF_12/2015","M","ATRIBUÍDO SÃO PAULO","61,34","CAIXA REFERENCIAL"]
["97330","TUBO EM COBRE FLEXÍVEL, DN 5/8\", COM ISOLAMENTO, INSTALADO EM RAMAL DE ALIMENTAÇÃO DE AR CONDICIONADO COM CONDENSADORA INDIVIDUAL \u0096 FORNECIMENTO E INSTALAÇÃO. AF_12/2015","M","ATRIBUÍDO SÃO PAULO","75,19","CAIXA REFERENCIAL"]
["97331","TUBO EM COBRE FLEXÍVEL, DN 1/4\", COM ISOLAMENTO, INSTALADO EM RAMAL DE ALIMENTAÇÃO DE AR CONDICIONADO COM CONDENSADORA CENTRAL \u0096 FORNECIMENTO E INSTALAÇÃO. AF_12/2015","M","ATRIBUÍDO SÃO PAULO","28,71","CAIXA REFERENCIAL"]
["97332","TUBO EM COBRE FLEXÍVEL, DN 3/8\", COM ISOLAMENTO, INSTALADO EM RAMAL DE ALIMENTAÇÃO DE AR CONDICIONADO COM CONDENSADORA CENTRAL \u0096 FORNECIMENTO E INSTALAÇÃO. AF_12/2015","M","ATRIBUÍDO SÃO PAULO","48,37","CAIXA REFERENCIAL"]
["97333","TUBO EM COBRE FLEXÍVEL, DN 1/2\", COM ISOLAMENTO, INSTALADO EM RAMAL DE ALIMENTAÇÃO DE AR CONDICIONADO COM CONDENSADORA CENTRAL \u0096 FORNECIMENTO E INSTALAÇÃO. AF_12/2015","M","ATRIBUÍDO SÃO PAULO","61,67","CAIXA REFERENCIAL"]
["97334","TUBO EM COBRE FLEXÍVEL, DN 5/8\u0094, COM ISOLAMENTO, INSTALADO EM RAMAL DE ALIMENTAÇÃO DE AR CONDICIONADO COM CONDENSADORA CENTRAL   FORNECIMENTO E INSTALAÇÃO. AF_12/2015","M","ATRIBUÍDO SÃO PAULO","75,56","CAIXA REFERENCIAL"]
["97335","TUBO EM COBRE RÍGIDO, DN 22 MM, CLASSE A, SEM ISOLAMENTO, INSTALADO EM PRUMADA \u0096 FORNECIMENTO E INSTALAÇÃO. AF_12/2015","M","ATRIBUÍDO SÃO PAULO","87,00","CAIXA REFERENCIAL"]
["97336","TUBO EM COBRE RÍGIDO, DN 28 MM, CLASSE A, SEM ISOLAMENTO, INSTALADO EM PRUMADA \u0096 FORNECIMENTO E INSTALAÇÃO. AF_12/2015","M","ATRIBUÍDO SÃO PAULO","110,54","CAIXA REFERENCIAL"]
["97337","TUBO EM COBRE RÍGIDO, DN 35 MM, CLASSE A, SEM ISOLAMENTO, INSTALADO EM PRUMADA \u0096 FORNECIMENTO E INSTALAÇÃO. AF_12/2015","M","ATRIBUÍDO SÃO PAULO","166,34","CAIXA REFERENCIAL"]
["97338","TUBO EM COBRE RÍGIDO, DN 42 MM, CLASSE A, SEM ISOLAMENTO, INSTALADO EM PRUMADA \u0096 FORNECIMENTO E INSTALAÇÃO. AF_12/2015","M","ATRIBUÍDO SÃO PAULO","200,00","CAIXA REFERENCIAL"]
["97339","TUBO EM COBRE RÍGIDO, DN 54 MM, CLASSE A, SEM ISOLAMENTO, INSTALADO EM PRUMADA \u0096 FORNECIMENTO E INSTALAÇÃO. AF_12/2015","M","ATRIBUÍDO SÃO PAULO","214,86","CAIXA REFERENCIAL"]
["97340","TUBO EM COBRE RÍGIDO, DN 66 MM, CLASSE A, SEM ISOLAMENTO, INSTALADO EM PRUMADA \u0096 FORNECIMENTO E INSTALAÇÃO. AF_12/2015","M","ATRIBUÍDO SÃO PAULO","215,44","CAIXA REFERENCIAL"]
["97341","TUBO EM COBRE RÍGIDO, DN 15 MM, CLASSE A, SEM ISOLAMENTO, INSTALADO EM RAMAL DE DISTRIBUIÇÃO \u0096 FORNECIMENTO E INSTALAÇÃO. AF_12/2015","M","ATRIBUÍDO SÃO PAULO","57,02","CAIXA REFERENCIAL"]
["97342","TUBO EM COBRE RÍGIDO, DN 22 MM, CLASSE A, SEM ISOLAMENTO, INSTALADO EM RAMAL DE DISTRIBUIÇÃO\u0096 FORNECIMENTO E INSTALAÇÃO. AF_12/2015","M","ATRIBUÍDO SÃO PAULO","90,28","CAIXA REFERENCIAL"]
["97343","TUBO EM COBRE RÍGIDO, DN 28 MM, CLASSE A, SEM ISOLAMENTO, INSTALADO EM RAMAL DE DISTRIBUIÇÃO\u0096 FORNECIMENTO E INSTALAÇÃO. AF_12/2015","M","ATRIBUÍDO SÃO PAULO","114,07","CAIXA REFERENCIAL"]
["97344","TUBO EM COBRE RÍGIDO, DN 15 MM, CLASSE A, SEM ISOLAMENTO, INSTALADO EM RAMAL E SUB-RAMAL \u0096 FORNECIMENTO E INSTALAÇÃO. AF_12/2015","M","ATRIBUÍDO SÃO PAULO","64,25","CAIXA REFERENCIAL"]
["97345","TUBO EM COBRE RÍGIDO, DN 22 MM, CLASSE A, SEM ISOLAMENTO, INSTALADO EM RAMAL E SUB-RAMAL \u0096 FORNECIMENTO E INSTALAÇÃO. AF_12/2015","M","ATRIBUÍDO SÃO PAULO","102,71","CAIXA REFERENCIAL"]
["97346","TUBO EM COBRE RÍGIDO, DN 28 MM, CLASSE A, SEM ISOLAMENTO, INSTALADO EM RAMAL E SUB-RAMAL \u0096 FORNECIMENTO E INSTALAÇÃO. AF_12/2015","M","ATRIBUÍDO SÃO PAULO","131,01","CAIXA REFERENCIAL"]
["97347","TUBO EM COBRE RÍGIDO, DN 22 MM, CLASSE I, SEM ISOLAMENTO, INSTALADO EM PRUMADA \u0096 FORNECIMENTO E INSTALAÇÃO. AF_12/2015","M","ATRIBUÍDO SÃO PAULO","104,94","CAIXA REFERENCIAL"]
["97348","TUBO EM COBRE RÍGIDO, DN 28 MM, CLASSE I, SEM ISOLAMENTO, INSTALADO EM PRUMADA \u0096 FORNECIMENTO E INSTALAÇÃO. AF_12/2015","M","ATRIBUÍDO SÃO PAULO","145,07","CAIXA REFERENCIAL"]
["97349","TUBO EM COBRE RÍGIDO, DN 35 MM, CLASSE I, SEM ISOLAMENTO, INSTALADO EM PRUMADA \u0096 FORNECIMENTO E INSTALAÇÃO. AF_12/2015","M","ATRIBUÍDO SÃO PAULO","209,33","CAIXA REFERENCIAL"]
["97350","TUBO EM COBRE RÍGIDO, DN 42 MM, CLASSE I, SEM ISOLAMENTO, INSTALADO EM PRUMADA \u0096 FORNECIMENTO E INSTALAÇÃO. AF_12/2015","M","ATRIBUÍDO SÃO PAULO","254,24","CAIXA REFERENCIAL"]
["97351","TUBO EM COBRE RÍGIDO, DN 54 MM, CLASSE I, SEM ISOLAMENTO, INSTALADO EM PRUMADA \u0096 FORNECIMENTO E INSTALAÇÃO. AF_12/2015","M","ATRIBUÍDO SÃO PAULO","351,69","CAIXA REFERENCIAL"]
["97352","TUBO EM COBRE RÍGIDO, DN 66 MM, CLASSE I, SEM ISOLAMENTO, INSTALADO EM PRUMADA \u0096 FORNECIMENTO E INSTALAÇÃO. AF_12/2015","M","ATRIBUÍDO SÃO PAULO","455,94","CAIXA REFERENCIAL"]
["97353","TUBO EM COBRE RÍGIDO, DN 15 MM, CLASSE I, SEM ISOLAMENTO, INSTALADO EM RAMAL DE DISTRIBUIÇÃO \u0096 FORNECIMENTO E INSTALAÇÃO. AF_12/2015","M","ATRIBUÍDO SÃO PAULO","67,64","CAIXA REFERENCIAL"]
["97354","TUBO EM COBRE RÍGIDO, DN 22 MM, CLASSE I, SEM ISOLAMENTO, INSTALADO EM RAMAL DE DISTRIBUIÇÃO\u0096 FORNECIMENTO E INSTALAÇÃO. AF_12/2015","M","ATRIBUÍDO SÃO PAULO","108,22","CAIXA REFERENCIAL"]
["97355","TUBO EM COBRE RÍGIDO, DN 28 MM, CLASSE I, SEM ISOLAMENTO, INSTALADO EM RAMAL DE DISTRIBUIÇÃO\u0096 FORNECIMENTO E INSTALAÇÃO. AF_12/2015","M","ATRIBUÍDO SÃO PAULO","148,60","CAIXA REFERENCIAL"]
["97356","TUBO EM COBRE RÍGIDO, DN 15 MM, CLASSE I, SEM ISOLAMENTO, INSTALADO EM RAMAL E SUB-RAMAL \u0096 FORNECIMENTO E INSTALAÇÃO. AF_12/2015","M","ATRIBUÍDO SÃO PAULO","74,87","CAIXA REFERENCIAL"]
["97357","TUBO EM COBRE RÍGIDO, DN 22 MM, CLASSE I, SEM ISOLAMENTO, INSTALADO EM RAMAL E SUB-RAMAL \u0096 FORNECIMENTO E INSTALAÇÃO. AF_12/2015","M","ATRIBUÍDO SÃO PAULO","120,65","CAIXA REFERENCIAL"]
["97358","TUBO EM COBRE RÍGIDO, DN 28 MM, CLASSE I, SEM ISOLAMENTO, INSTALADO EM RAMAL E SUB-RAMAL \u0096 FORNECIMENTO E INSTALAÇÃO. AF_12/2015","M","ATRIBUÍDO SÃO PAULO","165,54","CAIXA REFERENCIAL"]
["97498","TUBO DE AÇO GALVANIZADO COM COSTURA, CLASSE MÉDIA, DN 25 (1\"), CONEXÃO ROSQUEADA, INSTALADO EM REDE DE ALIMENTAÇÃO PARA HIDRANTE - FORNECIMENTO E INSTALAÇÃO. AF_10/2020","M","COEFICIENTE DE REPRESENTATIVIDADE","62,42","CAIXA REFERENCIAL"]
["97535","TUBO DE AÇO GALVANIZADO COM COSTURA, CLASSE MÉDIA, CONEXÃO ROSQUEADA, DN 25 (1\"), INSTALADO EM REDE DE ALIMENTAÇÃO PARA SPRINKLER - FORNECIMENTO E INSTALAÇÃO. AF_10/2020","M","COEFICIENTE DE REPRESENTATIVIDADE","65,70","CAIXA REFERENCIAL"]
["97536","TUBO DE AÇO GALVANIZADO COM COSTURA, CLASSE MÉDIA, CONEXÃO ROSQUEADA, DN 25 (1\"), INSTALADO EM RAMAIS  E SUB-RAMAIS DE GÁS - FORNECIMENTO E INSTALAÇÃO. AF_10/2020","M","COEFICIENTE DE REPRESENTATIVIDADE","73,27","CAIXA REFERENCIAL"]
["100788","KIT CAVALETE PARA GÁS - SEM MEDIDOR OU REGULADOR - ENTRADA INDIVIDUAL PRINCIPAL, EM AÇO GALVANIZADO DN 15 E 25 MM (1/2\" E 1\") - FORNECIMENTO E INSTALAÇÃO. AF_01/2020","UN","COEFICIENTE DE REPRESENTATIVIDADE","615,51","CAIXA REFERENCIAL"]
["100791","TUBO, PEX, MULTICAMADA, DN 16, INSTALADO EM IMPLANTAÇÃO DE INSTALAÇÕES DE GÁS - FORNECIMENTO E INSTALAÇÃO. AF_01/2020","M","ATRIBUÍDO SÃO PAULO","15,54","CAIXA REFERENCIAL"]
["100792","TUBO, PEX, MULTICAMADA, DN 20, INSTALADO EM IMPLANTAÇÃO DE INSTALAÇÕES DE GÁS - FORNECIMENTO E INSTALAÇÃO. AF_01/2020","M","ATRIBUÍDO SÃO PAULO","23,07","CAIXA REFERENCIAL"]
["100793","TUBO, PEX, MULTICAMADA, DN 26, INSTALADO EM IMPLANTAÇÃO DE INSTALAÇÕES DE GÁS - FORNECIMENTO E INSTALAÇÃO. AF_01/2020","M","ATRIBUÍDO SÃO PAULO","30,75","CAIXA REFERENCIAL"]
["100794","TUBO, PEX, MULTICAMADA, DN 32, INSTALADO EM IMPLANTAÇÃO DE INSTALAÇÕES DE GÁS - FORNECIMENTO E INSTALAÇÃO. AF_01/2020","M","ATRIBUÍDO SÃO PAULO","41,63","CAIXA REFERENCIAL"]
["100799","TUBO, PEX, MULTICAMADA, COM TUBO LUVA, DN 16, INSTALADO EM IMPLANTAÇÃO DE INSTALAÇÕES DE GÁS - FORNECIMENTO E INSTALAÇÃO. AF_01/2020","M","ATRIBUÍDO SÃO PAULO","15,89","CAIXA REFERENCIAL"]
["100800","TUBO, PEX, MULTICAMADA, COM TUBO LUVA, DN 20, INSTALADO EM IMPLANTAÇÃO DE INSTALAÇÕES DE GÁS - FORNECIMENTO E INSTALAÇÃO. AF_01/2020","M","ATRIBUÍDO SÃO PAULO","23,40","CAIXA REFERENCIAL"]
["100801","TUBO, PEX, MULTICAMADA, COM TUBO LUVA, DN 26, INSTALADO EM IMPLANTAÇÃO DE INSTALAÇÕES DE GÁS - FORNECIMENTO E INSTALAÇÃO. AF_01/2020","M","ATRIBUÍDO SÃO PAULO","31,08","CAIXA REFERENCIAL"]
["100802","TUBO, PEX, MULTICAMADA, COM TUBO LUVA, DN 32, INSTALADO EM IMPLANTAÇÃO DE INSTALAÇÕES DE GÁS - FORNECIMENTO E INSTALAÇÃO. AF_01/2020","M","ATRIBUÍDO SÃO PAULO","41,97","CAIXA REFERENCIAL"]
["100803","TUBO, PEX, MULTICAMADA, DN 16, INSTALADO EM RAMAL INTERNO DE INSTALAÇÕES DE GÁS - FORNECIMENTO E INSTALAÇÃO. AF_01/2020","M","ATRIBUÍDO SÃO PAULO","14,85","CAIXA REFERENCIAL"]
["100804","TUBO, PEX, MULTICAMADA, DN 20, INSTALADO EM RAMAL INTERNO DE INSTALAÇÕES DE GÁS - FORNECIMENTO E INSTALAÇÃO. AF_01/2020","M","ATRIBUÍDO SÃO PAULO","22,24","CAIXA REFERENCIAL"]
["100805","TUBO, PEX, MULTICAMADA, DN 26, INSTALADO EM RAMAL INTERNO DE INSTALAÇÕES DE GÁS - FORNECIMENTO E INSTALAÇÃO. AF_01/2020","M","ATRIBUÍDO SÃO PAULO","29,76","CAIXA REFERENCIAL"]
["100806","TUBO, PEX, MULTICAMADA, DN 32, INSTALADO EM RAMAL INTERNO DE INSTALAÇÕES DE GÁS - FORNECIMENTO E INSTALAÇÃO. AF_01/2020","M","ATRIBUÍDO SÃO PAULO","40,42","CAIXA REFERENCIAL"]
["100807","TUBO, PEX, MULTICAMADA, COM TUBO LUVA, DN 16, INSTALADO EM RAMAL INTERNO DE INSTALAÇÕES DE GÁS - FORNECIMENTO E INSTALAÇÃO. AF_01/2020","M","ATRIBUÍDO SÃO PAULO","19,85","CAIXA REFERENCIAL"]
["100808","TUBO, PEX, MULTICAMADA, COM TUBO LUVA, DN 20, INSTALADO EM RAMAL INTERNO DE INSTALAÇÕES DE GÁS - FORNECIMENTO E INSTALAÇÃO. AF_01/2020","M","ATRIBUÍDO SÃO PAULO","28,11","CAIXA REFERENCIAL"]
["100809","TUBO, PEX, MULTICAMADA, COM TUBO LUVA, DN 26, INSTALADO EM RAMAL INTERNO DE INSTALAÇÕES DE GÁS - FORNECIMENTO E INSTALAÇÃO. AF_01/2020","M","ATRIBUÍDO SÃO PAULO","36,71","CAIXA REFERENCIAL"]
["100810","TUBO, PEX, MULTICAMADA, COM TUBO LUVA, DN 32, INSTALADO EM RAMAL INTERNO DE INSTALAÇÕES DE GÁS - FORNECIMENTO E INSTALAÇÃO. AF_01/2020","M","ATRIBUÍDO SÃO PAULO","48,88","CAIXA REFERENCIAL"]
["101918","TUBO DE AÇO GALVANIZADO COM COSTURA, CLASSE MÉDIA, DN 100 (4\"), CONEXÃO ROSQUEADA, INSTALADO EM PRUMADAS - FORNECIMENTO E INSTALAÇÃO. AF_10/2020","M","COEFICIENTE DE REPRESENTATIVIDADE","297,54","CAIXA REFERENCIAL"]
["101919","UNIÃO, EM FERRO GALVANIZADO, 4\", CONEXÃO ROSQUEADA, INSTALADO EM PRUMADAS - FORNECIMENTO E INSTALAÇÃO. AF_10/2020","UN","COEFICIENTE DE REPRESENTATIVIDADE","318,90","CAIXA REFERENCIAL"]
["101920","LUVA, EM FERRO GALVANIZADO, 4\", CONEXÃO ROSQUEADA, INSTALADO EM PRUMADAS - FORNECIMENTO E INSTALAÇÃO. AF_10/2020","UN","COEFICIENTE DE REPRESENTATIVIDADE","149,89","CAIXA REFERENCIAL"]
["101921","LUVA DE REDUÇÃO, EM FERRO GALVANIZADO, 4\" X 2 1/2\", CONEXÃO ROSQUEADA, INSTALADO EM PRUMADAS - FORNECIMENTO E INSTALAÇÃO. AF_10/2020","UN","COEFICIENTE DE REPRESENTATIVIDADE","171,65","CAIXA REFERENCIAL"]
["101922","LUVA DE REDUÇÃO, EM FERRO GALVANIZADO, 4\" X 2\", CONEXÃO ROSQUEADA, INSTALADO EM PRUMADAS - FORNECIMENTO E INSTALAÇÃO. AF_10/2020","UN","COEFICIENTE DE REPRESENTATIVIDADE","171,65","CAIXA REFERENCIAL"]
["101923","LUVA DE REDUÇÃO, EM FERRO GALVANIZADO, 4\" X 3\", CONEXÃO ROSQUEADA, INSTALADO EM PRUMADAS - FORNECIMENTO E INSTALAÇÃO. AF_10/2020","UN","COEFICIENTE DE REPRESENTATIVIDADE","171,65","CAIXA REFERENCIAL"]
["101924","NIPLE, EM FERRO GALVANIZADO, 4\", CONEXÃO ROSQUEADA, INSTALADO EM PRUMADAS - FORNECIMENTO E INSTALAÇÃO. AF_10/2020","UN","COEFICIENTE DE REPRESENTATIVIDADE","140,78","CAIXA REFERENCIAL"]
["101925","JOELHO 90°, EM FERRO GALVANIZADO, 4\", CONEXÃO ROSQUEADA, INSTALADO EM PRUMADAS - FORNECIMENTO E INSTALAÇÃO. AF_10/2020","UN","COEFICIENTE DE REPRESENTATIVIDADE","236,07","CAIXA REFERENCIAL"]
["101926","TÊ, EM FERRO GALVANIZADO, 4\", CONEXÃO ROSQUEADA, INSTALADO EM PRUMADAS - FORNECIMENTO E INSTALAÇÃO. AF_10/2020","UN","COEFICIENTE DE REPRESENTATIVIDADE","304,12","CAIXA REFERENCIAL"]
["101927","TUBO DE AÇO GALVANIZADO COM COSTURA, CLASSE MÉDIA, DN 100 (4\"), CONEXÃO ROSQUEADA, INSTALADO EM REDE DE ALIMENTAÇÃO PARA HIDRANTE - FORNECIMENTO E INSTALAÇÃO. AF_10/2020","M","COEFICIENTE DE REPRESENTATIVIDADE","287,28","CAIXA REFERENCIAL"]
["101928","UNIÃO, EM FERRO GALVANIZADO, 4\", CONEXÃO ROSQUEADA, INSTALADO EM REDE DE ALIMENTAÇÃO PARA HIDRANTE - FORNECIMENTO E INSTALAÇÃO. AF_10/2020","UN","COEFICIENTE DE REPRESENTATIVIDADE","322,83","CAIXA REFERENCIAL"]
["101929","LUVA, EM FERRO GALVANIZADO, 4\", CONEXÃO ROSQUEADA, INSTALADO EM REDE DE ALIMENTAÇÃO PARA HIDRANTE - FORNECIMENTO E INSTALAÇÃO. AF_10/2020","UN","COEFICIENTE DE REPRESENTATIVIDADE","153,82","CAIXA REFERENCIAL"]
["101930","LUVA DE REDUÇÃO, EM FERRO GALVANIZADO, 4\" X 2 1/2\", CONEXÃO ROSQUEADA, INSTALADO EM REDE DE ALIMENTAÇÃO PARA HIDRANTE - FORNECIMENTO E INSTALAÇÃO. AF_10/2020","UN","COEFICIENTE DE REPRESENTATIVIDADE","175,58","CAIXA REFERENCIAL"]
["101931","LUVA DE REDUÇÃO, EM FERRO GALVANIZADO, 4\" X 2\", CONEXÃO ROSQUEADA, INSTALADO EM REDE DE ALIMENTAÇÃO PARA HIDRANTE - FORNECIMENTO E INSTALAÇÃO. AF_10/2020","UN","COEFICIENTE DE REPRESENTATIVIDADE","175,58","CAIXA REFERENCIAL"]
["101932","LUVA DE REDUÇÃO, EM FERRO GALVANIZADO, 4\" X 3\", CONEXÃO ROSQUEADA, INSTALADO EM REDE DE ALIMENTAÇÃO PARA HIDRANTE - FORNECIMENTO E INSTALAÇÃO. AF_10/2020","UN","COEFICIENTE DE REPRESENTATIVIDADE","175,58","CAIXA REFERENCIAL"]
["101933","NIPLE, EM FERRO GALVANIZADO, 4\", CONEXÃO ROSQUEADA, INSTALADO EM REDE DE ALIMENTAÇÃO PARA HIDRANTE - FORNECIMENTO E INSTALAÇÃO. AF_10/2020","UN","COEFICIENTE DE REPRESENTATIVIDADE","144,71","CAIXA REFERENCIAL"]
["101934","JOELHO 90°, EM FERRO GALVANIZADO, 4\", CONEXÃO ROSQUEADA, INSTALADO EM REDE DE ALIMENTAÇÃO PARA HIDRANTE - FORNECIMENTO E INSTALAÇÃO. AF_10/2020","UN","COEFICIENTE DE REPRESENTATIVIDADE","241,98","CAIXA REFERENCIAL"]
["101935","TÊ, EM FERRO GALVANIZADO, 4\", CONEXÃO ROSQUEADA, INSTALADO EM REDE DE ALIMENTAÇÃO PARA HIDRANTE - FORNECIMENTO E INSTALAÇÃO. AF_10/2020","UN","COEFICIENTE DE REPRESENTATIVIDADE","311,98","CAIXA REFERENCIAL"]
["89358","JOELHO 90 GRAUS, PVC, SOLDÁVEL, DN 20MM, INSTALADO EM RAMAL OU SUB-RAMAL DE ÁGUA - FORNECIMENTO E INSTALAÇÃO. AF_12/2014","UN","COEFICIENTE DE REPRESENTATIVIDADE","6,07","CAIXA REFERENCIAL"]
["89359","JOELHO 45 GRAUS, PVC, SOLDÁVEL, DN 20MM, INSTALADO EM RAMAL OU SUB-RAMAL DE ÁGUA - FORNECIMENTO E INSTALAÇÃO. AF_12/2014","UN","COEFICIENTE DE REPRESENTATIVIDADE","6,63","CAIXA REFERENCIAL"]
["89360","CURVA 90 GRAUS, PVC, SOLDÁVEL, DN 20MM, INSTALADO EM RAMAL OU SUB-RAMAL DE ÁGUA - FORNECIMENTO E INSTALAÇÃO. AF_12/2014","UN","COEFICIENTE DE REPRESENTATIVIDADE","8,96","CAIXA REFERENCIAL"]
["89361","CURVA 45 GRAUS, PVC, SOLDÁVEL, DN 20MM, INSTALADO EM RAMAL OU SUB-RAMAL DE ÁGUA - FORNECIMENTO E INSTALAÇÃO. AF_12/2014","UN","COEFICIENTE DE REPRESENTATIVIDADE","8,05","CAIXA REFERENCIAL"]
["89362","JOELHO 90 GRAUS, PVC, SOLDÁVEL, DN 25MM, INSTALADO EM RAMAL OU SUB-RAMAL DE ÁGUA - FORNECIMENTO E INSTALAÇÃO. AF_12/2014","UN","COEFICIENTE DE REPRESENTATIVIDADE","7,30","CAIXA REFERENCIAL"]
["89363","JOELHO 45 GRAUS, PVC, SOLDÁVEL, DN 25MM, INSTALADO EM RAMAL OU SUB-RAMAL DE ÁGUA - FORNECIMENTO E INSTALAÇÃO. AF_12/2014","UN","COEFICIENTE DE REPRESENTATIVIDADE","8,50","CAIXA REFERENCIAL"]
["89364","CURVA 90 GRAUS, PVC, SOLDÁVEL, DN 25MM, INSTALADO EM RAMAL OU SUB-RAMAL DE ÁGUA - FORNECIMENTO E INSTALAÇÃO. AF_12/2014","UN","COEFICIENTE DE REPRESENTATIVIDADE","10,96","CAIXA REFERENCIAL"]
["89365","CURVA 45 GRAUS, PVC, SOLDÁVEL, DN 25MM, INSTALADO EM RAMAL OU SUB-RAMAL DE ÁGUA - FORNECIMENTO E INSTALAÇÃO. AF_12/2014","UN","COEFICIENTE DE REPRESENTATIVIDADE","9,86","CAIXA REFERENCIAL"]
["89366","JOELHO 90 GRAUS COM BUCHA DE LATÃO, PVC, SOLDÁVEL, DN 25MM, X 3/4\u0094 INSTALADO EM RAMAL OU SUB-RAMAL DE ÁGUA - FORNECIMENTO E INSTALAÇÃO. AF_12/2014","UN","COEFICIENTE DE REPRESENTATIVIDADE","17,48","CAIXA REFERENCIAL"]
["89367","JOELHO 90 GRAUS, PVC, SOLDÁVEL, DN 32MM, INSTALADO EM RAMAL OU SUB-RAMAL DE ÁGUA - FORNECIMENTO E INSTALAÇÃO. AF_12/2014","UN","COEFICIENTE DE REPRESENTATIVIDADE","10,92","CAIXA REFERENCIAL"]
["89368","JOELHO 45 GRAUS, PVC, SOLDÁVEL, DN 32MM, INSTALADO EM RAMAL OU SUB-RAMAL DE ÁGUA - FORNECIMENTO E INSTALAÇÃO. AF_12/2014","UN","COEFICIENTE DE REPRESENTATIVIDADE","14,27","CAIXA REFERENCIAL"]
["89369","CURVA 90 GRAUS, PVC, SOLDÁVEL, DN 32MM, INSTALADO EM RAMAL OU SUB-RAMAL DE ÁGUA - FORNECIMENTO E INSTALAÇÃO. AF_12/2014","UN","COEFICIENTE DE REPRESENTATIVIDADE","18,42","CAIXA REFERENCIAL"]
["89370","CURVA 45 GRAUS, PVC, SOLDÁVEL, DN 32MM, INSTALADO EM RAMAL OU SUB-RAMAL DE ÁGUA - FORNECIMENTO E INSTALAÇÃO. AF_12/2014","UN","COEFICIENTE DE REPRESENTATIVIDADE","13,57","CAIXA REFERENCIAL"]
["89371","LUVA, PVC, SOLDÁVEL, DN 20MM, INSTALADO EM RAMAL OU SUB-RAMAL DE ÁGUA - FORNECIMENTO E INSTALAÇÃO. AF_12/2014","UN","COEFICIENTE DE REPRESENTATIVIDADE","4,78","CAIXA REFERENCIAL"]
["89372","LUVA DE CORRER, PVC, SOLDÁVEL, DN 20MM, INSTALADO EM RAMAL OU SUB-RAMAL DE ÁGUA - FORNECIMENTO E INSTALAÇÃO. AF_12/2014","UN","COEFICIENTE DE REPRESENTATIVIDADE","15,83","CAIXA REFERENCIAL"]
["89373","LUVA DE REDUÇÃO, PVC, SOLDÁVEL, DN 25MM X 20MM, INSTALADO EM RAMAL OU SUB-RAMAL DE ÁGUA - FORNECIMENTO E INSTALAÇÃO. AF_12/2014","UN","COEFICIENTE DE REPRESENTATIVIDADE","5,79","CAIXA REFERENCIAL"]
["89374","LUVA COM BUCHA DE LATÃO, PVC, SOLDÁVEL, DN 20MM X 1/2\u0094, INSTALADO EM RAMAL OU SUB-RAMAL DE ÁGUA - FORNECIMENTO E INSTALAÇÃO. AF_12/2014","UN","COEFICIENTE DE REPRESENTATIVIDADE","11,78","CAIXA REFERENCIAL"]
["89375","UNIÃO, PVC, SOLDÁVEL, DN 20MM, INSTALADO EM RAMAL OU SUB-RAMAL DE ÁGUA - FORNECIMENTO E INSTALAÇÃO. AF_12/2014","UN","COEFICIENTE DE REPRESENTATIVIDADE","15,39","CAIXA REFERENCIAL"]
["89376","ADAPTADOR CURTO COM BOLSA E ROSCA PARA REGISTRO, PVC, SOLDÁVEL, DN 20MM X 1/2\u0094, INSTALADO EM RAMAL OU SUB-RAMAL DE ÁGUA - FORNECIMENTO E INSTALAÇÃO. AF_12/2014","UN","COEFICIENTE DE REPRESENTATIVIDADE","4,89","CAIXA REFERENCIAL"]
["89377","CURVA DE TRANSPOSIÇÃO, PVC, SOLDÁVEL, DN 20MM, INSTALADO EM RAMAL OU SUB-RAMAL DE ÁGUA - FORNECIMENTO E INSTALAÇÃO. AF_12/2014","UN","COEFICIENTE DE REPRESENTATIVIDADE","10,23","CAIXA REFERENCIAL"]
["89378","LUVA, PVC, SOLDÁVEL, DN 25MM, INSTALADO EM RAMAL OU SUB-RAMAL DE ÁGUA - FORNECIMENTO E INSTALAÇÃO. AF_12/2014","UN","COEFICIENTE DE REPRESENTATIVIDADE","5,70","CAIXA REFERENCIAL"]
["89379","LUVA DE CORRER, PVC, SOLDÁVEL, DN 25MM, INSTALADO EM RAMAL OU SUB-RAMAL DE ÁGUA - FORNECIMENTO E INSTALAÇÃO. AF_12/2014","UN","COEFICIENTE DE REPRESENTATIVIDADE","20,42","CAIXA REFERENCIAL"]
["89380","LUVA DE REDUÇÃO, PVC, SOLDÁVEL, DN 32MM X 25MM, INSTALADO EM RAMAL OU SUB-RAMAL DE ÁGUA - FORNECIMENTO E INSTALAÇÃO. AF_12/2014","UN","COEFICIENTE DE REPRESENTATIVIDADE","10,22","CAIXA REFERENCIAL"]
["89381","LUVA COM BUCHA DE LATÃO, PVC, SOLDÁVEL, DN 25MM X 3/4\u0094, INSTALADO EM RAMAL OU SUB-RAMAL DE ÁGUA - FORNECIMENTO E INSTALAÇÃO. AF_12/2014","UN","COEFICIENTE DE REPRESENTATIVIDADE","15,01","CAIXA REFERENCIAL"]
["89382","UNIÃO, PVC, SOLDÁVEL, DN 25MM, INSTALADO EM RAMAL OU SUB-RAMAL DE ÁGUA - FORNECIMENTO E INSTALAÇÃO. AF_12/2014","UN","COEFICIENTE DE REPRESENTATIVIDADE","18,38","CAIXA REFERENCIAL"]
["89383","ADAPTADOR CURTO COM BOLSA E ROSCA PARA REGISTRO, PVC, SOLDÁVEL, DN 25MM X 3/4\u0094, INSTALADO EM RAMAL OU SUB-RAMAL DE ÁGUA - FORNECIMENTO E INSTALAÇÃO. AF_12/2014","UN","COEFICIENTE DE REPRESENTATIVIDADE","5,84","CAIXA REFERENCIAL"]
["89384","CURVA DE TRANSPOSIÇÃO, PVC, SOLDÁVEL, DN 25MM, INSTALADO EM RAMAL OU SUB-RAMAL DE ÁGUA   FORNECIMENTO E INSTALAÇÃO. AF_12/2014","UN","COEFICIENTE DE REPRESENTATIVIDADE","15,25","CAIXA REFERENCIAL"]
["89385","LUVA SOLDÁVEL E COM ROSCA, PVC, SOLDÁVEL, DN 25MM X 3/4\u0094, INSTALADO EM RAMAL OU SUB-RAMAL DE ÁGUA - FORNECIMENTO E INSTALAÇÃO. AF_12/2014","UN","COEFICIENTE DE REPRESENTATIVIDADE","7,01","CAIXA REFERENCIAL"]
["89386","LUVA, PVC, SOLDÁVEL, DN 32MM, INSTALADO EM RAMAL OU SUB-RAMAL DE ÁGUA - FORNECIMENTO E INSTALAÇÃO. AF_12/2014","UN","COEFICIENTE DE REPRESENTATIVIDADE","8,48","CAIXA REFERENCIAL"]
["89387","LUVA DE CORRER, PVC, SOLDÁVEL, DN 32MM, INSTALADO EM RAMAL OU SUB-RAMAL DE ÁGUA   FORNECIMENTO E INSTALAÇÃO. AF_12/2014","UN","COEFICIENTE DE REPRESENTATIVIDADE","43,62","CAIXA REFERENCIAL"]
["89388","LUVA DE REDUÇÃO, PVC, SOLDÁVEL, DN 40MM X 32MM, INSTALADO EM RAMAL OU SUB-RAMAL DE ÁGUA - FORNECIMENTO E INSTALAÇÃO. AF_12/2014","UN","COEFICIENTE DE REPRESENTATIVIDADE","12,45","CAIXA REFERENCIAL"]
["89389","LUVA SOLDÁVEL E COM ROSCA, PVC, SOLDÁVEL, DN 32MM X 1\u0094, INSTALADO EM RAMAL OU SUB-RAMAL DE ÁGUA - FORNECIMENTO E INSTALAÇÃO. AF_12/2014","UN","COEFICIENTE DE REPRESENTATIVIDADE","13,81","CAIXA REFERENCIAL"]
["89390","UNIÃO, PVC, SOLDÁVEL, DN 32MM, INSTALADO EM RAMAL OU SUB-RAMAL DE ÁGUA - FORNECIMENTO E INSTALAÇÃO. AF_12/2014","UN","COEFICIENTE DE REPRESENTATIVIDADE","28,29","CAIXA REFERENCIAL"]
["89391","ADAPTADOR CURTO COM BOLSA E ROSCA PARA REGISTRO, PVC, SOLDÁVEL, DN 32MM X 1\u0094, INSTALADO EM RAMAL OU SUB-RAMAL DE ÁGUA - FORNECIMENTO E INSTALAÇÃO. AF_12/2014","UN","COEFICIENTE DE REPRESENTATIVIDADE","8,31","CAIXA REFERENCIAL"]
["89392","CURVA DE TRANSPOSIÇÃO, PVC, SOLDÁVEL, DN 32MM, INSTALADO EM RAMAL OU SUB-RAMAL DE ÁGUA   FORNECIMENTO E INSTALAÇÃO. AF_12/2014","UN","COEFICIENTE DE REPRESENTATIVIDADE","34,34","CAIXA REFERENCIAL"]
["89393","TE, PVC, SOLDÁVEL, DN 20MM, INSTALADO EM RAMAL OU SUB-RAMAL DE ÁGUA - FORNECIMENTO E INSTALAÇÃO. AF_12/2014","UN","COEFICIENTE DE REPRESENTATIVIDADE","8,62","CAIXA REFERENCIAL"]
["89394","TÊ COM BUCHA DE LATÃO NA BOLSA CENTRAL, PVC, SOLDÁVEL, DN 20MM X 1/2\u0094, INSTALADO EM RAMAL OU SUB-RAMAL DE ÁGUA - FORNECIMENTO E INSTALAÇÃO. AF_12/2014","UN","COEFICIENTE DE REPRESENTATIVIDADE","22,41","CAIXA REFERENCIAL"]
["89395","TE, PVC, SOLDÁVEL, DN 25MM, INSTALADO EM RAMAL OU SUB-RAMAL DE ÁGUA - FORNECIMENTO E INSTALAÇÃO. AF_12/2014","UN","COEFICIENTE DE REPRESENTATIVIDADE","10,38","CAIXA REFERENCIAL"]
["89396","TÊ COM BUCHA DE LATÃO NA BOLSA CENTRAL, PVC, SOLDÁVEL, DN 25MM X 1/2\u0094, INSTALADO EM RAMAL OU SUB-RAMAL DE ÁGUA - FORNECIMENTO E INSTALAÇÃO. AF_12/2014","UN","COEFICIENTE DE REPRESENTATIVIDADE","22,18","CAIXA REFERENCIAL"]
["89397","TÊ DE REDUÇÃO, PVC, SOLDÁVEL, DN 25MM X 20MM, INSTALADO EM RAMAL OU SUB-RAMAL DE ÁGUA - FORNECIMENTO E INSTALAÇÃO. AF_12/2014","UN","COEFICIENTE DE REPRESENTATIVIDADE","13,53","CAIXA REFERENCIAL"]
["89398","TE, PVC, SOLDÁVEL, DN 32MM, INSTALADO EM RAMAL OU SUB-RAMAL DE ÁGUA - FORNECIMENTO E INSTALAÇÃO. AF_12/2014","UN","COEFICIENTE DE REPRESENTATIVIDADE","16,76","CAIXA REFERENCIAL"]
["89399","TÊ COM BUCHA DE LATÃO NA BOLSA CENTRAL, PVC, SOLDÁVEL, DN 32MM X 3/4\u0094, INSTALADO EM RAMAL OU SUB-RAMAL DE ÁGUA - FORNECIMENTO E INSTALAÇÃO. AF_12/2014","UN","COEFICIENTE DE REPRESENTATIVIDADE","36,79","CAIXA REFERENCIAL"]
["89400","TÊ DE REDUÇÃO, PVC, SOLDÁVEL, DN 32MM X 25MM, INSTALADO EM RAMAL OU SUB-RAMAL DE ÁGUA - FORNECIMENTO E INSTALAÇÃO. AF_12/2014","UN","COEFICIENTE DE REPRESENTATIVIDADE","19,89","CAIXA REFERENCIAL"]
["89404","JOELHO 90 GRAUS, PVC, SOLDÁVEL, DN 20MM, INSTALADO EM RAMAL DE DISTRIBUIÇÃO DE ÁGUA - FORNECIMENTO E INSTALAÇÃO. AF_12/2014","UN","COEFICIENTE DE REPRESENTATIVIDADE","4,27","CAIXA REFERENCIAL"]
["89405","JOELHO 45 GRAUS, PVC, SOLDÁVEL, DN 20MM, INSTALADO EM RAMAL DE DISTRIBUIÇÃO DE ÁGUA - FORNECIMENTO E INSTALAÇÃO. AF_12/2014","UN","COEFICIENTE DE REPRESENTATIVIDADE","4,83","CAIXA REFERENCIAL"]
["89406","CURVA 90 GRAUS, PVC, SOLDÁVEL, DN 20MM, INSTALADO EM RAMAL DE DISTRIBUIÇÃO DE ÁGUA - FORNECIMENTO E INSTALAÇÃO. AF_12/2014","UN","COEFICIENTE DE REPRESENTATIVIDADE","7,16","CAIXA REFERENCIAL"]
["89407","CURVA 45 GRAUS, PVC, SOLDÁVEL, DN 20MM, INSTALADO EM RAMAL DE DISTRIBUIÇÃO DE ÁGUA - FORNECIMENTO E INSTALAÇÃO. AF_12/2014","UN","COEFICIENTE DE REPRESENTATIVIDADE","6,25","CAIXA REFERENCIAL"]
["89408","JOELHO 90 GRAUS, PVC, SOLDÁVEL, DN 25MM, INSTALADO EM RAMAL DE DISTRIBUIÇÃO DE ÁGUA - FORNECIMENTO E INSTALAÇÃO. AF_12/2014","UN","COEFICIENTE DE REPRESENTATIVIDADE","5,23","CAIXA REFERENCIAL"]
["89409","JOELHO 45 GRAUS, PVC, SOLDÁVEL, DN 25MM, INSTALADO EM RAMAL DE DISTRIBUIÇÃO DE ÁGUA - FORNECIMENTO E INSTALAÇÃO. AF_12/2014","UN","COEFICIENTE DE REPRESENTATIVIDADE","6,43","CAIXA REFERENCIAL"]
["89410","CURVA 90 GRAUS, PVC, SOLDÁVEL, DN 25MM, INSTALADO EM RAMAL DE DISTRIBUIÇÃO DE ÁGUA - FORNECIMENTO E INSTALAÇÃO. AF_12/2014","UN","COEFICIENTE DE REPRESENTATIVIDADE","8,89","CAIXA REFERENCIAL"]
["89411","CURVA 45 GRAUS, PVC, SOLDÁVEL, DN 25MM, INSTALADO EM RAMAL DE DISTRIBUIÇÃO DE ÁGUA - FORNECIMENTO E INSTALAÇÃO. AF_12/2014","UN","COEFICIENTE DE REPRESENTATIVIDADE","7,79","CAIXA REFERENCIAL"]
["89412","JOELHO 90 GRAUS, PVC, SOLDÁVEL, DN 25MM, X 3/4\u0094 INSTALADO EM RAMAL DE DISTRIBUIÇÃO DE ÁGUA - FORNECIMENTO E INSTALAÇÃO. AF_12/2014","UN","COEFICIENTE DE REPRESENTATIVIDADE","9,30","CAIXA REFERENCIAL"]
["89413","JOELHO 90 GRAUS, PVC, SOLDÁVEL, DN 32MM, INSTALADO EM RAMAL DE DISTRIBUIÇÃO DE ÁGUA - FORNECIMENTO E INSTALAÇÃO. AF_12/2014","UN","COEFICIENTE DE REPRESENTATIVIDADE","8,43","CAIXA REFERENCIAL"]
["89414","JOELHO 45 GRAUS, PVC, SOLDÁVEL, DN 32MM, INSTALADO EM RAMAL DE DISTRIBUIÇÃO DE ÁGUA - FORNECIMENTO E INSTALAÇÃO. AF_12/2014","UN","COEFICIENTE DE REPRESENTATIVIDADE","11,78","CAIXA REFERENCIAL"]
["89415","CURVA 90 GRAUS, PVC, SOLDÁVEL, DN 32MM, INSTALADO EM RAMAL DE DISTRIBUIÇÃO DE ÁGUA - FORNECIMENTO E INSTALAÇÃO. AF_12/2014","UN","COEFICIENTE DE REPRESENTATIVIDADE","15,93","CAIXA REFERENCIAL"]
["89416","CURVA 45 GRAUS, PVC, SOLDÁVEL, DN 32MM, INSTALADO EM RAMAL DE DISTRIBUIÇÃO DE ÁGUA - FORNECIMENTO E INSTALAÇÃO. AF_12/2014","UN","COEFICIENTE DE REPRESENTATIVIDADE","11,08","CAIXA REFERENCIAL"]
["89417","LUVA, PVC, SOLDÁVEL, DN 20MM, INSTALADO EM RAMAL DE DISTRIBUIÇÃO DE ÁGUA - FORNECIMENTO E INSTALAÇÃO. AF_12/2014","UN","COEFICIENTE DE REPRESENTATIVIDADE","3,59","CAIXA REFERENCIAL"]
["89418","LUVA DE CORRER, PVC, SOLDÁVEL, DN 20MM, INSTALADO EM RAMAL DE DISTRIBUIÇÃO DE ÁGUA - FORNECIMENTO E INSTALAÇÃO. AF_12/2014","UN","COEFICIENTE DE REPRESENTATIVIDADE","14,64","CAIXA REFERENCIAL"]
["89419","LUVA DE REDUÇÃO, PVC, SOLDÁVEL, DN 25MM X 20MM, INSTALADO EM RAMAL DE DISTRIBUIÇÃO DE ÁGUA - FORNECIMENTO E INSTALAÇÃO. AF_12/2014","UN","COEFICIENTE DE REPRESENTATIVIDADE","4,60","CAIXA REFERENCIAL"]
["89420","LUVA COM BUCHA DE LATÃO, PVC, SOLDÁVEL, DN 20MM X 1/2\u0094, INSTALADO EM RAMAL DE DISTRIBUIÇÃO DE ÁGUA - FORNECIMENTO E INSTALAÇÃO. AF_12/2014","UN","COEFICIENTE DE REPRESENTATIVIDADE","10,59","CAIXA REFERENCIAL"]
["89421","UNIÃO, PVC, SOLDÁVEL, DN 20MM, INSTALADO EM RAMAL DE DISTRIBUIÇÃO DE ÁGUA - FORNECIMENTO E INSTALAÇÃO. AF_12/2014","UN","COEFICIENTE DE REPRESENTATIVIDADE","14,20","CAIXA REFERENCIAL"]
["89422","ADAPTADOR CURTO COM BOLSA E ROSCA PARA REGISTRO, PVC, SOLDÁVEL, DN 20MM X 1/2\u0094, INSTALADO EM RAMAL DE DISTRIBUIÇÃO DE ÁGUA - FORNECIMENTO E INSTALAÇÃO. AF_12/2014","UN","COEFICIENTE DE REPRESENTATIVIDADE","3,70","CAIXA REFERENCIAL"]
["89423","CURVA DE TRANSPOSIÇÃO, PVC, SOLDÁVEL, DN 20MM, INSTALADO EM RAMAL DE DISTRIBUIÇÃO DE ÁGUA   FORNECIMENTO E INSTALAÇÃO. AF_12/2014","UN","COEFICIENTE DE REPRESENTATIVIDADE","9,50","CAIXA REFERENCIAL"]
["89424","LUVA, PVC, SOLDÁVEL, DN 25MM, INSTALADO EM RAMAL DE DISTRIBUIÇÃO DE ÁGUA - FORNECIMENTO E INSTALAÇÃO. AF_12/2014","UN","COEFICIENTE DE REPRESENTATIVIDADE","4,30","CAIXA REFERENCIAL"]
["89425","LUVA DE CORRER, PVC, SOLDÁVEL, DN 25MM, INSTALADO EM RAMAL DE DISTRIBUIÇÃO DE ÁGUA - FORNECIMENTO E INSTALAÇÃO. AF_12/2014","UN","COEFICIENTE DE REPRESENTATIVIDADE","19,02","CAIXA REFERENCIAL"]
["89426","LUVA DE REDUÇÃO, PVC, SOLDÁVEL, DN 32MM X 25MM, INSTALADO EM RAMAL DE DISTRIBUIÇÃO DE ÁGUA - FORNECIMENTO E INSTALAÇÃO. AF_12/2014","UN","COEFICIENTE DE REPRESENTATIVIDADE","8,82","CAIXA REFERENCIAL"]
["89427","LUVA COM BUCHA DE LATÃO, PVC, SOLDÁVEL, DN 25MM X 3/4\u0094, INSTALADO EM RAMAL DE DISTRIBUIÇÃO DE ÁGUA - FORNECIMENTO E INSTALAÇÃO. AF_12/2014","UN","COEFICIENTE DE REPRESENTATIVIDADE","13,61","CAIXA REFERENCIAL"]
["89428","UNIÃO, PVC, SOLDÁVEL, DN 25MM, INSTALADO EM RAMAL DE DISTRIBUIÇÃO DE ÁGUA - FORNECIMENTO E INSTALAÇÃO. AF_12/2014","UN","COEFICIENTE DE REPRESENTATIVIDADE","16,98","CAIXA REFERENCIAL"]
["89429","ADAPTADOR CURTO COM BOLSA E ROSCA PARA REGISTRO, PVC, SOLDÁVEL, DN 25MM X 3/4\u0094, INSTALADO EM RAMAL DE DISTRIBUIÇÃO DE ÁGUA - FORNECIMENTO E INSTALAÇÃO. AF_12/2014","UN","COEFICIENTE DE REPRESENTATIVIDADE","4,44","CAIXA REFERENCIAL"]
["89430","CURVA DE TRANSPOSIÇÃO, PVC, SOLDÁVEL, DN 25MM, INSTALADO EM RAMAL DE DISTRIBUIÇÃO DE ÁGUA   FORNECIMENTO E INSTALAÇÃO. AF_12/2014","UN","COEFICIENTE DE REPRESENTATIVIDADE","13,85","CAIXA REFERENCIAL"]
["89431","LUVA, PVC, SOLDÁVEL, DN 32MM, INSTALADO EM RAMAL DE DISTRIBUIÇÃO DE ÁGUA - FORNECIMENTO E INSTALAÇÃO. AF_12/2014","UN","COEFICIENTE DE REPRESENTATIVIDADE","6,81","CAIXA REFERENCIAL"]
["89432","LUVA DE CORRER, PVC, SOLDÁVEL, DN 32MM, INSTALADO EM RAMAL DE DISTRIBUIÇÃO DE ÁGUA   FORNECIMENTO E INSTALAÇÃO. AF_12/2014","UN","COEFICIENTE DE REPRESENTATIVIDADE","41,95","CAIXA REFERENCIAL"]
["89433","LUVA DE REDUÇÃO, PVC, SOLDÁVEL, DN 40MM X 32MM, INSTALADO EM RAMAL DE DISTRIBUIÇÃO DE ÁGUA - FORNECIMENTO E INSTALAÇÃO. AF_12/2014","UN","COEFICIENTE DE REPRESENTATIVIDADE","10,78","CAIXA REFERENCIAL"]
["89434","LUVA SOLDÁVEL E COM ROSCA, PVC, SOLDÁVEL, DN 32MM X 1\u0094, INSTALADO EM RAMAL DE DISTRIBUIÇÃO DE ÁGUA - FORNECIMENTO E INSTALAÇÃO. AF_12/2014","UN","COEFICIENTE DE REPRESENTATIVIDADE","12,14","CAIXA REFERENCIAL"]
["89435","UNIÃO, PVC, SOLDÁVEL, DN 32MM, INSTALADO EM RAMAL DE DISTRIBUIÇÃO DE ÁGUA - FORNECIMENTO E INSTALAÇÃO. AF_12/2014","UN","COEFICIENTE DE REPRESENTATIVIDADE","26,62","CAIXA REFERENCIAL"]
["89436","ADAPTADOR CURTO COM BOLSA E ROSCA PARA REGISTRO, PVC, SOLDÁVEL, DN 32MM X 1\u0094, INSTALADO EM RAMAL DE DISTRIBUIÇÃO DE ÁGUA - FORNECIMENTO E INSTALAÇÃO. AF_12/2014","UN","COEFICIENTE DE REPRESENTATIVIDADE","6,64","CAIXA REFERENCIAL"]
["89437","CURVA DE TRANSPOSIÇÃO, PVC, SOLDÁVEL, DN 32MM, INSTALADO EM RAMAL DE DISTRIBUIÇÃO DE ÁGUA   FORNECIMENTO E INSTALAÇÃO. AF_12/2014","UN","COEFICIENTE DE REPRESENTATIVIDADE","32,67","CAIXA REFERENCIAL"]
["89438","TE, PVC, SOLDÁVEL, DN 20MM, INSTALADO EM RAMAL DE DISTRIBUIÇÃO DE ÁGUA - FORNECIMENTO E INSTALAÇÃO. AF_12/2014","UN","COEFICIENTE DE REPRESENTATIVIDADE","6,22","CAIXA REFERENCIAL"]
["89439","TÊ SOLDÁVEL E COM ROSCA NA BOLSA CENTRAL, PVC, SOLDÁVEL, DN 20MM X 1/2\u0094, INSTALADO EM RAMAL DE DISTRIBUIÇÃO DE ÁGUA - FORNECIMENTO E INSTALAÇÃO. AF_12/2014","UN","COEFICIENTE DE REPRESENTATIVIDADE","9,38","CAIXA REFERENCIAL"]
["89440","TE, PVC, SOLDÁVEL, DN 25MM, INSTALADO EM RAMAL DE DISTRIBUIÇÃO DE ÁGUA - FORNECIMENTO E INSTALAÇÃO. AF_12/2014","UN","COEFICIENTE DE REPRESENTATIVIDADE","7,61","CAIXA REFERENCIAL"]
["89441","TÊ COM BUCHA DE LATÃO NA BOLSA CENTRAL, PVC, SOLDÁVEL, DN 25MM X 1/2\u0094, INSTALADO EM RAMAL DE DISTRIBUIÇÃO DE ÁGUA - FORNECIMENTO E INSTALAÇÃO. AF_12/2014","UN","COEFICIENTE DE REPRESENTATIVIDADE","19,41","CAIXA REFERENCIAL"]
["89442","TÊ DE REDUÇÃO, PVC, SOLDÁVEL, DN 25MM X 20MM, INSTALADO EM RAMAL DE DISTRIBUIÇÃO DE ÁGUA - FORNECIMENTO E INSTALAÇÃO. AF_12/2014","UN","COEFICIENTE DE REPRESENTATIVIDADE","10,76","CAIXA REFERENCIAL"]
["89443","TE, PVC, SOLDÁVEL, DN 32MM, INSTALADO EM RAMAL DE DISTRIBUIÇÃO DE ÁGUA - FORNECIMENTO E INSTALAÇÃO. AF_12/2014","UN","COEFICIENTE DE REPRESENTATIVIDADE","13,46","CAIXA REFERENCIAL"]
["89444","TÊ COM BUCHA DE LATÃO NA BOLSA CENTRAL, PVC, SOLDÁVEL, DN 32MM X 3/4\u0094, INSTALADO EM RAMAL DE DISTRIBUIÇÃO DE ÁGUA - FORNECIMENTO E INSTALAÇÃO. AF_12/2014","UN","COEFICIENTE DE REPRESENTATIVIDADE","33,49","CAIXA REFERENCIAL"]
["89445","TÊ DE REDUÇÃO, PVC, SOLDÁVEL, DN 32MM X 25MM, INSTALADO EM RAMAL DE DISTRIBUIÇÃO DE ÁGUA - FORNECIMENTO E INSTALAÇÃO. AF_12/2014","UN","COEFICIENTE DE REPRESENTATIVIDADE","16,59","CAIXA REFERENCIAL"]
["89481","JOELHO 90 GRAUS, PVC, SOLDÁVEL, DN 25MM, INSTALADO EM PRUMADA DE ÁGUA - FORNECIMENTO E INSTALAÇÃO. AF_12/2014","UN","COEFICIENTE DE REPRESENTATIVIDADE","4,18","CAIXA REFERENCIAL"]
["89485","JOELHO 45 GRAUS, PVC, SOLDÁVEL, DN 25MM, INSTALADO EM PRUMADA DE ÁGUA - FORNECIMENTO E INSTALAÇÃO. AF_12/2014","UN","COEFICIENTE DE REPRESENTATIVIDADE","5,38","CAIXA REFERENCIAL"]
["89489","CURVA 90 GRAUS, PVC, SOLDÁVEL, DN 25MM, INSTALADO EM PRUMADA DE ÁGUA - FORNECIMENTO E INSTALAÇÃO. AF_12/2014","UN","COEFICIENTE DE REPRESENTATIVIDADE","7,84","CAIXA REFERENCIAL"]
["89490","CURVA 45 GRAUS, PVC, SOLDÁVEL, DN 25MM, INSTALADO EM PRUMADA DE ÁGUA - FORNECIMENTO E INSTALAÇÃO. AF_12/2014","UN","COEFICIENTE DE REPRESENTATIVIDADE","6,74","CAIXA REFERENCIAL"]
["89492","JOELHO 90 GRAUS, PVC, SOLDÁVEL, DN 32MM, INSTALADO EM PRUMADA DE ÁGUA - FORNECIMENTO E INSTALAÇÃO. AF_12/2014","UN","COEFICIENTE DE REPRESENTATIVIDADE","7,23","CAIXA REFERENCIAL"]
["89493","JOELHO 45 GRAUS, PVC, SOLDÁVEL, DN 32MM, INSTALADO EM PRUMADA DE ÁGUA - FORNECIMENTO E INSTALAÇÃO. AF_12/2014","UN","COEFICIENTE DE REPRESENTATIVIDADE","10,58","CAIXA REFERENCIAL"]
["89494","CURVA 90 GRAUS, PVC, SOLDÁVEL, DN 32MM, INSTALADO EM PRUMADA DE ÁGUA - FORNECIMENTO E INSTALAÇÃO. AF_12/2014","UN","COEFICIENTE DE REPRESENTATIVIDADE","14,73","CAIXA REFERENCIAL"]
["89496","CURVA 45 GRAUS, PVC, SOLDÁVEL, DN 32MM, INSTALADO EM PRUMADA DE ÁGUA - FORNECIMENTO E INSTALAÇÃO. AF_12/2014","UN","COEFICIENTE DE REPRESENTATIVIDADE","9,88","CAIXA REFERENCIAL"]
["89497","JOELHO 90 GRAUS, PVC, SOLDÁVEL, DN 40MM, INSTALADO EM PRUMADA DE ÁGUA - FORNECIMENTO E INSTALAÇÃO. AF_12/2014","UN","COEFICIENTE DE REPRESENTATIVIDADE","12,86","CAIXA REFERENCIAL"]
["89498","JOELHO 45 GRAUS, PVC, SOLDÁVEL, DN 40MM, INSTALADO EM PRUMADA DE ÁGUA - FORNECIMENTO E INSTALAÇÃO. AF_12/2014","UN","COEFICIENTE DE REPRESENTATIVIDADE","14,39","CAIXA REFERENCIAL"]
["89499","CURVA 90 GRAUS, PVC, SOLDÁVEL, DN 40MM, INSTALADO EM PRUMADA DE ÁGUA - FORNECIMENTO E INSTALAÇÃO. AF_12/2014","UN","COEFICIENTE DE REPRESENTATIVIDADE","24,14","CAIXA REFERENCIAL"]
["89500","CURVA 45 GRAUS, PVC, SOLDÁVEL, DN 40MM, INSTALADO EM PRUMADA DE ÁGUA - FORNECIMENTO E INSTALAÇÃO. AF_12/2014","UN","COEFICIENTE DE REPRESENTATIVIDADE","14,69","CAIXA REFERENCIAL"]
["89501","JOELHO 90 GRAUS, PVC, SOLDÁVEL, DN 50MM, INSTALADO EM PRUMADA DE ÁGUA - FORNECIMENTO E INSTALAÇÃO. AF_12/2014","UN","COEFICIENTE DE REPRESENTATIVIDADE","15,14","CAIXA REFERENCIAL"]
["89502","JOELHO 45 GRAUS, PVC, SOLDÁVEL, DN 50MM, INSTALADO EM PRUMADA DE ÁGUA - FORNECIMENTO E INSTALAÇÃO. AF_12/2014","UN","COEFICIENTE DE REPRESENTATIVIDADE","17,90","CAIXA REFERENCIAL"]
["89503","CURVA 90 GRAUS, PVC, SOLDÁVEL, DN 50MM, INSTALADO EM PRUMADA DE ÁGUA - FORNECIMENTO E INSTALAÇÃO. AF_12/2014","UN","COEFICIENTE DE REPRESENTATIVIDADE","29,99","CAIXA REFERENCIAL"]
["89504","CURVA 45 GRAUS, PVC, SOLDÁVEL, DN 50MM, INSTALADO EM PRUMADA DE ÁGUA - FORNECIMENTO E INSTALAÇÃO. AF_12/2014","UN","COEFICIENTE DE REPRESENTATIVIDADE","25,61","CAIXA REFERENCIAL"]
["89505","JOELHO 90 GRAUS, PVC, SOLDÁVEL, DN 60MM, INSTALADO EM PRUMADA DE ÁGUA - FORNECIMENTO E INSTALAÇÃO. AF_12/2014","UN","COEFICIENTE DE REPRESENTATIVIDADE","46,02","CAIXA REFERENCIAL"]
["89506","JOELHO 45 GRAUS, PVC, SOLDÁVEL, DN 60MM, INSTALADO EM PRUMADA DE ÁGUA - FORNECIMENTO E INSTALAÇÃO. AF_12/2014","UN","COEFICIENTE DE REPRESENTATIVIDADE","52,62","CAIXA REFERENCIAL"]
["89507","CURVA 90 GRAUS, PVC, SOLDÁVEL, DN 60MM, INSTALADO EM PRUMADA DE ÁGUA - FORNECIMENTO E INSTALAÇÃO. AF_12/2014","UN","COEFICIENTE DE REPRESENTATIVIDADE","66,38","CAIXA REFERENCIAL"]
["89510","CURVA 45 GRAUS, PVC, SOLDÁVEL, DN 60MM, INSTALADO EM PRUMADA DE ÁGUA - FORNECIMENTO E INSTALAÇÃO. AF_12/2014","UN","COEFICIENTE DE REPRESENTATIVIDADE","41,14","CAIXA REFERENCIAL"]
["89513","JOELHO 90 GRAUS, PVC, SOLDÁVEL, DN 75MM, INSTALADO EM PRUMADA DE ÁGUA - FORNECIMENTO E INSTALAÇÃO. AF_12/2014","UN","COEFICIENTE DE REPRESENTATIVIDADE","154,34","CAIXA REFERENCIAL"]
["89514","JOELHO 90 GRAUS, PVC, SERIE R, ÁGUA PLUVIAL, DN 40 MM, JUNTA SOLDÁVEL, FORNECIDO E INSTALADO EM RAMAL DE ENCAMINHAMENTO. AF_12/2014","UN","COEFICIENTE DE REPRESENTATIVIDADE","11,25","CAIXA REFERENCIAL"]
["89515","JOELHO 45 GRAUS, PVC, SOLDÁVEL, DN 75MM, INSTALADO EM PRUMADA DE ÁGUA - FORNECIMENTO E INSTALAÇÃO. AF_12/2014","UN","COEFICIENTE DE REPRESENTATIVIDADE","114,12","CAIXA REFERENCIAL"]
["89516","JOELHO 45 GRAUS, PVC, SERIE R, ÁGUA PLUVIAL, DN 40 MM, JUNTA SOLDÁVEL, FORNECIDO E INSTALADO EM RAMAL DE ENCAMINHAMENTO. AF_12/2014","UN","COEFICIENTE DE REPRESENTATIVIDADE","9,50","CAIXA REFERENCIAL"]
["89517","CURVA 90 GRAUS, PVC, SOLDÁVEL, DN 75MM, INSTALADO EM PRUMADA DE ÁGUA - FORNECIMENTO E INSTALAÇÃO. AF_12/2014","UN","COEFICIENTE DE REPRESENTATIVIDADE","94,56","CAIXA REFERENCIAL"]
["89518","JOELHO 90 GRAUS, PVC, SERIE R, ÁGUA PLUVIAL, DN 50 MM, JUNTA ELÁSTICA, FORNECIDO E INSTALADO EM RAMAL DE ENCAMINHAMENTO. AF_12/2014","UN","COEFICIENTE DE REPRESENTATIVIDADE","16,16","CAIXA REFERENCIAL"]
["89519","CURVA 45 GRAUS, PVC, SOLDÁVEL, DN 75MM, INSTALADO EM PRUMADA DE ÁGUA - FORNECIMENTO E INSTALAÇÃO. AF_12/2014","UN","COEFICIENTE DE REPRESENTATIVIDADE","60,80","CAIXA REFERENCIAL"]
["89520","JOELHO 45 GRAUS, PVC, SERIE R, ÁGUA PLUVIAL, DN 50 MM, JUNTA ELÁSTICA, FORNECIDO E INSTALADO EM RAMAL DE ENCAMINHAMENTO. AF_12/2014","UN","COEFICIENTE DE REPRESENTATIVIDADE","13,85","CAIXA REFERENCIAL"]
["89521","JOELHO 90 GRAUS, PVC, SOLDÁVEL, DN 85MM, INSTALADO EM PRUMADA DE ÁGUA - FORNECIMENTO E INSTALAÇÃO. AF_12/2014","UN","COEFICIENTE DE REPRESENTATIVIDADE","182,24","CAIXA REFERENCIAL"]
["89522","JOELHO 90 GRAUS, PVC, SERIE R, ÁGUA PLUVIAL, DN 75 MM, JUNTA ELÁSTICA, FORNECIDO E INSTALADO EM RAMAL DE ENCAMINHAMENTO. AF_12/2014","UN","COEFICIENTE DE REPRESENTATIVIDADE","33,71","CAIXA REFERENCIAL"]
["89523","JOELHO 45 GRAUS, PVC, SOLDÁVEL, DN 85MM, INSTALADO EM PRUMADA DE ÁGUA - FORNECIMENTO E INSTALAÇÃO. AF_12/2014","UN","COEFICIENTE DE REPRESENTATIVIDADE","134,88","CAIXA REFERENCIAL"]
["89524","JOELHO 45 GRAUS, PVC, SERIE R, ÁGUA PLUVIAL, DN 75 MM, JUNTA ELÁSTICA, FORNECIDO E INSTALADO EM RAMAL DE ENCAMINHAMENTO. AF_12/2014","UN","COEFICIENTE DE REPRESENTATIVIDADE","29,30","CAIXA REFERENCIAL"]
["89525","CURVA 90 GRAUS, PVC, SOLDÁVEL, DN 85MM, INSTALADO EM PRUMADA DE ÁGUA - FORNECIMENTO E INSTALAÇÃO. AF_12/2014","UN","COEFICIENTE DE REPRESENTATIVIDADE","132,48","CAIXA REFERENCIAL"]
["89526","CURVA 87 GRAUS E 30 MINUTOS, PVC, SERIE R, ÁGUA PLUVIAL, DN 75 MM, JUNTA ELÁSTICA, FORNECIDO E INSTALADO EM RAMAL DE ENCAMINHAMENTO. AF_12/2014","UN","COEFICIENTE DE REPRESENTATIVIDADE","45,38","CAIXA REFERENCIAL"]
["89527","CURVA 45 GRAUS, PVC, SOLDÁVEL, DN 85MM, INSTALADO EM PRUMADA DE ÁGUA - FORNECIMENTO E INSTALAÇÃO. AF_12/2014","UN","COEFICIENTE DE REPRESENTATIVIDADE","99,26","CAIXA REFERENCIAL"]
["89528","LUVA, PVC, SOLDÁVEL, DN 25MM, INSTALADO EM PRUMADA DE ÁGUA - FORNECIMENTO E INSTALAÇÃO. AF_12/2014","UN","COEFICIENTE DE REPRESENTATIVIDADE","3,59","CAIXA REFERENCIAL"]
["89529","JOELHO 90 GRAUS, PVC, SERIE R, ÁGUA PLUVIAL, DN 100 MM, JUNTA ELÁSTICA, FORNECIDO E INSTALADO EM RAMAL DE ENCAMINHAMENTO. AF_12/2014","UN","COEFICIENTE DE REPRESENTATIVIDADE","50,76","CAIXA REFERENCIAL"]
["89530","LUVA DE CORRER, PVC, SOLDÁVEL, DN 25MM, INSTALADO EM PRUMADA DE ÁGUA - FORNECIMENTO E INSTALAÇÃO. AF_12/2014","UN","COEFICIENTE DE REPRESENTATIVIDADE","18,31","CAIXA REFERENCIAL"]
["89531","JOELHO 45 GRAUS, PVC, SERIE R, ÁGUA PLUVIAL, DN 100 MM, JUNTA ELÁSTICA, FORNECIDO E INSTALADO EM RAMAL DE ENCAMINHAMENTO. AF_12/2014","UN","COEFICIENTE DE REPRESENTATIVIDADE","40,02","CAIXA REFERENCIAL"]
["89532","LUVA DE REDUÇÃO, PVC, SOLDÁVEL, DN 32MM X 25MM, INSTALADO EM PRUMADA DE ÁGUA - FORNECIMENTO E INSTALAÇÃO. AF_12/2014","UN","COEFICIENTE DE REPRESENTATIVIDADE","8,11","CAIXA REFERENCIAL"]
["89533","JOELHO 45 GRAUS PARA PÉ DE COLUNA, PVC, SERIE R, ÁGUA PLUVIAL, DN 100 MM, JUNTA ELÁSTICA, FORNECIDO E INSTALADO EM RAMAL DE ENCAMINHAMENTO. AF_12/2014","UN","COEFICIENTE DE REPRESENTATIVIDADE","40,02","CAIXA REFERENCIAL"]
["89534","LUVA SOLDÁVEL E COM ROSCA, PVC, SOLDÁVEL, DN 25MM X 3/4\u0094, INSTALADO EM PRUMADA DE ÁGUA - FORNECIMENTO E INSTALAÇÃO. AF_12/2014","UN","COEFICIENTE DE REPRESENTATIVIDADE","4,90","CAIXA REFERENCIAL"]
["89535","CURVA 87 GRAUS E 30 MINUTOS, PVC, SERIE R, ÁGUA PLUVIAL, DN 100 MM, JUNTA ELÁSTICA, FORNECIDO E INSTALADO EM RAMAL DE ENCAMINHAMENTO. AF_12/2014","UN","COEFICIENTE DE REPRESENTATIVIDADE","67,59","CAIXA REFERENCIAL"]
["89536","UNIÃO, PVC, SOLDÁVEL, DN 25MM, INSTALADO EM PRUMADA DE ÁGUA - FORNECIMENTO E INSTALAÇÃO. AF_12/2014","UN","COEFICIENTE DE REPRESENTATIVIDADE","16,27","CAIXA REFERENCIAL"]
["89538","ADAPTADOR CURTO COM BOLSA E ROSCA PARA REGISTRO, PVC, SOLDÁVEL, DN 25MM X 3/4\u0094, INSTALADO EM PRUMADA DE ÁGUA - FORNECIMENTO E INSTALAÇÃO. AF_12/2014","UN","COEFICIENTE DE REPRESENTATIVIDADE","3,73","CAIXA REFERENCIAL"]
["89539","CURVAR 45 GRAUS, PVC, SERIE R, ÁGUA PLUVIAL, DN 100 MM, JUNTA ELÁSTICA, FORNECIDO E INSTALADO EM RAMAL DE ENCAMINHAMENTO. AF_12/2014","UN","COEFICIENTE DE REPRESENTATIVIDADE","43,01","CAIXA REFERENCIAL"]
["89540","CURVA DE TRANSPOSIÇÃO, PVC, SOLDÁVEL, DN 25MM, INSTALADO EM PRUMADA DE ÁGUA  - FORNECIMENTO E INSTALAÇÃO. AF_12/2014","UN","COEFICIENTE DE REPRESENTATIVIDADE","13,14","CAIXA REFERENCIAL"]
["89541","LUVA, PVC, SOLDÁVEL, DN 32MM, INSTALADO EM PRUMADA DE ÁGUA - FORNECIMENTO E INSTALAÇÃO. AF_12/2014","UN","COEFICIENTE DE REPRESENTATIVIDADE","6,03","CAIXA REFERENCIAL"]
["89542","LUVA DE CORRER, PVC, SOLDÁVEL, DN 32MM, INSTALADO EM PRUMADA DE ÁGUA - FORNECIMENTO E INSTALAÇÃO. AF_12/2014","UN","COEFICIENTE DE REPRESENTATIVIDADE","41,17","CAIXA REFERENCIAL"]
["89544","LUVA SIMPLES, PVC, SERIE R, ÁGUA PLUVIAL, DN 40 MM, JUNTA SOLDÁVEL, FORNECIDO E INSTALADO EM RAMAL DE ENCAMINHAMENTO. AF_12/2014","UN","COEFICIENTE DE REPRESENTATIVIDADE","10,06","CAIXA REFERENCIAL"]
["89545","LUVA SIMPLES, PVC, SERIE R, ÁGUA PLUVIAL, DN 50 MM, JUNTA ELÁSTICA, FORNECIDO E INSTALADO EM RAMAL DE ENCAMINHAMENTO. AF_12/2014","UN","COEFICIENTE DE REPRESENTATIVIDADE","14,99","CAIXA REFERENCIAL"]
["89546","BUCHA DE REDUÇÃO LONGA, PVC, SERIE R, ÁGUA PLUVIAL, DN 50 X 40 MM, JUNTA ELÁSTICA, FORNECIDO E INSTALADO EM RAMAL DE ENCAMINHAMENTO. AF_12/2014","UN","COEFICIENTE DE REPRESENTATIVIDADE","12,66","CAIXA REFERENCIAL"]
["89547","LUVA SIMPLES, PVC, SERIE R, ÁGUA PLUVIAL, DN 75 MM, JUNTA ELÁSTICA, FORNECIDO E INSTALADO EM RAMAL DE ENCAMINHAMENTO. AF_12/2014","UN","COEFICIENTE DE REPRESENTATIVIDADE","22,17","CAIXA REFERENCIAL"]
["89548","LUVA DE CORRER, PVC, SERIE R, ÁGUA PLUVIAL, DN 75 MM, JUNTA ELÁSTICA, FORNECIDO E INSTALADO EM RAMAL DE ENCAMINHAMENTO. AF_12/2014","UN","COEFICIENTE DE REPRESENTATIVIDADE","24,36","CAIXA REFERENCIAL"]
["89549","REDUÇÃO EXCÊNTRICA, PVC, SERIE R, ÁGUA PLUVIAL, DN 75 X 50 MM, JUNTA ELÁSTICA, FORNECIDO E INSTALADO EM RAMAL DE ENCAMINHAMENTO. AF_12/2014","UN","COEFICIENTE DE REPRESENTATIVIDADE","16,28","CAIXA REFERENCIAL"]
["89550","TÊ DE INSPEÇÃO, PVC, SERIE R, ÁGUA PLUVIAL, DN 75 MM, JUNTA ELÁSTICA, FORNECIDO E INSTALADO EM RAMAL DE ENCAMINHAMENTO. AF_12/2014","UN","COEFICIENTE DE REPRESENTATIVIDADE","46,26","CAIXA REFERENCIAL"]
["89551","LUVA SOLDÁVEL E COM ROSCA, PVC, SOLDÁVEL, DN 32MM X 1\u0094, INSTALADO EM PRUMADA DE ÁGUA - FORNECIMENTO E INSTALAÇÃO. AF_12/2014","UN","COEFICIENTE DE REPRESENTATIVIDADE","11,36","CAIXA REFERENCIAL"]
["89552","UNIÃO, PVC, SOLDÁVEL, DN 32MM, INSTALADO EM PRUMADA DE ÁGUA - FORNECIMENTO E INSTALAÇÃO. AF_12/2014","UN","COEFICIENTE DE REPRESENTATIVIDADE","25,84","CAIXA REFERENCIAL"]
["89553","ADAPTADOR CURTO COM BOLSA E ROSCA PARA REGISTRO, PVC, SOLDÁVEL, DN 32MM X 1\u0094, INSTALADO EM PRUMADA DE ÁGUA - FORNECIMENTO E INSTALAÇÃO. AF_12/2014","UN","COEFICIENTE DE REPRESENTATIVIDADE","5,86","CAIXA REFERENCIAL"]
["89554","LUVA SIMPLES, PVC, SERIE R, ÁGUA PLUVIAL, DN 100 MM, JUNTA ELÁSTICA, FORNECIDO E INSTALADO EM RAMAL DE ENCAMINHAMENTO. AF_12/2014","UN","COEFICIENTE DE REPRESENTATIVIDADE","27,09","CAIXA REFERENCIAL"]
["89555","CURVA DE TRANSPOSIÇÃO, PVC, SOLDÁVEL, DN 32MM, INSTALADO EM PRUMADA DE ÁGUA   FORNECIMENTO E INSTALAÇÃO. AF_12/2014","UN","COEFICIENTE DE REPRESENTATIVIDADE","31,89","CAIXA REFERENCIAL"]
["89556","LUVA DE CORRER, PVC, SERIE R, ÁGUA PLUVIAL, DN 100 MM, JUNTA ELÁSTICA, FORNECIDO E INSTALADO EM RAMAL DE ENCAMINHAMENTO. AF_12/2014","UN","COEFICIENTE DE REPRESENTATIVIDADE","42,12","CAIXA REFERENCIAL"]
["89557","REDUÇÃO EXCÊNTRICA, PVC, SERIE R, ÁGUA PLUVIAL, DN 100 X 75 MM, JUNTA ELÁSTICA, FORNECIDO E INSTALADO EM RAMAL DE ENCAMINHAMENTO. AF_12/2014","UN","COEFICIENTE DE REPRESENTATIVIDADE","32,25","CAIXA REFERENCIAL"]
["89558","LUVA, PVC, SOLDÁVEL, DN 40MM, INSTALADO EM PRUMADA DE ÁGUA - FORNECIMENTO E INSTALAÇÃO. AF_12/2014","UN","COEFICIENTE DE REPRESENTATIVIDADE","9,87","CAIXA REFERENCIAL"]
["89559","TÊ DE INSPEÇÃO, PVC, SERIE R, ÁGUA PLUVIAL, DN 100 MM, JUNTA ELÁSTICA, FORNECIDO E INSTALADO EM RAMAL DE ENCAMINHAMENTO. AF_12/2014","UN","COEFICIENTE DE REPRESENTATIVIDADE","77,91","CAIXA REFERENCIAL"]
["89561","JUNÇÃO SIMPLES, PVC, SERIE R, ÁGUA PLUVIAL, DN 40 MM, JUNTA SOLDÁVEL, FORNECIDO E INSTALADO EM RAMAL DE ENCAMINHAMENTO. AF_12/2014","UN","COEFICIENTE DE REPRESENTATIVIDADE","14,24","CAIXA REFERENCIAL"]
["89562","LUVA DE REDUÇÃO, PVC, SOLDÁVEL, DN 40MM X 32MM, INSTALADO EM PRUMADA DE ÁGUA - FORNECIMENTO E INSTALAÇÃO. AF_12/2014","UN","COEFICIENTE DE REPRESENTATIVIDADE","10,73","CAIXA REFERENCIAL"]
["89563","JUNÇÃO SIMPLES, PVC, SERIE R, ÁGUA PLUVIAL, DN 50 MM, JUNTA ELÁSTICA, FORNECIDO E INSTALADO EM RAMAL DE ENCAMINHAMENTO. AF_12/2014","UN","COEFICIENTE DE REPRESENTATIVIDADE","23,77","CAIXA REFERENCIAL"]
["89564","LUVA COM ROSCA, PVC, SOLDÁVEL, DN 40MM X 1.1/4\u0094, INSTALADO EM PRUMADA DE ÁGUA - FORNECIMENTO E INSTALAÇÃO. AF_12/2014","UN","COEFICIENTE DE REPRESENTATIVIDADE","22,20","CAIXA REFERENCIAL"]
["89565","JUNÇÃO SIMPLES, PVC, SERIE R, ÁGUA PLUVIAL, DN 75 X 75 MM, JUNTA ELÁSTICA, FORNECIDO E INSTALADO EM RAMAL DE ENCAMINHAMENTO. AF_12/2014","UN","COEFICIENTE DE REPRESENTATIVIDADE","62,20","CAIXA REFERENCIAL"]
["89566","TÊ, PVC, SERIE R, ÁGUA PLUVIAL, DN 75 MM, JUNTA ELÁSTICA, FORNECIDO E INSTALADO EM RAMAL DE ENCAMINHAMENTO. AF_12/2014","UN","COEFICIENTE DE REPRESENTATIVIDADE","52,68","CAIXA REFERENCIAL"]
["89567","JUNÇÃO SIMPLES, PVC, SERIE R, ÁGUA PLUVIAL, DN 100 X 100 MM, JUNTA ELÁSTICA, FORNECIDO E INSTALADO EM RAMAL DE ENCAMINHAMENTO. AF_12/2014","UN","COEFICIENTE DE REPRESENTATIVIDADE","93,51","CAIXA REFERENCIAL"]
["89568","UNIÃO, PVC, SOLDÁVEL, DN 40MM, INSTALADO EM PRUMADA DE ÁGUA - FORNECIMENTO E INSTALAÇÃO. AF_12/2014","UN","COEFICIENTE DE REPRESENTATIVIDADE","48,22","CAIXA REFERENCIAL"]
["89569","JUNÇÃO SIMPLES, PVC, SERIE R, ÁGUA PLUVIAL, DN 100 X 75 MM, JUNTA ELÁSTICA, FORNECIDO E INSTALADO EM RAMAL DE ENCAMINHAMENTO. AF_12/2014","UN","COEFICIENTE DE REPRESENTATIVIDADE","88,05","CAIXA REFERENCIAL"]
["89570","ADAPTADOR CURTO COM BOLSA E ROSCA PARA REGISTRO, PVC, SOLDÁVEL, DN 40MM X 1.1/2\u0094, INSTALADO EM PRUMADA DE ÁGUA - FORNECIMENTO E INSTALAÇÃO. AF_12/2014","UN","COEFICIENTE DE REPRESENTATIVIDADE","14,75","CAIXA REFERENCIAL"]
["89571","TÊ, PVC, SERIE R, ÁGUA PLUVIAL, DN 100 X 100 MM, JUNTA ELÁSTICA, FORNECIDO E INSTALADO EM RAMAL DE ENCAMINHAMENTO. AF_12/2014","UN","COEFICIENTE DE REPRESENTATIVIDADE","85,16","CAIXA REFERENCIAL"]
["89572","ADAPTADOR CURTO COM BOLSA E ROSCA PARA REGISTRO, PVC, SOLDÁVEL, DN 40MM X 1.1/4\u0094, INSTALADO EM PRUMADA DE ÁGUA - FORNECIMENTO E INSTALAÇÃO. AF_12/2014","UN","COEFICIENTE DE REPRESENTATIVIDADE","9,17","CAIXA REFERENCIAL"]
["89573","TÊ, PVC, SERIE R, ÁGUA PLUVIAL, DN 100 X 75 MM, JUNTA ELÁSTICA, FORNECIDO E INSTALADO EM RAMAL DE ENCAMINHAMENTO. AF_12/2014","UN","COEFICIENTE DE REPRESENTATIVIDADE","76,75","CAIXA REFERENCIAL"]
["89574","JUNÇÃO DUPLA, PVC, SERIE R, ÁGUA PLUVIAL, DN 100 X 100 X 100 MM, JUNTA ELÁSTICA, FORNECIDO E INSTALADO EM RAMAL DE ENCAMINHAMENTO. AF_12/2014","UN","COEFICIENTE DE REPRESENTATIVIDADE","154,57","CAIXA REFERENCIAL"]
["89575","LUVA, PVC, SOLDÁVEL, DN 50MM, INSTALADO EM PRUMADA DE ÁGUA - FORNECIMENTO E INSTALAÇÃO. AF_12/2014","UN","COEFICIENTE DE REPRESENTATIVIDADE","12,32","CAIXA REFERENCIAL"]
["89577","LUVA DE CORRER, PVC, SOLDÁVEL, DN 50MM, INSTALADO EM PRUMADA DE ÁGUA - FORNECIMENTO E INSTALAÇÃO. AF_12/2014","UN","COEFICIENTE DE REPRESENTATIVIDADE","48,44","CAIXA REFERENCIAL"]
["89579","LUVA DE REDUÇÃO, PVC, SOLDÁVEL, DN 50MM X 25MM, INSTALADO EM PRUMADA DE ÁGUA   FORNECIMENTO E INSTALAÇÃO. AF_12/2014","UN","COEFICIENTE DE REPRESENTATIVIDADE","12,73","CAIXA REFERENCIAL"]
["89581","JOELHO 90 GRAUS, PVC, SERIE R, ÁGUA PLUVIAL, DN 75 MM, JUNTA ELÁSTICA, FORNECIDO E INSTALADO EM CONDUTORES VERTICAIS DE ÁGUAS PLUVIAIS. AF_12/2014","UN","COEFICIENTE DE REPRESENTATIVIDADE","32,35","CAIXA REFERENCIAL"]
["89582","JOELHO 45 GRAUS, PVC, SERIE R, ÁGUA PLUVIAL, DN 75 MM, JUNTA ELÁSTICA, FORNECIDO E INSTALADO EM CONDUTORES VERTICAIS DE ÁGUAS PLUVIAIS. AF_12/2014","UN","COEFICIENTE DE REPRESENTATIVIDADE","27,94","CAIXA REFERENCIAL"]
["89583","CURVA 87 GRAUS E 30 MINUTOS, PVC, SERIE R, ÁGUA PLUVIAL, DN 75 MM, JUNTA ELÁSTICA, FORNECIDO E INSTALADO EM CONDUTORES VERTICAIS DE ÁGUAS PLUVIAIS. AF_12/2014","UN","COEFICIENTE DE REPRESENTATIVIDADE","44,02","CAIXA REFERENCIAL"]
["89584","JOELHO 90 GRAUS, PVC, SERIE R, ÁGUA PLUVIAL, DN 100 MM, JUNTA ELÁSTICA, FORNECIDO E INSTALADO EM CONDUTORES VERTICAIS DE ÁGUAS PLUVIAIS. AF_12/2014","UN","COEFICIENTE DE REPRESENTATIVIDADE","49,41","CAIXA REFERENCIAL"]
["89585","JOELHO 45 GRAUS, PVC, SERIE R, ÁGUA PLUVIAL, DN 100 MM, JUNTA ELÁSTICA, FORNECIDO E INSTALADO EM CONDUTORES VERTICAIS DE ÁGUAS PLUVIAIS. AF_12/2014","UN","COEFICIENTE DE REPRESENTATIVIDADE","38,67","CAIXA REFERENCIAL"]
["89586","JOELHO 45 GRAUS PARA PÉ DE COLUNA, PVC, SERIE R, ÁGUA PLUVIAL, DN 100 MM, JUNTA ELÁSTICA, FORNECIDO E INSTALADO EM CONDUTORES VERTICAIS DE ÁGUAS PLUVIAIS. AF_12/2014","UN","COEFICIENTE DE REPRESENTATIVIDADE","38,67","CAIXA REFERENCIAL"]
["89587","CURVA 87 GRAUS E 30 MINUTOS, PVC, SERIE R, ÁGUA PLUVIAL, DN 100 MM, JUNTA ELÁSTICA, FORNECIDO E INSTALADO EM CONDUTORES VERTICAIS DE ÁGUAS PLUVIAIS. AF_12/2014","UN","COEFICIENTE DE REPRESENTATIVIDADE","66,24","CAIXA REFERENCIAL"]
["89589","CURVAR 45 GRAUS, PVC, SERIE R, ÁGUA PLUVIAL, DN 100 MM, JUNTA ELÁSTICA, FORNECIDO E INSTALADO EM CONDUTORES VERTICAIS DE ÁGUAS PLUVIAIS. AF_12/2014","UN","COEFICIENTE DE REPRESENTATIVIDADE","41,66","CAIXA REFERENCIAL"]
["89590","JOELHO 90 GRAUS, PVC, SERIE R, ÁGUA PLUVIAL, DN 150 MM, JUNTA ELÁSTICA, FORNECIDO E INSTALADO EM CONDUTORES VERTICAIS DE ÁGUAS PLUVIAIS. AF_12/2014","UN","COEFICIENTE DE REPRESENTATIVIDADE","159,47","CAIXA REFERENCIAL"]
["89591","JOELHO 45 GRAUS, PVC, SERIE R, ÁGUA PLUVIAL, DN 150 MM, JUNTA ELÁSTICA, FORNECIDO E INSTALADO EM CONDUTORES VERTICAIS DE ÁGUAS PLUVIAIS. AF_12/2014","UN","COEFICIENTE DE REPRESENTATIVIDADE","128,64","CAIXA REFERENCIAL"]
["89592","CURVA 87 GRAUS E 30 MINUTOS, PVC, SERIE R, ÁGUA PLUVIAL, DN 150 MM, JUNTA ELÁSTICA, FORNECIDO E INSTALADO EM CONDUTORES VERTICAIS DE ÁGUAS PLUVIAIS. AF_12/2014","UN","COEFICIENTE DE REPRESENTATIVIDADE","218,29","CAIXA REFERENCIAL"]
["89593","LUVA COM ROSCA, PVC, SOLDÁVEL, DN 50MM X 1.1/2\u0094, INSTALADO EM PRUMADA DE ÁGUA - FORNECIMENTO E INSTALAÇÃO. AF_12/2014","UN","COEFICIENTE DE REPRESENTATIVIDADE","43,45","CAIXA REFERENCIAL"]
["89594","UNIÃO, PVC, SOLDÁVEL, DN 50MM, INSTALADO EM PRUMADA DE ÁGUA - FORNECIMENTO E INSTALAÇÃO. AF_12/2014","UN","COEFICIENTE DE REPRESENTATIVIDADE","53,28","CAIXA REFERENCIAL"]
["89595","ADAPTADOR CURTO COM BOLSA E ROSCA PARA REGISTRO, PVC, SOLDÁVEL, DN 50MM X 1.1/4\u0094, INSTALADO EM PRUMADA DE ÁGUA - FORNECIMENTO E INSTALAÇÃO. AF_12/2014","UN","COEFICIENTE DE REPRESENTATIVIDADE","17,82","CAIXA REFERENCIAL"]
["89596","ADAPTADOR CURTO COM BOLSA E ROSCA PARA REGISTRO, PVC, SOLDÁVEL, DN 50MM X 1.1/2\u0094, INSTALADO EM PRUMADA DE ÁGUA - FORNECIMENTO E INSTALAÇÃO. AF_12/2014","UN","COEFICIENTE DE REPRESENTATIVIDADE","12,04","CAIXA REFERENCIAL"]
["89597","LUVA, PVC, SOLDÁVEL, DN 60MM, INSTALADO EM PRUMADA DE ÁGUA - FORNECIMENTO E INSTALAÇÃO. AF_12/2014","UN","COEFICIENTE DE REPRESENTATIVIDADE","25,23","CAIXA REFERENCIAL"]
["89598","LUVA DE CORRER, PVC, SOLDÁVEL, DN 60MM, INSTALADO EM PRUMADA DE ÁGUA   FORNECIMENTO E INSTALAÇÃO. AF_12/2014","UN","COEFICIENTE DE REPRESENTATIVIDADE","74,16","CAIXA REFERENCIAL"]
["89599","LUVA SIMPLES, PVC, SERIE R, ÁGUA PLUVIAL, DN 75 MM, JUNTA ELÁSTICA, FORNECIDO E INSTALADO EM CONDUTORES VERTICAIS DE ÁGUAS PLUVIAIS. AF_12/2014","UN","COEFICIENTE DE REPRESENTATIVIDADE","21,15","CAIXA REFERENCIAL"]
["89600","LUVA DE CORRER, PVC, SERIE R, ÁGUA PLUVIAL, DN 75 MM, JUNTA ELÁSTICA, FORNECIDO E INSTALADO EM CONDUTORES VERTICAIS DE ÁGUAS PLUVIAIS. AF_12/2014","UN","COEFICIENTE DE REPRESENTATIVIDADE","23,34","CAIXA REFERENCIAL"]
["89605","LUVA DE REDUÇÃO, PVC, SOLDÁVEL, DN 60MM X 50MM, INSTALADO EM PRUMADA DE ÁGUA - FORNECIMENTO E INSTALAÇÃO. AF_12/2014","UN","COEFICIENTE DE REPRESENTATIVIDADE","24,51","CAIXA REFERENCIAL"]
["89609","UNIÃO, PVC, SOLDÁVEL, DN 60MM, INSTALADO EM PRUMADA DE ÁGUA - FORNECIMENTO E INSTALAÇÃO. AF_12/2014","UN","COEFICIENTE DE REPRESENTATIVIDADE","127,70","CAIXA REFERENCIAL"]
["89610","ADAPTADOR CURTO COM BOLSA E ROSCA PARA REGISTRO, PVC, SOLDÁVEL, DN 60MM X 2\u0094, INSTALADO EM PRUMADA DE ÁGUA - FORNECIMENTO E INSTALAÇÃO. AF_12/2014","UN","COEFICIENTE DE REPRESENTATIVIDADE","25,25","CAIXA REFERENCIAL"]
["89611","LUVA, PVC, SOLDÁVEL, DN 75MM, INSTALADO EM PRUMADA DE ÁGUA - FORNECIMENTO E INSTALAÇÃO. AF_12/2014","UN","COEFICIENTE DE REPRESENTATIVIDADE","42,29","CAIXA REFERENCIAL"]
["89612","UNIÃO, PVC, SOLDÁVEL, DN 75MM, INSTALADO EM PRUMADA DE ÁGUA - FORNECIMENTO E INSTALAÇÃO. AF_12/2014","UN","COEFICIENTE DE REPRESENTATIVIDADE","254,28","CAIXA REFERENCIAL"]
["89613","ADAPTADOR CURTO COM BOLSA E ROSCA PARA REGISTRO, PVC, SOLDÁVEL, DN 75MM X 2.1/2\u0094, INSTALADO EM PRUMADA DE ÁGUA - FORNECIMENTO E INSTALAÇÃO. AF_12/2014","UN","COEFICIENTE DE REPRESENTATIVIDADE","36,98","CAIXA REFERENCIAL"]
["89614","LUVA, PVC, SOLDÁVEL, DN 85MM, INSTALADO EM PRUMADA DE ÁGUA - FORNECIMENTO E INSTALAÇÃO. AF_12/2014","UN","COEFICIENTE DE REPRESENTATIVIDADE","85,66","CAIXA REFERENCIAL"]
["89615","UNIÃO, PVC, SOLDÁVEL, DN 85MM, INSTALADO EM PRUMADA DE ÁGUA - FORNECIMENTO E INSTALAÇÃO. AF_12/2014","UN","COEFICIENTE DE REPRESENTATIVIDADE","387,17","CAIXA REFERENCIAL"]
["89616","ADAPTADOR CURTO COM BOLSA E ROSCA PARA REGISTRO, PVC, SOLDÁVEL, DN 85MM X 3\u0094, INSTALADO EM PRUMADA DE ÁGUA - FORNECIMENTO E INSTALAÇÃO. AF_12/2014","UN","COEFICIENTE DE REPRESENTATIVIDADE","55,91","CAIXA REFERENCIAL"]
["89617","TE, PVC, SOLDÁVEL, DN 25MM, INSTALADO EM PRUMADA DE ÁGUA - FORNECIMENTO E INSTALAÇÃO. AF_12/2014","UN","COEFICIENTE DE REPRESENTATIVIDADE","6,20","CAIXA REFERENCIAL"]
["89618","TÊ COM BUCHA DE LATÃO NA BOLSA CENTRAL, PVC, SOLDÁVEL, DN 25MM X 1/2\u0094, INSTALADO EM PRUMADA DE ÁGUA - FORNECIMENTO E INSTALAÇÃO. AF_12/2014","UN","COEFICIENTE DE REPRESENTATIVIDADE","18,00","CAIXA REFERENCIAL"]
["89619","TÊ DE REDUÇÃO, PVC, SOLDÁVEL, DN 25MM X 20MM, INSTALADO EM PRUMADA DE ÁGUA - FORNECIMENTO E INSTALAÇÃO. AF_12/2014","UN","COEFICIENTE DE REPRESENTATIVIDADE","9,35","CAIXA REFERENCIAL"]
["89620","TE, PVC, SOLDÁVEL, DN 32MM, INSTALADO EM PRUMADA DE ÁGUA - FORNECIMENTO E INSTALAÇÃO. AF_12/2014","UN","COEFICIENTE DE REPRESENTATIVIDADE","11,88","CAIXA REFERENCIAL"]
["89621","TÊ COM BUCHA DE LATÃO NA BOLSA CENTRAL, PVC, SOLDÁVEL, DN 32MM X 3/4\u0094, INSTALADO EM PRUMADA DE ÁGUA - FORNECIMENTO E INSTALAÇÃO. AF_12/2014","UN","COEFICIENTE DE REPRESENTATIVIDADE","31,91","CAIXA REFERENCIAL"]
["89622","TÊ DE REDUÇÃO, PVC, SOLDÁVEL, DN 32MM X 25MM, INSTALADO EM PRUMADA DE ÁGUA - FORNECIMENTO E INSTALAÇÃO. AF_12/2014","UN","COEFICIENTE DE REPRESENTATIVIDADE","15,01","CAIXA REFERENCIAL"]
["89623","TE, PVC, SOLDÁVEL, DN 40MM, INSTALADO EM PRUMADA DE ÁGUA - FORNECIMENTO E INSTALAÇÃO. AF_12/2014","UN","COEFICIENTE DE REPRESENTATIVIDADE","20,80","CAIXA REFERENCIAL"]
["89624","TÊ DE REDUÇÃO, PVC, SOLDÁVEL, DN 40MM X 32MM, INSTALADO EM PRUMADA DE ÁGUA - FORNECIMENTO E INSTALAÇÃO. AF_12/2014","UN","COEFICIENTE DE REPRESENTATIVIDADE","22,37","CAIXA REFERENCIAL"]
["89625","TE, PVC, SOLDÁVEL, DN 50MM, INSTALADO EM PRUMADA DE ÁGUA - FORNECIMENTO E INSTALAÇÃO. AF_12/2014","UN","COEFICIENTE DE REPRESENTATIVIDADE","24,67","CAIXA REFERENCIAL"]
["89626","TÊ DE REDUÇÃO, PVC, SOLDÁVEL, DN 50MM X 40MM, INSTALADO EM PRUMADA DE ÁGUA - FORNECIMENTO E INSTALAÇÃO. AF_12/2014","UN","COEFICIENTE DE REPRESENTATIVIDADE","36,82","CAIXA REFERENCIAL"]
["89627","TÊ DE REDUÇÃO, PVC, SOLDÁVEL, DN 50MM X 25MM, INSTALADO EM PRUMADA DE ÁGUA - FORNECIMENTO E INSTALAÇÃO. AF_12/2014","UN","COEFICIENTE DE REPRESENTATIVIDADE","22,85","CAIXA REFERENCIAL"]
["89628","TE, PVC, SOLDÁVEL, DN 60MM, INSTALADO EM PRUMADA DE ÁGUA - FORNECIMENTO E INSTALAÇÃO. AF_12/2014","UN","COEFICIENTE DE REPRESENTATIVIDADE","58,22","CAIXA REFERENCIAL"]
["89629","TE, PVC, SOLDÁVEL, DN 75MM, INSTALADO EM PRUMADA DE ÁGUA - FORNECIMENTO E INSTALAÇÃO. AF_12/2014","UN","COEFICIENTE DE REPRESENTATIVIDADE","110,49","CAIXA REFERENCIAL"]
["89630","TE DE REDUÇÃO, PVC, SOLDÁVEL, DN 75MM X 50MM, INSTALADO EM PRUMADA DE ÁGUA - FORNECIMENTO E INSTALAÇÃO. AF_12/2014","UN","COEFICIENTE DE REPRESENTATIVIDADE","93,95","CAIXA REFERENCIAL"]
["89631","TE, PVC, SOLDÁVEL, DN 85MM, INSTALADO EM PRUMADA DE ÁGUA - FORNECIMENTO E INSTALAÇÃO. AF_12/2014","UN","COEFICIENTE DE REPRESENTATIVIDADE","173,12","CAIXA REFERENCIAL"]
["89632","TE DE REDUÇÃO, PVC, SOLDÁVEL, DN 85MM X 60MM, INSTALADO EM PRUMADA DE ÁGUA - FORNECIMENTO E INSTALAÇÃO. AF_12/2014","UN","COEFICIENTE DE REPRESENTATIVIDADE","139,27","CAIXA REFERENCIAL"]
["89637","JOELHO 90 GRAUS, CPVC, SOLDÁVEL, DN 15MM, INSTALADO EM RAMAL OU SUB-RAMAL DE ÁGUA - FORNECIMENTO E INSTALAÇÃO. AF_12/2014","UN","COEFICIENTE DE REPRESENTATIVIDADE","8,91","CAIXA REFERENCIAL"]
["89638","JOELHO 45 GRAUS, CPVC, SOLDÁVEL, DN 15MM, INSTALADO EM RAMAL OU SUB-RAMAL DE ÁGUA - FORNECIMENTO E INSTALAÇÃO. AF_12/2014","UN","COEFICIENTE DE REPRESENTATIVIDADE","10,05","CAIXA REFERENCIAL"]
["89639","CURVA 90 GRAUS, CPVC, SOLDÁVEL, DN 15MM, INSTALADO EM RAMAL OU SUB-RAMAL DE ÁGUA - FORNECIMENTO E INSTALAÇÃO. AF_12/2014","UN","COEFICIENTE DE REPRESENTATIVIDADE","10,50","CAIXA REFERENCIAL"]
["89640","JOELHO DE TRANSIÇÃO, 90 GRAUS, CPVC, SOLDÁVEL, DN 15MM X 1/2\", INSTALADO EM RAMAL OU SUB-RAMAL DE ÁGUA - FORNECIMENTO E INSTALAÇÃO. AF_12/2014","UN","COEFICIENTE DE REPRESENTATIVIDADE","17,30","CAIXA REFERENCIAL"]
["89641","JOELHO 90 GRAUS, CPVC, SOLDÁVEL, DN 22MM, INSTALADO EM RAMAL OU SUB-RAMAL DE ÁGUA - FORNECIMENTO E INSTALAÇÃO. AF_12/2014","UN","COEFICIENTE DE REPRESENTATIVIDADE","12,81","CAIXA REFERENCIAL"]
["89642","JOELHO 45 GRAUS, CPVC, SOLDÁVEL, DN 22MM, INSTALADO EM RAMAL OU SUB-RAMAL DE ÁGUA - FORNECIMENTO E INSTALAÇÃO. AF_12/2014","UN","COEFICIENTE DE REPRESENTATIVIDADE","15,01","CAIXA REFERENCIAL"]
["89643","CURVA 90 GRAUS, CPVC, SOLDÁVEL, DN 22MM, INSTALADO EM RAMAL OU SUB-RAMAL DE ÁGUA - FORNECIMENTO E INSTALAÇÃO. AF_12/2014","UN","COEFICIENTE DE REPRESENTATIVIDADE","15,74","CAIXA REFERENCIAL"]
["89644","JOELHO DE TRANSIÇÃO, 90 GRAUS, CPVC, SOLDÁVEL, DN 22MM X 1/2\", INSTALADO EM RAMAL OU SUB-RAMAL DE ÁGUA - FORNECIMENTO E INSTALAÇÃO. AF_12/2014","UN","COEFICIENTE DE REPRESENTATIVIDADE","26,11","CAIXA REFERENCIAL"]
["89645","JOELHO DE TRANSIÇÃO, 90 GRAUS, CPVC, SOLDÁVEL, DN 22MM X 3/4\", INSTALADO EM RAMAL OU SUB-RAMAL DE ÁGUA - FORNECIMENTO E INSTALAÇÃO. AF_12/2014","UN","COEFICIENTE DE REPRESENTATIVIDADE","29,51","CAIXA REFERENCIAL"]
["89646","JOELHO 90 GRAUS, CPVC, SOLDÁVEL, DN 28MM, INSTALADO EM RAMAL OU SUB-RAMAL DE ÁGUA - FORNECIMENTO E INSTALAÇÃO. AF_12/2014","UN","COEFICIENTE DE REPRESENTATIVIDADE","20,69","CAIXA REFERENCIAL"]
["89647","JOELHO 45 GRAUS, CPVC, SOLDÁVEL, DN 28MM, INSTALADO EM RAMAL OU SUB-RAMAL DE ÁGUA \u0096 FORNECIMENTO E INSTALAÇÃO. AF_12/2014","UN","COEFICIENTE DE REPRESENTATIVIDADE","20,18","CAIXA REFERENCIAL"]
["89648","CURVA 90 GRAUS, CPVC, SOLDÁVEL, DN 28MM, INSTALADO EM RAMAL OU SUB-RAMAL DE ÁGUA \u0096 FORNECIMENTO E INSTALAÇÃO. AF_12/2014","UN","COEFICIENTE DE REPRESENTATIVIDADE","22,54","CAIXA REFERENCIAL"]
["89649","JOELHO 90 GRAUS, CPVC, SOLDÁVEL, DN 35MM, INSTALADO EM RAMAL OU SUB-RAMAL DE ÁGUA \u0096 FORNECIMENTO E INSTALAÇÃO. AF_12/2014","UN","COEFICIENTE DE REPRESENTATIVIDADE","31,16","CAIXA REFERENCIAL"]
["89650","JOELHO 45 GRAUS, CPVC, SOLDÁVEL, DN 35MM, INSTALADO EM RAMAL OU SUB-RAMAL DE ÁGUA \u0096 FORNECIMENTO E INSTALAÇÃO. AF_12/2014","UN","COEFICIENTE DE REPRESENTATIVIDADE","31,16","CAIXA REFERENCIAL"]
["89651","LUVA, CPVC, SOLDÁVEL, DN 15MM, INSTALADO EM RAMAL OU SUB-RAMAL DE ÁGUA - FORNECIMENTO E INSTALAÇÃO. AF_12/2014","UN","COEFICIENTE DE REPRESENTATIVIDADE","6,24","CAIXA REFERENCIAL"]
["89652","LUVA DE CORRER, CPVC, SOLDÁVEL, DN 15MM, INSTALADO EM RAMAL OU SUB-RAMAL DE ÁGUA \u0096 FORNECIMENTO E INSTALAÇÃO. AF_12/2014","UN","COEFICIENTE DE REPRESENTATIVIDADE","11,27","CAIXA REFERENCIAL"]
["89653","LUVA DE TRANSIÇÃO, CPVC, SOLDÁVEL, DN15MM X 1/2\", INSTALADO EM RAMAL OU SUB-RAMAL DE ÁGUA - FORNECIMENTO E INSTALAÇÃO. AF_12/2014","UN","COEFICIENTE DE REPRESENTATIVIDADE","19,00","CAIXA REFERENCIAL"]
["89654","UNIÃO, CPVC, SOLDÁVEL, DN15MM, INSTALADO EM RAMAL OU SUB-RAMAL DE ÁGUA \u0096 FORNECIMENTO E INSTALAÇÃO. AF_12/2014","UN","COEFICIENTE DE REPRESENTATIVIDADE","18,49","CAIXA REFERENCIAL"]
["89655","CONECTOR, CPVC, SOLDÁVEL, DN 15MM X 1/2\u0094, INSTALADO EM RAMAL OU SUB-RAMAL DE ÁGUA \u0096 FORNECIMENTO E INSTALAÇÃO. AF_12/2014","UN","COEFICIENTE DE REPRESENTATIVIDADE","27,93","CAIXA REFERENCIAL"]
["89656","ADAPTADOR, CPVC, SOLDÁVEL, DN15MM, INSTALADO EM RAMAL OU SUB-RAMAL DE ÁGUA \u0096 FORNECIMENTO E INSTALAÇÃO. AF_12/2014","UN","COEFICIENTE DE REPRESENTATIVIDADE","12,06","CAIXA REFERENCIAL"]
["89657","CURVA DE TRANSPOSIÇÃO, CPVC, SOLDÁVEL, DN15MM, INSTALADO EM RAMAL OU SUB-RAMAL DE ÁGUA \u0096 FORNECIMENTO E INSTALAÇÃO. AF_12/2014","UN","COEFICIENTE DE REPRESENTATIVIDADE","12,32","CAIXA REFERENCIAL"]
["89658","LUVA, CPVC, SOLDÁVEL, DN 22MM, INSTALADO EM RAMAL OU SUB-RAMAL DE ÁGUA \u0096 FORNECIMENTO E INSTALAÇÃO. AF_12/2014","UN","COEFICIENTE DE REPRESENTATIVIDADE","8,77","CAIXA REFERENCIAL"]
["89659","LUVA DE CORRER, CPVC, SOLDÁVEL, DN 22MM, INSTALADO EM RAMAL OU SUB-RAMAL DE ÁGUA \u0096 FORNECIMENTO E INSTALAÇÃO. AF_12/2014","UN","COEFICIENTE DE REPRESENTATIVIDADE","16,47","CAIXA REFERENCIAL"]
["89660","LUVA DE TRANSIÇÃO, CPVC, SOLDÁVEL, DN22MM X 25MM, INSTALADO EM RAMAL OU SUB-RAMAL DE ÁGUA - FORNECIMENTO E INSTALAÇÃO. AF_12/2014","UN","COEFICIENTE DE REPRESENTATIVIDADE","8,10","CAIXA REFERENCIAL"]
["89661","UNIÃO, CPVC, SOLDÁVEL, DN22MM, INSTALADO EM RAMAL OU SUB-RAMAL DE ÁGUA \u0096 FORNECIMENTO E INSTALAÇÃO. AF_12/2014","UN","COEFICIENTE DE REPRESENTATIVIDADE","22,32","CAIXA REFERENCIAL"]
["89662","CONECTOR, CPVC, SOLDÁVEL, DN 22MM X 1/2\u0094, INSTALADO EM RAMAL OU SUB-RAMAL DE ÁGUA \u0096 FORNECIMENTO E INSTALAÇÃO. AF_12/2014","UN","COEFICIENTE DE REPRESENTATIVIDADE","34,85","CAIXA REFERENCIAL"]
["89663","ADAPTADOR, CPVC, SOLDÁVEL, DN22MM, INSTALADO EM RAMAL OU SUB-RAMAL DE ÁGUA \u0096 FORNECIMENTO E INSTALAÇÃO. AF_12/2014","UN","COEFICIENTE DE REPRESENTATIVIDADE","13,86","CAIXA REFERENCIAL"]
["89664","CURVA DE TRANSPOSIÇÃO, CPVC, SOLDÁVEL, DN22MM, INSTALADO EM RAMAL OU SUB-RAMAL DE ÁGUA \u0096 FORNECIMENTO E INSTALAÇÃO. AF_12/2014","UN","COEFICIENTE DE REPRESENTATIVIDADE","16,47","CAIXA REFERENCIAL"]
["89665","REDUÇÃO EXCÊNTRICA, PVC, SERIE R, ÁGUA PLUVIAL, DN 75 X 50 MM, JUNTA ELÁSTICA, FORNECIDO E INSTALADO EM CONDUTORES VERTICAIS DE ÁGUAS PLUVIAIS. AF_12/2014","UN","COEFICIENTE DE REPRESENTATIVIDADE","15,26","CAIXA REFERENCIAL"]
["89666","BUCHA DE REDUÇÃO, CPVC, SOLDÁVEL, DN22MM X 15MM, INSTALADO EM RAMAL OU SUB-RAMAL DE ÁGUA \u0096 FORNECIMENTO E INSTALAÇÃO. AF_12/2014","UN","COEFICIENTE DE REPRESENTATIVIDADE","6,96","CAIXA REFERENCIAL"]
["89667","TÊ DE INSPEÇÃO, PVC, SERIE R, ÁGUA PLUVIAL, DN 75 MM, JUNTA ELÁSTICA, FORNECIDO E INSTALADO EM CONDUTORES VERTICAIS DE ÁGUAS PLUVIAIS. AF_12/2014","UN","COEFICIENTE DE REPRESENTATIVIDADE","45,24","CAIXA REFERENCIAL"]
["89668","CONECTOR, CPVC, SOLDÁVEL, DN22MM X 3/4\", INSTALADO EM RAMAL OU SUB-RAMAL DE ÁGUA - FORNECIMENTO E INSTALAÇÃO. AF_12/2014","UN","COEFICIENTE DE REPRESENTATIVIDADE","33,00","CAIXA REFERENCIAL"]
["89669","LUVA SIMPLES, PVC, SERIE R, ÁGUA PLUVIAL, DN 100 MM, JUNTA ELÁSTICA, FORNECIDO E INSTALADO EM CONDUTORES VERTICAIS DE ÁGUAS PLUVIAIS. AF_12/2014","UN","COEFICIENTE DE REPRESENTATIVIDADE","26,25","CAIXA REFERENCIAL"]
["89670","LUVA, CPVC, SOLDÁVEL, DN 28MM, INSTALADO EM RAMAL OU SUB-RAMAL DE ÁGUA \u0096 FORNECIMENTO E INSTALAÇÃO. AF_12/2014","UN","COEFICIENTE DE REPRESENTATIVIDADE","13,39","CAIXA REFERENCIAL"]
["89671","LUVA DE CORRER, PVC, SERIE R, ÁGUA PLUVIAL, DN 100 MM, JUNTA ELÁSTICA, FORNECIDO E INSTALADO EM CONDUTORES VERTICAIS DE ÁGUAS PLUVIAIS. AF_12/2014","UN","COEFICIENTE DE REPRESENTATIVIDADE","41,28","CAIXA REFERENCIAL"]
["89672","LUVA DE CORRER, CPVC, SOLDÁVEL, DN 28MM, INSTALADO EM RAMAL OU SUB-RAMAL DE ÁGUA \u0096 FORNECIMENTO E INSTALAÇÃO. AF_12/2014","UN","COEFICIENTE DE REPRESENTATIVIDADE","22,20","CAIXA REFERENCIAL"]
["89673","REDUÇÃO EXCÊNTRICA, PVC, SERIE R, ÁGUA PLUVIAL, DN 100 X 75 MM, JUNTA ELÁSTICA, FORNECIDO E INSTALADO EM CONDUTORES VERTICAIS DE ÁGUAS PLUVIAIS. AF_12/2014","UN","COEFICIENTE DE REPRESENTATIVIDADE","31,41","CAIXA REFERENCIAL"]
["89674","UNIÃO, CPVC, SOLDÁVEL, DN28MM, INSTALADO EM RAMAL OU SUB-RAMAL DE ÁGUA \u0096 FORNECIMENTO E INSTALAÇÃO. AF_12/2014","UN","COEFICIENTE DE REPRESENTATIVIDADE","33,43","CAIXA REFERENCIAL"]
["89675","TÊ DE INSPEÇÃO, PVC, SERIE R, ÁGUA PLUVIAL, DN 100 MM, JUNTA ELÁSTICA, FORNECIDO E INSTALADO EM CONDUTORES VERTICAIS DE ÁGUAS PLUVIAIS. AF_12/2014","UN","COEFICIENTE DE REPRESENTATIVIDADE","77,07","CAIXA REFERENCIAL"]
["89676","CONECTOR, CPVC, SOLDÁVEL, DN 28MM X 1\u0094, INSTALADO EM RAMAL OU SUB-RAMAL DE ÁGUA \u0096 FORNECIMENTO E INSTALAÇÃO. AF_12/2014","UN","COEFICIENTE DE REPRESENTATIVIDADE","51,75","CAIXA REFERENCIAL"]
["89677","LUVA SIMPLES, PVC, SERIE R, ÁGUA PLUVIAL, DN 150 MM, JUNTA ELÁSTICA, FORNECIDO E INSTALADO EM CONDUTORES VERTICAIS DE ÁGUAS PLUVIAIS. AF_12/2014","UN","COEFICIENTE DE REPRESENTATIVIDADE","77,11","CAIXA REFERENCIAL"]
["89678","BUCHA DE REDUÇÃO, CPVC, SOLDÁVEL, DN28MM X 22MM, INSTALADO EM RAMAL OU SUB-RAMAL DE ÁGUA \u0096 FORNECIMENTO E INSTALAÇÃO. AF_12/2014","UN","COEFICIENTE DE REPRESENTATIVIDADE","9,48","CAIXA REFERENCIAL"]
["89679","LUVA DE CORRER, PVC, SERIE R, ÁGUA PLUVIAL, DN 150 MM, JUNTA ELÁSTICA, FORNECIDO E INSTALADO EM CONDUTORES VERTICAIS DE ÁGUAS PLUVIAIS. AF_12/2014","UN","COEFICIENTE DE REPRESENTATIVIDADE","130,70","CAIXA REFERENCIAL"]
["89680","LUVA, CPVC, SOLDÁVEL, DN 35MM, INSTALADO EM RAMAL OU SUB-RAMAL DE ÁGUA \u0096 FORNECIMENTO E INSTALAÇÃO. AF_12/2014","UN","COEFICIENTE DE REPRESENTATIVIDADE","21,52","CAIXA REFERENCIAL"]
["89681","REDUÇÃO EXCÊNTRICA, PVC, SERIE R, ÁGUA PLUVIAL, DN 150 X 100 MM, JUNTA ELÁSTICA, FORNECIDO E INSTALADO EM CONDUTORES VERTICAIS DE ÁGUAS PLUVIAIS. AF_12/2014","UN","COEFICIENTE DE REPRESENTATIVIDADE","86,59","CAIXA REFERENCIAL"]
["89682","LUVA DE CORRER, CPVC, SOLDÁVEL, DN 35MM, INSTALADO EM RAMAL OU SUB-RAMAL DE ÁGUA \u0096 FORNECIMENTO E INSTALAÇÃO. AF_12/2014","UN","COEFICIENTE DE REPRESENTATIVIDADE","34,69","CAIXA REFERENCIAL"]
["89683","TÊ DE INSPEÇÃO, PVC, SERIE R, ÁGUA PLUVIAL, DN 150 X 100 MM, JUNTA ELÁSTICA, FORNECIDO E INSTALADO EM CONDUTORES VERTICAIS DE ÁGUAS PLUVIAIS. AF_12/2014","UN","COEFICIENTE DE REPRESENTATIVIDADE","349,30","CAIXA REFERENCIAL"]
["89684","UNIÃO, CPVC, SOLDÁVEL, DN35MM, INSTALADO EM RAMAL OU SUB-RAMAL DE ÁGUA \u0096 FORNECIMENTO E INSTALAÇÃO. AF_12/2014","UN","COEFICIENTE DE REPRESENTATIVIDADE","48,81","CAIXA REFERENCIAL"]
["89685","JUNÇÃO SIMPLES, PVC, SERIE R, ÁGUA PLUVIAL, DN 75 X 75 MM, JUNTA ELÁSTICA, FORNECIDO E INSTALADO EM CONDUTORES VERTICAIS DE ÁGUAS PLUVIAIS. AF_12/2014","UN","COEFICIENTE DE REPRESENTATIVIDADE","60,34","CAIXA REFERENCIAL"]
["89686","CONECTOR, CPVC, SOLDÁVEL, DN 35MM X 1 1/4\u0094, INSTALADO EM RAMAL OU SUB-RAMAL DE ÁGUA \u0096 FORNECIMENTO E INSTALAÇÃO. AF_12/2014","UN","COEFICIENTE DE REPRESENTATIVIDADE","188,48","CAIXA REFERENCIAL"]
["89687","TÊ, PVC, SERIE R, ÁGUA PLUVIAL, DN 75 X 75 MM, JUNTA ELÁSTICA, FORNECIDO E INSTALADO EM CONDUTORES VERTICAIS DE ÁGUAS PLUVIAIS. AF_12/2014","UN","COEFICIENTE DE REPRESENTATIVIDADE","50,82","CAIXA REFERENCIAL"]
["89689","BUCHA DE REDUÇÃO, CPVC, SOLDÁVEL, DN35MM X 28MM, INSTALADO EM RAMAL OU SUB-RAMAL DE ÁGUA \u0096 FORNECIMENTO E INSTALAÇÃO. AF_12/2014","UN","COEFICIENTE DE REPRESENTATIVIDADE","37,52","CAIXA REFERENCIAL"]
["89690","JUNÇÃO SIMPLES, PVC, SERIE R, ÁGUA PLUVIAL, DN 100 X 100 MM, JUNTA ELÁSTICA, FORNECIDO E INSTALADO EM CONDUTORES VERTICAIS DE ÁGUAS PLUVIAIS. AF_12/2014","UN","COEFICIENTE DE REPRESENTATIVIDADE","91,64","CAIXA REFERENCIAL"]
["89691","TE, CPVC, SOLDÁVEL, DN 15MM, INSTALADO EM RAMAL OU SUB-RAMAL DE ÁGUA - FORNECIMENTO E INSTALAÇÃO. AF_12/2014","UN","COEFICIENTE DE REPRESENTATIVIDADE","11,46","CAIXA REFERENCIAL"]
["89692","JUNÇÃO SIMPLES, PVC, SERIE R, ÁGUA PLUVIAL, DN 100 X 75 MM, JUNTA ELÁSTICA, FORNECIDO E INSTALADO EM CONDUTORES VERTICAIS DE ÁGUAS PLUVIAIS. AF_12/2014","UN","COEFICIENTE DE REPRESENTATIVIDADE","86,18","CAIXA REFERENCIAL"]
["89693","TÊ, PVC, SERIE R, ÁGUA PLUVIAL, DN 100 X 100 MM, JUNTA ELÁSTICA, FORNECIDO E INSTALADO EM CONDUTORES VERTICAIS DE ÁGUAS PLUVIAIS. AF_12/2014","UN","COEFICIENTE DE REPRESENTATIVIDADE","83,29","CAIXA REFERENCIAL"]
["89694","TE DE TRANSIÇÃO, CPVC, SOLDÁVEL, DN 15MM X 1/2\u0094, INSTALADO EM RAMAL OU SUB-RAMAL DE ÁGUA \u0096 FORNECIMENTO E INSTALAÇÃO. AF_12/2014","UN","COEFICIENTE DE REPRESENTATIVIDADE","20,08","CAIXA REFERENCIAL"]
["89695","TÊ MISTURADOR, CPVC, SOLDÁVEL, DN15MM, INSTALADO EM RAMAL OU SUB-RAMAL DE ÁGUA \u0096 FORNECIMENTO E INSTALAÇÃO. AF_12/2014","UN","COEFICIENTE DE REPRESENTATIVIDADE","18,46","CAIXA REFERENCIAL"]
["89696","TÊ, PVC, SERIE R, ÁGUA PLUVIAL, DN 100 X 75 MM, JUNTA ELÁSTICA, FORNECIDO E INSTALADO EM CONDUTORES VERTICAIS DE ÁGUAS PLUVIAIS. AF_12/2014","UN","COEFICIENTE DE REPRESENTATIVIDADE","74,88","CAIXA REFERENCIAL"]
["89697","TE, CPVC, SOLDÁVEL, DN 22MM, INSTALADO EM RAMAL OU SUB-RAMAL DE ÁGUA - FORNECIMENTO E INSTALAÇÃO. AF_12/2014","UN","COEFICIENTE DE REPRESENTATIVIDADE","13,14","CAIXA REFERENCIAL"]
["89698","JUNÇÃO SIMPLES, PVC, SERIE R, ÁGUA PLUVIAL, DN 150 X 150 MM, JUNTA ELÁSTICA, FORNECIDO E INSTALADO EM CONDUTORES VERTICAIS DE ÁGUAS PLUVIAIS. AF_12/2014","UN","COEFICIENTE DE REPRESENTATIVIDADE","273,20","CAIXA REFERENCIAL"]
["89699","JUNÇÃO SIMPLES, PVC, SERIE R, ÁGUA PLUVIAL, DN 150 X 100 MM, JUNTA ELÁSTICA, FORNECIDO E INSTALADO EM CONDUTORES VERTICAIS DE ÁGUAS PLUVIAIS. AF_12/2014","UN","COEFICIENTE DE REPRESENTATIVIDADE","236,01","CAIXA REFERENCIAL"]
["89700","TE DE TRANSIÇÃO, CPVC, SOLDÁVEL, DN 22MM X 1/2\u0094, INSTALADO EM RAMAL OU SUB-RAMAL DE ÁGUA \u0096 FORNECIMENTO E INSTALAÇÃO. AF_12/2014","UN","COEFICIENTE DE REPRESENTATIVIDADE","20,51","CAIXA REFERENCIAL"]
["89701","TÊ, PVC, SERIE R, ÁGUA PLUVIAL, DN 150 X 150 MM, JUNTA ELÁSTICA, FORNECIDO E INSTALADO EM CONDUTORES VERTICAIS DE ÁGUAS PLUVIAIS. AF_12/2014","UN","COEFICIENTE DE REPRESENTATIVIDADE","207,79","CAIXA REFERENCIAL"]
["89702","TÊ MISTURADOR, CPVC, SOLDÁVEL, DN22MM, INSTALADO EM RAMAL OU SUB-RAMAL DE ÁGUA \u0096 FORNECIMENTO E INSTALAÇÃO. AF_12/2014","UN","COEFICIENTE DE REPRESENTATIVIDADE","20,51","CAIXA REFERENCIAL"]
["89703","TE MISTURADOR DE TRANSIÇÃO, CPVC, SOLDÁVEL, DN 22MM X 3/4\", INSTALADO EM RAMAL OU SUB-RAMAL DE ÁGUA - FORNECIMENTO E INSTALAÇÃO. AF_12/2014","UN","COEFICIENTE DE REPRESENTATIVIDADE","50,47","CAIXA REFERENCIAL"]
["89704","TÊ, PVC, SERIE R, ÁGUA PLUVIAL, DN 150 X 100 MM, JUNTA ELÁSTICA, FORNECIDO E INSTALADO EM CONDUTORES VERTICAIS DE ÁGUAS PLUVIAIS. AF_12/2014","UN","COEFICIENTE DE REPRESENTATIVIDADE","142,24","CAIXA REFERENCIAL"]
["89705","TÊ, CPVC, SOLDÁVEL, DN28MM, INSTALADO EM RAMAL OU SUB-RAMAL DE ÁGUA   FORNECIMENTO E INSTALAÇÃO. AF_12/2014","UN","COEFICIENTE DE REPRESENTATIVIDADE","24,51","CAIXA REFERENCIAL"]
["89706","TÊ, CPVC, SOLDÁVEL, DN35MM, INSTALADO EM RAMAL OU SUB-RAMAL DE ÁGUA \u0096 FORNECIMENTO E INSTALAÇÃO. AF_12/2014","UN","COEFICIENTE DE REPRESENTATIVIDADE","56,31","CAIXA REFERENCIAL"]
["89718","TUBO, CPVC, SOLDÁVEL, DN 35MM, INSTALADO EM RAMAL DE DISTRIBUIÇÃO DE ÁGUA   FORNECIMENTO E INSTALAÇÃO. AF_12/2014","M","COEFICIENTE DE REPRESENTATIVIDADE","50,14","CAIXA REFERENCIAL"]
["89719","JOELHO 90 GRAUS, CPVC, SOLDÁVEL, DN 22MM, INSTALADO EM RAMAL DE DISTRIBUIÇÃO DE ÁGUA   FORNECIMENTO E INSTALAÇÃO. AF_12/2014","UN","COEFICIENTE DE REPRESENTATIVIDADE","10,91","CAIXA REFERENCIAL"]
["89720","JOELHO 45 GRAUS, CPVC, SOLDÁVEL, DN 22MM, INSTALADO EM RAMAL DE DISTRIBUIÇÃO DE ÁGUA   FORNECIMENTO E INSTALAÇÃO. AF_12/2014","UN","COEFICIENTE DE REPRESENTATIVIDADE","13,11","CAIXA REFERENCIAL"]
["89721","CURVA 90 GRAUS, CPVC, SOLDÁVEL, DN 22MM, INSTALADO EM RAMAL DE DISTRIBUIÇÃO DE ÁGUA - FORNECIMENTO E INSTALAÇÃO. AF_12/2014","UN","COEFICIENTE DE REPRESENTATIVIDADE","13,84","CAIXA REFERENCIAL"]
["89722","JOELHO DE TRANSIÇÃO, 90 GRAUS, CPVC, SOLDÁVEL, DN 22MM X 1/2\", INSTALADO EM RAMAL DE ALIMENTAÇAÕ DE ÁGUA - FORNECIMENTO E INSTALAÇÃO. AF_12/2014","UN","COEFICIENTE DE REPRESENTATIVIDADE","24,21","CAIXA REFERENCIAL"]
["89723","JOELHO 90 GRAUS, CPVC, SOLDÁVEL, DN 28MM, INSTALADO EM RAMAL DE DISTRIBUIÇÃO DE ÁGUA   FORNECIMENTO E INSTALAÇÃO. AF_12/2014","UN","COEFICIENTE DE REPRESENTATIVIDADE","18,48","CAIXA REFERENCIAL"]
["89724","JOELHO 90 GRAUS, PVC, SERIE NORMAL, ESGOTO PREDIAL, DN 40 MM, JUNTA SOLDÁVEL, FORNECIDO E INSTALADO EM RAMAL DE DESCARGA OU RAMAL DE ESGOTO SANITÁRIO. AF_12/2014","UN","COEFICIENTE DE REPRESENTATIVIDADE","9,96","CAIXA REFERENCIAL"]
["89725","JOELHO 45 GRAUS, CPVC, SOLDÁVEL, DN 28MM, INSTALADO EM RAMAL DE DISTRIBUIÇÃO DE ÁGUA   FORNECIMENTO E INSTALAÇÃO. AF_12/2014","UN","COEFICIENTE DE REPRESENTATIVIDADE","17,97","CAIXA REFERENCIAL"]
["89726","JOELHO 45 GRAUS, PVC, SERIE NORMAL, ESGOTO PREDIAL, DN 40 MM, JUNTA SOLDÁVEL, FORNECIDO E INSTALADO EM RAMAL DE DESCARGA OU RAMAL DE ESGOTO SANITÁRIO. AF_12/2014","UN","COEFICIENTE DE REPRESENTATIVIDADE","6,49","CAIXA REFERENCIAL"]
["89727","CURVA 90 GRAUS, CPVC, SOLDÁVEL, DN 28MM, INSTALADO EM RAMAL DE DISTRIBUIÇÃO DE ÁGUA   FORNECIMENTO E INSTALAÇÃO. AF_12/2014","UN","COEFICIENTE DE REPRESENTATIVIDADE","20,33","CAIXA REFERENCIAL"]
["89728","CURVA CURTA 90 GRAUS, PVC, SERIE NORMAL, ESGOTO PREDIAL, DN 40 MM, JUNTA SOLDÁVEL, FORNECIDO E INSTALADO EM RAMAL DE DESCARGA OU RAMAL DE ESGOTO SANITÁRIO. AF_12/2014","UN","COEFICIENTE DE REPRESENTATIVIDADE","10,82","CAIXA REFERENCIAL"]
["89729","JOELHO 90 GRAUS, CPVC, SOLDÁVEL, DN 35MM, INSTALADO EM RAMAL DE DISTRIBUIÇÃO DE ÁGUA   FORNECIMENTO E INSTALAÇÃO. AF_12/2014","UN","COEFICIENTE DE REPRESENTATIVIDADE","28,55","CAIXA REFERENCIAL"]
["89730","CURVA LONGA 90 GRAUS, PVC, SERIE NORMAL, ESGOTO PREDIAL, DN 40 MM, JUNTA SOLDÁVEL, FORNECIDO E INSTALADO EM RAMAL DE DESCARGA OU RAMAL DE ESGOTO SANITÁRIO. AF_12/2014","UN","COEFICIENTE DE REPRESENTATIVIDADE","11,96","CAIXA REFERENCIAL"]
["89731","JOELHO 90 GRAUS, PVC, SERIE NORMAL, ESGOTO PREDIAL, DN 50 MM, JUNTA ELÁSTICA, FORNECIDO E INSTALADO EM RAMAL DE DESCARGA OU RAMAL DE ESGOTO SANITÁRIO. AF_12/2014","UN","COEFICIENTE DE REPRESENTATIVIDADE","10,16","CAIXA REFERENCIAL"]
["89732","JOELHO 45 GRAUS, PVC, SERIE NORMAL, ESGOTO PREDIAL, DN 50 MM, JUNTA ELÁSTICA, FORNECIDO E INSTALADO EM RAMAL DE DESCARGA OU RAMAL DE ESGOTO SANITÁRIO. AF_12/2014","UN","COEFICIENTE DE REPRESENTATIVIDADE","10,99","CAIXA REFERENCIAL"]
["89733","CURVA CURTA 90 GRAUS, PVC, SERIE NORMAL, ESGOTO PREDIAL, DN 50 MM, JUNTA ELÁSTICA, FORNECIDO E INSTALADO EM RAMAL DE DESCARGA OU RAMAL DE ESGOTO SANITÁRIO. AF_12/2014","UN","COEFICIENTE DE REPRESENTATIVIDADE","19,84","CAIXA REFERENCIAL"]
["89734","JOELHO 45 GRAUS, CPVC, SOLDÁVEL, DN 35MM, INSTALADO EM RAMAL DE DISTRIBUIÇÃO DE ÁGUA   FORNECIMENTO E INSTALAÇÃO. AF_12/2014","UN","COEFICIENTE DE REPRESENTATIVIDADE","28,55","CAIXA REFERENCIAL"]
["89735","CURVA LONGA 90 GRAUS, PVC, SERIE NORMAL, ESGOTO PREDIAL, DN 50 MM, JUNTA ELÁSTICA, FORNECIDO E INSTALADO EM RAMAL DE DESCARGA OU RAMAL DE ESGOTO SANITÁRIO. AF_12/2014","UN","COEFICIENTE DE REPRESENTATIVIDADE","21,20","CAIXA REFERENCIAL"]
["89736","LUVA, CPVC, SOLDÁVEL, DN 22MM, INSTALADO EM RAMAL DE DISTRIBUIÇÃO DE ÁGUA   FORNECIMENTO E INSTALAÇÃO. AF_12/2014","UN","COEFICIENTE DE REPRESENTATIVIDADE","7,52","CAIXA REFERENCIAL"]
["89737","JOELHO 90 GRAUS, PVC, SERIE NORMAL, ESGOTO PREDIAL, DN 75 MM, JUNTA ELÁSTICA, FORNECIDO E INSTALADO EM RAMAL DE DESCARGA OU RAMAL DE ESGOTO SANITÁRIO. AF_12/2014","UN","COEFICIENTE DE REPRESENTATIVIDADE","18,61","CAIXA REFERENCIAL"]
["89738","LUVA DE CORRER, CPVC, SOLDÁVEL, DN 22MM, INSTALADO EM RAMAL DE DISTRIBUIÇÃO DE ÁGUA   FORNECIMENTO E INSTALAÇÃO. AF_12/2014","UN","COEFICIENTE DE REPRESENTATIVIDADE","15,22","CAIXA REFERENCIAL"]
["89739","JOELHO 45 GRAUS, PVC, SERIE NORMAL, ESGOTO PREDIAL, DN 75 MM, JUNTA ELÁSTICA, FORNECIDO E INSTALADO EM RAMAL DE DESCARGA OU RAMAL DE ESGOTO SANITÁRIO. AF_12/2014","UN","COEFICIENTE DE REPRESENTATIVIDADE","19,78","CAIXA REFERENCIAL"]
["89740","LUVA DE TRANSIÇÃO, CPVC, SOLDÁVEL, DN 22MM X 25MM, INSTALADO EM RAMAL DE DISTRIBUIÇÃO DE ÁGUA   FORNECIMENTO E INSTALAÇÃO. AF_12/2014","UN","COEFICIENTE DE REPRESENTATIVIDADE","6,85","CAIXA REFERENCIAL"]
["89741","UNIÃO, CPVC, SOLDÁVEL, DN 22MM, INSTALADO EM RAMAL DE DISTRIBUIÇÃO DE ÁGUA   FORNECIMENTO E INSTALAÇÃO. AF_12/2014","UN","COEFICIENTE DE REPRESENTATIVIDADE","21,07","CAIXA REFERENCIAL"]
["89742","CURVA CURTA 90 GRAUS, PVC, SERIE NORMAL, ESGOTO PREDIAL, DN 75 MM, JUNTA ELÁSTICA, FORNECIDO E INSTALADO EM RAMAL DE DESCARGA OU RAMAL DE ESGOTO SANITÁRIO. AF_12/2014","UN","COEFICIENTE DE REPRESENTATIVIDADE","35,39","CAIXA REFERENCIAL"]
["89743","CURVA LONGA 90 GRAUS, PVC, SERIE NORMAL, ESGOTO PREDIAL, DN 75 MM, JUNTA ELÁSTICA, FORNECIDO E INSTALADO EM RAMAL DE DESCARGA OU RAMAL DE ESGOTO SANITÁRIO. AF_12/2014","UN","COEFICIENTE DE REPRESENTATIVIDADE","52,23","CAIXA REFERENCIAL"]
["89744","JOELHO 90 GRAUS, PVC, SERIE NORMAL, ESGOTO PREDIAL, DN 100 MM, JUNTA ELÁSTICA, FORNECIDO E INSTALADO EM RAMAL DE DESCARGA OU RAMAL DE ESGOTO SANITÁRIO. AF_12/2014","UN","COEFICIENTE DE REPRESENTATIVIDADE","24,10","CAIXA REFERENCIAL"]
["89745","CONECTOR, CPVC, SOLDÁVEL, DN 22MM X 1/2 , INSTALADO EM RAMAL DE DISTRIBUIÇÃO DE ÁGUA   FORNECIMENTO E INSTALAÇÃO. AF_12/2014","UN","COEFICIENTE DE REPRESENTATIVIDADE","33,60","CAIXA REFERENCIAL"]
["89746","JOELHO 45 GRAUS, PVC, SERIE NORMAL, ESGOTO PREDIAL, DN 100 MM, JUNTA ELÁSTICA, FORNECIDO E INSTALADO EM RAMAL DE DESCARGA OU RAMAL DE ESGOTO SANITÁRIO. AF_12/2014","UN","COEFICIENTE DE REPRESENTATIVIDADE","24,03","CAIXA REFERENCIAL"]
["89747","ADAPTADOR, CPVC, SOLDÁVEL, DN 22MM, INSTALADO EM RAMAL DE DISTRIBUIÇÃO DE ÁGUA   FORNECIMENTO E INSTALAÇÃO. AF_12/2014","UN","COEFICIENTE DE REPRESENTATIVIDADE","12,61","CAIXA REFERENCIAL"]
["89748","CURVA CURTA 90 GRAUS, PVC, SERIE NORMAL, ESGOTO PREDIAL, DN 100 MM, JUNTA ELÁSTICA, FORNECIDO E INSTALADO EM RAMAL DE DESCARGA OU RAMAL DE ESGOTO SANITÁRIO. AF_12/2014","UN","COEFICIENTE DE REPRESENTATIVIDADE","42,35","CAIXA REFERENCIAL"]
["89749","CURVA DE TRANSPOSIÇÃO, CPVC, SOLDÁVEL, DN 22MM, INSTALADO EM RAMAL DE DISTRIBUIÇÃO DE ÁGUA   FORNECIMENTO E INSTALAÇÃO. AF_12/2014","UN","COEFICIENTE DE REPRESENTATIVIDADE","15,22","CAIXA REFERENCIAL"]
["89750","CURVA LONGA 90 GRAUS, PVC, SERIE NORMAL, ESGOTO PREDIAL, DN 100 MM, JUNTA ELÁSTICA, FORNECIDO E INSTALADO EM RAMAL DE DESCARGA OU RAMAL DE ESGOTO SANITÁRIO. AF_12/2014","UN","COEFICIENTE DE REPRESENTATIVIDADE","74,75","CAIXA REFERENCIAL"]
["89751","BUCHA DE REDUÇÃO, CPVC, SOLDÁVEL, DN 22MM X 15MM, INSTALADO EM RAMAL DE DISTRIBUIÇÃO DE ÁGUA   FORNECIMENTO E INSTALAÇÃO. AF_12/2014","UN","COEFICIENTE DE REPRESENTATIVIDADE","5,71","CAIXA REFERENCIAL"]
["89752","LUVA SIMPLES, PVC, SERIE NORMAL, ESGOTO PREDIAL, DN 40 MM, JUNTA SOLDÁVEL, FORNECIDO E INSTALADO EM RAMAL DE DESCARGA OU RAMAL DE ESGOTO SANITÁRIO. AF_12/2014","UN","COEFICIENTE DE REPRESENTATIVIDADE","5,81","CAIXA REFERENCIAL"]
["89753","LUVA SIMPLES, PVC, SERIE NORMAL, ESGOTO PREDIAL, DN 50 MM, JUNTA ELÁSTICA, FORNECIDO E INSTALADO EM RAMAL DE DESCARGA OU RAMAL DE ESGOTO SANITÁRIO. AF_12/2014","UN","COEFICIENTE DE REPRESENTATIVIDADE","8,97","CAIXA REFERENCIAL"]
["89754","LUVA DE CORRER, PVC, SERIE NORMAL, ESGOTO PREDIAL, DN 50 MM, JUNTA ELÁSTICA, FORNECIDO E INSTALADO EM RAMAL DE DESCARGA OU RAMAL DE ESGOTO SANITÁRIO. AF_12/2014","UN","COEFICIENTE DE REPRESENTATIVIDADE","18,80","CAIXA REFERENCIAL"]
["89755","LUVA, CPVC, SOLDÁVEL, DN 28MM, INSTALADO EM RAMAL DE DISTRIBUIÇÃO DE ÁGUA   FORNECIMENTO E INSTALAÇÃO. AF_12/2014","UN","COEFICIENTE DE REPRESENTATIVIDADE","11,92","CAIXA REFERENCIAL"]
["89756","LUVA DE CORRER, CPVC, SOLDÁVEL, DN 28MM, INSTALADO EM RAMAL DE DISTRIBUIÇÃO DE ÁGUA   FORNECIMENTO E INSTALAÇÃO. AF_12/2014","UN","COEFICIENTE DE REPRESENTATIVIDADE","20,73","CAIXA REFERENCIAL"]
["89757","UNIÃO, CPVC, SOLDÁVEL, DN 28MM, INSTALADO EM RAMAL DE DISTRIBUIÇÃO DE ÁGUA   FORNECIMENTO E INSTALAÇÃO. AF_12/2014","UN","COEFICIENTE DE REPRESENTATIVIDADE","31,96","CAIXA REFERENCIAL"]
["89758","CONECTOR, CPVC, SOLDÁVEL, DN 28MM X 1 , INSTALADO EM RAMAL DE DISTRIBUIÇÃO DE ÁGUA   FORNECIMENTO E INSTALAÇÃO. AF_12/2014","UN","COEFICIENTE DE REPRESENTATIVIDADE","50,28","CAIXA REFERENCIAL"]
["89759","BUCHA DE REDUÇÃO, CPVC, SOLDÁVEL, DN 28MM X 22MM, INSTALADO EM RAMAL DE DISTRIBUIÇÃO DE ÁGUA - FORNECIMENTO E INSTALAÇÃO. AF_12/2014","UN","COEFICIENTE DE REPRESENTATIVIDADE","8,01","CAIXA REFERENCIAL"]
["89760","LUVA, CPVC, SOLDÁVEL, DN 35MM, INSTALADO EM RAMAL DE DISTRIBUIÇÃO DE ÁGUA - FORNECIMENTO E INSTALAÇÃO. AF_12/2014","UN","COEFICIENTE DE REPRESENTATIVIDADE","19,79","CAIXA REFERENCIAL"]
["89761","LUVA DE CORRER, CPVC, SOLDÁVEL, DN 35MM, INSTALADO EM RAMAL DE DISTRIBUIÇÃO DE ÁGUA - FORNECIMENTO E INSTALAÇÃO. AF_12/2014","UN","COEFICIENTE DE REPRESENTATIVIDADE","32,96","CAIXA REFERENCIAL"]
["89762","UNIÃO, CPVC, SOLDÁVEL, DN35MM, INSTALADO EM RAMAL DE DISTRIBUIÇÃO DE ÁGUA - FORNECIMENTO E INSTALAÇÃO. AF_12/2014","UN","COEFICIENTE DE REPRESENTATIVIDADE","47,08","CAIXA REFERENCIAL"]
["89763","CONECTOR, CPVC, SOLDÁVEL, DN 35MM X 1 1/4 , INSTALADO EM RAMAL DE DISTRIBUIÇÃO DE ÁGUA - FORNECIMENTO E INSTALAÇÃO. AF_12/2014","UN","COEFICIENTE DE REPRESENTATIVIDADE","186,75","CAIXA REFERENCIAL"]
["89764","BUCHA DE REDUÇÃO, CPVC, SOLDÁVEL, DN35MM X 28MM, INSTALADO EM RAMAL DE DISTRIBUIÇÃO DE ÁGUA - FORNECIMENTO E INSTALAÇÃO. AF_12/2014","UN","COEFICIENTE DE REPRESENTATIVIDADE","35,79","CAIXA REFERENCIAL"]
["89765","TE, CPVC, SOLDÁVEL, DN 22MM, INSTALADO EM RAMAL DE DISTRIBUIÇÃO DE ÁGUA - FORNECIMENTO E INSTALAÇÃO. AF_12/2014","UN","COEFICIENTE DE REPRESENTATIVIDADE","14,11","CAIXA REFERENCIAL"]
["89766","TE DE TRANSIÇÃO, CPVC, SOLDÁVEL, DN 22MM X 1/2 , INSTALADO EM RAMAL DE DISTRIBUIÇÃO DE ÁGUA   FORNECIMENTO E INSTALAÇÃO. AF_12/2014","UN","COEFICIENTE DE REPRESENTATIVIDADE","21,48","CAIXA REFERENCIAL"]
["89767","TÊ MISTURADOR, CPVC, SOLDÁVEL, DN 22MM, INSTALADO EM RAMAL DE DISTRIBUIÇÃO DE ÁGUA - FORNECIMENTO E INSTALAÇÃO. AF_12/2014","UN","COEFICIENTE DE REPRESENTATIVIDADE","21,48","CAIXA REFERENCIAL"]
["89768","TÊ, CPVC, SOLDÁVEL, DN 28MM, INSTALADO EM RAMAL DE DISTRIBUIÇÃO DE ÁGUA - FORNECIMENTO E INSTALAÇÃO. AF_12/2014","UN","COEFICIENTE DE REPRESENTATIVIDADE","21,56","CAIXA REFERENCIAL"]
["89769","TÊ, CPVC, SOLDÁVEL, DN35MM, INSTALADO EM RAMAL DE DISTRIBUIÇÃO DE ÁGUA - FORNECIMENTO E INSTALAÇÃO. AF_12/2014","UN","COEFICIENTE DE REPRESENTATIVIDADE","52,81","CAIXA REFERENCIAL"]
["89772","TUBO, CPVC, SOLDÁVEL, DN 54MM, INSTALADO EM PRUMADA DE ÁGUA \u0096 FORNECIMENTO E INSTALAÇÃO. AF_12/2014","M","COEFICIENTE DE REPRESENTATIVIDADE","95,62","CAIXA REFERENCIAL"]
["89774","LUVA SIMPLES, PVC, SERIE NORMAL, ESGOTO PREDIAL, DN 75 MM, JUNTA ELÁSTICA, FORNECIDO E INSTALADO EM RAMAL DE DESCARGA OU RAMAL DE ESGOTO SANITÁRIO. AF_12/2014","UN","COEFICIENTE DE REPRESENTATIVIDADE","15,13","CAIXA REFERENCIAL"]
["89776","LUVA DE CORRER, PVC, SERIE NORMAL, ESGOTO PREDIAL, DN 75 MM, JUNTA ELÁSTICA, FORNECIDO E INSTALADO EM RAMAL DE DESCARGA OU RAMAL DE ESGOTO SANITÁRIO. AF_12/2014","UN","COEFICIENTE DE REPRESENTATIVIDADE","22,74","CAIXA REFERENCIAL"]
["89777","JOELHO 90 GRAUS, CPVC, SOLDÁVEL, DN 35MM, INSTALADO EM PRUMADA DE ÁGUA \u0096 FORNECIMENTO E INSTALAÇÃO. AF_12/2014","UN","COEFICIENTE DE REPRESENTATIVIDADE","27,36","CAIXA REFERENCIAL"]
["89778","LUVA SIMPLES, PVC, SERIE NORMAL, ESGOTO PREDIAL, DN 100 MM, JUNTA ELÁSTICA, FORNECIDO E INSTALADO EM RAMAL DE DESCARGA OU RAMAL DE ESGOTO SANITÁRIO. AF_12/2014","UN","COEFICIENTE DE REPRESENTATIVIDADE","18,75","CAIXA REFERENCIAL"]
["89779","LUVA DE CORRER, PVC, SERIE NORMAL, ESGOTO PREDIAL, DN 100 MM, JUNTA ELÁSTICA, FORNECIDO E INSTALADO EM RAMAL DE DESCARGA OU RAMAL DE ESGOTO SANITÁRIO. AF_12/2014","UN","COEFICIENTE DE REPRESENTATIVIDADE","32,83","CAIXA REFERENCIAL"]
["89780","JOELHO 45 GRAUS, CPVC, SOLDÁVEL, DN 35MM, INSTALADO EM PRUMADA DE ÁGUA - FORNECIMENTO E INSTALAÇÃO. AF_12/2014","UN","COEFICIENTE DE REPRESENTATIVIDADE","27,36","CAIXA REFERENCIAL"]
["89781","JOELHO 90 GRAUS, CPVC, SOLDÁVEL, DN 42MM, INSTALADO EM PRUMADA DE ÁGUA \u0096 FORNECIMENTO E INSTALAÇÃO. AF_12/2014","UN","COEFICIENTE DE REPRESENTATIVIDADE","41,03","CAIXA REFERENCIAL"]
["89782","TE, PVC, SERIE NORMAL, ESGOTO PREDIAL, DN 40 X 40 MM, JUNTA SOLDÁVEL, FORNECIDO E INSTALADO EM RAMAL DE DESCARGA OU RAMAL DE ESGOTO SANITÁRIO. AF_12/2014","UN","COEFICIENTE DE REPRESENTATIVIDADE","11,33","CAIXA REFERENCIAL"]
["89783","JUNÇÃO SIMPLES, PVC, SERIE NORMAL, ESGOTO PREDIAL, DN 40 MM, JUNTA SOLDÁVEL, FORNECIDO E INSTALADO EM RAMAL DE DESCARGA OU RAMAL DE ESGOTO SANITÁRIO. AF_12/2014","UN","COEFICIENTE DE REPRESENTATIVIDADE","11,69","CAIXA REFERENCIAL"]
["89784","TE, PVC, SERIE NORMAL, ESGOTO PREDIAL, DN 50 X 50 MM, JUNTA ELÁSTICA, FORNECIDO E INSTALADO EM RAMAL DE DESCARGA OU RAMAL DE ESGOTO SANITÁRIO. AF_12/2014","UN","COEFICIENTE DE REPRESENTATIVIDADE","20,03","CAIXA REFERENCIAL"]
["89785","JUNÇÃO SIMPLES, PVC, SERIE NORMAL, ESGOTO PREDIAL, DN 50 X 50 MM, JUNTA ELÁSTICA, FORNECIDO E INSTALADO EM RAMAL DE DESCARGA OU RAMAL DE ESGOTO SANITÁRIO. AF_12/2014","UN","COEFICIENTE DE REPRESENTATIVIDADE","22,38","CAIXA REFERENCIAL"]
["89786","TE, PVC, SERIE NORMAL, ESGOTO PREDIAL, DN 75 X 75 MM, JUNTA ELÁSTICA, FORNECIDO E INSTALADO EM RAMAL DE DESCARGA OU RAMAL DE ESGOTO SANITÁRIO. AF_12/2014","UN","COEFICIENTE DE REPRESENTATIVIDADE","34,26","CAIXA REFERENCIAL"]
["89787","JOELHO 45 GRAUS, CPVC, SOLDÁVEL, DN 42MM, INSTALADO EM PRUMADA DE ÁGUA \u0096 FORNECIMENTO E INSTALAÇÃO. AF_12/2014","UN","COEFICIENTE DE REPRESENTATIVIDADE","41,03","CAIXA REFERENCIAL"]
["89788","JOELHO 90 GRAUS, CPVC, SOLDÁVEL, DN 54MM, INSTALADO EM PRUMADA DE ÁGUA \u0096 FORNECIMENTO E INSTALAÇÃO. AF_12/2014","UN","COEFICIENTE DE REPRESENTATIVIDADE","80,92","CAIXA REFERENCIAL"]
["89789","JOELHO 45 GRAUS, CPVC, SOLDÁVEL, DN 54MM, INSTALADO EM PRUMADA DE ÁGUA \u0096 FORNECIMENTO E INSTALAÇÃO. AF_12/2014","UN","COEFICIENTE DE REPRESENTATIVIDADE","82,22","CAIXA REFERENCIAL"]
["89790","JOELHO 90 GRAUS, CPVC, SOLDÁVEL, DN 73MM, INSTALADO EM PRUMADA DE ÁGUA \u0096 FORNECIMENTO E INSTALAÇÃO. AF_12/2014","UN","COEFICIENTE DE REPRESENTATIVIDADE","201,86","CAIXA REFERENCIAL"]
["89791","JOELHO 45 GRAUS, CPVC, SOLDÁVEL, DN 73MM, INSTALADO EM PRUMADA DE ÁGUA \u0096 FORNECIMENTO E INSTALAÇÃO. AF_12/2014","UN","COEFICIENTE DE REPRESENTATIVIDADE","206,63","CAIXA REFERENCIAL"]
["89792","JOELHO 90 GRAUS, CPVC, SOLDÁVEL, DN 89MM, INSTALADO EM PRUMADA DE ÁGUA \u0096 FORNECIMENTO E INSTALAÇÃO. AF_12/2014","UN","COEFICIENTE DE REPRESENTATIVIDADE","237,52","CAIXA REFERENCIAL"]
["89793","JOELHO 45 GRAUS, CPVC, SOLDÁVEL, DN 89MM, INSTALADO EM PRUMADA DE ÁGUA \u0096 FORNECIMENTO E INSTALAÇÃO. AF_12/2014","UN","COEFICIENTE DE REPRESENTATIVIDADE","243,94","CAIXA REFERENCIAL"]
["89794","LUVA, CPVC, SOLDÁVEL, DN 35MM, INSTALADO EM PRUMADA DE ÁGUA \u0096 FORNECIMENTO E INSTALAÇÃO. AF_12/2014","UN","COEFICIENTE DE REPRESENTATIVIDADE","19,01","CAIXA REFERENCIAL"]
["89795","JUNÇÃO SIMPLES, PVC, SERIE NORMAL, ESGOTO PREDIAL, DN 75 X 75 MM, JUNTA ELÁSTICA, FORNECIDO E INSTALADO EM RAMAL DE DESCARGA OU RAMAL DE ESGOTO SANITÁRIO. AF_12/2014","UN","COEFICIENTE DE REPRESENTATIVIDADE","37,47","CAIXA REFERENCIAL"]
["89796","TE, PVC, SERIE NORMAL, ESGOTO PREDIAL, DN 100 X 100 MM, JUNTA ELÁSTICA, FORNECIDO E INSTALADO EM RAMAL DE DESCARGA OU RAMAL DE ESGOTO SANITÁRIO. AF_12/2014","UN","COEFICIENTE DE REPRESENTATIVIDADE","41,55","CAIXA REFERENCIAL"]
["89797","JUNÇÃO SIMPLES, PVC, SERIE NORMAL, ESGOTO PREDIAL, DN 100 X 100 MM, JUNTA ELÁSTICA, FORNECIDO E INSTALADO EM RAMAL DE DESCARGA OU RAMAL DE ESGOTO SANITÁRIO. AF_12/2014","UN","COEFICIENTE DE REPRESENTATIVIDADE","49,10","CAIXA REFERENCIAL"]
["89801","JOELHO 90 GRAUS, PVC, SERIE NORMAL, ESGOTO PREDIAL, DN 50 MM, JUNTA ELÁSTICA, FORNECIDO E INSTALADO EM PRUMADA DE ESGOTO SANITÁRIO OU VENTILAÇÃO. AF_12/2014","UN","COEFICIENTE DE REPRESENTATIVIDADE","7,11","CAIXA REFERENCIAL"]
["89802","JOELHO 45 GRAUS, PVC, SERIE NORMAL, ESGOTO PREDIAL, DN 50 MM, JUNTA ELÁSTICA, FORNECIDO E INSTALADO EM PRUMADA DE ESGOTO SANITÁRIO OU VENTILAÇÃO. AF_12/2014","UN","COEFICIENTE DE REPRESENTATIVIDADE","7,94","CAIXA REFERENCIAL"]
["89803","CURVA CURTA 90 GRAUS, PVC, SERIE NORMAL, ESGOTO PREDIAL, DN 50 MM, JUNTA ELÁSTICA, FORNECIDO E INSTALADO EM PRUMADA DE ESGOTO SANITÁRIO OU VENTILAÇÃO. AF_12/2014","UN","COEFICIENTE DE REPRESENTATIVIDADE","16,79","CAIXA REFERENCIAL"]
["89804","CURVA LONGA 90 GRAUS, PVC, SERIE NORMAL, ESGOTO PREDIAL, DN 50 MM, JUNTA ELÁSTICA, FORNECIDO E INSTALADO EM PRUMADA DE ESGOTO SANITÁRIO OU VENTILAÇÃO. AF_12/2014","UN","COEFICIENTE DE REPRESENTATIVIDADE","18,15","CAIXA REFERENCIAL"]
["89805","JOELHO 90 GRAUS, PVC, SERIE NORMAL, ESGOTO PREDIAL, DN 75 MM, JUNTA ELÁSTICA, FORNECIDO E INSTALADO EM PRUMADA DE ESGOTO SANITÁRIO OU VENTILAÇÃO. AF_12/2014","UN","COEFICIENTE DE REPRESENTATIVIDADE","14,88","CAIXA REFERENCIAL"]
["89806","JOELHO 45 GRAUS, PVC, SERIE NORMAL, ESGOTO PREDIAL, DN 75 MM, JUNTA ELÁSTICA, FORNECIDO E INSTALADO EM PRUMADA DE ESGOTO SANITÁRIO OU VENTILAÇÃO. AF_12/2014","UN","COEFICIENTE DE REPRESENTATIVIDADE","16,05","CAIXA REFERENCIAL"]
["89807","CURVA CURTA 90 GRAUS, PVC, SERIE NORMAL, ESGOTO PREDIAL, DN 75 MM, JUNTA ELÁSTICA, FORNECIDO E INSTALADO EM PRUMADA DE ESGOTO SANITÁRIO OU VENTILAÇÃO. AF_12/2014","UN","COEFICIENTE DE REPRESENTATIVIDADE","31,66","CAIXA REFERENCIAL"]
["89808","CURVA LONGA 90 GRAUS, PVC, SERIE NORMAL, ESGOTO PREDIAL, DN 75 MM, JUNTA ELÁSTICA, FORNECIDO E INSTALADO EM PRUMADA DE ESGOTO SANITÁRIO OU VENTILAÇÃO. AF_12/2014","UN","COEFICIENTE DE REPRESENTATIVIDADE","48,50","CAIXA REFERENCIAL"]
["89809","JOELHO 90 GRAUS, PVC, SERIE NORMAL, ESGOTO PREDIAL, DN 100 MM, JUNTA ELÁSTICA, FORNECIDO E INSTALADO EM PRUMADA DE ESGOTO SANITÁRIO OU VENTILAÇÃO. AF_12/2014","UN","COEFICIENTE DE REPRESENTATIVIDADE","19,69","CAIXA REFERENCIAL"]
["89810","JOELHO 45 GRAUS, PVC, SERIE NORMAL, ESGOTO PREDIAL, DN 100 MM, JUNTA ELÁSTICA, FORNECIDO E INSTALADO EM PRUMADA DE ESGOTO SANITÁRIO OU VENTILAÇÃO. AF_12/2014","UN","COEFICIENTE DE REPRESENTATIVIDADE","19,62","CAIXA REFERENCIAL"]
["89811","CURVA CURTA 90 GRAUS, PVC, SERIE NORMAL, ESGOTO PREDIAL, DN 100 MM, JUNTA ELÁSTICA, FORNECIDO E INSTALADO EM PRUMADA DE ESGOTO SANITÁRIO OU VENTILAÇÃO. AF_12/2014","UN","COEFICIENTE DE REPRESENTATIVIDADE","37,94","CAIXA REFERENCIAL"]
["89812","CURVA LONGA 90 GRAUS, PVC, SERIE NORMAL, ESGOTO PREDIAL, DN 100 MM, JUNTA ELÁSTICA, FORNECIDO E INSTALADO EM PRUMADA DE ESGOTO SANITÁRIO OU VENTILAÇÃO. AF_12/2014","UN","COEFICIENTE DE REPRESENTATIVIDADE","70,34","CAIXA REFERENCIAL"]
["89813","LUVA SIMPLES, PVC, SERIE NORMAL, ESGOTO PREDIAL, DN 50 MM, JUNTA ELÁSTICA, FORNECIDO E INSTALADO EM PRUMADA DE ESGOTO SANITÁRIO OU VENTILAÇÃO. AF_12/2014","UN","COEFICIENTE DE REPRESENTATIVIDADE","7,27","CAIXA REFERENCIAL"]
["89814","LUVA DE CORRER, PVC, SERIE NORMAL, ESGOTO PREDIAL, DN 50 MM, JUNTA ELÁSTICA, FORNECIDO E INSTALADO EM PRUMADA DE ESGOTO SANITÁRIO OU VENTILAÇÃO. AF_12/2014","UN","COEFICIENTE DE REPRESENTATIVIDADE","17,10","CAIXA REFERENCIAL"]
["89815","LUVA DE CORRER, CPVC, SOLDÁVEL, DN 35MM, INSTALADO EM PRUMADA DE ÁGUA \u0096 FORNECIMENTO E INSTALAÇÃO. AF_12/2014","UN","COEFICIENTE DE REPRESENTATIVIDADE","32,18","CAIXA REFERENCIAL"]
["89816","UNIÃO, CPVC, SOLDÁVEL, DN35MM, INSTALADO EM PRUMADA DE ÁGUA \u0096 FORNECIMENTO E INSTALAÇÃO. AF_12/2014","UN","COEFICIENTE DE REPRESENTATIVIDADE","46,30","CAIXA REFERENCIAL"]
["89817","LUVA SIMPLES, PVC, SERIE NORMAL, ESGOTO PREDIAL, DN 75 MM, JUNTA ELÁSTICA, FORNECIDO E INSTALADO EM PRUMADA DE ESGOTO SANITÁRIO OU VENTILAÇÃO. AF_12/2014","UN","COEFICIENTE DE REPRESENTATIVIDADE","12,76","CAIXA REFERENCIAL"]
["89818","CONECTOR, CPVC, SOLDÁVEL, DN 35MM X 1 1/4\u0094, INSTALADO EM PRUMADA DE ÁGUA \u0096 FORNECIMENTO E INSTALAÇÃO. AF_12/2014","UN","COEFICIENTE DE REPRESENTATIVIDADE","185,97","CAIXA REFERENCIAL"]
["89819","LUVA DE CORRER, PVC, SERIE NORMAL, ESGOTO PREDIAL, DN 75 MM, JUNTA ELÁSTICA, FORNECIDO E INSTALADO EM PRUMADA DE ESGOTO SANITÁRIO OU VENTILAÇÃO. AF_12/2014","UN","COEFICIENTE DE REPRESENTATIVIDADE","20,37","CAIXA REFERENCIAL"]
["89820","BUCHA DE REDUÇÃO, CPVC, SOLDÁVEL, DN35MM X 28MM, INSTALADO EM PRUMADA DE ÁGUA \u0096 FORNECIMENTO E INSTALAÇÃO. AF_12/2014","UN","COEFICIENTE DE REPRESENTATIVIDADE","35,01","CAIXA REFERENCIAL"]
["89821","LUVA SIMPLES, PVC, SERIE NORMAL, ESGOTO PREDIAL, DN 100 MM, JUNTA ELÁSTICA, FORNECIDO E INSTALADO EM PRUMADA DE ESGOTO SANITÁRIO OU VENTILAÇÃO. AF_12/2014","UN","COEFICIENTE DE REPRESENTATIVIDADE","15,70","CAIXA REFERENCIAL"]
["89822","LUVA, CPVC, SOLDÁVEL, DN 42MM, INSTALADO EM PRUMADA DE ÁGUA \u0096 FORNECIMENTO E INSTALAÇÃO. AF_12/2014","UN","COEFICIENTE DE REPRESENTATIVIDADE","25,04","CAIXA REFERENCIAL"]
["89823","LUVA DE CORRER, PVC, SERIE NORMAL, ESGOTO PREDIAL, DN 100 MM, JUNTA ELÁSTICA, FORNECIDO E INSTALADO EM PRUMADA DE ESGOTO SANITÁRIO OU VENTILAÇÃO. AF_12/2014","UN","COEFICIENTE DE REPRESENTATIVIDADE","29,78","CAIXA REFERENCIAL"]
["89824","LUVA DE CORRER, CPVC, SOLDÁVEL, DN 42MM, INSTALADO EM PRUMADA DE ÁGUA \u0096 FORNECIMENTO E INSTALAÇÃO. AF_12/2014","UN","COEFICIENTE DE REPRESENTATIVIDADE","43,80","CAIXA REFERENCIAL"]
["89825","TE, PVC, SERIE NORMAL, ESGOTO PREDIAL, DN 50 X 50 MM, JUNTA ELÁSTICA, FORNECIDO E INSTALADO EM PRUMADA DE ESGOTO SANITÁRIO OU VENTILAÇÃO. AF_12/2014","UN","COEFICIENTE DE REPRESENTATIVIDADE","16,30","CAIXA REFERENCIAL"]
["89826","LUVA DE TRANSIÇÃO, CPVC, SOLDÁVEL, DN42MM X 1.1/2\u0094, INSTALADO EM PRUMADA DE ÁGUA \u0096 FORNECIMENTO E INSTALAÇÃO. AF_12/2014","UN","COEFICIENTE DE REPRESENTATIVIDADE","189,86","CAIXA REFERENCIAL"]
["89827","JUNÇÃO SIMPLES, PVC, SERIE NORMAL, ESGOTO PREDIAL, DN 50 X 50 MM, JUNTA ELÁSTICA, FORNECIDO E INSTALADO EM PRUMADA DE ESGOTO SANITÁRIO OU VENTILAÇÃO. AF_12/2014","UN","COEFICIENTE DE REPRESENTATIVIDADE","18,65","CAIXA REFERENCIAL"]
["89828","UNIÃO, CPVC, SOLDÁVEL, DN42MM, INSTALADO EM PRUMADA DE ÁGUA \u0096 FORNECIMENTO E INSTALAÇÃO. AF_12/2014","UN","COEFICIENTE DE REPRESENTATIVIDADE","66,95","CAIXA REFERENCIAL"]
["89829","TE, PVC, SERIE NORMAL, ESGOTO PREDIAL, DN 75 X 75 MM, JUNTA ELÁSTICA, FORNECIDO E INSTALADO EM PRUMADA DE ESGOTO SANITÁRIO OU VENTILAÇÃO. AF_12/2014","UN","COEFICIENTE DE REPRESENTATIVIDADE","29,51","CAIXA REFERENCIAL"]
["89830","JUNÇÃO SIMPLES, PVC, SERIE NORMAL, ESGOTO PREDIAL, DN 75 X 75 MM, JUNTA ELÁSTICA, FORNECIDO E INSTALADO EM PRUMADA DE ESGOTO SANITÁRIO OU VENTILAÇÃO. AF_12/2014","UN","COEFICIENTE DE REPRESENTATIVIDADE","32,72","CAIXA REFERENCIAL"]
["89831","CONECTOR, CPVC, SOLDÁVEL, DN 42MM X 1.1/2\u0094, INSTALADO EM PRUMADA DE ÁGUA \u0096 FORNECIMENTO E INSTALAÇÃO. AF_12/2014","UN","COEFICIENTE DE REPRESENTATIVIDADE","227,10","CAIXA REFERENCIAL"]
["89832","BUCHA DE REDUÇÃO, CPVC, SOLDÁVEL, DN 42MM X 22MM, INSTALADO EM RAMAL DE DISTRIBUIÇÃO DE ÁGUA - FORNECIMENTO E INSTALAÇÃO. AF_12/2014","UN","COEFICIENTE DE REPRESENTATIVIDADE","45,93","CAIXA REFERENCIAL"]
["89833","TE, PVC, SERIE NORMAL, ESGOTO PREDIAL, DN 100 X 100 MM, JUNTA ELÁSTICA, FORNECIDO E INSTALADO EM PRUMADA DE ESGOTO SANITÁRIO OU VENTILAÇÃO. AF_12/2014","UN","COEFICIENTE DE REPRESENTATIVIDADE","35,78","CAIXA REFERENCIAL"]
["89834","JUNÇÃO SIMPLES, PVC, SERIE NORMAL, ESGOTO PREDIAL, DN 100 X 100 MM, JUNTA ELÁSTICA, FORNECIDO E INSTALADO EM PRUMADA DE ESGOTO SANITÁRIO OU VENTILAÇÃO. AF_12/2014","UN","COEFICIENTE DE REPRESENTATIVIDADE","43,33","CAIXA REFERENCIAL"]
["89835","LUVA, CPVC, SOLDÁVEL, DN 54MM, INSTALADO EM PRUMADA DE ÁGUA \u0096 FORNECIMENTO E INSTALAÇÃO. AF_12/2014","UN","COEFICIENTE DE REPRESENTATIVIDADE","45,14","CAIXA REFERENCIAL"]
["89836","LUVA DE TRANSIÇÃO, CPVC, SOLDÁVEL, DN 54MM X 2\u0094, INSTALADO EM PRUMADA DE ÁGUA \u0096 FORNECIMENTO E INSTALAÇÃO. AF_12/2014","UN","COEFICIENTE DE REPRESENTATIVIDADE","306,94","CAIXA REFERENCIAL"]
["89837","UNIÃO, CPVC, SOLDÁVEL, DN 54MM, INSTALADO EM PRUMADA DE ÁGUA \u0096 FORNECIMENTO E INSTALAÇÃO. AF_12/2014","UN","COEFICIENTE DE REPRESENTATIVIDADE","152,57","CAIXA REFERENCIAL"]
["89838","LUVA, CPVC, SOLDÁVEL, DN 73MM, INSTALADO EM PRUMADA DE ÁGUA \u0096 FORNECIMENTO E INSTALAÇÃO. AF_12/2014","UN","COEFICIENTE DE REPRESENTATIVIDADE","166,45","CAIXA REFERENCIAL"]
["89839","UNIÃO, CPVC, SOLDÁVEL, DN 73MM, INSTALADO EM PRUMADA DE ÁGUA \u0096 FORNECIMENTO E INSTALAÇÃO. AF_12/2014","UN","COEFICIENTE DE REPRESENTATIVIDADE","221,21","CAIXA REFERENCIAL"]
["89840","LUVA, CPVC, SOLDÁVEL, DN 89MM, INSTALADO EM PRUMADA DE ÁGUA \u0096 FORNECIMENTO E INSTALAÇÃO. AF_12/2014","UN","COEFICIENTE DE REPRESENTATIVIDADE","192,36","CAIXA REFERENCIAL"]
["89841","UNIÃO, CPVC, SOLDÁVEL, DN 89MM, INSTALADO EM PRUMADA DE ÁGUA \u0096 FORNECIMENTO E INSTALAÇÃO. AF_12/2014","UN","COEFICIENTE DE REPRESENTATIVIDADE","325,06","CAIXA REFERENCIAL"]
["89842","TÊ, CPVC, SOLDÁVEL, DN 35MM, INSTALADO EM PRUMADA DE ÁGUA \u0096 FORNECIMENTO E INSTALAÇÃO. AF_12/2014","UN","COEFICIENTE DE REPRESENTATIVIDADE","51,25","CAIXA REFERENCIAL"]
["89844","TE, CPVC, SOLDÁVEL, DN  42MM, INSTALADO EM PRUMADA DE ÁGUA \u0096 FORNECIMENTO E INSTALAÇÃO. AF_12/2014","UN","COEFICIENTE DE REPRESENTATIVIDADE","65,45","CAIXA REFERENCIAL"]
["89845","TÊ, CPVC, SOLDÁVEL, DN 54 MM, INSTALADO EM PRUMADA DE ÁGUA \u0096 FORNECIMENTO E INSTALAÇÃO. AF_12/2014","UN","COEFICIENTE DE REPRESENTATIVIDADE","102,03","CAIXA REFERENCIAL"]
["89846","TÊ, CPVC, SOLDÁVEL, DN 73MM, INSTALADO EM PRUMADA DE ÁGUA \u0096 FORNECIMENTO E INSTALAÇÃO. AF_12/2014","UN","COEFICIENTE DE REPRESENTATIVIDADE","231,53","CAIXA REFERENCIAL"]
["89847","TÊ, CPVC, SOLDÁVEL, DN 89MM, INSTALADO EM PRUMADA DE ÁGUA \u0096 FORNECIMENTO E INSTALAÇÃO. AF_12/2014","UN","COEFICIENTE DE REPRESENTATIVIDADE","284,94","CAIXA REFERENCIAL"]
["89850","JOELHO 90 GRAUS, PVC, SERIE NORMAL, ESGOTO PREDIAL, DN 100 MM, JUNTA ELÁSTICA, FORNECIDO E INSTALADO EM SUBCOLETOR AÉREO DE ESGOTO SANITÁRIO. AF_12/2014","UN","COEFICIENTE DE REPRESENTATIVIDADE","23,76","CAIXA REFERENCIAL"]
["89851","JOELHO 45 GRAUS, PVC, SERIE NORMAL, ESGOTO PREDIAL, DN 100 MM, JUNTA ELÁSTICA, FORNECIDO E INSTALADO EM SUBCOLETOR AÉREO DE ESGOTO SANITÁRIO. AF_12/2014","UN","COEFICIENTE DE REPRESENTATIVIDADE","23,69","CAIXA REFERENCIAL"]
["89852","CURVA CURTA 90 GRAUS, PVC, SERIE NORMAL, ESGOTO PREDIAL, DN 100 MM, JUNTA ELÁSTICA, FORNECIDO E INSTALADO EM SUBCOLETOR AÉREO DE ESGOTO SANITÁRIO. AF_12/2014","UN","COEFICIENTE DE REPRESENTATIVIDADE","42,01","CAIXA REFERENCIAL"]
["89853","CURVA LONGA 90 GRAUS, PVC, SERIE NORMAL, ESGOTO PREDIAL, DN 100 MM, JUNTA ELÁSTICA, FORNECIDO E INSTALADO EM SUBCOLETOR AÉREO DE ESGOTO SANITÁRIO. AF_12/2014","UN","COEFICIENTE DE REPRESENTATIVIDADE","74,41","CAIXA REFERENCIAL"]
["89854","JOELHO 90 GRAUS, PVC, SERIE NORMAL, ESGOTO PREDIAL, DN 150 MM, JUNTA ELÁSTICA, FORNECIDO E INSTALADO EM SUBCOLETOR AÉREO DE ESGOTO SANITÁRIO. AF_12/2014","UN","COEFICIENTE DE REPRESENTATIVIDADE","93,20","CAIXA REFERENCIAL"]
["89855","JOELHO 45 GRAUS, PVC, SERIE NORMAL, ESGOTO PREDIAL, DN 150 MM, JUNTA ELÁSTICA, FORNECIDO E INSTALADO EM SUBCOLETOR AÉREO DE ESGOTO SANITÁRIO. AF_12/2014","UN","COEFICIENTE DE REPRESENTATIVIDADE","99,72","CAIXA REFERENCIAL"]
["89856","LUVA SIMPLES, PVC, SERIE NORMAL, ESGOTO PREDIAL, DN 100 MM, JUNTA ELÁSTICA, FORNECIDO E INSTALADO EM SUBCOLETOR AÉREO DE ESGOTO SANITÁRIO. AF_12/2014","UN","COEFICIENTE DE REPRESENTATIVIDADE","18,41","CAIXA REFERENCIAL"]
["89857","LUVA DE CORRER, PVC, SERIE NORMAL, ESGOTO PREDIAL, DN 100 MM, JUNTA ELÁSTICA, FORNECIDO E INSTALADO EM SUBCOLETOR AÉREO DE ESGOTO SANITÁRIO. AF_12/2014","UN","COEFICIENTE DE REPRESENTATIVIDADE","32,49","CAIXA REFERENCIAL"]
["89859","LUVA DE CORRER, PVC, SERIE NORMAL, ESGOTO PREDIAL, DN 150 MM, JUNTA ELÁSTICA, FORNECIDO E INSTALADO EM SUBCOLETOR AÉREO DE ESGOTO SANITÁRIO. AF_12/2014","UN","ATRIBUÍDO SÃO PAULO","103,10","CAIXA REFERENCIAL"]
["89860","TE, PVC, SERIE NORMAL, ESGOTO PREDIAL, DN 100 X 100 MM, JUNTA ELÁSTICA, FORNECIDO E INSTALADO EM SUBCOLETOR AÉREO DE ESGOTO SANITÁRIO. AF_12/2014","UN","COEFICIENTE DE REPRESENTATIVIDADE","41,21","CAIXA REFERENCIAL"]
["89861","JUNÇÃO SIMPLES, PVC, SERIE NORMAL, ESGOTO PREDIAL, DN 100 X 100 MM, JUNTA ELÁSTICA, FORNECIDO E INSTALADO EM SUBCOLETOR AÉREO DE ESGOTO SANITÁRIO. AF_12/2014","UN","COEFICIENTE DE REPRESENTATIVIDADE","48,76","CAIXA REFERENCIAL"]
["89862","TE, PVC, SERIE NORMAL, ESGOTO PREDIAL, DN 150 X 150 MM, JUNTA ELÁSTICA, FORNECIDO E INSTALADO EM SUBCOLETOR AÉREO DE ESGOTO SANITÁRIO. AF_12/2014","UN","COEFICIENTE DE REPRESENTATIVIDADE","94,26","CAIXA REFERENCIAL"]
["89863","JUNÇÃO SIMPLES, PVC, SERIE NORMAL, ESGOTO PREDIAL, DN 150 X 150 MM, JUNTA ELÁSTICA, FORNECIDO E INSTALADO EM SUBCOLETOR AÉREO DE ESGOTO SANITÁRIO. AF_12/2014","UN","COEFICIENTE DE REPRESENTATIVIDADE","220,33","CAIXA REFERENCIAL"]
["89866","JOELHO 90 GRAUS, PVC, SOLDÁVEL, DN 25MM, INSTALADO EM DRENO DE AR-CONDICIONADO - FORNECIMENTO E INSTALAÇÃO. AF_12/2014","UN","COEFICIENTE DE REPRESENTATIVIDADE","4,55","CAIXA REFERENCIAL"]
["89867","JOELHO 45 GRAUS, PVC, SOLDÁVEL, DN 25MM, INSTALADO EM DRENO DE AR-CONDICIONADO - FORNECIMENTO E INSTALAÇÃO. AF_12/2014","UN","COEFICIENTE DE REPRESENTATIVIDADE","5,75","CAIXA REFERENCIAL"]
["89868","LUVA, PVC, SOLDÁVEL, DN 25MM, INSTALADO EM DRENO DE AR-CONDICIONADO - FORNECIMENTO E INSTALAÇÃO. AF_12/2014","UN","COEFICIENTE DE REPRESENTATIVIDADE","3,62","CAIXA REFERENCIAL"]
["89869","TE, PVC, SOLDÁVEL, DN 25MM, INSTALADO EM DRENO DE AR-CONDICIONADO - FORNECIMENTO E INSTALAÇÃO. AF_12/2014","UN","COEFICIENTE DE REPRESENTATIVIDADE","7,55","CAIXA REFERENCIAL"]
["89979","LUVA COM BUCHA DE LATÃO, PVC, SOLDÁVEL, DN 32MM X 1 , INSTALADO EM RAMAL OU SUB-RAMAL DE ÁGUA   FORNECIMENTO E INSTALAÇÃO. AF_12/2014","UN","COEFICIENTE DE REPRESENTATIVIDADE","34,15","CAIXA REFERENCIAL"]
["89980","LUVA COM BUCHA DE LATÃO, PVC, SOLDÁVEL, DN 25MM X 3/4\u0094, INSTALADO EM PRUMADA DE ÁGUA - FORNECIMENTO E INSTALAÇÃO. AF_12/2014","UN","COEFICIENTE DE REPRESENTATIVIDADE","12,90","CAIXA REFERENCIAL"]
["89981","LUVA SOLDÁVEL E COM BUCHA DE LATÃO, PVC, SOLDÁVEL, DN 32MM X 1 , INSTALADO EM PRUMADA DE ÁGUA   FORNECIMENTO E INSTALAÇÃO. AF_12/2014","UN","COEFICIENTE DE REPRESENTATIVIDADE","31,70","CAIXA REFERENCIAL"]
["90373","JOELHO 90 GRAUS COM BUCHA DE LATÃO, PVC, SOLDÁVEL, DN 25MM, X 1/2\u0094 INSTALADO EM RAMAL OU SUB-RAMAL DE ÁGUA - FORNECIMENTO E INSTALAÇÃO. AF_12/2014","UN","COEFICIENTE DE REPRESENTATIVIDADE","15,71","CAIXA REFERENCIAL"]
["90374","TÊ COM BUCHA DE LATÃO NA BOLSA CENTRAL, PVC, SOLDÁVEL, DN 25MM X 3/4\u0094, INSTALADO EM RAMAL OU SUB-RAMAL DE ÁGUA - FORNECIMENTO E INSTALAÇÃO. AF_03/2015","UN","COEFICIENTE DE REPRESENTATIVIDADE","25,61","CAIXA REFERENCIAL"]
["90375","BUCHA DE REDUÇÃO, PVC, SOLDÁVEL, DN 40MM X 32MM, INSTALADO EM RAMAL OU SUB-RAMAL DE ÁGUA - FORNECIMENTO E INSTALAÇÃO. AF_03/2015","UN","COEFICIENTE DE REPRESENTATIVIDADE","8,53","CAIXA REFERENCIAL"]
["92287","COTOVELO EM COBRE, DN 22 MM, 90 GRAUS, SEM ANEL DE SOLDA, INSTALADO EM PRUMADA   FORNECIMENTO E INSTALAÇÃO. AF_12/2015","UN","ATRIBUÍDO SÃO PAULO","17,86","CAIXA REFERENCIAL"]
["92288","COTOVELO EM COBRE, DN 28 MM, 90 GRAUS, SEM ANEL DE SOLDA, INSTALADO EM PRUMADA \u0096 FORNECIMENTO E INSTALAÇÃO. AF_12/2015","UN","ATRIBUÍDO SÃO PAULO","28,19","CAIXA REFERENCIAL"]
["92289","COTOVELO EM COBRE, DN 35 MM, 90 GRAUS, SEM ANEL DE SOLDA, INSTALADO EM PRUMADA \u0096 FORNECIMENTO E INSTALAÇÃO. AF_12/2015","UN","ATRIBUÍDO SÃO PAULO","50,65","CAIXA REFERENCIAL"]
["92290","COTOVELO EM COBRE, DN 42 MM, 90 GRAUS, SEM ANEL DE SOLDA, INSTALADO EM PRUMADA \u0096 FORNECIMENTO E INSTALAÇÃO. AF_12/2015","UN","ATRIBUÍDO SÃO PAULO","77,84","CAIXA REFERENCIAL"]
["92291","COTOVELO EM COBRE, DN 54 MM, 90 GRAUS, SEM ANEL DE SOLDA, INSTALADO EM PRUMADA \u0096 FORNECIMENTO E INSTALAÇÃO. AF_12/2015","UN","ATRIBUÍDO SÃO PAULO","120,10","CAIXA REFERENCIAL"]
["92292","COTOVELO EM COBRE, DN 66 MM, 90 GRAUS, SEM ANEL DE SOLDA, INSTALADO EM PRUMADA \u0096 FORNECIMENTO E INSTALAÇÃO. AF_12/2015","UN","ATRIBUÍDO SÃO PAULO","381,87","CAIXA REFERENCIAL"]
["92293","LUVA EM COBRE, DN 22 MM, SEM ANEL DE SOLDA, INSTALADO EM PRUMADA \u0096 FORNECIMENTO E INSTALAÇÃO. AF_12/2015","UN","ATRIBUÍDO SÃO PAULO","10,10","CAIXA REFERENCIAL"]
["92294","LUVA EM COBRE, DN 28 MM, SEM ANEL DE SOLDA, INSTALADO EM PRUMADA \u0096 FORNECIMENTO E INSTALAÇÃO. AF_12/2015","UN","ATRIBUÍDO SÃO PAULO","17,19","CAIXA REFERENCIAL"]
["92295","LUVA EM COBRE, DN 35 MM, SEM ANEL DE SOLDA, INSTALADO EM PRUMADA \u0096 FORNECIMENTO E INSTALAÇÃO. AF_12/2015","UN","ATRIBUÍDO SÃO PAULO","32,94","CAIXA REFERENCIAL"]
["92296","LUVA EM COBRE, DN 42 MM, SEM ANEL DE SOLDA, INSTALADO EM PRUMADA \u0096 FORNECIMENTO E INSTALAÇÃO. AF_12/2015","UN","ATRIBUÍDO SÃO PAULO","44,15","CAIXA REFERENCIAL"]
["92297","LUVA EM COBRE, DN 54 MM, SEM ANEL DE SOLDA, INSTALADO EM PRUMADA \u0096 FORNECIMENTO E INSTALAÇÃO. AF_12/2015","UN","ATRIBUÍDO SÃO PAULO","68,84","CAIXA REFERENCIAL"]
["92298","LUVA EM COBRE, DN 66 MM, SEM ANEL DE SOLDA, INSTALADO EM PRUMADA \u0096 FORNECIMENTO E INSTALAÇÃO. AF_12/2015","UN","ATRIBUÍDO SÃO PAULO","197,04","CAIXA REFERENCIAL"]
["92299","TE EM COBRE, DN 22 MM, SEM ANEL DE SOLDA, INSTALADO EM PRUMADA \u0096 FORNECIMENTO E INSTALAÇÃO. AF_12/2015","UN","ATRIBUÍDO SÃO PAULO","23,51","CAIXA REFERENCIAL"]
["92300","TE EM COBRE, DN 28 MM, SEM ANEL DE SOLDA, INSTALADO EM PRUMADA \u0096 FORNECIMENTO E INSTALAÇÃO. AF_12/2015","UN","ATRIBUÍDO SÃO PAULO","35,78","CAIXA REFERENCIAL"]
["92301","TE EM COBRE, DN 35 MM, SEM ANEL DE SOLDA, INSTALADO EM PRUMADA \u0096 FORNECIMENTO E INSTALAÇÃO. AF_12/2015","UN","ATRIBUÍDO SÃO PAULO","72,28","CAIXA REFERENCIAL"]
["92302","TE EM COBRE, DN 42 MM, SEM ANEL DE SOLDA, INSTALADO EM PRUMADA \u0096 FORNECIMENTO E INSTALAÇÃO. AF_12/2015","UN","ATRIBUÍDO SÃO PAULO","96,26","CAIXA REFERENCIAL"]
["92303","TE EM COBRE, DN 54 MM, SEM ANEL DE SOLDA, INSTALADO EM PRUMADA \u0096 FORNECIMENTO E INSTALAÇÃO. AF_12/2015","UN","ATRIBUÍDO SÃO PAULO","178,56","CAIXA REFERENCIAL"]
["92304","TE EM COBRE, DN 66 MM, SEM ANEL DE SOLDA, INSTALADO EM PRUMADA \u0096 FORNECIMENTO E INSTALAÇÃO. AF_12/2015","UN","ATRIBUÍDO SÃO PAULO","470,86","CAIXA REFERENCIAL"]
["92311","COTOVELO EM COBRE, DN 15 MM, 90 GRAUS, SEM ANEL DE SOLDA, INSTALADO EM RAMAL DE DISTRIBUIÇÃO \u0096 FORNECIMENTO E INSTALAÇÃO. AF_12/2015","UN","ATRIBUÍDO SÃO PAULO","11,43","CAIXA REFERENCIAL"]
["92312","COTOVELO EM COBRE, DN 22 MM, 90 GRAUS, SEM ANEL DE SOLDA, INSTALADO EM RAMAL DE DISTRIBUIÇÃO \u0096 FORNECIMENTO E INSTALAÇÃO. AF_12/2015","UN","ATRIBUÍDO SÃO PAULO","19,98","CAIXA REFERENCIAL"]
["92313","COTOVELO EM COBRE, DN 28 MM, 90 GRAUS, SEM ANEL DE SOLDA, INSTALADO EM RAMAL DE DISTRIBUIÇÃO \u0096 FORNECIMENTO E INSTALAÇÃO. AF_12/2015","UN","ATRIBUÍDO SÃO PAULO","30,31","CAIXA REFERENCIAL"]
["92314","LUVA EM COBRE, DN 15 MM, SEM ANEL DE SOLDA, INSTALADO EM RAMAL DE DISTRIBUIÇÃO \u0096 FORNECIMENTO E INSTALAÇÃO. AF_12/2015","UN","ATRIBUÍDO SÃO PAULO","7,38","CAIXA REFERENCIAL"]
["92315","LUVA EM COBRE, DN 22 MM, SEM ANEL DE SOLDA, INSTALADO EM RAMAL DE DISTRIBUIÇÃO \u0096 FORNECIMENTO E INSTALAÇÃO. AF_12/2015","UN","ATRIBUÍDO SÃO PAULO","11,55","CAIXA REFERENCIAL"]
["92316","LUVA EM COBRE, DN 28 MM, SEM ANEL DE SOLDA, INSTALADO EM RAMAL DE DISTRIBUIÇÃO \u0096 FORNECIMENTO E INSTALAÇÃO. AF_12/2015","UN","ATRIBUÍDO SÃO PAULO","18,64","CAIXA REFERENCIAL"]
["92317","TE EM COBRE, DN 15 MM, SEM ANEL DE SOLDA, INSTALADO EM RAMAL DE DISTRIBUIÇÃO \u0096 FORNECIMENTO E INSTALAÇÃO. AF_12/2015","UN","ATRIBUÍDO SÃO PAULO","15,60","CAIXA REFERENCIAL"]
["92318","TE EM COBRE, DN 22 MM, SEM ANEL DE SOLDA, INSTALADO EM RAMAL DE DISTRIBUIÇÃO \u0096 FORNECIMENTO E INSTALAÇÃO. AF_12/2015","UN","ATRIBUÍDO SÃO PAULO","26,36","CAIXA REFERENCIAL"]
["92319","TE EM COBRE, DN 28 MM, SEM ANEL DE SOLDA, INSTALADO EM RAMAL DE DISTRIBUIÇÃO \u0096 FORNECIMENTO E INSTALAÇÃO. AF_12/2015","UN","ATRIBUÍDO SÃO PAULO","38,62","CAIXA REFERENCIAL"]
["92326","COTOVELO EM COBRE, DN 15 MM, 90 GRAUS, SEM ANEL DE SOLDA, INSTALADO EM RAMAL E SUB-RAMAL \u0096 FORNECIMENTO E INSTALAÇÃO. AF_12/2015","UN","ATRIBUÍDO SÃO PAULO","12,62","CAIXA REFERENCIAL"]
["92327","COTOVELO EM COBRE, DN 22 MM, 90 GRAUS, SEM ANEL DE SOLDA, INSTALADO EM RAMAL E SUB-RAMAL \u0096 FORNECIMENTO E INSTALAÇÃO. AF_12/2015","UN","ATRIBUÍDO SÃO PAULO","21,95","CAIXA REFERENCIAL"]
["92328","COTOVELO EM COBRE, DN 28 MM, 90 GRAUS, SEM ANEL DE SOLDA, INSTALADO EM RAMAL E SUB-RAMAL \u0096 FORNECIMENTO E INSTALAÇÃO. AF_12/2015","UN","ATRIBUÍDO SÃO PAULO","33,81","CAIXA REFERENCIAL"]
["92329","LUVA EM COBRE, DN 15 MM, SEM ANEL DE SOLDA, INSTALADO EM RAMAL E SUB-RAMAL \u0096 FORNECIMENTO E INSTALAÇÃO. AF_12/2015","UN","ATRIBUÍDO SÃO PAULO","7,51","CAIXA REFERENCIAL"]
["92330","LUVA EM COBRE, DN 22 MM, SEM ANEL DE SOLDA, INSTALADO EM RAMAL E SUB-RAMAL \u0096 FORNECIMENTO E INSTALAÇÃO. AF_12/2015","UN","ATRIBUÍDO SÃO PAULO","12,84","CAIXA REFERENCIAL"]
["92331","LUVA EM COBRE, DN 28 MM, SEM ANEL DE SOLDA, INSTALADO EM RAMAL E SUB-RAMAL \u0096 FORNECIMENTO E INSTALAÇÃO. AF_12/2015","UN","ATRIBUÍDO SÃO PAULO","20,98","CAIXA REFERENCIAL"]
["92332","TE EM COBRE, DN 15 MM, SEM ANEL DE SOLDA, INSTALADO EM RAMAL E SUB-RAMAL \u0096 FORNECIMENTO E INSTALAÇÃO. AF_12/2015","UN","ATRIBUÍDO SÃO PAULO","15,80","CAIXA REFERENCIAL"]
["92333","TE EM COBRE, DN 22 MM, SEM ANEL DE SOLDA, INSTALADO EM RAMAL E SUB-RAMAL \u0096 FORNECIMENTO E INSTALAÇÃO. AF_12/2015","UN","ATRIBUÍDO SÃO PAULO","28,96","CAIXA REFERENCIAL"]
["92334","TE EM COBRE, DN 28 MM, SEM ANEL DE SOLDA, INSTALADO EM RAMAL E SUB-RAMAL \u0096 FORNECIMENTO E INSTALAÇÃO. AF_12/2015","UN","ATRIBUÍDO SÃO PAULO","43,27","CAIXA REFERENCIAL"]
["92344","NIPLE, EM FERRO GALVANIZADO, DN 50 (2\"), CONEXÃO ROSQUEADA, INSTALADO EM PRUMADAS - FORNECIMENTO E INSTALAÇÃO. AF_10/2020","UN","COEFICIENTE DE REPRESENTATIVIDADE","50,21","CAIXA REFERENCIAL"]
["92345","LUVA, EM FERRO GALVANIZADO, DN 50 (2\"), CONEXÃO ROSQUEADA, INSTALADO EM PRUMADAS - FORNECIMENTO E INSTALAÇÃO. AF_10/2020","UN","COEFICIENTE DE REPRESENTATIVIDADE","50,19","CAIXA REFERENCIAL"]
["92346","NIPLE, EM FERRO GALVANIZADO, DN 65 (2 1/2\"), CONEXÃO ROSQUEADA, INSTALADO EM PRUMADAS - FORNECIMENTO E INSTALAÇÃO. AF_10/2020","UN","COEFICIENTE DE REPRESENTATIVIDADE","67,02","CAIXA REFERENCIAL"]
["92347","LUVA, EM FERRO GALVANIZADO, DN 65 (2 1/2\"), CONEXÃO ROSQUEADA, INSTALADO EM PRUMADAS - FORNECIMENTO E INSTALAÇÃO. AF_10/2020","UN","COEFICIENTE DE REPRESENTATIVIDADE","75,13","CAIXA REFERENCIAL"]
["92348","NIPLE, EM FERRO GALVANIZADO, DN 80 (3\"), CONEXÃO ROSQUEADA, INSTALADO EM PRUMADAS - FORNECIMENTO E INSTALAÇÃO. AF_10/2020","UN","COEFICIENTE DE REPRESENTATIVIDADE","95,64","CAIXA REFERENCIAL"]
["92349","LUVA, EM FERRO GALVANIZADO, DN 80 (3\"), CONEXÃO ROSQUEADA, INSTALADO EM PRUMADAS - FORNECIMENTO E INSTALAÇÃO. AF_10/2020","UN","COEFICIENTE DE REPRESENTATIVIDADE","102,86","CAIXA REFERENCIAL"]
["92350","JOELHO 45 GRAUS, EM FERRO GALVANIZADO, DN 50 (2\"), CONEXÃO ROSQUEADA, INSTALADO EM PRUMADAS - FORNECIMENTO E INSTALAÇÃO. AF_10/2020","UN","COEFICIENTE DE REPRESENTATIVIDADE","74,59","CAIXA REFERENCIAL"]
["92351","JOELHO 90 GRAUS, EM FERRO GALVANIZADO, DN 50 (2\"), CONEXÃO ROSQUEADA, INSTALADO EM PRUMADAS - FORNECIMENTO E INSTALAÇÃO. AF_10/2020","UN","COEFICIENTE DE REPRESENTATIVIDADE","72,78","CAIXA REFERENCIAL"]
["92352","JOELHO 45 GRAUS, EM FERRO GALVANIZADO, DN 65 (2 1/2\"), CONEXÃO ROSQUEADA, INSTALADO EM PRUMADAS - FORNECIMENTO E INSTALAÇÃO. AF_10/2020","UN","COEFICIENTE DE REPRESENTATIVIDADE","116,04","CAIXA REFERENCIAL"]
["92353","JOELHO 90 GRAUS, EM FERRO GALVANIZADO, DN 65 (2 1/2\"), CONEXÃO ROSQUEADA, INSTALADO EM PRUMADAS - FORNECIMENTO E INSTALAÇÃO. AF_10/2020","UN","COEFICIENTE DE REPRESENTATIVIDADE","108,10","CAIXA REFERENCIAL"]
["92354","JOELHO 45 GRAUS, EM FERRO GALVANIZADO, DN 80 (3\"), CONEXÃO ROSQUEADA, INSTALADO EM PRUMADAS - FORNECIMENTO E INSTALAÇÃO. AF_10/2020","UN","COEFICIENTE DE REPRESENTATIVIDADE","155,84","CAIXA REFERENCIAL"]
["92355","JOELHO 90 GRAUS, EM FERRO GALVANIZADO, DN 80 (3\"), CONEXÃO ROSQUEADA, INSTALADO EM PRUMADAS - FORNECIMENTO E INSTALAÇÃO. AF_10/2020","UN","COEFICIENTE DE REPRESENTATIVIDADE","140,53","CAIXA REFERENCIAL"]
["92356","TÊ, EM FERRO GALVANIZADO, DN 50 (2\"), CONEXÃO ROSQUEADA, INSTALADO EM PRUMADAS - FORNECIMENTO E INSTALAÇÃO. AF_10/2020","UN","COEFICIENTE DE REPRESENTATIVIDADE","97,02","CAIXA REFERENCIAL"]
["92357","TÊ, EM FERRO GALVANIZADO, DN 65 (2 1/2\"), CONEXÃO ROSQUEADA, INSTALADO EM PRUMADAS - FORNECIMENTO E INSTALAÇÃO. AF_10/2020","UN","COEFICIENTE DE REPRESENTATIVIDADE","148,15","CAIXA REFERENCIAL"]
["92358","TÊ, EM FERRO GALVANIZADO, DN 80 (3\"), CONEXÃO ROSQUEADA, INSTALADO EM PRUMADAS - FORNECIMENTO E INSTALAÇÃO. AF_10/2020","UN","COEFICIENTE DE REPRESENTATIVIDADE","185,93","CAIXA REFERENCIAL"]
["92369","NIPLE, EM FERRO GALVANIZADO, DN 25 (1\"), CONEXÃO ROSQUEADA, INSTALADO EM REDE DE ALIMENTAÇÃO PARA HIDRANTE - FORNECIMENTO E INSTALAÇÃO. AF_10/2020","UN","COEFICIENTE DE REPRESENTATIVIDADE","26,04","CAIXA REFERENCIAL"]
["92370","LUVA, EM FERRO GALVANIZADO, DN 25 (1\"), CONEXÃO ROSQUEADA, INSTALADO EM REDE DE ALIMENTAÇÃO PARA HIDRANTE - FORNECIMENTO E INSTALAÇÃO. AF_10/2020","UN","COEFICIENTE DE REPRESENTATIVIDADE","27,50","CAIXA REFERENCIAL"]
["92371","NIPLE, EM FERRO GALVANIZADO, DN 32 (1 1/4\"), CONEXÃO ROSQUEADA, INSTALADO EM REDE DE ALIMENTAÇÃO PARA HIDRANTE - FORNECIMENTO E INSTALAÇÃO. AF_10/2020","UN","COEFICIENTE DE REPRESENTATIVIDADE","31,91","CAIXA REFERENCIAL"]
["92372","LUVA, EM FERRO GALVANIZADO, DN 32 (1 1/4\"), CONEXÃO ROSQUEADA, INSTALADO EM REDE DE ALIMENTAÇÃO PARA HIDRANTE - FORNECIMENTO E INSTALAÇÃO. AF_10/2020","UN","COEFICIENTE DE REPRESENTATIVIDADE","33,27","CAIXA REFERENCIAL"]
["92373","NIPLE, EM FERRO GALVANIZADO, DN 40 (1 1/2\"), CONEXÃO ROSQUEADA, INSTALADO EM REDE DE ALIMENTAÇÃO PARA HIDRANTE - FORNECIMENTO E INSTALAÇÃO. AF_10/2020","UN","COEFICIENTE DE REPRESENTATIVIDADE","38,05","CAIXA REFERENCIAL"]
["92374","LUVA, EM FERRO GALVANIZADO, DN 40 (1 1/2\"), CONEXÃO ROSQUEADA, INSTALADO EM REDE DE ALIMENTAÇÃO PARA HIDRANTE - FORNECIMENTO E INSTALAÇÃO. AF_10/2020","UN","COEFICIENTE DE REPRESENTATIVIDADE","38,32","CAIXA REFERENCIAL"]
["92375","NIPLE, EM FERRO GALVANIZADO, DN 50 (2\"), CONEXÃO ROSQUEADA, INSTALADO EM REDE DE ALIMENTAÇÃO PARA HIDRANTE - FORNECIMENTO E INSTALAÇÃO. AF_10/2020","UN","COEFICIENTE DE REPRESENTATIVIDADE","50,17","CAIXA REFERENCIAL"]
["92376","LUVA, EM FERRO GALVANIZADO, DN 50 (2\"), CONEXÃO ROSQUEADA, INSTALADO EM REDE DE ALIMENTAÇÃO PARA HIDRANTE - FORNECIMENTO E INSTALAÇÃO. AF_10/2020","UN","COEFICIENTE DE REPRESENTATIVIDADE","50,15","CAIXA REFERENCIAL"]
["92377","NIPLE, EM FERRO GALVANIZADO, DN 65 (2 1/2\"), CONEXÃO ROSQUEADA, INSTALADO EM REDE DE ALIMENTAÇÃO PARA HIDRANTE - FORNECIMENTO E INSTALAÇÃO. AF_10/2020","UN","COEFICIENTE DE REPRESENTATIVIDADE","68,17","CAIXA REFERENCIAL"]
["92378","LUVA, EM FERRO GALVANIZADO, DN 65 (2 1/2\"), CONEXÃO ROSQUEADA, INSTALADO EM REDE DE ALIMENTAÇÃO PARA HIDRANTE - FORNECIMENTO E INSTALAÇÃO. AF_10/2020","UN","COEFICIENTE DE REPRESENTATIVIDADE","76,28","CAIXA REFERENCIAL"]
["92379","NIPLE, EM FERRO GALVANIZADO, DN 80 (3\"), CONEXÃO ROSQUEADA, INSTALADO EM REDE DE ALIMENTAÇÃO PARA HIDRANTE - FORNECIMENTO E INSTALAÇÃO. AF_10/2020","UN","COEFICIENTE DE REPRESENTATIVIDADE","98,02","CAIXA REFERENCIAL"]
["92380","LUVA, EM FERRO GALVANIZADO, DN 80 (3\"), CONEXÃO ROSQUEADA, INSTALADO EM REDE DE ALIMENTAÇÃO PARA HIDRANTE - FORNECIMENTO E INSTALAÇÃO. AF_10/2020","UN","COEFICIENTE DE REPRESENTATIVIDADE","105,24","CAIXA REFERENCIAL"]
["92381","JOELHO 45 GRAUS, EM FERRO GALVANIZADO, DN 25 (1\"), CONEXÃO ROSQUEADA, INSTALADO EM REDE DE ALIMENTAÇÃO PARA HIDRANTE - FORNECIMENTO E INSTALAÇÃO. AF_10/2020","UN","COEFICIENTE DE REPRESENTATIVIDADE","39,46","CAIXA REFERENCIAL"]
["92382","JOELHO 90 GRAUS, EM FERRO GALVANIZADO, DN 25 (1\"), CONEXÃO ROSQUEADA, INSTALADO EM REDE DE ALIMENTAÇÃO PARA HIDRANTE - FORNECIMENTO E INSTALAÇÃO. AF_10/2020","UN","COEFICIENTE DE REPRESENTATIVIDADE","37,53","CAIXA REFERENCIAL"]
["92383","JOELHO 45 GRAUS, EM FERRO GALVANIZADO, DN 32 (1 1/4\"), CONEXÃO ROSQUEADA, INSTALADO EM REDE DE ALIMENTAÇÃO PARA HIDRANTE - FORNECIMENTO E INSTALAÇÃO. AF_10/2020","UN","COEFICIENTE DE REPRESENTATIVIDADE","50,64","CAIXA REFERENCIAL"]
["92384","JOELHO 90 GRAUS, EM FERRO GALVANIZADO, DN 32 (1 1/4\"), CONEXÃO ROSQUEADA, INSTALADO EM REDE DE ALIMENTAÇÃO PARA HIDRANTE - FORNECIMENTO E INSTALAÇÃO. AF_10/2020","UN","COEFICIENTE DE REPRESENTATIVIDADE","46,78","CAIXA REFERENCIAL"]
["92385","JOELHO 45 GRAUS, EM FERRO GALVANIZADO, DN 40 (1 1/2\"), CONEXÃO ROSQUEADA, INSTALADO EM REDE DE ALIMENTAÇÃO PARA HIDRANTE - FORNECIMENTO E INSTALAÇÃO. AF_10/2020","UN","COEFICIENTE DE REPRESENTATIVIDADE","58,35","CAIXA REFERENCIAL"]
["92386","JOELHO 90 GRAUS, EM FERRO GALVANIZADO, DN 40 (1 1/2\"), CONEXÃO ROSQUEADA, INSTALADO EM REDE DE ALIMENTAÇÃO PARA HIDRANTE - FORNECIMENTO E INSTALAÇÃO. AF_10/2020","UN","COEFICIENTE DE REPRESENTATIVIDADE","55,69","CAIXA REFERENCIAL"]
["92387","JOELHO 45 GRAUS, EM FERRO GALVANIZADO, DN 50 (2\"), CONEXÃO ROSQUEADA, INSTALADO EM REDE DE ALIMENTAÇÃO PARA HIDRANTE - FORNECIMENTO E INSTALAÇÃO. AF_10/2020","UN","COEFICIENTE DE REPRESENTATIVIDADE","74,52","CAIXA REFERENCIAL"]
["92388","JOELHO 90 GRAUS, EM FERRO GALVANIZADO, DN 50 (2\"), CONEXÃO ROSQUEADA, INSTALADO EM REDE DE ALIMENTAÇÃO PARA HIDRANTE - FORNECIMENTO E INSTALAÇÃO. AF_10/2020","UN","COEFICIENTE DE REPRESENTATIVIDADE","72,71","CAIXA REFERENCIAL"]
["92389","JOELHO 45 GRAUS, EM FERRO GALVANIZADO, DN 65 (2 1/2\"), CONEXÃO ROSQUEADA, INSTALADO EM REDE DE ALIMENTAÇÃO PARA HIDRANTE - FORNECIMENTO E INSTALAÇÃO. AF_10/2020","UN","COEFICIENTE DE REPRESENTATIVIDADE","117,81","CAIXA REFERENCIAL"]
["92390","JOELHO 90 GRAUS, EM FERRO GALVANIZADO, DN 65 (2 1/2\"), CONEXÃO ROSQUEADA, INSTALADO EM REDE DE ALIMENTAÇÃO PARA HIDRANTE - FORNECIMENTO E INSTALAÇÃO. AF_10/2020","UN","COEFICIENTE DE REPRESENTATIVIDADE","109,87","CAIXA REFERENCIAL"]
["92635","JOELHO 45 GRAUS, EM FERRO GALVANIZADO, CONEXÃO ROSQUEADA, DN 80 (3\"), INSTALADO EM REDE DE ALIMENTAÇÃO PARA HIDRANTE - FORNECIMENTO E INSTALAÇÃO. AF_10/2020","UN","COEFICIENTE DE REPRESENTATIVIDADE","159,41","CAIXA REFERENCIAL"]
["92636","JOELHO 90 GRAUS, EM FERRO GALVANIZADO, CONEXÃO ROSQUEADA, DN 80 (3\"), INSTALADO EM REDE DE ALIMENTAÇÃO PARA HIDRANTE - FORNECIMENTO E INSTALAÇÃO. AF_10/2020","UN","COEFICIENTE DE REPRESENTATIVIDADE","144,10","CAIXA REFERENCIAL"]
["92637","TÊ, EM FERRO GALVANIZADO, CONEXÃO ROSQUEADA, DN 25 (1\"), INSTALADO EM REDE DE ALIMENTAÇÃO PARA HIDRANTE - FORNECIMENTO E INSTALAÇÃO. AF_10/2020","UN","COEFICIENTE DE REPRESENTATIVIDADE","50,79","CAIXA REFERENCIAL"]
["92638","TÊ, EM FERRO GALVANIZADO, CONEXÃO ROSQUEADA, DN 32 (1 1/4\"), INSTALADO EM REDE DE ALIMENTAÇÃO PARA HIDRANTE - FORNECIMENTO E INSTALAÇÃO. AF_10/2020","UN","COEFICIENTE DE REPRESENTATIVIDADE","62,87","CAIXA REFERENCIAL"]
["92639","TÊ, EM FERRO GALVANIZADO, CONEXÃO ROSQUEADA, DN 40 (1 1/2\"), INSTALADO EM REDE DE ALIMENTAÇÃO PARA HIDRANTE - FORNECIMENTO E INSTALAÇÃO. AF_10/2020","UN","COEFICIENTE DE REPRESENTATIVIDADE","73,26","CAIXA REFERENCIAL"]
["92640","TÊ, EM FERRO GALVANIZADO, CONEXÃO ROSQUEADA, DN 50 (2\"), INSTALADO EM REDE DE ALIMENTAÇÃO PARA HIDRANTE - FORNECIMENTO E INSTALAÇÃO. AF_10/2020","UN","COEFICIENTE DE REPRESENTATIVIDADE","96,92","CAIXA REFERENCIAL"]
["92642","TÊ, EM FERRO GALVANIZADO, CONEXÃO ROSQUEADA, DN 65 (2 1/2\"), INSTALADO EM REDE DE ALIMENTAÇÃO PARA HIDRANTE - FORNECIMENTO E INSTALAÇÃO. AF_10/2020","UN","COEFICIENTE DE REPRESENTATIVIDADE","150,45","CAIXA REFERENCIAL"]
["92644","TÊ, EM FERRO GALVANIZADO, CONEXÃO ROSQUEADA, DN 80 (3\"), INSTALADO EM REDE DE ALIMENTAÇÃO PARA HIDRANTE - FORNECIMENTO E INSTALAÇÃO. AF_10/2020","UN","COEFICIENTE DE REPRESENTATIVIDADE","190,68","CAIXA REFERENCIAL"]
["92657","NIPLE, EM FERRO GALVANIZADO, CONEXÃO ROSQUEADA, DN 25 (1\"), INSTALADO EM REDE DE ALIMENTAÇÃO PARA SPRINKLER - FORNECIMENTO E INSTALAÇÃO. AF_10/2020","UN","COEFICIENTE DE REPRESENTATIVIDADE","19,63","CAIXA REFERENCIAL"]
["92658","LUVA, EM FERRO GALVANIZADO, CONEXÃO ROSQUEADA, DN 25 (1\"), INSTALADO EM REDE DE ALIMENTAÇÃO PARA SPRINKLER - FORNECIMENTO E INSTALAÇÃO. AF_10/2020","UN","COEFICIENTE DE REPRESENTATIVIDADE","21,09","CAIXA REFERENCIAL"]
["92659","NIPLE, EM FERRO GALVANIZADO, CONEXÃO ROSQUEADA, DN 32 (1 1/4\"), INSTALADO EM REDE DE ALIMENTAÇÃO PARA SPRINKLER - FORNECIMENTO E INSTALAÇÃO. AF_10/2020","UN","COEFICIENTE DE REPRESENTATIVIDADE","24,61","CAIXA REFERENCIAL"]
["92660","LUVA, EM FERRO GALVANIZADO, CONEXÃO ROSQUEADA, DN 32 (1 1/4\"), INSTALADO EM REDE DE ALIMENTAÇÃO PARA SPRINKLER - FORNECIMENTO E INSTALAÇÃO. AF_10/2020","UN","COEFICIENTE DE REPRESENTATIVIDADE","25,97","CAIXA REFERENCIAL"]
["92661","NIPLE, EM FERRO GALVANIZADO, CONEXÃO ROSQUEADA, DN 40 (1 1/2\"), INSTALADO EM REDE DE ALIMENTAÇÃO PARA SPRINKLER - FORNECIMENTO E INSTALAÇÃO. AF_10/2020","UN","COEFICIENTE DE REPRESENTATIVIDADE","29,73","CAIXA REFERENCIAL"]
["92662","LUVA, EM FERRO GALVANIZADO, CONEXÃO ROSQUEADA, DN 40 (1 1/2\"), INSTALADO EM REDE DE ALIMENTAÇÃO PARA SPRINKLER - FORNECIMENTO E INSTALAÇÃO. AF_10/2020","UN","COEFICIENTE DE REPRESENTATIVIDADE","30,00","CAIXA REFERENCIAL"]
["92663","NIPLE, EM FERRO GALVANIZADO, CONEXÃO ROSQUEADA, DN 50 (2\"), INSTALADO EM REDE DE ALIMENTAÇÃO PARA SPRINKLER - FORNECIMENTO E INSTALAÇÃO. AF_10/2020","UN","COEFICIENTE DE REPRESENTATIVIDADE","40,61","CAIXA REFERENCIAL"]
["92664","LUVA, EM FERRO GALVANIZADO, CONEXÃO ROSQUEADA, DN 50 (2\"), INSTALADO EM REDE DE ALIMENTAÇÃO PARA SPRINKLER - FORNECIMENTO E INSTALAÇÃO. AF_10/2020","UN","COEFICIENTE DE REPRESENTATIVIDADE","40,59","CAIXA REFERENCIAL"]
["92665","NIPLE, EM FERRO GALVANIZADO, CONEXÃO ROSQUEADA, DN 65 (2 1/2\"), INSTALADO EM REDE DE ALIMENTAÇÃO PARA SPRINKLER - FORNECIMENTO E INSTALAÇÃO. AF_10/2020","UN","COEFICIENTE DE REPRESENTATIVIDADE","56,69","CAIXA REFERENCIAL"]
["92666","LUVA, EM FERRO GALVANIZADO, CONEXÃO ROSQUEADA, DN 65 (2 1/2\"), INSTALADO EM REDE DE ALIMENTAÇÃO PARA SPRINKLER - FORNECIMENTO E INSTALAÇÃO. AF_10/2020","UN","COEFICIENTE DE REPRESENTATIVIDADE","64,80","CAIXA REFERENCIAL"]
["92667","NIPLE, EM FERRO GALVANIZADO, CONEXÃO ROSQUEADA, DN 80 (3\"), INSTALADO EM REDE DE ALIMENTAÇÃO PARA SPRINKLER - FORNECIMENTO E INSTALAÇÃO. AF_10/2020","UN","COEFICIENTE DE REPRESENTATIVIDADE","84,69","CAIXA REFERENCIAL"]
["92668","LUVA, EM FERRO GALVANIZADO, CONEXÃO ROSQUEADA, DN 80 (3\"), INSTALADO EM REDE DE ALIMENTAÇÃO PARA SPRINKLER - FORNECIMENTO E INSTALAÇÃO. AF_10/2020","UN","COEFICIENTE DE REPRESENTATIVIDADE","91,91","CAIXA REFERENCIAL"]
["92669","JOELHO 45 GRAUS, EM FERRO GALVANIZADO, CONEXÃO ROSQUEADA, DN 25 (1\"), INSTALADO EM REDE DE ALIMENTAÇÃO PARA SPRINKLER - FORNECIMENTO E INSTALAÇÃO. AF_10/2020","UN","COEFICIENTE DE REPRESENTATIVIDADE","29,82","CAIXA REFERENCIAL"]
["92670","JOELHO 90 GRAUS, EM FERRO GALVANIZADO, CONEXÃO ROSQUEADA, DN 25 (1\"), INSTALADO EM REDE DE ALIMENTAÇÃO PARA SPRINKLER - FORNECIMENTO E INSTALAÇÃO. AF_10/2020","UN","COEFICIENTE DE REPRESENTATIVIDADE","27,89","CAIXA REFERENCIAL"]
["92671","JOELHO 45 GRAUS, EM FERRO GALVANIZADO, CONEXÃO ROSQUEADA, DN 32 (1 1/4\"), INSTALADO EM REDE DE ALIMENTAÇÃO PARA SPRINKLER - FORNECIMENTO E INSTALAÇÃO. AF_10/2020","UN","COEFICIENTE DE REPRESENTATIVIDADE","39,71","CAIXA REFERENCIAL"]
["92672","JOELHO 90 GRAUS, EM FERRO GALVANIZADO, CONEXÃO ROSQUEADA, DN 32 (1 1/4\"), INSTALADO EM REDE DE ALIMENTAÇÃO PARA SPRINKLER - FORNECIMENTO E INSTALAÇÃO. AF_10/2020","UN","COEFICIENTE DE REPRESENTATIVIDADE","35,85","CAIXA REFERENCIAL"]
["92673","JOELHO 45 GRAUS, EM FERRO GALVANIZADO, CONEXÃO ROSQUEADA, DN 40 (1 1/2\"), INSTALADO EM REDE DE ALIMENTAÇÃO PARA SPRINKLER - FORNECIMENTO E INSTALAÇÃO. AF_10/2020","UN","COEFICIENTE DE REPRESENTATIVIDADE","45,89","CAIXA REFERENCIAL"]
["92674","JOELHO 90 GRAUS, EM FERRO GALVANIZADO, CONEXÃO ROSQUEADA, DN 40 (1 1/2\"), INSTALADO EM REDE DE ALIMENTAÇÃO PARA SPRINKLER - FORNECIMENTO E INSTALAÇÃO. AF_10/2020","UN","COEFICIENTE DE REPRESENTATIVIDADE","43,23","CAIXA REFERENCIAL"]
["92675","JOELHO 45 GRAUS, EM FERRO GALVANIZADO, CONEXÃO ROSQUEADA, DN 50 (2\"), INSTALADO EM REDE DE ALIMENTAÇÃO PARA SPRINKLER - FORNECIMENTO E INSTALAÇÃO. AF_10/2020","UN","COEFICIENTE DE REPRESENTATIVIDADE","60,20","CAIXA REFERENCIAL"]
["92676","JOELHO 90 GRAUS, EM FERRO GALVANIZADO, CONEXÃO ROSQUEADA, DN 50 (2\"), INSTALADO EM REDE DE ALIMENTAÇÃO PARA SPRINKLER - FORNECIMENTO E INSTALAÇÃO. AF_10/2020","UN","COEFICIENTE DE REPRESENTATIVIDADE","58,39","CAIXA REFERENCIAL"]
["92677","JOELHO 45 GRAUS, EM FERRO GALVANIZADO, CONEXÃO ROSQUEADA, DN 65 (2 1/2\"), INSTALADO EM REDE DE ALIMENTAÇÃO PARA SPRINKLER - FORNECIMENTO E INSTALAÇÃO. AF_10/2020","UN","COEFICIENTE DE REPRESENTATIVIDADE","100,64","CAIXA REFERENCIAL"]
["92678","JOELHO 90 GRAUS, EM FERRO GALVANIZADO, CONEXÃO ROSQUEADA, DN 65 (2 1/2\"), INSTALADO EM REDE DE ALIMENTAÇÃO PARA SPRINKLER - FORNECIMENTO E INSTALAÇÃO. AF_10/2020","UN","COEFICIENTE DE REPRESENTATIVIDADE","92,70","CAIXA REFERENCIAL"]
["92679","JOELHO 45 GRAUS, EM FERRO GALVANIZADO, CONEXÃO ROSQUEADA, DN 80 (3\"), INSTALADO EM REDE DE ALIMENTAÇÃO PARA SPRINKLER - FORNECIMENTO E INSTALAÇÃO. AF_10/2020","UN","COEFICIENTE DE REPRESENTATIVIDADE","139,42","CAIXA REFERENCIAL"]
["92680","JOELHO 90 GRAUS, EM FERRO GALVANIZADO, CONEXÃO ROSQUEADA, DN 80 (3\"), INSTALADO EM REDE DE ALIMENTAÇÃO PARA SPRINKLER - FORNECIMENTO E INSTALAÇÃO. AF_10/2020","UN","COEFICIENTE DE REPRESENTATIVIDADE","124,11","CAIXA REFERENCIAL"]
["92681","TÊ, EM FERRO GALVANIZADO, CONEXÃO ROSQUEADA, DN 25 (1\"), INSTALADO EM REDE DE ALIMENTAÇÃO PARA SPRINKLER - FORNECIMENTO E INSTALAÇÃO. AF_10/2020","UN","COEFICIENTE DE REPRESENTATIVIDADE","37,93","CAIXA REFERENCIAL"]
["92682","TÊ, EM FERRO GALVANIZADO, CONEXÃO ROSQUEADA, DN 32 (1 1/4\"), INSTALADO EM REDE DE ALIMENTAÇÃO PARA SPRINKLER - FORNECIMENTO E INSTALAÇÃO. AF_10/2020","UN","COEFICIENTE DE REPRESENTATIVIDADE","48,24","CAIXA REFERENCIAL"]
["92683","TÊ, EM FERRO GALVANIZADO, CONEXÃO ROSQUEADA, DN 40 (1 1/2\"), INSTALADO EM REDE DE ALIMENTAÇÃO PARA SPRINKLER - FORNECIMENTO E INSTALAÇÃO. AF_10/2020","UN","COEFICIENTE DE REPRESENTATIVIDADE","56,67","CAIXA REFERENCIAL"]
["92684","TÊ, EM FERRO GALVANIZADO, CONEXÃO ROSQUEADA, DN 50 (2\"), INSTALADO EM REDE DE ALIMENTAÇÃO PARA SPRINKLER - FORNECIMENTO E INSTALAÇÃO. AF_10/2020","UN","COEFICIENTE DE REPRESENTATIVIDADE","77,82","CAIXA REFERENCIAL"]
["92685","TÊ, EM FERRO GALVANIZADO, CONEXÃO ROSQUEADA, DN 65 (2 1/2\"), INSTALADO EM REDE DE ALIMENTAÇÃO PARA SPRINKLER - FORNECIMENTO E INSTALAÇÃO. AF_10/2020","UN","COEFICIENTE DE REPRESENTATIVIDADE","127,58","CAIXA REFERENCIAL"]
["92686","TÊ, EM FERRO GALVANIZADO, CONEXÃO ROSQUEADA, DN 80 (3\"), INSTALADO EM REDE DE ALIMENTAÇÃO PARA SPRINKLER - FORNECIMENTO E INSTALAÇÃO. AF_10/2020","UN","COEFICIENTE DE REPRESENTATIVIDADE","164,01","CAIXA REFERENCIAL"]
["92692","NIPLE, EM FERRO GALVANIZADO, CONEXÃO ROSQUEADA, DN 15 (1/2\"), INSTALADO EM RAMAIS E SUB-RAMAIS DE GÁS - FORNECIMENTO E INSTALAÇÃO. AF_10/2020","UN","COEFICIENTE DE REPRESENTATIVIDADE","10,51","CAIXA REFERENCIAL"]
["92693","LUVA, EM FERRO GALVANIZADO, CONEXÃO ROSQUEADA, DN 15 (1/2\"), INSTALADO EM RAMAIS E SUB-RAMAIS DE GÁS - FORNECIMENTO E INSTALAÇÃO. AF_10/2020","UN","COEFICIENTE DE REPRESENTATIVIDADE","10,83","CAIXA REFERENCIAL"]
["92694","NIPLE, EM FERRO GALVANIZADO, CONEXÃO ROSQUEADA, DN 20 (3/4\"), INSTALADO EM RAMAIS E SUB-RAMAIS DE GÁS - FORNECIMENTO E INSTALAÇÃO. AF_10/2020","UN","COEFICIENTE DE REPRESENTATIVIDADE","16,52","CAIXA REFERENCIAL"]
["92695","LUVA, EM FERRO GALVANIZADO, CONEXÃO ROSQUEADA, DN 20 (3/4\"), INSTALADO EM RAMAIS E SUB-RAMAIS DE GÁS - FORNECIMENTO E INSTALAÇÃO. AF_10/2020","UN","COEFICIENTE DE REPRESENTATIVIDADE","16,85","CAIXA REFERENCIAL"]
["92696","NIPLE, EM FERRO GALVANIZADO, CONEXÃO ROSQUEADA, DN 25 (1\"), INSTALADO EM RAMAIS E SUB-RAMAIS DE GÁS - FORNECIMENTO E INSTALAÇÃO. AF_10/2020","UN","COEFICIENTE DE REPRESENTATIVIDADE","25,77","CAIXA REFERENCIAL"]
["92697","LUVA, EM FERRO GALVANIZADO, CONEXÃO ROSQUEADA, DN 25 (1\"), INSTALADO EM RAMAIS E SUB-RAMAIS DE GÁS - FORNECIMENTO E INSTALAÇÃO. AF_10/2020","UN","COEFICIENTE DE REPRESENTATIVIDADE","27,23","CAIXA REFERENCIAL"]
["92698","JOELHO 45 GRAUS, EM FERRO GALVANIZADO, CONEXÃO ROSQUEADA, DN 15 (1/2\"), INSTALADO EM RAMAIS E SUB-RAMAIS DE GÁS - FORNECIMENTO E INSTALAÇÃO. AF_10/2020","UN","COEFICIENTE DE REPRESENTATIVIDADE","15,49","CAIXA REFERENCIAL"]
["92699","JOELHO 90 GRAUS, EM FERRO GALVANIZADO, CONEXÃO ROSQUEADA, DN 15 (1/2\"), INSTALADO EM RAMAIS E SUB-RAMAIS DE GÁS - FORNECIMENTO E INSTALAÇÃO. AF_10/2020","UN","COEFICIENTE DE REPRESENTATIVIDADE","14,43","CAIXA REFERENCIAL"]
["92700","JOELHO 45 GRAUS, EM FERRO GALVANIZADO, CONEXÃO ROSQUEADA, DN 20 (3/4\"), INSTALADO EM RAMAIS E SUB-RAMAIS DE GÁS - FORNECIMENTO E INSTALAÇÃO. AF_10/2020","UN","COEFICIENTE DE REPRESENTATIVIDADE","25,12","CAIXA REFERENCIAL"]
["92701","JOELHO 90 GRAUS, EM FERRO GALVANIZADO, CONEXÃO ROSQUEADA, DN 20 (3/4\"), INSTALADO EM RAMAIS E SUB-RAMAIS DE GÁS - FORNECIMENTO E INSTALAÇÃO. AF_10/2020","UN","COEFICIENTE DE REPRESENTATIVIDADE","23,55","CAIXA REFERENCIAL"]
["92702","JOELHO 45 GRAUS, EM FERRO GALVANIZADO, CONEXÃO ROSQUEADA, DN 25 (1\"), INSTALADO EM RAMAIS E SUB-RAMAIS DE GÁS - FORNECIMENTO E INSTALAÇÃO. AF_10/2020","UN","COEFICIENTE DE REPRESENTATIVIDADE","39,10","CAIXA REFERENCIAL"]
["92703","JOELHO 90 GRAUS, EM FERRO GALVANIZADO, CONEXÃO ROSQUEADA, DN 25 (1\"), INSTALADO EM RAMAIS E SUB-RAMAIS DE GÁS - FORNECIMENTO E INSTALAÇÃO. AF_10/2020","UN","COEFICIENTE DE REPRESENTATIVIDADE","37,17","CAIXA REFERENCIAL"]
["92704","TÊ, EM FERRO GALVANIZADO, CONEXÃO ROSQUEADA, DN 15 (1/2\"), INSTALADO EM RAMAIS E SUB-RAMAIS DE GÁS - FORNECIMENTO E INSTALAÇÃO. AF_10/2020","UN","COEFICIENTE DE REPRESENTATIVIDADE","19,48","CAIXA REFERENCIAL"]
["92705","TÊ, EM FERRO GALVANIZADO, CONEXÃO ROSQUEADA, DN 20 (3/4\"), INSTALADO EM RAMAIS E SUB-RAMAIS DE GÁS - FORNECIMENTO E INSTALAÇÃO. AF_10/2020","UN","COEFICIENTE DE REPRESENTATIVIDADE","31,08","CAIXA REFERENCIAL"]
["92706","TÊ, EM FERRO GALVANIZADO, CONEXÃO ROSQUEADA, DN 25 (1\"), INSTALADO EM RAMAIS E SUB-RAMAIS DE GÁS - FORNECIMENTO E INSTALAÇÃO. AF_10/2020","UN","COEFICIENTE DE REPRESENTATIVIDADE","50,28","CAIXA REFERENCIAL"]
["92889","UNIÃO, EM FERRO GALVANIZADO, DN 50 (2\"), CONEXÃO ROSQUEADA, INSTALADO EM PRUMADAS - FORNECIMENTO E INSTALAÇÃO. AF_10/2020","UN","COEFICIENTE DE REPRESENTATIVIDADE","102,87","CAIXA REFERENCIAL"]
["92890","UNIÃO, EM FERRO GALVANIZADO, DN 65 (2 1/2\"), CONEXÃO ROSQUEADA, INSTALADO EM PRUMADAS - FORNECIMENTO E INSTALAÇÃO. AF_10/2020","UN","COEFICIENTE DE REPRESENTATIVIDADE","157,59","CAIXA REFERENCIAL"]
["92891","UNIÃO, EM FERRO GALVANIZADO, DN 80 (3\"), CONEXÃO ROSQUEADA, INSTALADO EM PRUMADAS - FORNECIMENTO E INSTALAÇÃO. AF_10/2020","UN","COEFICIENTE DE REPRESENTATIVIDADE","232,67","CAIXA REFERENCIAL"]
["92892","UNIÃO, EM FERRO GALVANIZADO, DN 25 (1\"), CONEXÃO ROSQUEADA, INSTALADO EM REDE DE ALIMENTAÇÃO PARA HIDRANTE - FORNECIMENTO E INSTALAÇÃO. AF_10/2020","UN","COEFICIENTE DE REPRESENTATIVIDADE","43,18","CAIXA REFERENCIAL"]
["92893","UNIÃO, EM FERRO GALVANIZADO, DN 32 (1 1/4\"), CONEXÃO ROSQUEADA, INSTALADO EM REDE DE ALIMENTAÇÃO PARA HIDRANTE - FORNECIMENTO E INSTALAÇÃO. AF_10/2020","UN","COEFICIENTE DE REPRESENTATIVIDADE","62,42","CAIXA REFERENCIAL"]
["92894","UNIÃO, EM FERRO GALVANIZADO, DN 40 (1 1/2\"), CONEXÃO ROSQUEADA, INSTALADO EM REDE DE ALIMENTAÇÃO PARA HIDRANTE - FORNECIMENTO E INSTALAÇÃO. AF_10/2020","UN","COEFICIENTE DE REPRESENTATIVIDADE","74,90","CAIXA REFERENCIAL"]
["92895","UNIÃO, EM FERRO GALVANIZADO, DN 50 (2\"), CONEXÃO ROSQUEADA, INSTALADO EM REDE DE ALIMENTAÇÃO PARA HIDRANTE - FORNECIMENTO E INSTALAÇÃO. AF_10/2020","UN","COEFICIENTE DE REPRESENTATIVIDADE","102,83","CAIXA REFERENCIAL"]
["92896","UNIÃO, EM FERRO GALVANIZADO, DN 65 (2 1/2\"), CONEXÃO ROSQUEADA, INSTALADO EM REDE DE ALIMENTAÇÃO PARA HIDRANTE - FORNECIMENTO E INSTALAÇÃO. AF_10/2020","UN","COEFICIENTE DE REPRESENTATIVIDADE","158,74","CAIXA REFERENCIAL"]
["92897","UNIÃO, EM FERRO GALVANIZADO, DN 80 (3\"), CONEXÃO ROSQUEADA, INSTALADO EM REDE DE ALIMENTAÇÃO PARA HIDRANTE - FORNECIMENTO E INSTALAÇÃO. AF_10/2020","UN","COEFICIENTE DE REPRESENTATIVIDADE","235,05","CAIXA REFERENCIAL"]
["92898","UNIÃO, EM FERRO GALVANIZADO, CONEXÃO ROSQUEADA, DN 25 (1\"), INSTALADO EM REDE DE ALIMENTAÇÃO PARA SPRINKLER - FORNECIMENTO E INSTALAÇÃO. AF_10/2020","UN","COEFICIENTE DE REPRESENTATIVIDADE","36,77","CAIXA REFERENCIAL"]
["92899","UNIÃO, EM FERRO GALVANIZADO, CONEXÃO ROSQUEADA, DN 32 (1 1/4\"), INSTALADO EM REDE DE ALIMENTAÇÃO PARA SPRINKLER - FORNECIMENTO E INSTALAÇÃO. AF_10/2020","UN","COEFICIENTE DE REPRESENTATIVIDADE","55,12","CAIXA REFERENCIAL"]
["92900","UNIÃO, EM FERRO GALVANIZADO, CONEXÃO ROSQUEADA, DN 40 (1 1/2\"), INSTALADO EM REDE DE ALIMENTAÇÃO PARA SPRINKLER - FORNECIMENTO E INSTALAÇÃO. AF_10/2020","UN","COEFICIENTE DE REPRESENTATIVIDADE","66,58","CAIXA REFERENCIAL"]
["92901","UNIÃO, EM FERRO GALVANIZADO, CONEXÃO ROSQUEADA, DN 50 (2\"), INSTALADO EM REDE DE ALIMENTAÇÃO PARA SPRINKLER - FORNECIMENTO E INSTALAÇÃO. AF_10/2020","UN","COEFICIENTE DE REPRESENTATIVIDADE","93,27","CAIXA REFERENCIAL"]
["92902","UNIÃO, EM FERRO GALVANIZADO, CONEXÃO ROSQUEADA, DN 65 (2 1/2\"), INSTALADO EM REDE DE ALIMENTAÇÃO PARA SPRINKLER - FORNECIMENTO E INSTALAÇÃO. AF_10/2020","UN","COEFICIENTE DE REPRESENTATIVIDADE","147,26","CAIXA REFERENCIAL"]
["92903","UNIÃO, EM FERRO GALVANIZADO, CONEXÃO ROSQUEADA, DN 80 (3\"), INSTALADO EM REDE DE ALIMENTAÇÃO PARA SPRINKLER - FORNECIMENTO E INSTALAÇÃO. AF_10/2020","UN","COEFICIENTE DE REPRESENTATIVIDADE","221,72","CAIXA REFERENCIAL"]
["92904","UNIÃO, EM FERRO GALVANIZADO, CONEXÃO ROSQUEADA, DN 15 (1/2\"), INSTALADO EM RAMAIS E SUB-RAMAIS DE GÁS - FORNECIMENTO E INSTALAÇÃO. AF_10/2020","UN","COEFICIENTE DE REPRESENTATIVIDADE","25,22","CAIXA REFERENCIAL"]
["92905","UNIÃO, EM FERRO GALVANIZADO, CONEXÃO ROSQUEADA, DN 20 (3/4\"), INSTALADO EM RAMAIS E SUB-RAMAIS DE GÁS - FORNECIMENTO E INSTALAÇÃO. AF_10/2020","UN","COEFICIENTE DE REPRESENTATIVIDADE","35,73","CAIXA REFERENCIAL"]
["92906","UNIÃO, EM FERRO GALVANIZADO, CONEXÃO ROSQUEADA, DN 25 (1\"), INSTALADO EM RAMAIS E SUB-RAMAIS DE GÁS - FORNECIMENTO E INSTALAÇÃO. AF_10/2020","UN","COEFICIENTE DE REPRESENTATIVIDADE","42,91","CAIXA REFERENCIAL"]
["92907","LUVA DE REDUÇÃO, EM FERRO GALVANIZADO, 2\" X 1 1/2\", CONEXÃO ROSQUEADA, INSTALADO EM PRUMADAS - FORNECIMENTO E INSTALAÇÃO. AF_10/2020","UN","COEFICIENTE DE REPRESENTATIVIDADE","53,25","CAIXA REFERENCIAL"]
["92908","LUVA DE REDUÇÃO, EM FERRO GALVANIZADO, 2\" X 1 1/4\", CONEXÃO ROSQUEADA, INSTALADO EM PRUMADAS - FORNECIMENTO E INSTALAÇÃO. AF_10/2020","UN","COEFICIENTE DE REPRESENTATIVIDADE","53,25","CAIXA REFERENCIAL"]
["92909","LUVA DE REDUÇÃO, EM FERRO GALVANIZADO, 2\" X 1\", CONEXÃO ROSQUEADA, INSTALADO EM PRUMADAS - FORNECIMENTO E INSTALAÇÃO. AF_10/2020","UN","COEFICIENTE DE REPRESENTATIVIDADE","53,25","CAIXA REFERENCIAL"]
["92910","LUVA DE REDUÇÃO, EM FERRO GALVANIZADO, 2 1/2\" X 1 1/2\", CONEXÃO ROSQUEADA, INSTALADO EM PRUMADAS - FORNECIMENTO E INSTALAÇÃO. AF_10/2020","UN","COEFICIENTE DE REPRESENTATIVIDADE","78,56","CAIXA REFERENCIAL"]
["92911","LUVA DE REDUÇÃO, EM FERRO GALVANIZADO, 2 1/2\" X 2\", CONEXÃO ROSQUEADA, INSTALADO EM PRUMADAS - FORNECIMENTO E INSTALAÇÃO. AF_10/2020","UN","COEFICIENTE DE REPRESENTATIVIDADE","78,56","CAIXA REFERENCIAL"]
["92912","LUVA DE REDUÇÃO, EM FERRO GALVANIZADO, 3\" X 1 1/2\", CONEXÃO ROSQUEADA, INSTALADO EM PRUMADAS - FORNECIMENTO E INSTALAÇÃO. AF_10/2020","UN","COEFICIENTE DE REPRESENTATIVIDADE","106,84","CAIXA REFERENCIAL"]
["92913","LUVA DE REDUÇÃO, EM FERRO GALVANIZADO, 3\" X 2 1/2\", CONEXÃO ROSQUEADA, INSTALADO EM PRUMADAS - FORNECIMENTO E INSTALAÇÃO. AF_10/2020","UN","COEFICIENTE DE REPRESENTATIVIDADE","108,84","CAIXA REFERENCIAL"]
["92914","LUVA DE REDUÇÃO, EM FERRO GALVANIZADO, 3\" X 2\", CONEXÃO ROSQUEADA, INSTALADO EM PRUMADAS - FORNECIMENTO E INSTALAÇÃO. AF_10/2020","UN","COEFICIENTE DE REPRESENTATIVIDADE","108,84","CAIXA REFERENCIAL"]
["92918","LUVA DE REDUÇÃO, EM FERRO GALVANIZADO, 1\" X 1/2\", CONEXÃO ROSQUEADA, INSTALADO EM REDE DE ALIMENTAÇÃO PARA HIDRANTE - FORNECIMENTO E INSTALAÇÃO. AF_10/2020","UN","COEFICIENTE DE REPRESENTATIVIDADE","27,38","CAIXA REFERENCIAL"]
["92920","LUVA DE REDUÇÃO, EM FERRO GALVANIZADO, 1\" X 3/4\", CONEXÃO ROSQUEADA, INSTALADO EM REDE DE ALIMENTAÇÃO PARA HIDRANTE - FORNECIMENTO E INSTALAÇÃO. AF_10/2020","UN","COEFICIENTE DE REPRESENTATIVIDADE","27,58","CAIXA REFERENCIAL"]
["92925","LUVA DE REDUÇÃO, EM FERRO GALVANIZADO, 1 1/4\" X 1\", CONEXÃO ROSQUEADA, INSTALADO EM REDE DE ALIMENTAÇÃO PARA HIDRANTE - FORNECIMENTO E INSTALAÇÃO. AF_10/2020","UN","COEFICIENTE DE REPRESENTATIVIDADE","34,36","CAIXA REFERENCIAL"]
["92926","LUVA DE REDUÇÃO, EM FERRO GALVANIZADO, 1 1/4\" X 1/2\", CONEXÃO ROSQUEADA, INSTALADO EM REDE DE ALIMENTAÇÃO PARA HIDRANTE - FORNECIMENTO E INSTALAÇÃO. AF_10/2020","UN","COEFICIENTE DE REPRESENTATIVIDADE","34,35","CAIXA REFERENCIAL"]
["92927","LUVA DE REDUÇÃO, EM FERRO GALVANIZADO, 1 1/4\" X 3/4\", CONEXÃO ROSQUEADA, INSTALADO EM REDE DE ALIMENTAÇÃO PARA HIDRANTE - FORNECIMENTO E INSTALAÇÃO. AF_10/2020","UN","COEFICIENTE DE REPRESENTATIVIDADE","34,35","CAIXA REFERENCIAL"]
["92928","LUVA DE REDUÇÃO, EM FERRO GALVANIZADO, 1 1/2\" X 1 1/4\", CONEXÃO ROSQUEADA, INSTALADO EM REDE DE ALIMENTAÇÃO PARA HIDRANTE - FORNECIMENTO E INSTALAÇÃO. AF_10/2020","UN","COEFICIENTE DE REPRESENTATIVIDADE","39,44","CAIXA REFERENCIAL"]
["92929","LUVA DE REDUÇÃO, EM FERRO GALVANIZADO, 1 1/2\" X 1\", CONEXÃO ROSQUEADA, INSTALADO EM REDE DE ALIMENTAÇÃO PARA HIDRANTE - FORNECIMENTO E INSTALAÇÃO. AF_10/2020","UN","COEFICIENTE DE REPRESENTATIVIDADE","39,44","CAIXA REFERENCIAL"]
["92930","LUVA DE REDUÇÃO, EM FERRO GALVANIZADO, 1 1/2\" X 3/4\", CONEXÃO ROSQUEADA, INSTALADO EM REDE DE ALIMENTAÇÃO PARA HIDRANTE - FORNECIMENTO E INSTALAÇÃO. AF_10/2020","UN","COEFICIENTE DE REPRESENTATIVIDADE","39,44","CAIXA REFERENCIAL"]
["92931","LUVA DE REDUÇÃO, EM FERRO GALVANIZADO, 2\" X 1 1/2\", CONEXÃO ROSQUEADA, INSTALADO EM REDE DE ALIMENTAÇÃO PARA HIDRANTE - FORNECIMENTO E INSTALAÇÃO. AF_10/2020","UN","COEFICIENTE DE REPRESENTATIVIDADE","53,21","CAIXA REFERENCIAL"]
["92932","LUVA DE REDUÇÃO, EM FERRO GALVANIZADO, 2\" X 1 1/4\", CONEXÃO ROSQUEADA, INSTALADO EM REDE DE ALIMENTAÇÃO PARA HIDRANTE - FORNECIMENTO E INSTALAÇÃO. AF_10/2020","UN","COEFICIENTE DE REPRESENTATIVIDADE","53,21","CAIXA REFERENCIAL"]
["92933","LUVA DE REDUÇÃO, EM FERRO GALVANIZADO, 2\" X 1\", CONEXÃO ROSQUEADA, INSTALADO EM REDE DE ALIMENTAÇÃO PARA HIDRANTE - FORNECIMENTO E INSTALAÇÃO. AF_10/2020","UN","COEFICIENTE DE REPRESENTATIVIDADE","53,21","CAIXA REFERENCIAL"]
["92934","LUVA DE REDUÇÃO, EM FERRO GALVANIZADO, 2 1/2\" X 1 1/2\", CONEXÃO ROSQUEADA, INSTALADO EM REDE DE ALIMENTAÇÃO PARA HIDRANTE - FORNECIMENTO E INSTALAÇÃO. AF_10/2020","UN","COEFICIENTE DE REPRESENTATIVIDADE","79,71","CAIXA REFERENCIAL"]
["92935","LUVA DE REDUÇÃO, EM FERRO GALVANIZADO, 2 1/2\" X 2\", CONEXÃO ROSQUEADA, INSTALADO EM REDE DE ALIMENTAÇÃO PARA HIDRANTE - FORNECIMENTO E INSTALAÇÃO. AF_10/2020","UN","COEFICIENTE DE REPRESENTATIVIDADE","79,71","CAIXA REFERENCIAL"]
["92936","LUVA DE REDUÇÃO, EM FERRO GALVANIZADO, 3\" X 2 1/2\", CONEXÃO ROSQUEADA, INSTALADO EM REDE DE ALIMENTAÇÃO PARA HIDRANTE - FORNECIMENTO E INSTALAÇÃO. AF_10/2020","UN","COEFICIENTE DE REPRESENTATIVIDADE","111,22","CAIXA REFERENCIAL"]
["92937","LUVA DE REDUÇÃO, EM FERRO GALVANIZADO, 3\" X 2\", CONEXÃO ROSQUEADA, INSTALADO EM REDE DE ALIMENTAÇÃO PARA HIDRANTE - FORNECIMENTO E INSTALAÇÃO. AF_10/2020","UN","COEFICIENTE DE REPRESENTATIVIDADE","111,22","CAIXA REFERENCIAL"]
["92938","LUVA DE REDUÇÃO, EM FERRO GALVANIZADO, 1\" X 1/2\", CONEXÃO ROSQUEADA, INSTALADO EM REDE DE ALIMENTAÇÃO PARA SPRINKLER - FORNECIMENTO E INSTALAÇÃO. AF_10/2020","UN","COEFICIENTE DE REPRESENTATIVIDADE","20,97","CAIXA REFERENCIAL"]
["92939","LUVA DE REDUÇÃO, EM FERRO GALVANIZADO, 1\" X 3/4\", CONEXÃO ROSQUEADA, INSTALADO EM REDE DE ALIMENTAÇÃO PARA SPRINKLER - FORNECIMENTO E INSTALAÇÃO. AF_10/2020","UN","COEFICIENTE DE REPRESENTATIVIDADE","21,17","CAIXA REFERENCIAL"]
["92940","LUVA DE REDUÇÃO, EM FERRO GALVANIZADO, 1 1/4\" X 1\", CONEXÃO ROSQUEADA, INSTALADO EM REDE DE ALIMENTAÇÃO PARA SPRINKLER - FORNECIMENTO E INSTALAÇÃO. AF_10/2020","UN","COEFICIENTE DE REPRESENTATIVIDADE","27,06","CAIXA REFERENCIAL"]
["92941","LUVA DE REDUÇÃO, EM FERRO GALVANIZADO, 1 1/4\" X 1/2\", CONEXÃO ROSQUEADA, INSTALADO EM REDE DE ALIMENTAÇÃO PARA SPRINKLER - FORNECIMENTO E INSTALAÇÃO. AF_10/2020","UN","COEFICIENTE DE REPRESENTATIVIDADE","27,05","CAIXA REFERENCIAL"]
["92942","LUVA DE REDUÇÃO, EM FERRO GALVANIZADO, 1 1/4\" X 3/4\", CONEXÃO ROSQUEADA, INSTALADO EM REDE DE ALIMENTAÇÃO PARA SPRINKLER - FORNECIMENTO E INSTALAÇÃO. AF_10/2020","UN","COEFICIENTE DE REPRESENTATIVIDADE","27,05","CAIXA REFERENCIAL"]
["92943","LUVA DE REDUÇÃO, EM FERRO GALVANIZADO, 1 1/2\" X 1 1/4\", CONEXÃO ROSQUEADA, INSTALADO EM REDE DE ALIMENTAÇÃO PARA SPRINKLER - FORNECIMENTO E INSTALAÇÃO. AF_10/2020","UN","COEFICIENTE DE REPRESENTATIVIDADE","31,12","CAIXA REFERENCIAL"]
["92944","LUVA DE REDUÇÃO, EM FERRO GALVANIZADO, 1 1/2\" X 1\", CONEXÃO ROSQUEADA, INSTALADO EM REDE DE ALIMENTAÇÃO PARA SPRINKLER - FORNECIMENTO E INSTALAÇÃO. AF_10/2020","UN","COEFICIENTE DE REPRESENTATIVIDADE","31,12","CAIXA REFERENCIAL"]
["92945","LUVA DE REDUÇÃO, EM FERRO GALVANIZADO, 1 1/2\" X 3/4\", CONEXÃO ROSQUEADA, INSTALADO EM REDE DE ALIMENTAÇÃO PARA SPRINKLER - FORNECIMENTO E INSTALAÇÃO. AF_10/2020","UN","COEFICIENTE DE REPRESENTATIVIDADE","31,12","CAIXA REFERENCIAL"]
["92946","LUVA DE REDUÇÃO, EM FERRO GALVANIZADO, 2\" X 1 1/2\", CONEXÃO ROSQUEADA, INSTALADO EM REDE DE ALIMENTAÇÃO PARA SPRINKLER - FORNECIMENTO E INSTALAÇÃO. AF_10/2020","UN","COEFICIENTE DE REPRESENTATIVIDADE","43,65","CAIXA REFERENCIAL"]
["92947","LUVA DE REDUÇÃO, EM FERRO GALVANIZADO, 2\" X 1 1/4\", CONEXÃO ROSQUEADA, INSTALADO EM REDE DE ALIMENTAÇÃO PARA SPRINKLER - FORNECIMENTO E INSTALAÇÃO. AF_10/2020","UN","COEFICIENTE DE REPRESENTATIVIDADE","43,65","CAIXA REFERENCIAL"]
["92948","LUVA DE REDUÇÃO, EM FERRO GALVANIZADO, 2\" X 1\", CONEXÃO ROSQUEADA, INSTALADO EM REDE DE ALIMENTAÇÃO PARA SPRINKLER - FORNECIMENTO E INSTALAÇÃO. AF_10/2020","UN","COEFICIENTE DE REPRESENTATIVIDADE","43,65","CAIXA REFERENCIAL"]
["92949","LUVA DE REDUÇÃO, EM FERRO GALVANIZADO, 2 1/2\" X 1 1/2\", CONEXÃO ROSQUEADA, INSTALADO EM REDE DE ALIMENTAÇÃO PARA SPRINKLER - FORNECIMENTO E INSTALAÇÃO. AF_10/2020","UN","COEFICIENTE DE REPRESENTATIVIDADE","68,23","CAIXA REFERENCIAL"]
["92950","LUVA DE REDUÇÃO, EM FERRO GALVANIZADO, 2 1/2\" X 2\", CONEXÃO ROSQUEADA, INSTALADO EM REDE DE ALIMENTAÇÃO PARA SPRINKLER - FORNECIMENTO E INSTALAÇÃO. AF_10/2020","UN","COEFICIENTE DE REPRESENTATIVIDADE","68,23","CAIXA REFERENCIAL"]
["92951","LUVA DE REDUÇÃO, EM FERRO GALVANIZADO, 3\" X 2 1/2\", CONEXÃO ROSQUEADA, INSTALADO EM REDE DE ALIMENTAÇÃO PARA SPRINKLER - FORNECIMENTO E INSTALAÇÃO. AF_10/2020","UN","COEFICIENTE DE REPRESENTATIVIDADE","97,89","CAIXA REFERENCIAL"]
["92952","LUVA DE REDUÇÃO, EM FERRO GALVANIZADO, 3\" X 2\", CONEXÃO ROSQUEADA, INSTALADO EM REDE DE ALIMENTAÇÃO PARA SPRINKLER - FORNECIMENTO E INSTALAÇÃO. AF_10/2020","UN","COEFICIENTE DE REPRESENTATIVIDADE","97,89","CAIXA REFERENCIAL"]
["92953","LUVA DE REDUÇÃO, EM FERRO GALVANIZADO, 3/4\" X 1/2\", CONEXÃO ROSQUEADA, INSTALADO EM RAMAIS E SUB-RAMAIS DE GÁS - FORNECIMENTO E INSTALAÇÃO. AF_10/2020","UN","COEFICIENTE DE REPRESENTATIVIDADE","17,90","CAIXA REFERENCIAL"]
["93050","LUVA PASSANTE EM COBRE, DN 22 MM, SEM ANEL DE SOLDA, INSTALADO EM PRUMADA \u0096 FORNECIMENTO E INSTALAÇÃO. AF_01/2016","UN","ATRIBUÍDO SÃO PAULO","11,54","CAIXA REFERENCIAL"]
["93051","BUCHA DE REDUÇÃO EM COBRE, DN 22 MM X 15 MM, SEM ANEL DE SOLDA, BOLSA X BOLSA, INSTALADO EM PRUMADA \u0096 FORNECIMENTO E INSTALAÇÃO. AF_01/2016","UN","ATRIBUÍDO SÃO PAULO","10,56","CAIXA REFERENCIAL"]
["93052","JUNTA DE EXPANSÃO EM COBRE, DN 22 MM, PONTA X PONTA, INSTALADO EM PRUMADA \u0096 FORNECIMENTO E INSTALAÇÃO. AF_01/2016","UN","ATRIBUÍDO SÃO PAULO","565,04","CAIXA REFERENCIAL"]
["93054","CONECTOR EM BRONZE/LATÃO, DN 22 MM X 3/4\", SEM ANEL DE SOLDA, BOLSA X ROSCA F, INSTALADO EM PRUMADA \u0096 FORNECIMENTO E INSTALAÇÃO. AF_01/2016","UN","ATRIBUÍDO SÃO PAULO","23,08","CAIXA REFERENCIAL"]
["93055","CURVA DE TRANSPOSIÇÃO EM BRONZE/LATÃO, DN 22 MM, SEM ANEL DE SOLDA, BOLSA X BOLSA, INSTALADO EM PRUMADA \u0096 FORNECIMENTO E INSTALAÇÃO. AF_01/2016","UN","ATRIBUÍDO SÃO PAULO","48,20","CAIXA REFERENCIAL"]
["93056","LUVA PASSANTE EM COBRE, DN 28 MM, SEM ANEL DE SOLDA, INSTALADO EM PRUMADA \u0096 FORNECIMENTO E INSTALAÇÃO. AF_01/2016","UN","ATRIBUÍDO SÃO PAULO","17,19","CAIXA REFERENCIAL"]
["93057","BUCHA DE REDUÇÃO EM COBRE, DN 28 MM X 22 MM, SEM ANEL DE SOLDA, PONTA X BOLSA, INSTALADO EM PRUMADA \u0096 FORNECIMENTO E INSTALAÇÃO. AF_01/2016","UN","ATRIBUÍDO SÃO PAULO","14,84","CAIXA REFERENCIAL"]
["93058","JUNTA DE EXPANSÃO EM COBRE, DN 28 MM, PONTA X PONTA, INSTALADO EM PRUMADA \u0096 FORNECIMENTO E INSTALAÇÃO. AF_01/2016","UN","ATRIBUÍDO SÃO PAULO","621,27","CAIXA REFERENCIAL"]
["93059","CONECTOR EM BRONZE/LATÃO, DN 28 MM X 1/2\", SEM ANEL DE SOLDA, BOLSA X ROSCA F, INSTALADO EM PRUMADA \u0096 FORNECIMENTO E INSTALAÇÃO. AF_01/2016","UN","ATRIBUÍDO SÃO PAULO","31,90","CAIXA REFERENCIAL"]
["93060","CURVA DE TRANSPOSIÇÃO EM BRONZE/LATÃO, DN 28 MM, SEM ANEL DE SOLDA, BOLSA X BOLSA, INSTALADO EM PRUMADA \u0096 FORNECIMENTO E INSTALAÇÃO. AF_01/2016","UN","ATRIBUÍDO SÃO PAULO","84,59","CAIXA REFERENCIAL"]
["93061","LUVA PASSANTE EM COBRE, DN 35 MM, SEM ANEL DE SOLDA, INSTALADO EM PRUMADA \u0096 FORNECIMENTO E INSTALAÇÃO. AF_01/2016","UN","ATRIBUÍDO SÃO PAULO","33,08","CAIXA REFERENCIAL"]
["93062","BUCHA DE REDUÇÃO EM COBRE, DN 35 MM X 28 MM, SEM ANEL DE SOLDA, PONTA X BOLSA, INSTALADO EM PRUMADA \u0096 FORNECIMENTO E INSTALAÇÃO. AF_01/2016","UN","ATRIBUÍDO SÃO PAULO","28,52","CAIXA REFERENCIAL"]
["93063","JUNTA DE EXPANSÃO EM BRONZE/LATÃO, DN 35 MM, PONTA X PONTA, INSTALADO EM PRUMADA \u0096 FORNECIMENTO E INSTALAÇÃO. AF_01/2016","UN","ATRIBUÍDO SÃO PAULO","711,56","CAIXA REFERENCIAL"]
["93064","LUVA PASSANTE EM COBRE, DN 42 MM, SEM ANEL DE SOLDA, INSTALADO EM PRUMADA \u0096 FORNECIMENTO E INSTALAÇÃO. AF_01/2016","UN","ATRIBUÍDO SÃO PAULO","51,62","CAIXA REFERENCIAL"]
["93065","BUCHA DE REDUÇÃO EM COBRE, DN 42 MM X 35 MM, SEM ANEL DE SOLDA, PONTA X BOLSA, INSTALADO EM PRUMADA \u0096 FORNECIMENTO E INSTALAÇÃO. AF_01/2016","UN","ATRIBUÍDO SÃO PAULO","48,25","CAIXA REFERENCIAL"]
["93066","JUNTA DE EXPANSÃO EM BRONZE/LATÃO, DN 42 MM, PONTA X PONTA, INSTALADO EM PRUMADA \u0096 FORNECIMENTO E INSTALAÇÃO. AF_01/2016","UN","ATRIBUÍDO SÃO PAULO","893,35","CAIXA REFERENCIAL"]
["93067","LUVA PASSANTE EM COBRE, DN 54 MM, SEM ANEL DE SOLDA, INSTALADO EM PRUMADA \u0096 FORNECIMENTO E INSTALAÇÃO. AF_01/2016","UN","ATRIBUÍDO SÃO PAULO","76,97","CAIXA REFERENCIAL"]
["93068","BUCHA DE REDUÇÃO EM COBRE, DN 54 MM X 42 MM, SEM ANEL DE SOLDA, PONTA X BOLSA, INSTALADO EM PRUMADA \u0096 FORNECIMENTO E INSTALAÇÃO. AF_01/2016","UN","ATRIBUÍDO SÃO PAULO","67,10","CAIXA REFERENCIAL"]
["93069","JUNTA DE EXPANSÃO EM BRONZE/LATÃO, DN 54 MM, PONTA X PONTA, INSTALADO EM PRUMADA \u0096 FORNECIMENTO E INSTALAÇÃO. AF_01/2016","UN","ATRIBUÍDO SÃO PAULO","1.238,35","CAIXA REFERENCIAL"]
["93070","LUVA PASSANTE EM COBRE, DN 66 MM, SEM ANEL DE SOLDA, INSTALADO EM PRUMADA \u0096 FORNECIMENTO E INSTALAÇÃO. AF_01/2016","UN","ATRIBUÍDO SÃO PAULO","197,04","CAIXA REFERENCIAL"]
["93071","BUCHA DE REDUÇÃO EM COBRE, DN 66 MM X 54 MM, SEM ANEL DE SOLDA, PONTA X BOLSA, INSTALADO EM PRUMADA \u0096 FORNECIMENTO E INSTALAÇÃO. AF_01/2016","UN","ATRIBUÍDO SÃO PAULO","182,80","CAIXA REFERENCIAL"]
["93072","JUNTA DE EXPANSÃO EM BRONZE/LATÃO, DN 66 MM, PONTA X PONTA, INSTALADO EM PRUMADA \u0096 FORNECIMENTO E INSTALAÇÃO. AF_01/2016","UN","ATRIBUÍDO SÃO PAULO","1.634,15","CAIXA REFERENCIAL"]
["93073","TE DUPLA CURVA EM BRONZE/LATÃO, DN 3/4\" X 22 MM X 3/4\", SEM ANEL DE SOLDA, ROSCA F X BOLSA X ROSCA F, INSTALADO EM PRUMADA \u0096 FORNECIMENTO E INSTALAÇÃO. AF_01/2016","UN","ATRIBUÍDO SÃO PAULO","87,97","CAIXA REFERENCIAL"]
["93074","CURVA EM COBRE, DN 15 MM, 45 GRAUS, SEM ANEL DE SOLDA, BOLSA X BOLSA, INSTALADO EM RAMAL DE DISTRIBUIÇÃO \u0096 FORNECIMENTO E INSTALAÇÃO. AF_01/2016","UN","ATRIBUÍDO SÃO PAULO","11,39","CAIXA REFERENCIAL"]
["93075","COTOVELO EM BRONZE/LATÃO, DN 15 MM X 1/2\", 90 GRAUS, SEM ANEL DE SOLDA, BOLSA X ROSCA F, INSTALADO EM RAMAL DE DISTRIBUIÇÃO \u0096 FORNECIMENTO E INSTALAÇÃO. AF_01/2016","UN","ATRIBUÍDO SÃO PAULO","20,79","CAIXA REFERENCIAL"]
["93076","CURVA EM COBRE, DN 22 MM, 45 GRAUS, SEM ANEL DE SOLDA, BOLSA X BOLSA, INSTALADO EM RAMAL DE DISTRIBUIÇÃO \u0096 FORNECIMENTO E INSTALAÇÃO. AF_01/2016","UN","ATRIBUÍDO SÃO PAULO","19,66","CAIXA REFERENCIAL"]
["93077","COTOVELO EM BRONZE/LATÃO, DN 22 MM X 1/2\", 90 GRAUS, SEM ANEL DE SOLDA, BOLSA X ROSCA F, INSTALADO EM RAMAL DE DISTRIBUIÇÃO \u0096 FORNECIMENTO E INSTALAÇÃO. AF_01/2016","UN","ATRIBUÍDO SÃO PAULO","30,22","CAIXA REFERENCIAL"]
["93078","COTOVELO EM BRONZE/LATÃO, DN 22 MM X 3/4\", 90 GRAUS, SEM ANEL DE SOLDA, BOLSA X ROSCA F, INSTALADO EM RAMAL DE DISTRIBUIÇÃO \u0096 FORNECIMENTO E INSTALAÇÃO. AF_01/2016","UN","ATRIBUÍDO SÃO PAULO","32,99","CAIXA REFERENCIAL"]
["93079","CURVA EM COBRE, DN 28 MM, 45 GRAUS, SEM ANEL DE SOLDA, BOLSA X BOLSA, INSTALADO EM RAMAL DE DISTRIBUIÇÃO \u0096 FORNECIMENTO E INSTALAÇÃO. AF_01/2016","UN","ATRIBUÍDO SÃO PAULO","28,38","CAIXA REFERENCIAL"]
["93080","LUVA PASSANTE EM COBRE, DN 15 MM, SEM ANEL DE SOLDA, INSTALADO EM RAMAL DE DISTRIBUIÇÃO \u0096 FORNECIMENTO E INSTALAÇÃO. AF_01/2016","UN","ATRIBUÍDO SÃO PAULO","7,41","CAIXA REFERENCIAL"]
["93081","CONECTOR EM BRONZE/LATÃO, DN 15 MM X 1/2\", SEM ANEL DE SOLDA, BOLSA X ROSCA F, INSTALADO EM RAMAL DE DISTRIBUIÇÃO \u0096 FORNECIMENTO E INSTALAÇÃO. AF_01/2016","UN","ATRIBUÍDO SÃO PAULO","19,34","CAIXA REFERENCIAL"]
["93082","CURVA DE TRANSPOSIÇÃO EM BRONZE/LATÃO, DN 15 MM, SEM ANEL DE SOLDA, BOLSA X BOLSA, INSTALADO EM RAMAL DE DISTRIBUIÇÃO \u0096 FORNECIMENTO E INSTALAÇÃO. AF_01/2016","UN","ATRIBUÍDO SÃO PAULO","24,09","CAIXA REFERENCIAL"]
["93083","JUNTA DE EXPANSÃO EM COBRE, DN 15 MM, PONTA X PONTA, INSTALADO EM RAMAL DE DISTRIBUIÇÃO \u0096 FORNECIMENTO E INSTALAÇÃO. AF_01/2016","UN","ATRIBUÍDO SÃO PAULO","487,85","CAIXA REFERENCIAL"]
["93084","LUVA PASSANTE EM COBRE, DN 22 MM, SEM ANEL DE SOLDA, INSTALADO EM RAMAL DE DISTRIBUIÇÃO \u0096 FORNECIMENTO E INSTALAÇÃO. AF_01/2016","UN","ATRIBUÍDO SÃO PAULO","12,99","CAIXA REFERENCIAL"]
["93085","BUCHA DE REDUÇÃO EM COBRE, DN 22 MM X 15 MM, SEM ANEL DE SOLDA, PONTA X BOLSA, INSTALADO EM RAMAL DE DISTRIBUIÇÃO \u0096 FORNECIMENTO E INSTALAÇÃO. AF_01/2016","UN","ATRIBUÍDO SÃO PAULO","12,01","CAIXA REFERENCIAL"]
["93086","JUNTA DE EXPANSÃO EM COBRE, DN 22 MM, PONTA X PONTA, INSTALADO EM RAMAL DE DISTRIBUIÇÃO \u0096 FORNECIMENTO E INSTALAÇÃO. AF_01/2016","UN","ATRIBUÍDO SÃO PAULO","566,49","CAIXA REFERENCIAL"]
["93087","CONECTOR EM BRONZE/LATÃO, DN 22 MM X 1/2\", SEM ANEL DE SOLDA, BOLSA X ROSCA F, INSTALADO EM RAMAL DE DISTRIBUIÇÃO \u0096 FORNECIMENTO E INSTALAÇÃO. AF_01/2016","UN","ATRIBUÍDO SÃO PAULO","20,85","CAIXA REFERENCIAL"]
["93088","CONECTOR EM BRONZE/LATÃO, DN 22 MM X 3/4\", SEM ANEL DE SOLDA, BOLSA X ROSCA F, INSTALADO EM RAMAL DE DISTRIBUIÇÃO \u0096 FORNECIMENTO E INSTALAÇÃO. AF_01/2016","UN","ATRIBUÍDO SÃO PAULO","24,69","CAIXA REFERENCIAL"]
["93089","CURVA DE TRANSPOSIÇÃO EM BRONZE/LATÃO, DN 22 MM, SEM ANEL DE SOLDA, BOLSA X BOLSA, INSTALADO EM RAMAL DE DISTRIBUIÇÃO \u0096 FORNECIMENTO E INSTALAÇÃO. AF_01/2016","UN","ATRIBUÍDO SÃO PAULO","49,65","CAIXA REFERENCIAL"]
["93090","LUVA PASSANTE EM COBRE, DN 28 MM, SEM ANEL DE SOLDA, INSTALADO EM RAMAL DE DISTRIBUIÇÃO \u0096 FORNECIMENTO E INSTALAÇÃO. AF_01/2016","UN","ATRIBUÍDO SÃO PAULO","18,64","CAIXA REFERENCIAL"]
["93091","BUCHA DE REDUÇÃO EM COBRE, DN 28 MM X 22 MM, SEM ANEL DE SOLDA, INSTALADO EM RAMAL DE DISTRIBUIÇÃO \u0096 FORNECIMENTO E INSTALAÇÃO. AF_01/2016","UN","ATRIBUÍDO SÃO PAULO","16,29","CAIXA REFERENCIAL"]
["93092","JUNTA DE EXPANSÃO EM COBRE, DN 28 MM, PONTA X PONTA, INSTALADO EM RAMAL DE DISTRIBUIÇÃO \u0096 FORNECIMENTO E INSTALAÇÃO. AF_01/2016","UN","ATRIBUÍDO SÃO PAULO","622,72","CAIXA REFERENCIAL"]
["93093","CONECTOR EM BRONZE/LATÃO, DN 28 MM X 1/2\", SEM ANEL DE SOLDA, BOLSA X ROSCA F, INSTALADO EM RAMAL DE DISTRIBUIÇÃO \u0096 FORNECIMENTO E INSTALAÇÃO. AF_01/2016","UN","ATRIBUÍDO SÃO PAULO","33,35","CAIXA REFERENCIAL"]
["93094","CURVA DE TRANSPOSIÇÃO EM BRONZE/LATÃO, DN 28 MM, SEM ANEL DE SOLDA, BOLSA X BOLSA, INSTALADO EM RAMAL DE DISTRIBUIÇÃO \u0096 FORNECIMENTO E INSTALAÇÃO. AF_01/2016","UN","ATRIBUÍDO SÃO PAULO","86,04","CAIXA REFERENCIAL"]
["93095","TE DUPLA CURVA EM BRONZE/LATÃO, DN 1/2\" X 15 MM X 1/2\", SEM ANEL DE SOLDA, ROSCA F X BOLSA X ROSCA F, INSTALADO EM RAMAL DE DISTRIBUIÇÃO \u0096 FORNECIMENTO E INSTALAÇÃO. AF_01/2016","UN","ATRIBUÍDO SÃO PAULO","63,05","CAIXA REFERENCIAL"]
["93096","TE DUPLA CURVA EM BRONZE/LATÃO, DN 3/4\" X 22 MM X 3/4\", SEM ANEL DE SOLDA, ROSCA F X BOLSA X ROSCA F, INSTALADO EM RAMAL DE DISTRIBUIÇÃO \u0096 FORNECIMENTO E INSTALAÇÃO. AF_01/2016","UN","ATRIBUÍDO SÃO PAULO","90,82","CAIXA REFERENCIAL"]
["93097","CURVA EM COBRE, DN 15 MM, 45 GRAUS, SEM ANEL DE SOLDA, BOLSA X BOLSA, INSTALADO EM RAMAL E SUB-RAMAL \u0096 FORNECIMENTO E INSTALAÇÃO. AF_01/2016","UN","ATRIBUÍDO SÃO PAULO","11,56","CAIXA REFERENCIAL"]
["93098","COTOVELO EM BRONZE/LATÃO, DN 15 MM X 1/2\", 90 GRAUS, SEM ANEL DE SOLDA, BOLSA X ROSCA F, INSTALADO EM RAMAL E SUB-RAMAL \u0096 FORNECIMENTO E INSTALAÇÃO. AF_01/2016","UN","ATRIBUÍDO SÃO PAULO","20,96","CAIXA REFERENCIAL"]
["93099","CURVA EM COBRE, DN 22 MM, 45 GRAUS, SEM ANEL DE SOLDA, BOLSA X BOLSA, INSTALADO EM RAMAL E SUB-RAMAL \u0096 FORNECIMENTO E INSTALAÇÃO. AF_01/2016","UN","ATRIBUÍDO SÃO PAULO","21,63","CAIXA REFERENCIAL"]
["93100","COTOVELO EM BRONZE/LATÃO, DN 22 MM X 1/2\", 90 GRAUS, SEM ANEL DE SOLDA, BOLSA X ROSCA F, INSTALADO EM RAMAL E SUB-RAMAL \u0096 FORNECIMENTO E INSTALAÇÃO. AF_01/2016","UN","ATRIBUÍDO SÃO PAULO","32,19","CAIXA REFERENCIAL"]
["93101","COTOVELO EM BRONZE/LATÃO, DN 22 MM X 3/4\", 90 GRAUS, SEM ANEL DE SOLDA, BOLSA X ROSCA F, INSTALADO EM RAMAL E SUB-RAMAL \u0096 FORNECIMENTO E INSTALAÇÃO. AF_01/2016","UN","ATRIBUÍDO SÃO PAULO","34,96","CAIXA REFERENCIAL"]
["93102","CURVA EM COBRE, DN 28 MM, 45 GRAUS, SEM ANEL DE SOLDA, BOLSA X BOLSA, INSTALADO EM RAMAL E SUB-RAMAL \u0096 FORNECIMENTO E INSTALAÇÃO. AF_01/2016","UN","ATRIBUÍDO SÃO PAULO","30,18","CAIXA REFERENCIAL"]
["93103","LUVA PASSANTE EM COBRE, DN 15 MM, SEM ANEL DE SOLDA, INSTALADO EM RAMAL E SUB-RAMAL \u0096 FORNECIMENTO E INSTALAÇÃO. AF_01/2016","UN","ATRIBUÍDO SÃO PAULO","7,54","CAIXA REFERENCIAL"]
["93104","CONECTOR EM BRONZE/LATÃO, DN 15 MM X 1/2\", SEM ANEL DE SOLDA, BOLSA X ROSCA F, INSTALADO EM RAMAL E SUB-RAMAL \u0096 FORNECIMENTO E INSTALAÇÃO. AF_01/2016","UN","ATRIBUÍDO SÃO PAULO","19,47","CAIXA REFERENCIAL"]
["93105","CURVA DE TRANSPOSIÇÃO EM BRONZE/LATÃO, DN 15 MM, SEM ANEL DE SOLDA, BOLSA X BOLSA, INSTALADO EM RAMAL E SUB-RAMAL \u0096 FORNECIMENTO E INSTALAÇÃO. AF_01/2016","UN","ATRIBUÍDO SÃO PAULO","24,22","CAIXA REFERENCIAL"]
["93106","JUNTA DE EXPANSÃO EM COBRE, DN 15 MM, PONTA X PONTA, INSTALADO EM RAMAL E SUB-RAMAL \u0096 FORNECIMENTO E INSTALAÇÃO. AF_01/2016","UN","ATRIBUÍDO SÃO PAULO","487,98","CAIXA REFERENCIAL"]
["93107","LUVA PASSANTE EM COBRE, DN 22 MM, SEM ANEL DE SOLDA, INSTALADO EM RAMAL E SUB-RAMAL \u0096 FORNECIMENTO E INSTALAÇÃO. AF_01/2016","UN","ATRIBUÍDO SÃO PAULO","14,28","CAIXA REFERENCIAL"]
["93108","BUCHA DE REDUÇÃO EM COBRE, DN 22 MM X 15 MM, SEM ANEL DE SOLDA, PONTA X BOLSA, INSTALADO EM RAMAL E SUB-RAMAL \u0096 FORNECIMENTO E INSTALAÇÃO. AF_01/2016","UN","ATRIBUÍDO SÃO PAULO","13,30","CAIXA REFERENCIAL"]
["93109","JUNTA DE EXPANSÃO EM COBRE, DN 22 MM, PONTA X PONTA, INSTALADO EM RAMAL E SUB-RAMAL \u0096 FORNECIMENTO E INSTALAÇÃO. AF_01/2016","UN","ATRIBUÍDO SÃO PAULO","567,78","CAIXA REFERENCIAL"]
["93110","CONECTOR EM BRONZE/LATÃO, DN 22 MM X 1/2\", SEM ANEL DE SOLDA, BOLSA X ROSCA F, INSTALADO EM RAMAL E SUB-RAMAL \u0096 FORNECIMENTO E INSTALAÇÃO. AF_01/2016","UN","ATRIBUÍDO SÃO PAULO","22,14","CAIXA REFERENCIAL"]
["93111","CONECTOR EM BRONZE/LATÃO, DN 22 MM X 3/4\", SEM ANEL DE SOLDA, BOLSA X ROSCA F, INSTALADO EM RAMAL E SUB-RAMAL \u0096 FORNECIMENTO E INSTALAÇÃO. AF_01/2016","UN","ATRIBUÍDO SÃO PAULO","25,82","CAIXA REFERENCIAL"]
["93112","CURVA DE TRANSPOSIÇÃO EM BRONZE/LATÃO, DN 22 MM, SEM ANEL DE SOLDA, BOLSA X BOLSA, INSTALADO EM RAMAL E SUB-RAMAL \u0096 FORNECIMENTO E INSTALAÇÃO. AF_01/2016","UN","ATRIBUÍDO SÃO PAULO","50,94","CAIXA REFERENCIAL"]
["93113","LUVA PASSANTE EM COBRE, DN 28 MM, SEM ANEL DE SOLDA, INSTALADO EM RAMAL E SUB-RAMAL \u0096 FORNECIMENTO E INSTALAÇÃO. AF_01/2016","UN","ATRIBUÍDO SÃO PAULO","20,98","CAIXA REFERENCIAL"]
["93114","CONECTOR EM BRONZE/LATÃO, DN 28 MM X 1/2\", SEM ANEL DE SOLDA, BOLSA X ROSCA F, INSTALADO EM RAMAL E SUB-RAMAL \u0096 FORNECIMENTO E INSTALAÇÃO. AF_01/2016","UN","ATRIBUÍDO SÃO PAULO","35,69","CAIXA REFERENCIAL"]
["93115","CURVA DE TRANSPOSIÇÃO EM BRONZE/LATÃO, DN 28 MM, SEM ANEL DE SOLDA, BOLSA X BOLSA, INSTALADO EM RAMAL E SUB-RAMAL \u0096 FORNECIMENTO E INSTALAÇÃO. AF_01/2016","UN","ATRIBUÍDO SÃO PAULO","88,38","CAIXA REFERENCIAL"]
["93116","JUNTA DE EXPANSÃO EM COBRE, DN 28 MM, PONTA X PONTA, INSTALADO EM RAMAL E SUB-RAMAL \u0096 FORNECIMENTO E INSTALAÇÃO. AF_01/2016","UN","ATRIBUÍDO SÃO PAULO","625,06","CAIXA REFERENCIAL"]
["93117","TE DUPLA CURVA EM BRONZE/LATÃO, DN 1/2\" X 15 MM X 1/2\", SEM ANEL DE SOLDA, ROSCA F X BOLSA X ROSCA F, INSTALADO EM RAMAL E SUB-RAMAL \u0096 FORNECIMENTO E INSTALAÇÃO. AF_01/2016","UN","ATRIBUÍDO SÃO PAULO","63,25","CAIXA REFERENCIAL"]
["93118","TE DUPLA CURVA EM BRONZE/LATÃO, DN 3/4\" X 22 MM X 3/4\", SEM ANEL DE SOLDA, ROSCA F X BOLSA X ROSCA F, INSTALADO EM RAMAL E SUB-RAMAL \u0096 FORNECIMENTO E INSTALAÇÃO. AF_01/2016","UN","ATRIBUÍDO SÃO PAULO","93,42","CAIXA REFERENCIAL"]
["93119","CURVA EM COBRE, DN 22 MM, 45 GRAUS, SEM ANEL DE SOLDA, BOLSA X BOLSA, INSTALADO EM PRUMADA \u0096 FORNECIMENTO E INSTALAÇÃO. AF_01/2016","UN","ATRIBUÍDO SÃO PAULO","17,54","CAIXA REFERENCIAL"]
["93120","COTOVELO EM BRONZE/LATÃO, DN 22 MM X 1/2\", 90 GRAUS, SEM ANEL DE SOLDA, BOLSA X ROSCA F, INSTALADO EM PRUMADA \u0096 FORNECIMENTO E INSTALAÇÃO. AF_01/2016","UN","ATRIBUÍDO SÃO PAULO","28,10","CAIXA REFERENCIAL"]
["93121","COTOVELO EM BRONZE/LATÃO, DN 22 MM X 3/4\", 90 GRAUS, SEM ANEL DE SOLDA, BOLSA X ROSCA F, INSTALADO EM PRUMADA \u0096 FORNECIMENTO E INSTALAÇÃO. AF_01/2016","UN","ATRIBUÍDO SÃO PAULO","30,87","CAIXA REFERENCIAL"]
["93122","CURVA EM COBRE, DN 28 MM, 45 GRAUS, SEM ANEL DE SOLDA, BOLSA X BOLSA, INSTALADO EM PRUMADA \u0096 FORNECIMENTO E INSTALAÇÃO. AF_01/2016","UN","ATRIBUÍDO SÃO PAULO","26,26","CAIXA REFERENCIAL"]
["93123","CURVA EM COBRE, DN 35 MM, 45 GRAUS, SEM ANEL DE SOLDA, BOLSA X BOLSA, INSTALADO EM PRUMADA \u0096 FORNECIMENTO E INSTALAÇÃO. AF_01/2016","UN","ATRIBUÍDO SÃO PAULO","60,10","CAIXA REFERENCIAL"]
["93124","CURVA EM COBRE, DN 42 MM, 45 GRAUS, SEM ANEL DE SOLDA, BOLSA X BOLSA, INSTALADO EM PRUMADA \u0096 FORNECIMENTO E INSTALAÇÃO. AF_01/2016","UN","ATRIBUÍDO SÃO PAULO","95,59","CAIXA REFERENCIAL"]
["93125","CURVA EM COBRE, DN 54 MM, 45 GRAUS, SEM ANEL DE SOLDA, BOLSA X BOLSA, INSTALADO EM PRUMADA \u0096 FORNECIMENTO E INSTALAÇÃO. AF_01/2016","UN","ATRIBUÍDO SÃO PAULO","139,76","CAIXA REFERENCIAL"]
["93126","CURVA EM COBRE, DN 66 MM, 45 GRAUS, SEM ANEL DE SOLDA, BOLSA X BOLSA, INSTALADO EM PRUMADA \u0096 FORNECIMENTO E INSTALAÇÃO. AF_01/2016","UN","ATRIBUÍDO SÃO PAULO","313,51","CAIXA REFERENCIAL"]
["93133","BUCHA DE REDUÇÃO EM COBRE, DN 28 MM X 22 MM, SEM ANEL DE SOLDA, INSTALADO EM RAMAL E SUB-RAMAL \u0096 FORNECIMENTO E INSTALAÇÃO. AF_01/2016","UN","ATRIBUÍDO SÃO PAULO","18,63","CAIXA REFERENCIAL"]
["94465","LUVA, EM FERRO GALVANIZADO, CONEXÃO ROSQUEADA, DN 50 (2\u0094), INSTALADO EM RESERVAÇÃO DE ÁGUA DE EDIFICAÇÃO QUE POSSUA RESERVATÓRIO DE FIBRA/FIBROCIMENTO \u0096 FORNECIMENTO E INSTALAÇÃO. AF_06/2016","UN","COEFICIENTE DE REPRESENTATIVIDADE","40,06","CAIXA REFERENCIAL"]
["94466","NIPLE, EM FERRO GALVANIZADO, CONEXÃO ROSQUEADA, DN 50 (2\u0094), INSTALADO EM RESERVAÇÃO DE ÁGUA DE EDIFICAÇÃO QUE POSSUA RESERVATÓRIO DE FIBRA/FIBROCIMENTO \u0096 FORNECIMENTO E INSTALAÇÃO. AF_06/2016","UN","COEFICIENTE DE REPRESENTATIVIDADE","40,08","CAIXA REFERENCIAL"]
["94467","LUVA, EM FERRO GALVANIZADO, CONEXÃO ROSQUEADA, DN 65 (2 1/2\u0094), INSTALADO EM RESERVAÇÃO DE ÁGUA DE EDIFICAÇÃO QUE POSSUA RESERVATÓRIO DE FIBRA/FIBROCIMENTO \u0096 FORNECIMENTO E INSTALAÇÃO. AF_06/2016","UN","COEFICIENTE DE REPRESENTATIVIDADE","62,92","CAIXA REFERENCIAL"]
["94468","NIPLE, EM FERRO GALVANIZADO, CONEXÃO ROSQUEADA, DN 65 (2 1/2\u0094), INSTALADO EM RESERVAÇÃO DE ÁGUA DE EDIFICAÇÃO QUE POSSUA RESERVATÓRIO DE FIBRA/FIBROCIMENTO \u0096 FORNECIMENTO E INSTALAÇÃO. AF_06/2016","UN","COEFICIENTE DE REPRESENTATIVIDADE","54,81","CAIXA REFERENCIAL"]
["94469","LUVA, EM FERRO GALVANIZADO, CONEXÃO ROSQUEADA, DN 80 (3\u0094), INSTALADO EM RESERVAÇÃO DE ÁGUA DE EDIFICAÇÃO QUE POSSUA RESERVATÓRIO DE FIBRA/FIBROCIMENTO \u0096 FORNECIMENTO E INSTALAÇÃO. AF_06/2016","UN","COEFICIENTE DE REPRESENTATIVIDADE","91,77","CAIXA REFERENCIAL"]
["94470","NIPLE, EM FERRO GALVANIZADO, CONEXÃO ROSQUEADA, DN 80 (3\u0094), INSTALADO EM RESERVAÇÃO DE ÁGUA DE EDIFICAÇÃO QUE POSSUA RESERVATÓRIO DE FIBRA/FIBROCIMENTO \u0096 FORNECIMENTO E INSTALAÇÃO. AF_06/2016","UN","COEFICIENTE DE REPRESENTATIVIDADE","84,55","CAIXA REFERENCIAL"]
["94471","COTOVELO 90 GRAUS, EM FERRO GALVANIZADO, CONEXÃO ROSQUEADA, DN 50 (2\u0094), INSTALADO EM RESERVAÇÃO DE ÁGUA DE EDIFICAÇÃO QUE POSSUA RESERVATÓRIO DE FIBRA/FIBROCIMENTO \u0096 FORNECIMENTO E INSTALAÇÃO. AF_06/2016","UN","COEFICIENTE DE REPRESENTATIVIDADE","57,62","CAIXA REFERENCIAL"]
["94472","COTOVELO 45 GRAUS, EM FERRO GALVANIZADO, CONEXÃO ROSQUEADA, DN 50 (2\u0094), INSTALADO EM RESERVAÇÃO DE ÁGUA DE EDIFICAÇÃO QUE POSSUA RESERVATÓRIO DE FIBRA/FIBROCIMENTO \u0096 FORNECIMENTO E INSTALAÇÃO. AF_06/2016","UN","COEFICIENTE DE REPRESENTATIVIDADE","59,43","CAIXA REFERENCIAL"]
["94473","COTOVELO 90 GRAUS, EM FERRO GALVANIZADO, CONEXÃO ROSQUEADA, DN 65 (2 1/2\u0094), INSTALADO EM RESERVAÇÃO DE ÁGUA DE EDIFICAÇÃO QUE POSSUA RESERVATÓRIO DE FIBRA/FIBROCIMENTO \u0096 FORNECIMENTO E INSTALAÇÃO. AF_06/2016","UN","COEFICIENTE DE REPRESENTATIVIDADE","89,92","CAIXA REFERENCIAL"]
["94474","COTOVELO 45 GRAUS, EM FERRO GALVANIZADO, CONEXÃO ROSQUEADA, DN 65 (2 1/2\u0094), INSTALADO EM RESERVAÇÃO DE ÁGUA DE EDIFICAÇÃO QUE POSSUA RESERVATÓRIO DE FIBRA/FIBROCIMENTO \u0096 FORNECIMENTO E INSTALAÇÃO. AF_06/2016","UN","COEFICIENTE DE REPRESENTATIVIDADE","97,86","CAIXA REFERENCIAL"]
["94475","COTOVELO 90 GRAUS, EM FERRO GALVANIZADO, CONEXÃO ROSQUEADA, DN 80 (3\u0094), INSTALADO EM RESERVAÇÃO DE ÁGUA DE EDIFICAÇÃO QUE POSSUA RESERVATÓRIO DE FIBRA/FIBROCIMENTO \u0096 FORNECIMENTO E INSTALAÇÃO. AF_06/2016","UN","COEFICIENTE DE REPRESENTATIVIDADE","123,93","CAIXA REFERENCIAL"]
["94476","COTOVELO 45 GRAUS, EM FERRO GALVANIZADO, CONEXÃO ROSQUEADA, DN 80 (3\u0094), INSTALADO EM RESERVAÇÃO DE ÁGUA DE EDIFICAÇÃO QUE POSSUA RESERVATÓRIO DE FIBRA/FIBROCIMENTO \u0096 FORNECIMENTO E INSTALAÇÃO. AF_06/2016","UN","COEFICIENTE DE REPRESENTATIVIDADE","139,24","CAIXA REFERENCIAL"]
["94477","TÊ, EM FERRO GALVANIZADO, CONEXÃO ROSQUEADA, DN 50 (2\u0094), INSTALADO EM RESERVAÇÃO DE ÁGUA DE EDIFICAÇÃO QUE POSSUA RESERVATÓRIO DE FIBRA/FIBROCIMENTO \u0096 FORNECIMENTO E INSTALAÇÃO. AF_06/2016","UN","COEFICIENTE DE REPRESENTATIVIDADE","76,70","CAIXA REFERENCIAL"]
["94478","TÊ, EM FERRO GALVANIZADO, CONEXÃO ROSQUEADA, DN 65 (2 1/2\u0094), INSTALADO EM RESERVAÇÃO DE ÁGUA DE EDIFICAÇÃO QUE POSSUA RESERVATÓRIO DE FIBRA/FIBROCIMENTO \u0096 FORNECIMENTO E INSTALAÇÃO. AF_06/2016","UN","COEFICIENTE DE REPRESENTATIVIDADE","123,78","CAIXA REFERENCIAL"]
["94479","TÊ, EM FERRO GALVANIZADO, CONEXÃO ROSQUEADA, DN 80 (3\u0094), INSTALADO EM RESERVAÇÃO DE ÁGUA DE EDIFICAÇÃO QUE POSSUA RESERVATÓRIO DE FIBRA/FIBROCIMENTO \u0096 FORNECIMENTO E INSTALAÇÃO. AF_06/2016","UN","COEFICIENTE DE REPRESENTATIVIDADE","163,66","CAIXA REFERENCIAL"]
["94606","LUVA EM COBRE, DN 54 MM, SEM ANEL DE SOLDA, INSTALADO EM RESERVAÇÃO DE ÁGUA DE EDIFICAÇÃO QUE POSSUA RESERVATÓRIO DE FIBRA/FIBROCIMENTO \u0096 FORNECIMENTO E INSTALAÇÃO. AF_06/2016","UN","ATRIBUÍDO SÃO PAULO","79,37","CAIXA REFERENCIAL"]
["94608","LUVA EM COBRE, DN 66 MM, SEM ANEL DE SOLDA, INSTALADO EM RESERVAÇÃO DE ÁGUA DE EDIFICAÇÃO QUE POSSUA RESERVATÓRIO DE FIBRA/FIBROCIMENTO \u0096 FORNECIMENTO E INSTALAÇÃO. AF_06/2016","UN","ATRIBUÍDO SÃO PAULO","204,63","CAIXA REFERENCIAL"]
["94610","LUVA EM COBRE, DN 79 MM, SEM ANEL DE SOLDA, INSTALADO EM RESERVAÇÃO DE ÁGUA DE EDIFICAÇÃO QUE POSSUA RESERVATÓRIO DE FIBRA/FIBROCIMENTO \u0096 FORNECIMENTO E INSTALAÇÃO. AF_06/2016","UN","ATRIBUÍDO SÃO PAULO","306,56","CAIXA REFERENCIAL"]
["94612","LUVA DE COBRE, DN 104 MM, SEM ANEL DE SOLDA, INSTALADO EM RESERVAÇÃO DE ÁGUA DE EDIFICAÇÃO QUE POSSUA RESERVATÓRIO DE FIBRA/FIBROCIMENTO \u0096 FORNECIMENTO E INSTALAÇÃO. AF_06/2016","UN","ATRIBUÍDO SÃO PAULO","433,02","CAIXA REFERENCIAL"]
["94614","COTOVELO EM COBRE, DN 54 MM, 90 GRAUS, SEM ANEL DE SOLDA, INSTALADO EM RESERVAÇÃO DE ÁGUA DE EDIFICAÇÃO QUE POSSUA RESERVATÓRIO DE FIBRA/FIBROCIMENTO \u0096 FORNECIMENTO E INSTALAÇÃO. AF_06/2016","UN","ATRIBUÍDO SÃO PAULO","135,49","CAIXA REFERENCIAL"]
["94615","CURVA EM COBRE, DN 54 MM, 45 GRAUS, SEM ANEL DE SOLDA, BOLSA X BOLSA, INSTALADO EM RESERVAÇÃO DE ÁGUA DE EDIFICAÇÃO QUE POSSUA RESERVATÓRIO DE FIBRA/FIBROCIMENTO \u0096 FORNECIMENTO E INSTALAÇÃO. AF_06/2016","UN","ATRIBUÍDO SÃO PAULO","155,15","CAIXA REFERENCIAL"]
["94616","COTOVELO EM COBRE, DN 66 MM, 90 GRAUS, SEM ANEL DE SOLDA, INSTALADO EM RESERVAÇÃO DE ÁGUA DE EDIFICAÇÃO QUE POSSUA RESERVATÓRIO DE FIBRA/FIBROCIMENTO \u0096 FORNECIMENTO E INSTALAÇÃO. AF_06/2016","UN","ATRIBUÍDO SÃO PAULO","393,92","CAIXA REFERENCIAL"]
["94617","CURVA EM COBRE, DN 66 MM, 45 GRAUS, SEM ANEL DE SOLDA, BOLSA X BOLSA, INSTALADO EM RESERVAÇÃO DE ÁGUA DE EDIFICAÇÃO QUE POSSUA RESERVATÓRIO DE FIBRA/FIBROCIMENTO \u0096 FORNECIMENTO E INSTALAÇÃO. AF_06/2016","UN","ATRIBUÍDO SÃO PAULO","325,56","CAIXA REFERENCIAL"]
["94618","COTOVELO EM COBRE, DN 79 MM, 90 GRAUS, SEM ANEL DE SOLDA, INSTALADO EM RESERVAÇÃO DE ÁGUA DE EDIFICAÇÃO QUE POSSUA RESERVATÓRIO DE FIBRA/FIBROCIMENTO \u0096 FORNECIMENTO E INSTALAÇÃO. AF_06/2016","UN","ATRIBUÍDO SÃO PAULO","385,82","CAIXA REFERENCIAL"]
["94620","COTOVELO EM COBRE, DN 104 MM, 90 GRAUS, SEM ANEL DE SOLDA, INSTALADO EM RESERVAÇÃO DE ÁGUA DE EDIFICAÇÃO QUE POSSUA RESERVATÓRIO DE FIBRA/FIBROCIMENTO \u0096 FORNECIMENTO E INSTALAÇÃO. AF_06/2016","UN","ATRIBUÍDO SÃO PAULO","897,23","CAIXA REFERENCIAL"]
["94622","TE EM COBRE, DN 54 MM, SEM ANEL DE SOLDA, INSTALADO EM RESERVAÇÃO DE ÁGUA DE EDIFICAÇÃO QUE POSSUA RESERVATÓRIO DE FIBRA/FIBROCIMENTO \u0096 FORNECIMENTO E INSTALAÇÃO. AF_06/2016","UN","ATRIBUÍDO SÃO PAULO","199,49","CAIXA REFERENCIAL"]
["94623","TE EM COBRE, DN 66 MM, SEM ANEL DE SOLDA, INSTALADO EM RESERVAÇÃO DE ÁGUA DE EDIFICAÇÃO QUE POSSUA RESERVATÓRIO DE FIBRA/FIBROCIMENTO \u0096 FORNECIMENTO E INSTALAÇÃO. AF_06/2016","UN","ATRIBUÍDO SÃO PAULO","486,95","CAIXA REFERENCIAL"]
["94624","TE EM COBRE, DN 79 MM, SEM ANEL DE SOLDA, INSTALADO EM RESERVAÇÃO DE ÁGUA DE EDIFICAÇÃO QUE POSSUA RESERVATÓRIO DE FIBRA/FIBROCIMENTO \u0096 FORNECIMENTO E INSTALAÇÃO. AF_06/2016","UN","ATRIBUÍDO SÃO PAULO","746,68","CAIXA REFERENCIAL"]
["94625","TE EM COBRE, DN 104 MM, SEM ANEL DE SOLDA, INSTALADO EM RESERVAÇÃO DE ÁGUA DE EDIFICAÇÃO QUE POSSUA RESERVATÓRIO DE FIBRA/FIBROCIMENTO \u0096 FORNECIMENTO E INSTALAÇÃO. AF_06/2016","UN","ATRIBUÍDO SÃO PAULO","1.569,24","CAIXA REFERENCIAL"]
["94656","ADAPTADOR CURTO COM BOLSA E ROSCA PARA REGISTRO, PVC, SOLDÁVEL, DN  25 MM X 3/4 , INSTALADO EM RESERVAÇÃO DE ÁGUA DE EDIFICAÇÃO QUE POSSUA RESERVATÓRIO DE FIBRA/FIBROCIMENTO   FORNECIMENTO E INSTALAÇÃO. AF_06/2016","UN","COEFICIENTE DE REPRESENTATIVIDADE","5,60","CAIXA REFERENCIAL"]
["94657","LUVA PVC, SOLDÁVEL, DN  25 MM, INSTALADA EM RESERVAÇÃO DE ÁGUA DE EDIFICAÇÃO QUE POSSUA RESERVATÓRIO DE FIBRA/FIBROCIMENTO   FORNECIMENTO E INSTALAÇÃO. AF_06/2016","UN","COEFICIENTE DE REPRESENTATIVIDADE","5,46","CAIXA REFERENCIAL"]
["94658","ADAPTADOR CURTO COM BOLSA E ROSCA PARA REGISTRO, PVC, SOLDÁVEL, DN 32 MM X 1 , INSTALADO EM RESERVAÇÃO DE ÁGUA DE EDIFICAÇÃO QUE POSSUA RESERVATÓRIO DE FIBRA/FIBROCIMENTO   FORNECIMENTO E INSTALAÇÃO. AF_06/2016","UN","COEFICIENTE DE REPRESENTATIVIDADE","7,07","CAIXA REFERENCIAL"]
["94659","LUVA PVC, SOLDÁVEL, DN 32 MM, INSTALADA EM RESERVAÇÃO DE ÁGUA DE EDIFICAÇÃO QUE POSSUA RESERVATÓRIO DE FIBRA/FIBROCIMENTO   FORNECIMENTO E INSTALAÇÃO. AF_06/2016","UN","COEFICIENTE DE REPRESENTATIVIDADE","7,24","CAIXA REFERENCIAL"]
["94660","ADAPTADOR CURTO COM BOLSA E ROSCA PARA REGISTRO, PVC, SOLDÁVEL, DN 40 MM X 1 1/4 , INSTALADO EM RESERVAÇÃO DE ÁGUA DE EDIFICAÇÃO QUE POSSUA RESERVATÓRIO DE FIBRA/FIBROCIMENTO   FORNECIMENTO E INSTALAÇÃO. AF_06/2016","UN","COEFICIENTE DE REPRESENTATIVIDADE","12,01","CAIXA REFERENCIAL"]
["94661","LUVA, PVC, SOLDÁVEL, DN 40 MM, INSTALADO EM RESERVAÇÃO DE ÁGUA DE EDIFICAÇÃO QUE POSSUA RESERVATÓRIO DE FIBRA/FIBROCIMENTO   FORNECIMENTO E INSTALAÇÃO. AF_06/2016","UN","COEFICIENTE DE REPRESENTATIVIDADE","12,71","CAIXA REFERENCIAL"]
["94662","ADAPTADOR CURTO COM BOLSA E ROSCA PARA REGISTRO, PVC, SOLDÁVEL, DN 50 MM X 1 1/2 , INSTALADO EM RESERVAÇÃO DE ÁGUA DE EDIFICAÇÃO QUE POSSUA RESERVATÓRIO DE FIBRA/FIBROCIMENTO   FORNECIMENTO E INSTALAÇÃO. AF_06/2016","UN","COEFICIENTE DE REPRESENTATIVIDADE","13,49","CAIXA REFERENCIAL"]
["94663","LUVA, PVC, SOLDÁVEL, DN 50 MM, INSTALADO EM RESERVAÇÃO DE ÁGUA DE EDIFICAÇÃO QUE POSSUA RESERVATÓRIO DE FIBRA/FIBROCIMENTO   FORNECIMENTO E INSTALAÇÃO. AF_06/2016","UN","COEFICIENTE DE REPRESENTATIVIDADE","13,77","CAIXA REFERENCIAL"]
["94664","ADAPTADOR CURTO COM BOLSA E ROSCA PARA REGISTRO, PVC, SOLDÁVEL, DN 60 MM X 2 , INSTALADO EM RESERVAÇÃO DE ÁGUA DE EDIFICAÇÃO QUE POSSUA RESERVATÓRIO DE FIBRA/FIBROCIMENTO   FORNECIMENTO E INSTALAÇÃO. AF_06/2016","UN","COEFICIENTE DE REPRESENTATIVIDADE","31,01","CAIXA REFERENCIAL"]
["94665","LUVA, PVC, SOLDÁVEL, DN 60 MM, INSTALADO EM RESERVAÇÃO DE ÁGUA DE EDIFICAÇÃO QUE POSSUA RESERVATÓRIO DE FIBRA/FIBROCIMENTO   FORNECIMENTO E INSTALAÇÃO. AF_06/2016","UN","COEFICIENTE DE REPRESENTATIVIDADE","30,99","CAIXA REFERENCIAL"]
["94666","ADAPTADOR CURTO COM BOLSA E ROSCA PARA REGISTRO, PVC, SOLDÁVEL, DN 75 MM X 2 1/2 , INSTALADO EM RESERVAÇÃO DE ÁGUA DE EDIFICAÇÃO QUE POSSUA RESERVATÓRIO DE FIBRA/FIBROCIMENTO   FORNECIMENTO E INSTALAÇÃO. AF_06/2016","UN","COEFICIENTE DE REPRESENTATIVIDADE","39,52","CAIXA REFERENCIAL"]
["94667","LUVA, PVC, SOLDÁVEL, DN 75 MM, INSTALADO EM RESERVAÇÃO DE ÁGUA DE EDIFICAÇÃO QUE POSSUA RESERVATÓRIO DE FIBRA/FIBROCIMENTO   FORNECIMENTO E INSTALAÇÃO. AF_06/2016","UN","COEFICIENTE DE REPRESENTATIVIDADE","44,83","CAIXA REFERENCIAL"]
["94668","ADAPTADOR CURTO COM BOLSA E ROSCA PARA REGISTRO, PVC, SOLDÁVEL, DN 85 MM X 3 , INSTALADO EM RESERVAÇÃO DE ÁGUA DE EDIFICAÇÃO QUE POSSUA RESERVATÓRIO DE FIBRA/FIBROCIMENTO   FORNECIMENTO E INSTALAÇÃO. AF_06/2016","UN","COEFICIENTE DE REPRESENTATIVIDADE","66,97","CAIXA REFERENCIAL"]
["94669","LUVA, PVC, SOLDÁVEL, DN 85 MM, INSTALADO EM RESERVAÇÃO DE ÁGUA DE EDIFICAÇÃO QUE POSSUA RESERVATÓRIO DE FIBRA/FIBROCIMENTO   FORNECIMENTO E INSTALAÇÃO. AF_06/2016","UN","COEFICIENTE DE REPRESENTATIVIDADE","96,72","CAIXA REFERENCIAL"]
["94670","ADAPTADOR CURTO COM BOLSA E ROSCA PARA REGISTRO, PVC, SOLDÁVEL, DN 110 MM X 4 , INSTALADO EM RESERVAÇÃO DE ÁGUA DE EDIFICAÇÃO QUE POSSUA RESERVATÓRIO DE FIBRA/FIBROCIMENTO   FORNECIMENTO E INSTALAÇÃO. AF_06/2016","UN","COEFICIENTE DE REPRESENTATIVIDADE","93,45","CAIXA REFERENCIAL"]
["94671","LUVA, PVC, SOLDÁVEL, DN 110 MM, INSTALADO EM RESERVAÇÃO DE ÁGUA DE EDIFICAÇÃO QUE POSSUA RESERVATÓRIO DE FIBRA/FIBROCIMENTO   FORNECIMENTO E INSTALAÇÃO. AF_06/2016","UN","COEFICIENTE DE REPRESENTATIVIDADE","143,06","CAIXA REFERENCIAL"]
["94672","JOELHO 90 GRAUS COM BUCHA DE LATÃO, PVC, SOLDÁVEL, DN  25 MM, X 3/4\u0094 INSTALADO EM RESERVAÇÃO DE ÁGUA DE EDIFICAÇÃO QUE POSSUA RESERVATÓRIO DE FIBRA/FIBROCIMENTO   FORNECIMENTO E INSTALAÇÃO. AF_06/2016","UN","COEFICIENTE DE REPRESENTATIVIDADE","10,81","CAIXA REFERENCIAL"]
["94673","CURVA 90 GRAUS, PVC, SOLDÁVEL, DN  25 MM, INSTALADO EM RESERVAÇÃO DE ÁGUA DE EDIFICAÇÃO QUE POSSUA RESERVATÓRIO DE FIBRA/FIBROCIMENTO   FORNECIMENTO E INSTALAÇÃO. AF_06/2016","UN","COEFICIENTE DE REPRESENTATIVIDADE","10,40","CAIXA REFERENCIAL"]
["94674","JOELHO 90 GRAUS, PVC, SOLDÁVEL, DN 32 MM INSTALADO EM RESERVAÇÃO DE ÁGUA DE EDIFICAÇÃO QUE POSSUA RESERVATÓRIO DE FIBRA/FIBROCIMENTO   FORNECIMENTO E INSTALAÇÃO. AF_06/2016","UN","COEFICIENTE DE REPRESENTATIVIDADE","9,01","CAIXA REFERENCIAL"]
["94675","CURVA 90 GRAUS, PVC, SOLDÁVEL, DN 32 MM, INSTALADO EM RESERVAÇÃO DE ÁGUA DE EDIFICAÇÃO QUE POSSUA RESERVATÓRIO DE FIBRA/FIBROCIMENTO   FORNECIMENTO E INSTALAÇÃO. AF_06/2016","UN","COEFICIENTE DE REPRESENTATIVIDADE","16,51","CAIXA REFERENCIAL"]
["94676","JOELHO 90 GRAUS, PVC, SOLDÁVEL, DN 40 MM INSTALADO EM RESERVAÇÃO DE ÁGUA DE EDIFICAÇÃO QUE POSSUA RESERVATÓRIO DE FIBRA/FIBROCIMENTO   FORNECIMENTO E INSTALAÇÃO. AF_06/2016","UN","COEFICIENTE DE REPRESENTATIVIDADE","16,64","CAIXA REFERENCIAL"]
["94677","CURVA 90 GRAUS, PVC, SOLDÁVEL, DN 40 MM, INSTALADO EM RESERVAÇÃO DE ÁGUA DE EDIFICAÇÃO QUE POSSUA RESERVATÓRIO DE FIBRA/FIBROCIMENTO   FORNECIMENTO E INSTALAÇÃO. AF_06/2016","UN","COEFICIENTE DE REPRESENTATIVIDADE","27,92","CAIXA REFERENCIAL"]
["94678","JOELHO 90 GRAUS, PVC, SOLDÁVEL, DN 50 MM INSTALADO EM RESERVAÇÃO DE ÁGUA DE EDIFICAÇÃO QUE POSSUA RESERVATÓRIO DE FIBRA/FIBROCIMENTO   FORNECIMENTO E INSTALAÇÃO. AF_06/2016","UN","COEFICIENTE DE REPRESENTATIVIDADE","17,31","CAIXA REFERENCIAL"]
["94679","CURVA 90 GRAUS, PVC, SOLDÁVEL, DN 50 MM, INSTALADO EM RESERVAÇÃO DE ÁGUA DE EDIFICAÇÃO QUE POSSUA RESERVATÓRIO DE FIBRA/FIBROCIMENTO   FORNECIMENTO E INSTALAÇÃO. AF_06/2016","UN","COEFICIENTE DE REPRESENTATIVIDADE","32,16","CAIXA REFERENCIAL"]
["94680","JOELHO 90 GRAUS, PVC, SOLDÁVEL, DN 60 MM INSTALADO EM RESERVAÇÃO DE ÁGUA DE EDIFICAÇÃO QUE POSSUA RESERVATÓRIO DE FIBRA/FIBROCIMENTO   FORNECIMENTO E INSTALAÇÃO. AF_06/2016","UN","COEFICIENTE DE REPRESENTATIVIDADE","53,46","CAIXA REFERENCIAL"]
["94681","CURVA 90 GRAUS, PVC, SOLDÁVEL, DN 60 MM, INSTALADO EM RESERVAÇÃO DE ÁGUA DE EDIFICAÇÃO QUE POSSUA RESERVATÓRIO DE FIBRA/FIBROCIMENTO   FORNECIMENTO E INSTALAÇÃO. AF_06/2016","UN","COEFICIENTE DE REPRESENTATIVIDADE","73,82","CAIXA REFERENCIAL"]
["94682","JOELHO 90 GRAUS, PVC, SOLDÁVEL, DN 75 MM INSTALADO EM RESERVAÇÃO DE ÁGUA DE EDIFICAÇÃO QUE POSSUA RESERVATÓRIO DE FIBRA/FIBROCIMENTO   FORNECIMENTO E INSTALAÇÃO. AF_06/2016","UN","COEFICIENTE DE REPRESENTATIVIDADE","158,22","CAIXA REFERENCIAL"]
["94683","CURVA 90 GRAUS, PVC, SOLDÁVEL, DN 75 MM, INSTALADO EM RESERVAÇÃO DE ÁGUA DE EDIFICAÇÃO QUE POSSUA RESERVATÓRIO DE FIBRA/FIBROCIMENTO   FORNECIMENTO E INSTALAÇÃO. AF_06/2016","UN","COEFICIENTE DE REPRESENTATIVIDADE","98,44","CAIXA REFERENCIAL"]
["94684","JOELHO 90 GRAUS, PVC, SOLDÁVEL, DN 85 MM INSTALADO EM RESERVAÇÃO DE ÁGUA DE EDIFICAÇÃO QUE POSSUA RESERVATÓRIO DE FIBRA/FIBROCIMENTO   FORNECIMENTO E INSTALAÇÃO. AF_06/2016","UN","COEFICIENTE DE REPRESENTATIVIDADE","196,83","CAIXA REFERENCIAL"]
["94685","CURVA 90 GRAUS, PVC, SOLDÁVEL, DN 85 MM, INSTALADO EM RESERVAÇÃO DE ÁGUA DE EDIFICAÇÃO QUE POSSUA RESERVATÓRIO DE FIBRA/FIBROCIMENTO   FORNECIMENTO E INSTALAÇÃO. AF_06/2016","UN","COEFICIENTE DE REPRESENTATIVIDADE","147,07","CAIXA REFERENCIAL"]
["94686","JOELHO 90 GRAUS, PVC, SOLDÁVEL, DN 110 MM INSTALADO EM RESERVAÇÃO DE ÁGUA DE EDIFICAÇÃO QUE POSSUA RESERVATÓRIO DE FIBRA/FIBROCIMENTO   FORNECIMENTO E INSTALAÇÃO. AF_06/2016","UN","COEFICIENTE DE REPRESENTATIVIDADE","384,40","CAIXA REFERENCIAL"]
["94687","CURVA 90 GRAUS, PVC, SOLDÁVEL, DN 110 MM, INSTALADO EM RESERVAÇÃO DE ÁGUA DE EDIFICAÇÃO QUE POSSUA RESERVATÓRIO DE FIBRA/FIBROCIMENTO   FORNECIMENTO E INSTALAÇÃO. AF_06/2016","UN","COEFICIENTE DE REPRESENTATIVIDADE","309,40","CAIXA REFERENCIAL"]
["94688","TÊ, PVC, SOLDÁVEL, DN  25 MM INSTALADO EM RESERVAÇÃO DE ÁGUA DE EDIFICAÇÃO QUE POSSUA RESERVATÓRIO DE FIBRA/FIBROCIMENTO   FORNECIMENTO E INSTALAÇÃO. AF_06/2016","UN","COEFICIENTE DE REPRESENTATIVIDADE","9,57","CAIXA REFERENCIAL"]
["94689","TÊ COM BUCHA DE LATÃO NA BOLSA CENTRAL, PVC, SOLDÁVEL, DN  25 MM X 3/4 , INSTALADO EM RESERVAÇÃO DE ÁGUA DE EDIFICAÇÃO QUE POSSUA RESERVATÓRIO DE FIBRA/FIBROCIMENTO   FORNECIMENTO E INSTALAÇÃO. AF_06/2016","UN","COEFICIENTE DE REPRESENTATIVIDADE","14,96","CAIXA REFERENCIAL"]
["94690","TÊ, PVC, SOLDÁVEL, DN 32 MM INSTALADO EM RESERVAÇÃO DE ÁGUA DE EDIFICAÇÃO QUE POSSUA RESERVATÓRIO DE FIBRA/FIBROCIMENTO   FORNECIMENTO E INSTALAÇÃO. AF_06/2016","UN","COEFICIENTE DE REPRESENTATIVIDADE","14,08","CAIXA REFERENCIAL"]
["94691","TÊ DE REDUÇÃO, PVC, SOLDÁVEL, DN 32 MM X  25 MM, INSTALADO EM RESERVAÇÃO DE ÁGUA DE EDIFICAÇÃO QUE POSSUA RESERVATÓRIO DE FIBRA/FIBROCIMENTO   FORNECIMENTO E INSTALAÇÃO. AF_06/2016","UN","COEFICIENTE DE REPRESENTATIVIDADE","17,21","CAIXA REFERENCIAL"]
["94692","TÊ, PVC, SOLDÁVEL, DN 40 MM INSTALADO EM RESERVAÇÃO DE ÁGUA DE EDIFICAÇÃO QUE POSSUA RESERVATÓRIO DE FIBRA/FIBROCIMENTO   FORNECIMENTO E INSTALAÇÃO. AF_06/2016","UN","COEFICIENTE DE REPRESENTATIVIDADE","25,94","CAIXA REFERENCIAL"]
["94693","TÊ DE REDUÇÃO, PVC, SOLDÁVEL, DN 40 MM X 32 MM, INSTALADO EM RESERVAÇÃO DE ÁGUA DE EDIFICAÇÃO QUE POSSUA RESERVATÓRIO DE FIBRA/FIBROCIMENTO   FORNECIMENTO E INSTALAÇÃO. AF_06/2016","UN","COEFICIENTE DE REPRESENTATIVIDADE","27,51","CAIXA REFERENCIAL"]
["94694","TÊ, PVC, SOLDÁVEL, DN 50 MM INSTALADO EM RESERVAÇÃO DE ÁGUA DE EDIFICAÇÃO QUE POSSUA RESERVATÓRIO DE FIBRA/FIBROCIMENTO   FORNECIMENTO E INSTALAÇÃO. AF_06/2016","UN","COEFICIENTE DE REPRESENTATIVIDADE","27,60","CAIXA REFERENCIAL"]
["94695","TÊ DE REDUÇÃO, PVC, SOLDÁVEL, DN 50 MM X 40 MM, INSTALADO EM RESERVAÇÃO DE ÁGUA DE EDIFICAÇÃO QUE POSSUA RESERVATÓRIO DE FIBRA/FIBROCIMENTO   FORNECIMENTO E INSTALAÇÃO. AF_06/2016","UN","COEFICIENTE DE REPRESENTATIVIDADE","39,75","CAIXA REFERENCIAL"]
["94696","TÊ, PVC, SOLDÁVEL, DN 60 MM INSTALADO EM RESERVAÇÃO DE ÁGUA DE EDIFICAÇÃO QUE POSSUA RESERVATÓRIO DE FIBRA/FIBROCIMENTO   FORNECIMENTO E INSTALAÇÃO. AF_06/2016","UN","COEFICIENTE DE REPRESENTATIVIDADE","68,67","CAIXA REFERENCIAL"]
["94697","TÊ, PVC, SOLDÁVEL, DN 75 MM INSTALADO EM RESERVAÇÃO DE ÁGUA DE EDIFICAÇÃO QUE POSSUA RESERVATÓRIO DE FIBRA/FIBROCIMENTO   FORNECIMENTO E INSTALAÇÃO. AF_06/2016","UN","COEFICIENTE DE REPRESENTATIVIDADE","115,72","CAIXA REFERENCIAL"]
["94698","TÊ DE REDUÇÃO, PVC, SOLDÁVEL, DN 75 MM X 50 MM, INSTALADO EM RESERVAÇÃO DE ÁGUA DE EDIFICAÇÃO QUE POSSUA RESERVATÓRIO DE FIBRA/FIBROCIMENTO   FORNECIMENTO E INSTALAÇÃO. AF_06/2016","UN","COEFICIENTE DE REPRESENTATIVIDADE","99,18","CAIXA REFERENCIAL"]
["94699","TÊ, PVC, SOLDÁVEL, DN 85 MM INSTALADO EM RESERVAÇÃO DE ÁGUA DE EDIFICAÇÃO QUE POSSUA RESERVATÓRIO DE FIBRA/FIBROCIMENTO   FORNECIMENTO E INSTALAÇÃO. AF_06/2016","UN","COEFICIENTE DE REPRESENTATIVIDADE","193,22","CAIXA REFERENCIAL"]
["94700","TÊ DE REDUÇÃO, PVC, SOLDÁVEL, DN 85 MM X 60 MM, INSTALADO EM RESERVAÇÃO DE ÁGUA DE EDIFICAÇÃO QUE POSSUA RESERVATÓRIO DE FIBRA/FIBROCIMENTO   FORNECIMENTO E INSTALAÇÃO. AF_06/2016","UN","COEFICIENTE DE REPRESENTATIVIDADE","159,37","CAIXA REFERENCIAL"]
["94701","TÊ, PVC, SOLDÁVEL, DN 110 MM INSTALADO EM RESERVAÇÃO DE ÁGUA DE EDIFICAÇÃO QUE POSSUA RESERVATÓRIO DE FIBRA/FIBROCIMENTO   FORNECIMENTO E INSTALAÇÃO. AF_06/2016","UN","COEFICIENTE DE REPRESENTATIVIDADE","300,59","CAIXA REFERENCIAL"]
["94702","TÊ DE REDUÇÃO, PVC, SOLDÁVEL, DN 110 MM X 60 MM, INSTALADO EM RESERVAÇÃO DE ÁGUA DE EDIFICAÇÃO QUE POSSUA RESERVATÓRIO DE FIBRA/FIBROCIMENTO   FORNECIMENTO E INSTALAÇÃO. AF_06/2016","UN","COEFICIENTE DE REPRESENTATIVIDADE","283,28","CAIXA REFERENCIAL"]
["94703","ADAPTADOR COM FLANGE E ANEL DE VEDAÇÃO, PVC, SOLDÁVEL, DN  25 MM X 3/4 , INSTALADO EM RESERVAÇÃO DE ÁGUA DE EDIFICAÇÃO QUE POSSUA RESERVATÓRIO DE FIBRA/FIBROCIMENTO   FORNECIMENTO E INSTALAÇÃO. AF_06/2016","UN","COEFICIENTE DE REPRESENTATIVIDADE","23,73","CAIXA REFERENCIAL"]
["94704","ADAPTADOR COM FLANGE E ANEL DE VEDAÇÃO, PVC, SOLDÁVEL, DN 32 MM X 1 , INSTALADO EM RESERVAÇÃO DE ÁGUA DE EDIFICAÇÃO QUE POSSUA RESERVATÓRIO DE FIBRA/FIBROCIMENTO   FORNECIMENTO E INSTALAÇÃO. AF_06/2016","UN","COEFICIENTE DE REPRESENTATIVIDADE","28,93","CAIXA REFERENCIAL"]
["94705","ADAPTADOR COM FLANGE E ANEL DE VEDAÇÃO, PVC, SOLDÁVEL, DN 40 MM X 1 1/4 , INSTALADO EM RESERVAÇÃO DE ÁGUA DE EDIFICAÇÃO QUE POSSUA RESERVATÓRIO DE FIBRA/FIBROCIMENTO   FORNECIMENTO E INSTALAÇÃO. AF_06/2016","UN","COEFICIENTE DE REPRESENTATIVIDADE","36,79","CAIXA REFERENCIAL"]
["94706","ADAPTADOR COM FLANGE E ANEL DE VEDAÇÃO, PVC, SOLDÁVEL, DN 50 MM X 1 1/2 , INSTALADO EM RESERVAÇÃO DE ÁGUA DE EDIFICAÇÃO QUE POSSUA RESERVATÓRIO DE FIBRA/FIBROCIMENTO   FORNECIMENTO E INSTALAÇÃO. AF_06/2016","UN","COEFICIENTE DE REPRESENTATIVIDADE","50,74","CAIXA REFERENCIAL"]
["94707","ADAPTADOR COM FLANGE E ANEL DE VEDAÇÃO, PVC, SOLDÁVEL, DN 60 MM X 2 , INSTALADO EM RESERVAÇÃO DE ÁGUA DE EDIFICAÇÃO QUE POSSUA RESERVATÓRIO DE FIBRA/FIBROCIMENTO   FORNECIMENTO E INSTALAÇÃO. AF_06/2016","UN","COEFICIENTE DE REPRESENTATIVIDADE","65,34","CAIXA REFERENCIAL"]
["94708","ADAPTADOR COM FLANGES LIVRES, PVC, SOLDÁVEL, DN  25 MM X 3/4 , INSTALADO EM RESERVAÇÃO DE ÁGUA DE EDIFICAÇÃO QUE POSSUA RESERVATÓRIO DE FIBRA/FIBROCIMENTO   FORNECIMENTO E INSTALAÇÃO. AF_06/2016","UN","COEFICIENTE DE REPRESENTATIVIDADE","29,15","CAIXA REFERENCIAL"]
["94709","ADAPTADOR COM FLANGES LIVRES, PVC, SOLDÁVEL, DN 32 MM X 1 , INSTALADO EM RESERVAÇÃO DE ÁGUA DE EDIFICAÇÃO QUE POSSUA RESERVATÓRIO DE FIBRA/FIBROCIMENTO   FORNECIMENTO E INSTALAÇÃO. AF_06/2016","UN","COEFICIENTE DE REPRESENTATIVIDADE","39,51","CAIXA REFERENCIAL"]
["94710","ADAPTADOR COM FLANGES LIVRES, PVC, SOLDÁVEL, DN 40 MM X 1 1/4 , INSTALADO EM RESERVAÇÃO DE ÁGUA DE EDIFICAÇÃO QUE POSSUA RESERVATÓRIO DE FIBRA/FIBROCIMENTO   FORNECIMENTO E INSTALAÇÃO. AF_06/2016","UN","COEFICIENTE DE REPRESENTATIVIDADE","65,23","CAIXA REFERENCIAL"]
["94711","ADAPTADOR COM FLANGES LIVRES, PVC, SOLDÁVEL, DN 50 MM X 1 1/2 , INSTALADO EM RESERVAÇÃO DE ÁGUA DE EDIFICAÇÃO QUE POSSUA RESERVATÓRIO DE FIBRA/FIBROCIMENTO   FORNECIMENTO E INSTALAÇÃO. AF_06/2016","UN","COEFICIENTE DE REPRESENTATIVIDADE","73,97","CAIXA REFERENCIAL"]
["94712","ADAPTADOR COM FLANGES LIVRES, PVC, SOLDÁVEL, DN 60 MM X 2 , INSTALADO EM RESERVAÇÃO DE ÁGUA DE EDIFICAÇÃO QUE POSSUA RESERVATÓRIO DE FIBRA/FIBROCIMENTO   FORNECIMENTO E INSTALAÇÃO. AF_06/2016","UN","COEFICIENTE DE REPRESENTATIVIDADE","103,50","CAIXA REFERENCIAL"]
["94713","ADAPTADOR COM FLANGES LIVRES, PVC, SOLDÁVEL, DN 75 MM X 2 1/2 , INSTALADO EM RESERVAÇÃO DE ÁGUA DE EDIFICAÇÃO QUE POSSUA RESERVATÓRIO DE FIBRA/FIBROCIMENTO   FORNECIMENTO E INSTALAÇÃO. AF_06/2016","UN","COEFICIENTE DE REPRESENTATIVIDADE","290,81","CAIXA REFERENCIAL"]
["94714","ADAPTADOR COM FLANGES LIVRES, PVC, SOLDÁVEL, DN 85 MM X 3 , INSTALADO EM RESERVAÇÃO DE ÁGUA DE EDIFICAÇÃO QUE POSSUA RESERVATÓRIO DE FIBRA/FIBROCIMENTO   FORNECIMENTO E INSTALAÇÃO. AF_06/2016","UN","COEFICIENTE DE REPRESENTATIVIDADE","398,83","CAIXA REFERENCIAL"]
["94715","ADAPTADOR COM FLANGES LIVRES, PVC, SOLDÁVEL, DN 110 MM X 4 , INSTALADO EM RESERVAÇÃO DE ÁGUA DE EDIFICAÇÃO QUE POSSUA RESERVATÓRIO DE FIBRA/FIBROCIMENTO   FORNECIMENTO E INSTALAÇÃO. AF_06/2016","UN","COEFICIENTE DE REPRESENTATIVIDADE","555,46","CAIXA REFERENCIAL"]
["94724","CONECTOR, CPVC, SOLDÁVEL, DN 22 MM X 3/4\u0094, INSTALADO EM RESERVAÇÃO DE ÁGUA DE EDIFICAÇÃO QUE POSSUA RESERVATÓRIO DE FIBRA/FIBROCIMENTO \u0096 FORNECIMENTO E INSTALAÇÃO. AF_06/2016","UN","COEFICIENTE DE REPRESENTATIVIDADE","30,36","CAIXA REFERENCIAL"]
["94725","LUVA, CPVC, SOLDÁVEL, DN 22 MM, INSTALADO EM RESERVAÇÃO DE ÁGUA DE EDIFICAÇÃO QUE POSSUA RESERVATÓRIO DE FIBRA/FIBROCIMENTO \u0096 FORNECIMENTO E INSTALAÇÃO. AF_06/2016","UN","COEFICIENTE DE REPRESENTATIVIDADE","6,13","CAIXA REFERENCIAL"]
["94726","CONECTOR, CPVC, SOLDÁVEL, DN 28 MM X 1\u0094, INSTALADO EM RESERVAÇÃO DE ÁGUA DE EDIFICAÇÃO QUE POSSUA RESERVATÓRIO DE FIBRA/FIBROCIMENTO \u0096 FORNECIMENTO E INSTALAÇÃO. AF_06/2016","UN","COEFICIENTE DE REPRESENTATIVIDADE","47,70","CAIXA REFERENCIAL"]
["94727","LUVA, CPVC, SOLDÁVEL, DN 28 MM, INSTALADO EM RESERVAÇÃO DE ÁGUA DE EDIFICAÇÃO QUE POSSUA RESERVATÓRIO DE FIBRA/FIBROCIMENTO \u0096 FORNECIMENTO E INSTALAÇÃO. AF_06/2016","UN","COEFICIENTE DE REPRESENTATIVIDADE","9,34","CAIXA REFERENCIAL"]
["94728","CONECTOR, CPVC, SOLDÁVEL, DN 35 MM X 1 1/4\u0094, INSTALADO EM RESERVAÇÃO DE ÁGUA DE EDIFICAÇÃO QUE POSSUA RESERVATÓRIO DE FIBRA/FIBROCIMENTO \u0096 FORNECIMENTO E INSTALAÇÃO. AF_06/2016","UN","COEFICIENTE DE REPRESENTATIVIDADE","184,09","CAIXA REFERENCIAL"]
["94729","LUVA, CPVC, SOLDÁVEL, DN 35 MM, INSTALADO EM RESERVAÇÃO DE ÁGUA DE EDIFICAÇÃO QUE POSSUA RESERVATÓRIO DE FIBRA/FIBROCIMENTO \u0096 FORNECIMENTO E INSTALAÇÃO. AF_06/2016","UN","COEFICIENTE DE REPRESENTATIVIDADE","17,13","CAIXA REFERENCIAL"]
["94730","CONECTOR, CPVC, SOLDÁVEL, DN 42 MM X 1 1/2\u0094, INSTALADO EM RESERVAÇÃO DE ÁGUA DE EDIFICAÇÃO QUE POSSUA RESERVATÓRIO DE FIBRA/FIBROCIMENTO \u0096 FORNECIMENTO E INSTALAÇÃO. AF_06/2016","UN","COEFICIENTE DE REPRESENTATIVIDADE","224,06","CAIXA REFERENCIAL"]
["94731","LUVA, CPVC, SOLDÁVEL, DN 42 MM, INSTALADO EM RESERVAÇÃO DE ÁGUA DE EDIFICAÇÃO QUE POSSUA RESERVATÓRIO DE FIBRA/FIBROCIMENTO \u0096 FORNECIMENTO E INSTALAÇÃO. AF_06/2016","UN","COEFICIENTE DE REPRESENTATIVIDADE","22,00","CAIXA REFERENCIAL"]
["94733","LUVA, CPVC, SOLDÁVEL, DN 54 MM, INSTALADO EM RESERVAÇÃO DE ÁGUA DE EDIFICAÇÃO QUE POSSUA RESERVATÓRIO DE FIBRA/FIBROCIMENTO \u0096 FORNECIMENTO E INSTALAÇÃO. AF_06/2016","UN","COEFICIENTE DE REPRESENTATIVIDADE","43,13","CAIXA REFERENCIAL"]
["94737","LUVA, CPVC, SOLDÁVEL, DN 89 MM, INSTALADO EM RESERVAÇÃO DE ÁGUA DE EDIFICAÇÃO QUE POSSUA RESERVATÓRIO DE FIBRA/FIBROCIMENTO \u0096 FORNECIMENTO E INSTALAÇÃO. AF_06/2016","UN","COEFICIENTE DE REPRESENTATIVIDADE","187,88","CAIXA REFERENCIAL"]
["94740","JOELHO 90 GRAUS, CPVC, SOLDÁVEL, DN 22 MM, INSTALADO EM RESERVAÇÃO DE ÁGUA DE EDIFICAÇÃO QUE POSSUA RESERVATÓRIO DE FIBRA/FIBROCIMENTO \u0096 FORNECIMENTO E INSTALAÇÃO. AF_06/2016","UN","COEFICIENTE DE REPRESENTATIVIDADE","9,88","CAIXA REFERENCIAL"]
["94741","CURVA 90 GRAUS, CPVC, SOLDÁVEL, DN 22 MM, INSTALADO EM RESERVAÇÃO DE ÁGUA DE EDIFICAÇÃO QUE POSSUA RESERVATÓRIO DE FIBRA/FIBROCIMENTO \u0096 FORNECIMENTO E INSTALAÇÃO. AF_06/2016","UN","COEFICIENTE DE REPRESENTATIVIDADE","12,81","CAIXA REFERENCIAL"]
["94742","JOELHO 90 GRAUS, CPVC, SOLDÁVEL, DN 28 MM, INSTALADO EM RESERVAÇÃO DE ÁGUA DE EDIFICAÇÃO QUE POSSUA RESERVATÓRIO DE FIBRA/FIBROCIMENTO \u0096 FORNECIMENTO E INSTALAÇÃO. AF_06/2016","UN","COEFICIENTE DE REPRESENTATIVIDADE","16,08","CAIXA REFERENCIAL"]
["94743","CURVA 90 GRAUS, CPVC, SOLDÁVEL, DN 28 MM, INSTALADO EM RESERVAÇÃO DE ÁGUA DE EDIFICAÇÃO QUE POSSUA RESERVATÓRIO DE FIBRA/FIBROCIMENTO \u0096 FORNECIMENTO E INSTALAÇÃO. AF_06/2016","UN","COEFICIENTE DE REPRESENTATIVIDADE","17,93","CAIXA REFERENCIAL"]
["94744","JOELHO 90 GRAUS, CPVC, SOLDÁVEL, DN 35 MM, INSTALADO EM RESERVAÇÃO DE ÁGUA DE EDIFICAÇÃO QUE POSSUA RESERVATÓRIO DE FIBRA/FIBROCIMENTO \u0096 FORNECIMENTO E INSTALAÇÃO. AF_06/2016","UN","COEFICIENTE DE REPRESENTATIVIDADE","26,23","CAIXA REFERENCIAL"]
["94746","JOELHO 90 GRAUS, CPVC, SOLDÁVEL, DN 42 MM, INSTALADO EM RESERVAÇÃO DE ÁGUA DE EDIFICAÇÃO QUE POSSUA RESERVATÓRIO DE FIBRA/FIBROCIMENTO \u0096 FORNECIMENTO E INSTALAÇÃO. AF_06/2016","UN","COEFICIENTE DE REPRESENTATIVIDADE","38,57","CAIXA REFERENCIAL"]
["94748","JOELHO 90 GRAUS, CPVC, SOLDÁVEL, DN 54 MM, INSTALADO EM RESERVAÇÃO DE ÁGUA DE EDIFICAÇÃO QUE POSSUA RESERVATÓRIO DE FIBRA/FIBROCIMENTO \u0096 FORNECIMENTO E INSTALAÇÃO. AF_06/2016","UN","COEFICIENTE DE REPRESENTATIVIDADE","80,45","CAIXA REFERENCIAL"]
["94750","JOELHO 90 GRAUS, CPVC, SOLDÁVEL, DN 73 MM, INSTALADO EM RESERVAÇÃO DE ÁGUA DE EDIFICAÇÃO QUE POSSUA RESERVATÓRIO DE FIBRA/FIBROCIMENTO \u0096 FORNECIMENTO E INSTALAÇÃO. AF_06/2016","UN","COEFICIENTE DE REPRESENTATIVIDADE","197,16","CAIXA REFERENCIAL"]
["94752","JOELHO 90 GRAUS, CPVC, SOLDÁVEL, DN 89 MM, INSTALADO EM RESERVAÇÃO DE ÁGUA DE EDIFICAÇÃO QUE POSSUA RESERVATÓRIO DE FIBRA/FIBROCIMENTO \u0096 FORNECIMENTO E INSTALAÇÃO. AF_06/2016","UN","COEFICIENTE DE REPRESENTATIVIDADE","236,84","CAIXA REFERENCIAL"]
["94756","TE, CPVC, SOLDÁVEL, DN 22 MM, INSTALADO EM RESERVAÇÃO DE ÁGUA DE EDIFICAÇÃO QUE POSSUA RESERVATÓRIO DE FIBRA/FIBROCIMENTO \u0096 FORNECIMENTO E INSTALAÇÃO. AF_06/2016","UN","COEFICIENTE DE REPRESENTATIVIDADE","12,34","CAIXA REFERENCIAL"]
["94757","TE, CPVC, SOLDÁVEL, DN 28 MM, INSTALADO EM RESERVAÇÃO DE ÁGUA DE EDIFICAÇÃO QUE POSSUA RESERVATÓRIO DE FIBRA/FIBROCIMENTO \u0096 FORNECIMENTO E INSTALAÇÃO. AF_06/2016","UN","COEFICIENTE DE REPRESENTATIVIDADE","17,87","CAIXA REFERENCIAL"]
["94758","TE, CPVC, SOLDÁVEL, DN 35 MM, INSTALADO EM RESERVAÇÃO DE ÁGUA DE EDIFICAÇÃO QUE POSSUA RESERVATÓRIO DE FIBRA/FIBROCIMENTO \u0096 FORNECIMENTO E INSTALAÇÃO. AF_06/2016","UN","COEFICIENTE DE REPRESENTATIVIDADE","49,09","CAIXA REFERENCIAL"]
["94759","TE, CPVC, SOLDÁVEL, DN 42 MM, INSTALADO EM RESERVAÇÃO DE ÁGUA DE EDIFICAÇÃO QUE POSSUA RESERVATÓRIO DE FIBRA/FIBROCIMENTO \u0096 FORNECIMENTO E INSTALAÇÃO. AF_06/2016","UN","COEFICIENTE DE REPRESENTATIVIDADE","61,40","CAIXA REFERENCIAL"]
["94760","TE, CPVC, SOLDÁVEL, DN 54 MM, INSTALADO EM RESERVAÇÃO DE ÁGUA DE EDIFICAÇÃO QUE POSSUA RESERVATÓRIO DE FIBRA/FIBROCIMENTO \u0096 FORNECIMENTO E INSTALAÇÃO. AF_06/2016","UN","COEFICIENTE DE REPRESENTATIVIDADE","100,56","CAIXA REFERENCIAL"]
["94761","TE, CPVC, SOLDÁVEL, DN 73 MM, INSTALADO EM RESERVAÇÃO DE ÁGUA DE EDIFICAÇÃO QUE POSSUA RESERVATÓRIO DE FIBRA/FIBROCIMENTO \u0096 FORNECIMENTO E INSTALAÇÃO. AF_06/2016","UN","COEFICIENTE DE REPRESENTATIVIDADE","223,91","CAIXA REFERENCIAL"]
["94762","TE, CPVC, SOLDÁVEL, DN 89 MM, INSTALADO EM RESERVAÇÃO DE ÁGUA DE EDIFICAÇÃO QUE POSSUA RESERVATÓRIO DE FIBRA/FIBROCIMENTO \u0096 FORNECIMENTO E INSTALAÇÃO. AF_06/2016","UN","COEFICIENTE DE REPRESENTATIVIDADE","282,09","CAIXA REFERENCIAL"]
["94783","ADAPTADOR COM FLANGE E ANEL DE VEDAÇÃO, PVC, SOLDÁVEL, DN  20 MM X 1/2 , INSTALADO EM RESERVAÇÃO DE ÁGUA DE EDIFICAÇÃO QUE POSSUA RESERVATÓRIO DE FIBRA/FIBROCIMENTO   FORNECIMENTO E INSTALAÇÃO. AF_06/2016","UN","COEFICIENTE DE REPRESENTATIVIDADE","21,46","CAIXA REFERENCIAL"]
["94785","ADAPTADOR COM FLANGES LIVRES, PVC, SOLDÁVEL LONGO, DN 32 MM X 1 , INSTALADO EM RESERVAÇÃO DE ÁGUA DE EDIFICAÇÃO QUE POSSUA RESERVATÓRIO DE FIBRA/FIBROCIMENTO   FORNECIMENTO E INSTALAÇÃO. AF_06/2016","UN","COEFICIENTE DE REPRESENTATIVIDADE","40,25","CAIXA REFERENCIAL"]
["94786","ADAPTADOR COM FLANGES LIVRES, PVC, SOLDÁVEL LONGO, DN 40 MM X 1 1/4 , INSTALADO EM RESERVAÇÃO DE ÁGUA DE EDIFICAÇÃO QUE POSSUA RESERVATÓRIO DE FIBRA/FIBROCIMENTO   FORNECIMENTO E INSTALAÇÃO. AF_06/2016","UN","COEFICIENTE DE REPRESENTATIVIDADE","54,94","CAIXA REFERENCIAL"]
["94787","ADAPTADOR COM FLANGES LIVRES, PVC, SOLDÁVEL LONGO, DN 50 MM X 1 1/2 , INSTALADO EM RESERVAÇÃO DE ÁGUA DE EDIFICAÇÃO QUE POSSUA RESERVATÓRIO DE FIBRA/FIBROCIMENTO   FORNECIMENTO E INSTALAÇÃO. AF_06/2016","UN","COEFICIENTE DE REPRESENTATIVIDADE","70,09","CAIXA REFERENCIAL"]
["94788","ADAPTADOR COM FLANGES LIVRES, PVC, SOLDÁVEL LONGO, DN 60 MM X 2 , INSTALADO EM RESERVAÇÃO DE ÁGUA DE EDIFICAÇÃO QUE POSSUA RESERVATÓRIO DE FIBRA/FIBROCIMENTO   FORNECIMENTO E INSTALAÇÃO. AF_06/2016","UN","COEFICIENTE DE REPRESENTATIVIDADE","107,01","CAIXA REFERENCIAL"]
["94789","ADAPTADOR COM FLANGES LIVRES, PVC, SOLDÁVEL LONGO, DN 75 MM X 2 1/2 , INSTALADO EM RESERVAÇÃO DE ÁGUA DE EDIFICAÇÃO QUE POSSUA RESERVATÓRIO DE FIBRA/FIBROCIMENTO   FORNECIMENTO E INSTALAÇÃO. AF_06/2016","UN","COEFICIENTE DE REPRESENTATIVIDADE","363,21","CAIXA REFERENCIAL"]
["94790","ADAPTADOR COM FLANGES LIVRES, PVC, SOLDÁVEL LONGO, DN 85 MM X 3 , INSTALADO EM RESERVAÇÃO DE ÁGUA DE EDIFICAÇÃO QUE POSSUA RESERVATÓRIO DE FIBRA/FIBROCIMENTO   FORNECIMENTO E INSTALAÇÃO. AF_06/2016","UN","COEFICIENTE DE REPRESENTATIVIDADE","422,14","CAIXA REFERENCIAL"]
["94791","ADAPTADOR COM FLANGES LIVRES, PVC, SOLDÁVEL LONGO, DN 110 MM X 4 , INSTALADO EM RESERVAÇÃO DE ÁGUA DE EDIFICAÇÃO QUE POSSUA RESERVATÓRIO DE FIBRA/FIBROCIMENTO   FORNECIMENTO E INSTALAÇÃO. AF_06/2016","UN","COEFICIENTE DE REPRESENTATIVIDADE","596,49","CAIXA REFERENCIAL"]
["94863","LUVA, CPVC, SOLDÁVEL, DN 73 MM, INSTALADO EM RESERVAÇÃO DE ÁGUA DE EDIFICAÇÃO QUE POSSUA RESERVATÓRIO DE FIBRA/FIBROCIMENTO \u0096 FORNECIMENTO E INSTALAÇÃO. AF_06/2016","UN","COEFICIENTE DE REPRESENTATIVIDADE","162,30","CAIXA REFERENCIAL"]
["95141","ADAPTADOR COM FLANGES LIVRES, PVC, SOLDÁVEL LONGO, DN  25 MM X 3/4 , INSTALADO EM RESERVAÇÃO DE ÁGUA DE EDIFICAÇÃO QUE POSSUA RESERVATÓRIO DE FIBRA/FIBROCIMENTO    FORNECIMENTO E INSTALAÇÃO. AF_06/2016","UN","COEFICIENTE DE REPRESENTATIVIDADE","37,06","CAIXA REFERENCIAL"]
["95237","LUVA COM BUCHA DE LATÃO, PVC, SOLDÁVEL, DN 32MM X 1 , INSTALADO EM RAMAL DE DISTRIBUIÇÃO DE ÁGUA   FORNECIMENTO E INSTALAÇÃO. AF_12/2014","UN","COEFICIENTE DE REPRESENTATIVIDADE","32,48","CAIXA REFERENCIAL"]
["95693","LUVA SIMPLES, PVC, SÉRIE NORMAL, ESGOTO PREDIAL, DN 150 MM, JUNTA ELÁSTICA, FORNECIDO E INSTALADO EM SUBCOLETOR AÉREO DE ESGOTO SANITÁRIO. AF_12/2014","UN","COEFICIENTE DE REPRESENTATIVIDADE","60,47","CAIXA REFERENCIAL"]
["95694","CURVA 90 GRAUS, PVC, SERIE R, ÁGUA PLUVIAL, DN 100 MM, JUNTA ELÁSTICA, FORNECIDO E INSTALADO EM RAMAL DE ENCAMINHAMENTO. AF_12/2014","UN","COEFICIENTE DE REPRESENTATIVIDADE","85,79","CAIXA REFERENCIAL"]
["95695","CURVA 90 GRAUS, PVC, SERIE R, ÁGUA PLUVIAL, DN 100 MM, JUNTA ELÁSTICA, FORNECIDO E INSTALADO EM CONDUTORES VERTICAIS DE ÁGUAS PLUVIAIS. AF_12/2014","UN","COEFICIENTE DE REPRESENTATIVIDADE","84,44","CAIXA REFERENCIAL"]
["95696","SPRINKLER TIPO PENDENTE, 68 °C, UNIÃO POR ROSCA DN 15 (1/2\") - FORNECIMENTO E INSTALAÇÃO. AF_10/2020","UN","COEFICIENTE DE REPRESENTATIVIDADE","48,96","CAIXA REFERENCIAL"]
["96637","JOELHO 90 GRAUS, PPR, DN 25 MM, CLASSE PN 25, INSTALADO EM RAMAL OU SUB-RAMAL DE ÁGUA \u0096 FORNECIMENTO E INSTALAÇÃO . AF_06/2015","UN","ATRIBUÍDO SÃO PAULO","11,16","CAIXA REFERENCIAL"]
["96638","JOELHO 45 GRAUS, PPR, DN 25 MM, CLASSE PN 25, INSTALADO EM RAMAL OU SUB-RAMAL DE ÁGUA \u0096 FORNECIMENTO E INSTALAÇÃO . AF_06/2015","UN","ATRIBUÍDO SÃO PAULO","10,58","CAIXA REFERENCIAL"]
["96639","LUVA, PPR, DN 25 MM, CLASSE PN 25, INSTALADO EM RAMAL OU SUB-RAMAL DE ÁGUA \u0096 FORNECIMENTO E INSTALAÇÃO . AF_06/2015","UN","ATRIBUÍDO SÃO PAULO","7,92","CAIXA REFERENCIAL"]
["96640","CONECTOR MACHO, PPR, 25 X 1/2'', CLASSE PN 25, INSTALADO EM RAMAL OU SUB-RAMAL DE ÁGUA   FORNECIMENTO E INSTALAÇÃO . AF_06/2015","UN","ATRIBUÍDO SÃO PAULO","24,15","CAIXA REFERENCIAL"]
["96641","CONECTOR FÊMEA, PPR, 25 X 1/2'', CLASSE PN 25, INSTALADO EM RAMAL OU SUB-RAMAL DE ÁGUA   FORNECIMENTO E INSTALAÇÃO . AF_06/2015","UN","ATRIBUÍDO SÃO PAULO","18,36","CAIXA REFERENCIAL"]
["96642","TÊ NORMAL, PPR, DN 25 MM, CLASSE PN 25, INSTALADO EM RAMAL OU SUB-RAMAL DE ÁGUA \u0096 FORNECIMENTO E INSTALAÇÃO . AF_06/2015","UN","ATRIBUÍDO SÃO PAULO","14,73","CAIXA REFERENCIAL"]
["96643","TÊ MISTURADOR, PPR, 25 X 3/4'' , CLASSE PN 25, INSTALADO EM RAMAL OU SUB-RAMAL DE ÁGUA \u0096 FORNECIMENTO E INSTALAÇÃO . AF_06/2015","UN","ATRIBUÍDO SÃO PAULO","48,71","CAIXA REFERENCIAL"]
["96650","JOELHO 90 GRAUS, PPR, DN 25 MM, CLASSE PN 25, INSTALADO EM RAMAL DE DISTRIBUIÇÃO \u0096 FORNECIMENTO E INSTALAÇÃO . AF_06/2015","UN","ATRIBUÍDO SÃO PAULO","8,58","CAIXA REFERENCIAL"]
["96651","JOELHO 45 GRAUS, PPR, DN 25 MM, CLASSE PN 25, INSTALADO EM RAMAL DE DISTRIBUIÇÃO DE ÁGUA \u0096 FORNECIMENTO E INSTALAÇÃO . AF_06/2015","UN","ATRIBUÍDO SÃO PAULO","8,00","CAIXA REFERENCIAL"]
["96652","JOELHO 90 GRAUS, PPR, DN 32 MM, CLASSE PN 25, INSTALADO EM RAMAL DE DISTRIBUIÇÃO \u0096 FORNECIMENTO E INSTALAÇÃO . AF_06/2015","UN","ATRIBUÍDO SÃO PAULO","15,96","CAIXA REFERENCIAL"]
["96653","JOELHO 45 GRAUS, PPR, DN 32 MM, CLASSE PN 25, INSTALADO EM RAMAL DE DISTRIBUIÇÃO DE ÁGUA \u0096 FORNECIMENTO E INSTALAÇÃO . AF_06/2015","UN","ATRIBUÍDO SÃO PAULO","15,90","CAIXA REFERENCIAL"]
["96654","JOELHO 90 GRAUS, PPR, DN 40 MM, CLASSE PN 25, INSTALADO EM RAMAL DE DISTRIBUIÇÃO \u0096 FORNECIMENTO E INSTALAÇÃO . AF_06/2015","UN","ATRIBUÍDO SÃO PAULO","26,83","CAIXA REFERENCIAL"]
["96655","JOELHO 45 GRAUS, PPR, DN 40 MM, CLASSE PN 25, INSTALADO EM RAMAL DE DISTRIBUIÇÃO DE ÁGUA \u0096 FORNECIMENTO E INSTALAÇÃO . AF_06/2015","UN","ATRIBUÍDO SÃO PAULO","26,19","CAIXA REFERENCIAL"]
["96656","LUVA, PPR, DN 25 MM, CLASSE PN 25, INSTALADO EM RAMAL DE DISTRIBUIÇÃO DE ÁGUA \u0096 FORNECIMENTO E INSTALAÇÃO . AF_06/2015","UN","ATRIBUÍDO SÃO PAULO","6,22","CAIXA REFERENCIAL"]
["96657","CONECTOR MACHO, PPR, 25 X 1/2, CLASSE PN 25, INSTALADO EM RAMAL DE DISTRIBUIÇÃO DE ÁGUA \u0096 FORNECIMENTO E INSTALAÇÃO . AF_06/2015","UN","ATRIBUÍDO SÃO PAULO","22,45","CAIXA REFERENCIAL"]
["96658","CONECTOR FÊMEA, PPR, 25 X 1/2'', CLASSE PN 25, INSTALADO EM RAMAL DE DISTRIBUIÇÃO DE ÁGUA   FORNECIMENTO E INSTALAÇÃO . AF_06/2015","UN","ATRIBUÍDO SÃO PAULO","16,66","CAIXA REFERENCIAL"]
["96659","LUVA, PPR, DN 32 MM, CLASSE PN 25, INSTALADO EM RAMAL DE DISTRIBUIÇÃO DE ÁGUA \u0096 FORNECIMENTO E INSTALAÇÃO. AF_06/2015","UN","ATRIBUÍDO SÃO PAULO","10,84","CAIXA REFERENCIAL"]
["96660","CONECTOR MACHO, PPR, 32 X 3/4'', CLASSE PN 25, INSTALADO EM RAMAL DE DISTRIBUIÇÃO DE ÁGUA   FORNECIMENTO E INSTALAÇÃO. AF_06/2015","UN","ATRIBUÍDO SÃO PAULO","37,90","CAIXA REFERENCIAL"]
["96661","CONECTOR FÊMEA, PPR, 32 X 3/4'', CLASSE PN 25, INSTALADO EM RAMAL DE DISTRIBUIÇÃO DE ÁGUA   FORNECIMENTO E INSTALAÇÃO . AF_06/2015","UN","ATRIBUÍDO SÃO PAULO","28,99","CAIXA REFERENCIAL"]
["96662","BUCHA DE REDUÇÃO, PPR, 32 X 25, CLASSE PN 25, INSTALADO EM RAMAL DE DISTRIBUIÇÃO DE ÁGUA \u0096 FORNECIMENTO E INSTALAÇÃO . AF_06/2015","UN","ATRIBUÍDO SÃO PAULO","11,14","CAIXA REFERENCIAL"]
["96663","LUVA, PPR, DN 40 MM, CLASSE PN 25, INSTALADO EM RAMAL DE DISTRIBUIÇÃO DE ÁGUA \u0096 FORNECIMENTO E INSTALAÇÃO. AF_06/2015","UN","ATRIBUÍDO SÃO PAULO","20,46","CAIXA REFERENCIAL"]
["96664","BUCHA DE REDUÇÃO, PPR, 40 X 25, CLASSE PN 25, INSTALADO EM RAMAL DE DISTRIBUIÇÃO DE ÁGUA \u0096 FORNECIMENTO E INSTALAÇÃO . AF_06/2015","UN","ATRIBUÍDO SÃO PAULO","22,36","CAIXA REFERENCIAL"]
["96665","TÊ NORMAL, PPR, DN 25 MM, CLASSE PN 25, INSTALADO EM RAMAL DE DISTRIBUIÇÃO DE ÁGUA \u0096 FORNECIMENTO E INSTALAÇÃO . AF_06/2015","UN","ATRIBUÍDO SÃO PAULO","11,27","CAIXA REFERENCIAL"]
["96666","TÊ NORMAL, PPR, DN 32 MM, CLASSE PN 25, INSTALADO EM RAMAL DE DISTRIBUIÇÃO DE ÁGUA \u0096 FORNECIMENTO E INSTALAÇÃO . AF_06/2015","UN","ATRIBUÍDO SÃO PAULO","21,43","CAIXA REFERENCIAL"]
["96667","TÊ NORMAL, PPR, DN 40 MM, CLASSE PN 25, INSTALADO EM RAMAL DE DISTRIBUIÇÃO DE ÁGUA \u0096 FORNECIMENTO E INSTALAÇÃO . AF_06/2015","UN","ATRIBUÍDO SÃO PAULO","38,41","CAIXA REFERENCIAL"]
["96684","JOELHO 90 GRAUS, PPR, DN 25 MM, CLASSE PN 25, INSTALADO EM PRUMADA DE ÁGUA \u0096 FORNECIMENTO E INSTALAÇÃO . AF_06/2015","UN","ATRIBUÍDO SÃO PAULO","4,71","CAIXA REFERENCIAL"]
["96685","JOELHO 45 GRAUS, PPR, DN 25 MM, CLASSE PN 25, INSTALADO EM PRUMADA DE ÁGUA \u0096 FORNECIMENTO E INSTALAÇÃO . AF_06/2015","UN","ATRIBUÍDO SÃO PAULO","4,13","CAIXA REFERENCIAL"]
["96686","JOELHO 90 GRAUS, PPR, DN 32 MM, CLASSE PN 25, INSTALADO EM PRUMADA DE ÁGUA \u0096 FORNECIMENTO E INSTALAÇÃO . AF_06/2015","UN","ATRIBUÍDO SÃO PAULO","7,10","CAIXA REFERENCIAL"]
["96687","JOELHO 45 GRAUS, PPR, DN 32 MM, CLASSE PN 25, INSTALADO EM PRUMADA DE ÁGUA \u0096 FORNECIMENTO E INSTALAÇÃO . AF_06/2015","UN","ATRIBUÍDO SÃO PAULO","7,04","CAIXA REFERENCIAL"]
["96688","JOELHO 90 GRAUS, PPR, DN 40 MM, CLASSE PN 25, INSTALADO EM PRUMADA DE ÁGUA \u0096 FORNECIMENTO E INSTALAÇÃO . AF_06/2015","UN","ATRIBUÍDO SÃO PAULO","12,51","CAIXA REFERENCIAL"]
["96689","JOELHO 45 GRAUS, PPR, DN 40 MM, CLASSE PN 25, INSTALADO EM PRUMADA DE ÁGUA \u0096 FORNECIMENTO E INSTALAÇÃO . AF_06/2015","UN","ATRIBUÍDO SÃO PAULO","11,87","CAIXA REFERENCIAL"]
["96690","JOELHO 90 GRAUS, PPR, DN 50 MM, CLASSE PN 25, INSTALADO EM PRUMADA DE ÁGUA \u0096 FORNECIMENTO E INSTALAÇÃO . AF_06/2015","UN","ATRIBUÍDO SÃO PAULO","23,91","CAIXA REFERENCIAL"]
["96691","JOELHO 45 GRAUS, PPR, DN 50 MM, CLASSE PN 25, INSTALADO EM PRUMADA DE ÁGUA \u0096 FORNECIMENTO E INSTALAÇÃO . AF_06/2015","UN","ATRIBUÍDO SÃO PAULO","24,78","CAIXA REFERENCIAL"]
["96692","JOELHO 90 GRAUS, PPR, DN 63 MM, CLASSE PN 25, INSTALADO EM PRUMADA DE ÁGUA \u0096 FORNECIMENTO E INSTALAÇÃO . AF_06/2015","UN","ATRIBUÍDO SÃO PAULO","36,10","CAIXA REFERENCIAL"]
["96693","JOELHO 45 GRAUS, PPR, DN 63 MM, CLASSE PN 25, INSTALADO EM PRUMADA DE ÁGUA \u0096 FORNECIMENTO E INSTALAÇÃO . AF_06/2015","UN","ATRIBUÍDO SÃO PAULO","33,97","CAIXA REFERENCIAL"]
["96694","JOELHO 90 GRAUS, PPR, DN 75 MM, CLASSE PN 25, INSTALADO EM PRUMADA DE ÁGUA \u0096 FORNECIMENTO E INSTALAÇÃO . AF_06/2015","UN","ATRIBUÍDO SÃO PAULO","82,62","CAIXA REFERENCIAL"]
["96695","JOELHO 45 GRAUS, PPR, DN 75 MM, CLASSE PN 25, INSTALADO EM PRUMADA DE ÁGUA \u0096 FORNECIMENTO E INSTALAÇÃO . AF_06/2015","UN","ATRIBUÍDO SÃO PAULO","80,11","CAIXA REFERENCIAL"]
["96696","JOELHO 90 GRAUS, PPR, DN 90 MM, CLASSE PN 25, INSTALADO EM PRUMADA DE ÁGUA \u0096 FORNECIMENTO E INSTALAÇÃO . AF_06/2015","UN","ATRIBUÍDO SÃO PAULO","124,85","CAIXA REFERENCIAL"]
["96697","JOELHO 90 GRAUS, PPR, DN 110 MM, CLASSE PN 25, INSTALADO EM PRUMADA DE ÁGUA \u0096 FORNECIMENTO E INSTALAÇÃO . AF_06/2015","UN","ATRIBUÍDO SÃO PAULO","186,95","CAIXA REFERENCIAL"]
["96698","LUVA, PPR, DN 25 MM, CLASSE PN 25, INSTALADO EM PRUMADA DE ÁGUA \u0096 FORNECIMENTO E INSTALAÇÃO . AF_06/2015","UN","ATRIBUÍDO SÃO PAULO","3,64","CAIXA REFERENCIAL"]
["96699","CONECTOR MACHO, PPR, 25 X 1/2'', CLASSE PN 25, INSTALADO EM PRUMADA DE ÁGUA   FORNECIMENTO E INSTALAÇÃO . AF_06/2015","UN","ATRIBUÍDO SÃO PAULO","19,87","CAIXA REFERENCIAL"]
["96700","CONECTOR FÊMEA, PPR, 25 X 1/2'', CLASSE PN 25, INSTALADO EM PRUMADA DE ÁGUA   FORNECIMENTO E INSTALAÇÃO . AF_06/2015","UN","ATRIBUÍDO SÃO PAULO","14,08","CAIXA REFERENCIAL"]
["96701","LUVA, PPR, DN 32 MM, CLASSE PN 25, INSTALADO EM PRUMADA DE ÁGUA \u0096 FORNECIMENTO E INSTALAÇÃO. AF_06/2015","UN","ATRIBUÍDO SÃO PAULO","4,94","CAIXA REFERENCIAL"]
["96702","BUCHA DE REDUÇÃO, PPR, 32 X 25, CLASSE PN 25, INSTALADO EM PRUMADA DE ÁGUA \u0096 FORNECIMENTO E INSTALAÇÃO . AF_06/2015","UN","ATRIBUÍDO SÃO PAULO","5,24","CAIXA REFERENCIAL"]
["96703","LUVA, PPR, DN 40 MM, CLASSE PN 25, INSTALADO EM PRUMADA DE ÁGUA \u0096 FORNECIMENTO E INSTALAÇÃO. AF_06/2015","UN","ATRIBUÍDO SÃO PAULO","10,89","CAIXA REFERENCIAL"]
["96704","BUCHA DE REDUÇÃO, PPR, 40 X 25, CLASSE PN 25, INSTALADO EM PRUMADA DE ÁGUA \u0096 FORNECIMENTO E INSTALAÇÃO . AF_06/2015","UN","ATRIBUÍDO SÃO PAULO","12,79","CAIXA REFERENCIAL"]
["96705","LUVA, PPR, DN 50 MM, CLASSE PN 25, INSTALADO EM PRUMADA DE ÁGUA \u0096 FORNECIMENTO E INSTALAÇÃO. AF_06/2015","UN","ATRIBUÍDO SÃO PAULO","16,42","CAIXA REFERENCIAL"]
["96706","LUVA, PPR, DN 63 MM, CLASSE PN 25, INSTALADO EM PRUMADA DE ÁGUA \u0096 FORNECIMENTO E INSTALAÇÃO. AF_06/2015","UN","ATRIBUÍDO SÃO PAULO","24,61","CAIXA REFERENCIAL"]
["96707","LUVA, PPR, DN 75 MM, CLASSE PN 25, INSTALADO EM PRUMADA DE ÁGUA \u0096 FORNECIMENTO E INSTALAÇÃO. AF_06/2015","UN","ATRIBUÍDO SÃO PAULO","52,95","CAIXA REFERENCIAL"]
["96708","LUVA, PPR, DN 90 MM, CLASSE PN 25, INSTALADO EM PRUMADA DE ÁGUA \u0096 FORNECIMENTO E INSTALAÇÃO. AF_06/2015","UN","ATRIBUÍDO SÃO PAULO","84,11","CAIXA REFERENCIAL"]
["96709","LUVA, PPR, DN 110 MM, CLASSE PN 25, INSTALADO EM PRUMADA DE ÁGUA \u0096 FORNECIMENTO E INSTALAÇÃO. AF_06/2015","UN","ATRIBUÍDO SÃO PAULO","133,40","CAIXA REFERENCIAL"]
["96710","TÊ NORMAL, PPR, DN 25 MM, CLASSE PN 25, INSTALADO EM PRUMADA DE ÁGUA \u0096 FORNECIMENTO E INSTALAÇÃO . AF_06/2015","UN","ATRIBUÍDO SÃO PAULO","6,14","CAIXA REFERENCIAL"]
["96711","TÊ NORMAL, PPR, DN 32 MM, CLASSE PN 25, INSTALADO EM PRUMADA DE ÁGUA \u0096 FORNECIMENTO E INSTALAÇÃO . AF_06/2015","UN","ATRIBUÍDO SÃO PAULO","9,65","CAIXA REFERENCIAL"]
["96712","TÊ NORMAL, PPR, DN 40 MM, CLASSE PN 25, INSTALADO EM PRUMADA DE ÁGUA \u0096 FORNECIMENTO E INSTALAÇÃO . AF_06/2015","UN","ATRIBUÍDO SÃO PAULO","19,27","CAIXA REFERENCIAL"]
["96713","TÊ NORMAL, PPR, DN 50 MM, CLASSE PN 25, INSTALADO EM PRUMADA DE ÁGUA \u0096 FORNECIMENTO E INSTALAÇÃO . AF_06/2015","UN","ATRIBUÍDO SÃO PAULO","26,50","CAIXA REFERENCIAL"]
["96714","TÊ NORMAL, PPR, DN 63 MM, CLASSE PN 25, INSTALADO EM PRUMADA DE ÁGUA \u0096 FORNECIMENTO E INSTALAÇÃO . AF_06/2015","UN","ATRIBUÍDO SÃO PAULO","45,24","CAIXA REFERENCIAL"]
["96715","TÊ NORMAL, PPR, DN 75 MM, CLASSE PN 25, INSTALADO EM PRUMADA DE ÁGUA \u0096 FORNECIMENTO E INSTALAÇÃO . AF_06/2015","UN","ATRIBUÍDO SÃO PAULO","87,50","CAIXA REFERENCIAL"]
["96716","TÊ NORMAL, PPR, DN 90 MM, CLASSE PN 25, INSTALADO EM PRUMADA DE ÁGUA \u0096 FORNECIMENTO E INSTALAÇÃO . AF_06/2015","UN","ATRIBUÍDO SÃO PAULO","132,01","CAIXA REFERENCIAL"]
["96717","TÊ NORMAL, PPR, DN 110 MM, CLASSE PN 25, INSTALADO EM PRUMADA DE ÁGUA \u0096 FORNECIMENTO E INSTALAÇÃO . AF_06/2015","UN","ATRIBUÍDO SÃO PAULO","208,85","CAIXA REFERENCIAL"]
["96736","LUVA, PPR, DN 20 MM, CLASSE PN 25, INSTALADO EM RESERVAÇÃO DE ÁGUA DE EDIFICAÇÃO QUE POSSUA RESERVATÓRIO DE FIBRA/FIBROCIMENTO \u0096 FORNECIMENTO E INSTALAÇÃO. AF_06/2016","UN","ATRIBUÍDO SÃO PAULO","4,63","CAIXA REFERENCIAL"]
["96737","LUVA, PPR, DN 25 MM, CLASSE PN 25, INSTALADO EM RESERVAÇÃO DE ÁGUA DE EDIFICAÇÃO QUE POSSUA RESERVATÓRIO DE FIBRA/FIBROCIMENTO \u0096 FORNECIMENTO E INSTALAÇÃO. AF_06/2016","UN","ATRIBUÍDO SÃO PAULO","5,51","CAIXA REFERENCIAL"]
["96738","CONECTOR MACHO, PPR, 25 X 1/2'', CLASSE PN 25,  INSTALADO EM RESERVAÇÃO DE ÁGUA DE EDIFICAÇÃO QUE POSSUA RESERVATÓRIO DE FIBRA/FIBROCIMENTO   FORNECIMENTO E INSTALAÇÃO. AF_06/2016","UN","ATRIBUÍDO SÃO PAULO","21,74","CAIXA REFERENCIAL"]
["96739","LUVA, PPR, DN 32 MM, CLASSE PN 25, INSTALADO EM RESERVAÇÃO DE ÁGUA DE EDIFICAÇÃO QUE POSSUA RESERVATÓRIO DE FIBRA/FIBROCIMENTO \u0096 FORNECIMENTO E INSTALAÇÃO. AF_06/2016","UN","ATRIBUÍDO SÃO PAULO","7,15","CAIXA REFERENCIAL"]
["96740","CONECTOR MACHO, PPR, 32 X 3/4'', CLASSE PN 25,  INSTALADO EM RESERVAÇÃO DE ÁGUA DE EDIFICAÇÃO QUE POSSUA RESERVATÓRIO DE FIBRA/FIBROCIMENTO   FORNECIMENTO E INSTALAÇÃO. AF_06/2016","UN","ATRIBUÍDO SÃO PAULO","34,21","CAIXA REFERENCIAL"]
["96741","LUVA, PPR, DN 40 MM, CLASSE PN 25, INSTALADO EM RESERVAÇÃO DE ÁGUA DE EDIFICAÇÃO QUE POSSUA RESERVATÓRIO DE FIBRA/FIBROCIMENTO \u0096 FORNECIMENTO E INSTALAÇÃO. AF_06/2016","UN","ATRIBUÍDO SÃO PAULO","12,43","CAIXA REFERENCIAL"]
["96742","LUVA, PPR, DN 50 MM, CLASSE PN 25, INSTALADO EM RESERVAÇÃO DE ÁGUA DE EDIFICAÇÃO QUE POSSUA RESERVATÓRIO DE FIBRA/FIBROCIMENTO \u0096 FORNECIMENTO E INSTALAÇÃO. AF_06/2016","UN","ATRIBUÍDO SÃO PAULO","18,83","CAIXA REFERENCIAL"]
["96743","LUVA, PPR, DN 63 MM, CLASSE PN 25, INSTALADO EM RESERVAÇÃO DE ÁGUA DE EDIFICAÇÃO QUE POSSUA RESERVATÓRIO DE FIBRA/FIBROCIMENTO \u0096 FORNECIMENTO E INSTALAÇÃO. AF_06/2016","UN","ATRIBUÍDO SÃO PAULO","25,25","CAIXA REFERENCIAL"]
["96744","LUVA, PPR, DN 75 MM, CLASSE PN 25, INSTALADO EM RESERVAÇÃO DE ÁGUA DE EDIFICAÇÃO QUE POSSUA RESERVATÓRIO DE FIBRA/FIBROCIMENTO \u0096 FORNECIMENTO E INSTALAÇÃO. AF_06/2016","UN","ATRIBUÍDO SÃO PAULO","55,33","CAIXA REFERENCIAL"]
["96745","LUVA, PPR, DN 90 MM, CLASSE PN 25, INSTALADO EM RESERVAÇÃO DE ÁGUA DE EDIFICAÇÃO QUE POSSUA RESERVATÓRIO DE FIBRA/FIBROCIMENTO \u0096 FORNECIMENTO E INSTALAÇÃO. AF_06/2016","UN","ATRIBUÍDO SÃO PAULO","83,53","CAIXA REFERENCIAL"]
["96746","LUVA, PPR, DN 110 MM, CLASSE PN 25, INSTALADO EM RESERVAÇÃO DE ÁGUA DE EDIFICAÇÃO QUE POSSUA RESERVATÓRIO DE FIBRA/FIBROCIMENTO \u0096 FORNECIMENTO E INSTALAÇÃO. AF_06/2016","UN","ATRIBUÍDO SÃO PAULO","133,36","CAIXA REFERENCIAL"]
["96747","JOELHO 90 GRAUS, PPR, DN 20 MM, CLASSE PN 25,  INSTALADO EM RESERVAÇÃO DE ÁGUA DE EDIFICAÇÃO QUE POSSUA RESERVATÓRIO DE FIBRA/FIBROCIMENTO \u0096 FORNECIMENTO E INSTALAÇÃO. AF_06/2016","UN","ATRIBUÍDO SÃO PAULO","6,42","CAIXA REFERENCIAL"]
["96748","JOELHO 90 GRAUS, PPR, DN 25 MM, CLASSE PN 25,  INSTALADO EM RESERVAÇÃO DE ÁGUA DE EDIFICAÇÃO QUE POSSUA RESERVATÓRIO DE FIBRA/FIBROCIMENTO \u0096 FORNECIMENTO E INSTALAÇÃO. AF_06/2016","UN","ATRIBUÍDO SÃO PAULO","7,53","CAIXA REFERENCIAL"]
["96749","JOELHO 90 GRAUS, PPR, DN 32 MM, CLASSE PN 25,  INSTALADO EM RESERVAÇÃO DE ÁGUA DE EDIFICAÇÃO QUE POSSUA RESERVATÓRIO DE FIBRA/FIBROCIMENTO \u0096 FORNECIMENTO E INSTALAÇÃO. AF_06/2016","UN","ATRIBUÍDO SÃO PAULO","10,43","CAIXA REFERENCIAL"]
["96750","JOELHO 90 GRAUS, PPR, DN 40 MM, CLASSE PN 25,  INSTALADO EM RESERVAÇÃO DE ÁGUA DE EDIFICAÇÃO QUE POSSUA RESERVATÓRIO DE FIBRA/FIBROCIMENTO \u0096 FORNECIMENTO E INSTALAÇÃO. AF_06/2016","UN","ATRIBUÍDO SÃO PAULO","14,78","CAIXA REFERENCIAL"]
["96751","JOELHO 90 GRAUS, PPR, DN 50 MM, CLASSE PN 25,  INSTALADO EM RESERVAÇÃO DE ÁGUA DE EDIFICAÇÃO QUE POSSUA RESERVATÓRIO DE FIBRA/FIBROCIMENTO \u0096 FORNECIMENTO E INSTALAÇÃO. AF_06/2016","UN","ATRIBUÍDO SÃO PAULO","27,51","CAIXA REFERENCIAL"]
["96752","JOELHO 90 GRAUS, PPR, DN 63 MM, CLASSE PN 25,  INSTALADO EM RESERVAÇÃO DE ÁGUA DE EDIFICAÇÃO QUE POSSUA RESERVATÓRIO DE FIBRA/FIBROCIMENTO \u0096 FORNECIMENTO E INSTALAÇÃO. AF_06/2016","UN","ATRIBUÍDO SÃO PAULO","37,05","CAIXA REFERENCIAL"]
["96753","JOELHO 90 GRAUS, PPR, DN 75 MM, CLASSE PN 25,  INSTALADO EM RESERVAÇÃO DE ÁGUA DE EDIFICAÇÃO QUE POSSUA RESERVATÓRIO DE FIBRA/FIBROCIMENTO \u0096 FORNECIMENTO E INSTALAÇÃO. AF_06/2016","UN","ATRIBUÍDO SÃO PAULO","86,19","CAIXA REFERENCIAL"]
["96754","JOELHO 90 GRAUS, PPR, DN 90 MM, CLASSE PN 25,  INSTALADO EM RESERVAÇÃO DE ÁGUA DE EDIFICAÇÃO QUE POSSUA RESERVATÓRIO DE FIBRA/FIBROCIMENTO \u0096 FORNECIMENTO E INSTALAÇÃO. AF_06/2016","UN","ATRIBUÍDO SÃO PAULO","123,98","CAIXA REFERENCIAL"]
["96755","JOELHO 90 GRAUS, PPR, DN 110 MM, CLASSE PN 25,  INSTALADO EM RESERVAÇÃO DE ÁGUA DE EDIFICAÇÃO QUE POSSUA RESERVATÓRIO DE FIBRA/FIBROCIMENTO \u0096 FORNECIMENTO E INSTALAÇÃO. AF_06/2016","UN","ATRIBUÍDO SÃO PAULO","186,92","CAIXA REFERENCIAL"]
["96756","TÊ MISTURADOR, PPR, DN 20 MM, CLASSE PN 25,  INSTALADO EM RESERVAÇÃO DE ÁGUA DE EDIFICAÇÃO QUE POSSUA RESERVATÓRIO DE FIBRA/FIBROCIMENTO \u0096 FORNECIMENTO E INSTALAÇÃO. AF_06/2016","UN","ATRIBUÍDO SÃO PAULO","12,77","CAIXA REFERENCIAL"]
["96757","TÊ MISTURADOR, PPR, DN 25 MM, CLASSE PN 25,  INSTALADO EM RESERVAÇÃO DE ÁGUA DE EDIFICAÇÃO QUE POSSUA RESERVATÓRIO DE FIBRA/FIBROCIMENTO \u0096 FORNECIMENTO E INSTALAÇÃO. AF_06/2016","UN","ATRIBUÍDO SÃO PAULO","12,18","CAIXA REFERENCIAL"]
["96758","TÊ, PPR, DN 32 MM, CLASSE PN 25,  INSTALADO EM RESERVAÇÃO DE ÁGUA DE EDIFICAÇÃO QUE POSSUA RESERVATÓRIO DE FIBRA/FIBROCIMENTO \u0096 FORNECIMENTO E INSTALAÇÃO. AF_06/2016","UN","ATRIBUÍDO SÃO PAULO","14,06","CAIXA REFERENCIAL"]
["96759","TÊ, PPR, DN 40 MM, CLASSE PN 25,  INSTALADO EM RESERVAÇÃO DE ÁGUA DE EDIFICAÇÃO QUE POSSUA RESERVATÓRIO DE FIBRA/FIBROCIMENTO \u0096 FORNECIMENTO E INSTALAÇÃO. AF_06/2016","UN","ATRIBUÍDO SÃO PAULO","22,33","CAIXA REFERENCIAL"]
["96760","TÊ, PPR, DN 50 MM, CLASSE PN 25,  INSTALADO EM RESERVAÇÃO DE ÁGUA DE EDIFICAÇÃO QUE POSSUA RESERVATÓRIO DE FIBRA/FIBROCIMENTO \u0096 FORNECIMENTO E INSTALAÇÃO. AF_06/2016","UN","ATRIBUÍDO SÃO PAULO","31,29","CAIXA REFERENCIAL"]
["96761","TÊ, PPR, DN 63 MM, CLASSE PN 25,  INSTALADO EM RESERVAÇÃO DE ÁGUA DE EDIFICAÇÃO QUE POSSUA RESERVATÓRIO DE FIBRA/FIBROCIMENTO \u0096 FORNECIMENTO E INSTALAÇÃO. AF_06/2016","UN","ATRIBUÍDO SÃO PAULO","46,53","CAIXA REFERENCIAL"]
["96762","TÊ, PPR, DN 75 MM, CLASSE PN 25,  INSTALADO EM RESERVAÇÃO DE ÁGUA DE EDIFICAÇÃO QUE POSSUA RESERVATÓRIO DE FIBRA/FIBROCIMENTO \u0096 FORNECIMENTO E INSTALAÇÃO. AF_06/2016","UN","ATRIBUÍDO SÃO PAULO","92,22","CAIXA REFERENCIAL"]
["96763","TÊ, PPR, DN 90 MM, CLASSE PN 25,  INSTALADO EM RESERVAÇÃO DE ÁGUA DE EDIFICAÇÃO QUE POSSUA RESERVATÓRIO DE FIBRA/FIBROCIMENTO \u0096 FORNECIMENTO E INSTALAÇÃO. AF_06/2016","UN","ATRIBUÍDO SÃO PAULO","130,82","CAIXA REFERENCIAL"]
["96764","TÊ, PPR, DN 110 MM, CLASSE PN 25,  INSTALADO EM RESERVAÇÃO DE ÁGUA DE EDIFICAÇÃO QUE POSSUA RESERVATÓRIO DE FIBRA/FIBROCIMENTO \u0096 FORNECIMENTO E INSTALAÇÃO. AF_06/2016","UN","ATRIBUÍDO SÃO PAULO","208,78","CAIXA REFERENCIAL"]
["96802","KIT CHASSI PEX, PRÉ-FABRICADO, PARA CHUVEIRO COM REGISTROS DE PRESSÃO E CONEXÕES POR CRIMPAGEM \u0096 FORNECIMENTO E INSTALAÇÃO. AF_06/2015","UN","ATRIBUÍDO SÃO PAULO","316,10","CAIXA REFERENCIAL"]
["96803","KIT CHASSI PEX, PRÉ-FABRICADO, PARA COZINHA COM CUBA SIMPLES E CONEXÕES POR CRIMPAGEM \u0096 FORNECIMENTO E INSTALAÇÃO. AF_06/2015","UN","ATRIBUÍDO SÃO PAULO","160,58","CAIXA REFERENCIAL"]
["96804","KIT CHASSI PEX, PRÉ-FABRICADO, PARA ÁREA DE SERVIÇO COM TANQUE E MÁQUINA DE LAVAR ROUPA, E CONEXÕES POR CRIMPAGEM \u0096 FORNECIMENTO E INSTALAÇÃO. AF_06/2015","UN","ATRIBUÍDO SÃO PAULO","282,61","CAIXA REFERENCIAL"]
["96805","KIT CHASSI PEX, PRÉ-FABRICADO, PARA CHUVEIRO COM REGISTROS DE PRESSÃO E CONEXÕES POR ANEL DESLIZANTE \u0096 FORNECIMENTO E INSTALAÇÃO. AF_06/2015","UN","ATRIBUÍDO SÃO PAULO","323,04","CAIXA REFERENCIAL"]
["96806","KIT CHASSI PEX, PRÉ-FABRICADO, PARA COZINHA COM CUBA SIMPLES E CONEXÕES POR ANEL DESLIZANTE \u0096 FORNECIMENTO E INSTALAÇÃO. AF_06/2015","UN","ATRIBUÍDO SÃO PAULO","153,03","CAIXA REFERENCIAL"]
["96807","KIT CHASSI PEX, PRÉ-FABRICADO, PARA ÁREA DE SERVIÇO COM TANQUE E MÁQUINA DE LAVAR ROUPA, E CONEXÕES POR ANEL DESLIZANTE \u0096 FORNECIMENTO E INSTALAÇÃO. AF_06/2015","UN","ATRIBUÍDO SÃO PAULO","252,16","CAIXA REFERENCIAL"]
["96808","UNIÃO METÁLICA PARA INSTALAÇÕES EM PEX, DN 16 MM, FIXAÇÃO DAS CONEXÕES POR ANEL DESLIZANTE \u0096 FORNECIMENTO E INSTALAÇÃO . AF_06/2015","UN","ATRIBUÍDO SÃO PAULO","12,99","CAIXA REFERENCIAL"]
["96809","CONEXÃO FIXA, ROSCA FÊMEA, METÁLICA, PARA INSTALAÇÕES EM PEX, DN 16 MM X 1/2\", COM ANEL DESLIZANTE. FORNECIMENTO E INSTALAÇÃO. AF_06/2015","UN","ATRIBUÍDO SÃO PAULO","15,17","CAIXA REFERENCIAL"]
["96810","CONEXÃO MÓVEL, ROSCA FÊMEA, METÁLICA, PARA INSTALAÇÕES EM PEX, DN 16 MM X 3/4\", COM ANEL DESLIZANTE. FORNECIMENTO E INSTALAÇÃO. AF_06/2015","UN","ATRIBUÍDO SÃO PAULO","16,64","CAIXA REFERENCIAL"]
["96811","UNIÃO METÁLICA PARA INSTALAÇÕES EM PEX, DN 20 MM, FIXAÇÃO DAS CONEXÕES POR ANEL DESLIZANTE \u0096 FORNECIMENTO E INSTALAÇÃO . AF_06/2015","UN","ATRIBUÍDO SÃO PAULO","17,68","CAIXA REFERENCIAL"]
["96812","CONEXÃO FIXA, ROSCA FÊMEA, METÁLICA, PARA INSTALAÇÕES EM PEX, DN 20 MM X 1/2\", COM ANEL DESLIZANTE. FORNECIMENTO E INSTALAÇÃO. AF_06/2015","UN","ATRIBUÍDO SÃO PAULO","16,91","CAIXA REFERENCIAL"]
["96813","CONEXÃO FIXA, ROSCA FÊMEA, METÁLICA, PARA INSTALAÇÕES EM PEX, DN 20 MM X 3/4\", COM ANEL DESLIZANTE. FORNECIMENTO E INSTALAÇÃO. AF_06/2015","UN","ATRIBUÍDO SÃO PAULO","19,82","CAIXA REFERENCIAL"]
["96814","UNIÃO DE REDUÇÃO, METÁLICA, PARA INSTALAÇÕES EM PEX, DN 20 X 16 MM, CONEXÃO POR ANEL DESLIZANTE \u0096 FORNECIMENTO E INSTALAÇÃO. AF_06/2015","UN","ATRIBUÍDO SÃO PAULO","16,41","CAIXA REFERENCIAL"]
["96815","UNIÃO METÁLICA PARA INSTALAÇÕES EM PEX, DN 25 MM, FIXAÇÃO DAS CONEXÕES POR ANEL DESLIZANTE   FORNECIMENTO E INSTALAÇÃO. AF_06/2015","UN","ATRIBUÍDO SÃO PAULO","28,76","CAIXA REFERENCIAL"]
["96816","CONEXÃO FIXA, ROSCA FÊMEA, METÁLICA, PARA INSTALAÇÕES EM PEX, DN 25 MM X 3/4\", COM ANEL DESLIZANTE. FORNECIMENTO E INSTALAÇÃO. AF_06/2015","UN","ATRIBUÍDO SÃO PAULO","23,20","CAIXA REFERENCIAL"]
["96817","CONEXÃO FIXA, ROSCA FÊMEA, METÁLICA, PARA INSTALAÇÕES EM PEX, DN 25 MM X 1\", COM ANEL DESLIZANTE. FORNECIMENTO E INSTALAÇÃO. AF_06/2015","UN","ATRIBUÍDO SÃO PAULO","26,74","CAIXA REFERENCIAL"]
["96818","UNIÃO DE REDUÇÃO, METÁLICA, PEX, DN 25 X 16 MM, CONEXÃO POR ANEL DESLIZANTE \u0096 FORNECIMENTO E INSTALAÇÃO. AF_06/2015","UN","ATRIBUÍDO SÃO PAULO","24,72","CAIXA REFERENCIAL"]
["96819","UNIÃO DE REDUÇÃO, METÁLICA, PEX, DN 25 X 20 MM, CONEXÃO POR ANEL DESLIZANTE \u0096 FORNECIMENTO E INSTALAÇÃO. AF_06/2015","UN","ATRIBUÍDO SÃO PAULO","24,72","CAIXA REFERENCIAL"]
["96820","UNIÃO METÁLICA PARA INSTALAÇÕES EM PEX, DN 32 MM, FIXAÇÃO DAS CONEXÕES POR ANEL DESLIZANTE   FORNECIMENTO E INSTALAÇÃO. AF_06/2015","UN","ATRIBUÍDO SÃO PAULO","46,53","CAIXA REFERENCIAL"]
["96821","CONEXÃO FIXA, ROSCA FÊMEA, METÁLICA, PARA INSTALAÇÕES EM PEX, DN 32 MM X 1\", COM ANEL DESLIZANTE \u0096 FORNECIMENTO E INSTALAÇÃO. AF_06/2015","UN","ATRIBUÍDO SÃO PAULO","39,16","CAIXA REFERENCIAL"]
["96822","UNIÃO DE REDUÇÃO, METÁLICA, PEX, DN 32 X 25 MM, CONEXÃO POR ANEL DESLIZANTE \u0096 FORNECIMENTO E INSTALAÇÃO. AF_06/2015","UN","ATRIBUÍDO SÃO PAULO","39,72","CAIXA REFERENCIAL"]
["96823","LUVA PARA INSTALAÇÕES EM PEX, DN 16 MM, CONEXÃO POR CRIMPAGEM \u0096 FORNECIMENTO E INSTALAÇÃO . AF_06/2015","UN","ATRIBUÍDO SÃO PAULO","16,29","CAIXA REFERENCIAL"]
["96824","CONEXÃO FIXA, ROSCA FÊMEA, PARA INSTALAÇÕES EM PEX, DN 16MM X 1/2\", CONEXÃO POR CRIMPAGEM \u0096 FORNECIMENTO E INSTALAÇÃO. AF_06/2015","UN","ATRIBUÍDO SÃO PAULO","18,57","CAIXA REFERENCIAL"]
["96825","CONEXÃO FIXA, ROSCA FÊMEA, PARA INSTALAÇÕES EM PEX, DN 16MM X 3/4\", CONEXÃO POR CRIMPAGEM \u0096 FORNECIMENTO E INSTALAÇÃO. AF_06/2015","UN","ATRIBUÍDO SÃO PAULO","25,65","CAIXA REFERENCIAL"]
["96826","LUVA PARA INSTALAÇÕES EM PEX, DN 20 MM, CONEXÃO POR CRIMPAGEM   FORNECIMENTO E INSTALAÇÃO. AF_06/2015","UN","ATRIBUÍDO SÃO PAULO","22,88","CAIXA REFERENCIAL"]
["96827","CONEXÃO FIXA, ROSCA FÊMEA, PARA INSTALAÇÕES EM PEX, DN 20MM X 1/2\", CONEXÃO POR CRIMPAGEM \u0096 FORNECIMENTO E INSTALAÇÃO. AF_06/2015","UN","ATRIBUÍDO SÃO PAULO","23,80","CAIXA REFERENCIAL"]
["96828","CONEXÃO FIXA, ROSCA FÊMEA, PARA INSTALAÇÕES EM PEX, DN 20MM X 3/4\", CONEXÃO POR CRIMPAGEM \u0096 FORNECIMENTO E INSTALAÇÃO. AF_06/2015","UN","ATRIBUÍDO SÃO PAULO","30,30","CAIXA REFERENCIAL"]
["96829","LUVA DE REDUÇÃO PARA INSTALAÇÕES EM PEX, DN 20 X 16 MM, CONEXÃO POR CRIMPAGEM \u0096 FORNECIMENTO E INSTALAÇÃO. AF_06/2015","UN","ATRIBUÍDO SÃO PAULO","22,84","CAIXA REFERENCIAL"]
["96830","LUVA PARA INSTALAÇÕES EM PEX, DN 25 MM, CONEXÃO POR CRIMPAGEM   FORNECIMENTO E INSTALAÇÃO. AF_06/2015","UN","ATRIBUÍDO SÃO PAULO","33,63","CAIXA REFERENCIAL"]
["96831","CONEXÃO FIXA, ROSCA FÊMEA, PARA INSTALAÇÕES EM PEX, DN 25MM X 1/2\", CONEXÃO POR CRIMPAGEM \u0096 FORNECIMENTO E INSTALAÇÃO. AF_06/2015","UN","ATRIBUÍDO SÃO PAULO","27,06","CAIXA REFERENCIAL"]
["96832","CONEXÃO FIXA, ROSCA FÊMEA, PARA INSTALAÇÕES EM PEX, DN 25MM X 3/4\", CONEXÃO POR CRIMPAGEM \u0096 FORNECIMENTO E INSTALAÇÃO. AF_06/2015","UN","ATRIBUÍDO SÃO PAULO","31,58","CAIXA REFERENCIAL"]
["96833","LUVA DE REDUÇÃO PARA INSTALAÇÕES EM PEX, DN 25 X 16 MM, CONEXÃO POR CRIMPAGEM \u0096 FORNECIMENTO E INSTALAÇÃO. AF_06/2015","UN","ATRIBUÍDO SÃO PAULO","29,45","CAIXA REFERENCIAL"]
["96834","LUVA PARA INSTALAÇÕES EM PEX, DN 32 MM, CONEXÃO POR CRIMPAGEM \u0096 FORNECIMENTO E INSTALAÇÃO . AF_06/2015","UN","ATRIBUÍDO SÃO PAULO","49,47","CAIXA REFERENCIAL"]
["96835","CONEXÃO FIXA, ROSCA FÊMEA, PARA INSTALAÇÕES EM PEX, DN 32 MM X 3/4\", CONEXÃO POR CRIMPAGEM \u0096 FORNECIMENTO E INSTALAÇÃO. AF_06/2015","UN","ATRIBUÍDO SÃO PAULO","42,44","CAIXA REFERENCIAL"]
["96836","LUVA DE REDUÇÃO PARA INSTALAÇÕES EM PEX, DN 32 X 25 MM, CONEXÃO POR CRIMPAGEM \u0096 FORNECIMENTO E INSTALAÇÃO. AF_06/2015","UN","ATRIBUÍDO SÃO PAULO","45,36","CAIXA REFERENCIAL"]
["96837","JOELHO 90 GRAUS, METÁLICO, PARA INSTALAÇÕES EM PEX, DN 16 MM, CONEXÃO POR ANEL DESLIZANTE   FORNECIMENTO E INSTALAÇÃO. AF_06/2015","UN","ATRIBUÍDO SÃO PAULO","23,17","CAIXA REFERENCIAL"]
["96838","JOELHO 90 GRAUS, ROSCA FÊMEA TERMINAL, METÁLICO, PARA INSTALAÇÕES EM PEX, DN 16MM X 1/2\", CONEXÃO POR ANEL DESLIZANTE \u0096 FORNECIMENTO E INSTALAÇÃO. AF_06/2015","UN","ATRIBUÍDO SÃO PAULO","21,07","CAIXA REFERENCIAL"]
["96839","JOELHO, ROSCA FÊMEA, COM BASE FIXA, METÁLICO, PARA INSTALAÇÕES EM PEX, DN 16MM X 1/2\", CONEXÃO POR ANEL DESLIZANTE \u0096 FORNECIMENTO E INSTALAÇÃO. AF_06/2015","UN","ATRIBUÍDO SÃO PAULO","20,70","CAIXA REFERENCIAL"]
["96840","JOELHO 90 GRAUS, METÁLICO, PARA INSTALAÇÕES EM PEX, DN 20 MM, CONEXÃO POR ANEL DESLIZANTE \u0096 FORNECIMENTO E INSTALAÇÃO . AF_06/2015","UN","ATRIBUÍDO SÃO PAULO","27,02","CAIXA REFERENCIAL"]
["96841","JOELHO 90 GRAUS, ROSCA FÊMEA TERMINAL, METÁLICO, PARA INSTALAÇÕES EM PEX, DN 20 MM X 1/2\", CONEXÃO POR ANEL DESLIZANTE \u0096 FORNECIMENTO E INSTALAÇÃO. AF_06/2015","UN","ATRIBUÍDO SÃO PAULO","23,25","CAIXA REFERENCIAL"]
["96842","JOELHO 90 GRAUS, ROSCA FÊMEA TERMINAL, METÁLICO, PARA INSTALAÇÕES EM PEX, DN 20 MM X 3/4\", CONEXÃO POR ANEL DESLIZANTE \u0096 FORNECIMENTO E INSTALAÇÃO. AF_06/2015","UN","ATRIBUÍDO SÃO PAULO","30,47","CAIXA REFERENCIAL"]
["96843","JOELHO ROSCA FÊMEA, COM BASE FIXA, METÁLICO, PARA INSTALAÇÕES EM PEX, DN 20MM X 1/2\", CONEXÃO POR ANEL DESLIZANTE \u0096 FORNECIMENTO E INSTALAÇÃO. AF_06/2015","UN","ATRIBUÍDO SÃO PAULO","29,18","CAIXA REFERENCIAL"]
["96844","JOELHO ROSCA FÊMEA, MÓVEL, METÁLICO, PARA INSTALAÇÕES EM PEX, DN 20MM X 3/4\", CONEXÃO POR ANEL DESLIZANTE \u0096 FORNECIMENTO E INSTALAÇÃO. AF_06/2015","UN","ATRIBUÍDO SÃO PAULO","40,97","CAIXA REFERENCIAL"]
["96845","JOELHO 90 GRAUS, METÁLICO, PARA INSTALAÇÕES EM PEX, DN 25 MM, CONEXÃO POR ANEL DESLIZANTE   FORNECIMENTO E INSTALAÇÃO. AF_06/2015","UN","ATRIBUÍDO SÃO PAULO","43,48","CAIXA REFERENCIAL"]
["96846","JOELHO 90 GRAUS, ROSCA FÊMEA TERMINAL, METÁLICO, PARA INSTALAÇÕES EM PEX, DN 25 MM X 3/4\", CONEXÃO POR ANEL DESLIZANTE \u0096 FORNECIMENTO E INSTALAÇÃO. AF_06/2015","UN","ATRIBUÍDO SÃO PAULO","33,40","CAIXA REFERENCIAL"]
["96847","JOELHO ROSCA FÊMEA, COM BASE FIXA, METÁLICO, PARA INSTALAÇÕES EM PEX, DN 25MM X 3/4\", CONEXÃO POR ANEL DESLIZANTE \u0096 FORNECIMENTO E INSTALAÇÃO. AF_06/2015","UN","ATRIBUÍDO SÃO PAULO","37,10","CAIXA REFERENCIAL"]
["96848","JOELHO 90 GRAUS, METÁLICO, PARA INSTALAÇÕES EM PEX, DN 32 MM, CONEXÃO POR ANEL DESLIZANTE \u0096 FORNECIMENTO E INSTALAÇÃO . AF_06/2015","UN","ATRIBUÍDO SÃO PAULO","56,64","CAIXA REFERENCIAL"]
["96849","JOELHO 90 GRAUS, PARA INSTALAÇÕES EM PEX, DN 16 MM, CONEXÃO POR CRIMPAGEM   FORNECIMENTO E INSTALAÇÃO. AF_06/2015","UN","ATRIBUÍDO SÃO PAULO","20,21","CAIXA REFERENCIAL"]
["96850","JOELHO 90 GRAUS, ROSCA FÊMEA TERMINAL, PARA INSTALAÇÕES EM PEX, DN 16MM X 1/2\", CONEXÃO POR CRIMPAGEM \u0096 FORNECIMENTO E INSTALAÇÃO. AF_06/2015","UN","ATRIBUÍDO SÃO PAULO","23,98","CAIXA REFERENCIAL"]
["96851","JOELHO 90 GRAUS, ROSCA FÊMEA TERMINAL, PARA INSTALAÇÕES EM PEX, DN 16MM X 3/4\", CONEXÃO POR CRIMPAGEM \u0096 FORNECIMENTO E INSTALAÇÃO. AF_06/2015","UN","ATRIBUÍDO SÃO PAULO","32,42","CAIXA REFERENCIAL"]
["96852","JOELHO 90 GRAUS, PARA INSTALAÇÕES EM PEX, DN 20 MM, CONEXÃO POR CRIMPAGEM   FORNECIMENTO E INSTALAÇÃO. AF_06/2015","UN","ATRIBUÍDO SÃO PAULO","27,19","CAIXA REFERENCIAL"]
["96853","JOELHO 90 GRAUS, ROSCA FÊMEA TERMINAL, PARA INSTALAÇÕES EM PEX, DN 20MM X 1/2\", CONEXÃO POR CRIMPAGEM \u0096 FORNECIMENTO E INSTALAÇÃO. AF_06/2015","UN","ATRIBUÍDO SÃO PAULO","30,87","CAIXA REFERENCIAL"]
["96854","JOELHO 90 GRAUS, ROSCA FÊMEA TERMINAL, PARA INSTALAÇÕES EM PEX, DN 20MM X 3/4\", CONEXÃO POR CRIMPAGEM \u0096 FORNECIMENTO E INSTALAÇÃO. AF_06/2015","UN","ATRIBUÍDO SÃO PAULO","37,40","CAIXA REFERENCIAL"]
["96855","JOELHO 90 GRAUS, PARA INSTALAÇÕES EM PEX, DN 25 MM, CONEXÃO POR CRIMPAGEM   FORNECIMENTO E INSTALAÇÃO. AF_06/2015","UN","ATRIBUÍDO SÃO PAULO","33,86","CAIXA REFERENCIAL"]
["96856","JOELHO 90 GRAUS, ROSCA FÊMEA TERMINAL, PARA INSTALAÇÕES EM PEX, DN 25MM X 1/2\", CONEXÃO POR CRIMPAGEM \u0096 FORNECIMENTO E INSTALAÇÃO. AF_06/2015","UN","ATRIBUÍDO SÃO PAULO","34,40","CAIXA REFERENCIAL"]
["96857","JOELHO 90 GRAUS, ROSCA FÊMEA TERMINAL, PARA INSTALAÇÕES EM PEX, DN 25MM X 1\u0094, CONEXÃO POR CRIMPAGEM \u0096 FORNECIMENTO E INSTALAÇÃO. AF_06/2015","UN","ATRIBUÍDO SÃO PAULO","56,49","CAIXA REFERENCIAL"]
["96858","JOELHO 90 GRAUS, PARA INSTALAÇÕES EM PEX, DN 32 MM, CONEXÃO POR CRIMPAGEM   FORNECIMENTO E INSTALAÇÃO. AF_06/2015","UN","ATRIBUÍDO SÃO PAULO","56,47","CAIXA REFERENCIAL"]
["96859","JOELHO 90 GRAUS, ROSCA FÊMEA TERMINAL, PARA INSTALAÇÕES EM PEX, DN 32 MM X 1\", CONEXÃO POR CRIMPAGEM \u0096 FORNECIMENTO E INSTALAÇÃO. AF_06/2015","UN","ATRIBUÍDO SÃO PAULO","70,82","CAIXA REFERENCIAL"]
["96860","TÊ, METÁLICO, PARA INSTALAÇÕES EM PEX, DN 16 MM, CONEXÃO POR ANEL DESLIZANTE \u0096 FORNECIMENTO E INSTALAÇÃO. AF_06/2015","UN","ATRIBUÍDO SÃO PAULO","26,44","CAIXA REFERENCIAL"]
["96861","TÊ, ROSCA FÊMEA, METÁLICO, PARA INSTALAÇÕES EM PEX, DN 16 MM X ½\u0094, CONEXÃO POR ANEL DESLIZANTE   FORNECIMENTO E INSTALAÇÃO. AF_06/2015","UN","ATRIBUÍDO SÃO PAULO","28,82","CAIXA REFERENCIAL"]
["96862","TÊ, METÁLICO, PARA INSTALAÇÕES EM PEX, DN 20 MM, CONEXÃO POR ANEL DESLIZANTE \u0096 FORNECIMENTO E INSTALAÇÃO. AF_06/2015","UN","ATRIBUÍDO SÃO PAULO","31,94","CAIXA REFERENCIAL"]
["96863","TÊ, ROSCA FÊMEA, METÁLICO, PARA INSTALAÇÕES EM PEX, DN 20 MM X ½\u0094, CONEXÃO POR ANEL DESLIZANTE   FORNECIMENTO E INSTALAÇÃO. AF_06/2015","UN","ATRIBUÍDO SÃO PAULO","31,54","CAIXA REFERENCIAL"]
["96864","TÊ, METÁLICO, PARA INSTALAÇÕES EM PEX, DN 25 MM, CONEXÃO POR ANEL DESLIZANTE \u0096 FORNECIMENTO E INSTALAÇÃO. AF_06/2015","UN","ATRIBUÍDO SÃO PAULO","51,57","CAIXA REFERENCIAL"]
["96865","TÊ, ROSCA FÊMEA, METÁLICO, PARA INSTALAÇÕES EM PEX, DN 25 MM X 3/4\", CONEXÃO POR ANEL DESLIZANTE \u0096 FORNECIMENTO E INSTALAÇÃO. AF_06/2015","UN","ATRIBUÍDO SÃO PAULO","50,41","CAIXA REFERENCIAL"]
["96866","TÊ, METÁLICO, PARA INSTALAÇÕES EM PEX, DN 32 MM, CONEXÃO POR ANEL DESLIZANTE \u0096 FORNECIMENTO E INSTALAÇÃO. AF_06/2015","UN","ATRIBUÍDO SÃO PAULO","68,20","CAIXA REFERENCIAL"]
["96867","TÊ, ROSCA MACHO, METÁLICO, PARA INSTALAÇÕES EM PEX, DN 32 MM X 1\", CONEXÃO POR ANEL DESLIZANTE \u0096 FORNECIMENTO E INSTALAÇÃO. AF_06/2015","UN","ATRIBUÍDO SÃO PAULO","80,25","CAIXA REFERENCIAL"]
["96868","TÊ, PARA INSTALAÇÕES EM PEX, DN 16 MM, CONEXÃO POR CRIMPAGEM \u0096 FORNECIMENTO E INSTALAÇÃO. AF_06/2015","UN","ATRIBUÍDO SÃO PAULO","31,74","CAIXA REFERENCIAL"]
["96869","TÊ, PARA INSTALAÇÕES EM PEX, DN 20 MM, CONEXÃO POR CRIMPAGEM \u0096 FORNECIMENTO E INSTALAÇÃO. AF_06/2015","UN","ATRIBUÍDO SÃO PAULO","37,95","CAIXA REFERENCIAL"]
["96870","TÊ, PEX, DN 25 MM, CONEXÃO POR CRIMPAGEM \u0096 FORNECIMENTO E INSTALAÇÃO. AF_06/2015","UN","ATRIBUÍDO SÃO PAULO","61,17","CAIXA REFERENCIAL"]
["96871","TÊ, PARA INSTALAÇÕES EM PEX, DN 32 MM, CONEXÃO POR CRIMPAGEM \u0096 FORNECIMENTO E INSTALAÇÃO. AF_06/2015","UN","ATRIBUÍDO SÃO PAULO","89,49","CAIXA REFERENCIAL"]
["96872","DISTRIBUIDOR 2 SAÍDAS, METÁLICO, PARA INSTALAÇÕES EM PEX, ENTRADA DE 3/4\" X 2 SAÍDAS DE 1/2\", CONEXÃO POR ANEL DESLIZANTE \u0096 FORNECIMENTO E INSTALAÇÃO. AF_06/2015","UN","ATRIBUÍDO SÃO PAULO","78,51","CAIXA REFERENCIAL"]
["96873","DISTRIBUIDOR 2 SAÍDAS, METÁLICO, PARA INSTALAÇÕES EM PEX, ENTRADA DE 1\" X 2 SAÍDAS DE 1/2\", CONEXÃO POR ANEL DESLIZANTE \u0096 FORNECIMENTO E INSTALAÇÃO. AF_06/2015","UN","ATRIBUÍDO SÃO PAULO","91,79","CAIXA REFERENCIAL"]
["96874","DISTRIBUIDOR 3 SAÍDAS, METÁLICO, PARA INSTALAÇÕES EM PEX, ENTRADA DE 3/4\" X 3 SAÍDAS DE 1/2\", CONEXÃO POR ANEL DESLIZANTE \u0096 FORNECIMENTO E INSTALAÇÃO . AF_06/2015","UN","ATRIBUÍDO SÃO PAULO","94,99","CAIXA REFERENCIAL"]
["96875","DISTRIBUIDOR 3 SAÍDAS, METÁLICO, PARA INSTALAÇÕES EM PEX, ENTRADA DE 1\u0094 X 3 SAÍDAS DE 1/2\u0094, CONEXÃO POR ANEL DESLIZANTE   FORNECIMENTO E INSTALAÇÃO. AF_06/2015","UN","ATRIBUÍDO SÃO PAULO","116,36","CAIXA REFERENCIAL"]
["96876","DISTRIBUIDOR 2 SAÍDAS, PARA INSTALAÇÕES EM PEX, ENTRADA DE 32 MM X 2 SAÍDAS DE 16 MM, CONEXÃO POR CRIMPAGEM FORNECIMENTO E INSTALAÇÃO. AF_06/2015","UN","ATRIBUÍDO SÃO PAULO","216,26","CAIXA REFERENCIAL"]
["96877","DISTRIBUIDOR 2 SAÍDAS, PARA INSTALAÇÕES EM PEX, ENTRADA DE 32 MM X 2 SAÍDAS DE 20 MM, CONEXÃO POR CRIMPAGEM \u0096 FORNECIMENTO E INSTALAÇÃO. AF_06/2015","UN","ATRIBUÍDO SÃO PAULO","231,77","CAIXA REFERENCIAL"]
["96878","DISTRIBUIDOR 2 SAÍDAS, PARA INSTALAÇÕES EM PEX, ENTRADA DE 32 MM X 2 SAÍDAS DE 25 MM, CONEXÃO POR CRIMPAGEM \u0096 FORNECIMENTO E INSTALAÇÃO. AF_06/2015","UN","ATRIBUÍDO SÃO PAULO","234,67","CAIXA REFERENCIAL"]
["96879","DISTRIBUIDOR 3 SAÍDAS, PARA INSTALAÇÕES EM PEX, ENTRADA DE 32 MM X 3 SAÍDAS DE 16 MM, CONEXÃO POR CRIMPAGEM \u0096 FORNECIMENTO E INSTALAÇÃO. AF_06/2015","UN","ATRIBUÍDO SÃO PAULO","233,87","CAIXA REFERENCIAL"]
["96880","DISTRIBUIDOR 3 SAÍDAS, PARA INSTALAÇÕES EM PEX, ENTRADA DE 32 MM X 3 SAÍDAS DE 20 MM, CONEXÃO POR CRIMPAGEM \u0096 FORNECIMENTO E INSTALAÇÃO. AF_06/2015","UN","ATRIBUÍDO SÃO PAULO","268,61","CAIXA REFERENCIAL"]
["96881","DISTRIBUIDOR 3 SAÍDAS, PARA INSTALAÇÕES EM PEX, ENTRADA DE 32 MM X 3 SAÍDAS DE 25 MM, CONEXÃO POR CRIMPAGEM \u0096 FORNECIMENTO E INSTALAÇÃO. AF_06/2015","UN","ATRIBUÍDO SÃO PAULO","284,35","CAIXA REFERENCIAL"]
["97425","FLANGE EM AÇO, DN 15 MM X 1/2'', INSTALADO EM RESERVAÇÃO DE ÁGUA DE EDIFICAÇÃO QUE POSSUA RESERVATÓRIO DE FIBRA/FIBROCIMENTO - FORNECIMENTO E INSTALAÇÃO. AF_06/2016","UN","COEFICIENTE DE REPRESENTATIVIDADE","23,66","CAIXA REFERENCIAL"]
["97426","FLANGE EM AÇO, DN 20 MM X 3/4'', INSTALADO EM RESERVAÇÃO DE ÁGUA DE EDIFICAÇÃO QUE POSSUA RESERVATÓRIO DE FIBRA/FIBROCIMENTO - FORNECIMENTO E INSTALAÇÃO. AF_06/2016","UN","COEFICIENTE DE REPRESENTATIVIDADE","28,97","CAIXA REFERENCIAL"]
["97427","FLANGE EM AÇO, DN 25 MM X 1'', INSTALADO EM RESERVAÇÃO DE ÁGUA DE EDIFICAÇÃO QUE POSSUA RESERVATÓRIO DE FIBRA/FIBROCIMENTO - FORNECIMENTO E INSTALAÇÃO. AF_06/2016","UN","COEFICIENTE DE REPRESENTATIVIDADE","32,99","CAIXA REFERENCIAL"]
["97428","FLANGE EM AÇO, DN 32 MM X 1 1/4'', INSTALADO EM RESERVAÇÃO DE ÁGUA DE EDIFICAÇÃO QUE POSSUA RESERVATÓRIO DE FIBRA/FIBROCIMENTO - FORNECIMENTO E INSTALAÇÃO. AF_06/2016","UN","COEFICIENTE DE REPRESENTATIVIDADE","42,31","CAIXA REFERENCIAL"]
["97429","FLANGE EM AÇO, DN 40 MM X 1 1/2'', INSTALADO EM RESERVAÇÃO DE ÁGUA DE EDIFICAÇÃO QUE POSSUA RESERVATÓRIO DE FIBRA/FIBROCIMENTO - FORNECIMENTO E INSTALAÇÃO. AF_06/2016","UN","COEFICIENTE DE REPRESENTATIVIDADE","50,89","CAIXA REFERENCIAL"]
["97430","ACOPLAMENTO RÍGIDO EM AÇO, CONEXÃO RANHURADA, DN 50 (2\"), INSTALADO EM PRUMADAS - FORNECIMENTO E INSTALAÇÃO. AF_10/2020","UN","ATRIBUÍDO SÃO PAULO","37,07","CAIXA REFERENCIAL"]
["97431","ACOPLAMENTO RÍGIDO EM AÇO, CONEXÃO RANHURADA, DN 65 (2 1/2\"), INSTALADO EM PRUMADAS - FORNECIMENTO E INSTALAÇÃO. AF_10/2020","UN","ATRIBUÍDO SÃO PAULO","41,11","CAIXA REFERENCIAL"]
["97432","ACOPLAMENTO RÍGIDO EM AÇO, CONEXÃO RANHURADA, DN 80 (3\"), INSTALADO EM PRUMADAS - FORNECIMENTO E INSTALAÇÃO. AF_10/2020","UN","ATRIBUÍDO SÃO PAULO","46,34","CAIXA REFERENCIAL"]
["97433","CURVA 45 GRAUS, EM AÇO, CONEXÃO RANHURADA, DN 50 (2\"), INSTALADO EM PRUMADAS - FORNECIMENTO E INSTALAÇÃO. AF_10/2020","UN","ATRIBUÍDO SÃO PAULO","89,75","CAIXA REFERENCIAL"]
["97434","CURVA 90 GRAUS, EM AÇO, CONEXÃO RANHURADA, DN 50 (2\"), INSTALADO EM PRUMADAS - FORNECIMENTO E INSTALAÇÃO. AF_10/2020","UN","ATRIBUÍDO SÃO PAULO","91,63","CAIXA REFERENCIAL"]
["97435","CURVA 45 GRAUS, EM AÇO, CONEXÃO RANHURADA, DN 65 (2 1/2\"), INSTALADO EM PRUMADAS - FORNECIMENTO E INSTALAÇÃO. AF_10/2020","UN","ATRIBUÍDO SÃO PAULO","105,16","CAIXA REFERENCIAL"]
["97436","CURVA 90 GRAUS, EM AÇO, CONEXÃO RANHURADA, DN 65 (2 1/2\"), INSTALADO EM PRUMADAS - FORNECIMENTO E INSTALAÇÃO. AF_10/2020","UN","ATRIBUÍDO SÃO PAULO","108,75","CAIXA REFERENCIAL"]
["97437","CURVA 45 GRAUS, EM AÇO, CONEXÃO RANHURADA, DN 80 (3\u0094), INSTALADO EM PRUMADAS - FORNECIMENTO E INSTALAÇÃO. AF_10/2020","UN","ATRIBUÍDO SÃO PAULO","120,47","CAIXA REFERENCIAL"]
["97438","CURVA 90 GRAUS, EM AÇO, CONEXÃO RANHURADA, DN 80 (3\"), INSTALADO EM PRUMADAS - FORNECIMENTO E INSTALAÇÃO. AF_10/2020","UN","ATRIBUÍDO SÃO PAULO","124,31","CAIXA REFERENCIAL"]
["97439","TÊ, EM AÇO, CONEXÃO RANHURADA, DN 50 (2\"), INSTALADO EM PRUMADAS - FORNECIMENTO E INSTALAÇÃO. AF_10/2020","UN","ATRIBUÍDO SÃO PAULO","137,60","CAIXA REFERENCIAL"]
["97440","TÊ, EM AÇO, CONEXÃO RANHURADA, DN 65 (2 1/2\"), INSTALADO EM PRUMADAS - FORNECIMENTO E INSTALAÇÃO. AF_10/2020","UN","ATRIBUÍDO SÃO PAULO","165,56","CAIXA REFERENCIAL"]
["97442","TÊ, EM AÇO, CONEXÃO RANHURADA, DN 80 (3\"), INSTALADO EM PRUMADAS - FORNECIMENTO E INSTALAÇÃO. AF_10/2020","UN","ATRIBUÍDO SÃO PAULO","182,50","CAIXA REFERENCIAL"]
["97443","LUVA, EM AÇO, CONEXÃO SOLDADA, DN 50 (2\"), INSTALADO EM PRUMADAS - FORNECIMENTO E INSTALAÇÃO. AF_10/2020","UN","COEFICIENTE DE REPRESENTATIVIDADE","103,77","CAIXA REFERENCIAL"]
["97444","LUVA COM REDUÇÃO, EM AÇO, CONEXÃO SOLDADA, DN 50 X 40 MM (2  X 1 1/2\"), INSTALADO EM PRUMADAS - FORNECIMENTO E INSTALAÇÃO. AF_10/2020","UN","COEFICIENTE DE REPRESENTATIVIDADE","124,65","CAIXA REFERENCIAL"]
["97446","LUVA, EM AÇO, CONEXÃO SOLDADA, DN 65 (2 1/2\"), INSTALADO EM PRUMADAS - FORNECIMENTO E INSTALAÇÃO. AF_10/2020","UN","COEFICIENTE DE REPRESENTATIVIDADE","224,33","CAIXA REFERENCIAL"]
["97447","LUVA COM REDUÇÃO, EM AÇO, CONEXÃO SOLDADA, DN 65 X 50 MM (2 1/2\" X 2\"), INSTALADO EM PRUMADAS - FORNECIMENTO E INSTALAÇÃO. AF_10/2020","UN","COEFICIENTE DE REPRESENTATIVIDADE","224,33","CAIXA REFERENCIAL"]
["97449","LUVA, EM AÇO, CONEXÃO SOLDADA, DN 80 (3\"), INSTALADO EM PRUMADAS - FORNECIMENTO E INSTALAÇÃO. AF_10/2020","UN","COEFICIENTE DE REPRESENTATIVIDADE","238,32","CAIXA REFERENCIAL"]
["97450","LUVA COM REDUÇÃO, EM AÇO, CONEXÃO SOLDADA, DN 80 X 65 MM (3\" X 2 1/2\"), INSTALADO EM PRUMADAS - FORNECIMENTO E INSTALAÇÃO. AF_10/2020","UN","COEFICIENTE DE REPRESENTATIVIDADE","295,19","CAIXA REFERENCIAL"]
["97452","CURVA 45 GRAUS, EM AÇO, CONEXÃO SOLDADA, DN 50 (2\"), INSTALADO EM PRUMADAS - FORNECIMENTO E INSTALAÇÃO. AF_10/2020","UN","COEFICIENTE DE REPRESENTATIVIDADE","172,89","CAIXA REFERENCIAL"]
["97453","CURVA 90 GRAUS, EM AÇO, CONEXÃO SOLDADA, DN 50 (2\"), INSTALADO EM PRUMADAS - FORNECIMENTO E INSTALAÇÃO. AF_10/2020","UN","COEFICIENTE DE REPRESENTATIVIDADE","184,81","CAIXA REFERENCIAL"]
["97454","CURVA 45 GRAUS, EM AÇO, CONEXÃO SOLDADA, DN 65 (2 1/2\"), INSTALADO EM PRUMADAS - FORNECIMENTO E INSTALAÇÃO. AF_10/2020","UN","COEFICIENTE DE REPRESENTATIVIDADE","306,59","CAIXA REFERENCIAL"]
["97455","CURVA 90 GRAUS, EM AÇO, CONEXÃO SOLDADA, DN 65 (2 1/2\"), INSTALADO EM PRUMADAS - FORNECIMENTO E INSTALAÇÃO. AF_10/2020","UN","COEFICIENTE DE REPRESENTATIVIDADE","325,65","CAIXA REFERENCIAL"]
["97456","CURVA 45 GRAUS, EM AÇO, CONEXÃO SOLDADA, DN 80 (3\"), INSTALADO EM PRUMADAS - FORNECIMENTO E INSTALAÇÃO. AF_10/2020","UN","COEFICIENTE DE REPRESENTATIVIDADE","721,59","CAIXA REFERENCIAL"]
["97457","CURVA 90 GRAUS, EM AÇO, CONEXÃO SOLDADA, DN 80 (3\"), INSTALADO EM PRUMADAS - FORNECIMENTO E INSTALAÇÃO. AF_10/2020","UN","COEFICIENTE DE REPRESENTATIVIDADE","636,06","CAIXA REFERENCIAL"]
["97458","TÊ, EM AÇO, CONEXÃO SOLDADA, DN 50 (2\"), INSTALADO EM PRUMADAS - FORNECIMENTO E INSTALAÇÃO. AF_10/2020","UN","COEFICIENTE DE REPRESENTATIVIDADE","278,36","CAIXA REFERENCIAL"]
["97459","TÊ, EM AÇO, CONEXÃO SOLDADA, DN 65 (2 1/2\"), INSTALADO EM PRUMADAS - FORNECIMENTO E INSTALAÇÃO. AF_10/2020","UN","COEFICIENTE DE REPRESENTATIVIDADE","494,34","CAIXA REFERENCIAL"]
["97460","TÊ, EM AÇO, CONEXÃO SOLDADA, DN 80 (3\"), INSTALADO EM PRUMADAS - FORNECIMENTO E INSTALAÇÃO. AF_10/2020","UN","COEFICIENTE DE REPRESENTATIVIDADE","773,35","CAIXA REFERENCIAL"]
["97461","LUVA, EM AÇO, CONEXÃO SOLDADA, DN 25 (1\"), INSTALADO EM REDE DE ALIMENTAÇÃO PARA HIDRANTE - FORNECIMENTO E INSTALAÇÃO. AF_10/2020","UN","COEFICIENTE DE REPRESENTATIVIDADE","32,98","CAIXA REFERENCIAL"]
["97462","LUVA COM REDUÇÃO, EM AÇO, CONEXÃO SOLDADA, DN 25 X 20 MM (1  X 3/4\"), INSTALADO EM REDE DE ALIMENTAÇÃO PARA HIDRANTE - FORNECIMENTO E INSTALAÇÃO. AF_10/2020","UN","COEFICIENTE DE REPRESENTATIVIDADE","26,86","CAIXA REFERENCIAL"]
["97464","LUVA, EM AÇO, CONEXÃO SOLDADA, DN 32 (1 1/4\"), INSTALADO EM REDE DE ALIMENTAÇÃO PARA HIDRANTE - FORNECIMENTO E INSTALAÇÃO. AF_10/2020","UN","COEFICIENTE DE REPRESENTATIVIDADE","48,15","CAIXA REFERENCIAL"]
["97465","LUVA COM REDUÇÃO, EM AÇO, CONEXÃO SOLDADA, DN 32 X 25 MM (1 1/4\"  X 1\"), INSTALADO EM REDE DE ALIMENTAÇÃO PARA HIDRANTE - FORNECIMENTO E INSTALAÇÃO. AF_10/2020","UN","COEFICIENTE DE REPRESENTATIVIDADE","58,46","CAIXA REFERENCIAL"]
["97467","LUVA, EM AÇO, CONEXÃO SOLDADA, DN 40 (1 1/2\"), INSTALADO EM REDE DE ALIMENTAÇÃO PARA HIDRANTE - FORNECIMENTO E INSTALAÇÃO. AF_10/2020","UN","COEFICIENTE DE REPRESENTATIVIDADE","61,20","CAIXA REFERENCIAL"]
["97468","LUVA COM REDUÇÃO, EM AÇO, CONEXÃO SOLDADA, DN 40  X 32 MM (1 1/2\" X 1 1/4\"), INSTALADO EM REDE DE ALIMENTAÇÃO PARA HIDRANTE - FORNECIMENTO E INSTALAÇÃO. AF_10/2020","UN","COEFICIENTE DE REPRESENTATIVIDADE","74,41","CAIXA REFERENCIAL"]
["97470","LUVA, EM AÇO, CONEXÃO SOLDADA, DN 50 (2\"), INSTALADO EM REDE DE ALIMENTAÇÃO PARA HIDRANTE - FORNECIMENTO E INSTALAÇÃO. AF_10/2020","UN","COEFICIENTE DE REPRESENTATIVIDADE","91,85","CAIXA REFERENCIAL"]
["97471","LUVA COM REDUÇÃO, EM AÇO, CONEXÃO SOLDADA, DN 50 X 40 MM (2\" X 1 1/2\"), INSTALADO EM REDE DE ALIMENTAÇÃO PARA HIDRANTE - FORNECIMENTO E INSTALAÇÃO. AF_10/2020","UN","COEFICIENTE DE REPRESENTATIVIDADE","112,73","CAIXA REFERENCIAL"]
["97474","LUVA, EM AÇO, CONEXÃO SOLDADA, DN 65 (2 1/2\"), INSTALADO EM REDE DE ALIMENTAÇÃO PARA HIDRANTE - FORNECIMENTO E INSTALAÇÃO. AF_10/2020","UN","COEFICIENTE DE REPRESENTATIVIDADE","172,22","CAIXA REFERENCIAL"]
["97475","LUVA COM REDUÇÃO, EM AÇO, CONEXÃO SOLDADA, DN 65 X 50 MM (2 1/2\" X 2\"), INSTALADO EM REDE DE ALIMENTAÇÃO PARA HIDRANTE - FORNECIMENTO E INSTALAÇÃO. AF_10/2020","UN","COEFICIENTE DE REPRESENTATIVIDADE","214,44","CAIXA REFERENCIAL"]
["97477","LUVA, EM AÇO, CONEXÃO SOLDADA, DN 80 (3\"), INSTALADO EM REDE DE ALIMENTAÇÃO PARA HIDRANTE - FORNECIMENTO E INSTALAÇÃO. AF_10/2020","UN","COEFICIENTE DE REPRESENTATIVIDADE","230,45","CAIXA REFERENCIAL"]
["97478","LUVA COM REDUÇÃO, EM AÇO, CONEXÃO SOLDADA, DN 80 X 65 MM (3\" X 2 1/2\"), INSTALADO EM REDE DE ALIMENTAÇÃO PARA HIDRANTE - FORNECIMENTO E INSTALAÇÃO. AF_10/2020","UN","COEFICIENTE DE REPRESENTATIVIDADE","287,32","CAIXA REFERENCIAL"]
["97479","CURVA 45 GRAUS, EM AÇO, CONEXÃO SOLDADA, DN 25 (1\"), INSTALADO EM REDE DE ALIMENTAÇÃO PARA HIDRANTE - FORNECIMENTO E INSTALAÇÃO. AF_10/2020","UN","COEFICIENTE DE REPRESENTATIVIDADE","53,69","CAIXA REFERENCIAL"]
["97480","CURVA 90 GRAUS, EM AÇO, CONEXÃO SOLDADA, DN 25 (1\"), INSTALADO EM REDE DE ALIMENTAÇÃO PARA HIDRANTE - FORNECIMENTO E INSTALAÇÃO. AF_10/2020","UN","COEFICIENTE DE REPRESENTATIVIDADE","53,69","CAIXA REFERENCIAL"]
["97481","CURVA 45 GRAUS, EM AÇO, CONEXÃO SOLDADA, DN 32 (1 1/4\"), INSTALADO EM REDE DE ALIMENTAÇÃO PARA HIDRANTE - FORNECIMENTO E INSTALAÇÃO. AF_10/2020","UN","COEFICIENTE DE REPRESENTATIVIDADE","78,83","CAIXA REFERENCIAL"]
["97482","CURVA 90 GRAUS, EM AÇO, CONEXÃO SOLDADA, DN 32 (1 1/4\"), INSTALADO EM REDE DE ALIMENTAÇÃO PARA HIDRANTE - FORNECIMENTO E INSTALAÇÃO. AF_10/2020","UN","COEFICIENTE DE REPRESENTATIVIDADE","78,83","CAIXA REFERENCIAL"]
["97483","CURVA 45 GRAUS, EM AÇO, CONEXÃO SOLDADA, DN 40 (1 1/2\"), INSTALADO EM REDE DE ALIMENTAÇÃO PARA HIDRANTE - FORNECIMENTO E INSTALAÇÃO. AF_10/2020","UN","COEFICIENTE DE REPRESENTATIVIDADE","111,55","CAIXA REFERENCIAL"]
["97484","CURVA 90 GRAUS, EM AÇO, CONEXÃO SOLDADA, DN 40 (1 1/2\"), INSTALADO EM REDE DE ALIMENTAÇÃO PARA HIDRANTE - FORNECIMENTO E INSTALAÇÃO. AF_10/2020","UN","COEFICIENTE DE REPRESENTATIVIDADE","111,55","CAIXA REFERENCIAL"]
["97485","CURVA 45 GRAUS, EM AÇO, CONEXÃO SOLDADA, DN 50 (2\"), INSTALADO EM REDE DE ALIMENTAÇÃO PARA HIDRANTE - FORNECIMENTO E INSTALAÇÃO. AF_10/2020","UN","COEFICIENTE DE REPRESENTATIVIDADE","155,04","CAIXA REFERENCIAL"]
["97486","CURVA 90 GRAUS, EM AÇO, CONEXÃO SOLDADA, DN 50 (2\"), INSTALADO EM REDE DE ALIMENTAÇÃO PARA HIDRANTE - FORNECIMENTO E INSTALAÇÃO. AF_10/2020","UN","COEFICIENTE DE REPRESENTATIVIDADE","166,96","CAIXA REFERENCIAL"]
["97487","CURVA 45 GRAUS, EM AÇO, CONEXÃO SOLDADA, DN 65 (2 1/2\"), INSTALADO EM REDE DE ALIMENTAÇÃO PARA HIDRANTE - FORNECIMENTO E INSTALAÇÃO. AF_10/2020","UN","COEFICIENTE DE REPRESENTATIVIDADE","291,79","CAIXA REFERENCIAL"]
["97488","CURVA 90 GRAUS, EM AÇO, CONEXÃO SOLDADA, DN 65 (2 1/2\"), INSTALADO EM REDE DE ALIMENTAÇÃO PARA HIDRANTE - FORNECIMENTO E INSTALAÇÃO. AF_10/2020","UN","COEFICIENTE DE REPRESENTATIVIDADE","310,85","CAIXA REFERENCIAL"]
["97489","CURVA 45 GRAUS, EM AÇO, CONEXÃO SOLDADA, DN 80 (3\"), INSTALADO EM REDE DE ALIMENTAÇÃO PARA HIDRANTE - FORNECIMENTO E INSTALAÇÃO. AF_10/2020","UN","COEFICIENTE DE REPRESENTATIVIDADE","709,78","CAIXA REFERENCIAL"]
["97490","CURVA 90 GRAUS, EM AÇO, CONEXÃO SOLDADA, DN 80 (3\"), INSTALADO EM REDE DE ALIMENTAÇÃO PARA HIDRANTE - FORNECIMENTO E INSTALAÇÃO. AF_10/2020","UN","COEFICIENTE DE REPRESENTATIVIDADE","624,25","CAIXA REFERENCIAL"]
["97491","TÊ, EM AÇO, CONEXÃO SOLDADA, DN 25 (1\"), INSTALADO EM REDE DE ALIMENTAÇÃO PARA HIDRANTE - FORNECIMENTO E INSTALAÇÃO. AF_10/2020","UN","COEFICIENTE DE REPRESENTATIVIDADE","84,22","CAIXA REFERENCIAL"]
["97492","TÊ, EM AÇO, CONEXÃO SOLDADA, DN 32 (1 1/4\"), INSTALADO EM REDE DE ALIMENTAÇÃO PARA HIDRANTE - FORNECIMENTO E INSTALAÇÃO. AF_10/2020","UN","COEFICIENTE DE REPRESENTATIVIDADE","125,00","CAIXA REFERENCIAL"]
["97493","TÊ, EM AÇO, CONEXÃO SOLDADA, DN 40 (1 1/2\"), INSTALADO EM REDE DE ALIMENTAÇÃO PARA HIDRANTE - FORNECIMENTO E INSTALAÇÃO. AF_10/2020","UN","COEFICIENTE DE REPRESENTATIVIDADE","161,62","CAIXA REFERENCIAL"]
["97494","TÊ, EM AÇO, CONEXÃO SOLDADA, DN 50 (2\"), INSTALADO EM REDE DE ALIMENTAÇÃO PARA HIDRANTE - FORNECIMENTO E INSTALAÇÃO. AF_10/2020","UN","COEFICIENTE DE REPRESENTATIVIDADE","254,53","CAIXA REFERENCIAL"]
["97495","TÊ, EM AÇO, CONEXÃO SOLDADA, DN 65 (2 1/2\"), INSTALADO EM REDE DE ALIMENTAÇÃO PARA HIDRANTE - FORNECIMENTO E INSTALAÇÃO. AF_10/2020","UN","COEFICIENTE DE REPRESENTATIVIDADE","474,56","CAIXA REFERENCIAL"]
["97496","TÊ, EM AÇO, CONEXÃO SOLDADA, DN 80 (3\"), INSTALADO EM REDE DE ALIMENTAÇÃO PARA HIDRANTE - FORNECIMENTO E INSTALAÇÃO. AF_10/2020","UN","COEFICIENTE DE REPRESENTATIVIDADE","757,64","CAIXA REFERENCIAL"]
["97499","LUVA, EM AÇO, CONEXÃO SOLDADA, DN 25 (1\"), INSTALADO EM REDE DE ALIMENTAÇÃO PARA SPRINKLER - FORNECIMENTO E INSTALAÇÃO. AF_10/2020","UN","COEFICIENTE DE REPRESENTATIVIDADE","31,06","CAIXA REFERENCIAL"]
["97500","LUVA COM REDUÇÃO, EM AÇO, CONEXÃO SOLDADA, DN 25 X 20 MM (1\" X 3/4\"), INSTALADO EM REDE DE ALIMENTAÇÃO PARA SPRINKLER - FORNECIMENTO E INSTALAÇÃO. AF_10/2020","UN","COEFICIENTE DE REPRESENTATIVIDADE","24,94","CAIXA REFERENCIAL"]
["97502","LUVA, EM AÇO, CONEXÃO SOLDADA, DN 32 (1 1/4\"), INSTALADO EM REDE DE ALIMENTAÇÃO PARA SPRINKLER - FORNECIMENTO E INSTALAÇÃO. AF_10/2020","UN","COEFICIENTE DE REPRESENTATIVIDADE","44,57","CAIXA REFERENCIAL"]
["97503","LUVA COM REDUÇÃO, EM AÇO, CONEXÃO SOLDADA, DN 32 X 25 MM (1 1/4\"  X 1\"), INSTALADO EM REDE DE ALIMENTAÇÃO PARA SPRINKLER - FORNECIMENTO E INSTALAÇÃO. AF_10/2020","UN","COEFICIENTE DE REPRESENTATIVIDADE","55,06","CAIXA REFERENCIAL"]
["97505","LUVA, EM AÇO, CONEXÃO SOLDADA, DN 40 (1 1/2\"), INSTALADO EM REDE DE ALIMENTAÇÃO PARA SPRINKLER - FORNECIMENTO E INSTALAÇÃO. AF_10/2020","UN","COEFICIENTE DE REPRESENTATIVIDADE","56,17","CAIXA REFERENCIAL"]
["97506","LUVA COM REDUÇÃO, EM AÇO, CONEXÃO SOLDADA, DN 40  X 32 MM (1 1/2\" X 1 1/4\"), INSTALADO EM REDE DE ALIMENTAÇÃO PARA SPRINKLER - FORNECIMENTO E INSTALAÇÃO. AF_10/2020","UN","COEFICIENTE DE REPRESENTATIVIDADE","69,38","CAIXA REFERENCIAL"]
["97508","LUVA, EM AÇO, CONEXÃO SOLDADA, DN 50 (2\"), INSTALADO EM REDE DE ALIMENTAÇÃO PARA SPRINKLER - FORNECIMENTO E INSTALAÇÃO. AF_10/2020","UN","COEFICIENTE DE REPRESENTATIVIDADE","84,72","CAIXA REFERENCIAL"]
["97509","LUVA COM REDUÇÃO, EM AÇO, CONEXÃO SOLDADA, DN 50 X 40 MM (2\" X 1 1/2\"), INSTALADO EM REDE DE ALIMENTAÇÃO PARA SPRINKLER - FORNECIMENTO E INSTALAÇÃO. AF_10/2020","UN","COEFICIENTE DE REPRESENTATIVIDADE","105,60","CAIXA REFERENCIAL"]
["97511","LUVA, EM AÇO, CONEXÃO SOLDADA, DN 65 (2 1/2\"), INSTALADO EM REDE DE ALIMENTAÇÃO PARA SPRINKLER - FORNECIMENTO E INSTALAÇÃO. AF_10/2020","UN","COEFICIENTE DE REPRESENTATIVIDADE","161,99","CAIXA REFERENCIAL"]
["97512","LUVA COM REDUÇÃO, EM AÇO, CONEXÃO SOLDADA, DN 65 X 50 MM (2 1/2\" X 2\"), INSTALADO EM REDE DE ALIMENTAÇÃO PARA SPRINKLER - FORNECIMENTO E INSTALAÇÃO. AF_10/2020","UN","COEFICIENTE DE REPRESENTATIVIDADE","204,21","CAIXA REFERENCIAL"]
["97514","LUVA, EM AÇO, CONEXÃO SOLDADA, DN 80 (3\"), INSTALADO EM REDE DE ALIMENTAÇÃO PARA SPRINKLER - FORNECIMENTO E INSTALAÇÃO. AF_10/2020","UN","COEFICIENTE DE REPRESENTATIVIDADE","217,01","CAIXA REFERENCIAL"]
["97515","LUVA COM REDUÇÃO, EM AÇO, CONEXÃO SOLDADA, DN 80 X 65 MM (3\" X 2 1/2\"), INSTALADO EM REDE DE ALIMENTAÇÃO PARA SPRINKLER - FORNECIMENTO E INSTALAÇÃO. AF_10/2020","UN","COEFICIENTE DE REPRESENTATIVIDADE","273,88","CAIXA REFERENCIAL"]
["97517","CURVA 45 GRAUS, EM AÇO, CONEXÃO SOLDADA, DN 25 (1\"), INSTALADO EM REDE DE ALIMENTAÇÃO PARA SPRINKLER - FORNECIMENTO E INSTALAÇÃO. AF_10/2020","UN","COEFICIENTE DE REPRESENTATIVIDADE","50,81","CAIXA REFERENCIAL"]
["97518","CURVA 90 GRAUS, EM AÇO, CONEXÃO SOLDADA, DN 25 (1\"), INSTALADO EM REDE DE ALIMENTAÇÃO PARA SPRINKLER - FORNECIMENTO E INSTALAÇÃO. AF_10/2020","UN","COEFICIENTE DE REPRESENTATIVIDADE","50,81","CAIXA REFERENCIAL"]
["97519","CURVA 45 GRAUS, EM AÇO, CONEXÃO SOLDADA, DN 32 (1 1/4\"), INSTALADO EM REDE DE ALIMENTAÇÃO PARA SPRINKLER - FORNECIMENTO E INSTALAÇÃO. AF_10/2020","UN","COEFICIENTE DE REPRESENTATIVIDADE","73,74","CAIXA REFERENCIAL"]
["97520","CURVA 90 GRAUS, EM AÇO, CONEXÃO SOLDADA, DN 32 (1 1/4\"), INSTALADO EM REDE DE ALIMENTAÇÃO PARA SPRINKLER - FORNECIMENTO E INSTALAÇÃO. AF_10/2020","UN","COEFICIENTE DE REPRESENTATIVIDADE","73,74","CAIXA REFERENCIAL"]
["97521","CURVA 45 GRAUS, EM AÇO, CONEXÃO SOLDADA, DN 40 (1 1/2\"), INSTALADO EM REDE DE ALIMENTAÇÃO PARA SPRINKLER - FORNECIMENTO E INSTALAÇÃO. AF_10/2020","UN","COEFICIENTE DE REPRESENTATIVIDADE","103,98","CAIXA REFERENCIAL"]
["97522","CURVA 90 GRAUS, EM AÇO, CONEXÃO SOLDADA, DN 40 (1 1/2\"), INSTALADO EM REDE DE ALIMENTAÇÃO PARA SPRINKLER - FORNECIMENTO E INSTALAÇÃO. AF_10/2020","UN","COEFICIENTE DE REPRESENTATIVIDADE","103,98","CAIXA REFERENCIAL"]
["97523","CURVA 45 GRAUS, EM AÇO, CONEXÃO SOLDADA, DN 50 (2\"), INSTALADO EM REDE DE ALIMENTAÇÃO PARA SPRINKLER - FORNECIMENTO E INSTALAÇÃO. AF_10/2020","UN","COEFICIENTE DE REPRESENTATIVIDADE","144,37","CAIXA REFERENCIAL"]
["97524","CURVA 90 GRAUS, EM AÇO, CONEXÃO SOLDADA, DN 50 (2\"), INSTALADO EM REDE DE ALIMENTAÇÃO PARA SPRINKLER - FORNECIMENTO E INSTALAÇÃO. AF_10/2020","UN","COEFICIENTE DE REPRESENTATIVIDADE","156,29","CAIXA REFERENCIAL"]
["97525","CURVA 45 GRAUS, EM AÇO, CONEXÃO SOLDADA, DN 65 (2 1/2\"), INSTALADO EM REDE DE ALIMENTAÇÃO PARA SPRINKLER - FORNECIMENTO E INSTALAÇÃO. AF_10/2020","UN","COEFICIENTE DE REPRESENTATIVIDADE","276,36","CAIXA REFERENCIAL"]
["97526","CURVA 90 GRAUS, EM AÇO, CONEXÃO SOLDADA, DN 65 (2 1/2\"), INSTALADO EM REDE DE ALIMENTAÇÃO PARA SPRINKLER - FORNECIMENTO E INSTALAÇÃO. AF_10/2020","UN","COEFICIENTE DE REPRESENTATIVIDADE","295,42","CAIXA REFERENCIAL"]
["97527","CURVA 45 GRAUS, EM AÇO, CONEXÃO SOLDADA, DN 80 (3\"), INSTALADO EM REDE DE ALIMENTAÇÃO PARA SPRINKLER - FORNECIMENTO E INSTALAÇÃO. AF_10/2020","UN","COEFICIENTE DE REPRESENTATIVIDADE","689,66","CAIXA REFERENCIAL"]
["97528","CURVA 90 GRAUS, EM AÇO, CONEXÃO SOLDADA, DN 80 (3\"), INSTALADO EM REDE DE ALIMENTAÇÃO PARA SPRINKLER - FORNECIMENTO E INSTALAÇÃO. AF_10/2020","UN","COEFICIENTE DE REPRESENTATIVIDADE","604,13","CAIXA REFERENCIAL"]
["97529","TÊ, EM AÇO, CONEXÃO SOLDADA, DN 25 (1\"), INSTALADO EM REDE DE ALIMENTAÇÃO PARA SPRINKLER - FORNECIMENTO E INSTALAÇÃO. AF_10/2020","UN","COEFICIENTE DE REPRESENTATIVIDADE","80,44","CAIXA REFERENCIAL"]
["97530","TÊ, EM AÇO, CONEXÃO SOLDADA, DN 32 (1 1/4\"), INSTALADO EM REDE DE ALIMENTAÇÃO PARA SPRINKLER - FORNECIMENTO E INSTALAÇÃO. AF_10/2020","UN","COEFICIENTE DE REPRESENTATIVIDADE","118,22","CAIXA REFERENCIAL"]
["97531","TÊ, EM AÇO, CONEXÃO SOLDADA, DN 40 (1 1/2\"), INSTALADO EM REDE DE ALIMENTAÇÃO PARA SPRINKLER - FORNECIMENTO E INSTALAÇÃO. AF_10/2020","UN","COEFICIENTE DE REPRESENTATIVIDADE","151,51","CAIXA REFERENCIAL"]
["97532","TÊ, EM AÇO, CONEXÃO SOLDADA, DN 50 (2\"), INSTALADO EM REDE DE ALIMENTAÇÃO PARA SPRINKLER - FORNECIMENTO E INSTALAÇÃO. AF_10/2020","UN","COEFICIENTE DE REPRESENTATIVIDADE","240,28","CAIXA REFERENCIAL"]
["97533","TÊ, EM AÇO, CONEXÃO SOLDADA, DN 65 (2 1/2\"), INSTALADO EM REDE DE ALIMENTAÇÃO PARA SPRINKLER - FORNECIMENTO E INSTALAÇÃO. AF_10/2020","UN","COEFICIENTE DE REPRESENTATIVIDADE","457,04","CAIXA REFERENCIAL"]
["97534","TÊ, EM AÇO, CONEXÃO SOLDADA, DN 80 (3\"), INSTALADO EM REDE DE ALIMENTAÇÃO PARA SPRINKLER - FORNECIMENTO E INSTALAÇÃO. AF_10/2020","UN","COEFICIENTE DE REPRESENTATIVIDADE","730,80","CAIXA REFERENCIAL"]
["97537","LUVA, EM AÇO, CONEXÃO SOLDADA, DN 15 (1/2\"), INSTALADO EM RAMAIS E SUB-RAMAIS DE GÁS - FORNECIMENTO E INSTALAÇÃO. AF_10/2020","UN","COEFICIENTE DE REPRESENTATIVIDADE","22,63","CAIXA REFERENCIAL"]
["97540","LUVA, EM AÇO, CONEXÃO SOLDADA, DN 20 (3/4\"), INSTALADO EM RAMAIS E SUB-RAMAIS DE GÁS - FORNECIMENTO E INSTALAÇÃO. AF_10/2020","UN","COEFICIENTE DE REPRESENTATIVIDADE","29,29","CAIXA REFERENCIAL"]
["97541","LUVA COM REDUÇÃO, EM AÇO, CONEXÃO SOLDADA, DN 20 X 15 MM (3/4\" X 1/2\"), INSTALADO EM RAMAIS E SUB-RAMAIS DE GÁS - FORNECIMENTO E INSTALAÇÃO. AF_10/2020","UN","COEFICIENTE DE REPRESENTATIVIDADE","24,21","CAIXA REFERENCIAL"]
["97543","LUVA, EM AÇO, CONEXÃO SOLDADA, DN 25 (1\"), INSTALADO EM RAMAIS E SUB-RAMAIS DE GÁS - FORNECIMENTO E INSTALAÇÃO. AF_10/2020","UN","COEFICIENTE DE REPRESENTATIVIDADE","46,03","CAIXA REFERENCIAL"]
["97544","LUVA COM REDUÇÃO, EM AÇO, CONEXÃO SOLDADA, DN 25 X 20 MM (1\" X 3/4\"), INSTALADO EM RAMAIS E SUB-RAMAIS DE GÁS - FORNECIMENTO E INSTALAÇÃO. AF_10/2020","UN","COEFICIENTE DE REPRESENTATIVIDADE","39,91","CAIXA REFERENCIAL"]
["97546","CURVA 45 GRAUS, EM AÇO, CONEXÃO SOLDADA, DN 15 (1/2\"), INSTALADO EM RAMAIS E SUB-RAMAIS DE GÁS - FORNECIMENTO E INSTALAÇÃO. AF_10/2020","UN","COEFICIENTE DE REPRESENTATIVIDADE","31,36","CAIXA REFERENCIAL"]
["97547","CURVA 90 GRAUS, EM AÇO, CONEXÃO SOLDADA, DN 15 (1/2\"), INSTALADO EM RAMAIS E SUB-RAMAIS DE GÁS - FORNECIMENTO E INSTALAÇÃO. AF_10/2020","UN","COEFICIENTE DE REPRESENTATIVIDADE","31,36","CAIXA REFERENCIAL"]
["97548","CURVA 45 GRAUS, EM AÇO, CONEXÃO SOLDADA, DN 20 (3/4\"), INSTALADO EM RAMAIS E SUB-RAMAIS DE GÁS - FORNECIMENTO E INSTALAÇÃO. AF_10/2020","UN","COEFICIENTE DE REPRESENTATIVIDADE","45,46","CAIXA REFERENCIAL"]
["97549","CURVA 90 GRAUS, EM AÇO, CONEXÃO SOLDADA, DN 20 (3/4\"), INSTALADO EM RAMAIS E SUB-RAMAIS DE GÁS - FORNECIMENTO E INSTALAÇÃO. AF_10/2020","UN","COEFICIENTE DE REPRESENTATIVIDADE","45,46","CAIXA REFERENCIAL"]
["97550","CURVA 45 GRAUS, EM AÇO, CONEXÃO SOLDADA, DN 25 (1\"), INSTALADO EM RAMAIS E SUB-RAMAIS DE GÁS - FORNECIMENTO E INSTALAÇÃO. AF_10/2020","UN","COEFICIENTE DE REPRESENTATIVIDADE","73,31","CAIXA REFERENCIAL"]
["97551","CURVA 90 GRAUS, EM AÇO, CONEXÃO SOLDADA, DN 25 (1\"), INSTALADO EM RAMAIS E SUB-RAMAIS DE GÁS - FORNECIMENTO E INSTALAÇÃO. AF_10/2020","UN","COEFICIENTE DE REPRESENTATIVIDADE","73,31","CAIXA REFERENCIAL"]
["97552","TÊ, EM AÇO, CONEXÃO SOLDADA, DN 15 (1/2\"), INSTALADO EM RAMAIS E SUB-RAMAIS DE GÁS - FORNECIMENTO E INSTALAÇÃO. AF_10/2020","UN","COEFICIENTE DE REPRESENTATIVIDADE","46,22","CAIXA REFERENCIAL"]
["97553","TÊ, EM AÇO, CONEXÃO SOLDADA, DN 20 (3/4\"), INSTALADO EM RAMAIS E SUB-RAMAIS DE GÁS - FORNECIMENTO E INSTALAÇÃO. AF_10/2020","UN","COEFICIENTE DE REPRESENTATIVIDADE","65,02","CAIXA REFERENCIAL"]
["97554","TÊ, EM AÇO, CONEXÃO SOLDADA, DN 25 (1\"), INSTALADO EM RAMAIS E SUB-RAMAIS DE GÁS - FORNECIMENTO E INSTALAÇÃO. AF_10/2020","UN","COEFICIENTE DE REPRESENTATIVIDADE","110,45","CAIXA REFERENCIAL"]
["98602","CONECTOR EM BRONZE/LATÃO, DN 22 MM X 1/2\", SEM ANEL DE SOLDA, BOLSA X ROSCA F, INSTALADO EM PRUMADA \u0096 FORNECIMENTO E INSTALAÇÃO. AF_01/2016","UN","ATRIBUÍDO SÃO PAULO","19,40","CAIXA REFERENCIAL"]
["97895","CAIXA ENTERRADA HIDRÁULICA RETANGULAR, EM CONCRETO PRÉ-MOLDADO, DIMENSÕES INTERNAS: 0,3X0,3X0,3 M. AF_12/2020","UN","ATRIBUÍDO SÃO PAULO","120,02","CAIXA REFERENCIAL"]
["97896","CAIXA ENTERRADA HIDRÁULICA RETANGULAR, EM CONCRETO PRÉ-MOLDADO, DIMENSÕES INTERNAS: 0,4X0,4X0,4 M. AF_12/2020","UN","ATRIBUÍDO SÃO PAULO","222,95","CAIXA REFERENCIAL"]
["97897","CAIXA ENTERRADA HIDRÁULICA RETANGULAR, EM CONCRETO PRÉ-MOLDADO, DIMENSÕES INTERNAS: 0,6X0,6X0,5 M. AF_12/2020","UN","ATRIBUÍDO SÃO PAULO","291,02","CAIXA REFERENCIAL"]
["97898","CAIXA ENTERRADA HIDRÁULICA RETANGULAR, EM CONCRETO PRÉ-MOLDADO, DIMENSÕES INTERNAS: 0,8X0,8X0,5 M. AF_12/2020","UN","ATRIBUÍDO SÃO PAULO","584,43","CAIXA REFERENCIAL"]
["97900","CAIXA ENTERRADA HIDRÁULICA RETANGULAR EM ALVENARIA COM TIJOLOS CERÂMICOS MACIÇOS, DIMENSÕES INTERNAS: 0,3X0,3X0,3 M PARA REDE DE ESGOTO. AF_12/2020","UN","ATRIBUÍDO SÃO PAULO","153,63","CAIXA REFERENCIAL"]
["97901","CAIXA ENTERRADA HIDRÁULICA RETANGULAR EM ALVENARIA COM TIJOLOS CERÂMICOS MACIÇOS, DIMENSÕES INTERNAS: 0,4X0,4X0,4 M PARA REDE DE ESGOTO. AF_12/2020","UN","ATRIBUÍDO SÃO PAULO","243,68","CAIXA REFERENCIAL"]
["97902","CAIXA ENTERRADA HIDRÁULICA RETANGULAR EM ALVENARIA COM TIJOLOS CERÂMICOS MACIÇOS, DIMENSÕES INTERNAS: 0,6X0,6X0,6 M PARA REDE DE ESGOTO. AF_12/2020","UN","ATRIBUÍDO SÃO PAULO","481,65","CAIXA REFERENCIAL"]
["97903","CAIXA ENTERRADA HIDRÁULICA RETANGULAR EM ALVENARIA COM TIJOLOS CERÂMICOS MACIÇOS, DIMENSÕES INTERNAS: 0,8X0,8X0,6 M PARA REDE DE ESGOTO. AF_12/2020","UN","ATRIBUÍDO SÃO PAULO","665,54","CAIXA REFERENCIAL"]
["97904","CAIXA ENTERRADA HIDRÁULICA RETANGULAR EM ALVENARIA COM TIJOLOS CERÂMICOS MACIÇOS, DIMENSÕES INTERNAS: 1X1X0,6 M PARA REDE DE ESGOTO. AF_12/2020","UN","ATRIBUÍDO SÃO PAULO","790,83","CAIXA REFERENCIAL"]
["97905","CAIXA ENTERRADA HIDRÁULICA RETANGULAR, EM ALVENARIA COM BLOCOS DE CONCRETO, DIMENSÕES INTERNAS: 0,4X0,4X0,4 M PARA REDE DE ESGOTO. AF_12/2020","UN","ATRIBUÍDO SÃO PAULO","195,86","CAIXA REFERENCIAL"]
["97906","CAIXA ENTERRADA HIDRÁULICA RETANGULAR, EM ALVENARIA COM BLOCOS DE CONCRETO, DIMENSÕES INTERNAS: 0,6X0,6X0,6 M PARA REDE DE ESGOTO. AF_12/2020","UN","ATRIBUÍDO SÃO PAULO","366,36","CAIXA REFERENCIAL"]
["97907","CAIXA ENTERRADA HIDRÁULICA RETANGULAR, EM ALVENARIA COM BLOCOS DE CONCRETO, DIMENSÕES INTERNAS: 0,8X0,8X0,6 M PARA REDE DE ESGOTO. AF_12/2020","UN","ATRIBUÍDO SÃO PAULO","518,40","CAIXA REFERENCIAL"]
["97908","CAIXA ENTERRADA HIDRÁULICA RETANGULAR, EM ALVENARIA COM BLOCOS DE CONCRETO, DIMENSÕES INTERNAS: 1X1X0,6 M PARA REDE DE ESGOTO. AF_12/2020","UN","ATRIBUÍDO SÃO PAULO","616,75","CAIXA REFERENCIAL"]
["98102","CAIXA DE GORDURA SIMPLES, CIRCULAR, EM CONCRETO PRÉ-MOLDADO, DIÂMETRO INTERNO = 0,4 M, ALTURA INTERNA = 0,4 M. AF_12/2020","UN","ATRIBUÍDO SÃO PAULO","115,27","CAIXA REFERENCIAL"]
["98104","CAIXA DE GORDURA SIMPLES (CAPACIDADE: 36L), RETANGULAR, EM ALVENARIA COM TIJOLOS CERÂMICOS MACIÇOS, DIMENSÕES INTERNAS = 0,2X0,4 M, ALTURA INTERNA = 0,8 M. AF_12/2020","UN","ATRIBUÍDO SÃO PAULO","323,44","CAIXA REFERENCIAL"]
["98105","CAIXA DE GORDURA DUPLA (CAPACIDADE: 126 L), RETANGULAR, EM ALVENARIA COM TIJOLOS CERÂMICOS MACIÇOS, DIMENSÕES INTERNAS = 0,4X0,7 M, ALTURA INTERNA = 0,8 M. AF_12/2020","UN","ATRIBUÍDO SÃO PAULO","558,80","CAIXA REFERENCIAL"]
["98106","CAIXA DE GORDURA ESPECIAL (CAPACIDADE: 312 L - PARA ATÉ 146 PESSOAS SERVIDAS NO PICO), RETANGULAR, EM ALVENARIA COM TIJOLOS CERÂMICOS MACIÇOS, DIMENSÕES INTERNAS = 0,4X1,2 M, ALTURA INTERNA = 1 M. AF_12/2020","UN","ATRIBUÍDO SÃO PAULO","923,31","CAIXA REFERENCIAL"]
["98107","CAIXA DE GORDURA SIMPLES (CAPACIDADE: 36 L), RETANGULAR, EM ALVENARIA COM BLOCOS DE CONCRETO, DIMENSÕES INTERNAS = 0,2X0,4 M, ALTURA INTERNA = 0,8 M. AF_12/2020","UN","ATRIBUÍDO SÃO PAULO","233,72","CAIXA REFERENCIAL"]
["98108","CAIXA DE GORDURA DUPLA (CAPACIDADE: 126 L), RETANGULAR, EM ALVENARIA COM BLOCOS DE CONCRETO, DIMENSÕES INTERNAS = 0,4X0,7 M, ALTURA INTERNA = 0,8 M. AF_12/2020","UN","ATRIBUÍDO SÃO PAULO","414,17","CAIXA REFERENCIAL"]
["99250","CAIXA ENTERRADA HIDRÁULICA RETANGULAR EM ALVENARIA COM TIJOLOS CERÂMICOS MACIÇOS, DIMENSÕES INTERNAS: 0,3X0,3X0,3 M PARA REDE DE DRENAGEM. AF_12/2020","UN","ATRIBUÍDO SÃO PAULO","149,80","CAIXA REFERENCIAL"]
["99251","CAIXA ENTERRADA HIDRÁULICA RETANGULAR EM ALVENARIA COM TIJOLOS CERÂMICOS MACIÇOS, DIMENSÕES INTERNAS: 0,4X0,4X0,4 M PARA REDE DE DRENAGEM. AF_12/2020","UN","ATRIBUÍDO SÃO PAULO","237,10","CAIXA REFERENCIAL"]
["99253","CAIXA ENTERRADA HIDRÁULICA RETANGULAR EM ALVENARIA COM TIJOLOS CERÂMICOS MACIÇOS, DIMENSÕES INTERNAS: 0,6X0,6X0,6 M PARA REDE DE DRENAGEM. AF_12/2020","UN","ATRIBUÍDO SÃO PAULO","466,88","CAIXA REFERENCIAL"]
["99255","CAIXA ENTERRADA HIDRÁULICA RETANGULAR EM ALVENARIA COM TIJOLOS CERÂMICOS MACIÇOS, DIMENSÕES INTERNAS: 0,8X0,8X0,6 M PARA REDE DE DRENAGEM. AF_12/2020","UN","ATRIBUÍDO SÃO PAULO","645,29","CAIXA REFERENCIAL"]
["99257","CAIXA ENTERRADA HIDRÁULICA RETANGULAR EM ALVENARIA COM TIJOLOS CERÂMICOS MACIÇOS, DIMENSÕES INTERNAS: 1X1X0,6 M PARA REDE DE DRENAGEM. AF_12/2020","UN","ATRIBUÍDO SÃO PAULO","764,64","CAIXA REFERENCIAL"]
["99258","CAIXA ENTERRADA HIDRÁULICA RETANGULAR, EM ALVENARIA COM BLOCOS DE CONCRETO, DIMENSÕES INTERNAS: 0,4X0,4X0,4 M PARA REDE DE DRENAGEM. AF_12/2020","UN","ATRIBUÍDO SÃO PAULO","190,43","CAIXA REFERENCIAL"]
["99260","CAIXA ENTERRADA HIDRÁULICA RETANGULAR, EM ALVENARIA COM BLOCOS DE CONCRETO, DIMENSÕES INTERNAS: 0,6X0,6X0,6 M PARA REDE DE DRENAGEM. AF_12/2020","UN","ATRIBUÍDO SÃO PAULO","357,06","CAIXA REFERENCIAL"]
["99262","CAIXA ENTERRADA HIDRÁULICA RETANGULAR, EM ALVENARIA COM BLOCOS DE CONCRETO, DIMENSÕES INTERNAS: 0,8X0,8X0,6 M PARA REDE DE DRENAGEM. AF_12/2020","UN","ATRIBUÍDO SÃO PAULO","505,13","CAIXA REFERENCIAL"]
["99264","CAIXA ENTERRADA HIDRÁULICA RETANGULAR, EM ALVENARIA COM BLOCOS DE CONCRETO, DIMENSÕES INTERNAS: 1X1X0,6 M PARA REDE DE DRENAGEM. AF_12/2020","UN","ATRIBUÍDO SÃO PAULO","598,81","CAIXA REFERENCIAL"]
["102587","FURO EM CAIXA D'ÁGUA COM ESPESSURA DE 2 ATÉ 5 MM E DIÂMETRO DE 15 MM. AF_06/2021","UN","COEFICIENTE DE REPRESENTATIVIDADE","2,37","CAIXA REFERENCIAL"]
["102588","FURO EM CAIXA D'ÁGUA COM ESPESSURA DE 6 ATÉ 8 MM E DIÂMETRO DE 15 MM. AF_06/2021","UN","COEFICIENTE DE REPRESENTATIVIDADE","3,42","CAIXA REFERENCIAL"]
["102589","FURO EM CAIXA D'ÁGUA COM ESPESSURA DE 2 ATÉ 5 MM E DIÂMETRO DE 20 MM. AF_06/2021","UN","COEFICIENTE DE REPRESENTATIVIDADE","2,63","CAIXA REFERENCIAL"]
["102590","FURO EM CAIXA D'ÁGUA COM ESPESSURA DE 6 ATÉ 8 MM E DIÂMETRO DE 20 MM. AF_06/2021","UN","COEFICIENTE DE REPRESENTATIVIDADE","3,69","CAIXA REFERENCIAL"]
["102591","FURO EM CAIXA D'ÁGUA COM ESPESSURA DE 2 ATÉ 5 MM E DIÂMETRO DE 25 MM. AF_06/2021","UN","COEFICIENTE DE REPRESENTATIVIDADE","2,90","CAIXA REFERENCIAL"]
["102592","FURO EM CAIXA D'ÁGUA COM ESPESSURA DE 6 ATÉ 8 MM E DIÂMETRO DE 25 MM. AF_06/2021","UN","COEFICIENTE DE REPRESENTATIVIDADE","3,96","CAIXA REFERENCIAL"]
["102593","FURO EM CAIXA D'ÁGUA COM ESPESSURA DE 2 ATÉ 5 MM E DIÂMETRO DE 32 MM. AF_06/2021","UN","COEFICIENTE DE REPRESENTATIVIDADE","3,27","CAIXA REFERENCIAL"]
["102594","FURO EM CAIXA D'ÁGUA COM ESPESSURA DE 6 ATÉ 8 MM E DIÂMETRO DE 32 MM. AF_06/2021","UN","COEFICIENTE DE REPRESENTATIVIDADE","4,33","CAIXA REFERENCIAL"]
["102595","FURO EM CAIXA D'ÁGUA COM ESPESSURA DE 2 ATÉ 5 MM E DIÂMETRO DE 40 MM. AF_06/2021","UN","COEFICIENTE DE REPRESENTATIVIDADE","3,70","CAIXA REFERENCIAL"]
["102596","FURO EM CAIXA D'ÁGUA COM ESPESSURA DE 6 ATÉ 8 MM E DIÂMETRO DE 40 MM. AF_06/2021","UN","COEFICIENTE DE REPRESENTATIVIDADE","4,76","CAIXA REFERENCIAL"]
["102597","FURO EM CAIXA D'ÁGUA COM ESPESSURA DE 2 ATÉ 5 MM E DIÂMETRO DE 50 MM. AF_06/2021","UN","COEFICIENTE DE REPRESENTATIVIDADE","4,23","CAIXA REFERENCIAL"]
["102598","FURO EM CAIXA D'ÁGUA COM ESPESSURA DE 6 ATÉ 8 MM E DIÂMETRO DE 50 MM. AF_06/2021","UN","COEFICIENTE DE REPRESENTATIVIDADE","5,30","CAIXA REFERENCIAL"]
["102599","FURO EM CAIXA D'ÁGUA COM ESPESSURA DE 2 ATÉ 5 MM E DIÂMETRO DE 60 MM. AF_06/2021","UN","COEFICIENTE DE REPRESENTATIVIDADE","4,77","CAIXA REFERENCIAL"]
["102600","FURO EM CAIXA D'ÁGUA COM ESPESSURA DE 6 ATÉ 8 MM E DIÂMETRO DE 60 MM. AF_06/2021","UN","COEFICIENTE DE REPRESENTATIVIDADE","5,83","CAIXA REFERENCIAL"]
["102601","FURO EM CAIXA D'ÁGUA COM ESPESSURA DE 2 ATÉ 5 MM E DIÂMETRO DE 75 MM. AF_06/2021","UN","COEFICIENTE DE REPRESENTATIVIDADE","5,57","CAIXA REFERENCIAL"]
["102602","FURO EM CAIXA D'ÁGUA COM ESPESSURA DE 6 ATÉ 8 MM E DIÂMETRO DE 75 MM. AF_06/2021","UN","COEFICIENTE DE REPRESENTATIVIDADE","6,63","CAIXA REFERENCIAL"]
["102603","FURO EM CAIXA D'ÁGUA COM ESPESSURA DE 2 ATÉ 5 MM E DIÂMETRO DE 100 MM. AF_06/2021","UN","COEFICIENTE DE REPRESENTATIVIDADE","6,91","CAIXA REFERENCIAL"]
["102604","FURO EM CAIXA D'ÁGUA COM ESPESSURA DE 6 ATÉ 8 MM E DIÂMETRO DE 100 MM. AF_06/2021","UN","COEFICIENTE DE REPRESENTATIVIDADE","7,97","CAIXA REFERENCIAL"]
["102605","CAIXA D´ÁGUA EM POLIETILENO, 500 LITROS - FORNECIMENTO E INSTALAÇÃO. AF_06/2021","UN","COEFICIENTE DE REPRESENTATIVIDADE","276,01","CAIXA REFERENCIAL"]
["102606","CAIXA D´ÁGUA EM POLIETILENO, 750 LITROS - FORNECIMENTO E INSTALAÇÃO. AF_06/2021","UN","COEFICIENTE DE REPRESENTATIVIDADE","471,60","CAIXA REFERENCIAL"]
["102607","CAIXA D´ÁGUA EM POLIETILENO, 1000 LITROS - FORNECIMENTO E INSTALAÇÃO. AF_06/2021","UN","COEFICIENTE DE REPRESENTATIVIDADE","479,65","CAIXA REFERENCIAL"]
["102608","CAIXA D´ÁGUA EM POLIETILENO, 1500 LITROS - FORNECIMENTO E INSTALAÇÃO. AF_06/2021","UN","COEFICIENTE DE REPRESENTATIVIDADE","970,56","CAIXA REFERENCIAL"]
["102609","CAIXA D´ÁGUA EM POLIETILENO, 2000 LITROS - FORNECIMENTO E INSTALAÇÃO. AF_06/2021","UN","COEFICIENTE DE REPRESENTATIVIDADE","1.091,66","CAIXA REFERENCIAL"]
["102611","CAIXA D´ÁGUA EM POLIÉSTER REFORÇADO COM FIBRA DE VIDRO, 500 LITROS - FORNECIMENTO E INSTALAÇÃO. AF_06/2021","UN","ATRIBUÍDO SÃO PAULO","380,71","CAIXA REFERENCIAL"]
["102613","CAIXA D´ÁGUA EM POLIÉSTER REFORÇADO COM FIBRA DE VIDRO, 1000 LITROS - FORNECIMENTO E INSTALAÇÃO. AF_06/2021","UN","ATRIBUÍDO SÃO PAULO","523,10","CAIXA REFERENCIAL"]
["102614","CAIXA D´ÁGUA EM POLIÉSTER REFORÇADO COM FIBRA DE VIDRO, 1500 LITROS - FORNECIMENTO E INSTALAÇÃO. AF_06/2021","UN","ATRIBUÍDO SÃO PAULO","846,95","CAIXA REFERENCIAL"]
["102615","CAIXA D´ÁGUA EM POLIÉSTER REFORÇADO COM FIBRA DE VIDRO, 2000 LITROS - FORNECIMENTO E INSTALAÇÃO. AF_06/2021","UN","ATRIBUÍDO SÃO PAULO","1.091,53","CAIXA REFERENCIAL"]
["102617","CAIXA D´ÁGUA EM POLIÉSTER REFORÇADO COM FIBRA DE VIDRO, 5000 LITROS - FORNECIMENTO E INSTALAÇÃO. AF_06/2021","UN","ATRIBUÍDO SÃO PAULO","2.913,83","CAIXA REFERENCIAL"]
["102619","CAIXA D´ÁGUA EM POLIÉSTER REFORÇADO COM FIBRA DE VIDRO, 10000 LITROS - FORNECIMENTO E INSTALAÇÃO. AF_06/2021","UN","ATRIBUÍDO SÃO PAULO","5.503,68","CAIXA REFERENCIAL"]
["102622","CAIXA D´ÁGUA EM POLIETILENO, 500 LITROS (INCLUSOS TUBOS, CONEXÕES E TORNEIRA DE BÓIA) - FORNECIMENTO E INSTALAÇÃO. AF_06/2021","UN","COEFICIENTE DE REPRESENTATIVIDADE","634,47","CAIXA REFERENCIAL"]
["102623","CAIXA D´ÁGUA EM POLIETILENO, 1000 LITROS (INCLUSOS TUBOS, CONEXÕES E TORNEIRA DE BÓIA) - FORNECIMENTO E INSTALAÇÃO. AF_06/2021","UN","COEFICIENTE DE REPRESENTATIVIDADE","898,26","CAIXA REFERENCIAL"]
["89482","CAIXA SIFONADA, PVC, DN 100 X 100 X 50 MM, FORNECIDA E INSTALADA EM RAMAIS DE ENCAMINHAMENTO DE ÁGUA PLUVIAL. AF_12/2014","UN","COEFICIENTE DE REPRESENTATIVIDADE","33,66","CAIXA REFERENCIAL"]
["89491","CAIXA SIFONADA, PVC, DN 150 X 185 X 75 MM, FORNECIDA E INSTALADA EM RAMAIS DE ENCAMINHAMENTO DE ÁGUA PLUVIAL. AF_12/2014","UN","COEFICIENTE DE REPRESENTATIVIDADE","83,21","CAIXA REFERENCIAL"]
["89495","RALO SIFONADO, PVC, DN 100 X 40 MM, JUNTA SOLDÁVEL, FORNECIDO E INSTALADO EM RAMAIS DE ENCAMINHAMENTO DE ÁGUA PLUVIAL. AF_12/2014","UN","COEFICIENTE DE REPRESENTATIVIDADE","14,22","CAIXA REFERENCIAL"]
["89707","CAIXA SIFONADA, PVC, DN 100 X 100 X 50 MM, JUNTA ELÁSTICA, FORNECIDA E INSTALADA EM RAMAL DE DESCARGA OU EM RAMAL DE ESGOTO SANITÁRIO. AF_12/2014","UN","COEFICIENTE DE REPRESENTATIVIDADE","37,83","CAIXA REFERENCIAL"]
["89708","CAIXA SIFONADA, PVC, DN 150 X 185 X 75 MM, JUNTA ELÁSTICA, FORNECIDA E INSTALADA EM RAMAL DE DESCARGA OU EM RAMAL DE ESGOTO SANITÁRIO. AF_12/2014","UN","COEFICIENTE DE REPRESENTATIVIDADE","88,62","CAIXA REFERENCIAL"]
["89709","RALO SIFONADO, PVC, DN 100 X 40 MM, JUNTA SOLDÁVEL, FORNECIDO E INSTALADO EM RAMAL DE DESCARGA OU EM RAMAL DE ESGOTO SANITÁRIO. AF_12/2014","UN","COEFICIENTE DE REPRESENTATIVIDADE","15,42","CAIXA REFERENCIAL"]
["89710","RALO SECO, PVC, DN 100 X 40 MM, JUNTA SOLDÁVEL, FORNECIDO E INSTALADO EM RAMAL DE DESCARGA OU EM RAMAL DE ESGOTO SANITÁRIO. AF_12/2014","UN","COEFICIENTE DE REPRESENTATIVIDADE","12,80","CAIXA REFERENCIAL"]
["86872","TANQUE DE LOUÇA BRANCA COM COLUNA, 30L OU EQUIVALENTE - FORNECIMENTO E INSTALAÇÃO. AF_01/2020","UN","ATRIBUÍDO SÃO PAULO","486,12","CAIXA REFERENCIAL"]
["86874","TANQUE DE LOUÇA BRANCA SUSPENSO, 18L OU EQUIVALENTE - FORNECIMENTO E INSTALAÇÃO. AF_01/2020","UN","ATRIBUÍDO SÃO PAULO","339,39","CAIXA REFERENCIAL"]
["86875","TANQUE DE MÁRMORE SINTÉTICO COM COLUNA, 22L OU EQUIVALENTE   FORNECIMENTO E INSTALAÇÃO. AF_01/2020","UN","ATRIBUÍDO SÃO PAULO","309,25","CAIXA REFERENCIAL"]
["86876","TANQUE DE MÁRMORE SINTÉTICO SUSPENSO, 22L OU EQUIVALENTE - FORNECIMENTO E INSTALAÇÃO. AF_01/2020","UN","ATRIBUÍDO SÃO PAULO","179,34","CAIXA REFERENCIAL"]
["86877","VÁLVULA EM METAL CROMADO 1.1/2\u0094 X 1.1/2\u0094 PARA TANQUE OU LAVATÓRIO, COM OU SEM LADRÃO - FORNECIMENTO E INSTALAÇÃO. AF_01/2020","UN","COEFICIENTE DE REPRESENTATIVIDADE","51,93","CAIXA REFERENCIAL"]
["86878","VÁLVULA EM METAL CROMADO TIPO AMERICANA 3.1/2\u0094 X 1.1/2\u0094 PARA PIA - FORNECIMENTO E INSTALAÇÃO. AF_01/2020","UN","COEFICIENTE DE REPRESENTATIVIDADE","56,00","CAIXA REFERENCIAL"]
["86879","VÁLVULA EM PLÁSTICO 1\u0094 PARA PIA, TANQUE OU LAVATÓRIO, COM OU SEM LADRÃO - FORNECIMENTO E INSTALAÇÃO. AF_01/2020","UN","COEFICIENTE DE REPRESENTATIVIDADE","5,79","CAIXA REFERENCIAL"]
["86880","VÁLVULA EM PLÁSTICO CROMADO TIPO AMERICANA 3.1/2\u0094 X 1.1/2\u0094 SEM ADAPTADOR PARA PIA - FORNECIMENTO E INSTALAÇÃO. AF_01/2020","UN","COEFICIENTE DE REPRESENTATIVIDADE","16,51","CAIXA REFERENCIAL"]
["86881","SIFÃO DO TIPO GARRAFA EM METAL CROMADO 1 X 1.1/2\u0094 - FORNECIMENTO E INSTALAÇÃO. AF_01/2020","UN","COLETADO","157,94","CAIXA REFERENCIAL"]
["86882","SIFÃO DO TIPO GARRAFA/COPO EM PVC 1.1/4  X 1.1/2\u0094 - FORNECIMENTO E INSTALAÇÃO. AF_01/2020","UN","COEFICIENTE DE REPRESENTATIVIDADE","16,91","CAIXA REFERENCIAL"]
["86883","SIFÃO DO TIPO FLEXÍVEL EM PVC 1  X 1.1/2  - FORNECIMENTO E INSTALAÇÃO. AF_01/2020","UN","COLETADO","9,66","CAIXA REFERENCIAL"]
["86884","ENGATE FLEXÍVEL EM PLÁSTICO BRANCO, 1/2\u0094 X 30CM - FORNECIMENTO E INSTALAÇÃO. AF_01/2020","UN","COEFICIENTE DE REPRESENTATIVIDADE","7,12","CAIXA REFERENCIAL"]
["86885","ENGATE FLEXÍVEL EM PLÁSTICO BRANCO, 1/2\u0094 X 40CM - FORNECIMENTO E INSTALAÇÃO. AF_01/2020","UN","COEFICIENTE DE REPRESENTATIVIDADE","10,08","CAIXA REFERENCIAL"]
["86886","ENGATE FLEXÍVEL EM INOX, 1/2  X 30CM - FORNECIMENTO E INSTALAÇÃO. AF_01/2020","UN","COEFICIENTE DE REPRESENTATIVIDADE","38,42","CAIXA REFERENCIAL"]
["86887","ENGATE FLEXÍVEL EM INOX, 1/2  X 40CM - FORNECIMENTO E INSTALAÇÃO. AF_01/2020","UN","COEFICIENTE DE REPRESENTATIVIDADE","41,70","CAIXA REFERENCIAL"]
["86888","VASO SANITÁRIO SIFONADO COM CAIXA ACOPLADA LOUÇA BRANCA - FORNECIMENTO E INSTALAÇÃO. AF_01/2020","UN","ATRIBUÍDO SÃO PAULO","333,06","CAIXA REFERENCIAL"]
["86889","BANCADA DE GRANITO CINZA POLIDO, DE 1,50 X 0,60 M, PARA PIA DE COZINHA - FORNECIMENTO E INSTALAÇÃO. AF_01/2020","UN","COEFICIENTE DE REPRESENTATIVIDADE","409,63","CAIXA REFERENCIAL"]
["86893","BANCADA DE MÁRMORE BRANCO POLIDO, DE 1,50 X 0,60 M, PARA PIA DE COZINHA - FORNECIMENTO E INSTALAÇÃO. AF_01/2020","UN","COEFICIENTE DE REPRESENTATIVIDADE","506,81","CAIXA REFERENCIAL"]
["86894","BANCADA DE MÁRMORE SINTÉTICO, DE 120 X 60CM, COM CUBA INTEGRADA - FORNECIMENTO E INSTALAÇÃO. AF_01/2020","UN","COEFICIENTE DE REPRESENTATIVIDADE","221,65","CAIXA REFERENCIAL"]
["86895","BANCADA DE GRANITO CINZA POLIDO, DE 0,50 X 0,60 M, PARA LAVATÓRIO - FORNECIMENTO E INSTALAÇÃO. AF_01/2020","UN","COEFICIENTE DE REPRESENTATIVIDADE","236,09","CAIXA REFERENCIAL"]
["86899","BANCADA DE MÁRMORE BRANCO POLIDO, DE 0,50 X 0,60 M, PARA LAVATÓRIO - FORNECIMENTO E INSTALAÇÃO. AF_01/2020","UN","COEFICIENTE DE REPRESENTATIVIDADE","272,55","CAIXA REFERENCIAL"]
["86900","CUBA DE EMBUTIR RETANGULAR DE AÇO INOXIDÁVEL, 46 X 30 X 12 CM - FORNECIMENTO E INSTALAÇÃO. AF_01/2020","UN","COEFICIENTE DE REPRESENTATIVIDADE","186,60","CAIXA REFERENCIAL"]
["86901","CUBA DE EMBUTIR OVAL EM LOUÇA BRANCA, 35 X 50CM OU EQUIVALENTE - FORNECIMENTO E INSTALAÇÃO. AF_01/2020","UN","COEFICIENTE DE REPRESENTATIVIDADE","106,55","CAIXA REFERENCIAL"]
["86902","LAVATÓRIO LOUÇA BRANCA COM COLUNA, *44 X 35,5* CM, PADRÃO POPULAR - FORNECIMENTO E INSTALAÇÃO. AF_01/2020","UN","ATRIBUÍDO SÃO PAULO","211,99","CAIXA REFERENCIAL"]
["86903","LAVATÓRIO LOUÇA BRANCA COM COLUNA, 45 X 55CM OU EQUIVALENTE, PADRÃO MÉDIO - FORNECIMENTO E INSTALAÇÃO. AF_01/2020","UN","ATRIBUÍDO SÃO PAULO","240,47","CAIXA REFERENCIAL"]
["86904","LAVATÓRIO LOUÇA BRANCA SUSPENSO, 29,5 X 39CM OU EQUIVALENTE, PADRÃO POPULAR - FORNECIMENTO E INSTALAÇÃO. AF_01/2020","UN","ATRIBUÍDO SÃO PAULO","99,59","CAIXA REFERENCIAL"]
["86905","APARELHO MISTURADOR DE MESA PARA LAVATÓRIO, PADRÃO MÉDIO - FORNECIMENTO E INSTALAÇÃO. AF_01/2020","UN","COEFICIENTE DE REPRESENTATIVIDADE","282,41","CAIXA REFERENCIAL"]
["86906","TORNEIRA CROMADA DE MESA, 1/2\u0094 OU 3/4\u0094, PARA LAVATÓRIO, PADRÃO POPULAR - FORNECIMENTO E INSTALAÇÃO. AF_01/2020","UN","COLETADO","52,28","CAIXA REFERENCIAL"]
["86908","APARELHO MISTURADOR DE MESA PARA PIA DE COZINHA, PADRÃO MÉDIO - FORNECIMENTO E INSTALAÇÃO. AF_01/2020","UN","COEFICIENTE DE REPRESENTATIVIDADE","337,70","CAIXA REFERENCIAL"]
["86909","TORNEIRA CROMADA TUBO MÓVEL, DE MESA, 1/2\u0094 OU 3/4\u0094, PARA PIA DE COZINHA, PADRÃO ALTO - FORNECIMENTO E INSTALAÇÃO. AF_01/2020","UN","COEFICIENTE DE REPRESENTATIVIDADE","90,77","CAIXA REFERENCIAL"]
["86910","TORNEIRA CROMADA TUBO MÓVEL, DE PAREDE, 1/2\u0094 OU 3/4\u0094, PARA PIA DE COZINHA, PADRÃO MÉDIO - FORNECIMENTO E INSTALAÇÃO. AF_01/2020","UN","COEFICIENTE DE REPRESENTATIVIDADE","89,29","CAIXA REFERENCIAL"]
["86911","TORNEIRA CROMADA LONGA, DE PAREDE, 1/2\u0094 OU 3/4\u0094, PARA PIA DE COZINHA, PADRÃO POPULAR - FORNECIMENTO E INSTALAÇÃO. AF_01/2020","UN","COEFICIENTE DE REPRESENTATIVIDADE","61,18","CAIXA REFERENCIAL"]
["86913","TORNEIRA CROMADA 1/2\u0094 OU 3/4\u0094 PARA TANQUE, PADRÃO POPULAR - FORNECIMENTO E INSTALAÇÃO. AF_01/2020","UN","COEFICIENTE DE REPRESENTATIVIDADE","38,44","CAIXA REFERENCIAL"]
["86914","TORNEIRA CROMADA 1/2\u0094 OU 3/4\u0094 PARA TANQUE, PADRÃO MÉDIO - FORNECIMENTO E INSTALAÇÃO. AF_01/2020","UN","COEFICIENTE DE REPRESENTATIVIDADE","68,73","CAIXA REFERENCIAL"]
["86915","TORNEIRA CROMADA DE MESA, 1/2\u0094 OU 3/4\u0094, PARA LAVATÓRIO, PADRÃO MÉDIO - FORNECIMENTO E INSTALAÇÃO. AF_01/2020","UN","COEFICIENTE DE REPRESENTATIVIDADE","99,92","CAIXA REFERENCIAL"]
["86916","TORNEIRA PLÁSTICA 3/4\u0094 PARA TANQUE - FORNECIMENTO E INSTALAÇÃO. AF_01/2020","UN","COEFICIENTE DE REPRESENTATIVIDADE","31,89","CAIXA REFERENCIAL"]
["86919","TANQUE DE LOUÇA BRANCA COM COLUNA, 30L OU EQUIVALENTE, INCLUSO SIFÃO FLEXÍVEL EM PVC, VÁLVULA METÁLICA E TORNEIRA DE METAL CROMADO PADRÃO MÉDIO - FORNECIMENTO E INSTALAÇÃO. AF_01/2020","UN","ATRIBUÍDO SÃO PAULO","616,44","CAIXA REFERENCIAL"]
["86920","TANQUE DE LOUÇA BRANCA COM COLUNA, 30L OU EQUIVALENTE, INCLUSO SIFÃO FLEXÍVEL EM PVC, VÁLVULA PLÁSTICA E TORNEIRA DE METAL CROMADO PADRÃO POPULAR - FORNECIMENTO E INSTALAÇÃO. AF_01/2020","UN","ATRIBUÍDO SÃO PAULO","540,01","CAIXA REFERENCIAL"]
["86921","TANQUE DE LOUÇA BRANCA COM COLUNA, 30L OU EQUIVALENTE, INCLUSO SIFÃO FLEXÍVEL EM PVC, VÁLVULA PLÁSTICA E TORNEIRA DE PLÁSTICO - FORNECIMENTO E INSTALAÇÃO. AF_01/2020","UN","ATRIBUÍDO SÃO PAULO","533,46","CAIXA REFERENCIAL"]
["86922","TANQUE DE LOUÇA BRANCA SUSPENSO, 18L OU EQUIVALENTE, INCLUSO SIFÃO TIPO GARRAFA EM METAL CROMADO, VÁLVULA METÁLICA E TORNEIRA DE METAL CROMADO PADRÃO MÉDIO - FORNECIMENTO E INSTALAÇÃO. AF_01/2020","UN","ATRIBUÍDO SÃO PAULO","617,99","CAIXA REFERENCIAL"]
["86923","TANQUE DE LOUÇA BRANCA SUSPENSO, 18L OU EQUIVALENTE, INCLUSO SIFÃO TIPO GARRAFA EM PVC, VÁLVULA PLÁSTICA E TORNEIRA DE METAL CROMADO PADRÃO POPULAR - FORNECIMENTO E INSTALAÇÃO. AF_01/2020","UN","ATRIBUÍDO SÃO PAULO","400,53","CAIXA REFERENCIAL"]
["86924","TANQUE DE LOUÇA BRANCA SUSPENSO, 18L OU EQUIVALENTE, INCLUSO SIFÃO TIPO GARRAFA EM PVC, VÁLVULA PLÁSTICA E TORNEIRA DE PLÁSTICO - FORNECIMENTO E INSTALAÇÃO. AF_01/2020","UN","ATRIBUÍDO SÃO PAULO","393,98","CAIXA REFERENCIAL"]
["86925","TANQUE DE MÁRMORE SINTÉTICO COM COLUNA, 22L OU EQUIVALENTE, INCLUSO SIFÃO FLEXÍVEL EM PVC, VÁLVULA PLÁSTICA E TORNEIRA DE METAL CROMADO PADRÃO POPULAR - FORNECIMENTO E INSTALAÇÃO. AF_01/2020","UN","ATRIBUÍDO SÃO PAULO","363,14","CAIXA REFERENCIAL"]
["86926","TANQUE DE MÁRMORE SINTÉTICO COM COLUNA, 22L OU EQUIVALENTE, INCLUSO SIFÃO FLEXÍVEL EM PVC, VÁLVULA PLÁSTICA E TORNEIRA DE PLÁSTICO - FORNECIMENTO E INSTALAÇÃO. AF_01/2020","UN","ATRIBUÍDO SÃO PAULO","356,59","CAIXA REFERENCIAL"]
["86927","TANQUE DE MÁRMORE SINTÉTICO SUSPENSO, 22L OU EQUIVALENTE, INCLUSO SIFÃO TIPO GARRAFA EM PVC, VÁLVULA PLÁSTICA E TORNEIRA DE METAL CROMADO PADRÃO POPULAR - FORNEC. E INSTALAÇÃO. AF_01/2020","UN","ATRIBUÍDO SÃO PAULO","240,48","CAIXA REFERENCIAL"]
["86928","TANQUE DE MÁRMORE SINTÉTICO SUSPENSO, 22L OU EQUIVALENTE, INCLUSO SIFÃO TIPO GARRAFA EM PVC, VÁLVULA PLÁSTICA E TORNEIRA DE PLÁSTICO - FORNECIMENTO E INSTALAÇÃO. AF_01/2020","UN","ATRIBUÍDO SÃO PAULO","233,93","CAIXA REFERENCIAL"]
["86929","TANQUE DE MÁRMORE SINTÉTICO SUSPENSO, 22L OU EQUIVALENTE, INCLUSO SIFÃO FLEXÍVEL EM PVC, VÁLVULA PLÁSTICA E TORNEIRA DE METAL CROMADO PADRÃO POPULAR - FORNECIMENTO E INSTALAÇÃO. AF_01/2020","UN","ATRIBUÍDO SÃO PAULO","233,23","CAIXA REFERENCIAL"]
["86930","TANQUE DE MÁRMORE SINTÉTICO SUSPENSO, 22L OU EQUIVALENTE, INCLUSO SIFÃO FLEXÍVEL EM PVC, VÁLVULA PLÁSTICA E TORNEIRA DE PLÁSTICO - FORNECIMENTO E INSTALAÇÃO. AF_01/2020","UN","ATRIBUÍDO SÃO PAULO","226,68","CAIXA REFERENCIAL"]
["86931","VASO SANITÁRIO SIFONADO COM CAIXA ACOPLADA LOUÇA BRANCA, INCLUSO ENGATE FLEXÍVEL EM PLÁSTICO BRANCO, 1/2  X 40CM - FORNECIMENTO E INSTALAÇÃO. AF_01/2020","UN","ATRIBUÍDO SÃO PAULO","343,14","CAIXA REFERENCIAL"]
["86932","VASO SANITÁRIO SIFONADO COM CAIXA ACOPLADA LOUÇA BRANCA - PADRÃO MÉDIO, INCLUSO ENGATE FLEXÍVEL EM METAL CROMADO, 1/2  X 40CM - FORNECIMENTO E INSTALAÇÃO. AF_01/2020","UN","ATRIBUÍDO SÃO PAULO","374,76","CAIXA REFERENCIAL"]
["86933","BANCADA DE MÁRMORE SINTÉTICO 120 X 60CM, COM CUBA INTEGRADA, INCLUSO SIFÃO TIPO GARRAFA EM PVC, VÁLVULA EM PLÁSTICO CROMADO TIPO AMERICANA E TORNEIRA CROMADA LONGA, DE PAREDE, PADRÃO POPULAR - FORNECIMENTO E INSTALAÇÃO. AF_01/2020","UN","COEFICIENTE DE REPRESENTATIVIDADE","316,25","CAIXA REFERENCIAL"]
["86934","BANCADA DE MÁRMORE SINTÉTICO 120 X 60CM, COM CUBA INTEGRADA, INCLUSO SIFÃO TIPO FLEXÍVEL EM PVC, VÁLVULA EM PLÁSTICO CROMADO TIPO AMERICANA E TORNEIRA CROMADA LONGA, DE PAREDE, PADRÃO POPULAR - FORNECIMENTO E INSTALAÇÃO. AF_01/2020","UN","COEFICIENTE DE REPRESENTATIVIDADE","309,00","CAIXA REFERENCIAL"]
["86935","CUBA DE EMBUTIR DE AÇO INOXIDÁVEL MÉDIA, INCLUSO VÁLVULA TIPO AMERICANA EM METAL CROMADO E SIFÃO FLEXÍVEL EM PVC - FORNECIMENTO E INSTALAÇÃO. AF_01/2020","UN","COEFICIENTE DE REPRESENTATIVIDADE","252,26","CAIXA REFERENCIAL"]
["86936","CUBA DE EMBUTIR DE AÇO INOXIDÁVEL MÉDIA, INCLUSO VÁLVULA TIPO AMERICANA E SIFÃO TIPO GARRAFA EM METAL CROMADO - FORNECIMENTO E INSTALAÇÃO. AF_01/2020","UN","COEFICIENTE DE REPRESENTATIVIDADE","400,54","CAIXA REFERENCIAL"]
["86937","CUBA DE EMBUTIR OVAL EM LOUÇA BRANCA, 35 X 50CM OU EQUIVALENTE, INCLUSO VÁLVULA EM METAL CROMADO E SIFÃO FLEXÍVEL EM PVC - FORNECIMENTO E INSTALAÇÃO. AF_01/2020","UN","COEFICIENTE DE REPRESENTATIVIDADE","168,14","CAIXA REFERENCIAL"]
["86938","CUBA DE EMBUTIR OVAL EM LOUÇA BRANCA, 35 X 50CM OU EQUIVALENTE, INCLUSO VÁLVULA E SIFÃO TIPO GARRAFA EM METAL CROMADO - FORNECIMENTO E INSTALAÇÃO. AF_01/2020","UN","COEFICIENTE DE REPRESENTATIVIDADE","316,42","CAIXA REFERENCIAL"]
["86939","LAVATÓRIO LOUÇA BRANCA COM COLUNA, *44 X 35,5* CM, PADRÃO POPULAR, INCLUSO SIFÃO FLEXÍVEL EM PVC, VÁLVULA E ENGATE FLEXÍVEL 30CM EM PLÁSTICO E COM TORNEIRA CROMADA PADRÃO POPULAR - FORNECIMENTO E INSTALAÇÃO. AF_01/2020","UN","ATRIBUÍDO SÃO PAULO","286,84","CAIXA REFERENCIAL"]
["86940","LAVATÓRIO LOUÇA BRANCA COM COLUNA, 45 X 55CM OU EQUIVALENTE, PADRÃO MÉDIO, INCLUSO SIFÃO TIPO GARRAFA, VÁLVULA E ENGATE FLEXÍVEL DE 40CM EM METAL CROMADO, COM APARELHO MISTURADOR PADRÃO MÉDIO - FORNECIMENTO E INSTALAÇÃO. AF_01/2020","UN","ATRIBUÍDO SÃO PAULO","816,15","CAIXA REFERENCIAL"]
["86941","LAVATÓRIO LOUÇA BRANCA COM COLUNA, 45 X 55CM OU EQUIVALENTE, PADRÃO MÉDIO, INCLUSO SIFÃO TIPO GARRAFA, VÁLVULA E ENGATE FLEXÍVEL DE 40CM EM METAL CROMADO, COM TORNEIRA CROMADA DE MESA, PADRÃO MÉDIO - FORNECIMENTO E INSTALAÇÃO. AF_01/2020","UN","ATRIBUÍDO SÃO PAULO","591,96","CAIXA REFERENCIAL"]
["86942","LAVATÓRIO LOUÇA BRANCA SUSPENSO, 29,5 X 39CM OU EQUIVALENTE, PADRÃO POPULAR, INCLUSO SIFÃO TIPO GARRAFA EM PVC, VÁLVULA E ENGATE FLEXÍVEL 30CM EM PLÁSTICO E TORNEIRA CROMADA DE MESA, PADRÃO POPULAR - FORNECIMENTO E INSTALAÇÃO. AF_01/2020","UN","ATRIBUÍDO SÃO PAULO","181,69","CAIXA REFERENCIAL"]
["86943","LAVATÓRIO LOUÇA BRANCA SUSPENSO, 29,5 X 39CM OU EQUIVALENTE, PADRÃO POPULAR, INCLUSO SIFÃO FLEXÍVEL EM PVC, VÁLVULA E ENGATE FLEXÍVEL 30CM EM PLÁSTICO E TORNEIRA CROMADA DE MESA, PADRÃO POPULAR - FORNECIMENTO E INSTALAÇÃO. AF_01/2020","UN","ATRIBUÍDO SÃO PAULO","174,44","CAIXA REFERENCIAL"]
["86947","BANCADA MÁRMORE BRANCO, 50 X 60 CM, INCLUSO CUBA DE EMBUTIR OVAL EM LOUÇA BRANCA 35 X 50 CM, VÁLVULA, SIFÃO TIPO GARRAFA E ENGATE FLEXÍVEL 40 CM EM METAL CROMADO E APARELHO MISTURADOR DE MESA, PADRÃO MÉDIO - FORNEC. E INSTALAÇÃO. AF_01/2020","UN","COEFICIENTE DE REPRESENTATIVIDADE","954,78","CAIXA REFERENCIAL"]
["93396","BANCADA GRANITO CINZA,  50 X 60 CM, INCL. CUBA DE EMBUTIR OVAL LOUÇA BRANCA 35 X 50 CM, VÁLVULA METAL CROMADO, SIFÃO FLEXÍVEL PVC, ENGATE 30 CM FLEXÍVEL PLÁSTICO E TORNEIRA CROMADA DE MESA, PADRÃO POPULAR - FORNEC. E INSTALAÇÃO. AF_01/2020","UN","COEFICIENTE DE REPRESENTATIVIDADE","463,63","CAIXA REFERENCIAL"]
["93441","BANCADA GRANITO CINZA  150 X 60 CM, COM CUBA DE EMBUTIR DE AÇO, VÁLVULA AMERICANA EM METAL, SIFÃO FLEXÍVEL EM PVC, ENGATE FLEXÍVEL 30 CM, TORNEIRA CROMADA LONGA, DE PAREDE, 1/2\u0094 OU 3/4\u0094, P/ COZINHA, PADRÃO POPULAR - FORNEC. E INSTALAÇÃO. AF_01/2020","UN","COEFICIENTE DE REPRESENTATIVIDADE","730,19","CAIXA REFERENCIAL"]
["93442","BANCADA MÁRMORE BRANCO 150 X 60 CM, COM CUBA DE EMBUTIR DE AÇO, VÁLVULA AMERICANA E SIFÃO TIPO GARRAFA EM METAL , ENGATE FLEXÍVEL 30 CM, TORNEIRA CROMADA, DE MESA, 1/2\u0094 OU 3/4\u0094, PARA PIA COZINHA, PADRÃO ALTO - FORNEC. E INSTALAÇÃO. AF_01/2020","UN","COEFICIENTE DE REPRESENTATIVIDADE","1.005,24","CAIXA REFERENCIAL"]
["95469","VASO SANITARIO SIFONADO CONVENCIONAL COM  LOUÇA BRANCA - FORNECIMENTO E INSTALAÇÃO. AF_01/2020","UN","ATRIBUÍDO SÃO PAULO","204,70","CAIXA REFERENCIAL"]
["95470","VASO SANITARIO SIFONADO CONVENCIONAL COM LOUÇA BRANCA, INCLUSO CONJUNTO DE LIGAÇÃO PARA BACIA SANITÁRIA AJUSTÁVEL - FORNECIMENTO E INSTALAÇÃO. AF_10/2016","UN","ATRIBUÍDO SÃO PAULO","214,14","CAIXA REFERENCIAL"]
["95471","VASO SANITARIO SIFONADO CONVENCIONAL PARA PCD SEM FURO FRONTAL COM  LOUÇA BRANCA SEM ASSENTO -  FORNECIMENTO E INSTALAÇÃO. AF_01/2020","UN","ATRIBUÍDO SÃO PAULO","520,67","CAIXA REFERENCIAL"]
["95472","VASO SANITARIO SIFONADO CONVENCIONAL PARA PCD SEM FURO FRONTAL COM LOUÇA BRANCA SEM ASSENTO, INCLUSO CONJUNTO DE LIGAÇÃO PARA BACIA SANITÁRIA AJUSTÁVEL - FORNECIMENTO E INSTALAÇÃO. AF_01/2020","UN","ATRIBUÍDO SÃO PAULO","530,11","CAIXA REFERENCIAL"]
["95542","PORTA TOALHA ROSTO EM METAL CROMADO, TIPO ARGOLA, INCLUSO FIXAÇÃO. AF_01/2020","UN","COEFICIENTE DE REPRESENTATIVIDADE","26,13","CAIXA REFERENCIAL"]
["95543","PORTA TOALHA BANHO EM METAL CROMADO, TIPO BARRA, INCLUSO FIXAÇÃO. AF_01/2020","UN","COEFICIENTE DE REPRESENTATIVIDADE","44,05","CAIXA REFERENCIAL"]
["95544","PAPELEIRA DE PAREDE EM METAL CROMADO SEM TAMPA, INCLUSO FIXAÇÃO. AF_01/2020","UN","COEFICIENTE DE REPRESENTATIVIDADE","31,87","CAIXA REFERENCIAL"]
["95545","SABONETEIRA DE PAREDE EM METAL CROMADO, INCLUSO FIXAÇÃO. AF_01/2020","UN","COLETADO","31,26","CAIXA REFERENCIAL"]
["95546","KIT DE ACESSORIOS PARA BANHEIRO EM METAL CROMADO, 5 PECAS, INCLUSO FIXAÇÃO. AF_01/2020","UN","COEFICIENTE DE REPRESENTATIVIDADE","107,91","CAIXA REFERENCIAL"]
["95547","SABONETEIRA PLASTICA TIPO DISPENSER PARA SABONETE LIQUIDO COM RESERVATORIO 800 A 1500 ML, INCLUSO FIXAÇÃO. AF_01/2020","UN","COLETADO","72,96","CAIXA REFERENCIAL"]
["100848","VASO SANITÁRIO INFANTIL LOUÇA BRANCA - FORNECIMENTO E INSTALACAO. AF_01/2020","UN","ATRIBUÍDO SÃO PAULO","374,78","CAIXA REFERENCIAL"]
["100849","ASSENTO SANITÁRIO CONVENCIONAL - FORNECIMENTO E INSTALACAO. AF_01/2020","UN","COLETADO","43,48","CAIXA REFERENCIAL"]
["100851","ASSENTO SANITÁRIO INFANTIL - FORNECIMENTO E INSTALACAO. AF_01/2020","UN","COEFICIENTE DE REPRESENTATIVIDADE","88,39","CAIXA REFERENCIAL"]
["100852","CUBA DE EMBUTIR RETANGULAR DE AÇO INOXIDÁVEL, 56 X 33 X 12 CM - FORNECIMENTO E INSTALAÇÃO. AF_01/2020","UN","COEFICIENTE DE REPRESENTATIVIDADE","204,47","CAIXA REFERENCIAL"]
["100853","TORNEIRA CROMADA DE MESA PARA LAVATORIO, TIPO MONOCOMANDO. AF_01/2020","UN","COEFICIENTE DE REPRESENTATIVIDADE","240,11","CAIXA REFERENCIAL"]
["100854","TORNEIRA CROMADA DE MESA PARA LAVATÓRIO COM SENSOR DE PRESENCA. AF_01/2020","UN","COEFICIENTE DE REPRESENTATIVIDADE","1.248,81","CAIXA REFERENCIAL"]
["100855","SABONETEIRA DE PAREDE EM PLASTICO ABS COM ACABAMENTO CROMADO E ACRILICO, INCLUSO FIXAÇÃO. AF_01/2020","UN","COLETADO","31,26","CAIXA REFERENCIAL"]
["100856","MANOPLA E CANOPLA CROMADA \u0096 FORNECIMENTO E INSTALAÇÃO. AF_01/2020","UN","COEFICIENTE DE REPRESENTATIVIDADE","26,57","CAIXA REFERENCIAL"]
["100857","ACABAMENTO MONOCOMANDO PARA CHUVEIRO \u0096 FORNECIMENTO E INSTALAÇÃO. AF_01/2020","UN","COEFICIENTE DE REPRESENTATIVIDADE","366,19","CAIXA REFERENCIAL"]
["100858","MICTÓRIO SIFONADO LOUÇA BRANCA \u0096 PADRÃO MÉDIO \u0096 FORNECIMENTO E INSTALAÇÃO. AF_01/2020","UN","ATRIBUÍDO SÃO PAULO","497,29","CAIXA REFERENCIAL"]
["100859","MICTÓRIO SIFONADO LOUÇA BRANCA PARA ENTRADA DE ÁGUA EMBUTIDA \u0096 PADRÃO ALTO \u0096 FORNECIMENTO E INSTALAÇÃO. AF_01/2020","UN","ATRIBUÍDO SÃO PAULO","684,91","CAIXA REFERENCIAL"]
["100860","CHUVEIRO ELÉTRICO COMUM CORPO PLÁSTICO, TIPO DUCHA \u0096 FORNECIMENTO E INSTALAÇÃO. AF_01/2020","UN","COLETADO","77,28","CAIXA REFERENCIAL"]
["100861","SUPORTE MÃO FRANCESA EM AÇO, ABAS IGUAIS 30 CM, CAPACIDADE MINIMA 60 KG, BRANCO - FORNECIMENTO E INSTALAÇÃO. AF_01/2020","UN","COEFICIENTE DE REPRESENTATIVIDADE","43,35","CAIXA REFERENCIAL"]
["100862","SUPORTE MÃO FRANCESA EM ACO, ABAS IGUAIS 40 CM, CAPACIDADE MINIMA 70 KG, BRANCO - FORNECIMENTO E INSTALAÇÃO. AF_01/2020","UN","COEFICIENTE DE REPRESENTATIVIDADE","49,48","CAIXA REFERENCIAL"]
["100863","BARRA DE APOIO EM \"L\", EM ACO INOX POLIDO 70 X 70 CM, FIXADA NA PAREDE - FORNECIMENTO E INSTALACAO. AF_01/2020","UN","ATRIBUÍDO SÃO PAULO","472,31","CAIXA REFERENCIAL"]
["100864","BARRA DE APOIO EM \"L\", EM ACO INOX POLIDO 80 X 80 CM, FIXADA NA PAREDE - FORNECIMENTO E INSTALACAO. AF_01/2020","UN","ATRIBUÍDO SÃO PAULO","521,15","CAIXA REFERENCIAL"]
["100865","BARRA DE APOIO LATERAL ARTICULADA, COM TRAVA, EM ACO INOX POLIDO, FIXADA NA PAREDE - FORNECIMENTO E INSTALAÇÃO. AF_01/2020","UN","ATRIBUÍDO SÃO PAULO","473,62","CAIXA REFERENCIAL"]
["100866","BARRA DE APOIO RETA, EM ACO INOX POLIDO, COMPRIMENTO 60CM, FIXADA NA PAREDE - FORNECIMENTO E INSTALAÇÃO. AF_01/2020","UN","ATRIBUÍDO SÃO PAULO","239,98","CAIXA REFERENCIAL"]
["100867","BARRA DE APOIO RETA, EM ACO INOX POLIDO, COMPRIMENTO 70 CM,  FIXADA NA PAREDE - FORNECIMENTO E INSTALAÇÃO. AF_01/2020","UN","ATRIBUÍDO SÃO PAULO","256,08","CAIXA REFERENCIAL"]
["100868","BARRA DE APOIO RETA, EM ACO INOX POLIDO, COMPRIMENTO 80 CM,  FIXADA NA PAREDE - FORNECIMENTO E INSTALAÇÃO. AF_01/2020","UN","ATRIBUÍDO SÃO PAULO","266,80","CAIXA REFERENCIAL"]
["100869","BARRA DE APOIO RETA, EM ACO INOX POLIDO, COMPRIMENTO 90 CM,  FIXADA NA PAREDE - FORNECIMENTO E INSTALAÇÃO. AF_01/2020","UN","ATRIBUÍDO SÃO PAULO","275,02","CAIXA REFERENCIAL"]
["100870","BARRA DE APOIO RETA, EM ALUMINIO, COMPRIMENTO 60 CM,  FIXADA NA PAREDE - FORNECIMENTO E INSTALAÇÃO. AF_01/2020","UN","ATRIBUÍDO SÃO PAULO","194,90","CAIXA REFERENCIAL"]
["100871","BARRA DE APOIO RETA, EM ALUMINIO, COMPRIMENTO 70 CM,  FIXADA NA PAREDE - FORNECIMENTO E INSTALAÇÃO. AF_01/2020","UN","ATRIBUÍDO SÃO PAULO","209,65","CAIXA REFERENCIAL"]
["100872","BARRA DE APOIO RETA, EM ALUMINIO, COMPRIMENTO 80 CM,  FIXADA NA PAREDE - FORNECIMENTO E INSTALAÇÃO. AF_01/2020","UN","ATRIBUÍDO SÃO PAULO","219,07","CAIXA REFERENCIAL"]
["100873","BARRA DE APOIO RETA, EM ALUMINIO, COMPRIMENTO 90 CM,  FIXADA NA PAREDE - FORNECIMENTO E INSTALAÇÃO. AF_01/2020","UN","ATRIBUÍDO SÃO PAULO","224,95","CAIXA REFERENCIAL"]
["100874","PUXADOR PARA PCD, FIXADO NA PORTA - FORNECIMENTO E INSTALAÇÃO. AF_01/2020","UN","ATRIBUÍDO SÃO PAULO","239,98","CAIXA REFERENCIAL"]
["100875","BANCO ARTICULADO, EM ACO INOX, PARA PCD, FIXADO NA PAREDE - FORNECIMENTO E INSTALAÇÃO. AF_01/2020","UN","ATRIBUÍDO SÃO PAULO","872,59","CAIXA REFERENCIAL"]
["100878","VASO SANITÁRIO SIFONADO COM CAIXA ACOPLADA, LOUÇA BRANCA - PADRÃO ALTO - FORNECIMENTO E INSTALAÇÃO. AF_01/2020","UN","ATRIBUÍDO SÃO PAULO","446,31","CAIXA REFERENCIAL"]
["98052","TANQUE SÉPTICO CIRCULAR, EM CONCRETO PRÉ-MOLDADO, DIÂMETRO INTERNO = 1,10 M, ALTURA INTERNA = 2,50 M, VOLUME ÚTIL: 2138,2 L (PARA 5 CONTRIBUINTES). AF_12/2020","UN","ATRIBUÍDO SÃO PAULO","1.529,63","CAIXA REFERENCIAL"]
["98053","TANQUE SÉPTICO CIRCULAR, EM CONCRETO PRÉ-MOLDADO, DIÂMETRO INTERNO = 1,40 M, ALTURA INTERNA = 2,50 M, VOLUME ÚTIL: 3463,6 L (PARA 13 CONTRIBUINTES). AF_12/2020","UN","ATRIBUÍDO SÃO PAULO","2.085,94","CAIXA REFERENCIAL"]
["98054","TANQUE SÉPTICO CIRCULAR, EM CONCRETO PRÉ-MOLDADO, DIÂMETRO INTERNO = 1,88 M, ALTURA INTERNA = 2,50 M, VOLUME ÚTIL: 6245,8 L (PARA 32 CONTRIBUINTES). AF_12/2020","UN","ATRIBUÍDO SÃO PAULO","3.328,76","CAIXA REFERENCIAL"]
["98055","TANQUE SÉPTICO CIRCULAR, EM CONCRETO PRÉ-MOLDADO, DIÂMETRO INTERNO = 2,38 M, ALTURA INTERNA = 2,50 M, VOLUME ÚTIL: 10009,8 L (PARA 69 CONTRIBUINTES). AF_12/2020","UN","ATRIBUÍDO SÃO PAULO","4.503,19","CAIXA REFERENCIAL"]
["98056","TANQUE SÉPTICO CIRCULAR, EM CONCRETO PRÉ-MOLDADO, DIÂMETRO INTERNO = 2,38 M, ALTURA INTERNA = 3,0 M, VOLUME ÚTIL: 12234,2 L (PARA 86 CONTRIBUINTES). AF_12/2020","UN","ATRIBUÍDO SÃO PAULO","5.240,68","CAIXA REFERENCIAL"]
["98057","TANQUE SÉPTICO CIRCULAR, EM CONCRETO PRÉ-MOLDADO, DIÂMETRO INTERNO = 2,88 M, ALTURA INTERNA = 2,50 M, VOLUME ÚTIL: 14657,4 L (PARA 105 CONTRIBUINTES). AF_12/2020","UN","ATRIBUÍDO SÃO PAULO","6.187,54","CAIXA REFERENCIAL"]
["98058","FILTRO ANAERÓBIO CIRCULAR, EM CONCRETO PRÉ-MOLDADO, DIÂMETRO INTERNO = 1,10 M, ALTURA INTERNA = 1,50 M, VOLUME ÚTIL: 1140,4 L (PARA 5 CONTRIBUINTES). AF_12/2020","UN","ATRIBUÍDO SÃO PAULO","1.339,23","CAIXA REFERENCIAL"]
["98059","FILTRO ANAERÓBIO CIRCULAR, EM CONCRETO PRÉ-MOLDADO, DIÂMETRO INTERNO = 1,88 M, ALTURA INTERNA = 1,50 M, VOLUME ÚTIL: 3331,1 L (PARA 19 CONTRIBUINTES). AF_12/2020","UN","ATRIBUÍDO SÃO PAULO","2.859,34","CAIXA REFERENCIAL"]
["98060","FILTRO ANAERÓBIO CIRCULAR, EM CONCRETO PRÉ-MOLDADO, DIÂMETRO INTERNO = 2,38 M, ALTURA INTERNA = 1,50 M, VOLUME ÚTIL: 5338,6 L (PARA 34 CONTRIBUINTES). AF_12/2020","UN","ATRIBUÍDO SÃO PAULO","3.994,38","CAIXA REFERENCIAL"]
["98061","FILTRO ANAERÓBIO CIRCULAR, EM CONCRETO PRÉ-MOLDADO, DIÂMETRO INTERNO = 2,88 M, ALTURA INTERNA = 1,50 M, VOLUME ÚTIL: 7817,3 L (PARA 75 CONTRIBUINTES). AF_12/2020","UN","ATRIBUÍDO SÃO PAULO","5.533,48","CAIXA REFERENCIAL"]
["98062","SUMIDOURO CIRCULAR, EM CONCRETO PRÉ-MOLDADO, DIÂMETRO INTERNO = 1,88 M, ALTURA INTERNA = 2,00 M, ÁREA DE INFILTRAÇÃO: 13,1 M² (PARA 5 CONTRIBUINTES). AF_12/2020","UN","ATRIBUÍDO SÃO PAULO","2.117,08","CAIXA REFERENCIAL"]
["98063","SUMIDOURO CIRCULAR, EM CONCRETO PRÉ-MOLDADO, DIÂMETRO INTERNO = 2,38 M, ALTURA INTERNA = 2,50 M, ÁREA DE INFILTRAÇÃO: 21,3 M² (PARA 8 CONTRIBUINTES). AF_12/2020","UN","ATRIBUÍDO SÃO PAULO","3.223,51","CAIXA REFERENCIAL"]
["98064","SUMIDOURO CIRCULAR, EM CONCRETO PRÉ-MOLDADO, DIÂMETRO INTERNO = 2,38 M, ALTURA INTERNA = 3,0 M, ÁREA DE INFILTRAÇÃO: 25 M² (PARA 10 CONTRIBUINTES). AF_12/2020","UN","ATRIBUÍDO SÃO PAULO","3.708,46","CAIXA REFERENCIAL"]
["98065","SUMIDOURO CIRCULAR, EM CONCRETO PRÉ-MOLDADO, DIÂMETRO INTERNO = 2,88 M, ALTURA INTERNA = 3,0 M, ÁREA DE INFILTRAÇÃO: 31,4 M² (PARA 12 CONTRIBUINTES). AF_12/2020","UN","ATRIBUÍDO SÃO PAULO","5.123,82","CAIXA REFERENCIAL"]
["98066","TANQUE SÉPTICO RETANGULAR, EM ALVENARIA COM TIJOLOS CERÂMICOS MACIÇOS, DIMENSÕES INTERNAS: 1,0 X 2,0 X 1,4 M, VOLUME ÚTIL: 2000 L (PARA 5 CONTRIBUINTES). AF_12/2020","UN","ATRIBUÍDO SÃO PAULO","4.321,64","CAIXA REFERENCIAL"]
["98067","TANQUE SÉPTICO RETANGULAR, EM ALVENARIA COM TIJOLOS CERÂMICOS MACIÇOS, DIMENSÕES INTERNAS: 1,2 X 2,4 X 1,6 M, VOLUME ÚTIL: 3456 L (PARA 13 CONTRIBUINTES). AF_12/2020","UN","ATRIBUÍDO SÃO PAULO","5.760,81","CAIXA REFERENCIAL"]
["98068","TANQUE SÉPTICO RETANGULAR, EM ALVENARIA COM TIJOLOS CERÂMICOS MACIÇOS, DIMENSÕES INTERNAS: 1,4 X 3,2 X 1,8 M, VOLUME ÚTIL: 6272 L (PARA 32 CONTRIBUINTES). AF_12/2020","UN","ATRIBUÍDO SÃO PAULO","8.132,05","CAIXA REFERENCIAL"]
["98069","TANQUE SÉPTICO RETANGULAR, EM ALVENARIA COM TIJOLOS CERÂMICOS MACIÇOS, DIMENSÕES INTERNAS: 1,6 X 4,4 X 1,8 M, VOLUME ÚTIL: 9856 L (PARA 68 CONTRIBUINTES). AF_12/2020","UN","ATRIBUÍDO SÃO PAULO","10.905,80","CAIXA REFERENCIAL"]
["98070","TANQUE SÉPTICO RETANGULAR, EM ALVENARIA COM TIJOLOS CERÂMICOS MACIÇOS, DIMENSÕES INTERNAS: 1,6 X 4,8 X 2,0 M, VOLUME ÚTIL: 12288 L (PARA 86 CONTRIBUINTES). AF_12/2020","UN","ATRIBUÍDO SÃO PAULO","12.478,00","CAIXA REFERENCIAL"]
["98071","TANQUE SÉPTICO RETANGULAR, EM ALVENARIA COM TIJOLOS CERÂMICOS MACIÇOS, DIMENSÕES INTERNAS: 1,6 X 4,6 X 2,4 M, VOLUME ÚTIL: 14720 L (PARA 105 CONTRIBUINTES). AF_12/2020","UN","ATRIBUÍDO SÃO PAULO","13.658,01","CAIXA REFERENCIAL"]
["98072","FILTRO ANAERÓBIO RETANGULAR, EM ALVENARIA COM TIJOLOS CERÂMICOS MACIÇOS, DIMENSÕES INTERNAS: 0,8 X 1,2 X 1,67 M, VOLUME ÚTIL: 1152 L (PARA 5 CONTRIBUINTES). AF_12/2020","UN","ATRIBUÍDO SÃO PAULO","3.629,42","CAIXA REFERENCIAL"]
["98073","FILTRO ANAERÓBIO RETANGULAR, EM ALVENARIA COM TIJOLOS CERÂMICOS MACIÇOS, DIMENSÕES INTERNAS: 1,2 X 1,8 X 1,67 M, VOLUME ÚTIL: 2592 L (PARA 13 CONTRIBUINTES). AF_12/2020","UN","ATRIBUÍDO SÃO PAULO","5.656,99","CAIXA REFERENCIAL"]
["98074","FILTRO ANAERÓBIO RETANGULAR, EM ALVENARIA COM TIJOLOS CERÂMICOS MACIÇOS, DIMENSÕES INTERNAS: 1,4 X 3,0 X 1,67 M, VOLUME ÚTIL: 5040 L (PARA 32 CONTRIBUINTES). AF_12/2020","UN","ATRIBUÍDO SÃO PAULO","8.762,96","CAIXA REFERENCIAL"]
["98075","FILTRO ANAERÓBIO RETANGULAR, EM ALVENARIA COM TIJOLOS CERÂMICOS MACIÇOS, DIMENSÕES INTERNAS: 1,4 X 4,2 X 1,67 M, VOLUME ÚTIL: 7056 L (PARA 67 CONTRIBUINTES). AF_12/2020","UN","ATRIBUÍDO SÃO PAULO","11.383,12","CAIXA REFERENCIAL"]
["98076","FILTRO ANAERÓBIO RETANGULAR, EM ALVENARIA COM TIJOLOS CERÂMICOS MACIÇOS, DIMENSÕES INTERNAS: 1,6 X 4,6 X 1,67 M, VOLUME ÚTIL: 8832 L (PARA 84 CONTRIBUINTES). AF_12/2020","UN","ATRIBUÍDO SÃO PAULO","13.106,90","CAIXA REFERENCIAL"]
["98077","FILTRO ANAERÓBIO RETANGULAR, EM ALVENARIA COM TIJOLOS CERÂMICOS MACIÇOS, DIMENSÕES INTERNAS: 1,6 X 5,6 X 1,67 M, VOLUME ÚTIL: 10752 L (PARA 103 CONTRIBUINTES). AF_12/2020","UN","ATRIBUÍDO SÃO PAULO","15.423,11","CAIXA REFERENCIAL"]
["98078","SUMIDOURO RETANGULAR, EM ALVENARIA COM TIJOLOS CERÂMICOS MACIÇOS, DIMENSÕES INTERNAS: 0,8 X 1,4 X 3,0 M, ÁREA DE INFILTRAÇÃO: 13,2 M² (PARA 5 CONTRIBUINTES). AF_12/2020","UN","ATRIBUÍDO SÃO PAULO","3.569,13","CAIXA REFERENCIAL"]
["98079","SUMIDOURO RETANGULAR, EM ALVENARIA COM TIJOLOS CERÂMICOS MACIÇOS, DIMENSÕES INTERNAS: 1,0 X 3,0 X 3,0 M, ÁREA DE INFILTRAÇÃO: 25 M² (PARA 10 CONTRIBUINTES). AF_12/2020","UN","ATRIBUÍDO SÃO PAULO","6.262,34","CAIXA REFERENCIAL"]
["98080","SUMIDOURO RETANGULAR, EM ALVENARIA COM TIJOLOS CERÂMICOS MACIÇOS, DIMENSÕES INTERNAS: 1,6 X 3,4 X 3,0 M, ÁREA DE INFILTRAÇÃO: 32,9 M² (PARA 13 CONTRIBUINTES). AF_12/2020","UN","ATRIBUÍDO SÃO PAULO","8.063,84","CAIXA REFERENCIAL"]
["98081","SUMIDOURO RETANGULAR, EM ALVENARIA COM TIJOLOS CERÂMICOS MACIÇOS, DIMENSÕES INTERNAS: 1,6 X 5,8 X 3,0 M, ÁREA DE INFILTRAÇÃO: 50 M² (PARA 20 CONTRIBUINTES). AF_12/2020","UN","ATRIBUÍDO SÃO PAULO","11.954,91","CAIXA REFERENCIAL"]
["98082","TANQUE SÉPTICO RETANGULAR, EM ALVENARIA COM BLOCOS DE CONCRETO, DIMENSÕES INTERNAS: 1,0 X 2,0 X 1,4 M, VOLUME ÚTIL: 2000 L (PARA 5 CONTRIBUINTES). AF_12/2020","UN","ATRIBUÍDO SÃO PAULO","3.351,35","CAIXA REFERENCIAL"]
["98083","TANQUE SÉPTICO RETANGULAR, EM ALVENARIA COM BLOCOS DE CONCRETO, DIMENSÕES INTERNAS: 1,2 X 2,4 X 1,6 M, VOLUME ÚTIL: 3456 L (PARA 13 CONTRIBUINTES). AF_12/2020","UN","ATRIBUÍDO SÃO PAULO","4.419,52","CAIXA REFERENCIAL"]
["98084","TANQUE SÉPTICO RETANGULAR, EM ALVENARIA COM BLOCOS DE CONCRETO, DIMENSÕES INTERNAS: 1,4 X 3,2 X 1,8 M, VOLUME ÚTIL: 6272 L (PARA 32 CONTRIBUINTES). AF_12/2020","UN","ATRIBUÍDO SÃO PAULO","6.194,26","CAIXA REFERENCIAL"]
["98085","TANQUE SÉPTICO RETANGULAR, EM ALVENARIA COM BLOCOS DE CONCRETO, DIMENSÕES INTERNAS: 1,6 X 4,4 X 1,8 M, VOLUME ÚTIL: 9856 L (PARA 68 CONTRIBUINTES). AF_12/2020","UN","ATRIBUÍDO SÃO PAULO","8.388,87","CAIXA REFERENCIAL"]
["98086","TANQUE SÉPTICO RETANGULAR, EM ALVENARIA COM BLOCOS DE CONCRETO, DIMENSÕES INTERNAS: 1,6 X 4,8 X 2,0 M, VOLUME ÚTIL: 12288 L (PARA 86 CONTRIBUINTES). AF_12/2020","UN","ATRIBUÍDO SÃO PAULO","9.474,48","CAIXA REFERENCIAL"]
["98087","TANQUE SÉPTICO RETANGULAR, EM ALVENARIA COM BLOCOS DE CONCRETO, DIMENSÕES INTERNAS: 1,6 X 4,6 X 2,4 M, VOLUME ÚTIL: 14720 L (PARA 105 CONTRIBUINTES). AF_12/2020","UN","ATRIBUÍDO SÃO PAULO","10.126,27","CAIXA REFERENCIAL"]
["98088","FILTRO ANAERÓBIO RETANGULAR, EM ALVENARIA COM BLOCOS DE CONCRETO, DIMENSÕES INTERNAS: 0,8 X 1,2 X 1,67 M, VOLUME ÚTIL: 1152 L (PARA 5 CONTRIBUINTES). AF_12/2020","UN","ATRIBUÍDO SÃO PAULO","2.873,55","CAIXA REFERENCIAL"]
["98089","FILTRO ANAERÓBIO RETANGULAR, EM ALVENARIA COM BLOCOS DE CONCRETO, DIMENSÕES INTERNAS: 1,2 X 1,8 X 1,67 M, VOLUME ÚTIL: 2592 L (PARA 13 CONTRIBUINTES). AF_12/2020","UN","ATRIBUÍDO SÃO PAULO","4.527,74","CAIXA REFERENCIAL"]
["98090","FILTRO ANAERÓBIO RETANGULAR, EM ALVENARIA COM BLOCOS DE CONCRETO, DIMENSÕES INTERNAS: 1,4 X 3,0 X 1,67 M, VOLUME ÚTIL: 5040 L (PARA 32 CONTRIBUINTES). AF_12/2020","UN","ATRIBUÍDO SÃO PAULO","7.095,78","CAIXA REFERENCIAL"]
["98091","FILTRO ANAERÓBIO RETANGULAR, EM ALVENARIA COM BLOCOS DE CONCRETO, DIMENSÕES INTERNAS: 1,4 X 4,2 X 1,67 M, VOLUME ÚTIL: 7056 L (PARA 67 CONTRIBUINTES). AF_12/2020","UN","ATRIBUÍDO SÃO PAULO","9.134,13","CAIXA REFERENCIAL"]
["98092","FILTRO ANAERÓBIO RETANGULAR, EM ALVENARIA COM BLOCOS DE CONCRETO, DIMENSÕES INTERNAS: 1,6 X 4,6 X 1,67 M, VOLUME ÚTIL: 8832 L (PARA 84 CONTRIBUINTES). AF_12/2020","UN","ATRIBUÍDO SÃO PAULO","10.747,17","CAIXA REFERENCIAL"]
["98093","FILTRO ANAERÓBIO RETANGULAR, EM ALVENARIA COM BLOCOS DE CONCRETO, DIMENSÕES INTERNAS: 1,6 X 5,6 X 1,67 M, VOLUME ÚTIL: 10752 L (PARA 103 CONTRIBUINTES). AF_12/2020","UN","ATRIBUÍDO SÃO PAULO","12.680,60","CAIXA REFERENCIAL"]
["98094","SUMIDOURO RETANGULAR, EM ALVENARIA COM BLOCOS DE CONCRETO, DIMENSÕES INTERNAS: 0,8 X 1,4 X 3,0 M, ÁREA DE INFILTRAÇÃO: 13,2 M² (PARA 5 CONTRIBUINTES). AF_12/2020","UN","ATRIBUÍDO SÃO PAULO","2.366,79","CAIXA REFERENCIAL"]
["98099","SUMIDOURO RETANGULAR, EM ALVENARIA COM BLOCOS DE CONCRETO, DIMENSÕES INTERNAS: 1,0 X 3,0 X 3,0 M, ÁREA DE INFILTRAÇÃO: 25 M² (PARA 10 CONTRIBUINTES). AF_12/2020","UN","ATRIBUÍDO SÃO PAULO","4.038,20","CAIXA REFERENCIAL"]
["98100","SUMIDOURO RETANGULAR, EM ALVENARIA COM BLOCOS DE CONCRETO, DIMENSÕES INTERNAS: 1,6 X 3,4 X 3,0 M, ÁREA DE INFILTRAÇÃO: 32,9 M² (PARA 13 CONTRIBUINTES). . AF_12/2020","UN","ATRIBUÍDO SÃO PAULO","5.272,06","CAIXA REFERENCIAL"]
["98101","SUMIDOURO RETANGULAR, EM ALVENARIA COM BLOCOS DE CONCRETO, DIMENSÕES INTERNAS: 1,6 X 5,8 X 3,0 M, ÁREA DE INFILTRAÇÃO: 50 M² (PARA 20 CONTRIBUINTES). . AF_12/2020","UN","ATRIBUÍDO SÃO PAULO","7.782,67","CAIXA REFERENCIAL"]
["98109","CAIXA DE GORDURA ESPECIAL (CAPACIDADE: 312 L - PARA ATÉ 146 PESSOAS SERVIDAS NO PICO), RETANGULAR, EM ALVENARIA COM BLOCOS DE CONCRETO, DIMENSÕES INTERNAS = 0,4X1,2 M, ALTURA INTERNA = 1 M. AF_12/2020","UN","ATRIBUÍDO SÃO PAULO","673,74","CAIXA REFERENCIAL"]
["98110","CAIXA DE GORDURA PEQUENA (CAPACIDADE: 19 L), CIRCULAR, EM PVC, DIÂMETRO INTERNO= 0,3 M. AF_12/2020","UN","ATRIBUÍDO SÃO PAULO","399,18","CAIXA REFERENCIAL"]
["98111","CAIXA DE INSPEÇÃO PARA ATERRAMENTO, CIRCULAR, EM POLIETILENO, DIÂMETRO INTERNO = 0,3 M. AF_12/2020","UN","ATRIBUÍDO SÃO PAULO","52,62","CAIXA REFERENCIAL"]
["98112","TIL (TUBO DE INSPEÇÃO E LIMPEZA) CONDOMINIAL PARA ESGOTO, EM PVC, DN 100 X 100 MM. AF_12/2020","UN","ATRIBUÍDO SÃO PAULO","111,27","CAIXA REFERENCIAL"]
["98114","TAMPA CIRCULAR PARA ESGOTO E DRENAGEM, EM FERRO FUNDIDO, DIÂMETRO INTERNO = 0,6 M. AF_12/2020","UN","ATRIBUÍDO SÃO PAULO","722,19","CAIXA REFERENCIAL"]
["98115","TAMPA CIRCULAR PARA ESGOTO E DRENAGEM, EM CONCRETO PRÉ-MOLDADO, DIÂMETRO INTERNO = 0,6 M. AF_12/2020","UN","ATRIBUÍDO SÃO PAULO","93,58","CAIXA REFERENCIAL"]
["89957","PONTO DE CONSUMO TERMINAL DE ÁGUA FRIA (SUBRAMAL) COM TUBULAÇÃO DE PVC, DN 25 MM, INSTALADO EM RAMAL DE ÁGUA, INCLUSOS RASGO E CHUMBAMENTO EM ALVENARIA. AF_12/2014","UN","COEFICIENTE DE REPRESENTATIVIDADE","116,77","CAIXA REFERENCIAL"]
["89959","PONTO DE CONSUMO TERMINAL DE ÁGUA QUENTE (SUBRAMAL) COM TUBULAÇÃO DE CPVC, DN 22 MM, INSTALADO EM RAMAL DE ÁGUA, INCLUSOS RASGO E CHUMBAMENTO EM ALVENARIA. AF_12/2014","UN","COEFICIENTE DE REPRESENTATIVIDADE","207,17","CAIXA REFERENCIAL"]
["89349","REGISTRO DE PRESSÃO BRUTO, LATÃO, ROSCÁVEL, 1/2\" - FORNECIMENTO E INSTALAÇÃO. AF_08/2021","UN","COEFICIENTE DE REPRESENTATIVIDADE","24,56","CAIXA REFERENCIAL"]
["89351","REGISTRO DE PRESSÃO BRUTO, LATÃO,  ROSCÁVEL, 3/4'' - FORNECIMENTO E INSTALAÇÃO. AF_08/2021","UN","COEFICIENTE DE REPRESENTATIVIDADE","30,17","CAIXA REFERENCIAL"]
["89352","REGISTRO DE GAVETA BRUTO, LATÃO, ROSCÁVEL, 1/2\" - FORNECIMENTO E INSTALAÇÃO. AF_08/2021","UN","COEFICIENTE DE REPRESENTATIVIDADE","33,61","CAIXA REFERENCIAL"]
["89353","REGISTRO DE GAVETA BRUTO, LATÃO, ROSCÁVEL, 3/4\" - FORNECIMENTO E INSTALAÇÃO. AF_08/2021","UN","COEFICIENTE DE REPRESENTATIVIDADE","36,65","CAIXA REFERENCIAL"]
["89354","MISTURADOR MONOCOMANDO PARA CHUVEIRO, BASE BRUTA E ACABAMENTO CROMADO - FORNECIMENTO E INSTALAÇÃO. AF_08/2021","UN","COEFICIENTE DE REPRESENTATIVIDADE","379,27","CAIXA REFERENCIAL"]
["89969","KIT DE REGISTRO DE PRESSÃO BRUTO DE LATÃO ½\", INCLUSIVE CONEXÕES,  ROSCÁVEL, INSTALADO EM RAMAL DE ÁGUA FRIA - FORNECIMENTO E INSTALAÇÃO. AF_12/2014","UN","COEFICIENTE DE REPRESENTATIVIDADE","40,04","CAIXA REFERENCIAL"]
["89970","KIT DE REGISTRO DE PRESSÃO BRUTO DE LATÃO ¾\", INCLUSIVE CONEXÕES, ROSCÁVEL, INSTALADO EM RAMAL DE ÁGUA FRIA - FORNECIMENTO E INSTALAÇÃO. AF_12/2014","UN","COEFICIENTE DE REPRESENTATIVIDADE","43,02","CAIXA REFERENCIAL"]
["89971","KIT DE REGISTRO DE GAVETA BRUTO DE LATÃO ½\", INCLUSIVE CONEXÕES, ROSCÁVEL, INSTALADO EM RAMAL DE ÁGUA FRIA - FORNECIMENTO E INSTALAÇÃO. AF_12/2014","UN","COEFICIENTE DE REPRESENTATIVIDADE","43,39","CAIXA REFERENCIAL"]
["89972","KIT DE REGISTRO DE GAVETA BRUTO DE LATÃO ¾\", INCLUSIVE CONEXÕES, ROSCÁVEL, INSTALADO EM RAMAL DE ÁGUA FRIA - FORNECIMENTO E INSTALAÇÃO. AF_12/2014","UN","COEFICIENTE DE REPRESENTATIVIDADE","48,33","CAIXA REFERENCIAL"]
["89973","KIT DE MISTURADOR BASE BRUTA DE LATÃO ¾\" MONOCOMANDO PARA CHUVEIRO, INCLUSIVE CONEXÕES, INSTALADO EM RAMAL DE ÁGUA - FORNECIMENTO E INSTALAÇÃO. AF_12/2014","UN","COEFICIENTE DE REPRESENTATIVIDADE","597,21","CAIXA REFERENCIAL"]
["89974","KIT DE TÊ MISTURADOR EM CPVC ¾\" COM DUPLO COMANDO PARA CHUVEIRO, INCLUSIVE CONEXÕES, INSTALADO EM RAMAL DE ÁGUA - FORNECIMENTO E INSTALAÇÃO. AF_12/2014","UN","COEFICIENTE DE REPRESENTATIVIDADE","295,75","CAIXA REFERENCIAL"]
["89984","REGISTRO DE PRESSÃO BRUTO, LATÃO, ROSCÁVEL, 1/2\", COM ACABAMENTO E CANOPLA CROMADOS - FORNECIMENTO E INSTALAÇÃO. AF_08/2021","UN","COEFICIENTE DE REPRESENTATIVIDADE","79,22","CAIXA REFERENCIAL"]
["89985","REGISTRO DE PRESSÃO BRUTO, LATÃO, ROSCÁVEL, 3/4\", COM ACABAMENTO E CANOPLA CROMADOS - FORNECIMENTO E INSTALAÇÃO. AF_08/2021","UN","COEFICIENTE DE REPRESENTATIVIDADE","83,03","CAIXA REFERENCIAL"]
["89986","REGISTRO DE GAVETA BRUTO, LATÃO, ROSCÁVEL, 1/2\", COM ACABAMENTO E CANOPLA CROMADOS - FORNECIMENTO E INSTALAÇÃO. AF_08/2021","UN","COEFICIENTE DE REPRESENTATIVIDADE","77,15","CAIXA REFERENCIAL"]
["89987","REGISTRO DE GAVETA BRUTO, LATÃO, ROSCÁVEL, 3/4\", COM ACABAMENTO E CANOPLA CROMADOS - FORNECIMENTO E INSTALAÇÃO. AF_08/2021","UN","COEFICIENTE DE REPRESENTATIVIDADE","87,57","CAIXA REFERENCIAL"]
["90371","REGISTRO DE ESFERA, PVC, ROSCÁVEL, COM VOLANTE, 3/4\" - FORNECIMENTO E INSTALAÇÃO. AF_08/2021","UN","COEFICIENTE DE REPRESENTATIVIDADE","34,30","CAIXA REFERENCIAL"]
["94489","REGISTRO DE ESFERA, PVC, SOLDÁVEL, COM VOLANTE, DN  25 MM - FORNECIMENTO E INSTALAÇÃO. AF_08/2021","UN","COEFICIENTE DE REPRESENTATIVIDADE","35,00","CAIXA REFERENCIAL"]
["94490","REGISTRO DE ESFERA, PVC, SOLDÁVEL, COM VOLANTE, DN  32 MM - FORNECIMENTO E INSTALAÇÃO. AF_08/2021","UN","COEFICIENTE DE REPRESENTATIVIDADE","53,12","CAIXA REFERENCIAL"]
["94491","REGISTRO DE ESFERA, PVC, SOLDÁVEL, COM VOLANTE, DN  40 MM - FORNECIMENTO E INSTALAÇÃO. AF_08/2021","UN","COEFICIENTE DE REPRESENTATIVIDADE","72,03","CAIXA REFERENCIAL"]
["94492","REGISTRO DE ESFERA, PVC, SOLDÁVEL, COM VOLANTE, DN  50 MM - FORNECIMENTO E INSTALAÇÃO. AF_08/2021","UN","COEFICIENTE DE REPRESENTATIVIDADE","74,18","CAIXA REFERENCIAL"]
["94493","REGISTRO DE ESFERA, PVC, SOLDÁVEL, COM VOLANTE, DN  60 MM - FORNECIMENTO E INSTALAÇÃO. AF_08/2021","UN","COEFICIENTE DE REPRESENTATIVIDADE","136,07","CAIXA REFERENCIAL"]
["94495","REGISTRO DE GAVETA BRUTO, LATÃO, ROSCÁVEL, 1\" - FORNECIMENTO E INSTALAÇÃO. AF_08/2021","UN","COEFICIENTE DE REPRESENTATIVIDADE","56,93","CAIXA REFERENCIAL"]
["94496","REGISTRO DE GAVETA BRUTO, LATÃO, ROSCÁVEL, 1 1/4\" - FORNECIMENTO E INSTALAÇÃO. AF_08/2021","UN","COEFICIENTE DE REPRESENTATIVIDADE","77,57","CAIXA REFERENCIAL"]
["94497","REGISTRO DE GAVETA BRUTO, LATÃO, ROSCÁVEL, 1 1/2\" - FORNECIMENTO E INSTALAÇÃO. AF_08/2021","UN","COEFICIENTE DE REPRESENTATIVIDADE","98,17","CAIXA REFERENCIAL"]
["94498","REGISTRO DE GAVETA BRUTO, LATÃO, ROSCÁVEL, 2\" - FORNECIMENTO E INSTALAÇÃO. AF_08/2021","UN","COEFICIENTE DE REPRESENTATIVIDADE","135,79","CAIXA REFERENCIAL"]
["94499","REGISTRO DE GAVETA BRUTO, LATÃO, ROSCÁVEL, 2 1/2\" - FORNECIMENTO E INSTALAÇÃO. AF_08/2021","UN","COEFICIENTE DE REPRESENTATIVIDADE","272,85","CAIXA REFERENCIAL"]
["94500","REGISTRO DE GAVETA BRUTO, LATÃO, ROSCÁVEL, 3\" - FORNECIMENTO E INSTALAÇÃO. AF_08/2021","UN","COEFICIENTE DE REPRESENTATIVIDADE","330,97","CAIXA REFERENCIAL"]
["94501","REGISTRO DE GAVETA BRUTO, LATÃO, ROSCÁVEL, 4\" - FORNECIMENTO E INSTALAÇÃO. AF_08/2021","UN","COEFICIENTE DE REPRESENTATIVIDADE","673,41","CAIXA REFERENCIAL"]
["94792","REGISTRO DE GAVETA BRUTO, LATÃO, ROSCÁVEL, 1\", COM ACABAMENTO E CANOPLA CROMADOS - FORNECIMENTO E INSTALAÇÃO. AF_08/2021","UN","COEFICIENTE DE REPRESENTATIVIDADE","106,82","CAIXA REFERENCIAL"]
["94793","REGISTRO DE GAVETA BRUTO, LATÃO, ROSCÁVEL, 1 1/4\", COM ACABAMENTO E CANOPLA CROMADOS - FORNECIMENTO E INSTALAÇÃO. AF_08/2021","UN","COEFICIENTE DE REPRESENTATIVIDADE","146,88","CAIXA REFERENCIAL"]
["94794","REGISTRO DE GAVETA BRUTO, LATÃO, ROSCÁVEL, 1 1/2\", COM ACABAMENTO E CANOPLA CROMADOS - FORNECIMENTO E INSTALAÇÃO. AF_08/2021","UN","COEFICIENTE DE REPRESENTATIVIDADE","155,22","CAIXA REFERENCIAL"]
["94795","TORNEIRA DE BOIA PARA CAIXA D'ÁGUA, ROSCÁVEL, 1/2\" - FORNECIMENTO E INSTALAÇÃO. AF_08/2021","UN","COEFICIENTE DE REPRESENTATIVIDADE","34,21","CAIXA REFERENCIAL"]
["94796","TORNEIRA DE BOIA PARA CAIXA D'ÁGUA, ROSCÁVEL, 3/4\" - FORNECIMENTO E INSTALAÇÃO. AF_08/2021","UN","COEFICIENTE DE REPRESENTATIVIDADE","38,87","CAIXA REFERENCIAL"]
["94797","TORNEIRA DE BOIA PARA CAIXA D'ÁGUA, ROSCÁVEL, 1\" - FORNECIMENTO E INSTALAÇÃO. AF_08/2021","UN","COEFICIENTE DE REPRESENTATIVIDADE","81,52","CAIXA REFERENCIAL"]
["94798","TORNEIRA DE BOIA PARA CAIXA D'ÁGUA, ROSCÁVEL, 1 1/4\" - FORNECIMENTO E INSTALAÇÃO. AF_08/2021","UN","COEFICIENTE DE REPRESENTATIVIDADE","135,82","CAIXA REFERENCIAL"]
["94799","TORNEIRA DE BOIA PARA CAIXA D'ÁGUA, ROSCÁVEL, 1 1/2\" - FORNECIMENTO E INSTALAÇÃO. AF_08/2021","UN","COEFICIENTE DE REPRESENTATIVIDADE","166,55","CAIXA REFERENCIAL"]
["94800","TORNEIRA DE BOIA PARA CAIXA D'ÁGUA, ROSCÁVEL, 2\" - FORNECIMENTO E INSTALAÇÃO. AF_08/2021","UN","COEFICIENTE DE REPRESENTATIVIDADE","213,80","CAIXA REFERENCIAL"]
["95248","VÁLVULA DE ESFERA BRUTA, BRONZE, ROSCÁVEL, 1/2\" - FORNECIMENTO E INSTALAÇÃO. AF_08/2021","UN","COEFICIENTE DE REPRESENTATIVIDADE","49,10","CAIXA REFERENCIAL"]
["95249","VÁLVULA DE ESFERA BRUTA, BRONZE, ROSCÁVEL, 3/4'' - FORNECIMENTO E INSTALAÇÃO. AF_08/2021","UN","COEFICIENTE DE REPRESENTATIVIDADE","57,62","CAIXA REFERENCIAL"]
["95250","VÁLVULA DE ESFERA BRUTA, BRONZE, ROSCÁVEL, 1'' - FORNECIMENTO E INSTALAÇÃO. AF_08/2021","UN","COEFICIENTE DE REPRESENTATIVIDADE","77,77","CAIXA REFERENCIAL"]
["95251","VÁLVULA DE ESFERA BRUTA, BRONZE, ROSCÁVEL, 1 1/4'' - FORNECIMENTO E INSTALAÇÃO. AF_08/2021","UN","COEFICIENTE DE REPRESENTATIVIDADE","115,22","CAIXA REFERENCIAL"]
["95252","VÁLVULA DE ESFERA BRUTA, BRONZE, ROSCÁVEL, 1 1/2'' - FORNECIMENTO E INSTALAÇÃO. AF_08/2021","UN","COEFICIENTE DE REPRESENTATIVIDADE","11,72","CAIXA REFERENCIAL"]
["95253","VÁLVULA DE ESFERA BRUTA, BRONZE, ROSCÁVEL, 2'' - FORNECIMENTO E INSTALAÇÃO. AF_08/2021","UN","COEFICIENTE DE REPRESENTATIVIDADE","212,77","CAIXA REFERENCIAL"]
["99619","VÁLVULA DE RETENÇÃO HORIZONTAL, DE BRONZE, ROSCÁVEL, 3/4\" - FORNECIMENTO E INSTALAÇÃO. AF_08/2021","UN","COEFICIENTE DE REPRESENTATIVIDADE","74,22","CAIXA REFERENCIAL"]
["99620","VÁLVULA DE RETENÇÃO HORIZONTAL, DE BRONZE, ROSCÁVEL, 1\" - FORNECIMENTO E INSTALAÇÃO. AF_08/2021","UN","COEFICIENTE DE REPRESENTATIVIDADE","100,82","CAIXA REFERENCIAL"]
["99621","VÁLVULA DE RETENÇÃO HORIZONTAL, DE BRONZE, ROSCÁVEL, 1 1/4\" - FORNECIMENTO E INSTALAÇÃO. AF_08/2021","UN","COEFICIENTE DE REPRESENTATIVIDADE","150,21","CAIXA REFERENCIAL"]
["99622","VÁLVULA DE RETENÇÃO HORIZONTAL, DE BRONZE, ROSCÁVEL, 1 1/2\"  - FORNECIMENTO E INSTALAÇÃO. AF_08/2021","UN","COEFICIENTE DE REPRESENTATIVIDADE","169,13","CAIXA REFERENCIAL"]
["99623","VÁLVULA DE RETENÇÃO HORIZONTAL, DE BRONZE, ROSCÁVEL, 2\"  - FORNECIMENTO E INSTALAÇÃO. AF_08/2021","UN","COEFICIENTE DE REPRESENTATIVIDADE","235,94","CAIXA REFERENCIAL"]
["99624","VÁLVULA DE RETENÇÃO HORIZONTAL, DE BRONZE, ROSCÁVEL, 2 1/2\" - FORNECIMENTO E INSTALAÇÃO. AF_08/2021","UN","COEFICIENTE DE REPRESENTATIVIDADE","336,29","CAIXA REFERENCIAL"]
["99625","VÁLVULA DE RETENÇÃO HORIZONTAL, DE BRONZE, ROSCÁVEL, 3\" - FORNECIMENTO E INSTALAÇÃO. AF_08/2021","UN","COEFICIENTE DE REPRESENTATIVIDADE","462,41","CAIXA REFERENCIAL"]
["99626","VÁLVULA DE RETENÇÃO HORIZONTAL, DE BRONZE, ROSCÁVEL, 4\" - FORNECIMENTO E INSTALAÇÃO. AF_08/2021","UN","COEFICIENTE DE REPRESENTATIVIDADE","711,58","CAIXA REFERENCIAL"]
["99627","VÁLVULA DE RETENÇÃO VERTICAL, DE BRONZE, ROSCÁVEL, 1/2\" - FORNECIMENTO E INSTALAÇÃO. AF_08/2021","UN","COEFICIENTE DE REPRESENTATIVIDADE","44,80","CAIXA REFERENCIAL"]
["99628","VÁLVULA DE RETENÇÃO VERTICAL, DE BRONZE, ROSCÁVEL, 3/4\" - FORNECIMENTO E INSTALAÇÃO. AF_08/2021","UN","COEFICIENTE DE REPRESENTATIVIDADE","48,98","CAIXA REFERENCIAL"]
["99629","VÁLVULA DE RETENÇÃO VERTICAL, DE BRONZE, ROSCÁVEL, 1\" - FORNECIMENTO E INSTALAÇÃO. AF_08/2021","UN","COEFICIENTE DE REPRESENTATIVIDADE","54,49","CAIXA REFERENCIAL"]
["99630","VÁLVULA DE RETENÇÃO VERTICAL, DE BRONZE, ROSCÁVEL, 1 1/4\" - FORNECIMENTO E INSTALAÇÃO. AF_08/2021","UN","COEFICIENTE DE REPRESENTATIVIDADE","81,01","CAIXA REFERENCIAL"]
["99631","VÁLVULA DE RETENÇÃO VERTICAL, DE BRONZE, ROSCÁVEL, 1 1/2\" - FORNECIMENTO E INSTALAÇÃO. AF_08/2021","UN","COEFICIENTE DE REPRESENTATIVIDADE","94,35","CAIXA REFERENCIAL"]
["99632","VÁLVULA DE RETENÇÃO VERTICAL, DE BRONZE, ROSCÁVEL, 2\" - FORNECIMENTO E INSTALAÇÃO. AF_08/2021","UN","COEFICIENTE DE REPRESENTATIVIDADE","135,94","CAIXA REFERENCIAL"]
["99633","VÁLVULA DE RETENÇÃO VERTICAL, DE BRONZE, ROSCÁVEL, 3\" - FORNECIMENTO E INSTALAÇÃO. AF_08/2021","UN","COEFICIENTE DE REPRESENTATIVIDADE","291,32","CAIXA REFERENCIAL"]
["99634","VÁLVULA DE RETENÇÃO VERTICAL, DE BRONZE, ROSCÁVEL, 4\" - FORNECIMENTO E INSTALAÇÃO. AF_08/2021","UN","COEFICIENTE DE REPRESENTATIVIDADE","496,32","CAIXA REFERENCIAL"]
["99635","VÁLVULA DE DESCARGA METÁLICA, BASE 1 1/2\", ACABAMENTO METALICO CROMADO - FORNECIMENTO E INSTALAÇÃO. AF_08/2021","UN","COEFICIENTE DE REPRESENTATIVIDADE","259,48","CAIXA REFERENCIAL"]
["103008","VÁLVULA DE RETENÇÃO HORIZONTAL, DE BRONZE, ROSCÁVEL, 1/2\" - FORNECIMENTO E INSTALAÇÃO. AF_08/2021","UN","COEFICIENTE DE REPRESENTATIVIDADE","60,59","CAIXA REFERENCIAL"]
["103009","VÁLVULA DE RETENÇÃO VERTICAL, DE BRONZE, ROSCÁVEL, 2 1/2\" - FORNECIMENTO E INSTALAÇÃO. AF_08/2021","UN","COEFICIENTE DE REPRESENTATIVIDADE","214,67","CAIXA REFERENCIAL"]
["103010","VÁLVULA DE RETENÇÃO, DE BRONZE, PÉ COM CRIVOS, ROSCÁVEL, 3/4\" - FORNECIMENTO E INSTALAÇÃO. AF_08/2021","UN","COEFICIENTE DE REPRESENTATIVIDADE","45,94","CAIXA REFERENCIAL"]
["103011","VÁLVULA DE RETENÇÃO, DE BRONZE, PÉ COM CRIVOS, ROSCÁVEL, 1\" - FORNECIMENTO E INSTALAÇÃO. AF_08/2021","UN","COEFICIENTE DE REPRESENTATIVIDADE","51,26","CAIXA REFERENCIAL"]
["103012","VÁLVULA DE RETENÇÃO, DE BRONZE, PÉ COM CRIVOS, ROSCÁVEL, 1 1/4\" - FORNECIMENTO E INSTALAÇÃO. AF_08/2021","UN","COEFICIENTE DE REPRESENTATIVIDADE","80,78","CAIXA REFERENCIAL"]
["103013","VÁLVULA DE RETENÇÃO, DE BRONZE, PÉ COM CRIVOS, ROSCÁVEL, 1 1/2\" - FORNECIMENTO E INSTALAÇÃO. AF_08/2021","UN","COEFICIENTE DE REPRESENTATIVIDADE","87,03","CAIXA REFERENCIAL"]
["103014","VÁLVULA DE RETENÇÃO, DE BRONZE, PÉ COM CRIVOS, ROSCÁVEL, 2\" - FORNECIMENTO E INSTALAÇÃO. AF_08/2021","UN","COEFICIENTE DE REPRESENTATIVIDADE","130,79","CAIXA REFERENCIAL"]
["103015","VÁLVULA DE RETENÇÃO, DE BRONZE, PÉ COM CRIVOS, ROSCÁVEL, 2 1/2\" - FORNECIMENTO E INSTALAÇÃO. AF_08/2021","UN","COEFICIENTE DE REPRESENTATIVIDADE","231,05","CAIXA REFERENCIAL"]
["103016","VÁLVULA DE RETENÇÃO, DE BRONZE, PÉ COM CRIVOS, ROSCÁVEL, 3\" - FORNECIMENTO E INSTALAÇÃO. AF_08/2021","UN","COEFICIENTE DE REPRESENTATIVIDADE","315,78","CAIXA REFERENCIAL"]
["103017","VÁLVULA DE RETENÇÃO, DE BRONZE, PÉ COM CRIVOS, ROSCÁVEL, 4\" - FORNECIMENTO E INSTALAÇÃO. AF_08/2021","UN","COEFICIENTE DE REPRESENTATIVIDADE","550,89","CAIXA REFERENCIAL"]
["103018","VÁLVULA DE DESCARGA METÁLICA, BASE 1 1/4\", ACABAMENTO METALICO CROMADO - FORNECIMENTO E INSTALAÇÃO. AF_08/2021","UN","COEFICIENTE DE REPRESENTATIVIDADE","212,04","CAIXA REFERENCIAL"]
["103019","REGISTRO OU VÁLVULA GLOBO ANGULAR EM LATÃO, PARA HIDRANTES EM INSTALAÇÃO PREDIAL DE INCÊNDIO, 45 GRAUS, 2 1/2\" - FORNECIMENTO E INSTALAÇÃO. AF_08/2021","UN","COEFICIENTE DE REPRESENTATIVIDADE","199,40","CAIXA REFERENCIAL"]
["103029","REGISTRO OU REGULADOR DE GÁS DE COZINHA - FORNECIMENTO E INSTALAÇÃO. AF_08/2021","UN","COEFICIENTE DE REPRESENTATIVIDADE","42,06","CAIXA REFERENCIAL"]
["103036","REGISTRO DE ESFERA, PVC, ROSCÁVEL, COM VOLANTE, 1/2\" - FORNECIMENTO E INSTALAÇÃO. AF_08/2021","UN","COEFICIENTE DE REPRESENTATIVIDADE","27,93","CAIXA REFERENCIAL"]
["103037","REGISTRO DE ESFERA, PVC, ROSCÁVEL, COM VOLANTE, 1\" - FORNECIMENTO E INSTALAÇÃO. AF_08/2021","UN","COEFICIENTE DE REPRESENTATIVIDADE","54,84","CAIXA REFERENCIAL"]
["103038","REGISTRO DE ESFERA, PVC, ROSCÁVEL, COM VOLANTE, 1 1/4\" - FORNECIMENTO E INSTALAÇÃO. AF_08/2021","UN","COEFICIENTE DE REPRESENTATIVIDADE","73,34","CAIXA REFERENCIAL"]
["103039","REGISTRO DE ESFERA, PVC, ROSCÁVEL, COM VOLANTE, 1 1/2\" - FORNECIMENTO E INSTALAÇÃO. AF_08/2021","UN","COEFICIENTE DE REPRESENTATIVIDADE","78,76","CAIXA REFERENCIAL"]
["103040","REGISTRO DE ESFERA, PVC, ROSCÁVEL, COM VOLANTE, 2\" - FORNECIMENTO E INSTALAÇÃO. AF_08/2021","UN","COEFICIENTE DE REPRESENTATIVIDADE","118,32","CAIXA REFERENCIAL"]
["103041","REGISTRO DE ESFERA, PVC, ROSCÁVEL, COM BORBOLETA, 1/2\" - FORNECIMENTO E INSTALAÇÃO. AF_08/2021","UN","COEFICIENTE DE REPRESENTATIVIDADE","22,98","CAIXA REFERENCIAL"]
["103042","REGISTRO DE ESFERA, PVC, ROSCÁVEL, COM BORBOLETA, 3/4\" - FORNECIMENTO E INSTALAÇÃO. AF_08/2021","UN","COEFICIENTE DE REPRESENTATIVIDADE","27,90","CAIXA REFERENCIAL"]
["103043","REGISTRO DE ESFERA, PVC, ROSCÁVEL, COM CABEÇA QUADRADA, 1/2\" - FORNECIMENTO E INSTALAÇÃO. AF_08/2021","UN","COEFICIENTE DE REPRESENTATIVIDADE","26,81","CAIXA REFERENCIAL"]
["103044","REGISTRO DE ESFERA, PVC, ROSCÁVEL, COM CABEÇA QUADRADA, 3/4\" - FORNECIMENTO E INSTALAÇÃO. AF_08/2021","UN","COEFICIENTE DE REPRESENTATIVIDADE","35,87","CAIXA REFERENCIAL"]
["103045","REGISTRO DE PRESSÃO, PVC, ROSCÁVEL, VOLANTE SIMPLES, 1/2\" - FORNECIMENTO E INSTALAÇÃO. AF_08/2021","UN","COEFICIENTE DE REPRESENTATIVIDADE","10,41","CAIXA REFERENCIAL"]
["103046","REGISTRO DE PRESSÃO, PVC, ROSCÁVEL, VOLANTE SIMPLES, 3/4\" - FORNECIMENTO E INSTALAÇÃO. AF_08/2021","UN","COEFICIENTE DE REPRESENTATIVIDADE","26,29","CAIXA REFERENCIAL"]
["103047","REGISTRO DE ESFERA, PVC, SOLDÁVEL, COM VOLANTE, DN  20 MM - FORNECIMENTO E INSTALAÇÃO. AF_08/2021","UN","COEFICIENTE DE REPRESENTATIVIDADE","27,93","CAIXA REFERENCIAL"]
["103048","REGISTRO DE PRESSÃO, PVC, SOLDÁVEL, VOLANTE SIMPLES, DN  20 MM - FORNECIMENTO E INSTALAÇÃO. AF_08/2021","UN","COEFICIENTE DE REPRESENTATIVIDADE","20,33","CAIXA REFERENCIAL"]
["103049","REGISTRO DE PRESSÃO, PVC, SOLDÁVEL, VOLANTE SIMPLES, DN  25 MM - FORNECIMENTO E INSTALAÇÃO. AF_08/2021","UN","COEFICIENTE DE REPRESENTATIVIDADE","22,35","CAIXA REFERENCIAL"]
["103050","SUBSTITUIÇÃO DE REGISTRO OU VÁLVULA, ROSCÁVEL, DN  20 MM. AF_08/2021","UN","COEFICIENTE DE REPRESENTATIVIDADE","20,04","CAIXA REFERENCIAL"]
["103051","SUBSTITUIÇÃO DE REGISTRO OU VÁLVULA, ROSCÁVEL, DN  25 MM. AF_08/2021","UN","COEFICIENTE DE REPRESENTATIVIDADE","24,51","CAIXA REFERENCIAL"]
["103052","SUBSTITUIÇÃO DE REGISTRO OU VÁLVULA, ROSCÁVEL, DN  32 MM. AF_08/2021","UN","COEFICIENTE DE REPRESENTATIVIDADE","35,12","CAIXA REFERENCIAL"]
["95634","KIT CAVALETE PARA MEDIÇÃO DE ÁGUA - ENTRADA PRINCIPAL, EM PVC SOLDÁVEL DN 20 (½\")   FORNECIMENTO E INSTALAÇÃO (EXCLUSIVE HIDRÔMETRO). AF_11/2016","UN","COEFICIENTE DE REPRESENTATIVIDADE","180,80","CAIXA REFERENCIAL"]
["95635","KIT CAVALETE PARA MEDIÇÃO DE ÁGUA - ENTRADA PRINCIPAL, EM PVC SOLDÁVEL DN 25 (¾\")   FORNECIMENTO E INSTALAÇÃO (EXCLUSIVE HIDRÔMETRO). AF_11/2016","UN","COEFICIENTE DE REPRESENTATIVIDADE","190,96","CAIXA REFERENCIAL"]
["95636","KIT CAVALETE PARA MEDIÇÃO DE ÁGUA - ENTRADA PRINCIPAL, EM AÇO GALVANIZADO DN 25 (1 )   FORNECIMENTO E INSTALAÇÃO (EXCLUSIVE HIDRÔMETRO). AF_11/2016","UN","COEFICIENTE DE REPRESENTATIVIDADE","313,01","CAIXA REFERENCIAL"]
["95637","KIT CAVALETE PARA MEDIÇÃO DE ÁGUA - ENTRADA PRINCIPAL, EM AÇO GALVANIZADO DN 32 (1 ¼\u0094) \u0096 FORNECIMENTO E INSTALAÇÃO (EXCLUSIVE HIDRÔMETRO). AF_11/2016","UN","COEFICIENTE DE REPRESENTATIVIDADE","473,72","CAIXA REFERENCIAL"]
["95638","KIT CAVALETE PARA MEDIÇÃO DE ÁGUA - ENTRADA PRINCIPAL, EM AÇO GALVANIZADO DN 40 (1 ½\u0094) \u0096 FORNECIMENTO E INSTALAÇÃO (EXCLUSIVE HIDRÔMETRO). AF_11/2016","UN","COEFICIENTE DE REPRESENTATIVIDADE","576,05","CAIXA REFERENCIAL"]
["95639","KIT CAVALETE PARA MEDIÇÃO DE ÁGUA - ENTRADA PRINCIPAL, EM AÇO GALVANIZADO DN 50 (2\u0094) \u0096 FORNECIMENTO E INSTALAÇÃO (EXCLUSIVE HIDRÔMETRO). AF_11/2016","UN","COEFICIENTE DE REPRESENTATIVIDADE","753,05","CAIXA REFERENCIAL"]
["95641","KIT CAVALETE PARA MEDIÇÃO DE ÁGUA - ENTRADA INDIVIDUALIZADA, EM PVC DN 25 (¾\u0094), PARA 2 MEDIDORES \u0096 FORNECIMENTO E INSTALAÇÃO (EXCLUSIVE HIDRÔMETRO). AF_11/2016","UN","COEFICIENTE DE REPRESENTATIVIDADE","296,86","CAIXA REFERENCIAL"]
["95642","KIT CAVALETE PARA MEDIÇÃO DE ÁGUA - ENTRADA INDIVIDUALIZADA, EM PVC DN 25 (¾\u0094), PARA 3 MEDIDORES \u0096 FORNECIMENTO E INSTALAÇÃO (EXCLUSIVE HIDRÔMETRO). AF_11/2016","UN","COEFICIENTE DE REPRESENTATIVIDADE","438,26","CAIXA REFERENCIAL"]
["95643","KIT CAVALETE PARA MEDIÇÃO DE ÁGUA - ENTRADA INDIVIDUALIZADA, EM PVC DN 25 (¾\u0094), PARA 4 MEDIDORES \u0096 FORNECIMENTO E INSTALAÇÃO (EXCLUSIVE HIDRÔMETRO). AF_11/2016","UN","COEFICIENTE DE REPRESENTATIVIDADE","573,35","CAIXA REFERENCIAL"]
["95644","KIT CAVALETE PARA MEDIÇÃO DE ÁGUA - ENTRADA INDIVIDUALIZADA, EM PVC DN 32 (1\u0094), PARA 1 MEDIDOR \u0096 FORNECIMENTO E INSTALAÇÃO (EXCLUSIVE HIDRÔMETRO). AF_11/2016","UN","COEFICIENTE DE REPRESENTATIVIDADE","225,10","CAIXA REFERENCIAL"]
["95645","KIT CAVALETE PARA MEDIÇÃO DE ÁGUA - ENTRADA INDIVIDUALIZADA, EM PVC DN 32 (1\u0094), PARA 2 MEDIDORES \u0096 FORNECIMENTO E INSTALAÇÃO (EXCLUSIVE HIDRÔMETRO). AF_11/2016","UN","COEFICIENTE DE REPRESENTATIVIDADE","411,73","CAIXA REFERENCIAL"]
["95646","KIT CAVALETE PARA MEDIÇÃO DE ÁGUA - ENTRADA INDIVIDUALIZADA, EM PVC DN 32 (1\u0094), PARA 3 MEDIDORES \u0096 FORNECIMENTO E INSTALAÇÃO (EXCLUSIVE HIDRÔMETRO). AF_11/2016","UN","COEFICIENTE DE REPRESENTATIVIDADE","613,82","CAIXA REFERENCIAL"]
["95647","KIT CAVALETE PARA MEDIÇÃO DE ÁGUA - ENTRADA INDIVIDUALIZADA, EM PVC DN 32 (1\u0094), PARA 4 MEDIDORES \u0096 FORNECIMENTO E INSTALAÇÃO (EXCLUSIVE HIDRÔMETRO). AF_11/2016","UN","COEFICIENTE DE REPRESENTATIVIDADE","804,83","CAIXA REFERENCIAL"]
["95673","HIDRÔMETRO DN 20 (½\u0094), 1,5 M³/H \u0096 FORNECIMENTO E INSTALAÇÃO. AF_11/2016","UN","ATRIBUÍDO SÃO PAULO","110,07","CAIXA REFERENCIAL"]
["95674","HIDRÔMETRO DN 20 (½\u0094), 3,0 M³/H \u0096 FORNECIMENTO E INSTALAÇÃO. AF_11/2016","UN","ATRIBUÍDO SÃO PAULO","117,01","CAIXA REFERENCIAL"]
["95675","HIDRÔMETRO DN 25 (¾ ), 5,0 M³/H FORNECIMENTO E INSTALAÇÃO. AF_11/2016","UN","ATRIBUÍDO SÃO PAULO","143,09","CAIXA REFERENCIAL"]
["95676","CAIXA EM CONCRETO PRÉ-MOLDADO PARA ABRIGO DE HIDRÔMETRO COM DN 20 (½\u0094) \u0096 FORNECIMENTO E INSTALAÇÃO. AF_11/2016","UN","COEFICIENTE DE REPRESENTATIVIDADE","83,21","CAIXA REFERENCIAL"]
["97741","KIT CAVALETE PARA MEDIÇÃO DE ÁGUA - ENTRADA INDIVIDUALIZADA, EM PVC DN 25 (¾\u0094), PARA 1 MEDIDOR \u0096 FORNECIMENTO E INSTALAÇÃO (EXCLUSIVE HIDRÔMETRO). AF_11/2016","UN","COEFICIENTE DE REPRESENTATIVIDADE","167,02","CAIXA REFERENCIAL"]
["90436","FURO EM ALVENARIA PARA DIÂMETROS MENORES OU IGUAIS A 40 MM. AF_05/2015","UN","COEFICIENTE DE REPRESENTATIVIDADE","10,53","CAIXA REFERENCIAL"]
["90437","FURO EM ALVENARIA PARA DIÂMETROS MAIORES QUE 40 MM E MENORES OU IGUAIS A 75 MM. AF_05/2015","UN","COEFICIENTE DE REPRESENTATIVIDADE","25,61","CAIXA REFERENCIAL"]
["90438","FURO EM ALVENARIA PARA DIÂMETROS MAIORES QUE 75 MM. AF_05/2015","UN","COEFICIENTE DE REPRESENTATIVIDADE","36,70","CAIXA REFERENCIAL"]
["90439","FURO EM CONCRETO PARA DIÂMETROS MENORES OU IGUAIS A 40 MM. AF_05/2015","UN","ATRIBUÍDO SÃO PAULO","44,21","CAIXA REFERENCIAL"]
["90440","FURO EM CONCRETO PARA DIÂMETROS MAIORES QUE 40 MM E MENORES OU IGUAIS A 75 MM. AF_05/2015","UN","ATRIBUÍDO SÃO PAULO","70,80","CAIXA REFERENCIAL"]
["90441","FURO EM CONCRETO PARA DIÂMETROS MAIORES QUE 75 MM. AF_05/2015","UN","ATRIBUÍDO SÃO PAULO","90,43","CAIXA REFERENCIAL"]
["90443","RASGO EM ALVENARIA PARA RAMAIS/ DISTRIBUIÇÃO COM DIAMETROS MENORES OU IGUAIS A 40 MM. AF_05/2015","M","COEFICIENTE DE REPRESENTATIVIDADE","9,57","CAIXA REFERENCIAL"]
["90444","RASGO EM CONTRAPISO PARA RAMAIS/ DISTRIBUIÇÃO COM DIÂMETROS MENORES OU IGUAIS A 40 MM. AF_05/2015","M","ATRIBUÍDO SÃO PAULO","18,96","CAIXA REFERENCIAL"]
["90445","RASGO EM CONTRAPISO PARA RAMAIS/ DISTRIBUIÇÃO COM DIÂMETROS MAIORES QUE 40 MM E MENORES OU IGUAIS A 75 MM. AF_05/2015","M","ATRIBUÍDO SÃO PAULO","20,25","CAIXA REFERENCIAL"]
["90446","RASGO EM CONTRAPISO PARA RAMAIS/ DISTRIBUIÇÃO COM DIÂMETROS MAIORES QUE 75 MM. AF_05/2015","M","ATRIBUÍDO SÃO PAULO","21,99","CAIXA REFERENCIAL"]
["90447","RASGO EM ALVENARIA PARA ELETRODUTOS COM DIAMETROS MENORES OU IGUAIS A 40 MM. AF_05/2015","M","COEFICIENTE DE REPRESENTATIVIDADE","5,58","CAIXA REFERENCIAL"]
["90451","PASSANTE TIPO PEÇA EM POLIESTIRENO PARA ABERTURA PARA PASSAGEM DE 1 TUBO, FIXADO EM LAJE. AF_05/2015","UN","COEFICIENTE DE REPRESENTATIVIDADE","3,30","CAIXA REFERENCIAL"]
["90452","PASSANTE TIPO PEÇA EM POLIESTIRENO PARA ABERTURA PARA PASSAGEM DE MAIS DE 1 TUBO, FIXADO EM LAJE. AF_05/2015","UN","COEFICIENTE DE REPRESENTATIVIDADE","13,31","CAIXA REFERENCIAL"]
["90453","PASSANTE TIPO TUBO DE DIÂMETRO MENOR OU IGUAL A 40 MM, FIXADO EM LAJE. AF_05/2015","UN","COEFICIENTE DE REPRESENTATIVIDADE","2,58","CAIXA REFERENCIAL"]
["90454","PASSANTE TIPO TUBO DE DIÂMETRO MAIORES QUE 40 MM E MENORES OU IGUAIS A 75 MM, FIXADO EM LAJE. AF_05/2015","UN","COEFICIENTE DE REPRESENTATIVIDADE","4,88","CAIXA REFERENCIAL"]
["90455","PASSANTE TIPO TUBO DE DIÂMETRO MAIOR QUE 75 MM, FIXADO EM LAJE. AF_05/2015","UN","COEFICIENTE DE REPRESENTATIVIDADE","6,19","CAIXA REFERENCIAL"]
["90456","QUEBRA EM ALVENARIA PARA INSTALAÇÃO DE CAIXA DE TOMADA (4X4 OU 4X2). AF_05/2015","UN","COEFICIENTE DE REPRESENTATIVIDADE","3,07","CAIXA REFERENCIAL"]
["90457","QUEBRA EM ALVENARIA PARA INSTALAÇÃO DE QUADRO DISTRIBUIÇÃO PEQUENO (19X25 CM). AF_05/2015","UN","COEFICIENTE DE REPRESENTATIVIDADE","7,01","CAIXA REFERENCIAL"]
["90458","QUEBRA EM ALVENARIA PARA INSTALAÇÃO DE QUADRO DISTRIBUIÇÃO GRANDE (76X40 CM). AF_05/2015","UN","COEFICIENTE DE REPRESENTATIVIDADE","19,89","CAIXA REFERENCIAL"]
["90459","QUEBRA EM ALVENARIA PARA INSTALAÇÃO DE ABRIGO PARA MANGUEIRAS (90X60 CM). AF_05/2015","UN","COEFICIENTE DE REPRESENTATIVIDADE","28,06","CAIXA REFERENCIAL"]
["90460","SUPORTE PARA ATÉ 3 TUBOS HORIZONTAIS, ESPAÇADO A CADA 1 M, EM PERFILADO DE SEÇÃO 38X76 MM, POR METRO DE TUBULAÇÃO FIXADA. AF_05/2015","M","ATRIBUÍDO SÃO PAULO","9,90","CAIXA REFERENCIAL"]
["90461","SUPORTE PARA MAIS DE 3 TUBOS HORIZONTAIS, ESPAÇADO A CADA 1 M, EM PERFILADO DE SEÇÃO 38X76 MM, POR METRO DE TUBULAÇÃO FIXADA. AF_05/2015","M","ATRIBUÍDO SÃO PAULO","6,40","CAIXA REFERENCIAL"]
["90462","SUPORTE PARA ATÉ 3 TUBOS VERTICAIS, ESPAÇADO A CADA 3 M, EM PERFILADO DE SEÇÃO 38X38 MM, POR METRO DE TUBULAÇÃO FIXADA. AF_05/2015","M","ATRIBUÍDO SÃO PAULO","1,27","CAIXA REFERENCIAL"]
["90463","SUPORTE PARA MAIS DE 3 TUBOS VERTICAIS, ESPAÇADO A CADA 3 M, EM PERFILADO DE SEÇÃO 38X38 MM, POR METRO DE TUBULAÇÃO FIXADA. AF_05/2015","M","ATRIBUÍDO SÃO PAULO","1,10","CAIXA REFERENCIAL"]
["90466","CHUMBAMENTO LINEAR EM ALVENARIA PARA RAMAIS/DISTRIBUIÇÃO COM DIÂMETROS MENORES OU IGUAIS A 40 MM. AF_05/2015","M","COEFICIENTE DE REPRESENTATIVIDADE","9,60","CAIXA REFERENCIAL"]
["90467","CHUMBAMENTO LINEAR EM ALVENARIA PARA RAMAIS/DISTRIBUIÇÃO COM DIÂMETROS MAIORES QUE 40 MM E MENORES OU IGUAIS A 75 MM. AF_05/2015","M","COEFICIENTE DE REPRESENTATIVIDADE","15,19","CAIXA REFERENCIAL"]
["90468","CHUMBAMENTO LINEAR EM CONTRAPISO PARA RAMAIS/DISTRIBUIÇÃO COM DIÂMETROS MENORES OU IGUAIS A 40 MM. AF_05/2015","M","COEFICIENTE DE REPRESENTATIVIDADE","4,23","CAIXA REFERENCIAL"]
["90469","CHUMBAMENTO LINEAR EM CONTRAPISO PARA RAMAIS/DISTRIBUIÇÃO COM DIÂMETROS MAIORES QUE 40 MM E MENORES OU IGUAIS A 75 MM. AF_05/2015","M","COEFICIENTE DE REPRESENTATIVIDADE","6,78","CAIXA REFERENCIAL"]
["90470","CHUMBAMENTO LINEAR EM CONTRAPISO PARA RAMAIS/DISTRIBUIÇÃO COM DIÂMETROS MAIORES QUE 75 MM. AF_05/2015","M","COEFICIENTE DE REPRESENTATIVIDADE","9,35","CAIXA REFERENCIAL"]
["91166","FIXAÇÃO DE TUBOS HORIZONTAIS DE PEX DIAMETROS IGUAIS OU INFERIORES A 40 MM COM ABRAÇADEIRA PLÁSTICA 390 MM, FIXADA EM LAJE. AF_05/2015","M","COEFICIENTE DE REPRESENTATIVIDADE","3,01","CAIXA REFERENCIAL"]
["91167","FIXAÇÃO DE TUBOS HORIZONTAIS DE PPR DIÂMETROS MENORES OU IGUAIS A 40 MM COM ABRAÇADEIRA METÁLICA RÍGIDA TIPO D 1/2\", FIXADA EM PERFILADO EM LAJE. AF_05/2015","M","COEFICIENTE DE REPRESENTATIVIDADE","9,76","CAIXA REFERENCIAL"]
["91168","FIXAÇÃO DE TUBOS HORIZONTAIS DE PPR DIÂMETROS MAIORES QUE 40 MM E MENORES OU IGUAIS A 75 MM COM ABRAÇADEIRA METÁLICA RÍGIDA TIPO D 1 1/2\", FIXADA EM PERFILADO EM LAJE. AF_05/2015","M","COEFICIENTE DE REPRESENTATIVIDADE","7,43","CAIXA REFERENCIAL"]
["91169","FIXAÇÃO DE TUBOS HORIZONTAIS DE PPR DIÂMETROS MAIORES QUE 75 MM COM ABRAÇADEIRA METÁLICA RÍGIDA TIPO D 3\", FIXADA EM PERFILADO EM LAJE. AF_05/2015","M","COEFICIENTE DE REPRESENTATIVIDADE","8,80","CAIXA REFERENCIAL"]
["91170","FIXAÇÃO DE TUBOS HORIZONTAIS DE PVC, CPVC OU COBRE DIÂMETROS MENORES OU IGUAIS A 40 MM OU ELETROCALHAS ATÉ 150MM DE LARGURA, COM ABRAÇADEIRA METÁLICA RÍGIDA TIPO D 1/2\u0094, FIXADA EM PERFILADO EM LAJE. AF_05/2015","M","COEFICIENTE DE REPRESENTATIVIDADE","2,50","CAIXA REFERENCIAL"]
["91171","FIXAÇÃO DE TUBOS HORIZONTAIS DE PVC, CPVC OU COBRE DIÂMETROS MAIORES QUE 40 MM E MENORES OU IGUAIS A 75 MM COM ABRAÇADEIRA METÁLICA RÍGIDA TIPO D 1 1/2\", FIXADA EM PERFILADO EM LAJE. AF_05/2015","M","COEFICIENTE DE REPRESENTATIVIDADE","3,16","CAIXA REFERENCIAL"]
["91172","FIXAÇÃO DE TUBOS HORIZONTAIS DE PVC, CPVC OU COBRE DIÂMETROS MAIORES QUE 75 MM COM ABRAÇADEIRA METÁLICA RÍGIDA TIPO D 3\", FIXADA EM PERFILADO EM LAJE. AF_05/2015","M","COEFICIENTE DE REPRESENTATIVIDADE","4,64","CAIXA REFERENCIAL"]
["91173","FIXAÇÃO DE TUBOS VERTICAIS DE PPR DIÂMETROS MENORES OU IGUAIS A 40 MM COM ABRAÇADEIRA METÁLICA RÍGIDA TIPO D 1/2\", FIXADA EM PERFILADO EM ALVENARIA. AF_05/2015","M","COEFICIENTE DE REPRESENTATIVIDADE","1,27","CAIXA REFERENCIAL"]
["91174","FIXAÇÃO DE TUBOS VERTICAIS DE PPR DIÂMETROS MAIORES QUE 40 MM E MENORES OU IGUAIS A 75 MM COM ABRAÇADEIRA METÁLICA RÍGIDA TIPO D 1 1/2\", FIXADA EM PERFILADO EM ALVENARIA. AF_05/2015","M","COEFICIENTE DE REPRESENTATIVIDADE","2,51","CAIXA REFERENCIAL"]
["91175","FIXAÇÃO DE TUBOS VERTICAIS DE PPR DIÂMETROS MAIORES QUE 75 MM COM ABRAÇADEIRA METÁLICA RÍGIDA TIPO D 3\", FIXADA EM PERFILADO EM ALVENARIA. AF_05/2015","M","COEFICIENTE DE REPRESENTATIVIDADE","4,09","CAIXA REFERENCIAL"]
["91176","FIXAÇÃO DE TUBOS HORIZONTAIS DE PPR DIÂMETROS MENORES OU IGUAIS A 40 MM COM ABRAÇADEIRA METÁLICA RÍGIDA TIPO  D  1/2\" , FIXADA DIRETAMENTE NA LAJE. AF_05/2015","M","ATRIBUÍDO SÃO PAULO","21,75","CAIXA REFERENCIAL"]
["91177","FIXAÇÃO DE TUBOS HORIZONTAIS DE PPR DIÂMETROS MAIORES QUE 40 MM E MENORES OU IGUAIS A 75 MM COM ABRAÇADEIRA METÁLICA RÍGIDA TIPO  D  1 1/2\" , FIXADA DIRETAMENTE NA LAJE. AF_05/2015","M","ATRIBUÍDO SÃO PAULO","10,40","CAIXA REFERENCIAL"]
["91178","FIXAÇÃO DE TUBOS HORIZONTAIS DE PPR DIÂMETROS MAIORES QUE 75 MM COM ABRAÇADEIRA METÁLICA RÍGIDA TIPO  D  3\" , FIXADA DIRETAMENTE NA LAJE. AF_05/2015","M","ATRIBUÍDO SÃO PAULO","12,18","CAIXA REFERENCIAL"]
["91179","FIXAÇÃO DE TUBOS HORIZONTAIS DE PVC, CPVC OU COBRE DIÂMETROS MENORES OU IGUAIS A 40 MM COM ABRAÇADEIRA METÁLICA RÍGIDA TIPO  D  1/2\" , FIXADA DIRETAMENTE NA LAJE. AF_05/2015","M","ATRIBUÍDO SÃO PAULO","5,56","CAIXA REFERENCIAL"]
["91180","FIXAÇÃO DE TUBOS HORIZONTAIS DE PVC, CPVC OU COBRE DIÂMETROS MAIORES QUE 40 MM E MENORES OU IGUAIS A 75 MM COM ABRAÇADEIRA METÁLICA RÍGIDA TIPO \u0093D\u0094 1 1/2\u0094, FIXADA DIRETAMENTE NA LAJE. AF_05/2015","M","ATRIBUÍDO SÃO PAULO","5,11","CAIXA REFERENCIAL"]
["91181","FIXAÇÃO DE TUBOS HORIZONTAIS DE PVC, CPVC OU COBRE DIÂMETROS MAIORES QUE 75 MM COM ABRAÇADEIRA METÁLICA RÍGIDA TIPO  D  3\" , FIXADA DIRETAMENTE NA LAJE. AF_05/2015","M","ATRIBUÍDO SÃO PAULO","5,67","CAIXA REFERENCIAL"]
["91182","FIXAÇÃO DE TUBOS HORIZONTAIS DE PPR DIÂMETROS MENORES OU IGUAIS A 40 MM COM ABRAÇADEIRA METÁLICA FLEXÍVEL 18 MM, FIXADA DIRETAMENTE NA LAJE. AF_05/2015","M","ATRIBUÍDO SÃO PAULO","20,61","CAIXA REFERENCIAL"]
["91183","FIXAÇÃO DE TUBOS HORIZONTAIS DE PPR DIÂMETROS MAIORES QUE 40 MM E MENORES OU IGUAIS A 75 MM COM ABRAÇADEIRA METÁLICA FLEXÍVEL 18 MM, FIXADA DIRETAMENTE NA LAJE. AF_05/2015","M","ATRIBUÍDO SÃO PAULO","10,15","CAIXA REFERENCIAL"]
["91184","FIXAÇÃO DE TUBOS HORIZONTAIS DE PPR DIÂMETROS MAIORES QUE 75 MM COM ABRAÇADEIRA METÁLICA FLEXÍVEL 18 MM, FIXADA DIRETAMENTE NA LAJE. AF_05/2015","M","ATRIBUÍDO SÃO PAULO","9,46","CAIXA REFERENCIAL"]
["91185","FIXAÇÃO DE TUBOS HORIZONTAIS DE PVC, CPVC OU COBRE DIÂMETROS MENORES OU IGUAIS A 40 MM COM ABRAÇADEIRA METÁLICA FLEXÍVEL 18 MM, FIXADA DIRETAMENTE NA LAJE. AF_05/2015","M","ATRIBUÍDO SÃO PAULO","5,29","CAIXA REFERENCIAL"]
["91186","FIXAÇÃO DE TUBOS HORIZONTAIS DE PVC, CPVC OU COBRE DIÂMETROS MAIORES QUE 40 MM E MENORES OU IGUAIS A 75 MM COM ABRAÇADEIRA METÁLICA FLEXÍVEL 18 MM, FIXADA DIRETAMENTE NA LAJE. AF_05/2015","M","ATRIBUÍDO SÃO PAULO","4,33","CAIXA REFERENCIAL"]
["91187","FIXAÇÃO DE TUBOS HORIZONTAIS DE PVC, CPVC OU COBRE DIÂMETROS MAIORES QUE 75 MM COM ABRAÇADEIRA METÁLICA FLEXÍVEL 18 MM, FIXADA DIRETAMENTE NA LAJE. AF_05/2015","M","ATRIBUÍDO SÃO PAULO","4,99","CAIXA REFERENCIAL"]
["91188","CHUMBAMENTO PONTUAL DE ABERTURA EM LAJE COM PASSAGEM DE 1 TUBO DE DIAMETRO EQUIVALENTE IGUAL À  50 MM. AF_05/2015","UN","COEFICIENTE DE REPRESENTATIVIDADE","5,16","CAIXA REFERENCIAL"]
["91189","CHUMBAMENTO PONTUAL DE ABERTURA EM LAJE COM PASSAGEM DE MAIS DE 1 TUBO DE  DIAMETRO EQUIVALENTE IGUAL À  50 MM. AF_05/2015","UN","COEFICIENTE DE REPRESENTATIVIDADE","35,09","CAIXA REFERENCIAL"]
["91190","CHUMBAMENTO PONTUAL EM PASSAGEM DE TUBO COM DIÂMETRO MENOR OU IGUAL A 40 MM. AF_05/2015","UN","COEFICIENTE DE REPRESENTATIVIDADE","3,71","CAIXA REFERENCIAL"]
["91191","CHUMBAMENTO PONTUAL EM PASSAGEM DE TUBO COM DIÂMETROS ENTRE 40 MM E 75 MM. AF_05/2015","UN","COEFICIENTE DE REPRESENTATIVIDADE","3,94","CAIXA REFERENCIAL"]
["91192","CHUMBAMENTO PONTUAL EM PASSAGEM DE TUBO COM DIÂMETRO MAIOR QUE 75 MM. AF_05/2015","UN","COEFICIENTE DE REPRESENTATIVIDADE","4,36","CAIXA REFERENCIAL"]
["91222","RASGO EM ALVENARIA PARA RAMAIS/ DISTRIBUIÇÃO COM DIÂMETROS MAIORES QUE 40 MM E MENORES OU IGUAIS A 75 MM. AF_05/2015","M","COEFICIENTE DE REPRESENTATIVIDADE","10,31","CAIXA REFERENCIAL"]
["94480","CONJUNTO HIDRÁULICO PARA INSTALAÇÃO DE BOMBA EM AÇO ROSCÁVEL, DN SUCÇÃO 65 (2½\u0094) E DN RECALQUE 50 (2\u0094), PARA EDIFICAÇÃO ENTRE 12 E 18 PAVIMENTOS \u0096 FORNECIMENTO E INSTALAÇÃO. AF_06/2016","UN","COEFICIENTE DE REPRESENTATIVIDADE","2.164,71","CAIXA REFERENCIAL"]
["94481","CONJUNTO HIDRÁULICO PARA INSTALAÇÃO DE BOMBA EM AÇO ROSCÁVEL, DN SUCÇÃO 50 (2\u0094) E DN RECALQUE 40 (1 1/2\u0094), PARA EDIFICAÇÃO ENTRE 8 E 12 PAVIMENTOS \u0096 FORNECIMENTO E INSTALAÇÃO. AF_06/2016","UN","COEFICIENTE DE REPRESENTATIVIDADE","1.504,93","CAIXA REFERENCIAL"]
["94482","CONJUNTO HIDRÁULICO PARA INSTALAÇÃO DE BOMBA EM AÇO ROSCÁVEL, DN SUCÇÃO 40 (1 1/2\u0094) E DN RECALQUE 32 (1 1/4\u0094), PARA EDIFICAÇÃO ENTRE 4 E 8 PAVIMENTOS \u0096 FORNECIMENTO E INSTALAÇÃO. AF_06/2016","UN","COEFICIENTE DE REPRESENTATIVIDADE","1.179,79","CAIXA REFERENCIAL"]
["94483","CONJUNTO HIDRÁULICO PARA INSTALAÇÃO DE BOMBA EM AÇO ROSCÁVEL, DN SUCÇÃO 32 (1 1/4\u0094) E DN RECALQUE 25 (1\u0094), PARA EDIFICAÇÃO ATÉ 4 PAVIMENTOS \u0096 FORNECIMENTO E INSTALAÇÃO. AF_06/2016","UN","COEFICIENTE DE REPRESENTATIVIDADE","986,48","CAIXA REFERENCIAL"]
["95541","FIXAÇÃO UTILIZANDO PARAFUSO E BUCHA DE NYLON, SOMENTE MÃO DE OBRA. AF_10/2016","UN","COEFICIENTE DE REPRESENTATIVIDADE","3,41","CAIXA REFERENCIAL"]
["96559","SUPORTE PARA DUTO EM CHAPA GALVANIZADA BITOLA 26, ESPAÇADO A CADA 1 M, EM PERFILADO DE SEÇÃO 38X76 MM, POR ÁREA DE DUTO FIXADO. AF_07/2017","M2","ATRIBUÍDO SÃO PAULO","27,39","CAIXA REFERENCIAL"]
["96560","SUPORTE PARA DUTO EM CHAPA GALVANIZADA BITOLA 24, ESPAÇADO A CADA 1 M, EM PERFILADO DE SEÇÃO 38X76 MM, POR ÁREA DE DUTO FIXADO. AF_07/2017","M2","ATRIBUÍDO SÃO PAULO","19,17","CAIXA REFERENCIAL"]
["96561","SUPORTE PARA DUTO EM CHAPA GALVANIZADA BITOLA 22, ESPAÇADO A CADA 1 M, EM PERFILADO DE SEÇÃO 38X76 MM, POR ÁREA DE DUTO FIXADO. AF_07/2017","M2","ATRIBUÍDO SÃO PAULO","14,83","CAIXA REFERENCIAL"]
["96562","SUPORTE PARA ELETROCALHA LISA OU PERFURADA EM AÇO GALVANIZADO, LARGURA 200 OU 400 MM E ALTURA 50 MM, ESPAÇADO A CADA 1,5 M, EM PERFILADO DE SEÇÃO 38X76 MM, POR METRO DE ELETRECOLHA FIXADA. AF_07/2017","M","ATRIBUÍDO SÃO PAULO","17,29","CAIXA REFERENCIAL"]
["96563","SUPORTE PARA ELETROCALHA LISA OU PERFURADA EM AÇO GALVANIZADO, LARGURA 500 OU 800 MM E ALTURA 50 MM, ESPAÇADO A CADA 1,5 M, EM PERFILADO DE SEÇÃO 38X76 MM, POR METRO DE ELETROCALHA FIXADA. AF_07/2017","M","ATRIBUÍDO SÃO PAULO","22,95","CAIXA REFERENCIAL"]
["101802","CAIXA ENTERRADA RETENTORA DE AREIA RETANGULAR, EM ALVENARIA COM BLOCOS DE CONCRETO, DIMENSÕES INTERNAS: 1,00 X 1,00 X 1,20 M, EXCLUINDO TAMPÃO. AF_12/2020","UN","ATRIBUÍDO SÃO PAULO","1.275,43","CAIXA REFERENCIAL"]
["101803","CAIXA ENTERRADA SEPARADORA DE ÓLEO RETANGULAR, EM ALVENARIA COM BLOCOS DE CONCRETO, DIMENSÕES INTERNAS: 0,6 X 0,6 X 1,00 M, EXCLUINDO TAMPÃO. AF_12/2020","UN","ATRIBUÍDO SÃO PAULO","788,65","CAIXA REFERENCIAL"]
["101804","CAIXA ENTERRADA SEPARADORA DE ÓLEO RETANGULAR, EM ALVENARIA COM BLOCOS DE CONCRETO, DIMENSÕES INTERNAS: 0,8 X 0,8 X 1,00 M, EXCLUINDO TAMPÃO. AF_12/2020","UN","ATRIBUÍDO SÃO PAULO","993,58","CAIXA REFERENCIAL"]
["101805","CAIXA ENTERRADA SEPARADORA DE ÓLEO RETANGULAR, EM ALVENARIA COM BLOCOS DE CONCRETO, DIMENSÕES INTERNAS: 1,00 X 1,00 X 1,00 M, EXCLUINDO TAMPÃO. AF_12/2020","UN","ATRIBUÍDO SÃO PAULO","1.267,59","CAIXA REFERENCIAL"]
["102111","BOMBA CENTRÍFUGA, MONOFÁSICA, 0,5 CV OU 0,49 HP, HM 6 A 20 M, Q 1,2 A 8,3 M3/H - FORNECIMENTO E INSTALAÇÃO. AF_12/2020","UN","ATRIBUÍDO SÃO PAULO","834,07","CAIXA REFERENCIAL"]
["102112","BOMBA CENTRÍFUGA, MONOFÁSICA, 0,5 CV OU 0,49 HP, HM 6 A 20 M, Q 1,2 A 8,3 M3/H (NÃO INCLUI O FORNECIMENTO DA BOMBA). AF_12/2020","UN","ATRIBUÍDO SÃO PAULO","100,46","CAIXA REFERENCIAL"]
["102113","BOMBA CENTRÍFUGA, TRIFÁSICA, 1 CV OU 0,99 HP, HM 14 A 40 M, Q 0,6 A 8,4 M3/H - FORNECIMENTO E INSTALAÇÃO. AF_12/2020","UN","ATRIBUÍDO SÃO PAULO","1.339,53","CAIXA REFERENCIAL"]
["102114","BOMBA CENTRÍFUGA, TRIFÁSICA, 1 CV OU 0,99 HP, HM 14 A 40 M, Q 0,6 A 8,4 M3/H (NÃO INCLUI O FORNECIMENTO DA BOMBA). AF_12/2020","UN","ATRIBUÍDO SÃO PAULO","102,90","CAIXA REFERENCIAL"]
["102115","BOMBA CENTRÍFUGA, TRIFÁSICA, 1,5 CV OU 1,48 HP, HM 10 A 70 M, Q 1,8 A 5,3 M3/H - FORNECIMENTO E INSTALAÇÃO. AF_12/2020","UN","ATRIBUÍDO SÃO PAULO","2.342,67","CAIXA REFERENCIAL"]
["102116","BOMBA CENTRÍFUGA, TRIFÁSICA, 1,5 CV OU 1,48 HP, HM 10 A 24 M, Q 6,1 A 21,9 M3/H - FORNECIMENTO E INSTALAÇÃO. AF_12/2020","UN","ATRIBUÍDO SÃO PAULO","1.431,54","CAIXA REFERENCIAL"]
["102117","BOMBA CENTRÍFUGA, TRIFÁSICA, 1,5 CV OU 1,48 HP (NÃO INCLUI O FORNECIMENTO DA BOMBA). AF_12/2020","UN","ATRIBUÍDO SÃO PAULO","105,88","CAIXA REFERENCIAL"]
["102118","BOMBA CENTRÍFUGA, TRIFÁSICA, 3 CV OU 2,96 HP, HM 34 A 40 M, Q 8,6 A 14,8 M3/H - FORNECIMENTO E INSTALAÇÃO. AF_12/2020","UN","ATRIBUÍDO SÃO PAULO","1.958,15","CAIXA REFERENCIAL"]
["102119","BOMBA CENTRÍFUGA, TRIFÁSICA, 3 CV OU 2,96 HP, HM 34 A 40 M, Q 8,6 A 14,8 M3/H (NÃO INCLUI O FORNECIMENTO DA BOMBA). AF_12/2020","UN","ATRIBUÍDO SÃO PAULO","108,43","CAIXA REFERENCIAL"]
["102121","MOTO BOMBA HORIZONTAL ATÉ 10 CV, HM 75 A 80 M, Q 25,4 A 48 (NÃO INCLUI O FORNECIMENTO DA BOMBA). AF_12/2020","UN","ATRIBUÍDO SÃO PAULO","135,16","CAIXA REFERENCIAL"]
["102122","BOMBA CENTRÍFUGA, TRIFÁSICA, 10 CV OU 9,86 HP, HM 85 A 140 M, Q 4,2 A 14,9 M3/H - FORNECIMENTO E INSTALAÇÃO. AF_12/2020","UN","ATRIBUÍDO SÃO PAULO","6.666,45","CAIXA REFERENCIAL"]
["102123","BOMBA CENTRÍFUGA, TRIFÁSICA, 10 CV OU 9,86 HP, HM 85 A 140 M, Q 4,2 A 14,9 M3/H (NÃO INCLUI O FORNECIMENTO DA BOMBA). AF_12/2020","UN","ATRIBUÍDO SÃO PAULO","142,77","CAIXA REFERENCIAL"]
["102136","INSTALAÇÃO DE QUADRO ELÉTRICO PARA BOMBAS TRIFÁSICAS ATÉ 25 CV (NÃO INCLUI O FORNECIMENTO DO QUADRO). AF_12/2020","UN","COEFICIENTE DE REPRESENTATIVIDADE","58,12","CAIXA REFERENCIAL"]
["102137","CHAVE DE BOIA AUTOMÁTICA SUPERIOR/INFERIOR 15A/250V - FORNECIMENTO E INSTALAÇÃO. AF_12/2020","UN","COEFICIENTE DE REPRESENTATIVIDADE","67,88","CAIXA REFERENCIAL"]
["102138","MOTO BOMBA HORIZONTAL DE 12,5 A 25 CV, HM 140 M (NÃO INCLUI O FORNECIMENTO DA BOMBA). AF_12/2020","UN","ATRIBUÍDO SÃO PAULO","155,16","CAIXA REFERENCIAL"]
["93350","COLETOR PREDIAL DE ESGOTO, DA CAIXA ATÉ A REDE (DISTÂNCIA = 10 M, LARGURA DA VALA = 0,65 M), INCLUINDO ESCAVAÇÃO MANUAL, PREPARO DE FUNDO DE VALA E REATERRO MANUAL COM COMPACTAÇÃO MECANIZADA, TUBO PVC P/ REDE COLETORA ESGOTO JEI DN 100 MM E CONEXÕES - FORNECIMENTO E INSTALAÇÃO. AF_03/2016","UN","ATRIBUÍDO SÃO PAULO","1.031,82","CAIXA REFERENCIAL"]
["93351","COLETOR PREDIAL DE ESGOTO, DA CAIXA ATÉ A REDE (DISTÂNCIA = 8 M, LARGURA DA VALA = 0,65 M), INCLUINDO ESCAVAÇÃO MANUAL, PREPARO DE FUNDO DE VALA E REATERRO MANUAL COM COMPACTAÇÃO MECANIZADA, TUBO PVC P/ REDE COLETORA ESGOTO JEI DN 100 MM E CONEXÕES - FORNECIMENTO E INSTALAÇÃO. AF_03/2016","UN","ATRIBUÍDO SÃO PAULO","849,66","CAIXA REFERENCIAL"]
["93352","COLETOR PREDIAL DE ESGOTO, DA CAIXA ATÉ A REDE (DISTÂNCIA = 6 M, LARGURA DA VALA = 0,65 M), INCLUINDO ESCAVAÇÃO MANUAL, PREPARO DE FUNDO DE VALA E REATERRO MANUAL COM COMPACTAÇÃO MECANIZADA, TUBO PVC P/ REDE COLETORA ESGOTO JEI DN 100 MM E CONEXÕES - FORNECIMENTO E INSTALAÇÃO. AF_03/2016","UN","ATRIBUÍDO SÃO PAULO","668,26","CAIXA REFERENCIAL"]
["93353","COLETOR PREDIAL DE ESGOTO, DA CAIXA ATÉ A REDE (DISTÂNCIA = 4 M, LARGURA DA VALA = 0,65 M), INCLUINDO ESCAVAÇÃO MANUAL, PREPARO DE FUNDO DE VALA E REATERRO MANUAL COM COMPACTAÇÃO MECANIZADA, TUBO  PVC P/ REDE COLETORA ESGOTO JEI DN 100 MM E CONEXÕES - FORNECIMENTO E INSTALAÇÃO. AF_03/2016","UN","ATRIBUÍDO SÃO PAULO","490,74","CAIXA REFERENCIAL"]
["93354","COLETOR PREDIAL DE ESGOTO, DA CAIXA ATÉ A REDE (DISTÂNCIA = 10 M, LARGURA DA VALA = 0,65 M), INCLUINDO ESCAVAÇÃO MECANIZADA, PREPARO DE FUNDO DE VALA E REATERRO COM COMPACTAÇÃO MECANIZADA, TUBO PVC P/ REDE COLETORA ESGOTO JEI DN 100 MM E CONEXÕES - FORNECIMENTO E INSTALAÇÃO. AF_03/2016","UN","ATRIBUÍDO SÃO PAULO","770,42","CAIXA REFERENCIAL"]
["93355","COLETOR PREDIAL DE ESGOTO, DA CAIXA ATÉ A REDE (DISTÂNCIA = 8 M, LARGURA DA VALA = 0,65 M), INCLUINDO ESCAVAÇÃO MECANIZADA, PREPARO DE FUNDO DE VALA E REATERRO COM COMPACTAÇÃO MECANIZADA, TUBO PVC P/ REDE COLETORA ESGOTO JEI DN 100 MM E CONEXÕES - FORNECIMENTO E INSTALAÇÃO. AF_03/2016","UN","ATRIBUÍDO SÃO PAULO","643,66","CAIXA REFERENCIAL"]
["93356","COLETOR PREDIAL DE ESGOTO, DA CAIXA ATÉ A REDE (DISTÂNCIA = 6 M, LARGURA DA VALA = 0,65 M), INCLUINDO ESCAVAÇÃO MECANIZADA, PREPARO DE FUNDO DE VALA E REATERRO COM COMPACTAÇÃO MECANIZADA, TUBO PVC P/ REDE COLETORA ESGOTO JEI DN 100 MM E CONEXÕES - FORNECIMENTO E INSTALAÇÃO. AF_03/2016","UN","ATRIBUÍDO SÃO PAULO","516,09","CAIXA REFERENCIAL"]
["93357","COLETOR PREDIAL DE ESGOTO, DA CAIXA ATÉ A REDE (DISTÂNCIA = 4 M, LARGURA DA VALA = 0,65 M), INCLUINDO ESCAVAÇÃO MECANIZADA, PREPARO DE FUNDO DE VALA E REATERRO COM COMPACTAÇÃO MECANIZADA, TUBO PVC P/ REDE COLETORA ESGOTO JEI DN 100 MM E CONEXÕES - FORNECIMENTO E INSTALAÇÃO. AF_03/2016","UN","ATRIBUÍDO SÃO PAULO","390,86","CAIXA REFERENCIAL"]
["96520","ESCAVAÇÃO MECANIZADA PARA BLOCO DE COROAMENTO OU SAPATA COM RETROESCAVADEIRA (SEM ESCAVAÇÃO PARA COLOCAÇÃO DE FÔRMAS). AF_06/2017","M3","COEFICIENTE DE REPRESENTATIVIDADE","84,07","CAIXA REFERENCIAL"]
["96521","ESCAVAÇÃO MECANIZADA PARA BLOCO DE COROAMENTO OU SAPATA COM RETROESCAVADEIRA (INCLUINDO ESCAVAÇÃO PARA COLOCAÇÃO DE FÔRMAS). AF_06/2017","M3","COEFICIENTE DE REPRESENTATIVIDADE","37,95","CAIXA REFERENCIAL"]
["96522","ESCAVAÇÃO MANUAL PARA BLOCO DE COROAMENTO OU SAPATA (SEM ESCAVAÇÃO PARA COLOCAÇÃO DE FÔRMAS). AF_06/2017","M3","COLETADO","116,50","CAIXA REFERENCIAL"]
["96523","ESCAVAÇÃO MANUAL PARA BLOCO DE COROAMENTO OU SAPATA (INCLUINDO ESCAVAÇÃO PARA COLOCAÇÃO DE FÔRMAS). AF_06/2017","M3","COLETADO","73,76","CAIXA REFERENCIAL"]
["96524","ESCAVAÇÃO MECANIZADA PARA VIGA BALDRAME COM MINI-ESCAVADEIRA (SEM ESCAVAÇÃO PARA COLOCAÇÃO DE FÔRMAS). AF_06/2017","M3","ATRIBUÍDO SÃO PAULO","144,15","CAIXA REFERENCIAL"]
["96525","ESCAVAÇÃO MECANIZADA PARA VIGA BALDRAME COM MINI-ESCAVADEIRA (INCLUINDO ESCAVAÇÃO PARA COLOCAÇÃO DE FÔRMAS). AF_06/2017","M3","ATRIBUÍDO SÃO PAULO","32,37","CAIXA REFERENCIAL"]
["96526","ESCAVAÇÃO MANUAL DE VALA PARA VIGA BALDRAME (SEM ESCAVAÇÃO PARA COLOCAÇÃO DE FÔRMAS). AF_06/2017","M3","COLETADO","235,87","CAIXA REFERENCIAL"]
["96527","ESCAVAÇÃO MANUAL DE VALA PARA VIGA BALDRAME (INCLUINDO ESCAVAÇÃO PARA COLOCAÇÃO DE FÔRMAS). AF_06/2017","M3","COLETADO","96,66","CAIXA REFERENCIAL"]
["96528","FABRICAÇÃO, MONTAGEM E DESMONTAGEM DE FÔRMA PARA BLOCO DE COROAMENTO, EM MADEIRA SERRADA, E=25 MM, 1 UTILIZAÇÃO. AF_06/2017","M2","COEFICIENTE DE REPRESENTATIVIDADE","194,95","CAIXA REFERENCIAL"]
["101114","ESCAVAÇÃO HORIZONTAL EM SOLO DE 1A CATEGORIA COM TRATOR DE ESTEIRAS (100HP/LÂMINA: 2,19M3). AF_07/2020","M3","ATRIBUÍDO SÃO PAULO","3,25","CAIXA REFERENCIAL"]
["101115","ESCAVAÇÃO HORIZONTAL EM SOLO DE 1A CATEGORIA COM TRATOR DE ESTEIRAS (150HP/LÂMINA: 3,18M3). AF_07/2020","M3","ATRIBUÍDO SÃO PAULO","2,70","CAIXA REFERENCIAL"]
["101116","ESCAVAÇÃO HORIZONTAL EM SOLO DE 1A CATEGORIA COM TRATOR DE ESTEIRAS (170HP/LÂMINA: 5,20M3). AF_07/2020","M3","ATRIBUÍDO SÃO PAULO","1,69","CAIXA REFERENCIAL"]
["101117","ESCAVAÇÃO HORIZONTAL EM SOLO DE 1A CATEGORIA COM TRATOR DE ESTEIRAS (347HP/LÂMINA: 8,70M3). AF_07/2020","M3","ATRIBUÍDO SÃO PAULO","2,31","CAIXA REFERENCIAL"]
["101118","ESCAVAÇÃO HORIZONTAL EM SOLO DE 1A CATEGORIA COM TRATOR DE ESTEIRAS (125HP/LÂMINA: 2,70M3). AF_07/2020","M3","ATRIBUÍDO SÃO PAULO","2,79","CAIXA REFERENCIAL"]
["101119","ESCAVAÇÃO HORIZONTAL, INCLUINDO ESCARIFICAÇÃO EM SOLO DE 2A CATEGORIA COM TRATOR DE ESTEIRAS (100HP/LÂMINA: 2,19M3). AF_07/2020","M3","ATRIBUÍDO SÃO PAULO","6,21","CAIXA REFERENCIAL"]
["101120","ESCAVAÇÃO HORIZONTAL, INCLUINDO ESCARIFICAÇÃO EM SOLO DE 2A CATEGORIA COM TRATOR DE ESTEIRAS (150HP/LÂMINA: 3,18M3). AF_07/2020","M3","ATRIBUÍDO SÃO PAULO","5,19","CAIXA REFERENCIAL"]
["101121","ESCAVAÇÃO HORIZONTAL, INCLUINDO ESCARIFICAÇÃO EM SOLO DE 2A CATEGORIA COM TRATOR DE ESTEIRAS (170HP/LÂMINA: 5,20M3). AF_07/2020","M3","ATRIBUÍDO SÃO PAULO","3,24","CAIXA REFERENCIAL"]
["101122","ESCAVAÇÃO HORIZONTAL, INCLUINDO ESCARIFICAÇÃO EM SOLO DE 2A CATEGORIA COM TRATOR DE ESTEIRAS (347HP/LÂMINA: 8,70M3). AF_07/2020","M3","ATRIBUÍDO SÃO PAULO","4,41","CAIXA REFERENCIAL"]
["101123","ESCAVAÇÃO HORIZONTAL, INCLUINDO ESCARIFICAÇÃO EM SOLO DE 2A CATEGORIA COM TRATOR DE ESTEIRAS (125HP/LÂMINA: 2,70M3). AF_07/2020","M3","ATRIBUÍDO SÃO PAULO","5,34","CAIXA REFERENCIAL"]
["101124","ESCAVAÇÃO HORIZONTAL, INCLUINDO CARGA E DESCARGA EM SOLO DE 1A CATEGORIA COM TRATOR DE ESTEIRAS (100HP/LÂMINA: 2,19M3). AF_07/2020","M3","ATRIBUÍDO SÃO PAULO","11,25","CAIXA REFERENCIAL"]
["101125","ESCAVAÇÃO HORIZONTAL, INCLUINDO CARGA E DESCARGA EM SOLO DE 1A CATEGORIA COM TRATOR DE ESTEIRAS (150HP/LÂMINA: 3,18M3). AF_07/2020","M3","ATRIBUÍDO SÃO PAULO","10,70","CAIXA REFERENCIAL"]
["101126","ESCAVAÇÃO HORIZONTAL, INCLUINDO CARGA E DESCARGA EM SOLO DE 1A CATEGORIA COM TRATOR DE ESTEIRAS (170HP/LÂMINA: 5,20M3). AF_07/2020","M3","ATRIBUÍDO SÃO PAULO","9,69","CAIXA REFERENCIAL"]
["101127","ESCAVAÇÃO HORIZONTAL, INCLUINDO CARGA E DESCARGA EM SOLO DE 1A CATEGORIA COM TRATOR DE ESTEIRAS (347HP/LÂMINA: 8,70M3). AF_07/2020","M3","ATRIBUÍDO SÃO PAULO","10,31","CAIXA REFERENCIAL"]
["101128","ESCAVAÇÃO HORIZONTAL, INCLUINDO CARGA E DESCARGA EM SOLO DE 1A CATEGORIA COM TRATOR DE ESTEIRAS (125HP/LÂMINA: 2,70M3). AF_07/2020","M3","ATRIBUÍDO SÃO PAULO","10,79","CAIXA REFERENCIAL"]
["101129","ESCAVAÇÃO HORIZONTAL, INCLUINDO ESCARIFICAÇÃO, CARGA E DESCARGA EM SOLO DE 2A CATEGORIA COM TRATOR DE ESTEIRAS (100HP/LÂMINA: 2,19M3). AF_07/2020","M3","ATRIBUÍDO SÃO PAULO","14,53","CAIXA REFERENCIAL"]
["101130","ESCAVAÇÃO HORIZONTAL, INCLUINDO ESCARIFICAÇÃO, CARGA E DESCARGA EM SOLO DE 2A CATEGORIA COM TRATOR DE ESTEIRAS (150HP/LÂMINA: 3,18M3). AF_07/2020","M3","ATRIBUÍDO SÃO PAULO","13,51","CAIXA REFERENCIAL"]
["101131","ESCAVAÇÃO HORIZONTAL, INCLUINDO ESCARIFICAÇÃO, CARGA E DESCARGA EM SOLO DE 2A CATEGORIA COM TRATOR DE ESTEIRAS (170HP/LÂMINA: 5,20M3). AF_07/2020","M3","ATRIBUÍDO SÃO PAULO","11,56","CAIXA REFERENCIAL"]
["101132","ESCAVAÇÃO HORIZONTAL, INCLUINDO ESCARIFICAÇÃO, CARGA E DESCARGA EM SOLO DE 2A CATEGORIA COM TRATOR DE ESTEIRAS (347HP/LÂMINA: 8,70M3). AF_07/2020","M3","ATRIBUÍDO SÃO PAULO","12,73","CAIXA REFERENCIAL"]
["101133","ESCAVAÇÃO HORIZONTAL, INCLUINDO ESCARIFICAÇÃO, CARGA E DESCARGA EM SOLO DE 2A CATEGORIA COM TRATOR DE ESTEIRAS (125HP/LÂMINA: 2,70M3). AF_07/2020","M3","ATRIBUÍDO SÃO PAULO","13,66","CAIXA REFERENCIAL"]
["101134","ESCAVAÇÃO HORIZONTAL, INCLUINDO CARGA, DESCARGA E TRANSPORTE EM SOLO DE 1A CATEGORIA COM TRATOR DE ESTEIRAS (100HP/LÂMINA: 2,19M3) E CAMINHÃO BASCULANTE DE 10M3, DMT ATÉ 200M. AF_07/2020","M3","ATRIBUÍDO SÃO PAULO","11,72","CAIXA REFERENCIAL"]
["101135","ESCAVAÇÃO HORIZONTAL, INCLUINDO CARGA, DESCARGA E TRANSPORTE EM SOLO DE 1A CATEGORIA COM TRATOR DE ESTEIRAS (150HP/LÂMINA: 3,18M3) E CAMINHÃO BASCULANTE DE 10M3, DMT ATÉ 200M AF_07/2020","M3","ATRIBUÍDO SÃO PAULO","11,17","CAIXA REFERENCIAL"]
["101136","ESCAVAÇÃO HORIZONTAL, INCLUINDO CARGA, DESCARGA E TRANSPORTE EM SOLO DE 1A CATEGORIA COM TRATOR DE ESTEIRAS (170HP/LÂMINA: 5,20M3) E CAMINHÃO BASCULANTE DE 10M3, DMT ATÉ 200M. AF_07/2020","M3","ATRIBUÍDO SÃO PAULO","10,16","CAIXA REFERENCIAL"]
["101137","ESCAVAÇÃO HORIZONTAL, INCLUINDO CARGA, DESCARGA E TRANSPORTE EM SOLO DE 1A CATEGORIA COM TRATOR DE ESTEIRAS (347HP/LÂMINA: 8,70M3) E CAMINHÃO BASCULANTE DE 10M3, DMT ATÉ 200M. AF_07/2020","M3","ATRIBUÍDO SÃO PAULO","10,78","CAIXA REFERENCIAL"]
["101138","ESCAVAÇÃO HORIZONTAL, INCLUINDO CARGA, DESCARGA E TRANSPORTE EM SOLO DE 1A CATEGORIA COM TRATOR DE ESTEIRAS (125HP/LÂMINA: 2,70M3) E CAMINHÃO BASCULANTE DE 10M3, DMT ATÉ 200M. AF_07/2020","M3","ATRIBUÍDO SÃO PAULO","11,26","CAIXA REFERENCIAL"]
["101139","ESCAVAÇÃO HORIZONTAL, INCLUINDO  ESCARIFICAÇÃO, CARGA, DESCARGA E TRANSPORTE EM SOLO DE 2A CATEGORIA COM TRATOR DE ESTEIRAS (100HP/LÂMINA: 2,19M3) E CAMINHÃO BASCULANTE DE 10M3, DMT ATÉ 200M. AF_07/2020","M3","ATRIBUÍDO SÃO PAULO","15,02","CAIXA REFERENCIAL"]
["101140","ESCAVAÇÃO HORIZONTAL, INCLUINDO ESCARIFICAÇÃO, CARGA, DESCARGA E TRANSPORTE EM SOLO DE 2A CATEGORIA COM TRATOR DE ESTEIRAS (150HP/LÂMINA: 3,18M3) E CAMINHÃO BASCULANTE DE 10M3, DMT ATÉ 200M. AF_07/2020","M3","ATRIBUÍDO SÃO PAULO","14,00","CAIXA REFERENCIAL"]
["101141","ESCAVAÇÃO HORIZONTAL, INCLUINDO ESCARIFICAÇÃO, CARGA, DESCARGA E TRANSPORTE EM SOLO DE 2A CATEGORIA COM TRATOR DE ESTEIRAS (170HP/LÂMINA: 5,20M3) E CAMINHÃO BASCULANTE DE 10M3, DMT ATÉ 200M. AF_07/2020","M3","ATRIBUÍDO SÃO PAULO","12,05","CAIXA REFERENCIAL"]
["101142","ESCAVAÇÃO HORIZONTAL, INCLUINDO ESCARIFICAÇÃO, CARGA, DESCARGA E TRANSPORTE EM SOLO DE 2A CATEGORIA COM TRATOR DE ESTEIRAS (347HP/LÂMINA: 8,70M3) E CAMINHÃO BASCULANTE DE 10M3, DMT ATÉ 200M. AF_07/2020","M3","ATRIBUÍDO SÃO PAULO","13,22","CAIXA REFERENCIAL"]
["101143","ESCAVAÇÃO HORIZONTAL, INCLUINDO ESCARIFICAÇÃO, CARGA, DESCARGA E TRANSPORTE EM SOLO DE 2A CATEGORIA COM TRATOR DE ESTEIRAS (125HP/LÂMINA: 2,70M3) E CAMINHÃO BASCULANTE DE 10M3, DMT ATÉ 200M. AF_07/2020","M3","ATRIBUÍDO SÃO PAULO","14,15","CAIXA REFERENCIAL"]
["101144","ESCAVAÇÃO HORIZONTAL, INCLUINDO CARGA, DESCARGA E TRANSPORTE EM SOLO DE 1A CATEGORIA COM TRATOR DE ESTEIRAS (100HP/LÂMINA: 2,19M3) E CAMINHÃO BASCULANTE DE 14M3, DMT ATÉ 200M. AF_07/2020","M3","ATRIBUÍDO SÃO PAULO","11,95","CAIXA REFERENCIAL"]
["101145","ESCAVAÇÃO HORIZONTAL, INCLUINDO CARGA, DESCARGA E TRANSPORTE EM SOLO DE 1A CATEGORIA COM TRATOR DE ESTEIRAS (150HP/LÂMINA: 3,18M3) E CAMINHÃO BASCULANTE DE 14M3, DMT ATÉ 200M. AF_07/2020","M3","ATRIBUÍDO SÃO PAULO","11,40","CAIXA REFERENCIAL"]
["101146","ESCAVAÇÃO HORIZONTAL, INCLUINDO CARGA, DESCARGA E TRANSPORTE EM SOLO DE 1A CATEGORIA COM TRATOR DE ESTEIRAS (170HP/LÂMINA: 5,20M3) E CAMINHÃO BASCULANTE DE 14M3, DMT ATÉ 200M. AF_07/2020","M3","ATRIBUÍDO SÃO PAULO","10,39","CAIXA REFERENCIAL"]
["101147","ESCAVAÇÃO HORIZONTAL, INCLUINDO CARGA, DESCARGA E TRANSPORTE EM SOLO DE 1A CATEGORIA COM TRATOR DE ESTEIRAS (347HP/LÂMINA: 8,70M3) E CAMINHÃO BASCULANTE DE 14M3, DMT ATÉ 200M. AF_07/2020","M3","ATRIBUÍDO SÃO PAULO","11,01","CAIXA REFERENCIAL"]
["101148","ESCAVAÇÃO HORIZONTAL, INCLUINDO CARGA, DESCARGA E TRANSPORTE EM SOLO DE 1A CATEGORIA COM TRATOR DE ESTEIRAS (125HP/LÂMINA: 2,70M3) E CAMINHÃO BASCULANTE DE 14M3, DMT ATÉ 200M. AF_07/2020","M3","ATRIBUÍDO SÃO PAULO","11,49","CAIXA REFERENCIAL"]
["101149","ESCAVAÇÃO HORIZONTAL, INCLUINDO ESCARIFICAÇÃO, CARGA, DESCARGA E TRANSPORTE EM SOLO DE 2A CATEGORIA COM TRATOR DE ESTEIRAS (100HP/LÂMINA: 2,19M3) E CAMINHÃO BASCULANTE DE 14M3, DMT ATÉ 200M. AF_07/2020","M3","ATRIBUÍDO SÃO PAULO","15,26","CAIXA REFERENCIAL"]
["101150","ESCAVAÇÃO HORIZONTAL, INCLUINDO ESCARIFICAÇÃO, CARGA, DESCARGA E TRANSPORTE EM SOLO DE 2A CATEGORIA COM TRATOR DE ESTEIRAS (150HP/LÂMINA: 3,18M3) E CAMINHÃO BASCULANTE DE 14M3, DMT ATÉ 200M. AF_07/2020","M3","ATRIBUÍDO SÃO PAULO","14,24","CAIXA REFERENCIAL"]
["101151","ESCAVAÇÃO HORIZONTAL, INCLUINDO ESCARIFICAÇÃO, CARGA, DESCARGA E TRANSPORTE EM SOLO DE 2A CATEGORIA COM TRATOR DE ESTEIRAS (170HP/LÂMINA: 5,20M3) E CAMINHÃO BASCULANTE DE 14M3, DMT ATÉ 200M. AF_07/2020","M3","ATRIBUÍDO SÃO PAULO","12,29","CAIXA REFERENCIAL"]
["101152","ESCAVAÇÃO HORIZONTAL, INCLUINDO ESCARIFICAÇÃO, CARGA, DESCARGA E TRANSPORTE EM SOLO DE 2A CATEGORIA COM TRATOR DE ESTEIRAS (347HP/LÂMINA: 8,70M3) E CAMINHÃO BASCULANTE DE 14M3, DMT ATÉ 200M. AF_07/2020","M3","ATRIBUÍDO SÃO PAULO","13,46","CAIXA REFERENCIAL"]
["101153","ESCAVAÇÃO HORIZONTAL, INCLUINDO ESCARIFICAÇÃO, CARGA, DESCARGA E TRANSPORTE EM SOLO DE 2A CATEGORIA COM TRATOR DE ESTEIRAS (125HP/LÂMINA: 2,70M3) E CAMINHÃO BASCULANTE DE 14M3, DMT ATÉ 200M. AF_07/2020","M3","ATRIBUÍDO SÃO PAULO","14,39","CAIXA REFERENCIAL"]
["101206","ESCAVAÇÃO VERTICAL A CÉU ABERTO, EM OBRAS DE EDIFICAÇÃO, INCLUINDO CARGA, DESCARGA E TRANSPORTE, EM SOLO DE 1ª CATEGORIA COM ESCAVADEIRA HIDRÁULICA (CAÇAMBA: 0,8 M³ / 111 HP), FROTA DE 3 CAMINHÕES BASCULANTES DE 14 M³, DMT ATÉ 1 KM E VELOCIDADE MÉDIA 14KM/H. AF_05/2020","M3","ATRIBUÍDO SÃO PAULO","9,64","CAIXA REFERENCIAL"]
["101207","ESCAVAÇÃO VERTICAL A CÉU ABERTO, EMOBRAS DE EDIFICAÇÃO  INCLUINDO CARGA, DESCARGA E TRANSPORTE, EM SOLO DE 1ª CATEGORIA COM ESCAVADEIRA HIDRÁULICA (CAÇAMBA: 0,8 M³ / 111 HP), FROTA DE 2 CAMINHÕES BASCULANTES DE 18 M³, DMT ATÉ 1 KM E VELOCIDADE MÉDIA 14 KM/H. AF_05/2020","M3","ATRIBUÍDO SÃO PAULO","8,41","CAIXA REFERENCIAL"]
["101208","ESCAVAÇÃO VERTICAL A CÉU ABERTO, EM OBRAS DE EDIFICAÇÃO, INCLUINDO CARGA, DESCARGA E TRANSPORTE, EM SOLO DE 1ª CATEGORIA COM ESCAVADEIRA HIDRÁULICA (CAÇAMBA: 1,2 M³ / 155 HP), FROTA DE 3 CAMINHÕES BASCULANTES DE 14 M³, DMT ATÉ 1 KM E VELOCIDADE MÉDIA 14KM/H. AF_05/2020","M3","ATRIBUÍDO SÃO PAULO","8,16","CAIXA REFERENCIAL"]
["101209","ESCAVAÇÃO VERTICAL A CÉU ABERTO, EM OBRAS DE EDIFICAÇÃO, INCLUINDO CARGA, DESCARGA E TRANSPORTE, EM SOLO DE 1ª CATEGORIA COM ESCAVADEIRA HIDRÁULICA (CAÇAMBA: 1,2 M³ / 155 HP), FROTA DE 3 CAMINHÕES BASCULANTES DE 18 M³, DMT ATÉ 1 KM E VELOCIDADE MÉDIA 14KM/H. AF_05/2020","M3","ATRIBUÍDO SÃO PAULO","7,56","CAIXA REFERENCIAL"]
["101210","ESCAVAÇÃO VERTICAL A CÉU ABERTO, EM OBRAS DE EDIFICAÇÃO, INCLUINDO CARGA, DESCARGA E TRANSPORTE, EM SOLO DE 1ª CATEGORIA COM ESCAVADEIRA HIDRÁULICA (CAÇAMBA: 0,8 M³ / 111 HP), FROTA DE 4 CAMINHÕES BASCULANTES DE 14 M³, DMT DE 1,5 KM E VELOCIDADE MÉDIA 18KM/H. AF_05/2020","M3","ATRIBUÍDO SÃO PAULO","13,43","CAIXA REFERENCIAL"]
["101211","ESCAVAÇÃO VERTICAL A CÉU ABERTO, EM OBRAS DE EDIFICAÇÃO, INCLUINDO CARGA, DESCARGA E TRANSPORTE, EM SOLO DE 1ª CATEGORIA COM ESCAVADEIRA HIDRÁULICA (CAÇAMBA: 0,8 M³ / 111 HP), FROTA DE 4 CAMINHÕES BASCULANTES DE 14 M³, DMT DE 2 KM E VELOCIDADE MÉDIA 19KM/H. AF_05/2020","M3","ATRIBUÍDO SÃO PAULO","14,39","CAIXA REFERENCIAL"]
["101212","ESCAVAÇÃO VERTICAL A CÉU ABERTO, EM OBRAS DE EDIFICAÇÃO, INCLUINDO CARGA, DESCARGA E TRANSPORTE, EM SOLO DE 1ª CATEGORIA COM ESCAVADEIRA HIDRÁULICA (CAÇAMBA: 0,8 M³ / 111 HP), FROTA DE 5 CAMINHÕES BASCULANTES DE 14 M³, DMT DE 3 KM E VELOCIDADE MÉDIA 20KM/H. AF_05/2020","M3","ATRIBUÍDO SÃO PAULO","16,70","CAIXA REFERENCIAL"]
["101213","ESCAVAÇÃO VERTICAL A CÉU ABERTO, EM OBRAS DE EDIFICAÇÃO, INCLUINDO CARGA, DESCARGA E TRANSPORTE, EM SOLO DE 1ª CATEGORIA COM ESCAVADEIRA HIDRÁULICA (CAÇAMBA: 0,8 M³ / 111 HP), FROTA DE 6 CAMINHÕES BASCULANTES DE 14 M³, DMT DE 4 KM E VELOCIDADE MÉDIA 22KM/H. AF_05/2020","M3","ATRIBUÍDO SÃO PAULO","18,59","CAIXA REFERENCIAL"]
["101214","ESCAVAÇÃO VERTICAL A CÉU ABERTO, EM OBRAS DE EDIFICAÇÃO, INCLUINDO CARGA, DESCARGA E TRANSPORTE, EM SOLO DE 1ª CATEGORIA COM ESCAVADEIRA HIDRÁULICA (CAÇAMBA: 0,8 M³ / 111 HP), FROTA DE 7 CAMINHÕES BASCULANTES DE 14 M³, DMT DE 6 KM E VELOCIDADE MÉDIA 22KM/H. AF_05/2020","M3","ATRIBUÍDO SÃO PAULO","22,45","CAIXA REFERENCIAL"]
["101215","ESCAVAÇÃO VERTICAL A CÉU ABERTO, EM OBRAS DE EDIFICAÇÃO, INCLUINDO CARGA, DESCARGA E TRANSPORTE, EM SOLO DE 1ª CATEGORIA COM ESCAVADEIRA HIDRÁULICA (CAÇAMBA: 0,8 M³ / 111 HP), FROTA DE 4 CAMINHÕES BASCULANTES DE 18 M³, DMT DE 1,5 KM E VELOCIDADE MÉDIA 18KM/H. AF_05/2020","M3","ATRIBUÍDO SÃO PAULO","12,82","CAIXA REFERENCIAL"]
["101216","ESCAVAÇÃO VERTICAL A CÉU ABERTO, EM OBRAS DE EDIFICAÇÃO, INCLUINDO CARGA, DESCARGA E TRANSPORTE, EM SOLO DE 1ª CATEGORIA COM ESCAVADEIRA HIDRÁULICA (CAÇAMBA: 0,8 M³ / 111 HP), FROTA DE 4 CAMINHÕES BASCULANTES DE 18 M³, DMT DE 2 KM E VELOCIDADE MÉDIA 19KM/H. AF_05/2020","M3","ATRIBUÍDO SÃO PAULO","13,45","CAIXA REFERENCIAL"]
["101217","ESCAVAÇÃO VERTICAL A CÉU ABERTO, EM OBRAS DE EDIFICAÇÃO, INCLUINDO CARGA, DESCARGA E TRANSPORTE, EM SOLO DE 1ª CATEGORIA COM ESCAVADEIRA HIDRÁULICA (CAÇAMBA: 0,8 M³ / 111 HP), FROTA DE 5 CAMINHÕES BASCULANTES DE 18 M³, DMT DE 3 KM E VELOCIDADE MÉDIA 20KM/H. AF_05/2020","M3","ATRIBUÍDO SÃO PAULO","15,57","CAIXA REFERENCIAL"]
["101218","ESCAVAÇÃO VERTICAL A CÉU ABERTO, EM OBRAS DE EDIFICAÇÃO, INCLUINDO CARGA, DESCARGA E TRANSPORTE, EM SOLO DE 1ª CATEGORIA COM ESCAVADEIRA HIDRÁULICA (CAÇAMBA: 0,8 M³ / 111 HP), FROTA DE 5 CAMINHÕES BASCULANTES DE 18 M³, DMT DE 4 KM E VELOCIDADE MÉDIA 22KM/H. AF_05/2020","M3","ATRIBUÍDO SÃO PAULO","16,51","CAIXA REFERENCIAL"]
["101219","ESCAVAÇÃO VERTICAL A CÉU ABERTO, EM OBRAS DE EDIFICAÇÃO, INCLUINDO CARGA, DESCARGA E TRANSPORTE, EM SOLO DE 1ª CATEGORIA COM ESCAVADEIRA HIDRÁULICA (CAÇAMBA: 0,8 M³ / 111 HP), FROTA DE 6 CAMINHÕES BASCULANTES DE 18 M³, DMT DE 6 KM E VELOCIDADE MÉDIA 22KM/H. AF_05/2020","M3","ATRIBUÍDO SÃO PAULO","19,97","CAIXA REFERENCIAL"]
["101220","ESCAVAÇÃO VERTICAL A CÉU ABERTO, EM OBRAS DE EDIFICAÇÃO, INCLUINDO CARGA, DESCARGA E TRANSPORTE, EM SOLO DE 1ª CATEGORIA COM ESCAVADEIRA HIDRÁULICA (CAÇAMBA: 1,2 M³ / 155 HP), FROTA DE 5 CAMINHÕES BASCULANTES DE 14 M³, DMT DE 1,5 KM E VELOCIDADE MÉDIA 18KM/H. AF_05/2020","M3","ATRIBUÍDO SÃO PAULO","12,58","CAIXA REFERENCIAL"]
["101221","ESCAVAÇÃO VERTICAL A CÉU ABERTO, EM OBRAS DE EDIFICAÇÃO, INCLUINDO CARGA, DESCARGA E TRANSPORTE, EM SOLO DE 1ª CATEGORIA COM ESCAVADEIRA HIDRÁULICA (CAÇAMBA: 1,2 M³ / 155 HP), FROTA DE 5 CAMINHÕES BASCULANTES DE 14 M³, DMT DE 2 KM E VELOCIDADE MÉDIA 19KM/H. AF_05/2020","M3","ATRIBUÍDO SÃO PAULO","13,32","CAIXA REFERENCIAL"]
["101222","ESCAVAÇÃO VERTICAL A CÉU ABERTO, EM OBRAS DE EDIFICAÇÃO, INCLUINDO CARGA, DESCARGA E TRANSPORTE, EM SOLO DE 1ª CATEGORIA COM ESCAVADEIRA HIDRÁULICA (CAÇAMBA: 1,2 M³ / 155 HP), FROTA DE 6 CAMINHÕES BASCULANTES DE 14 M³, DMT DE 3 KM E VELOCIDADE MÉDIA 20KM/H. AF_05/2020","M3","ATRIBUÍDO SÃO PAULO","15,43","CAIXA REFERENCIAL"]
["101223","ESCAVAÇÃO VERTICAL A CÉU ABERTO, EM OBRAS DE EDIFICAÇÃO, INCLUINDO CARGA, DESCARGA E TRANSPORTE, EM SOLO DE 1ª CATEGORIA COM ESCAVADEIRA HIDRÁULICA (CAÇAMBA: 1,2 M³ / 155 HP), FROTA DE 7 CAMINHÕES BASCULANTES DE 14 M³, DMT DE 4 KM E VELOCIDADE MÉDIA 22KM/H. AF_05/2020","M3","ATRIBUÍDO SÃO PAULO","17,11","CAIXA REFERENCIAL"]
["101224","ESCAVAÇÃO VERTICAL A CÉU ABERTO, EM OBRAS DE EDIFICAÇÃO, INCLUINDO CARGA, DESCARGA E TRANSPORTE, EM SOLO DE 1ª CATEGORIA COM ESCAVADEIRA HIDRÁULICA (CAÇAMBA: 1,2 M³ / 155 HP), FROTA DE 9 CAMINHÕES BASCULANTES DE 14 M³, DMT DE 6 KM E VELOCIDADE MÉDIA 22KM/H. AF_05/2020","M3","ATRIBUÍDO SÃO PAULO","21,39","CAIXA REFERENCIAL"]
["101225","ESCAVAÇÃO VERTICAL A CÉU ABERTO, EM OBRAS DE EDIFICAÇÃO, INCLUINDO CARGA, DESCARGA E TRANSPORTE, EM SOLO DE 1ª CATEGORIA COM ESCAVADEIRA HIDRÁULICA (CAÇAMBA: 1,2 M³ / 155 HP), FROTA DE 5 CAMINHÕES BASCULANTES DE 18 M³, DMT DE 1,5 KM E VELOCIDADE MÉDIA 18KM/H. AF_05/2020","M3","ATRIBUÍDO SÃO PAULO","11,51","CAIXA REFERENCIAL"]
["101226","ESCAVAÇÃO VERTICAL A CÉU ABERTO, EM OBRAS DE EDIFICAÇÃO, INCLUINDO CARGA, DESCARGA E TRANSPORTE, EM SOLO DE 1ª CATEGORIA COM ESCAVADEIRA HIDRÁULICA (CAÇAMBA: 1,2 M³ / 155 HP), FROTA DE 5 CAMINHÕES BASCULANTES DE 18 M³, DMT DE 2 KM E VELOCIDADE MÉDIA 19KM/H. AF_05/2020","M3","ATRIBUÍDO SÃO PAULO","12,15","CAIXA REFERENCIAL"]
["101227","ESCAVAÇÃO VERTICAL A CÉU ABERTO, EM OBRAS DE EDIFICAÇÃO, INCLUINDO CARGA, DESCARGA E TRANSPORTE, EM SOLO DE 1ª CATEGORIA COM ESCAVADEIRA HIDRÁULICA (CAÇAMBA: 1,2 M³ / 155 HP), FROTA DE 6 CAMINHÕES BASCULANTES DE 18 M³, DMT DE 3 KM E VELOCIDADE MÉDIA 20KM/H. AF_05/2020","M3","ATRIBUÍDO SÃO PAULO","14,04","CAIXA REFERENCIAL"]
["101228","ESCAVAÇÃO VERTICAL A CÉU ABERTO, EM OBRAS DE EDIFICAÇÃO, INCLUINDO CARGA, DESCARGA E TRANSPORTE, EM SOLO DE 1ª CATEGORIA COM ESCAVADEIRA HIDRÁULICA (CAÇAMBA: 1,2 M³ / 155 HP), FROTA DE 6 CAMINHÕES BASCULANTES DE 18 M³, DMT DE 4 KM E VELOCIDADE MÉDIA 22KM/H. AF_05/2020","M3","ATRIBUÍDO SÃO PAULO","15,00","CAIXA REFERENCIAL"]
["101229","ESCAVAÇÃO VERTICAL A CÉU ABERTO, EM OBRAS DE EDIFICAÇÃO, INCLUINDO CARGA, DESCARGA E TRANSPORTE, EM SOLO DE 1ª CATEGORIA COM ESCAVADEIRA HIDRÁULICA (CAÇAMBA: 1,2 M³ / 155 HP), FROTA DE 8 CAMINHÕES BASCULANTES DE 18 M³, DMT DE 6 KM E VELOCIDADE MÉDIA 22KM/H. AF_05/2020","M3","ATRIBUÍDO SÃO PAULO","18,82","CAIXA REFERENCIAL"]
["101230","ESCAVAÇÃO VERTICAL A CÉU ABERTO, EM OBRAS DE INFRAESTRUTURA, INCLUINDO CARGA, DESCARGA E TRANSPORTE, EM SOLO DE 1ª CATEGORIA COM ESCAVADEIRA HIDRÁULICA (CAÇAMBA: 0,8 M³ / 111 HP), FROTA DE 3 CAMINHÕES BASCULANTES DE 14 M³, DMT ATÉ 1 KM E VELOCIDADE MÉDIA14KM/H. AF_05/2020","M3","ATRIBUÍDO SÃO PAULO","8,50","CAIXA REFERENCIAL"]
["101231","ESCAVAÇÃO VERTICAL A CÉU ABERTO, EM OBRAS DE INFRAESTRUTURA, INCLUINDO CARGA, DESCARGA E TRANSPORTE, EM SOLO DE 1ª CATEGORIA COM ESCAVADEIRA HIDRÁULICA (CAÇAMBA: 0,8 M³ / 111 HP), FROTA DE 3 CAMINHÕES BASCULANTES DE 18 M³, DMT ATÉ 1 KM E VELOCIDADE MÉDIA14KM/H. AF_05/2020","M3","ATRIBUÍDO SÃO PAULO","8,05","CAIXA REFERENCIAL"]
["101232","ESCAVAÇÃO VERTICAL A CÉU ABERTO, EM OBRAS DE INFRAESTRUTURA, INCLUINDO CARGA, DESCARGA E TRANSPORTE, EM SOLO DE 1ª CATEGORIA COM ESCAVADEIRA HIDRÁULICA (CAÇAMBA: 1,2 M³ / 155 HP), FROTA DE 3 CAMINHÕES BASCULANTES DE 14 M³, DMT ATÉ 1 KM E VELOCIDADE MÉDIA14KM/H. AF_05/2020","M3","ATRIBUÍDO SÃO PAULO","7,30","CAIXA REFERENCIAL"]
["101233","ESCAVAÇÃO VERTICAL A CÉU ABERTO, EM OBRAS DE INFRAESTRUTURA, INCLUINDO CARGA, DESCARGA E TRANSPORTE, EM SOLO DE 1ª CATEGORIA COM ESCAVADEIRA HIDRÁULICA (CAÇAMBA: 1,2 M³ / 155 HP), FROTA DE 3 CAMINHÕES BASCULANTES DE 18 M³, DMT ATÉ 1 KM E VELOCIDADE MÉDIA14KM/H. AF_05/2020","M3","ATRIBUÍDO SÃO PAULO","6,70","CAIXA REFERENCIAL"]
["101234","ESCAVAÇÃO VERTICAL A CÉU ABERTO, EM OBRAS DE INFRAESTRUTURA, INCLUINDO CARGA, DESCARGA E TRANSPORTE, EM SOLO DE 1ª CATEGORIA COM ESCAVADEIRA HIDRÁULICA (CAÇAMBA: 0,8 M³ / 111HP), FROTA DE 5 CAMINHÕES BASCULANTES DE 14 M³, DMT DE 1,5 KM E VELOCIDADE MÉDIA18KM/H. AF_05/2020","M3","ATRIBUÍDO SÃO PAULO","13,06","CAIXA REFERENCIAL"]
["101235","ESCAVAÇÃO VERTICAL A CÉU ABERTO, EM OBRAS DE INFRAESTRUTURA, INCLUINDO CARGA, DESCARGA E TRANSPORTE, EM SOLO DE 1ª CATEGORIA COM ESCAVADEIRA HIDRÁULICA (CAÇAMBA: 0,8 M³ / 111HP), FROTA DE 5 CAMINHÕES BASCULANTES DE 14 M³, DMT DE 2 KM E VELOCIDADE MÉDIA 19KM/H. AF_05/2020","M3","ATRIBUÍDO SÃO PAULO","13,76","CAIXA REFERENCIAL"]
["101236","ESCAVAÇÃO VERTICAL A CÉU ABERTO, EM OBRAS DE INFRAESTRUTURA, INCLUINDO CARGA, DESCARGA E TRANSPORTE, EM SOLO DE 1ª CATEGORIA COM ESCAVADEIRA HIDRÁULICA (CAÇAMBA: 0,8 M³ / 111HP), FROTA DE 6 CAMINHÕES BASCULANTES DE 14 M³, DMT DE 3 KM E VELOCIDADE MÉDIA 20KM/H. AF_05/2020","M3","ATRIBUÍDO SÃO PAULO","15,98","CAIXA REFERENCIAL"]
["101237","ESCAVAÇÃO VERTICAL A CÉU ABERTO, EM OBRAS DE INFRAESTRUTURA, INCLUINDO CARGA, DESCARGA E TRANSPORTE, EM SOLO DE 1ª CATEGORIA COM ESCAVADEIRA HIDRÁULICA (CAÇAMBA: 0,8 M³ / 111HP), FROTA DE 6 CAMINHÕES BASCULANTES DE 14 M³, DMT DE 4 KM E VELOCIDADE MÉDIA 22KM/H. AF_05/2020","M3","ATRIBUÍDO SÃO PAULO","17,05","CAIXA REFERENCIAL"]
["101238","ESCAVAÇÃO VERTICAL A CÉU ABERTO, EM OBRAS DE INFRAESTRUTURA, INCLUINDO CARGA, DESCARGA E TRANSPORTE, EM SOLO DE 1ª CATEGORIA COM ESCAVADEIRA HIDRÁULICA (CAÇAMBA: 0,8 M³ / 111HP), FROTA DE 8 CAMINHÕES BASCULANTES DE 14 M³, DMT DE 6 KM E VELOCIDADE MÉDIA 22KM/H. AF_05/2020","M3","ATRIBUÍDO SÃO PAULO","21,47","CAIXA REFERENCIAL"]
["101239","ESCAVAÇÃO VERTICAL A CÉU ABERTO, EM OBRAS DE INFRAESTRUTURA, INCLUINDO CARGA, DESCARGA E TRANSPORTE, EM SOLO DE 1ª CATEGORIA COM ESCAVADEIRA HIDRÁULICA (CAÇAMBA: 0,8 M³ / 111HP), FROTA DE 4 CAMINHÕES BASCULANTES DE 18 M³, DMT DE 1,5 KM E VELOCIDADE MÉDIA18KM/H. AF_05/2020","M3","ATRIBUÍDO SÃO PAULO","11,50","CAIXA REFERENCIAL"]
["101240","ESCAVAÇÃO VERTICAL A CÉU ABERTO, EM OBRAS DE INFRAESTRUTURA, INCLUINDO CARGA, DESCARGA E TRANSPORTE, EM SOLO DE 1ª CATEGORIA COM ESCAVADEIRA HIDRÁULICA (CAÇAMBA: 0,8 M³ / 111HP), FROTA DE 4 CAMINHÕES BASCULANTES DE 18 M³, DMT DE 2 KM E VELOCIDADE MÉDIA 19KM/H. AF_05/2020","M3","ATRIBUÍDO SÃO PAULO","12,15","CAIXA REFERENCIAL"]
["101241","ESCAVAÇÃO VERTICAL A CÉU ABERTO, EM OBRAS DE INFRAESTRUTURA, INCLUINDO CARGA, DESCARGA E TRANSPORTE, EM SOLO DE 1ª CATEGORIA COM ESCAVADEIRA HIDRÁULICA (CAÇAMBA: 0,8 M³ / 111HP), FROTA DE 5 CAMINHÕES BASCULANTES DE 18 M³, DMT DE 3 KM E VELOCIDADE MÉDIA 20KM/H. AF_05/2020","M3","ATRIBUÍDO SÃO PAULO","14,13","CAIXA REFERENCIAL"]
["101242","ESCAVAÇÃO VERTICAL A CÉU ABERTO, EM OBRAS DE INFRAESTRUTURA, INCLUINDO CARGA, DESCARGA E TRANSPORTE, EM SOLO DE 1ª CATEGORIA COM ESCAVADEIRA HIDRÁULICA (CAÇAMBA: 0,8 M³ / 111HP), FROTA DE 6 CAMINHÕES BASCULANTES DE 18 M³, DMT DE 4 KM E VELOCIDADE MÉDIA 22KM/H. AF_05/2020","M3","ATRIBUÍDO SÃO PAULO","15,73","CAIXA REFERENCIAL"]
["101243","ESCAVAÇÃO VERTICAL A CÉU ABERTO, EM OBRAS DE INFRAESTRUTURA, INCLUINDO CARGA, DESCARGA E TRANSPORTE, EM SOLO DE 1ª CATEGORIA COM ESCAVADEIRA HIDRÁULICA (CAÇAMBA: 0,8 M³ / 111HP), FROTA DE 7 CAMINHÕES BASCULANTES DE 18 M³, DMT DE 6 KM E VELOCIDADE MÉDIA 22KM/H. AF_05/2020","M3","ATRIBUÍDO SÃO PAULO","19,05","CAIXA REFERENCIAL"]
["101244","ESCAVAÇÃO VERTICAL A CÉU ABERTO, EM OBRAS DE INFRAESTRUTURA, INCLUINDO CARGA, DESCARGA E TRANSPORTE, EM SOLO DE 1ª CATEGORIA COM ESCAVADEIRA HIDRÁULICA (CAÇAMBA: 1,2M³ / 155HP), FROTA DE 6 CAMINHÕES BASCULANTES DE 14 M³, DMT DE 1,5 KM E VELOCIDADE MÉDIA18KM/H. AF_05/2020","M3","ATRIBUÍDO SÃO PAULO","12,05","CAIXA REFERENCIAL"]
["101245","ESCAVAÇÃO VERTICAL A CÉU ABERTO, EM OBRAS DE INFRAESTRUTURA, INCLUINDO CARGA, DESCARGA E TRANSPORTE, EM SOLO DE 1ª CATEGORIA COM ESCAVADEIRA HIDRÁULICA (CAÇAMBA: 1,2 M³ / 155HP), FROTA DE 6 CAMINHÕES BASCULANTES DE 14 M³, DMT DE 2 KM E VELOCIDADE MÉDIA 19KM/H. AF_05/2020","M3","ATRIBUÍDO SÃO PAULO","12,77","CAIXA REFERENCIAL"]
["101246","ESCAVAÇÃO VERTICAL A CÉU ABERTO, EM OBRAS DE INFRAESTRUTURA, INCLUINDO CARGA, DESCARGA E TRANSPORTE, EM SOLO DE 1ª CATEGORIA COM ESCAVADEIRA HIDRÁULICA (CAÇAMBA: 1,2 M³ / 155HP), FROTA DE 7 CAMINHÕES BASCULANTES DE 14 M³, DMT DE 3 KM E VELOCIDADE MÉDIA 20KM/H. AF_05/2020","M3","ATRIBUÍDO SÃO PAULO","14,81","CAIXA REFERENCIAL"]
["101247","ESCAVAÇÃO VERTICAL A CÉU ABERTO, EM OBRAS DE INFRAESTRUTURA, INCLUINDO CARGA, DESCARGA E TRANSPORTE, EM SOLO DE 1ª CATEGORIA COM ESCAVADEIRA HIDRÁULICA (CAÇAMBA: 1,2 M³ / 155HP), FROTA DE 8 CAMINHÕES BASCULANTES DE 14 M³, DMT DE 4 KM E VELOCIDADE MÉDIA 22KM/H. AF_05/2020","M3","ATRIBUÍDO SÃO PAULO","16,39","CAIXA REFERENCIAL"]
["101248","ESCAVAÇÃO VERTICAL A CÉU ABERTO, EM OBRAS DE INFRAESTRUTURA, INCLUINDO CARGA, DESCARGA E TRANSPORTE, EM SOLO DE 1ª CATEGORIA COM ESCAVADEIRA HIDRÁULICA (CAÇAMBA: 1,2 M³ / 155HP), FROTA DE 10 CAMINHÕES BASCULANTES DE 14 M³, DMT DE 6 KM E VELOCIDADE MÉDIA22KM/H. AF_05/2020","M3","ATRIBUÍDO SÃO PAULO","20,47","CAIXA REFERENCIAL"]
["101249","ESCAVAÇÃO VERTICAL A CÉU ABERTO, EM OBRAS DE INFRAESTRUTURA, INCLUINDO CARGA, DESCARGA E TRANSPORTE, EM SOLO DE 1ª CATEGORIA COM ESCAVADEIRA HIDRÁULICA (CAÇAMBA: 1,2 M³ / 155HP), FROTA DE 5 CAMINHÕES BASCULANTES DE 18 M³, DMT DE 1,5 KM E VELOCIDADE MÉDIA18KM/H. AF_05/2020","M3","ATRIBUÍDO SÃO PAULO","10,50","CAIXA REFERENCIAL"]
["101250","ESCAVAÇÃO VERTICAL A CÉU ABERTO, EM OBRAS DE INFRAESTRUTURA, INCLUINDO CARGA, DESCARGA E TRANSPORTE, EM SOLO DE 1ª CATEGORIA COM ESCAVADEIRA HIDRÁULICA (CAÇAMBA: 1,2 M³ / 155HP), FROTA DE 6 CAMINHÕES BASCULANTES DE 18 M³, DMT DE 2 KM E VELOCIDADE MÉDIA 19KM/H. AF_05/2020","M3","ATRIBUÍDO SÃO PAULO","11,60","CAIXA REFERENCIAL"]
["101251","ESCAVAÇÃO VERTICAL A CÉU ABERTO, EM OBRAS DE INFRAESTRUTURA, INCLUINDO CARGA, DESCARGA E TRANSPORTE, EM SOLO DE 1ª CATEGORIA COM ESCAVADEIRA HIDRÁULICA (CAÇAMBA: 1,2 M³ / 155HP), FROTA DE 6 CAMINHÕES BASCULANTES DE 18 M³, DMT DE 3 KM E VELOCIDADE MÉDIA 20KM/H. AF_05/2020","M3","ATRIBUÍDO SÃO PAULO","13,30","CAIXA REFERENCIAL"]
["101252","ESCAVAÇÃO VERTICAL A CÉU ABERTO, EM OBRAS DE INFRAESTRUTURA, INCLUINDO CARGA, DESCARGA E TRANSPORTE, EM SOLO DE 1ª CATEGORIA COM ESCAVADEIRA HIDRÁULICA (CAÇAMBA: 1,2 M³ / 155HP), FROTA DE 7 CAMINHÕES BASCULANTES DE 18 M³, DMT DE 4 KM E VELOCIDADE MÉDIA 22KM/H. AF_05/2020","M3","ATRIBUÍDO SÃO PAULO","14,34","CAIXA REFERENCIAL"]
["101253","ESCAVAÇÃO VERTICAL A CÉU ABERTO, EM OBRAS DE INFRAESTRUTURA, INCLUINDO CARGA, DESCARGA E TRANSPORTE, EM SOLO DE 1ª CATEGORIA COM ESCAVADEIRA HIDRÁULICA (CAÇAMBA: 1,2 M³ / 155HP), FROTA DE 9 CAMINHÕES BASCULANTES DE 18 M³, DMT DE 6 KM E VELOCIDADE MÉDIA 22KM/H. AF_05/2020","M3","ATRIBUÍDO SÃO PAULO","18,00","CAIXA REFERENCIAL"]
["101254","ESCAVAÇÃO VERTICAL A CÉU ABERTO, EM OBRAS DE EDIFICAÇÃO, INCLUINDO CARGA, DESCARGA E TRANSPORTE, EM SOLO DE 1ª CATEGORIA COM ESCAVADEIRA HIDRÁULICA (CAÇAMBA: 0,8 M³ / 111HP), FROTA DE 3 CAMINHÕES BASCULANTES DE 10 M³, DMT ATÉ 1 KM E VELOCIDADE MÉDIA 14KM/H. AF_05/2020","M3","ATRIBUÍDO SÃO PAULO","9,59","CAIXA REFERENCIAL"]
["101255","ESCAVAÇÃO VERTICAL A CÉU ABERTO, EM OBRAS DE EDIFICAÇÃO, INCLUINDO CARGA, DESCARGA E TRANSPORTE, EM SOLO DE 1ª CATEGORIA COM ESCAVADEIRA HIDRÁULICA (CAÇAMBA: 1,2 M³ / 155HP), FROTA DE 3 CAMINHÕES BASCULANTES DE 10 M³, DMT ATÉ 1 KM E VELOCIDADE MÉDIA 14KM/H. AF_05/2020","M3","ATRIBUÍDO SÃO PAULO","8,50","CAIXA REFERENCIAL"]
["101256","ESCAVAÇÃO VERTICAL A CÉU ABERTO, EM OBRAS DE EDIFICAÇÃO, INCLUINDO CARGA, DESCARGA E TRANSPORTE, EM SOLO DE 1ª CATEGORIA COM ESCAVADEIRA HIDRÁULICA (CAÇAMBA: 0,8 M³ / 111HP), FROTA DE 5 CAMINHÕES BASCULANTES DE 10 M³, DMT DE 1,5 KM E VELOCIDADE MÉDIA 18KM/H. AF_05/2020","M3","ATRIBUÍDO SÃO PAULO","14,53","CAIXA REFERENCIAL"]
["101257","ESCAVAÇÃO VERTICAL A CÉU ABERTO, EM OBRAS DE EDIFICAÇÃO, INCLUINDO CARGA, DESCARGA E TRANSPORTE, EM SOLO DE 1ª CATEGORIA COM ESCAVADEIRA HIDRÁULICA (CAÇAMBA: 0,8 M³ / 111HP), FROTA DE 5 CAMINHÕES BASCULANTES DE 10 M³, DMT DE 2 KM E VELOCIDADE MÉDIA 19KM/H. AF_05/2020","M3","ATRIBUÍDO SÃO PAULO","15,34","CAIXA REFERENCIAL"]
["101258","ESCAVAÇÃO VERTICAL A CÉU ABERTO, EM OBRAS DE EDIFICAÇÃO, INCLUINDO CARGA, DESCARGA E TRANSPORTE, EM SOLO DE 1ª CATEGORIA COM ESCAVADEIRA HIDRÁULICA (CAÇAMBA: 0,8 M³ / 111HP), FROTA DE 6 CAMINHÕES BASCULANTES DE 10 M³, DMT DE 3 KM E VELOCIDADE MÉDIA 20KM/H. AF_05/2020","M3","ATRIBUÍDO SÃO PAULO","17,70","CAIXA REFERENCIAL"]
["101259","ESCAVAÇÃO VERTICAL A CÉU ABERTO, EM OBRAS DE EDIFICAÇÃO, INCLUINDO CARGA, DESCARGA E TRANSPORTE, EM SOLO DE 1ª CATEGORIA COM ESCAVADEIRA HIDRÁULICA (CAÇAMBA: 0,8 M³ / 111HP), FROTA DE 7 CAMINHÕES BASCULANTES DE 10 M³, DMT DE 4 KM E VELOCIDADE MÉDIA 22KM/H. AF_05/2020","M3","ATRIBUÍDO SÃO PAULO","19,58","CAIXA REFERENCIAL"]
["101260","ESCAVAÇÃO VERTICAL A CÉU ABERTO, EM OBRAS DE EDIFICAÇÃO, INCLUINDO CARGA, DESCARGA E TRANSPORTE, EM SOLO DE 1ª CATEGORIA COM ESCAVADEIRA HIDRÁULICA (CAÇAMBA: 0,8 M³ / 111HP), FROTA DE 9 CAMINHÕES BASCULANTES DE 10 M³, DMT DE 6 KM E VELOCIDADE MÉDIA 22KM/H. AF_05/2020","M3","ATRIBUÍDO SÃO PAULO","24,35","CAIXA REFERENCIAL"]
["101261","ESCAVAÇÃO VERTICAL A CÉU ABERTO, EM OBRAS DE EDIFICAÇÃO, INCLUINDO CARGA, DESCARGA E TRANSPORTE, EM SOLO DE 1ª CATEGORIA COM ESCAVADEIRA HIDRÁULICA (CAÇAMBA: 1,2 M³ / 155HP), FROTA DE 6 CAMINHÕES BASCULANTES DE 10 M³, DMT DE 1,5 KM E VELOCIDADE MÉDIA 18KM/H. AF_05/2020","M3","ATRIBUÍDO SÃO PAULO","13,73","CAIXA REFERENCIAL"]
["101262","ESCAVAÇÃO VERTICAL A CÉU ABERTO, EM OBRAS DE EDIFICAÇÃO, INCLUINDO CARGA, DESCARGA E TRANSPORTE, EM SOLO DE 1ª CATEGORIA COM ESCAVADEIRA HIDRÁULICA (CAÇAMBA: 1,2 M³ / 155HP), FROTA DE 6 CAMINHÕES BASCULANTES DE 10 M³, DMT DE 2 KM E VELOCIDADE MÉDIA 19KM/H. AF_05/2020","M3","ATRIBUÍDO SÃO PAULO","14,51","CAIXA REFERENCIAL"]
["101263","ESCAVAÇÃO VERTICAL A CÉU ABERTO, EM OBRAS DE EDIFICAÇÃO, INCLUINDO CARGA, DESCARGA E TRANSPORTE, EM SOLO DE 1ª CATEGORIA COM ESCAVADEIRA HIDRÁULICA (CAÇAMBA: 1,2 M³ / 155HP), FROTA DE 7 CAMINHÕES BASCULANTES DE 10 M³, DMT DE 3 KM E VELOCIDADE MÉDIA 20KM/H. AF_05/2020","M3","ATRIBUÍDO SÃO PAULO","16,73","CAIXA REFERENCIAL"]
["101264","ESCAVAÇÃO VERTICAL A CÉU ABERTO, EM OBRAS DE EDIFICAÇÃO, INCLUINDO CARGA, DESCARGA E TRANSPORTE, EM SOLO DE 1ª CATEGORIA COM ESCAVADEIRA HIDRÁULICA (CAÇAMBA: 1,2 M³ / 155HP), FROTA DE 8 CAMINHÕES BASCULANTES DE 10 M³, DMT DE 4 KM E VELOCIDADE MÉDIA 22KM/H. AF_05/2020","M3","ATRIBUÍDO SÃO PAULO","18,47","CAIXA REFERENCIAL"]
["101265","ESCAVAÇÃO VERTICAL A CÉU ABERTO, EM OBRAS DE EDIFICAÇÃO, INCLUINDO CARGA, DESCARGA E TRANSPORTE, EM SOLO DE 1ª CATEGORIA COM ESCAVADEIRA HIDRÁULICA (CAÇAMBA: 1,2 M³ / 155HP), FROTA DE 10 CAMINHÕES BASCULANTES DE 10 M³, DMT DE 6 KM E VELOCIDADE MÉDIA 22KM/H. AF_05/2020","M3","ATRIBUÍDO SÃO PAULO","22,94","CAIXA REFERENCIAL"]
["101266","ESCAVAÇÃO VERTICAL A CÉU ABERTO, EM OBRAS DE INFRAESTRUTURA, INCLUINDO CARGA, DESCARGA E TRANSPORTE, EM SOLO DE 1ª CATEGORIA COM ESCAVADEIRA HIDRÁULICA (CAÇAMBA: 0,8 M³ / 111HP), FROTA DE 3 CAMINHÕES BASCULANTES DE 10 M³, DMT ATÉ 1 KM E VELOCIDADE MÉDIA14KM/H. AF_05/2020","M3","ATRIBUÍDO SÃO PAULO","8,52","CAIXA REFERENCIAL"]
["101267","ESCAVAÇÃO VERTICAL A CÉU ABERTO, EM OBRAS DE INFRAESTRUTURA, INCLUINDO CARGA, DESCARGA E TRANSPORTE, EM SOLO DE 1ª CATEGORIA COM ESCAVADEIRA HIDRÁULICA (CAÇAMBA: 1,2 M³ / 155HP), FROTA DE 4 CAMINHÕES BASCULANTES DE 10 M³, DMT ATÉ 1 KM E VELOCIDADE MÉDIA14KM/H. AF_05/2020","M3","ATRIBUÍDO SÃO PAULO","8,13","CAIXA REFERENCIAL"]
["101268","ESCAVAÇÃO VERTICAL A CÉU ABERTO, EM OBRAS DE INFRAESTRUTURA, INCLUINDO CARGA, DESCARGA E TRANSPORTE, EM SOLO DE 1ª CATEGORIA COM ESCAVADEIRA HIDRÁULICA (CAÇAMBA: 0,8 M³ / 111HP), FROTA DE 5 CAMINHÕES BASCULANTES DE 10 M³, DMT DE 1,5 KM E VELOCIDADE MÉDIA18KM/H. AF_05/2020","M3","ATRIBUÍDO SÃO PAULO","13,23","CAIXA REFERENCIAL"]
["101269","ESCAVAÇÃO VERTICAL A CÉU ABERTO, EM OBRAS DE INFRAESTRUTURA, INCLUINDO CARGA, DESCARGA E TRANSPORTE, EM SOLO DE 1ª CATEGORIA COM ESCAVADEIRA HIDRÁULICA (CAÇAMBA: 0,8 M³ / 111HP), FROTA DE 6 CAMINHÕES BASCULANTES DE 10 M³, DMT DE 2 KM E VELOCIDADE MÉDIA 19KM/H. AF_05/2020","M3","ATRIBUÍDO SÃO PAULO","14,64","CAIXA REFERENCIAL"]
["101270","ESCAVAÇÃO VERTICAL A CÉU ABERTO, EM OBRAS DE INFRAESTRUTURA, INCLUINDO CARGA, DESCARGA E TRANSPORTE, EM SOLO DE 1ª CATEGORIA COM ESCAVADEIRA HIDRÁULICA (CAÇAMBA: 0,8 M³ / 111HP), FROTA DE 7 CAMINHÕES BASCULANTES DE 10 M³, DMT DE 3 KM E VELOCIDADE MÉDIA 20KM/H. AF_05/2020","M3","ATRIBUÍDO SÃO PAULO","16,90","CAIXA REFERENCIAL"]
["101271","ESCAVAÇÃO VERTICAL A CÉU ABERTO, EM OBRAS DE INFRAESTRUTURA, INCLUINDO CARGA, DESCARGA E TRANSPORTE, EM SOLO DE 1ª CATEGORIA COM ESCAVADEIRA HIDRÁULICA (CAÇAMBA: 0,8 M³ / 111HP), FROTA DE 8 CAMINHÕES BASCULANTES DE 10 M³, DMT DE 4 KM E VELOCIDADE MÉDIA 22KM/H. AF_05/2020","M3","ATRIBUÍDO SÃO PAULO","18,68","CAIXA REFERENCIAL"]
["101272","ESCAVAÇÃO VERTICAL A CÉU ABERTO, EM OBRAS DE INFRAESTRUTURA, INCLUINDO CARGA, DESCARGA E TRANSPORTE, EM SOLO DE 1ª CATEGORIA COM ESCAVADEIRA HIDRÁULICA (CAÇAMBA: 0,8 M³ / 111HP), FROTA DE 10 CAMINHÕES BASCULANTES DE 10 M³, DMT DE 6 KM E VELOCIDADE MÉDIA22KM/H. AF_05/2020","M3","ATRIBUÍDO SÃO PAULO","23,23","CAIXA REFERENCIAL"]
["101273","ESCAVAÇÃO VERTICAL A CÉU ABERTO, EM OBRAS DE INFRAESTRUTURA, INCLUINDO CARGA, DESCARGA E TRANSPORTE, EM SOLO DE 1ª CATEGORIA COM ESCAVADEIRA HIDRÁULICA (CAÇAMBA: 1,2 M³ / 155HP), FROTA DE 6 CAMINHÕES BASCULANTES DE 10 M³, DMT DE 1,5 KM E VELOCIDADE MÉDIA18KM/H. AF_05/2020","M3","ATRIBUÍDO SÃO PAULO","12,61","CAIXA REFERENCIAL"]
["101274","ESCAVAÇÃO VERTICAL A CÉU ABERTO, EM OBRAS DE INFRAESTRUTURA, INCLUINDO CARGA, DESCARGA E TRANSPORTE, EM SOLO DE 1ª CATEGORIA COM ESCAVADEIRA HIDRÁULICA (CAÇAMBA: 1,2 M³ / 155HP), FROTA DE 7 CAMINHÕES BASCULANTES DE 10 M³, DMT DE 2 KM E VELOCIDADE MÉDIA 19KM/H. AF_05/2020","M3","ATRIBUÍDO SÃO PAULO","13,88","CAIXA REFERENCIAL"]
["101275","ESCAVAÇÃO VERTICAL A CÉU ABERTO, EM OBRAS DE INFRAESTRUTURA, INCLUINDO CARGA, DESCARGA E TRANSPORTE, EM SOLO DE 1ª CATEGORIA COM ESCAVADEIRA HIDRÁULICA (CAÇAMBA: 1,2 M³ / 155HP), FROTA DE 8 CAMINHÕES BASCULANTES DE 10 M³, DMT DE 3 KM E VELOCIDADE MÉDIA 20KM/H. AF_05/2020","M3","ATRIBUÍDO SÃO PAULO","16,03","CAIXA REFERENCIAL"]
["101276","ESCAVAÇÃO VERTICAL A CÉU ABERTO, EM OBRAS DE INFRAESTRUTURA, INCLUINDO CARGA, DESCARGA E TRANSPORTE, EM SOLO DE 1ª CATEGORIA COM ESCAVADEIRA HIDRÁULICA (CAÇAMBA: 1,2 M³ / 155HP), FROTA DE 9 CAMINHÕES BASCULANTES DE 10 M³, DMT DE 4 KM E VELOCIDADE MÉDIA 22KM/H. AF_05/2020","M3","ATRIBUÍDO SÃO PAULO","17,67","CAIXA REFERENCIAL"]
["101277","ESCAVAÇÃO VERTICAL A CÉU ABERTO, EM OBRAS DE INFRAESTRUTURA, INCLUINDO CARGA, DESCARGA E TRANSPORTE, EM SOLO DE 1ª CATEGORIA COM ESCAVADEIRA HIDRÁULICA (CAÇAMBA: 1,2 M³ / 155HP), FROTA DE 12 CAMINHÕES BASCULANTES DE 10 M³, DMT DE 6 KM E VELOCIDADE MÉDIA22KM/H. AF_05/2020","M3","ATRIBUÍDO SÃO PAULO","22,47","CAIXA REFERENCIAL"]
["102354","DESMONTE DE MATERIAL DE 3ª CATEGORIA (BLOCOS DE ROCHAS OU MATACOS), COM MARTELETE PNEUMÁTICO MANUAL \u0096 EXCLUSIVE CARGA E TRANSPORTE. AF_03/2021","M3","ATRIBUÍDO SÃO PAULO","105,73","CAIXA REFERENCIAL"]
["102355","DESMONTE DE MATERIAL DE 3ª CATEGORIA (BLOCOS DE ROCHAS OU MATACOS), EM VALA, COM MARTELETE PNEUMÁTICO MANUAL \u0096  EXCLUSIVE RETIRADA, CARGA E TRANSPORTE. AF_03/2021","M3","ATRIBUÍDO SÃO PAULO","122,36","CAIXA REFERENCIAL"]
["102360","RETIRADA DE MATERIAL DE 3ª CATEGORIA (APÓS ESCAVAÇÃO/DESMONTE) EM VALAS, COM ESCAVADEIRA HIDRÁULICA - EXCLUSIVE CARGA E TRANSPORTE. AF_03/2021","M3","COLETADO","21,76","CAIXA REFERENCIAL"]
["102361","RETIRADA DE MATERIAL DE 3ª CATEGORIA (APÓS ESCAVAÇÃO/DESMONTE) EM VALAS, COM RETROESCAVADEIRA - EXCLUSIVE CARGA E TRANSPORTE. AF_03/2021","M3","COEFICIENTE DE REPRESENTATIVIDADE","31,10","CAIXA REFERENCIAL"]
["90082","ESCAVAÇÃO MECANIZADA DE VALA COM PROF. ATÉ 1,5 M (MÉDIA ENTRE MONTANTE E JUSANTE/UMA COMPOSIÇÃO POR TRECHO), COM ESCAVADEIRA HIDRÁULICA (0,8 M3), LARG. DE 1,5 M A 2,5 M, EM SOLO DE 1A CATEGORIA, EM LOCAIS COM ALTO NÍVEL DE INTERFERÊNCIA. AF_02/2021","M3","COLETADO","9,88","CAIXA REFERENCIAL"]
["90084","ESCAVAÇÃO MECANIZADA DE VALA COM PROF. MAIOR QUE 1,5 M ATÉ 3,0 M (MÉDIA ENTRE MONTANTE E JUSANTE/UMA COMPOSIÇÃO POR TRECHO), COM ESCAVADEIRA HIDRÁULICA (0,8 M3/111 HP), LARGURA ATÉ 1,5 M, EM SOLO DE 1A CATEGORIA, EM LOCAIS COM ALTO NÍVEL DE INTERFERÊNCIA. AF_02/2021","M3","COLETADO","9,56","CAIXA REFERENCIAL"]
["90086","ESCAVAÇÃO MECANIZADA DE VALA COM PROF. MAIOR QUE 3,0 M ATÉ 4,5 M(MÉDIA ENTRE MONTANTE E JUSANTE/UMA COMPOSIÇÃO POR TRECHO), COM ESCAVADEIRA HIDRÁULICA (0,8 M3/111 HP), LARG. MENOR QUE 1,5 M, EM SOLO DE 1A CATEGORIA, EM LOCAIS COM ALTO NÍVEL DE INTERFERÊNCIA. AF_02/2021","M3","COLETADO","9,04","CAIXA REFERENCIAL"]
["90087","ESCAVAÇÃO MECANIZADA DE VALA COM PROF. DE 3,0 M ATÉ 4,5 M(MÉDIA ENTRE MONTANTE E JUSANTE/UMA COMPOSIÇÃO POR TRECHO), COM ESCAVADEIRA HIDRÁULICA (1,2 M3/155 HP), LARG. DE 1,5 M A 2,5 M, EM SOLO DE 1A CATEGORIA, EM LOCAIS COM ALTO NÍVEL DE INTERFERÊNCIA. AF_02/2021","M3","COEFICIENTE DE REPRESENTATIVIDADE","8,21","CAIXA REFERENCIAL"]
["90090","ESCAVAÇÃO MECANIZADA DE VALA COM PROF. MAIOR QUE 4,5 M ATÉ 6,0 M(MÉDIA ENTRE MONTANTE E JUSANTE/UMA COMPOSIÇÃO POR TRECHO), COM ESCAVADEIRA HIDRÁULICA (1,2 M3/155 HP), LARG. DE 1,5 M A 2,5 M, EM SOLO DE 1A CATEGORIA, EM LOCAIS COM ALTO NÍVEL DE INTERFERÊNCIA. AF_02/2021","M3","COEFICIENTE DE REPRESENTATIVIDADE","8,04","CAIXA REFERENCIAL"]
["90091","ESCAVAÇÃO MECANIZADA DE VALA COM PROF. ATÉ 1,5 M(MÉDIA ENTRE MONTANTE E JUSANTE/UMA COMPOSIÇÃO POR TRECHO), COM ESCAVADEIRA HIDRÁULICA (0,8 M3), LARG. DE 1,5M A 2,5 M, EM SOLO DE 1A CATEGORIA, LOCAIS COM BAIXO NÍVEL DE INTERFERÊNCIA. AF_02/2021","M3","COLETADO","5,34","CAIXA REFERENCIAL"]
["90092","ESCAVAÇÃO MECANIZADA DE VALA COM PROF. MAIOR QUE 1,5 M E ATÉ 3,0 M(MÉDIA ENTRE MONTANTE E JUSANTE/UMA COMPOSIÇÃO POR TRECHO), COM ESCAVADEIRA HIDRÁULICA (0,8 M3/111 HP), LARG. MENOR QUE 1,5 M, EM SOLO DE 1A CATEGORIA, LOCAIS COM BAIXO NÍVEL DE INTERFERÊNCIA. AF_02/2021","M3","COLETADO","5,27","CAIXA REFERENCIAL"]
["90094","ESCAVAÇÃO MECANIZADA DE VALA COM PROF. MAIOR QUE 3,0 M ATÉ 4,5 M (MÉDIA ENTRE MONTANTE E JUSANTE/UMA COMPOSIÇÃO POR TRECHO), COM ESCAVADEIRA HIDRÁULICA (0,8 M3/111 HP), LARG. MENOR QUE 1,5 M, EM SOLO DE 1A CATEGORIA, LOCAIS COM BAIXO NÍVEL DE INTERFERÊNCIA. AF_02/2021","M3","COLETADO","4,99","CAIXA REFERENCIAL"]
["90095","ESCAVAÇÃO MECANIZADA DE VALA COM PROF. MAIOR QUE 3,0 M ATÉ 4,5 M (MÉDIA ENTRE MONTANTE E JUSANTE/UMA COMPOSIÇÃO POR TRECHO), COM ESCAVADEIRA HIDRÁULICA (1,2 M3/155 HP), LARG. DE 1,5 M A 2,5 M, EM SOLO DE 1A CATEGORIA, LOCAIS COM BAIXO NÍVEL DE INTERFERÊNCIA. AF_02/2021","M3","COEFICIENTE DE REPRESENTATIVIDADE","4,52","CAIXA REFERENCIAL"]
["90098","ESCAVAÇÃO MECANIZADA DE VALA COM PROF. MAIOR QUE 4,5 M ATÉ 6,0 M (MÉDIA ENTRE MONTANTE E JUSANTE/UMA COMPOSIÇÃO POR TRECHO), COM ESCAVADEIRA HIDRÁULICA (1,2 M3/155 HP), LARG. DE 1,5 M A 2,5 M, EM SOLO DE 1A CATEGORIA, LOCAIS COM BAIXO NÍVEL DE INTERFERÊNCIA. AF_02/2021","M3","COEFICIENTE DE REPRESENTATIVIDADE","4,44","CAIXA REFERENCIAL"]
["90099","ESCAVAÇÃO MECANIZADA DE VALA COM PROF. ATÉ 1,5 M (MÉDIA ENTRE MONTANTE E JUSANTE/UMA COMPOSIÇÃO POR TRECHO), COM RETROESCAVADEIRA (0,26 M3/88 HP), LARG. MENOR QUE 0,8 M, EM SOLO DE 1A CATEGORIA, EM LOCAIS COM ALTO NÍVEL DE INTERFERÊNCIA. AF_02/2021","M3","COEFICIENTE DE REPRESENTATIVIDADE","13,17","CAIXA REFERENCIAL"]
["90100","ESCAVAÇÃO MECANIZADA DE VALA COM PROF. ATÉ 1,5 M (MÉDIA ENTRE MONTANTE E JUSANTE/UMA COMPOSIÇÃO POR TRECHO), COM RETROESCAVADEIRA (0,26 M3/88 HP), LARG. DE 0,8 M A 1,5 M, EM SOLO DE 1A CATEGORIA, EM LOCAIS COM ALTO NÍVEL DE INTERFERÊNCIA. AF_02/2021","M3","COEFICIENTE DE REPRESENTATIVIDADE","11,17","CAIXA REFERENCIAL"]
["90101","ESCAVAÇÃO MECANIZADA DE VALA COM PROF. MAIOR QUE 1,5 M ATÉ 3,0 M (MÉDIA ENTRE MONTANTE E JUSANTE/UMA COMPOSIÇÃO POR TRECHO), COM RETROESCAVADEIRA (0,26 M3/88 HP), LARG. MENOR QUE 0,8 M, EM SOLO DE 1A CATEGORIA, EM LOCAIS COM ALTO NÍVEL DE INTERFERÊNCIA.AF_02/2021","M3","COEFICIENTE DE REPRESENTATIVIDADE","11,04","CAIXA REFERENCIAL"]
["90102","ESCAVAÇÃO MECANIZADA DE VALA COM PROF. MAIOR QUE 1,5 M ATÉ 3,0 M (MÉDIA ENTRE MONTANTE E JUSANTE/UMA COMPOSIÇÃO POR TRECHO), COM RETROESCAVADEIRA (0,26 M3/ POTÊNCIA:88 HP), LARGURA DE 0,8 M A 1,5 M, EM SOLO DE 1A CATEGORIA, EM LOCAIS COM ALTO NÍVEL DE INTERFERÊNCIA. AF_02/2021","M3","COEFICIENTE DE REPRESENTATIVIDADE","10,05","CAIXA REFERENCIAL"]
["90105","ESCAVAÇÃO MECANIZADA DE VALA COM PROFUNDIDADE ATÉ 1,5 M (MÉDIA ENTRE MONTANTE E JUSANTE/UMA COMPOSIÇÃO POR TRECHO) COM RETROESCAVADEIRA (CAPACIDADE DA CAÇAMBA DA RETRO: 0,26 M3 / POTÊNCIA: 88 HP), LARGURA MENOR QUE 0,8 M, EM SOLO DE 1A CATEGORIA, LOCAISCOM BAIXO NÍVEL DE INTERFERÊNCIA. AF_02/2021","M3","COEFICIENTE DE REPRESENTATIVIDADE","7,25","CAIXA REFERENCIAL"]
["90106","ESCAVAÇÃO MECANIZADA DE VALA COM PROFUNDIDADE ATÉ 1,5 M (MÉDIA ENTRE MONTANTE E JUSANTE/UMA COMPOSIÇÃO POR TRECHO) COM RETROESCAVADEIRA (CAPACIDADE DA CAÇAMBA DA RETRO: 0,26 M3 / POTÊNCIA: 88 HP), LARGURA DE 0,8 M A 1,5 M, EM SOLO DE 1A CATEGORIA, LOCAISCOM BAIXO NÍVEL DE INTERFERÊNCIA. AF_02/2021","M3","COEFICIENTE DE REPRESENTATIVIDADE","6,17","CAIXA REFERENCIAL"]
["90107","ESCAVAÇÃO MECANIZADA DE VALA COM PROFUNDIDADE MAIOR QUE 1,5 M ATÉ 3,0 M (MÉDIA ENTRE MONTANTE E JUSANTE/UMA COMPOSIÇÃO POR TRECHO) COM RETROESCAVADEIRA (CAPACIDADE DA CAÇAMBA DA RETRO: 0,26 M3 / POTÊNCIA: 88 HP), LARGURA MENOR QUE 0,8 M, EM SOLO DE1A CATEGORIA, LOCAIS COM BAIXO NÍVEL DE INTERFERÊNCIA. AF_02/2021","M3","COEFICIENTE DE REPRESENTATIVIDADE","6,09","CAIXA REFERENCIAL"]
["90108","ESCAVAÇÃO MECANIZADA DE VALA COM PROFUNDIDADE MAIOR QUE 1,5 M ATÉ 3,0 M (MÉDIA ENTRE MONTANTE E JUSANTE/UMA COMPOSIÇÃO POR TRECHO) COM RETROESCAVADEIRA (CAPACIDADE DA CAÇAMBA DA RETRO: 0,26 M3 / POTÊNCIA: 88 HP), LARGURA DE 0,8 M A 1,5 M, EM SOLO DE 1A CATEGORIA, LOCAIS COM BAIXO NÍVEL DE INTERFERÊNCIA. AF_02/2021","M3","COEFICIENTE DE REPRESENTATIVIDADE","5,54","CAIXA REFERENCIAL"]
["93358","ESCAVAÇÃO MANUAL DE VALA COM PROFUNDIDADE MENOR OU IGUAL A 1,30 M. AF_02/2021","M3","COLETADO","61,95","CAIXA REFERENCIAL"]
["102276","ESCAVAÇÃO MECANIZADA DE VALA COM PROF. ATÉ 1,5 M (MÉDIA ENTRE MONTANTE E JUSANTE/UMA COMPOSIÇÃO POR TRECHO), COM ESCAVADEIRA HIDRÁULICA (0,8 M3/111 HP), LARG. MENOR QUE 1,5 M, EM SOLO DE 1A CATEGORIA, EM LOCAIS COM ALTO NÍVEL DE INTERFERÊNCIA. AF_02/2021","M3","COLETADO","11,11","CAIXA REFERENCIAL"]
["102277","ESCAVAÇÃO MECANIZADA DE VALA COM PROF. MAIOR QUE  4,5 M ATÉ 6,0 M (MÉDIA ENTRE MONTANTE E JUSANTE/UMA COMPOSIÇÃO POR TRECHO), COM ESCAVADEIRA HIDRÁULICA (0,8 M3/111 H P), LARG. MENOR QUE 1,5 M, EM SOLO DE 1A CATEGORIA, EM LOCAIS COM ALTO NÍVEL DE INTERFERÊNCIA. AF_02/2021","M3","COLETADO","8,77","CAIXA REFERENCIAL"]
["102278","ESCAVAÇÃO MECANIZADA DE VALA COM PROF. MAIOR QUE 1,50 M ATÉ 3,0 M (MÉDIA ENTRE MONTANTE E JUSANTE/UMA COMPOSIÇÃO POR TRECHO), COM ESCAVADEIRA HIDRÁULICA (1,2 M3/155 HP), LARG. DE 1,5 M A 2,5 M, EM SOLO DE 1A CATEGORIA, EM LOCAIS COM ALTO NÍVEL DE INTERFERÊNCIA. AF_02/2021","M3","COEFICIENTE DE REPRESENTATIVIDADE","8,57","CAIXA REFERENCIAL"]
["102279","ESCAVAÇÃO MECANIZADA DE VALA COM PROF. ATÉ 1,5 M (MÉDIA ENTRE MONTANTE E JUSANTE/UMA COMPOSIÇÃO POR TRECHO), COM ESCAVADEIRA HIDRÁULICA (0,8 M3/111 HP),LARG. MENOR QUE 1,5 M, EM SOLO DE 1A CATEGORIA, LOCAIS COM BAIXO NÍVEL DE INTERFERÊNCIA. AF_02/2021","M3","COLETADO","6,12","CAIXA REFERENCIAL"]
["102280","ESCAVAÇÃO MECANIZADA DE VALA COM PROF. MAIOR QUE 4,5 M ATÉ 6,0 M (MÉDIA ENTRE MONTANTE E JUSANTE/UMA COMPOSIÇÃO POR TRECHO),COM ESCAVADEIRA HIDRÁULICA (0,8 M3/111 HP), LARG. MENOR QUE 1,5 M, EM SOLO DE 1A CATEGORIA, LOCAIS COM BAIXO NÍVEL DE INTERFERÊNCIA. AF_02/2021","M3","COLETADO","4,84","CAIXA REFERENCIAL"]
["102281","ESCAVAÇÃO MECANIZADA DE VALA COM PROF. MAIOR QUE 1,5 M ATÉ 3,0 M (MÉDIA ENTRE MONTANTE E JUSANTE/UMA COMPOSIÇÃO POR TRECHO),COM ESCAVADEIRA HIDRÁULICA (1,2 M3/155 HP),LARG. DE 1,5 M A 2,5 M, EM SOLO DE 1A CATEGORIA, LOCAIS COM BAIXO NÍVEL DE INTERFERÊNCIA. AF_02/2021","M3","COEFICIENTE DE REPRESENTATIVIDADE","4,72","CAIXA REFERENCIAL"]
["102282","ESCAVAÇÃO MECANIZADA DE VALA COM PROF. ATÉ 1,5 M (MÉDIA ENTRE MONTANTE E JUSANTE/UMA COMPOSIÇÃO POR TRECHO), COM ESCAVADEIRA HIDRÁULICA (0,8 M3/111 HP),LARG. MENOR QUE 1,5 M, EM SOLO DE MOLE, EM LOCAIS COM ALTO NÍVEL DE INTERFERÊNCIA. AF_02/2021","M3","COLETADO","12,33","CAIXA REFERENCIAL"]
["102283","ESCAVAÇÃO MECANIZADA DE VALA COM PROF. ATÉ 1,5 M (MÉDIA ENTRE MONTANTE E JUSANTE/UMA COMPOSIÇÃO POR TRECHO), COM ESCAVADEIRA HIDRÁULICA (0,8 M3/111 HP), LARG. DE 1,5 M A 2,5 M, EM SOLO MOLE, EM LOCAIS COM ALTO NÍVEL DE INTERFERÊNCIA. AF_02/2021","M3","COLETADO","10,96","CAIXA REFERENCIAL"]
["102284","ESCAVAÇÃO MECANIZADA DE VALA COM PROF. MAIOR QUE 1,5 M ATÉ 3,0 M (MÉDIA ENTRE MONTANTE E JUSANTE/UMA COMPOSIÇÃO POR TRECHO), COM ESCAVADEIRA HIDRÁULICA (0,8 M3/111 HP), LARGURA ATÉ 1,5 M, EM SOLO MOLE, EM LOCAIS COM ALTO NÍVEL DE INTERFERÊNCIA. AF_02/2021","M3","COLETADO","10,62","CAIXA REFERENCIAL"]
["102285","ESCAVAÇÃO MECANIZADA DE VALA COM PROF. MAIOR QUE 3,0 M ATÉ 4,5 M (MÉDIA ENTRE MONTANTE E JUSANTE/UMA COMPOSIÇÃO POR TRECHO), COM ESCAVADEIRA HIDRÁULICA (0,8 M3/111 HP), LARG. MENOR QUE 1,5 M, EM SOLO  MOLE, EM LOCAIS COM ALTO NÍVEL DE INTERFERÊNCIA. AF_02/2021","M3","COLETADO","10,03","CAIXA REFERENCIAL"]
["102286","ESCAVAÇÃO MECANIZADA DE VALA COM PROF. MAIOR QUE 4,5 M ATÉ 6,0 M (MÉDIA ENTRE MONTANTE E JUSANTE/UMA COMPOSIÇÃO POR TRECHO), COM ESCAVADEIRA HIDRÁULICA (0,8 M3/111 HP),LARG. MENOR QUE 1,5 M, EM SOLO DE MOLE, EM LOCAIS COM ALTO NÍVEL DE INTERFERÊNCIA. AF_02/2021","M3","COLETADO","9,75","CAIXA REFERENCIAL"]
["102287","ESCAVAÇÃO MECANIZADA DE VALA COM PROF. MAIOR QUE 1,5 M ATÉ 3,0 M (MÉDIA ENTRE MONTANTE E JUSANTE/UMA COMPOSIÇÃO POR TRECHO),COM ESCAVADEIRA HIDRÁULICA (1,2 M3/155 HP),LARG. DE 1,5 M A 2,5 M, EM SOLO MOLE, EM LOCAIS COM ALTO NÍVEL DE INTERFERÊNCIA. AF_02/2021","M3","COEFICIENTE DE REPRESENTATIVIDADE","9,53","CAIXA REFERENCIAL"]
["102288","ESCAVAÇÃO MECANIZADA DE VALA COM PROF. DE 3,0 M ATÉ 4,5 M (MÉDIA ENTRE MONTANTE E JUSANTE/UMA COMPOSIÇÃO POR TRECHO), COM ESCAVADEIRA HIDRÁULICA (1,2 M3/155 HP), LARG. DE 1,5 M A 2,5 M, EM SOLO MOLE, EM LOCAIS COM ALTO NÍVEL DE INTERFERÊNCIA. AF_02/2021","M3","COEFICIENTE DE REPRESENTATIVIDADE","9,15","CAIXA REFERENCIAL"]
["102289","ESCAVAÇÃO MECANIZADA DE VALA COM PROF. MAIOR QUE 4,5 M ATÉ 6,0 M (MÉDIA ENTRE MONTANTE E JUSANTE/UMA COMPOSIÇÃO POR TRECHO), COM ESCAVADEIRA HIDRÁULICA (1,2 M3/155 HP), LARG. DE 1,5 M A 2,5 M, EM SOLO MOLE , EM LOCAIS COM ALTO NÍVEL DE INTERFERÊNCIA. AF_02/2021","M3","COEFICIENTE DE REPRESENTATIVIDADE","8,94","CAIXA REFERENCIAL"]
["102290","ESCAVAÇÃO MECANIZADA DE VALA COM PROF. ATÉ 1,5 M (MÉDIA ENTRE MONTANTE E JUSANTE/UMA COMPOSIÇÃO POR TRECHO), COM ESCAVADEIRA HIDRÁULICA (0,8 M3/111 HP),LARG. MENOR QUE 1,5 M, EM SOLO MOLE, LOCAIS COM BAIXO NÍVEL DE INTERFERÊNCIA. AF_02/2021","M3","COLETADO","6,80","CAIXA REFERENCIAL"]
["102291","ESCAVAÇÃO MECANIZADA DE VALA COM PROF. ATÉ 1,5 M (MÉDIA ENTRE MONTANTE E JUSANTE/UMA COMPOSIÇÃO POR TRECHO), COM ESCAVADEIRA HIDRÁULICA (0,8 M3/111 HP), LARG. DE 1,5 M A 2,5 M, EM SOLO MOLE, LOCAIS COM BAIXO NÍVEL DE INTERFERÊNCIA. AF_02/2021","M3","COLETADO","6,05","CAIXA REFERENCIAL"]
["102292","ESCAVAÇÃO MECANIZADA DE VALA COM PROF. MAIOR QUE 1,5 M E ATÉ 3,0 M (MÉDIA ENTRE MONTANTE E JUSANTE/UMA COMPOSIÇÃO POR TRECHO), COM ESCAVADEIRA HIDRÁULICA (0,8 M3/111 HP), LARG. MENOR QUE 1,5 M, EM SOLO MOLE, LOCAIS COM BAIXO NÍVEL DE INTERFERÊNCIA. AF_02/2021","M3","COLETADO","5,86","CAIXA REFERENCIAL"]
["102293","ESCAVAÇÃO MECANIZADA DE VALA COM PROF.MAIOR QUE 3,0 M ATÉ 4,5 M (MÉDIA ENTRE MONTANTE E JUSANTE/UMA COMPOSIÇÃO POR TRECHO), COM ESCAVADEIRA HIDRÁULICA (0,8 M3/111 HP), LARG. MENOR QUE 1,5 M, EM SOLO MOLE, LOCAIS COM BAIXO NÍVEL DE INTERFERÊNCIA. AF_02/2021","M3","COLETADO","5,55","CAIXA REFERENCIAL"]
["102294","ESCAVAÇÃO MECANIZADA DE VALA COM PROF. MAIOR QUE 4,5 M ATÉ 6,0 M (MÉDIA ENTRE MONTANTE E JUSANTE/UMA COMPOSIÇÃO POR TRECHO),COM ESCAVADEIRA HIDRÁULICA (0,8 M3/111 HP), LARG. MENOR QUE 1,5 M, EM SOLO MOLE, LOCAIS COM BAIXO NÍVEL DE INTERFERÊNCIA. AF_02/2021","M3","COLETADO","5,39","CAIXA REFERENCIAL"]
["102295","ESCAVAÇÃO MECANIZADA DE VALA COM PROF. MAIOR QUE 1,5 M ATÉ 3,0 M (MÉDIA ENTRE MONTANTE E JUSANTE/UMA COMPOSIÇÃO POR TRECHO),COM ESCAVADEIRA HIDRÁULICA (1,2 M3/155 HP), LARG. DE 1,5 M A 2,5 M, EM SOLO MOLE, LOCAIS COM BAIXO NÍVEL DE INTERFERÊNCIA. AF_02/2021","M3","COEFICIENTE DE REPRESENTATIVIDADE","5,25","CAIXA REFERENCIAL"]
["102296","ESCAVAÇÃO MECANIZADA DE VALA COM PROF. MAIOR QUE 3,0 M ATÉ 4,5 M (MÉDIA ENTRE MONTANTE E JUSANTE/UMA COMPOSIÇÃO POR TRECHO), COM ESCAVADEIRA HIDRÁULICA (1,2 M3/155 HP), LARG. DE 1,5 M A 2,5 M, EM SOLO MOLE, LOCAIS COM BAIXO NÍVEL DE INTERFERÊNCIA. AF_02/2021","M3","COEFICIENTE DE REPRESENTATIVIDADE","5,04","CAIXA REFERENCIAL"]
["102297","ESCAVAÇÃO MECANIZADA DE VALA COM PROF. MAIOR QUE 4,5 M ATÉ 6,0 M (MÉDIA ENTRE MONTANTE E JUSANTE/UMA COMPOSIÇÃO POR TRECHO), COM ESCAVADEIRA HIDRÁULICA (1,2 M3/155 HP), LARG. DE 1,5 M A 2,5 M, EM SOLO MOLE, LOCAIS COM BAIXO NÍVEL DE INTERFERÊNCIA. AF_02/2021","M3","COEFICIENTE DE REPRESENTATIVIDADE","4,92","CAIXA REFERENCIAL"]
["102298","ESCAVAÇÃO MECANIZADA DE VALA COM PROF. ATÉ 1,5 M (MÉDIA ENTRE MONTANTE E JUSANTE/UMA COMPOSIÇÃO POR TRECHO), COM RETROESCAVADEIRA (0,26 M3/88 HP), LARG. MENOR QUE 0,8 M, EM SOLO MOLE, EM LOCAIS COM ALTO NÍVEL DE INTERFERÊNCIA. AF_02/2021","M3","COEFICIENTE DE REPRESENTATIVIDADE","14,62","CAIXA REFERENCIAL"]
["102299","ESCAVAÇÃO MECANIZADA DE VALA COM PROF. ATÉ 1,5 M (MÉDIA ENTRE MONTANTE E JUSANTE/UMA COMPOSIÇÃO POR TRECHO), COM RETROESCAVADEIRA (0,26 M3/88 HP), LARG. DE 0,8 M A 1,5 M, EM SOLO MOLE, EM LOCAIS COM ALTO NÍVEL DE INTERFERÊNCIA. AF_02/2021","M3","COEFICIENTE DE REPRESENTATIVIDADE","12,41","CAIXA REFERENCIAL"]
["102300","ESCAVAÇÃO MECANIZADA DE VALA COM PROF. MAIOR QUE 1,5 M ATÉ 3,0 M (MÉDIA ENTRE MONTANTE E JUSANTE/UMA COMPOSIÇÃO POR TRECHO), COM RETROESCAVADEIRA (0,26 M3/88 HP), LARG. MENOR QUE 0,8 M, EM SOLO MOLE, EM LOCAIS COM ALTO NÍVEL DE INTERFERÊNCIA. AF_02/2021","M3","COEFICIENTE DE REPRESENTATIVIDADE","12,27","CAIXA REFERENCIAL"]
["102301","ESCAVAÇÃO MECANIZADA DE VALA COM PROF. MAIOR QUE 1,5 M ATÉ 3,0 M (MÉDIA ENTRE MONTANTE E JUSANTE/UMA COMPOSIÇÃO POR TRECHO), COM RETROESCAVADEIRA (0,26 M3/ 88 HP), LARG. DE 0,8 M A 1,5 M, EM SOLO MOLE, EM LOCAIS COM ALTO NÍVEL DE INTERFERÊNCIA. AF_02/2021","M3","COEFICIENTE DE REPRESENTATIVIDADE","11,15","CAIXA REFERENCIAL"]
["102302","ESCAVAÇÃO MECANIZADA DE VALA COM PROF. ATÉ 1,5 M (MÉDIA ENTRE MONTANTE E JUSANTE/UMA COMPOSIÇÃO POR TRECHO) COM RETROESCAVADEIRA (0,26 M3 /88 HP), LARG. MENOR  QUE 0,8 M, EM SOLO MOLE, LOCAIS COM BAIXO NÍVEL DE NTERFERÊNCIA.  AF_02/2021","M3","COEFICIENTE DE REPRESENTATIVIDADE","8,06","CAIXA REFERENCIAL"]
["102303","ESCAVAÇÃO MECANIZADA DE VALA COM PROF. ATÉ 1,5 M (MÉDIA ENTRE MONTANTE E JUSANTE/UMA COMPOSIÇÃO POR TRECHO) COM RETROESCAVADEIRA (0,26 M3 / 88 HP), LARG. DE 0,8 M A 1,5 M, EM SOLO MOLE, LOCAIS COM BAIXO NÍVEL DE INTERFERÊNCIA. AF_02/2021","M3","COEFICIENTE DE REPRESENTATIVIDADE","6,85","CAIXA REFERENCIAL"]
["102304","ESCAVAÇÃO MECANIZADA DE VALA COM PROF. MAIOR QUE 1,5 M ATÉ 3,0 M (MÉDIA ENTRE MONTANTE E JUSANTE/UMA COMPOSIÇÃO POR TRECHO) COM RETROESCAVADEIRA (0,26 M3 /88 HP),LARG. MENOR QUE 0,8 M, EM SOLO MOLE, LOCAIS COM BAIXO NÍVEL DE INTERFERÊNCIA. AF_02/2021","M3","COEFICIENTE DE REPRESENTATIVIDADE","6,76","CAIXA REFERENCIAL"]
["102305","ESCAVAÇÃO MECANIZADA DE VALA COM PROF. MAIOR QUE 1,5 M ATÉ 3,0 M (MÉDIA ENTRE MONTANTE E JUSANTE/UMA COMPOSIÇÃO POR TRECHO) COM RETROESCAVADEIRA (0,26 M3 / 88 HP), LARG. DE 0,8 M A 1,5 M, EM SOLO MOLE, LOCAIS COM BAIXO NÍVEL DE INTERFERÊNCIA. AF_02/2021","M3","COEFICIENTE DE REPRESENTATIVIDADE","6,16","CAIXA REFERENCIAL"]
["102306","ESCAVAÇÃO MECANIZADA DE VALA COM PROF. ATÉ 1,5 M (MÉDIA ENTRE MONTANTE E JUSANTE/UMA COMPOSIÇÃO POR TRECHO), COM ESCAVADEIRA HIDRÁULICA (0,8 M3/111 HP),LARG. ATÉ 1,5 M, EM SOLO DE 2A CATEGORIA, EM LOCAIS COM ALTO NÍVEL DE INTERFERÊNCIA.  AF_02/2021","M3","COLETADO","13,89","CAIXA REFERENCIAL"]
["102307","ESCAVAÇÃO MECANIZADA DE VALA COM PROF. ATÉ 1,5 M (MÉDIA ENTRE MONTANTE E JUSANTE/UMA COMPOSIÇÃO POR TRECHO), COM ESCAVADEIRA HIDRÁULICA (0,8 M3/111 HP), LARG. DE 1,5 M A 2,5 M, EM SOLO DE 2A CATEGORIA, EM LOCAIS COM ALTO NÍVEL DE INTERFERÊNCIA.  AF_02/2021","M3","COLETADO","12,33","CAIXA REFERENCIAL"]
["102308","ESCAVAÇÃO MECANIZADA DE VALA COM PROF. MAIOR QUE 1,5 M ATÉ 3,0 M (MÉDIA ENTRE MONTANTE E JUSANTE/UMA COMPOSIÇÃO POR TRECHO), COM ESCAVADEIRA HIDRÁULICA (0,8 M3/111 HP), LARG. ATÉ 1,5 M, EM SOLO DE 2A CATEGORIA, EM LOCAIS COM ALTO NÍVEL DE INTERFERÊNCIA.AF_02/2021","M3","COLETADO","11,96","CAIXA REFERENCIAL"]
["102309","ESCAVAÇÃO MECANIZADA DE VALA COM PROF. MAIOR QUE 3,0 M ATÉ 4,5 M (MÉDIA ENTRE MONTANTE E JUSANTE/UMA COMPOSIÇÃO POR TRECHO), COM ESCAVADEIRA HIDRÁULICA (0,8 M3/111 HP), LARG. MENOR QUE 1,5 M, EM SOLO DE 2A CATEGORIA, EM LOCAIS COM ALTO NÍVEL DE INTERFERÊNCIA.  AF_02/2021","M3","COLETADO","11,32","CAIXA REFERENCIAL"]
["102310","ESCAVAÇÃO MECANIZADA DE VALA COM PROF.MAIOR QUE 4,5 M ATÉ 6,0 M (MÉDIA ENTRE MONTANTE E JUSANTE/UMA COMPOSIÇÃO POR TRECHO),COM ESCAVADEIRA HIDRÁULICA (0,8 M3/111 HP), LARG. MENOR QUE 1,5 M, EM SOLO DE 2A CATEGORIA, EM LOCAIS COM ALTO NÍVEL DE INTERFERÊNCIA. AF_02/2021","M3","COLETADO","10,97","CAIXA REFERENCIAL"]
["102311","ESCAVAÇÃO MECANIZADA DE VALA COM PROF. MAIOR QUE 1,5 M ATÉ 3,0 M (MÉDIA ENTRE MONTANTE E JUSANTE/UMA COMPOSIÇÃO POR TRECHO),COM ESCAVADEIRA HIDRÁULICA (1,2 M3/155 HP),LARG. DE 1,5 M A 2,5 M, EM SOLO DE 2A CATEGORIA, EM LOCAIS COM ALTO NÍVEL DE INTERFERÊNCIA.  AF_02/2021","M3","COEFICIENTE DE REPRESENTATIVIDADE","10,71","CAIXA REFERENCIAL"]
["102312","ESCAVAÇÃO MECANIZADA DE VALA COM PROF. DE 3,0 M ATÉ 4,5 M (MÉDIA ENTRE MONTANTE E JUSANTE/UMA COMPOSIÇÃO POR TRECHO), COM ESCAVADEIRA HIDRÁULICA (1,2 M3/155 HP), LARG. DE 1,5 M A 2,5 M, EM SOLO DE 2A CATEGORIA, EM LOCAIS COM ALTO NÍVEL DE INTERFERÊNCIA.AF_02/2021","M3","COEFICIENTE DE REPRESENTATIVIDADE","10,29","CAIXA REFERENCIAL"]
["102313","ESCAVAÇÃO MECANIZADA DE VALA COM PROF. MAIOR QUE 4,5 M ATÉ 6,0 M (MÉDIA ENTRE MONTANTE E JUSANTE/UMA COMPOSIÇÃO POR TRECHO), COM ESCAVADEIRA HIDRÁULICA (1,2 M3/155 HP), LARG. DE 1,5 M A 2,5 M, EM SOLO DE 2A CATEGORIA, EM LOCAIS COM ALTO NÍVEL DE INTERFERÊNCIA. AF_02/2021","M3","COEFICIENTE DE REPRESENTATIVIDADE","10,06","CAIXA REFERENCIAL"]
["102314","ESCAVAÇÃO MECANIZADA DE VALA COM PROF. ATÉ 1,5 M (MÉDIA ENTRE MONTANTE E JUSANTE/UMA COMPOSIÇÃO POR TRECHO),COM ESCAVADEIRA HIDRÁULICA (0,8 M3/111 HP), LARG. MENOR QUE 1,5 M, EM SOLO DE 2A CATEGORIA, LOCAIS COM BAIXO NÍVEL DE INTERFERÊNCIA. AF_02/2021","M3","COLETADO","7,66","CAIXA REFERENCIAL"]
["102315","ESCAVAÇÃO MECANIZADA DE VALA COM PROF. ATÉ 1,5 M (MÉDIA ENTRE MONTANTE E JUSANTE/UMA COMPOSIÇÃO POR TRECHO), COM ESCAVADEIRA HIDRÁULICA (0,8 M3/111 HP), LARG. DE 1,5 M A 2,5 M, EM SOLO DE 2A CATEGORIA, LOCAIS COM BAIXO NÍVEL DE INTERFERÊNCIA. AF_02/2021","M3","COLETADO","6,80","CAIXA REFERENCIAL"]
["102316","ESCAVAÇÃO MECANIZADA DE VALA COM PROF. MAIOR QUE 1,5 M E ATÉ 3,0 M (MÉDIA ENTRE MONTANTE E JUSANTE/UMA COMPOSIÇÃO POR TRECHO), COM ESCAVADEIRA HIDRÁULICA (0,8 M3/111 HP), LARG. MENOR QUE 1,5 M, EM SOLO DE 2A CATEGORIA, LOCAIS COM BAIXO NÍVEL DE INTERFERÊNCIA. AF_02/2021","M3","COLETADO","6,60","CAIXA REFERENCIAL"]
["102317","ESCAVAÇÃO MECANIZADA DE VALA COM PROF.MAIOR QUE 3,0 M ATÉ 4,5 M (MÉDIA ENTRE MONTANTE E JUSANTE/UMA COMPOSIÇÃO POR TRECHO), COM ESCAVADEIRA HIDRÁULICA (0,8 M3/111 HP), LARG. MENOR QUE 1,5 M, EM SOLO DE 2A CATEGORIA, LOCAIS COM BAIXO NÍVEL DE INTERFERÊNCIA. AF_02/2021","M3","COLETADO","6,22","CAIXA REFERENCIAL"]
["102318","ESCAVAÇÃO MECANIZADA DE VALA COM PROF.MAIOR QUE 4,5 M ATÉ 6,0 M (MÉDIA ENTRE MONTANTE E JUSANTE/UMA COMPOSIÇÃO POR TRECHO),COM ESCAVADEIRA HIDRÁULICA (0,8 M3/111 HP), LARG. MENOR QUE 1,5 M, EM SOLO DE 2A CATEGORIA, EM LOCAIS COM BAIXO NÍVEL DE INTERFERÊNCIA. AF_02/2021","M3","COLETADO","6,07","CAIXA REFERENCIAL"]
["102319","ESCAVAÇÃO MECANIZADA DE VALA COM PROF. MAIOR QUE 1,5 M ATÉ 3,0 M (MÉDIA ENTRE MONTANTE E JUSANTE/UMA COMPOSIÇÃO POR TRECHO),COM ESCAVADEIRA HIDRÁULICA (1,2 M3/155 HP),LARG. DE 1,5 M A 2,5 M, EM SOLO DE 2A CATEGORIA, LOCAIS COM BAIXO NÍVEL DE INTERFERÊNCIA. AF_02/2021","M3","COEFICIENTE DE REPRESENTATIVIDADE","5,91","CAIXA REFERENCIAL"]
["102320","ESCAVAÇÃO MECANIZADA DE VALA COM PROF. MAIOR QUE 3,0 M ATÉ 4,5 M (MÉDIA ENTRE MONTANTE E JUSANTE/UMA COMPOSIÇÃO POR TRECHO), COM ESCAVADEIRA HIDRÁULICA (1,2 M3/155 HP), LARG. DE 1,5 M A 2,5 M, EM SOLO DE 2A CATEGORIA, LOCAIS COM BAIXO NÍVEL DE INTERFERÊNCIA. AF_02/2021","M3","COEFICIENTE DE REPRESENTATIVIDADE","5,66","CAIXA REFERENCIAL"]
["102321","ESCAVAÇÃO MECANIZADA DE VALA COM PROF. MAIOR QUE 4,5 M ATÉ 6,0 M (MÉDIA ENTRE MONTANTE E JUSANTE/UMA COMPOSIÇÃO POR TRECHO), COM ESCAVADEIRA HIDRÁULICA (1,2 M3/155 HP), LARG. DE 1,5 M A 2,5 M, EM SOLO DE 2A CATEGORIA, LOCAIS COM BAIXO NÍVEL DE INTERFERÊNCIA. AF_02/2021","M3","COEFICIENTE DE REPRESENTATIVIDADE","5,55","CAIXA REFERENCIAL"]
["102322","ESCAVAÇÃO MECANIZADA DE VALA COM PROF. ATÉ 1,5 M (MÉDIA ENTRE MONTANTE E JUSANTE/UMA COMPOSIÇÃO POR TRECHO), COM RETROESCAVADEIRA (0,26 M3/88 HP), LARG. MENOR QUE 0,8 M, EM SOLO DE 2A CATEGORIA, EM LOCAIS COM ALTO NÍVEL DE INTERFERÊNCIA. AF_02/2021","M3","COEFICIENTE DE REPRESENTATIVIDADE","16,46","CAIXA REFERENCIAL"]
["102323","ESCAVAÇÃO MECANIZADA DE VALA COM PROF. ATÉ 1,5 M (MÉDIA ENTRE MONTANTE E JUSANTE/UMA COMPOSIÇÃO POR TRECHO), COM RETROESCAVADEIRA (0,26 M3/88 HP), LARG. DE 0,8 M A 1,5 M, EM SOLO DE 2A CATEGORIA, EM LOCAIS COM ALTO NÍVEL DE INTERFERÊNCIA. AF_02/2021","M3","COEFICIENTE DE REPRESENTATIVIDADE","13,97","CAIXA REFERENCIAL"]
["102324","ESCAVAÇÃO MECANIZADA DE VALA COM PROF. MAIOR QUE 1,5 M ATÉ 3,0 M (MÉDIA ENTRE MONTANTE E JUSANTE/UMA COMPOSIÇÃO POR TRECHO), COM RETROESCAVADEIRA (0,26 M3/88 HP), LARG. MENOR QUE 0,8 M, EM SOLO DE 2A CATEGORIA, EM LOCAIS COM ALTO NÍVEL DE INTERFERÊNCIA.AF_02/2021","M3","COEFICIENTE DE REPRESENTATIVIDADE","13,80","CAIXA REFERENCIAL"]
["102325","ESCAVAÇÃO MECANIZADA DE VALA COM PROF. MAIOR QUE 1,5 M ATÉ 3,0 M (MÉDIA ENTRE MONTANTE E JUSANTE/UMA COMPOSIÇÃO POR TRECHO), COM RETROESCAVADEIRA (0,26 M3/88 HP), LARG. DE 0,8 M A 1,5 M, EM SOLO DE 2ª CATEGORIA, EM LOCAIS COM ALTO NÍVEL DE INTERFERÊNCIA.AF_02/2021","M3","COEFICIENTE DE REPRESENTATIVIDADE","12,57","CAIXA REFERENCIAL"]
["102326","ESCAVAÇÃO MECANIZADA DE VALA COM PROF. ATÉ 1,5 M (MÉDIA ENTRE MONTANTE E JUSANTE/UMA COMPOSIÇÃO POR TRECHO) COM RETROESCAVADEIRA (0,26 M3/88 HP), LARGURA MENOR  QUE 0,8 M, EM SOLO DE 2A CATEGORIA, EM LOCAIS COM BAIXO NÍVEL DE NTERFERÊNCIA. AF_02/2021","M3","COEFICIENTE DE REPRESENTATIVIDADE","9,08","CAIXA REFERENCIAL"]
["102327","ESCAVAÇÃO MECANIZADA DE VALA COM PROF. ATÉ 1,5 M (MÉDIA ENTRE MONTANTE E JUSANTE/UMA COMPOSIÇÃO POR TRECHO) COM RETROESCAVADEIRA (0,26 M3 /88 HP), LARG. DE 0,8 M A 1,5 M, EM SOLO DE 2A CATEGORIA, EM LOCAIS COM BAIXO NÍVEL DE INTERFERÊNCIA. AF_02/2021","M3","COEFICIENTE DE REPRESENTATIVIDADE","7,71","CAIXA REFERENCIAL"]
["102328","ESCAVAÇÃO MECANIZADA DE VALA COM PROF. MAIOR QUE 1,5 M ATÉ 3,0 M (MÉDIA ENTRE MONTANTE E JUSANTE/UMA COMPOSIÇÃO POR TRECHO) COM RETROESCAVADEIRA (0,26 M3/ 88 HP),LARG. MENOR QUE 0,8 M, EM SOLO DE 2ª CATEGORIA, EM LOCAIS COM BAIXO NÍVEL DE INTERFERÊNCIA.AF_02/2021","M3","COEFICIENTE DE REPRESENTATIVIDADE","7,61","CAIXA REFERENCIAL"]
["102329","ESCAVAÇÃO MECANIZADA DE VALA COM PROF. MAIOR QUE 1,5 M ATÉ 3,0 M (MÉDIA ENTRE MONTANTE E JUSANTE/UMA COMPOSIÇÃO POR TRECHO) COM RETROESCAVADEIRA (0,26 M3 / 88 HP), LARG. DE 0,8 M A 1,5 M, EM SOLO DE 2ª CATEGORIA, EM LOCAIS COM BAIXO NÍVEL DE INTERFERÊNCIA. AF_02/2021","M3","COEFICIENTE DE REPRESENTATIVIDADE","6,94","CAIXA REFERENCIAL"]
["94304","ATERRO MECANIZADO DE VALA COM ESCAVADEIRA HIDRÁULICA (CAPACIDADE DA CAÇAMBA: 0,8 M³ / POTÊNCIA: 111 HP), LARGURA DE 1,5 A 2,5 M, PROFUNDIDADE ATÉ 1,5 M, COM SOLO ARGILO-ARENOSO. AF_05/2016","M3","ATRIBUÍDO SÃO PAULO","30,89","CAIXA REFERENCIAL"]
["94305","ATERRO MECANIZADO DE VALA COM ESCAVADEIRA HIDRÁULICA (CAPACIDADE DA CAÇAMBA: 0,8 M³ / POTÊNCIA: 111 HP), LARGURA ATÉ 1,5 M, PROFUNDIDADE DE 1,5 A 3,0 M, COM SOLO ARGILO-ARENOSO. AF_05/2016","M3","ATRIBUÍDO SÃO PAULO","27,28","CAIXA REFERENCIAL"]
["94306","ATERRO MECANIZADO DE VALA COM ESCAVADEIRA HIDRÁULICA (CAPACIDADE DA CAÇAMBA: 0,8 M³ / POTÊNCIA: 111 HP), LARGURA DE 1,5 A 2,5 M, PROFUNDIDADE DE 1,5 A 3,0 M, COM SOLO ARGILO-ARENOSO. AF_05/2016","M3","ATRIBUÍDO SÃO PAULO","22,70","CAIXA REFERENCIAL"]
["94307","ATERRO MECANIZADO DE VALA COM ESCAVADEIRA HIDRÁULICA (CAPACIDADE DA CAÇAMBA: 0,8 M³ / POTÊNCIA: 111 HP), LARGURA ATÉ 1,5 M, PROFUNDIDADE DE 3,0 A 4,5 M, COM SOLO ARGILO-ARENOSO. AF_05/2016","M3","ATRIBUÍDO SÃO PAULO","23,74","CAIXA REFERENCIAL"]
["94308","ATERRO MECANIZADO DE VALA COM ESCAVADEIRA HIDRÁULICA (CAPACIDADE DA CAÇAMBA: 0,8 M³ / POTÊNCIA: 111 HP), LARGURA DE 1,5 A 2,5 M, PROFUNDIDADE DE 3,0 A 4,5 M, COM SOLO ARGILO-ARENOSO. AF_05/2016","M3","ATRIBUÍDO SÃO PAULO","20,93","CAIXA REFERENCIAL"]
["94309","ATERRO MECANIZADO DE VALA COM ESCAVADEIRA HIDRÁULICA (CAPACIDADE DA CAÇAMBA: 0,8 M³ / POTÊNCIA: 111 HP), LARGURA ATÉ 1,5 M, PROFUNDIDADE DE 4,5 A 6,0 M, COM SOLO ARGILO-ARENOSO. AF_05/2016","M3","ATRIBUÍDO SÃO PAULO","22,20","CAIXA REFERENCIAL"]
["94310","ATERRO MECANIZADO DE VALA COM ESCAVADEIRA HIDRÁULICA (CAPACIDADE DA CAÇAMBA: 0,8 M³ / POTÊNCIA: 111 HP), LARGURA DE 1,5 A 2,5 M, PROFUNDIDADE DE 4,5 A 6,0 M, COM SOLO ARGILO-ARENOSO. AF_05/2016","M3","ATRIBUÍDO SÃO PAULO","20,05","CAIXA REFERENCIAL"]
["94315","ATERRO MECANIZADO DE VALA COM RETROESCAVADEIRA (CAPACIDADE DA CAÇAMBA DA RETRO: 0,26 M³ / POTÊNCIA: 88 HP), LARGURA ATÉ 0,8 M, PROFUNDIDADE ATÉ 1,5 M, COM SOLO ARGILO-ARENOSO. AF_05/2016","M3","ATRIBUÍDO SÃO PAULO","37,61","CAIXA REFERENCIAL"]
["94316","ATERRO MECANIZADO DE VALA COM RETROESCAVADEIRA (CAPACIDADE DA CAÇAMBA DA RETRO: 0,26 M³ / POTÊNCIA: 88 HP), LARGURA DE 0,8 A 1,5 M, PROFUNDIDADE ATÉ 1,5 M, COM SOLO ARGILO-ARENOSO. AF_05/2016","M3","ATRIBUÍDO SÃO PAULO","29,35","CAIXA REFERENCIAL"]
["94317","ATERRO MECANIZADO DE VALA COM RETROESCAVADEIRA (CAPACIDADE DA CAÇAMBA DA RETRO: 0,26 M³ / POTÊNCIA: 88 HP), LARGURA ATÉ 0,8 M, PROFUNDIDADE DE 1,5 A 3,0 M, COM SOLO ARGILO-ARENOSO. AF_05/2016","M3","ATRIBUÍDO SÃO PAULO","25,70","CAIXA REFERENCIAL"]
["94318","ATERRO MECANIZADO DE VALA COM RETROESCAVADEIRA (CAPACIDADE DA CAÇAMBA DA RETRO: 0,26 M³ / POTÊNCIA: 88 HP), LARGURA DE 0,8 A 1,5 M, PROFUNDIDADE DE 1,5 A 3,0 M, COM SOLO ARGILO-ARENOSO. AF_05/2016","M3","ATRIBUÍDO SÃO PAULO","20,99","CAIXA REFERENCIAL"]
["94319","ATERRO MANUAL DE VALAS COM SOLO ARGILO-ARENOSO E COMPACTAÇÃO MECANIZADA. AF_05/2016","M3","ATRIBUÍDO SÃO PAULO","39,11","CAIXA REFERENCIAL"]
["94327","ATERRO MECANIZADO DE VALA COM ESCAVADEIRA HIDRÁULICA (CAPACIDADE DA CAÇAMBA: 0,8 M³ / POTÊNCIA: 111 HP), LARGURA DE 1,5 A 2,5 M, PROFUNDIDADE ATÉ 1,5 M, COM AREIA PARA ATERRO. AF_05/2016","M3","ATRIBUÍDO SÃO PAULO","75,08","CAIXA REFERENCIAL"]
["94328","ATERRO MECANIZADO DE VALA COM ESCAVADEIRA HIDRÁULICA (CAPACIDADE DA CAÇAMBA: 0,8 M³ / POTÊNCIA: 111 HP), LARGURA ATÉ 1,5 M, PROFUNDIDADE DE 1,5 A 3,0 M, COM AREIA PARA ATERRO. AF_05/2016","M3","ATRIBUÍDO SÃO PAULO","71,47","CAIXA REFERENCIAL"]
["94329","ATERRO MECANIZADO DE VALA COM ESCAVADEIRA HIDRÁULICA (CAPACIDADE DA CAÇAMBA: 0,8 M³ / POTÊNCIA: 111 HP), LARGURA DE 1,5 A 2,5 M, PROFUNDIDADE DE 1,5 A 3,0 M, COM AREIA PARA ATERRO. AF_05/2016","M3","ATRIBUÍDO SÃO PAULO","66,89","CAIXA REFERENCIAL"]
["94330","ATERRO MECANIZADO DE VALA COM ESCAVADEIRA HIDRÁULICA (CAPACIDADE DA CAÇAMBA: 0,8 M³ / POTÊNCIA: 111 HP), LARGURA ATÉ 1,5 M, PROFUNDIDADE DE 3,0 A 4,5 M, COM AREIA PARA ATERRO. AF_05/2016","M3","ATRIBUÍDO SÃO PAULO","67,93","CAIXA REFERENCIAL"]
["94331","ATERRO MECANIZADO DE VALA COM ESCAVADEIRA HIDRÁULICA (CAPACIDADE DA CAÇAMBA: 0,8 M³ / POTÊNCIA: 111 HP), LARGURA DE 1,5 A 2,5 M, PROFUNDIDADE DE 3,0 A 4,5 M, COM AREIA PARA ATERRO. AF_05/2016","M3","ATRIBUÍDO SÃO PAULO","65,12","CAIXA REFERENCIAL"]
["94332","ATERRO MECANIZADO DE VALA COM ESCAVADEIRA HIDRÁULICA (CAPACIDADE DA CAÇAMBA: 0,8 M³ / POTÊNCIA: 111 HP), LARGURA ATÉ 1,5 M, PROFUNDIDADE DE 4,5 A 6,0 M, COM AREIA PARA ATERRO. AF_05/2016","M3","ATRIBUÍDO SÃO PAULO","66,39","CAIXA REFERENCIAL"]
["94333","ATERRO MECANIZADO DE VALA COM ESCAVADEIRA HIDRÁULICA (CAPACIDADE DA CAÇAMBA: 0,8 M³ / POTÊNCIA: 111 HP), LARGURA DE 1,5 A 2,5 M, PROFUNDIDADE DE 4,5 A 6,0 M, COM AREIA PARA ATERRO. AF_05/2016","M3","ATRIBUÍDO SÃO PAULO","64,24","CAIXA REFERENCIAL"]
["94338","ATERRO MECANIZADO DE VALA COM RETROESCAVADEIRA (CAPACIDADE DA CAÇAMBA DA RETRO: 0,26 M³ / POTÊNCIA: 88 HP), LARGURA ATÉ 0,8 M, PROFUNDIDADE ATÉ 1,5 M, COM AREIA PARA ATERRO. AF_05/2016","M3","ATRIBUÍDO SÃO PAULO","81,80","CAIXA REFERENCIAL"]
["94339","ATERRO MECANIZADO DE VALA COM RETROESCAVADEIRA (CAPACIDADE DA CAÇAMBA DA RETRO: 0,26 M³ / POTÊNCIA: 88 HP), LARGURA DE 0,8 A 1,5 M, PROFUNDIDADE ATÉ 1,5 M, COM AREIA PARA ATERRO. AF_05/2016","M3","ATRIBUÍDO SÃO PAULO","73,54","CAIXA REFERENCIAL"]
["94340","ATERRO MECANIZADO DE VALA COM RETROESCAVADEIRA (CAPACIDADE DA CAÇAMBA DA RETRO: 0,26 M³ / POTÊNCIA: 88 HP), LARGURA ATÉ 0,8 M, PROFUNDIDADE DE 1,5 A 3,0 M, COM AREIA PARA ATERRO. AF_05/2016","M3","ATRIBUÍDO SÃO PAULO","69,89","CAIXA REFERENCIAL"]
["94341","ATERRO MECANIZADO DE VALA COM RETROESCAVADEIRA (CAPACIDADE DA CAÇAMBA DA RETRO: 0,26 M³ / POTÊNCIA: 88 HP), LARGURA DE 0,8 A 1,5 M, PROFUNDIDADE DE 1,5 A 3,0 M, COM AREIA PARA ATERRO. AF_05/2016","M3","ATRIBUÍDO SÃO PAULO","65,18","CAIXA REFERENCIAL"]
["94342","ATERRO MANUAL DE VALAS COM AREIA PARA ATERRO E COMPACTAÇÃO MECANIZADA. AF_05/2016","M3","ATRIBUÍDO SÃO PAULO","83,30","CAIXA REFERENCIAL"]
["96385","EXECUÇÃO E COMPACTAÇÃO DE ATERRO COM SOLO PREDOMINANTEMENTE ARGILOSO - EXCLUSIVE SOLO, ESCAVAÇÃO, CARGA E TRANSPORTE. AF_11/2019","M3","ATRIBUÍDO SÃO PAULO","8,66","CAIXA REFERENCIAL"]
["96386","EXECUÇÃO E COMPACTAÇÃO DE ATERRO COM SOLO PREDOMINANTEMENTE ARENOSO - EXCLUSIVE SOLO, ESCAVAÇÃO, CARGA E TRANSPORTE. AF_11/2019","M3","ATRIBUÍDO SÃO PAULO","6,20","CAIXA REFERENCIAL"]
["93360","REATERRO MECANIZADO DE VALA COM ESCAVADEIRA HIDRÁULICA (CAPACIDADE DA CAÇAMBA: 0,8 M³ / POTÊNCIA: 111 HP), LARGURA DE 1,5 A 2,5 M, PROFUNDIDADE ATÉ 1,5 M, COM SOLO DE 1ª CATEGORIA EM LOCAIS COM ALTO NÍVEL DE INTERFERÊNCIA. AF_04/2016","M3","ATRIBUÍDO SÃO PAULO","20,14","CAIXA REFERENCIAL"]
["93361","REATERRO MECANIZADO DE VALA COM ESCAVADEIRA HIDRÁULICA (CAPACIDADE DA CAÇAMBA: 0,8 M³ / POTÊNCIA: 111 HP), LARGURA ATÉ 1,5 M, PROFUNDIDADE DE 1,5 A 3,0 M, COM SOLO DE 1ª CATEGORIA EM LOCAIS COM ALTO NÍVEL DE INTERFERÊNCIA. AF_04/2016","M3","ATRIBUÍDO SÃO PAULO","16,63","CAIXA REFERENCIAL"]
["93362","REATERRO MECANIZADO DE VALA COM ESCAVADEIRA HIDRÁULICA (CAPACIDADE DA CAÇAMBA: 0,8 M³ / POTÊNCIA: 111 HP), LARGURA DE 1,5 A 2,5 M, PROFUNDIDADE DE 1,5 A 3,0 M, COM SOLO DE 1ª CATEGORIA EM LOCAIS COM ALTO NÍVEL DE INTERFERÊNCIA. AF_04/2016","M3","ATRIBUÍDO SÃO PAULO","11,96","CAIXA REFERENCIAL"]
["93363","REATERRO MECANIZADO DE VALA COM ESCAVADEIRA HIDRÁULICA (CAPACIDADE DA CAÇAMBA: 0,8 M³ / POTÊNCIA: 111 HP), LARGURA ATÉ 1,5 M, PROFUNDIDADE DE 3,0 A 4,5 M COM SOLO DE 1ª CATEGORIA EM LOCAIS COM ALTO NÍVEL DE INTERFERÊNCIA. AF_04/2016","M3","ATRIBUÍDO SÃO PAULO","12,99","CAIXA REFERENCIAL"]
["93364","REATERRO MECANIZADO DE VALA COM ESCAVADEIRA HIDRÁULICA (CAPACIDADE DA CAÇAMBA: 0,8 M³ / POTÊNCIA: 111 HP), LARGURA DE 1,5 A 2,5 M, PROFUNDIDADE DE 3,0  A 4,5 M, COM SOLO (SEM SUBSTITUIÇÃO) DE 1ª CATEGORIA EM LOCAIS COM ALTO NÍVEL DE INTERFERÊNCIA. AF_04/2016","M3","ATRIBUÍDO SÃO PAULO","10,18","CAIXA REFERENCIAL"]
["93365","REATERRO MECANIZADO DE VALA COM ESCAVADEIRA HIDRÁULICA (CAPACIDADE DA CAÇAMBA: 0,8 M³ / POTÊNCIA: 111 HP), LARGURA ATÉ 1,5 M, PROFUNDIDADE DE 4,5 A 6,0 M, COM SOLO DE 1ª CATEGORIA EM LOCAIS COM ALTO NÍVEL DE INTERFERÊNCIA. AF_04/2016","M3","ATRIBUÍDO SÃO PAULO","11,38","CAIXA REFERENCIAL"]
["93366","REATERRO MECANIZADO DE VALA COM ESCAVADEIRA HIDRÁULICA (CAPACIDADE DA CAÇAMBA: 0,8 M³ / POTÊNCIA: 111 HP), LARGURA DE 1,5 A 2,5 M, PROFUNDIDADE DE 4,5 A 6,0 M, COM SOLO DE 1ª CATEGORIA EM LOCAIS COM ALTO NÍVEL DE INTERFERÊNCIA. AF_04/2016","M3","ATRIBUÍDO SÃO PAULO","9,32","CAIXA REFERENCIAL"]
["93367","REATERRO MECANIZADO DE VALA COM ESCAVADEIRA HIDRÁULICA (CAPACIDADE DA CAÇAMBA: 0,8 M³ / POTÊNCIA: 111 HP), LARGURA DE 1,5 A 2,5 M, PROFUNDIDADE ATÉ 1,5 M, COM SOLO DE 1ª CATEGORIA EM LOCAIS COM BAIXO NÍVEL DE INTERFERÊNCIA. AF_04/2016","M3","ATRIBUÍDO SÃO PAULO","18,82","CAIXA REFERENCIAL"]
["93368","REATERRO MECANIZADO DE VALA COM ESCAVADEIRA HIDRÁULICA (CAPACIDADE DA CAÇAMBA: 0,8 M³ / POTÊNCIA: 111 HP), LARGURA ATÉ 1,5 M, PROFUNDIDADE DE 1,5 A 3,0 M, COM SOLO DE 1ª CATEGORIA EM LOCAIS COM BAIXO NÍVEL DE INTERFERÊNCIA. AF_04/2016","M3","ATRIBUÍDO SÃO PAULO","15,22","CAIXA REFERENCIAL"]
["93369","REATERRO MECANIZADO DE VALA COM ESCAVADEIRA HIDRÁULICA (CAPACIDADE DA CAÇAMBA: 0,8 M³ / POTÊNCIA: 111 HP), LARGURA DE 1,5 A 2,5 M, PROFUNDIDADE DE 1,5 A 3,0 M, COM SOLO (SEM SUBSTITUIÇÃO) DE 1ª CATEGORIA EM LOCAIS COM BAIXO NÍVEL DE INTERFERÊNCIA. AF_04/2016","M3","ATRIBUÍDO SÃO PAULO","10,64","CAIXA REFERENCIAL"]
["93370","REATERRO MECANIZADO DE VALA COM ESCAVADEIRA HIDRÁULICA (CAPACIDADE DA CAÇAMBA: 0,8 M³ / POTÊNCIA: 111 HP), LARGURA ATÉ 1,5 M, PROFUNDIDADE DE 3,0 A 4,5 M, COM SOLO DE 1ª CATEGORIA EM LOCAIS COM BAIXO NÍVEL DE INTERFERÊNCIA. AF_04/2016","M3","ATRIBUÍDO SÃO PAULO","11,68","CAIXA REFERENCIAL"]
["93371","REATERRO MECANIZADO DE VALA COM ESCAVADEIRA HIDRÁULICA (CAPACIDADE DA CAÇAMBA: 0,8 M³ / POTÊNCIA: 111 HP), LARGURA DE 1,5 A 2,5 M, PROFUNDIDADE DE 3,0 A 4,5 M, COM SOLO (SEM SUBSTITUIÇÃO) DE 1ª CATEGORIA EM LOCAIS COM BAIXO NÍVEL DE INTERFERÊNCIA. AF_04/2016","M3","ATRIBUÍDO SÃO PAULO","8,87","CAIXA REFERENCIAL"]
["93372","REATERRO MECANIZADO DE VALA COM ESCAVADEIRA HIDRÁULICA (CAPACIDADE DA CAÇAMBA: 0,8 M³ / POTÊNCIA: 111 HP), LARGURA ATÉ 1,5 M, PROFUNDIDADE DE 4,5 A 6,0 M, COM SOLO DE 1ª CATEGORIA EM LOCAIS COM BAIXO NÍVEL DE INTERFERÊNCIA. AF_04/2016","M3","ATRIBUÍDO SÃO PAULO","10,14","CAIXA REFERENCIAL"]
["93373","REATERRO MECANIZADO DE VALA COM ESCAVADEIRA HIDRÁULICA (CAPACIDADE DA CAÇAMBA: 0,8 M³ / POTÊNCIA: 111 HP), LARGURA DE 1,5 A 2,5 M, PROFUNDIDADE DE 4,5 A 6,0 M, COM SOLO (SEM SUBSTITUIÇÃO) DE 1ª CATEGORIA EM LOCAIS COM BAIXO NÍVEL DE INTERFERÊNCIA. AF_04/2016","M3","ATRIBUÍDO SÃO PAULO","8,01","CAIXA REFERENCIAL"]
["93374","REATERRO MECANIZADO DE VALA COM RETROESCAVADEIRA (CAPACIDADE DA CAÇAMBA DA RETRO: 0,26 M³ / POTÊNCIA: 88 HP), LARGURA ATÉ 0,8 M, PROFUNDIDADE ATÉ 1,5 M, COM SOLO (SEM SUBSTITUIÇÃO) DE 1ª CATEGORIA EM LOCAIS COM ALTO NÍVEL DE INTERFERÊNCIA. AF_04/2016","M3","ATRIBUÍDO SÃO PAULO","23,11","CAIXA REFERENCIAL"]
["93375","REATERRO MECANIZADO DE VALA COM RETROESCAVADEIRA (CAPACIDADE DA CAÇAMBA DA RETRO: 0,26 M³ / POTÊNCIA: 88 HP), LARGURA DE 0,8 A 1,5 M, PROFUNDIDADE ATÉ 1,5 M, COM SOLO DE 1ª CATEGORIA EM LOCAIS COM ALTO NÍVEL DE INTERFERÊNCIA. AF_04/2016","M3","ATRIBUÍDO SÃO PAULO","17,78","CAIXA REFERENCIAL"]
["93376","REATERRO MECANIZADO DE VALA COM RETROESCAVADEIRA (CAPACIDADE DA CAÇAMBA DA RETRO: 0,26 M³ / POTÊNCIA: 88 HP), LARGURA ATÉ 0,8 M, PROFUNDIDADE DE 1,5 A 3,0 M, COM SOLO DE 1ª CATEGORIA EM LOCAIS COM ALTO NÍVEL DE INTERFERÊNCIA. AF_04/2016","M3","ATRIBUÍDO SÃO PAULO","14,47","CAIXA REFERENCIAL"]
["93377","REATERRO MECANIZADO DE VALA COM RETROESCAVADEIRA (CAPACIDADE DA CAÇAMBA DA RETRO: 0,26 M³ / POTÊNCIA: 88 HP), LARGURA DE 0,8 A 1,5 M, PROFUNDIDADE DE 1,5 A 3,0 M, COM SOLO (SEM SUBSTITUIÇÃO) DE 1ª CATEGORIA EM LOCAIS COM ALTO NÍVEL DE INTERFERÊNCIA. AF_04/2016","M3","ATRIBUÍDO SÃO PAULO","9,52","CAIXA REFERENCIAL"]
["93378","REATERRO MECANIZADO DE VALA COM RETROESCAVADEIRA (CAPACIDADE DA CAÇAMBA DA RETRO: 0,26 M³ / POTÊNCIA: 88 HP), LARGURA ATÉ 0,8 M, PROFUNDIDADE ATÉ 1,5 M, COM SOLO DE 1ª CATEGORIA EM LOCAIS COM BAIXO NÍVEL DE INTERFERÊNCIA. AF_04/2016","M3","ATRIBUÍDO SÃO PAULO","21,68","CAIXA REFERENCIAL"]
["93379","REATERRO MECANIZADO DE VALA COM RETROESCAVADEIRA (CAPACIDADE DA CAÇAMBA DA RETRO: 0,26 M³ / POTÊNCIA: 88 HP), LARGURA DE 0,8 A 1,5 M, PROFUNDIDADE ATÉ 1,5 M, COM SOLO DE 1ª CATEGORIA EM LOCAIS COM BAIXO NÍVEL DE INTERFERÊNCIA. AF_04/2016","M3","ATRIBUÍDO SÃO PAULO","16,67","CAIXA REFERENCIAL"]
["93380","REATERRO MECANIZADO DE VALA COM RETROESCAVADEIRA (CAPACIDADE DA CAÇAMBA DA RETRO: 0,26 M³ / POTÊNCIA: 88 HP), LARGURA ATÉ 0,8 M, PROFUNDIDADE DE 1,5 A 3,0 M, COM SOLO DE 1ª CATEGORIA EM LOCAIS COM BAIXO NÍVEL DE INTERFERÊNCIA. AF_04/2016","M3","ATRIBUÍDO SÃO PAULO","13,62","CAIXA REFERENCIAL"]
["93381","REATERRO MECANIZADO DE VALA COM RETROESCAVADEIRA (CAPACIDADE DA CAÇAMBA DA RETRO: 0,26 M³ / POTÊNCIA: 88 HP), LARGURA DE 0,8 A 1,5 M, PROFUNDIDADE DE 1,5 A 3,0 M, COM SOLO (SEM SUBSTITUIÇÃO) DE 1ª CATEGORIA EM LOCAIS COM BAIXO NÍVEL DE INTERFERÊNCIA. AF_04/2016","M3","ATRIBUÍDO SÃO PAULO","8,92","CAIXA REFERENCIAL"]
["93382","REATERRO MANUAL DE VALAS COM COMPACTAÇÃO MECANIZADA. AF_04/2016","M3","ATRIBUÍDO SÃO PAULO","27,05","CAIXA REFERENCIAL"]
["96995","REATERRO MANUAL APILOADO COM SOQUETE. AF_10/2017","M3","COLETADO","37,56","CAIXA REFERENCIAL"]
["97916","TRANSPORTE COM CAMINHÃO BASCULANTE DE 6 M³, EM VIA URBANA EM LEITO NATURAL (UNIDADE: TXKM). AF_07/2020","TXKM","ATRIBUÍDO SÃO PAULO","1,80","CAIXA REFERENCIAL"]
["97917","TRANSPORTE COM CAMINHÃO BASCULANTE DE 6 M³, EM VIA URBANA EM REVESTIMENTO PRIMÁRIO (UNIDADE: TXKM). AF_07/2020","TXKM","ATRIBUÍDO SÃO PAULO","1,55","CAIXA REFERENCIAL"]
["97918","TRANSPORTE COM CAMINHÃO BASCULANTE DE 6 M³, EM VIA URBANA PAVIMENTADA, DMT ATÉ 30 KM (UNIDADE: TXKM). AF_07/2020","TXKM","ATRIBUÍDO SÃO PAULO","1,42","CAIXA REFERENCIAL"]
["97919","TRANSPORTE COM CAMINHÃO BASCULANTE DE 6 M³, EM VIA URBANA PAVIMENTADA, ADICIONAL PARA DMT EXCEDENTE A 30 KM (UNIDADE: TXKM). AF_07/2020","TXKM","ATRIBUÍDO SÃO PAULO","0,56","CAIXA REFERENCIAL"]
["101616","PREPARO DE FUNDO DE VALA COM LARGURA MENOR QUE 1,5 M (ACERTO DO SOLO NATURAL). AF_08/2020","M2","ATRIBUÍDO SÃO PAULO","4,81","CAIXA REFERENCIAL"]
["101617","PREPARO DE FUNDO DE VALA COM LARGURA MAIOR OU IGUAL A 1,5 M E MENOR QUE 2,5 M (ACERTO DO SOLO NATURAL). AF_08/2020","M2","ATRIBUÍDO SÃO PAULO","2,38","CAIXA REFERENCIAL"]
["101618","PREPARO DE FUNDO DE VALA COM LARGURA MENOR QUE 1,5 M, COM CAMADA DE AREIA, LANÇAMENTO MANUAL. AF_08/2020","M3","ATRIBUÍDO SÃO PAULO","145,13","CAIXA REFERENCIAL"]
["101619","PREPARO DE FUNDO DE VALA COM LARGURA MENOR QUE 1,5 M, COM CAMADA DE BRITA, LANÇAMENTO MANUAL. AF_08/2020","M3","ATRIBUÍDO SÃO PAULO","215,30","CAIXA REFERENCIAL"]
["101620","PREPARO DE FUNDO DE VALA COM LARGURA MAIOR OU IGUAL A 1,5 M E MENOR QUE 2,5 M, COM CAMADA DE AREIA, LANÇAMENTO MANUAL. AF_08/2020","M3","ATRIBUÍDO SÃO PAULO","125,52","CAIXA REFERENCIAL"]
["101621","PREPARO DE FUNDO DE VALA COM LARGURA MAIOR OU IGUAL A 1,5 M E MENOR QUE 2,5 M, COM CAMADA DE BRITA, LANÇAMENTO MANUAL. AF_08/2020","M3","ATRIBUÍDO SÃO PAULO","195,69","CAIXA REFERENCIAL"]
["101622","PREPARO DE FUNDO DE VALA COM LARGURA MENOR QUE 1,5 M, COM CAMADA DE AREIA, LANÇAMENTO MECANIZADO. AF_08/2020","M3","ATRIBUÍDO SÃO PAULO","128,05","CAIXA REFERENCIAL"]
["101623","PREPARO DE FUNDO DE VALA COM LARGURA MENOR QUE 1,5 M, COM CAMADA DE BRITA, LANÇAMENTO MECANIZADO. AF_08/2020","M3","ATRIBUÍDO SÃO PAULO","194,26","CAIXA REFERENCIAL"]
["101624","PREPARO DE FUNDO DE VALA COM LARGURA MAIOR OU IGUAL A 1,5 M E MENOR QUE 2,5 M, COM CAMADA DE BRITA, LANÇAMENTO MECANIZADO. AF_08/2020","M3","ATRIBUÍDO SÃO PAULO","157,18","CAIXA REFERENCIAL"]
["101625","PREPARO DE FUNDO DE VALA COM LARGURA MAIOR OU IGUAL A 1,5 M E MENOR QUE 2,5 M, COM CAMADA DE AREIA, LANÇAMENTO MECANIZADO. AF_08/2020","M3","ATRIBUÍDO SÃO PAULO","95,62","CAIXA REFERENCIAL"]
["95606","UMIDIFICAÇÃO DE MATERIAL PARA VALAS COM CAMINHÃO PIPA 10000L. AF_11/2016","M3","ATRIBUÍDO SÃO PAULO","1,61","CAIXA REFERENCIAL"]
["87471","ALVENARIA DE VEDAÇÃO DE BLOCOS CERÂMICOS FURADOS NA VERTICAL DE 9X19X39CM (ESPESSURA 9CM) DE PAREDES COM ÁREA LÍQUIDA MENOR QUE 6M² SEM VÃOS E ARGAMASSA DE ASSENTAMENTO COM PREPARO EM BETONEIRA. AF_06/2014","M2","ATRIBUÍDO SÃO PAULO","43,24","CAIXA REFERENCIAL"]
["87472","ALVENARIA DE VEDAÇÃO DE BLOCOS CERÂMICOS FURADOS NA VERTICAL DE 9X19X39CM (ESPESSURA 9CM) DE PAREDES COM ÁREA LÍQUIDA MENOR QUE 6M² SEM VÃOS E ARGAMASSA DE ASSENTAMENTO COM PREPARO MANUAL. AF_06/2014","M2","ATRIBUÍDO SÃO PAULO","44,05","CAIXA REFERENCIAL"]
["87473","ALVENARIA DE VEDAÇÃO DE BLOCOS CERÂMICOS FURADOS NA VERTICAL DE 14X19X39CM (ESPESSURA 14CM) DE PAREDES COM ÁREA LÍQUIDA MENOR QUE 6M² SEM VÃOS E ARGAMASSA DE ASSENTAMENTO COM PREPARO EM BETONEIRA. AF_06/2014","M2","ATRIBUÍDO SÃO PAULO","58,91","CAIXA REFERENCIAL"]
["87474","ALVENARIA DE VEDAÇÃO DE BLOCOS CERÂMICOS FURADOS NA VERTICAL DE 14X19X39CM (ESPESSURA 14CM) DE PAREDES COM ÁREA LÍQUIDA MENOR QUE 6M² SEM VÃOS E ARGAMASSA DE ASSENTAMENTO COM PREPARO MANUAL. AF_06/2014","M2","ATRIBUÍDO SÃO PAULO","59,82","CAIXA REFERENCIAL"]
["87475","ALVENARIA DE VEDAÇÃO DE BLOCOS CERÂMICOS FURADOS NA VERTICAL DE 19X19X39CM (ESPESSURA 19CM) DE PAREDES COM ÁREA LÍQUIDA MENOR QUE 6M² SEM VÃOS E ARGAMASSA DE ASSENTAMENTO COM PREPARO EM BETONEIRA. AF_06/2014","M2","ATRIBUÍDO SÃO PAULO","72,81","CAIXA REFERENCIAL"]
["87476","ALVENARIA DE VEDAÇÃO DE BLOCOS CERÂMICOS FURADOS NA VERTICAL DE 19X19X39CM (ESPESSURA 19CM) DE PAREDES COM ÁREA LÍQUIDA MENOR QUE 6M² SEM VÃOS E ARGAMASSA DE ASSENTAMENTO COM PREPARO MANUAL. AF_06/2014","M2","ATRIBUÍDO SÃO PAULO","73,87","CAIXA REFERENCIAL"]
["87477","ALVENARIA DE VEDAÇÃO DE BLOCOS CERÂMICOS FURADOS NA VERTICAL DE 9X19X39CM (ESPESSURA 9CM) DE PAREDES COM ÁREA LÍQUIDA MAIOR OU IGUAL A 6M² SEM VÃOS E ARGAMASSA DE ASSENTAMENTO COM PREPARO EM BETONEIRA. AF_06/2014","M2","ATRIBUÍDO SÃO PAULO","38,09","CAIXA REFERENCIAL"]
["87478","ALVENARIA DE VEDAÇÃO DE BLOCOS CERÂMICOS FURADOS NA VERTICAL DE 9X19X39CM (ESPESSURA 9CM) DE PAREDES COM ÁREA LÍQUIDA MAIOR OU IGUAL A 6M² SEM VÃOS E ARGAMASSA DE ASSENTAMENTO COM PREPARO MANUAL. AF_06/2014","M2","ATRIBUÍDO SÃO PAULO","38,90","CAIXA REFERENCIAL"]
["87479","ALVENARIA DE VEDAÇÃO DE BLOCOS CERÂMICOS FURADOS NA VERTICAL DE 14X19X39CM (ESPESSURA 14CM) DE PAREDES COM ÁREA LÍQUIDA MAIOR OU IGUAL A 6M² SEM VÃOS E ARGAMASSA DE ASSENTAMENTO COM PREPARO EM BETONEIRA. AF_06/2014","M2","ATRIBUÍDO SÃO PAULO","52,59","CAIXA REFERENCIAL"]
["87480","ALVENARIA DE VEDAÇÃO DE BLOCOS CERÂMICOS FURADOS NA VERTICAL DE 14X19X39CM (ESPESSURA 14CM) DE PAREDES COM ÁREA LÍQUIDA MAIOR OU IGUAL A 6M² SEM VÃOS E ARGAMASSA DE ASSENTAMENTO COM PREPARO MANUAL. AF_06/2014","M2","ATRIBUÍDO SÃO PAULO","53,50","CAIXA REFERENCIAL"]
["87481","ALVENARIA DE VEDAÇÃO DE BLOCOS CERÂMICOS FURADOS NA VERTICAL DE 19X19X39CM (ESPESSURA 19CM) DE PAREDES COM ÁREA LÍQUIDA MAIOR OU IGUAL A 6M² SEM VÃOS E ARGAMASSA DE ASSENTAMENTO COM PREPARO EM BETONEIRA. AF_06/2014","M2","ATRIBUÍDO SÃO PAULO","64,74","CAIXA REFERENCIAL"]
["87482","ALVENARIA DE VEDAÇÃO DE BLOCOS CERÂMICOS FURADOS NA VERTICAL DE 19X19X39CM (ESPESSURA 19CM) DE PAREDES COM ÁREA LÍQUIDA MAIOR OU IGUAL A 6M² SEM VÃOS E ARGAMASSA DE ASSENTAMENTO COM PREPARO MANUAL. AF_06/2014","M2","ATRIBUÍDO SÃO PAULO","65,80","CAIXA REFERENCIAL"]
["87483","ALVENARIA DE VEDAÇÃO DE BLOCOS CERÂMICOS FURADOS NA VERTICAL DE 9X19X39CM (ESPESSURA 9CM) DE PAREDES COM ÁREA LÍQUIDA MENOR QUE 6M² COM VÃOS E ARGAMASSA DE ASSENTAMENTO COM PREPARO EM BETONEIRA. AF_06/2014","M2","ATRIBUÍDO SÃO PAULO","49,51","CAIXA REFERENCIAL"]
["87484","ALVENARIA DE VEDAÇÃO DE BLOCOS CERÂMICOS FURADOS NA VERTICAL DE 9X19X39CM (ESPESSURA 9CM) DE PAREDES COM ÁREA LÍQUIDA MENOR QUE 6M² COM VÃOS E ARGAMASSA DE ASSENTAMENTO COM PREPARO MANUAL. AF_06/2014","M2","ATRIBUÍDO SÃO PAULO","50,32","CAIXA REFERENCIAL"]
["87485","ALVENARIA DE VEDAÇÃO DE BLOCOS CERÂMICOS FURADOS NA VERTICAL DE 14X19X39CM (ESPESSURA 14CM) DE PAREDES COM ÁREA LÍQUIDA MENOR QUE 6M² COM VÃOS E ARGAMASSA DE ASSENTAMENTO COM PREPARO EM BETONEIRA. AF_06/2014","M2","ATRIBUÍDO SÃO PAULO","65,25","CAIXA REFERENCIAL"]
["87487","ALVENARIA DE VEDAÇÃO DE BLOCOS CERÂMICOS FURADOS NA VERTICAL DE 19X19X39CM (ESPESSURA 19CM) DE PAREDES COM ÁREA LÍQUIDA MENOR QUE 6M² COM VÃOS E ARGAMASSA DE ASSENTAMENTO COM PREPARO EM BETONEIRA. AF_06/2014","M2","ATRIBUÍDO SÃO PAULO","78,96","CAIXA REFERENCIAL"]
["87488","ALVENARIA DE VEDAÇÃO DE BLOCOS CERÂMICOS FURADOS NA VERTICAL DE 19X19X39CM (ESPESSURA 19CM) DE PAREDES COM ÁREA LÍQUIDA MENOR QUE 6M² COM VÃOS E ARGAMASSA DE ASSENTAMENTO COM PREPARO MANUAL. AF_06/2014","M2","ATRIBUÍDO SÃO PAULO","80,02","CAIXA REFERENCIAL"]
["87489","ALVENARIA DE VEDAÇÃO DE BLOCOS CERÂMICOS FURADOS NA VERTICAL DE 9X19X39CM (ESPESSURA 9CM) DE PAREDES COM ÁREA LÍQUIDA MAIOR OU IGUAL A 6M² COM VÃOS E ARGAMASSA DE ASSENTAMENTO COM PREPARO EM BETONEIRA. AF_06/2014","M2","ATRIBUÍDO SÃO PAULO","41,68","CAIXA REFERENCIAL"]
["87490","ALVENARIA DE VEDAÇÃO DE BLOCOS CERÂMICOS FURADOS NA VERTICAL DE 9X19X39CM (ESPESSURA 9CM) DE PAREDES COM ÁREA LÍQUIDA MAIOR OU IGUAL A 6M² COM VÃOS E ARGAMASSA DE ASSENTAMENTO COM PREPARO MANUAL. AF_06/2014","M2","ATRIBUÍDO SÃO PAULO","42,49","CAIXA REFERENCIAL"]
["87491","ALVENARIA DE VEDAÇÃO DE BLOCOS CERÂMICOS FURADOS NA VERTICAL DE 14X19X39CM (ESPESSURA 14CM) DE PAREDES COM ÁREA LÍQUIDA MAIOR OU IGUAL A 6M² COM VÃOS E ARGAMASSA DE ASSENTAMENTO COM PREPARO EM BETONEIRA. AF_06/2014","M2","ATRIBUÍDO SÃO PAULO","56,26","CAIXA REFERENCIAL"]
["87492","ALVENARIA DE VEDAÇÃO DE BLOCOS CERÂMICOS FURADOS NA VERTICAL DE 14X19X39CM (ESPESSURA 14CM) DE PAREDES COM ÁREA LÍQUIDA MAIOR OU IGUAL A 6M² COM VÃOS E ARGAMASSA DE ASSENTAMENTO COM PREPARO MANUAL. AF_06/2014","M2","ATRIBUÍDO SÃO PAULO","57,17","CAIXA REFERENCIAL"]
["87493","ALVENARIA DE VEDAÇÃO DE BLOCOS CERÂMICOS FURADOS NA VERTICAL DE 19X19X39CM (ESPESSURA 19CM) DE PAREDES COM ÁREA LÍQUIDA MAIOR OU IGUAL A 6M² COM VÃOS E ARGAMASSA DE ASSENTAMENTO COM PREPARO EM BETONEIRA. AF_06/2014","M2","ATRIBUÍDO SÃO PAULO","68,53","CAIXA REFERENCIAL"]
["87494","ALVENARIA DE VEDAÇÃO DE BLOCOS CERÂMICOS FURADOS NA VERTICAL DE 19X19X39CM (ESPESSURA 19CM) DE PAREDES COM ÁREA LÍQUIDA MAIOR OU IGUAL A 6M² COM VÃOS E ARGAMASSA DE ASSENTAMENTO COM PREPARO MANUAL. AF_06/2014","M2","ATRIBUÍDO SÃO PAULO","69,59","CAIXA REFERENCIAL"]
["87495","ALVENARIA DE VEDAÇÃO DE BLOCOS CERÂMICOS FURADOS NA HORIZONTAL DE 9X19X19CM (ESPESSURA 9CM) DE PAREDES COM ÁREA LÍQUIDA MENOR QUE 6M² SEM VÃOS E ARGAMASSA DE ASSENTAMENTO COM PREPARO EM BETONEIRA. AF_06/2014","M2","ATRIBUÍDO SÃO PAULO","72,30","CAIXA REFERENCIAL"]
["87496","ALVENARIA DE VEDAÇÃO DE BLOCOS CERÂMICOS FURADOS NA HORIZONTAL DE 9X19X19CM (ESPESSURA 9CM) DE PAREDES COM ÁREA LÍQUIDA MENOR QUE 6M² SEM VÃOS E ARGAMASSA DE ASSENTAMENTO COM PREPARO MANUAL. AF_06/2014","M2","ATRIBUÍDO SÃO PAULO","73,06","CAIXA REFERENCIAL"]
["87497","ALVENARIA DE VEDAÇÃO DE BLOCOS CERÂMICOS FURADOS NA HORIZONTAL DE 11,5X19X19CM (ESPESSURA 11,5CM) DE PAREDES COM ÁREA LÍQUIDA MENOR QUE 6M² SEM VÃOS E ARGAMASSA DE ASSENTAMENTO COM PREPARO EM BETONEIRA. AF_06/2014","M2","ATRIBUÍDO SÃO PAULO","71,54","CAIXA REFERENCIAL"]
["87498","ALVENARIA DE VEDAÇÃO DE BLOCOS CERÂMICOS FURADOS NA HORIZONTAL DE 11,5X19X19CM (ESPESSURA 11,5CM) DE PAREDES COM ÁREA LÍQUIDA MENOR QUE 6M² SEM VÃOS E ARGAMASSA DE ASSENTAMENTO COM PREPARO MANUAL. AF_06/2014","M2","ATRIBUÍDO SÃO PAULO","72,51","CAIXA REFERENCIAL"]
["87499","ALVENARIA DE VEDAÇÃO DE BLOCOS CERÂMICOS FURADOS NA HORIZONTAL DE 9X14X19CM (ESPESSURA 9CM) DE PAREDES COM ÁREA LÍQUIDA MENOR QUE 6M² SEM VÃOS E ARGAMASSA DE ASSENTAMENTO COM PREPARO EM BETONEIRA. AF_06/2014","M2","ATRIBUÍDO SÃO PAULO","84,00","CAIXA REFERENCIAL"]
["87500","ALVENARIA DE VEDAÇÃO DE BLOCOS CERÂMICOS FURADOS NA HORIZONTAL DE 9X14X19CM (ESPESSURA 9CM) DE PAREDES COM ÁREA LÍQUIDA MENOR QUE 6M² SEM VÃOS E ARGAMASSA DE ASSENTAMENTO COM PREPARO MANUAL. AF_06/2014","M2","ATRIBUÍDO SÃO PAULO","84,82","CAIXA REFERENCIAL"]
["87501","ALVENARIA DE VEDAÇÃO DE BLOCOS CERÂMICOS FURADOS NA HORIZONTAL DE 14X9X19CM (ESPESSURA 14CM, BLOCO DEITADO) DE PAREDES COM ÁREA LÍQUIDA MENOR QUE 6M² SEM VÃOS E ARGAMASSA DE ASSENTAMENTO COM PREPARO EM BETONEIRA. AF_06/2014","M2","ATRIBUÍDO SÃO PAULO","132,37","CAIXA REFERENCIAL"]
["87502","ALVENARIA DE VEDAÇÃO DE BLOCOS CERÂMICOS FURADOS NA HORIZONTAL DE 14X9X19CM (ESPESSURA 14CM, BLOCO DEITADO) DE PAREDES COM ÁREA LÍQUIDA MENOR QUE 6M² SEM VÃOS E ARGAMASSA DE ASSENTAMENTO COM PREPARO MANUAL. AF_06/2014","M2","ATRIBUÍDO SÃO PAULO","133,41","CAIXA REFERENCIAL"]
["87503","ALVENARIA DE VEDAÇÃO DE BLOCOS CERÂMICOS FURADOS NA HORIZONTAL DE 9X19X19CM (ESPESSURA 9CM) DE PAREDES COM ÁREA LÍQUIDA MAIOR OU IGUAL A 6M² SEM VÃOS E ARGAMASSA DE ASSENTAMENTO COM PREPARO EM BETONEIRA. AF_06/2014","M2","ATRIBUÍDO SÃO PAULO","60,92","CAIXA REFERENCIAL"]
["87504","ALVENARIA DE VEDAÇÃO DE BLOCOS CERÂMICOS FURADOS NA HORIZONTAL DE 9X19X19CM (ESPESSURA 9CM) DE PAREDES COM ÁREA LÍQUIDA MAIOR OU IGUAL A 6M² SEM VÃOS E ARGAMASSA DE ASSENTAMENTO COM PREPARO MANUAL. AF_06/2014","M2","ATRIBUÍDO SÃO PAULO","61,68","CAIXA REFERENCIAL"]
["87505","ALVENARIA DE VEDAÇÃO DE BLOCOS CERÂMICOS FURADOS NA HORIZONTAL DE 11,5X19X19CM (ESPESSURA 11,5M) DE PAREDES COM ÁREA LÍQUIDA MAIOR OU IGUAL A 6M² SEM VÃOS E ARGAMASSA DE ASSENTAMENTO COM PREPARO EM BETONEIRA. AF_06/2014","M2","ATRIBUÍDO SÃO PAULO","59,79","CAIXA REFERENCIAL"]
["87506","ALVENARIA DE VEDAÇÃO DE BLOCOS CERÂMICOS FURADOS NA HORIZONTAL DE 11,5X19X19CM (ESPESSURA 11,5M) DE PAREDES COM ÁREA LÍQUIDA MAIOR OU IGUAL A 6M² SEM VÃOS E ARGAMASSA DE ASSENTAMENTO COM PREPARO MANUAL. AF_06/2014","M2","ATRIBUÍDO SÃO PAULO","60,76","CAIXA REFERENCIAL"]
["87507","ALVENARIA DE VEDAÇÃO DE BLOCOS CERÂMICOS FURADOS NA HORIZONTAL DE 9X14X19CM (ESPESSURA 9CM) DE PAREDES COM ÁREA LÍQUIDA MAIOR OU IGUAL A 6M² SEM VÃOS E ARGAMASSA DE ASSENTAMENTO COM PREPARO EM BETONEIRA. AF_06/2014","M2","ATRIBUÍDO SÃO PAULO","68,86","CAIXA REFERENCIAL"]
["87508","ALVENARIA DE VEDAÇÃO DE BLOCOS CERÂMICOS FURADOS NA HORIZONTAL DE 9X14X19CM (ESPESSURA 9CM) DE PAREDES COM ÁREA LÍQUIDA MAIOR OU IGUAL A 6M² SEM VÃOS E ARGAMASSA DE ASSENTAMENTO COM PREPARO MANUAL. AF_06/2014","M2","ATRIBUÍDO SÃO PAULO","69,68","CAIXA REFERENCIAL"]
["87509","ALVENARIA DE VEDAÇÃO DE BLOCOS CERÂMICOS FURADOS NA HORIZONTAL DE 14X9X19CM (ESPESSURA 14CM, BLOCO DEITADO) DE PAREDES COM ÁREA LÍQUIDA MAIOR OU IGUAL A 6M² SEM VÃOS E ARGAMASSA DE ASSENTAMENTO COM PREPARO EM BETONEIRA. AF_06/2014","M2","ATRIBUÍDO SÃO PAULO","107,04","CAIXA REFERENCIAL"]
["87510","ALVENARIA DE VEDAÇÃO DE BLOCOS CERÂMICOS FURADOS NA HORIZONTAL DE 14X9X19CM (ESPESSURA 14CM, BLOCO DEITADO) DE PAREDES COM ÁREA LÍQUIDA MAIOR OU IGUAL A 6M² SEM VÃOS E ARGAMASSA DE ASSENTAMENTO COM PREPARO MANUAL. AF_06/2014","M2","ATRIBUÍDO SÃO PAULO","108,08","CAIXA REFERENCIAL"]
["87511","ALVENARIA DE VEDAÇÃO DE BLOCOS CERÂMICOS FURADOS NA HORIZONTAL DE 9X19X19CM (ESPESSURA 9CM) DE PAREDES COM ÁREA LÍQUIDA MENOR QUE 6M² COM VÃOS E ARGAMASSA DE ASSENTAMENTO COM PREPARO EM BETONEIRA. AF_06/2014","M2","ATRIBUÍDO SÃO PAULO","81,10","CAIXA REFERENCIAL"]
["87512","ALVENARIA DE VEDAÇÃO DE BLOCOS CERÂMICOS FURADOS NA HORIZONTAL DE 9X19X19CM (ESPESSURA 9CM) DE PAREDES COM ÁREA LÍQUIDA MENOR QUE 6M² COM VÃOS E ARGAMASSA DE ASSENTAMENTO COM PREPARO MANUAL. AF_06/2014","M2","ATRIBUÍDO SÃO PAULO","81,86","CAIXA REFERENCIAL"]
["87513","ALVENARIA DE VEDAÇÃO DE BLOCOS CERÂMICOS FURADOS NA HORIZONTAL DE 11,5X19X19CM (ESPESSURA 11,5CM) DE PAREDES COM ÁREA LÍQUIDA MENOR QUE 6M² COM VÃOS E ARGAMASSA DE ASSENTAMENTO COM PREPARO EM BETONEIRA. AF_06/2014","M2","ATRIBUÍDO SÃO PAULO","80,69","CAIXA REFERENCIAL"]
["87514","ALVENARIA DE VEDAÇÃO DE BLOCOS CERÂMICOS FURADOS NA HORIZONTAL DE 11,5X19X19CM (ESPESSURA 11,5CM) DE PAREDES COM ÁREA LÍQUIDA MENOR QUE 6M² COM VÃOS E ARGAMASSA DE ASSENTAMENTO COM PREPARO MANUAL. AF_06/2014","M2","ATRIBUÍDO SÃO PAULO","81,66","CAIXA REFERENCIAL"]
["87515","ALVENARIA DE VEDAÇÃO DE BLOCOS CERÂMICOS FURADOS NA HORIZONTAL DE 9X14X19CM (ESPESSURA 9CM) DE PAREDES COM ÁREA LÍQUIDA MENOR QUE 6M² COM VÃOS E ARGAMASSA DE ASSENTAMENTO COM PREPARO EM BETONEIRA. AF_06/2014","M2","ATRIBUÍDO SÃO PAULO","96,30","CAIXA REFERENCIAL"]
["87516","ALVENARIA DE VEDAÇÃO DE BLOCOS CERÂMICOS FURADOS NA HORIZONTAL DE 9X14X19CM (ESPESSURA 9CM) DE PAREDES COM ÁREA LÍQUIDA MENOR QUE 6M² COM VÃOS E ARGAMASSA DE ASSENTAMENTO COM PREPARO MANUAL. AF_06/2014","M2","ATRIBUÍDO SÃO PAULO","97,12","CAIXA REFERENCIAL"]
["87517","ALVENARIA DE VEDAÇÃO DE BLOCOS CERÂMICOS FURADOS NA HORIZONTAL DE 14X9X19CM (ESPESSURA 14CM, BLOCO DEITADO) DE PAREDES COM ÁREA LÍQUIDA MENOR QUE 6M² COM VÃOS E ARGAMASSA DE ASSENTAMENTO COM PREPARO EM BETONEIRA. AF_06/2014","M2","ATRIBUÍDO SÃO PAULO","151,50","CAIXA REFERENCIAL"]
["87518","ALVENARIA DE VEDAÇÃO DE BLOCOS CERÂMICOS FURADOS NA HORIZONTAL DE 14X9X19CM (ESPESSURA 14CM, BLOCO DEITADO) DE PAREDES COM ÁREA LÍQUIDA MENOR QUE 6M² COM VÃOS E ARGAMASSA DE ASSENTAMENTO COM PREPARO MANUAL. AF_06/2014","M2","ATRIBUÍDO SÃO PAULO","152,54","CAIXA REFERENCIAL"]
["87519","ALVENARIA DE VEDAÇÃO DE BLOCOS CERÂMICOS FURADOS NA HORIZONTAL DE 9X19X19CM (ESPESSURA 9CM) DE PAREDES COM ÁREA LÍQUIDA MAIOR OU IGUAL A 6M² COM VÃOS E ARGAMASSA DE ASSENTAMENTO COM PREPARO EM BETONEIRA. AF_06/2014","M2","ATRIBUÍDO SÃO PAULO","66,45","CAIXA REFERENCIAL"]
["87520","ALVENARIA DE VEDAÇÃO DE BLOCOS CERÂMICOS FURADOS NA HORIZONTAL DE 9X19X19CM (ESPESSURA 9CM) DE PAREDES COM ÁREA LÍQUIDA MAIOR OU IGUAL A 6M² COM VÃOS E ARGAMASSA DE ASSENTAMENTO COM PREPARO MANUAL. AF_06/2014","M2","ATRIBUÍDO SÃO PAULO","67,21","CAIXA REFERENCIAL"]
["87521","ALVENARIA DE VEDAÇÃO DE BLOCOS CERÂMICOS FURADOS NA HORIZONTAL DE 11,5X19X19CM (ESPESSURA 11,5CM) DE PAREDES COM ÁREA LÍQUIDA MAIOR OU IGUAL A 6M² COM VÃOS E ARGAMASSA DE ASSENTAMENTO COM PREPARO EM BETONEIRA. AF_06/2014","M2","ATRIBUÍDO SÃO PAULO","65,38","CAIXA REFERENCIAL"]
["87522","ALVENARIA DE VEDAÇÃO DE BLOCOS CERÂMICOS FURADOS NA HORIZONTAL DE 11,5X19X19CM (ESPESSURA 11,5CM) DE PAREDES COM ÁREA LÍQUIDA MAIOR OU IGUAL A 6M² COM VÃOS E ARGAMASSA DE ASSENTAMENTO COM PREPARO MANUAL. AF_06/2014","M2","ATRIBUÍDO SÃO PAULO","66,35","CAIXA REFERENCIAL"]
["87523","ALVENARIA DE VEDAÇÃO DE BLOCOS CERÂMICOS FURADOS NA HORIZONTAL DE 9X14X19CM (ESPESSURA 9CM) DE PAREDES COM ÁREA LÍQUIDA MAIOR OU IGUAL A 6M² COM VÃOS E ARGAMASSA DE ASSENTAMENTO COM PREPARO EM BETONEIRA. AF_06/2014","M2","ATRIBUÍDO SÃO PAULO","76,36","CAIXA REFERENCIAL"]
["87524","ALVENARIA DE VEDAÇÃO DE BLOCOS CERÂMICOS FURADOS NA HORIZONTAL DE 9X14X19CM (ESPESSURA 9CM) DE PAREDES COM ÁREA LÍQUIDA MAIOR OU IGUAL A 6M² COM VÃOS E ARGAMASSA DE ASSENTAMENTO COM PREPARO MANUAL. AF_06/2014","M2","ATRIBUÍDO SÃO PAULO","77,18","CAIXA REFERENCIAL"]
["87525","ALVENARIA DE VEDAÇÃO DE BLOCOS CERÂMICOS FURADOS NA HORIZONTAL DE 14X9X19CM (ESPESSURA 14CM, BLOCO DEITADO) DE PAREDES COM ÁREA LÍQUIDA MAIOR OU IGUAL A 6M² COM VÃOS E ARGAMASSA DE ASSENTAMENTO COM PREPARO EM BETONEIRA. AF_06/2014","M2","ATRIBUÍDO SÃO PAULO","118,65","CAIXA REFERENCIAL"]
["87526","ALVENARIA DE VEDAÇÃO DE BLOCOS CERÂMICOS FURADOS NA HORIZONTAL DE 14X9X19CM (ESPESSURA 14CM, BLOCO DEITADO) DE PAREDES COM ÁREA LÍQUIDA MAIOR OU IGUAL A 6M² COM VÃOS E ARGAMASSA DE ASSENTAMENTO COM PREPARO MANUAL. AF_06/2014","M2","ATRIBUÍDO SÃO PAULO","119,69","CAIXA REFERENCIAL"]
["89043","(COMPOSIÇÃO REPRESENTATIVA) DO SERVIÇO DE ALVENARIA DE VEDAÇÃO DE BLOCOS VAZADOS DE CERÂMICA DE 9X19X19CM (ESPESSURA 9CM), PARA EDIFICAÇÃO HABITACIONAL MULTIFAMILIAR (PRÉDIO). AF_11/2014","M2","ATRIBUÍDO SÃO PAULO","68,10","CAIXA REFERENCIAL"]
["89168","(COMPOSIÇÃO REPRESENTATIVA) DO SERVIÇO DE ALVENARIA DE VEDAÇÃO DE BLOCOS VAZADOS DE CERÂMICA DE 9X19X19CM (ESPESSURA 9CM), PARA EDIFICAÇÃO HABITACIONAL UNIFAMILIAR (CASA) E EDIFICAÇÃO PÚBLICA PADRÃO. AF_11/2014","M2","ATRIBUÍDO SÃO PAULO","70,30","CAIXA REFERENCIAL"]
["89977","(COMPOSIÇÃO REPRESENTATIVA) DO SERVIÇO DE ALVENARIA DE VEDAÇÃO DE BLOCOS VAZADOS DE CERÂMICA DE 14X9X19CM (ESPESSURA 14CM, BLOCO DEITADO), PARA EDIFICAÇÃO HABITACIONAL UNIFAMILIAR (CASA) E EDIFICAÇÃO PÚBLICA PADRÃO. AF_12/2014","M2","ATRIBUÍDO SÃO PAULO","127,59","CAIXA REFERENCIAL"]
["90112","ALVENARIA DE VEDAÇÃO DE BLOCOS CERÂMICOS FURADOS NA VERTICAL DE 14X19X39CM (ESPESSURA 14CM) DE PAREDES COM ÁREA LÍQUIDA MENOR QUE 6M2 COM VÃOS E ARGAMASSA DE ASSENTAMENTO COM PREPARO MANUAL. AF_06/2014","M2","ATRIBUÍDO SÃO PAULO","66,16","CAIXA REFERENCIAL"]
["101159","ALVENARIA DE VEDAÇÃO DE BLOCOS CERÂMICOS MACIÇOS DE 5X10X20CM (ESPESSURA 10CM) E ARGAMASSA DE ASSENTAMENTO COM PREPARO EM BETONEIRA. AF_05/2020","M2","ATRIBUÍDO SÃO PAULO","100,83","CAIXA REFERENCIAL"]
["89282","ALVENARIA ESTRUTURAL DE BLOCOS CERÂMICOS 14X19X39, (ESPESSURA DE 14 CM), PARA PAREDES COM ÁREA LÍQUIDA MENOR QUE 6M², SEM VÃOS, UTILIZANDO PALHETA E ARGAMASSA DE ASSENTAMENTO COM PREPARO EM BETONEIRA. AF_12/2014","M2","ATRIBUÍDO SÃO PAULO","55,85","CAIXA REFERENCIAL"]
["89283","ALVENARIA ESTRUTURAL DE BLOCOS CERÂMICOS 14X19X39, (ESPESSURA DE 14 CM), PARA PAREDES COM ÁREA LÍQUIDA MENOR QUE 6M², SEM VÃOS, UTILIZANDO PALHETA E ARGAMASSA DE ASSENTAMENTO COM PREPARO MANUAL. AF_12/2014","M2","COEFICIENTE DE REPRESENTATIVIDADE","56,73","CAIXA REFERENCIAL"]
["89284","ALVENARIA ESTRUTURAL DE BLOCOS CERÂMICOS 14X19X39, (ESPESSURA DE 14 CM), PARA PAREDES COM ÁREA LÍQUIDA MAIOR OU IGUAL QUE 6M², SEM VÃOS, UTILIZANDO PALHETA E ARGAMASSA DE ASSENTAMENTO COM PREPARO EM BETONEIRA. AF_12/2014","M2","ATRIBUÍDO SÃO PAULO","48,90","CAIXA REFERENCIAL"]
["89285","ALVENARIA ESTRUTURAL DE BLOCOS CERÂMICOS 14X19X39, (ESPESSURA DE 14 CM), PARA PAREDES COM ÁREA LÍQUIDA MAIOR OU IGUAL QUE 6M², SEM VÃOS, UTILIZANDO PALHETA E ARGAMASSA DE ASSENTAMENTO COM PREPARO MANUAL. AF_12/2014","M2","COEFICIENTE DE REPRESENTATIVIDADE","49,78","CAIXA REFERENCIAL"]
["89286","ALVENARIA ESTRUTURAL DE BLOCOS CERÂMICOS 14X19X39, (ESPESSURA DE 14 CM), PARA PAREDES COM ÁREA LÍQUIDA MENOR QUE 6M², COM VÃOS, UTILIZANDO PALHETA E ARGAMASSA DE ASSENTAMENTO COM PREPARO EM BETONEIRA. AF_12/2014","M2","ATRIBUÍDO SÃO PAULO","59,82","CAIXA REFERENCIAL"]
["89287","ALVENARIA ESTRUTURAL DE BLOCOS CERÂMICOS 14X19X39, (ESPESSURA DE 14 CM), PARA PAREDES COM ÁREA LÍQUIDA MENOR QUE 6M², COM VÃOS, UTILIZANDO PALHETA E ARGAMASSA DE ASSENTAMENTO COM PREPARO MANUAL. AF_12/2014","M2","COEFICIENTE DE REPRESENTATIVIDADE","60,70","CAIXA REFERENCIAL"]
["89288","ALVENARIA ESTRUTURAL DE BLOCOS CERÂMICOS 14X19X39, (ESPESSURA DE 14 CM), PARA PAREDES COM ÁREA LÍQUIDA MAIOR OU IGUAL A 6M², COM VÃOS, UTILIZANDO PALHETA E ARGAMASSA DE ASSENTAMENTO COM PREPARO EM BETONEIRA. AF_12/2014","M2","ATRIBUÍDO SÃO PAULO","51,06","CAIXA REFERENCIAL"]
["89289","ALVENARIA ESTRUTURAL DE BLOCOS CERÂMICOS 14X19X39, (ESPESSURA DE 14 CM), PARA PAREDES COM ÁREA LÍQUIDA MAIOR OU IGUAL A 6M², COM VÃOS, UTILIZANDO PALHETA E ARGAMASSA DE ASSENTAMENTO COM PREPARO MANUAL. AF_12/2014","M2","COEFICIENTE DE REPRESENTATIVIDADE","51,94","CAIXA REFERENCIAL"]
["89290","ALVENARIA ESTRUTURAL DE BLOCOS CERÂMICOS 14X19X29, (ESPESSURA DE 14 CM), PARA PAREDES COM ÁREA LÍQUIDA MENOR QUE 6M², SEM VÃOS, UTILIZANDO PALHETA E ARGAMASSA DE ASSENTAMENTO COM PREPARO EM BETONEIRA. AF_12/2014","M2","ATRIBUÍDO SÃO PAULO","64,66","CAIXA REFERENCIAL"]
["89291","ALVENARIA ESTRUTURAL DE BLOCOS CERÂMICOS 14X19X29, (ESPESSURA DE 14 CM), PARA PAREDES COM ÁREA LÍQUIDA MENOR QUE 6M², SEM VÃOS, UTILIZANDO PALHETA E ARGAMASSA DE ASSENTAMENTO COM PREPARO MANUAL. AF_12/2014","M2","COEFICIENTE DE REPRESENTATIVIDADE","65,64","CAIXA REFERENCIAL"]
["89292","ALVENARIA ESTRUTURAL DE BLOCOS CERÂMICOS 14X19X29, (ESPESSURA DE 14 CM), PARA PAREDES COM ÁREA LÍQUIDA MAIOR OU IGUAL A 6M², SEM VÃOS, UTILIZANDO PALHETA E ARGAMASSA DE ASSENTAMENTO COM PREPARO EM BETONEIRA. AF_12/2014","M2","ATRIBUÍDO SÃO PAULO","57,69","CAIXA REFERENCIAL"]
["89293","ALVENARIA ESTRUTURAL DE BLOCOS CERÂMICOS 14X19X29, (ESPESSURA DE 14 CM), PARA PAREDES COM ÁREA LÍQUIDA MAIOR OU IGUAL A 6M2, SEM VÃOS, UTILIZANDO PALHETA E ARGAMASSA DE ASSENTAMENTO COM PREPARO MANUAL. AF_12/2014","M2","COEFICIENTE DE REPRESENTATIVIDADE","58,67","CAIXA REFERENCIAL"]
["89294","ALVENARIA ESTRUTURAL DE BLOCOS CERÂMICOS 14X19X29, (ESPESSURA DE 14 CM), PARA PAREDES COM ÁREA LÍQUIDA MENOR QUE 6M², COM VÃOS, UTILIZANDO PALHETA E ARGAMASSA DE ASSENTAMENTO COM PREPARO EM BETONEIRA. AF_12/2014","M2","ATRIBUÍDO SÃO PAULO","70,42","CAIXA REFERENCIAL"]
["89295","ALVENARIA ESTRUTURAL DE BLOCOS CERÂMICOS 14X19X29, (ESPESSURA DE 14 CM), PARA PAREDES COM ÁREA LÍQUIDA MENOR QUE 6M², COM VÃOS, UTILIZANDO PALHETA E ARGAMASSA DE ASSENTAMENTO COM PREPARO MANUAL. AF_12/2014","M2","COEFICIENTE DE REPRESENTATIVIDADE","71,40","CAIXA REFERENCIAL"]
["89296","ALVENARIA ESTRUTURAL DE BLOCOS CERÂMICOS 14X19X29, (ESPESSURA DE 14 CM), PARA PAREDES COM ÁREA LÍQUIDA MAIOR OU IGUAL A 6M², COM VÃOS, UTILIZANDO PALHETA E ARGAMASSA DE ASSENTAMENTO COM PREPARO EM BETONEIRA. AF_12/2014","M2","ATRIBUÍDO SÃO PAULO","60,80","CAIXA REFERENCIAL"]
["89297","ALVENARIA ESTRUTURAL DE BLOCOS CERÂMICOS 14X19X29, (ESPESSURA DE 14 CM), PARA PAREDES COM ÁREA LÍQUIDA MAIOR OU IGUAL A 6M², COM VÃOS, UTILIZANDO PALHETA E ARGAMASSA DE ASSENTAMENTO COM PREPARO MANUAL. AF_12/2014","M2","COEFICIENTE DE REPRESENTATIVIDADE","61,78","CAIXA REFERENCIAL"]
["89298","ALVENARIA ESTRUTURAL DE BLOCOS CERÂMICOS 14X19X39, (ESPESSURA DE 14 CM), PARA PAREDES COM ÁREA LÍQUIDA MENOR QUE 6M², SEM VÃOS, UTILIZANDO COLHER DE PEDREIRO E ARGAMASSA DE ASSENTAMENTO COM PREPARO EM BETONEIRA. AF_12/2014","M2","ATRIBUÍDO SÃO PAULO","66,58","CAIXA REFERENCIAL"]
["89299","ALVENARIA ESTRUTURAL DE BLOCOS CERÂMICOS 14X19X39, (ESPESSURA DE 14 CM), PARA PAREDES COM ÁREA LÍQUIDA MENOR QUE 6M², SEM VÃOS, UTILIZANDO COLHER DE PEDREIRO E ARGAMASSA DE ASSENTAMENTO COM PREPARO MANUAL. AF_12/2014","M2","COEFICIENTE DE REPRESENTATIVIDADE","67,83","CAIXA REFERENCIAL"]
["89300","ALVENARIA ESTRUTURAL DE BLOCOS CERÂMICOS 14X19X39, (ESPESSURA DE 14 CM), PARA PAREDES COM ÁREA LÍQUIDA MAIOR OU IGUAL A 6M², SEM VÃOS, UTILIZANDO COLHER DE PEDREIRO E ARGAMASSA DE ASSENTAMENTO COM PREPARO EM BETONEIRA. AF_12/2014","M2","ATRIBUÍDO SÃO PAULO","59,62","CAIXA REFERENCIAL"]
["89301","ALVENARIA ESTRUTURAL DE BLOCOS CERÂMICOS 14X19X39, (ESPESSURA DE 14 CM), PARA PAREDES COM ÁREA LÍQUIDA MAIOR OU IGUAL A 6M², SEM VÃOS, UTILIZANDO COLHER DE PEDREIRO E ARGAMASSA DE ASSENTAMENTO COM PREPARO MANUAL. AF_12/2014","M2","COEFICIENTE DE REPRESENTATIVIDADE","60,87","CAIXA REFERENCIAL"]
["89302","ALVENARIA ESTRUTURAL DE BLOCOS CERÂMICOS 14X19X39, (ESPESSURA DE 14 CM), PARA PAREDES COM ÁREA LÍQUIDA MENOR QUE 6M², COM VÃOS, UTILIZANDO COLHER DE PEDREIRO E ARGAMASSA DE ASSENTAMENTO COM PREPARO EM BETONEIRA. AF_12/2014","M2","ATRIBUÍDO SÃO PAULO","73,67","CAIXA REFERENCIAL"]
["89303","ALVENARIA ESTRUTURAL DE BLOCOS CERÂMICOS 14X19X39, (ESPESSURA DE 14 CM), PARA PAREDES COM ÁREA LÍQUIDA MENOR QUE 6M², COM VÃOS, UTILIZANDO COLHER DE PEDREIRO E ARGAMASSA DE ASSENTAMENTO COM PREPARO MANUAL. AF_12/2014","M2","COEFICIENTE DE REPRESENTATIVIDADE","74,92","CAIXA REFERENCIAL"]
["89304","ALVENARIA ESTRUTURAL DE BLOCOS CERÂMICOS 14X19X39, (ESPESSURA DE 14 CM), PARA PAREDES COM ÁREA LÍQUIDA MAIOR OU IGUAL A 6M², COM VÃOS, UTILIZANDO COLHER DE PEDREIRO E ARGAMASSA DE ASSENTAMENTO COM PREPARO EM BETONEIRA. AF_12/2014","M2","ATRIBUÍDO SÃO PAULO","63,72","CAIXA REFERENCIAL"]
["89305","ALVENARIA ESTRUTURAL DE BLOCOS CERÂMICOS 14X19X39, (ESPESSURA DE 14 CM), PARA PAREDES COM ÁREA LÍQUIDA MAIOR OU IGUAL A 6M², COM VÃOS, UTILIZANDO COLHER DE PEDREIRO E ARGAMASSA DE ASSENTAMENTO COM PREPARO MANUAL. AF_12/2014","M2","COEFICIENTE DE REPRESENTATIVIDADE","64,97","CAIXA REFERENCIAL"]
["89306","ALVENARIA ESTRUTURAL DE BLOCOS CERÂMICOS 14X19X29, (ESPESSURA DE 14 CM), PARA PAREDES COM ÁREA LÍQUIDA MENOR QUE 6M², SEM VÃOS, UTILIZANDO COLHER DE PEDREIRO E ARGAMASSA DE ASSENTAMENTO COM PREPARO EM BETONEIRA. AF_12/2014","M2","ATRIBUÍDO SÃO PAULO","75,63","CAIXA REFERENCIAL"]
["89307","ALVENARIA ESTRUTURAL DE BLOCOS CERÂMICOS 14X19X29, (ESPESSURA DE 14 CM), PARA PAREDES COM ÁREA LÍQUIDA MENOR QUE 6M², SEM VÃOS, UTILIZANDO COLHER DE PEDREIRO E ARGAMASSA DE ASSENTAMENTO COM PREPARO MANUAL. AF_12/2014","M2","COEFICIENTE DE REPRESENTATIVIDADE","77,02","CAIXA REFERENCIAL"]
["89308","ALVENARIA ESTRUTURAL DE BLOCOS CERÂMICOS 14X19X29, (ESPESSURA DE 14 CM), PARA PAREDES COM ÁREA LÍQUIDA MAIOR OU IGUAL A 6M², SEM VÃOS, UTILIZANDO COLHER DE PEDREIRO E ARGAMASSA DE ASSENTAMENTO COM PREPARO EM BETONEIRA. AF_12/2014","M2","ATRIBUÍDO SÃO PAULO","68,66","CAIXA REFERENCIAL"]
["89309","ALVENARIA ESTRUTURAL DE BLOCOS CERÂMICOS 14X19X29, (ESPESSURA DE 14 CM), PARA PAREDES COM ÁREA LÍQUIDA MAIOR OU IGUAL A 6M², SEM VÃOS, UTILIZANDO COLHER DE PEDREIRO E ARGAMASSA DE ASSENTAMENTO COM PREPARO MANUAL. AF_12/2014","M2","COEFICIENTE DE REPRESENTATIVIDADE","70,05","CAIXA REFERENCIAL"]
["89310","ALVENARIA ESTRUTURAL DE BLOCOS CERÂMICOS 14X19X29, (ESPESSURA DE 14 CM), PARA PAREDES COM ÁREA LÍQUIDA MENOR QUE 6M², COM VÃOS, UTILIZANDO COLHER DE PEDREIRO E ARGAMASSA DE ASSENTAMENTO COM PREPARO EM BETONEIRA. AF_12/2014","M2","ATRIBUÍDO SÃO PAULO","88,66","CAIXA REFERENCIAL"]
["89311","ALVENARIA ESTRUTURAL DE BLOCOS CERÂMICOS 14X19X29, (ESPESSURA DE 14 CM), PARA PAREDES COM ÁREA LÍQUIDA MENOR QUE 6M², COM VÃOS, UTILIZANDO COLHER DE PEDREIRO E ARGAMASSA DE ASSENTAMENTO COM PREPARO MANUAL. AF_12/2014","M2","COEFICIENTE DE REPRESENTATIVIDADE","90,05","CAIXA REFERENCIAL"]
["89312","ALVENARIA ESTRUTURAL DE BLOCOS CERÂMICOS 14X19X29, (ESPESSURA DE 14 CM), PARA PAREDES COM ÁREA LÍQUIDA MAIOR OU IGUAL A 6M², COM VÃOS, UTILIZANDO COLHER DE PEDREIRO E ARGAMASSA DE ASSENTAMENTO COM PREPARO EM BETONEIRA. AF_12/2014","M2","ATRIBUÍDO SÃO PAULO","73,72","CAIXA REFERENCIAL"]
["89313","ALVENARIA ESTRUTURAL DE BLOCOS CERÂMICOS 14X19X29, (ESPESSURA DE 14 CM), PARA PAREDES COM ÁREA LÍQUIDA MAIOR OU IGUAL A 6M², COM VÃOS, UTILIZANDO COLHER DE PEDREIRO E ARGAMASSA DE ASSENTAMENTO COM PREPARO MANUAL. AF_12/2014","M2","COEFICIENTE DE REPRESENTATIVIDADE","75,11","CAIXA REFERENCIAL"]
["101162","ALVENARIA DE VEDAÇÃO COM ELEMENTO VAZADO DE CERÂMICA (COBOGÓ) DE 7X20X20CM E ARGAMASSA DE ASSENTAMENTO COM PREPARO EM BETONEIRA. AF_05/2020","M2","ATRIBUÍDO SÃO PAULO","111,25","CAIXA REFERENCIAL"]
["87447","ALVENARIA DE VEDAÇÃO DE BLOCOS VAZADOS DE CONCRETO DE 9X19X39CM (ESPESSURA 9CM) DE PAREDES COM ÁREA LÍQUIDA MENOR QUE 6M² SEM VÃOS E ARGAMASSA DE ASSENTAMENTO COM PREPARO EM BETONEIRA. AF_06/2014","M2","ATRIBUÍDO SÃO PAULO","58,10","CAIXA REFERENCIAL"]
["87448","ALVENARIA DE VEDAÇÃO DE BLOCOS VAZADOS DE CONCRETO DE 9X19X39CM (ESPESSURA 9CM) DE PAREDES COM ÁREA LÍQUIDA MENOR QUE 6M² SEM VÃOS E ARGAMASSA DE ASSENTAMENTO COM PREPARO MANUAL. AF_06/2014","M2","ATRIBUÍDO SÃO PAULO","58,39","CAIXA REFERENCIAL"]
["87449","ALVENARIA DE VEDAÇÃO DE BLOCOS VAZADOS DE CONCRETO DE 14X19X39CM (ESPESSURA 14CM) DE PAREDES COM ÁREA LÍQUIDA MENOR QUE 6M² SEM VÃOS E ARGAMASSA DE ASSENTAMENTO COM PREPARO EM BETONEIRA. AF_06/2014","M2","ATRIBUÍDO SÃO PAULO","76,56","CAIXA REFERENCIAL"]
["87450","ALVENARIA DE VEDAÇÃO DE BLOCOS VAZADOS DE CONCRETO DE 14X19X39CM (ESPESSURA 14CM) DE PAREDES COM ÁREA LÍQUIDA MENOR QUE 6M² SEM VÃOS E ARGAMASSA DE ASSENTAMENTO COM PREPARO MANUAL. AF_06/2014","M2","ATRIBUÍDO SÃO PAULO","77,36","CAIXA REFERENCIAL"]
["87451","ALVENARIA DE VEDAÇÃO DE BLOCOS VAZADOS DE CONCRETO DE 19X19X39CM (ESPESSURA 19CM) DE PAREDES COM ÁREA LÍQUIDA MENOR QUE 6M² SEM VÃOS E ARGAMASSA DE ASSENTAMENTO COM PREPARO EM BETONEIRA. AF_06/2014","M2","ATRIBUÍDO SÃO PAULO","94,37","CAIXA REFERENCIAL"]
["87452","ALVENARIA DE VEDAÇÃO DE BLOCOS VAZADOS DE CONCRETO DE 19X19X39CM (ESPESSURA 19CM) DE PAREDES COM ÁREA LÍQUIDA MENOR QUE 6M² SEM VÃOS E ARGAMASSA DE ASSENTAMENTO COM PREPARO MANUAL. AF_06/2014","M2","ATRIBUÍDO SÃO PAULO","94,87","CAIXA REFERENCIAL"]
["87453","ALVENARIA DE VEDAÇÃO DE BLOCOS VAZADOS DE CONCRETO DE 9X19X39CM (ESPESSURA 9CM) DE PAREDES COM ÁREA LÍQUIDA MAIOR OU IGUAL A 6M² SEM VÃOS E ARGAMASSA DE ASSENTAMENTO COM PREPARO EM BETONEIRA. AF_06/2014","M2","ATRIBUÍDO SÃO PAULO","53,25","CAIXA REFERENCIAL"]
["87454","ALVENARIA DE VEDAÇÃO DE BLOCOS VAZADOS DE CONCRETO DE 9X19X39CM (ESPESSURA 9CM) DE PAREDES COM ÁREA LÍQUIDA MAIOR OU IGUAL A 6M² SEM VÃOS E ARGAMASSA DE ASSENTAMENTO COM PREPARO MANUAL. AF_06/2014","M2","ATRIBUÍDO SÃO PAULO","53,94","CAIXA REFERENCIAL"]
["87455","ALVENARIA DE VEDAÇÃO DE BLOCOS VAZADOS DE CONCRETO DE 14X19X39CM (ESPESSURA 14CM) DE PAREDES COM ÁREA LÍQUIDA MAIOR OU IGUAL A 6M² SEM VÃOS E ARGAMASSA DE ASSENTAMENTO COM PREPARO EM BETONEIRA. AF_06/2014","M2","ATRIBUÍDO SÃO PAULO","70,12","CAIXA REFERENCIAL"]
["87456","ALVENARIA DE VEDAÇÃO DE BLOCOS VAZADOS DE CONCRETO DE 14X19X39CM (ESPESSURA 14CM) DE PAREDES COM ÁREA LÍQUIDA MAIOR OU IGUAL A 6M² SEM VÃOS E ARGAMASSA DE ASSENTAMENTO COM PREPARO MANUAL. AF_06/2014","M2","ATRIBUÍDO SÃO PAULO","71,32","CAIXA REFERENCIAL"]
["87457","ALVENARIA DE VEDAÇÃO DE BLOCOS VAZADOS DE CONCRETO DE 19X19X39CM (ESPESSURA 19CM) DE PAREDES COM ÁREA LÍQUIDA MAIOR OU IGUAL A 6M² SEM VÃOS E ARGAMASSA DE ASSENTAMENTO COM PREPARO EM BETONEIRA. AF_06/2014","M2","ATRIBUÍDO SÃO PAULO","85,60","CAIXA REFERENCIAL"]
["87458","ALVENARIA DE VEDAÇÃO DE BLOCOS VAZADOS DE CONCRETO DE 19X19X39CM (ESPESSURA 19CM) DE PAREDES COM ÁREA LÍQUIDA MAIOR OU IGUAL A 6M² SEM VÃOS E ARGAMASSA DE ASSENTAMENTO COM PREPARO MANUAL. AF_06/2014","M2","ATRIBUÍDO SÃO PAULO","86,60","CAIXA REFERENCIAL"]
["87459","ALVENARIA DE VEDAÇÃO DE BLOCOS VAZADOS DE CONCRETO DE 9X19X39CM (ESPESSURA 9CM) DE PAREDES COM ÁREA LÍQUIDA MENOR QUE 6M² COM VÃOS E ARGAMASSA DE ASSENTAMENTO COM PREPARO EM BETONEIRA. AF_06/2014","M2","ATRIBUÍDO SÃO PAULO","64,26","CAIXA REFERENCIAL"]
["87460","ALVENARIA DE VEDAÇÃO DE BLOCOS VAZADOS DE CONCRETO DE 9X19X39CM (ESPESSURA 9CM) DE PAREDES COM ÁREA LÍQUIDA MENOR QUE 6M² COM VÃOS E ARGAMASSA DE ASSENTAMENTO COM PREPARO MANUAL. AF_06/2014","M2","ATRIBUÍDO SÃO PAULO","64,95","CAIXA REFERENCIAL"]
["87461","ALVENARIA DE VEDAÇÃO DE BLOCOS VAZADOS DE CONCRETO DE 14X19X39CM (ESPESSURA 14CM) DE PAREDES COM ÁREA LÍQUIDA MENOR QUE 6M² COM VÃOS E ARGAMASSA DE ASSENTAMENTO COM PREPARO EM BETONEIRA. AF_06/2014","M2","ATRIBUÍDO SÃO PAULO","82,75","CAIXA REFERENCIAL"]
["87462","ALVENARIA DE VEDAÇÃO DE BLOCOS VAZADOS DE CONCRETO DE 14X19X39CM (ESPESSURA 14CM) DE PAREDES COM ÁREA LÍQUIDA MENOR QUE 6M² COM VÃOS E ARGAMASSA DE ASSENTAMENTO COM PREPARO MANUAL. AF_06/2014","M2","ATRIBUÍDO SÃO PAULO","83,55","CAIXA REFERENCIAL"]
["87463","ALVENARIA DE VEDAÇÃO DE BLOCOS VAZADOS DE CONCRETO DE 19X19X39CM (ESPESSURA 19CM) DE PAREDES COM ÁREA LÍQUIDA MENOR QUE 6M² COM VÃOS E ARGAMASSA DE ASSENTAMENTO COM PREPARO EM BETONEIRA. AF_06/2014","M2","ATRIBUÍDO SÃO PAULO","100,13","CAIXA REFERENCIAL"]
["87464","ALVENARIA DE VEDAÇÃO DE BLOCOS VAZADOS DE CONCRETO DE 19X19X39CM (ESPESSURA 19CM) DE PAREDES COM ÁREA LÍQUIDA MENOR QUE 6M² COM VÃOS E ARGAMASSA DE ASSENTAMENTO COM PREPARO MANUAL. AF_06/2014","M2","ATRIBUÍDO SÃO PAULO","101,13","CAIXA REFERENCIAL"]
["87465","ALVENARIA DE VEDAÇÃO DE BLOCOS VAZADOS DE CONCRETO DE 9X19X39CM (ESPESSURA 9CM) DE PAREDES COM ÁREA LÍQUIDA MAIOR OU IGUAL A 6M² COM VÃOS E ARGAMASSA DE ASSENTAMENTO COM PREPARO EM BETONEIRA. AF_06/2014","M2","ATRIBUÍDO SÃO PAULO","56,73","CAIXA REFERENCIAL"]
["87466","ALVENARIA DE VEDAÇÃO DE BLOCOS VAZADOS DE CONCRETO DE 9X19X39CM (ESPESSURA 9CM) DE PAREDES COM ÁREA LÍQUIDA MAIOR OU IGUAL A 6M² COM VÃOS E ARGAMASSA DE ASSENTAMENTO COM PREPARO MANUAL. AF_06/2014","M2","ATRIBUÍDO SÃO PAULO","57,42","CAIXA REFERENCIAL"]
["87467","ALVENARIA DE VEDAÇÃO DE BLOCOS VAZADOS DE CONCRETO DE 14X19X39CM (ESPESSURA 14CM) DE PAREDES COM ÁREA LÍQUIDA MAIOR OU IGUAL A 6M² COM VÃOS E ARGAMASSA DE ASSENTAMENTO COM PREPARO EM BETONEIRA. AF_06/2014","M2","ATRIBUÍDO SÃO PAULO","74,07","CAIXA REFERENCIAL"]
["87468","ALVENARIA DE VEDAÇÃO DE BLOCOS VAZADOS DE CONCRETO DE 14X19X39CM (ESPESSURA 14CM) DE PAREDES COM ÁREA LÍQUIDA MAIOR OU IGUAL A 6M² COM VÃOS E ARGAMASSA DE ASSENTAMENTO COM PREPARO MANUAL. AF_06/2014","M2","ATRIBUÍDO SÃO PAULO","74,87","CAIXA REFERENCIAL"]
["87469","ALVENARIA DE VEDAÇÃO DE BLOCOS VAZADOS DE CONCRETO DE 19X19X39CM (ESPESSURA 19CM) DE PAREDES COM ÁREA LÍQUIDA MAIOR OU IGUAL A 6M² COM VÃOS E ARGAMASSA DE ASSENTAMENTO COM PREPARO EM BETONEIRA. AF_06/2014","M2","ATRIBUÍDO SÃO PAULO","89,69","CAIXA REFERENCIAL"]
["87470","ALVENARIA DE VEDAÇÃO DE BLOCOS VAZADOS DE CONCRETO DE 19X19X39CM (ESPESSURA 19CM) DE PAREDES COM ÁREA LÍQUIDA MAIOR OU IGUAL A 6M² COM VÃOS E ARGAMASSA DE ASSENTAMENTO COM PREPARO MANUAL. AF_06/2014","M2","ATRIBUÍDO SÃO PAULO","90,69","CAIXA REFERENCIAL"]
["89044","(COMPOSIÇÃO REPRESENTATIVA) DO SERVIÇO DE ALVENARIA DE VEDAÇÃO DE BLOCOS VAZADOS DE CONCRETO DE 9X19X39CM (ESPESSURA 9CM), PARA EDIFICAÇÃO HABITACIONAL MULTIFAMILIAR (PRÉDIO). AF_11/2014","M2","ATRIBUÍDO SÃO PAULO","57,19","CAIXA REFERENCIAL"]
["89169","(COMPOSIÇÃO REPRESENTATIVA) DO SERVIÇO DE ALVENARIA DE VEDAÇÃO DE BLOCOS VAZADOS DE CONCRETO DE 9X19X39CM (ESPESSURA 9CM), PARA EDIFICAÇÃO HABITACIONAL UNIFAMILIAR (CASA) E EDIFICAÇÃO PÚBLICA PADRÃO. AF_11/2014","M2","ATRIBUÍDO SÃO PAULO","58,19","CAIXA REFERENCIAL"]
["89978","(COMPOSIÇÃO REPRESENTATIVA) DO SERVIÇO DE ALVENARIA DE VEDAÇÃO DE BLOCOS VAZADOS DE CONCRETO DE 14X19X39CM (ESPESSURA 14CM), PARA EDIFICAÇÃO HABITACIONAL UNIFAMILIAR (CASA) E EDIFICAÇÃO PÚBLICA PADRÃO. AF_12/2014","M2","ATRIBUÍDO SÃO PAULO","75,97","CAIXA REFERENCIAL"]
["89453","ALVENARIA DE BLOCOS DE CONCRETO ESTRUTURAL 14X19X39 CM, (ESPESSURA 14 CM), FBK = 4,5 MPA, PARA PAREDES COM ÁREA LÍQUIDA MENOR QUE 6M², SEM VÃOS, UTILIZANDO PALHETA. AF_12/2014","M2","ATRIBUÍDO SÃO PAULO","68,35","CAIXA REFERENCIAL"]
["89454","ALVENARIA DE BLOCOS DE CONCRETO ESTRUTURAL 14X19X39 CM, (ESPESSURA 14 CM), FBK = 4,5 MPA, PARA PAREDES COM ÁREA LÍQUIDA MAIOR OU IGUAL A 6M², SEM VÃOS, UTILIZANDO PALHETA. AF_12/2014","M2","ATRIBUÍDO SÃO PAULO","63,54","CAIXA REFERENCIAL"]
["89455","ALVENARIA DE BLOCOS DE CONCRETO ESTRUTURAL 14X19X39 CM, (ESPESSURA 14 CM) FBK = 14,0 MPA, PARA PAREDES COM ÁREA LÍQUIDA MENOR QUE 6M², SEM VÃOS, UTILIZANDO PALHETA. AF_12/2014","M2","ATRIBUÍDO SÃO PAULO","83,81","CAIXA REFERENCIAL"]
["89456","ALVENARIA DE BLOCOS DE CONCRETO ESTRUTURAL 14X19X39 CM, (ESPESSURA 14 CM) FBK = 14,0 MPA, PARA PAREDES COM ÁREA LÍQUIDA MAIOR OU IGUAL A 6M², SEM VÃOS, UTILIZANDO PALHETA. AF_12/2014","M2","ATRIBUÍDO SÃO PAULO","78,54","CAIXA REFERENCIAL"]
["89457","ALVENARIA DE BLOCOS DE CONCRETO ESTRUTURAL 14X19X39 CM, (ESPESSURA 14 CM), FBK = 4,5 MPA, PARA PAREDES COM ÁREA LÍQUIDA MENOR QUE 6M², COM VÃOS, UTILIZANDO PALHETA. AF_12/2014","M2","ATRIBUÍDO SÃO PAULO","72,18","CAIXA REFERENCIAL"]
["89458","ALVENARIA DE BLOCOS DE CONCRETO ESTRUTURAL 14X19X39 CM, (ESPESSURA 14 CM), FBK = 4,5 MPA, PARA PAREDES COM ÁREA LÍQUIDA MAIOR OU IGUAL A 6M², COM VÃOS, UTILIZANDO PALHETA. AF_12/2014","M2","ATRIBUÍDO SÃO PAULO","65,76","CAIXA REFERENCIAL"]
["89459","ALVENARIA DE BLOCOS DE CONCRETO ESTRUTURAL 14X19X39 CM, (ESPESSURA 14 CM) FBK = 14,0 MPA, PARA PAREDES COM ÁREA LÍQUIDA MENOR QUE 6M², COM VÃOS, UTILIZANDO PALHETA. AF_12/2014","M2","ATRIBUÍDO SÃO PAULO","88,02","CAIXA REFERENCIAL"]
["89460","ALVENARIA DE BLOCOS DE CONCRETO ESTRUTURAL 14X19X39 CM, (ESPESSURA 14 CM) FBK = 14,0 MPA, PARA PAREDES COM ÁREA LÍQUIDA MAIOR OU IGUAL A 6M², COM VÃOS, UTILIZANDO PALHETA. AF_12/2014","M2","ATRIBUÍDO SÃO PAULO","81,09","CAIXA REFERENCIAL"]
["89462","ALVENARIA DE BLOCOS DE CONCRETO ESTRUTURAL 14X19X29 CM, (ESPESSURA 14 CM), FBK = 4,5 MPA, PARA PAREDES COM ÁREA LÍQUIDA MENOR QUE 6M², SEM VÃOS, UTILIZANDO PALHETA. AF_12/2014","M2","ATRIBUÍDO SÃO PAULO","81,17","CAIXA REFERENCIAL"]
["89463","ALVENARIA DE BLOCOS DE CONCRETO ESTRUTURAL 14X19X29 CM, (ESPESSURA 14 CM), FBK = 4,5 MPA, PARA PAREDES COM ÁREA LÍQUIDA MAIOR OU IGUAL A 6M², SEM VÃOS, UTILIZANDO PALHETA. AF_12/2014","M2","ATRIBUÍDO SÃO PAULO","76,30","CAIXA REFERENCIAL"]
["89464","ALVENARIA DE BLOCOS DE CONCRETO ESTRUTURAL 14X19X29 CM, (ESPESSURA 14 CM) FBK = 14,0 MPA, PARA PAREDES COM ÁREA LÍQUIDA MENOR QUE 6M², SEM VÃOS, UTILIZANDO PALHETA. AF_12/2014","M2","ATRIBUÍDO SÃO PAULO","96,80","CAIXA REFERENCIAL"]
["89465","ALVENARIA DE BLOCOS DE CONCRETO ESTRUTURAL 14X19X29 CM, (ESPESSURA 14 CM) FBK = 14,0 MPA, PARA PAREDES COM ÁREA LÍQUIDA MAIOR OU IGUAL A 6M², SEM VÃOS, UTILIZANDO PALHETA. AF_12/2014","M2","ATRIBUÍDO SÃO PAULO","91,62","CAIXA REFERENCIAL"]
["89466","ALVENARIA DE BLOCOS DE CONCRETO ESTRUTURAL 14X19X29 CM, (ESPESSURA 14 CM), FBK = 4,5 MPA, PARA PAREDES COM ÁREA LÍQUIDA MENOR QUE 6M², COM VÃOS, UTILIZANDO PALHETA. AF_12/2014","M2","ATRIBUÍDO SÃO PAULO","86,53","CAIXA REFERENCIAL"]
["89467","ALVENARIA DE BLOCOS DE CONCRETO ESTRUTURAL 14X19X29 CM, (ESPESSURA 14 CM), FBK = 4,5 MPA, PARA PAREDES COM ÁREA LÍQUIDA MAIOR OU IGUAL A 6M², COM VÃOS, UTILIZANDO PALHETA. AF_12/2014","M2","ATRIBUÍDO SÃO PAULO","79,46","CAIXA REFERENCIAL"]
["89468","ALVENARIA DE BLOCOS DE CONCRETO ESTRUTURAL 14X19X29 CM, (ESPESSURA 14 CM) FBK = 14,0 MPA, PARA PAREDES COM ÁREA LÍQUIDA MENOR QUE 6M², COM VÃOS, UTILIZANDO PALHETA. AF_12/2014","M2","ATRIBUÍDO SÃO PAULO","102,41","CAIXA REFERENCIAL"]
["89469","ALVENARIA DE BLOCOS DE CONCRETO ESTRUTURAL 14X19X29 CM, (ESPESSURA 14 CM) FBK = 14,0 MPA, PARA PAREDES COM ÁREA LÍQUIDA MAIOR OU IGUAL A 6M², COM VÃOS, UTILIZANDO PALHETA. AF_12/2014","M2","ATRIBUÍDO SÃO PAULO","95,01","CAIXA REFERENCIAL"]
["89470","ALVENARIA DE BLOCOS DE CONCRETO ESTRUTURAL 14X19X39 CM, (ESPESSURA 14 CM), FBK = 4,5 MPA, PARA PAREDES COM ÁREA LÍQUIDA MENOR QUE 6M², SEM VÃOS, UTILIZANDO COLHER DE PEDREIRO. AF_12/2014","M2","ATRIBUÍDO SÃO PAULO","80,68","CAIXA REFERENCIAL"]
["89471","ALVENARIA DE BLOCOS DE CONCRETO ESTRUTURAL 14X19X39 CM, (ESPESSURA 14 CM), FBK = 4,5 MPA, PARA PAREDES COM ÁREA LÍQUIDA MAIOR OU IGUAL A 6M², SEM VÃOS, UTILIZANDO COLHER DE PEDREIRO. AF_12/2014","M2","ATRIBUÍDO SÃO PAULO","75,87","CAIXA REFERENCIAL"]
["89472","ALVENARIA DE BLOCOS DE CONCRETO ESTRUTURAL 14X19X39 CM, (ESPESSURA 14 CM) FBK = 14,0 MPA, PARA PAREDES COM ÁREA LÍQUIDA MENOR QUE 6M², SEM VÃOS, UTILIZANDO COLHER DE PEDREIRO. AF_12/2014","M2","ATRIBUÍDO SÃO PAULO","95,94","CAIXA REFERENCIAL"]
["89473","ALVENARIA DE BLOCOS DE CONCRETO ESTRUTURAL 14X19X39 CM, (ESPESSURA 14 CM) FBK = 14,0 MPA, PARA PAREDES COM ÁREA LÍQUIDA MAIOR OU IGUAL A 6M², SEM VÃOS, UTILIZANDO COLHER DE PEDREIRO. AF_12/2014","M2","ATRIBUÍDO SÃO PAULO","90,89","CAIXA REFERENCIAL"]
["89474","ALVENARIA DE BLOCOS DE CONCRETO ESTRUTURAL 14X19X39 CM, (ESPESSURA 14 CM), FBK = 4,5 MPA, PARA PAREDES COM ÁREA LÍQUIDA MENOR QUE 6M², COM VÃOS, UTILIZANDO COLHER DE PEDREIRO. AF_12/2014","M2","ATRIBUÍDO SÃO PAULO","87,96","CAIXA REFERENCIAL"]
["89475","ALVENARIA DE BLOCOS DE CONCRETO ESTRUTURAL 14X19X39 CM, (ESPESSURA 14 CM), FBK = 4,5 MPA, PARA PAREDES COM ÁREA LÍQUIDA MAIOR OU IGUAL A 6M², COM VÃOS, UTILIZANDO COLHER DE PEDREIRO. AF_12/2014","M2","ATRIBUÍDO SÃO PAULO","79,97","CAIXA REFERENCIAL"]
["89476","ALVENARIA DE BLOCOS DE CONCRETO ESTRUTURAL 14X19X39 CM, (ESPESSURA 14 CM) FBK = 14,0 MPA, PARA PAREDES COM ÁREA LÍQUIDA MENOR QUE 6M², COM VÃOS, UTILIZANDO COLHER DE PEDREIRO. AF_12/2014","M2","ATRIBUÍDO SÃO PAULO","103,81","CAIXA REFERENCIAL"]
["89477","ALVENARIA DE BLOCOS DE CONCRETO ESTRUTURAL 14X19X39 CM, (ESPESSURA 14 CM) FBK = 14,0 MPA, PARA PAREDES COM ÁREA LÍQUIDA MAIOR OU IGUAL A 6M², COM VÃOS, UTILIZANDO COLHER DE PEDREIRO. AF_12/2014","M2","ATRIBUÍDO SÃO PAULO","95,53","CAIXA REFERENCIAL"]
["89478","ALVENARIA DE BLOCOS DE CONCRETO ESTRUTURAL 14X19X29 CM, (ESPESSURA 14 CM), FBK = 4,5 MPA, PARA PAREDES COM ÁREA LÍQUIDA MENOR QUE 6M², SEM VÃOS, UTILIZANDO COLHER DE PEDREIRO. AF_12/2014","M2","ATRIBUÍDO SÃO PAULO","93,75","CAIXA REFERENCIAL"]
["89479","ALVENARIA DE BLOCOS DE CONCRETO ESTRUTURAL 14X19X29 CM, (ESPESSURA 14 CM), FBK = 4,5 MPA, PARA PAREDES COM ÁREA LÍQUIDA MAIOR OU IGUAL A 6M², SEM VÃOS, UTILIZANDO COLHER DE PEDREIRO. AF_12/2014","M2","ATRIBUÍDO SÃO PAULO","88,88","CAIXA REFERENCIAL"]
["89480","ALVENARIA DE BLOCOS DE CONCRETO ESTRUTURAL 14X19X29 CM, (ESPESSURA 14 CM) FBK = 14,0 MPA, PARA PAREDES COM ÁREA LÍQUIDA MENOR QUE 6M², SEM VÃOS, UTILIZANDO COLHER DE PEDREIRO. AF_12/2014","M2","ATRIBUÍDO SÃO PAULO","109,17","CAIXA REFERENCIAL"]
["89483","ALVENARIA DE BLOCOS DE CONCRETO ESTRUTURAL 14X19X29 CM, (ESPESSURA 14 CM) FBK = 14,0 MPA, PARA PAREDES COM ÁREA LÍQUIDA MAIOR OU IGUAL A 6M², SEM VÃOS, UTILIZANDO COLHER DE PEDREIRO. AF_12/2014","M2","ATRIBUÍDO SÃO PAULO","104,20","CAIXA REFERENCIAL"]
["89484","ALVENARIA DE BLOCOS DE CONCRETO ESTRUTURAL 14X19X29 CM, (ESPESSURA 14 CM), FBK = 4,5 MPA, PARA PAREDES COM ÁREA LÍQUIDA MENOR QUE 6M², COM VÃOS, UTILIZANDO COLHER DE PEDREIRO. AF_12/2014","M2","ATRIBUÍDO SÃO PAULO","102,55","CAIXA REFERENCIAL"]
["89486","ALVENARIA DE BLOCOS DE CONCRETO ESTRUTURAL 14X19X29 CM, (ESPESSURA 14 CM), FBK = 4,5 MPA, PARA PAREDES COM ÁREA LÍQUIDA MAIOR OU IGUAL A 6M², COM VÃOS, UTILIZANDO COLHER DE PEDREIRO. AF_12/2014","M2","ATRIBUÍDO SÃO PAULO","94,13","CAIXA REFERENCIAL"]
["89487","ALVENARIA DE BLOCOS DE CONCRETO ESTRUTURAL 14X19X29 CM, (ESPESSURA 14 CM) FBK = 14,0 MPA, PARA PAREDES COM ÁREA LÍQUIDA MENOR QUE 6M², COM VÃOS, UTILIZANDO COLHER DE PEDREIRO. AF_12/2014","M2","ATRIBUÍDO SÃO PAULO","118,43","CAIXA REFERENCIAL"]
["89488","ALVENARIA DE BLOCOS DE CONCRETO ESTRUTURAL 14X19X29 CM, (ESPESSURA 14 CM) FBK = 14,0 MPA, PARA PAREDES COM ÁREA LÍQUIDA MAIOR OU IGUAL A 6M², COM VÃOS, UTILIZANDO COLHER DE PEDREIRO. AF_12/2014","M2","ATRIBUÍDO SÃO PAULO","109,68","CAIXA REFERENCIAL"]
["91815","(COMPOSIÇÃO REPRESENTATIVA) DE ALVENARIA DE BLOCOS DE CONCRETO ESTRUTURAL 14X19X39 CM, (ESPESSURA 14 CM), FBK = 4,5 MPA, UTILIZANDO PALHETA, PARA EDIFICAÇÃO HABITACIONAL. AF_10/2015","M2","ATRIBUÍDO SÃO PAULO","67,41","CAIXA REFERENCIAL"]
["91816","COMPOSIÇÃO REPRESENTATIVA DE SERVIÇOS DE ALVENARIA DE BLOCOS DE CONCRETO ESTRUTURAL 14X19X29 CM, (ESPESSURA 14 CM), FBK = 4,5 MPA, UTILIZANDO PALHETA, PARA EDIFICAÇÃO HABITACIONAL. AF_10/2015","M2","ATRIBUÍDO SÃO PAULO","80,73","CAIXA REFERENCIAL"]
["101161","ALVENARIA DE VEDAÇÃO COM ELEMENTO VAZADO DE CONCRETO (COBOGÓ) DE 7X50X50CM E ARGAMASSA DE ASSENTAMENTO COM PREPARO EM BETONEIRA. AF_05/2020","M2","ATRIBUÍDO SÃO PAULO","164,41","CAIXA REFERENCIAL"]
["101163","ALVENARIA DE VEDAÇÃO COM BLOCO DE VIDRO VAZADO, TIPO VENEZIANA, DE 6X20X20CM E ARGAMASSA DE ASSENTAMENTO COM PREPARO EM BETONEIRA. AF_05/2020","M2","ATRIBUÍDO SÃO PAULO","589,07","CAIXA REFERENCIAL"]
["101164","ALVENARIA DE VEDAÇÃO COM BLOCO DE VIDRO, TIPO CANELADO, DE 8X19X19CM E ARGAMASSA DE ASSENTAMENTO COM PREPARO EM BETONEIRA. AF_05/2020","M2","ATRIBUÍDO SÃO PAULO","597,39","CAIXA REFERENCIAL"]
["96358","PAREDE COM PLACAS DE GESSO ACARTONADO (DRYWALL), PARA USO INTERNO, COM DUAS FACES SIMPLES E ESTRUTURA METÁLICA COM GUIAS SIMPLES, SEM VÃOS. AF_06/2017_P","M2","ATRIBUÍDO SÃO PAULO","85,39","CAIXA REFERENCIAL"]
["96359","PAREDE COM PLACAS DE GESSO ACARTONADO (DRYWALL), PARA USO INTERNO, COM DUAS FACES SIMPLES E ESTRUTURA METÁLICA COM GUIAS SIMPLES, COM VÃOS AF_06/2017_P","M2","ATRIBUÍDO SÃO PAULO","99,93","CAIXA REFERENCIAL"]
["96360","PAREDE COM PLACAS DE GESSO ACARTONADO (DRYWALL), PARA USO INTERNO, COM DUAS FACES SIMPLES E ESTRUTURA METÁLICA COM GUIAS DUPLAS, SEM VÃOS. AF_06/2017_P","M2","ATRIBUÍDO SÃO PAULO","122,72","CAIXA REFERENCIAL"]
["96361","PAREDE COM PLACAS DE GESSO ACARTONADO (DRYWALL), PARA USO INTERNO, COM DUAS FACES SIMPLES E ESTRUTURA METÁLICA COM GUIAS DUPLAS, COM VÃOS. AF_06/2017_P","M2","ATRIBUÍDO SÃO PAULO","151,24","CAIXA REFERENCIAL"]
["96362","PAREDE COM PLACAS DE GESSO ACARTONADO (DRYWALL), PARA USO INTERNO, COM UMA FACE SIMPLES E OUTRA FACE DUPLA E ESTRUTURA METÁLICA COM GUIAS SIMPLES, SEM VÃOS. AF_06/2017_P","M2","ATRIBUÍDO SÃO PAULO","105,72","CAIXA REFERENCIAL"]
["96363","PAREDE COM PLACAS DE GESSO ACARTONADO (DRYWALL), PARA USO INTERNO, COM UMA FACE SIMPLES E OUTRA FACE DUPLA E ESTRUTURA METÁLICA COM GUIAS SIMPLES, COM VÃOS. AF_06/2017_P","M2","ATRIBUÍDO SÃO PAULO","120,63","CAIXA REFERENCIAL"]
["96364","PAREDE COM PLACAS DE GESSO ACARTONADO (DRYWALL), PARA USO INTERNO COM UMA FACE SIMPLES E OUTRA FACE DUPLA E ESTRUTURA METÁLICA COM GUIAS DUPLAS, SEM VÃOS. AF_06/2017_P","M2","ATRIBUÍDO SÃO PAULO","143,05","CAIXA REFERENCIAL"]
["96365","PAREDE COM PLACAS DE GESSO ACARTONADO (DRYWALL), PARA USO INTERNO, COM UMA FACE SIMPLES E OUTRA FACE DUPLA E   ESTRUTURA METÁLICA COM GUIAS DUPLAS, COM VÃOS. AF_06/2017_P","M2","ATRIBUÍDO SÃO PAULO","171,94","CAIXA REFERENCIAL"]
["96366","PAREDE COM PLACAS DE GESSO ACARTONADO (DRYWALL), PARA USO INTERNO, COM DUAS FACES DUPLAS E ESTRUTURA METÁLICA COM GUIAS SIMPLES, SEM VÃOS. AF_06/2017_P","M2","ATRIBUÍDO SÃO PAULO","126,07","CAIXA REFERENCIAL"]
["96367","PAREDE COM PLACAS DE GESSO ACARTONADO (DRYWALL), PARA USO INTERNO, COM DUAS FACES DUPLAS E ESTRUTURA METÁLICA COM GUIAS SIMPLES, COM VÃOS. AF_06/2017_P","M2","ATRIBUÍDO SÃO PAULO","141,33","CAIXA REFERENCIAL"]
["96368","PAREDE COM PLACAS DE GESSO ACARTONADO (DRYWALL), PARA USO INTERNO COM DUAS FACES DUPLAS E ESTRUTURA METÁLICA COM GUIAS DUPLAS, SEM VÃOS. AF_06/2017","M2","ATRIBUÍDO SÃO PAULO","163,40","CAIXA REFERENCIAL"]
["96369","PAREDE COM PLACAS DE GESSO ACARTONADO (DRYWALL), PARA USO INTERNO, COM DUAS FACES DUPLAS E ESTRUTURA METÁLICA COM GUIAS DUPLAS, COM VÃOS. AF_06/2017_P","M2","ATRIBUÍDO SÃO PAULO","192,64","CAIXA REFERENCIAL"]
["96370","PAREDE COM PLACAS DE GESSO ACARTONADO (DRYWALL), PARA USO INTERNO, COM UMA FACE SIMPLES E ESTRUTURA METÁLICA COM GUIAS SIMPLES, SEM VÃOS. AF_06/2017_P","M2","ATRIBUÍDO SÃO PAULO","61,89","CAIXA REFERENCIAL"]
["96371","PAREDE COM PLACAS DE GESSO ACARTONADO (DRYWALL), PARA USO INTERNO, COM UMA FACE SIMPLES E ESTRUTURA METÁLICA COM GUIAS SIMPLES, COM VÃOS. AF_06/2017_P","M2","ATRIBUÍDO SÃO PAULO","76,23","CAIXA REFERENCIAL"]
["96373","INSTALAÇÃO DE REFORÇO METÁLICO EM PAREDE DRYWALL. AF_06/2017","M","ATRIBUÍDO SÃO PAULO","13,36","CAIXA REFERENCIAL"]
["96374","INSTALAÇÃO DE REFORÇO DE MADEIRA EM PAREDE DRYWALL. AF_06/2017","M","ATRIBUÍDO SÃO PAULO","29,62","CAIXA REFERENCIAL"]
["102235","DIVISÓRIA FIXA EM VIDRO TEMPERADO 10 MM, SEM ABERTURA. AF_01/2021","M2","ATRIBUÍDO SÃO PAULO","572,80","CAIXA REFERENCIAL"]
["102253","DIVISORIA SANITÁRIA, TIPO CABINE, EM GRANITO CINZA POLIDO, ESP = 3CM, ASSENTADO COM ARGAMASSA COLANTE AC III-E, EXCLUSIVE FERRAGENS. AF_01/2021","M2","COEFICIENTE DE REPRESENTATIVIDADE","407,27","CAIXA REFERENCIAL"]
["102254","DIVISORIA SANITÁRIA, TIPO CABINE, EM MÁRMORE BRANCO POLIDO, ESP = 3CM, ASSENTADO COM ARGAMASSA COLANTE AC III-E, EXCLUSIVE FERRAGENS. AF_01/2021","M2","COEFICIENTE DE REPRESENTATIVIDADE","580,03","CAIXA REFERENCIAL"]
["102255","TAPA VISTA DE MICTÓRIO EM GRANITO CINZA POLIDO, ESP = 3CM, ASSENTADO COM ARGAMASSA COLANTE AC III-E . AF_01/2021","M2","COEFICIENTE DE REPRESENTATIVIDADE","444,06","CAIXA REFERENCIAL"]
["102256","TAPA VISTA DE MICTÓRIO EM MÁRMORE BRANCO POLIDO, ESP = 3CM, ASSENTADO COM ARGAMASSA COLANTE AC III-E . AF_01/2021","M2","COEFICIENTE DE REPRESENTATIVIDADE","708,00","CAIXA REFERENCIAL"]
["102257","DIVISORIA SANITÁRIA, TIPO CABINE, EM PAINEL DE GRANILITE, ESP = 3CM, ASSENTADO COM ARGAMASSA COLANTE AC III-E, EXCLUSIVE FERRAGENS. AF_01/2021","M2","ATRIBUÍDO SÃO PAULO","268,82","CAIXA REFERENCIAL"]
["102258","TAPA VISTA DE MICTÓRIO EM PAINEL DE GRANILITE, ESP = 3CM, ASSENTADO COM ARGAMASSA COLANTE AC III-E . AF_01/2021","M2","ATRIBUÍDO SÃO PAULO","305,73","CAIXA REFERENCIAL"]
["101154","ALVENARIA DE VEDAÇÃO DE BLOCOS DE CONCRETO CELULAR DE 10X30X60CM (ESPESSURA 10CM) E ARGAMASSA DE ASSENTAMENTO COM PREPARO EM BETONEIRA. AF_05/2020","M2","ATRIBUÍDO SÃO PAULO","98,00","CAIXA REFERENCIAL"]
["101155","ALVENARIA DE VEDAÇÃO DE BLOCOS DE CONCRETO CELULAR DE 15X30X60CM (ESPESSURA 15CM) E ARGAMASSA DE ASSENTAMENTO COM PREPARO EM BETONEIRA. AF_05/2020","M2","ATRIBUÍDO SÃO PAULO","137,96","CAIXA REFERENCIAL"]
["101156","ALVENARIA DE VEDAÇÃO DE BLOCOS DE CONCRETO CELULAR DE 20X30X60CM (ESPESSURA 20CM) E ARGAMASSA DE ASSENTAMENTO COM PREPARO EM BETONEIRA. AF_05/2020","M2","ATRIBUÍDO SÃO PAULO","203,25","CAIXA REFERENCIAL"]
["101810","EXECUÇÃO DE TAPA BURACO COM APLICAÇÃO DE CONCRETO ASFÁLTICO (USINAGEM PRÓPRIA) E PINTURA DE LIGAÇÃO. AF_12/2020","M3","ATRIBUÍDO SÃO PAULO","1.340,17","CAIXA REFERENCIAL"]
["101811","EXECUÇÃO DE TAPA BURACO COM APLICAÇÃO DE PRÉ MISTURADO A FRIO (USINAGEM PRÓPRIA) E PINTURA DE LIGAÇÃO. AF_12/2020","M3","ATRIBUÍDO SÃO PAULO","1.148,99","CAIXA REFERENCIAL"]
["101812","RECOMPOSIÇÃO DE REVESTIMENTO EM CONCRETO ASFÁLTICO (USINAGEM PRÓPRIA), PARA O FECHAMENTO DE VALAS - INCLUSO DEMOLIÇÃO DO PAVIMENTO. AF_12/2020","M3","ATRIBUÍDO SÃO PAULO","1.504,02","CAIXA REFERENCIAL"]
["101813","RECOMPOSIÇÃO DE REVESTIMENTO EM PRÉ MISTURADO A FRIO (USINAGEM PRÓPRIA), PARA FECHAMENTO DE VALAS - INCLUSO DEMOLIÇÃO DO PAVIMENTO. AF_12/2020","M3","ATRIBUÍDO SÃO PAULO","1.312,84","CAIXA REFERENCIAL"]
["101814","RECOMPOSIÇÃO DE PAVIMENTOS EM PEDRA POLIÉDRICA, REJUNTAMENTO COM PÓ DE PEDRA, COM REAPROVEITAMENTO DAS PEDRAS POLIÉDRICAS PARA O FECHAMENTO DE VALAS - INCLUSO RETIRADA E COLOCAÇÃO DO MATERIAL. AF_12/2020","M2","ATRIBUÍDO SÃO PAULO","32,18","CAIXA REFERENCIAL"]
["101815","RECOMPOSIÇÃO DE PAVIMENTO EM PEDRAS POLIÉDRICAS, REJUNTAMENTO COM PEDRISCO E EMULSÃO ASFÁLTICA COM REAPROVEITAMENTO DAS PEDRAS POLIÉDRICAS, PARA O FECHAMENTO DE VALAS - INCLUSO RETIRADA E COLOCAÇÃO DO MATERIAL. AF_12/2020","M2","ATRIBUÍDO SÃO PAULO","65,87","CAIXA REFERENCIAL"]
["101816","RECOMPOSIÇÃO DE PAVIMENTO EM PEDRAS POLIÉDRICAS, REJUNTAMENTO COM ARGAMASSA, COM REAPROVEITAMENTO DAS PEDRAS POLIÉDRICAS, PARA O FECHAMENTO DE VALAS - INCLUSO RETIRADA E COLOCAÇÃO DO MATERIAL. AF_12/2020","M2","ATRIBUÍDO SÃO PAULO","49,25","CAIXA REFERENCIAL"]
["101817","RECOMPOSIÇÃO DE PAVIMENTO EM PARALELEPÍPEDOS, REJUNTAMENTO COM PÓ DE PEDRA, COM REAPROVEITAMENTO DOS PARALELEPÍPEDOS, PARA O FECHAMENTO DE VALAS - INCLUSO RETIRADA E COLOCAÇÃO DO MATERIAL. AF_12/2020","M2","ATRIBUÍDO SÃO PAULO","35,24","CAIXA REFERENCIAL"]
["101818","RECOMPOSIÇÃO DE PAVIMENTO EM PARALELEPÍPEDOS, REJUNTAMENTO COM PEDRISCO E EMULSÃO ASFÁLTICA, COM REAPROVEITAMENTO DOS PARALELEPÍPEDOS, PARA O FECHAMENTO DE VALAS - INCLUSO RETIRADA E COLOCAÇÃO DO MATERIAL. AF_12/2020","M2","ATRIBUÍDO SÃO PAULO","51,94","CAIXA REFERENCIAL"]
["101819","RECOMPOSIÇÃO DE PAVIMENTO EM PARALELEPÍPEDOS, REJUNTAMENTO COM ARGAMASSA, COM REAPROVEITAMENTO DOS PARALELEPÍPEDOS, PARA O FECHAMENTO DE VALAS - INCLUSO RETIRADA E COLOCAÇÃO DO MATERIAL. AF_12/2020","M2","ATRIBUÍDO SÃO PAULO","44,88","CAIXA REFERENCIAL"]
["101820","RECOMPOSIÇÃO DE PAVIMENTO EM PISO INTERTRAVADO SEXTAVADO, COM REAPROVEITAMENTO DOS BLOCOS SEXTAVADO, PARA O FECHAMENTO DE VALAS - INCLUSO RETIRADA E COLOCAÇÃO DO MATERIAL. AF_12/2020","M2","ATRIBUÍDO SÃO PAULO","28,87","CAIXA REFERENCIAL"]
["101822","RECOMPOSIÇÃO DE BASE E OU SUB-BASE PARA REMENDO PROFUNDO DE SOLOS DE COMPORTAMENTO LATERÍTICO (ARENOSO) - INCLUSO RETIRADA E COLOCAÇÃO DO MATERIAL. AF_12/2020","M3","ATRIBUÍDO SÃO PAULO","93,67","CAIXA REFERENCIAL"]
["101823","RECOMPOSIÇÃO DE BASE E OU SUB-BASE PARA REMENDO PROFUNDO DE SOLO MELHORADO COM CIMENTO (TEOR DE 2%) - INCLUSO RETIRADA E COLOCAÇÃO DO MATERIAL. AF_12/2020","M3","ATRIBUÍDO SÃO PAULO","120,64","CAIXA REFERENCIAL"]
["101824","RECOMPOSIÇÃO DE BASE E OU SUB-BASE PARA REMENDO PROFUNDO DE SOLO MELHORADO COM CIMENTO (TEOR DE 4%) - INCLUSO RETIRADA E COLOCAÇÃO DO MATERIAL. AF_12/2020","M3","ATRIBUÍDO SÃO PAULO","145,76","CAIXA REFERENCIAL"]
["101825","RECOMPOSIÇÃO DE BASE E OU SUB-BASE PARA REMENDO PROFUNDO DE SOLO COM CIMENTO (TEOR DE 6%) - INCLUSO RETIRADA E COLOCAÇÃO DO MATERIAL. AF_12/2020","M3","ATRIBUÍDO SÃO PAULO","170,20","CAIXA REFERENCIAL"]
["101826","RECOMPOSIÇÃO DE BASE E OU SUB-BASE PARA REMENDO PROFUNDO DE SOLO COM CIMENTO (TEOR DE 8%) - INCLUSO RETIRADA E COLOCAÇÃO DO MATERIAL. AF_12/2020","M3","ATRIBUÍDO SÃO PAULO","194,31","CAIXA REFERENCIAL"]
["101827","RECOMPOSIÇÃO DE BASE E OU SUB-BASE PARA REMENDO PROFUNDO DE SOLO BRITA (40/60) - INCLUSO RETIRADA E COLOCAÇÃO DO MATERIAL. AF_12/2020","M3","ATRIBUÍDO SÃO PAULO","157,53","CAIXA REFERENCIAL"]
["101828","RECOMPOSIÇÃO DE BASE E OU SUB-BASE PARA REMENDO PROFUNDO DE SOLO BRITA (50/50) - INCLUSO RETIRADA E COLOCAÇÃO DO MATERIAL. AF_12/2020","M3","ATRIBUÍDO SÃO PAULO","146,89","CAIXA REFERENCIAL"]
["101829","RECOMPOSIÇÃO DE BASE E OU SUB-BASE PARA REMENDO PROFUNDO DE SOLO BRITA (60/40) COM CIMENTO (TEOR DE 4%) - INCLUSO RETIRADA E COLOCAÇÃO DO MATERIAL. AF_12/2020","M3","ATRIBUÍDO SÃO PAULO","207,06","CAIXA REFERENCIAL"]
["101830","RECOMPOSIÇÃO DE BASE E OU SUB-BASE PARA REMENDO PROFUNDO DE SOLO BRITA (60/40) COM CIMENTO (TEOR DE 6%) - INCLUSO RETIRADA E COLOCAÇÃO DO MATERIAL. AF_12/2020","M3","ATRIBUÍDO SÃO PAULO","230,23","CAIXA REFERENCIAL"]
["101831","RECOMPOSIÇÃO DE BASE E OU SUB-BASE PARA REMENDO PROFUNDO DE SOLO BRITA (60/40) COM CIMENTO (TEOR DE 8%) - INCLUSO RETIRADA E COLOCAÇÃO DO MATERIAL. AF_12/2020","M3","ATRIBUÍDO SÃO PAULO","253,06","CAIXA REFERENCIAL"]
["101832","RECOMPOSIÇÃO DE BASE E OU SUB-BASE PARA REMENDO PROFUNDO DE SOLO BRITA (50/50) COM CIMENTO (TEOR DE 4%) - INCLUSO RETIRADA E COLOCAÇÃO DO MATERIAL. AF_12/2020","M3","ATRIBUÍDO SÃO PAULO","196,85","CAIXA REFERENCIAL"]
["101833","RECOMPOSIÇÃO DE BASE E OU SUB-BASE PARA REMENDO PROFUNDO DE SOLO BRITA (50/50) COM CIMENTO (TEOR DE 6%) - INCLUSO RETIRADA E COLOCAÇÃO DO MATERIAL. AF_12/2020","M3","ATRIBUÍDO SÃO PAULO","220,22","CAIXA REFERENCIAL"]
["101834","RECOMPOSIÇÃO DE BASE E OU SUB-BASE PARA REMENDO PROFUNDO DE SOLO BRITA (50/50) COM CIMENTO (TEOR DE 8%) - INCLUSO RETIRADA E COLOCAÇÃO DO MATERIAL. AF_12/2020","M3","ATRIBUÍDO SÃO PAULO","243,27","CAIXA REFERENCIAL"]
["101835","RECOMPOSIÇÃO DE BASE E OU SUB-BASE PARA REMENDO PROFUNDO DE BRITA GRADUADA SIMPLES - INCLUSO RETIRADA E COLOCAÇÃO DO MATERIAL. AF_12/2020","M3","ATRIBUÍDO SÃO PAULO","216,76","CAIXA REFERENCIAL"]
["101836","RECOMPOSIÇÃO DE BASE E OU SUB-BASE PARA FECHAMENTO DE VALAS DE SOLOS DE COMPORTAMENTO LATERÍTICO (ARENOSO) - INCLUSO RETIRADA E COLOCAÇÃO DO MATERIAL. AF_12/2020","M3","ATRIBUÍDO SÃO PAULO","20,65","CAIXA REFERENCIAL"]
["101837","RECOMPOSIÇÃO DE BASE E OU SUB-BASE PARA FECHAMENTO DE VALAS DE SOLO MELHORADO COM CIMENTO (TEOR DE 2%) - INCLUSO RETIRADA E COLOCAÇÃO DO MATERIAL. AF_12/2020","M3","ATRIBUÍDO SÃO PAULO","47,62","CAIXA REFERENCIAL"]
["101838","RECOMPOSIÇÃO DE BASE E OU SUB-BASE PARA FECHAMENTO DE VALAS DE SOLO MELHORADO COM CIMENTO (TEOR DE 4%) - INCLUSO RETIRADA E COLOCAÇÃO DO MATERIAL. AF_12/2020","M3","ATRIBUÍDO SÃO PAULO","72,74","CAIXA REFERENCIAL"]
["101839","RECOMPOSIÇÃO DE BASE E OU SUB-BASE PARA FECHAMENTO DE VALAS DE SOLO COM CIMENTO (TEOR DE 6%) - INCLUSO RETIRADA E COLOCAÇÃO DO MATERIAL. AF_12/2020","M3","ATRIBUÍDO SÃO PAULO","97,18","CAIXA REFERENCIAL"]
["101840","RECOMPOSIÇÃO DE BASE E OU SUB-BASE PARA FECHAMENTO DE VALAS DE SOLO COM CIMENTO (TEOR DE 8%) - INCLUSO RETIRADA E COLOCAÇÃO DO MATERIAL. AF_12/2020","M3","ATRIBUÍDO SÃO PAULO","162,39","CAIXA REFERENCIAL"]
["101841","RECOMPOSIÇÃO DE BASE E OU SUB-BASE PARA FECHAMENTO DE VALAS DE SOLO BRITA (40/60) - INCLUSO RETIRADA E COLOCAÇÃO DO MATERIAL. AF_12/2020","M3","ATRIBUÍDO SÃO PAULO","84,51","CAIXA REFERENCIAL"]
["101842","RECOMPOSIÇÃO DE BASE E OU SUB-BASE PARA FECHAMENTO DE VALAS DE SOLO BRITA (50/50) - INCLUSO RETIRADA E COLOCAÇÃO DO MATERIAL. AF_12/2020","M3","ATRIBUÍDO SÃO PAULO","73,87","CAIXA REFERENCIAL"]
["101843","RECOMPOSIÇÃO DE BASE E OU SUB-BASE PARA FECHAMENTO DE VALAS DE SOLO BRITA (60/40) COM CIMENTO (TEOR DE 4%) - INCLUSO RETIRADA E COLOCAÇÃO DO MATERIAL. AF_12/2020","M3","ATRIBUÍDO SÃO PAULO","134,04","CAIXA REFERENCIAL"]
["101844","RECOMPOSIÇÃO DE BASE E OU SUB-BASE PARA FECHAMENTO DE VALAS DE SOLO BRITA (60/40) COM CIMENTO (TEOR DE 6%) - INCLUSO RETIRADA E COLOCAÇÃO DO MATERIAL. AF_12/2020","M3","ATRIBUÍDO SÃO PAULO","157,21","CAIXA REFERENCIAL"]
["101845","RECOMPOSIÇÃO DE BASE E OU SUB-BASE PARA FECHAMENTO DE VALAS DE SOLO BRITA (60/40) COM CIMENTO (TEOR DE 8%) - INCLUSO RETIRADA E COLOCAÇÃO DO MATERIAL. AF_12/2020","M3","ATRIBUÍDO SÃO PAULO","180,04","CAIXA REFERENCIAL"]
["101846","RECOMPOSIÇÃO DE BASE E OU SUB-BASE PARA FECHAMENTO DE VALAS DE SOLO BRITA (50/50) COM CIMENTO (TEOR DE 4%) - INCLUSO RETIRADA E COLOCAÇÃO DO MATERIAL. AF_12/2020","M3","ATRIBUÍDO SÃO PAULO","123,83","CAIXA REFERENCIAL"]
["101847","RECOMPOSIÇÃO DE BASE E OU SUB-BASE PARA FECHAMENTO DE VALAS DE SOLO BRITA (50/50) COM CIMENTO (TEOR DE 6%) - INCLUSO RETIRADA E COLOCAÇÃO DO MATERIAL. AF_12/2020","M3","ATRIBUÍDO SÃO PAULO","147,20","CAIXA REFERENCIAL"]
["101848","RECOMPOSIÇÃO DE BASE E OU SUB-BASE PARA FECHAMENTO DE VALAS DE SOLO BRITA (50/50) COM CIMENTO (TEOR DE 8%) - INCLUSO RETIRADA E COLOCAÇÃO DO MATERIAL. AF_12/2020","M3","ATRIBUÍDO SÃO PAULO","170,25","CAIXA REFERENCIAL"]
["101849","RECOMPOSIÇÃO DE BASE E OU SUB-BASE PARA FECHAMENTO DE VALAS DE BRITA GRADUADA SIMPLES - INCLUSO RETIRADA E COLOCAÇÃO DO MATERIAL. AF_12/2020","M3","ATRIBUÍDO SÃO PAULO","143,74","CAIXA REFERENCIAL"]
["101850","REASSENTAMENTO DE PARALELEPÍPEDOS, REJUNTAMENTO COM PÓ DE PEDRA, COM REAPROVEITAMENTO DOS PARALELEPÍPEDOS - INCLUSO RETIRADA E COLOCAÇÃO DO MATERIAL. AF_12/2020","M2","ATRIBUÍDO SÃO PAULO","42,73","CAIXA REFERENCIAL"]
["101851","REASSENTAMENTO DE PARALELEPÍPEDOS, REJUNTAMENTO COM PEDRISCO E EMULSÃO ASFÁLTICA, COM REAPROVEITAMENTO DOS PARALELEPÍPEDOS - INCLUSO RETIRADA E COLOCAÇÃO DO MATERIAL. AF_12/2020_P","M2","ATRIBUÍDO SÃO PAULO","102,21","CAIXA REFERENCIAL"]
["101852","REASSENTAMENTO DE PARALELEPÍPEDOS, REJUNTAMENTO COM ARGAMASSA, COM REAPROVEITAMENTO DOS PARALELEPÍPEDOS - INCLUSO RETIRADA E COLOCAÇÃO DO MATERIAL. AF_12/2020","M2","ATRIBUÍDO SÃO PAULO","52,76","CAIXA REFERENCIAL"]
["101853","REASSENTAMENTO DE PEDRAS POLIÉDRICAS, REJUNTAMENTO COM PÓ DE PEDRA, COM REAPROVEITAMENTO DAS PEDRAS POLIÉDRICAS - INCLUSO RETIRADA E COLOCAÇÃO DO MATERIAL.  AF_12/2020","M2","ATRIBUÍDO SÃO PAULO","38,15","CAIXA REFERENCIAL"]
["101854","REASSENTAMENTO DE PEDRAS POLIÉDRICAS, REJUNTAMENTO COM PEDRISCO E EMULSÃO ASFÁLTICA, COM REAPROVEITAMENTO DAS PEDRAS POLIÉDRICAS - INCLUSO RETIRADA E COLOCAÇÃO DO MATERIAL. AF_12/2020_P","M2","ATRIBUÍDO SÃO PAULO","107,26","CAIXA REFERENCIAL"]
["101855","REASSENTAMENTO DE PEDRAS POLIÉDRICAS, REJUNTAMENTO COM ARGAMASSA, COM REAPROVEITAMENTO DAS PEDRAS POLIÉDRICAS - INCLUSO RETIRADA E COLOCAÇÃO DO MATERIAL. AF_12/2020","M2","ATRIBUÍDO SÃO PAULO","55,54","CAIXA REFERENCIAL"]
["101856","REASSENTAMENTO DE BLOCOS PISOGRAMA PARA PISO INTERTRAVADO, COM REAPROVEITAMENTO DOS BLOCOS PISOGRAMA - INCLUSO RETIRADA E COLOCAÇÃO DO MATERIAL. AF_12/2020","M2","ATRIBUÍDO SÃO PAULO","17,73","CAIXA REFERENCIAL"]
["101857","REASSENTAMENTO DE BLOCOS SEXTAVADO PARA PISO INTERTRAVADO, ESPESSURA DE 6 CM, EM CALÇADA, COM REAPROVEITAMENTO DOS BLOCOS SEXTAVADOS - INCLUSO RETIRADA E COLOCAÇÃO DO MATERIAL. AF_12/2020","M2","ATRIBUÍDO SÃO PAULO","22,67","CAIXA REFERENCIAL"]
["101858","REASSENTAMENTO DE BLOCOS SEXTAVADO PARA PISO INTERTRAVADO, ESPESSURA DE 6 CM, EM VIA/ESTACIONAMENTO, COM REAPROVEITAMENTO DOS BLOCOS SEXTAVADO - INCLUSO RETIRADA E COLOCAÇÃO DO MATERIAL. AF_12/2020","M2","ATRIBUÍDO SÃO PAULO","18,15","CAIXA REFERENCIAL"]
["101859","REASSENTAMENTO DE BLOCOS SEXTAVADO PARA PISO INTERTRAVADO, ESPESSURA DE 8 CM, EM VIA/ESTACIONAMENTO, COM REAPROVEITAMENTO DOS BLOCOS SEXTAVADO - INCLUSO RETIRADA E COLOCAÇÃO DO MATERIAL. AF_12/2020","M2","ATRIBUÍDO SÃO PAULO","20,28","CAIXA REFERENCIAL"]
["101860","REASSENTAMENTO DE BLOCOS SEXTAVADO PARA PISO INTERTRAVADO, ESPESSURA DE 10 CM, EM VIA/ESTACIONAMENTO, COM REAPROVEITAMENTO DOS BLOCOS SEXTAVADO - INCLUSO RETIRADA E COLOCAÇÃO DO MATERIAL. AF_12/2020","M2","ATRIBUÍDO SÃO PAULO","23,60","CAIXA REFERENCIAL"]
["101861","REASSENTAMENTO DE BLOCOS RETANGULAR PARA PISO INTERTRAVADO, ESPESSURA DE 4  CM, EM CALÇADA, COM REAPROVEITAMENTO DOS BLOCOS RETANGULAR - INCLUSO RETIRADA E COLOCAÇÃO DO MATERIAL. AF_12/2020","M2","ATRIBUÍDO SÃO PAULO","21,94","CAIXA REFERENCIAL"]
["101862","REASSENTAMENTO DE BLOCOS RETANGULAR PARA PISO INTERTRAVADO, ESPESSURA DE 6 CM, EM CALÇADA, COM REAPROVEITAMENTO DOS BLOCOS RETANGULAR - INCLUSO RETIRADA E COLOCAÇÃO DO MATERIAL. AF_12/2020","M2","ATRIBUÍDO SÃO PAULO","24,11","CAIXA REFERENCIAL"]
["101863","REASSENTAMENTO DE BLOCOS RETANGULAR PARA PISO INTERTRAVADO, ESPESSURA DE 6 CM, EM VIA/ESTACIONAMENTO, COM REAPROVEITAMENTO DOS BLOCOS RETANGULAR - INCLUSO RETIRADA E COLOCAÇÃO DO MATERIAL. AF_12/2020","M2","ATRIBUÍDO SÃO PAULO","18,44","CAIXA REFERENCIAL"]
["101864","REASSENTAMENTO DE BLOCOS RETANGULAR PARA PISO INTERTRAVADO, ESPESSURA DE 8 CM, EM VIA/ESTACIONAMENTO, COM REAPROVEITAMENTO DOS BLOCOS RETANGULAR - INCLUSO RETIRADA E COLOCAÇÃO DO MATERIAL. AF_12/2020","M2","ATRIBUÍDO SÃO PAULO","21,78","CAIXA REFERENCIAL"]
["101865","REASSENTAMENTO DE BLOCOS RETANGULAR PARA PISO INTERTRAVADO, ESPESSURA DE 10 CM, EM VIA/ESTACIONAMENTO, COM REAPROVEITAMENTO DOS BLOCOS RETANGULAR - INCLUSO RETIRADA E COLOCAÇÃO DO MATERIAL. AF_12/2020","M2","ATRIBUÍDO SÃO PAULO","25,12","CAIXA REFERENCIAL"]
["101866","REASSENTAMENTO DE BLOCOS 16 FACES PARA PISO INTERTRAVADO, ESPESSURA DE 4  CM, EM CALÇADA, COM REAPROVEITAMENTO DOS BLOCOS 16 FACES - INCLUSO RETIRADA E COLOCAÇÃO DO MATERIAL. AF_12/2020","M2","ATRIBUÍDO SÃO PAULO","22,11","CAIXA REFERENCIAL"]
["101867","REASSENTAMENTO DE BLOCOS 16 FACES PARA PISO INTERTRAVADO, ESPESSURA DE 6 CM, EM CALÇADA, COM REAPROVEITAMENTO DOS BLOCOS 16 FACES - INCLUSO RETIRADA E COLOCAÇÃO DO MATERIAL. AF_12/2020","M2","ATRIBUÍDO SÃO PAULO","25,45","CAIXA REFERENCIAL"]
["101868","REASSENTAMENTO DE BLOCOS 16 FACES PARA PISO INTERTRAVADO, ESPESSURA DE 6 CM, EM VIA/ESTACIONAMENTO, COM REAPROVEITAMENTO DOS BLOCOS 16 FACES - INCLUSO RETIRADA E COLOCAÇÃO DO MATERIAL. AF_12/2020","M2","ATRIBUÍDO SÃO PAULO","19,78","CAIXA REFERENCIAL"]
["101869","REASSENTAMENTO DE BLOCOS 16 FACES PARA PISO INTERTRAVADO, ESPESSURA DE 8 CM, EM VIA/ESTACIONAMENTO, COM REAPROVEITAMENTO DOS BLOCOS 16 FACES - INCLUSO RETIRADA E COLOCAÇÃO DO MATERIAL. AF_12/2020","M2","ATRIBUÍDO SÃO PAULO","23,12","CAIXA REFERENCIAL"]
["101870","REASSENTAMENTO DE BLOCOS 16 FACES PARA PISO INTERTRAVADO, ESPESSURA DE 10 CM, EM VIA/ESTACIONAMENTO, COM REAPROVEITAMENTO DOS BLOCOS 16 FACES - INCLUSO RETIRADA E COLOCAÇÃO DO MATERIAL. AF_12/2020","M2","ATRIBUÍDO SÃO PAULO","26,46","CAIXA REFERENCIAL"]
["102096","EXECUÇÃO DE TAPA BURACO COM APLICAÇÃO DE CONCRETO ASFÁLTICO (AQUISIÇÃO EM USINA) E PINTURA DE LIGAÇÃO. AF_12/2020","M3","ATRIBUÍDO SÃO PAULO","1.672,34","CAIXA REFERENCIAL"]
["102098","RECOMPOSIÇÃO DE REVESTIMENTO EM CONCRETO ASFÁLTICO (AQUISIÇÃO EM USINA), PARA O FECHAMENTO DE VALAS - INCLUSO DEMOLIÇÃO DO PAVIMENTO. AF_12/2020","M3","ATRIBUÍDO SÃO PAULO","1.836,19","CAIXA REFERENCIAL"]
["102101","EXECUÇÃO DE PINTURA DE LIGAÇÃO COM EMULSÃO ASFÁLTICA RR-2C, PARA O FECHAMENTO DE VALAS. AF_12/2020","M2","ATRIBUÍDO SÃO PAULO","3,15","CAIXA REFERENCIAL"]
["102988","RECOMPOSIÇÃO DE PAVIMENTO EM PISO INTERTRAVADO, COM REAPROVEITAMENTO DOS BLOCOS INTERTRAVADOS, PARA FECHAMENTO DE VALAS - INCLUSO RETIRADA E COLOCAÇÃO DO MATERIAL. AF_12/2020","M2","ATRIBUÍDO SÃO PAULO","38,97","CAIXA REFERENCIAL"]
["100576","REGULARIZAÇÃO E COMPACTAÇÃO DE SUBLEITO DE SOLO  PREDOMINANTEMENTE ARGILOSO. AF_11/2019","M2","ATRIBUÍDO SÃO PAULO","1,86","CAIXA REFERENCIAL"]
["100577","REGULARIZAÇÃO E COMPACTAÇÃO DE SUBLEITO DE SOLO PREDOMINANTEMENTE ARENOSO. AF_11/2019","M2","ATRIBUÍDO SÃO PAULO","0,86","CAIXA REFERENCIAL"]
["96388","EXECUÇÃO E COMPACTAÇÃO DE BASE E OU SUB BASE PARA PAVIMENTAÇÃO DE SOLOS DE COMPORTAMENTO LATERÍTICO (ARENOSO) - EXCLUSIVE SOLO, ESCAVAÇÃO, CARGA E TRANSPORTE. AF_11/2019","M3","ATRIBUÍDO SÃO PAULO","8,75","CAIXA REFERENCIAL"]
["96389","EXECUÇÃO E COMPACTAÇÃO DE BASE E OU SUB BASE PARA PAVIMENTAÇÃO DE SOLO (PREDOMINANTEMENTE ARENOSO) COM CIMENTO (TEOR DE 2%) - EXCLUSIVE SOLO, ESCAVAÇÃO, CARGA E TRANSPORTE. AF_11/2019","M3","ATRIBUÍDO SÃO PAULO","39,81","CAIXA REFERENCIAL"]
["96390","EXECUÇÃO E COMPACTAÇÃO DE BASE E OU SUB BASE PARA PAVIMENTAÇÃO DE SOLO (PREDOMINANTEMENTE ARENOSO) COM CIMENTO (TEOR DE 4%) - EXCLUSIVE SOLO, ESCAVAÇÃO, CARGA E TRANSPORTE. AF_11/2019","M3","ATRIBUÍDO SÃO PAULO","63,39","CAIXA REFERENCIAL"]
["96391","EXECUÇÃO E COMPACTAÇÃO DE BASE E OU SUB BASE PARA PAVIMENTAÇÃO DE SOLO (PREDOMINANTEMENTE ARENOSO) COM CIMENTO (TEOR DE 6%) - EXCLUSIVE SOLO, ESCAVAÇÃO, CARGA E TRANSPORTE. AF_11/2019","M3","ATRIBUÍDO SÃO PAULO","88,56","CAIXA REFERENCIAL"]
["96392","EXECUÇÃO E COMPACTAÇÃO DE BASE E OU SUB BASE PARA PAVIMENTAÇÃO DE SOLO (PREDOMINANTEMENTE ARENOSO) COM CIMENTO (TEOR DE 8%) - EXCLUSIVE SOLO, ESCAVAÇÃO, CARGA E TRANSPORTE. AF_11/2019","M3","ATRIBUÍDO SÃO PAULO","112,67","CAIXA REFERENCIAL"]
["96396","EXECUÇÃO E COMPACTAÇÃO DE BASE E OU SUB BASE PARA PAVIMENTAÇÃO DE BRITA GRADUADA SIMPLES - EXCLUSIVE CARGA E TRANSPORTE. AF_11/2019","M3","ATRIBUÍDO SÃO PAULO","132,83","CAIXA REFERENCIAL"]
["96397","EXECUÇÃO E COMPACTAÇÃO DE BASE E OU SUB BASE PARA PAVIMENTAÇÃO DE BRITA GRADUADA SIMPLES TRATADA COM CIMENTO - EXCLUSIVE CARGA E TRANSPORTE. AF_11/2019","M3","ATRIBUÍDO SÃO PAULO","180,91","CAIXA REFERENCIAL"]
["96398","EXECUÇÃO E COMPACTAÇÃO DE BASE E OU SUB BASE PARA PAVIMENTAÇÃO DE CONCRETO COMPACTADO COM ROLO - EXCLUSIVE CARGA E TRANSPORTE. AF_11/2019","M3","ATRIBUÍDO SÃO PAULO","244,68","CAIXA REFERENCIAL"]
["96399","EXECUÇÃO E COMPACTAÇÃO DE BASE E OU SUB BASE PARA PAVIMENTAÇÃO DE PEDRA RACHÃO  - EXCLUSIVE CARGA E TRANSPORTE. AF_11/2019","M3","ATRIBUÍDO SÃO PAULO","91,90","CAIXA REFERENCIAL"]
["96400","EXECUÇÃO E COMPACTAÇÃO DE BASE E OU SUB BASE PARA PAVIMENTAÇÃO DE MACADAME SECO - EXCLUSIVE CARGA E TRANSPORTE. AF_11/2019","M3","ATRIBUÍDO SÃO PAULO","119,88","CAIXA REFERENCIAL"]
["96402","EXECUÇÃO DE PINTURA DE LIGAÇÃO COM EMULSÃO ASFÁLTICA RR-2C. AF_11/2019","M2","ATRIBUÍDO SÃO PAULO","2,43","CAIXA REFERENCIAL"]
["100564","EXECUÇÃO E COMPACTAÇÃO DE BASE E OU SUB-BASE PARA PAVIMENTAÇÃO DE SOLO (PREDOMINANTEMENTE ARENOSO) BRITA - 40/60 - EXCLUSIVE SOLO, ESCAVAÇÃO, CARGA E TRANSPORTE. AF_11/2019","M3","ATRIBUÍDO SÃO PAULO","81,13","CAIXA REFERENCIAL"]
["100565","EXECUÇÃO E COMPACTAÇÃO DE BASE E OU SUB-BASE PARA PAVIMENTAÇÃO DE SOLO (PREDOMINANTEMENTE ARENOSO) BRITA - 50/50 - EXCLUSIVE SOLO, ESCAVAÇÃO, CARGA E TRANSPORTE. AF_11/2019","M3","ATRIBUÍDO SÃO PAULO","70,53","CAIXA REFERENCIAL"]
["100566","EXECUÇÃO E COMPACTAÇÃO DE BASE E OU SUB-BASE PARA PAVIMENTAÇÃO DE SOLO (PREDOMINANTEMENTE ARENOSO) BRITA - 40/60 COM CIMENTO (TEOR DE 4%) - EXCLUSIVE SOLO, ESCAVAÇÃO, CARGA E TRANSPORTE. AF_11/2019","M3","ATRIBUÍDO SÃO PAULO","130,67","CAIXA REFERENCIAL"]
["100567","EXECUÇÃO E COMPACTAÇÃO DE BASE E OU SUB-BASE PARA PAVIMENTAÇÃO DE SOLO (PREDOMINANTEMENTE ARENOSO) BRITA - 40/60 COM CIMENTO (TEOR DE 6%) - EXCLUSIVE SOLO, ESCAVAÇÃO, CARGA E TRANSPORTE. AF_11/2019","M3","ATRIBUÍDO SÃO PAULO","153,87","CAIXA REFERENCIAL"]
["100568","EXECUÇÃO E COMPACTAÇÃO DE BASE E OU SUB-BASE PARA PAVIMENTAÇÃO DE SOLO (PREDOMINANTEMENTE ARENOSO) BRITA - 40/60 COM CIMENTO (TEOR DE 8%) - EXCLUSIVE SOLO, ESCAVAÇÃO, CARGA E TRANSPORTE. AF_11/2019","M3","ATRIBUÍDO SÃO PAULO","176,66","CAIXA REFERENCIAL"]
["100569","EXECUÇÃO E COMPACTAÇÃO DE BASE E OU SUB-BASE PARA PAVIMENTAÇÃO DE SOLO (PREDOMINANTEMENTE ARENOSO) BRITA - 50/50 COM CIMENTO (TEOR DE 4%)  - EXCLUSIVE SOLO, ESCAVAÇÃO, CARGA E TRANSPORTE. AF_11/2019","M3","ATRIBUÍDO SÃO PAULO","120,45","CAIXA REFERENCIAL"]
["100570","EXECUÇÃO E COMPACTAÇÃO DE BASE E OU SUB-BASE PARA PAVIMENTAÇÃO DE SOLO (PREDOMINANTEMENTE ARENOSO) BRITA - 50/50 COM CIMENTO (TEOR DE 6%) - EXCLUSIVE SOLO, ESCAVAÇÃO, CARGA E TRANSPORTE. AF_11/2019","M3","ATRIBUÍDO SÃO PAULO","145,54","CAIXA REFERENCIAL"]
["100571","EXECUÇÃO E COMPACTAÇÃO DE BASE E OU SUB-BASE PARA PAVIMENTAÇÃO DE SOLO (PREDOMINANTEMENTE ARENOSO) BRITA - 50/50 COM CIMENTO (TEOR DE 8%) - EXCLUSIVE SOLO, ESCAVAÇÃO, CARGA E TRANSPORTE. AF_11/2019","M3","ATRIBUÍDO SÃO PAULO","166,91","CAIXA REFERENCIAL"]
["100572","EXECUÇÃO E COMPACTAÇÃO DE BASE E OU SUB-BASE PARA PAVIMENTAÇÃO DE SOLO (PREDOMINANTEMENTE ARGILOSO) BRITA - 40/60 - EXCLUSIVE SOLO, ESCAVAÇÃO, CARGA E TRANSPORTE. AF_11/2019","M3","ATRIBUÍDO SÃO PAULO","85,27","CAIXA REFERENCIAL"]
["100573","EXECUÇÃO E COMPACTAÇÃO DE BASE E OU SUB-BASE PARA PAVIMENTAÇÃO DE SOLO (PREDOMINANTEMENTE ARGILOSO) BRITA - 50/50 - EXCLUSIVE SOLO, ESCAVAÇÃO, CARGA E TRANSPORTE. AF_11/2019","M3","ATRIBUÍDO SÃO PAULO","74,67","CAIXA REFERENCIAL"]
["100574","ESPALHAMENTO DE MATERIAL COM TRATOR DE ESTEIRAS. AF_11/2019","M3","ATRIBUÍDO SÃO PAULO","1,09","CAIXA REFERENCIAL"]
["100575","REGULARIZAÇÃO DE SUPERFÍCIES COM MOTONIVELADORA. AF_11/2019","M2","COEFICIENTE DE REPRESENTATIVIDADE","0,10","CAIXA REFERENCIAL"]
["101767","EXECUÇÃO E COMPACTAÇÃO DE BASE E OU SUB BASE PARA PAVIMENTAÇÃO DE SOLOS ESTABILIZADOS GRANULOMETRICAMENTE COM MISTURA DE SOLOS EM PISTA - EXCLUSIVE SOLO, ESCAVAÇÃO, CARGA E TRANSPORTE. AF_11/2019","M3","ATRIBUÍDO SÃO PAULO","21,41","CAIXA REFERENCIAL"]
["101768","EXECUÇÃO E COMPACTAÇÃO DE BASE E OU SUB BASE PARA PAVIMENTAÇÃO DE SOLO ESTABILIZADO GRANULOMETRICAMENTE SEM MISTURA DE SOLOS - EXCLUSIVE SOLO, ESCAVAÇÃO, CARGA E TRANSPORTE. AF_11/2019","M3","ATRIBUÍDO SÃO PAULO","32,76","CAIXA REFERENCIAL"]
["92391","EXECUÇÃO DE PAVIMENTO EM PISO INTERTRAVADO, COM BLOCO PISOGRAMA DE 35 X 25 CM, ESPESSURA 6 CM. AF_12/2015","M2","ATRIBUÍDO SÃO PAULO","51,95","CAIXA REFERENCIAL"]
["92392","EXECUÇÃO DE PAVIMENTO EM PISO INTERTRAVADO, COM BLOCO PISOGRAMA DE 35 X 25 CM, ESPESSURA 8 CM. AF_12/2015","M2","ATRIBUÍDO SÃO PAULO","109,41","CAIXA REFERENCIAL"]
["92393","EXECUÇÃO DE PAVIMENTO EM PISO INTERTRAVADO, COM BLOCO SEXTAVADO DE 25 X 25 CM, ESPESSURA 6 CM. AF_12/2015","M2","ATRIBUÍDO SÃO PAULO","51,76","CAIXA REFERENCIAL"]
["92394","EXECUÇÃO DE PAVIMENTO EM PISO INTERTRAVADO, COM BLOCO SEXTAVADO DE 25 X 25 CM, ESPESSURA 8 CM. AF_12/2015","M2","ATRIBUÍDO SÃO PAULO","65,29","CAIXA REFERENCIAL"]
["92395","EXECUÇÃO DE PAVIMENTO EM PISO INTERTRAVADO, COM BLOCO SEXTAVADO DE 25 X 25 CM, ESPESSURA 10 CM. AF_12/2015","M2","ATRIBUÍDO SÃO PAULO","79,74","CAIXA REFERENCIAL"]
["92396","EXECUÇÃO DE PASSEIO EM PISO INTERTRAVADO, COM BLOCO RETANGULAR COR NATURAL DE 20 X 10 CM, ESPESSURA 6 CM. AF_12/2015","M2","ATRIBUÍDO SÃO PAULO","63,35","CAIXA REFERENCIAL"]
["92397","EXECUÇÃO DE PÁTIO/ESTACIONAMENTO EM PISO INTERTRAVADO, COM BLOCO RETANGULAR COR NATURAL DE 20 X 10 CM, ESPESSURA 6 CM. AF_12/2015","M2","ATRIBUÍDO SÃO PAULO","51,83","CAIXA REFERENCIAL"]
["92398","EXECUÇÃO DE PÁTIO/ESTACIONAMENTO EM PISO INTERTRAVADO, COM BLOCO RETANGULAR COR NATURAL DE 20 X 10 CM, ESPESSURA 8 CM. AF_12/2015","M2","ATRIBUÍDO SÃO PAULO","66,68","CAIXA REFERENCIAL"]
["92399","EXECUÇÃO DE VIA EM PISO INTERTRAVADO, COM BLOCO RETANGULAR COR NATURAL DE 20 X 10 CM, ESPESSURA 8 CM. AF_12/2015","M2","ATRIBUÍDO SÃO PAULO","68,07","CAIXA REFERENCIAL"]
["92400","EXECUÇÃO DE PÁTIO/ESTACIONAMENTO EM PISO INTERTRAVADO, COM BLOCO RETANGULAR DE 20 X 10 CM, ESPESSURA 10 CM. AF_12/2015","M2","ATRIBUÍDO SÃO PAULO","79,93","CAIXA REFERENCIAL"]
["92401","EXECUÇÃO DE VIA EM PISO INTERTRAVADO, COM BLOCO RETANGULAR DE 20 X 10 CM, ESPESSURA 10 CM. AF_12/2015","M2","ATRIBUÍDO SÃO PAULO","81,42","CAIXA REFERENCIAL"]
["92402","EXECUÇÃO DE PASSEIO EM PISO INTERTRAVADO, COM BLOCO 16 FACES DE 22 X 11 CM, ESPESSURA 6 CM. AF_12/2015","M2","ATRIBUÍDO SÃO PAULO","64,89","CAIXA REFERENCIAL"]
["92403","EXECUÇÃO DE PÁTIO/ESTACIONAMENTO EM PISO INTERTRAVADO, COM BLOCO 16 FACES DE 22 X 11 CM, ESPESSURA 6 CM. AF_12/2015","M2","ATRIBUÍDO SÃO PAULO","53,25","CAIXA REFERENCIAL"]
["92404","EXECUÇÃO DE PÁTIO/ESTACIONAMENTO EM PISO INTERTRAVADO, COM BLOCO 16 FACES DE 22 X 11 CM, ESPESSURA 8 CM. AF_12/2015","M2","ATRIBUÍDO SÃO PAULO","68,13","CAIXA REFERENCIAL"]
["92405","EXECUÇÃO DE VIA EM PISO INTERTRAVADO, COM BLOCO 16 FACES DE 22 X 11 CM, ESPESSURA 8 CM. AF_12/2015","M2","ATRIBUÍDO SÃO PAULO","69,49","CAIXA REFERENCIAL"]
["92406","EXECUÇÃO DE PÁTIO/ESTACIONAMENTO EM PISO INTERTRAVADO, COM BLOCO 16 FACES DE 22 X 11 CM, ESPESSURA 10 CM. AF_12/2015","M2","ATRIBUÍDO SÃO PAULO","81,40","CAIXA REFERENCIAL"]
["92407","EXECUÇÃO DE VIA EM PISO INTERTRAVADO, COM BLOCO 16 FACES DE 22 X 11 CM, ESPESSURA 10 CM. AF_12/2015","M2","ATRIBUÍDO SÃO PAULO","82,84","CAIXA REFERENCIAL"]
["93679","EXECUÇÃO DE PASSEIO EM PISO INTERTRAVADO, COM BLOCO RETANGULAR COLORIDO DE 20 X 10 CM, ESPESSURA 6 CM. AF_12/2015","M2","ATRIBUÍDO SÃO PAULO","70,47","CAIXA REFERENCIAL"]
["93680","EXECUÇÃO DE PÁTIO/ESTACIONAMENTO EM PISO INTERTRAVADO, COM BLOCO RETANGULAR COLORIDO DE 20 X 10 CM, ESPESSURA 6 CM. AF_12/2015","M2","ATRIBUÍDO SÃO PAULO","58,64","CAIXA REFERENCIAL"]
["93681","EXECUÇÃO DE PÁTIO/ESTACIONAMENTO EM PISO INTERTRAVADO, COM BLOCO RETANGULAR COLORIDO DE 20 X 10 CM, ESPESSURA 8 CM. AF_12/2015","M2","ATRIBUÍDO SÃO PAULO","72,13","CAIXA REFERENCIAL"]
["93682","EXECUÇÃO DE VIA EM PISO INTERTRAVADO, COM BLOCO RETANGULAR COLORIDO DE 20 X 10 CM, ESPESSURA 8 CM. AF_12/2015","M2","ATRIBUÍDO SÃO PAULO","73,57","CAIXA REFERENCIAL"]
["97104","EXECUÇÃO DE PAVIMENTO DE CONCRETO SIMPLES (PCS), FCK = 40 MPA, CAMADA COM ESPESSURA DE 15,0 CM. AF_11/2017","M2","ATRIBUÍDO SÃO PAULO","98,70","CAIXA REFERENCIAL"]
["97105","EXECUÇÃO DE PAVIMENTO DE CONCRETO SIMPLES (PCS), FCK = 40 MPA, CAMADA COM ESPESSURA DE 17,5 CM. AF_11/2017","M2","ATRIBUÍDO SÃO PAULO","116,69","CAIXA REFERENCIAL"]
["97106","EXECUÇÃO DE PAVIMENTO DE CONCRETO SIMPLES (PCS), FCK = 40 MPA, CAMADA COM ESPESSURA DE 20,0 CM. AF_11/2017","M2","ATRIBUÍDO SÃO PAULO","126,76","CAIXA REFERENCIAL"]
["97107","EXECUÇÃO DE PAVIMENTO DE CONCRETO SIMPLES (PCS), FCK = 40 MPA, CAMADA COM ESPESSURA DE 22,5 CM. AF_11/2017","M2","ATRIBUÍDO SÃO PAULO","136,80","CAIXA REFERENCIAL"]
["97108","EXECUÇÃO DE PAVIMENTO DE CONCRETO SIMPLES (PCS), FCK = 40 MPA, CAMADA COM ESPESSURA DE 25,0 CM. AF_11/2017","M2","ATRIBUÍDO SÃO PAULO","162,72","CAIXA REFERENCIAL"]
["97109","EXECUÇÃO DE PAVIMENTO DE CONCRETO SIMPLES (PCS), FCK = 40 MPA, CAMADA COM ESPESSURA DE 27,5 CM. AF_11/2017","M2","ATRIBUÍDO SÃO PAULO","172,73","CAIXA REFERENCIAL"]
["97110","EXECUÇÃO DE PAVIMENTO DE CONCRETO ARMADO (PCA), FCK = 40 MPA, CAMADA COM ESPESSURA DE 12,5 CM. AF_11/2017","M2","ATRIBUÍDO SÃO PAULO","189,53","CAIXA REFERENCIAL"]
["97111","EXECUÇÃO DE PAVIMENTO DE CONCRETO ARMADO (PCA), FCK = 40 MPA, CAMADA COM ESPESSURA DE 15,0 CM. AF_11/2017","M2","ATRIBUÍDO SÃO PAULO","216,14","CAIXA REFERENCIAL"]
["97112","EXECUÇÃO DE PAVIMENTO DE CONCRETO ARMADO (PCA), FCK = 40 MPA, CAMADA COM ESPESSURA DE 17,5 CM. AF_11/2017","M2","ATRIBUÍDO SÃO PAULO","225,02","CAIXA REFERENCIAL"]
["97113","APLICAÇÃO DE LONA PLÁSTICA PARA EXECUÇÃO DE PAVIMENTOS DE CONCRETO. AF_11/2017","M2","COEFICIENTE DE REPRESENTATIVIDADE","1,73","CAIXA REFERENCIAL"]
["97114","EXECUÇÃO DE JUNTAS DE CONTRAÇÃO PARA PAVIMENTOS DE CONCRETO. AF_11/2017","M","COEFICIENTE DE REPRESENTATIVIDADE","0,43","CAIXA REFERENCIAL"]
["97115","APLICAÇÃO DE GRAXA EM BARRAS DE TRANSFERÊNCIA PARA EXECUÇÃO DE PAVIMENTO DE CONCRETO. AF_11/2017","KG","COEFICIENTE DE REPRESENTATIVIDADE","49,52","CAIXA REFERENCIAL"]
["97116","BARRAS DE TRANSFERÊNCIA, AÇO CA-25 DE 16,0 MM, PARA EXECUÇÃO DE PAVIMENTO DE CONCRETO \u0096 FORNECIMENTO E INSTALAÇÃO. AF_11/2017","KG","COEFICIENTE DE REPRESENTATIVIDADE","22,43","CAIXA REFERENCIAL"]
["97117","BARRAS DE TRANSFERÊNCIA, AÇO CA-25 DE 20,0 MM, PARA EXECUÇÃO DE PAVIMENTO DE CONCRETO \u0096 FORNECIMENTO E INSTALAÇÃO. AF_11/2017","KG","COEFICIENTE DE REPRESENTATIVIDADE","22,19","CAIXA REFERENCIAL"]
["97118","BARRAS DE TRANSFERÊNCIA, AÇO CA-25 DE 25,0 MM, PARA EXECUÇÃO DE PAVIMENTO DE CONCRETO \u0096 FORNECIMENTO E INSTALAÇÃO. AF_11/2017","KG","COEFICIENTE DE REPRESENTATIVIDADE","19,75","CAIXA REFERENCIAL"]
["97119","BARRAS DE TRANSFERÊNCIA, AÇO CA-25 DE 32,0 MM, PARA EXECUÇÃO DE PAVIMENTO DE CONCRETO \u0096 FORNECIMENTO E INSTALAÇÃO. AF_11/2017","KG","COEFICIENTE DE REPRESENTATIVIDADE","19,11","CAIXA REFERENCIAL"]
["97120","BARRAS DE LIGAÇÃO, AÇO CA-50 DE 10 MM, PARA EXECUÇÃO DE PAVIMENTO DE CONCRETO \u0096 FORNECIMENTO E INSTALAÇÃO. AF_11/2017","KG","COEFICIENTE DE REPRESENTATIVIDADE","13,90","CAIXA REFERENCIAL"]
["97802","PAVIMENTO COM TRATAMENTO SUPERFICIAL SIMPLES, COM EMULSÃO ASFÁLTICA RR-2C. AF_01/2020","M2","ATRIBUÍDO SÃO PAULO","6,34","CAIXA REFERENCIAL"]
["97803","PAVIMENTO COM TRATAMENTO SUPERFICIAL SIMPLES, COM EMULSÃO ASFÁLTICA RR-2C, COM BANHO DILUÍDO. AF_01/2020","M2","ATRIBUÍDO SÃO PAULO","9,58","CAIXA REFERENCIAL"]
["97805","PAVIMENTO COM TRATAMENTO SUPERFICIAL DUPLO, COM EMULSÃO ASFÁLTICA RR-2C. AF_01/2020","M2","ATRIBUÍDO SÃO PAULO","16,00","CAIXA REFERENCIAL"]
["97806","PAVIMENTO COM TRATAMENTO SUPERFICIAL DUPLO, COM EMULSÃO ASFÁLTICA RR-2C, COM BANHO DILUÍDO. AF_01/2020","M2","ATRIBUÍDO SÃO PAULO","19,20","CAIXA REFERENCIAL"]
["97807","PAVIMENTO COM TRATAMENTO SUPERFICIAL DUPLO, COM EMULSÃO ASFÁLTICA RR-2C, COM CAPA SELANTE. AF_01/2020","M2","ATRIBUÍDO SÃO PAULO","21,70","CAIXA REFERENCIAL"]
["97809","PAVIMENTO COM TRATAMENTO SUPERFICIAL TRIPLO, COM EMULSÃO ASFÁLTICA RR-2C. AF_01/2020","M2","ATRIBUÍDO SÃO PAULO","17,72","CAIXA REFERENCIAL"]
["97810","PAVIMENTO COM TRATAMENTO SUPERFICIAL TRIPLO, COM EMULSÃO ASFÁLTICA RR-2C, COM BANHO DILUÍDO. AF_01/2020","M2","ATRIBUÍDO SÃO PAULO","19,20","CAIXA REFERENCIAL"]
["97811","PAVIMENTO COM TRATAMENTO SUPERFICIAL TRIPLO, COM EMULSÃO ASFÁLTICA RR-2C, COM CAPA SELANTE. AF_01/2020","M2","ATRIBUÍDO SÃO PAULO","21,77","CAIXA REFERENCIAL"]
["101167","EXECUÇÃO DE PAVIMENTO EM PARALELEPÍPEDOS, REJUNTAMENTO COM PÓ DE PEDRA. AF_05/2020","M2","ATRIBUÍDO SÃO PAULO","120,60","CAIXA REFERENCIAL"]
["101168","EXECUÇÃO DE PAVIMENTO EM PARALELEPÍPEDOS, REJUNTAMENTO COM PEDRISCO E EMULSÃO ASFÁLTICA. AF_05/2020_P","M2","ATRIBUÍDO SÃO PAULO","159,68","CAIXA REFERENCIAL"]
["101169","EXECUÇÃO DE PAVIMENTO EM PARALELEPÍPEDOS, REJUNTAMENTO COM ARGAMASSA TRAÇO 1:3 (CIMENTO E AREIA). AF_05/2020","M2","ATRIBUÍDO SÃO PAULO","130,65","CAIXA REFERENCIAL"]
["101170","EXECUÇÃO DE PAVIMENTO EM PEDRAS POLIÉDRICAS, REJUNTAMENTO COM PÓ DE PEDRA. AF_05/2020","M2","ATRIBUÍDO SÃO PAULO","30,31","CAIXA REFERENCIAL"]
["101171","EXECUÇÃO DE PAVIMENTO EM PEDRAS POLIÉDRICAS, REJUNTAMENTO COM PEDRISCO E EMULSÃO ASFÁLTICA. AF_05/2020_P","M2","ATRIBUÍDO SÃO PAULO","82,26","CAIXA REFERENCIAL"]
["101172","EXECUÇÃO DE PAVIMENTO EM PEDRAS POLIÉDRICAS, REJUNTAMENTO COM ARGAMASSA TRAÇO 1:3 (CIMENTO E AREIA). AF_05/2020","M2","ATRIBUÍDO SÃO PAULO","47,79","CAIXA REFERENCIAL"]
["95995","EXECUÇÃO DE PAVIMENTO COM APLICAÇÃO DE CONCRETO ASFÁLTICO, CAMADA DE ROLAMENTO - EXCLUSIVE CARGA E TRANSPORTE. AF_11/2019","M3","ATRIBUÍDO SÃO PAULO","1.478,88","CAIXA REFERENCIAL"]
["95996","EXECUÇÃO DE PAVIMENTO COM APLICAÇÃO DE CONCRETO ASFÁLTICO, CAMADA DE BINDER - EXCLUSIVE CARGA E TRANSPORTE. AF_11/2019","M3","ATRIBUÍDO SÃO PAULO","1.408,83","CAIXA REFERENCIAL"]
["96001","FRESAGEM DE PAVIMENTO ASFÁLTICO (PROFUNDIDADE ATÉ 5,0 CM) - EXCLUSIVE TRANSPORTE. AF_11/2019","M2","ATRIBUÍDO SÃO PAULO","6,71","CAIXA REFERENCIAL"]
["96393","USINAGEM DE BRITA GRADUADA SIMPLES. AF_03/2020","M3","ATRIBUÍDO SÃO PAULO","123,09","CAIXA REFERENCIAL"]
["96394","USINAGEM DE BRITA GRADUADA TRATADA COM CIMENTO. AF_03/2020","M3","ATRIBUÍDO SÃO PAULO","169,86","CAIXA REFERENCIAL"]
["96395","USINAGEM DE CONCRETO PARA COMPACTAÇÃO COM ROLO. AF_03/2020","M3","ATRIBUÍDO SÃO PAULO","234,94","CAIXA REFERENCIAL"]
["100624","EXECUÇÃO DE PAVIMENTO COM APLICAÇÃO DE PRÉ-MISTURADO A FRIO, CAMADA DE ROLAMENTO - EXCLUSIVE CARGA E TRANSPORTE. AF_11/2019","M3","ATRIBUÍDO SÃO PAULO","918,07","CAIXA REFERENCIAL"]
["100625","EXECUÇÃO DE PAVIMENTO COM APLICAÇÃO DE PRÉ-MISTURADO A FRIO, CAMADA DE BINDER - EXCLUSIVE CARGA E TRANSPORTE. AF_11/2019","M3","ATRIBUÍDO SÃO PAULO","875,46","CAIXA REFERENCIAL"]
["101020","USINAGEM DE CONCRETO ASFÁLTICO COM CAP 50/70, PARA CAMADA DE BINDER, PADRÃO DNIT FAIXA B, EM USINA DE ASFALTO CONTÍNUA DE 80 TON/H. AF_03/2020","T","ATRIBUÍDO SÃO PAULO","423,02","CAIXA REFERENCIAL"]
["101021","USINAGEM DE CONCRETO ASFÁLTICO COM CAP 50/70, PARA CAMADA DE ROLAMENTO, PADRÃO DNIT FAIXA C, EM USINA DE ASFALTO CONTÍNUA DE 80 TON/H. AF_03/2020","T","ATRIBUÍDO SÃO PAULO","456,13","CAIXA REFERENCIAL"]
["101022","USINAGEM DE CONCRETO ASFÁLTICO COM CAP 50/70, PARA CAMADA DE BINDER, PADRÃO DNIT FAIXA B, EM USINA DE ASFALTO CONTÍNUA DE 140 TON/H. AF_03/2020_P","T","ATRIBUÍDO SÃO PAULO","377,36","CAIXA REFERENCIAL"]
["101023","USINAGEM DE CONCRETO ASFÁLTICO COM CAP 50/70, PARA CAMADA DE ROLAMENTO, PADRÃO DNIT FAIXA C, EM USINA DE ASFALTO CONTÍNUA DE 140 TON/H. AF_03/2020_P","T","ATRIBUÍDO SÃO PAULO","410,48","CAIXA REFERENCIAL"]
["101024","USINAGEM DE CONCRETO ASFÁLTICO COM CAP 50/70, PARA CAMADA DE BINDER, PADRÃO DNIT FAIXA B, EM USINA DE ASFALTO GRAVIMÉTRICA DE 150 TON/H. AF_03/2020_P","T","ATRIBUÍDO SÃO PAULO","383,07","CAIXA REFERENCIAL"]
["101025","USINAGEM DE CONCRETO ASFÁLTICO COM CAP 50/70 PARA CAMADA DE ROLAMENTO, PADRÃO DNIT FAIXA C, EM USINA DE ASFALTO GRAVIMÉTRICA DE 150 TON/H. AF_03/2020_P","T","ATRIBUÍDO SÃO PAULO","416,18","CAIXA REFERENCIAL"]
["101026","USINAGEM DE PRÉ MISTURADO A FRIO, PARA CAMADA DE BINDER, PADRÃO DNIT FAIXA B. AF_03/2020_P","T","ATRIBUÍDO SÃO PAULO","339,54","CAIXA REFERENCIAL"]
["101027","USINAGEM DE PRÉ MISTURADO A FRIO, PARA CAMADA DE ROLAMENTO, PADRÃO DNIT FAIXA C. AF_03/2020_P","T","ATRIBUÍDO SÃO PAULO","350,25","CAIXA REFERENCIAL"]
["88411","APLICAÇÃO MANUAL DE FUNDO SELADOR ACRÍLICO EM PANOS COM PRESENÇA DE VÃOS DE EDIFÍCIOS DE MÚLTIPLOS PAVIMENTOS. AF_06/2014","M2","COLETADO","2,85","CAIXA REFERENCIAL"]
["88412","APLICAÇÃO MANUAL DE FUNDO SELADOR ACRÍLICO EM PANOS CEGOS DE FACHADA (SEM PRESENÇA DE VÃOS) DE EDIFÍCIOS DE MÚLTIPLOS PAVIMENTOS. AF_06/2014","M2","COLETADO","2,26","CAIXA REFERENCIAL"]
["88413","APLICAÇÃO MANUAL DE FUNDO SELADOR ACRÍLICO EM SUPERFÍCIES EXTERNAS DE SACADA DE EDIFÍCIOS DE MÚLTIPLOS PAVIMENTOS. AF_06/2014","M2","COLETADO","4,06","CAIXA REFERENCIAL"]
["88414","APLICAÇÃO MANUAL DE FUNDO SELADOR ACRÍLICO EM SUPERFÍCIES INTERNAS DA SACADA DE EDIFÍCIOS DE MÚLTIPLOS PAVIMENTOS. AF_06/2014","M2","COLETADO","4,43","CAIXA REFERENCIAL"]
["88415","APLICAÇÃO MANUAL DE FUNDO SELADOR ACRÍLICO EM PAREDES EXTERNAS DE CASAS. AF_06/2014","M2","COLETADO","3,04","CAIXA REFERENCIAL"]
["88416","APLICAÇÃO MANUAL DE PINTURA COM TINTA TEXTURIZADA ACRÍLICA EM PANOS COM PRESENÇA DE VÃOS DE EDIFÍCIOS DE MÚLTIPLOS PAVIMENTOS, UMA COR. AF_06/2014","M2","COEFICIENTE DE REPRESENTATIVIDADE","18,21","CAIXA REFERENCIAL"]
["88417","APLICAÇÃO MANUAL DE PINTURA COM TINTA TEXTURIZADA ACRÍLICA EM PANOS CEGOS DE FACHADA (SEM PRESENÇA DE VÃOS) DE EDIFÍCIOS DE MÚLTIPLOS PAVIMENTOS, UMA COR. AF_06/2014","M2","COEFICIENTE DE REPRESENTATIVIDADE","16,10","CAIXA REFERENCIAL"]
["88420","APLICAÇÃO MANUAL DE PINTURA COM TINTA TEXTURIZADA ACRÍLICA EM SUPERFÍCIES EXTERNAS DE SACADA DE EDIFÍCIOS DE MÚLTIPLOS PAVIMENTOS, UMA COR. AF_06/2014","M2","COEFICIENTE DE REPRESENTATIVIDADE","22,50","CAIXA REFERENCIAL"]
["88421","APLICAÇÃO MANUAL DE PINTURA COM TINTA TEXTURIZADA ACRÍLICA EM SUPERFÍCIES INTERNAS DA SACADA DE EDIFÍCIOS DE MÚLTIPLOS PAVIMENTOS, UMA COR. AF_06/2014","M2","COEFICIENTE DE REPRESENTATIVIDADE","23,84","CAIXA REFERENCIAL"]
["88423","APLICAÇÃO MANUAL DE PINTURA COM TINTA TEXTURIZADA ACRÍLICA EM PAREDES EXTERNAS DE CASAS, UMA COR. AF_06/2014","M2","COEFICIENTE DE REPRESENTATIVIDADE","18,87","CAIXA REFERENCIAL"]
["88424","APLICAÇÃO MANUAL DE PINTURA COM TINTA TEXTURIZADA ACRÍLICA EM PANOS COM PRESENÇA DE VÃOS DE EDIFÍCIOS DE MÚLTIPLOS PAVIMENTOS, DUAS CORES. AF_06/2014","M2","COEFICIENTE DE REPRESENTATIVIDADE","21,12","CAIXA REFERENCIAL"]
["88426","APLICAÇÃO MANUAL DE PINTURA COM TINTA TEXTURIZADA ACRÍLICA EM PANOS CEGOS DE FACHADA (SEM PRESENÇA DE VÃOS) DE EDIFÍCIOS DE MÚLTIPLOS PAVIMENTOS, DUAS CORES. AF_06/2014","M2","COEFICIENTE DE REPRESENTATIVIDADE","17,46","CAIXA REFERENCIAL"]
["88428","APLICAÇÃO MANUAL DE PINTURA COM TINTA TEXTURIZADA ACRÍLICA EM SUPERFÍCIES EXTERNAS DE SACADA DE EDIFÍCIOS DE MÚLTIPLOS PAVIMENTOS, DUAS CORES. AF_06/2014","M2","COEFICIENTE DE REPRESENTATIVIDADE","28,48","CAIXA REFERENCIAL"]
["88429","APLICAÇÃO MANUAL DE PINTURA COM TINTA TEXTURIZADA ACRÍLICA EM SUPERFÍCIES INTERNAS DA SACADA DE EDIFÍCIOS DE MÚLTIPLOS PAVIMENTOS, DUAS CORES. AF_06/2014","M2","COEFICIENTE DE REPRESENTATIVIDADE","30,84","CAIXA REFERENCIAL"]
["88431","APLICAÇÃO MANUAL DE PINTURA COM TINTA TEXTURIZADA ACRÍLICA EM PAREDES EXTERNAS DE CASAS, DUAS CORES. AF_06/2014","M2","COEFICIENTE DE REPRESENTATIVIDADE","22,28","CAIXA REFERENCIAL"]
["88432","APLICAÇÃO MANUAL DE PINTURA COM TINTA TEXTURIZADA ACRÍLICA EM MOLDURAS DE EPS, PRÉ-FABRICADOS, OU OUTROS. AF_06/2014","M2","COEFICIENTE DE REPRESENTATIVIDADE","15,70","CAIXA REFERENCIAL"]
["88484","APLICAÇÃO DE FUNDO SELADOR ACRÍLICO EM TETO, UMA DEMÃO. AF_06/2014","M2","COLETADO","3,05","CAIXA REFERENCIAL"]
["88485","APLICAÇÃO DE FUNDO SELADOR ACRÍLICO EM PAREDES, UMA DEMÃO. AF_06/2014","M2","COLETADO","2,70","CAIXA REFERENCIAL"]
["88488","APLICAÇÃO MANUAL DE PINTURA COM TINTA LÁTEX ACRÍLICA EM TETO, DUAS DEMÃOS. AF_06/2014","M2","COEFICIENTE DE REPRESENTATIVIDADE","14,80","CAIXA REFERENCIAL"]
["88489","APLICAÇÃO MANUAL DE PINTURA COM TINTA LÁTEX ACRÍLICA EM PAREDES, DUAS DEMÃOS. AF_06/2014","M2","COEFICIENTE DE REPRESENTATIVIDADE","13,18","CAIXA REFERENCIAL"]
["88494","APLICAÇÃO E LIXAMENTO DE MASSA LÁTEX EM TETO, UMA DEMÃO. AF_06/2014","M2","COEFICIENTE DE REPRESENTATIVIDADE","17,86","CAIXA REFERENCIAL"]
["88495","APLICAÇÃO E LIXAMENTO DE MASSA LÁTEX EM PAREDES, UMA DEMÃO. AF_06/2014","M2","COEFICIENTE DE REPRESENTATIVIDADE","10,15","CAIXA REFERENCIAL"]
["88496","APLICAÇÃO E LIXAMENTO DE MASSA LÁTEX EM TETO, DUAS DEMÃOS. AF_06/2014","M2","COEFICIENTE DE REPRESENTATIVIDADE","24,40","CAIXA REFERENCIAL"]
["88497","APLICAÇÃO E LIXAMENTO DE MASSA LÁTEX EM PAREDES, DUAS DEMÃOS. AF_06/2014","M2","COEFICIENTE DE REPRESENTATIVIDADE","14,10","CAIXA REFERENCIAL"]
["95305","TEXTURA ACRÍLICA, APLICAÇÃO MANUAL EM PAREDE, UMA DEMÃO. AF_09/2016","M2","COEFICIENTE DE REPRESENTATIVIDADE","13,71","CAIXA REFERENCIAL"]
["95306","TEXTURA ACRÍLICA, APLICAÇÃO MANUAL EM TETO, UMA DEMÃO. AF_09/2016","M2","COEFICIENTE DE REPRESENTATIVIDADE","15,75","CAIXA REFERENCIAL"]
["95622","APLICAÇÃO MANUAL DE TINTA LÁTEX ACRÍLICA EM PANOS COM PRESENÇA DE VÃOS DE EDIFÍCIOS DE MÚLTIPLOS PAVIMENTOS, DUAS DEMÃOS. AF_11/2016","M2","COEFICIENTE DE REPRESENTATIVIDADE","13,00","CAIXA REFERENCIAL"]
["95623","APLICAÇÃO MANUAL DE TINTA LÁTEX ACRÍLICA EM PANOS SEM PRESENÇA DE VÃOS DE EDIFÍCIOS DE MÚLTIPLOS PAVIMENTOS, DUAS DEMÃOS. AF_11/2016","M2","COEFICIENTE DE REPRESENTATIVIDADE","10,11","CAIXA REFERENCIAL"]
["95624","APLICAÇÃO MANUAL DE TINTA LÁTEX ACRÍLICA EM SUPERFÍCIES EXTERNAS DE SACADA DE EDIFÍCIOS DE MÚLTIPLOS PAVIMENTOS, DUAS DEMÃOS. AF_11/2016","M2","COEFICIENTE DE REPRESENTATIVIDADE","18,88","CAIXA REFERENCIAL"]
["95625","APLICAÇÃO MANUAL DE TINTA LÁTEX ACRÍLICA EM SUPERFÍCIES INTERNAS DE SACADA DE EDIFÍCIOS DE MÚLTIPLOS PAVIMENTOS, DUAS DEMÃOS. AF_11/2016","M2","COEFICIENTE DE REPRESENTATIVIDADE","20,74","CAIXA REFERENCIAL"]
["95626","APLICAÇÃO MANUAL DE TINTA LÁTEX ACRÍLICA EM PAREDE EXTERNAS DE CASAS, DUAS DEMÃOS. AF_11/2016","M2","COEFICIENTE DE REPRESENTATIVIDADE","13,94","CAIXA REFERENCIAL"]
["96126","APLICAÇÃO MANUAL DE MASSA ACRÍLICA EM PANOS DE FACHADA COM PRESENÇA DE VÃOS, DE EDIFÍCIOS DE MÚLTIPLOS PAVIMENTOS, UMA DEMÃO. AF_05/2017","M2","COEFICIENTE DE REPRESENTATIVIDADE","17,23","CAIXA REFERENCIAL"]
["96127","APLICAÇÃO MANUAL DE MASSA ACRÍLICA EM PANOS DE FACHADA SEM PRESENÇA DE VÃOS, DE EDIFÍCIOS DE MÚLTIPLOS PAVIMENTOS, UMA DEMÃO. AF_05/2017","M2","COEFICIENTE DE REPRESENTATIVIDADE","13,62","CAIXA REFERENCIAL"]
["96128","APLICAÇÃO MANUAL DE MASSA ACRÍLICA EM SUPERFÍCIES EXTERNAS DE SACADA DE EDIFÍCIOS DE MÚLTIPLOS PAVIMENTOS, UMA DEMÃO. AF_05/2017","M2","COEFICIENTE DE REPRESENTATIVIDADE","24,55","CAIXA REFERENCIAL"]
["96129","APLICAÇÃO MANUAL DE MASSA ACRÍLICA EM SUPERFÍCIES INTERNAS DE SACADA DE EDIFÍCIOS DE MÚLTIPLOS PAVIMENTOS, UMA DEMÃO. AF_05/2017","M2","COEFICIENTE DE REPRESENTATIVIDADE","26,88","CAIXA REFERENCIAL"]
["96130","APLICAÇÃO MANUAL DE MASSA ACRÍLICA EM PAREDES EXTERNAS DE CASAS, UMA DEMÃO. AF_05/2017","M2","COEFICIENTE DE REPRESENTATIVIDADE","18,37","CAIXA REFERENCIAL"]
["96131","APLICAÇÃO MANUAL DE MASSA ACRÍLICA EM PANOS DE FACHADA COM PRESENÇA DE VÃOS, DE EDIFÍCIOS DE MÚLTIPLOS PAVIMENTOS, DUAS DEMÃOS. AF_05/2017","M2","COEFICIENTE DE REPRESENTATIVIDADE","24,03","CAIXA REFERENCIAL"]
["96132","APLICAÇÃO MANUAL DE MASSA ACRÍLICA EM PANOS DE FACHADA SEM PRESENÇA DE VÃOS, DE EDIFÍCIOS DE MÚLTIPLOS PAVIMENTOS, DUAS DEMÃOS. AF_05/2017","M2","COEFICIENTE DE REPRESENTATIVIDADE","19,21","CAIXA REFERENCIAL"]
["96133","APLICAÇÃO MANUAL DE MASSA ACRÍLICA EM SUPERFÍCIES EXTERNAS DE SACADA DE EDIFÍCIOS DE MÚLTIPLOS PAVIMENTOS, DUAS DEMÃOS. AF_05/2017","M2","COEFICIENTE DE REPRESENTATIVIDADE","33,76","CAIXA REFERENCIAL"]
["96134","APLICAÇÃO MANUAL DE MASSA ACRÍLICA EM SUPERFÍCIES INTERNAS DE SACADA DE EDIFÍCIOS DE MÚLTIPLOS PAVIMENTOS, DUAS DEMÃOS. AF_05/2017","M2","COEFICIENTE DE REPRESENTATIVIDADE","36,87","CAIXA REFERENCIAL"]
["96135","APLICAÇÃO MANUAL DE MASSA ACRÍLICA EM PAREDES EXTERNAS DE CASAS, DUAS DEMÃOS. AF_05/2017","M2","COEFICIENTE DE REPRESENTATIVIDADE","25,56","CAIXA REFERENCIAL"]
["102193","LIXAMENTO DE MADEIRA PARA APLICAÇÃO DE FUNDO OU PINTURA. AF_01/2021","M2","COEFICIENTE DE REPRESENTATIVIDADE","1,59","CAIXA REFERENCIAL"]
["102194","LIXAMENTO DE MASSA PARA MADEIRA. AF_01/2021","M2","COEFICIENTE DE REPRESENTATIVIDADE","6,39","CAIXA REFERENCIAL"]
["102197","PINTURA FUNDO NIVELADOR ALQUÍDICO BRANCO EM MADEIRA. AF_01/2021","M2","COEFICIENTE DE REPRESENTATIVIDADE","21,41","CAIXA REFERENCIAL"]
["102200","APLICAÇÃO MASSA ALQUÍDICA PARA MADEIRA, PARA PINTURA COM TINTA DE ACABAMENTO (PIGMENTADA). AF_01/2021","M2","COEFICIENTE DE REPRESENTATIVIDADE","17,14","CAIXA REFERENCIAL"]
["102202","APLICAÇÃO MASSA EPÓXI PARA MADEIRA, PARA PINTURA COM TINTA PU DE ACABAMENTO (PIGMENTADA). AF_01/2021","M2","COEFICIENTE DE REPRESENTATIVIDADE","44,91","CAIXA REFERENCIAL"]
["102203","PINTURA VERNIZ (INCOLOR) ALQUÍDICO EM MADEIRA, USO INTERNO E EXTERNO, 1 DEMÃO. AF_01/2021","M2","COEFICIENTE DE REPRESENTATIVIDADE","8,36","CAIXA REFERENCIAL"]
["102204","PINTURA VERNIZ (INCOLOR) ALQUÍDICO EM MADEIRA, USO INTERNO, 1 DEMÃO. AF_01/2021","M2","COEFICIENTE DE REPRESENTATIVIDADE","8,47","CAIXA REFERENCIAL"]
["102205","PINTURA VERNIZ (INCOLOR) POLIURETÂNICO (RESINA ALQUÍDICA MODIFICADA) EM MADEIRA, 1 DEMÃO. AF_01/2021","M2","COEFICIENTE DE REPRESENTATIVIDADE","7,61","CAIXA REFERENCIAL"]
["102207","PINTURA TINTA DE ACABAMENTO (PIGMENTADA) A ÓLEO EM MADEIRA, 1 DEMÃO. AF_01/2021","M2","COEFICIENTE DE REPRESENTATIVIDADE","6,86","CAIXA REFERENCIAL"]
["102208","PINTURA TINTA DE ACABAMENTO (PIGMENTADA) ESMALTE SINTÉTICO FOSCO EM MADEIRA, 1 DEMÃO. AF_01/2021","M2","COEFICIENTE DE REPRESENTATIVIDADE","6,54","CAIXA REFERENCIAL"]
["102209","PINTURA TINTA DE ACABAMENTO (PIGMENTADA) ESMALTE SINTÉTICO ACETINADO EM MADEIRA, 1 DEMÃO. AF_01/2021","M2","COEFICIENTE DE REPRESENTATIVIDADE","6,75","CAIXA REFERENCIAL"]
["102210","PINTURA TINTA DE ACABAMENTO (PIGMENTADA) ESMALTE SINTÉTICO BRILHANTE EM MADEIRA, 1 DEMÃO. AF_01/2021","M2","COLETADO","6,43","CAIXA REFERENCIAL"]
["102213","PINTURA VERNIZ (INCOLOR) ALQUÍDICO EM MADEIRA, USO INTERNO E EXTERNO, 2 DEMÃOS. AF_01/2021","M2","COEFICIENTE DE REPRESENTATIVIDADE","16,75","CAIXA REFERENCIAL"]
["102214","PINTURA VERNIZ (INCOLOR) ALQUÍDICO EM MADEIRA, USO INTERNO, 2 DEMÃOS. AF_01/2021","M2","COEFICIENTE DE REPRESENTATIVIDADE","16,97","CAIXA REFERENCIAL"]
["102215","PINTURA VERNIZ (INCOLOR) POLIURETÂNICO (RESINA ALQUÍDICA MODIFICADA) EM MADEIRA, 2 DEMÃOS. AF_01/2021","M2","COEFICIENTE DE REPRESENTATIVIDADE","15,23","CAIXA REFERENCIAL"]
["102217","PINTURA TINTA DE ACABAMENTO (PIGMENTADA) A ÓLEO EM MADEIRA, 2 DEMÃOS. AF_01/2021","M2","COEFICIENTE DE REPRESENTATIVIDADE","13,74","CAIXA REFERENCIAL"]
["102218","PINTURA TINTA DE ACABAMENTO (PIGMENTADA) ESMALTE SINTÉTICO FOSCO EM MADEIRA, 2 DEMÃOS. AF_01/2021","M2","COEFICIENTE DE REPRESENTATIVIDADE","13,09","CAIXA REFERENCIAL"]
["102219","PINTURA TINTA DE ACABAMENTO (PIGMENTADA) ESMALTE SINTÉTICO ACETINADO EM MADEIRA, 2 DEMÃOS. AF_01/2021","M2","COEFICIENTE DE REPRESENTATIVIDADE","13,51","CAIXA REFERENCIAL"]
["102220","PINTURA TINTA DE ACABAMENTO (PIGMENTADA) ESMALTE SINTÉTICO BRILHANTE EM MADEIRA, 2 DEMÃOS. AF_01/2021","M2","COLETADO","12,87","CAIXA REFERENCIAL"]
["102223","PINTURA VERNIZ (INCOLOR) ALQUÍDICO EM MADEIRA, USO INTERNO E EXTERNO, 3 DEMÃOS. AF_01/2021","M2","COEFICIENTE DE REPRESENTATIVIDADE","25,11","CAIXA REFERENCIAL"]
["102224","PINTURA VERNIZ (INCOLOR) ALQUÍDICO EM MADEIRA, USO INTERNO, 3 DEMÃOS. AF_01/2021","M2","COEFICIENTE DE REPRESENTATIVIDADE","25,45","CAIXA REFERENCIAL"]
["102225","PINTURA VERNIZ (INCOLOR) POLIURETÂNICO (RESINA ALQUÍDICA MODIFICADA) EM MADEIRA, 3 DEMÃOS. AF_01/2021","M2","COEFICIENTE DE REPRESENTATIVIDADE","22,85","CAIXA REFERENCIAL"]
["102227","PINTURA TINTA DE ACABAMENTO (PIGMENTADA) A ÓLEO EM MADEIRA, 3 DEMÃOS. AF_01/2021","M2","COEFICIENTE DE REPRESENTATIVIDADE","20,62","CAIXA REFERENCIAL"]
["102228","PINTURA TINTA DE ACABAMENTO (PIGMENTADA) ESMALTE SINTÉTICO FOSCO EM MADEIRA, 3 DEMÃOS. AF_01/2021","M2","COEFICIENTE DE REPRESENTATIVIDADE","19,65","CAIXA REFERENCIAL"]
["102229","PINTURA TINTA DE ACABAMENTO (PIGMENTADA) ESMALTE SINTÉTICO ACETINADO EM MADEIRA, 3 DEMÃOS. AF_01/2021","M2","COEFICIENTE DE REPRESENTATIVIDADE","20,29","CAIXA REFERENCIAL"]
["102230","PINTURA TINTA DE ACABAMENTO (PIGMENTADA) ESMALTE SINTÉTICO BRILHANTE EM MADEIRA, 3 DEMÃOS. AF_01/2021","M2","COLETADO","19,32","CAIXA REFERENCIAL"]
["102233","PINTURA IMUNIZANTE PARA MADEIRA, 1 DEMÃO. AF_01/2021","M2","COEFICIENTE DE REPRESENTATIVIDADE","8,88","CAIXA REFERENCIAL"]
["102234","PINTURA IMUNIZANTE PARA MADEIRA, 2 DEMÃOS. AF_01/2021","M2","COEFICIENTE DE REPRESENTATIVIDADE","17,76","CAIXA REFERENCIAL"]
["100716","JATEAMENTO ABRASIVO COM GRANALHA DE AÇO EM PERFIL METÁLICO EM FÁBRICA. AF_01/2020","M2","ATRIBUÍDO SÃO PAULO","24,78","CAIXA REFERENCIAL"]
["100717","LIXAMENTO MANUAL EM SUPERFÍCIES METÁLICAS EM OBRA. AF_01/2020","M2","COEFICIENTE DE REPRESENTATIVIDADE","7,96","CAIXA REFERENCIAL"]
["100718","COLOCAÇÃO DE FITA PROTETORA PARA PINTURA. AF_01/2020","M","COEFICIENTE DE REPRESENTATIVIDADE","1,10","CAIXA REFERENCIAL"]
["100719","PINTURA COM TINTA ALQUÍDICA DE FUNDO (TIPO ZARCÃO) PULVERIZADA SOBRE PERFIL METÁLICO EXECUTADO EM FÁBRICA (POR DEMÃO). AF_01/2020_P","M2","COEFICIENTE DE REPRESENTATIVIDADE","8,90","CAIXA REFERENCIAL"]
["100720","PINTURA COM TINTA ALQUÍDICA DE FUNDO (TIPO ZARCÃO) APLICADA A ROLO OU PINCEL SOBRE PERFIL METÁLICO EXECUTADO EM FÁBRICA (POR DEMÃO). AF_01/2020","M2","COEFICIENTE DE REPRESENTATIVIDADE","8,71","CAIXA REFERENCIAL"]
["100721","PINTURA COM TINTA ALQUÍDICA DE FUNDO (TIPO ZARCÃO) PULVERIZADA SOBRE SUPERFÍCIES METÁLICAS (EXCETO PERFIL) EXECUTADO EM OBRA (POR DEMÃO). AF_01/2020_P","M2","COEFICIENTE DE REPRESENTATIVIDADE","20,10","CAIXA REFERENCIAL"]
["100722","PINTURA COM TINTA ALQUÍDICA DE FUNDO (TIPO ZARCÃO) APLICADA A ROLO OU PINCEL SOBRE SUPERFÍCIES METÁLICAS (EXCETO PERFIL) EXECUTADO EM OBRA (POR DEMÃO). AF_01/2020","M2","COEFICIENTE DE REPRESENTATIVIDADE","19,42","CAIXA REFERENCIAL"]
["100723","PINTURA COM TINTA ALQUÍDICA DE FUNDO E ACABAMENTO (ESMALTE SINTÉTICO GRAFITE) PULVERIZADA SOBRE PERFIL METÁLICO EXECUTADO EM FÁBRICA (POR DEMÃO). AF_01/2020_P","M2","COEFICIENTE DE REPRESENTATIVIDADE","9,56","CAIXA REFERENCIAL"]
["100724","PINTURA COM TINTA ALQUÍDICA DE FUNDO E ACABAMENTO (ESMALTE SINTÉTICO GRAFITE) APLICADA A ROLO OU PINCEL SOBRE PERFIL METÁLICO EXECUTADO EM FÁBRICA (POR DEMÃO). AF_01/2020","M2","COEFICIENTE DE REPRESENTATIVIDADE","11,40","CAIXA REFERENCIAL"]
["100725","PINTURA COM TINTA ALQUÍDICA DE FUNDO E ACABAMENTO (ESMALTE SINTÉTICO GRAFITE) PULVERIZADA SOBRE SUPERFÍCIES METÁLICAS (EXCETO PERFIL) EXECUTADO EM OBRA (POR DEMÃO). AF_01/2020_P","M2","COEFICIENTE DE REPRESENTATIVIDADE","20,32","CAIXA REFERENCIAL"]
["100726","PINTURA COM TINTA ALQUÍDICA DE FUNDO E ACABAMENTO (ESMALTE SINTÉTICO GRAFITE) APLICADA A ROLO OU PINCEL SOBRE SUPERFÍCIES METÁLICAS (EXCETO PERFIL) EXECUTADO EM OBRA (POR DEMÃO). AF_01/2020","M2","COEFICIENTE DE REPRESENTATIVIDADE","22,01","CAIXA REFERENCIAL"]
["100727","PINTURA COM TINTA EPOXÍDICA DE FUNDO PULVERIZADA SOBRE PERFIL METÁLICO EXECUTADO EM FÁBRICA (POR DEMÃO). AF_01/2020_P","M2","COEFICIENTE DE REPRESENTATIVIDADE","22,14","CAIXA REFERENCIAL"]
["100728","PINTURA COM TINTA EPOXÍDICA DE FUNDO APLICADA A ROLO OU PINCEL SOBRE PERFIL METÁLICO EXECUTADO EM FÁBRICA (POR DEMÃO). AF_01/2020","M2","COEFICIENTE DE REPRESENTATIVIDADE","19,91","CAIXA REFERENCIAL"]
["100729","PINTURA COM TINTA EPOXÍDICA DE ACABAMENTO PULVERIZADA SOBRE PERFIL METÁLICO EXECUTADO EM FÁBRICA (POR DEMÃO). AF_01/2020_P","M2","COEFICIENTE DE REPRESENTATIVIDADE","16,65","CAIXA REFERENCIAL"]
["100730","PINTURA COM TINTA EPOXÍDICA DE ACABAMENTO APLICADA A ROLO OU PINCEL SOBRE PERFIL METÁLICO EXECUTADO EM FÁBRICA (POR DEMÃO). AF_01/2020","M2","COEFICIENTE DE REPRESENTATIVIDADE","19,55","CAIXA REFERENCIAL"]
["100733","PINTURA COM TINTA ACRÍLICA DE FUNDO PULVERIZADA SOBRE SUPERFÍCIES METÁLICAS (EXCETO PERFIL) EXECUTADO EM OBRA (POR DEMÃO). AF_01/2020_P","M2","COEFICIENTE DE REPRESENTATIVIDADE","10,63","CAIXA REFERENCIAL"]
["100734","PINTURA COM TINTA ACRÍLICA DE FUNDO APLICADA A ROLO OU PINCEL SOBRE SUPERFÍCIES METÁLICAS (EXCETO PERFIL) EXECUTADO EM OBRA (POR DEMÃO). AF_01/2020","M2","COEFICIENTE DE REPRESENTATIVIDADE","13,15","CAIXA REFERENCIAL"]
["100735","PINTURA COM TINTA ACRÍLICA DE ACABAMENTO PULVERIZADA SOBRE SUPERFÍCIES METÁLICAS (EXCETO PERFIL) EXECUTADO EM OBRA (POR DEMÃO). AF_01/2020_P","M2","COEFICIENTE DE REPRESENTATIVIDADE","8,88","CAIXA REFERENCIAL"]
["100736","PINTURA COM TINTA ACRÍLICA DE ACABAMENTO APLICADA A ROLO OU PINCEL SOBRE SUPERFÍCIES METÁLICAS (EXCETO PERFIL) EXECUTADO EM OBRA (POR DEMÃO). AF_01/2020","M2","COEFICIENTE DE REPRESENTATIVIDADE","11,72","CAIXA REFERENCIAL"]
["100739","PINTURA COM TINTA ALQUÍDICA DE ACABAMENTO (ESMALTE SINTÉTICO ACETINADO) PULVERIZADA SOBRE PERFIL METÁLICO EXECUTADO EM FÁBRICA (POR DEMÃO). AF_01/2020_P","M2","COEFICIENTE DE REPRESENTATIVIDADE","8,75","CAIXA REFERENCIAL"]
["100740","PINTURA COM TINTA ALQUÍDICA DE ACABAMENTO (ESMALTE SINTÉTICO ACETINADO) APLICADA A ROLO OU PINCEL SOBRE PERFIL METÁLICO EXECUTADO EM FÁBRICA (POR DEMÃO). AF_01/2020","M2","COEFICIENTE DE REPRESENTATIVIDADE","9,18","CAIXA REFERENCIAL"]
["100741","PINTURA COM TINTA ALQUÍDICA DE ACABAMENTO (ESMALTE SINTÉTICO ACETINADO) PULVERIZADA SOBRE SUPERFÍCIES METÁLICAS (EXCETO PERFIL) EXECUTADO EM OBRA (POR DEMÃO). AF_01/2020_P","M2","COEFICIENTE DE REPRESENTATIVIDADE","19,80","CAIXA REFERENCIAL"]
["100742","PINTURA COM TINTA ALQUÍDICA DE ACABAMENTO (ESMALTE SINTÉTICO ACETINADO) APLICADA A ROLO OU PINCEL SOBRE SUPERFÍCIES METÁLICAS (EXCETO PERFIL) EXECUTADO EM OBRA (POR DEMÃO). AF_01/2020","M2","COEFICIENTE DE REPRESENTATIVIDADE","19,86","CAIXA REFERENCIAL"]
["100743","PINTURA COM TINTA ALQUÍDICA DE ACABAMENTO (ESMALTE SINTÉTICO BRILHANTE) PULVERIZADA SOBRE PERFIL METÁLICO EXECUTADO EM FÁBRICA  (POR DEMÃO). AF_01/2020_P","M2","COLETADO","8,55","CAIXA REFERENCIAL"]
["100744","PINTURA COM TINTA ALQUÍDICA DE ACABAMENTO (ESMALTE SINTÉTICO BRILHANTE) APLICADA A ROLO OU PINCEL SOBRE PERFIL METÁLICO EXECUTADO EM FÁBRICA (POR DEMÃO). AF_01/2020","M2","COLETADO","9,05","CAIXA REFERENCIAL"]
["100745","PINTURA COM TINTA ALQUÍDICA DE ACABAMENTO (ESMALTE SINTÉTICO BRILHANTE) PULVERIZADA SOBRE SUPERFÍCIES METÁLICAS (EXCETO PERFIL) EXECUTADO EM OBRA  (POR DEMÃO). AF_01/2020_P","M2","COLETADO","19,58","CAIXA REFERENCIAL"]
["100746","PINTURA COM TINTA ALQUÍDICA DE ACABAMENTO (ESMALTE SINTÉTICO BRILHANTE) APLICADA A ROLO OU PINCEL SOBRE SUPERFÍCIES METÁLICAS (EXCETO PERFIL) EXECUTADO EM OBRA (POR DEMÃO). AF_01/2020","M2","COLETADO","19,73","CAIXA REFERENCIAL"]
["100747","PINTURA COM TINTA ALQUÍDICA DE ACABAMENTO (ESMALTE SINTÉTICO FOSCO) PULVERIZADA SOBRE PERFIL METÁLICO EXECUTADO EM FÁBRICA (POR DEMÃO). AF_01/2020_P","M2","COEFICIENTE DE REPRESENTATIVIDADE","8,63","CAIXA REFERENCIAL"]
["100748","PINTURA COM TINTA ALQUÍDICA DE ACABAMENTO (ESMALTE SINTÉTICO FOSCO) APLICADA A ROLO OU PINCEL SOBRE PERFIL METÁLICO EXECUTADO EM FÁBRICA (POR DEMÃO). AF_01/2020","M2","COEFICIENTE DE REPRESENTATIVIDADE","9,11","CAIXA REFERENCIAL"]
["100749","PINTURA COM TINTA ALQUÍDICA DE ACABAMENTO (ESMALTE SINTÉTICO FOSCO) PULVERIZADA SOBRE SUPERFÍCIES METÁLICAS (EXCETO PERFIL) EXECUTADO EM OBRA (POR DEMÃO). AF_01/2020_P","M2","COEFICIENTE DE REPRESENTATIVIDADE","19,67","CAIXA REFERENCIAL"]
["100750","PINTURA COM TINTA ALQUÍDICA DE ACABAMENTO (ESMALTE SINTÉTICO FOSCO) APLICADA A ROLO OU PINCEL SOBRE SUPERFÍCIES METÁLICAS (EXCETO PERFIL) EXECUTADO EM OBRA (POR DEMÃO). AF_01/2020","M2","COEFICIENTE DE REPRESENTATIVIDADE","19,78","CAIXA REFERENCIAL"]
["100751","PINTURA COM TINTA EPOXÍDICA DE ACABAMENTO PULVERIZADA SOBRE PERFIL METÁLICO EXECUTADO EM FÁBRICA (02 DEMÃOS). AF_01/2020_P","M2","COEFICIENTE DE REPRESENTATIVIDADE","33,32","CAIXA REFERENCIAL"]
["100752","PINTURA COM TINTA EPOXÍDICA DE ACABAMENTO APLICADA A ROLO OU PINCEL SOBRE PERFIL METÁLICO EXECUTADO EM FÁBRICA (02 DEMÃOS). AF_01/2020","M2","COEFICIENTE DE REPRESENTATIVIDADE","39,10","CAIXA REFERENCIAL"]
["100753","PINTURA COM TINTA ACRÍLICA DE ACABAMENTO PULVERIZADA SOBRE SUPERFÍCIES METÁLICAS (EXCETO PERFIL) EXECUTADO EM OBRA (02 DEMÃOS). AF_01/2020_P","M2","COEFICIENTE DE REPRESENTATIVIDADE","17,77","CAIXA REFERENCIAL"]
["100754","PINTURA COM TINTA ACRÍLICA DE ACABAMENTO APLICADA A ROLO OU PINCEL SOBRE SUPERFÍCIES METÁLICAS (EXCETO PERFIL) EXECUTADO EM OBRA (02 DEMÃOS). AF_01/2020","M2","COEFICIENTE DE REPRESENTATIVIDADE","23,45","CAIXA REFERENCIAL"]
["100757","PINTURA COM TINTA ALQUÍDICA DE ACABAMENTO (ESMALTE SINTÉTICO ACETINADO) PULVERIZADA SOBRE SUPERFÍCIES METÁLICAS (EXCETO PERFIL) EXECUTADO EM OBRA (02 DEMÃOS). AF_01/2020_P","M2","COEFICIENTE DE REPRESENTATIVIDADE","39,60","CAIXA REFERENCIAL"]
["100758","PINTURA COM TINTA ALQUÍDICA DE ACABAMENTO (ESMALTE SINTÉTICO ACETINADO) APLICADA A ROLO OU PINCEL SOBRE SUPERFÍCIES METÁLICAS (EXCETO PERFIL) EXECUTADO EM OBRA (02 DEMÃOS). AF_01/2020","M2","COEFICIENTE DE REPRESENTATIVIDADE","39,75","CAIXA REFERENCIAL"]
["100759","PINTURA COM TINTA ALQUÍDICA DE ACABAMENTO (ESMALTE SINTÉTICO BRILHANTE) PULVERIZADA SOBRE SUPERFÍCIES METÁLICAS (EXCETO PERFIL) EXECUTADO EM OBRA (02 DEMÃOS). AF_01/2020_P","M2","COLETADO","39,16","CAIXA REFERENCIAL"]
["100760","PINTURA COM TINTA ALQUÍDICA DE ACABAMENTO (ESMALTE SINTÉTICO BRILHANTE) APLICADA A ROLO OU PINCEL SOBRE SUPERFÍCIES METÁLICAS (EXCETO PERFIL) EXECUTADO EM OBRA (02 DEMÃOS). AF_01/2020","M2","COLETADO","39,48","CAIXA REFERENCIAL"]
["100761","PINTURA COM TINTA ALQUÍDICA DE ACABAMENTO (ESMALTE SINTÉTICO FOSCO) PULVERIZADA SOBRE SUPERFÍCIES METÁLICAS (EXCETO PERFIL) EXECUTADO EM OBRA (02 DEMÃOS). AF_01/2020_P","M2","COEFICIENTE DE REPRESENTATIVIDADE","39,35","CAIXA REFERENCIAL"]
["100762","PINTURA COM TINTA ALQUÍDICA DE ACABAMENTO (ESMALTE SINTÉTICO FOSCO) APLICADA A ROLO OU PINCEL SOBRE SUPERFÍCIES METÁLICAS (EXCETO PERFIL) EXECUTADO EM OBRA (02 DEMÃOS). AF_01/2020","M2","COEFICIENTE DE REPRESENTATIVIDADE","39,59","CAIXA REFERENCIAL"]
["102488","PREPARO DO PISO CIMENTADO PARA PINTURA - LIXAMENTO E LIMPEZA. AF_05/2021","M2","ATRIBUÍDO SÃO PAULO","2,78","CAIXA REFERENCIAL"]
["102489","PINTURA HIDROFUGANTE COM SILICONE, APLICAÇÃO MANUAL, 2 DEMÃOS. AF_05/2021","M2","COEFICIENTE DE REPRESENTATIVIDADE","22,57","CAIXA REFERENCIAL"]
["102491","PINTURA DE PISO COM TINTA ACRÍLICA, APLICAÇÃO MANUAL, 2 DEMÃOS, INCLUSO FUNDO PREPARADOR. AF_05/2021","M2","COEFICIENTE DE REPRESENTATIVIDADE","16,52","CAIXA REFERENCIAL"]
["102492","PINTURA DE PISO COM TINTA ACRÍLICA, APLICAÇÃO MANUAL, 3 DEMÃOS, INCLUSO FUNDO PREPARADOR. AF_05/2021","M2","COEFICIENTE DE REPRESENTATIVIDADE","19,16","CAIXA REFERENCIAL"]
["102494","PINTURA DE PISO COM TINTA EPÓXI, APLICAÇÃO MANUAL, 2 DEMÃOS, INCLUSO PRIMER EPÓXI. AF_05/2021","M2","COEFICIENTE DE REPRESENTATIVIDADE","51,63","CAIXA REFERENCIAL"]
["102496","PINTURA DE RODAPÉ COM TINTA EPÓXI, APLICAÇÃO MANUAL, 2 DEMÃOS, INCLUSÃO PRIMER EPÓXI. AF_05/2021","M","COEFICIENTE DE REPRESENTATIVIDADE","10,68","CAIXA REFERENCIAL"]
["102497","PINTURA DE RODAPÉ EM PEDRA DECORATIVA COM VERNIZ DE POLIURETANO, APLICAÇÃO MANUAL, 3 DEMÃOS. AF_05/2021","M","COEFICIENTE DE REPRESENTATIVIDADE","3,90","CAIXA REFERENCIAL"]
["102498","PINTURA DE MEIO-FIO COM TINTA BRANCA A BASE DE CAL (CAIAÇÃO). AF_05/2021","M","COEFICIENTE DE REPRESENTATIVIDADE","1,25","CAIXA REFERENCIAL"]
["102499","ENCERAMENTO DE PISO EM MADEIRA. AF_05/2021","M2","COEFICIENTE DE REPRESENTATIVIDADE","2,38","CAIXA REFERENCIAL"]
["102500","PINTURA DE DEMARCAÇÃO DE VAGA COM TINTA ACRÍLICA, E = 10 CM, APLICAÇÃO MANUAL. AF_05/2021","M","COEFICIENTE DE REPRESENTATIVIDADE","3,43","CAIXA REFERENCIAL"]
["102501","PINTURA DE FAIXA DE PEDESTRE OU ZEBRADA COM TINTA ACRÍLICA, E  = 30 CM, APLICAÇÃO MANUAL. AF_05/2021","M2","COEFICIENTE DE REPRESENTATIVIDADE","19,53","CAIXA REFERENCIAL"]
["102504","PINTURA DE DEMARCAÇÃO DE QUADRA POLIESPORTIVA COM TINTA ACRÍLICA, E = 5 CM, APLICAÇÃO MANUAL. AF_05/2021","M","COEFICIENTE DE REPRESENTATIVIDADE","7,66","CAIXA REFERENCIAL"]
["102505","PINTURA DE DEMARCAÇÃO DE QUADRA POLIESPORTIVA COM BORRACHA CLORADA, E = 5 CM, APLICAÇÃO MANUAL. AF_05/2021","M","COEFICIENTE DE REPRESENTATIVIDADE","8,20","CAIXA REFERENCIAL"]
["102506","PINTURA DE DEMARCAÇÃO DE QUADRA POLIESPORTIVA COM TINTA EPÓXI, E = 5 CM, APLICAÇÃO MANUAL. AF_05/2021","M","COEFICIENTE DE REPRESENTATIVIDADE","8,48","CAIXA REFERENCIAL"]
["102507","PINTURA DE DEMARCAÇÃO DE VAGA COM TINTA EPÓXI, E = 10 CM, APLICAÇÃO MANUAL. AF_05/2021","M","COEFICIENTE DE REPRESENTATIVIDADE","5,06","CAIXA REFERENCIAL"]
["102508","PINTURA DE FAIXA DE PEDESTRE OU ZEBRADA COM TINTA EPÓXI, E  = 30 CM, APLICAÇÃO MANUAL. AF_05/2021","M2","COEFICIENTE DE REPRESENTATIVIDADE","36,24","CAIXA REFERENCIAL"]
["102509","PINTURA DE FAIXA DE PEDESTRE OU ZEBRADA TINTA RETRORREFLETIVA A BASE DE RESINA ACRÍLICA COM MICROESFERAS DE VIDRO, E = 30 CM, APLICAÇÃO MANUAL. AF_05/2021","M2","COEFICIENTE DE REPRESENTATIVIDADE","23,63","CAIXA REFERENCIAL"]
["102512","PINTURA DE EIXO VIÁRIO SOBRE ASFALTO COM TINTA RETRORREFLETIVA A BASE DE RESINA ACRÍLICA COM MICROESFERAS DE VIDRO, APLICAÇÃO MECÂNICA COM DEMARCADORA AUTOPROPELIDA. AF_05/2021","M","ATRIBUÍDO SÃO PAULO","4,27","CAIXA REFERENCIAL"]
["102513","PINTURA DE SÍMBOLOS E TEXTOS COM TINTA ACRÍLICA, DEMARCAÇÃO COM FITA ADESIVA E APLICAÇÃO COM ROLO. AF_05/2021","M2","COEFICIENTE DE REPRESENTATIVIDADE","36,80","CAIXA REFERENCIAL"]
["102520","PINTURA DE SINALIZAÇÃO VERTICAL DE SEGURANÇA, FAIXAS AMARELA E PRETA, APLICAÇÃO MANUAL, 2 DEMÃOS. AF_05/2021","M2","COEFICIENTE DE REPRESENTATIVIDADE","63,92","CAIXA REFERENCIAL"]
["101749","PISO CIMENTADO, TRAÇO 1:3 (CIMENTO E AREIA), ACABAMENTO LISO, ESPESSURA 4,0 CM, PREPARO MECÂNICO DA ARGAMASSA. AF_09/2020","M2","ATRIBUÍDO SÃO PAULO","39,23","CAIXA REFERENCIAL"]
["101750","PISO CIMENTADO, TRAÇO 1:3 (CIMENTO E AREIA), ACABAMENTO RÚSTICO, ESPESSURA 4,0 CM, PREPARO MECÂNICO DA ARGAMASSA. AF_09/2020","M2","ATRIBUÍDO SÃO PAULO","37,29","CAIXA REFERENCIAL"]
["101729","PISO EM TACO DE MADEIRA 7X42CM, FIXADO COM COLA BASE DE PVA. AF_09/2020","M2","COEFICIENTE DE REPRESENTATIVIDADE","150,89","CAIXA REFERENCIAL"]
["101746","ASSOALHO DE MADEIRA. AF_09/2020","M2","COEFICIENTE DE REPRESENTATIVIDADE","226,85","CAIXA REFERENCIAL"]
["101751","PISO EM TACO DE MADEIRA 7X21CM, FIXADO COM COLA BASE DE PVA. AF_09/2020","M2","COEFICIENTE DE REPRESENTATIVIDADE","156,63","CAIXA REFERENCIAL"]
["87246","REVESTIMENTO CERÂMICO PARA PISO COM PLACAS TIPO ESMALTADA EXTRA DE DIMENSÕES 35X35 CM APLICADA EM AMBIENTES DE ÁREA MENOR QUE 5 M2. AF_06/2014","M2","COEFICIENTE DE REPRESENTATIVIDADE","53,49","CAIXA REFERENCIAL"]
["87247","REVESTIMENTO CERÂMICO PARA PISO COM PLACAS TIPO ESMALTADA EXTRA DE DIMENSÕES 35X35 CM APLICADA EM AMBIENTES DE ÁREA ENTRE 5 M2 E 10 M2. AF_06/2014","M2","COEFICIENTE DE REPRESENTATIVIDADE","47,23","CAIXA REFERENCIAL"]
["87248","REVESTIMENTO CERÂMICO PARA PISO COM PLACAS TIPO ESMALTADA EXTRA DE DIMENSÕES 35X35 CM APLICADA EM AMBIENTES DE ÁREA MAIOR QUE 10 M2. AF_06/2014","M2","COEFICIENTE DE REPRESENTATIVIDADE","42,15","CAIXA REFERENCIAL"]
["87249","REVESTIMENTO CERÂMICO PARA PISO COM PLACAS TIPO ESMALTADA EXTRA DE DIMENSÕES 45X45 CM APLICADA EM AMBIENTES DE ÁREA MENOR QUE 5 M2. AF_06/2014","M2","COEFICIENTE DE REPRESENTATIVIDADE","59,47","CAIXA REFERENCIAL"]
["87250","REVESTIMENTO CERÂMICO PARA PISO COM PLACAS TIPO ESMALTADA EXTRA DE DIMENSÕES 45X45 CM APLICADA EM AMBIENTES DE ÁREA ENTRE 5 M2 E 10 M2. AF_06/2014","M2","COEFICIENTE DE REPRESENTATIVIDADE","49,56","CAIXA REFERENCIAL"]
["87251","REVESTIMENTO CERÂMICO PARA PISO COM PLACAS TIPO ESMALTADA EXTRA DE DIMENSÕES 45X45 CM APLICADA EM AMBIENTES DE ÁREA MAIOR QUE 10 M2. AF_06/2014","M2","COEFICIENTE DE REPRESENTATIVIDADE","43,14","CAIXA REFERENCIAL"]
["87255","REVESTIMENTO CERÂMICO PARA PISO COM PLACAS TIPO ESMALTADA EXTRA DE DIMENSÕES 60X60 CM APLICADA EM AMBIENTES DE ÁREA MENOR QUE 5 M2. AF_06/2014","M2","COEFICIENTE DE REPRESENTATIVIDADE","98,17","CAIXA REFERENCIAL"]
["87256","REVESTIMENTO CERÂMICO PARA PISO COM PLACAS TIPO ESMALTADA EXTRA DE DIMENSÕES 60X60 CM APLICADA EM AMBIENTES DE ÁREA ENTRE 5 M2 E 10 M2. AF_06/2014","M2","COEFICIENTE DE REPRESENTATIVIDADE","86,09","CAIXA REFERENCIAL"]
["87257","REVESTIMENTO CERÂMICO PARA PISO COM PLACAS TIPO ESMALTADA EXTRA DE DIMENSÕES 60X60 CM APLICADA EM AMBIENTES DE ÁREA MAIOR QUE 10 M2. AF_06/2014","M2","COEFICIENTE DE REPRESENTATIVIDADE","78,53","CAIXA REFERENCIAL"]
["87258","REVESTIMENTO CERÂMICO PARA PISO COM PLACAS TIPO PORCELANATO DE DIMENSÕES 45X45 CM APLICADA EM AMBIENTES DE ÁREA MENOR QUE 5 M². AF_06/2014","M2","COEFICIENTE DE REPRESENTATIVIDADE","129,37","CAIXA REFERENCIAL"]
["87259","REVESTIMENTO CERÂMICO PARA PISO COM PLACAS TIPO PORCELANATO DE DIMENSÕES 45X45 CM APLICADA EM AMBIENTES DE ÁREA ENTRE 5 M² E 10 M². AF_06/2014","M2","COEFICIENTE DE REPRESENTATIVIDADE","117,89","CAIXA REFERENCIAL"]
["87260","REVESTIMENTO CERÂMICO PARA PISO COM PLACAS TIPO PORCELANATO DE DIMENSÕES 45X45 CM APLICADA EM AMBIENTES DE ÁREA MAIOR QUE 10 M². AF_06/2014","M2","COEFICIENTE DE REPRESENTATIVIDADE","111,19","CAIXA REFERENCIAL"]
["87261","REVESTIMENTO CERÂMICO PARA PISO COM PLACAS TIPO PORCELANATO DE DIMENSÕES 60X60 CM APLICADA EM AMBIENTES DE ÁREA MENOR QUE 5 M². AF_06/2014","M2","COEFICIENTE DE REPRESENTATIVIDADE","149,68","CAIXA REFERENCIAL"]
["87262","REVESTIMENTO CERÂMICO PARA PISO COM PLACAS TIPO PORCELANATO DE DIMENSÕES 60X60 CM APLICADA EM AMBIENTES DE ÁREA ENTRE 5 M² E 10 M². AF_06/2014","M2","COEFICIENTE DE REPRESENTATIVIDADE","136,23","CAIXA REFERENCIAL"]
["87263","REVESTIMENTO CERÂMICO PARA PISO COM PLACAS TIPO PORCELANATO DE DIMENSÕES 60X60 CM APLICADA EM AMBIENTES DE ÁREA MAIOR QUE 10 M². AF_06/2014","M2","COEFICIENTE DE REPRESENTATIVIDADE","128,32","CAIXA REFERENCIAL"]
["89046","(COMPOSIÇÃO REPRESENTATIVA) DO SERVIÇO DE REVESTIMENTO CERÂMICO PARA PISO COM PLACAS TIPO ESMALTADA EXTRA DE DIMENSÕES 35X35 CM, PARA EDIFICAÇÃO HABITACIONAL MULTIFAMILIAR (PRÉDIO). AF_11/2014","M2","COEFICIENTE DE REPRESENTATIVIDADE","46,96","CAIXA REFERENCIAL"]
["89171","(COMPOSIÇÃO REPRESENTATIVA) DO SERVIÇO DE REVESTIMENTO CERÂMICO PARA PISO COM PLACAS TIPO ESMALTADA EXTRA DE DIMENSÕES 35X35 CM, PARA EDIFICAÇÃO HABITACIONAL UNIFAMILIAR (CASA) E EDIFICAÇÃO PÚBLICA PADRÃO. AF_11/2014","M2","COEFICIENTE DE REPRESENTATIVIDADE","44,47","CAIXA REFERENCIAL"]
["93389","REVESTIMENTO CERÂMICO PARA PISO COM PLACAS TIPO ESMALTADA PADRÃO POPULAR DE DIMENSÕES 35X35 CM APLICADA EM AMBIENTES DE ÁREA MENOR QUE 5 M2. AF_06/2014","M2","COEFICIENTE DE REPRESENTATIVIDADE","48,11","CAIXA REFERENCIAL"]
["93390","REVESTIMENTO CERÂMICO PARA PISO COM PLACAS TIPO ESMALTADA PADRÃO POPULAR DE DIMENSÕES 35X35 CM APLICADA EM AMBIENTES DE ÁREA ENTRE 5 M2 E 10 M2. AF_06/2014","M2","COEFICIENTE DE REPRESENTATIVIDADE","41,95","CAIXA REFERENCIAL"]
["93391","REVESTIMENTO CERÂMICO PARA PISO COM PLACAS TIPO ESMALTADA PADRÃO POPULAR DE DIMENSÕES 35X35 CM APLICADA EM AMBIENTES DE ÁREA MAIOR QUE 10 M2. AF_06/2014","M2","COEFICIENTE DE REPRESENTATIVIDADE","36,87","CAIXA REFERENCIAL"]
["98671","PISO EM GRANITO APLICADO EM AMBIENTES INTERNOS. AF_09/2020","M2","COEFICIENTE DE REPRESENTATIVIDADE","204,32","CAIXA REFERENCIAL"]
["98672","PISO EM MÁRMORE APLICADO EM AMBIENTES INTERNOS. AF_09/2020","M2","COEFICIENTE DE REPRESENTATIVIDADE","399,12","CAIXA REFERENCIAL"]
["98678","PISO ELEVADO COM ESTRUTURA EM AÇO, COMPOSTO POR PEDESTAIS E LONGARINAS. AF_09/2020","M2","COEFICIENTE DE REPRESENTATIVIDADE","412,64","CAIXA REFERENCIAL"]
["98679","PISO CIMENTADO, TRAÇO 1:3 (CIMENTO E AREIA), ACABAMENTO LISO, ESPESSURA 2,0 CM, PREPARO MECÂNICO DA ARGAMASSA. AF_09/2020","M2","ATRIBUÍDO SÃO PAULO","27,05","CAIXA REFERENCIAL"]
["98680","PISO CIMENTADO, TRAÇO 1:3 (CIMENTO E AREIA), ACABAMENTO LISO, ESPESSURA 3,0 CM, PREPARO MECÂNICO DA ARGAMASSA. AF_09/2020","M2","ATRIBUÍDO SÃO PAULO","33,75","CAIXA REFERENCIAL"]
["98681","PISO CIMENTADO, TRAÇO 1:3 (CIMENTO E AREIA), ACABAMENTO RÚSTICO, ESPESSURA 2,0 CM, PREPARO MECÂNICO DA ARGAMASSA. AF_09/2020","M2","ATRIBUÍDO SÃO PAULO","25,10","CAIXA REFERENCIAL"]
["98682","PISO CIMENTADO, TRAÇO 1:3 (CIMENTO E AREIA), ACABAMENTO RÚSTICO, ESPESSURA 3,0 CM, PREPARO MECÂNICO DA ARGAMASSA. AF_09/2020","M2","ATRIBUÍDO SÃO PAULO","31,81","CAIXA REFERENCIAL"]
["98685","RODAPÉ EM GRANITO, ALTURA 10 CM. AF_09/2020","M","COEFICIENTE DE REPRESENTATIVIDADE","37,99","CAIXA REFERENCIAL"]
["98686","RODAPÉ EM LADRILHO HIDRÁULICO, ALTURA 7 CM. AF_09/2020","M","ATRIBUÍDO SÃO PAULO","33,72","CAIXA REFERENCIAL"]
["98688","RODAPÉ EM POLIESTIRENO, ALTURA 5 CM. AF_09/2020","M","ATRIBUÍDO SÃO PAULO","55,20","CAIXA REFERENCIAL"]
["98689","SOLEIRA EM GRANITO, LARGURA 15 CM, ESPESSURA 2,0 CM. AF_09/2020","M","COEFICIENTE DE REPRESENTATIVIDADE","55,66","CAIXA REFERENCIAL"]
["101090","PISO EM PEDRA PORTUGUESA ASSENTADO SOBRE ARGAMASSA SECA DE CIMENTO E AREIA, TRAÇO 1:3, REJUNTADO COM CIMENTO COMUM. AF_05/2020","M2","COEFICIENTE DE REPRESENTATIVIDADE","169,26","CAIXA REFERENCIAL"]
["101091","PISO EM LADRILHO HIDRÁULICO APLICADO EM AMBIENTES EXTERNOS. AF_05/2020","M2","ATRIBUÍDO SÃO PAULO","113,00","CAIXA REFERENCIAL"]
["101725","PISO EM LADRILHO HIDRÁULICO APLICADO EM AMBIENTES INTERNOS DE ÁREA MENOR QUE 5 M², INCLUSO APLICAÇÃO DE RESINA. AF_09/2020","M2","ATRIBUÍDO SÃO PAULO","219,09","CAIXA REFERENCIAL"]
["101726","PISO EM LADRILHO HIDRÁULICO APLICADO EM AMBIENTES INTERNOS DE ÁREA ENTRE 5 E 15 M², INCLUSO APLICAÇÃO DE RESINA. AF_09/2020","M2","ATRIBUÍDO SÃO PAULO","146,24","CAIXA REFERENCIAL"]
["101731","PISO EM PEDRA  ASSENTADO SOBRE ARGAMASSA 1:3 (CIMENTO E AREIA). AF_09/2020","M2","ATRIBUÍDO SÃO PAULO","254,13","CAIXA REFERENCIAL"]
["101732","PISO EM PEDRA ARDÓSIA ASSENTADO SOBRE ARGAMASSA 1:3 (CIMENTO E AREIA). AF_09/2020","M2","ATRIBUÍDO SÃO PAULO","75,16","CAIXA REFERENCIAL"]
["101094","PISO PODOTÁTIL, DIRECIONAL OU ALERTA, ASSENTADO SOBRE ARGAMASSA. AF_05/2020","M","COEFICIENTE DE REPRESENTATIVIDADE","146,75","CAIXA REFERENCIAL"]
["101727","PISO VINÍLICO SEMI-FLEXÍVEL EM PLACAS, PADRÃO LISO, ESPESSURA 3,2 MM, FIXADO COM COLA. AF_09/2020","M2","COEFICIENTE DE REPRESENTATIVIDADE","175,11","CAIXA REFERENCIAL"]
["101733","PISO DE BORRACHA PASTILHADO/FRISADO, ESPESSURA 7MM, ASSENTADO COM ARGAMASSA. AF_09/2020","M2","COEFICIENTE DE REPRESENTATIVIDADE","236,63","CAIXA REFERENCIAL"]
["101734","PISO DE BORRACHA PASTILHADO, ESPESSURA 15MM, ASSENTADO COM ARGAMASSA. AF_09/2020","M2","COEFICIENTE DE REPRESENTATIVIDADE","360,23","CAIXA REFERENCIAL"]
["101735","PISO DE BORRACHA ESPORTIVO, ESPESSURA 15MM, ASSENTADO COM ARGAMASSA. AF_09/2020","M2","COEFICIENTE DE REPRESENTATIVIDADE","369,20","CAIXA REFERENCIAL"]
["101736","PISO DE BORRACHA PASTILHADO, ESPESSURA 3,5MM, FIXADO COM ADESIVO ACRÍLICO. AF_09/2020","M2","COEFICIENTE DE REPRESENTATIVIDADE","94,40","CAIXA REFERENCIAL"]
["101737","PISO DE BORRACHA CANELADO, ESPESSURA 3,5MM, FIXADO COM ADESIVO ACRÍLICO. AF_09/2020","M2","COEFICIENTE DE REPRESENTATIVIDADE","112,13","CAIXA REFERENCIAL"]
["101748","PREPARO DE CONTRAPISO COM POLITRIZ. AF_09/2020","M2","ATRIBUÍDO SÃO PAULO","2,80","CAIXA REFERENCIAL"]
["101092","PISO EM GRANITO APLICADO EM CALÇADAS OU PISOS EXTERNOS. AF_05/2020","M2","COEFICIENTE DE REPRESENTATIVIDADE","213,05","CAIXA REFERENCIAL"]
["101093","PISO EM MÁRMORE APLICADO EM CALÇADAS OU PISOS EXTERNOS. AF_05/2020","M2","COEFICIENTE DE REPRESENTATIVIDADE","407,85","CAIXA REFERENCIAL"]
["98695","SOLEIRA EM MÁRMORE, LARGURA 15 CM, ESPESSURA 2,0 CM. AF_09/2020","M","COEFICIENTE DE REPRESENTATIVIDADE","72,09","CAIXA REFERENCIAL"]
["98697","RODAPÉ EM MÁRMORE, ALTURA 7 CM. AF_09/2020","M","COEFICIENTE DE REPRESENTATIVIDADE","47,49","CAIXA REFERENCIAL"]
["101738","RODAPÉ EM MADEIRA, ALTURA 7CM, FIXADO COM COLA. AF_09/2020","M","COEFICIENTE DE REPRESENTATIVIDADE","24,12","CAIXA REFERENCIAL"]
["101739","RODAPÉ EM MADEIRA, ALTURA 7CM, FIXADO COM COLA E PARAFUSOS. AF_09/2020","M","COEFICIENTE DE REPRESENTATIVIDADE","26,67","CAIXA REFERENCIAL"]
["88648","RODAPÉ CERÂMICO DE 7CM DE ALTURA COM PLACAS TIPO ESMALTADA EXTRA  DE DIMENSÕES 35X35CM. AF_06/2014","M","COEFICIENTE DE REPRESENTATIVIDADE","6,25","CAIXA REFERENCIAL"]
["88649","RODAPÉ CERÂMICO DE 7CM DE ALTURA COM PLACAS TIPO ESMALTADA EXTRA DE DIMENSÕES 45X45CM. AF_06/2014","M","COEFICIENTE DE REPRESENTATIVIDADE","7,13","CAIXA REFERENCIAL"]
["88650","RODAPÉ CERÂMICO DE 7CM DE ALTURA COM PLACAS TIPO ESMALTADA EXTRA DE DIMENSÕES 60X60CM. AF_06/2014","M","COEFICIENTE DE REPRESENTATIVIDADE","14,18","CAIXA REFERENCIAL"]
["96467","RODAPÉ CERÂMICO DE 7CM DE ALTURA COM PLACAS TIPO ESMALTADA COMERCIAL DE DIMENSÕES 35X35CM (PADRAO POPULAR). AF_06/2017","M","COEFICIENTE DE REPRESENTATIVIDADE","5,63","CAIXA REFERENCIAL"]
["101740","RODAPÉ EM ARDÓSIA ALTURA 10CM. AF_09/2020","M","COEFICIENTE DE REPRESENTATIVIDADE","38,61","CAIXA REFERENCIAL"]
["101741","RODAPÉ EM MARMORITE, ALTURA 10CM. AF_09/2020","M","ATRIBUÍDO SÃO PAULO","18,29","CAIXA REFERENCIAL"]
["94990","EXECUÇÃO DE PASSEIO (CALÇADA) OU PISO DE CONCRETO COM CONCRETO MOLDADO IN LOCO, FEITO EM OBRA, ACABAMENTO CONVENCIONAL, NÃO ARMADO. AF_07/2016","M3","ATRIBUÍDO SÃO PAULO","592,07","CAIXA REFERENCIAL"]
["94991","EXECUÇÃO DE PASSEIO (CALÇADA) OU PISO DE CONCRETO COM CONCRETO MOLDADO IN LOCO, USINADO, ACABAMENTO CONVENCIONAL, NÃO ARMADO. AF_07/2016","M3","COEFICIENTE DE REPRESENTATIVIDADE","511,65","CAIXA REFERENCIAL"]
["94992","EXECUÇÃO DE PASSEIO (CALÇADA) OU PISO DE CONCRETO COM CONCRETO MOLDADO IN LOCO, FEITO EM OBRA, ACABAMENTO CONVENCIONAL, ESPESSURA 6 CM, ARMADO. AF_07/2016","M2","ATRIBUÍDO SÃO PAULO","99,59","CAIXA REFERENCIAL"]
["94993","EXECUÇÃO DE PASSEIO (CALÇADA) OU PISO DE CONCRETO COM CONCRETO MOLDADO IN LOCO, USINADO, ACABAMENTO CONVENCIONAL, ESPESSURA 6 CM, ARMADO. AF_07/2016","M2","COEFICIENTE DE REPRESENTATIVIDADE","94,76","CAIXA REFERENCIAL"]
["94994","EXECUÇÃO DE PASSEIO (CALÇADA) OU PISO DE CONCRETO COM CONCRETO MOLDADO IN LOCO, FEITO EM OBRA, ACABAMENTO CONVENCIONAL, ESPESSURA 8 CM, ARMADO. AF_07/2016","M2","ATRIBUÍDO SÃO PAULO","113,21","CAIXA REFERENCIAL"]
["94995","EXECUÇÃO DE PASSEIO (CALÇADA) OU PISO DE CONCRETO COM CONCRETO MOLDADO IN LOCO, USINADO, ACABAMENTO CONVENCIONAL, ESPESSURA 8 CM, ARMADO. AF_07/2016","M2","COEFICIENTE DE REPRESENTATIVIDADE","106,79","CAIXA REFERENCIAL"]
["94996","EXECUÇÃO DE PASSEIO (CALÇADA) OU PISO DE CONCRETO COM CONCRETO MOLDADO IN LOCO, FEITO EM OBRA, ACABAMENTO CONVENCIONAL, ESPESSURA 10 CM, ARMADO. AF_07/2016","M2","ATRIBUÍDO SÃO PAULO","125,05","CAIXA REFERENCIAL"]
["94997","EXECUÇÃO DE PASSEIO (CALÇADA) OU PISO DE CONCRETO COM CONCRETO MOLDADO IN LOCO, USINADO, ACABAMENTO CONVENCIONAL, ESPESSURA 10 CM, ARMADO. AF_07/2016","M2","COEFICIENTE DE REPRESENTATIVIDADE","117,01","CAIXA REFERENCIAL"]
["94998","EXECUÇÃO DE PASSEIO (CALÇADA) OU PISO DE CONCRETO COM CONCRETO MOLDADO IN LOCO, FEITO EM OBRA, ACABAMENTO CONVENCIONAL, ESPESSURA 12 CM, ARMADO. AF_07/2016","M2","ATRIBUÍDO SÃO PAULO","137,98","CAIXA REFERENCIAL"]
["94999","EXECUÇÃO DE PASSEIO (CALÇADA) OU PISO DE CONCRETO COM CONCRETO MOLDADO IN LOCO, USINADO, ACABAMENTO CONVENCIONAL, ESPESSURA 12 CM, ARMADO. AF_07/2016","M2","COEFICIENTE DE REPRESENTATIVIDADE","128,33","CAIXA REFERENCIAL"]
["101747","PISO EM CONCRETO 20 MPA PREPARO MECÂNICO, ESPESSURA 7CM. AF_09/2020","M2","ATRIBUÍDO SÃO PAULO","59,46","CAIXA REFERENCIAL"]
["101743","PISO TÊXTIL (CARPETE) EM PLACA. AF_09/2020","M2","ATRIBUÍDO SÃO PAULO","156,81","CAIXA REFERENCIAL"]
["101744","PISO TÊXTIL (CARPETE) EM MANTA (ROLO) E = 6 A 7 MM. AF_09/2020","M2","ATRIBUÍDO SÃO PAULO","125,00","CAIXA REFERENCIAL"]
["101745","PISO TÊXTIL (CARPETE) EM MANTA (ROLO) E = 9 A 10 MM. AF_09/2020","M2","ATRIBUÍDO SÃO PAULO","153,57","CAIXA REFERENCIAL"]
["87620","CONTRAPISO EM ARGAMASSA TRAÇO 1:4 (CIMENTO E AREIA), PREPARO MECÂNICO COM BETONEIRA 400 L, APLICADO EM ÁREAS SECAS SOBRE LAJE, ADERIDO, ACABAMENTO NÃO REFORÇADO, ESPESSURA 2CM. AF_07/2021","M2","ATRIBUÍDO SÃO PAULO","22,09","CAIXA REFERENCIAL"]
["87622","CONTRAPISO EM ARGAMASSA TRAÇO 1:4 (CIMENTO E AREIA), PREPARO MANUAL, APLICADO EM ÁREAS SECAS SOBRE LAJE, ADERIDO, ACABAMENTO NÃO REFORÇADO, ESPESSURA 2CM. AF_07/2021","M2","COEFICIENTE DE REPRESENTATIVIDADE","24,30","CAIXA REFERENCIAL"]
["87623","CONTRAPISO EM ARGAMASSA PRONTA, PREPARO MECÂNICO COM MISTURADOR 300 KG, APLICADO EM ÁREAS SECAS SOBRE LAJE, ADERIDO, ACABAMENTO NÃO REFORÇADO, ESPESSURA 2CM. AF_07/2021","M2","ATRIBUÍDO SÃO PAULO","52,06","CAIXA REFERENCIAL"]
["87624","CONTRAPISO EM ARGAMASSA PRONTA, PREPARO MECÂNICO COM MISTURADOR 300 KG, APLICADO EM ÁREAS SECAS SOBRE LAJE, ADERIDO, ACABAMENTO NÃO REFORÇADO, ESPESSURA 2CM. AF_07/2021","M2","COEFICIENTE DE REPRESENTATIVIDADE","56,56","CAIXA REFERENCIAL"]
["87630","CONTRAPISO EM ARGAMASSA TRAÇO 1:4 (CIMENTO E AREIA), PREPARO MECÂNICO COM BETONEIRA 400 L, APLICADO EM ÁREAS SECAS SOBRE LAJE, ADERIDO, ACABAMENTO NÃO REFORÇADO, ESPESSURA 3CM. AF_07/2021","M2","ATRIBUÍDO SÃO PAULO","28,06","CAIXA REFERENCIAL"]
["87632","CONTRAPISO EM ARGAMASSA TRAÇO 1:4 (CIMENTO E AREIA), PREPARO MANUAL, APLICADO EM ÁREAS SECAS SOBRE LAJE, ADERIDO, ACABAMENTO NÃO REFORÇADO, ESPESSURA 3CM. AF_07/2021","M2","COEFICIENTE DE REPRESENTATIVIDADE","31,13","CAIXA REFERENCIAL"]
["87633","CONTRAPISO EM ARGAMASSA PRONTA, PREPARO MECÂNICO COM MISTURADOR 300 KG, APLICADO EM ÁREAS SECAS SOBRE LAJE, ADERIDO, ACABAMENTO NÃO REFORÇADO, ESPESSURA 3CM. AF_07/2021","M2","ATRIBUÍDO SÃO PAULO","69,72","CAIXA REFERENCIAL"]
["87634","CONTRAPISO EM ARGAMASSA PRONTA, PREPARO MANUAL, APLICADO EM ÁREAS SECAS SOBRE LAJE, ADERIDO, ACABAMENTO NÃO REFORÇADO, ESPESSURA 3CM. AF_07/2021","M2","COEFICIENTE DE REPRESENTATIVIDADE","75,99","CAIXA REFERENCIAL"]
["87640","CONTRAPISO EM ARGAMASSA TRAÇO 1:4 (CIMENTO E AREIA), PREPARO MECÂNICO COM BETONEIRA 400 L, APLICADO EM ÁREAS SECAS SOBRE LAJE, ADERIDO, ACABAMENTO NÃO REFORÇADO, ESPESSURA 4CM. AF_07/2021","M2","ATRIBUÍDO SÃO PAULO","32,95","CAIXA REFERENCIAL"]
["87642","CONTRAPISO EM ARGAMASSA TRAÇO 1:4 (CIMENTO E AREIA), PREPARO MANUAL, APLICADO EM ÁREAS SECAS SOBRE LAJE, ADERIDO, ACABAMENTO NÃO REFORÇADO, ESPESSURA 4CM. AF_07/2021","M2","COEFICIENTE DE REPRESENTATIVIDADE","36,72","CAIXA REFERENCIAL"]
["87643","CONTRAPISO EM ARGAMASSA PRONTA, PREPARO MECÂNICO COM MISTURADOR 300 KG, APLICADO EM ÁREAS SECAS SOBRE LAJE, ADERIDO, ACABAMENTO NÃO REFORÇADO, ESPESSURA 4CM. AF_07/2021","M2","ATRIBUÍDO SÃO PAULO","84,18","CAIXA REFERENCIAL"]
["87644","CONTRAPISO EM ARGAMASSA PRONTA, PREPARO MANUAL, APLICADO EM ÁREAS SECAS SOBRE LAJE, ADERIDO, ACABAMENTO NÃO REFORÇADO, ESPESSURA 4CM. AF_07/2021","M2","COEFICIENTE DE REPRESENTATIVIDADE","91,88","CAIXA REFERENCIAL"]
["87680","CONTRAPISO EM ARGAMASSA TRAÇO 1:4 (CIMENTO E AREIA), PREPARO MECÂNICO COM BETONEIRA 400 L, APLICADO EM ÁREAS SECAS SOBRE LAJE, NÃO ADERIDO, ACABAMENTO NÃO REFORÇADO, ESPESSURA 4CM. AF_07/2021","M2","ATRIBUÍDO SÃO PAULO","29,43","CAIXA REFERENCIAL"]
["87682","CONTRAPISO EM ARGAMASSA TRAÇO 1:4 (CIMENTO E AREIA), PREPARO MANUAL, APLICADO EM ÁREAS SECAS SOBRE LAJE, NÃO ADERIDO, ACABAMENTO NÃO REFORÇADO, ESPESSURA 4CM. AF_07/2021","M2","COLETADO","33,20","CAIXA REFERENCIAL"]
["87683","CONTRAPISO EM ARGAMASSA PRONTA, PREPARO MECÂNICO COM MISTURADOR 300 KG, APLICADO EM ÁREAS SECAS SOBRE LAJE, NÃO ADERIDO, ACABAMENTO NÃO REFORÇADO, ESPESSURA 4CM. AF_07/2021","M2","ATRIBUÍDO SÃO PAULO","80,66","CAIXA REFERENCIAL"]
["87684","CONTRAPISO EM ARGAMASSA PRONTA, PREPARO MANUAL, APLICADO EM ÁREAS SECAS SOBRE LAJE, NÃO ADERIDO, ACABAMENTO NÃO REFORÇADO, ESPESSURA 4CM. AF_07/2021","M2","COEFICIENTE DE REPRESENTATIVIDADE","88,36","CAIXA REFERENCIAL"]
["87690","CONTRAPISO EM ARGAMASSA TRAÇO 1:4 (CIMENTO E AREIA), PREPARO MECÂNICO COM BETONEIRA 400 L, APLICADO EM ÁREAS SECAS SOBRE LAJE, NÃO ADERIDO, ACABAMENTO NÃO REFORÇADO, ESPESSURA 5CM. AF_07/2021","M2","ATRIBUÍDO SÃO PAULO","33,73","CAIXA REFERENCIAL"]
["87692","CONTRAPISO EM ARGAMASSA TRAÇO 1:4 (CIMENTO E AREIA), PREPARO MANUAL, APLICADO EM ÁREAS SECAS SOBRE LAJE, NÃO ADERIDO, ACABAMENTO NÃO REFORÇADO, ESPESSURA 5CM. AF_07/2021","M2","COLETADO","38,05","CAIXA REFERENCIAL"]
["87693","CONTRAPISO EM ARGAMASSA PRONTA, PREPARO MECÂNICO COM MISTURADOR 300 KG, APLICADO EM ÁREAS SECAS SOBRE LAJE, NÃO ADERIDO, ESPESSURA 5CM. AF_07/2021","M2","ATRIBUÍDO SÃO PAULO","92,40","CAIXA REFERENCIAL"]
["87694","CONTRAPISO EM ARGAMASSA PRONTA, PREPARO MANUAL, APLICADO EM ÁREAS SECAS SOBRE LAJE, NÃO ADERIDO, ACABAMENTO NÃO REFORÇADO, ESPESSURA 5CM. AF_07/2021","M2","COEFICIENTE DE REPRESENTATIVIDADE","101,22","CAIXA REFERENCIAL"]
["87700","CONTRAPISO EM ARGAMASSA TRAÇO 1:4 (CIMENTO E AREIA), PREPARO MECÂNICO COM BETONEIRA 400 L, APLICADO EM ÁREAS SECAS SOBRE LAJE, NÃO ADERIDO, ACABAMENTO NÃO REFORÇADO, ESPESSURA 6CM. AF_07/2021","M2","ATRIBUÍDO SÃO PAULO","36,40","CAIXA REFERENCIAL"]
["87702","CONTRAPISO EM ARGAMASSA TRAÇO 1:4 (CIMENTO E AREIA), PREPARO MANUAL, APLICADO EM ÁREAS SECAS SOBRE LAJE, NÃO ADERIDO, ACABAMENTO NÃO REFORÇADO, ESPESSURA 6CM. AF_07/2021","M2","COLETADO","41,10","CAIXA REFERENCIAL"]
["87703","CONTRAPISO EM ARGAMASSA PRONTA, PREPARO MECÂNICO COM MISTURADOR 300 KG, APLICADO EM ÁREAS SECAS SOBRE LAJE, NÃO ADERIDO, ACABAMENTO NÃO REFORÇADO, ESPESSURA 6CM. AF_07/2021","M2","ATRIBUÍDO SÃO PAULO","100,29","CAIXA REFERENCIAL"]
["87704","CONTRAPISO EM ARGAMASSA PRONTA, PREPARO MANUAL, APLICADO EM ÁREAS SECAS SOBRE LAJE, NÃO ADERIDO, ACABAMENTO NÃO REFORÇADO, ESPESSURA 6CM. AF_07/2021","M2","COEFICIENTE DE REPRESENTATIVIDADE","109,89","CAIXA REFERENCIAL"]
["87735","CONTRAPISO EM ARGAMASSA TRAÇO 1:4 (CIMENTO E AREIA), PREPARO MECÂNICO COM BETONEIRA 400 L, APLICADO EM ÁREAS MOLHADAS SOBRE LAJE, ADERIDO, ACABAMENTO NÃO REFORÇADO, ESPESSURA 2CM. AF_07/2021","M2","ATRIBUÍDO SÃO PAULO","31,44","CAIXA REFERENCIAL"]
["87737","CONTRAPISO EM ARGAMASSA TRAÇO 1:4 (CIMENTO E AREIA), PREPARO MANUAL, APLICADO EM ÁREAS MOLHADAS SOBRE LAJE, ADERIDO, ACABAMENTO NÃO REFORÇADO, ESPESSURA 2CM. AF_07/2021","M2","COEFICIENTE DE REPRESENTATIVIDADE","33,65","CAIXA REFERENCIAL"]
["87738","CONTRAPISO EM ARGAMASSA PRONTA, PREPARO MECÂNICO COM MISTURADOR 300 KG, APLICADO EM ÁREAS MOLHADAS SOBRE LAJE, ADERIDO, ACABAMENTO NÃO REFORÇADO, ESPESSURA 2CM. AF_07/2021","M2","ATRIBUÍDO SÃO PAULO","61,41","CAIXA REFERENCIAL"]
["87739","CONTRAPISO EM ARGAMASSA PRONTA, PREPARO MANUAL, APLICADO EM ÁREAS MOLHADAS SOBRE LAJE, ADERIDO, ACABAMENTO NÃO REFORÇADO, ESPESSURA 2CM. AF_07/2021","M2","COEFICIENTE DE REPRESENTATIVIDADE","65,91","CAIXA REFERENCIAL"]
["87745","CONTRAPISO EM ARGAMASSA TRAÇO 1:4 (CIMENTO E AREIA), PREPARO MECÂNICO COM BETONEIRA 400 L, APLICADO EM ÁREAS MOLHADAS SOBRE LAJE, ADERIDO, ACABAMENTO NÃO REFORÇADO, ESPESSURA 3CM. AF_07/2021","M2","ATRIBUÍDO SÃO PAULO","37,42","CAIXA REFERENCIAL"]
["87747","CONTRAPISO EM ARGAMASSA TRAÇO 1:4 (CIMENTO E AREIA), PREPARO MANUAL, APLICADO EM ÁREAS MOLHADAS SOBRE LAJE, ADERIDO, ACABAMENTO NÃO REFORÇADO, ESPESSURA 3CM. AF_07/2021","M2","COEFICIENTE DE REPRESENTATIVIDADE","40,49","CAIXA REFERENCIAL"]
["87748","CONTRAPISO EM ARGAMASSA PRONTA, PREPARO MECÂNICO COM MISTURADOR 300 KG, APLICADO EM ÁREAS MOLHADAS SOBRE LAJE, ADERIDO, ACABAMENTO NÃO REFORÇADO, ESPESSURA 3CM. AF_07/2021","M2","ATRIBUÍDO SÃO PAULO","79,08","CAIXA REFERENCIAL"]
["87749","CONTRAPISO EM ARGAMASSA PRONTA, PREPARO MANUAL, APLICADO EM ÁREAS MOLHADAS SOBRE LAJE, ADERIDO, ACABAMENTO NÃO REFORÇADO, ESPESSURA 3CM. AF_07/2021","M2","COEFICIENTE DE REPRESENTATIVIDADE","85,35","CAIXA REFERENCIAL"]
["87755","CONTRAPISO EM ARGAMASSA TRAÇO 1:4 (CIMENTO E AREIA), PREPARO MECÂNICO COM BETONEIRA 400 L, APLICADO EM ÁREAS MOLHADAS SOBRE IMPERMEABILIZAÇÃO, ACABAMENTO NÃO REFORÇADO, ESPESSURA 3CM. AF_07/2021","M2","ATRIBUÍDO SÃO PAULO","35,69","CAIXA REFERENCIAL"]
["87757","CONTRAPISO EM ARGAMASSA TRAÇO 1:4 (CIMENTO E AREIA), PREPARO MANUAL, APLICADO EM ÁREAS MOLHADAS SOBRE IMPERMEABILIZAÇÃO, ACABAMENTO NÃO REFORÇADO, ESPESSURA 3CM. AF_07/2021","M2","COLETADO","38,76","CAIXA REFERENCIAL"]
["87758","CONTRAPISO EM ARGAMASSA PRONTA, PREPARO MECÂNICO COM MISTURADOR 300 KG, APLICADO EM ÁREAS MOLHADAS SOBRE IMPERMEABILIZAÇÃO, ACABAMENTO NÃO REFORÇADO, ESPESSURA 3CM. AF_07/2021","M2","ATRIBUÍDO SÃO PAULO","77,35","CAIXA REFERENCIAL"]
["87759","CONTRAPISO EM ARGAMASSA PRONTA, PREPARO MANUAL, APLICADO EM ÁREAS MOLHADAS SOBRE IMPERMEABILIZAÇÃO, ACABAMENTO NÃO REFORÇADO, ESPESSURA 3CM. AF_07/2021","M2","COEFICIENTE DE REPRESENTATIVIDADE","83,62","CAIXA REFERENCIAL"]
["87765","CONTRAPISO EM ARGAMASSA TRAÇO 1:4 (CIMENTO E AREIA), PREPARO MECÂNICO COM BETONEIRA 400 L, APLICADO EM ÁREAS MOLHADAS SOBRE IMPERMEABILIZAÇÃO, ACABAMENTO NÃO REFORÇADO, ESPESSURA 4CM. AF_07/2021","M2","ATRIBUÍDO SÃO PAULO","40,63","CAIXA REFERENCIAL"]
["87767","CONTRAPISO EM ARGAMASSA TRAÇO 1:4 (CIMENTO E AREIA), PREPARO MANUAL, APLICADO EM ÁREAS MOLHADAS SOBRE IMPERMEABILIZAÇÃO, ACABAMENTO NÃO REFORÇADO, ESPESSURA 4CM. AF_07/2021","M2","COLETADO","44,40","CAIXA REFERENCIAL"]
["87768","CONTRAPISO EM ARGAMASSA PRONTA, PREPARO MECÂNICO COM MISTURADOR 300 KG, APLICADO EM ÁREAS MOLHADAS SOBRE IMPERMEABILIZAÇÃO, ACABAMENTO NÃO REFORÇADO, ESPESSURA 4CM. AF_07/2021","M2","ATRIBUÍDO SÃO PAULO","91,86","CAIXA REFERENCIAL"]
["87769","CONTRAPISO EM ARGAMASSA PRONTA, PREPARO MANUAL, APLICADO EM ÁREAS MOLHADAS SOBRE IMPERMEABILIZAÇÃO, ACABAMENTO NÃO REFORÇADO, ESPESSURA 4CM. AF_07/2021","M2","COEFICIENTE DE REPRESENTATIVIDADE","99,56","CAIXA REFERENCIAL"]
["88470","CONTRAPISO COM ARGAMASSA AUTONIVELANTE, APLICADO SOBRE LAJE, NÃO ADERIDO, ESPESSURA 3CM. AF_07/2021","M2","COEFICIENTE DE REPRESENTATIVIDADE","17,47","CAIXA REFERENCIAL"]
["88471","CONTRAPISO COM ARGAMASSA AUTONIVELANTE, APLICADO SOBRE LAJE, NÃO ADERIDO, ESPESSURA 4CM. AF_07/2021","M2","COEFICIENTE DE REPRESENTATIVIDADE","21,91","CAIXA REFERENCIAL"]
["88472","CONTRAPISO COM ARGAMASSA AUTONIVELANTE, APLICADO SOBRE LAJE, NÃO ADERIDO, ESPESSURA 5CM. AF_07/2021","M2","COEFICIENTE DE REPRESENTATIVIDADE","25,43","CAIXA REFERENCIAL"]
["88476","CONTRAPISO COM ARGAMASSA AUTONIVELANTE, APLICADO SOBRE LAJE, ADERIDO, ESPESSURA 2CM. AF_07/2021","M2","COEFICIENTE DE REPRESENTATIVIDADE","14,93","CAIXA REFERENCIAL"]
["88477","CONTRAPISO COM ARGAMASSA AUTONIVELANTE, APLICADO SOBRE LAJE, ADERIDO, ESPESSURA 3CM. AF_07/2021","M2","COEFICIENTE DE REPRESENTATIVIDADE","20,53","CAIXA REFERENCIAL"]
["88478","CONTRAPISO COM ARGAMASSA AUTONIVELANTE, APLICADO SOBRE LAJE, ADERIDO, ESPESSURA 4CM. AF_07/2021","M2","COEFICIENTE DE REPRESENTATIVIDADE","25,15","CAIXA REFERENCIAL"]
["90930","CONTRAPISO ACÚSTICO EM ARGAMASSA TRAÇO 1:4 (CIMENTO E AREIA), PREPARO MECÂNICO COM BETONEIRA 400L, APLICADO EM ÁREAS SECAS, ACABAMENTO NÃO REFORÇADO, ESPESSURA 5CM. AF_07/2021","M2","ATRIBUÍDO SÃO PAULO","63,07","CAIXA REFERENCIAL"]
["90932","CONTRAPISO ACÚSTICO EM ARGAMASSA TRAÇO 1:4 (CIMENTO E AREIA), PREPARO MANUAL, APLICADO EM ÁREAS SECAS, ACABAMENTO NÃO REFORÇADO, ESPESSURA 5CM. AF_07/2021","M2","ATRIBUÍDO SÃO PAULO","67,39","CAIXA REFERENCIAL"]
["90933","CONTRAPISO ACÚSTICO EM ARGAMASSA PRONTA, PREPARO MECÂNICO COM MISTURADOR 300 KG, APLICADO EM ÁREAS SECAS, ACABAMENTO NÃO REFORÇADO, ESPESSURA 5CM. AF_07/2021","M2","ATRIBUÍDO SÃO PAULO","121,74","CAIXA REFERENCIAL"]
["90934","CONTRAPISO ACÚSTICO EM ARGAMASSA PRONTA, PREPARO MANUAL, APLICADO EM ÁREAS SECAS, ACABAMENTO NÃO REFORÇADO, ESPESSURA 5CM. AF_07/2021","M2","ATRIBUÍDO SÃO PAULO","130,56","CAIXA REFERENCIAL"]
["90940","CONTRAPISO ACÚSTICO EM ARGAMASSA TRAÇO 1:4 (CIMENTO E AREIA), PREPARO MECÂNICO COM BETONEIRA 400L, APLICADO EM ÁREAS SECAS, ACABAMENTO NÃO REFORÇADO, ESPESSURA 6CM. AF_07/2021","M2","ATRIBUÍDO SÃO PAULO","66,75","CAIXA REFERENCIAL"]
["90942","CONTRAPISO ACÚSTICO EM ARGAMASSA TRAÇO 1:4 (CIMENTO E AREIA), PREPARO MANUAL, APLICADO EM ÁREAS SECAS, ACABAMENTO NÃO REFORÇADO, ESPESSURA 6CM. AF_07/2021","M2","ATRIBUÍDO SÃO PAULO","71,45","CAIXA REFERENCIAL"]
["90943","CONTRAPISO ACÚSTICO EM ARGAMASSA PRONTA, PREPARO MECÂNICO COM MISTURADOR 300 KG, APLICADO EM ÁREAS SECAS, ACABAMENTO NÃO REFORÇADO, ESPESSURA 6CM. AF_07/2021","M2","ATRIBUÍDO SÃO PAULO","130,64","CAIXA REFERENCIAL"]
["90944","CONTRAPISO ACÚSTICO EM ARGAMASSA PRONTA, PREPARO MANUAL, APLICADO EM ÁREAS SECA, ACABAMENTO NÃO REFORÇADO, ESPESSURA 6CM. AF_07/2021","M2","ATRIBUÍDO SÃO PAULO","140,24","CAIXA REFERENCIAL"]
["90950","CONTRAPISO ACÚSTICO EM ARGAMASSA TRAÇO 1:4 (CIMENTO E AREIA), PREPARO MECÂNICO COM BETONEIRA 400L, APLICADO EM ÁREAS SECAS, ACABAMENTO NÃO REFORÇADO, ESPESSURA 7CM. AF_07/2021","M2","ATRIBUÍDO SÃO PAULO","73,45","CAIXA REFERENCIAL"]
["90952","CONTRAPISO ACÚSTICO EM ARGAMASSA TRAÇO 1:4 (CIMENTO E AREIA), PREPARO MANUAL, APLICADO EM ÁREAS SECAS, ACABAMENTO NÃO REFORÇADO, ESPESSURA 7CM. AF_07/2021","M2","ATRIBUÍDO SÃO PAULO","78,86","CAIXA REFERENCIAL"]
["90953","CONTRAPISO ACÚSTICO EM ARGAMASSA PRONTA, PREPARO MECÂNICO COM MISTURADOR 300 KG, APLICADO EM ÁREAS SECAS, ACABAMENTO NÃO REFORÇADO, ESPESSURA 7CM. AF_07/2021","M2","ATRIBUÍDO SÃO PAULO","146,91","CAIXA REFERENCIAL"]
["90954","CONTRAPISO ACÚSTICO EM ARGAMASSA PRONTA, PREPARO MANUAL, APLICADO EM ÁREAS SECAS, ACABAMENTO NÃO REFORÇADO, ESPESSURA 7CM. AF_07/2021","M2","ATRIBUÍDO SÃO PAULO","157,96","CAIXA REFERENCIAL"]
["94438","(COMPOSIÇÃO REPRESENTATIVA) DO SERVIÇO DE CONTRAPISO EM ARGAMASSA TRAÇO 1:4 (CIM E AREIA), EM BETONEIRA 400 L, ESPESSURA 3 CM ÁREAS SECAS E 3 CM ÁREAS MOLHADAS, PARA EDIFICAÇÃO HABITACIONAL UNIFAMILIAR (CASA) E EDIFICAÇÃO PÚBLICA PADRÃO. AF_11/2014","M2","ATRIBUÍDO SÃO PAULO","31,15","CAIXA REFERENCIAL"]
["94439","(COMPOSIÇÃO REPRESENTATIVA) DO SERVIÇO DE CONTRAPISO EM ARGAMASSA TRAÇO 1:4 (CIM E AREIA), EM BETONEIRA 400 L, ESPESSURA 4 CM ÁREAS SECAS E AREAS MOLHADAS SOBRE LAJE E 3 CM ÁREAS MOLHADAS SOBRE IMPERMEABILIZAÇÃO, PARA EDIFICAÇÃO HABITACIONAL UNIFAMILIAR(CASA) E EDIFICAÇÃO PÚBLICA PADRÃO. AF_11/2014","M2","ATRIBUÍDO SÃO PAULO","35,07","CAIXA REFERENCIAL"]
["94779","(COMPOSIÇÃO REPRESENTATIVA) DO SERVIÇO DE CONTRAPISO EM ARGAMASSA TRAÇO 1:4 (CIM E AREIA), EM BETONEIRA 400 L, ESPESSURA 3 CM ÁREAS SECAS E 3 CM ÁREAS MOLHADAS, PARA EDIFICAÇÃO HABITACIONAL MULTIFAMILIAR (PRÉDIO). AF_11/2014","M2","ATRIBUÍDO SÃO PAULO","29,95","CAIXA REFERENCIAL"]
["94782","(COMPOSIÇÃO REPRESENTATIVA) DO SERVIÇO DE CONTRAPISO EM ARGAMASSA TRAÇO 1:4 (CIM E AREIA), EM BETONEIRA 400 L, ESPESSURA 4 CM ÁREAS SECAS E AREAS MOLHADAS SOBRE LAJE E 3 CM ÁREAS MOLHADAS SOBRE IMPERMEABILIZAÇÃO, PARA EDIFICAÇÃO HABITACIONAL MULTIFAMILIAR (PRÉDIO). AF_11/2014","M2","ATRIBUÍDO SÃO PAULO","34,30","CAIXA REFERENCIAL"]
["102803","REFORÇO SUPERFICIAL PARA CONTRAPISOS DE ARGAMASSA SEMI-SECA. AF_07/2021","M2","COLETADO","1,81","CAIXA REFERENCIAL"]
["101742","RODAPÉ BORRACHA LISO, ALTURA = 7CM, ESPESSURA = 2 MM, PARA ARGAMASSA. AF_09/2020","M","COEFICIENTE DE REPRESENTATIVIDADE","50,00","CAIXA REFERENCIAL"]
["87871","CHAPISCO APLICADO SOMENTE EM ESTRUTURAS DE CONCRETO EM ALVENARIAS INTERNAS, COM DESEMPENADEIRA DENTADA. ARGAMASSA INDUSTRIALIZADA COM PREPARO MANUAL. AF_06/2014","M2","COEFICIENTE DE REPRESENTATIVIDADE","11,23","CAIXA REFERENCIAL"]
["87872","CHAPISCO APLICADO SOMENTE EM ESTRUTURAS DE CONCRETO EM ALVENARIAS INTERNAS, COM DESEMPENADEIRA DENTADA.  ARGAMASSA INDUSTRIALIZADA COM PREPARO EM MISTURADOR 300 KG. AF_06/2014","M2","ATRIBUÍDO SÃO PAULO","10,71","CAIXA REFERENCIAL"]
["87873","CHAPISCO APLICADO EM ALVENARIAS E ESTRUTURAS DE CONCRETO INTERNAS, COM ROLO PARA TEXTURA ACRÍLICA.  ARGAMASSA TRAÇO 1:4 E EMULSÃO POLIMÉRICA (ADESIVO) COM PREPARO MANUAL. AF_06/2014","M2","COEFICIENTE DE REPRESENTATIVIDADE","4,97","CAIXA REFERENCIAL"]
["87874","CHAPISCO APLICADO EM ALVENARIAS E ESTRUTURAS DE CONCRETO INTERNAS, COM ROLO PARA TEXTURA ACRÍLICA.  ARGAMASSA TRAÇO 1:4 E EMULSÃO POLIMÉRICA (ADESIVO) COM PREPARO EM BETONEIRA 400L. AF_06/2014","M2","ATRIBUÍDO SÃO PAULO","4,87","CAIXA REFERENCIAL"]
["87876","CHAPISCO APLICADO EM ALVENARIAS E ESTRUTURAS DE CONCRETO INTERNAS, COM ROLO PARA TEXTURA ACRÍLICA.  ARGAMASSA INDUSTRIALIZADA COM PREPARO MANUAL. AF_06/2014","M2","COEFICIENTE DE REPRESENTATIVIDADE","6,72","CAIXA REFERENCIAL"]
["87877","CHAPISCO APLICADO EM ALVENARIAS E ESTRUTURAS DE CONCRETO INTERNAS, COM ROLO PARA TEXTURA ACRÍLICA.  ARGAMASSA INDUSTRIALIZADA COM PREPARO EM MISTURADOR 300 KG. AF_06/2014","M2","ATRIBUÍDO SÃO PAULO","6,47","CAIXA REFERENCIAL"]
["87878","CHAPISCO APLICADO EM ALVENARIAS E ESTRUTURAS DE CONCRETO INTERNAS, COM COLHER DE PEDREIRO.  ARGAMASSA TRAÇO 1:3 COM PREPARO MANUAL. AF_06/2014","M2","COLETADO","3,57","CAIXA REFERENCIAL"]
["87879","CHAPISCO APLICADO EM ALVENARIAS E ESTRUTURAS DE CONCRETO INTERNAS, COM COLHER DE PEDREIRO.  ARGAMASSA TRAÇO 1:3 COM PREPARO EM BETONEIRA 400L. AF_06/2014","M2","ATRIBUÍDO SÃO PAULO","3,22","CAIXA REFERENCIAL"]
["87881","CHAPISCO APLICADO NO TETO, COM ROLO PARA TEXTURA ACRÍLICA. ARGAMASSA TRAÇO 1:4 E EMULSÃO POLIMÉRICA (ADESIVO) COM PREPARO MANUAL. AF_06/2014","M2","COEFICIENTE DE REPRESENTATIVIDADE","4,87","CAIXA REFERENCIAL"]
["87882","CHAPISCO APLICADO NO TETO, COM ROLO PARA TEXTURA ACRÍLICA. ARGAMASSA TRAÇO 1:4 E EMULSÃO POLIMÉRICA (ADESIVO) COM PREPARO EM BETONEIRA 400L. AF_06/2014","M2","ATRIBUÍDO SÃO PAULO","4,77","CAIXA REFERENCIAL"]
["87884","CHAPISCO APLICADO NO TETO, COM ROLO PARA TEXTURA ACRÍLICA. ARGAMASSA INDUSTRIALIZADA COM PREPARO MANUAL. AF_06/2014","M2","COEFICIENTE DE REPRESENTATIVIDADE","6,62","CAIXA REFERENCIAL"]
["87885","CHAPISCO APLICADO NO TETO, COM ROLO PARA TEXTURA ACRÍLICA. ARGAMASSA INDUSTRIALIZADA COM PREPARO EM MISTURADOR 300 KG. AF_06/2014","M2","ATRIBUÍDO SÃO PAULO","6,37","CAIXA REFERENCIAL"]
["87886","CHAPISCO APLICADO NO TETO, COM DESEMPENADEIRA DENTADA. ARGAMASSA INDUSTRIALIZADA COM PREPARO MANUAL. AF_06/2014","M2","COEFICIENTE DE REPRESENTATIVIDADE","16,92","CAIXA REFERENCIAL"]
["87887","CHAPISCO APLICADO NO TETO, COM DESEMPENADEIRA DENTADA. ARGAMASSA INDUSTRIALIZADA COM PREPARO EM MISTURADOR 300 KG. AF_06/2014","M2","ATRIBUÍDO SÃO PAULO","16,40","CAIXA REFERENCIAL"]
["87888","CHAPISCO APLICADO EM ALVENARIA (SEM PRESENÇA DE VÃOS) E ESTRUTURAS DE CONCRETO DE FACHADA, COM ROLO PARA TEXTURA ACRÍLICA.  ARGAMASSA TRAÇO 1:4 E EMULSÃO POLIMÉRICA (ADESIVO) COM PREPARO MANUAL. AF_06/2014","M2","COEFICIENTE DE REPRESENTATIVIDADE","6,15","CAIXA REFERENCIAL"]
["87889","CHAPISCO APLICADO EM ALVENARIA (SEM PRESENÇA DE VÃOS) E ESTRUTURAS DE CONCRETO DE FACHADA, COM ROLO PARA TEXTURA ACRÍLICA.  ARGAMASSA TRAÇO 1:4 E EMULSÃO POLIMÉRICA (ADESIVO) COM PREPARO EM BETONEIRA 400L. AF_06/2014","M2","ATRIBUÍDO SÃO PAULO","6,05","CAIXA REFERENCIAL"]
["87891","CHAPISCO APLICADO EM ALVENARIA (SEM PRESENÇA DE VÃOS) E ESTRUTURAS DE CONCRETO DE FACHADA, COM ROLO PARA TEXTURA ACRÍLICA.  ARGAMASSA INDUSTRIALIZADA COM PREPARO MANUAL. AF_06/2014","M2","COEFICIENTE DE REPRESENTATIVIDADE","7,90","CAIXA REFERENCIAL"]
["87892","CHAPISCO APLICADO EM ALVENARIA (SEM PRESENÇA DE VÃOS) E ESTRUTURAS DE CONCRETO DE FACHADA, COM ROLO PARA TEXTURA ACRÍLICA.  ARGAMASSA INDUSTRIALIZADA COM PREPARO EM MISTURADOR 300 KG. AF_06/2014","M2","ATRIBUÍDO SÃO PAULO","7,65","CAIXA REFERENCIAL"]
["87893","CHAPISCO APLICADO EM ALVENARIA (SEM PRESENÇA DE VÃOS) E ESTRUTURAS DE CONCRETO DE FACHADA, COM COLHER DE PEDREIRO.  ARGAMASSA TRAÇO 1:3 COM PREPARO MANUAL. AF_06/2014","M2","COLETADO","5,62","CAIXA REFERENCIAL"]
["87894","CHAPISCO APLICADO EM ALVENARIA (SEM PRESENÇA DE VÃOS) E ESTRUTURAS DE CONCRETO DE FACHADA, COM COLHER DE PEDREIRO.  ARGAMASSA TRAÇO 1:3 COM PREPARO EM BETONEIRA 400L. AF_06/2014","M2","ATRIBUÍDO SÃO PAULO","5,27","CAIXA REFERENCIAL"]
["87896","CHAPISCO APLICADO EM ALVENARIA (SEM PRESENÇA DE VÃOS) E ESTRUTURAS DE CONCRETO DE FACHADA, COM EQUIPAMENTO DE PROJEÇÃO.  ARGAMASSA TRAÇO 1:3 COM PREPARO MANUAL. AF_06/2014","M2","ATRIBUÍDO SÃO PAULO","5,19","CAIXA REFERENCIAL"]
["87897","CHAPISCO APLICADO EM ALVENARIA (SEM PRESENÇA DE VÃOS) E ESTRUTURAS DE CONCRETO DE FACHADA, COM EQUIPAMENTO DE PROJEÇÃO.  ARGAMASSA TRAÇO 1:3 COM PREPARO EM BETONEIRA 400 L. AF_06/2014","M2","ATRIBUÍDO SÃO PAULO","4,84","CAIXA REFERENCIAL"]
["87899","CHAPISCO APLICADO EM ALVENARIA (COM PRESENÇA DE VÃOS) E ESTRUTURAS DE CONCRETO DE FACHADA, COM ROLO PARA TEXTURA ACRÍLICA.  ARGAMASSA TRAÇO 1:4 E EMULSÃO POLIMÉRICA (ADESIVO) COM PREPARO MANUAL. AF_06/2014","M2","COEFICIENTE DE REPRESENTATIVIDADE","7,19","CAIXA REFERENCIAL"]
["87900","CHAPISCO APLICADO EM ALVENARIA (COM PRESENÇA DE VÃOS) E ESTRUTURAS DE CONCRETO DE FACHADA, COM ROLO PARA TEXTURA ACRÍLICA.  ARGAMASSA TRAÇO 1:4 E EMULSÃO POLIMÉRICA (ADESIVO) COM PREPARO EM BETONEIRA 400L. AF_06/2014","M2","ATRIBUÍDO SÃO PAULO","7,09","CAIXA REFERENCIAL"]
["87902","CHAPISCO APLICADO EM ALVENARIA (COM PRESENÇA DE VÃOS) E ESTRUTURAS DE CONCRETO DE FACHADA, COM ROLO PARA TEXTURA ACRÍLICA.  ARGAMASSA INDUSTRIALIZADA COM PREPARO MANUAL. AF_06/2014","M2","COEFICIENTE DE REPRESENTATIVIDADE","8,94","CAIXA REFERENCIAL"]
["87903","CHAPISCO APLICADO EM ALVENARIA (COM PRESENÇA DE VÃOS) E ESTRUTURAS DE CONCRETO DE FACHADA, COM ROLO PARA TEXTURA ACRÍLICA.  ARGAMASSA INDUSTRIALIZADA COM PREPARO EM MISTURADOR 300 KG. AF_06/2014","M2","ATRIBUÍDO SÃO PAULO","8,69","CAIXA REFERENCIAL"]
["87904","CHAPISCO APLICADO EM ALVENARIA (COM PRESENÇA DE VÃOS) E ESTRUTURAS DE CONCRETO DE FACHADA, COM COLHER DE PEDREIRO.  ARGAMASSA TRAÇO 1:3 COM PREPARO MANUAL. AF_06/2014","M2","COLETADO","7,36","CAIXA REFERENCIAL"]
["87905","CHAPISCO APLICADO EM ALVENARIA (COM PRESENÇA DE VÃOS) E ESTRUTURAS DE CONCRETO DE FACHADA, COM COLHER DE PEDREIRO.  ARGAMASSA TRAÇO 1:3 COM PREPARO EM BETONEIRA 400L. AF_06/2014","M2","ATRIBUÍDO SÃO PAULO","7,01","CAIXA REFERENCIAL"]
["87907","CHAPISCO APLICADO EM ALVENARIA (COM PRESENÇA DE VÃOS) E ESTRUTURAS DE CONCRETO DE FACHADA, COM EQUIPAMENTO DE PROJEÇÃO.  ARGAMASSA TRAÇO 1:3 COM PREPARO MANUAL. AF_06/2014","M2","ATRIBUÍDO SÃO PAULO","6,75","CAIXA REFERENCIAL"]
["87908","CHAPISCO APLICADO EM ALVENARIA (COM PRESENÇA DE VÃOS) E ESTRUTURAS DE CONCRETO DE FACHADA, COM EQUIPAMENTO DE PROJEÇÃO.  ARGAMASSA TRAÇO 1:3 COM PREPARO EM BETONEIRA 400 L. AF_06/2014","M2","ATRIBUÍDO SÃO PAULO","6,40","CAIXA REFERENCIAL"]
["87910","CHAPISCO APLICADO SOMENTE NA ESTRUTURA DE CONCRETO DA FACHADA, COM DESEMPENADEIRA DENTADA. ARGAMASSA INDUSTRIALIZADA COM PREPARO MANUAL. AF_06/2014","M2","COEFICIENTE DE REPRESENTATIVIDADE","16,59","CAIXA REFERENCIAL"]
["87911","CHAPISCO APLICADO SOMENTE NA ESTRUTURA DE CONCRETO DA FACHADA, COM DESEMPENADEIRA DENTADA. ARGAMASSA INDUSTRIALIZADA COM PREPARO EM MISTURADOR 300 KG. AF_06/2014","M2","ATRIBUÍDO SÃO PAULO","16,07","CAIXA REFERENCIAL"]
["87411","APLICAÇÃO MANUAL DE GESSO DESEMPENADO (SEM TALISCAS) EM TETO DE AMBIENTES DE ÁREA MAIOR QUE 10M², ESPESSURA DE 0,5CM. AF_06/2014","M2","COEFICIENTE DE REPRESENTATIVIDADE","10,40","CAIXA REFERENCIAL"]
["87412","APLICAÇÃO MANUAL DE GESSO DESEMPENADO (SEM TALISCAS) EM TETO DE AMBIENTES DE ÁREA ENTRE 5M² E 10M², ESPESSURA DE 0,5CM. AF_06/2014","M2","COEFICIENTE DE REPRESENTATIVIDADE","15,20","CAIXA REFERENCIAL"]
["87413","APLICAÇÃO MANUAL DE GESSO DESEMPENADO (SEM TALISCAS) EM TETO DE AMBIENTES DE ÁREA MENOR QUE 5M², ESPESSURA DE 0,5CM. AF_06/2014","M2","COEFICIENTE DE REPRESENTATIVIDADE","17,94","CAIXA REFERENCIAL"]
["87414","APLICAÇÃO MANUAL DE GESSO DESEMPENADO (SEM TALISCAS) EM TETO DE AMBIENTES DE ÁREA MAIOR QUE 10M², ESPESSURA DE 1,0CM. AF_06/2014","M2","COEFICIENTE DE REPRESENTATIVIDADE","15,23","CAIXA REFERENCIAL"]
["87415","APLICAÇÃO MANUAL DE GESSO DESEMPENADO (SEM TALISCAS) EM TETO DE AMBIENTES DE ÁREA ENTRE 5M² E 10M², ESPESSURA DE 1,0CM. AF_06/2014","M2","COEFICIENTE DE REPRESENTATIVIDADE","19,87","CAIXA REFERENCIAL"]
["87416","APLICAÇÃO MANUAL DE GESSO DESEMPENADO (SEM TALISCAS) EM TETO DE AMBIENTES DE ÁREA MENOR QUE 5M², ESPESSURA DE 1,0CM. AF_06/2014","M2","COEFICIENTE DE REPRESENTATIVIDADE","22,78","CAIXA REFERENCIAL"]
["87417","APLICAÇÃO MANUAL DE GESSO DESEMPENADO (SEM TALISCAS) EM PAREDES DE AMBIENTES DE ÁREA MAIOR QUE 10M², ESPESSURA DE 0,5CM. AF_06/2014","M2","COEFICIENTE DE REPRESENTATIVIDADE","11,08","CAIXA REFERENCIAL"]
["87418","APLICAÇÃO MANUAL DE GESSO DESEMPENADO (SEM TALISCAS) EM PAREDES DE AMBIENTES DE ÁREA ENTRE 5M² E 10M², ESPESSURA DE 0,5CM. AF_06/2014","M2","COEFICIENTE DE REPRESENTATIVIDADE","11,43","CAIXA REFERENCIAL"]
["87419","APLICAÇÃO MANUAL DE GESSO DESEMPENADO (SEM TALISCAS) EM PAREDES DE AMBIENTES DE ÁREA MENOR QUE 5M², ESPESSURA DE 0,5CM. AF_06/2014","M2","COEFICIENTE DE REPRESENTATIVIDADE","12,47","CAIXA REFERENCIAL"]
["87420","APLICAÇÃO MANUAL DE GESSO DESEMPENADO (SEM TALISCAS) EM PAREDES DE AMBIENTES DE ÁREA MAIOR QUE 10M², ESPESSURA DE 1,0CM. AF_06/2014","M2","COEFICIENTE DE REPRESENTATIVIDADE","16,43","CAIXA REFERENCIAL"]
["87421","APLICAÇÃO MANUAL DE GESSO DESEMPENADO (SEM TALISCAS) EM PAREDES DE AMBIENTES DE ÁREA ENTRE 5M² E 10M², ESPESSURA DE 1,0CM. AF_06/2014","M2","COEFICIENTE DE REPRESENTATIVIDADE","16,78","CAIXA REFERENCIAL"]
["87422","APLICAÇÃO MANUAL DE GESSO DESEMPENADO (SEM TALISCAS) EM PAREDES DE AMBIENTES DE ÁREA MENOR QUE 5M², ESPESSURA DE 1,0CM. AF_06/2014","M2","COEFICIENTE DE REPRESENTATIVIDADE","17,81","CAIXA REFERENCIAL"]
["87423","APLICAÇÃO MANUAL DE GESSO SARRAFEADO (COM TALISCAS) EM PAREDES DE AMBIENTES DE ÁREA MAIOR QUE 10M², ESPESSURA DE 1,0CM. AF_06/2014","M2","COEFICIENTE DE REPRESENTATIVIDADE","22,25","CAIXA REFERENCIAL"]
["87424","APLICAÇÃO MANUAL DE GESSO SARRAFEADO (COM TALISCAS) EM PAREDES DE AMBIENTES DE ÁREA ENTRE 5M² E 10M², ESPESSURA DE 1,0CM. AF_06/2014","M2","COEFICIENTE DE REPRESENTATIVIDADE","22,78","CAIXA REFERENCIAL"]
["87425","APLICAÇÃO MANUAL DE GESSO SARRAFEADO (COM TALISCAS) EM PAREDES DE AMBIENTES DE ÁREA MENOR QUE 5M², ESPESSURA DE 1,0CM. AF_06/2014","M2","COEFICIENTE DE REPRESENTATIVIDADE","23,64","CAIXA REFERENCIAL"]
["87426","APLICAÇÃO MANUAL DE GESSO SARRAFEADO (COM TALISCAS) EM PAREDES DE AMBIENTES DE ÁREA MAIOR QUE 10M², ESPESSURA DE 1,5CM. AF_06/2014","M2","COEFICIENTE DE REPRESENTATIVIDADE","25,97","CAIXA REFERENCIAL"]
["87427","APLICAÇÃO MANUAL DE GESSO SARRAFEADO (COM TALISCAS) EM PAREDES DE AMBIENTES DE ÁREA ENTRE 5M² E 10M², ESPESSURA DE 1,5CM. AF_06/2014","M2","COEFICIENTE DE REPRESENTATIVIDADE","26,49","CAIXA REFERENCIAL"]
["87428","APLICAÇÃO MANUAL DE GESSO SARRAFEADO (COM TALISCAS) EM PAREDES DE AMBIENTES DE ÁREA MENOR QUE 5M², ESPESSURA DE 1,5CM. AF_06/2014","M2","COEFICIENTE DE REPRESENTATIVIDADE","27,35","CAIXA REFERENCIAL"]
["87429","APLICAÇÃO DE GESSO PROJETADO COM EQUIPAMENTO DE PROJEÇÃO EM PAREDES DE AMBIENTES DE ÁREA MAIOR QUE 10M², DESEMPENADO (SEM TALISCAS), ESPESSURA DE 0,5CM. AF_06/2014","M2","ATRIBUÍDO SÃO PAULO","15,26","CAIXA REFERENCIAL"]
["87430","APLICAÇÃO DE GESSO PROJETADO COM EQUIPAMENTO DE PROJEÇÃO EM PAREDES DE AMBIENTES DE ÁREA ENTRE 5M² E 10M², DESEMPENADO (SEM TALISCAS), ESPESSURA DE 0,5CM. AF_06/2014","M2","ATRIBUÍDO SÃO PAULO","15,61","CAIXA REFERENCIAL"]
["87431","APLICAÇÃO DE GESSO PROJETADO COM EQUIPAMENTO DE PROJEÇÃO EM PAREDES DE AMBIENTES DE ÁREA MENOR QUE 5M², DESEMPENADO (SEM TALISCAS), ESPESSURA DE 0,5CM. AF_06/2014","M2","ATRIBUÍDO SÃO PAULO","15,79","CAIXA REFERENCIAL"]
["87432","APLICAÇÃO DE GESSO PROJETADO COM EQUIPAMENTO DE PROJEÇÃO EM PAREDES DE AMBIENTES DE ÁREA MAIOR QUE 10M², DESEMPENADO (SEM TALISCAS), ESPESSURA DE 1,0CM. AF_06/2014","M2","ATRIBUÍDO SÃO PAULO","22,63","CAIXA REFERENCIAL"]
["87433","APLICAÇÃO DE GESSO PROJETADO COM EQUIPAMENTO DE PROJEÇÃO EM PAREDES DE AMBIENTES DE ÁREA ENTRE 5M² E 10M², DESEMPENADO (SEM TALISCAS), ESPESSURA DE 1,0CM. AF_06/2014","M2","ATRIBUÍDO SÃO PAULO","23,33","CAIXA REFERENCIAL"]
["87434","APLICAÇÃO DE GESSO PROJETADO COM EQUIPAMENTO DE PROJEÇÃO EM PAREDES DE AMBIENTES DE ÁREA MENOR QUE 5M², DESEMPENADO (SEM TALISCAS), ESPESSURA DE 1,0CM. AF_06/2014","M2","ATRIBUÍDO SÃO PAULO","23,83","CAIXA REFERENCIAL"]
["87435","APLICAÇÃO DE GESSO PROJETADO COM EQUIPAMENTO DE PROJEÇÃO EM PAREDES DE AMBIENTES DE ÁREA MAIOR QUE 10M², SARRAFEADO (COM TALISCAS), ESPESSURA DE 1,0CM. AF_06/2014","M2","ATRIBUÍDO SÃO PAULO","24,86","CAIXA REFERENCIAL"]
["87436","APLICAÇÃO DE GESSO PROJETADO COM EQUIPAMENTO DE PROJEÇÃO EM PAREDES DE AMBIENTES DE ÁREA ENTRE 5M² E 10M², SARRAFEADO (COM TALISCAS), ESPESSURA DE 1,0CM. AF_06/2014","M2","ATRIBUÍDO SÃO PAULO","26,07","CAIXA REFERENCIAL"]
["87437","APLICAÇÃO DE GESSO PROJETADO COM EQUIPAMENTO DE PROJEÇÃO EM PAREDES DE AMBIENTES DE ÁREA MENOR QUE 5M², SARRAFEADO (COM TALISCAS), ESPESSURA DE 1,0CM. AF_06/2014","M2","ATRIBUÍDO SÃO PAULO","26,92","CAIXA REFERENCIAL"]
["87438","APLICAÇÃO DE GESSO PROJETADO COM EQUIPAMENTO DE PROJEÇÃO EM PAREDES DE AMBIENTES DE ÁREA MAIOR QUE 10M², SARRAFEADO (COM TALISCAS), ESPESSURA DE 1,5CM. AF_06/2014","M2","ATRIBUÍDO SÃO PAULO","30,93","CAIXA REFERENCIAL"]
["87439","APLICAÇÃO DE GESSO PROJETADO COM EQUIPAMENTO DE PROJEÇÃO EM PAREDES DE AMBIENTES DE ÁREA ENTRE 5M² E 10M², SARRAFEADO (COM TALISCAS), ESPESSURA DE 1,5CM. AF_06/2014","M2","ATRIBUÍDO SÃO PAULO","32,46","CAIXA REFERENCIAL"]
["87440","APLICAÇÃO DE GESSO PROJETADO COM EQUIPAMENTO DE PROJEÇÃO EM PAREDES DE AMBIENTES DE ÁREA MENOR QUE 5M², SARRAFEADO (COM TALISCAS), ESPESSURA DE 1,5CM. AF_06/2014","M2","ATRIBUÍDO SÃO PAULO","33,16","CAIXA REFERENCIAL"]
["87527","EMBOÇO, PARA RECEBIMENTO DE CERÂMICA, EM ARGAMASSA TRAÇO 1:2:8, PREPARO MECÂNICO COM BETONEIRA 400L, APLICADO MANUALMENTE EM FACES INTERNAS DE PAREDES, PARA AMBIENTE COM ÁREA MENOR QUE 5M2, ESPESSURA DE 20MM, COM EXECUÇÃO DE TALISCAS. AF_06/2014","M2","ATRIBUÍDO SÃO PAULO","31,68","CAIXA REFERENCIAL"]
["87528","EMBOÇO, PARA RECEBIMENTO DE CERÂMICA, EM ARGAMASSA TRAÇO 1:2:8, PREPARO MANUAL, APLICADO MANUALMENTE EM FACES INTERNAS DE PAREDES, PARA AMBIENTE COM ÁREA MENOR QUE 5M2, ESPESSURA DE 20MM, COM EXECUÇÃO DE TALISCAS. AF_06/2014","M2","COLETADO","34,59","CAIXA REFERENCIAL"]
["87529","MASSA ÚNICA, PARA RECEBIMENTO DE PINTURA, EM ARGAMASSA TRAÇO 1:2:8, PREPARO MECÂNICO COM BETONEIRA 400L, APLICADA MANUALMENTE EM FACES INTERNAS DE PAREDES, ESPESSURA DE 20MM, COM EXECUÇÃO DE TALISCAS. AF_06/2014","M2","ATRIBUÍDO SÃO PAULO","28,65","CAIXA REFERENCIAL"]
["87530","MASSA ÚNICA, PARA RECEBIMENTO DE PINTURA, EM ARGAMASSA TRAÇO 1:2:8, PREPARO MANUAL, APLICADA MANUALMENTE EM FACES INTERNAS DE PAREDES, ESPESSURA DE 20MM, COM EXECUÇÃO DE TALISCAS. AF_06/2014","M2","COLETADO","31,56","CAIXA REFERENCIAL"]
["87531","EMBOÇO, PARA RECEBIMENTO DE CERÂMICA, EM ARGAMASSA TRAÇO 1:2:8, PREPARO MECÂNICO COM BETONEIRA 400L, APLICADO MANUALMENTE EM FACES INTERNAS DE PAREDES, PARA AMBIENTE COM ÁREA ENTRE 5M2 E 10M2, ESPESSURA DE 20MM, COM EXECUÇÃO DE TALISCAS. AF_06/2014","M2","ATRIBUÍDO SÃO PAULO","27,58","CAIXA REFERENCIAL"]
["87532","EMBOÇO, PARA RECEBIMENTO DE CERÂMICA, EM ARGAMASSA TRAÇO 1:2:8, PREPARO MANUAL, APLICADO MANUALMENTE EM FACES INTERNAS DE PAREDES, PARA AMBIENTE COM ÁREA  ENTRE 5M2 E 10M2, ESPESSURA DE 20MM, COM EXECUÇÃO DE TALISCAS. AF_06/2014","M2","COLETADO","30,49","CAIXA REFERENCIAL"]
["87535","EMBOÇO, PARA RECEBIMENTO DE CERÂMICA, EM ARGAMASSA TRAÇO 1:2:8, PREPARO MECÂNICO COM BETONEIRA 400L, APLICADO MANUALMENTE EM FACES INTERNAS DE PAREDES, PARA AMBIENTE COM ÁREA  MAIOR QUE 10M2, ESPESSURA DE 20MM, COM EXECUÇÃO DE TALISCAS. AF_06/2014","M2","ATRIBUÍDO SÃO PAULO","24,54","CAIXA REFERENCIAL"]
["87536","EMBOÇO, PARA RECEBIMENTO DE CERÂMICA, EM ARGAMASSA TRAÇO 1:2:8, PREPARO MANUAL, APLICADO MANUALMENTE EM FACES INTERNAS DE PAREDES, PARA AMBIENTE COM ÁREA  MAIOR QUE 10M2, ESPESSURA DE 20MM, COM EXECUÇÃO DE TALISCAS. AF_06/2014","M2","COLETADO","27,45","CAIXA REFERENCIAL"]
["87537","EMBOÇO, PARA RECEBIMENTO DE CERÂMICA, EM ARGAMASSA INDUSTRIALIZADA, PREPARO MECÂNICO, APLICADO COM EQUIPAMENTO DE MISTURA E PROJEÇÃO DE 1,5 M3/H DE ARGAMASSA EM FACES INTERNAS DE PAREDES, PARA AMBIENTE COM ÁREA  MENOR QUE 5M2, ESPESSURA DE 20MM, COM EXECUÇÃO DE TALISCAS. AF_06/2014","M2","ATRIBUÍDO SÃO PAULO","59,02","CAIXA REFERENCIAL"]
["87538","MASSA ÚNICA, PARA RECEBIMENTO DE PINTURA, EM ARGAMASSA INDUSTRIALIZADA, PREPARO MECÂNICO, APLICADO COM EQUIPAMENTO DE MISTURA E PROJEÇÃO DE 1,5 M3/H DE ARGAMASSA EM FACES INTERNAS DE PAREDES, ESPESSURA DE 20MM, COM EXECUÇÃO DE TALISCAS. AF_06/2014","M2","ATRIBUÍDO SÃO PAULO","56,40","CAIXA REFERENCIAL"]
["87539","EMBOÇO, PARA RECEBIMENTO DE CERÂMICA, EM ARGAMASSA INDUSTRIALIZADA, PREPARO MECÂNICO, APLICADO COM EQUIPAMENTO DE MISTURA E PROJEÇÃO DE 1,5 M3/H DE ARGAMASSA EM FACES INTERNAS DE PAREDES, PARA AMBIENTE COM ÁREA ENTRE 5M2 E 10M2, ESPESSURA DE 20MM, COM EXECUÇÃO DE TALISCAS. AF_06/2014","M2","ATRIBUÍDO SÃO PAULO","55,46","CAIXA REFERENCIAL"]
["87541","EMBOÇO, PARA RECEBIMENTO DE CERÂMICA, EM ARGAMASSA INDUSTRIALIZADA, PREPARO MECÂNICO, APLICADO COM EQUIPAMENTO DE MISTURA E PROJEÇÃO DE 1,5 M3/H DE ARGAMASSA EM FACES INTERNAS DE PAREDES, PARA AMBIENTE COM ÁREA MAIOR QUE 10M2, ESPESSURA DE 20MM, COM EXECUÇÃO DE TALISCAS. AF_06/2014","M2","ATRIBUÍDO SÃO PAULO","52,84","CAIXA REFERENCIAL"]
["87543","MASSA ÚNICA, PARA RECEBIMENTO DE PINTURA OU CERÂMICA, ARGAMASSA INDUSTRIALIZADA, PREPARO MECÂNICO, APLICADO COM EQUIPAMENTO DE MISTURA E PROJEÇÃO DE 1,5 M3/H EM FACES INTERNAS DE PAREDES, ESPESSURA DE 5MM, SEM EXECUÇÃO DE TALISCAS. AF_06/2014","M2","ATRIBUÍDO SÃO PAULO","18,63","CAIXA REFERENCIAL"]
["87545","EMBOÇO, PARA RECEBIMENTO DE CERÂMICA, EM ARGAMASSA TRAÇO 1:2:8, PREPARO MECÂNICO COM BETONEIRA 400L, APLICADO MANUALMENTE EM FACES INTERNAS DE PAREDES, PARA AMBIENTE COM ÁREA MENOR QUE 5M2, ESPESSURA DE 10MM, COM EXECUÇÃO DE TALISCAS. AF_06/2014","M2","ATRIBUÍDO SÃO PAULO","21,55","CAIXA REFERENCIAL"]
["87546","EMBOÇO, PARA RECEBIMENTO DE CERÂMICA, EM ARGAMASSA TRAÇO 1:2:8, PREPARO MANUAL, APLICADO MANUALMENTE EM FACES INTERNAS DE PAREDES, PARA AMBIENTE COM ÁREA MENOR QUE 5M2, ESPESSURA DE 10MM, COM EXECUÇÃO DE TALISCAS. AF_06/2014","M2","COLETADO","23,20","CAIXA REFERENCIAL"]
["87547","MASSA ÚNICA, PARA RECEBIMENTO DE PINTURA, EM ARGAMASSA TRAÇO 1:2:8, PREPARO MECÂNICO COM BETONEIRA 400L, APLICADA MANUALMENTE EM FACES INTERNAS DE PAREDES, ESPESSURA DE 10MM, COM EXECUÇÃO DE TALISCAS. AF_06/2014","M2","ATRIBUÍDO SÃO PAULO","18,54","CAIXA REFERENCIAL"]
["87548","MASSA ÚNICA, PARA RECEBIMENTO DE PINTURA, EM ARGAMASSA TRAÇO 1:2:8, PREPARO MANUAL, APLICADA MANUALMENTE EM FACES INTERNAS DE PAREDES, ESPESSURA DE 10MM, COM EXECUÇÃO DE TALISCAS. AF_06/2014","M2","COLETADO","20,19","CAIXA REFERENCIAL"]
["87549","EMBOÇO, PARA RECEBIMENTO DE CERÂMICA, EM ARGAMASSA TRAÇO 1:2:8, PREPARO MECÂNICO COM BETONEIRA 400L, APLICADO MANUALMENTE EM FACES INTERNAS DE PAREDES, PARA AMBIENTE COM ÁREA ENTRE 5M2 E 10M2, ESPESSURA DE 10MM, COM EXECUÇÃO DE TALISCAS. AF_06/2014","M2","ATRIBUÍDO SÃO PAULO","17,45","CAIXA REFERENCIAL"]
["87550","EMBOÇO, PARA RECEBIMENTO DE CERÂMICA, EM ARGAMASSA TRAÇO 1:2:8, PREPARO MANUAL, APLICADO MANUALMENTE EM FACES INTERNAS DE PAREDES, PARA AMBIENTE COM ÁREA ENTRE 5M2 E 10M2, ESPESSURA DE 10MM, COM EXECUÇÃO DE TALISCAS. AF_06/2014","M2","COLETADO","19,10","CAIXA REFERENCIAL"]
["87553","EMBOÇO, PARA RECEBIMENTO DE CERÂMICA, EM ARGAMASSA TRAÇO 1:2:8, PREPARO MECÂNICO COM BETONEIRA 400L, APLICADO MANUALMENTE EM FACES INTERNAS DE PAREDES, PARA AMBIENTE COM ÁREA MAIOR QUE 10M2, ESPESSURA DE 10MM, COM EXECUÇÃO DE TALISCAS. AF_06/2014","M2","ATRIBUÍDO SÃO PAULO","14,41","CAIXA REFERENCIAL"]
["87554","EMBOÇO, PARA RECEBIMENTO DE CERÂMICA, EM ARGAMASSA TRAÇO 1:2:8, PREPARO MANUAL, APLICADO MANUALMENTE EM FACES INTERNAS DE PAREDES, PARA AMBIENTE COM ÁREA MAIOR QUE 10M2, ESPESSURA DE 10MM, COM EXECUÇÃO DE TALISCAS. AF_06/2014","M2","COLETADO","16,06","CAIXA REFERENCIAL"]
["87555","EMBOÇO, PARA RECEBIMENTO DE CERÂMICA, EM ARGAMASSA INDUSTRIALIZADA, PREPARO MECÂNICO, APLICADO COM EQUIPAMENTO DE MISTURA E PROJEÇÃO DE 1,5 M3/H DE ARGAMASSA EM FACES INTERNAS DE PAREDES, PARA AMBIENTE COM ÁREA MENOR QUE 5M2, ESPESSURA DE 10MM, COM EXECUÇÃO DE TALISCAS. AF_06/2014","M2","ATRIBUÍDO SÃO PAULO","36,15","CAIXA REFERENCIAL"]
["87556","MASSA ÚNICA, PARA RECEBIMENTO DE PINTURA, EM ARGAMASSA INDUSTRIALIZADA, PREPARO MECÂNICO, APLICADO COM EQUIPAMENTO DE MISTURA E PROJEÇÃO DE 1,5 M3/H DE ARGAMASSA EM FACES INTERNAS DE PAREDES, ESPESSURA DE 10MM, COM EXECUÇÃO DE TALISCAS. AF_06/2014","M2","ATRIBUÍDO SÃO PAULO","33,55","CAIXA REFERENCIAL"]
["87557","EMBOÇO, PARA RECEBIMENTO DE CERÂMICA, EM ARGAMASSA INDUSTRIALIZADA, PREPARO MECÂNICO, APLICADO COM EQUIPAMENTO DE MISTURA E PROJEÇÃO DE 1,5 M3/H DE ARGAMASSA EM FACES INTERNAS DE PAREDES, PARA AMBIENTE COM ÁREA ENTRE 5M2 E 10M2, ESPESSURA DE 10MM, COM EXECUÇÃO DE TALISCAS. AF_06/2014","M2","ATRIBUÍDO SÃO PAULO","32,59","CAIXA REFERENCIAL"]
["87559","EMBOÇO, PARA RECEBIMENTO DE CERÂMICA, EM ARGAMASSA INDUSTRIALIZADA, PREPARO MECÂNICO, APLICADO COM EQUIPAMENTO DE MISTURA E PROJEÇÃO DE 1,5 M3/H DE ARGAMASSA EM FACES INTERNAS DE PAREDES, PARA AMBIENTE COM ÁREA MAIOR QUE 10M2, ESPESSURA DE 10MM, COM EXECUÇÃO DE TALISCAS. AF_06/2014","M2","ATRIBUÍDO SÃO PAULO","29,97","CAIXA REFERENCIAL"]
["87561","MASSA ÚNICA, PARA RECEBIMENTO DE PINTURA OU CERÂMICA, EM ARGAMASSA INDUSTRIALIZADA, PREPARO MECÂNICO, APLICADO COM EQUIPAMENTO DE MISTURA E PROJEÇÃO DE 1,5 M3/H DE ARGAMASSA EM FACES INTERNAS DE PAREDES, ESPESSURA DE 10MM, SEM EXECUÇÃO DE TALISCAS. AF_06/2014","M2","ATRIBUÍDO SÃO PAULO","32,82","CAIXA REFERENCIAL"]
["87775","EMBOÇO OU MASSA ÚNICA EM ARGAMASSA TRAÇO 1:2:8, PREPARO MECÂNICO COM BETONEIRA 400 L, APLICADA MANUALMENTE EM PANOS DE FACHADA COM PRESENÇA DE VÃOS, ESPESSURA DE 25 MM. AF_06/2014","M2","ATRIBUÍDO SÃO PAULO","47,14","CAIXA REFERENCIAL"]
["87777","EMBOÇO OU MASSA ÚNICA EM ARGAMASSA TRAÇO 1:2:8, PREPARO MANUAL, APLICADA MANUALMENTE EM PANOS DE FACHADA COM PRESENÇA DE VÃOS, ESPESSURA DE 25 MM. AF_06/2014","M2","COEFICIENTE DE REPRESENTATIVIDADE","49,56","CAIXA REFERENCIAL"]
["87778","EMBOÇO OU MASSA ÚNICA EM ARGAMASSA INDUSTRIALIZADA, PREPARO MECÂNICO E APLICAÇÃO COM EQUIPAMENTO DE MISTURA E PROJEÇÃO DE 1,5 M3/H DE ARGAMASSA EM PANOS DE FACHADA COM PRESENÇA DE VÃOS, ESPESSURA DE 25 MM. AF_06/2014","M2","ATRIBUÍDO SÃO PAULO","67,71","CAIXA REFERENCIAL"]
["87779","EMBOÇO OU MASSA ÚNICA EM ARGAMASSA TRAÇO 1:2:8, PREPARO MECÂNICO COM BETONEIRA 400 L, APLICADA MANUALMENTE EM PANOS DE FACHADA COM PRESENÇA DE VÃOS, ESPESSURA DE 35 MM. AF_06/2014","M2","ATRIBUÍDO SÃO PAULO","54,61","CAIXA REFERENCIAL"]
["87781","EMBOÇO OU MASSA ÚNICA EM ARGAMASSA TRAÇO 1:2:8, PREPARO MANUAL, APLICADA MANUALMENTE EM PANOS DE FACHADA COM PRESENÇA DE VÃOS, ESPESSURA DE 35 MM. AF_06/2014","M2","COEFICIENTE DE REPRESENTATIVIDADE","57,87","CAIXA REFERENCIAL"]
["87783","EMBOÇO OU MASSA ÚNICA EM ARGAMASSA INDUSTRIALIZADA, PREPARO MECÂNICO E APLICAÇÃO COM EQUIPAMENTO DE MISTURA E PROJEÇÃO DE 1,5 M3/H DE ARGAMASSA EM PANOS DE FACHADA COM PRESENÇA DE VÃOS, ESPESSURA DE 35 MM. AF_06/2014","M2","ATRIBUÍDO SÃO PAULO","83,86","CAIXA REFERENCIAL"]
["87784","EMBOÇO OU MASSA ÚNICA EM ARGAMASSA TRAÇO 1:2:8, PREPARO MECÂNICO COM BETONEIRA 400 L, APLICADA MANUALMENTE EM PANOS DE FACHADA COM PRESENÇA DE VÃOS, ESPESSURA DE 45 MM. AF_06/2014","M2","ATRIBUÍDO SÃO PAULO","62,08","CAIXA REFERENCIAL"]
["87786","EMBOÇO OU MASSA ÚNICA EM ARGAMASSA TRAÇO 1:2:8, PREPARO MANUAL, APLICADA MANUALMENTE EM PANOS DE FACHADA COM PRESENÇA DE VÃOS, ESPESSURA DE 45 MM. AF_06/2014","M2","COEFICIENTE DE REPRESENTATIVIDADE","66,17","CAIXA REFERENCIAL"]
["87787","EMBOÇO OU MASSA ÚNICA EM ARGAMASSA INDUSTRIALIZADA, PREPARO MECÂNICO E APLICAÇÃO COM EQUIPAMENTO DE MISTURA E PROJEÇÃO DE 1,5 M3/H DE ARGAMASSA EM PANOS DE FACHADA COM PRESENÇA DE VÃOS, ESPESSURA DE 45 MM. AF_06/2014","M2","ATRIBUÍDO SÃO PAULO","100,01","CAIXA REFERENCIAL"]
["87788","EMBOÇO OU MASSA ÚNICA EM ARGAMASSA TRAÇO 1:2:8, PREPARO MECÂNICO COM BETONEIRA 400 L, APLICADA MANUALMENTE EM PANOS DE FACHADA COM PRESENÇA DE VÃOS, ESPESSURA MAIOR OU IGUAL A 50 MM. AF_06/2014","M2","ATRIBUÍDO SÃO PAULO","78,92","CAIXA REFERENCIAL"]
["87790","EMBOÇO OU MASSA ÚNICA EM ARGAMASSA TRAÇO 1:2:8, PREPARO MANUAL, APLICADA MANUALMENTE EM PANOS DE FACHADA COM PRESENÇA DE VÃOS, ESPESSURA MAIOR OU IGUAL A 50 MM. AF_06/2014","M2","COEFICIENTE DE REPRESENTATIVIDADE","83,41","CAIXA REFERENCIAL"]
["87791","EMBOÇO OU MASSA ÚNICA EM ARGAMASSA INDUSTRIALIZADA, PREPARO MECÂNICO E APLICAÇÃO COM EQUIPAMENTO DE MISTURA E PROJEÇÃO DE 1,5 M3/H DE ARGAMASSA EM PANOS DE FACHADA COM PRESENÇA DE VÃOS, ESPESSURA MAIOR OU IGUAL A 50 MM. AF_06/2014","M2","ATRIBUÍDO SÃO PAULO","117,77","CAIXA REFERENCIAL"]
["87792","EMBOÇO OU MASSA ÚNICA EM ARGAMASSA TRAÇO 1:2:8, PREPARO MECÂNICO COM BETONEIRA 400 L, APLICADA MANUALMENTE EM PANOS CEGOS DE FACHADA (SEM PRESENÇA DE VÃOS), ESPESSURA DE 25 MM. AF_06/2014","M2","ATRIBUÍDO SÃO PAULO","32,68","CAIXA REFERENCIAL"]
["87794","EMBOÇO OU MASSA ÚNICA EM ARGAMASSA TRAÇO 1:2:8, PREPARO MANUAL, APLICADA MANUALMENTE EM PANOS CEGOS DE FACHADA (SEM PRESENÇA DE VÃOS), ESPESSURA DE 25 MM. AF_06/2014","M2","COEFICIENTE DE REPRESENTATIVIDADE","34,94","CAIXA REFERENCIAL"]
["87795","EMBOÇO OU MASSA ÚNICA EM ARGAMASSA INDUSTRIALIZADA, PREPARO MECÂNICO E APLICAÇÃO COM EQUIPAMENTO DE MISTURA E PROJEÇÃO DE 1,5 M3/H DE ARGAMASSA EM PANOS CEGOS DE FACHADA (SEM PRESENÇA DE VÃOS), ESPESSURA DE 25 MM. AF_06/2014","M2","ATRIBUÍDO SÃO PAULO","51,55","CAIXA REFERENCIAL"]
["87797","EMBOÇO OU MASSA ÚNICA EM ARGAMASSA TRAÇO 1:2:8, PREPARO MECÂNICO COM BETONEIRA 400 L, APLICADA MANUALMENTE EM PANOS CEGOS DE FACHADA (SEM PRESENÇA DE VÃOS), ESPESSURA DE 35 MM. AF_06/2014","M2","ATRIBUÍDO SÃO PAULO","39,86","CAIXA REFERENCIAL"]
["87799","EMBOÇO OU MASSA ÚNICA EM ARGAMASSA TRAÇO 1:2:8, PREPARO MANUAL, APLICADA MANUALMENTE EM PANOS CEGOS DE FACHADA (SEM PRESENÇA DE VÃOS), ESPESSURA DE 35 MM. AF_06/2014","M2","COEFICIENTE DE REPRESENTATIVIDADE","42,90","CAIXA REFERENCIAL"]
["87800","EMBOÇO OU MASSA ÚNICA EM ARGAMASSA INDUSTRIALIZADA, PREPARO MECÂNICO E APLICAÇÃO COM EQUIPAMENTO DE MISTURA E PROJEÇÃO DE 1,5 M3/H DE ARGAMASSA EM PANOS CEGOS DE FACHADA (SEM PRESENÇA DE VÃOS), ESPESSURA DE 35 MM. AF_06/2014","M2","ATRIBUÍDO SÃO PAULO","66,84","CAIXA REFERENCIAL"]
["87801","EMBOÇO OU MASSA ÚNICA EM ARGAMASSA TRAÇO 1:2:8, PREPARO MECÂNICO COM BETONEIRA 400 L, APLICADA MANUALMENTE EM PANOS CEGOS DE FACHADA (SEM PRESENÇA DE VÃOS), ESPESSURA DE 45 MM. AF_06/2014","M2","ATRIBUÍDO SÃO PAULO","47,04","CAIXA REFERENCIAL"]
["87803","EMBOÇO OU MASSA ÚNICA EM ARGAMASSA TRAÇO 1:2:8, PREPARO MANUAL, APLICADA MANUALMENTE EM PANOS CEGOS DE FACHADA (SEM PRESENÇA DE VÃOS), ESPESSURA DE 45 MM. AF_06/2014","M2","COEFICIENTE DE REPRESENTATIVIDADE","50,85","CAIXA REFERENCIAL"]
["87804","EMBOÇO OU MASSA ÚNICA EM ARGAMASSA INDUSTRIALIZADA, PREPARO MECÂNICO E APLICAÇÃO COM EQUIPAMENTO DE MISTURA E PROJEÇÃO DE 1,5 M3/H DE ARGAMASSA EM PANOS CEGOS DE FACHADA (SEM PRESENÇA DE VÃOS), ESPESSURA DE 45 MM. AF_06/2014","M2","ATRIBUÍDO SÃO PAULO","82,13","CAIXA REFERENCIAL"]
["87805","EMBOÇO OU MASSA ÚNICA EM ARGAMASSA TRAÇO 1:2:8, PREPARO MECÂNICO COM BETONEIRA 400 L, APLICADA MANUALMENTE EM PANOS CEGOS DE FACHADA (SEM PRESENÇA DE VÃOS), ESPESSURA MAIOR OU IGUAL A 50 MM. AF_06/2014","M2","ATRIBUÍDO SÃO PAULO","53,63","CAIXA REFERENCIAL"]
["87807","EMBOÇO OU MASSA ÚNICA EM ARGAMASSA TRAÇO 1:2:8, PREPARO MANUAL, APLICADA MANUALMENTE EM PANOS CEGOS DE FACHADA (SEM PRESENÇA DE VÃOS), ESPESSURA MAIOR OU IGUAL A 50 MM. AF_06/2014","M2","COEFICIENTE DE REPRESENTATIVIDADE","57,83","CAIXA REFERENCIAL"]
["87808","EMBOÇO OU MASSA ÚNICA EM ARGAMASSA INDUSTRIALIZADA, PREPARO MECÂNICO E APLICAÇÃO COM EQUIPAMENTO DE MISTURA E PROJEÇÃO DE 1,5 M3/H DE ARGAMASSA EM PANOS CEGOS DE FACHADA (SEM PRESENÇA DE VÃOS), ESPESSURA MAIOR OU IGUAL A 50 MM. AF_06/2014","M2","ATRIBUÍDO SÃO PAULO","89,39","CAIXA REFERENCIAL"]
["87809","EMBOÇO OU MASSA ÚNICA EM ARGAMASSA TRAÇO 1:2:8, PREPARO MECÂNICO COM BETONEIRA 400 L, APLICADA MANUALMENTE EM SUPERFÍCIES EXTERNAS DA SACADA, ESPESSURA DE 25 MM, SEM USO DE TELA METÁLICA DE REFORÇO CONTRA FISSURAÇÃO. AF_06/2014","M2","ATRIBUÍDO SÃO PAULO","70,37","CAIXA REFERENCIAL"]
["87811","EMBOÇO OU MASSA ÚNICA EM ARGAMASSA TRAÇO 1:2:8, PREPARO MANUAL, APLICADA MANUALMENTE EM SUPERFÍCIES EXTERNAS DA SACADA, ESPESSURA DE 25 MM, SEM USO DE TELA METÁLICA DE REFORÇO CONTRA FISSURAÇÃO. AF_06/2014","M2","COLETADO","72,63","CAIXA REFERENCIAL"]
["87812","EMBOÇO OU MASSA ÚNICA EM ARGAMASSA INDUSTRIALIZADA, PREPARO MECÂNICO E APLICAÇÃO COM EQUIPAMENTO DE MISTURA E PROJEÇÃO DE 1,5 M3/H EM SUPERFÍCIES EXTERNAS DA SACADA, ESPESSURA 25 MM, SEM USO DE TELA METÁLICA. AF_06/2014","M2","ATRIBUÍDO SÃO PAULO","88,87","CAIXA REFERENCIAL"]
["87813","EMBOÇO OU MASSA ÚNICA EM ARGAMASSA TRAÇO 1:2:8, PREPARO MECÂNICO COM BETONEIRA 400 L, APLICADA MANUALMENTE EM SUPERFÍCIES EXTERNAS DA SACADA, ESPESSURA DE 35 MM, SEM USO DE TELA METÁLICA DE REFORÇO CONTRA FISSURAÇÃO. AF_06/2014","M2","ATRIBUÍDO SÃO PAULO","77,54","CAIXA REFERENCIAL"]
["87815","EMBOÇO OU MASSA ÚNICA EM ARGAMASSA TRAÇO 1:2:8, PREPARO MANUAL, APLICADA MANUALMENTE EM SUPERFÍCIES EXTERNAS DA SACADA, ESPESSURA DE 35 MM, SEM USO DE TELA METÁLICA DE REFORÇO CONTRA FISSURAÇÃO. AF_06/2014","M2","COLETADO","80,58","CAIXA REFERENCIAL"]
["87816","EMBOÇO OU MASSA ÚNICA EM ARGAMASSA INDUSTRIALIZADA, PREPARO MECÂNICO E APLICAÇÃO COM EQUIPAMENTO DE MISTURA E PROJEÇÃO DE 1,5 M3/H EM SUPERFÍCIES EXTERNAS DA SACADA, ESPESSURA 35 MM, SEM USO DE TELA METÁLICA. AF_06/2014","M2","ATRIBUÍDO SÃO PAULO","104,15","CAIXA REFERENCIAL"]
["87817","EMBOÇO OU MASSA ÚNICA EM ARGAMASSA TRAÇO 1:2:8, PREPARO MECÂNICO COM BETONEIRA 400 L, APLICADA MANUALMENTE EM SUPERFÍCIES EXTERNAS DA SACADA, ESPESSURA DE 45 MM, SEM USO DE TELA METÁLICA DE REFORÇO CONTRA FISSURAÇÃO. AF_06/2014","M2","ATRIBUÍDO SÃO PAULO","84,35","CAIXA REFERENCIAL"]
["87819","EMBOÇO OU MASSA ÚNICA EM ARGAMASSA TRAÇO 1:2:8, PREPARO MANUAL, APLICADA MANUALMENTE EM SUPERFÍCIES EXTERNAS DA SACADA, ESPESSURA DE 45 MM, SEM USO DE TELA METÁLICA DE REFORÇO CONTRA FISSURAÇÃO. AF_06/2014","M2","COLETADO","88,16","CAIXA REFERENCIAL"]
["87820","EMBOÇO OU MASSA ÚNICA EM ARGAMASSA INDUSTRIALIZADA, PREPARO MECÂNICO E APLICAÇÃO COM EQUIPAMENTO DE MISTURA E PROJEÇÃO DE 1,5 M3/H EM SUPERFÍCIES EXTERNAS DA SACADA, ESPESSURA 45 MM, SEM USO DE TELA METÁLICA. AF_06/2014","M2","ATRIBUÍDO SÃO PAULO","119,43","CAIXA REFERENCIAL"]
["87821","EMBOÇO OU MASSA ÚNICA EM ARGAMASSA TRAÇO 1:2:8, PREPARO MECÂNICO COM BETONEIRA 400 L, APLICADA MANUALMENTE EM SUPERFÍCIES EXTERNAS DA SACADA, ESPESSURA MAIOR OU IGUAL A 50 MM, SEM USO DE TELA METÁLICA DE REFORÇO CONTRA FISSURAÇÃO. AF_06/2014","M2","ATRIBUÍDO SÃO PAULO","121,31","CAIXA REFERENCIAL"]
["87823","EMBOÇO OU MASSA ÚNICA EM ARGAMASSA TRAÇO 1:2:8, PREPARO MANUAL, APLICADA MANUALMENTE EM SUPERFÍCIES EXTERNAS DA SACADA, ESPESSURA MAIOR OU IGUAL A 50 MM, SEM USO DE TELA METÁLICA DE REFORÇO CONTRA FISSURAÇÃO. AF_06/2014","M2","COLETADO","125,51","CAIXA REFERENCIAL"]
["87824","EMBOÇO OU MASSA ÚNICA EM ARGAMASSA INDUSTRIALIZADA, PREPARO MECÂNICO E APLICAÇÃO COM EQUIPAMENTO DE MISTURA E PROJEÇÃO DE 1,5 M3/H EM SUPERFÍCIES EXTERNAS DA SACADA, ESPESSURA MAIOR OU IGUAL A 50 MM, SEM USO DE TELA METÁLICA. AF_06/2014","M2","ATRIBUÍDO SÃO PAULO","156,70","CAIXA REFERENCIAL"]
["87825","EMBOÇO OU MASSA ÚNICA EM ARGAMASSA TRAÇO 1:2:8, PREPARO MECÂNICO COM BETONEIRA 400 L, APLICADA MANUALMENTE NAS PAREDES INTERNAS DA SACADA, ESPESSURA DE 25 MM, SEM USO DE TELA METÁLICA DE REFORÇO CONTRA FISSURAÇÃO. AF_06/2014","M2","ATRIBUÍDO SÃO PAULO","55,87","CAIXA REFERENCIAL"]
["87827","EMBOÇO OU MASSA ÚNICA EM ARGAMASSA TRAÇO 1:2:8, PREPARO MANUAL, APLICADA MANUALMENTE NAS PAREDES INTERNAS DA SACADA, ESPESSURA DE 25 MM, SEM USO DE TELA METÁLICA DE REFORÇO CONTRA FISSURAÇÃO. AF_06/2014","M2","COLETADO","58,64","CAIXA REFERENCIAL"]
["87828","EMBOÇO OU MASSA ÚNICA EM ARGAMASSA INDUSTRIALIZADA, PREPARO MECÂNICO E APLICAÇÃO COM EQUIPAMENTO DE MISTURA E PROJEÇÃO DE 1,5 M3/H NAS PAREDES INTERNAS DA SACADA, ESPESSURA 25 MM, SEM USO DE TELA METÁLICA. AF_06/2014","M2","ATRIBUÍDO SÃO PAULO","80,10","CAIXA REFERENCIAL"]
["87829","EMBOÇO OU MASSA ÚNICA EM ARGAMASSA TRAÇO 1:2:8, PREPARO MECÂNICO COM BETONEIRA 400 L, APLICADA MANUALMENTE NAS PAREDES INTERNAS DA SACADA, ESPESSURA DE 35 MM, SEM USO DE TELA METÁLICA DE REFORÇO CONTRA FISSURAÇÃO. AF_06/2014","M2","ATRIBUÍDO SÃO PAULO","63,98","CAIXA REFERENCIAL"]
["87831","EMBOÇO OU MASSA ÚNICA EM ARGAMASSA TRAÇO 1:2:8, PREPARO MANUAL, APLICADA MANUALMENTE NAS PAREDES INTERNAS DA SACADA, ESPESSURA DE 35 MM, SEM USO DE TELA METÁLICA DE REFORÇO CONTRA FISSURAÇÃO. AF_06/2014","M2","COLETADO","67,70","CAIXA REFERENCIAL"]
["87832","EMBOÇO OU MASSA ÚNICA EM ARGAMASSA INDUSTRIALIZADA, PREPARO MECÂNICO E APLICAÇÃO COM EQUIPAMENTO DE MISTURA E PROJEÇÃO DE 1,5 M3/H DE ARGAMASSA NAS PAREDES INTERNAS DA SACADA, ESPESSURA 35 MM, SEM USO DE TELA METÁLICA. AF_06/2014","M2","ATRIBUÍDO SÃO PAULO","98,09","CAIXA REFERENCIAL"]
["87834","REVESTIMENTO DECORATIVO MONOCAMADA APLICADO MANUALMENTE EM PANOS CEGOS DA FACHADA DE UM EDIFÍCIO DE ESTRUTURA CONVENCIONAL, COM ACABAMENTO RASPADO. AF_06/2014","M2","ATRIBUÍDO SÃO PAULO","136,44","CAIXA REFERENCIAL"]
["87835","REVESTIMENTO DECORATIVO MONOCAMADA APLICADO MANUALMENTE EM PANOS CEGOS DA FACHADA DE UM EDIFÍCIO DE ALVENARIA ESTRUTURAL, COM ACABAMENTO RASPADO. AF_06/2014","M2","ATRIBUÍDO SÃO PAULO","94,52","CAIXA REFERENCIAL"]
["87836","REVESTIMENTO DECORATIVO MONOCAMADA APLICADO COM EQUIPAMENTO DE PROJEÇÃO EM PANOS CEGOS DA FACHADA DE UM EDIFÍCIO DE ESTRUTURA CONVENCIONAL, COM ACABAMENTO RASPADO. AF_06/2014","M2","ATRIBUÍDO SÃO PAULO","130,94","CAIXA REFERENCIAL"]
["87837","REVESTIMENTO DECORATIVO MONOCAMADA APLICADO COM EQUIPAMENTO DE PROJEÇÃO EM PANOS CEGOS DA FACHADA DE UM EDIFÍCIO DE ALVENARIA ESTRUTURAL, COM ACABAMENTO RASPADO. AF_06/2014","M2","ATRIBUÍDO SÃO PAULO","89,49","CAIXA REFERENCIAL"]
["87838","REVESTIMENTO DECORATIVO MONOCAMADA APLICADO MANUALMENTE EM PANOS DA FACHADA COM PRESENÇA DE VÃOS, DE UM EDIFÍCIO DE ESTRUTURA CONVENCIONAL E ACABAMENTO RASPADO. AF_06/2014","M2","ATRIBUÍDO SÃO PAULO","142,50","CAIXA REFERENCIAL"]
["87839","REVESTIMENTO DECORATIVO MONOCAMADA APLICADO MANUALMENTE EM PANOS DA FACHADA COM PRESENÇA DE VÃOS, DE UM EDIFÍCIO DE ALVENARIA ESTRUTURAL E ACABAMENTO RASPADO. AF_06/2014","M2","ATRIBUÍDO SÃO PAULO","99,10","CAIXA REFERENCIAL"]
["87840","REVESTIMENTO DECORATIVO MONOCAMADA APLICADO COM EQUIPAMENTO DE PROJEÇÃO EM PANOS DA FACHADA COM PRESENÇA DE VÃOS, DE UM EDIFÍCIO DE ESTRUTURA CONVENCIONAL E ACABAMENTO RASPADO. AF_06/2014","M2","ATRIBUÍDO SÃO PAULO","135,56","CAIXA REFERENCIAL"]
["87841","REVESTIMENTO DECORATIVO MONOCAMADA APLICADO COM EQUIPAMENTO DE PROJEÇÃO EM PANOS DA FACHADA COM PRESENÇA DE VÃOS, DE UM EDIFÍCIO DE ALVENARIA ESTRUTURAL E ACABAMENTO RASPADO. AF_06/2014","M2","ATRIBUÍDO SÃO PAULO","92,62","CAIXA REFERENCIAL"]
["87842","REVESTIMENTO DECORATIVO MONOCAMADA APLICADO MANUALMENTE EM SUPERFÍCIES EXTERNAS DA SACADA DE UM EDIFÍCIO DE ESTRUTURA CONVENCIONAL E ACABAMENTO RASPADO. AF_06/2014","M2","ATRIBUÍDO SÃO PAULO","144,76","CAIXA REFERENCIAL"]
["87843","REVESTIMENTO DECORATIVO MONOCAMADA APLICADO MANUALMENTE EM SUPERFÍCIES EXTERNAS DA SACADA DE UM EDIFÍCIO DE ALVENARIA ESTRUTURAL E ACABAMENTO RASPADO. AF_06/2014","M2","ATRIBUÍDO SÃO PAULO","107,62","CAIXA REFERENCIAL"]
["87844","REVESTIMENTO DECORATIVO MONOCAMADA APLICADO COM EQUIPAMENTO DE PROJEÇÃO EM SUPERFÍCIES EXTERNAS DA SACADA DE UM EDIFÍCIO DE ESTRUTURA CONVENCIONAL E ACABAMENTO RASPADO. AF_06/2014","M2","ATRIBUÍDO SÃO PAULO","134,01","CAIXA REFERENCIAL"]
["87845","REVESTIMENTO DECORATIVO MONOCAMADA APLICADO COM EQUIPAMENTO DE PROJEÇÃO EM SUPERFÍCIES EXTERNAS DA SACADA DE UM EDIFÍCIO DE ALVENARIA ESTRUTURAL E ACABAMENTO RASPADO. AF_06/2014","M2","ATRIBUÍDO SÃO PAULO","97,36","CAIXA REFERENCIAL"]
["87846","REVESTIMENTO DECORATIVO MONOCAMADA APLICADO MANUALMENTE EM PANOS CEGOS DA FACHADA DE UM EDIFÍCIO DE ESTRUTURA CONVENCIONAL, COM ACABAMENTO TRAVERTINO. AF_06/2014","M2","ATRIBUÍDO SÃO PAULO","148,24","CAIXA REFERENCIAL"]
["87847","REVESTIMENTO DECORATIVO MONOCAMADA APLICADO MANUALMENTE EM PANOS CEGOS DA FACHADA DE UM EDIFÍCIO DE ALVENARIA ESTRUTURAL, COM ACABAMENTO TRAVERTINO. AF_06/2014","M2","ATRIBUÍDO SÃO PAULO","106,34","CAIXA REFERENCIAL"]
["87848","REVESTIMENTO DECORATIVO MONOCAMADA APLICADO COM EQUIPAMENTO DE PROJEÇÃO EM PANOS CEGOS DA FACHADA DE UM EDIFÍCIO DE ESTRUTURA CONVENCIONAL, COM ACABAMENTO TRAVERTINO. AF_06/2014","M2","ATRIBUÍDO SÃO PAULO","141,73","CAIXA REFERENCIAL"]
["87849","REVESTIMENTO DECORATIVO MONOCAMADA APLICADO COM EQUIPAMENTO DE PROJEÇÃO EM PANOS CEGOS DA FACHADA DE UM EDIFÍCIO DE ALVENARIA ESTRUTURAL, COM ACABAMENTO TRAVERTINO. AF_06/2014","M2","ATRIBUÍDO SÃO PAULO","100,29","CAIXA REFERENCIAL"]
["87850","REVESTIMENTO DECORATIVO MONOCAMADA APLICADO MANUALMENTE EM PANOS DA FACHADA COM PRESENÇA DE VÃOS, DE UM EDIFÍCIO DE ESTRUTURA CONVENCIONAL E ACABAMENTO TRAVERTINO. AF_06/2014","M2","ATRIBUÍDO SÃO PAULO","154,31","CAIXA REFERENCIAL"]
["87851","REVESTIMENTO DECORATIVO MONOCAMADA APLICADO MANUALMENTE EM PANOS DA FACHADA COM PRESENÇA DE VÃOS, DE UM EDIFÍCIO DE ALVENARIA ESTRUTURAL E ACABAMENTO TRAVERTINO. AF_06/2014","M2","ATRIBUÍDO SÃO PAULO","110,94","CAIXA REFERENCIAL"]
["87852","REVESTIMENTO DECORATIVO MONOCAMADA APLICADO COM EQUIPAMENTO DE PROJEÇÃO EM PANOS DA FACHADA COM PRESENÇA DE VÃOS, DE UM EDIFÍCIO DE ESTRUTURA CONVENCIONAL E ACABAMENTO TRAVERTINO. AF_06/2014","M2","ATRIBUÍDO SÃO PAULO","146,33","CAIXA REFERENCIAL"]
["87853","REVESTIMENTO DECORATIVO MONOCAMADA APLICADO COM EQUIPAMENTO DE PROJEÇÃO EM PANOS DA FACHADA COM PRESENÇA DE VÃOS, DE UM EDIFÍCIO DE ALVENARIA ESTRUTURAL E ACABAMENTO TRAVERTINO. AF_06/2014","M2","ATRIBUÍDO SÃO PAULO","103,39","CAIXA REFERENCIAL"]
["87854","REVESTIMENTO DECORATIVO MONOCAMADA APLICADO MANUALMENTE EM SUPERFÍCIES EXTERNAS DA SACADA DE UM EDIFÍCIO DE ESTRUTURA CONVENCIONAL E ACABAMENTO TRAVERTINO. AF_06/2014","M2","ATRIBUÍDO SÃO PAULO","156,55","CAIXA REFERENCIAL"]
["87855","REVESTIMENTO DECORATIVO MONOCAMADA APLICADO MANUALMENTE EM SUPERFÍCIES EXTERNAS DA SACADA DE UM EDIFÍCIO DE ALVENARIA ESTRUTURAL E ACABAMENTO TRAVERTINO. AF_06/2014","M2","ATRIBUÍDO SÃO PAULO","119,45","CAIXA REFERENCIAL"]
["87856","REVESTIMENTO DECORATIVO MONOCAMADA APLICADO COM EQUIPAMENTO DE PROJEÇÃO EM SUPERFÍCIES EXTERNAS DA SACADA DE UM EDIFÍCIO DE ESTRUTURA CONVENCIONAL E ACABAMENTO TRAVERTINO. AF_06/2014","M2","ATRIBUÍDO SÃO PAULO","144,80","CAIXA REFERENCIAL"]
["87857","REVESTIMENTO DECORATIVO MONOCAMADA APLICADO COM EQUIPAMENTO DE PROJEÇÃO EM SUPERFÍCIES EXTERNAS DA SACADA DE UM EDIFÍCIO DE ALVENARIA ESTRUTURAL E ACABAMENTO TRAVERTINO. AF_06/2014","M2","ATRIBUÍDO SÃO PAULO","108,14","CAIXA REFERENCIAL"]
["87858","REVESTIMENTO DECORATIVO MONOCAMADA APLICADO MANUALMENTE NAS PAREDES INTERNAS DA SACADA COM ACABAMENTO RASPADO. AF_06/2014","M2","ATRIBUÍDO SÃO PAULO","103,04","CAIXA REFERENCIAL"]
["87859","REVESTIMENTO DECORATIVO MONOCAMADA APLICADO MANUALMENTE NAS PAREDES INTERNAS DA SACADA COM ACABAMENTO TRAVERTINO. AF_06/2014","M2","ATRIBUÍDO SÃO PAULO","119,79","CAIXA REFERENCIAL"]
["89048","(COMPOSIÇÃO REPRESENTATIVA) DO SERVIÇO DE EMBOÇO/MASSA ÚNICA, TRAÇO 1:2:8, PREPARO MECÂNICO, COM BETONEIRA DE 400L, EM PAREDES DE AMBIENTES INTERNOS, COM EXECUÇÃO DE TALISCAS, PARA EDIFICAÇÃO HABITACIONAL MULTIFAMILIAR (PRÉDIO). AF_11/2014","M2","ATRIBUÍDO SÃO PAULO","29,30","CAIXA REFERENCIAL"]
["89049","(COMPOSIÇÃO REPRESENTATIVA) DO SERVIÇO DE APLICAÇÃO MANUAL DE GESSO DESEMPENADO (SEM TALISCAS) EM TETO, ESPESSURA 0,5 CM, PARA EDIFICAÇÃO HABITACIONAL MULTIFAMILIAR (PRÉDIO). AF_11/2014","M2","COEFICIENTE DE REPRESENTATIVIDADE","14,79","CAIXA REFERENCIAL"]
["89173","(COMPOSIÇÃO REPRESENTATIVA) DO SERVIÇO DE EMBOÇO/MASSA ÚNICA, APLICADO MANUALMENTE, TRAÇO 1:2:8, EM BETONEIRA DE 400L, PAREDES INTERNAS, COM EXECUÇÃO DE TALISCAS, EDIFICAÇÃO HABITACIONAL UNIFAMILIAR (CASAS) E EDIFICAÇÃO PÚBLICA PADRÃO. AF_12/2014","M2","ATRIBUÍDO SÃO PAULO","28,81","CAIXA REFERENCIAL"]
["90406","MASSA ÚNICA, PARA RECEBIMENTO DE PINTURA, EM ARGAMASSA TRAÇO 1:2:8, PREPARO MECÂNICO COM BETONEIRA 400L, APLICADA MANUALMENTE EM TETO, ESPESSURA DE 20MM, COM EXECUÇÃO DE TALISCAS. AF_03/2015","M2","ATRIBUÍDO SÃO PAULO","37,49","CAIXA REFERENCIAL"]
["90407","MASSA ÚNICA, PARA RECEBIMENTO DE PINTURA, EM ARGAMASSA TRAÇO 1:2:8, PREPARO MANUAL, APLICADA MANUALMENTE EM TETO, ESPESSURA DE 20MM, COM EXECUÇÃO DE TALISCAS. AF_03/2015","M2","COLETADO","40,40","CAIXA REFERENCIAL"]
["90408","MASSA ÚNICA, PARA RECEBIMENTO DE PINTURA, EM ARGAMASSA TRAÇO 1:2:8, PREPARO MECÂNICO COM BETONEIRA 400L, APLICADA MANUALMENTE EM TETO, ESPESSURA DE 10MM, COM EXECUÇÃO DE TALISCAS. AF_03/2015","M2","ATRIBUÍDO SÃO PAULO","27,11","CAIXA REFERENCIAL"]
["90409","MASSA ÚNICA, PARA RECEBIMENTO DE PINTURA, EM ARGAMASSA TRAÇO 1:2:8, PREPARO MANUAL, APLICADA MANUALMENTE EM TETO, ESPESSURA DE 10MM, COM EXECUÇÃO DE TALISCAS. AF_03/2015","M2","COLETADO","28,76","CAIXA REFERENCIAL"]
["87242","REVESTIMENTO CERÂMICO PARA PAREDES EXTERNAS EM PASTILHAS DE PORCELANA 5 X 5 CM (PLACAS DE 30 X 30 CM), ALINHADAS A PRUMO, APLICADO EM PANOS COM VÃOS. AF_06/2014","M2","COEFICIENTE DE REPRESENTATIVIDADE","222,76","CAIXA REFERENCIAL"]
["87243","REVESTIMENTO CERÂMICO PARA PAREDES EXTERNAS EM PASTILHAS DE PORCELANA 5 X 5 CM (PLACAS DE 30 X 30 CM), ALINHADAS A PRUMO, APLICADO EM PANOS SEM VÃOS. AF_06/2014","M2","COEFICIENTE DE REPRESENTATIVIDADE","204,52","CAIXA REFERENCIAL"]
["87244","REVESTIMENTO CERÂMICO PARA PAREDES EXTERNAS EM PASTILHAS DE PORCELANA 5 X 5 CM (PLACAS DE 30 X 30 CM), ALINHADAS A PRUMO, APLICADO EM SUPERFÍCIES EXTERNAS DA SACADA. AF_06/2014","M2","COEFICIENTE DE REPRESENTATIVIDADE","215,25","CAIXA REFERENCIAL"]
["87245","REVESTIMENTO CERÂMICO PARA PAREDES EXTERNAS EM PASTILHAS DE PORCELANA 5 X 5 CM (PLACAS DE 30 X 30 CM), ALINHADAS A PRUMO, APLICADO EM SUPERFÍCIES INTERNAS DA SACADA. AF_06/2014","M2","COEFICIENTE DE REPRESENTATIVIDADE","259,86","CAIXA REFERENCIAL"]
["87264","REVESTIMENTO CERÂMICO PARA PAREDES INTERNAS COM PLACAS TIPO ESMALTADA EXTRA DE DIMENSÕES 20X20 CM APLICADAS EM AMBIENTES DE ÁREA MENOR QUE 5 M² NA ALTURA INTEIRA DAS PAREDES. AF_06/2014","M2","COEFICIENTE DE REPRESENTATIVIDADE","65,15","CAIXA REFERENCIAL"]
["87265","REVESTIMENTO CERÂMICO PARA PAREDES INTERNAS COM PLACAS TIPO ESMALTADA EXTRA DE DIMENSÕES 20X20 CM APLICADAS EM AMBIENTES DE ÁREA MAIOR QUE 5 M² NA ALTURA INTEIRA DAS PAREDES. AF_06/2014","M2","COEFICIENTE DE REPRESENTATIVIDADE","58,17","CAIXA REFERENCIAL"]
["87266","REVESTIMENTO CERÂMICO PARA PAREDES INTERNAS COM PLACAS TIPO ESMALTADA EXTRA DE DIMENSÕES 20X20 CM APLICADAS EM AMBIENTES DE ÁREA MENOR QUE 5 M² A MEIA ALTURA DAS PAREDES. AF_06/2014","M2","COEFICIENTE DE REPRESENTATIVIDADE","67,58","CAIXA REFERENCIAL"]
["87267","REVESTIMENTO CERÂMICO PARA PAREDES INTERNAS COM PLACAS TIPO ESMALTADA EXTRA DE DIMENSÕES 20X20 CM APLICADAS EM AMBIENTES DE ÁREA MAIOR QUE 5 M² A MEIA ALTURA DAS PAREDES. AF_06/2014","M2","COEFICIENTE DE REPRESENTATIVIDADE","64,54","CAIXA REFERENCIAL"]
["87268","REVESTIMENTO CERÂMICO PARA PAREDES INTERNAS COM PLACAS TIPO ESMALTADA EXTRA DE DIMENSÕES 25X35 CM APLICADAS EM AMBIENTES DE ÁREA MENOR QUE 5 M² NA ALTURA INTEIRA DAS PAREDES. AF_06/2014","M2","COEFICIENTE DE REPRESENTATIVIDADE","69,56","CAIXA REFERENCIAL"]
["87269","REVESTIMENTO CERÂMICO PARA PAREDES INTERNAS COM PLACAS TIPO ESMALTADA EXTRA DE DIMENSÕES 25X35 CM APLICADAS EM AMBIENTES DE ÁREA MAIOR QUE 5 M² NA ALTURA INTEIRA DAS PAREDES. AF_06/2014","M2","COEFICIENTE DE REPRESENTATIVIDADE","61,98","CAIXA REFERENCIAL"]
["87270","REVESTIMENTO CERÂMICO PARA PAREDES INTERNAS COM PLACAS TIPO ESMALTADA EXTRA DE DIMENSÕES 25X35 CM APLICADAS EM AMBIENTES DE ÁREA MENOR QUE 5 M² A MEIA ALTURA DAS PAREDES. AF_06/2014","M2","COEFICIENTE DE REPRESENTATIVIDADE","71,61","CAIXA REFERENCIAL"]
["87271","REVESTIMENTO CERÂMICO PARA PAREDES INTERNAS COM PLACAS TIPO ESMALTADA EXTRA DE DIMENSÕES 25X35 CM APLICADAS EM AMBIENTES DE ÁREA MAIOR QUE 5 M² A MEIA ALTURA DAS PAREDES. AF_06/2014","M2","COEFICIENTE DE REPRESENTATIVIDADE","67,98","CAIXA REFERENCIAL"]
["87272","REVESTIMENTO CERÂMICO PARA PAREDES INTERNAS COM PLACAS TIPO ESMALTADA EXTRA  DE DIMENSÕES 33X45 CM APLICADAS EM AMBIENTES DE ÁREA MENOR QUE 5 M² NA ALTURA INTEIRA DAS PAREDES. AF_06/2014","M2","COEFICIENTE DE REPRESENTATIVIDADE","73,51","CAIXA REFERENCIAL"]
["87273","REVESTIMENTO CERÂMICO PARA PAREDES INTERNAS COM PLACAS TIPO ESMALTADA EXTRA DE DIMENSÕES 33X45 CM APLICADAS EM AMBIENTES DE ÁREA MAIOR QUE 5 M² NA ALTURA INTEIRA DAS PAREDES. AF_06/2014","M2","COEFICIENTE DE REPRESENTATIVIDADE","64,25","CAIXA REFERENCIAL"]
["87274","REVESTIMENTO CERÂMICO PARA PAREDES INTERNAS COM PLACAS TIPO ESMALTADA EXTRA DE DIMENSÕES 33X45 CM APLICADAS EM AMBIENTES DE ÁREA MENOR QUE 5 M² A MEIA ALTURA DAS PAREDES. AF_06/2014","M2","COEFICIENTE DE REPRESENTATIVIDADE","74,96","CAIXA REFERENCIAL"]
["87275","REVESTIMENTO CERÂMICO PARA PAREDES INTERNAS COM PLACAS TIPO ESMALTADA EXTRA  DE DIMENSÕES 33X45 CM APLICADAS EM AMBIENTES DE ÁREA MAIOR QUE 5 M² A MEIA ALTURA DAS PAREDES. AF_06/2014","M2","COEFICIENTE DE REPRESENTATIVIDADE","71,84","CAIXA REFERENCIAL"]
["88786","REVESTIMENTO CERÂMICO PARA PAREDES EXTERNAS EM PASTILHAS DE PORCELANA 2,5 X 2,5 CM (PLACAS DE 30 X 30 CM), ALINHADAS A PRUMO, APLICADO EM PANOS COM VÃOS. AF_10/2014","M2","COEFICIENTE DE REPRESENTATIVIDADE","320,10","CAIXA REFERENCIAL"]
["88787","REVESTIMENTO CERÂMICO PARA PAREDES EXTERNAS EM PASTILHAS DE PORCELANA 2,5 X 2,5 CM (PLACAS DE 30 X 30 CM), ALINHADAS A PRUMO, APLICADO EM PANOS SEM VÃOS. AF_10/2014","M2","COEFICIENTE DE REPRESENTATIVIDADE","296,24","CAIXA REFERENCIAL"]
["88788","REVESTIMENTO CERÂMICO PARA PAREDES EXTERNAS EM PASTILHAS DE PORCELANA 2,5 X 2,5 CM (PLACAS DE 30 X 30 CM), ALINHADAS A PRUMO, APLICADO EM SUPERFÍCIES EXTERNAS DA SACADA. AF_10/2014","M2","COEFICIENTE DE REPRESENTATIVIDADE","306,97","CAIXA REFERENCIAL"]
["88789","REVESTIMENTO CERÂMICO PARA PAREDES EXTERNAS EM PASTILHAS DE PORCELANA 2,5 X 2,5 CM (PLACAS DE 30 X 30 CM), ALINHADAS A PRUMO, APLICADO EM SUPERFÍCIES INTERNAS DA SACADA. AF_10/2014","M2","COEFICIENTE DE REPRESENTATIVIDADE","370,86","CAIXA REFERENCIAL"]
["89045","(COMPOSIÇÃO REPRESENTATIVA) DO SERVIÇO DE REVESTIMENTO CERÂMICO PARA AMBIENTES DE ÁREAS MOLHADAS, MEIA PAREDE OU PAREDE INTEIRA, COM PLACAS TIPO ESMALTADA EXTRA, DIMENSÕES 20X20 CM, PARA EDIFICAÇÃO HABITACIONAL MULTIFAMILIAR (PRÉDIO). AF_11/2014","M2","COEFICIENTE DE REPRESENTATIVIDADE","64,96","CAIXA REFERENCIAL"]
["89170","(COMPOSIÇÃO REPRESENTATIVA) DO SERVIÇO DE REVESTIMENTO CERÂMICO PARA PAREDES INTERNAS, MEIA PAREDE, OU PAREDE INTEIRA, PLACAS TIPO ESMALTADA EXTRA DE 20X20 CM, PARA EDIFICAÇÕES HABITACIONAIS UNIFAMILIAR (CASAS) E EDIFICAÇÕES PÚBLICAS PADRÃO. AF_11/2014","M2","COEFICIENTE DE REPRESENTATIVIDADE","63,22","CAIXA REFERENCIAL"]
["93392","REVESTIMENTO CERÂMICO PARA PAREDES INTERNAS COM PLACAS TIPO ESMALTADA PADRÃO POPULAR DE DIMENSÕES 20X20 CM, ARGAMASSA TIPO AC I, APLICADAS EM AMBIENTES DE ÁREA MENOR QUE 5 M2 NA ALTURA INTEIRA DAS PAREDES. AF_06/2014","M2","COEFICIENTE DE REPRESENTATIVIDADE","54,74","CAIXA REFERENCIAL"]
["93393","REVESTIMENTO CERÂMICO PARA PAREDES INTERNAS COM PLACAS TIPO ESMALTADA PADRÃO POPULAR DE DIMENSÕES 20X20 CM, ARGAMASSA TIPO AC I, APLICADAS EM AMBIENTES DE ÁREA MAIOR QUE 5 M2 NA ALTURA INTEIRA DAS PAREDES. AF_06/2014","M2","COEFICIENTE DE REPRESENTATIVIDADE","47,86","CAIXA REFERENCIAL"]
["93394","REVESTIMENTO CERÂMICO PARA PAREDES INTERNAS COM PLACAS TIPO ESMALTADA PADRÃO POPULAR DE DIMENSÕES 20X20 CM, ARGAMASSA TIPO AC I, APLICADAS EM AMBIENTES DE ÁREA MENOR QUE 5 M2 A MEIA ALTURA DAS PAREDES. AF_06/2014","M2","COEFICIENTE DE REPRESENTATIVIDADE","57,17","CAIXA REFERENCIAL"]
["93395","REVESTIMENTO CERÂMICO PARA PAREDES INTERNAS COM PLACAS TIPO ESMALTADA PADRÃO POPULAR DE DIMENSÕES 20X20 CM, ARGAMASSA TIPO AC I, APLICADAS EM AMBIENTES DE ÁREA MAIOR QUE 5 M2 A MEIA ALTURA DAS PAREDES. AF_06/2014","M2","COEFICIENTE DE REPRESENTATIVIDADE","54,13","CAIXA REFERENCIAL"]
["99194","REVESTIMENTO CERÂMICO PARA PAREDES INTERNAS COM PLACAS TIPO ESMALTADA PADRÃO POPULAR DE DIMENSÕES 20X20 CM, ARGAMASSA TIPO AC III, APLICADAS EM AMBIENTES DE ÁREA MENOR QUE 5 M2 NA ALTURA INTEIRA DAS PAREDES. AF_06/2014","M2","COEFICIENTE DE REPRESENTATIVIDADE","60,28","CAIXA REFERENCIAL"]
["99195","REVESTIMENTO CERÂMICO PARA PAREDES INTERNAS COM PLACAS TIPO ESMALTADA PADRÃO POPULAR DE DIMENSÕES 20X20 CM, ARGAMASSA TIPO AC III, APLICADAS EM AMBIENTES DE ÁREA MAIOR QUE 5 M2 NA ALTURA INTEIRA DAS PAREDES. AF_06/2014","M2","COEFICIENTE DE REPRESENTATIVIDADE","53,40","CAIXA REFERENCIAL"]
["99196","REVESTIMENTO CERÂMICO PARA PAREDES INTERNAS COM PLACAS TIPO ESMALTADA PADRÃO POPULAR DE DIMENSÕES 20X20 CM, ARGAMASSA TIPO AC III, APLICADAS EM AMBIENTES DE ÁREA MENOR QUE 5 M2 A MEIA ALTURA DAS PAREDES. AF_06/2014","M2","COEFICIENTE DE REPRESENTATIVIDADE","62,71","CAIXA REFERENCIAL"]
["99198","REVESTIMENTO CERÂMICO PARA PAREDES INTERNAS COM PLACAS TIPO ESMALTADA PADRÃO POPULAR DE DIMENSÕES 20X20 CM, ARGAMASSA TIPO AC III, APLICADAS EM AMBIENTES DE ÁREA MAIOR QUE 5 M2 A MEIA ALTURA DAS PAREDES. AF_06/2014","M2","COEFICIENTE DE REPRESENTATIVIDADE","59,67","CAIXA REFERENCIAL"]
["101965","PEITORIL LINEAR EM GRANITO OU MÁRMORE, L = 15CM, COMPRIMENTO DE ATÉ 2M, ASSENTADO COM ARGAMASSA 1:6 COM ADITIVO. AF_11/2020","M","ATRIBUÍDO SÃO PAULO","98,54","CAIXA REFERENCIAL"]
["101966","CHAPIM SOBRE MUROS LINEARES, EM GRANITO OU MÁRMORE, L = 25 CM, ASSENTADO COM ARGAMASSA 1:6 COM ADITIVO. AF_11/2020","M","ATRIBUÍDO SÃO PAULO","121,83","CAIXA REFERENCIAL"]
["101979","CHAPIM (RUFO CAPA) EM AÇO GALVANIZADO, CORTE 33. AF_11/2020","M","COEFICIENTE DE REPRESENTATIVIDADE","58,38","CAIXA REFERENCIAL"]
["96112","FORRO EM MADEIRA PINUS, PARA AMBIENTES RESIDENCIAIS, INCLUSIVE ESTRUTURA DE FIXAÇÃO. AF_05/2017","M2","ATRIBUÍDO SÃO PAULO","129,65","CAIXA REFERENCIAL"]
["96117","FORRO EM MADEIRA PINUS, PARA AMBIENTES COMERCIAIS, INCLUSIVE ESTRUTURA DE FIXAÇÃO. AF_05/2017","M2","ATRIBUÍDO SÃO PAULO","170,84","CAIXA REFERENCIAL"]
["96122","ACABAMENTOS PARA FORRO (RODA-FORRO EM MADEIRA PINUS). AF_05/2017","M","ATRIBUÍDO SÃO PAULO","41,60","CAIXA REFERENCIAL"]
["96109","FORRO EM PLACAS DE GESSO, PARA AMBIENTES RESIDENCIAIS. AF_05/2017_P","M2","ATRIBUÍDO SÃO PAULO","32,68","CAIXA REFERENCIAL"]
["96110","FORRO EM DRYWALL, PARA AMBIENTES RESIDENCIAIS, INCLUSIVE ESTRUTURA DE FIXAÇÃO. AF_05/2017_P","M2","ATRIBUÍDO SÃO PAULO","66,24","CAIXA REFERENCIAL"]
["96113","FORRO EM PLACAS DE GESSO, PARA AMBIENTES COMERCIAIS. AF_05/2017_P","M2","ATRIBUÍDO SÃO PAULO","28,93","CAIXA REFERENCIAL"]
["96114","FORRO EM DRYWALL, PARA AMBIENTES COMERCIAIS, INCLUSIVE ESTRUTURA DE FIXAÇÃO. AF_05/2017_P","M2","ATRIBUÍDO SÃO PAULO","70,69","CAIXA REFERENCIAL"]
["96120","ACABAMENTOS PARA FORRO (MOLDURA DE GESSO). AF_05/2017","M","ATRIBUÍDO SÃO PAULO","2,20","CAIXA REFERENCIAL"]
["96123","ACABAMENTOS PARA FORRO (MOLDURA EM DRYWALL, COM LARGURA DE 15 CM). AF_05/2017_P","M","ATRIBUÍDO SÃO PAULO","33,70","CAIXA REFERENCIAL"]
["99054","ACABAMENTOS PARA FORRO (SANCA DE GESSO MONTADA NA OBRA). AF_05/2017_P","M2","ATRIBUÍDO SÃO PAULO","40,25","CAIXA REFERENCIAL"]
["96111","FORRO EM RÉGUAS DE PVC, FRISADO, PARA AMBIENTES RESIDENCIAIS, INCLUSIVE ESTRUTURA DE FIXAÇÃO. AF_05/2017_P","M2","ATRIBUÍDO SÃO PAULO","66,63","CAIXA REFERENCIAL"]
["96116","FORRO EM RÉGUAS DE PVC, FRISADO, PARA AMBIENTES COMERCIAIS, INCLUSIVE ESTRUTURA DE FIXAÇÃO. AF_05/2017_P","M2","ATRIBUÍDO SÃO PAULO","74,22","CAIXA REFERENCIAL"]
["96121","ACABAMENTOS PARA FORRO (RODA-FORRO EM PERFIL METÁLICO E PLÁSTICO). AF_05/2017","M","ATRIBUÍDO SÃO PAULO","10,72","CAIXA REFERENCIAL"]
["96485","FORRO EM RÉGUAS DE PVC, LISO, PARA AMBIENTES RESIDENCIAIS, INCLUSIVE ESTRUTURA DE FIXAÇÃO. AF_05/2017_P","M2","ATRIBUÍDO SÃO PAULO","76,74","CAIXA REFERENCIAL"]
["96486","FORRO DE PVC, LISO, PARA AMBIENTES COMERCIAIS, INCLUSIVE ESTRUTURA DE FIXAÇÃO. AF_05/2017_P","M2","ATRIBUÍDO SÃO PAULO","84,94","CAIXA REFERENCIAL"]
["91514","ESTUCAMENTO DE PANOS DE FACHADA SEM VÃOS DO SISTEMA DE PAREDES DE CONCRETO EM EDIFICAÇÕES DE MÚLTIPLOS PAVIMENTOS. AF_06/2015","M2","COEFICIENTE DE REPRESENTATIVIDADE","5,63","CAIXA REFERENCIAL"]
["91515","ESTUCAMENTO DE PANOS DE FACHADA COM VÃOS DO SISTEMA DE PAREDES DE CONCRETO EM EDIFICAÇÕES DE MÚLTIPLOS PAVIMENTOS. AF_06/2015","M2","COEFICIENTE DE REPRESENTATIVIDADE","7,45","CAIXA REFERENCIAL"]
["91516","ESTUCAMENTO DE SUPERFÍCIE EXTERNA DA SACADA DO SISTEMA DE PAREDES DE CONCRETO EM EDIFICAÇÕES DE MÚLTIPLOS PAVIMENTOS. AF_06/2015","M2","COEFICIENTE DE REPRESENTATIVIDADE","10,89","CAIXA REFERENCIAL"]
["91517","ESTUCAMENTO DE PANOS DE FACHADA SEM VÃOS DO SISTEMA DE PAREDES DE CONCRETO EM EDIFICAÇÕES DE PAVIMENTO ÚNICO. AF_06/2015","M2","COEFICIENTE DE REPRESENTATIVIDADE","12,13","CAIXA REFERENCIAL"]
["91519","ESTUCAMENTO DE PANOS DE FACHADA COM VÃOS DO SISTEMA DE PAREDES DE CONCRETO EM EDIFICAÇÕES DE PAVIMENTO ÚNICO. AF_06/2015","M2","COEFICIENTE DE REPRESENTATIVIDADE","13,94","CAIXA REFERENCIAL"]
["91520","ESTUCAMENTO DE DENSIDADE BAIXA NAS FACES INTERNAS DE PAREDES DO SISTEMA DE PAREDES DE CONCRETO. AF_06/2015","M2","COEFICIENTE DE REPRESENTATIVIDADE","2,03","CAIXA REFERENCIAL"]
["91522","ESTUCAMENTO, PARA QUALQUER REVESTIMENTO, EM TETO DO SISTEMA DE PAREDES DE CONCRETO. AF_06/2015","M2","COEFICIENTE DE REPRESENTATIVIDADE","2,44","CAIXA REFERENCIAL"]
["91525","ESTUCAMENTO DE DENSIDADE ALTA, NAS FACES INTERNAS DE PAREDES DO SISTEMA DE PAREDES DE CONCRETO. AF_06/2015","M2","COEFICIENTE DE REPRESENTATIVIDADE","4,43","CAIXA REFERENCIAL"]
["87280","ARGAMASSA TRAÇO 1:7 (EM VOLUME DE CIMENTO E AREIA MÉDIA ÚMIDA) COM ADIÇÃO DE PLASTIFICANTE PARA EMBOÇO/MASSA ÚNICA/ASSENTAMENTO DE ALVENARIA DE VEDAÇÃO, PREPARO MECÂNICO COM BETONEIRA 400 L. AF_08/2019","M3","ATRIBUÍDO SÃO PAULO","294,74","CAIXA REFERENCIAL"]
["87281","ARGAMASSA TRAÇO 1:7 (EM VOLUME DE CIMENTO E AREIA MÉDIA ÚMIDA) COM ADIÇÃO DE PLASTIFICANTE PARA EMBOÇO/MASSA ÚNICA/ASSENTAMENTO DE ALVENARIA DE VEDAÇÃO, PREPARO MECÂNICO COM BETONEIRA 600 L. AF_08/2019","M3","ATRIBUÍDO SÃO PAULO","286,11","CAIXA REFERENCIAL"]
["87283","ARGAMASSA TRAÇO 1:6 (EM VOLUME DE CIMENTO E AREIA MÉDIA ÚMIDA) COM ADIÇÃO DE PLASTIFICANTE PARA EMBOÇO/MASSA ÚNICA/ASSENTAMENTO DE ALVENARIA DE VEDAÇÃO, PREPARO MECÂNICO COM BETONEIRA 400 L. AF_08/2019","M3","ATRIBUÍDO SÃO PAULO","306,02","CAIXA REFERENCIAL"]
["87284","ARGAMASSA TRAÇO 1:6 (EM VOLUME DE CIMENTO E AREIA MÉDIA ÚMIDA) COM ADIÇÃO DE PLASTIFICANTE PARA EMBOÇO/MASSA ÚNICA/ASSENTAMENTO DE ALVENARIA DE VEDAÇÃO, PREPARO MECÂNICO COM BETONEIRA 600 L. AF_08/2019","M3","ATRIBUÍDO SÃO PAULO","295,95","CAIXA REFERENCIAL"]
["87286","ARGAMASSA TRAÇO 1:1:6 (EM VOLUME DE CIMENTO, CAL E AREIA MÉDIA ÚMIDA) PARA EMBOÇO/MASSA ÚNICA/ASSENTAMENTO DE ALVENARIA DE VEDAÇÃO, PREPARO MECÂNICO COM BETONEIRA 400 L. AF_08/2019","M3","ATRIBUÍDO SÃO PAULO","415,92","CAIXA REFERENCIAL"]
["87287","ARGAMASSA TRAÇO 1:1:6 (EM VOLUME DE CIMENTO, CAL E AREIA MÉDIA ÚMIDA) PARA EMBOÇO/MASSA ÚNICA/ASSENTAMENTO DE ALVENARIA DE VEDAÇÃO, PREPARO MECÂNICO COM BETONEIRA 600 L. AF_08/2019","M3","ATRIBUÍDO SÃO PAULO","395,97","CAIXA REFERENCIAL"]
["87289","ARGAMASSA TRAÇO 1:1,5:7,5 (EM VOLUME DE CIMENTO, CAL E AREIA MÉDIA ÚMIDA) PARA EMBOÇO/MASSA ÚNICA/ASSENTAMENTO DE ALVENARIA DE VEDAÇÃO, PREPARO MECÂNICO COM BETONEIRA 400 L. AF_08/2019","M3","ATRIBUÍDO SÃO PAULO","403,98","CAIXA REFERENCIAL"]
["87290","ARGAMASSA TRAÇO 1:1,5:7,5 (EM VOLUME DE CIMENTO, CAL E AREIA MÉDIA ÚMIDA) PARA EMBOÇO/MASSA ÚNICA/ASSENTAMENTO DE ALVENARIA DE VEDAÇÃO, PREPARO MECÂNICO COM BETONEIRA 600 L. AF_08/2019","M3","ATRIBUÍDO SÃO PAULO","392,84","CAIXA REFERENCIAL"]
["87292","ARGAMASSA TRAÇO 1:2:8 (EM VOLUME DE CIMENTO, CAL E AREIA MÉDIA ÚMIDA) PARA EMBOÇO/MASSA ÚNICA/ASSENTAMENTO DE ALVENARIA DE VEDAÇÃO, PREPARO MECÂNICO COM BETONEIRA 400 L. AF_08/2019","M3","ATRIBUÍDO SÃO PAULO","418,17","CAIXA REFERENCIAL"]
["87294","ARGAMASSA TRAÇO 1:2:9 (EM VOLUME DE CIMENTO, CAL E AREIA MÉDIA ÚMIDA) PARA EMBOÇO/MASSA ÚNICA/ASSENTAMENTO DE ALVENARIA DE VEDAÇÃO, PREPARO MECÂNICO COM BETONEIRA 600 L. AF_08/2019","M3","ATRIBUÍDO SÃO PAULO","393,74","CAIXA REFERENCIAL"]
["87295","ARGAMASSA TRAÇO 1:3:12 (EM VOLUME DE CIMENTO, CAL E AREIA MÉDIA ÚMIDA) PARA EMBOÇO/MASSA ÚNICA/ASSENTAMENTO DE ALVENARIA DE VEDAÇÃO, PREPARO MECÂNICO COM BETONEIRA 400 L. AF_08/2019","M3","ATRIBUÍDO SÃO PAULO","411,88","CAIXA REFERENCIAL"]
["87296","ARGAMASSA TRAÇO 1:3:12 (EM VOLUME DE CIMENTO, CAL E AREIA MÉDIA ÚMIDA) PARA EMBOÇO/MASSA ÚNICA/ASSENTAMENTO DE ALVENARIA DE VEDAÇÃO, PREPARO MECÂNICO COM BETONEIRA 600 L. AF_08/2019","M3","ATRIBUÍDO SÃO PAULO","383,65","CAIXA REFERENCIAL"]
["87298","ARGAMASSA TRAÇO 1:3 (EM VOLUME DE CIMENTO E AREIA MÉDIA ÚMIDA) PARA CONTRAPISO, PREPARO MECÂNICO COM BETONEIRA 400 L. AF_08/2019","M3","ATRIBUÍDO SÃO PAULO","467,65","CAIXA REFERENCIAL"]
["87299","ARGAMASSA TRAÇO 1:3 (EM VOLUME DE CIMENTO E AREIA MÉDIA ÚMIDA) PARA CONTRAPISO, PREPARO MECÂNICO COM BETONEIRA 600 L. AF_08/2019","M3","ATRIBUÍDO SÃO PAULO","294,55","CAIXA REFERENCIAL"]
["87301","ARGAMASSA TRAÇO 1:4 (EM VOLUME DE CIMENTO E AREIA MÉDIA ÚMIDA) PARA CONTRAPISO, PREPARO MECÂNICO COM BETONEIRA 400 L. AF_08/2019","M3","ATRIBUÍDO SÃO PAULO","416,69","CAIXA REFERENCIAL"]
["87302","ARGAMASSA TRAÇO 1:4 (EM VOLUME DE CIMENTO E AREIA MÉDIA ÚMIDA) PARA CONTRAPISO, PREPARO MECÂNICO COM BETONEIRA 600 L. AF_08/2019","M3","ATRIBUÍDO SÃO PAULO","405,01","CAIXA REFERENCIAL"]
["87304","ARGAMASSA TRAÇO 1:5 (EM VOLUME DE CIMENTO E AREIA MÉDIA ÚMIDA) PARA CONTRAPISO, PREPARO MECÂNICO COM BETONEIRA 400 L. AF_08/2019","M3","ATRIBUÍDO SÃO PAULO","370,06","CAIXA REFERENCIAL"]
["87305","ARGAMASSA TRAÇO 1:5 (EM VOLUME DE CIMENTO E AREIA MÉDIA ÚMIDA) PARA CONTRAPISO, PREPARO MECÂNICO COM BETONEIRA 600 L. AF_08/2019","M3","ATRIBUÍDO SÃO PAULO","369,30","CAIXA REFERENCIAL"]
["87307","ARGAMASSA TRAÇO 1:6 (EM VOLUME DE CIMENTO E AREIA MÉDIA ÚMIDA) PARA CONTRAPISO, PREPARO MECÂNICO COM BETONEIRA 400 L. AF_08/2019","M3","ATRIBUÍDO SÃO PAULO","350,71","CAIXA REFERENCIAL"]
["87308","ARGAMASSA TRAÇO 1:6 (EM VOLUME DE CIMENTO E AREIA MÉDIA ÚMIDA) PARA CONTRAPISO, PREPARO MECÂNICO COM BETONEIRA 600 L. AF_08/2019","M3","ATRIBUÍDO SÃO PAULO","339,65","CAIXA REFERENCIAL"]
["87310","ARGAMASSA TRAÇO 1:5 (EM VOLUME DE CIMENTO E AREIA GROSSA ÚMIDA) PARA CHAPISCO CONVENCIONAL, PREPARO MECÂNICO COM BETONEIRA 400 L. AF_08/2019","M3","ATRIBUÍDO SÃO PAULO","313,08","CAIXA REFERENCIAL"]
["87311","ARGAMASSA TRAÇO 1:5 (EM VOLUME DE CIMENTO E AREIA GROSSA ÚMIDA) PARA CHAPISCO CONVENCIONAL, PREPARO MECÂNICO COM BETONEIRA 600 L. AF_08/2019","M3","ATRIBUÍDO SÃO PAULO","301,91","CAIXA REFERENCIAL"]
["87313","ARGAMASSA TRAÇO 1:3 (EM VOLUME DE CIMENTO E AREIA GROSSA ÚMIDA) PARA CHAPISCO CONVENCIONAL, PREPARO MECÂNICO COM BETONEIRA 400 L. AF_08/2019","M3","ATRIBUÍDO SÃO PAULO","383,09","CAIXA REFERENCIAL"]
["87314","ARGAMASSA TRAÇO 1:3 (EM VOLUME DE CIMENTO E AREIA GROSSA ÚMIDA) PARA CHAPISCO CONVENCIONAL, PREPARO MECÂNICO COM BETONEIRA 600 L. AF_08/2019","M3","ATRIBUÍDO SÃO PAULO","373,23","CAIXA REFERENCIAL"]
["87316","ARGAMASSA TRAÇO 1:4 (EM VOLUME DE CIMENTO E AREIA GROSSA ÚMIDA) PARA CHAPISCO CONVENCIONAL, PREPARO MECÂNICO COM BETONEIRA 400 L. AF_08/2019","M3","ATRIBUÍDO SÃO PAULO","347,30","CAIXA REFERENCIAL"]
["87317","ARGAMASSA TRAÇO 1:4 (EM VOLUME DE CIMENTO E AREIA GROSSA ÚMIDA) PARA CHAPISCO CONVENCIONAL, PREPARO MECÂNICO COM BETONEIRA 600 L. AF_08/2019","M3","ATRIBUÍDO SÃO PAULO","331,08","CAIXA REFERENCIAL"]
["87319","ARGAMASSA TRAÇO 1:5 (EM VOLUME DE CIMENTO E AREIA GROSSA ÚMIDA) COM ADIÇÃO DE EMULSÃO POLIMÉRICA PARA CHAPISCO ROLADO, PREPARO MECÂNICO COM BETONEIRA 400 L. AF_08/2019","M3","ATRIBUÍDO SÃO PAULO","2.583,50","CAIXA REFERENCIAL"]
["87320","ARGAMASSA TRAÇO 1:5 (EM VOLUME DE CIMENTO E AREIA GROSSA ÚMIDA) COM ADIÇÃO DE EMULSÃO POLIMÉRICA PARA CHAPISCO ROLADO, PREPARO MECÂNICO COM BETONEIRA 600 L. AF_08/2019","M3","ATRIBUÍDO SÃO PAULO","2.583,64","CAIXA REFERENCIAL"]
["87322","ARGAMASSA TRAÇO 1:3 (EM VOLUME DE CIMENTO E AREIA GROSSA ÚMIDA) COM ADIÇÃO DE EMULSÃO POLIMÉRICA PARA CHAPISCO ROLADO, PREPARO MECÂNICO COM BETONEIRA 400 L. AF_08/2019","M3","ATRIBUÍDO SÃO PAULO","2.666,17","CAIXA REFERENCIAL"]
["87323","ARGAMASSA TRAÇO 1:3 (EM VOLUME DE CIMENTO E AREIA GROSSA ÚMIDA) COM ADIÇÃO DE EMULSÃO POLIMÉRICA PARA CHAPISCO ROLADO, PREPARO MECÂNICO COM BETONEIRA 600 L. AF_08/2019","M3","ATRIBUÍDO SÃO PAULO","2.660,22","CAIXA REFERENCIAL"]
["87325","ARGAMASSA TRAÇO 1:4 (EM VOLUME DE CIMENTO E AREIA GROSSA ÚMIDA) COM ADIÇÃO DE EMULSÃO POLIMÉRICA PARA CHAPISCO ROLADO, PREPARO MECÂNICO COM BETONEIRA 400 L. AF_08/2019","M3","ATRIBUÍDO SÃO PAULO","2.605,97","CAIXA REFERENCIAL"]
["87326","ARGAMASSA TRAÇO 1:4 (EM VOLUME DE CIMENTO E AREIA GROSSA ÚMIDA) COM ADIÇÃO DE EMULSÃO POLIMÉRICA PARA CHAPISCO ROLADO, PREPARO MECÂNICO COM BETONEIRA 600 L. AF_08/2019","M3","ATRIBUÍDO SÃO PAULO","2.606,08","CAIXA REFERENCIAL"]
["87327","ARGAMASSA TRAÇO 1:7 (EM VOLUME DE CIMENTO E AREIA MÉDIA ÚMIDA) COM ADIÇÃO DE PLASTIFICANTE PARA EMBOÇO/MASSA ÚNICA/ASSENTAMENTO DE ALVENARIA DE VEDAÇÃO, PREPARO MECÂNICO COM MISTURADOR DE EIXO HORIZONTAL DE 300 KG. AF_08/2019","M3","ATRIBUÍDO SÃO PAULO","317,91","CAIXA REFERENCIAL"]
["87328","ARGAMASSA TRAÇO 1:7 (EM VOLUME DE CIMENTO E AREIA MÉDIA ÚMIDA) COM ADIÇÃO DE PLASTIFICANTE PARA EMBOÇO/MASSA ÚNICA/ASSENTAMENTO DE ALVENARIA DE VEDAÇÃO, PREPARO MECÂNICO COM MISTURADOR DE EIXO HORIZONTAL DE 600 KG. AF_08/2019","M3","ATRIBUÍDO SÃO PAULO","262,55","CAIXA REFERENCIAL"]
["87329","ARGAMASSA TRAÇO 1:6 (EM VOLUME DE CIMENTO E AREIA MÉDIA ÚMIDA) COM ADIÇÃO DE PLASTIFICANTE PARA EMBOÇO/MASSA ÚNICA/ASSENTAMENTO DE ALVENARIA DE VEDAÇÃO, PREPARO MECÂNICO COM MISTURADOR DE EIXO HORIZONTAL DE 300 KG. AF_08/2019","M3","ATRIBUÍDO SÃO PAULO","345,58","CAIXA REFERENCIAL"]
["87330","ARGAMASSA TRAÇO 1:6 (EM VOLUME DE CIMENTO E AREIA MÉDIA ÚMIDA) COM ADIÇÃO DE PLASTIFICANTE PARA EMBOÇO/MASSA ÚNICA/ASSENTAMENTO DE ALVENARIA DE VEDAÇÃO, PREPARO MECÂNICO COM MISTURADOR DE EIXO HORIZONTAL DE 600 KG. AF_08/2019","M3","ATRIBUÍDO SÃO PAULO","283,20","CAIXA REFERENCIAL"]
["87331","ARGAMASSA TRAÇO 1:1:6 (EM VOLUME DE CIMENTO, CAL E AREIA MÉDIA ÚMIDA) PARA EMBOÇO/MASSA ÚNICA/ASSENTAMENTO DE ALVENARIA DE VEDAÇÃO, PREPARO MECÂNICO COM MISTURADOR DE EIXO HORIZONTAL DE 300 KG. AF_08/2019","M3","ATRIBUÍDO SÃO PAULO","437,76","CAIXA REFERENCIAL"]
["87332","ARGAMASSA TRAÇO 1:1:6 (EM VOLUME DE CIMENTO, CAL E AREIA MÉDIA ÚMIDA) PARA EMBOÇO/MASSA ÚNICA/ASSENTAMENTO DE ALVENARIA DE VEDAÇÃO, PREPARO MECÂNICO COM MISTURADOR DE EIXO HORIZONTAL DE 600 KG. AF_08/2019","M3","ATRIBUÍDO SÃO PAULO","380,24","CAIXA REFERENCIAL"]
["87333","ARGAMASSA TRAÇO 1:1,5:7,5 (EM VOLUME DE CIMENTO, CAL E AREIA MÉDIA ÚMIDA) PARA EMBOÇO/MASSA ÚNICA/ASSENTAMENTO DE ALVENARIA DE VEDAÇÃO, PREPARO MECÂNICO COM MISTURADOR DE EIXO HORIZONTAL DE 300 KG. AF_08/2019","M3","ATRIBUÍDO SÃO PAULO","411,16","CAIXA REFERENCIAL"]
["87334","ARGAMASSA TRAÇO 1:1,5:7,5 (EM VOLUME DE CIMENTO, CAL E AREIA MÉDIA ÚMIDA) PARA EMBOÇO/MASSA ÚNICA/ASSENTAMENTO DE ALVENARIA DE VEDAÇÃO, PREPARO MECÂNICO COM MISTURADOR DE EIXO HORIZONTAL DE 600 KG. AF_08/2019","M3","ATRIBUÍDO SÃO PAULO","375,27","CAIXA REFERENCIAL"]
["87335","ARGAMASSA TRAÇO 1:2:8 (EM VOLUME DE CIMENTO, CAL E AREIA MÉDIA ÚMIDA) PARA EMBOÇO/MASSA ÚNICA/ASSENTAMENTO DE ALVENARIA DE VEDAÇÃO, PREPARO MECÂNICO COM MISTURADOR DE EIXO HORIZONTAL DE 300 KG. AF_08/2019","M3","ATRIBUÍDO SÃO PAULO","404,11","CAIXA REFERENCIAL"]
["87336","ARGAMASSA TRAÇO 1:2:8 (EM VOLUME DE CIMENTO, CAL E AREIA MÉDIA ÚMIDA) PARA EMBOÇO/MASSA ÚNICA/ASSENTAMENTO DE ALVENARIA DE VEDAÇÃO, PREPARO MECÂNICO COM MISTURADOR DE EIXO HORIZONTAL DE 600 KG. AF_08/2019","M3","ATRIBUÍDO SÃO PAULO","393,50","CAIXA REFERENCIAL"]
["87337","ARGAMASSA TRAÇO 1:2:9 (EM VOLUME DE CIMENTO, CAL E AREIA MÉDIA ÚMIDA) PARA EMBOÇO/MASSA ÚNICA/ASSENTAMENTO DE ALVENARIA DE VEDAÇÃO, PREPARO MECÂNICO COM MISTURADOR DE EIXO HORIZONTAL DE 300 KG. AF_08/2019","M3","ATRIBUÍDO SÃO PAULO","400,58","CAIXA REFERENCIAL"]
["87338","ARGAMASSA TRAÇO 1:3:12 (EM VOLUME DE CIMENTO, CAL E AREIA MÉDIA ÚMIDA) PARA EMBOÇO/MASSA ÚNICA/ASSENTAMENTO DE ALVENARIA DE VEDAÇÃO, PREPARO MECÂNICO COM MISTURADOR DE EIXO HORIZONTAL DE 600 KG. AF_08/2019","M3","ATRIBUÍDO SÃO PAULO","385,09","CAIXA REFERENCIAL"]
["87339","ARGAMASSA TRAÇO 1:3 (EM VOLUME DE CIMENTO E AREIA MÉDIA ÚMIDA) PARA CONTRAPISO, PREPARO MECÂNICO COM MISTURADOR DE EIXO HORIZONTAL DE 160 KG. AF_08/2019","M3","ATRIBUÍDO SÃO PAULO","581,41","CAIXA REFERENCIAL"]
["87340","ARGAMASSA TRAÇO 1:3 (EM VOLUME DE CIMENTO E AREIA MÉDIA ÚMIDA) PARA CONTRAPISO, PREPARO MECÂNICO COM MISTURADOR DE EIXO HORIZONTAL DE 300 KG. AF_08/2019","M3","ATRIBUÍDO SÃO PAULO","469,75","CAIXA REFERENCIAL"]
["87341","ARGAMASSA TRAÇO 1:3 (EM VOLUME DE CIMENTO E AREIA MÉDIA ÚMIDA) PARA CONTRAPISO, PREPARO MECÂNICO COM MISTURADOR DE EIXO HORIZONTAL DE 600 KG. AF_08/2019","M3","ATRIBUÍDO SÃO PAULO","439,68","CAIXA REFERENCIAL"]
["87342","ARGAMASSA TRAÇO 1:4 (EM VOLUME DE CIMENTO E AREIA MÉDIA ÚMIDA) PARA CONTRAPISO, PREPARO MECÂNICO COM MISTURADOR DE EIXO HORIZONTAL DE 160 KG. AF_08/2019","M3","ATRIBUÍDO SÃO PAULO","484,13","CAIXA REFERENCIAL"]
["87343","ARGAMASSA TRAÇO 1:4 (EM VOLUME DE CIMENTO E AREIA MÉDIA ÚMIDA) PARA CONTRAPISO, PREPARO MECÂNICO COM MISTURADOR DE EIXO HORIZONTAL DE 300 KG. AF_08/2019","M3","ATRIBUÍDO SÃO PAULO","421,11","CAIXA REFERENCIAL"]
["87344","ARGAMASSA TRAÇO 1:4 (EM VOLUME DE CIMENTO E AREIA MÉDIA ÚMIDA) PARA CONTRAPISO, PREPARO MECÂNICO COM MISTURADOR DE EIXO HORIZONTAL DE 600 KG. AF_08/2019","M3","ATRIBUÍDO SÃO PAULO","383,56","CAIXA REFERENCIAL"]
["87345","ARGAMASSA TRAÇO 1:5 (EM VOLUME DE CIMENTO E AREIA MÉDIA ÚMIDA) PARA CONTRAPISO, PREPARO MECÂNICO COM MISTURADOR DE EIXO HORIZONTAL DE 160 KG. AF_08/2019","M3","ATRIBUÍDO SÃO PAULO","427,67","CAIXA REFERENCIAL"]
["87346","ARGAMASSA TRAÇO 1:5 (EM VOLUME DE CIMENTO E AREIA MÉDIA ÚMIDA) PARA CONTRAPISO, PREPARO MECÂNICO COM MISTURADOR DE EIXO HORIZONTAL DE 300 KG. AF_08/2019","M3","ATRIBUÍDO SÃO PAULO","375,57","CAIXA REFERENCIAL"]
["87347","ARGAMASSA TRAÇO 1:5 (EM VOLUME DE CIMENTO E AREIA MÉDIA ÚMIDA) PARA CONTRAPISO, PREPARO MECÂNICO COM MISTURADOR DE EIXO HORIZONTAL DE 600 KG. AF_08/2019","M3","ATRIBUÍDO SÃO PAULO","345,38","CAIXA REFERENCIAL"]
["87348","ARGAMASSA TRAÇO 1:6 (EM VOLUME DE CIMENTO E AREIA MÉDIA ÚMIDA) PARA CONTRAPISO, PREPARO MECÂNICO COM MISTURADOR DE EIXO HORIZONTAL DE 160 KG. AF_08/2019","M3","ATRIBUÍDO SÃO PAULO","385,18","CAIXA REFERENCIAL"]
["87349","ARGAMASSA TRAÇO 1:6 (EM VOLUME DE CIMENTO E AREIA MÉDIA ÚMIDA) PARA CONTRAPISO, PREPARO MECÂNICO COM MISTURADOR DE EIXO HORIZONTAL DE 600 KG. AF_08/2019","M3","ATRIBUÍDO SÃO PAULO","314,31","CAIXA REFERENCIAL"]
["87350","ARGAMASSA TRAÇO 1:5 (EM VOLUME DE CIMENTO E AREIA GROSSA ÚMIDA) PARA CHAPISCO CONVENCIONAL, PREPARO MECÂNICO COM MISTURADOR DE EIXO HORIZONTAL DE 300 KG. AF_08/2019","M3","ATRIBUÍDO SÃO PAULO","356,44","CAIXA REFERENCIAL"]
["87351","ARGAMASSA TRAÇO 1:5 (EM VOLUME DE CIMENTO E AREIA GROSSA ÚMIDA) PARA CHAPISCO CONVENCIONAL, PREPARO MECÂNICO COM MISTURADOR DE EIXO HORIZONTAL DE 600 KG. AF_08/2019","M3","ATRIBUÍDO SÃO PAULO","289,90","CAIXA REFERENCIAL"]
["87352","ARGAMASSA TRAÇO 1:3 (EM VOLUME DE CIMENTO E AREIA GROSSA ÚMIDA) PARA CHAPISCO CONVENCIONAL, PREPARO MECÂNICO COM MISTURADOR DE EIXO HORIZONTAL DE 160 KG. AF_08/2019","M3","ATRIBUÍDO SÃO PAULO","458,08","CAIXA REFERENCIAL"]
["87353","ARGAMASSA TRAÇO 1:3 (EM VOLUME DE CIMENTO E AREIA GROSSA ÚMIDA) PARA CHAPISCO CONVENCIONAL, PREPARO MECÂNICO COM MISTURADOR DE EIXO HORIZONTAL DE 300 KG. AF_08/2019","M3","ATRIBUÍDO SÃO PAULO","389,75","CAIXA REFERENCIAL"]
["87354","ARGAMASSA TRAÇO 1:3 (EM VOLUME DE CIMENTO E AREIA GROSSA ÚMIDA) PARA CHAPISCO CONVENCIONAL, PREPARO MECÂNICO COM MISTURADOR DE EIXO HORIZONTAL DE 600 KG. AF_08/2019","M3","ATRIBUÍDO SÃO PAULO","356,44","CAIXA REFERENCIAL"]
["87355","ARGAMASSA TRAÇO 1:4 (EM VOLUME DE CIMENTO E AREIA GROSSA ÚMIDA) PARA CHAPISCO CONVENCIONAL, PREPARO MECÂNICO COM MISTURADOR DE EIXO HORIZONTAL DE 160 KG. AF_08/2019","M3","ATRIBUÍDO SÃO PAULO","383,93","CAIXA REFERENCIAL"]
["87356","ARGAMASSA TRAÇO 1:4 (EM VOLUME DE CIMENTO E AREIA GROSSA ÚMIDA) PARA CHAPISCO CONVENCIONAL, PREPARO MECÂNICO COM MISTURADOR DE EIXO HORIZONTAL DE 300 KG. AF_08/2019","M3","ATRIBUÍDO SÃO PAULO","337,44","CAIXA REFERENCIAL"]
["87357","ARGAMASSA TRAÇO 1:4 (EM VOLUME DE CIMENTO E AREIA GROSSA ÚMIDA) PARA CHAPISCO CONVENCIONAL, PREPARO MECÂNICO COM MISTURADOR DE EIXO HORIZONTAL DE 600 KG. AF_08/2019","M3","ATRIBUÍDO SÃO PAULO","313,01","CAIXA REFERENCIAL"]
["87358","ARGAMASSA TRAÇO 1:5 (EM VOLUME DE CIMENTO E AREIA GROSSA ÚMIDA) COM ADIÇÃO DE EMULSÃO POLIMÉRICA PARA CHAPISCO ROLADO, PREPARO MECÂNICO COM MISTURADOR DE EIXO HORIZONTAL DE 300 KG. AF_08/2019","M3","ATRIBUÍDO SÃO PAULO","2.560,44","CAIXA REFERENCIAL"]
["87359","ARGAMASSA TRAÇO 1:5 (EM VOLUME DE CIMENTO E AREIA GROSSA ÚMIDA) COM ADIÇÃO DE EMULSÃO POLIMÉRICA PARA CHAPISCO ROLADO, PREPARO MECÂNICO COM MISTURADOR DE EIXO HORIZONTAL DE 600 KG. AF_08/2019","M3","ATRIBUÍDO SÃO PAULO","2.531,28","CAIXA REFERENCIAL"]
["87360","ARGAMASSA TRAÇO 1:3 (EM VOLUME DE CIMENTO E AREIA GROSSA ÚMIDA) COM ADIÇÃO DE EMULSÃO POLIMÉRICA PARA CHAPISCO ROLADO, PREPARO MECÂNICO COM MISTURADOR DE EIXO HORIZONTAL DE 160 KG. AF_08/2019","M3","ATRIBUÍDO SÃO PAULO","2.645,27","CAIXA REFERENCIAL"]
["87361","ARGAMASSA TRAÇO 1:3 (EM VOLUME DE CIMENTO E AREIA GROSSA ÚMIDA) COM ADIÇÃO DE EMULSÃO POLIMÉRICA PARA CHAPISCO ROLADO, PREPARO MECÂNICO COM MISTURADOR DE EIXO HORIZONTAL DE 300 KG. AF_08/2019","M3","ATRIBUÍDO SÃO PAULO","2.603,27","CAIXA REFERENCIAL"]
["87362","ARGAMASSA TRAÇO 1:3 (EM VOLUME DE CIMENTO E AREIA GROSSA ÚMIDA) COM ADIÇÃO DE EMULSÃO POLIMÉRICA PARA CHAPISCO ROLADO, PREPARO MECÂNICO COM MISTURADOR DE EIXO HORIZONTAL DE 600 KG. AF_08/2019","M3","ATRIBUÍDO SÃO PAULO","2.596,81","CAIXA REFERENCIAL"]
["87363","ARGAMASSA TRAÇO 1:4 (EM VOLUME DE CIMENTO E AREIA GROSSA ÚMIDA) COM ADIÇÃO DE EMULSÃO POLIMÉRICA PARA CHAPISCO ROLADO, PREPARO MECÂNICO COM MISTURADOR DE EIXO HORIZONTAL DE 300 KG. AF_08/2019","M3","ATRIBUÍDO SÃO PAULO","2.590,38","CAIXA REFERENCIAL"]
["87364","ARGAMASSA TRAÇO 1:4 (EM VOLUME DE CIMENTO E AREIA GROSSA ÚMIDA) COM ADIÇÃO DE EMULSÃO POLIMÉRICA PARA CHAPISCO ROLADO, PREPARO MECÂNICO COM MISTURADOR DE EIXO HORIZONTAL DE 600 KG. AF_08/2019","M3","ATRIBUÍDO SÃO PAULO","2.558,14","CAIXA REFERENCIAL"]
["87365","ARGAMASSA TRAÇO 1:7 (EM VOLUME DE CIMENTO E AREIA MÉDIA ÚMIDA) COM ADIÇÃO DE PLASTIFICANTE PARA EMBOÇO/MASSA ÚNICA/ASSENTAMENTO DE ALVENARIA DE VEDAÇÃO, PREPARO MANUAL. AF_08/2019","M3","COEFICIENTE DE REPRESENTATIVIDADE","365,13","CAIXA REFERENCIAL"]
["87366","ARGAMASSA TRAÇO 1:6 (EM VOLUME DE CIMENTO E AREIA MÉDIA ÚMIDA) COM ADIÇÃO DE PLASTIFICANTE PARA EMBOÇO/MASSA ÚNICA/ASSENTAMENTO DE ALVENARIA DE VEDAÇÃO, PREPARO MANUAL. AF_08/2019","M3","COEFICIENTE DE REPRESENTATIVIDADE","388,41","CAIXA REFERENCIAL"]
["87367","ARGAMASSA TRAÇO 1:1:6 (EM VOLUME DE CIMENTO, CAL E AREIA MÉDIA ÚMIDA) PARA EMBOÇO/MASSA ÚNICA/ASSENTAMENTO DE ALVENARIA DE VEDAÇÃO, PREPARO MANUAL. AF_08/2019","M3","COLETADO","485,29","CAIXA REFERENCIAL"]
["87368","ARGAMASSA TRAÇO 1:1,5:7,5 (EM VOLUME DE CIMENTO, CAL E AREIA MÉDIA ÚMIDA) PARA EMBOÇO/MASSA ÚNICA/ASSENTAMENTO DE ALVENARIA DE VEDAÇÃO, PREPARO MANUAL. AF_08/2019","M3","COLETADO","477,68","CAIXA REFERENCIAL"]
["87369","ARGAMASSA TRAÇO 1:2:8 (EM VOLUME DE CIMENTO, CAL E AREIA MÉDIA ÚMIDA) PARA EMBOÇO/MASSA ÚNICA/ASSENTAMENTO DE ALVENARIA DE VEDAÇÃO, PREPARO MANUAL. AF_08/2019","M3","COLETADO","495,50","CAIXA REFERENCIAL"]
["87370","ARGAMASSA TRAÇO 1:2:9 (EM VOLUME DE CIMENTO, CAL E AREIA MÉDIA ÚMIDA) PARA EMBOÇO/MASSA ÚNICA/ASSENTAMENTO DE ALVENARIA DE VEDAÇÃO, PREPARO MANUAL. AF_08/2019","M3","COLETADO","473,82","CAIXA REFERENCIAL"]
["87371","ARGAMASSA TRAÇO 1:3:12 (EM VOLUME DE CIMENTO, CAL E AREIA MÉDIA ÚMIDA) PARA EMBOÇO/MASSA ÚNICA/ASSENTAMENTO DE ALVENARIA DE VEDAÇÃO, PREPARO MANUAL. AF_08/2019","M3","COLETADO","467,67","CAIXA REFERENCIAL"]
["87372","ARGAMASSA TRAÇO 1:3 (EM VOLUME DE CIMENTO E AREIA MÉDIA ÚMIDA) PARA CONTRAPISO, PREPARO MANUAL. AF_08/2019","M3","COLETADO","554,29","CAIXA REFERENCIAL"]
["87373","ARGAMASSA TRAÇO 1:4 (EM VOLUME DE CIMENTO E AREIA MÉDIA ÚMIDA) PARA CONTRAPISO, PREPARO MANUAL. AF_08/2019","M3","COLETADO","487,88","CAIXA REFERENCIAL"]
["87374","ARGAMASSA TRAÇO 1:5 (EM VOLUME DE CIMENTO E AREIA MÉDIA ÚMIDA) PARA CONTRAPISO, PREPARO MANUAL. AF_08/2019","M3","COLETADO","450,57","CAIXA REFERENCIAL"]
["87375","ARGAMASSA TRAÇO 1:6 (EM VOLUME DE CIMENTO E AREIA MÉDIA ÚMIDA) PARA CONTRAPISO, PREPARO MANUAL. AF_08/2019","M3","COLETADO","426,36","CAIXA REFERENCIAL"]
["87376","ARGAMASSA TRAÇO 1:5 (EM VOLUME DE CIMENTO E AREIA GROSSA ÚMIDA) PARA CHAPISCO CONVENCIONAL, PREPARO MANUAL. AF_08/2019","M3","COLETADO","392,30","CAIXA REFERENCIAL"]
["87377","ARGAMASSA TRAÇO 1:3 (EM VOLUME DE CIMENTO E AREIA GROSSA ÚMIDA) PARA CHAPISCO CONVENCIONAL, PREPARO MANUAL. AF_08/2019","M3","COLETADO","465,64","CAIXA REFERENCIAL"]
["87378","ARGAMASSA TRAÇO 1:4 (EM VOLUME DE CIMENTO E AREIA GROSSA ÚMIDA) PARA CHAPISCO CONVENCIONAL, PREPARO MANUAL. AF_08/2019","M3","COLETADO","418,15","CAIXA REFERENCIAL"]
["87379","ARGAMASSA TRAÇO 1:5 (EM VOLUME DE CIMENTO E AREIA GROSSA ÚMIDA) COM ADIÇÃO DE EMULSÃO POLIMÉRICA PARA CHAPISCO ROLADO, PREPARO MANUAL. AF_08/2019","M3","COEFICIENTE DE REPRESENTATIVIDADE","2.646,77","CAIXA REFERENCIAL"]
["87380","ARGAMASSA TRAÇO 1:3 (EM VOLUME DE CIMENTO E AREIA GROSSA ÚMIDA) COM ADIÇÃO DE EMULSÃO POLIMÉRICA PARA CHAPISCO ROLADO, PREPARO MANUAL. AF_08/2019","M3","COEFICIENTE DE REPRESENTATIVIDADE","2.717,69","CAIXA REFERENCIAL"]
["87381","ARGAMASSA TRAÇO 1:4 (EM VOLUME DE CIMENTO E AREIA GROSSA ÚMIDA) COM ADIÇÃO DE EMULSÃO POLIMÉRICA PARA CHAPISCO ROLADO, PREPARO MANUAL. AF_08/2019","M3","COEFICIENTE DE REPRESENTATIVIDADE","2.671,52","CAIXA REFERENCIAL"]
["87382","ARGAMASSA INDUSTRIALIZADA MULTIUSO PARA REVESTIMENTOS E ASSENTAMENTO DA ALVENARIA, PREPARO COM MISTURADOR DE EIXO HORIZONTAL DE 160 KG. AF_08/2019","M3","ATRIBUÍDO SÃO PAULO","1.197,66","CAIXA REFERENCIAL"]
["87383","ARGAMASSA INDUSTRIALIZADA MULTIUSO PARA REVESTIMENTOS E ASSENTAMENTO DA ALVENARIA, PREPARO COM MISTURADOR DE EIXO HORIZONTAL DE 300 KG. AF_08/2019","M3","ATRIBUÍDO SÃO PAULO","1.189,82","CAIXA REFERENCIAL"]
["87384","ARGAMASSA INDUSTRIALIZADA MULTIUSO PARA REVESTIMENTOS E ASSENTAMENTO DA ALVENARIA, PREPARO COM MISTURADOR DE EIXO HORIZONTAL DE 600 KG. AF_08/2019","M3","ATRIBUÍDO SÃO PAULO","1.177,87","CAIXA REFERENCIAL"]
["87385","ARGAMASSA PRONTA PARA CONTRAPISO, PREPARO COM MISTURADOR DE EIXO HORIZONTAL DE 160 KG. AF_08/2019","M3","ATRIBUÍDO SÃO PAULO","1.396,31","CAIXA REFERENCIAL"]
["87386","ARGAMASSA PRONTA PARA CONTRAPISO, PREPARO COM MISTURADOR DE EIXO HORIZONTAL DE 300 KG. AF_08/2019","M3","ATRIBUÍDO SÃO PAULO","1.383,27","CAIXA REFERENCIAL"]
["87387","ARGAMASSA PRONTA PARA CONTRAPISO, PREPARO COM MISTURADOR DE EIXO HORIZONTAL DE 600 KG. AF_08/2019","M3","ATRIBUÍDO SÃO PAULO","1.372,02","CAIXA REFERENCIAL"]
["87388","ARGAMASSA PARA REVESTIMENTO DECORATIVO MONOCAMADA (MONOCAPA), PREPARO COM MISTURADOR DE EIXO HORIZONTAL DE 160 KG. AF_08/2019","M3","ATRIBUÍDO SÃO PAULO","3.274,04","CAIXA REFERENCIAL"]
["87389","ARGAMASSA PARA REVESTIMENTO DECORATIVO MONOCAMADA (MONOCAPA), PREPARO COM MISTURADOR DE EIXO HORIZONTAL DE 300 KG. AF_08/2019","M3","ATRIBUÍDO SÃO PAULO","3.280,55","CAIXA REFERENCIAL"]
["87390","ARGAMASSA PARA REVESTIMENTO DECORATIVO MONOCAMADA (MONOCAPA), PREPARO COM MISTURADOR DE EIXO HORIZONTAL DE 600 KG. AF_08/2019","M3","ATRIBUÍDO SÃO PAULO","3.290,26","CAIXA REFERENCIAL"]
["87391","ARGAMASSA INDUSTRIALIZADA PARA CHAPISCO ROLADO, PREPARO COM MISTURADOR DE EIXO HORIZONTAL DE 160 KG. AF_08/2019","M3","ATRIBUÍDO SÃO PAULO","3.641,47","CAIXA REFERENCIAL"]
["87393","ARGAMASSA INDUSTRIALIZADA PARA CHAPISCO ROLADO, PREPARO COM MISTURADOR DE EIXO HORIZONTAL DE 300 KG. AF_08/2019","M3","ATRIBUÍDO SÃO PAULO","3.667,11","CAIXA REFERENCIAL"]
["87394","ARGAMASSA INDUSTRIALIZADA PARA CHAPISCO ROLADO, PREPARO COM MISTURADOR DE EIXO HORIZONTAL DE 600 KG. AF_08/2019","M3","ATRIBUÍDO SÃO PAULO","3.690,44","CAIXA REFERENCIAL"]
["87395","ARGAMASSA INDUSTRIALIZADA PARA CHAPISCO COLANTE, PREPARO COM MISTURADOR DE EIXO HORIZONTAL DE 160 KG. AF_08/2019","M3","ATRIBUÍDO SÃO PAULO","2.312,09","CAIXA REFERENCIAL"]
["87396","ARGAMASSA INDUSTRIALIZADA PARA CHAPISCO COLANTE, PREPARO COM MISTURADOR DE EIXO HORIZONTAL DE 300 KG. AF_08/2019","M3","ATRIBUÍDO SÃO PAULO","2.319,87","CAIXA REFERENCIAL"]
["87397","ARGAMASSA INDUSTRIALIZADA PARA CHAPISCO COLANTE, PREPARO COM MISTURADOR DE EIXO HORIZONTAL DE 600 KG. AF_08/2019","M3","ATRIBUÍDO SÃO PAULO","2.326,15","CAIXA REFERENCIAL"]
["87398","ARGAMASSA INDUSTRIALIZADA MULTIUSO PARA REVESTIMENTOS E ASSENTAMENTO DA ALVENARIA, PREPARO MANUAL. AF_08/2019","M3","COEFICIENTE DE REPRESENTATIVIDADE","1.331,15","CAIXA REFERENCIAL"]
["87399","ARGAMASSA PRONTA PARA CONTRAPISO, PREPARO MANUAL. AF_08/2019","M3","COEFICIENTE DE REPRESENTATIVIDADE","1.528,57","CAIXA REFERENCIAL"]
["87401","ARGAMASSA INDUSTRIALIZADA PARA CHAPISCO ROLADO, PREPARO MANUAL. AF_08/2019","M3","COEFICIENTE DE REPRESENTATIVIDADE","3.838,11","CAIXA REFERENCIAL"]
["87402","ARGAMASSA INDUSTRIALIZADA PARA CHAPISCO COLANTE, PREPARO MANUAL. AF_08/2019","M3","COEFICIENTE DE REPRESENTATIVIDADE","2.481,51","CAIXA REFERENCIAL"]
["87404","ARGAMASSA PARA REVESTIMENTO DECORATIVO MONOCAMADA (MONOCAPA), MISTURA E PROJEÇÃO DE 1,5 M3/H DE ARGAMASSA. AF_08/2019","M3","ATRIBUÍDO SÃO PAULO","3.423,65","CAIXA REFERENCIAL"]
["87405","ARGAMASSA PARA REVESTIMENTO DECORATIVO MONOCAMADA (MONOCAPA), MISTURA E PROJEÇÃO DE 2 M3/H DE ARGAMASSA. AF_06/2014","M3","ATRIBUÍDO SÃO PAULO","3.421,94","CAIXA REFERENCIAL"]
["87407","ARGAMASSA INDUSTRIALIZADA PARA REVESTIMENTOS, MISTURA E PROJEÇÃO DE 1,5 M³/H DE ARGAMASSA. AF_08/2019","M3","ATRIBUÍDO SÃO PAULO","1.228,72","CAIXA REFERENCIAL"]
["87408","ARGAMASSA INDUSTRIALIZADA PARA REVESTIMENTOS, MISTURA E PROJEÇÃO DE 2 M³/H DE ARGAMASSA. AF_06/2014","M3","ATRIBUÍDO SÃO PAULO","1.214,15","CAIXA REFERENCIAL"]
["87410","ARGAMASSA À BASE DE GESSO, MISTURA E PROJEÇÃO DE 1,5 M³/H DE ARGAMASSA. AF_08/2019","M3","ATRIBUÍDO SÃO PAULO","868,38","CAIXA REFERENCIAL"]
["88626","ARGAMASSA TRAÇO 1:0,5:4,5 (EM VOLUME DE CIMENTO, CAL E AREIA MÉDIA ÚMIDA), PREPARO MECÂNICO COM BETONEIRA 400 L. AF_08/2019","M3","ATRIBUÍDO SÃO PAULO","391,08","CAIXA REFERENCIAL"]
["88627","ARGAMASSA TRAÇO 1:0,5:4,5 (EM VOLUME DE CIMENTO, CAL E AREIA MÉDIA ÚMIDA) PARA ASSENTAMENTO DE ALVENARIA, PREPARO MANUAL. AF_08/2019","M3","COLETADO","450,21","CAIXA REFERENCIAL"]
["88628","ARGAMASSA TRAÇO 1:3 (EM VOLUME DE CIMENTO E AREIA MÉDIA ÚMIDA), PREPARO MECÂNICO COM BETONEIRA 400 L. AF_08/2019","M3","ATRIBUÍDO SÃO PAULO","388,10","CAIXA REFERENCIAL"]
["88629","ARGAMASSA TRAÇO 1:3 (EM VOLUME DE CIMENTO E AREIA MÉDIA ÚMIDA), PREPARO MANUAL. AF_08/2019","M3","COLETADO","452,80","CAIXA REFERENCIAL"]
["88630","ARGAMASSA TRAÇO 1:4 (CIMENTO E AREIA MÉDIA), PREPARO MECÂNICO COM BETONEIRA 400 L. AF_08/2014","M3","ATRIBUÍDO SÃO PAULO","322,03","CAIXA REFERENCIAL"]
["88631","ARGAMASSA TRAÇO 1:4 (EM VOLUME DE CIMENTO E AREIA MÉDIA ÚMIDA), PREPARO MANUAL. AF_08/2019","M3","COLETADO","399,71","CAIXA REFERENCIAL"]
["88715","ARGAMASSA TRAÇO 1:2:9 (EM VOLUME DE CIMENTO, CAL E AREIA MÉDIA ÚMIDA) PARA EMBOÇO/MASSA ÚNICA/ASSENTAMENTO DE ALVENARIA DE VEDAÇÃO, PREPARO MECÂNICO COM BETONEIRA 400 L. AF_08/2019","M3","ATRIBUÍDO SÃO PAULO","390,73","CAIXA REFERENCIAL"]
["95563","ARGAMASSA TRAÇO 1:1,93 (EM VOLUME DE CIMENTO E AREIA MÉDIA ÚMIDA), FCK 20 MPA, PREPARO MECÂNICO COM MISTURADOR DUPLO HORIZONTAL DE ALTA TURBULÊNCIA. AF_03/2020","M3","ATRIBUÍDO SÃO PAULO","586,37","CAIXA REFERENCIAL"]
["100464","ARGAMASSA TRAÇO 1:0,5:4,5  (EM VOLUME DE CIMENTO, CAL E AREIA MÉDIA ÚMIDA), PREPARO MECÂNICO COM MISTURADOR DE EIXO HORIZONTAL DE 160 KG. AF_08/2019","M3","ATRIBUÍDO SÃO PAULO","416,59","CAIXA REFERENCIAL"]
["100465","ARGAMASSA TRAÇO 1:0,5:4,5  (EM VOLUME DE CIMENTO, CAL E AREIA MÉDIA ÚMIDA), PREPARO MECÂNICO COM MISTURADOR DE EIXO HORIZONTAL DE 300 KG. AF_08/2019","M3","ATRIBUÍDO SÃO PAULO","381,90","CAIXA REFERENCIAL"]
["100466","ARGAMASSA TRAÇO 1:0,5:4,5  (EM VOLUME DE CIMENTO, CAL E AREIA MÉDIA ÚMIDA), PREPARO MECÂNICO COM MISTURADOR DE EIXO HORIZONTAL DE 600 KG. AF_08/2019","M3","ATRIBUÍDO SÃO PAULO","362,41","CAIXA REFERENCIAL"]
["100468","ARGAMASSA TRAÇO 1:3 (EM VOLUME DE CIMENTO E AREIA MÉDIA ÚMIDA), PREPARO MECÂNICO COM MISTURADOR DE EIXO HORIZONTAL DE 160 KG. AF_08/2019","M3","ATRIBUÍDO SÃO PAULO","494,79","CAIXA REFERENCIAL"]
["100469","ARGAMASSA TRAÇO 1:3 (EM VOLUME DE CIMENTO E AREIA MÉDIA ÚMIDA), PREPARO MECÂNICO COM MISTURADOR DE EIXO HORIZONTAL DE 300 KG. AF_08/2019","M3","ATRIBUÍDO SÃO PAULO","381,90","CAIXA REFERENCIAL"]
["100470","ARGAMASSA TRAÇO 1:3 (EM VOLUME DE CIMENTO E AREIA MÉDIA ÚMIDA), PREPARO MECÂNICO COM MISTURADOR DE EIXO HORIZONTAL DE 600 KG. AF_08/2019","M3","ATRIBUÍDO SÃO PAULO","335,26","CAIXA REFERENCIAL"]
["100472","ARGAMASSA TRAÇO 1:4 (EM VOLUME DE CIMENTO E AREIA MÉDIA ÚMIDA), PREPARO MECÂNICO COM MISTURADOR DE EIXO HORIZONTAL DE 160 KG. AF_08/2019","M3","ATRIBUÍDO SÃO PAULO","383,47","CAIXA REFERENCIAL"]
["100473","ARGAMASSA TRAÇO 1:4 (EM VOLUME DE CIMENTO E AREIA MÉDIA ÚMIDA), PREPARO MECÂNICO COM MISTURADOR DE EIXO HORIZONTAL DE 300 KG. AF_08/2019","M3","ATRIBUÍDO SÃO PAULO","339,55","CAIXA REFERENCIAL"]
["100474","ARGAMASSA TRAÇO 1:4 (EM VOLUME DE CIMENTO E AREIA MÉDIA ÚMIDA), PREPARO MECÂNICO COM MISTURADOR DE EIXO HORIZONTAL DE 600 KG. AF_08/2019","M3","ATRIBUÍDO SÃO PAULO","317,84","CAIXA REFERENCIAL"]
["100475","ARGAMASSA TRAÇO 1:3 (EM VOLUME DE CIMENTO E AREIA MÉDIA ÚMIDA) COM ADIÇÃO DE IMPERMEABILIZANTE, PREPARO MECÂNICO COM BETONEIRA 400 L. AF_08/2019","M3","ATRIBUÍDO SÃO PAULO","515,86","CAIXA REFERENCIAL"]
["100477","ARGAMASSA TRAÇO 1:3 (EM VOLUME DE CIMENTO E AREIA MÉDIA ÚMIDA) COM ADIÇÃO DE IMPERMEABILIZANTE, PREPARO MECÂNICO COM MISTURADOR DE EIXO HORIZONTAL DE 160 KG. AF_08/2019","M3","ATRIBUÍDO SÃO PAULO","575,17","CAIXA REFERENCIAL"]
["100478","ARGAMASSA TRAÇO 1:3 (EM VOLUME DE CIMENTO E AREIA MÉDIA ÚMIDA) COM ADIÇÃO DE IMPERMEABILIZANTE, PREPARO MECÂNICO COM MISTURADOR DE EIXO HORIZONTAL DE 300 KG. AF_08/2019","M3","ATRIBUÍDO SÃO PAULO","506,73","CAIXA REFERENCIAL"]
["100479","ARGAMASSA TRAÇO 1:3 (EM VOLUME DE CIMENTO E AREIA MÉDIA ÚMIDA) COM ADIÇÃO DE IMPERMEABILIZANTE, PREPARO MECÂNICO COM MISTURADOR DE EIXO HORIZONTAL DE 600 KG. AF_08/2019","M3","ATRIBUÍDO SÃO PAULO","489,89","CAIXA REFERENCIAL"]
["100480","ARGAMASSA TRAÇO 1:3 (EM VOLUME DE CIMENTO E AREIA MÉDIA ÚMIDA) COM ADIÇÃO DE IMPERMEABILIZANTE, PREPARO MANUAL. AF_08/2019","M3","COLETADO","578,43","CAIXA REFERENCIAL"]
["100481","ARGAMASSA TRAÇO 1:4 (EM VOLUME DE CIMENTO E AREIA MÉDIA ÚMIDA) COM ADIÇÃO DE IMPERMEABILIZANTE, PREPARO MECÂNICO COM BETONEIRA 400 L. AF_08/2019","M3","ATRIBUÍDO SÃO PAULO","437,68","CAIXA REFERENCIAL"]
["100483","ARGAMASSA TRAÇO 1:4 (EM VOLUME DE CIMENTO E AREIA MÉDIA ÚMIDA) COM ADIÇÃO DE IMPERMEABILIZANTE, PREPARO MECÂNICO COM MISTURADOR DE EIXO HORIZONTAL DE 160 KG. AF_08/2019","M3","ATRIBUÍDO SÃO PAULO","482,48","CAIXA REFERENCIAL"]
["100484","ARGAMASSA TRAÇO 1:4 (EM VOLUME DE CIMENTO E AREIA MÉDIA ÚMIDA) COM ADIÇÃO DE IMPERMEABILIZANTE, PREPARO MECÂNICO COM MISTURADOR DE EIXO HORIZONTAL DE 300 KG. AF_08/2019","M3","ATRIBUÍDO SÃO PAULO","439,45","CAIXA REFERENCIAL"]
["100485","ARGAMASSA TRAÇO 1:4 (EM VOLUME DE CIMENTO E AREIA MÉDIA ÚMIDA) COM ADIÇÃO DE IMPERMEABILIZANTE, PREPARO MECÂNICO COM MISTURADOR DE EIXO HORIZONTAL DE 600 KG. AF_08/2019","M3","ATRIBUÍDO SÃO PAULO","419,09","CAIXA REFERENCIAL"]
["100486","ARGAMASSA TRAÇO 1:4 (EM VOLUME DE CIMENTO E AREIA MÉDIA ÚMIDA) COM ADIÇÃO DE IMPERMEABILIZANTE, PREPARO MANUAL. AF_08/2019","M3","COLETADO","504,55","CAIXA REFERENCIAL"]
["100487","ARGAMASSA TRAÇO 1:2:9 (EM VOLUME DE CIMENTO, CAL E AREIA MÉDIA ÚMIDA) PARA EMBOÇO/MASSA ÚNICA/ASSENTAMENTO DE ALVENARIA DE VEDAÇÃO, PREPARO MECÂNICO COM MISTURADOR DE EIXO HORIZONTAL DE 600 KG. AF_08/2019","M3","ATRIBUÍDO SÃO PAULO","368,51","CAIXA REFERENCIAL"]
["100488","ARGAMASSA TRAÇO 1:0,5:4,5 (EM VOLUME DE CIMENTO, CAL E AREIA MÉDIA ÚMIDA), PREPARO MECÂNICO COM BETONEIRA 600 L. AF_08/2019","M3","ATRIBUÍDO SÃO PAULO","380,25","CAIXA REFERENCIAL"]
["100489","ARGAMASSA TRAÇO 1:3 (EM VOLUME DE CIMENTO E AREIA MÉDIA ÚMIDA), PREPARO MECÂNICO COM BETONEIRA 600 L. AF_08/2019","M3","ATRIBUÍDO SÃO PAULO","383,94","CAIXA REFERENCIAL"]
["100490","ARGAMASSA TRAÇO 1:4 (EM VOLUME DE CIMENTO E AREIA MÉDIA ÚMIDA), PREPARO MECÂNICO COM BETONEIRA 600 L. AF_08/2019","M3","ATRIBUÍDO SÃO PAULO","331,91","CAIXA REFERENCIAL"]
["100491","ARGAMASSA TRAÇO 1:3 (EM VOLUME DE CIMENTO E AREIA MÉDIA ÚMIDA) COM ADIÇÃO DE IMPERMEABILIZANTE, PREPARO MECÂNICO COM BETONEIRA 600 L. AF_08/2019","M3","ATRIBUÍDO SÃO PAULO","512,28","CAIXA REFERENCIAL"]
["100492","ARGAMASSA TRAÇO 1:4 (EM VOLUME DE CIMENTO E AREIA MÉDIA ÚMIDA) COM ADIÇÃO DE IMPERMEABILIZANTE, PREPARO MECÂNICO COM BETONEIRA 600 L. AF_08/2019","M3","ATRIBUÍDO SÃO PAULO","434,64","CAIXA REFERENCIAL"]
["92121","PENEIRAMENTO DE AREIA COM PENEIRA ELÉTRICA. AF_11/2015","M3","ATRIBUÍDO SÃO PAULO","22,84","CAIXA REFERENCIAL"]
["92122","PENEIRAMENTO DE AREIA COM PENEIRA MANUAL. AF_11/2015","M3","COLETADO","37,55","CAIXA REFERENCIAL"]
["92123","ENSACAMENTO DE AREIA. AF_11/2015","M3","ATRIBUÍDO SÃO PAULO","43,96","CAIXA REFERENCIAL"]
["100195","TRANSPORTE HORIZONTAL MANUAL, DE SACOS DE 50 KG (UNIDADE: KGXKM). AF_07/2019","KGXKM","COLETADO","0,57","CAIXA REFERENCIAL"]
["100196","TRANSPORTE HORIZONTAL MANUAL, DE SACOS DE 30 KG (UNIDADE: KGXKM). AF_07/2019","KGXKM","COLETADO","0,95","CAIXA REFERENCIAL"]
["100197","TRANSPORTE HORIZONTAL MANUAL, DE SACOS DE 20 KG (UNIDADE: KGXKM). AF_07/2019","KGXKM","COLETADO","1,43","CAIXA REFERENCIAL"]
["100198","TRANSPORTE HORIZONTAL COM CARRINHO PLATAFORMA, DE SACOS DE 50 KG (UNIDADE: KGXKM). AF_07/2019","KGXKM","COLETADO","0,20","CAIXA REFERENCIAL"]
["100199","TRANSPORTE HORIZONTAL COM CARRINHO PLATAFORMA, DE SACOS DE 30 KG (UNIDADE: KGXKM). AF_07/2019","KGXKM","COLETADO","0,24","CAIXA REFERENCIAL"]
["100200","TRANSPORTE HORIZONTAL COM CARRINHO PLATAFORMA, DE SACOS DE 20 KG (UNIDADE: KGXKM). AF_07/2019","KGXKM","COLETADO","0,29","CAIXA REFERENCIAL"]
["100201","TRANSPORTE HORIZONTAL COM CARRINHO DE MÃO, DE SACOS DE 50 KG (UNIDADE: KGXKM). AF_07/2019","KGXKM","COLETADO","0,58","CAIXA REFERENCIAL"]
["100202","TRANSPORTE HORIZONTAL COM CARRINHO DE MÃO, DE SACOS DE 30 KG (UNIDADE: KGXKM). AF_07/2019","KGXKM","COLETADO","0,68","CAIXA REFERENCIAL"]
["100203","TRANSPORTE HORIZONTAL COM CARRINHO DE MÃO, DE SACOS DE 20 KG (UNIDADE: KGXKM). AF_07/2019","KGXKM","COLETADO","0,80","CAIXA REFERENCIAL"]
["100204","TRANSPORTE HORIZONTAL COM MANIPULADOR TELESCÓPICO, DE PÁLETE DE SACOS (UNIDADE: KGXKM). AF_07/2019","KGXKM","ATRIBUÍDO SÃO PAULO","0,09","CAIXA REFERENCIAL"]
["100205","TRANSPORTE HORIZONTAL COM JERICA DE 60 L, DE MASSA/ GRANEL (UNIDADE: M3XKM). AF_07/2019","M3XKM","COLETADO","1.069,67","CAIXA REFERENCIAL"]
["100206","TRANSPORTE HORIZONTAL COM JERICA DE 90 L, DE MASSA/ GRANEL (UNIDADE: M3XKM). AF_07/2019","M3XKM","COLETADO","773,19","CAIXA REFERENCIAL"]
["100207","TRANSPORTE HORIZONTAL COM CARREGADEIRA, DE MASSA/ GRANEL (UNIDADE: M3XKM). AF_07/2019","M3XKM","ATRIBUÍDO SÃO PAULO","354,91","CAIXA REFERENCIAL"]
["100208","TRANSPORTE HORIZONTAL MANUAL, DE BLOCOS VAZADOS DE CONCRETO OU CERÂMICO DE 19X19X39CM (UNIDADE: BLOCOXKM). AF_07/2019","UNXKM","COLETADO","14,15","CAIXA REFERENCIAL"]
["100209","TRANSPORTE HORIZONTAL MANUAL, DE BLOCOS CERÂMICOS FURADOS NA HORIZONTAL DE 9X19X19CM (UNIDADE: BLOCOXKM). AF_07/2019","UNXKM","COLETADO","7,07","CAIXA REFERENCIAL"]
["100210","TRANSPORTE HORIZONTAL COM CARRINHO DE MÃO, DE BLOCOS VAZADOS DE CONCRETO OU CERÂMICO DE 19X19X39CM (UNIDADE: BLOCOXKM). AF_07/2019","UNXKM","COLETADO","13,03","CAIXA REFERENCIAL"]
["100211","TRANSPORTE HORIZONTAL COM CARRINHO DE MÃO, DE BLOCOS CERÂMICOS FURADOS NA HORIZONTAL DE 9X19X19CM (UNIDADE: BLOCOXKM). AF_07/2019","UNXKM","COLETADO","5,03","CAIXA REFERENCIAL"]
["100212","TRANSPORTE HORIZONTAL COM CARRINHO PLATAFORMA, DE BLOCOS VAZADOS DE CONCRETO OU CERÂMICO DE 19X19X39CM (UNIDADE: BLOCOXKM). AF_07/2019","UNXKM","COLETADO","5,55","CAIXA REFERENCIAL"]
["100213","TRANSPORTE HORIZONTAL COM CARRINHO PLATAFORMA, DE BLOCOS CERÂMICOS FURADOS NA HORIZONTAL DE 9X19X19CM (UNIDADE: BLOCOXKM). AF_07/2019","UNXKM","COLETADO","1,99","CAIXA REFERENCIAL"]
["100214","TRANSPORTE HORIZONTAL COM CARRINHO MINI PÁLETES, DE BLOCOS VAZADOS DE CONCRETO DE 19X19X39CM (UNIDADE: BLOCOXKM). AF_07/2019","UNXKM","COLETADO","3,06","CAIXA REFERENCIAL"]
["100215","TRANSPORTE HORIZONTAL COM CARRINHO MINI PÁLETES, DE BLOCOS CERÂMICOS FURADOS NA VERTICAL DE 19X19X39CM (UNIDADE: BLOCOXKM). AF_07/2019","UNXKM","COLETADO","2,62","CAIXA REFERENCIAL"]
["100216","TRANSPORTE HORIZONTAL COM CARRINHO MINI PÁLETES, DE BLOCOS CERÂMICOS FURADOS NA HORIZONTAL DE 9X19X19CM (UNIDADE: BLOCOXKM). AF_07/2019","UNXKM","COLETADO","0,70","CAIXA REFERENCIAL"]
["100217","TRANSPORTE HORIZONTAL COM MANIPULADOR TELESCÓPICO, DE BLOCOS VAZADOS DE CONCRETO DE 19X19X39CM (UNIDADE: BLOCOXKM). AF_07/2019","UNXKM","ATRIBUÍDO SÃO PAULO","2,55","CAIXA REFERENCIAL"]
["100218","TRANSPORTE HORIZONTAL COM MANIPULADOR TELESCÓPICO, DE BLOCOS CERÂMICOS FURADOS NA VERTICAL DE 19X19X39CM (UNIDADE: BLOCOXKM). AF_07/2019","UNXKM","ATRIBUÍDO SÃO PAULO","1,74","CAIXA REFERENCIAL"]
["100219","TRANSPORTE HORIZONTAL COM MANIPULADOR TELESCÓPICO, DE BLOCOS CERÂMICOS FURADOS NA HORIZONTAL DE 9X19X19CM (UNIDADE: BLOCOXKM). AF_07/2019","UNXKM","ATRIBUÍDO SÃO PAULO","0,38","CAIXA REFERENCIAL"]
["100220","TRANSPORTE HORIZONTAL MANUAL, DE CAIXA COM REVESTIMENTO CERÂMICO (UNIDADE: M2XKM). AF_07/2019","M2XKM","COLETADO","20,32","CAIXA REFERENCIAL"]
["100221","TRANSPORTE HORIZONTAL COM CARRINHO DE MÃO, DE CAIXA COM REVESTIMENTO CERÂMICO (UNIDADE: M2XKM). AF_07/2019","M2XKM","COLETADO","23,04","CAIXA REFERENCIAL"]
["100222","TRANSPORTE HORIZONTAL COM CARRINHO PLATAFORMA, DE CAIXA COM REVESTIMENTO CERÂMICO (UNIDADE: M2XKM). AF_07/2019","M2XKM","COLETADO","8,73","CAIXA REFERENCIAL"]
["100223","TRANSPORTE HORIZONTAL COM CARRINHO MINI PÁLETES, DE CAIXA COM REVESTIMENTO CERÂMICO (UNIDADE: M2XKM). AF_07/2019","M2XKM","COLETADO","4,08","CAIXA REFERENCIAL"]
["100224","TRANSPORTE HORIZONTAL COM MANIPULADOR TELESCÓPICO, DE CAIXA COM REVESTIMENTO CERÂMICO (UNIDADE: M2XKM). AF_07/2019","M2XKM","ATRIBUÍDO SÃO PAULO","2,55","CAIXA REFERENCIAL"]
["100225","TRANSPORTE HORIZONTAL MANUAL, DE LATA DE 18 LITROS (UNIDADE: LXKM). AF_07/2019","LXKM","COLETADO","1,59","CAIXA REFERENCIAL"]
["100226","TRANSPORTE HORIZONTAL COM CARRINHO PLATAFORMA, DE LATA DE 18 LITROS (UNIDADE: LXKM). AF_07/2019","LXKM","COLETADO","0,50","CAIXA REFERENCIAL"]
["100227","TRANSPORTE HORIZONTAL COM CARRINHO RACIONAL, DE LATA DE 18 LITROS (UNIDADE: LXKM). AF_07/2019","LXKM","COLETADO","0,74","CAIXA REFERENCIAL"]
["100228","TRANSPORTE HORIZONTAL COM MANIPULADOR TELESCÓPICO, DE LATA DE 18 LITROS (UNIDADE: LXKM). AF_07/2019","LXKM","ATRIBUÍDO SÃO PAULO","0,25","CAIXA REFERENCIAL"]
["100229","TRANSPORTE VERTICAL MANUAL, 1 PAVIMENTO, DE SACOS DE 50 KG (UNIDADE: KG). AF_07/2019","KG","COLETADO","0,01","CAIXA REFERENCIAL"]
["100230","TRANSPORTE VERTICAL MANUAL, 1 PAVIMENTO, DE SACOS DE 30 KG (UNIDADE: KG). AF_07/2019","KG","COLETADO","0,01","CAIXA REFERENCIAL"]
["100231","TRANSPORTE VERTICAL MANUAL, 1 PAVIMENTO, DE SACOS DE 20 KG (UNIDADE: KG). AF_07/2019","KG","COLETADO","0,02","CAIXA REFERENCIAL"]
["100232","TRANSPORTE VERTICAL MANUAL, 1 PAVIMENTO, DE BLOCOS VAZADOS DE CONCRETO OU CERÂMICO DE 19X19X39CM (UNIDADE: BLOCO). AF_07/2019","UN","COLETADO","0,26","CAIXA REFERENCIAL"]
["100233","TRANSPORTE VERTICAL MANUAL, 1 PAVIMENTO, DE BLOCOS CERÂMICOS FURADOS NA HORIZONTAL DE 9X19X19CM (UNIDADE: BLOCO). AF_07/2019","UN","COLETADO","0,13","CAIXA REFERENCIAL"]
["100234","TRANSPORTE VERTICAL MANUAL, 1 PAVIMENTO, DE CAIXA COM REVESTIMENTO CERÂMICO (UNIDADE: M2). AF_07/2019","M2","COLETADO","0,40","CAIXA REFERENCIAL"]
["100235","TRANSPORTE VERTICAL MANUAL, 1 PAVIMENTO, DE LATA DE 18 LITROS (UNIDADE: L). AF_07/2019","L","COLETADO","0,03","CAIXA REFERENCIAL"]
["100236","TRANSPORTE HORIZONTAL MANUAL, DE TUBO DE PVC SOLDÁVEL COM DIÂMETRO MENOR OU IGUAL A 60 MM (UNIDADE: MXKM). AF_07/2019","MXKM","COLETADO","2,02","CAIXA REFERENCIAL"]
["100237","TRANSPORTE HORIZONTAL MANUAL, DE TUBO DE PVC SOLDÁVEL COM DIÂMETRO MAIOR QUE 60 MM E MENOR OU IGUAL A 85 MM (UNIDADE: MXKM). AF_07/2019","MXKM","COLETADO","2,43","CAIXA REFERENCIAL"]
["100238","TRANSPORTE HORIZONTAL MANUAL, DE TUBO DE CPVC COM DIÂMETRO MENOR OU IGUAL A 73 MM (UNIDADE: MXKM). AF_07/2019","MXKM","COLETADO","3,89","CAIXA REFERENCIAL"]
["100239","TRANSPORTE HORIZONTAL MANUAL, DE TUBO DE CPVC COM DIÂMETRO MAIOR QUE 73 MM E MENOR OU IGUAL A 89 MM (UNIDADE: MXKM). AF_07/2019","MXKM","COLETADO","4,86","CAIXA REFERENCIAL"]
["100240","TRANSPORTE HORIZONTAL MANUAL, DE TUBO DE PPR - PN12 OU PN25 - COM DIÂMETRO MENOR OU IGUAL A 50 MM (UNIDADE: MXKM). AF_07/2019","MXKM","COLETADO","2,91","CAIXA REFERENCIAL"]
["100241","TRANSPORTE HORIZONTAL MANUAL, DE TUBO DE PPR - PN12 OU PN25 - COM DIÂMETRO MAIOR QUE 50 MM E MENOR OU IGUAL A 75 MM (UNIDADE: MXKM). AF_07/2019","MXKM","COLETADO","4,86","CAIXA REFERENCIAL"]
["100242","TRANSPORTE HORIZONTAL MANUAL, DE TUBO DE PPR - PN12 OU PN25 - COM DIÂMETRO MAIOR QUE 75 MM E MENOR OU IGUAL A 110 MM (UNIDADE: MXKM). AF_07/2019","MXKM","COLETADO","14,37","CAIXA REFERENCIAL"]
["100243","TRANSPORTE HORIZONTAL MANUAL, DE TUBO DE COBRE - CLASSE E - COM DIÂMETRO MENOR OU IGUAL A 54 MM (UNIDADE: MXKM). AF_07/2019","MXKM","COLETADO","2,33","CAIXA REFERENCIAL"]
["100244","TRANSPORTE HORIZONTAL MANUAL, DE TUBO DE COBRE - CLASSE E - COM DIÂMETRO MAIOR QUE 54 MM E MENOR OU IGUAL A 79 MM (UNIDADE: MXKM). AF_07/2019","MXKM","COLETADO","2,91","CAIXA REFERENCIAL"]
["100245","TRANSPORTE HORIZONTAL MANUAL, DE TUBO DE COBRE - CLASSE E - COM DIÂMETRO MAIOR QUE 79 MM E MENOR OU IGUAL A 104 MM (UNIDADE: MXKM). AF_07/2019","MXKM","COLETADO","5,83","CAIXA REFERENCIAL"]
["100246","TRANSPORTE HORIZONTAL MANUAL, DE TUBO DE PVC SÉRIE NORMAL - ESGOTO PREDIAL, OU REFORÇADO PARA ESGOTO OU ÁGUAS PLUVIAIS PREDIAL, COM DIÂMETRO MENOR OU IGUAL A 75 MM (UNIDADE: MXKM). AF_07/2019","MXKM","COLETADO","1,94","CAIXA REFERENCIAL"]
["100247","TRANSPORTE HORIZONTAL MANUAL, DE TUBO DE PVC SÉRIE NORMAL - ESGOTO PREDIAL, OU REFORÇADO PARA ESGOTO OU ÁGUAS PLUVIAIS PREDIAL, COM DIÂMETRO MAIOR QUE 75 MM E MENOR OU IGUAL A 100 MM (UNIDADE: MXKM). AF_07/2019","MXKM","COLETADO","2,43","CAIXA REFERENCIAL"]
["100248","TRANSPORTE HORIZONTAL MANUAL, DE TUBO DE PVC SÉRIE NORMAL - ESGOTO PREDIAL, OU REFORÇADO PARA ESGOTO OU ÁGUAS PLUVIAIS PREDIAL, COM DIÂMETRO MAIOR QUE 100 MM E MENOR OU IGUAL A 150 MM (UNIDADE: MXKM). AF_07/2019","MXKM","COLETADO","9,58","CAIXA REFERENCIAL"]
["100249","TRANSPORTE HORIZONTAL MANUAL, DE TUBO DE AÇO CARBONO LEVE OU MÉDIO, PRETO OU GALVANIZADO, COM DIÂMETRO MENOR OU IGUAL A 20 MM (UNIDADE: MXKM). AF_07/2019","MXKM","COLETADO","1,94","CAIXA REFERENCIAL"]
["100250","TRANSPORTE HORIZONTAL MANUAL, DE TUBO DE AÇO CARBONO LEVE OU MÉDIO, PRETO OU GALVANIZADO, COM DIÂMETRO MAIOR QUE 20 MM E MENOR OU IGUAL A 32 MM (UNIDADE: MXKM). AF_07/2019","MXKM","COLETADO","3,24","CAIXA REFERENCIAL"]
["100251","TRANSPORTE HORIZONTAL MANUAL, DE TUBO DE AÇO CARBONO LEVE OU MÉDIO, PRETO OU GALVANIZADO, COM DIÂMETRO MAIOR QUE 32 MM E MENOR OU IGUAL A 65 MM (UNIDADE: MXKM). AF_07/2019","MXKM","COLETADO","9,58","CAIXA REFERENCIAL"]
["100252","TRANSPORTE HORIZONTAL MANUAL, DE TUBO DE AÇO CARBONO LEVE OU MÉDIO, PRETO OU GALVANIZADO, COM DIÂMETRO MAIOR QUE 65 MM E MENOR OU IGUAL A 90 MM (UNIDADE: MXKM). AF_07/2019","MXKM","COLETADO","14,37","CAIXA REFERENCIAL"]
["100253","TRANSPORTE HORIZONTAL MANUAL, DE TUBO DE AÇO CARBONO LEVE OU MÉDIO, PRETO OU GALVANIZADO, COM DIÂMETRO MAIOR QUE 90 MM E MENOR OU IGUAL A 125 MM (UNIDADE: MXKM). AF_07/2019","MXKM","COLETADO","19,16","CAIXA REFERENCIAL"]
["100254","TRANSPORTE HORIZONTAL MANUAL, DE TUBO DE AÇO CARBONO LEVE OU MÉDIO, PRETO OU GALVANIZADO, COM DIÂMETRO MAIOR QUE 125 MM E MENOR OU IGUAL A 150 MM (UNIDADE: MXKM). AF_07/2019","MXKM","COLETADO","28,74","CAIXA REFERENCIAL"]
["100255","TRANSPORTE HORIZONTAL MANUAL, DE TÁBUAS DE MADEIRA COM SEÇÃO TRANSVERSAL DE 2,5 X 25 CM E 2,5 X 30 CM (UNIDADE: MXKM). AF_07/2019","MXKM","COLETADO","9,72","CAIXA REFERENCIAL"]
["100256","TRANSPORTE HORIZONTAL MANUAL, DE CAIBROS DE MADEIRA COM SEÇÃO TRANSVERSAL DE 7,5 X 6 CM E 6 X 8 CM (UNIDADE: MXKM). AF_07/2019","MXKM","COLETADO","6,48","CAIXA REFERENCIAL"]
["100257","TRANSPORTE HORIZONTAL MANUAL, DE RIPAS DE MADEIRA COM SEÇÃO TRANSVERSAL DE 1 X 5 CM E 2 X 5 CM (UNIDADE: MXKM). AF_07/2019","MXKM","COLETADO","3,89","CAIXA REFERENCIAL"]
["100258","TRANSPORTE HORIZONTAL MANUAL, DE VIGAS DE MADEIRA COM SEÇÃO TRANSVERSAL DE 5 X 12 CM (UNIDADE: MXKM). AF_07/2019","MXKM","COLETADO","9,72","CAIXA REFERENCIAL"]
["100259","TRANSPORTE HORIZONTAL MANUAL, DE VIGAS DE MADEIRA COM SEÇÃO TRANSVERSAL DE 6 X 16 CM (UNIDADE: MXKM). AF_07/2019","MXKM","COLETADO","19,16","CAIXA REFERENCIAL"]
["100260","TRANSPORTE HORIZONTAL MANUAL, DE VERGALHÕES DE AÇO COM DIÂMETRO DE 5 MM (UNIDADE: KGXKM). AF_07/2019","KGXKM","COLETADO","6,31","CAIXA REFERENCIAL"]
["100261","TRANSPORTE HORIZONTAL MANUAL, DE VERGALHÕES DE AÇO COM DIÂMETRO DE 6,3 MM (UNIDADE: KGXKM). AF_07/2019","KGXKM","COLETADO","3,96","CAIXA REFERENCIAL"]
["100262","TRANSPORTE HORIZONTAL MANUAL, DE VERGALHÕES DE AÇO COM DIÂMETRO DE 8 MM (UNIDADE: KGXKM). AF_07/2019","KGXKM","COLETADO","2,46","CAIXA REFERENCIAL"]
["100263","TRANSPORTE HORIZONTAL MANUAL, DE VERGALHÕES DE AÇO COM DIÂMETRO DE 10 MM; 12,5 MM; 16 MM; 20 MM; 25 MM OU 32 MM (UNIDADE: KGXKM). AF_07/2019","KGXKM","COLETADO","1,57","CAIXA REFERENCIAL"]
["100264","TRANSPORTE HORIZONTAL MANUAL, DE JANELA (UNIDADE: M2XKM). AF_07/2019","M2XKM","COLETADO","28,69","CAIXA REFERENCIAL"]
["100265","TRANSPORTE VERTICAL MANUAL, 1 PAVIMENTO, DE JANELA (UNIDADE: M2). AF_07/2019","M2","COLETADO","0,60","CAIXA REFERENCIAL"]
["100266","TRANSPORTE HORIZONTAL MANUAL, DE PORTA (UNIDADE: UNIDXKM). AF_07/2019","UNXKM","COLETADO","60,98","CAIXA REFERENCIAL"]
["100267","TRANSPORTE VERTICAL MANUAL, 1 PAVIMENTO, DE PORTA (UNIDADE: UNID). AF_07/2019","UN","COLETADO","1,20","CAIXA REFERENCIAL"]
["100268","TRANSPORTE HORIZONTAL MANUAL, DE BANCADA DE MÁRMORE OU GRANITO PARA COZINHA/LAVATÓRIO OU MÁRMORE SINTÉTICO COM CUBA INTEGRADA (UNIDADE: UNIDXKM). AF_07/2019","UNXKM","COLETADO","60,98","CAIXA REFERENCIAL"]
["100269","TRANSPORTE VERTICAL, BANCADA DE MÁRMORE OU GRANITO PARA COZINHA/LAVATÓRIO OU MÁRMORE SINTÉTICO COM CUBA INTEGRADA, MANUAL, 1 PAVIMENTO, (UNIDADE: UNID). AF_07/2019","UN","COLETADO","1,20","CAIXA REFERENCIAL"]
["100270","TRANSPORTE HORIZONTAL COM CARRINHO PLATAFORMA, DE BANCADA DE MÁRMORE OU GRANITO PARA COZINHA/LAVATÓRIO OU MÁRMORE SINTÉTICO COM CUBA INTEGRADA (UNIDADE: UNIDXKM). AF_07/2019","UNXKM","COLETADO","45,71","CAIXA REFERENCIAL"]
["100271","TRANSPORTE HORIZONTAL MANUAL, DE VIDRO (UNIDADE: M2XKM). AF_07/2019","M2XKM","COLETADO","45,74","CAIXA REFERENCIAL"]
["100272","TRANSPORTE VERTICAL MANUAL, 1 PAVIMENTO, DE VIDRO (UNIDADE: M2). AF_07/2019","M2","COLETADO","0,90","CAIXA REFERENCIAL"]
["100273","TRANSPORTE HORIZONTAL MANUAL, DE TELA DE AÇO (UNIDADE: KGXKM). AF_07/2019","KGXKM","COLETADO","2,38","CAIXA REFERENCIAL"]
["100274","TRANSPORTE HORIZONTAL MANUAL, DE COMPENSADO DE MADEIRA (UNIDADE: M2XKM). AF_07/2019","M2XKM","COLETADO","20,34","CAIXA REFERENCIAL"]
["100275","TRANSPORTE HORIZONTAL MANUAL, DE TELHA TERMOACÚSTICA OU TELHA DE AÇO ZINCADO (UNIDADE: M2XKM). AF_07/2019","M2XKM","COLETADO","13,15","CAIXA REFERENCIAL"]
["100276","TRANSPORTE HORIZONTAL MANUAL, DE TELHA DE FIBROCIMENTO OU TELHA ESTRUTURAL DE FIBROCIMENTO, CANALETE 90 OU KALHETÃO (UNIDADE: M2XKM). AF_07/2019","M2XKM","COLETADO","23,99","CAIXA REFERENCIAL"]
["100277","TRANSPORTE HORIZONTAL COM MANIPULADOR TELESCÓPICO, DE TELHAS TERMOACÚSTICAS, FIBROCIMENTO, AÇO ZINCADO, FIBROCIMENTO ESTRUTURAL, CANALETE 90 OU KALHETÃO (UNIDADE: M2XKM). AF_07/2019","M2XKM","ATRIBUÍDO SÃO PAULO","1,62","CAIXA REFERENCIAL"]
["100278","TRANSPORTE HORIZONTAL MANUAL, DE BACIA SANITÁRIA, CAIXA ACOPLADA, TANQUE OU PIA (UNIDADE: UNIDXKM). AF_07/2019","UNXKM","COLETADO","29,18","CAIXA REFERENCIAL"]
["100279","TRANSPORTE VERTICAL MANUAL, 1 PAVIMENTO, DE BACIA SANITÁRIA, CAIXA ACOPLADA, TANQUE OU PIA (UNIDADE: UNID). AF_07/2019","UN","COLETADO","0,56","CAIXA REFERENCIAL"]
["100280","TRANSPORTE HORIZONTAL COM CARRINHO PLATAFORMA, DE BACIA SANITÁRIA, CAIXA ACOPLADA, TANQUE OU PIA (UNIDADE: UNIDXKM). AF_07/2019","UNXKM","COLETADO","13,40","CAIXA REFERENCIAL"]
["100281","TRANSPORTE HORIZONTAL COM MANIPULADOR TELESCÓPICO, DE BACIA SANITÁRIA, CAIXA ACOPLADA, TANQUE OU PIA (UNIDADE: UNIDXKM). AF_07/2019","UNXKM","ATRIBUÍDO SÃO PAULO","3,12","CAIXA REFERENCIAL"]
["100282","TRANSPORTE HORIZONTAL MANUAL, DE TELHA DE CONCRETO OU CERÂMICA (UNIDADE: M2XKM). AF_07/2019","M2XKM","COLETADO","114,26","CAIXA REFERENCIAL"]
["100283","TRANSPORTE HORIZONTAL COM CARRINHO PLATAFORMA, DE TELHA DE CONCRETO OU CERÂMICA (UNIDADE: M2XKM). AF_07/2019","M2XKM","COLETADO","18,46","CAIXA REFERENCIAL"]
["100284","TRANSPORTE HORIZONTAL COM MANIPULADOR TELESCÓPICO, DE TELHA DE CONCRETO OU CERÂMICA (UNIDADE: M2XKM). AF_07/2019","M2XKM","ATRIBUÍDO SÃO PAULO","9,13","CAIXA REFERENCIAL"]
["100285","TRANSPORTE HORIZONTAL MANUAL, DE BARRAMENTO BLINDADO (UNIDADE: MXKM). AF_07/2019","MXKM","COLETADO","30,70","CAIXA REFERENCIAL"]
["100286","TRANSPORTE HORIZONTAL COM CARRINHO PLATAFORMA, DE BARRAMENTO BLINDADO (UNIDADE: MXKM). AF_07/2019","MXKM","COLETADO","10,00","CAIXA REFERENCIAL"]
["100287","TRANSPORTE HORIZONTAL MANUAL, DE CALHA QUADRADA NÚMERO 24 \u0096 CORTE 33 (UNIDADE: MXKM). AF_07/2019","MXKM","COLETADO","9,58","CAIXA REFERENCIAL"]
["99802","LIMPEZA DE PISO CERÂMICO OU PORCELANATO COM VASSOURA A SECO. AF_04/2019","M2","COLETADO","0,39","CAIXA REFERENCIAL"]
["99803","LIMPEZA DE PISO CERÂMICO OU PORCELANATO COM PANO ÚMIDO. AF_04/2019","M2","COLETADO","1,51","CAIXA REFERENCIAL"]
["99804","LIMPEZA DE PISO CERÂMICO OU PORCELANATO UTILIZANDO DETERGENTE NEUTRO E ESCOVAÇÃO MANUAL. AF_04/2019","M2","COEFICIENTE DE REPRESENTATIVIDADE","3,93","CAIXA REFERENCIAL"]
["99805","LIMPEZA DE PISO CERÂMICO OU COM PEDRAS RÚSTICAS UTILIZANDO ÁCIDO MURIÁTICO. AF_04/2019","M2","COEFICIENTE DE REPRESENTATIVIDADE","8,23","CAIXA REFERENCIAL"]
["99806","LIMPEZA DE REVESTIMENTO CERÂMICO EM PAREDE COM PANO ÚMIDO AF_04/2019","M2","COLETADO","0,62","CAIXA REFERENCIAL"]
["99807","LIMPEZA DE REVESTIMENTO CERÂMICO EM PAREDE UTILIZANDO DETERGENTE NEUTRO E ESCOVAÇÃO MANUAL. AF_04/2019","M2","COEFICIENTE DE REPRESENTATIVIDADE","1,19","CAIXA REFERENCIAL"]
["99808","LIMPEZA DE REVESTIMENTO CERÂMICO EM PAREDE UTILIZANDO ÁCIDO MURIÁTICO. AF_04/2019","M2","COEFICIENTE DE REPRESENTATIVIDADE","2,90","CAIXA REFERENCIAL"]
["99809","LIMPEZA DE PISO DE LADRILHO HIDRÁULICO COM PANO ÚMIDO. AF_04/2019","M2","COLETADO","4,32","CAIXA REFERENCIAL"]
["99810","LIMPEZA DE PISO DE MÁRMORE/GRANITO UTILIZANDO DETERGENTE NEUTRO E ESCOVAÇÃO MANUAL. AF_04/2019","M2","COEFICIENTE DE REPRESENTATIVIDADE","5,37","CAIXA REFERENCIAL"]
["99811","LIMPEZA DE CONTRAPISO COM VASSOURA A SECO. AF_04/2019","M2","COLETADO","2,58","CAIXA REFERENCIAL"]
["99812","LIMPEZA DE LADRILHO HIDRÁULICO EM PAREDE COM PANO ÚMIDO. AF_04/2019","M2","COLETADO","0,82","CAIXA REFERENCIAL"]
["99813","LIMPEZA DE MÁRMORE/GRANITO EM PAREDE UTILIZANDO DETERGENTE NEUTRO E ESCOVAÇÃO MANUAL. AF_04/2019","M2","COEFICIENTE DE REPRESENTATIVIDADE","0,70","CAIXA REFERENCIAL"]
["99814","LIMPEZA DE SUPERFÍCIE COM JATO DE ALTA PRESSÃO. AF_04/2019","M2","COEFICIENTE DE REPRESENTATIVIDADE","1,41","CAIXA REFERENCIAL"]
["99815","LIMPEZA DE PIA INOX COM BANCADA DE PEDRA, INCLUSIVE METAIS CORRESPONDENTES. AF_04/2019","UN","COEFICIENTE DE REPRESENTATIVIDADE","6,44","CAIXA REFERENCIAL"]
["99816","LIMPEZA DE TANQUE OU LAVATÓRIO DE LOUÇA ISOLADO, INCLUSIVE METAIS CORRESPONDENTES. AF_04/2019","UN","COEFICIENTE DE REPRESENTATIVIDADE","6,83","CAIXA REFERENCIAL"]
["99817","LIMPEZA DE LAVATÓRIO DE LOUÇA COM BANCADA DE PEDRA, INCLUSIVE METAIS CORRESPONDENTES. AF_04/2019","UN","COEFICIENTE DE REPRESENTATIVIDADE","4,11","CAIXA REFERENCIAL"]
["99818","LIMPEZA DE BACIA SANITÁRIA, BIDÊ OU MICTÓRIO EM LOUÇA, INCLUSIVE METAIS CORRESPONDENTES. AF_04/2019","UN","COEFICIENTE DE REPRESENTATIVIDADE","4,11","CAIXA REFERENCIAL"]
["99819","LIMPEZA DE BANCADA DE PEDRA (MÁRMORE OU GRANITO). AF_04/2019","M2","COEFICIENTE DE REPRESENTATIVIDADE","12,30","CAIXA REFERENCIAL"]
["99820","LIMPEZA DE JANELA INTEIRAMENTE DE VIDRO. AF_04/2019","M2","COEFICIENTE DE REPRESENTATIVIDADE","1,44","CAIXA REFERENCIAL"]
["99821","LIMPEZA DE JANELA DE VIDRO COM CAIXILHO EM AÇO/ALUMÍNIO/PVC. AF_04/2019","M2","COEFICIENTE DE REPRESENTATIVIDADE","2,25","CAIXA REFERENCIAL"]
["99822","LIMPEZA DE PORTA DE MADEIRA. AF_04/2019","M2","COLETADO","0,73","CAIXA REFERENCIAL"]
["99823","LIMPEZA DE PORTA INTEIRAMENTE DE VIDRO. AF_04/2019","M2","COEFICIENTE DE REPRESENTATIVIDADE","1,69","CAIXA REFERENCIAL"]
["99824","LIMPEZA DE PORTA EM AÇO/ALUMÍNIO. AF_04/2019","M2","COEFICIENTE DE REPRESENTATIVIDADE","1,85","CAIXA REFERENCIAL"]
["99825","LIMPEZA DE PORTA DE VIDRO COM CAIXILHO EM AÇO/ ALUMÍNIO/ PVC. AF_04/2019","M2","COEFICIENTE DE REPRESENTATIVIDADE","2,62","CAIXA REFERENCIAL"]
["99826","LIMPEZA DE FORRO REMOVÍVEL COM PANO ÚMIDO. AF_04/2019","M2","COLETADO","1,12","CAIXA REFERENCIAL"]
["97010","GUARDA-CORPO FIXADO EM FÔRMA DE MADEIRA COM TRAVESSÕES EM MADEIRA PREGADA E FECHAMENTO EM TELA DE POLIPROPILENO PARA EDIFICAÇÕES COM ATÉ 2 PAVIMENTOS. AF_11/2017","M","COEFICIENTE DE REPRESENTATIVIDADE","64,94","CAIXA REFERENCIAL"]
["97011","GUARDA-CORPO FIXADO EM FÔRMA DE MADEIRA COM TRAVESSÕES EM MADEIRA PREGADA E FECHAMENTO EM TELA DE POLIPROPILENO PARA EDIFICAÇÕES COM  3 PAVIMENTOS. AF_11/2017","M","COEFICIENTE DE REPRESENTATIVIDADE","49,04","CAIXA REFERENCIAL"]
["97012","GUARDA-CORPO FIXADO EM FÔRMA DE MADEIRA COM TRAVESSÕES EM MADEIRA PREGADA E FECHAMENTO EM TELA DE POLIPROPILENO PARA EDIFICAÇÕES COM ALTURA IGUAL OU SUPERIOR A 4 PAVIMENTOS. AF_11/2017","M","COEFICIENTE DE REPRESENTATIVIDADE","41,10","CAIXA REFERENCIAL"]
["97013","GUARDA-CORPO FIXADO EM FÔRMA DE MADEIRA COM TRAVESSÕES EM MADEIRA PREGADA E FECHAMENTO EM PAINEL COMPENSADO PARA EDIFICAÇÕES COM ATÉ 2 PAVIMENTOS. AF_11/2017","M","COEFICIENTE DE REPRESENTATIVIDADE","92,46","CAIXA REFERENCIAL"]
["97014","GUARDA-CORPO FIXADO EM FÔRMA DE MADEIRA COM TRAVESSÕES EM MADEIRA PREGADA E FECHAMENTO EM PAINEL COMPENSADO PARA EDIFICAÇÕES COM 3 PAVIMENTOS. AF_11/2017","M","COEFICIENTE DE REPRESENTATIVIDADE","67,59","CAIXA REFERENCIAL"]
["97015","GUARDA-CORPO FIXADO EM FÔRMA DE MADEIRA COM TRAVESSÕES EM MADEIRA PREGADA E FECHAMENTO EM PAINEL COMPENSADO PARA EDIFICAÇÕES COM ALTURA IGUAL OU SUPERIOR A 4 PAVIMENTOS. AF_11/2017","M","COEFICIENTE DE REPRESENTATIVIDADE","55,03","CAIXA REFERENCIAL"]
["97016","GUARDA-CORPO FIXADO EM FÔRMA DE MADEIRA COM TRAVESSÕES EM MADEIRA PREGADA PRÉ-MONTADA E ENCAIXE NA FÔRMA. PARA EDIFICAÇÕES COM ATÉ 2 PAVIMENTOS. AF_11/2017","M","COEFICIENTE DE REPRESENTATIVIDADE","58,53","CAIXA REFERENCIAL"]
["97017","GUARDA-CORPO FIXADO EM FÔRMA DE MADEIRA COM TRAVESSÕES EM MADEIRA PREGADA PRÉ-MONTADA E ENCAIXE NA FÔRMA PARA EDIFICAÇÕES COM 3 PAVIMENTOS. AF_11/2017","M","COEFICIENTE DE REPRESENTATIVIDADE","43,38","CAIXA REFERENCIAL"]
["97018","GUARDA-CORPO FIXADO EM FÔRMA DE MADEIRA COM TRAVESSÕES EM MADEIRA PREGADA PRÉ-MONTADA E ENCAIXE NA FÔRMA. PARA EDIFICAÇÕES COM ALTURA IGUAL OU SUPERIOR A 4 PAVIMENTOS. AF_11/2017","M","COEFICIENTE DE REPRESENTATIVIDADE","35,52","CAIXA REFERENCIAL"]
["97031","GUARDA-CORPO EM LAJE PÓS-DESFÔRMA, PARA ESTRUTURAS EM CONCRETO, COM ESCORAS DE MADEIRA ESTRONCADAS NA ESTRUTURA, TRAVESSÕES DE MADEIRA PREGADOS E FECHAMENTO EM TELA DE POLIPROPILENO PARA EDIFICAÇÕES COM ALTURA ATÉ 4 PAVIMENTOS (1 MONTAGEM POR OBRA). AF_11/2017","M","COEFICIENTE DE REPRESENTATIVIDADE","90,05","CAIXA REFERENCIAL"]
["97032","GUARDA-CORPO EM LAJE PÓS-DESFÔRMA, PARA ESTRUTURAS EM CONCRETO, COM ESCORAS DE MADEIRA ESTRONCADAS NA ESTRUTURA, TRAVESSÕES DE MADEIRA PREGADOS E FECHAMENTO EM TELA DE POLIPROPILENO PARA EDIFICAÇÕES ACIMA DE 4 PAV. (2 MONTAGENS POR OBRA). AF_11/2017","M","COEFICIENTE DE REPRESENTATIVIDADE","54,28","CAIXA REFERENCIAL"]
["97033","GUARDA-CORPO EM LAJE PÓS-DESFORMA, PARA ESTRUTURAS EM CONCRETO, COM ESCORAS METÁLICAS ESTRONCADAS NA ESTRUTURA, TRAVESSÕES DE MADEIRA E FECHAMENTO EM TELA DE POLIPROPILENO PARA EDIFICAÇÕES COM ALTURA ATÉ 4 PAVIMENTOS (1 MONTAGEM POR OBRA). AF_11/2017","M","COEFICIENTE DE REPRESENTATIVIDADE","88,29","CAIXA REFERENCIAL"]
["97034","GUARDA-CORPO EM LAJE PÓS-DESFORMA, PARA ESTRUTURAS EM CONCRETO, COM ESCORAS METÁLICAS ESTRONCADAS NA ESTRUTURA, TRAVESSÕES DE MADEIRA E FECHAMENTO EM TELA DE POLIPROPILENO PARA EDIFICAÇÕES ACIMA DE 4 PAVIMENTOS (2 MONTAGENS POR OBRA). AF_11/2017","M","COEFICIENTE DE REPRESENTATIVIDADE","52,27","CAIXA REFERENCIAL"]
["97039","FECHAMENTO REMOVÍVEL DE VÃO DE PORTAS, EM MADEIRA (VÃO DO ELEVADOR) \u0096 1 MONTAGEM EM OBRA. AF_11/2017","M2","COEFICIENTE DE REPRESENTATIVIDADE","36,47","CAIXA REFERENCIAL"]
["97040","FECHAMENTO REMOVÍVEL DE ABERTURA DE CAIXILHO, EM MADEIRA \u0096 4 MONTAGENS EM OBRA. AF_11/2017","M2","COEFICIENTE DE REPRESENTATIVIDADE","14,65","CAIXA REFERENCIAL"]
["97041","FECHAMENTO REMOVÍVEL DE ABERTURA NO PISO, EM MADEIRA \u0096 1 MONTAGEM EM OBRA. AF_11/2017","M2","COEFICIENTE DE REPRESENTATIVIDADE","265,08","CAIXA REFERENCIAL"]
["97046","PONTEIRAS DE PROTEÇÃO DE VERGALHÕES EXPOSTOS EM FUNDAÇÕES. AF_11/2017","M2","COEFICIENTE DE REPRESENTATIVIDADE","0,33","CAIXA REFERENCIAL"]
["97047","PONTEIRAS DE PROTEÇÃO DE VERGALHÕES EXPOSTOS EM ESTRUTURAS DE CONCRETO ARMADO CONVENCIONAL. AF_11/2017","M2","COEFICIENTE DE REPRESENTATIVIDADE","0,12","CAIXA REFERENCIAL"]
["97048","PONTEIRAS DE PROTEÇÃO DE VERGALHÕES EXPOSTOS EM ALVENARIA ESTRUTURAL. AF_11/2017","M2","COEFICIENTE DE REPRESENTATIVIDADE","0,09","CAIXA REFERENCIAL"]
["97054","INSTALAÇÃO DE SINALIZADOR NOTURNO LED. AF_11/2017","UN","COEFICIENTE DE REPRESENTATIVIDADE","20,85","CAIXA REFERENCIAL"]
["97062","COLOCAÇÃO DE TELA EM ANDAIME FACHADEIRO. AF_11/2017","M2","COEFICIENTE DE REPRESENTATIVIDADE","5,86","CAIXA REFERENCIAL"]
["97063","MONTAGEM E DESMONTAGEM DE ANDAIME MODULAR FACHADEIRO, COM PISO METÁLICO, PARA EDIFICAÇÕES COM MÚLTIPLOS PAVIMENTOS (EXCLUSIVE ANDAIME E LIMPEZA). AF_11/2017","M2","COEFICIENTE DE REPRESENTATIVIDADE","9,18","CAIXA REFERENCIAL"]
["97064","MONTAGEM E DESMONTAGEM DE ANDAIME TUBULAR TIPO \u0093TORRE\u0094 (EXCLUSIVE ANDAIME E LIMPEZA). AF_11/2017","M","COEFICIENTE DE REPRESENTATIVIDADE","16,71","CAIXA REFERENCIAL"]
["97065","MONTAGEM E DESMONTAGEM DE ANDAIME MULTIDIRECIONAL (EXCLUSIVE ANDAIME E LIMPEZA). AF_11/2017","M3","COEFICIENTE DE REPRESENTATIVIDADE","5,58","CAIXA REFERENCIAL"]
["97066","COBERTURA PARA PROTEÇÃO DE PEDESTRES SOBRE ESTRUTURA DE ANDAIME, INCLUSIVE MONTAGEM E DESMONTAGEM. AF_11/2017","M2","COEFICIENTE DE REPRESENTATIVIDADE","94,42","CAIXA REFERENCIAL"]
["97067","PLATAFORMA DE PROTEÇÃO PRINCIPAL PARA ALVENARIA ESTRUTURAL PARA SER APOIADA EM ANDAIME, INCLUSIVE MONTAGEM E DESMONTAGEM. AF_11/2017","M","COEFICIENTE DE REPRESENTATIVIDADE","678,69","CAIXA REFERENCIAL"]
["97621","DEMOLIÇÃO DE ALVENARIA DE BLOCO FURADO, DE FORMA MANUAL, COM REAPROVEITAMENTO. AF_12/2017","M3","COLETADO","84,77","CAIXA REFERENCIAL"]
["97622","DEMOLIÇÃO DE ALVENARIA DE BLOCO FURADO, DE FORMA MANUAL, SEM REAPROVEITAMENTO. AF_12/2017","M3","COLETADO","41,31","CAIXA REFERENCIAL"]
["97623","DEMOLIÇÃO DE ALVENARIA DE TIJOLO MACIÇO, DE FORMA MANUAL, COM REAPROVEITAMENTO. AF_12/2017","M3","COLETADO","126,55","CAIXA REFERENCIAL"]
["97624","DEMOLIÇÃO DE ALVENARIA DE TIJOLO MACIÇO, DE FORMA MANUAL, SEM REAPROVEITAMENTO. AF_12/2017","M3","COLETADO","77,67","CAIXA REFERENCIAL"]
["97625","DEMOLIÇÃO DE ALVENARIA PARA QUALQUER TIPO DE BLOCO, DE FORMA MECANIZADA, SEM REAPROVEITAMENTO. AF_12/2017","M3","COEFICIENTE DE REPRESENTATIVIDADE","47,53","CAIXA REFERENCIAL"]
["97626","DEMOLIÇÃO DE PILARES E VIGAS EM CONCRETO ARMADO, DE FORMA MANUAL, SEM REAPROVEITAMENTO. AF_12/2017","M3","COEFICIENTE DE REPRESENTATIVIDADE","452,15","CAIXA REFERENCIAL"]
["97627","DEMOLIÇÃO DE PILARES E VIGAS EM CONCRETO ARMADO, DE FORMA MECANIZADA COM MARTELETE, SEM REAPROVEITAMENTO. AF_12/2017","M3","ATRIBUÍDO SÃO PAULO","214,63","CAIXA REFERENCIAL"]
["97628","DEMOLIÇÃO DE LAJES, DE FORMA MANUAL, SEM REAPROVEITAMENTO. AF_12/2017","M3","COLETADO","204,18","CAIXA REFERENCIAL"]
["97629","DEMOLIÇÃO DE LAJES, DE FORMA MECANIZADA COM MARTELETE, SEM REAPROVEITAMENTO. AF_12/2017","M3","ATRIBUÍDO SÃO PAULO","90,33","CAIXA REFERENCIAL"]
["97631","DEMOLIÇÃO DE ARGAMASSAS, DE FORMA MANUAL, SEM REAPROVEITAMENTO. AF_12/2017","M2","COLETADO","2,45","CAIXA REFERENCIAL"]
["97632","DEMOLIÇÃO DE RODAPÉ CERÂMICO, DE FORMA MANUAL, SEM REAPROVEITAMENTO. AF_12/2017","M","COEFICIENTE DE REPRESENTATIVIDADE","1,95","CAIXA REFERENCIAL"]
["97633","DEMOLIÇÃO DE REVESTIMENTO CERÂMICO, DE FORMA MANUAL, SEM REAPROVEITAMENTO. AF_12/2017","M2","COEFICIENTE DE REPRESENTATIVIDADE","17,02","CAIXA REFERENCIAL"]
["97634","DEMOLIÇÃO DE REVESTIMENTO CERÂMICO, DE FORMA MECANIZADA COM MARTELETE, SEM REAPROVEITAMENTO. AF_12/2017","M2","ATRIBUÍDO SÃO PAULO","9,01","CAIXA REFERENCIAL"]
["97635","DEMOLIÇÃO DE PAVIMENTO INTERTRAVADO, DE FORMA MANUAL, COM REAPROVEITAMENTO. AF_12/2017","M2","COEFICIENTE DE REPRESENTATIVIDADE","11,48","CAIXA REFERENCIAL"]
["97636","DEMOLIÇÃO PARCIAL DE PAVIMENTO ASFÁLTICO, DE FORMA MECANIZADA, SEM REAPROVEITAMENTO. AF_12/2017","M2","COEFICIENTE DE REPRESENTATIVIDADE","17,85","CAIXA REFERENCIAL"]
["97637","REMOÇÃO DE TAPUME/ CHAPAS METÁLICAS E DE MADEIRA, DE FORMA MANUAL, SEM REAPROVEITAMENTO. AF_12/2017","M2","COEFICIENTE DE REPRESENTATIVIDADE","2,17","CAIXA REFERENCIAL"]
["97638","REMOÇÃO DE CHAPAS E PERFIS DE DRYWALL, DE FORMA MANUAL, SEM REAPROVEITAMENTO. AF_12/2017","M2","COEFICIENTE DE REPRESENTATIVIDADE","6,32","CAIXA REFERENCIAL"]
["97639","REMOÇÃO DE PLACAS E PILARETES DE CONCRETO, DE FORMA MANUAL, SEM REAPROVEITAMENTO. AF_12/2017","M2","COLETADO","14,95","CAIXA REFERENCIAL"]
["97640","REMOÇÃO DE FORROS DE DRYWALL, PVC E FIBROMINERAL, DE FORMA MANUAL, SEM REAPROVEITAMENTO. AF_12/2017","M2","COEFICIENTE DE REPRESENTATIVIDADE","1,37","CAIXA REFERENCIAL"]
["97641","REMOÇÃO DE FORRO DE GESSO, DE FORMA MANUAL, SEM REAPROVEITAMENTO. AF_12/2017","M2","COEFICIENTE DE REPRESENTATIVIDADE","3,43","CAIXA REFERENCIAL"]
["97642","REMOÇÃO DE TRAMA METÁLICA OU DE MADEIRA PARA FORRO, DE FORMA MANUAL, SEM REAPROVEITAMENTO. AF_12/2017","M2","COEFICIENTE DE REPRESENTATIVIDADE","2,45","CAIXA REFERENCIAL"]
["97643","REMOÇÃO DE PISO DE MADEIRA (ASSOALHO E BARROTE), DE FORMA MANUAL, SEM REAPROVEITAMENTO. AF_12/2017","M2","COLETADO","18,40","CAIXA REFERENCIAL"]
["97644","REMOÇÃO DE PORTAS, DE FORMA MANUAL, SEM REAPROVEITAMENTO. AF_12/2017","M2","COLETADO","6,91","CAIXA REFERENCIAL"]
["97645","REMOÇÃO DE JANELAS, DE FORMA MANUAL, SEM REAPROVEITAMENTO. AF_12/2017","M2","COEFICIENTE DE REPRESENTATIVIDADE","28,22","CAIXA REFERENCIAL"]
["97647","REMOÇÃO DE TELHAS, DE FIBROCIMENTO, METÁLICA E CERÂMICA, DE FORMA MANUAL, SEM REAPROVEITAMENTO. AF_12/2017","M2","COEFICIENTE DE REPRESENTATIVIDADE","2,50","CAIXA REFERENCIAL"]
["97648","REMOÇÃO DE PROTEÇÃO TÉRMICA PARA COBERTURA EM EPS, DE FORMA MANUAL, SEM REAPROVEITAMENTO. AF_12/2017","M2","COEFICIENTE DE REPRESENTATIVIDADE","1,43","CAIXA REFERENCIAL"]
["97649","REMOÇÃO DE TELHAS DE FIBROCIMENTO, METÁLICA E CERÂMICA, DE FORMA MECANIZADA, COM USO DE GUINDASTE, SEM REAPROVEITAMENTO. AF_12/2017","M2","ATRIBUÍDO SÃO PAULO","3,34","CAIXA REFERENCIAL"]
["97650","REMOÇÃO DE TRAMA DE MADEIRA PARA COBERTURA, DE FORMA MANUAL, SEM REAPROVEITAMENTO. AF_12/2017","M2","COEFICIENTE DE REPRESENTATIVIDADE","5,36","CAIXA REFERENCIAL"]
["97651","REMOÇÃO DE TESOURAS DE MADEIRA, COM VÃO MENOR QUE 8M, DE FORMA MANUAL, SEM REAPROVEITAMENTO. AF_12/2017","UN","COEFICIENTE DE REPRESENTATIVIDADE","59,43","CAIXA REFERENCIAL"]
["97652","REMOÇÃO DE TESOURAS DE MADEIRA, COM VÃO MAIOR OU IGUAL A 8M, DE FORMA MANUAL, SEM REAPROVEITAMENTO. AF_12/2017","UN","COEFICIENTE DE REPRESENTATIVIDADE","134,74","CAIXA REFERENCIAL"]
["97653","REMOÇÃO DE TESOURAS DE MADEIRA, COM VÃO MENOR QUE 8M, DE FORMA MECANIZADA, COM REAPROVEITAMENTO. AF_12/2017","UN","ATRIBUÍDO SÃO PAULO","123,30","CAIXA REFERENCIAL"]
["97654","REMOÇÃO DE TESOURAS DE MADEIRA, COM VÃO MAIOR OU IGUAL A 8M, DE FORMA MECANIZADA, COM REAPROVEITAMENTO. AF_12/2017","UN","ATRIBUÍDO SÃO PAULO","143,92","CAIXA REFERENCIAL"]
["97655","REMOÇÃO DE TRAMA METÁLICA PARA COBERTURA, DE FORMA MANUAL, SEM REAPROVEITAMENTO. AF_12/2017","M2","COEFICIENTE DE REPRESENTATIVIDADE","16,50","CAIXA REFERENCIAL"]
["97656","REMOÇÃO DE TESOURAS METÁLICAS, COM VÃO MENOR QUE 8M, DE FORMA MANUAL, SEM REAPROVEITAMENTO. AF_12/2017","UN","COEFICIENTE DE REPRESENTATIVIDADE","163,20","CAIXA REFERENCIAL"]
["97657","REMOÇÃO DE TESOURAS METÁLICAS, COM VÃO MAIOR OU IGUAL A 8M, DE FORMA MANUAL, SEM REAPROVEITAMENTO. AF_12/2017","UN","COEFICIENTE DE REPRESENTATIVIDADE","323,50","CAIXA REFERENCIAL"]
["97658","REMOÇÃO DE TESOURAS METÁLICAS, COM VÃO MENOR QUE 8M, DE FORMA MECANIZADA, COM REAPROVEITAMENTO. AF_12/2017","UN","ATRIBUÍDO SÃO PAULO","162,96","CAIXA REFERENCIAL"]
["97659","REMOÇÃO DE TESOURAS METÁLICAS, COM VÃO MAIOR OU IGUAL A 8M, DE FORMA MECANIZADA, COM REAPROVEITAMENTO. AF_12/2017","UN","ATRIBUÍDO SÃO PAULO","208,36","CAIXA REFERENCIAL"]
["97660","REMOÇÃO DE INTERRUPTORES/TOMADAS ELÉTRICAS, DE FORMA MANUAL, SEM REAPROVEITAMENTO. AF_12/2017","UN","COLETADO","0,50","CAIXA REFERENCIAL"]
["97661","REMOÇÃO DE CABOS ELÉTRICOS, DE FORMA MANUAL, SEM REAPROVEITAMENTO. AF_12/2017","M","COLETADO","0,51","CAIXA REFERENCIAL"]
["97662","REMOÇÃO DE TUBULAÇÕES (TUBOS E CONEXÕES) DE ÁGUA FRIA, DE FORMA MANUAL, SEM REAPROVEITAMENTO. AF_12/2017","M","COLETADO","0,34","CAIXA REFERENCIAL"]
["97663","REMOÇÃO DE LOUÇAS, DE FORMA MANUAL, SEM REAPROVEITAMENTO. AF_12/2017","UN","COLETADO","8,72","CAIXA REFERENCIAL"]
["97664","REMOÇÃO DE ACESSÓRIOS, DE FORMA MANUAL, SEM REAPROVEITAMENTO. AF_12/2017","UN","COLETADO","1,08","CAIXA REFERENCIAL"]
["97665","REMOÇÃO DE LUMINÁRIAS, DE FORMA MANUAL, SEM REAPROVEITAMENTO. AF_12/2017","UN","COLETADO","0,98","CAIXA REFERENCIAL"]
["97666","REMOÇÃO DE METAIS SANITÁRIOS, DE FORMA MANUAL, SEM REAPROVEITAMENTO. AF_12/2017","UN","COLETADO","6,36","CAIXA REFERENCIAL"]
["95967","SERVIÇOS TÉCNICOS ESPECIALIZADOS PARA ACOMPANHAMENTO DE EXECUÇÃO DE FUNDAÇÕES PROFUNDAS E ESTRUTURAS DE CONTENÇÃO","H","COEFICIENTE DE REPRESENTATIVIDADE","123,94","CAIXA REFERENCIAL"]
["99058","LOCAÇÃO DE PONTO PARA REFERÊNCIA TOPOGRÁFICA. AF_10/2018","UN","ATRIBUÍDO SÃO PAULO","8,84","CAIXA REFERENCIAL"]
["99059","LOCACAO CONVENCIONAL DE OBRA, UTILIZANDO GABARITO DE TÁBUAS CORRIDAS PONTALETADAS A CADA 2,00M -  2 UTILIZAÇÕES. AF_10/2018","M","COEFICIENTE DE REPRESENTATIVIDADE","51,53","CAIXA REFERENCIAL"]
["99060","LOCAÇÃO COM CAVALETE COM ALTURA DE 1,00 M - 2 UTILIZAÇÕES. AF_10/2018","UN","COEFICIENTE DE REPRESENTATIVIDADE","138,08","CAIXA REFERENCIAL"]
["99061","LOCAÇÃO COM CAVALETE COM ALTURA DE 0,50 M - 2 UTILIZAÇÕES. AF_10/2018","UN","COEFICIENTE DE REPRESENTATIVIDADE","91,10","CAIXA REFERENCIAL"]
["99062","MARCAÇÃO DE PONTOS EM GABARITO OU CAVALETE. AF_10/2018","UN","COEFICIENTE DE REPRESENTATIVIDADE","2,07","CAIXA REFERENCIAL"]
["99063","LOCAÇÃO DE REDE DE ÁGUA OU ESGOTO. AF_10/2018","M","COEFICIENTE DE REPRESENTATIVIDADE","4,55","CAIXA REFERENCIAL"]
["99064","LOCAÇÃO DE PAVIMENTAÇÃO. AF_10/2018","M","ATRIBUÍDO SÃO PAULO","0,44","CAIXA REFERENCIAL"]
["93588","TRANSPORTE COM CAMINHÃO BASCULANTE DE 10 M³, EM VIA URBANA EM LEITO NATURAL (UNIDADE: M3XKM). AF_07/2020","M3XKM","ATRIBUÍDO SÃO PAULO","2,21","CAIXA REFERENCIAL"]
["93589","TRANSPORTE COM CAMINHÃO BASCULANTE DE 10 M³, EM VIA URBANA EM REVESTIMENTO PRIMÁRIO (UNIDADE: M3XKM). AF_07/2020","M3XKM","ATRIBUÍDO SÃO PAULO","1,90","CAIXA REFERENCIAL"]
["93590","TRANSPORTE COM CAMINHÃO BASCULANTE DE 10 M³, EM VIA URBANA PAVIMENTADA, ADICIONAL PARA DMT EXCEDENTE A 30 KM (UNIDADE: M3XKM). AF_07/2020","M3XKM","ATRIBUÍDO SÃO PAULO","0,69","CAIXA REFERENCIAL"]
["93591","TRANSPORTE COM CAMINHÃO BASCULANTE DE 14 M³, EM VIA URBANA EM LEITO NATURAL (UNIDADE: M3XKM). AF_07/2020","M3XKM","ATRIBUÍDO SÃO PAULO","2,01","CAIXA REFERENCIAL"]
["93592","TRANSPORTE COM CAMINHÃO BASCULANTE DE 14 M³, EM VIA URBANA EM REVESTIMENTO PRIMÁRIO (UNIDADE: M3XKM). AF_07/2020","M3XKM","ATRIBUÍDO SÃO PAULO","1,74","CAIXA REFERENCIAL"]
["93593","TRANSPORTE COM CAMINHÃO BASCULANTE DE 14 M³, EM VIA URBANA PAVIMENTADA, ADICIONAL PARA DMT EXCEDENTE A 30 KM (UNIDADE: M3XKM). AF_07/2020","M3XKM","ATRIBUÍDO SÃO PAULO","0,63","CAIXA REFERENCIAL"]
["93594","TRANSPORTE COM CAMINHÃO BASCULANTE DE 10 M³, EM VIA URBANA EM LEITO NATURAL (UNIDADE: TXKM). AF_07/2020","TXKM","ATRIBUÍDO SÃO PAULO","1,47","CAIXA REFERENCIAL"]
["93595","TRANSPORTE COM CAMINHÃO BASCULANTE DE 10 M³, EM VIA URBANA EM REVESTIMENTO PRIMÁRIO (UNIDADE: TXKM). AF_07/2020","TXKM","ATRIBUÍDO SÃO PAULO","1,28","CAIXA REFERENCIAL"]
["93596","TRANSPORTE COM CAMINHÃO BASCULANTE DE 10 M³, EM VIA URBANA PAVIMENTADA, ADICIONAL PARA DMT EXCEDENTE A 30 KM (UNIDADE: TXKM). AF_07/2020","TXKM","ATRIBUÍDO SÃO PAULO","0,46","CAIXA REFERENCIAL"]
["93597","TRANSPORTE COM CAMINHÃO BASCULANTE DE 14 M³, EM VIA URBANA EM LEITO NATURAL (UNIDADE: TXKM). AF_07/2020","TXKM","ATRIBUÍDO SÃO PAULO","1,33","CAIXA REFERENCIAL"]
["93598","TRANSPORTE COM CAMINHÃO BASCULANTE DE 14 M³, EM VIA URBANA EM REVESTIMENTO PRIMÁRIO (UNIDADE: TXKM). AF_07/2020","TXKM","ATRIBUÍDO SÃO PAULO","1,15","CAIXA REFERENCIAL"]
["93599","TRANSPORTE COM CAMINHÃO BASCULANTE DE 14 M³, EM VIA URBANA PAVIMENTADA, ADICIONAL PARA DMT EXCEDENTE A 30 KM (UNIDADE: TXKM). AF_07/2020","TXKM","ATRIBUÍDO SÃO PAULO","0,42","CAIXA REFERENCIAL"]
["95425","TRANSPORTE COM CAMINHÃO BASCULANTE DE 18 M³, EM VIA URBANA EM LEITO NATURAL (UNIDADE: M3XKM). AF_07/2020","M3XKM","ATRIBUÍDO SÃO PAULO","1,71","CAIXA REFERENCIAL"]
["95426","TRANSPORTE COM CAMINHÃO BASCULANTE DE 18 M³, EM VIA URBANA EM REVESTIMENTO PRIMÁRIO (UNIDADE: M3XKM). AF_07/2020","M3XKM","ATRIBUÍDO SÃO PAULO","1,48","CAIXA REFERENCIAL"]
["95427","TRANSPORTE COM CAMINHÃO BASCULANTE DE 18 M³, EM VIA URBANA PAVIMENTADA, ADICIONAL PARA DMT EXCEDENTE A 30 KM (UNIDADE: M3XKM). AF_07/2020","M3XKM","ATRIBUÍDO SÃO PAULO","0,55","CAIXA REFERENCIAL"]
["95428","TRANSPORTE COM CAMINHÃO BASCULANTE DE 18 M³, EM VIA URBANA EM LEITO NATURAL (UNIDADE: TXKM). AF_07/2020","TXKM","ATRIBUÍDO SÃO PAULO","1,15","CAIXA REFERENCIAL"]
["95429","TRANSPORTE COM CAMINHÃO BASCULANTE DE 18 M³, EM VIA URBANA EM REVESTIMENTO PRIMÁRIO (UNIDADE: TXKM). AF_07/2020","TXKM","ATRIBUÍDO SÃO PAULO","1,00","CAIXA REFERENCIAL"]
["95430","TRANSPORTE COM CAMINHÃO BASCULANTE DE 18 M³, EM VIA URBANA PAVIMENTADA, ADICIONAL PARA DMT EXCEDENTE A 30 KM (UNIDADE: TXKM). AF_07/2020","TXKM","ATRIBUÍDO SÃO PAULO","0,34","CAIXA REFERENCIAL"]
["95875","TRANSPORTE COM CAMINHÃO BASCULANTE DE 10 M³, EM VIA URBANA PAVIMENTADA, DMT ATÉ 30 KM (UNIDADE: M3XKM). AF_07/2020","M3XKM","ATRIBUÍDO SÃO PAULO","1,75","CAIXA REFERENCIAL"]
["95876","TRANSPORTE COM CAMINHÃO BASCULANTE DE 14 M³, EM VIA URBANA PAVIMENTADA, DMT ATÉ 30 KM (UNIDADE: M3XKM). AF_07/2020","M3XKM","ATRIBUÍDO SÃO PAULO","1,58","CAIXA REFERENCIAL"]
["95877","TRANSPORTE COM CAMINHÃO BASCULANTE DE 18 M³, EM VIA URBANA PAVIMENTADA, DMT ATÉ 30 KM (UNIDADE: M3XKM). AF_07/2020","M3XKM","ATRIBUÍDO SÃO PAULO","1,35","CAIXA REFERENCIAL"]
["95878","TRANSPORTE COM CAMINHÃO BASCULANTE DE 10 M³, EM VIA URBANA PAVIMENTADA, DMT ATÉ 30 KM (UNIDADE: TXKM). AF_07/2020","TXKM","ATRIBUÍDO SÃO PAULO","1,18","CAIXA REFERENCIAL"]
["95879","TRANSPORTE COM CAMINHÃO BASCULANTE DE 14 M³, EM VIA URBANA PAVIMENTADA, DMT ATÉ 30 KM (UNIDADE: TXKM). AF_07/2020","TXKM","ATRIBUÍDO SÃO PAULO","1,06","CAIXA REFERENCIAL"]
["95880","TRANSPORTE COM CAMINHÃO BASCULANTE DE 18 M³, EM VIA URBANA PAVIMENTADA, DMT ATÉ 30 KM (UNIDADE: TXKM). AF_07/2020","TXKM","ATRIBUÍDO SÃO PAULO","0,90","CAIXA REFERENCIAL"]
["97912","TRANSPORTE COM CAMINHÃO BASCULANTE DE 6 M³, EM VIA URBANA EM LEITO NATURAL (UNIDADE: M3XKM). AF_07/2020","M3XKM","ATRIBUÍDO SÃO PAULO","2,69","CAIXA REFERENCIAL"]
["97913","TRANSPORTE COM CAMINHÃO BASCULANTE DE 6 M³, EM VIA URBANA EM REVESTIMENTO PRIMÁRIO (UNIDADE: M3XKM). AF_07/2020","M3XKM","ATRIBUÍDO SÃO PAULO","2,33","CAIXA REFERENCIAL"]
["97914","TRANSPORTE COM CAMINHÃO BASCULANTE DE 6 M³, EM VIA URBANA PAVIMENTADA, DMT ATÉ 30 KM (UNIDADE: M3XKM). AF_07/2020","M3XKM","ATRIBUÍDO SÃO PAULO","2,14","CAIXA REFERENCIAL"]
["97915","TRANSPORTE COM CAMINHÃO BASCULANTE DE 6 M³, EM VIA URBANA PAVIMENTADA, ADICIONAL PARA DMT EXCEDENTE A 30 KM (UNIDADE: M3XKM). AF_07/2020","M3XKM","ATRIBUÍDO SÃO PAULO","0,86","CAIXA REFERENCIAL"]
["100937","TRANSPORTE COM CAMINHÃO BASCULANTE DE 6 M³, EM VIA INTERNA (DENTRO DO CANTEIRO - UNIDADE: M3XKM). AF_07/2020","M3XKM","ATRIBUÍDO SÃO PAULO","6,42","CAIXA REFERENCIAL"]
["100938","TRANSPORTE COM CAMINHÃO BASCULANTE DE 10 M³, EM VIA INTERNA (DENTRO DO CANTEIRO - UNIDADE: M3XKM). AF_07/2020","M3XKM","ATRIBUÍDO SÃO PAULO","5,28","CAIXA REFERENCIAL"]
["100939","TRANSPORTE COM CAMINHÃO BASCULANTE DE 14 M³, EM VIA INTERNA (DENTRO DO CANTEIRO - UNIDADE:M3XKM). AF_07/2020","M3XKM","ATRIBUÍDO SÃO PAULO","4,81","CAIXA REFERENCIAL"]
["100940","TRANSPORTE COM CAMINHÃO BASCULANTE DE 18 M³, EM VIA INTERNA (DENTRO DO CANTEIRO - UNIDADE: M3XKM). AF_07/2020","M3XKM","ATRIBUÍDO SÃO PAULO","4,11","CAIXA REFERENCIAL"]
["100941","TRANSPORTE COM CAMINHÃO BASCULANTE DE 6 M³, EM VIA INTERNA (DENTRO DO CANTEIRO - UNIDADE: TXKM). AF_07/2020","TXKM","ATRIBUÍDO SÃO PAULO","4,28","CAIXA REFERENCIAL"]
["100942","TRANSPORTE COM CAMINHÃO BASCULANTE DE 10 M³, EM VIA INTERNA A OBRA (UNIDADE: TXKM). AF_07/2020","TXKM","ATRIBUÍDO SÃO PAULO","3,52","CAIXA REFERENCIAL"]
["100943","TRANSPORTE COM CAMINHÃO BASCULANTE DE 14 M³, EM VIA INTERNA (DENTRO DO CANTEIRO - UNIDADE: TXKM). AF_07/2020","TXKM","ATRIBUÍDO SÃO PAULO","3,20","CAIXA REFERENCIAL"]
["100944","TRANSPORTE COM CAMINHÃO BASCULANTE DE 18 M³, EM VIA INTERNA (DENTRO DO CANTEIRO - UNIDADE: TXKM). AF_07/2020","TXKM","ATRIBUÍDO SÃO PAULO","2,74","CAIXA REFERENCIAL"]
["100945","TRANSPORTE COM CAMINHÃO CARROCERIA 9T, EM VIA URBANA EM LEITO NATURAL (UNIDADE: TXKM). AF_07/2020","TXKM","ATRIBUÍDO SÃO PAULO","1,87","CAIXA REFERENCIAL"]
["100946","TRANSPORTE COM CAMINHÃO CARROCERIA 9T, EM VIA URBANA EM REVESTIMENTO PRIMÁRIO (UNIDADE: TXKM). AF_07/2020","TXKM","ATRIBUÍDO SÃO PAULO","1,61","CAIXA REFERENCIAL"]
["100947","TRANSPORTE COM CAMINHÃO CARROCERIA 9T, EM VIA URBANA PAVIMENTADA, DMT ATÉ 30KM (UNIDADE: TXKM). AF_07/2020","TXKM","ATRIBUÍDO SÃO PAULO","1,49","CAIXA REFERENCIAL"]
["100948","TRANSPORTE COM CAMINHÃO CARROCERIA 9T, EM VIA URBANA PAVIMENTADA, ADICIONAL PARA DMT EXCEDENTE A 30 KM (UNIDADE: TXKM). AF_07/2020","TXKM","ATRIBUÍDO SÃO PAULO","0,58","CAIXA REFERENCIAL"]
["100949","TRANSPORTE COM CAMINHÃO CARROCERIA 9T, EM VIA INTERNA (DENTRO DO CANTEIRO - UNIDADE: TXKM). AF_07/2020","TXKM","ATRIBUÍDO SÃO PAULO","4,45","CAIXA REFERENCIAL"]
["100950","TRANSPORTE COM CAMINHÃO CARROCERIA COM GUINDAUTO (MUNCK),  MOMENTO MÁXIMO DE CARGA 11,7 TM, EM VIA URBANA EM LEITO NATURAL (UNIDADE: TXKM). AF_07/2020","TXKM","ATRIBUÍDO SÃO PAULO","2,42","CAIXA REFERENCIAL"]
["100951","TRANSPORTE COM CAMINHÃO CARROCERIA COM GUINDAUTO (MUNCK),  MOMENTO MÁXIMO DE CARGA 11,7 TM, EM VIA URBANA EM REVESTIMENTO PRIMÁRIO (UNIDADE: TXKM). AF_07/2020","TXKM","ATRIBUÍDO SÃO PAULO","2,09","CAIXA REFERENCIAL"]
["100952","TRANSPORTE COM CAMINHÃO CARROCERIA COM GUINDAUTO (MUNCK),  MOMENTO MÁXIMO DE CARGA 11,7 TM, EM VIA URBANA PAVIMENTADA, DMT ATÉ 30KM (UNIDADE: TXKM). AF_07/2020","TXKM","ATRIBUÍDO SÃO PAULO","1,93","CAIXA REFERENCIAL"]
["100953","TRANSPORTE COM CAMINHÃO CARROCERIA COM GUINDAUTO (MUNCK),  MOMENTO MÁXIMO DE CARGA 11,7 TM, EM VIA URBANA PAVIMENTADA, ADICIONAL PARA DMT EXCEDENTE A 30 KM (UNIDADE: TXKM). AF_07/2020","TXKM","ATRIBUÍDO SÃO PAULO","0,76","CAIXA REFERENCIAL"]
["100954","TRANSPORTE COM CAMINHÃO CARROCERIA COM GUINDAUTO (MUNCK),  MOMENTO MÁXIMO DE CARGA 11,7 TM, EM VIA INTERNA (DENTRO DO CANTEIRO - UNIDADE: TXKM). AF_07/2020","TXKM","ATRIBUÍDO SÃO PAULO","5,77","CAIXA REFERENCIAL"]
["100955","TRANSPORTE COM CAMINHÃO PIPA DE 6 M³, EM VIA URBANA EM LEITO NATURAL (UNIDADE: M3XKM). AF_07/2020","M3XKM","ATRIBUÍDO SÃO PAULO","3,54","CAIXA REFERENCIAL"]
["100956","TRANSPORTE COM CAMINHÃO PIPA DE 6 M³, EM VIA URBANA EM REVESTIMENTO PRIMÁRIO (UNIDADE: M3XKM). AF_07/2020","M3XKM","ATRIBUÍDO SÃO PAULO","3,08","CAIXA REFERENCIAL"]
["100957","TRANSPORTE COM CAMINHÃO PIPA DE 6 M³, EM VIA URBANA PAVIMENTADA, DMT ATÉ 30KM (UNIDADE: M3XKM). AF_07/2020","M3XKM","ATRIBUÍDO SÃO PAULO","2,81","CAIXA REFERENCIAL"]
["100958","TRANSPORTE COM CAMINHÃO PIPA DE 6 M³, EM VIA URBANA PAVIMENTADA, ADICIONAL PARA DMT EXCEDENTE A 30 KM (UNIDADE: M3XKM). AF_07/2020","M3XKM","ATRIBUÍDO SÃO PAULO","1,13","CAIXA REFERENCIAL"]
["100959","TRANSPORTE COM CAMINHÃO PIPA DE 6 M³, EM VIA INTERNA (DENTRO DO CANTEIRO - UNIDADE: M3XKM). AF_07/2020","M3XKM","ATRIBUÍDO SÃO PAULO","8,47","CAIXA REFERENCIAL"]
["100960","TRANSPORTE COM CAMINHÃO PIPA DE 10 M³, EM VIA URBANA EM LEITO NATURAL (UNIDADE: M3XKM). AF_07/2020","M3XKM","ATRIBUÍDO SÃO PAULO","2,55","CAIXA REFERENCIAL"]
["100961","TRANSPORTE COM CAMINHÃO PIPA DE 10 M³, EM VIA URBANA EM REVESTIMENTO PRIMÁRIO (UNIDADE: M3XKM). AF_07/2020","M3XKM","ATRIBUÍDO SÃO PAULO","2,21","CAIXA REFERENCIAL"]
["100962","TRANSPORTE COM CAMINHÃO PIPA DE 10 M³, EM VIA URBANA PAVIMENTADA, DMT ATÉ 30KM (UNIDADE: M3XKM). AF_07/2020","M3XKM","ATRIBUÍDO SÃO PAULO","2,02","CAIXA REFERENCIAL"]
["100963","TRANSPORTE COM CAMINHÃO PIPA DE 10 M³, EM VIA URBANA PAVIMENTADA, ADICIONAL PARA DMT EXCEDENTE A 30 KM (UNIDADE: M3XKM). AF_07/2020","M3XKM","ATRIBUÍDO SÃO PAULO","0,80","CAIXA REFERENCIAL"]
["100964","TRANSPORTE COM CAMINHÃO PIPA DE 10 M³, EM VIA INTERNA (DENTRO DO CANTEIRO - UNIDADE: M3XKM). AF_07/2020","M3XKM","ATRIBUÍDO SÃO PAULO","6,14","CAIXA REFERENCIAL"]
["100973","CARGA, MANOBRA E DESCARGA DE SOLOS E MATERIAIS GRANULARES EM CAMINHÃO BASCULANTE 6 M³ - CARGA COM PÁ CARREGADEIRA (CAÇAMBA DE 1,7 A 2,8 M³ / 128 HP) E DESCARGA LIVRE (UNIDADE: M3). AF_07/2020","M3","ATRIBUÍDO SÃO PAULO","6,74","CAIXA REFERENCIAL"]
["100974","CARGA, MANOBRA E DESCARGA DE SOLOS E MATERIAIS GRANULARES EM CAMINHÃO BASCULANTE 10 M³ - CARGA COM PÁ CARREGADEIRA (CAÇAMBA DE 1,7 A 2,8 M³ / 128 HP) E DESCARGA LIVRE (UNIDADE: M3). AF_07/2020","M3","ATRIBUÍDO SÃO PAULO","6,40","CAIXA REFERENCIAL"]
["100975","CARGA, MANOBRA E DESCARGA DE SOLOS E MATERIAIS GRANULARES EM CAMINHÃO BASCULANTE 14 M³ - CARGA COM PÁ CARREGADEIRA (CAÇAMBA DE 1,7 A 2,8 M³ / 128 HP) E DESCARGA LIVRE (UNIDADE: M3). AF_07/2020","M3","ATRIBUÍDO SÃO PAULO","6,62","CAIXA REFERENCIAL"]
["100965","TRANSPORTE COM CAMINHÃO TANQUE DE TRANSPORTE DE MATERIAL ASFÁLTICO DE 30000 L, EM VIA URBANA EM  LEITO NATURAL (UNIDADE: TXKM). AF_07/2020","TXKM","ATRIBUÍDO SÃO PAULO","1,32","CAIXA REFERENCIAL"]
["100966","TRANSPORTE COM CAMINHÃO TANQUE DE TRANSPORTE DE MATERIAL ASFÁLTICO DE 30000 L, EM VIA URBANA EM  REVESTIMENTO PRIMÁRIO (UNIDADE: TXKM). AF_07/2020","TXKM","ATRIBUÍDO SÃO PAULO","1,13","CAIXA REFERENCIAL"]
["100969","TRANSPORTE COM CAMINHÃO TANQUE DE TRANSPORTE DE MATERIAL ASFÁLTICO DE 20000 L, EM VIA URBANA EM LEITO NATURAL (UNIDADE: TXKM). AF_07/2020","TXKM","ATRIBUÍDO SÃO PAULO","1,74","CAIXA REFERENCIAL"]
["100970","TRANSPORTE COM CAMINHÃO TANQUE DE TRANSPORTE DE MATERIAL ASFÁLTICO DE 20000 L, EM VIA URBANA EM  REVESTIMENTO PRIMÁRIO (UNIDADE: TXKM). AF_07/2020","TXKM","ATRIBUÍDO SÃO PAULO","1,48","CAIXA REFERENCIAL"]
["102330","TRANSPORTE COM CAMINHÃO TANQUE DE TRANSPORTE DE MATERIAL ASFÁLTICO DE 30000 L, EM VIA URBANA PAVIMENTADA, DMT ATÉ 30KM (UNIDADE: TXKM). AF_07/2020","TXKM","ATRIBUÍDO SÃO PAULO","1,05","CAIXA REFERENCIAL"]
["102331","TRANSPORTE COM CAMINHÃO TANQUE DE TRANSPORTE DE MATERIAL ASFÁLTICO DE 30000 L, EM VIA URBANA PAVIMENTADA, ADICIONAL PARA DMT EXCEDENTE A 30 KM (UNIDADE: TXKM). AF_07/2020","TXKM","ATRIBUÍDO SÃO PAULO","0,41","CAIXA REFERENCIAL"]
["102332","TRANSPORTE COM CAMINHÃO TANQUE DE TRANSPORTE DE MATERIAL ASFÁLTICO DE 20000 L, EM VIA URBANA PAVIMENTADA, DMT ATÉ 30KM (UNIDADE: TXKM). AF_07/2020","TXKM","ATRIBUÍDO SÃO PAULO","1,39","CAIXA REFERENCIAL"]
["102333","TRANSPORTE COM CAMINHÃO TANQUE DE TRANSPORTE DE MATERIAL ASFÁLTICO DE 20000 L, EM VIA URBANA PAVIMENTADA, ADICIONAL PARA DMT EXCEDENTE A 30 KM (UNIDADE: TXKM). AF_07/2020","TXKM","ATRIBUÍDO SÃO PAULO","0,55","CAIXA REFERENCIAL"]
["101019","CARGA, MANOBRA E DESCARGA MANUAL DE TUBOS PLÁSTICOS, DN MENOR OU IGUAL A 100 MM, EM CAMINHÃO CARROCERIA 9T. AF_07/2020","T","ATRIBUÍDO SÃO PAULO","390,85","CAIXA REFERENCIAL"]
["101479","CARGA, MANOBRA E DESCARGA MANUAL DE TUBOS PLÁSTICOS, DN 200 MM, EM CAMINHÃO CARROCERIA 9T. AF_07/2020","T","ATRIBUÍDO SÃO PAULO","113,86","CAIXA REFERENCIAL"]
["102568","CARGA, MANOBRA E DESCARGA MANUAL DE TUBOS PLÁSTICOS, DN 150 MM, EM CAMINHÃO CARROCERIA 9T. AF_06/2021","T","ATRIBUÍDO SÃO PAULO","193,98","CAIXA REFERENCIAL"]
["100976","CARGA, MANOBRA E DESCARGA DE SOLOS E MATERIAIS GRANULARES EM CAMINHÃO BASCULANTE 18 M³ - CARGA COM PÁ CARREGADEIRA (CAÇAMBA DE 1,7 A 2,8 M³ / 128 HP) E DESCARGA LIVRE (UNIDADE: M3). AF_07/2020","M3","ATRIBUÍDO SÃO PAULO","6,49","CAIXA REFERENCIAL"]
["100977","CARGA, MANOBRA E DESCARGA DE SOLOS E MATERIAIS GRANULARES EM CAMINHÃO BASCULANTE 6 M³ - CARGA COM ESCAVADEIRA HIDRÁULICA (CAÇAMBA DE 1,20 M³ / 155 HP) E DESCARGA LIVRE (UNIDADE: M3). AF_07/2020","M3","ATRIBUÍDO SÃO PAULO","5,89","CAIXA REFERENCIAL"]
["100978","CARGA, MANOBRA E DESCARGA DE SOLOS E MATERIAIS GRANULARES EM CAMINHÃO BASCULANTE 10 M³ - CARGA COM ESCAVADEIRA HIDRÁULICA (CAÇAMBA DE 1,20 M³ / 155 HP) E DESCARGA LIVRE (UNIDADE: M3). AF_07/2020","M3","ATRIBUÍDO SÃO PAULO","5,22","CAIXA REFERENCIAL"]
["100979","CARGA, MANOBRA E DESCARGA DE SOLOS E MATERIAIS GRANULARES EM CAMINHÃO BASCULANTE 14 M³ - CARGA COM ESCAVADEIRA HIDRÁULICA (CAÇAMBA DE 1,20 M³ / 155 HP) E DESCARGA LIVRE (UNIDADE: M3). AF_07/2020","M3","ATRIBUÍDO SÃO PAULO","5,13","CAIXA REFERENCIAL"]
["100980","CARGA, MANOBRA E DESCARGA DE SOLOS E MATERIAIS GRANULARES EM CAMINHÃO BASCULANTE 18 M³ - CARGA COM ESCAVADEIRA HIDRÁULICA (CAÇAMBA DE 1,20 M³ / 155 HP) E DESCARGA LIVRE (UNIDADE: M3). AF_07/2020","M3","ATRIBUÍDO SÃO PAULO","4,84","CAIXA REFERENCIAL"]
["100981","CARGA, MANOBRA E DESCARGA DE ENTULHO EM CAMINHÃO BASCULANTE 6 M³ - CARGA COM ESCAVADEIRA HIDRÁULICA  (CAÇAMBA DE 0,80 M³ / 111 HP) E DESCARGA LIVRE (UNIDADE: M3). AF_07/2020","M3","ATRIBUÍDO SÃO PAULO","7,24","CAIXA REFERENCIAL"]
["100982","CARGA, MANOBRA E DESCARGA DE ENTULHO EM CAMINHÃO BASCULANTE 10 M³ - CARGA COM ESCAVADEIRA HIDRÁULICA  (CAÇAMBA DE 0,80 M³ / 111 HP) E DESCARGA LIVRE (UNIDADE: M3). AF_07/2020","M3","ATRIBUÍDO SÃO PAULO","6,81","CAIXA REFERENCIAL"]
["100983","CARGA, MANOBRA E DESCARGA DE ENTULHO EM CAMINHÃO BASCULANTE 14 M³ - CARGA COM ESCAVADEIRA HIDRÁULICA  (CAÇAMBA DE 0,80 M³ / 111 HP) E DESCARGA LIVRE (UNIDADE: M3). AF_07/2020","M3","ATRIBUÍDO SÃO PAULO","6,99","CAIXA REFERENCIAL"]
["100984","CARGA, MANOBRA E DESCARGA DE ENTULHO EM CAMINHÃO BASCULANTE 18 M³ - CARGA COM ESCAVADEIRA HIDRÁULICA  (CAÇAMBA DE 0,80 M³ / 111 HP) E DESCARGA LIVRE (UNIDADE: M3). AF_07/2020","M3","ATRIBUÍDO SÃO PAULO","6,84","CAIXA REFERENCIAL"]
["100985","CARGA DE MISTURA ASFÁLTICA EM CAMINHÃO BASCULANTE 6 M³ (UNIDADE: M3). AF_07/2020","M3","ATRIBUÍDO SÃO PAULO","5,38","CAIXA REFERENCIAL"]
["100986","CARGA DE MISTURA ASFÁLTICA EM CAMINHÃO BASCULANTE 10 M³ (UNIDADE: M3). AF_07/2020","M3","ATRIBUÍDO SÃO PAULO","6,37","CAIXA REFERENCIAL"]
["100987","CARGA DE MISTURA ASFÁLTICA EM CAMINHÃO BASCULANTE 14 M³ (UNIDADE: M3). AF_07/2020","M3","ATRIBUÍDO SÃO PAULO","7,61","CAIXA REFERENCIAL"]
["100988","CARGA DE MISTURA ASFÁLTICA EM CAMINHÃO BASCULANTE 18 M³ (UNIDADE: M3). AF_07/2020","M3","ATRIBUÍDO SÃO PAULO","8,08","CAIXA REFERENCIAL"]
["100989","CARGA, MANOBRA E DESCARGA DE SOLOS E MATERIAIS GRANULARES EM CAMINHÃO BASCULANTE 6 M³ - CARGA COM PÁ CARREGADEIRA (CAÇAMBA DE 1,7 A 2,8 M³ / 128 HP) E DESCARGA LIVRE (UNIDADE: T). AF_07/2020","T","ATRIBUÍDO SÃO PAULO","4,49","CAIXA REFERENCIAL"]
["100990","CARGA, MANOBRA E DESCARGA DE SOLOS E MATERIAIS GRANULARES EM CAMINHÃO BASCULANTE 10 M³ - CARGA COM PÁ CARREGADEIRA (CAÇAMBA DE 1,7 A 2,8 M³ / 128 HP) E DESCARGA LIVRE (UNIDADE: T). AF_07/2020","T","ATRIBUÍDO SÃO PAULO","4,28","CAIXA REFERENCIAL"]
["100991","CARGA, MANOBRA E DESCARGA DE SOLOS E MATERIAIS GRANULARES EM CAMINHÃO BASCULANTE 14 M³ - CARGA COM PÁ CARREGADEIRA (CAÇAMBA DE 1,7 A 2,8 M³ / 128 HP) E DESCARGA LIVRE (UNIDADE: T). AF_07/2020","T","ATRIBUÍDO SÃO PAULO","4,43","CAIXA REFERENCIAL"]
["100992","CARGA, MANOBRA E DESCARGA DE SOLOS E MATERIAIS GRANULARES EM CAMINHÃO BASCULANTE 18 M³ - CARGA COM PÁ CARREGADEIRA (CAÇAMBA DE 1,7 A 2,8 M³ / 128 HP) E DESCARGA LIVRE (UNIDADE: T). AF_07/2020","T","ATRIBUÍDO SÃO PAULO","4,33","CAIXA REFERENCIAL"]
["100993","CARGA, MANOBRA E DESCARGA DE SOLOS E MATERIAIS GRANULARES EM CAMINHÃO BASCULANTE 6 M³ - CARGA COM ESCAVADEIRA HIDRÁULICA (CAÇAMBA DE 1,20 M³ / 155 HP) E DESCARGA LIVRE (UNIDADE: T). AF_07/2020","T","ATRIBUÍDO SÃO PAULO","3,92","CAIXA REFERENCIAL"]
["100994","CARGA, MANOBRA E DESCARGA DE SOLOS E MATERIAIS GRANULARES EM CAMINHÃO BASCULANTE 10 M³ - CARGA COM ESCAVADEIRA HIDRÁULICA (CAÇAMBA DE 1,20 M³ / 155 HP) E DESCARGA LIVRE (UNIDADE: T). AF_07/2020","T","ATRIBUÍDO SÃO PAULO","3,45","CAIXA REFERENCIAL"]
["100995","CARGA, MANOBRA E DESCARGA DE SOLOS E MATERIAIS GRANULARES EM CAMINHÃO BASCULANTE 14 M³ - CARGA COM ESCAVADEIRA HIDRÁULICA (CAÇAMBA DE 1,20 M³ / 155 HP) E DESCARGA LIVRE (UNIDADE: T). AF_07/2020","T","ATRIBUÍDO SÃO PAULO","3,42","CAIXA REFERENCIAL"]
["100996","CARGA, MANOBRA E DESCARGA DE SOLOS E MATERIAIS GRANULARES EM CAMINHÃO BASCULANTE 18 M³ - CARGA COM ESCAVADEIRA HIDRÁULICA (CAÇAMBA DE 1,20 M³ / 155 HP) E DESCARGA LIVRE (UNIDADE: T). AF_07/2020","T","ATRIBUÍDO SÃO PAULO","3,22","CAIXA REFERENCIAL"]
["100997","CARGA, MANOBRA E DESCARGA DE ENTULHO EM CAMINHÃO BASCULANTE 6 M³ - CARGA COM ESCAVADEIRA HIDRÁULICA  (CAÇAMBA DE 0,80 M³ / 111 HP) E DESCARGA LIVRE (UNIDADE: T). AF_07/2020","T","ATRIBUÍDO SÃO PAULO","4,83","CAIXA REFERENCIAL"]
["100998","CARGA, MANOBRA E DESCARGA DE ENTULHO EM CAMINHÃO BASCULANTE 10 M³ - CARGA COM ESCAVADEIRA HIDRÁULICA  (CAÇAMBA DE 0,80 M³ / 111 HP) E DESCARGA LIVRE (UNIDADE: T). AF_07/2020","T","ATRIBUÍDO SÃO PAULO","4,55","ENCARGOS COMPLEMENTARES REFERENCIAL"]
["100999","CARGA, MANOBRA E DESCARGA DE ENTULHO EM CAMINHÃO BASCULANTE 14 M³ - CARGA COM ESCAVADEIRA HIDRÁULICA  (CAÇAMBA DE 0,80 M³ / 111 HP) E DESCARGA LIVRE (UNIDADE: T). AF_07/2020","T","ATRIBUÍDO SÃO PAULO","4,68","ENCARGOS COMPLEMENTARES REFERENCIAL"]
["101000","CARGA, MANOBRA E DESCARGA DE ENTULHO EM CAMINHÃO BASCULANTE 18 M³ - CARGA COM ESCAVADEIRA HIDRÁULICA  (CAÇAMBA DE 0,80 M³ / 111 HP) E DESCARGA LIVRE (UNIDADE: T). AF_07/2020","T","ATRIBUÍDO SÃO PAULO","4,56","ENCARGOS COMPLEMENTARES REFERENCIAL"]
["101001","CARGA DE MISTURA ASFÁLTICA EM CAMINHÃO BASCULANTE 6 M³ (UNIDADE: T). AF_07/2020","T","ATRIBUÍDO SÃO PAULO","3,59","ENCARGOS COMPLEMENTARES REFERENCIAL"]
["101002","CARGA DE MISTURA ASFÁLTICA EM CAMINHÃO BASCULANTE 10 M³ (UNIDADE: T). AF_07/2020","T","ATRIBUÍDO SÃO PAULO","4,24","ENCARGOS COMPLEMENTARES REFERENCIAL"]
["101003","CARGA DE MISTURA ASFÁLTICA EM CAMINHÃO BASCULANTE 14 M³ (UNIDADE: T). AF_07/2020","T","ATRIBUÍDO SÃO PAULO","5,07","ENCARGOS COMPLEMENTARES REFERENCIAL"]
["101004","CARGA DE MISTURA ASFÁLTICA EM CAMINHÃO BASCULANTE 18 M³ (UNIDADE: T). AF_07/2020","T","ATRIBUÍDO SÃO PAULO","5,38","ENCARGOS COMPLEMENTARES REFERENCIAL"]
["101005","CARGA, MANOBRA E DESCARGA DE ÁGUA EM CAMINHÃO PIPA 6 M³. AF_07/2020","M3","ATRIBUÍDO SÃO PAULO","13,51","ENCARGOS COMPLEMENTARES REFERENCIAL"]
["101006","CARGA, MANOBRA E DESCARGA DE ÁGUA EM CAMINHÃO PIPA 10 M³. AF_07/2020","M3","ATRIBUÍDO SÃO PAULO","14,56","ENCARGOS COMPLEMENTARES REFERENCIAL"]
["101007","CARGA DE ÁGUA EM CAMINHÃO PIPA 6 M³. AF_07/2020","M3","ATRIBUÍDO SÃO PAULO","3,92","ENCARGOS COMPLEMENTARES REFERENCIAL"]
["101008","CARGA DE ÁGUA EM CAMINHÃO PIPA 10 M³. AF_07/2020","M3","ATRIBUÍDO SÃO PAULO","3,85","ENCARGOS COMPLEMENTARES REFERENCIAL"]
["101009","CARGA, MANOBRA E DESCARGA DE POSTE DE CONCRETO EM CAMINHÃO CARROCERIA COM GUINDAUTO (MUNCK) 11,7 TM. AF_07/2020","T","ATRIBUÍDO SÃO PAULO","29,24","ENCARGOS COMPLEMENTARES REFERENCIAL"]
["101010","CARGA, MANOBRA E DESCARGA DE PERFIL METÁLICO EM CAMINHÃO CARROCERIA COM GUINDAUTO (MUNCK) 11,7 TM. AF_07/2020","T","ATRIBUÍDO SÃO PAULO","18,42","ENCARGOS COMPLEMENTARES REFERENCIAL"]
["101013","CARGA, MANOBRA E DESCARGA DE TUBOS DE CONCRETO, DN MENOR OU IGUAL A 300 MM, EM CAMINHÃO CARROCERIA COM GUINDAUTO (MUNCK) 11,7 TM. AF_07/2020","T","ATRIBUÍDO SÃO PAULO","31,05","ENCARGOS COMPLEMENTARES REFERENCIAL"]
["101014","CARGA, MANOBRA E DESCARGA DE TUBOS DE CONCRETO, DN 400 MM, EM CAMINHÃO CARROCERIA COM GUINDAUTO (MUNCK) 11,7 TM. AF_07/2020","T","ATRIBUÍDO SÃO PAULO","28,44","ENCARGOS COMPLEMENTARES REFERENCIAL"]
["101015","CARGA, MANOBRA E DESCARGA DE TUBOS DE CONCRETO, DN 500 MM, EM CAMINHÃO CARROCERIA COM GUINDAUTO (MUNCK) 11,7 TM. AF_07/2020","T","ATRIBUÍDO SÃO PAULO","23,37","ENCARGOS COMPLEMENTARES REFERENCIAL"]
["101016","CARGA, MANOBRA E DESCARGA DE TUBOS METÁLICOS, DN MENOR OU IGUAL A 150 MM, EM CAMINHÃO CARROCERIA COM GUINDAUTO (MUNCK) 11,7 TM. AF_07/2020","T","ATRIBUÍDO SÃO PAULO","27,05","ENCARGOS COMPLEMENTARES REFERENCIAL"]
["101017","CARGA, MANOBRA E DESCARGA DE TUBOS METÁLICOS, DN 200 MM, EM CAMINHÃO CARROCERIA COM GUINDAUTO (MUNCK) 11,7 TM. AF_07/2020","T","ATRIBUÍDO SÃO PAULO","20,51","ENCARGOS COMPLEMENTARES REFERENCIAL"]
["101018","CARGA, MANOBRA E DESCARGA DE TUBOS METÁLICOS, DN 250 MM, EM CAMINHÃO CARROCERIA COM GUINDAUTO (MUNCK) 11,7 TM. AF_07/2020","T","ATRIBUÍDO SÃO PAULO","16,84","ENCARGOS COMPLEMENTARES REFERENCIAL"]
["101463","CARGA, MANOBRA E DESCARGA DE TUBOS DE CONCRETO, DN 600 MM, EM CAMINHÃO CARROCERIA COM GUINDAUTO (MUNCK) 11,7 TM. AF_07/2020","T","ATRIBUÍDO SÃO PAULO","31,14","ENCARGOS COMPLEMENTARES REFERENCIAL"]
["101464","CARGA, MANOBRA E DESCARGA DE TUBOS DE CONCRETO, DN 700 MM, EM CAMINHÃO CARROCERIA COM GUINDAUTO (MUNCK) 11,7 TM. AF_07/2020","T","ATRIBUÍDO SÃO PAULO","23,91","ENCARGOS COMPLEMENTARES REFERENCIAL"]
["101465","CARGA, MANOBRA E DESCARGA DE TUBOS DE CONCRETO, DN 800 MM, EM CAMINHÃO CARROCERIA COM GUINDAUTO (MUNCK) 11,7 TM. AF_07/2020","T","ATRIBUÍDO SÃO PAULO","18,29","ENCARGOS COMPLEMENTARES REFERENCIAL"]
["101466","CARGA, MANOBRA E DESCARGA DE TUBOS DE CONCRETO, DN 900 MM, EM CAMINHÃO CARROCERIA COM GUINDAUTO (MUNCK) 11,7 TM. AF_07/2020","T","ATRIBUÍDO SÃO PAULO","14,87","ENCARGOS COMPLEMENTARES REFERENCIAL"]
["101467","CARGA, MANOBRA E DESCARGA DE TUBOS DE CONCRETO, DN 1000 MM, EM CAMINHÃO CARROCERIA COM GUINDAUTO (MUNCK) 11,7 TM. AF_07/2020","T","ATRIBUÍDO SÃO PAULO","12,44","ENCARGOS COMPLEMENTARES REFERENCIAL"]
["101468","CARGA, MANOBRA E DESCARGA DE TUBOS DE CONCRETO, DN 1200 MM, EM CAMINHÃO CARROCERIA COM GUINDAUTO (MUNCK) 11,7 TM. AF_07/2020","T","ATRIBUÍDO SÃO PAULO","11,37","ENCARGOS COMPLEMENTARES REFERENCIAL"]
["101469","CARGA, MANOBRA E DESCARGA DE TUBOS METÁLICOS, DN 300 MM, EM CAMINHÃO CARROCERIA COM GUINDAUTO (MUNCK) 11,7 TM. AF_07/2020","T","ATRIBUÍDO SÃO PAULO","25,48","ENCARGOS COMPLEMENTARES REFERENCIAL"]
["101470","CARGA, MANOBRA E DESCARGA DE TUBOS METÁLICOS, DN 350 MM, EM CAMINHÃO CARROCERIA COM GUINDAUTO (MUNCK) 11,7 TM. AF_07/2020","T","ATRIBUÍDO SÃO PAULO","20,23","ENCARGOS COMPLEMENTARES REFERENCIAL"]
["101471","CARGA, MANOBRA E DESCARGA DE TUBOS METÁLICOS, DN 400 MM, EM CAMINHÃO CARROCERIA COM GUINDAUTO (MUNCK) 11,7 TM. AF_07/2020","T","ATRIBUÍDO SÃO PAULO","17,35","ENCARGOS COMPLEMENTARES REFERENCIAL"]
["101472","CARGA, MANOBRA E DESCARGA DE TUBOS METÁLICOS, DN 500 MM, EM CAMINHÃO CARROCERIA COM GUINDAUTO (MUNCK) 11,7 TM. AF_07/2020","T","ATRIBUÍDO SÃO PAULO","13,51","ENCARGOS COMPLEMENTARES REFERENCIAL"]
["101473","CARGA, MANOBRA E DESCARGA DE TUBOS METÁLICOS, DN 600 MM, EM CAMINHÃO CARROCERIA COM GUINDAUTO (MUNCK) 11,7 TM. AF_07/2020","T","ATRIBUÍDO SÃO PAULO","19,44","ENCARGOS COMPLEMENTARES REFERENCIAL"]
["101474","CARGA, MANOBRA E DESCARGA DE TUBOS METÁLICOS, DN 700 MM, EM CAMINHÃO CARROCERIA COM GUINDAUTO (MUNCK) 11,7 TM. AF_07/2020","T","ATRIBUÍDO SÃO PAULO","13,91","ENCARGOS COMPLEMENTARES REFERENCIAL"]
["101475","CARGA, MANOBRA E DESCARGA DE TUBOS METÁLICOS, DN 800 MM, EM CAMINHÃO CARROCERIA COM GUINDAUTO (MUNCK) 11,7 TM. AF_07/2020","T","ATRIBUÍDO SÃO PAULO","12,33","ENCARGOS COMPLEMENTARES REFERENCIAL"]
["101476","CARGA, MANOBRA E DESCARGA DE TUBOS METÁLICOS, DN 900 MM, EM CAMINHÃO CARROCERIA COM GUINDAUTO (MUNCK) 11,7 TM. AF_07/2020","T","ATRIBUÍDO SÃO PAULO","11,00","ENCARGOS COMPLEMENTARES REFERENCIAL"]
["101477","CARGA, MANOBRA E DESCARGA DE TUBOS METÁLICOS, DN 1000 MM, EM CAMINHÃO CARROCERIA COM GUINDAUTO (MUNCK) 11,7 TM. AF_07/2020","T","ATRIBUÍDO SÃO PAULO","9,00","ENCARGOS COMPLEMENTARES REFERENCIAL"]
["101478","CARGA, MANOBRA E DESCARGA DE TUBOS METÁLICOS, DN 1200 MM, EM CAMINHÃO CARROCERIA COM GUINDAUTO (MUNCK) 11,7 TM. AF_07/2020","T","ATRIBUÍDO SÃO PAULO","7,66","ENCARGOS COMPLEMENTARES REFERENCIAL"]
["101480","CARGA, MANOBRA E DESCARGA DE TUBOS PLÁSTICOS, DN 250 MM, EM CAMINHÃO CARROCERIA COM GUINDAUTO (MUNCK) 11,7 TM. AF_07/2020","T","ATRIBUÍDO SÃO PAULO","45,57","ENCARGOS COMPLEMENTARES REFERENCIAL"]
["101481","CARGA, MANOBRA E DESCARGA DE TUBOS PLÁSTICOS, DN 300 MM, EM CAMINHÃO CARROCERIA COM GUINDAUTO (MUNCK) 11,7 TM. AF_07/2020","T","ATRIBUÍDO SÃO PAULO","32,92","ENCARGOS COMPLEMENTARES REFERENCIAL"]
["101482","CARGA, MANOBRA E DESCARGA DE TUBOS PLÁSTICOS, DN 400 MM, EM CAMINHÃO CARROCERIA COM GUINDAUTO (MUNCK) 11,7 TM. AF_07/2020","T","ATRIBUÍDO SÃO PAULO","24,60","ENCARGOS COMPLEMENTARES REFERENCIAL"]
["101483","CARGA, MANOBRA E DESCARGA DE TUBOS PLÁSTICOS, DN 500 MM, EM CAMINHÃO CARROCERIA COM GUINDAUTO (MUNCK) 11,7 TM. AF_07/2020","T","ATRIBUÍDO SÃO PAULO","25,53","ENCARGOS COMPLEMENTARES REFERENCIAL"]
["101484","CARGA, MANOBRA E DESCARGA DE TUBOS PLÁSTICOS, DN 600 MM, EM CAMINHÃO CARROCERIA COM GUINDAUTO (MUNCK) 11,7 TM. AF_07/2020","T","ATRIBUÍDO SÃO PAULO","132,35","ENCARGOS COMPLEMENTARES REFERENCIAL"]
["101485","CARGA, MANOBRA E DESCARGA DE TUBOS PLÁSTICOS, DN 750 MM, EM CAMINHÃO CARROCERIA COM GUINDAUTO (MUNCK) 11,7 TM. AF_07/2020","T","ATRIBUÍDO SÃO PAULO","101,58","ENCARGOS COMPLEMENTARES REFERENCIAL"]
["101486","CARGA, MANOBRA E DESCARGA DE TUBOS PLÁSTICOS, DN 900 MM, EM CAMINHÃO CARROCERIA COM GUINDAUTO (MUNCK) 11,7 TM. AF_07/2020","T","ATRIBUÍDO SÃO PAULO","91,51","ENCARGOS COMPLEMENTARES REFERENCIAL"]
["101487","CARGA, MANOBRA E DESCARGA DE TUBOS PLÁSTICOS, DN 1000 MM, EM CAMINHÃO CARROCERIA COM GUINDAUTO (MUNCK) 11,7 TM. AF_07/2020","T","ATRIBUÍDO SÃO PAULO","67,00","ENCARGOS COMPLEMENTARES REFERENCIAL"]
["101488","CARGA, MANOBRA E DESCARGA DE TUBOS PLÁSTICOS, DN 1200 MM, EM CAMINHÃO CARROCERIA COM GUINDAUTO (MUNCK) 11,7 TM. AF_07/2020","T","ATRIBUÍDO SÃO PAULO","57,97","ENCARGOS COMPLEMENTARES REFERENCIAL"]
["101188","RECOMPOSIÇÃO PARCIAL DE ARAME FARPADO Nº 14 CLASSE 250, FIXADO EM CERCA COM MOURÕES DE CONCRETO - FORNECIMENTO E INSTALAÇÃO. AF_05/2020","M","COEFICIENTE DE REPRESENTATIVIDADE","5,45","ENCARGOS COMPLEMENTARES REFERENCIAL"]
["101189","CERCA COM MOURÕES DE CONCRETO, RETO, H=3,00 M, ESPAÇAMENTO DE 2,5 M, CRAVADOS 0,5 M, COM 4 FIOS DE ARAME FARPADO Nº 14 CLASSE 250 - FORNECIMENTO E INSTALAÇÃO. AF_05/2020","M","ATRIBUÍDO SÃO PAULO","56,26","ENCARGOS COMPLEMENTARES REFERENCIAL"]
["101190","CERCA COM MOURÕES DE CONCRETO, RETO, H=3,00 M, ESPAÇAMENTO DE 2,5 M, CRAVADOS 0,5 M, COM 4 FIOS DE ARAME DE AÇO OVALADO 15X17 - FORNECIMENTO E INSTALAÇÃO. AF_05/2020","M","ATRIBUÍDO SÃO PAULO","55,35","ENCARGOS COMPLEMENTARES REFERENCIAL"]
["101191","CERCA COM MOURÕES DE CONCRETO, RETO, H=3,00 M, ESPAÇAMENTO DE 2,5 M, CRAVADOS 0,5 M, COM 4 FIOS DE ARAME MISTO - FORNECIMENTO E INSTALAÇÃO. AF_05/2020","M","ATRIBUÍDO SÃO PAULO","55,80","ENCARGOS COMPLEMENTARES REFERENCIAL"]
["101192","CERCA COM MOURÕES DE CONCRETO, RETO, H=2,30 M, ESPAÇAMENTO DE 2,5 M, CRAVADOS 0,5 M, COM 4 FIOS DE ARAME FARPADO Nº 14 CLASSE 250 - FORNECIMENTO E INSTALAÇÃO. AF_05/2020","M","ATRIBUÍDO SÃO PAULO","59,07","ENCARGOS COMPLEMENTARES REFERENCIAL"]
["101193","CERCA COM MOURÕES DE CONCRETO, RETO, H=2,30 M, ESPAÇAMENTO DE 2,5 M, CRAVADOS 0,5 M, COM 4 FIOS DE ARAME DE AÇO OVALADO 15X17 - FORNECIMENTO E INSTALAÇÃO. AF_05/2020","M","ATRIBUÍDO SÃO PAULO","50,63","ENCARGOS COMPLEMENTARES REFERENCIAL"]
["101194","CERCA COM MOURÕES DE CONCRETO, RETO, H=2,30 M, ESPAÇAMENTO DE 2,5 M, CRAVADOS 0,5 M, COM 4 FIOS DE ARAME MISTO - FORNECIMENTO E INSTALAÇÃO. AF_05/2020","M","ATRIBUÍDO SÃO PAULO","51,08","ENCARGOS COMPLEMENTARES REFERENCIAL"]
["101197","CERCA COM MOURÕES DE CONCRETO, SEÇÃO \"T\" PONTA INCLINADA, 10X10 CM, ESPAÇAMENTO DE 2,5 M, CRAVADOS 0,5 M, COM 11 FIOS DE ARAME FARPADO Nº 14 - FORNECIMENTO E INSTALAÇÃO. AF_05/2020","M","ATRIBUÍDO SÃO PAULO","103,40","ENCARGOS COMPLEMENTARES REFERENCIAL"]
["101198","CERCA COM MOURÕES DE CONCRETO, SEÇÃO \"T\" PONTA INCLINADA, 10X10 CM, ESPAÇAMENTO DE 2,5 M, CRAVADOS 0,5 M, COM 11 FIOS DE ARAME DE AÇO OVALADO 15X17 - FORNECIMENTO E INSTALAÇÃO. AF_05/2020","M","ATRIBUÍDO SÃO PAULO","79,22","ENCARGOS COMPLEMENTARES REFERENCIAL"]
["101199","CERCA COM MOURÕES DE CONCRETO, SEÇÃO \"T\" PONTA INCLINADA, 10X10CM, ESPAÇAMENTO DE 2,5M, CRAVADOS 0,5M, COM 11 FIOS DE ARAME MISTO - FORNECIMENTO E INSTALAÇÃO. AF_05/2020","M","ATRIBUÍDO SÃO PAULO","80,35","ENCARGOS COMPLEMENTARES REFERENCIAL"]
["101200","CERCA COM MOURÕES DE MADEIRA, 7,5X7,5 CM, ESPAÇAMENTO DE 2,5 M, ALTURA LIVRE DE 2 M, CRAVADOS 0,5 M, COM 4 FIOS DE ARAME FARPADO Nº 14 CLASSE 250 - FORNECIMENTO E INSTALAÇÃO. AF_05/2020","M","COEFICIENTE DE REPRESENTATIVIDADE","54,14","ENCARGOS COMPLEMENTARES REFERENCIAL"]
["101201","CERCA COM MOURÕES DE MADEIRA, 7,5X7,5 CM, ESPAÇAMENTO DE 2,5 M, ALTURA LIVRE DE 2 M, CRAVADOS 0,5 M, COM 8 FIOS DE ARAME FARPADO Nº 14 CLASSE 250 - FORNECIMENTO E INSTALAÇÃO. AF_05/2020","M","COEFICIENTE DE REPRESENTATIVIDADE","67,40","ENCARGOS COMPLEMENTARES REFERENCIAL"]
["101202","CERCA COM MOURÕES DE MADEIRA ROLIÇA, DIÂMETRO 11 CM, ESPAÇAMENTO DE 2,5 M, ALTURA LIVRE DE 1,7 M, CRAVADOS 0,5 M, COM 5 FIOS DE ARAME FARPADO Nº 14 CLASSE 250 - FORNECIMENTO E INSTALAÇÃO. AF_05/2020","M","ATRIBUÍDO SÃO PAULO","36,63","ENCARGOS COMPLEMENTARES REFERENCIAL"]
["101203","CERCA COM MOURÕES DE MADEIRA ROLIÇA, DIÂMETRO 11 CM, ESPAÇAMENTO DE 2,5 M, ALTURA LIVRE DE 1,7 M, CRAVADOS 0,5 M, COM 5 FIOS DE ARAME DE AÇO OVALADO 15X17 - FORNECIMENTO E INSTALAÇÃO. AF_05/2020","M","ATRIBUÍDO SÃO PAULO","35,49","ENCARGOS COMPLEMENTARES REFERENCIAL"]
["101204","CERCA COM MOURÕES DE MADEIRA ROLIÇA, DIÂMETRO 11 CM, ESPAÇAMENTO DE 2,5 M, ALTURA LIVRE DE 1,7 M, CRAVADOS 0,5 M, COM 5 FIOS DE ARAME MISTO - FORNECIMENTO E INSTALAÇÃO. AF_05/2020","M","ATRIBUÍDO SÃO PAULO","35,95","ENCARGOS COMPLEMENTARES REFERENCIAL"]
["101205","PORTÃO COM MOURÕES DE MADEIRA ROLIÇA, DIÂMETRO 11 CM, COM 5 FIOS DE ARAME FARPADO Nº 14 CLASSE 250, SEM DOBRADIÇAS - FORNECIMENTO E INSTALAÇÃO. AF_05/2020","M","ATRIBUÍDO SÃO PAULO","36,63","ENCARGOS COMPLEMENTARES REFERENCIAL"]
["102362","ALAMBRADO PARA QUADRA POLIESPORTIVA, ESTRUTURADO POR TUBOS DE ACO GALVANIZADO, (MONTANTES COM DIAMETRO 2\", TRAVESSAS E ESCORAS COM DIÂMETRO 1 ¼\u0094), COM TELA DE ARAME GALVANIZADO, FIO 14 BWG E MALHA QUADRADA 5X5CM (EXCETO MURETA). AF_03/2021","M2","ATRIBUÍDO SÃO PAULO","196,89","ENCARGOS COMPLEMENTARES REFERENCIAL"]
["102363","ALAMBRADO PARA QUADRA POLIESPORTIVA, ESTRUTURADO POR TUBOS DE ACO GALVANIZADO, (MONTANTES COM DIAMETRO 2\", TRAVESSAS E ESCORAS COM DIÂMETRO 1 ¼\u0094), COM TELA DE ARAME GALVANIZADO, FIO 12 BWG E MALHA QUADRADA 5X5CM (EXCETO MURETA). AF_03/2021","M2","ATRIBUÍDO SÃO PAULO","208,69","ENCARGOS COMPLEMENTARES REFERENCIAL"]
["102364","ALAMBRADO PARA QUADRA POLIESPORTIVA, ESTRUTURADO POR TUBOS DE ACO GALVANIZADO, (MONTANTES COM DIAMETRO 2\", TRAVESSAS E ESCORAS COM DIÂMETRO 1 ¼\u0094), COM TELA DE ARAME GALVANIZADO, FIO 10 BWG E MALHA QUADRADA 5X5CM (EXCETO MURETA). AF_03/2021","M2","ATRIBUÍDO SÃO PAULO","230,08","ENCARGOS COMPLEMENTARES REFERENCIAL"]
["98509","PLANTIO DE ARBUSTO OU  CERCA VIVA. AF_05/2018","UN","COEFICIENTE DE REPRESENTATIVIDADE","37,75","ENCARGOS COMPLEMENTARES REFERENCIAL"]
["98510","PLANTIO DE ÁRVORE ORNAMENTAL COM ALTURA DE MUDA MENOR OU IGUAL A 2,00 M. AF_05/2018","UN","COEFICIENTE DE REPRESENTATIVIDADE","57,73","ENCARGOS COMPLEMENTARES REFERENCIAL"]
["98511","PLANTIO DE ÁRVORE ORNAMENTAL COM ALTURA DE MUDA MAIOR QUE 2,00 M E MENOR OU IGUAL A 4,00 M. AF_05/2018","UN","COEFICIENTE DE REPRESENTATIVIDADE","109,12","ENCARGOS COMPLEMENTARES REFERENCIAL"]
["98516","PLANTIO DE PALMEIRA COM ALTURA DE MUDA MENOR OU IGUAL A 2,00 M. AF_05/2018","UN","ATRIBUÍDO SÃO PAULO","278,50","ENCARGOS COMPLEMENTARES REFERENCIAL"]
["98519","REVOLVIMENTO E LIMPEZA MANUAL DE SOLO. AF_05/2018","M2","COEFICIENTE DE REPRESENTATIVIDADE","1,58","ENCARGOS COMPLEMENTARES REFERENCIAL"]
["98520","APLICAÇÃO DE ADUBO EM SOLO. AF_05/2018","M2","COEFICIENTE DE REPRESENTATIVIDADE","4,27","ENCARGOS COMPLEMENTARES REFERENCIAL"]
["98521","APLICAÇÃO DE CALCÁRIO PARA CORREÇÃO DO PH DO SOLO. AF_05/2018","M2","COEFICIENTE DE REPRESENTATIVIDADE","0,27","ENCARGOS COMPLEMENTARES REFERENCIAL"]
["98522","ALAMBRADO EM MOURÕES DE CONCRETO, COM TELA DE ARAME GALVANIZADO (INCLUSIVE MURETA EM CONCRETO). AF_05/2018","M","ATRIBUÍDO SÃO PAULO","140,81","ENCARGOS COMPLEMENTARES REFERENCIAL"]
["98524","LIMPEZA MANUAL DE VEGETAÇÃO EM TERRENO COM ENXADA.AF_05/2018","M2","COEFICIENTE DE REPRESENTATIVIDADE","2,63","ENCARGOS COMPLEMENTARES REFERENCIAL"]
["98503","PLANTIO DE GRAMA EM PAVIMENTO CONCREGRAMA. AF_05/2018","M2","COEFICIENTE DE REPRESENTATIVIDADE","17,39","ENCARGOS COMPLEMENTARES REFERENCIAL"]
["98504","PLANTIO DE GRAMA EM PLACAS. AF_05/2018","M2","COEFICIENTE DE REPRESENTATIVIDADE","11,40","ENCARGOS COMPLEMENTARES REFERENCIAL"]
["98505","PLANTIO DE FORRAÇÃO. AF_05/2018","M2","COEFICIENTE DE REPRESENTATIVIDADE","54,41","ENCARGOS COMPLEMENTARES REFERENCIAL"]
["98525","LIMPEZA MECANIZADA DE CAMADA VEGETAL, VEGETAÇÃO E PEQUENAS ÁRVORES (DIÂMETRO DE TRONCO MENOR QUE 0,20 M), COM TRATOR DE ESTEIRAS.AF_05/2018","M2","ATRIBUÍDO SÃO PAULO","0,31","ENCARGOS COMPLEMENTARES REFERENCIAL"]
["98526","REMOÇÃO DE RAÍZES REMANESCENTES DE TRONCO DE ÁRVORE COM DIÂMETRO MAIOR OU IGUAL A 0,20 M E MENOR QUE 0,40 M.AF_05/2018","UN","COEFICIENTE DE REPRESENTATIVIDADE","70,71","ENCARGOS COMPLEMENTARES REFERENCIAL"]
["98527","REMOÇÃO DE RAÍZES REMANESCENTES DE TRONCO DE ÁRVORE COM DIÂMETRO MAIOR OU IGUAL A 0,40 M E MENOR QUE 0,60 M.AF_05/2018","UN","COEFICIENTE DE REPRESENTATIVIDADE","152,26","ENCARGOS COMPLEMENTARES REFERENCIAL"]
["98528","REMOÇÃO DE RAÍZES REMANESCENTES DE TRONCO DE ÁRVORE COM DIÂMETRO MAIOR OU IGUAL A 0,60 M.AF_05/2018","UN","COEFICIENTE DE REPRESENTATIVIDADE","222,64","ENCARGOS COMPLEMENTARES REFERENCIAL"]
["98529","CORTE RASO E RECORTE DE ÁRVORE COM DIÂMETRO DE TRONCO MAIOR OU IGUAL A 0,20 M E MENOR QUE 0,40 M.AF_05/2018","UN","COEFICIENTE DE REPRESENTATIVIDADE","56,79","ENCARGOS COMPLEMENTARES REFERENCIAL"]
["98530","CORTE RASO E RECORTE DE ÁRVORE COM DIÂMETRO DE TRONCO MAIOR OU IGUAL A 0,40 M E MENOR QUE 0,60 M.AF_05/2018","UN","COEFICIENTE DE REPRESENTATIVIDADE","101,18","ENCARGOS COMPLEMENTARES REFERENCIAL"]
["98531","CORTE RASO E RECORTE DE ÁRVORE COM DIÂMETRO DE TRONCO MAIOR OU IGUAL A 0,60 M.AF_05/2018","UN","ATRIBUÍDO SÃO PAULO","239,71","ENCARGOS COMPLEMENTARES REFERENCIAL"]
["98532","PODA EM ALTURA DE ÁRVORE COM DIÂMETRO DE TRONCO MENOR QUE 0,20 M.AF_05/2018","UN","ATRIBUÍDO SÃO PAULO","85,17","ENCARGOS COMPLEMENTARES REFERENCIAL"]
["98533","PODA EM ALTURA DE ÁRVORE COM DIÂMETRO DE TRONCO MAIOR OU IGUAL A 0,20 M E MENOR QUE 0,40 M.AF_05/2018","UN","ATRIBUÍDO SÃO PAULO","232,21","ENCARGOS COMPLEMENTARES REFERENCIAL"]
["98534","PODA EM ALTURA DE ÁRVORE COM DIÂMETRO DE TRONCO MAIOR OU IGUAL A 0,40 M E MENOR QUE 0,60 M.AF_05/2018","UN","ATRIBUÍDO SÃO PAULO","596,17","ENCARGOS COMPLEMENTARES REFERENCIAL"]
["98535","PODA EM ALTURA DE ÁRVORE COM DIÂMETRO DE TRONCO MAIOR OU IGUAL A 0,60 M.AF_05/2018","UN","ATRIBUÍDO SÃO PAULO","941,43","ENCARGOS COMPLEMENTARES REFERENCIAL"]
["88238","AJUDANTE DE ARMADOR COM ENCARGOS COMPLEMENTARES","H","COEFICIENTE DE REPRESENTATIVIDADE","16,79","ENCARGOS COMPLEMENTARES REFERENCIAL"]
["88239","AJUDANTE DE CARPINTEIRO COM ENCARGOS COMPLEMENTARES","H","COEFICIENTE DE REPRESENTATIVIDADE","18,32","ENCARGOS COMPLEMENTARES REFERENCIAL"]
["88240","AJUDANTE DE ESTRUTURA METÁLICA COM ENCARGOS COMPLEMENTARES","H","COEFICIENTE DE REPRESENTATIVIDADE","17,78","ENCARGOS COMPLEMENTARES REFERENCIAL"]
["88241","AJUDANTE DE OPERAÇÃO EM GERAL COM ENCARGOS COMPLEMENTARES","H","COEFICIENTE DE REPRESENTATIVIDADE","17,19","ENCARGOS COMPLEMENTARES REFERENCIAL"]
["88242","AJUDANTE DE PEDREIRO COM ENCARGOS COMPLEMENTARES","H","COEFICIENTE DE REPRESENTATIVIDADE","15,59","ENCARGOS COMPLEMENTARES REFERENCIAL"]
["88243","AJUDANTE ESPECIALIZADO COM ENCARGOS COMPLEMENTARES","H","COEFICIENTE DE REPRESENTATIVIDADE","18,64","ENCARGOS COMPLEMENTARES REFERENCIAL"]
["88245","ARMADOR COM ENCARGOS COMPLEMENTARES","H","COEFICIENTE DE REPRESENTATIVIDADE","21,73","ENCARGOS COMPLEMENTARES REFERENCIAL"]
["88246","ASSENTADOR DE TUBOS COM ENCARGOS COMPLEMENTARES","H","COEFICIENTE DE REPRESENTATIVIDADE","24,40","ENCARGOS COMPLEMENTARES REFERENCIAL"]
["88247","AUXILIAR DE ELETRICISTA COM ENCARGOS COMPLEMENTARES","H","COEFICIENTE DE REPRESENTATIVIDADE","17,83","ENCARGOS COMPLEMENTARES REFERENCIAL"]
["88248","AUXILIAR DE ENCANADOR OU BOMBEIRO HIDRÁULICO COM ENCARGOS COMPLEMENTARES","H","COEFICIENTE DE REPRESENTATIVIDADE","14,92","ENCARGOS COMPLEMENTARES REFERENCIAL"]
["88249","AUXILIAR DE LABORATÓRIO COM ENCARGOS COMPLEMENTARES","H","COEFICIENTE DE REPRESENTATIVIDADE","20,57","ENCARGOS COMPLEMENTARES REFERENCIAL"]
["88250","AUXILIAR DE MECÂNICO COM ENCARGOS COMPLEMENTARES","H","COEFICIENTE DE REPRESENTATIVIDADE","18,13","ENCARGOS COMPLEMENTARES REFERENCIAL"]
["88251","AUXILIAR DE SERRALHEIRO COM ENCARGOS COMPLEMENTARES","H","COEFICIENTE DE REPRESENTATIVIDADE","17,60","ENCARGOS COMPLEMENTARES REFERENCIAL"]
["88252","AUXILIAR DE SERVIÇOS GERAIS COM ENCARGOS COMPLEMENTARES","H","COEFICIENTE DE REPRESENTATIVIDADE","16,36","ENCARGOS COMPLEMENTARES REFERENCIAL"]
["88253","AUXILIAR DE TOPÓGRAFO COM ENCARGOS COMPLEMENTARES","H","COEFICIENTE DE REPRESENTATIVIDADE","11,52","ENCARGOS COMPLEMENTARES REFERENCIAL"]
["88255","AUXILIAR TÉCNICO DE ENGENHARIA COM ENCARGOS COMPLEMENTARES","H","COEFICIENTE DE REPRESENTATIVIDADE","31,47","ENCARGOS COMPLEMENTARES REFERENCIAL"]
["88256","AZULEJISTA OU LADRILHISTA COM ENCARGOS COMPLEMENTARES","H","COEFICIENTE DE REPRESENTATIVIDADE","22,59","ENCARGOS COMPLEMENTARES REFERENCIAL"]
["88257","BLASTER, DINAMITADOR OU CABO DE FOGO COM ENCARGOS COMPLEMENTARES","H","COEFICIENTE DE REPRESENTATIVIDADE","22,64","ENCARGOS COMPLEMENTARES REFERENCIAL"]
["88258","CADASTRISTA DE REDES DE AGUA E ESGOTO COM ENCARGOS COMPLEMENTARES","H","COEFICIENTE DE REPRESENTATIVIDADE","14,34","ENCARGOS COMPLEMENTARES REFERENCIAL"]
["88260","CALCETEIRO COM ENCARGOS COMPLEMENTARES","H","COEFICIENTE DE REPRESENTATIVIDADE","19,63","ENCARGOS COMPLEMENTARES REFERENCIAL"]
["88261","CARPINTEIRO DE ESQUADRIA COM ENCARGOS COMPLEMENTARES","H","COEFICIENTE DE REPRESENTATIVIDADE","19,17","ENCARGOS COMPLEMENTARES REFERENCIAL"]
["88262","CARPINTEIRO DE FORMAS COM ENCARGOS COMPLEMENTARES","H","COLETADO","21,79","ENCARGOS COMPLEMENTARES REFERENCIAL"]
["88263","CAVOUQUEIRO OU OPERADOR PERFURATRIZ/ROMPEDOR COM ENCARGOS COMPLEMENTARES","H","COEFICIENTE DE REPRESENTATIVIDADE","17,31","ENCARGOS COMPLEMENTARES REFERENCIAL"]
["88264","ELETRICISTA COM ENCARGOS COMPLEMENTARES","H","COLETADO","23,07","ENCARGOS COMPLEMENTARES REFERENCIAL"]
["88265","ELETRICISTA INDUSTRIAL COM ENCARGOS COMPLEMENTARES","H","COEFICIENTE DE REPRESENTATIVIDADE","24,86","ENCARGOS COMPLEMENTARES REFERENCIAL"]
["88266","ELETROTÉCNICO COM ENCARGOS COMPLEMENTARES","H","COEFICIENTE DE REPRESENTATIVIDADE","26,51","ENCARGOS COMPLEMENTARES REFERENCIAL"]
["88267","ENCANADOR OU BOMBEIRO HIDRÁULICO COM ENCARGOS COMPLEMENTARES","H","COLETADO","19,02","ENCARGOS COMPLEMENTARES REFERENCIAL"]
["88269","GESSEIRO COM ENCARGOS COMPLEMENTARES","H","COEFICIENTE DE REPRESENTATIVIDADE","17,45","ENCARGOS COMPLEMENTARES REFERENCIAL"]
["88270","IMPERMEABILIZADOR COM ENCARGOS COMPLEMENTARES","H","COEFICIENTE DE REPRESENTATIVIDADE","20,64","ENCARGOS COMPLEMENTARES REFERENCIAL"]
["88272","MACARIQUEIRO COM ENCARGOS COMPLEMENTARES","H","COEFICIENTE DE REPRESENTATIVIDADE","21,66","ENCARGOS COMPLEMENTARES REFERENCIAL"]
["88273","MARCENEIRO COM ENCARGOS COMPLEMENTARES","H","COEFICIENTE DE REPRESENTATIVIDADE","22,19","ENCARGOS COMPLEMENTARES REFERENCIAL"]
["88274","MARMORISTA/GRANITEIRO COM ENCARGOS COMPLEMENTARES","H","COEFICIENTE DE REPRESENTATIVIDADE","22,57","ENCARGOS COMPLEMENTARES REFERENCIAL"]
["88275","MECÃNICO DE EQUIPAMENTOS PESADOS COM ENCARGOS COMPLEMENTARES","H","COEFICIENTE DE REPRESENTATIVIDADE","28,25","ENCARGOS COMPLEMENTARES REFERENCIAL"]
["88277","MONTADOR (TUBO AÇO/EQUIPAMENTOS) COM ENCARGOS COMPLEMENTARES","H","COEFICIENTE DE REPRESENTATIVIDADE","22,06","ENCARGOS COMPLEMENTARES REFERENCIAL"]
["88278","MONTADOR DE ESTRUTURA METÁLICA COM ENCARGOS COMPLEMENTARES","H","COEFICIENTE DE REPRESENTATIVIDADE","22,60","ENCARGOS COMPLEMENTARES REFERENCIAL"]
["88279","MONTADOR ELETROMECÃNICO COM ENCARGOS COMPLEMENTARES","H","COEFICIENTE DE REPRESENTATIVIDADE","31,07","ENCARGOS COMPLEMENTARES REFERENCIAL"]
["88281","MOTORISTA DE BASCULANTE COM ENCARGOS COMPLEMENTARES","H","COEFICIENTE DE REPRESENTATIVIDADE","20,74","ENCARGOS COMPLEMENTARES REFERENCIAL"]
["88282","MOTORISTA DE CAMINHÃO COM ENCARGOS COMPLEMENTARES","H","COEFICIENTE DE REPRESENTATIVIDADE","21,72","ENCARGOS COMPLEMENTARES REFERENCIAL"]
["88283","MOTORISTA DE CAMINHÃO E CARRETA COM ENCARGOS COMPLEMENTARES","H","COEFICIENTE DE REPRESENTATIVIDADE","27,47","ENCARGOS COMPLEMENTARES REFERENCIAL"]
["88284","MOTORISTA DE VEIÍCULO LEVE COM ENCARGOS COMPLEMENTARES","H","COEFICIENTE DE REPRESENTATIVIDADE","21,09","ENCARGOS COMPLEMENTARES REFERENCIAL"]
["88285","MOTORISTA DE VEÍCULO PESADO COM ENCARGOS COMPLEMENTARES","H","COEFICIENTE DE REPRESENTATIVIDADE","24,27","ENCARGOS COMPLEMENTARES REFERENCIAL"]
["88286","MOTORISTA OPERADOR DE MUNCK COM ENCARGOS COMPLEMENTARES","H","COEFICIENTE DE REPRESENTATIVIDADE","24,63","ENCARGOS COMPLEMENTARES REFERENCIAL"]
["88288","NIVELADOR COM ENCARGOS COMPLEMENTARES","H","COEFICIENTE DE REPRESENTATIVIDADE","14,20","ENCARGOS COMPLEMENTARES REFERENCIAL"]
["88291","OPERADOR DE BETONEIRA (CAMINHÃO) COM ENCARGOS COMPLEMENTARES","H","COEFICIENTE DE REPRESENTATIVIDADE","20,05","ENCARGOS COMPLEMENTARES REFERENCIAL"]
["88292","OPERADOR DE COMPRESSOR OU COMPRESSORISTA COM ENCARGOS COMPLEMENTARES","H","COEFICIENTE DE REPRESENTATIVIDADE","22,66","ENCARGOS COMPLEMENTARES REFERENCIAL"]
["88293","OPERADOR DE DEMARCADORA DE FAIXAS COM ENCARGOS COMPLEMENTARES","H","COEFICIENTE DE REPRESENTATIVIDADE","23,64","ENCARGOS COMPLEMENTARES REFERENCIAL"]
["88294","OPERADOR DE ESCAVADEIRA COM ENCARGOS COMPLEMENTARES","H","COLETADO","25,53","ENCARGOS COMPLEMENTARES REFERENCIAL"]
["88295","OPERADOR DE GUINCHO COM ENCARGOS COMPLEMENTARES","H","COEFICIENTE DE REPRESENTATIVIDADE","21,23","ENCARGOS COMPLEMENTARES REFERENCIAL"]
["88296","OPERADOR DE GUINDASTE COM ENCARGOS COMPLEMENTARES","H","COEFICIENTE DE REPRESENTATIVIDADE","35,69","ENCARGOS COMPLEMENTARES REFERENCIAL"]
["88297","OPERADOR DE MÁQUINAS E EQUIPAMENTOS COM ENCARGOS COMPLEMENTARES","H","COEFICIENTE DE REPRESENTATIVIDADE","24,38","ENCARGOS COMPLEMENTARES REFERENCIAL"]
["88298","OPERADOR DE MARTELETE OU MARTELETEIRO COM ENCARGOS COMPLEMENTARES","H","COEFICIENTE DE REPRESENTATIVIDADE","14,30","ENCARGOS COMPLEMENTARES REFERENCIAL"]
["88299","OPERADOR DE MOTO-ESCREIPER COM ENCARGOS COMPLEMENTARES","H","COEFICIENTE DE REPRESENTATIVIDADE","23,97","ENCARGOS COMPLEMENTARES REFERENCIAL"]
["88300","OPERADOR DE MOTONIVELADORA COM ENCARGOS COMPLEMENTARES","H","COEFICIENTE DE REPRESENTATIVIDADE","28,36","ENCARGOS COMPLEMENTARES REFERENCIAL"]
["88301","OPERADOR DE PÁ CARREGADEIRA COM ENCARGOS COMPLEMENTARES","H","COEFICIENTE DE REPRESENTATIVIDADE","23,27","ENCARGOS COMPLEMENTARES REFERENCIAL"]
["88302","OPERADOR DE PAVIMENTADORA COM ENCARGOS COMPLEMENTARES","H","COEFICIENTE DE REPRESENTATIVIDADE","24,59","ENCARGOS COMPLEMENTARES REFERENCIAL"]
["88303","OPERADOR DE ROLO COMPACTADOR COM ENCARGOS COMPLEMENTARES","H","COEFICIENTE DE REPRESENTATIVIDADE","19,63","ENCARGOS COMPLEMENTARES REFERENCIAL"]
["88304","OPERADOR DE USINA DE ASFALTO, DE SOLOS OU DE CONCRETO COM ENCARGOS COMPLEMENTARES","H","COEFICIENTE DE REPRESENTATIVIDADE","21,76","ENCARGOS COMPLEMENTARES REFERENCIAL"]
["88306","OPERADOR JATO DE AREIA OU JATISTA COM ENCARGOS COMPLEMENTARES","H","COEFICIENTE DE REPRESENTATIVIDADE","23,32","ENCARGOS COMPLEMENTARES REFERENCIAL"]
["88307","OPERADOR PARA BATE ESTACAS COM ENCARGOS COMPLEMENTARES","H","COEFICIENTE DE REPRESENTATIVIDADE","25,61","ENCARGOS COMPLEMENTARES REFERENCIAL"]
["88308","PASTILHEIRO COM ENCARGOS COMPLEMENTARES","H","COEFICIENTE DE REPRESENTATIVIDADE","22,57","ENCARGOS COMPLEMENTARES REFERENCIAL"]
["88309","PEDREIRO COM ENCARGOS COMPLEMENTARES","H","COLETADO","21,84","ENCARGOS COMPLEMENTARES REFERENCIAL"]
["88310","PINTOR COM ENCARGOS COMPLEMENTARES","H","COLETADO","22,83","ENCARGOS COMPLEMENTARES REFERENCIAL"]
["88311","PINTOR DE LETREIROS COM ENCARGOS COMPLEMENTARES","H","COEFICIENTE DE REPRESENTATIVIDADE","28,02","ENCARGOS COMPLEMENTARES REFERENCIAL"]
["88312","PINTOR PARA TINTA EPÓXI COM ENCARGOS COMPLEMENTARES","H","COEFICIENTE DE REPRESENTATIVIDADE","24,06","ENCARGOS COMPLEMENTARES REFERENCIAL"]
["88313","POCEIRO COM ENCARGOS COMPLEMENTARES","H","COEFICIENTE DE REPRESENTATIVIDADE","20,23","ENCARGOS COMPLEMENTARES REFERENCIAL"]
["88314","RASTELEIRO COM ENCARGOS COMPLEMENTARES","H","COEFICIENTE DE REPRESENTATIVIDADE","18,06","ENCARGOS COMPLEMENTARES REFERENCIAL"]
["88315","SERRALHEIRO COM ENCARGOS COMPLEMENTARES","H","COEFICIENTE DE REPRESENTATIVIDADE","21,73","ENCARGOS COMPLEMENTARES REFERENCIAL"]
["88316","SERVENTE COM ENCARGOS COMPLEMENTARES","H","COLETADO","15,66","ENCARGOS COMPLEMENTARES REFERENCIAL"]
["88317","SOLDADOR COM ENCARGOS COMPLEMENTARES","H","COLETADO","22,57","ENCARGOS COMPLEMENTARES REFERENCIAL"]
["88318","SOLDADOR A (PARA SOLDA A SER TESTADA COM RAIOS \"X\") COM ENCARGOS COMPLEMENTARES","H","COEFICIENTE DE REPRESENTATIVIDADE","24,04","ENCARGOS COMPLEMENTARES REFERENCIAL"]
["88320","TAQUEADOR OU TAQUEIRO COM ENCARGOS COMPLEMENTARES","H","COEFICIENTE DE REPRESENTATIVIDADE","25,52","ENCARGOS COMPLEMENTARES REFERENCIAL"]
["88321","TÉCNICO DE LABORATÓRIO COM ENCARGOS COMPLEMENTARES","H","COEFICIENTE DE REPRESENTATIVIDADE","35,10","ENCARGOS COMPLEMENTARES REFERENCIAL"]
["88322","TÉCNICO DE SONDAGEM COM ENCARGOS COMPLEMENTARES","H","COEFICIENTE DE REPRESENTATIVIDADE","24,08","ENCARGOS COMPLEMENTARES REFERENCIAL"]
["88323","TELHADISTA COM ENCARGOS COMPLEMENTARES","H","COEFICIENTE DE REPRESENTATIVIDADE","19,85","ENCARGOS COMPLEMENTARES REFERENCIAL"]
["88324","TRATORISTA COM ENCARGOS COMPLEMENTARES","H","COEFICIENTE DE REPRESENTATIVIDADE","26,44","ENCARGOS COMPLEMENTARES REFERENCIAL"]
["88325","VIDRACEIRO COM ENCARGOS COMPLEMENTARES","H","COEFICIENTE DE REPRESENTATIVIDADE","21,01","ENCARGOS COMPLEMENTARES REFERENCIAL"]
["88326","VIGIA NOTURNO COM ENCARGOS COMPLEMENTARES","H","COEFICIENTE DE REPRESENTATIVIDADE","19,91","ENCARGOS COMPLEMENTARES REFERENCIAL"]
["88377","OPERADOR DE BETONEIRA ESTACIONÁRIA/MISTURADOR COM ENCARGOS COMPLEMENTARES","H","COEFICIENTE DE REPRESENTATIVIDADE","19,52","ENCARGOS COMPLEMENTARES REFERENCIAL"]
["88441","JARDINEIRO COM ENCARGOS COMPLEMENTARES","H","COEFICIENTE DE REPRESENTATIVIDADE","21,12","ENCARGOS COMPLEMENTARES REFERENCIAL"]
["88597","DESENHISTA DETALHISTA COM ENCARGOS COMPLEMENTARES","H","COEFICIENTE DE REPRESENTATIVIDADE","43,80","ENCARGOS COMPLEMENTARES REFERENCIAL"]
["90766","ALMOXARIFE COM ENCARGOS COMPLEMENTARES","H","COLETADO","20,07","ENCARGOS COMPLEMENTARES REFERENCIAL"]
["90767","APONTADOR OU APROPRIADOR COM ENCARGOS COMPLEMENTARES","H","COEFICIENTE DE REPRESENTATIVIDADE","21,10","ENCARGOS COMPLEMENTARES REFERENCIAL"]
["90768","ARQUITETO DE OBRA JUNIOR COM ENCARGOS COMPLEMENTARES","H","COEFICIENTE DE REPRESENTATIVIDADE","59,99","ENCARGOS COMPLEMENTARES REFERENCIAL"]
["90769","ARQUITETO DE OBRA PLENO COM ENCARGOS COMPLEMENTARES","H","COEFICIENTE DE REPRESENTATIVIDADE","84,74","ENCARGOS COMPLEMENTARES REFERENCIAL"]
["90770","ARQUITETO DE OBRA SENIOR COM ENCARGOS COMPLEMENTARES","H","COEFICIENTE DE REPRESENTATIVIDADE","111,65","ENCARGOS COMPLEMENTARES REFERENCIAL"]
["90771","AUXILIAR DE DESENHISTA COM ENCARGOS COMPLEMENTARES","H","COEFICIENTE DE REPRESENTATIVIDADE","30,47","ENCARGOS COMPLEMENTARES REFERENCIAL"]
["90772","AUXILIAR DE ESCRITORIO COM ENCARGOS COMPLEMENTARES","H","COEFICIENTE DE REPRESENTATIVIDADE","15,07","ENCARGOS COMPLEMENTARES REFERENCIAL"]
["90773","DESENHISTA COPISTA COM ENCARGOS COMPLEMENTARES","H","COEFICIENTE DE REPRESENTATIVIDADE","25,60","ENCARGOS COMPLEMENTARES REFERENCIAL"]
["90775","DESENHISTA PROJETISTA COM ENCARGOS COMPLEMENTARES","H","COEFICIENTE DE REPRESENTATIVIDADE","33,73","ENCARGOS COMPLEMENTARES REFERENCIAL"]
["90776","ENCARREGADO GERAL COM ENCARGOS COMPLEMENTARES","H","COLETADO","31,51","ENCARGOS COMPLEMENTARES REFERENCIAL"]
["90777","ENGENHEIRO CIVIL DE OBRA JUNIOR COM ENCARGOS COMPLEMENTARES","H","COLETADO","81,36","ENCARGOS COMPLEMENTARES REFERENCIAL"]
["90778","ENGENHEIRO CIVIL DE OBRA PLENO COM ENCARGOS COMPLEMENTARES","H","COEFICIENTE DE REPRESENTATIVIDADE","92,43","ENCARGOS COMPLEMENTARES REFERENCIAL"]
["90779","ENGENHEIRO CIVIL DE OBRA SENIOR COM ENCARGOS COMPLEMENTARES","H","COEFICIENTE DE REPRESENTATIVIDADE","125,93","ENCARGOS COMPLEMENTARES REFERENCIAL"]
["90780","MESTRE DE OBRAS COM ENCARGOS COMPLEMENTARES","H","COEFICIENTE DE REPRESENTATIVIDADE","46,98","ENCARGOS COMPLEMENTARES REFERENCIAL"]
["90781","TOPOGRAFO COM ENCARGOS COMPLEMENTARES","H","COLETADO","26,48","ENCARGOS COMPLEMENTARES REFERENCIAL"]
["91677","ENGENHEIRO ELETRICISTA COM ENCARGOS COMPLEMENTARES","H","COEFICIENTE DE REPRESENTATIVIDADE","87,54","ENCARGOS COMPLEMENTARES REFERENCIAL"]
["91678","ENGENHEIRO SANITARISTA COM ENCARGOS COMPLEMENTARES","H","COEFICIENTE DE REPRESENTATIVIDADE","83,04","ENCARGOS COMPLEMENTARES REFERENCIAL"]
["93558","MOTORISTA DE CAMINHAO COM ENCARGOS COMPLEMENTARES","MES","COEFICIENTE DE REPRESENTATIVIDADE","3.872,45","ENCARGOS COMPLEMENTARES REFERENCIAL"]
["93559","DESENHISTA DETALHISTA COM ENCARGOS COMPLEMENTARES","MES","COEFICIENTE DE REPRESENTATIVIDADE","7.706,15","ENCARGOS COMPLEMENTARES REFERENCIAL"]
["93560","DESENHISTA COPISTA COM ENCARGOS COMPLEMENTARES","MES","COEFICIENTE DE REPRESENTATIVIDADE","4.510,99","ENCARGOS COMPLEMENTARES REFERENCIAL"]
["93561","DESENHISTA PROJETISTA COM ENCARGOS COMPLEMENTARES","MES","COEFICIENTE DE REPRESENTATIVIDADE","5.938,19","ENCARGOS COMPLEMENTARES REFERENCIAL"]
["93562","AUXILIAR DE DESENHISTA COM ENCARGOS COMPLEMENTARES","MES","COEFICIENTE DE REPRESENTATIVIDADE","5.366,75","ENCARGOS COMPLEMENTARES REFERENCIAL"]
["93563","ALMOXARIFE COM ENCARGOS COMPLEMENTARES","MES","COEFICIENTE DE REPRESENTATIVIDADE","3.540,87","ENCARGOS COMPLEMENTARES REFERENCIAL"]
["93564","APONTADOR OU APROPRIADOR COM ENCARGOS COMPLEMENTARES","MES","COEFICIENTE DE REPRESENTATIVIDADE","3.714,23","ENCARGOS COMPLEMENTARES REFERENCIAL"]
["93565","ENGENHEIRO CIVIL DE OBRA JUNIOR COM ENCARGOS COMPLEMENTARES","MES","COEFICIENTE DE REPRESENTATIVIDADE","14.274,35","ENCARGOS COMPLEMENTARES REFERENCIAL"]
["93566","AUXILIAR DE ESCRITORIO COM ENCARGOS COMPLEMENTARES","MES","COEFICIENTE DE REPRESENTATIVIDADE","2.663,35","ENCARGOS COMPLEMENTARES REFERENCIAL"]
["93567","ENGENHEIRO CIVIL DE OBRA PLENO COM ENCARGOS COMPLEMENTARES","MES","COEFICIENTE DE REPRESENTATIVIDADE","16.216,79","ENCARGOS COMPLEMENTARES REFERENCIAL"]
["93568","ENGENHEIRO CIVIL DE OBRA SENIOR COM ENCARGOS COMPLEMENTARES","MES","COEFICIENTE DE REPRESENTATIVIDADE","22.087,32","ENCARGOS COMPLEMENTARES REFERENCIAL"]
["93569","ARQUITETO JUNIOR COM ENCARGOS COMPLEMENTARES","MES","COEFICIENTE DE REPRESENTATIVIDADE","10.543,41","ENCARGOS COMPLEMENTARES REFERENCIAL"]
["93570","ARQUITETO PLENO COM ENCARGOS COMPLEMENTARES","MES","COEFICIENTE DE REPRESENTATIVIDADE","14.883,68","ENCARGOS COMPLEMENTARES REFERENCIAL"]
["93571","ARQUITETO SENIOR COM ENCARGOS COMPLEMENTARES","MES","COEFICIENTE DE REPRESENTATIVIDADE","19.606,81","ENCARGOS COMPLEMENTARES REFERENCIAL"]
["93572","ENCARREGADO GERAL DE OBRAS COM ENCARGOS COMPLEMENTARES","MES","COEFICIENTE DE REPRESENTATIVIDADE","5.540,26","ENCARGOS COMPLEMENTARES REFERENCIAL"]
["94295","MESTRE DE OBRAS COM ENCARGOS COMPLEMENTARES","MES","COEFICIENTE DE REPRESENTATIVIDADE","8.249,75","ENCARGOS COMPLEMENTARES REFERENCIAL"]
["94296","TOPOGRAFO COM ENCARGOS COMPLEMENTARES","MES","COEFICIENTE DE REPRESENTATIVIDADE","4.662,66","ENCARGOS COMPLEMENTARES REFERENCIAL"]
["95308","CURSO DE CAPACITAÇÃO PARA AJUDANTE DE ARMADOR (ENCARGOS COMPLEMENTARES) - HORISTA","H","COEFICIENTE DE REPRESENTATIVIDADE","0,09","ENCARGOS COMPLEMENTARES REFERENCIAL"]
["95309","CURSO DE CAPACITAÇÃO PARA AJUDANTE DE CARPINTEIRO (ENCARGOS COMPLEMENTARES) - HORISTA","H","COEFICIENTE DE REPRESENTATIVIDADE","0,13","ENCARGOS COMPLEMENTARES REFERENCIAL"]
["95310","CURSO DE CAPACITAÇÃO PARA AJUDANTE DE ESTRUTURA METÁLICA (ENCARGOS COMPLEMENTARES) - HORISTA","H","COEFICIENTE DE REPRESENTATIVIDADE","0,10","ENCARGOS COMPLEMENTARES REFERENCIAL"]
["95311","CURSO DE CAPACITAÇÃO PARA AJUDANTE DE OPERAÇÃO EM GERAL (ENCARGOS COMPLEMENTARES) - HORISTA","H","COEFICIENTE DE REPRESENTATIVIDADE","0,09","ENCARGOS COMPLEMENTARES REFERENCIAL"]
["95312","CURSO DE CAPACITAÇÃO PARA AJUDANTE DE PEDREIRO (ENCARGOS COMPLEMENTARES) - HORISTA","H","COEFICIENTE DE REPRESENTATIVIDADE","0,10","ENCARGOS COMPLEMENTARES REFERENCIAL"]
["95313","CURSO DE CAPACITAÇÃO PARA AJUDANTE ESPECIALIZADO (ENCARGOS COMPLEMENTARES) - HORISTA","H","COEFICIENTE DE REPRESENTATIVIDADE","0,10","ENCARGOS COMPLEMENTARES REFERENCIAL"]
["95314","CURSO DE CAPACITAÇÃO PARA ARMADOR (ENCARGOS COMPLEMENTARES) - HORISTA","H","COEFICIENTE DE REPRESENTATIVIDADE","0,13","ENCARGOS COMPLEMENTARES REFERENCIAL"]
["95315","CURSO DE CAPACITAÇÃO PARA ASSENTADOR DE TUBOS (ENCARGOS COMPLEMENTARES) - HORISTA","H","COEFICIENTE DE REPRESENTATIVIDADE","0,20","ENCARGOS COMPLEMENTARES REFERENCIAL"]
["95316","CURSO DE CAPACITAÇÃO PARA AUXILIAR DE ELETRICISTA (ENCARGOS COMPLEMENTARES) - HORISTA","H","COEFICIENTE DE REPRESENTATIVIDADE","0,32","ENCARGOS COMPLEMENTARES REFERENCIAL"]
["95317","CURSO DE CAPACITAÇÃO PARA AUXILIAR DE ENCANADOR OU BOMBEIRO HIDRÁULICO (ENCARGOS COMPLEMENTARES) - HORISTA","H","COEFICIENTE DE REPRESENTATIVIDADE","0,12","ENCARGOS COMPLEMENTARES REFERENCIAL"]
["95318","CURSO DE CAPACITAÇÃO PARA AUXILIAR DE LABORATÓRIO (ENCARGOS COMPLEMENTARES) - HORISTA","H","COEFICIENTE DE REPRESENTATIVIDADE","0,11","ENCARGOS COMPLEMENTARES REFERENCIAL"]
["95319","CURSO DE CAPACITAÇÃO PARA AUXILIAR DE MECÂNICO (ENCARGOS COMPLEMENTARES) - HORISTA","H","COEFICIENTE DE REPRESENTATIVIDADE","0,11","ENCARGOS COMPLEMENTARES REFERENCIAL"]
["95320","CURSO DE CAPACITAÇÃO PARA AUXILIAR DE SERRALHEIRO (ENCARGOS COMPLEMENTARES) - HORISTA","H","COEFICIENTE DE REPRESENTATIVIDADE","0,09","ENCARGOS COMPLEMENTARES REFERENCIAL"]
["95321","CURSO DE CAPACITAÇÃO PARA AUXILIAR DE SERVIÇOS GERAIS (ENCARGOS COMPLEMENTARES) - HORISTA","H","COEFICIENTE DE REPRESENTATIVIDADE","0,08","ENCARGOS COMPLEMENTARES REFERENCIAL"]
["95322","CURSO DE CAPACITAÇÃO PARA AUXILIAR DE TOPÓGRAFO (ENCARGOS COMPLEMENTARES) - HORISTA","H","COEFICIENTE DE REPRESENTATIVIDADE","0,06","ENCARGOS COMPLEMENTARES REFERENCIAL"]
["95323","CURSO DE CAPACITAÇÃO PARA AUXILIAR TÉCNICO DE ENGENHARIA (ENCARGOS COMPLEMENTARES) - HORISTA","H","COEFICIENTE DE REPRESENTATIVIDADE","0,17","ENCARGOS COMPLEMENTARES REFERENCIAL"]
["95324","CURSO DE CAPACITAÇÃO PARA AZULEJISTA OU LADRILHISTA (ENCARGOS COMPLEMENTARES) - HORISTA","H","COEFICIENTE DE REPRESENTATIVIDADE","0,17","ENCARGOS COMPLEMENTARES REFERENCIAL"]
["95325","CURSO DE CAPACITAÇÃO PARA BLASTER, DINAMITADOR OU CABO DE FOGO (ENCARGOS COMPLEMENTARES) - HORISTA","H","COEFICIENTE DE REPRESENTATIVIDADE","0,22","ENCARGOS COMPLEMENTARES REFERENCIAL"]
["95326","CURSO DE CAPACITAÇÃO PARA CADASTRISTA DE REDES DE AGUA E ESGOTO (ENCARGOS COMPLEMENTARES) - HORISTA","H","COEFICIENTE DE REPRESENTATIVIDADE","0,04","ENCARGOS COMPLEMENTARES REFERENCIAL"]
["95328","CURSO DE CAPACITAÇÃO PARA CALCETEIRO (ENCARGOS COMPLEMENTARES) - HORISTA","H","COEFICIENTE DE REPRESENTATIVIDADE","0,11","ENCARGOS COMPLEMENTARES REFERENCIAL"]
["95329","CURSO DE CAPACITAÇÃO PARA CARPINTEIRO DE ESQUADRIA (ENCARGOS COMPLEMENTARES) - HORISTA","H","COEFICIENTE DE REPRESENTATIVIDADE","0,14","ENCARGOS COMPLEMENTARES REFERENCIAL"]
["95330","CURSO DE CAPACITAÇÃO PARA CARPINTEIRO DE FÔRMAS (ENCARGOS COMPLEMENTARES) - HORISTA","H","COLETADO","0,13","ENCARGOS COMPLEMENTARES REFERENCIAL"]
["95331","CURSO DE CAPACITAÇÃO PARA CAVOUQUEIRO OU OPERADOR PERFURATRIZ/ROMPEDOR (ENCARGOS COMPLEMENTARES) - HORISTA","H","COEFICIENTE DE REPRESENTATIVIDADE","0,10","ENCARGOS COMPLEMENTARES REFERENCIAL"]
["95332","CURSO DE CAPACITAÇÃO PARA ELETRICISTA (ENCARGOS COMPLEMENTARES) - HORISTA","H","COLETADO","0,45","ENCARGOS COMPLEMENTARES REFERENCIAL"]
["95333","CURSO DE CAPACITAÇÃO PARA ELETRICISTA INDUSTRIAL (ENCARGOS COMPLEMENTARES) - HORISTA","H","COEFICIENTE DE REPRESENTATIVIDADE","0,50","ENCARGOS COMPLEMENTARES REFERENCIAL"]
["95334","CURSO DE CAPACITAÇÃO PARA ELETROTÉCNICO (ENCARGOS COMPLEMENTARES) - HORISTA","H","COEFICIENTE DE REPRESENTATIVIDADE","0,45","ENCARGOS COMPLEMENTARES REFERENCIAL"]
["95335","CURSO DE CAPACITAÇÃO PARA ENCANADOR OU BOMBEIRO HIDRÁULICO (ENCARGOS COMPLEMENTARES) - HORISTA","H","COLETADO","0,17","ENCARGOS COMPLEMENTARES REFERENCIAL"]
["95337","CURSO DE CAPACITAÇÃO PARA GESSEIRO (ENCARGOS COMPLEMENTARES) - HORISTA","H","COEFICIENTE DE REPRESENTATIVIDADE","0,09","ENCARGOS COMPLEMENTARES REFERENCIAL"]
["95338","CURSO DE CAPACITAÇÃO PARA IMPERMEABILIZADOR (ENCARGOS COMPLEMENTARES) - HORISTA","H","COEFICIENTE DE REPRESENTATIVIDADE","0,22","ENCARGOS COMPLEMENTARES REFERENCIAL"]
["95339","CURSO DE CAPACITAÇÃO PARA MAÇARIQUEIRO (ENCARGOS COMPLEMENTARES) - HORISTA","H","COEFICIENTE DE REPRESENTATIVIDADE","0,19","ENCARGOS COMPLEMENTARES REFERENCIAL"]
["95340","CURSO DE CAPACITAÇÃO PARA MARCENEIRO (ENCARGOS COMPLEMENTARES) - HORISTA","H","COEFICIENTE DE REPRESENTATIVIDADE","0,17","ENCARGOS COMPLEMENTARES REFERENCIAL"]
["95341","CURSO DE CAPACITAÇÃO PARA MARMORISTA/GRANITEIRO (ENCARGOS COMPLEMENTARES) - HORISTA","H","COEFICIENTE DE REPRESENTATIVIDADE","0,17","ENCARGOS COMPLEMENTARES REFERENCIAL"]
["95342","CURSO DE CAPACITAÇÃO PARA MECÂNICO DE EQUIPAMENTOS PESADOS (ENCARGOS COMPLEMENTARES) - HORISTA","H","COEFICIENTE DE REPRESENTATIVIDADE","0,13","ENCARGOS COMPLEMENTARES REFERENCIAL"]
["95343","CURSO DE CAPACITAÇÃO PARA MONTADOR  DE TUBO AÇO/EQUIPAMENTOS (ENCARGOS COMPLEMENTARES) - HORISTA","H","COEFICIENTE DE REPRESENTATIVIDADE","0,18","ENCARGOS COMPLEMENTARES REFERENCIAL"]
["95344","CURSO DE CAPACITAÇÃO PARA MONTADOR DE ESTRUTURA METÁLICA (ENCARGOS COMPLEMENTARES) - HORISTA","H","COEFICIENTE DE REPRESENTATIVIDADE","0,14","ENCARGOS COMPLEMENTARES REFERENCIAL"]
["95345","CURSO DE CAPACITAÇÃO PARA MONTADOR ELETROMECÂNICO (ENCARGOS COMPLEMENTARES) - HORISTA","H","COEFICIENTE DE REPRESENTATIVIDADE","0,55","ENCARGOS COMPLEMENTARES REFERENCIAL"]
["95346","CURSO DE CAPACITAÇÃO PARA MOTORISTA DE BASCULANTE (ENCARGOS COMPLEMENTARES) - HORISTA","H","COEFICIENTE DE REPRESENTATIVIDADE","0,05","ENCARGOS COMPLEMENTARES REFERENCIAL"]
["95347","CURSO DE CAPACITAÇÃO PARA MOTORISTA DE CAMINHÃO (ENCARGOS COMPLEMENTARES) - HORISTA","H","COEFICIENTE DE REPRESENTATIVIDADE","0,06","ENCARGOS COMPLEMENTARES REFERENCIAL"]
["95348","CURSO DE CAPACITAÇÃO PARA MOTORISTA DE CAMINHÃO E CARRETA (ENCARGOS COMPLEMENTARES) - HORISTA","H","COEFICIENTE DE REPRESENTATIVIDADE","0,08","ENCARGOS COMPLEMENTARES REFERENCIAL"]
["95349","CURSO DE CAPACITAÇÃO PARA MOTORISTA DE VEÍCULO LEVE (ENCARGOS COMPLEMENTARES) - HORISTA","H","COEFICIENTE DE REPRESENTATIVIDADE","0,05","ENCARGOS COMPLEMENTARES REFERENCIAL"]
["95350","CURSO DE CAPACITAÇÃO PARA MOTORISTA DE VEÍCULO PESADO (ENCARGOS COMPLEMENTARES) - HORISTA","H","COEFICIENTE DE REPRESENTATIVIDADE","0,07","ENCARGOS COMPLEMENTARES REFERENCIAL"]
["95351","CURSO DE CAPACITAÇÃO PARA MOTORISTA OPERADOR DE MUNCK (ENCARGOS COMPLEMENTARES) - HORISTA","H","COEFICIENTE DE REPRESENTATIVIDADE","0,23","ENCARGOS COMPLEMENTARES REFERENCIAL"]
["95352","CURSO DE CAPACITAÇÃO PARA NIVELADOR (ENCARGOS COMPLEMENTARES) - HORISTA","H","COEFICIENTE DE REPRESENTATIVIDADE","0,07","ENCARGOS COMPLEMENTARES REFERENCIAL"]
["95354","CURSO DE CAPACITAÇÃO PARA OPERADOR DE BETONEIRA (CAMINHÃO) (ENCARGOS COMPLEMENTARES) - HORISTA","H","COEFICIENTE DE REPRESENTATIVIDADE","0,09","ENCARGOS COMPLEMENTARES REFERENCIAL"]
["95355","CURSO DE CAPACITAÇÃO PARA OPERADOR DE COMPRESSOR OU COMPRESSORISTA (ENCARGOS COMPLEMENTARES) - HORISTA","H","COEFICIENTE DE REPRESENTATIVIDADE","0,10","ENCARGOS COMPLEMENTARES REFERENCIAL"]
["95356","CURSO DE CAPACITAÇÃO PARA OPERADOR DE DEMARCADORA DE FAIXAS (ENCARGOS COMPLEMENTARES) - HORISTA","H","COEFICIENTE DE REPRESENTATIVIDADE","0,11","ENCARGOS COMPLEMENTARES REFERENCIAL"]
["95357","CURSO DE CAPACITAÇÃO PARA OPERADOR DE ESCAVADEIRA (ENCARGOS COMPLEMENTARES) - HORISTA","H","COLETADO","0,17","ENCARGOS COMPLEMENTARES REFERENCIAL"]
["95358","CURSO DE CAPACITAÇÃO PARA OPERADOR DE GUINCHO (ENCARGOS COMPLEMENTARES) - HORISTA","H","COEFICIENTE DE REPRESENTATIVIDADE","0,19","ENCARGOS COMPLEMENTARES REFERENCIAL"]
["95359","CURSO DE CAPACITAÇÃO PARA OPERADOR DE GUINDASTE (ENCARGOS COMPLEMENTARES) - HORISTA","H","COEFICIENTE DE REPRESENTATIVIDADE","0,36","ENCARGOS COMPLEMENTARES REFERENCIAL"]
["95360","CURSO DE CAPACITAÇÃO PARA OPERADOR DE MÁQUINAS E EQUIPAMENTOS (ENCARGOS COMPLEMENTARES) - HORISTA","H","COEFICIENTE DE REPRESENTATIVIDADE","0,16","ENCARGOS COMPLEMENTARES REFERENCIAL"]
["95361","CURSO DE CAPACITAÇÃO PARA OPERADOR DE MARTELETE OU MARTELETEIRO (ENCARGOS COMPLEMENTARES) - HORISTA","H","COEFICIENTE DE REPRESENTATIVIDADE","0,05","ENCARGOS COMPLEMENTARES REFERENCIAL"]
["95362","CURSO DE CAPACITAÇÃO PARA OPERADOR DE MOTO-ESCREIPER (ENCARGOS COMPLEMENTARES) - HORISTA","H","COEFICIENTE DE REPRESENTATIVIDADE","0,11","ENCARGOS COMPLEMENTARES REFERENCIAL"]
["95363","CURSO DE CAPACITAÇÃO PARA OPERADOR DE MOTONIVELADORA (ENCARGOS COMPLEMENTARES) - HORISTA","H","COEFICIENTE DE REPRESENTATIVIDADE","0,13","ENCARGOS COMPLEMENTARES REFERENCIAL"]
["95364","CURSO DE CAPACITAÇÃO PARA OPERADOR DE PÁ CARREGADEIRA (ENCARGOS COMPLEMENTARES) - HORISTA","H","COEFICIENTE DE REPRESENTATIVIDADE","0,10","ENCARGOS COMPLEMENTARES REFERENCIAL"]
["95365","CURSO DE CAPACITAÇÃO PARA OPERADOR DE PAVIMENTADORA (ENCARGOS COMPLEMENTARES) - HORISTA","H","COEFICIENTE DE REPRESENTATIVIDADE","0,11","ENCARGOS COMPLEMENTARES REFERENCIAL"]
["95366","CURSO DE CAPACITAÇÃO PARA OPERADOR DE ROLO COMPACTADOR (ENCARGOS COMPLEMENTARES) - HORISTA","H","COEFICIENTE DE REPRESENTATIVIDADE","0,08","ENCARGOS COMPLEMENTARES REFERENCIAL"]
["95367","CURSO DE CAPACITAÇÃO PARA OPERADOR DE USINA DE ASFALTO, DE SOLOS OU DE CONCRETO (ENCARGOS COMPLEMENTARES) - HORISTA","H","COEFICIENTE DE REPRESENTATIVIDADE","0,10","ENCARGOS COMPLEMENTARES REFERENCIAL"]
["95368","CURSO DE CAPACITAÇÃO PARA OPERADOR JATO DE AREIA OU JATISTA (ENCARGOS COMPLEMENTARES) - HORISTA","H","COEFICIENTE DE REPRESENTATIVIDADE","0,15","ENCARGOS COMPLEMENTARES REFERENCIAL"]
["95369","CURSO DE CAPACITAÇÃO PARA OPERADOR PARA BATE ESTACAS (ENCARGOS COMPLEMENTARES) - HORISTA","H","COEFICIENTE DE REPRESENTATIVIDADE","0,12","ENCARGOS COMPLEMENTARES REFERENCIAL"]
["95370","CURSO DE CAPACITAÇÃO PARA PASTILHEIRO (ENCARGOS COMPLEMENTARES) - HORISTA","H","COEFICIENTE DE REPRESENTATIVIDADE","0,17","ENCARGOS COMPLEMENTARES REFERENCIAL"]
["95371","CURSO DE CAPACITAÇÃO PARA PEDREIRO (ENCARGOS COMPLEMENTARES) - HORISTA","H","COLETADO","0,24","ENCARGOS COMPLEMENTARES REFERENCIAL"]
["95372","CURSO DE CAPACITAÇÃO PARA PINTOR (ENCARGOS COMPLEMENTARES) - HORISTA","H","COLETADO","0,16","ENCARGOS COMPLEMENTARES REFERENCIAL"]
["95373","CURSO DE CAPACITAÇÃO PARA PINTOR DE LETREIROS (ENCARGOS COMPLEMENTARES) - HORISTA","H","COEFICIENTE DE REPRESENTATIVIDADE","0,22","ENCARGOS COMPLEMENTARES REFERENCIAL"]
["95374","CURSO DE CAPACITAÇÃO PARA PINTOR PARA TINTA EPÓXI (ENCARGOS COMPLEMENTARES) - HORISTA","H","COEFICIENTE DE REPRESENTATIVIDADE","0,18","ENCARGOS COMPLEMENTARES REFERENCIAL"]
["95375","CURSO DE CAPACITAÇÃO PARA POCEIRO (ENCARGOS COMPLEMENTARES) - HORISTA","H","COEFICIENTE DE REPRESENTATIVIDADE","0,23","ENCARGOS COMPLEMENTARES REFERENCIAL"]
["95376","CURSO DE CAPACITAÇÃO PARA RASTELEIRO (ENCARGOS COMPLEMENTARES) - HORISTA","H","COEFICIENTE DE REPRESENTATIVIDADE","0,04","ENCARGOS COMPLEMENTARES REFERENCIAL"]
["95377","CURSO DE CAPACITAÇÃO PARA SERRALHEIRO (ENCARGOS COMPLEMENTARES) - HORISTA","H","COEFICIENTE DE REPRESENTATIVIDADE","0,13","ENCARGOS COMPLEMENTARES REFERENCIAL"]
["95378","CURSO DE CAPACITAÇÃO PARA SERVENTE (ENCARGOS COMPLEMENTARES) - HORISTA","H","COLETADO","0,15","ENCARGOS COMPLEMENTARES REFERENCIAL"]
["95379","CURSO DE CAPACITAÇÃO PARA SOLDADOR (ENCARGOS COMPLEMENTARES) - HORISTA","H","COLETADO","0,13","ENCARGOS COMPLEMENTARES REFERENCIAL"]
["95380","CURSO DE CAPACITAÇÃO PARA SOLDADOR A (PARA SOLDA A SER TESTADA COM RAIOS  X ) (ENCARGOS COMPLEMENTARES) - HORISTA","H","COEFICIENTE DE REPRESENTATIVIDADE","0,14","ENCARGOS COMPLEMENTARES REFERENCIAL"]
["95382","CURSO DE CAPACITAÇÃO PARA TAQUEADOR OU TAQUEIRO (ENCARGOS COMPLEMENTARES) - HORISTA","H","COEFICIENTE DE REPRESENTATIVIDADE","0,16","ENCARGOS COMPLEMENTARES REFERENCIAL"]
["95383","CURSO DE CAPACITAÇÃO PARA TÉCNICO DE LABORATÓRIO (ENCARGOS COMPLEMENTARES) - HORISTA","H","COEFICIENTE DE REPRESENTATIVIDADE","0,19","ENCARGOS COMPLEMENTARES REFERENCIAL"]
["95384","CURSO DE CAPACITAÇÃO PARA TÉCNICO DE SONDAGEM (ENCARGOS COMPLEMENTARES) - HORISTA","H","COEFICIENTE DE REPRESENTATIVIDADE","0,18","ENCARGOS COMPLEMENTARES REFERENCIAL"]
["95385","CURSO DE CAPACITAÇÃO PARA TELHADISTA (ENCARGOS COMPLEMENTARES) - HORISTA","H","COEFICIENTE DE REPRESENTATIVIDADE","0,11","ENCARGOS COMPLEMENTARES REFERENCIAL"]
["95386","CURSO DE CAPACITAÇÃO PARA TRATORISTA (ENCARGOS COMPLEMENTARES) - HORISTA","H","COEFICIENTE DE REPRESENTATIVIDADE","0,17","ENCARGOS COMPLEMENTARES REFERENCIAL"]
["95387","CURSO DE CAPACITAÇÃO PARA VIDRACEIRO (ENCARGOS COMPLEMENTARES) - HORISTA","H","COEFICIENTE DE REPRESENTATIVIDADE","0,16","ENCARGOS COMPLEMENTARES REFERENCIAL"]
["95388","CURSO DE CAPACITAÇÃO PARA VIGIA NOTURNO (ENCARGOS COMPLEMENTARES) - HORISTA","H","COEFICIENTE DE REPRESENTATIVIDADE","0,05","ENCARGOS COMPLEMENTARES REFERENCIAL"]
["95389","CURSO DE CAPACITAÇÃO PARA OPERADOR DE BETONEIRA ESTACIONÁRIA/MISTURADOR (ENCARGOS COMPLEMENTARES) - HORISTA","H","COEFICIENTE DE REPRESENTATIVIDADE","0,08","ENCARGOS COMPLEMENTARES REFERENCIAL"]
["95390","CURSO DE CAPACITAÇÃO PARA JARDINEIRO (ENCARGOS COMPLEMENTARES) - HORISTA","H","COEFICIENTE DE REPRESENTATIVIDADE","0,05","ENCARGOS COMPLEMENTARES REFERENCIAL"]
["95391","CURSO DE CAPACITAÇÃO PARA DESENHISTA DETALHISTA (ENCARGOS COMPLEMENTARES) - HORISTA","H","COEFICIENTE DE REPRESENTATIVIDADE","0,15","ENCARGOS COMPLEMENTARES REFERENCIAL"]
["95392","CURSO DE CAPACITAÇÃO PARA ALMOXARIFE (ENCARGOS COMPLEMENTARES) - HORISTA","H","COLETADO","0,06","ENCARGOS COMPLEMENTARES REFERENCIAL"]
["95393","CURSO DE CAPACITAÇÃO PARA APONTADOR OU APROPRIADOR (ENCARGOS COMPLEMENTARES) - HORISTA","H","COEFICIENTE DE REPRESENTATIVIDADE","0,29","ENCARGOS COMPLEMENTARES REFERENCIAL"]
["95394","CURSO DE CAPACITAÇÃO PARA ARQUITETO DE OBRA JÚNIOR (ENCARGOS COMPLEMENTARES) - HORISTA","H","COEFICIENTE DE REPRESENTATIVIDADE","0,34","ENCARGOS COMPLEMENTARES REFERENCIAL"]
["95395","CURSO DE CAPACITAÇÃO PARA ARQUITETO DE OBRA PLENO (ENCARGOS COMPLEMENTARES) - HORISTA","H","COEFICIENTE DE REPRESENTATIVIDADE","0,49","ENCARGOS COMPLEMENTARES REFERENCIAL"]
["95396","CURSO DE CAPACITAÇÃO PARA ARQUITETO DE OBRA SÊNIOR (ENCARGOS COMPLEMENTARES) - HORISTA","H","COEFICIENTE DE REPRESENTATIVIDADE","0,64","ENCARGOS COMPLEMENTARES REFERENCIAL"]
["95397","CURSO DE CAPACITAÇÃO PARA AUXILIAR DE DESENHISTA (ENCARGOS COMPLEMENTARES) - HORISTA","H","COEFICIENTE DE REPRESENTATIVIDADE","0,10","ENCARGOS COMPLEMENTARES REFERENCIAL"]
["95398","CURSO DE CAPACITAÇÃO PARA AUXILIAR DE ESCRITÓRIO (ENCARGOS COMPLEMENTARES) - HORISTA","H","COEFICIENTE DE REPRESENTATIVIDADE","0,04","ENCARGOS COMPLEMENTARES REFERENCIAL"]
["95399","CURSO DE CAPACITAÇÃO PARA DESENHISTA COPISTA (ENCARGOS COMPLEMENTARES) - HORISTA","H","COEFICIENTE DE REPRESENTATIVIDADE","0,08","ENCARGOS COMPLEMENTARES REFERENCIAL"]
["95400","CURSO DE CAPACITAÇÃO PARA DESENHISTA PROJETISTA (ENCARGOS COMPLEMENTARES) - HORISTA","H","COEFICIENTE DE REPRESENTATIVIDADE","0,11","ENCARGOS COMPLEMENTARES REFERENCIAL"]
["95401","CURSO DE CAPACITAÇÃO PARA ENCARREGADO GERAL (ENCARGOS COMPLEMENTARES) - HORISTA","H","COLETADO","0,44","ENCARGOS COMPLEMENTARES REFERENCIAL"]
["95402","CURSO DE CAPACITAÇÃO PARA ENGENHEIRO CIVIL DE OBRA JÚNIOR (ENCARGOS COMPLEMENTARES) - HORISTA","H","COLETADO","0,83","ENCARGOS COMPLEMENTARES REFERENCIAL"]
["95403","CURSO DE CAPACITAÇÃO PARA ENGENHEIRO CIVIL DE OBRA PLENO (ENCARGOS COMPLEMENTARES) - HORISTA","H","COEFICIENTE DE REPRESENTATIVIDADE","0,94","ENCARGOS COMPLEMENTARES REFERENCIAL"]
["95404","CURSO DE CAPACITAÇÃO PARA ENGENHEIRO CIVIL DE OBRA SÊNIOR (ENCARGOS COMPLEMENTARES) - HORISTA","H","COEFICIENTE DE REPRESENTATIVIDADE","1,29","ENCARGOS COMPLEMENTARES REFERENCIAL"]
["95405","CURSO DE CAPACITAÇÃO PARA MESTRE DE OBRAS (ENCARGOS COMPLEMENTARES) - HORISTA","H","COEFICIENTE DE REPRESENTATIVIDADE","0,67","ENCARGOS COMPLEMENTARES REFERENCIAL"]
["95406","CURSO DE CAPACITAÇÃO PARA TOPÓGRAFO (ENCARGOS COMPLEMENTARES) - HORISTA","H","COLETADO","0,14","ENCARGOS COMPLEMENTARES REFERENCIAL"]
["95407","CURSO DE CAPACITAÇÃO PARA ENGENHEIRO ELETRICISTA (ENCARGOS COMPLEMENTARES) - HORISTA","H","COEFICIENTE DE REPRESENTATIVIDADE","2,04","ENCARGOS COMPLEMENTARES REFERENCIAL"]
["95408","CURSO DE CAPACITAÇÃO  PARA MOTORISTA DE CAMINHÃO (ENCARGOS COMPLEMENTARES) - MENSALISTA","MES","COEFICIENTE DE REPRESENTATIVIDADE","8,42","ENCARGOS COMPLEMENTARES REFERENCIAL"]
["95409","CURSO DE CAPACITAÇÃO PARA DESENHISTA DETALHISTA (ENCARGOS COMPLEMENTARES) - MENSALISTA","MES","COEFICIENTE DE REPRESENTATIVIDADE","20,89","ENCARGOS COMPLEMENTARES REFERENCIAL"]
["95410","CURSO DE CAPACITAÇÃO PARA DESENHISTA COPISTA (ENCARGOS COMPLEMENTARES) - MENSALISTA","MES","COEFICIENTE DE REPRESENTATIVIDADE","11,97","ENCARGOS COMPLEMENTARES REFERENCIAL"]
["95411","CURSO DE CAPACITAÇÃO PARA DESENHISTA PROJETISTA (ENCARGOS COMPLEMENTARES) - MENSALISTA","MES","COEFICIENTE DE REPRESENTATIVIDADE","15,95","ENCARGOS COMPLEMENTARES REFERENCIAL"]
["95412","CURSO DE CAPACITAÇÃO PARA AUXILIAR DE DESENHISTA (ENCARGOS COMPLEMENTARES) - MENSALISTA","MES","COEFICIENTE DE REPRESENTATIVIDADE","14,36","ENCARGOS COMPLEMENTARES REFERENCIAL"]
["95413","CURSO DE CAPACITAÇÃO PARA ALMOXARIFE (ENCARGOS COMPLEMENTARES) - MENSALISTA","MES","COEFICIENTE DE REPRESENTATIVIDADE","9,24","ENCARGOS COMPLEMENTARES REFERENCIAL"]
["95414","CURSO DE CAPACITAÇÃO PARA APONTADOR OU APROPRIADOR (ENCARGOS COMPLEMENTARES) - MENSALISTA","MES","COEFICIENTE DE REPRESENTATIVIDADE","39,93","ENCARGOS COMPLEMENTARES REFERENCIAL"]
["95415","CURSO DE CAPACITAÇÃO PARA ENGENHEIRO CIVIL DE OBRA JÚNIOR (ENCARGOS COMPLEMENTARES) - MENSALISTA","MES","COEFICIENTE DE REPRESENTATIVIDADE","112,92","ENCARGOS COMPLEMENTARES REFERENCIAL"]
["95416","CURSO DE CAPACITAÇÃO PARA AUXILIAR DE ESCRITÓRIO (ENCARGOS COMPLEMENTARES) - MENSALISTA","MES","COEFICIENTE DE REPRESENTATIVIDADE","6,79","ENCARGOS COMPLEMENTARES REFERENCIAL"]
["95417","CURSO DE CAPACITAÇÃO PARA ENGENHEIRO CIVIL DE OBRA PLENO (ENCARGOS COMPLEMENTARES) - MENSALISTA","MES","COEFICIENTE DE REPRESENTATIVIDADE","128,53","ENCARGOS COMPLEMENTARES REFERENCIAL"]
["95418","CURSO DE CAPACITAÇÃO PARA ENGENHEIRO CIVIL DE OBRA SÊNIOR (ENCARGOS COMPLEMENTARES) - MENSALISTA","MES","COEFICIENTE DE REPRESENTATIVIDADE","175,70","ENCARGOS COMPLEMENTARES REFERENCIAL"]
["95419","CURSO DE CAPACITAÇÃO PARA ARQUITETO JÚNIOR (ENCARGOS COMPLEMENTARES) - MENSALISTA","MES","COEFICIENTE DE REPRESENTATIVIDADE","47,27","ENCARGOS COMPLEMENTARES REFERENCIAL"]
["95420","CURSO DE CAPACITAÇÃO PARA ARQUITETO PLENO (ENCARGOS COMPLEMENTARES) - MENSALISTA","MES","COEFICIENTE DE REPRESENTATIVIDADE","67,14","ENCARGOS COMPLEMENTARES REFERENCIAL"]
["95421","CURSO DE CAPACITAÇÃO PARA ARQUITETO SÊNIOR (ENCARGOS COMPLEMENTARES) - MENSALISTA","MES","COEFICIENTE DE REPRESENTATIVIDADE","88,77","ENCARGOS COMPLEMENTARES REFERENCIAL"]
["95422","CURSO DE CAPACITAÇÃO PARA ENCARREGADO GERAL DE OBRAS (ENCARGOS COMPLEMENTARES) - MENSALISTA","MES","COEFICIENTE DE REPRESENTATIVIDADE","60,00","ENCARGOS COMPLEMENTARES REFERENCIAL"]
["95423","CURSO DE CAPACITAÇÃO PARA MESTRE DE OBRAS (ENCARGOS COMPLEMENTARES) - MENSALISTA","MES","COEFICIENTE DE REPRESENTATIVIDADE","91,07","ENCARGOS COMPLEMENTARES REFERENCIAL"]
["95424","CURSO DE CAPACITAÇÃO PARA TOPÓGRAFO (ENCARGOS COMPLEMENTARES) - MENSALISTA","MES","COEFICIENTE DE REPRESENTATIVIDADE","20,32","ENCARGOS COMPLEMENTARES REFERENCIAL"]
["100288","CURSO DE CAPACITAÇÃO PARA VIGIA DIURNO (ENCARGOS COMPLEMENTARES) - HORISTA","H","COEFICIENTE DE REPRESENTATIVIDADE","0,03","ENCARGOS COMPLEMENTARES REFERENCIAL"]
["100289","VIGIA DIURNO COM ENCARGOS COMPLEMENTARES","H","COEFICIENTE DE REPRESENTATIVIDADE","15,97","ENCARGOS COMPLEMENTARES REFERENCIAL"]
["100290","CURSO DE CAPACITAÇÃO PARA AUXILIAR DE ALMOXARIFE (ENCARGOS COMPLEMENTARES) - HORISTA","H","COEFICIENTE DE REPRESENTATIVIDADE","0,05","ENCARGOS COMPLEMENTARES REFERENCIAL"]
["100291","CURSO DE CAPACITAÇÃO PARA AJUDANTE DE PINTOR (ENCARGOS COMPLEMENTARES) - HORISTA","H","COEFICIENTE DE REPRESENTATIVIDADE","0,12","ENCARGOS COMPLEMENTARES REFERENCIAL"]
["100292","CURSO DE CAPACITAÇÃO PARA COORDENADOR/GERENTE DE OBRA (ENCARGOS COMPLEMENTARES) - HORISTA","H","COEFICIENTE DE REPRESENTATIVIDADE","0,41","ENCARGOS COMPLEMENTARES REFERENCIAL"]
["100293","CURSO DE CAPACITAÇÃO PARA AUXILIAR DE AZULEJISTA (ENCARGOS COMPLEMENTARES) - HORISTA","H","COEFICIENTE DE REPRESENTATIVIDADE","0,12","ENCARGOS COMPLEMENTARES REFERENCIAL"]
["100294","CURSO DE CAPACITAÇÃO PARA ARQUITETO PAISAGISTA (ENCARGOS COMPLEMENTARES) - HORISTA","H","COEFICIENTE DE REPRESENTATIVIDADE","0,21","ENCARGOS COMPLEMENTARES REFERENCIAL"]
["100295","CURSO DE CAPACITAÇÃO PARA MONTADOR DE ELETROELETRONICOS (ENCARGOS COMPLEMENTARES) - HORISTA","H","COEFICIENTE DE REPRESENTATIVIDADE","0,34","ENCARGOS COMPLEMENTARES REFERENCIAL"]
["100296","CURSO DE CAPACITAÇÃO PARA ENGENHEIRO CIVIL JUNIOR (ENCARGOS COMPLEMENTARES) - HORISTA","H","COEFICIENTE DE REPRESENTATIVIDADE","0,66","ENCARGOS COMPLEMENTARES REFERENCIAL"]
["100297","CURSO DE CAPACITAÇÃO PARA ENGENHEIRO CIVIL PLENO (ENCARGOS COMPLEMENTARES) - HORISTA","H","COEFICIENTE DE REPRESENTATIVIDADE","0,74","ENCARGOS COMPLEMENTARES REFERENCIAL"]
["100298","CURSO DE CAPACITAÇÃO PARA MECÂNICO DE REFRIGERAÇÃO (ENCARGOS COMPLEMENTARES) - HORISTA","H","COEFICIENTE DE REPRESENTATIVIDADE","0,30","ENCARGOS COMPLEMENTARES REFERENCIAL"]
["100299","CURSO DE CAPACITAÇÃO PARA TÉCNICO EM SEGURANÇA DO TRABALHO (ENCARGOS COMPLEMENTARES) - HORISTA","H","COEFICIENTE DE REPRESENTATIVIDADE","0,38","ENCARGOS COMPLEMENTARES REFERENCIAL"]
["100300","AUXILIAR DE ALMOXARIFE COM ENCARGOS COMPLEMENTARES","H","COEFICIENTE DE REPRESENTATIVIDADE","15,65","ENCARGOS COMPLEMENTARES REFERENCIAL"]
["100301","AJUDANTE DE PINTOR COM ENCARGOS COMPLEMENTARES","H","COEFICIENTE DE REPRESENTATIVIDADE","18,29","ENCARGOS COMPLEMENTARES REFERENCIAL"]
["100302","COORDENADOR/GERENTE DE OBRA COM ENCARGOS COMPLEMENTARES","H","COEFICIENTE DE REPRESENTATIVIDADE","117,91","ENCARGOS COMPLEMENTARES REFERENCIAL"]
["100303","AUXILIAR DE AZULEJISTA COM ENCARGOS COMPLEMENTARES","H","COEFICIENTE DE REPRESENTATIVIDADE","17,33","ENCARGOS COMPLEMENTARES REFERENCIAL"]
["100304","ARQUITETO PAISAGISTA COM ENCARGOS COMPLEMENTARES","H","COEFICIENTE DE REPRESENTATIVIDADE","62,42","ENCARGOS COMPLEMENTARES REFERENCIAL"]
["100305","ENGENHEIRO CIVIL JUNIOR COM ENCARGOS COMPLEMENTARES","H","COEFICIENTE DE REPRESENTATIVIDADE","82,35","ENCARGOS COMPLEMENTARES REFERENCIAL"]
["100306","ENGENHEIRO CIVIL PLENO COM ENCARGOS COMPLEMENTARES","H","COEFICIENTE DE REPRESENTATIVIDADE","92,74","ENCARGOS COMPLEMENTARES REFERENCIAL"]
["100307","MONTADOR DE ELETROELETRÔNICOS COM ENCARGOS COMPLEMENTARES","H","COEFICIENTE DE REPRESENTATIVIDADE","21,41","ENCARGOS COMPLEMENTARES REFERENCIAL"]
["100308","MECÂNICO DE REFRIGERAÇÃO COM ENCARGOS COMPLEMENTARES","H","COEFICIENTE DE REPRESENTATIVIDADE","21,02","ENCARGOS COMPLEMENTARES REFERENCIAL"]
["100309","TÉCNICO EM SEGURANÇA DO TRABALHO COM ENCARGOS COMPLEMENTARES","H","COEFICIENTE DE REPRESENTATIVIDADE","31,39","ENCARGOS COMPLEMENTARES REFERENCIAL"]
["100310","CURSO DE CAPACITAÇÃO PARA AUXILIAR DE ALMOXARIFE (ENCARGOS COMPLEMENTARES) - MENSALISTA","MES","COEFICIENTE DE REPRESENTATIVIDADE","7,08","ENCARGOS COMPLEMENTARES REFERENCIAL"]
["100311","CURSO DE CAPACITAÇÃO PARA COORDENADOR/GERENTE DE OBRA (ENCARGOS COMPLEMENTARES) - MENSALISTA","MES","COEFICIENTE DE REPRESENTATIVIDADE","57,22","ENCARGOS COMPLEMENTARES REFERENCIAL"]
["100312","CURSO DE CAPACITAÇÃO PARA ARQUITETO PAISAGISTA (ENCARGOS COMPLEMENTARES) - MENSALISTA","MES","COEFICIENTE DE REPRESENTATIVIDADE","77,21","ENCARGOS COMPLEMENTARES REFERENCIAL"]
["100313","CURSO DE CAPACITAÇÃO PARA ENGENHEIRO CIVIL JUNIOR (ENCARGOS COMPLEMENTARES) - MENSALISTA","MES","COEFICIENTE DE REPRESENTATIVIDADE","89,11","ENCARGOS COMPLEMENTARES REFERENCIAL"]
["100314","CURSO DE CAPACITAÇÃO PARA ENGENHEIRO CIVIL PLENO (ENCARGOS COMPLEMENTARES) - MENSALISTA","MES","COEFICIENTE DE REPRESENTATIVIDADE","100,53","ENCARGOS COMPLEMENTARES REFERENCIAL"]
["100315","CURSO DE CAPACITAÇÃO PARA TÉCNICO EM SEGURANÇA DO TRABALHO (ENCARGOS COMPLEMENTARES) - MENSALISTA","MES","COEFICIENTE DE REPRESENTATIVIDADE","51,30","ENCARGOS COMPLEMENTARES REFERENCIAL"]
["100316","AUXILIAR DE ALMOXARIFE COM ENCARGOS COMPLEMENTARES","MES","COEFICIENTE DE REPRESENTATIVIDADE","2.767,30","ENCARGOS COMPLEMENTARES REFERENCIAL"]
["100317","COORDENADOR / GERENTE DE OBRA COM ENCARGOS COMPLEMENTARES","MES","COEFICIENTE DE REPRESENTATIVIDADE","20.714,25","ENCARGOS COMPLEMENTARES REFERENCIAL"]
["100318","ARQUITETO PAISAGISTA COM ENCARGOS COMPLEMENTARES","MES","COEFICIENTE DE REPRESENTATIVIDADE","11.020,82","ENCARGOS COMPLEMENTARES REFERENCIAL"]
["100319","ENGENHEIRO CIVIL JUNIOR COM ENCARGOS COMPLEMENTARES","MES","COEFICIENTE DE REPRESENTATIVIDADE","14.453,93","ENCARGOS COMPLEMENTARES REFERENCIAL"]
["100320","ENGENHEIRO CIVIL PLENO COM ENCARGOS COMPLEMENTARES","MES","COEFICIENTE DE REPRESENTATIVIDADE","16.278,72","ENCARGOS COMPLEMENTARES REFERENCIAL"]
["100321","TÉCNICO EM SEGURANÇA DO TRABALHO COM ENCARGOS COMPLEMENTARES","MES","COEFICIENTE DE REPRESENTATIVIDADE","5.517,60","ENCARGOS COMPLEMENTARES REFERENCIAL"]
["100533","TECNICO DE EDIFICACOES COM ENCARGOS COMPLEMENTARES","H","COEFICIENTE DE REPRESENTATIVIDADE","25,46","ENCARGOS COMPLEMENTARES REFERENCIAL"]
["100534","TECNICO DE EDIFICACOES COM ENCARGOS COMPLEMENTARES","MES","COEFICIENTE DE REPRESENTATIVIDADE","4.487,90","ENCARGOS COMPLEMENTARES REFERENCIAL"]
["100535","CURSO DE CAPACITAÇÃO PARA TECNICO DE EDIFICACOES (ENCARGOS COMPLEMENTARES) - HORISTA","H","COEFICIENTE DE REPRESENTATIVIDADE","0,30","ENCARGOS COMPLEMENTARES REFERENCIAL"]
["100536","CURSO DE CAPACITAÇÃO PARA TECNICO DE EDIFICACOES (ENCARGOS COMPLEMENTARES) - MENSALISTA","MES","COEFICIENTE DE REPRESENTATIVIDADE","41,30","ENCARGOS COMPLEMENTARES REFERENCIAL"]
["101284","CURSO DE CAPACITAÇÃO PARA ENGENHEIRO CIVIL SENIOR (ENCARGOS COMPLEMENTARES) - HORISTA","H","COEFICIENTE DE REPRESENTATIVIDADE","1,02","ENCARGOS COMPLEMENTARES REFERENCIAL"]
["101285","CURSO DE CAPACITAÇÃO PARA ENGENHEIRO SANITARISTA (ENCARGOS COMPLEMENTARES) - HORISTA","H","COEFICIENTE DE REPRESENTATIVIDADE","0,29","ENCARGOS COMPLEMENTARES REFERENCIAL"]
["101286","CURSO DE CAPACITAÇÃO PARA AJUDANTE DE ARMADOR (ENCARGOS COMPLEMENTARES) - MENSALISTA","MES","COEFICIENTE DE REPRESENTATIVIDADE","12,48","ENCARGOS COMPLEMENTARES REFERENCIAL"]
["101287","CURSO DE CAPACITAÇÃO PARA AJUDANTE DE ELETRICISTA (ENCARGOS COMPLEMENTARES) - MENSALISTA","MES","COEFICIENTE DE REPRESENTATIVIDADE","43,35","ENCARGOS COMPLEMENTARES REFERENCIAL"]
["101288","CURSO DE CAPACITAÇÃO PARA AJUDANTE DE ESTRUTURAS METÁLICAS(ENCARGOS COMPLEMENTARES) - MENSALISTA","MES","COEFICIENTE DE REPRESENTATIVIDADE","14,55","ENCARGOS COMPLEMENTARES REFERENCIAL"]
["101289","CURSO DE CAPACITAÇÃO PARA AJUDANTE DE OPERAÇÃO EM GERAL (ENCARGOS COMPLEMENTARES) - MENSALISTA","MES","COEFICIENTE DE REPRESENTATIVIDADE","12,91","ENCARGOS COMPLEMENTARES REFERENCIAL"]
["101290","CURSO DE CAPACITAÇÃO PARA AJUDANTE DE PINTOR (ENCARGOS COMPLEMENTARES) - MENSALISTA","MES","COEFICIENTE DE REPRESENTATIVIDADE","16,60","ENCARGOS COMPLEMENTARES REFERENCIAL"]
["101291","CURSO DE CAPACITAÇÃO PARA AJUDANTE DE SERRALHEIRO (ENCARGOS COMPLEMENTARES) - MENSALISTA","MES","COEFICIENTE DE REPRESENTATIVIDADE","13,39","ENCARGOS COMPLEMENTARES REFERENCIAL"]
["101292","CURSO DE CAPACITAÇÃO PARA AJUDANTE ESPECIALIZADO (ENCARGOS COMPLEMENTARES) - MENSALISTA","MES","COEFICIENTE DE REPRESENTATIVIDADE","14,64","ENCARGOS COMPLEMENTARES REFERENCIAL"]
["101293","CURSO DE CAPACITAÇÃO PARA ARMADOR (ENCARGOS COMPLEMENTARES) - MENSALISTA","MES","COEFICIENTE DE REPRESENTATIVIDADE","17,89","ENCARGOS COMPLEMENTARES REFERENCIAL"]
["101294","CURSO DE CAPACITAÇÃO PARA ASSENTADOR DE MANILHA (ENCARGOS COMPLEMENTARES) - MENSALISTA","MES","COEFICIENTE DE REPRESENTATIVIDADE","27,98","ENCARGOS COMPLEMENTARES REFERENCIAL"]
["101295","CURSO DE CAPACITAÇÃO PARA AUXILIAR DE AZULEJISTA (ENCARGOS COMPLEMENTARES) - MENSALISTA","MES","COEFICIENTE DE REPRESENTATIVIDADE","16,77","ENCARGOS COMPLEMENTARES REFERENCIAL"]
["101296","CURSO DE CAPACITAÇÃO PARA AUXILIAR DE ENCANADOR OU BOMBEIRO HIDRÁULICO (ENCARGOS COMPLEMENTARES) - MENSALISTA","MES","COEFICIENTE DE REPRESENTATIVIDADE","16,93","ENCARGOS COMPLEMENTARES REFERENCIAL"]
["101297","CURSO DE CAPACITAÇÃO PARA AUXILIAR DE LABORATORISTA (ENCARGOS COMPLEMENTARES) - MENSALISTA","MES","COEFICIENTE DE REPRESENTATIVIDADE","15,54","ENCARGOS COMPLEMENTARES REFERENCIAL"]
["101298","CURSO DE CAPACITAÇÃO PARA AUXILIAR DE MECANICO (ENCARGOS COMPLEMENTARES) - MENSALISTA","MES","COEFICIENTE DE REPRESENTATIVIDADE","14,93","ENCARGOS COMPLEMENTARES REFERENCIAL"]
["101299","CURSO DE CAPACITAÇÃO PARA AUXILIAR DE PEDREIRO (ENCARGOS COMPLEMENTARES) - MENSALISTA","MES","COEFICIENTE DE REPRESENTATIVIDADE","14,34","ENCARGOS COMPLEMENTARES REFERENCIAL"]
["101300","CURSO DE CAPACITAÇÃO PARA AUXILIAR DE SERVIÇOS GERAIS (ENCARGOS COMPLEMENTARES) - MENSALISTA","MES","COEFICIENTE DE REPRESENTATIVIDADE","12,14","ENCARGOS COMPLEMENTARES REFERENCIAL"]
["101301","CURSO DE CAPACITAÇÃO PARA AUXILIAR DE TOPÓGRAFO (ENCARGOS COMPLEMENTARES) - MENSALISTA","MES","COEFICIENTE DE REPRESENTATIVIDADE","8,30","ENCARGOS COMPLEMENTARES REFERENCIAL"]
["101302","CURSO DE CAPACITAÇÃO PARA AUXILIAR TÉCNICO DE ENGENHARIA (ENCARGOS COMPLEMENTARES) - MENSALISTA","MES","COEFICIENTE DE REPRESENTATIVIDADE","24,36","ENCARGOS COMPLEMENTARES REFERENCIAL"]
["101303","CURSO DE CAPACITAÇÃO PARA MONTADOR DE ELETROELETRONICOS(ENCARGOS COMPLEMENTARES) - MENSALISTA","MES","COEFICIENTE DE REPRESENTATIVIDADE","46,48","ENCARGOS COMPLEMENTARES REFERENCIAL"]
["101304","CURSO DE CAPACITAÇÃO PARA AZULEJISTA OU LADRILHISTA (ENCARGOS COMPLEMENTARES) - MENSALISTA","MES","COEFICIENTE DE REPRESENTATIVIDADE","24,18","ENCARGOS COMPLEMENTARES REFERENCIAL"]
["101305","CURSO DE CAPACITAÇÃO PARA BLASTER, DINAMITADOR OU CABO DE FORÇA (ENCARGOS COMPLEMENTARES) - MENSALISTA","MES","COEFICIENTE DE REPRESENTATIVIDADE","30,81","ENCARGOS COMPLEMENTARES REFERENCIAL"]
["101307","CURSO DE CAPACITAÇÃO PARA CALCETEIRO (ENCARGOS COMPLEMENTARES) - MENSALISTA","MES","COEFICIENTE DE REPRESENTATIVIDADE","15,61","ENCARGOS COMPLEMENTARES REFERENCIAL"]
["101308","CURSO DE CAPACITAÇÃO PARA MONTADOR DE ESTRUTURAS METALICAS (ENCARGOS COMPLEMENTARES) - MENSALISTA","MES","COEFICIENTE DE REPRESENTATIVIDADE","19,84","ENCARGOS COMPLEMENTARES REFERENCIAL"]
["101309","CURSO DE CAPACITAÇÃO PARA CARPINTEIRO AUXILIAR (ENCARGOS COMPLEMENTARES) - MENSALISTA","MES","COEFICIENTE DE REPRESENTATIVIDADE","18,31","ENCARGOS COMPLEMENTARES REFERENCIAL"]
["101310","CURSO DE CAPACITAÇÃO PARA CARPINTEIRO DE ESQUADRIAS (ENCARGOS COMPLEMENTARES) - MENSALISTA","MES","COEFICIENTE DE REPRESENTATIVIDADE","19,52","ENCARGOS COMPLEMENTARES REFERENCIAL"]
["101311","CURSO DE CAPACITAÇÃO PARA CARPINTEIRO DE FORMAS (ENCARGOS COMPLEMENTARES) - MENSALISTA","MES","COEFICIENTE DE REPRESENTATIVIDADE","18,08","ENCARGOS COMPLEMENTARES REFERENCIAL"]
["101312","CURSO DE CAPACITAÇÃO PARA CAVOUQUEIRO OU OPERADOR DE PERFURATRIZ (ENCARGOS COMPLEMENTARES) - MENSALISTA","MES","COEFICIENTE DE REPRESENTATIVIDADE","14,04","ENCARGOS COMPLEMENTARES REFERENCIAL"]
["101313","CURSO DE CAPACITAÇÃO PARA ELETRICISTA (ENCARGOS COMPLEMENTARES) - MENSALISTA","MES","COEFICIENTE DE REPRESENTATIVIDADE","61,63","ENCARGOS COMPLEMENTARES REFERENCIAL"]
["101314","CURSO DE CAPACITAÇÃO PARA ELETRICISTA DE MANUTENÇÃO INDUSTRIAL (ENCARGOS COMPLEMENTARES) - MENSALISTA","MES","COEFICIENTE DE REPRESENTATIVIDADE","67,90","ENCARGOS COMPLEMENTARES REFERENCIAL"]
["101315","CURSO DE CAPACITAÇÃO PARA ELETROTÉCNICO (ENCARGOS COMPLEMENTARES) - MENSALISTA","MES","COEFICIENTE DE REPRESENTATIVIDADE","61,26","ENCARGOS COMPLEMENTARES REFERENCIAL"]
["101316","CURSO DE CAPACITAÇÃO PARA ENCANADOR OU BOMBEIRO HIDRÁULICO (ENCARGOS COMPLEMENTARES) - MENSALISTA","MES","COEFICIENTE DE REPRESENTATIVIDADE","23,88","ENCARGOS COMPLEMENTARES REFERENCIAL"]
["101317","CURSO DE CAPACITAÇÃO PARA ENGENHEIRO CIVIL SENIOR (ENCARGOS COMPLEMENTARES) - MENSALISTA","MES","COEFICIENTE DE REPRESENTATIVIDADE","137,77","ENCARGOS COMPLEMENTARES REFERENCIAL"]
["101318","CURSO DE CAPACITAÇÃO PARA ENGENHEIRO ELETRICISTA (ENCARGOS COMPLEMENTARES) - MENSALISTA","MES","COEFICIENTE DE REPRESENTATIVIDADE","277,06","ENCARGOS COMPLEMENTARES REFERENCIAL"]
["101319","CURSO DE CAPACITAÇÃO PARA ENGENHEIRO SANITARISTA (ENCARGOS COMPLEMENTARES) - MENSALISTA","MES","COEFICIENTE DE REPRESENTATIVIDADE","40,13","ENCARGOS COMPLEMENTARES REFERENCIAL"]
["101320","CURSO DE CAPACITAÇÃO PARA MONTADOR DE MAQUINAS (ENCARGOS COMPLEMENTARES) - MENSALISTA","MES","COEFICIENTE DE REPRESENTATIVIDADE","20,29","ENCARGOS COMPLEMENTARES REFERENCIAL"]
["101322","CURSO DE CAPACITAÇÃO PARA GESSEIRO (ENCARGOS COMPLEMENTARES) - MENSALISTA","MES","COEFICIENTE DE REPRESENTATIVIDADE","13,22","ENCARGOS COMPLEMENTARES REFERENCIAL"]
["101323","CURSO DE CAPACITAÇÃO PARA IMPERMEABILIZADOR (ENCARGOS COMPLEMENTARES) - MENSALISTA","MES","COEFICIENTE DE REPRESENTATIVIDADE","30,57","ENCARGOS COMPLEMENTARES REFERENCIAL"]
["101324","CURSO DE CAPACITAÇÃO PARA MOTORISTA DE CAMINHAO-BASCULANTE (ENCARGOS COMPLEMENTARES) - MENSALISTA","MES","COEFICIENTE DE REPRESENTATIVIDADE","7,94","ENCARGOS COMPLEMENTARES REFERENCIAL"]
["101325","CURSO DE CAPACITAÇÃO PARA INSTALADOR DE TUBULAÇÕES (ENCARGOS COMPLEMENTARES) - MENSALISTA","MES","COEFICIENTE DE REPRESENTATIVIDADE","24,69","ENCARGOS COMPLEMENTARES REFERENCIAL"]
["101326","CURSO DE CAPACITAÇÃO PARA JARDINEIRO (ENCARGOS COMPLEMENTARES) - MENSALISTA","MES","COEFICIENTE DE REPRESENTATIVIDADE","7,69","ENCARGOS COMPLEMENTARES REFERENCIAL"]
["101327","CURSO DE CAPACITAÇÃO PARA LEITURISTA OU CADASTRISTA DE REDES DE ÁGUA (ENCARGOS COMPLEMENTARES) - MENSALISTA","MES","COEFICIENTE DE REPRESENTATIVIDADE","6,43","ENCARGOS COMPLEMENTARES REFERENCIAL"]
["101328","CURSO DE CAPACITAÇÃO PARA MOTORISTA DE CAMINHAO-CARRETA (ENCARGOS COMPLEMENTARES) - MENSALISTA","MES","COEFICIENTE DE REPRESENTATIVIDADE","11,25","ENCARGOS COMPLEMENTARES REFERENCIAL"]
["101329","CURSO DE CAPACITAÇÃO PARA MAÇARIQUEIRO (ENCARGOS COMPLEMENTARES) - MENSALISTA","MES","COEFICIENTE DE REPRESENTATIVIDADE","26,51","ENCARGOS COMPLEMENTARES REFERENCIAL"]
["101330","CURSO DE CAPACITAÇÃO PARA MARCENEIRO (ENCARGOS COMPLEMENTARES) - MENSALISTA","MES","COEFICIENTE DE REPRESENTATIVIDADE","23,76","ENCARGOS COMPLEMENTARES REFERENCIAL"]
["101331","CURSO DE CAPACITAÇÃO PARA MARMORISTA / GRANITEIRO (ENCARGOS COMPLEMENTARES) - MENSALISTA","MES","COEFICIENTE DE REPRESENTATIVIDADE","23,28","ENCARGOS COMPLEMENTARES REFERENCIAL"]
["101332","CURSO DE CAPACITAÇÃO PARA MOTORISTA DE CARRO DE PASSEIO (ENCARGOS COMPLEMENTARES) - MENSALISTA","MES","COEFICIENTE DE REPRESENTATIVIDADE","8,12","ENCARGOS COMPLEMENTARES REFERENCIAL"]
["101333","CURSO DE CAPACITAÇÃO PARA MECÂNICO DE EQUIPAMENTOS PESADOS (ENCARGOS COMPLEMENTARES) - MENSALISTA","MES","COEFICIENTE DE REPRESENTATIVIDADE","19,06","ENCARGOS COMPLEMENTARES REFERENCIAL"]
["101334","CURSO DE CAPACITAÇÃO PARA MECÂNICO DE REFRIGERAÇÃO (ENCARGOS COMPLEMENTARES) - MENSALISTA","MES","COEFICIENTE DE REPRESENTATIVIDADE","40,60","ENCARGOS COMPLEMENTARES REFERENCIAL"]
["101335","CURSO DE CAPACITAÇÃO PARA MOTORISTA DE ONIBUS / MICRO-ONIBUS (ENCARGOS COMPLEMENTARES) - MENSALISTA","MES","COEFICIENTE DE REPRESENTATIVIDADE","9,68","ENCARGOS COMPLEMENTARES REFERENCIAL"]
["101336","CURSO DE CAPACITAÇÃO PARA MOTORISTA OPERADOR DE CAMINHAO COM MUNCK (ENCARGOS COMPLEMENTARES) - MENSALISTA","MES","COEFICIENTE DE REPRESENTATIVIDADE","31,41","ENCARGOS COMPLEMENTARES REFERENCIAL"]
["101337","CURSO DE CAPACITAÇÃO PARA NIVELADOR (ENCARGOS COMPLEMENTARES) - MENSALISTA","MES","COEFICIENTE DE REPRESENTATIVIDADE","10,45","ENCARGOS COMPLEMENTARES REFERENCIAL"]
["101338","CURSO DE CAPACITAÇÃO PARA OPERADOR DE BATE-ESTACAS (ENCARGOS COMPLEMENTARES) - MENSALISTA","MES","COEFICIENTE DE REPRESENTATIVIDADE","16,93","ENCARGOS COMPLEMENTARES REFERENCIAL"]
["101339","CURSO DE CAPACITAÇÃO PARA OPERADOR DE BETONEIRA (ENCARGOS COMPLEMENTARES) - MENSALISTA","MES","COEFICIENTE DE REPRESENTATIVIDADE","12,47","ENCARGOS COMPLEMENTARES REFERENCIAL"]
["101340","CURSO DE CAPACITAÇÃO PARA OPERADOR DE BETONEIRA ESTACIONARIA / MISTURADOR (ENCARGOS COMPLEMENTARES) - MENSALISTA","MES","COEFICIENTE DE REPRESENTATIVIDADE","12,04","ENCARGOS COMPLEMENTARES REFERENCIAL"]
["101341","CURSO DE CAPACITAÇÃO PARA OPERADOR DE COMPRESSOR DE AR OU COMPRESSORISTA (ENCARGOS COMPLEMENTARES) - MENSALISTA","MES","COEFICIENTE DE REPRESENTATIVIDADE","14,57","ENCARGOS COMPLEMENTARES REFERENCIAL"]
["101342","CURSO DE CAPACITAÇÃO PARA OPERADOR DE DEMARCADORA DE FAIXAS DE TRAFEGO (ENCARGOS COMPLEMENTARES) - MENSALISTA","MES","COEFICIENTE DE REPRESENTATIVIDADE","15,35","ENCARGOS COMPLEMENTARES REFERENCIAL"]
["101343","CURSO DE CAPACITAÇÃO PARA OPERADOR DE ESCAVADEIRA (ENCARGOS COMPLEMENTARES) - MENSALISTA","MES","COEFICIENTE DE REPRESENTATIVIDADE","23,04","ENCARGOS COMPLEMENTARES REFERENCIAL"]
["101344","CURSO DE CAPACITAÇÃO PARA OPERADOR DE GUINCHO OU GUINCHEIRO (ENCARGOS COMPLEMENTARES) - MENSALISTA","MES","COEFICIENTE DE REPRESENTATIVIDADE","26,10","ENCARGOS COMPLEMENTARES REFERENCIAL"]
["101345","CURSO DE CAPACITAÇÃO PARA OPERADOR DE GUINDASTE (ENCARGOS COMPLEMENTARES) - MENSALISTA","MES","COEFICIENTE DE REPRESENTATIVIDADE","48,70","ENCARGOS COMPLEMENTARES REFERENCIAL"]
["101346","CURSO DE CAPACITAÇÃO PARA OPERADOR DE JATO ABRASIVO OU JATISTA (ENCARGOS COMPLEMENTARES) - MENSALISTA","MES","COEFICIENTE DE REPRESENTATIVIDADE","20,62","ENCARGOS COMPLEMENTARES REFERENCIAL"]
["101347","CURSO DE CAPACITAÇÃO PARA OPERADOR DE MAQUINAS E TRATORES DIVERSOS (ENCARGOS COMPLEMENTARES) - MENSALISTA","MES","COEFICIENTE DE REPRESENTATIVIDADE","21,80","ENCARGOS COMPLEMENTARES REFERENCIAL"]
["101348","CURSO DE CAPACITAÇÃO PARA OPERADOR DE MARTELETE OU MARTELETEIRO (ENCARGOS COMPLEMENTARES) - MENSALISTA","MES","COEFICIENTE DE REPRESENTATIVIDADE","7,85","ENCARGOS COMPLEMENTARES REFERENCIAL"]
["101349","CURSO DE CAPACITAÇÃO PARA OPERADOR DE MOTO SCRAPER (ENCARGOS COMPLEMENTARES) - MENSALISTA","MES","COEFICIENTE DE REPRESENTATIVIDADE","15,62","ENCARGOS COMPLEMENTARES REFERENCIAL"]
["101350","CURSO DE CAPACITAÇÃO PARA OPERADOR DE MOTONIVELADORA (ENCARGOS COMPLEMENTARES) - MENSALISTA","MES","COEFICIENTE DE REPRESENTATIVIDADE","19,16","ENCARGOS COMPLEMENTARES REFERENCIAL"]
["101351","CURSO DE CAPACITAÇÃO PARA OPERADOR DE PA CARREGADEIRA (ENCARGOS COMPLEMENTARES) - MENSALISTA","MES","COEFICIENTE DE REPRESENTATIVIDADE","15,06","ENCARGOS COMPLEMENTARES REFERENCIAL"]
["101352","CURSO DE CAPACITAÇÃO PARA OPERADOR DE PAVIMENTADORA / MESA VIBROACABADORA (ENCARGOS COMPLEMENTARES) - MENSALISTA","MES","COEFICIENTE DE REPRESENTATIVIDADE","16,12","ENCARGOS COMPLEMENTARES REFERENCIAL"]
["101353","CURSO DE CAPACITAÇÃO PARA OPERADOR DE ROLO COMPACTADOR (ENCARGOS COMPLEMENTARES) - MENSALISTA","MES","COEFICIENTE DE REPRESENTATIVIDADE","12,14","ENCARGOS COMPLEMENTARES REFERENCIAL"]
["101354","CURSO DE CAPACITAÇÃO PARA OPERADOR DE TRATOR - EXCLUSIVE AGROPECUARIA (ENCARGOS COMPLEMENTARES) - MENSALISTA","MES","COEFICIENTE DE REPRESENTATIVIDADE","24,07","ENCARGOS COMPLEMENTARES REFERENCIAL"]
["101355","CURSO DE CAPACITAÇÃO PARA OPERADOR DE USINA DE ASFALTO, DE SOLOS OU DE CONCRETO (ENCARGOS COMPLEMENTARES) - MENSALISTA","MES","COEFICIENTE DE REPRESENTATIVIDADE","13,84","ENCARGOS COMPLEMENTARES REFERENCIAL"]
["101356","CURSO DE CAPACITAÇÃO PARA PASTILHEIRO (ENCARGOS COMPLEMENTARES) - MENSALISTA","MES","COEFICIENTE DE REPRESENTATIVIDADE","24,17","ENCARGOS COMPLEMENTARES REFERENCIAL"]
["101357","CURSO DE CAPACITAÇÃO PARA PEDREIRO (ENCARGOS COMPLEMENTARES) - MENSALISTA","MES","COEFICIENTE DE REPRESENTATIVIDADE","32,95","ENCARGOS COMPLEMENTARES REFERENCIAL"]
["101358","CURSO DE CAPACITAÇÃO PARA PINTOR (ENCARGOS COMPLEMENTARES) - MENSALISTA","MES","COEFICIENTE DE REPRESENTATIVIDADE","23,01","ENCARGOS COMPLEMENTARES REFERENCIAL"]
["101359","CURSO DE CAPACITAÇÃO PARA PINTOR DE LETREIROS (ENCARGOS COMPLEMENTARES) - MENSALISTA","MES","COEFICIENTE DE REPRESENTATIVIDADE","30,31","ENCARGOS COMPLEMENTARES REFERENCIAL"]
["101360","CURSO DE CAPACITAÇÃO PARA PINTOR PARA TINTA EPOXI (ENCARGOS COMPLEMENTARES) - MENSALISTA","MES","COEFICIENTE DE REPRESENTATIVIDADE","24,75","ENCARGOS COMPLEMENTARES REFERENCIAL"]
["101361","CURSO DE CAPACITAÇÃO PARA POCEIRO / ESCAVADOR DE VALAS E TUBULOES (ENCARGOS COMPLEMENTARES) - MENSALISTA","MES","COEFICIENTE DE REPRESENTATIVIDADE","31,53","ENCARGOS COMPLEMENTARES REFERENCIAL"]
["101362","CURSO DE CAPACITAÇÃO PARA RASTELEIRO (ENCARGOS COMPLEMENTARES) - MENSALISTA","MES","COEFICIENTE DE REPRESENTATIVIDADE","6,63","ENCARGOS COMPLEMENTARES REFERENCIAL"]
["101363","CURSO DE CAPACITAÇÃO PARA SERRALHEIRO (ENCARGOS COMPLEMENTARES) - MENSALISTA","MES","COEFICIENTE DE REPRESENTATIVIDADE","17,89","ENCARGOS COMPLEMENTARES REFERENCIAL"]
["101364","CURSO DE CAPACITAÇÃO PARA SERVENTE DE OBRAS (ENCARGOS COMPLEMENTARES) - MENSALISTA","MES","COEFICIENTE DE REPRESENTATIVIDADE","20,77","ENCARGOS COMPLEMENTARES REFERENCIAL"]
["101365","CURSO DE CAPACITAÇÃO PARA SOLDADOR (ENCARGOS COMPLEMENTARES) - MENSALISTA","MES","COEFICIENTE DE REPRESENTATIVIDADE","18,10","ENCARGOS COMPLEMENTARES REFERENCIAL"]
["101366","CURSO DE CAPACITAÇÃO PARA SOLDADOR ELETRICO (ENCARGOS COMPLEMENTARES) - MENSALISTA","MES","COEFICIENTE DE REPRESENTATIVIDADE","19,72","ENCARGOS COMPLEMENTARES REFERENCIAL"]
["101367","CURSO DE CAPACITAÇÃO PARA TAQUEADOR OU TAQUEIRO (ENCARGOS COMPLEMENTARES) - MENSALISTA","MES","COEFICIENTE DE REPRESENTATIVIDADE","22,19","ENCARGOS COMPLEMENTARES REFERENCIAL"]
["101368","CURSO DE CAPACITAÇÃO PARA TECNICO EM LABORATORIO E CAMPO DE CONSTRUCAO CIVIL (ENCARGOS COMPLEMENTARES) - MENSALISTA","MES","COEFICIENTE DE REPRESENTATIVIDADE","27,23","ENCARGOS COMPLEMENTARES REFERENCIAL"]
["101369","CURSO DE CAPACITAÇÃO PARA TECNICO EM SONDAGEM (ENCARGOS COMPLEMENTARES) - MENSALISTA","MES","COEFICIENTE DE REPRESENTATIVIDADE","25,07","ENCARGOS COMPLEMENTARES REFERENCIAL"]
["101370","CURSO DE CAPACITAÇÃO PARA TELHADOR (ENCARGOS COMPLEMENTARES) - MENSALISTA","MES","COEFICIENTE DE REPRESENTATIVIDADE","15,95","ENCARGOS COMPLEMENTARES REFERENCIAL"]
["101371","CURSO DE CAPACITAÇÃO PARA VIDRACEIRO (ENCARGOS COMPLEMENTARES) - MENSALISTA","MES","COEFICIENTE DE REPRESENTATIVIDADE","21,95","ENCARGOS COMPLEMENTARES REFERENCIAL"]
["101372","CURSO DE CAPACITAÇÃO PARA VIGIA DIURNO (ENCARGOS COMPLEMENTARES) - MENSALISTA","MES","COEFICIENTE DE REPRESENTATIVIDADE","5,22","ENCARGOS COMPLEMENTARES REFERENCIAL"]
["101373","ENGENHEIRO CIVIL SENIOR COM ENCARGOS COMPLEMENTARES","H","COEFICIENTE DE REPRESENTATIVIDADE","126,67"]
["101374","AJUDANTE DE ARMADOR COM ENCARGOS COMPLEMENTARES","MES","COEFICIENTE DE REPRESENTATIVIDADE","3.018,51"]
["101375","AJUDANTE DE ELETRICISTA COM ENCARGOS COMPLEMENTARES","MES","COEFICIENTE DE REPRESENTATIVIDADE","3.193,58"]
["101376","AJUDANTE DE ESTRUTURAS METÁLICAS COM ENCARGOS COMPLEMENTARES","MES","COEFICIENTE DE REPRESENTATIVIDADE","3.180,06"]
["101377","AJUDANTE DE OPERAÇÃO EM GERAL COM ENCARGOS COMPLEMENTARES","MES","COEFICIENTE DE REPRESENTATIVIDADE","3.087,85"]
["101378","AJUDANTE DE PINTOR COM ENCARGOS COMPLEMENTARES","MES","COEFICIENTE DE REPRESENTATIVIDADE","3.293,24"]
["101379","AJUDANTE DE SERRALHEIRO COM ENCARGOS COMPLEMENTARES","MES","COEFICIENTE DE REPRESENTATIVIDADE","3.163,30"]
["101380","AJUDANTE ESPECIALIZADO COM ENCARGOS COMPLEMENTARES","MES","COEFICIENTE DE REPRESENTATIVIDADE","3.343,17"]
["101381","ARMADOR COM ENCARGOS COMPLEMENTARES","MES","COEFICIENTE DE REPRESENTATIVIDADE","3.883,08"]
["101382","ASSENTADOR DE MANILHAS COM ENCARGOS COMPLEMENTARES","MES","COEFICIENTE DE REPRESENTATIVIDADE","4.337,85"]
["101383","AUXILIAR DE AZULEJISTA COM ENCARGOS COMPLEMENTARES","MES","COEFICIENTE DE REPRESENTATIVIDADE","3.111,97"]
["101384","AUXILIAR DE ENCANADOR OU BOMBEIRO HIDRÁULICO COM ENCARGOS COMPLEMENTARES","MES","COEFICIENTE DE REPRESENTATIVIDADE","2.685,32"]
["101385","AUXILIAR DE LABORATORISTA DE SOLOS E DE CONCRETO COM ENCARGOS COMPLEMENTARES","MES","COEFICIENTE DE REPRESENTATIVIDADE","3.626,69"]
["101386","AUXILIAR DE MECÂNICO COM ENCARGOS COMPLEMENTARES","MES","COEFICIENTE DE REPRESENTATIVIDADE","3.241,52"]
["101387","AUXILIAR DE PEDREIRO COM ENCARGOS COMPLEMENTARES","MES","COEFICIENTE DE REPRESENTATIVIDADE","2.809,75"]
["101388","AUXILIAR DE SERVIÇOS GERAIS COM ENCARGOS COMPLEMENTARES","MES","COEFICIENTE DE REPRESENTATIVIDADE","2.944,34"]
["101389","AUXILIAR DE TOPÓGRAFO COM ENCARGOS COMPLEMENTARES","MES","COEFICIENTE DE REPRESENTATIVIDADE","2.036,91"]
["101390","AUXILIAR TÉCNICO / ASSISTENTE DE ENGENHARIA COM ENCARGOS COMPLEMENTARES","MES","COEFICIENTE DE REPRESENTATIVIDADE","5.541,72"]
["101391","AZULEJISTA OU LADRILHEIRO COM ENCARGOS COMPLEMENTARES","MES","COEFICIENTE DE REPRESENTATIVIDADE","4.034,51"]
["101392","BLASTER, DINAMITADOR OU CABO DE FORÇA COM ENCARGOS COMPLEMENTARES","MES","COEFICIENTE DE REPRESENTATIVIDADE","4.030,29"]
["101394","CALCETEIRO COM ENCARGOS COMPLEMENTARES","MES","COEFICIENTE DE REPRESENTATIVIDADE","3.518,06"]
["101395","CARPINTEIRO AUXILIAR COM ENCARGOS COMPLEMENTARES","MES","COEFICIENTE DE REPRESENTATIVIDADE","3.284,01"]
["101396","CARPINTEIRO DE ESQUADRIAS COM ENCARGOS COMPLEMENTARES","MES","COEFICIENTE DE REPRESENTATIVIDADE","3.433,67"]
["101397","CARPINTEIRO DE FORMAS COM ENCARGOS COMPLEMENTARES","MES","COEFICIENTE DE REPRESENTATIVIDADE","3.892,71"]
["101398","CAVOUQUEIRO OU OPERADOR DE PERFURATRIZ COM ENCARGOS COMPLEMENTARES","MES","COEFICIENTE DE REPRESENTATIVIDADE","3.097,81"]
["101399","ELETRICISTA COM ENCARGOS COMPLEMENTARES","MES","COEFICIENTE DE REPRESENTATIVIDADE","4.107,83"]
["101400","ELETRICISTA DE MANUTENÇÃO INDUSTRIAL COM ENCARGOS COMPLEMENTARES","MES","COEFICIENTE DE REPRESENTATIVIDADE","4.421,70"]
["101401","ELETROTÉCNICO COM ENCARGOS COMPLEMENTARES","MES","COEFICIENTE DE REPRESENTATIVIDADE","4.711,31"]
["101402","ENCANADOR OU BOMBEIRO HIDRÁULICO COM ENCARGOS COMPLEMENTARES","MES","COEFICIENTE DE REPRESENTATIVIDADE","3.401,57"]
["101403","ENGENHEIRO CIVIL SENIOR COM ENCARGOS COMPLEMENTARES","MES","COEFICIENTE DE REPRESENTATIVIDADE","22.227,08"]
["101404","ENGENHEIRO ELETRICISTA COM ENCARGOS COMPLEMENTARES","MES","COEFICIENTE DE REPRESENTATIVIDADE","15.313,27"]
["101405","ENGENHEIRO SANITARISTA COM ENCARGOS COMPLEMENTARES","MES","COEFICIENTE DE REPRESENTATIVIDADE","14.595,09"]
["101407","GESSEIRO COM ENCARGOS COMPLEMENTARES","MES","COEFICIENTE DE REPRESENTATIVIDADE","3.136,18"]
["101408","IMPERMEABILIZADOR COM ENCARGOS COMPLEMENTARES","MES","COEFICIENTE DE REPRESENTATIVIDADE","3.690,84"]
["101409","INSTALADOR DE TUBULAÇÕES COM ENCARGOS COMPLEMENTARES","MES","COEFICIENTE DE REPRESENTATIVIDADE","3.928,46"]
["101410","JARDINEIRO COM ENCARGOS COMPLEMENTARES","MES","COEFICIENTE DE REPRESENTATIVIDADE","3.781,68"]
["101411","LEITURISTA OU CADASTRISTA DE REDES DE ÁGUA COM ENCARGOS COMPLEMENTARES","MES","COEFICIENTE DE REPRESENTATIVIDADE","2.535,08"]
["101412","MAÇARIQUEIRO COM ENCARGOS COMPLEMENTARES","MES","COEFICIENTE DE REPRESENTATIVIDADE","3.879,17"]
["101413","MARCENEIRO COM ENCARGOS COMPLEMENTARES","MES","COEFICIENTE DE REPRESENTATIVIDADE","3.961,94"]
["101414","MARMORISTA / GRANITEIRO COM ENCARGOS COMPLEMENTARES","MES","COEFICIENTE DE REPRESENTATIVIDADE","4.032,78"]
["101415","MECÂNICO DE EQUIPAMENTOS PESADOS COM ENCARGOS COMPLEMENTARES","MES","COEFICIENTE DE REPRESENTATIVIDADE","5.019,47"]
["101416","MECÂNICO DE REFRIGERAÇÃO COM ENCARGOS COMPLEMENTARES","MES","COEFICIENTE DE REPRESENTATIVIDADE","3.754,47"]
["101417","MONTADOR DE ELETROELETRÔNICO COM ENCARGOS COMPLEMENTARES","MES","COEFICIENTE DE REPRESENTATIVIDADE","3.821,84"]
["101418","MONTADOR DE ESTRUTURAS METÁLICAS COM ENCARGOS COMPLEMENTARES","MES","COEFICIENTE DE REPRESENTATIVIDADE","4.024,62"]
["101419","MONTADOR DE MÁQUINAS COM ENCARGOS COMPLEMENTARES","MES","COEFICIENTE DE REPRESENTATIVIDADE","5.457,03"]
["101420","MOTORISTA DE CAMINHÃO BASCULANTE COM ENCARGOS COMPLEMENTARES","MES","COEFICIENTE DE REPRESENTATIVIDADE","3.701,23"]
["101421","MOTORISTA DE CAMINHÃO CARRETA COM ENCARGOS COMPLEMENTARES","MES","COEFICIENTE DE REPRESENTATIVIDADE","4.884,55"]
["101422","MOTORISTA DE CARRO DE PASSEIO COM ENCARGOS COMPLEMENTARES","MES","COEFICIENTE DE REPRESENTATIVIDADE","3.763,78"]
["101423","MOTORISTA DE ÔNIBUS / MICRO-ÔNIBUS COM ENCARGOS COMPLEMENTARES","MES","COEFICIENTE DE REPRESENTATIVIDADE","4.322,19"]
["101424","MOTORISTA OPERADOR DE CAMINHÃO COM MUNCK COM ENCARGOS COMPLEMENTARES","MES","COEFICIENTE DE REPRESENTATIVIDADE","4.377,50"]
["101425","NIVELADOR  COM ENCARGOS COMPLEMENTARES","MES","COEFICIENTE DE REPRESENTATIVIDADE","2.507,89"]
["101426","OPERADOR DE BATE-ESTACA COM ENCARGOS COMPLEMENTARES","MES","COEFICIENTE DE REPRESENTATIVIDADE","4.553,33"]
["101427","OPERADOR DE BETONEIRA (CAMINHÃO) COM ENCARGOS COMPLEMENTARES","MES","COEFICIENTE DE REPRESENTATIVIDADE","3.580,55"]
["101428","OPERADOR DE BETONEIRA ESTACIONÁRIA COM ENCARGOS COMPLEMENTARES","MES","COEFICIENTE DE REPRESENTATIVIDADE","3.485,25"]
["101429","OPERADOR DE COMPRESSOR DE AR OU COMPRESSORISTA COM ENCARGOS COMPLEMENTARES","MES","COEFICIENTE DE REPRESENTATIVIDADE","4.037,72"]
["101430","OPERADOR DE DEMARCADORA DE FAIXAS DE TRÁFEGO COM ENCARGOS COMPLEMENTARES","MES","COEFICIENTE DE REPRESENTATIVIDADE","4.209,48"]
["101431","OPERADOR DE ESCAVADEIRA COM ENCARGOS COMPLEMENTARES","MES","COEFICIENTE DE REPRESENTATIVIDADE","4.535,89"]
["101432","OPERADOR DE GUINCHO OU GUINCHEIRO COM ENCARGOS COMPLEMENTARES","MES","COEFICIENTE DE REPRESENTATIVIDADE","3.781,76"]
["101433","OPERADOR DE GUINDASTE COM ENCARGOS COMPLEMENTARES","MES","COEFICIENTE DE REPRESENTATIVIDADE","6.315,95"]
["101434","OPERADOR DE JATO ABRASIVO OU JATISTA COM ENCARGOS COMPLEMENTARES","MES","COEFICIENTE DE REPRESENTATIVIDADE","4.150,25"]
["101435","OPERADOR DE MÁQUINAS E TRATORES DIVERSOS COM ENCARGOS COMPLEMENTARES","MES","COEFICIENTE DE REPRESENTATIVIDADE","4.337,59"]
["101436","OPERADOR DE MARTELETE OU MARTELETEIRO COM ENCARGOS COMPLEMENTARES","MES","COEFICIENTE DE REPRESENTATIVIDADE","2.570,40"]
["101437","OPERADOR DE MOTO SCRAPER COM ENCARGOS COMPLEMENTARES","MES","COEFICIENTE DE REPRESENTATIVIDADE","4.266,67"]
["101438","OPERADOR DE MOTONIVELADORA COM ENCARGOS COMPLEMENTARES","MES","COEFICIENTE DE REPRESENTATIVIDADE","5.040,43"]
["101439","OPERADOR DE PÁ CARREGADEIRA COM ENCARGOS COMPLEMENTARES","MES","COEFICIENTE DE REPRESENTATIVIDADE","4.145,68"]
["101440","OPERADOR DE PAVIMENTADORA / MESA VIBROACABADORA COM ENCARGOS COMPLEMENTARES","MES","COEFICIENTE DE REPRESENTATIVIDADE","4.377,19"]
["101441","OPERADOR DE ROLO COMPACTADOR COM ENCARGOS COMPLEMENTARES","MES","COEFICIENTE DE REPRESENTATIVIDADE","3.507,42"]
["101442","OPERADOR DE TRATOR - EXCLUSIVE AGROPECUÁRIA COM ENCARGOS COMPLEMENTARES","MES","COEFICIENTE DE REPRESENTATIVIDADE","4.700,18"]
["101443","OPERADOR DE USINA DE ASFALTO, DE SOLOS OU DE CONCRETO COM ENCARGOS COMPLEMENTARES","MES","COEFICIENTE DE REPRESENTATIVIDADE","3.879,76"]
["101444","PASTILHEIRO COM ENCARGOS COMPLEMENTARES","MES","COEFICIENTE DE REPRESENTATIVIDADE","4.033,68"]
["101445","PEDREIRO COM ENCARGOS COMPLEMENTARES","MES","COEFICIENTE DE REPRESENTATIVIDADE","3.898,14"]
["101446","PINTOR COM ENCARGOS COMPLEMENTARES","MES","COEFICIENTE DE REPRESENTATIVIDADE","4.089,90"]
["101447","PINTOR DE LETREIROS COM ENCARGOS COMPLEMENTARES","MES","COEFICIENTE DE REPRESENTATIVIDADE","4.999,49"]
["101448","PINTOR PARA TINTA EPÓXI COM ENCARGOS COMPLEMENTARES","MES","COEFICIENTE DE REPRESENTATIVIDADE","4.306,42"]
["101449","POCEIRO / ESCAVADOR DE VALAS COM ENCARGOS COMPLEMENTARES","MES","COEFICIENTE DE REPRESENTATIVIDADE","3.605,15"]
["101450","RASTELEIRO COM ENCARGOS COMPLEMENTARES","MES","COEFICIENTE DE REPRESENTATIVIDADE","3.233,22"]
["101451","SERRALHEIRO COM ENCARGOS COMPLEMENTARES","MES","COEFICIENTE DE REPRESENTATIVIDADE","3.883,08"]
["101452","SERVENTE DE OBRAS COM ENCARGOS COMPLEMENTARES","MES","COEFICIENTE DE REPRESENTATIVIDADE","2.815,78"]
["101453","SOLDADOR COM ENCARGOS COMPLEMENTARES","MES","COEFICIENTE DE REPRESENTATIVIDADE","4.039,25"]
["101454","SOLDADOR ELÉTRICO COM ENCARGOS COMPLEMENTARES","MES","COEFICIENTE DE REPRESENTATIVIDADE","4.297,42"]
["101455","TAQUEADOR OU TAQUEIRO COM ENCARGOS COMPLEMENTARES","MES","COEFICIENTE DE REPRESENTATIVIDADE","4.548,79"]
["101456","TÉCNICO DE LABORATÓRIO E CAMPO DE CONSTRUÇÃO COM ENCARGOS COMPLEMENTARES","MES","COEFICIENTE DE REPRESENTATIVIDADE","6.179,59"]
["101457","TÉCNICO EM SONDAGEM COM ENCARGOS COMPLEMENTARES","MES","COEFICIENTE DE REPRESENTATIVIDADE","4.860,90"]
["101458","TELHADOR COM ENCARGOS COMPLEMENTARES","MES","COEFICIENTE DE REPRESENTATIVIDADE","3.553,25"]
["101459","VIDRACEIRO COM ENCARGOS COMPLEMENTARES","MES","COEFICIENTE DE REPRESENTATIVIDADE","3.757,28"]
["101460","VIGIA DIURNO COM ENCARGOS COMPLEMENTARES","MES","COEFICIENTE DE REPRESENTATIVIDADE","2.876,44"]

{"sheet":"IOPES 09.2021","index":5,"n_rows":1243,"n_cols":7,"rows_kept":1243,"cut":false,"hidden":true,"merged":[]}
["Item","Fonte/Código","Especificação do Serviço","Und.","Quant.","Preço Unitário","Preço Total"]
["'01",null,"SERVIÇOS PRELIMINARES"]
["'0102",null,"DEMOLIÇÕES E RETIRADAS"]
["010201","LABOR - 010201 - 1","Demolição de piso cimentado inclusive lastro de concreto","m2",1,20.75,20.75]
["010202","LABOR - 010202 - 1","Demolição de piso revestido com cerâmica","m2",1,11.17,11.17]
["010203","LABOR - 010203 - 1","Demolição de piso revestido com cerâmica inclusive lastro de concreto","m2",1,22.35,22.35]
["010204","LABOR - 010204 - 1","Demolição de piso revestido com tacos de madeira","m2",1,15.96,15.96]
["010205","LABOR - 010205 - 1","Demolição de piso de tábuas","m2",1,14.37,14.37]
["010206","LABOR - 010206 - 1","Demolição de revestimento com azulejos","m2",1,39.909999999999997,39.909999999999997]
["010207","LABOR - 010207 - 1","Demolição de revestimento com lambris de madeira","m2",1,39.909999999999997,39.909999999999997]
["010208","LABOR - 010208 - 1","Retirada de revestimento antigo em reboco","m2",1,7.98,7.98]
["010209","LABOR - 010209 - 1","Demolição de alvenaria","m3",1,47.89,47.89]
["010210","LABOR - 010210 - 1","Demolição manual de concreto simples (EMOP 05.001.001)","m3",1,224.8,224.8]
["010212","LABOR - 010212 - 1","Retirada manual de pavimento em paralelepípedos, incluindo empilhamento para reaproveitamento","m2",1,9.58,9.58]
["010213","LABOR - 010213 - 1","Retirada manual de blocos pré-moldados de concreto (Blokret), inclusive empilhamento para reaproveitamento","m2",1,11.17,11.17]
["010214","LABOR - 010214 - 1","Retirada de portas e janelas de madeira, inclusive batentes","m2",1,12.77,12.77]
["010215","LABOR - 010215 - 1","Retirada de esquadrias metálicas","m2",1,7.98,7.98]
["010216","LABOR - 010216 - 1","Retirada de meio-fio de concreto","m",1,7.98,7.98]
["010218","LABOR - 010218 - 1","Remoção de pintura antiga a óleo ou esmalte","m2",1,10.08,10.08]
["010219","LABOR - 010219 - 1","Demolição manual de concreto armado (EMOP 05.001.033)","m3",1,264.43,264.43]
["010220","LABOR - 010220 - 1","Demolição de piso cimentado, exclusive lastro de concreto","m2",1,9.84,9.84]
["010221","LABOR - 010221 - 1","Retirada de bandeira de porta","und",1,24.38,24.38]
["010222","LABOR - 010222 - 1","Demolição de elementos vazados cerâmicos ou de concreto","m2",1,17.68,17.68]
["010223","LABOR - 010223 - 1","Retirada de aparelhos sanitários","und",1,16.59,16.59]
["010224","LABOR - 010224 - 1","Retirada de grades, gradis, alambrados, cercas e portões","m2",1,14.05,14.05]
["010225","LABOR - 010225 - 1","Retirada de bancada de pia","m2",1,19.899999999999999,19.899999999999999]
["010226","LABOR - 010226 - 1","Retirada de tanque de cimento","und",1,19.899999999999999,19.899999999999999]
["010227","LABOR - 010227 - 1","Retirada de caixa d'água de fibrocimento, inclusive tubulação de ligação","und",1,33.17,33.17]
["010228","LABOR - 010228 - 1","Demolição de forro de madeira, sem reaproveitamento","m2",1,5.41,5.41]
["010229","LABOR - 010229 - 1","Retirada de poste de aço de 4 a 6 m","und",1,31.92,31.92]
["010230","LABOR - 010230 - 1","Retirada de pintura antiga a base de PVA","m2",1,5.15,5.15]
["010234","LABOR - 010234 - 1","Demolição de laje pré-moldada de concreto","m2",1,20.75,20.75]
["010238","LABOR - 010238 - 1","Apicoamento de superfície com revestimento em argamassa","m2",1,7.98,7.98]
["010239","LABOR - 010239 - 1","Retirada de divisórias com reaproveitamento","m2",1,31.1,31.1]
["010240","LABOR - 010240 - 1","Retirada de pontos elétricos (luminárias, interruptores e tomadas)","und",1,8.81,8.81]
["010242","LABOR - 010242 - 1","Retirada de vidros quebrados","m2",1,2.81,2.81]
["010244","LABOR - 010244 - 1","Retirada de rodapé em argamassa de cimento e areia","m",1,11.49,11.49]
["010246","LABOR - 010246 - 1","Lixamento de parede com pintura antiga PVA para recebimento de nova camada de tinta","m2",1,3.04,3.04]
["010253","LABOR - 010253 - 1","Remoção de engradamento de madeira de cobertura para reaproveitamento","m2",1,23.46,23.46]
["010254","LABOR - 010254 - 1","Remoção de telhas cerâmica, tipo francesa, inclusive cumeeira","m2",1,7.77,7.77]
["010255","LABOR - 010255 - 1","Remoção de telhas cerâmicas, tipo colonial, inclusive cumeeiras","m2",1,19.190000000000001,19.190000000000001]
["010256","LABOR - 010256 - 1","Remoção de telha ondulada de fibrocimento, inclusive cumeeira","m2",1,6.11,6.11]
["010259","LABOR - 010259 - 1","Retirada de rodapé de madeira ou cerâmica","m",1,1.86,1.86]
["010264","LABOR - 010264 - 1","Demolição de piso granilite","m2",1,22.13,22.13]
["010271","LABOR - 010271 - 1","Retirada de caixas/quadros elétricos","und",1,11.88,11.88]
["010279","LABOR - 010279 - 1","Retirada de quadro de giz (1.29 x 3.95m)","und",1,18.55,18.55]
["010280","LABOR - 010280 - 1","Remoção de cobertura em telha metálica, exclusive estrutura","m2",1,6.97,6.97]
["010286","LABOR - 010286 - 1","Demolição de divisória de granito","m2",1,11.8,11.8]
["010292","LABOR - 010292 - 1","Retirada de alizar de madeira","m",1,0.49,0.49]
["0103",null,"DEMOLIÇÕES E RETIRADAS"]
["010315","LABOR - 010315 - 1","Retirada de cobertura em telhas Canalete 49","m2",1,9.15,9.15]
["010317","LABOR - 010317 - 1","Demolição de alvenaria, com reaproveitamento","m2",1,95.77,95.77]
["010318","LABOR - 010318 - 1","Remoção de forro em eucatex, sem aproveitamento do material","m2",1,11.29,11.29]
["010319","LABOR - 010319 - 1","Remoção de pintura antiga a base de óleo ou esmalte sobre esquadrias","m2",1,14.99,14.99]
["010320","LABOR - 010320 - 1","Remoção de revestimento de pisos com forração textil","m2",1,1.6,1.6]
["010323","LABOR - 010323 - 1","Retirada de torneiras e registros","und",1,8.81,8.81]
["010324","LABOR - 010324 - 1","Retirada de cobertura em telha canalete 90","m2",1,7.04,7.04]
["010325","LABOR - 010325 - 1","Demolição de estrutura de madeira para telhado","m2",1,23.46,23.46]
["010326","LABOR - 010326 - 1","Retirada de estrutura em madeira do telhado","m2",1,23.46,23.46]
["010327","LABOR - 010327 - 1","Retirada de marco de madeira","m",1,1.99,1.99]
["010329","LABOR - 010329 - 1","Retirada de disjuntor","und",1,16.45,16.45]
["010331","LABOR - 010331 - 1","Demolição de piso, soleira, peitoris e escadas em mármore ou granito, exclusive regularização","m2",1,8.56,8.56]
["010332","LABOR - 010332 - 1","Retirada de roda parede em madeira","m",1,2.97,2.97]
["010333","LABOR - 010333 - 1","Retirada de piso de borracha","m2",1,6.69,6.69]
["0104",null,"LIMPEZA DO TERRENO"]
["010401","LABOR - 010401 - 1","Corte de capoeira fina, a foice (manual)","m2",1,1.0900000000000001,1.0900000000000001]
["010402","LABOR - 010402 - 1","Raspagem e limpeza do terreno (manual)","m2",1,3.51,3.51]
["010403","LABOR - 010403 - 1","Corte e destocamento de árvores com diâmetro de até 15 cm","und",1,42.15,42.15]
["010404","LABOR - 010404 - 1","Corte e destocamento de árvores com diâmetro superior a 30 cm","und",1,104.81,104.81]
["0105",null,"LOCAÇÃO"]
["010501","LABOR - 010501 - 2","Locação de obra com gabarito de madeira","m2",1,9.39,9.39]
["010512","LABOR - 010512 - 1","Equipe topográfica para serviços simples de locação e nivelamento (incluindo equipamento, transporte e profissionais nivel médio)","mês",1,17082.38,17082.38]
["02",null,"INSTALAÇÃO DO CANTEIRO DE OBRAS"]
["0203",null,"TAPUMES, BARRACÕES E COBERTURAS"]
["020305","LABOR - 020305 - 2","Placa de obra nas dimensões de 2.0 x 4.0 m, padrão IOPES","m2",1,286.43,286.43]
["020339","LABOR - 020339 - 1","Locação de andaime metálico para trabalho em fachada de edifíco (aluguel de 1 m² por 1 mês) inclusive frete, montagem e desmontagem","m2",1,14.03,14.03]
["020343","LABOR - 020343 - 3","Aluguel mensal container para escritório, sem banheiro, dim. 6.00x2.40m, incl. porta, 2 janelas, abert p/ ar cond., 2 pt iluminação, 2 tomadas elét. e 1 tomada telef. Isolamento térmico (teto e paredes), piso em comp. Naval, cert. NR18, incl. laudo descontaminação.","mês",1,719,719]
["020344","LABOR - 020344 - 2","Mobilização e desmobilização de conteiner locado para barracão de obra","und",1,1035.67,1035.67]
["020346","LABOR - 020346 - 1","Locação de andaime metálico para fachada - tipo torre (aluguel mensal)","m",1,8.8800000000000008,8.8800000000000008]
["020348","LABOR - 020348 - 3","Fornecimento e instalação de proteção para andaime fachadeiro considerando plataforma, rodapé e guarda-corpo em madeira, inclusive entelamento, conforme NR-18 (medido por m2 de fachada)","m2",1,23.84,23.84]
["020350","LABOR - 020350 - 3","Tapume Telha Metálica Ondulada em aço galvalume 0,50mm Branca h=2,20m, incl. montagem estr. mad. 8\"x8\", c/adesivo \"DER-ES\" 60x60cm a cada 10m, incl. faixas pint. esmalte sint. cores azul c/ h=30cm e rosa c/ h=10cm (Reaproveitamento 2x)","m",1,179.46,179.46]
["020351","LABOR - 020351 - 2","Tapume madeira compensada resinada e= 12mm h=2,20m, estr. c/ mad reflorest., incl mont, pintura esmalte sint, adesivo \"DER-ES\" 60x60cm a cada 10m e faixas c/ pintura esmalte sintético nas cores azul c/ h=30cm e rosa c/ h=10cm","m",1,207.59,207.59]
["020352","LABOR - 020352 - 1","Aluguel mensal container para escritório, dim. 6.00x2.40m, c/ banheiro (vaso+lavat+chuveiro e básc), incl. porta, 2 janelas, abert p/ ar cond., 2 pt iluminação, 2 tom. elét. e 1 tom.telef. Isolam.térmico(teto e paredes), piso em comp. Naval, cert. NR18, incl. laudo descontaminação.","ms",1,787.33,787.33]
["020353","LABOR - 020353 - 1","Aluguel mensal container para refeitorio, incl. porta, 2 janelas, abert p/ ar cond., 2 pt iluminação, 2 tomadas elét. e 1 tomada telef. Isolamento térmico (paredes e teto), piso em comp. Naval pintado, cert. NR18, incl. laudo descontaminação.","ms",1,719,719]
["020354","LABOR - 020354 - 1","Aluguel mensal container para vestiário, incl. porta, venezianas de circulação, 1 pt iluminação, Isolamento térmico (teto), piso em comp. Naval pintado, cert. NR18, incl. laudo descontaminação.","ms",1,538.75,538.75]
["020355","LABOR - 020355 - 1","Aluguel mensal container sanitário, incl porta, básc, 2 ptos luz, 1 pto aterram., 3vasos, 3lavatórios, calha mictório, 6 chuveiros (1 eletrico), torn.,registros, piso comp. Naval pintado, cert NR18 e laudo descontaminação","ms",1,847.25,847.25]
["020356","LABOR - 020356 - 1","Aluguel mensal container para almoxarifado, incl. porta, 2 janelas, 1 pt iluminação, Isolamento térmico (teto), piso em comp. Naval pintado, cert. NR18, incl. laudo descontaminação.","ms",1,529,529]
["0207",null,"INSTALAÇÃO DO CANTEIRO DE OBRAS (UTILIZAÇÃO 1 VEZ), PROJETO PADRÃO LABOR - NR.18 (OBRAS COM PRAZO DE EXECUÇÃO SUPERIOR A 12 MESES)"]
["020701","LABOR - 020701 - 5","Barracão para escritório com sanitário área de 14.50 m2, de chapa de compens. 12mm e pontalete 8x8cm, piso cimentado e cobertura de telha de fibroc. 6mm, incl. ponto de luz e cx. de inspeção, conf. projeto (1 utilização)","m2",1,705.78,705.78]
["020702","LABOR - 020702 - 2","Barracão para almoxarifado área de 10.90m2, de chapa de compensado de 12mm e pontalete 8x8cm, piso cimentado e cobertura de telhas de fibrocimento de 6mm, incl. ponto de luz, conf. projeto (1 utilização)","m2",1,491.47,491.47]
["020703","LABOR - 020703 - 2","Barracão para depósito de cimento área de 10.90m2, de chapa de compensado 12mm e pontaletes 8x8cm, piso cimentado e cobertura de telhas de fibrocimento de 6mm, inclusive ponto de luz, conf. projeto (1 utilização)","m2",1,426.2,426.2]
["020704","LABOR - 020704 - 3","Refeitório com paredes de chapa de compens. 12mm e pontaletes 8x8cm, piso ciment. e cob. de telhas fibroc. 6mm, incl. ponto de luz e cx. de inspeção (cons. 1.21 m2/func./turno), conf. projeto (1 utilização)","m2",1,395.62,395.62]
["020705","LABOR - 020705 - 4","Unidade de sanitário e vestiário p/ até 20 func. área de 18.15m2, paredes de chapa compens. 12mm e pontalete 8x8cm, piso cimentado, cobert. telha fibroc. 6mm, incl. instalação de luz e cx. de inspeção, conf. projeto (1 utilização)","und",1,13169.9,13169.9]
["020706","LABOR - 020706 - 4","Unidade de sanitário e vestiário de 20 a 40 func. área 25.40m2, paredes de chapa compens. 12mm e pontalete 8x8cm, piso cimentado, cobert. telha fibroc. 6mm, incl. inst. de luz e cx. de inspeção, conf. projeto (1 utilização)","und",1,19983.57,19983.57]
["020707","LABOR - 020707 - 4","Unidade de sanitário e vestiário de 40 a 60 func. área 33.90m2, paredes de chapa compens. 12mm e pontalete 8x8cm, piso cimentado, cobert. telha fibroc. 6mm, incl. inst. de luz e cx. de inspeção, conf. projeto (1 utilização)","und",1,24718.61,24718.61]
["020708","LABOR - 020708 - 2","Galpão para serraria e carpintaria área 12.00m2, em peça de madeira 8x8cm e contraventamento de 5x7cm, cobertura de telha de fibroc. de 6mm, inclusive ponto e cabo de alimentação da máquina, conf. projeto (1 utilização)","m2",1,181.78,181.78]
["020709","LABOR - 020709 - 2","Galpão para corte e armação com área de 6.00m2, em peças de madeira 8x8cm e contraventamento de 5x7cm, cobertura de telhas de fibroc. de 6mm, inclusive ponto e cabo de alimentação da máquina, conf. projeto (1 utilização)","m2",1,245.4,245.4]
["020710","LABOR - 020710 - 2","Reservatório de poliestileno de 500L, incl. suporte em madeira de 7x12cm e 5x7cm, elevado de 4m, conf. projeto (1 utilização)","und",1,2949.18,2949.18]
["020711","LABOR - 020711 - 2","Reservatório de poliestileno de 1000 L, incl. suporte em madeira de 7x12cm e 8x7cm, elevado de 4m, conf. projeto (1 utilização)","und",1,3407.82,3407.82]
["020712","LABOR - 020712 - 1","Rede de água com padrão de entrada d'água diâm. 3/4\", conf. espec. CESAN, incl. tubos e conexões para alimentação, distribuição, extravasor e limpeza, cons. o padrão a 25m, conf. projeto (1 utilização)","m",1,42.28,42.28]
["020713","LABOR - 020713 - 2","Rede de luz, incl. padrão entrada de energia trifás., cabo de ligação até barracões, quadro de distrib., disj. e chave de força (quando necessário), cons. 20m entre padrão entrada e QDG, conf. projeto (1 utilização)","m",1,611.09,611.09]
["020714","LABOR - 020714 - 2","Rede de esgoto, contendo fossa e filtro, inclusive tubos e conexões de ligação entre caixas, considerando distância de 25m, conforme projeto (1 utilização)","m",1,340.54,340.54]
["0208",null,"INSTALAÇÃO DO CANTEIRO DE OBRAS (UTILIZAÇÃO 2 VEZES), PROJETO PADRÃO LABOR - NR.18 (OBRAS COM PRAZO DE EXECUÇÃO DE 6 A 12 MESES)"]
["020801","LABOR - 020801 - 5","Barracão para escritório com sanitário área 14.50m2, de chapa de compens. 12mm e pontalete 8x8cm, piso cimentado e cobertura de telha de fibroc. 6mm, incl. ponto de luz e cx. de inspeção, conf. projeto (2 utilizações)","m2",1,527.20000000000005,527.20000000000005]
["020802","LABOR - 020802 - 2","Barracão para almoxarifado área de 10.90m2, de chapa de compensado 12mm e pontaletes 8x8cm, piso cimentado e cobertura de telha de fibrocimento de 6mm, inclusive ponto de luz, conf. projeto (2 utilizações)","m2",1,374.39,374.39]
["020803","LABOR - 020803 - 2","Barracão para depósito de cimento área de 10.90m2, de chapa de compensado 12mm e pontaletes 8x8cm, piso cimentado e cobertura de telhas de fibrocimento de 6mm, inclusive ponto de luz, conf. projeto (2 utilizações)","m2",1,326.79000000000002,326.79000000000002]
["020804","LABOR - 020804 - 3","Refeitório com paredes de chapa de compens. 12mm e pontaletes 8x8cm, piso ciment. e cobert. de telhas fibroc. 6mm, incl. ponto de luz e cx. de inspeção (cons. 1.21m2/func./turno), conf. projeto (2 utilização)","m2",1,324.33,324.33]
["020805","LABOR - 020805 - 4","Unidade de sanitário e vestiário para até 20 func. área 18.15m2, paredes de chapa compens. 12mm e pontalete 8x8cm, piso cimentado, cobert. telha fibroc. 6mm, incl. inst. de luz e cx. de inspeção, conf. projeto (2 utilizações)","und",1,10266.9,10266.9]
["020806","LABOR - 020806 - 4","Unidade de sanitário e vestiário de 20 a 40 func. área 25.40m2, paredes de chapa compens. 12mm e pontalete 8x8cm, piso cimentado, cobert. telha fibroc. 6mm, incl. inst. de luz e cx. de inspeção, conf. projeto (2 utilizações)","und",1,15593.36,15593.36]
["020807","LABOR - 020807 - 4","Unidade de sanitário e vestiário de 40 a 60 func. área 33.90m2, paredes de chapa compens. 12mm e pontalete 8x8cm, piso cimentado, cobert. telha fibroc. 6mm, incl. inst. de luz e cx. de inspeção, conf. projeto (2 utilizações)","und",1,19490.59,19490.59]
["020808","LABOR - 020808 - 2","Galpão para serraria e carpintaria área 12.00m2, em peças de madeira 8x8cm e contraventamento de 5x7cm, cobertura de telhas de fibroc. de 6mm, inclusive ponto e cabo de alimentação da máquina, conf. projeto (2 utilizações)","m2",1,125.74,125.74]
["020809","LABOR - 020809 - 2","Galpão para corte e armação com área de 6.00m2, de peças de madeira 8x8cm e contraventamento de 5x7cm, cobertura de telhas de fibroc. de 6mm, inclusive ponto e cabo de alimentação da máquina, conf. projeto (2 utilizações)","m2",1,173.26,173.26]
["020810","LABOR - 020810 - 2","Reservatório de poliestileno de 500 L, incl. suporte em madeira de 7x12cm e 5x7cm, elevado de 4m, conforme projeto (2 utilizações)","und",1,1806.99,1806.99]
["020811","LABOR - 020811 - 2","Reservatório de poliestileno de 1000 L, inclusive suporte em madeira de 7x12cm e 5x7cm, elevado de 4m, conforme projeto (2 utilizações)","und",1,2070.3000000000002,2070.3000000000002]
["020812","LABOR - 020812 - 1","Rede de água, com padrão de entrada d'água diâm. 3/4\", conf. espec. CESAN, incl. tubos e conexões para alimentação, distribuição, extravasor e limpeza, cons. o padrão a 25m, conf. projeto (2 utilizações)","m",1,29.42,29.42]
["03",null,"MOVIMENTO DE TERRA"]
["0301",null,"ESCAVAÇÕES"]
["030101","LABOR - 030101 - 1","Escavação manual em material de 1a. categoria, até 1.50 m de profundidade","m3",1,45.66,45.66]
["030102","LABOR - 030102 - 1","Escavação manual em material de 2a. categoria, até 1.50 m de profundidade","m3",1,77.28,77.28]
["030103","LABOR - 030103 - 1","Escavação mecânica em material de 1a. categoria","m3",1,10.210000000000001,10.210000000000001]
["030104","LABOR - 030104 - 1","Escavação mecânica em material de 2a. categoria","m3",1,14.27,14.27]
["030119","LABOR - 030119 - 1","Apiloamento do fundo de vala com maço de 30 a 60kg","m2",1,23.89,23.89]
["0302",null,"REATERRO E COMPACTAÇÃO"]
["030201","LABOR - 030201 - 1","Reaterro apiloado de cavas de fundação, em camadas de 20 cm","m3",1,49.18,49.18]
["030202","LABOR - 030202 - 2","Material para aterro - areia limpa (fornecimento já considerado 15% de empolamento)","m3",1,107.33,107.33]
["030203","LABOR - 030203 - 1","Lastro de brita 3 e 4, apiloado manualmente","m3",1,158.32,158.32]
["030204","LABOR - 030204 - 1","Lastro de areia","m3",1,156.51,156.51]
["030206","LABOR - 030206 - 2","Aterro manual para regularização do terreno em areia, inclusive adensamento hidráulico e fornecimento do material (máximo de 100m3)","m3",1,137.35,137.35]
["030208","LABOR - 030208 - 2","Aterro manual para regularização do terreno em argila, inclusive adensamento manual e fornecimento do material (máximo de 100m3)","m3",1,139.06,139.06]
["030209","LABOR - 030209 - 1","Aterro com areia em áreas de calçada, inclusive fornecimento e adensamento","m3",1,116.02,116.02]
["030210","LABOR - 030210 - 1","Aterro compactado utilizando compactador de placa vibratória com reaproveitamento do material","m3",1,24.67,24.67]
["030211","LABOR - 030211 - 1","Reaterro de valas, exclusive compactação","m3",1,6.32,6.32]
["0303",null,"TRANSPORTES"]
["030304","LABOR - 030304 - 2","Índice de preço para remoção de entulho decorrente da execução de obras (Classe A CONAMA - NBR 10.004 - Classe II-B), incluindo aluguel da caçamba, carga, transporte e descarga em área licenciada","m3",1,48.85,48.85]
["030305","LABOR - 030305 - 1","Transporte de material encosta acima, serviço inteiramente manual, a 10m de distância, considerados ao longo da encosta, inclusive carga e descarga (txdam)","und",1,21.08,21.08]
["030306","LABOR - 030306 - 1","Transporte de material encosta abaixo, serviço inteiramente manual, a 10m de distância, considerados ao longo da encosta, inclusive carga e descarga (txdam)","und",1,14.05,14.05]
["04",null,"ESTRUTURAS"]
["0402",null,"INFRA-ESTRUTURA (FUNDAÇÃO)"]
["040202","LABOR - 040202 - 2","Fornecimento, preparo e aplicação de concreto ciclópico Fck=15MPa com 30% de pedra de mão","m3",1,521.59,521.59]
["040206","LABOR - 040206 - 2","Fôrma de tábua de madeira de 2.5 x 30.0 cm para fundações, levando-se em conta a utilização 5 vezes (incluido o material, corte, montagem, escoramento e desforma)","m2",1,69.349999999999994,69.349999999999994]
["040224","LABOR - 040224 - 1","Fornecimento, preparo e aplicação de concreto Fck = 30 MPa (com brita 1 e 2) - (5% de perdas já incluído no custo)","m3",1,596.82000000000005,596.82000000000005]
["040231","LABOR - 040231 - 1","Fornecimento, preparo e aplicação de concreto magro com consumo mínimo de cimento de 250 kg/m3 (brita 1 e 2) - (5% de perdas já incluído no custo)","m3",1,523.69000000000005,523.69000000000005]
["040233","LABOR - 040233 - 1","Fornecimento, preparo e aplicação de concreto Fck=15 MPa (brita 1 e 2) - (5% de perdas já incluído no custo)","m3",1,542.03,542.03]
["040235","LABOR - 040235 - 1","Fornecimento, preparo e aplicação de concreto Fck=20 MPa (brita 1 e 2) - (5% de perdas já incluído no custo)","m3",1,559.92999999999995,559.92999999999995]
["040237","LABOR - 040237 - 1","Fornecimento, preparo e aplicação de concreto Fck=25 MPa (brita 1 e 2) - (5% de perdas já incluído no custo)","m3",1,579.5,579.5]
["040238","LABOR - 040238 - 2","Fôrma de chapa compensada resinada 12mm, levando-se em conta a utilização 3 vezes (incluido o material, corte, montagem, escoramento e desfôrma)","m2",1,73.63,73.63]
["040239","LABOR - 040239 - 1","Fornecimento e aplicação de concreto USINADO Fck=20 MPa - considerando lançamento MANUAL para INFRA-ESTRUTURA (5% de perdas já incluído no custo)","m3",1,498.44,498.44]
["040240","LABOR - 040240 - 1","Fornecimento e aplicação de concreto USINADO Fck=25 MPa - considerando lançamento MANUAL para INFRA-ESTRUTURA (5% de perdas já incluído no custo)","m3",1,518.74,518.74]
["040243","LABOR - 040243 - 1","Fornecimento, dobragem e colocação em fôrma, de armadura CA-50 A média, diâmetro de 6.3 a 10.0 mm","kg",1,13.56,13.56]
["040245","LABOR - 040245 - 1","Fornecimento, dobragem e colocação em fôrma, de armadura CA-50 A grossa diâmetro de 12.5 a 25.0 mm (1/2 a 1\")","kg",1,13.86,13.86]
["040246","LABOR - 040246 - 1","Fornecimento, dobragem e colocação em fôrma, de armadura CA-60 B fina, diâmetro de 4.0 a 7.0mm","kg",1,17.66,17.66]
["040249","LABOR - 040249 - 2","Fôrma de tábua de madeira de 2.5x30.0cm, levando-se em conta utilização 1 vez (incluindo o material, corte, montagem, escoramento e desforma)","m2",1,114.36,114.36]
["040250","LABOR - 040250 - 2","Fôrma de tábua de madeira de 2.5x30.0cm, levando-se em conta utilização 3 vezes (incluindo o material, corte, montagem, escoramento e desforma)","m2",1,84.27,84.27]
["040253","LABOR - 040253 - 1","Fornecimento e aplicação de concreto USINADO Fck=30 MPa - considerando lançamento MANUAL para INFRA-ESTRUTURA (5% de perdas já incluído no custo)","m3",1,539.04,539.04]
["0403",null,"SUPER-ESTRUTURA"]
["040315","LABOR - 040315 - 1","Fornecimento, preparo e aplicação de concreto Fck = 30 MPa (com brita 1 e 2) - (5% de perdas já incluído no custo)","m3",1,686.56,686.56]
["040320","LABOR - 040320 - 1","Fornecimento, preparo e aplicação de concreto Fck=15 MPa (brita 1 e 2) - (5% de perdas já incluído no custo)","m3",1,631.77,631.77]
["040322","LABOR - 040322 - 1","Fornecimento, preparo e aplicação de concreto Fck=20 MPa (brita 1 e 2) - (5% de perdas já incluído no custo)","m3",1,649.66999999999996,649.66999999999996]
["040324","LABOR - 040324 - 1","Fornecimento, preparo e aplicação de concreto Fck=25 MPa (brita 1 e 2) - (5% de perdas já incluído no custo)","m3",1,669.24,669.24]
["040328","LABOR - 040328 - 1","Fornecimento, dobragem e colocação em fôrma, de armadura CA-50 A média, diâmetro de 6.3 a 10.0 mm","kg",1,13.56,13.56]
["040329","LABOR - 040329 - 1","Fornecimento e aplicação de concreto USINADO Fck=20 MPa - considerando BOMBEAMENTO (5% de perdas já incluído no custo) (6% de taxa p/concr.bombeavel)","m3",1,436.58,436.58]
["040330","LABOR - 040330 - 1","Fornecimento e aplicação de concreto USINADO Fck=25 MPa - considerando BOMBEAMENTO (5% de perdas já incluído no custo) (6% de taxa p/concr.bombeavel)","m3",1,458.04,458.04]
["040331","LABOR - 040331 - 1","Fornecimento e aplicação de concreto USINADO Fck=30 MPa - considerando BOMBEAMENTO (5% de perdas já incluído no custo) (6% de taxa p/ concr. bombeavel)","m3",1,479.51,479.51]
["040332","LABOR - 040332 - 1","Fornecimento, dobragem e colocação em fôrma, de armadura CA-50 A grossa, diâmetro de 12.5 a 25.0mm","kg",1,13.86,13.86]
["040333","LABOR - 040333 - 1","Fornecimento, dobragem e colocação em fôrma, de armadura CA-60 B fina, diâmetro de 4.0 a 7.0mm","kg",1,17.66,17.66]
["040337","LABOR - 040337 - 2","Fôrma em chapa de madeira compensada plastificada 12mm para estrutura em geral, 5 reaproveitamentos, reforçada com sarrafos de madeira 2.5x10cm (incl material, corte, montagem, escoras em eucalipto e desforma)","m2",1,90.15,90.15]
["040339","LABOR - 040339 - 2","Forma de chapas madeira compensada resinada, esp. 12mm, levando-se em conta a utilização 3 vezes, reforçadas com sarrafos de madeira de 2.5 x 10.0cm (incl material, corte, montagem, escoras em eucalipto e desforma)","m2",1,105.88,105.88]
["0404",null,"ESTRUTURAS DE CONCRETO APARENTE"]
["040405","LABOR - 040405 - 2","Fôrma com chapa compensada plastificada esp. 12mm, utização 5 vezes","m2",1,99.8,99.8]
["0406",null,"LAJES PRÉ-MOLDADAS"]
["040601","LABOR - 040601 - 3","Laje pré-fabricada treliçada para forro simples revestido, vão até 3.5m, capeamento 2cm, esp. 10cm, Fck = 150Kg/cm2","m2",1,99.04,99.04]
["040602","LABOR - 040602 - 3","Laje pré-fabricada treliçada, sobrecarga 300 Kg/m2, vão de 3.5m a 4.3m, capeamento 4cm, esp. 12cm, Fck = 150 Kg/cm2","m2",1,109.36,109.36]
["0407",null,"DIVERSOS"]
["040705","LABOR - 040705 - 1","Execução de junta de dilatação 2 x 2 cm considerando 1cm de aplicação de isopor e 1cm de aplicação de mastique elástico do tipo sikaflex 1a ou equivalente","m",1,65.53,65.53]
["0408",null,"RECUPERAÇÃO DE ESTRUTURAS"]
["040801","LABOR - 040801 - 1","Remoção cuidadosa do concreto afetado, através de escarificação","m3",1,2379.89,2379.89]
["040802","LABOR - 040802 - 1","Remoção cuidadosa do concreto afetado, através de escarificação (considerando esp. escarificada de 5cm)","m2",1,118.99,118.99]
["040803","LABOR - 040803 - 2","Preparação do substrato para reparo em estrutura de concreto por apicoamento manual da superfície","m2",1,70.25,70.25]
["040806","LABOR - 040806 - 1","Limpeza de aço com lixamento e escovamento com escova de aço, até a completa remoção de partículas soltas, materiais indesejáveis e corrosão","m2",1,21.08,21.08]
["040807","LABOR - 040807 - 1","Aplicação de Sika Top 108 Armatec ou equivalente, nas ferragens a serem recuperadas","m2",1,61.44,61.44]
["040808","LABOR - 040808 - 1","Retirada de ferragem corroída","kg",1,4.2300000000000004,4.2300000000000004]
["040809","LABOR - 040809 - 3","Recomposição de concreto danificado, com utilização de argamassa Sika Grout ou equivalente (considerando esp. 5cm)","m2",1,363.11,363.11]
["040810","LABOR - 040810 - 2","Recomposição de concreto danificado, com utilização de argamassa Sika Grout ou equivalente","m3",1,6800.53,6800.53]
["040813","LABOR - 040813 - 1","Impermeabilização de estrutura com Sika Top 107 ou equivalente","m2",1,73.94,73.94]
["040816","LABOR - 040816 - 1","Aplicação de Oxiprimer ou equivalente, nas ferragens a serem recuperadas","m2",1,13.52,13.52]
["040817","LABOR - 040817 - 1","Fornecimento e lançamento de concreto para grouteamento com adição de pedrisco (50% em peso), utilizando Sikagrout ou produto equivalente, exclusive forma","m3",1,3106.23,3106.23]
["040818","LABOR - 040818 - 1","Revestimento externo com argamassa corretiva tipo Sika Monotop 622 BR ou equivalente, esp. 5mm","m2",1,74.319999999999993,74.319999999999993]
["0409",null,"MURO DE ARRIMO (Conc. ciclópico 15MPa c/ 30% de pedra de mão, c/ forn., preparo e aplicação de concreto, forma de tábua pinho-reap.5 vezes, exclusive escav. e reaterro) seções tipicas nas seguintes dimensões:"]
["040901","LABOR - 040901 - 3","Muro de arrimo em Conc. ciclópico 15MPa c/ 30% de pedra de mão, c/ forn., preparo e aplicação de concreto, forma de tábua pinho-reap.5 vezes, exclusive escav. e reaterro, seções tipicas nas dimensões:b=0.40m; B=0.70m e H=1.00m","m",1,581.08000000000004,581.08000000000004]
["040902","LABOR - 040902 - 3","Muro de arrimo em Conc. ciclópico 15MPa c/ 30% de pedra de mão, c/ forn., preparo e aplicação de concreto, forma de tábua pinho-reap.5 vezes, exclusive escav. e reaterro, seções tipicas nas dimensões:b=0.40m; B=0.90m e H=1,50m","m",1,913.9,913.9]
["040903","LABOR - 040903 - 3","Muro de arrimo em Conc. ciclópico 15MPa c/ 30% de pedra de mão, c/ forn., preparo e aplicação de concreto, forma de tábua pinho-reap.5 vezes, exclusive escav. e reaterro, seções tipicas nas dimensões:b=0.40m; B=1.05m e H=2.00m","m",1,1288.3499999999999,1288.3499999999999]
["040904","LABOR - 040904 - 3","Muro de arrimo em Conc. ciclópico 15MPa c/ 30% de pedra de mão, c/ forn., preparo e aplicação de concreto, forma de tábua pinho-reap.5 vezes, exclusive escav. e reaterro, seções tipicas nas dimensões:b=0.40m; B=1.23 e H=2.50m","m",1,1684.85,1684.85]
["05",null,"PAREDES E PAINÉIS"]
["0501",null,"ALVENARIA DE VEDAÇÃO"]
["050112","LABOR - 050112 - 3","Cobogó de concreto 40 x 40 x 10 cm, tipo reto, assentados com argamassa de cimento e areia no traço 1:3, espessura das juntas 15 mm","m2",1,131.51,131.51]
["050115","LABOR - 050115 - 1","Alvenaria em bloco de pedra argamassada com cimento e areia no traço 1:3","m3",1,437.49,437.49]
["050122","LABOR - 050122 - 1","Cobogó de concreto tipo cruzeta de 20 x 20 x 10 cm, assentado com argamassa de cimento, cal hidratada e areia no traço1:0,5:5, espessura das juntas de 10mm e espessura de parede 10cm","m2",1,154.04,154.04]
["0502",null,"PLACAS E PAINÉIS DIVISÓRIOS"]
["050202","LABOR - 050202 - 1","Fornecimento e instalação de divisórias novas com acabamento de chapa de fibra de madeira, sistema de montagem simplificado, espessura de 35mm e miolo em colméia no padrão painel/painel","m2",1,98.24,98.24]
["050203","LABOR - 050203 - 1","Fornecimento e instalação de porta para divisória de 80 X 210 cm incluindo dobradiças e fechadura interna","und",1,353.75,353.75]
["050205","LABOR - 050205 - 1","Divisória de granito com 3 cm de espessura, assentada com argamassa de cimento e areia no traço 1:3, na cor cinza","m2",1,391.76,391.76]
["050206","LABOR - 050206 - 1","Divisória de granito cinza andorinha com 3 cm de espessura, fixada com cantoneira de ferro cromado","m2",1,371.65,371.65]
["050208","LABOR - 050208 - 1","Assentamento de divisória de mármore ou granito com 3 cm de espessura, empregando argamassa de cimento e areia no traço 1:3, exclusive fornecimento da divisória","m2",1,117.14,117.14]
["0503",null,"VERGAS/CONTRAVERGA"]
["050301","LABOR - 050301 - 2","Verga/contraverga reta de concreto armado 10 x 5 cm, Fck = 15 MPa, inclusive forma, armação e desforma","m",1,9.18,9.18]
["050303","LABOR - 050303 - 2","Verga/contraverga curva de concreto armado 10 x 5 cm, Fck = 15 MPa, inclusive forma, armação e desforma","m",1,69.97,69.97]
["0505",null,"ALVENARIA ESTRUTURAL"]
["050501","LABOR - 050501 - 1","Alvenaria de blocos de concreto estrut. (14x19x39cm) cheios, c/ resist. mín. compr. 15MPa, assentados c/ arg. de cimento e areia no traço 1:4, esp. juntas 10mm e esp. da parede s/ revest. 14cm","m2",1,102.51,102.51]
["050502","LABOR - 050502 - 1","Alvenaria de blocos de concreto estrut. (19x19x39cm) cheios, c/ resist. mín. compr. 15MPa, assentados c/ arg. cimento e areia no traço 1:4, esp. juntas de 10mm e esp. da parede s/ revest. 19cm","m2",1,191.63,191.63]
["050503","LABOR - 050503 - 1","Alvenaria de blocos de concreto estrut. (9x19x39cm) cheios, com resistência mín. compr. 15MPa, assentados c/ arg. de cimento e areia no traço 1:4, esp. juntas 10mm e esp. da parede s/ revest. 9cm","m2",1,72.06,72.06]
["0506",null,"ALVENARIA DE VEDAÇÃO EMPREGANDO ARGAMASSA DE CIMENTO, CAL E AREIA"]
["050601","LABOR - 050601 - 1","Alvenaria de blocos de concreto 9x19x39cm, c/ resist. mínimo a compres. 2.5 MPa, assent. c/ arg. de cimento, cal hidratada CH1 e areia no traço 1:0.5:8 esp. das juntas 10mm e esp. das paredes, s/ rev. 9cm","m2",1,54.25,54.25]
["050602","LABOR - 050602 - 1","Alvenaria de blocos de concreto 14x19x39cm, c/ resist. mínimo a compres. 2.5 MPa, assent. c/ arg. de cimento, cal hidratada CH1 e areia no traço 1:0.5:8 esp. das juntas 10mm e esp. das paredes, s/ rev. 14cm","m2",1,65.959999999999994,65.959999999999994]
["050603","LABOR - 050603 - 1","Alvenaria de blocos de concreto 19x19x39cm, c/ resist. mínimo a compres. 2.5 MPa, assent. c/ arg. de cimento, cal hidratada CH1 e areia no traço 1:0.5:8 esp. das juntas 10mm e esp. das paredes, s/ rev. 19cm","m2",1,78.84,78.84]
["050605","LABOR - 050605 - 1","Alvenaria de blocos cerâmicos 10 furos 10x20x20cm, assentados c/argamassa de cimento, cal hidratada CH1 e areia traço 1:0,5:8, juntas 12mm e esp. das paredes s/revestimento, 10cm (bloco comprado na praça de Vitória, posto obra)","m2",1,63.54,63.54]
["050606","LABOR - 050606 - 1","Alvenaria de blocos cerâmicos 10 furos 10x20x20cm, assentados c/argamassa de cimento, cal hidratada CH1 e areia traço 1:0,5:8, esp. das juntas 12mm e esp. das paredes s/revestimento, 10cm (bloco comprado na fábrica, posto obra)","m2",1,57.54,57.54]
["050607","LABOR - 050607 - 1","Alvenaria de blocos cerâmicos 10 furos 10x20x20cm, assentados c/argamassa de cimento, cal hidratada CH1 e areia traço 1:0.5:8, juntas 12mm e espessura das paredes, s/ revestimento, 20cm(bloco comprado praça de Vitória, posto obra)","m2",1,111,111]
["050608","LABOR - 050608 - 1","Alvenaria de blocos cerâmicos 10 furos 10x20x20cm, assentados c/argamassa de cimento, cal hidratada CH1 e areia traço 1:0,5:8, juntas 12mm e espessura das paredes, s/revestimento, 20cm (bloco comprado fábrica,posto obra)","m2",1,99.72,99.72]
["06",null,"ESQUADRIAS DE MADEIRA"]
["0601",null,"MARCOS E ALIZARES"]
["060101","LABOR - 060101 - 2","Marco de madeira de lei de 1ª (Peroba, Ipê, Angelim Pedra ou equivalente) com 15x3 cm de batente, nas dimensões de 0.60 x 2.10 m","und",1,307.37,307.37]
["060102","LABOR - 060102 - 2","Marco de madeira de lei de 1ª (Peroba, Ipê, Angelim Pedra ou equivalente) com 15x3 cm de batente, nas dimensões de 0.70 x 2.10 m","und",1,307.37,307.37]
["060103","LABOR - 060103 - 2","Marco de madeira de lei de 1ª (Peroba, Ipê, Angelim Pedra ou equivalente) com 15x3 cm de batente, nas dimensões de 0.80 x 2.10 m","und",1,307.37,307.37]
["060107","LABOR - 060107 - 2","Alizar de madeira de lei de 1ª (Peroba, Ipê, Angelim Pedra ou equivalente) de 5 x 1,5 cm","m",1,15.35,15.35]
["060108","LABOR - 060108 - 2","Marco de madeira de lei de 1ª (Peroba, Ipê, Angelim Pedra ou equivalente) com 15 x 3 cm de batente, nas dimensões de 0.90 x 2.10 m","und",1,307.37,307.37]
["060110","LABOR - 060110 - 2","Marco de madeira de lei de 1ª (Peroba, Ipê, Angelim Pedra ou equivalente)com 15 x 3 cm de batente","m",1,78.42,78.42]
["060112","LABOR - 060112 - 2","Caixilho em madeira de lei de 1ª (Peroba, Ipê, Angelim Pedra ou equivalente) de 9 x 3 cm para janela","m",1,67.67,67.67]
["060113","LABOR - 060113 - 2","Alizar de madeira de lei de 1ª (Peroba, Ipê, Angelim Pedra ou equivalente) 7 x 1,5 cm","m",1,21.85,21.85]
["0611",null,"FERRAGENS"]
["061101","LABOR - 061101 - 2","Targeta fio redondo 3\" para travamento de portas, ref. IMAB, STAN, ALIANÇA ou equivalente","und",1,9.84,9.84]
["061102","LABOR - 061102 - 2","Fechadura com maçaneta tipo alavanca e chave tipo yale, ref. IMAB, STAN, ALIANÇA ou equivalente","und",1,90.28,90.28]
["061103","LABOR - 061103 - 2","Fechadura com maçaneta tipo alavanca e chave comum para porta interna, ref. IMAB, STAN, ALIANÇA ou equivalente","und",1,251.1,251.1]
["061104","LABOR - 061104 - 2","Targeta tipo livre/ocupado, ref. IMAB, STAN, ALIANÇA ou equivalente","und",1,71.27,71.27]
["061106","LABOR - 061106 - 2","Fechadura com maçaneta tipo bola e chave tipo yale, ref. IMAB, STAN, ALIANÇA ou equivalente","und",1,187.88,187.88]
["061107","LABOR - 061107 - 2","Fechadura de sobrepor, tipo caixão, com chave comum, ref. IMAB, STAN, ALIANÇA ou equivalente","und",1,103.56,103.56]
["061108","LABOR - 061108 - 2","Fechadura com maçaneta tipo alavanca e chave tipo banheiro, ref. IMAB, STAN, ALIANÇA ou equivalente","und",1,81.84,81.84]
["061112","LABOR - 061112 - 3","Dobradiça de latão cromado de 3 x 2 1/2\", incl. parafusos, ref. IMAB, STAN, ALIANÇA ou equivalente","und",1,50.46,50.46]
["0613",null,"PORTA EM MADEIRA DE LEI TIPO ANGELIM PEDRA OU EQUIV.C/ENCHIMENTO EM MADEIRA 1A.QUALIDADE ESP. 30MM P/ PINTURA, INCLUSIVE ALIZARES, DOBRADIÇAS E FECHADURA EXTERNA, EXCLUSIVE MARCO"]
["061301","LABOR - 061301 - 2","Porta em madeira de lei tipo angelim pedra ou equiv.c/enchimento em madeira 1a.qualidade esp. 30mm p/ pintura, inclusive alizares, dobradiças e fechadura externa em latão cromado LaFonte ou equiv., exclusive marco, nas dim.:0.60 x 2.10 m","und",1,826.87,826.87]
["061302","LABOR - 061302 - 2","Porta em madeira de lei tipo angelim pedra ou equiv.c/enchimento em madeira 1a.qualidade esp. 30mm p/ pintura, inclusive alizares, dobradiças e fechadura externa em latão cromado LaFonte ou equiv., exclusive marco, nas dim.: 0.70 x 2.10 m","und",1,835.49,835.49]
["061303","LABOR - 061303 - 2","Porta em madeira de lei tipo angelim pedra ou equiv.c/enchimento em madeira 1a.qualidade esp. 30mm p/ pintura, inclusive alizares, dobradiças e fechadura externa em latão cromado LaFonte ou equiv., exclusive marco, nas dim.: 0.80 x 2.10 m","und",1,854.27,854.27]
["061304","LABOR - 061304 - 2","Porta em madeira de lei tipo angelim pedra ou equiv.c/enchimento em madeira 1a.qualidade esp. 30mm p/ pintura, inclusive alizares, dobradiças e fechadura externa em latão cromado LaFonte ou equiv., exclusive marco, nas dim.: 0.90 x 2.10 m","und",1,902.75,902.75]
["0614",null,"PORTA EM MADEIRA DE LEI TIPO ANGELIM PEDRA/EQUIV, ESP. 30MM C/ ACAB. LISO P/ PINTURA, INCL. FECHADURA TIPO \"LIVRE/OCUPADO\" E FERRAGENS P/ FIXAÇÃO EM GRANITO, EXCLUSIVE MARCO"]
["061401","LABOR - 061401 - 3","Porta em madeira de lei tipo angelim pedra ou equiv.c/enchimento em madeira 1a.qualidade esp. 30mm p/ pintura, incl. fechadura tipo \"livre/ocupado\" em latão cromado Lafonte ou equiv. e ferragens p/ fixação em granito, excl. marco, nas dimensões: 0.60 x 1.80 m","und",1,731.51,731.51]
["061402","LABOR - 061402 - 3","Porta em madeira de lei tipo angelim pedra ou equiv.c/enchimento em madeira 1a.qualidade esp. 30mm p/ pintura, incl. fechadura tipo \"livre/ocupado\" em latão cromado Lafonte ou equiv. e ferragens p/ fixação em granito, excl. marco, nas dimensões: 0.80 x 1.80 m","und",1,743.18,743.18]
["061403","LABOR - 061403 - 3","Porta em madeira de lei tipo angelim pedra ou equiv.c/enchimento em madeira 1a.qualidade esp. 30mm p/ pintura, incl. fechadura tipo \"livre/ocupado\" em latão cromado Lafonte ou equiv. e ferragens p/ fixação em granito, excl. marco, nas dimensões: 0.60 x 1.60 m","und",1,726.51,726.51]
["061404","LABOR - 061404 - 3","Porta em madeira de lei tipo angelim pedra ou equiv.c/enchimento em madeira 1a.qualidade esp. 30mm p/ pintura, incl. fechadura tipo \"livre/ocupado\" em latão cromado Lafonte ou equiv. e ferragens p/ fixação em granito, excl. marco, nas dimensões: 0.80 x 1.60 m","und",1,739.84,739.84]
["0617",null,"PORTA EM VENEZIANA, EM MADEIRA DE LEI, ESP. 30MM, INCL. DOBRADIÇAS, EXCLUSIVE ALIZAR, MARCO E FECHADURA"]
["061701","LABOR - 061701 - 2","Porta em veneziana, em madeira de lei, esp. 30mm, incl. dobradiças, excl. alizar, marco e fechadura, nas dimensões: 0.60 x 2.10 m","und",1,782.24,782.24]
["061702","LABOR - 061702 - 2","Porta em veneziana, em madeira de lei, esp. 30mm, incl. dobradiças, excl. alizar, marco e fechadura, nas dimensões: 0.70 x 2.10 m","und",1,811.5,811.5]
["061703","LABOR - 061703 - 2","Porta em veneziana, em madeira de lei, esp. 30mm, incl. dobradiças, excl. alizar, marco e fechadura, nas dimensões: 0.80 x 2.10 m","und",1,850.55,850.55]
["0619",null,"PORTA EM MADEIRA DE LEI TIPO ANGELIM PEDRA OU EQUIV. C/ ENCHIMENTO EM MADEIRA DE 1ª QUALIDADE ESP 30MM, COM VISOR DE VIDRO, INCL. ALIZARES, DOBRADIÇAS E FECHADURAS EXT EM LATÃO CROMADO LAFONTE/EQUIV , EXCL. MARCO, NAS DIMENSÕES:"]
["061901","LABOR - 061901 - 3","Porta em madeira de Lei tipo Angelim Pedra ou equiv. c/ enchimento em madeira de 1ª qualidade esp. 30mm, com visor de vidro, inclusive alizares, dobradiças e fechaduras externas em latão cromado La Fonte/equiv. exclusive marco, nas dimensões: 0.70 x 2.10 m","und",1,1144.3,1144.3]
["061902","LABOR - 061902 - 3","Porta em madeira de Lei tipo Angelim Pedra ou equiv. c/ enchimento em madeira de 1ª qualidade esp. 30mm, com visor de vidro, inclusive alizares, dobradiças e fechaduras externas em latão cromado La Fonte/equiv. exclusive marco, nas dimensões: 0.80 x 2.10 m","und",1,1163.07,1163.07]
["061903","LABOR - 061903 - 3","Porta em madeira de Lei tipo Angelim Pedra ou equiv. c/ enchimento em madeira de 1ª qualidade esp. 30mm, com visor de vidro, inclusive alizares, dobradiças e fechaduras externas em latão cromado La Fonte/equiv. exclusive marco, nas dimensões: 0.90 x 2.10 m","und",1,1191.8,1191.8]
["0622",null,"REVISÕES E REPAROS"]
["062201","LABOR - 062201 - 1","Substituição de fechadura com maçaneta tipo alavanca e chave yale","und",1,66.760000000000005,66.760000000000005]
["062202","LABOR - 062202 - 1","Substituição de fechadura com maçaneta tipo alavanca e chave tipo comum","und",1,227.58,227.58]
["062203","LABOR - 062203 - 1","Substituição de fechadura com maçaneta tipo bola e chave tipo yale","und",1,164.36,164.36]
["062204","LABOR - 062204 - 1","Recolocação de folha de porta em madeira de 1 folha, excl. ferragens, marcos e alizares","und",1,66.55,66.55]
["062205","LABOR - 062205 - 1","Substituição de targeta tipo livre/ocupado","und",1,59.58,59.58]
["062206","LABOR - 062206 - 1","Substituição de targeta de fio redondo 2\"","und",1,8.19,8.19]
["062207","LABOR - 062207 - 1","Substituição de dobradiça 3 x 2 1/2\"","und",1,45.62,45.62]
["062208","LABOR - 062208 - 1","Reparo na porta com plaina, incl. retirada e recolocação de folha de porta","und",1,60.67,60.67]
["062211","LABOR - 062211 - 1","Recolocação de alizar em madeira, excl. alizar","m",1,2.58,2.58]
["062212","LABOR - 062212 - 1","Recolocação de marco em madeira, excl. marco","m",1,12.44,12.44]
["0623",null,"PORTA EM MADEIRA DE LEI COM ENCHIMENTO EM MADEIRA DE 1ª QUALIDADE, ESP. 30MM, PARA PINTURA, INCL. ALIZARES, DOBRADIÇAS, FECHADURA TIPO \"LIVRE/OCUPADO\" EXCLUSIVE MARCO"]
["062301","LABOR - 062301 - 2","Porta em madeira de lei com enchimento em madeira de 1ª qualidade, esp. 30mm, para pintura, incl. alizares, dobradiças, fechadura tipo \"livre/ocupado\" em latão cromado La Fonte ou equiv., excl. marco, nas dimensões: 0.60 x 1.60 m","und",1,590.66,590.66]
["062302","LABOR - 062302 - 2","Porta em madeira de lei com enchimento em madeira de 1ª qualidade, esp. 30mm, para pintura, incl. alizares, dobradiças, fechadura tipo \"livre/ocupado\" em latão cromado La Fonte ou equiv., excl. marco, nas dimensões: 0.80 x 1.60 m","und",1,603.99,603.99]
["0625",null,"PORTA EM MADEIRA DE LEI TIPO ANGELIM PEDRA OU EQUIV.,ESP. 35 MM, MACIÇA C/ FRISO P/ VERNIZ, PADRÃO SEDU, COM VISOR, INCLUSIVE ALIZARES, DOBRADIÇAS E FECHADURA DE BOLA EXTERNA, EXCLUSIVE MARCO"]
["062501","LABOR - 062501 - 2","Porta em madeira de lei tipo angelim pedra ou equiv.,esp. 35 mm, maciça c/ friso p/ verniz, padrão SEDU, com visor, inclusive alizares, dobradiças e fechadura de bola ext. em latão cromado LaFonte ou equiv., excl. marco, dimensões: 0.60 x 2.10 m","und",1,1416.43,1416.43]
["062502","LABOR - 062502 - 2","Porta em madeira de lei tipo angelim pedra ou equiv.,esp. 35 mm, maciça c/ friso p/ verniz, padrão SEDU, com visor, inclusive alizares, dobradiças e fechadura de bola ext. em latão cromado LaFonte ou equiv., excl. marco, dimensões: 0.70 x 2.10 m","und",1,1528.1,1528.1]
["062503","LABOR - 062503 - 2","Porta em madeira de lei tipo angelim pedra ou equiv.,esp. 35 mm, maciça c/ friso p/ verniz, padrão SEDU, com visor, inclusive alizares, dobradiças e fechadura de bola ext. em latão cromado LaFonte ou equiv., excl. marco, dimensões: 0.80 x 2.10 m","und",1,1613.05,1613.05]
["062504","LABOR - 062504 - 2","Porta em madeira de lei tipo angelim pedra ou equiv.,esp. 35 mm, maciça c/ friso p/ verniz, padrão SEDU, com visor, inclusive alizares, dobradiças e fechadura de bola ext. em latão cromado LaFonte ou equiv., excl. marco, dimensões: 0.90 x 2.10 m","und",1,1716.37,1716.37]
["062505","LABOR - 062505 - 3","Porta em madeira de lei tipo angelim pedra ou equiv.,esp. 35 mm, maciça c/ friso p/ verniz, padrão SEDU, com visor, inclusive alizares, dobradiças e fechadura de bola ext. em latão cromado LaFonte ou equiv., excl. marco, dimensões: 1.60 x 2.10 m (duas folhas)","und",1,2721.28,2721.28]
["07",null,"ESQUADRIAS METÁLICAS"]
["0711",null,"GRADES E PORTÕES"]
["071101","LABOR - 071101 - 2","Tela de proteção de arame galvanizado 1/2\" fio 12, com quadro em tubo de ferro galvanizado 1 1/2\" e cantoneira de ferro 1/2\" x 1/2\" x1/8\", conforme detalhe em projeto","m2",1,798.52,798.52]
["071103","LABOR - 071103 - 2","Grade de tela tipo mosquiteiro de arame galvanizado #18, fio 32, inclusive, requadro em cantoneira de ferro 1/8\"x1/2\"x1/2\"","m2",1,135.06,135.06]
["071104","LABOR - 071104 - 2","Portão de ferro de abrir em barra chata, inclusive chumbamento","m2",1,617.91,617.91]
["071105","LABOR - 071105 - 2","Grade de ferro em barra chata, inclusive chumbamento","m2",1,364.48,364.48]
["071106","LABOR - 071106 - 2","Portão de ferro de correr em barra chata, inclusive chumbamento","m2",1,768.4,768.4]
["071107","LABOR - 071107 - 2","Portão de ferro de abrir em barra chata, chapa e tubo, inclusive chumbamento","m2",1,1057.1099999999999,1057.1099999999999]
["0717",null,"ESQUADRIAS METÁLICAS (M2)"]
["071701","LABOR - 071701 - 2","Janela de correr para vidro em alumínio anodizado cor natural, linha 25, completa, incl. puxador com tranca, alizar, caixilho e contramarco, exclusive vidro","m2",1,576.12,576.12]
["071702","LABOR - 071702 - 2","Báscula para vidro em alumínio anodizado cor natural, linha 25, completa, com tranca, caixilho, alizar e contramarco, exclusive vidro","m2",1,684.29,684.29]
["071703","LABOR - 071703 - 2","Janela tipo maxim-ar para vidro em alumínio anodizado natural, linha 25, completa, incl. puxador com tranca, caixilho, alizar e contramarco, exclusive vidro","m2",1,537.62,537.62]
["071704","LABOR - 071704 - 2","Porta de abrir tipo veneziana em alumínio anodizado, linha 25, completa, incl. puxador com tranca, caixilho, alizar e contramarco","m2",1,1025.1500000000001,1025.1500000000001]
["071706","LABOR - 071706 - 2","Guichê/gradil em perfil L 1\" e perfil T 3/4\" em ferro, inclusive pintura em esmalte sintético, marca de referência SUVINIL","m2",1,262.31,262.31]
["0718",null,"REVISÕES E REPAROS"]
["071801","LABOR - 071801 - 1","Escovamento com escova de aço em esquadrias de ferro","m2",1,21.08,21.08]
["08",null,"VIDROS E ESPELHOS"]
["0801",null,"VIDROS PARA ESQUADRIAS"]
["080102","LABOR - 080102 - 1","Vidro plano transparente liso, com 4 mm de espessura","m2",1,271.33,271.33]
["080103","LABOR - 080103 - 1","Vidro fantasia mini-boreal, com 4 mm de espessura","m2",1,294.67,294.67]
["080107","LABOR - 080107 - 1","Vidro aramado esp. 6mm, colocado","m2",1,937,937]
["0802",null,"ESPELHOS"]
["080201","LABOR - 080201 - 1","Espelho para banheiros espessura 4 mm, incluindo chapa compensada 10 mm, moldura de alumínio em perfil L 3/4\", fixado com parafusos cromados","m2",1,586.91,586.91]
["080202","LABOR - 080202 - 1","Espelho espessura 4 mm, incluindo chapa compensada 6mm, moldura de peça de madeira 7x2.5cm fixada com parafuso e bucha conforme detalhe em projeto","m2",1,771.78,771.78]
["080203","LABOR - 080203 - 1","Espelho prata esp. 4 mm sobre caixa de compensado colado revestido com fórmica e fixado com parafuso cromado e bucha, dim. 1,80 x 0,40m, conforme detalhe em projeto","m2",1,608,608]
["09",null,"COBERTURA"]
["0901",null,"ESTRUTURA PARA TELHADO"]
["090101","LABOR - 090101 - 2","Estrutura de madeira de lei tipo Paraju, peroba mica, angelim pedra ou equivalente para telhado de telha cerâmica tipo capa e canal, com pontaletes, terças, caibros e ripas, inclusive tratamento com cupinicida, exclusive telhas","m2",1,231.97,231.97]
["090102","LABOR - 090102 - 4","Estrutura de madeira de lei tipo Paraju, peroba mica, angelim pedra ou equivalente para telhado de telha ondulada de fibrocimento esp. 6mm, com pontaletes e caibros, inclusive tratamento com cupinicida, exclusive telhas","m2",1,115.2,115.2]
["090103","LABOR - 090103 - 3","Estrutura de madeira de lei tipo Paraju ou equivalente para cobertura de telha de fibrocimento canalete 49/90, inclusive tratamento com cupinicida, exclusive telhas","m2",1,96.23,96.23]
["090104","LABOR - 090104 - 2","Estrutura de madeira de lei tipo Paraju, peroba mica, angelim pedra ou equivalente para telhado de telhas cerâmicas tipo capa e canal c/ tesouras, pilares, vigas, terças, caibros e ripas, incl. trat. c/cupinicida, exclusive telhas","m2",1,471.04,471.04]
["090105","LABOR - 090105 - 2","Estrutura de madeira de lei Paraju, peroba mica, angelim pedra ou equivalente para telhado de telha cerâmica tipo francesa, com pontaletes, terças, caibros e ripas, inclusive tratamento com cupunicida, exclusive telhas","m2",1,241.66,241.66]
["0902",null,"TELHADO"]
["090202","LABOR - 090202 - 1","Cobertura nova de telhas onduladas de fibrocimento 6.0mm, inclusive cumeeiras e acessórios de fixação","m2",1,46.96,46.96]
["090203","LABOR - 090203 - 1","Cobertura nova de telhas onduladas de fibrocimento 8.0mm, inclusive cumeeiras e acessórios de fixação","m2",1,72.33,72.33]
["090206","LABOR - 090206 - 1","Cobertura nova de telhas de alumínio trapezoidal, H = 8 cm, esp. 0.5mm, inclusive acessórios de fixação","m2",1,80.23,80.23]
["090211","LABOR - 090211 - 2","Cobertura nova de telhas cerâmicas tipo capa e canal inclusive cumeeira (telhas compradas na praça de Vitória, posto obra) (área de projeção horizontal; incl. 35%)","m2",1,160.19999999999999,160.19999999999999]
["090212","LABOR - 090212 - 2","Cobertura nova de telhas cerâmicas tipo capa e canal inclusive cumeeiras (telhas compradas na fábrica, posto obra)","m2",1,120.76,120.76]
["090215","LABOR - 090215 - 2","Cumeeira para cobertura em telha cerâmica tipo capa e canal","m",1,31.06,31.06]
["090216","LABOR - 090216 - 2","Cumeeira para cobertura em telhas onduladas de fibrocimento 6.0mm","m",1,76.44,76.44]
["090219","LABOR - 090219 - 1","Cobertura em telha ondulada de alumínio, esp. 0.5mm, inclusive acessórios de fixação","m2",1,80.91,80.91]
["090228","LABOR - 090228 - 1","Telha em aço galvalume trapezoidal 40, e=0.50mm, pintura cor branca nas duas faces, inclusive acessório de fixação Ref. Santo André, Eternit, Metform ou equivalente","m2",1,105.55,105.55]
["0903",null,"RUFOS E CALHAS"]
["090301","LABOR - 090301 - 2","Rufo de concreto armado Fck=15 MPa, nas dimensões de 30x5 cm, moldado \"in loco\"","m",1,101.16,101.16]
["090302","LABOR - 090302 - 1","Rufo de chapa metálica nº 26 com largura de 30 cm","m",1,41.36,41.36]
["090305","LABOR - 090305 - 2","Calha de concreto armado Fck=15 MPa em \"U\" nas dimensões de 38 x 56 cm conforme detalhes em projeto","m",1,239.32,239.32]
["090312","LABOR - 090312 - 1","Calha em chapa galvanizada com largura de 40 cm","m",1,132.11000000000001,132.11000000000001]
["090314","LABOR - 090314 - 1","Rufo de chapa de alumínio esp. 0.5mm, largura de 30cm","m",1,45.05,45.05]
["0904",null,"PLATIBANDA"]
["090403","LABOR - 090403 - 2","Platibanda de alvenaria de bloco cerâmico 10x20x20cm, assentado com argamassa de cimento, cal hidratada CH1 e areia no traço 1:0,5:8, amarrada com pilaretes em conc. arm. a cada 2m (H=1.0m), excl. revest.","m",1,109.42,109.42]
["0905",null,"REVISÕES E REPAROS"]
["090501","LABOR - 090501 - 1","Recolocação de engradamento de madeira para telhado com telha cerâmica, com pontaletes, terças, caibros e ripas, exclusive fornecimento","m2",1,53.96,53.96]
["090502","LABOR - 090502 - 1","Recolocação de estrutura de madeira para telhado com telha ondulada de fibrocimento ou telha ecológica tipo onduline, com pontaletes e caibros, exclusive fornecimento","m2",1,18.48,18.48]
["090506","LABOR - 090506 - 1","Recolocação de telha ondulada de fibrocimento 6mm, excl. cumeeira","m2",1,14.43,14.43]
["090509","LABOR - 090509 - 1","Remoção, lavagem com escova de aço e recolocação de telhas cerâmicas","m2",1,75.94,75.94]
["090511","LABOR - 090511 - 1","Tratamento em estrutura de madeira com cupinicida","m2",1,38.53,38.53]
["090512","LABOR - 090512 - 1","Limpeza de calhas e coletores (serviço realizado por servente)","m3",1,19.32,19.32]
["10",null,"IMPERMEABILIZAÇÃO"]
["1001",null,"IMPERMEABILIZAÇÃO DE CAIXAS DE ÁGUA"]
["100102","LABOR - 100102 - 2","Impermeabilização nas seguintes etapas: chapisco traço 1:2 c/ sika 1 ou equivalente, revest. duplo c/ argamassa de cimento e areia traço 1:3 c/ sika 1 ou equivalente, em 2x15 mm e acab. argamassa 1:1","m2",1,67.319999999999993,67.319999999999993]
["100105","LABOR - 100105 - 1","Índice de imperm.c/ manta asfáltica atendendo NBR 9952, asfalto polimérico, esp.4mm reforç.c/ filme int.em polietileno, regul.base c/ arg.1:4 esp.mín.15mm, proteção mec. arg. 1:4 esp.20mm e juntas dilat.","m2",1,232.33,232.33]
["1002",null,"IMPERMEABILIZAÇÃO CALHAS, LAJES DESCOBERTAS, BALDRAMES, PAREDES E JARDINEIRAS"]
["100202","LABOR - 100202 - 1","Impermeabilização com argamassa de igol 2 - marca de referência Sika","m2",1,48.56,48.56]
["100203","LABOR - 100203 - 1","Pintura impermeabilizante com igolflex ou equivalente a 3 demãos","m2",1,41.74,41.74]
["100204","LABOR - 100204 - 2","Impermeabilização, empregando argamassa de cimento e areia sem peneirar no traço 1:3 com aditivo impermeabilizado tipo sika 1 ou equivalente, espessura de 2 cm","m2",1,36.9,36.9]
["100208","LABOR - 100208 - 1","Índice de imperm.c/ manta asfáltica atendendo NBR 9952, asfalto polimerizado esp.3mm, reforç.c/ filme int. polietileno, regul. base c/ arg.1:4 esp.mín.15mm, proteção mec. arg.1:4 esp.20mm e juntas dilat.","m2",1,224.58,224.58]
["1003",null,"IMPERMEABILIZAÇÃO DE FOSSAS E FILTROS"]
["100301","LABOR - 100301 - 2","Impermeabilização nas seguintes etapas: chapisco traço 1:2 c/ sika 1 prop. 1:10 ou equiv., revest. duplo c/ argamassa de cimento e areia traço 1:3 c/ sika 1 prop. 1:12 ou equivalente, esp. 2x15 mm e acab. argamassa 1:2","m2",1,77.03,77.03]
["11",null,"TETOS E FORROS"]
["1101",null,"REVESTIMENTO COM ARGAMASSA"]
["110101","LABOR - 110101 - 1","Chapisco com argamassa de cimento e areia média ou grossa lavada no traço 1:3, espessura 5 mm","m2",1,11.16,11.16]
["1102",null,"REBAIXAMENTOS"]
["110201","LABOR - 110201 - 1","Forro de gesso acabamento tipo liso","m2",1,35,35]
["110210","LABOR - 110210 - 1","Forro PVC branco L = 20 cm, frisado, colocado","m2",1,97.67,97.67]
["1103",null,"REVESTIMENTO EMPREGANDO ARGAMASSA DE CIMENTO, CAL E AREIA"]
["110301","LABOR - 110301 - 1","Emboço de argamassa de cimento, cal hidratada CH1 e areia lavada traço 1:0.5:6, espessura 20 mm","m2",1,31.17,31.17]
["110302","LABOR - 110302 - 1","Reboco tipo paulista de argamassa de cimento, cal hidratada CH1 e areia lavada traço 1:0.5:6, espessura 25 mm","m2",1,53.75,53.75]
["1104",null,"REVISÕES E REPAROS"]
["110401","LABOR - 110401 - 1","Recolocação de forro de madeira, com aproveitamento do material","m2",1,48.7,48.7]
["12",null,"REVESTIMENTO DE PAREDES"]
["1201",null,"REVESTIMENTO COM ARGAMASSA"]
["120101","LABOR - 120101 - 1","Chapisco de argamassa de cimento e areia média ou grossa lavada, no traço 1:3, espessura 5 mm","m2",1,5.71,5.71]
["1202",null,"ACABAMENTOS"]
["120201","LABOR - 120201 - 1","Azulejo branco 15 x 15 cm, juntas a prumo, assentado com argamassa de cimento colante, inclusive rejuntamento com cimento branco, marcas de referência Eliane, Cecrisa ou Portobello","m2",1,79.16,79.16]
["120205","LABOR - 120205 - 1","Roda-parede de madeira de lei tipo Paraju ou equivalente, de 10 x 2.5cm, fixado com parafuso e bucha plástica n° 8","m",1,42.5,42.5]
["120207","LABOR - 120207 - 2","Roda-parede de madeira de lei tipo Paraju ou equivalente, de 20 X 1.5cm fixado com parafuso e bucha plástica n° 7","m",1,56.56,56.56]
["120208","LABOR - 120208 - 1","Acabamento de alumínio com perfil de canto para arremate das paredes","m",1,16.559999999999999,16.559999999999999]
["120216","LABOR - 120216 - 1","Acabamento de perfil \"U\" em alumínio anodizado fosco 1/2\"","m",1,16.25,16.25]
["120220","LABOR - 120220 - 1","Cerâmica 10 x 10 cm, marcas de referência Eliane, Cecrisa ou Portobello, nas cores branco ou areia, com rejunte esp. 0.5 cm, empregando argamassa colante","m2",1,76.27,76.27]
["120221","LABOR - 120221 - 2","Pastilha cerâmica branca 5 x 5 cm, assentada com argamassa de cimento colante e rejunte pré-fabricado, marcas de referência Atlas, Jatobá, NGK ou equivalentwe","m2",1,163.93,163.93]
["120224","LABOR - 120224 - 1","Assentamento de revestimento cerâmico com cimento colante, excl. rejuntamento e cerâmica","m2",1,13.41,13.41]
["120227","LABOR - 120227 - 1","Roda parede em granito cinza andorinha 7x2cm, com acabamento abaulado nos dois lados","m",1,40.82,40.82]
["120232","LABOR - 120232 - 1","Cerâmica 10 x 10 cm, ref Camburi branco Eliane, Cecrisa ou Portobello, empregando argamassa colante, inclusive rejuntamento junta plus cinza claro esp. 3 mm","m2",1,83.09,83.09]
["1203",null,"REVESTIMENTO EMPREGANDO ARGAMASSA DE CIMENTO, CAL E AREIA"]
["120301","LABOR - 120301 - 1","Emboço de argamassa de cimento, cal hidratada CH1 e areia média ou grossa lavada no traço 1:0.5:6, espessura 20 mm","m2",1,27.85,27.85]
["120302","LABOR - 120302 - 1","Reboco de argamassa de cimento, cal hidratada CH1 e areia média ou grossa lavada no traço 1:0.5:6, espessura 5mm","m2",1,19.7,19.7]
["120303","LABOR - 120303 - 1","Reboco tipo paulista de argamassa de cimento, cal hidratada CH1 e areia média ou grossa lavada no traço 1:0.5:6, espessura 25 mm","m2",1,47.64,47.64]
["120304","LABOR - 120304 - 1","Reboco de argamassa de cimento, cal hidratada CH1 e areia média ou grossa lavada no traço 1:0.5:6, com impermeabilizante para revestimentos (caixas, fossas, filtros, cisternas, etc...)","m2",1,52.39,52.39]
["120308","LABOR - 120308 - 2","Chapisco de argamassa de cimento e areia média ou grossa lavada no traço 1:3, espessura 5mm, com utilização de impermeabilizante","m2",1,6.38,6.38]
["13",null,"PISOS INTERNOS E EXTERNOS"]
["1301",null,"LASTRO DE CONTRAPISO"]
["130103","LABOR - 130103 - 1","Regularização de base p/ revestimento cerâmico, com argamassa de cimento e areia no traço 1:5, espessura 3cm","m2",1,19.95,19.95]
["130104","LABOR - 130104 - 1","Regularização de base p/ revestimento cerâmico, com argamassa de cimento e areia no traço 1:5, espessura 5cm","m2",1,31.03,31.03]
["130109","LABOR - 130109 - 1","Lastro regularizado e impermeabilizado de concreto não estrutural, espessura de 8 cm","m2",1,62.7,62.7]
["130110","LABOR - 130110 - 1","Lastro regularizado de concreto não estrutural, espessura de 8 cm","m2",1,52.81,52.81]
["130111","LABOR - 130111 - 1","Lastro impermeabilizado de concreto não estrutural, espessura de 6 cm","m2",1,47.51,47.51]
["130112","LABOR - 130112 - 1","Lastro de concreto não estrutural, espessura de 6 cm","m2",1,40.090000000000003,40.090000000000003]
["130113","LABOR - 130113 - 1","Lastro impermeabilizado de concreto não estrutural, espessura de 8cm","m2",1,63.18,63.18]
["1302",null,"ACABAMENTOS"]
["130202","LABOR - 130202 - 1","Piso cimentado liso com 1.5 cm de espessura, de argamassa de cimento e areia no traço 1:3 e juntas plásticas em quadros de 1 m","m2",1,45.17,45.17]
["130205","LABOR - 130205 - 2","Piso de tábuas corridas de Peroba de 15cm sobre caibros de 5x6cm espaçados de 50cm, fixados com argamassa de cimento e areia no traço 1:5","m2",1,383.75,383.75]
["130208","LABOR - 130208 - 1","Junta plástica 17 x 3 mm, para pisos corridos, inclusive fornecimento e colocação","m",1,8.01,8.01]
["130209","LABOR - 130209 - 1","Piso de cimentado camurçado executado com argamassa de cimento e areia no traço 1:3, esp. 3.0cm","m2",1,80.040000000000006,80.040000000000006]
["130210","LABOR - 130210 - 1","Piso cimentado liso com 1.5 cm de espessura, em argamassa de cimento e areia no traço 1:3 e juntas plásticas em quadros de 1 m colorido com corante tipo Xadrez ou equivalente","m2",1,50.63,50.63]
["130211","LABOR - 130211 - 2","Fornecimento e instalação de Piso Paviflex dim. 30x30cm, esp. 2mm linha Chroma Concept ref. Fademac ou equivalente","m2",1,160.26,160.26]
["130219","LABOR - 130219 - 4","Piso cerâmico 45x45cm, PEI 5, Cargo Plus Gray, marcas de referência Eliane, Cecrisa ou Portobello, assentado com argamassa de cimento colante, inclusive rejuntamento","m2",1,72.510000000000005,72.510000000000005]
["130222","LABOR - 130222 - 1","Revestimento de piso com placas de borracha plurigoma preto pastilhado ou equivalente, inclusive arremate","m2",1,97.77,97.77]
["130223","LABOR - 130223 - 1","Assentamento de piso cerâmico, com utilização de cimento colante, excl. rejuntamento e cerâmica","m2",1,11.98,11.98]
["130225","LABOR - 130225 - 1","Rejuntamento de piso cerâmico, usando cimento branco, para juntas de no máximo 3mm de espessura","m2",1,8.56,8.56]
["130226","LABOR - 130226 - 1","Rejuntamento empregando argamassa para rejunte, esp. 5mm","m2",1,13.34,13.34]
["130228","LABOR - 130228 - 2","Assentamento e rejuntamento de piso em porcelanato (dimensões superiores a 30x30cm) utilizando dupla colagem de argamassa colante para porcelanato tipo ACIII, exclusive fornecimento do porcelanato e do rejunte","m2",1,44.89,44.89]
["130230","LABOR - 130230 - 1","Piso argamassa alta resistência tipo granilite ou equiv de qualidade comprovada, esp de 10mm, com juntas plástica em quadros de 1m, na cor natural, com acabamento anti-derrapante mecanizado, inclusive regularização e=3.0cm","m2",1,107.91,107.91]
["130231","LABOR - 130231 - 1","Piso argamassa alta resistência tipo granilite ou equiv de qualidade comprovada, esp de 10mm, com juntas plástica em quadros de 1m, na cor natural, com acabamento polido mecanizado, inclusive regularização e=3.0cm","m2",1,119.24,119.24]
["130232","LABOR - 130232 - 1","Porcelanato polido, acabamento brilhante, dim. 50x50cm, ref. de cor PANNA PLUS PO Eliane/equiv, utilizando dupla colagem de argamassa colante para porcelanato tipo ACIII e rejunte 1mm para porcelanato","m2",1,144.32,144.32]
["130233","LABOR - 130233 - 1","Porcelanato polido, acabamento acetinado, dim. 60x60cm, ref. de cor CIMENTO CINZA BOLD Potobello/equiv, utilizando dupla colagem de argamassa colante para porcelanato tipo ACIII e rejunte 1mm para porcelanato","m2",1,107.73,107.73]
["130234","LABOR - 130234 - 2","Porcelanato natural, acabamento acetinado, dim. 60x60cm, ref. PLATINA NA Eliane/equiv, utilizando dupla colagem de argamassa colante para porcelanato tipo ACIII e rejunte 1mm para porcelanato","m2",1,148.36000000000001,148.36000000000001]
["130236","LABOR - 130236 - 2","Piso cerâmico esmaltado, PEI 5, acabamento semibrilho, dim. 45x45cm, ref. de cor CARGO PLUS WHITE Eliane/equiv. assentado com argamassa de cimento colante, inclusive rejuntamento","m2",1,64.81,64.81]
["130237","LABOR - 130237 - 1","Assentamento e rejuntamento de piso em porcelanato (dimensões superiores a 30x30cm) utilizando dupla colagem de argamassa colante para porcelanato tipo ACII/ACIII, exclusive fornecimento do porcelanato e do rejunte","m2",1,44.89,44.89]
["1303",null,"DEGRAUS, RODAPÉS, SOLEIRAS E PEITORIS"]
["130301","LABOR - 130301 - 1","Rodapé de argamassa de cimento e areia no traço 1:3, altura de 7 cm e espessura de 2 cm","m",1,11.82,11.82]
["130303","LABOR - 130303 - 7","Rodapé de cerâmica PEI-3, assentado com argamassa de cimento cola h = 7.0 cm, inclusive rejuntamento com cimento branco","m",1,13.67,13.67]
["130304","LABOR - 130304 - 1","Rodapé de madeira de lei 7.0 x 1.5 cm, fixado com parafuso e bucha plástica n° 7","m",1,29.43,29.43]
["130307","LABOR - 130307 - 1","Peitoril de mármore branco com largura 40 cm e esp. 3cm","m",1,102.23,102.23]
["130308","LABOR - 130308 - 1","Soleira de granito esp. 2 cm e largura de 15 cm","m",1,39.82,39.82]
["130311","LABOR - 130311 - 1","Soleira de granito cinza, espessura 3 cm e largura de 3 cm, conforme detalhe em projeto","m",1,16.32,16.32]
["130315","LABOR - 130315 - 1","Rodapé de mármore ou granito, assentado com argamassa de cimento, cal hidratada CH1 e areia no traço 1:0,5:8, incl. rejuntamento com cimento branco, h=7cm","m",1,38.159999999999997,38.159999999999997]
["130317","LABOR - 130317 - 1","Peitoril de granito cinza polido, 15 cm, esp. 3cm","m",1,69.569999999999993,69.569999999999993]
["130320","LABOR - 130320 - 4","Rodapé em cerâmica PEI-3, h = 7cm, assentado com argamassa de cimento, cal e areia, incl. rejuntamento com cimento branco","m",1,27.77,27.77]
["130321","LABOR - 130321 - 1","Rodapé de granito cinza esp. 2cm, h=7cm, assentado com argamassa de cimento, cal hidratada CH1 e areia no traço 1:0,5:8, incl. rejuntamento com cimento branco","m",1,40.01,40.01]
["130322","LABOR - 130322 - 1","Rodapé de argamassa de alta resistência tipo granilite ou equivalente de qualidade comprovada, altura de 10 cm e espessura de 10 mm, com cantos boleados, executado com cimento e granitina grana N.1, inclusive polimento","m",1,23.86,23.86]
["130323","LABOR - 130323 - 1","Soleira de argamassa de alta resistência tipo granilite ou equivalente de qualidade comprovada, largura de 15cm, executado com cimento e granitina grana N.1","m",1,40.94,40.94]
["1304",null,"REVISÕES E REPAROS"]
["130403","LABOR - 130403 - 1","Recomposição de piso cimentado, com argamassa de cimento e areia no traço 1:3, com 2 cm de espessura, incl. lastro","m2",1,105.08,105.08]
["14",null,"INSTALAÇÕES HIDRO-SANITÁRIAS"]
["1401",null,"SUMIDOUROS, FOSSAS SÉPTICAS E FILTROS ANAERÓBIOS"]
["140102","LABOR - 140102 - 2","Fossa séptica de anéis pré-moldados de concreto, diâmetro 1.20 m, altura útil de 1.70m, completa, incluindo tampa c/visita de 60cm, concreto p/fundo esp.10 cm, e tubo para ligação ao filtro","und",1,1858.9,1858.9]
["140103","LABOR - 140103 - 1","Filtro anaeróbio de anéis pré-moldados de concreto, diâmetro de 1.20m, altura útil de 1.80m, completo, incl. tampa c/visita de 60 cm, concreto p/fundo esp.10cm e tubulação de saída de esgoto","und",1,2410.7399999999998,2410.7399999999998]
["140108","LABOR - 140108 - 1","Fossa séptica de anéis pré-moldados de concreto, diâmetro 2.00 m, Hútil 2.0m completa, incluindo tampa c/visita de 60cm, concreto p/ fundo esp.10 cm, tubo de limpeza e escavação, conf. detalhe em projeto","und",1,5217.7700000000004,5217.7700000000004]
["140109","LABOR - 140109 - 1","Filtro anaeróbio de anéis pré-moldados de concreto, diâm. 2.0m, Hútil 2.0m, compl., incl. tampa c/visita 60cm, concreto p/ fundo esp. 10cm, escavação, brita 4 e tubulação de saída esgoto 150mm, conf. proj.","und",1,5479.57,5479.57]
["1402",null,"ENTRADA DE ÁGUA"]
["140201","LABOR - 140201 - 4","Padrão de entrada d' água com cavalete de PVC para hidrômetro com diâmetro de 3/4\" - padrão 1C da CESAN. Instalado em vão de muro protegido com gradeamento. Inclusive base de concreto magro, tubulação, conexões e registro. Conferir detalhe.","und",1,311.22000000000003,311.22000000000003]
["140207","LABOR - 140207 - 1","Padrão de entrada d'água com caixa termoplástica para hidrômetro de 3/4\" - padrão 1B da CESAN. Instalado embutido na alvenaria. Inclusive tubulação, conexões, registro, tubo camisa e caixa com tampa transparente. Conferir detalhe.","und",1,443.57,443.57]
["140208","LABOR - 140208 - 2","Padrão entrada d'água com caixa enterrada para hidrômetro com diâmetro de 1\" - padrão 2B da CESAN. Caixa em alvenaria 60x80x40cm e com tampa articulada de ferro fundido, registro e conexões para instalação de hidrômetro. Conferir detalhe","und",1,583.21,583.21]
["140209","LABOR - 140209 - 2","Mureta p/ cavalete (Padrão 1B - CESAN) de alv. blocos cerâmicos 10x20x20cm deitados, dimensões 0.80x1.0x0.20m, para instalação de caixa termoplastica, incl revest. em reboco e lastro concreto esp.10cm, exclusive caixa e cavalete","und",1,225.32,225.32]
["1407",null,"PONTOS HIDRO-SANITÁRIOS"]
["140701","LABOR - 140701 - 1","Ponto de água fria (lavatório, tanque, pia de cozinha, etc...)","pt",1,86.57,86.57]
["140702","LABOR - 140702 - 1","Ponto com registro de pressão (chuveiro, caixa de descarga, etc...)","pt",1,198.77,198.77]
["140703","LABOR - 140703 - 1","Ponto de torneira de jardim (para praças)","pt",1,325.8,325.8]
["140704","LABOR - 140704 - 1","Ponto de válvula de descarga, inclusive válvula (sem acabamento)","pt",1,342.05,342.05]
["140705","LABOR - 140705 - 1","Ponto para esgoto primário (vaso sanitário)","pt",1,103.65,103.65]
["140706","LABOR - 140706 - 1","Ponto para esgoto secundário (pia, lavatório, mictório, tanque, bidê, etc...)","pt",1,82.24,82.24]
["140707","LABOR - 140707 - 1","Ponto para caixa sifonada, inclusive caixa sifonada pvc 150x150x50mm com grelha em pvc","pt",1,145.16,145.16]
["140708","LABOR - 140708 - 1","Ponto para ralo sifonado, inclusive ralo sifonado 100 x 40 mm c/ grelha em pvc","pt",1,77.58,77.58]
["140709","LABOR - 140709 - 1","Ponto para ralo seco, inclusive ralo pvc 10 cm com grelha em pvc","pt",1,77.36,77.36]
["140710","LABOR - 140710 - 1","Ponto para caixa sifonada, inclusive caixa sifonada pvc 150x150x50mm com grelha em aço inox","und",1,178.61,178.61]
["140711","LABOR - 140711 - 1","Ponto para ralo sifonado, inclusive ralo sifonado 100 x 40 mm c/ grelha em açõ inox","und",1,95.03,95.03]
["140712","LABOR - 140712 - 2","Ponto de válvula de descarga, inclusive válvula e acabamento anti-vandalismo cromado referência Docol, Fabrimar e Deca","und",1,687.82,687.82]
["140713","LABOR - 140713 - 2","Ponto de válvula de descarga, inclusive válvula de descarga de 50mm (1 1/2\"), com acabamento para válvula de descarga Benefit, marca de referência Docol ou equivalente Mod. 00184906","und",1,1169.4000000000001,1169.4000000000001]
["140714","LABOR - 140714 - 1","Ponto p/ válvula (mictório) inclusive válvula com acabamento marca de referência Pressmatic Docol, Mod. 17015106 e tubo de ligação p/mictório antivandalismo Pressmatic Mod. 00132606 marca de ref. Docol ou equivalente","und",1,881.29,881.29]
["1409",null,"TUBULAÇÃO DE LIGAÇÃO DE CAIXAS"]
["140901","LABOR - 140901 - 1","Tubos de concreto simples C1, diâmetro 200 mm, com rejuntamento de argamassa de cimento, cal hidratada e areia no traço 1:2:6, incluindo escavação e berço, conf. normas e especificações.","m",1,92.82,92.82]
["140902","LABOR - 140902 - 1","Tubos de concreto simples C1, diâmetro 300 mm, com rejuntamento de argamassa de cimento, cal hidratada e areia no traço 1:2:6, incluindo escavação e berço, conforme normas e especificações.","m",1,119.87,119.87]
["140903","LABOR - 140903 - 1","Tubo PVC rígido para esgoto no diâmetro de 100mm incluindo escavação e aterro com areia","m",1,53.35,53.35]
["140904","LABOR - 140904 - 1","Tubo PVC rígido para esgoto no diâmetro de 150mm incluindo escavação e aterro com areia","m",1,89.11,89.11]
["140905","LABOR - 140905 - 1","Tubo PVC rígido para esgoto no diâmetro de 200mm incluindo escavação e aterro com areia","m",1,133.29,133.29]
["140906","LABOR - 140906 - 1","Tubo PVC rígido para esgoto no diâmetro de 75 mm incluindo escavação e aterro com areia","m",1,49.55,49.55]
["1411",null,"CAIXAS EMPREGANDO ARGAMASSA DE CIMENTO, CAL E AREIA"]
["141101","LABOR - 141101 - 2","Caixas de inspeção de alv. blocos concreto 9x19x39cm, dim, 60x60cm e Hmáx = 1m, com tampa de conc. esp. 5cm, lastro de conc. esp. 10cm, revest intern. c/ chapisco e reboco impermeabilizado, incl. escavação, reaterro e enchimento","und",1,474.71,474.71]
["141102","LABOR - 141102 - 2","Caixa de areia de alvenaria de blocos de concreto 9x19x39cm, dim. 60x60cm e Hmáx=1m, c/ tampa em concreto esp. 5cm, lastro concreto esp. 10cm, revestida intern. c/ chapisco e reboco impermeabilizante, incl. escavação e reaterro","und",1,468.16,468.16]
["141103","LABOR - 141103 - 2","Caixa sifonada especial de alv. bloco conc.9x19x39cm, dim 60x60cm e Hmáx=1m, c/ tampa em concreto esp.5cm, lastro conc.esp.10cm, revest. intern. c/chap. e reb. impermeab. escav, reaterro e curva curta c/ visita e plug em pvc 100mm","und",1,537.24,537.24]
["141104","LABOR - 141104 - 2","Caixa de gordura de alv. bloco concreto 9x19x39cm, dim.60x60cm e Hmáx=1m, com tampa em concreto esp.5cm, lastro concreto esp.10cm, revestida intern. c/ chapisco e reboco impermeab, escavação, reaterro e parede interna em concreto","und",1,514.30999999999995,514.30999999999995]
["141105","LABOR - 141105 - 2","Caixa retentora de matéria sólida de alv. bloco conc.9x19x39cm, dim 60x60cm e Hmáx=1m, c/ tampa conc. esp.5cm, lastro conc. esp.10cm, revest. internamente c/ chap, reb. impermeab., escavação, reaterro e parede int. em concreto","und",1,504.2,504.2]
["141106","LABOR - 141106 - 3","Caixas de inspeção de alv. blocos concreto 9x19x39cm, dim.100x60cm e Hmáx = 1m, com tampa de conc. esp. 5cm, lastro de conc. esp. 10cm, revest intern. c/ chapisco e reboco impermeabilizado, incl. escavação, reaterro e enchimento","und",1,683.4,683.4]
["141107","LABOR - 141107 - 3","Caixa de gordura simples de alv. bloco concr.9x19x39cm, dim.80x60cm e Hmáx=1m, com tampa em concr.esp.5cm, lastro concr.esp.10cm, revestida intern. c/ chapisco e reboco impermeab, escavação, reaterro e parede interna em concr.","und",1,678.22,678.22]
["141108","LABOR - 141108 - 3","Caixa de gordura especial de alv. bloco concr. 9x19x39cm, dim.60x60cm e Hmáx=1m, com tampa em concr.esp.5cm, lastro concr.esp.10cm, revestida intern. c/ chapisco e reboco impermeab, escavação, reaterro e parede interna em concr.","und",1,981.65,981.65]
["141109","LABOR - 141109 - 2","Grelha largura 20 cm de ferro redondo de 1/2\" a cada 3 cm, contorno com barra de ferro de 3/4\" x 1/8\" e caixilho de cantoneira de 1\" x 3/16\"","m",1,226.65,226.65]
["141110","LABOR - 141110 - 2","Caixa de inspeção em alv. bloco concreto 9x19x39cm, dim. 60x60cm e Hmáx=1m, c/ tampa de ferro fundido 40x40cm, lastro de concreto esp.10cm, revest. interno c/ chapisco e reboco impermeabiliz, incl. escavação, reaterro e enchimento","und",1,671.87,671.87]
["141111","LABOR - 141111 - 2","Caixa de areia em alv. de bloco de concreto 9x19x39, dim. 60x60cm e Hmáx=1m, c/ tampa em ferro fundido, lastro de concreto esp. 10cm, revest. int. c/ chapisco e reboco impermeabilizado, incl. escavação e reaterro","und",1,665.32,665.32]
["141112","LABOR - 141112 - 2","Caixa sifonada especial em alv. bloco concr. 9x19x39cm, dim. 60x60cm e Hmáx=1m. c/ tampa em ferro fundido, lastro conc. esp.10cm, revest. int. c/ chap. e reboco imperm., incl. esc, reaterro e curva curta c/ visita e plug pvc 100mm","und",1,734.39,734.39]
["141113","LABOR - 141113 - 3","Caixa de gordura em alv. bloco 9x19x39cm, dim. 60x60cm e Hmáx=1.0m, c/ tampa de ferro fundido, lastro concr. esp. 10cm, revest. intern. c/ chapisco e reboco impermeab., escavação, reaterro e parede int. em concreto","und",1,711.46,711.46]
["141114","LABOR - 141114 - 2","Caixa retentora de mat. sólida em alv. bloco conc.9x19x39cm, dim.60x60cm e Hmáx=1m, c/ tampa de ferro fund., lastro conc. esp.10cm, revest. int. c/ chap. e reb. impermeab., esc. reaterro e parede int. em concreto","und",1,688.12,688.12]
["1412",null,"REDE DE ÁGUA FRIA - TUBOS METÁLICOS"]
["141210","LABOR - 141210 - 1","Tubo de aço galvanizado, inclusive conexões, diâm. 15mm (1/2\")","m",1,64.78,64.78]
["141211","LABOR - 141211 - 1","Tubo de aço galvanizado, inclusive conexões, diâm. 20mm (3/4\")","m",1,79.010000000000005,79.010000000000005]
["141212","LABOR - 141212 - 1","Tubo de aço galvanizado, inclusive conexões, diâm. 25mm (1\")","m",1,105.69,105.69]
["141213","LABOR - 141213 - 1","Tubo de aço galvanizado, inclusive conexões, diâm. 32mm (11/4\")","m",1,131.24,131.24]
["141214","LABOR - 141214 - 1","Tubo de aço galvanizado, inclusive conexões, diâm. 40mm (11/2\")","m",1,152.53,152.53]
["141215","LABOR - 141215 - 1","Tubo de aço galvanizado, inclusive conexões, diâm. 50mm (2\")","m",1,187.74,187.74]
["141216","LABOR - 141216 - 1","Tubo de aço galvanizado, inclusive conexões, diâm. 65mm (21/2\")","m",1,242.45,242.45]
["141217","LABOR - 141217 - 1","Tubo de aço galvanizado, inclusive conexões, diâm. 80mm (3\")","m",1,264.20999999999998,264.20999999999998]
["141218","LABOR - 141218 - 1","Tubo de aço galvanizado, inclusive conexões, diâm. 100mm(4\")","m",1,373.62,373.62]
["1414",null,"REDE DE ÁGUA FRIA - TUBOS SOLDÁVEIS DE PVC"]
["141409","LABOR - 141409 - 1","Tubo de PVC rígido soldável marrom, diâm. 20mm (1/2\"), inclusive conexões","m",1,17.55,17.55]
["141410","LABOR - 141410 - 1","Tubo de PVC rígido soldável marrom, diâm. 25mm (3/4\"), inclusive conexões","m",1,20.76,20.76]
["141411","LABOR - 141411 - 1","Tubo de PVC rigido soldável marrom, diâm. 32mm (1\"), inclusive conexões","m",1,26.95,26.95]
["141412","LABOR - 141412 - 1","Tubo de PVC rígido soldável marrom, diâm. 40mm (11/4\"), inclusive conexões","m",1,34.94,34.94]
["141413","LABOR - 141413 - 1","Tubo de PVC rígido soldável marrom, diâm. 50mm (11/2\"), inclusive conexões","m",1,42.27,42.27]
["141414","LABOR - 141414 - 1","Tubo de PVC rígido soldável marrom, diâm. 60mm (2\"), inclusive conexões","m",1,62.24,62.24]
["141415","LABOR - 141415 - 1","Tubo de PVC rígido soldável marrom, diâm. 75mm (21/2\"), inclusive conexões","m",1,100.18,100.18]
["141416","LABOR - 141416 - 1","Tubo de PVC rígido soldável marrom, diâm. 85mm (3\"), inclusive conexões","m",1,120.61,120.61]
["1415",null,"REDE DE ÁGUA FRIA - CONEXÕES SOLDÁVEIS DE PVC"]
["141522","LABOR - 141522 - 1","Adaptador de PVC soldável com flanges livres para caixa d'água, diâmetro 25mm (3/4\")","und",1,19.75,19.75]
["141524","LABOR - 141524 - 1","Adaptador de PVC soldável com flanges livres para caixa d'água, diâmetro 40mm (1 1/4\")","und",1,38.67,38.67]
["141525","LABOR - 141525 - 1","Adaptador de PVC soldável com flanges livres para caixa d'água, diâmetro 50mm (1 1/2\")","und",1,44.54,44.54]
["141526","LABOR - 141526 - 1","Adaptador de PVC soldável com flanges livres para caixa d'água, diâmetro 60mm (2\")","und",1,58.19,58.19]
["141527","LABOR - 141527 - 1","Adaptador de PVC soldável com flanges livres para caixa d'água, diâmetro 75mm (2 1/2\")","und",1,177.91,177.91]
["141529","LABOR - 141529 - 1","Adaptador de PVC soldável para registro, diâmetro 32mm x 1\"","und",1,7.98,7.98]
["1419",null,"REDE DE ESGOTO - TUBOS DE PVC"]
["141906","LABOR - 141906 - 1","Tubo de PVC rígido soldável branco, para esgoto, diâmetro 40mm (1 1/2\"), inclusive conexões","m",1,31.28,31.28]
["141907","LABOR - 141907 - 1","Tubo de PVC rígido soldável branco, para esgoto, diâmetro 50mm (2\"), inclusive conexões","m",1,39.58,39.58]
["141908","LABOR - 141908 - 1","Tubo de PVC rígido soldável branco, para esgoto, diâmetro 75mm (3\"), inclusive conexões","m",1,59.04,59.04]
["141909","LABOR - 141909 - 1","Tubo de PVC rígido soldável branco, para esgoto, diâmetro 100mm (4\"), inclusive conexões","m",1,65.62,65.62]
["141910","LABOR - 141910 - 1","Tubo de PVC rígido soldável branco, para esgoto, diâmetro 150mm (6\"), inclusive conexões","m",1,101.78,101.78]
["1421",null,"CAIXAS DE PVC / EQUIPAMENTOS"]
["142103","LABOR - 142103 - 1","Reparo para válvula de descarga, completo","und",1,72.37,72.37]
["142104","LABOR - 142104 - 1","Sifão em PVC para pia de cozinha ou lavatório 1x11/2\"","und",1,32.15,32.15]
["142106","LABOR - 142106 - 1","Sifão em PVC para tanque 2\"","und",1,33.67,33.67]
["142107","LABOR - 142107 - 1","Ralo sifonado em PVC 100x100mm, com grelha PVC","und",1,52.52,52.52]
["142109","LABOR - 142109 - 1","Ralo seco em PVC 100x100mm, com grelha em PVC","und",1,48.75,48.75]
["142111","LABOR - 142111 - 1","Caixa sifonada em PVC, diâm. 150mm, com grelha e porta grelha quadrados, em aço inox","und",1,104.35,104.35]
["142112","LABOR - 142112 - 1","Caixa seca em PVC, diâm. 100mm, com grelha e porta grelha quadrados, em aço inox","und",1,61.75,61.75]
["142114","LABOR - 142114 - 1","Tampa para caixa sifonada, em PVC, de 150x150mm","und",1,10.5,10.5]
["142115","LABOR - 142115 - 1","Tampa para caixa sifonada, em aço inox, de 150x150mm","und",1,28.93,28.93]
["142116","LABOR - 142116 - 1","Tampa para ralo, em PVC, de 100x100mm","und",1,6.02,6.02]
["142117","LABOR - 142117 - 1","Tampa para ralo, em aço inox, de 100x100mm","und",1,17.72,17.72]
["142118","LABOR - 142118 - 1","Engate flexível de PVC para lavatório","und",1,14.78,14.78]
["142119","LABOR - 142119 - 1","Torneira de bóia de PVC, diâm. 3/4\" (20mm)","und",1,87.89,87.89]
["142120","LABOR - 142120 - 1","Torneira de bóia de PVC, diâm. 1\" (25mm)","und",1,120.18,120.18]
["142121","LABOR - 142121 - 1","Torneira de bóia de PVC, diâm. 11/4\" (32mm)","und",1,209.62,209.62]
["142122","LABOR - 142122 - 2","Automático de bóia, duas funções 25A","und",1,84.36,84.36]
["142123","LABOR - 142123 - 1","Adaptador de PVC com flanges livres para caixa d'água de 20mmx1/2\"","und",1,15.96,15.96]
["142124","LABOR - 142124 - 1","Adaptador de PVC com flanges livres para caixa d'água de 25mmx3/4\"","und",1,19.75,19.75]
["142125","LABOR - 142125 - 1","Adaptador de PVC com flanges livres para caixa d'água de 32mmx1\"","und",1,23.85,23.85]
["1422",null,"ABERTURA E FECHAMENTO DE RASGOS (inclusive preparo e aplicação de argamassa)"]
["142201","LABOR - 142201 - 1","Abertura e fechamento de rasgos em alvenaria, para passagem de tubulações, diâm. 1/2\" a 1\"","m",1,10.27,10.27]
["142202","LABOR - 142202 - 1","Abertura e fechamento de rasgos em alvenaria, para passagem de tubulações, diâm. 11/4\" a 2\"","m",1,15.38,15.38]
["142203","LABOR - 142203 - 1","Abertura e fechamento de rasgos em alvenaria, para passagem de tubulações, diâm. 21/2 a 4\"","m",1,23.16,23.16]
["142204","LABOR - 142204 - 1","Abertura e fechamento de rasgos em concreto, para passagem de tubulações, diâm. 1/2\" a 1\"","m",1,19.59,19.59]
["142205","LABOR - 142205 - 1","Abertura e fechamento de rasgos em concreto, para passagem de tubulações, diâm. 11/4\" a 2\"","m",1,29.84,29.84]
["142206","LABOR - 142206 - 1","Abertura e fechamento de rasgos em concreto, para passagem de tubulações, diâm. 2 1/2\"a 4\"","m",1,43.42,43.42]
["1423",null,"REVISÕES E REPAROS"]
["142301","LABOR - 142301 - 1","Revisões e reparos em torneiras e registros","und",1,17.63,17.63]
["142302","LABOR - 142302 - 1","Revisões e reparos em caixas de descarga","und",1,24.68,24.68]
["142303","LABOR - 142303 - 1","Revisões e reparos em torneiras de bóia","und",1,17.63,17.63]
["142304","LABOR - 142304 - 1","Fornecimento de durepox para reparos (250g)","und",1,15.58,15.58]
["15",null,"INSTALAÇÕES ELÉTRICAS"]
["1501",null,"PADRÃO DE ENTRADA"]
["150122","LABOR - 150122 - 2","Mureta de medição utilizando arg. cimento, cal e areia, dimensões 1100x2000x200mm, com pilares e cintas, revestido com chapisco e reboco, inclusive pintura emassamento e pintura acrílica a três demãos, exclusive cobertura","und",1,1256.96,1256.96]
["150123","LABOR - 150123 - 3","Mureta de medição utilizando arg. cimento, cal e areia, dimensões 1500x2200x400mm, revestido com chapisco e reboco, inclusive pintura emassamento, pintura acrílica a três demãos e cobertura em telha cerâmica","und",1,2244.5,2244.5]
["1503",null,"QUADRO DE DISTRIBUIÇÃO"]
["150302","LABOR - 150302 - 2","Quadro de distribuição em PVC para 06 circuitos, inclusive 4 disjuntores monopolares de 15A","und",1,364.05,364.05]
["150306","LABOR - 150306 - 2","Quadro de distribuição de energia em PVC, de embutir, com 12 divisões modulares com barramento","und",1,267.05,267.05]
["150307","LABOR - 150307 - 1","Quadro de distribuição de energia, de embutir, com 18 divisões modulares, com barramento","und",1,552.16,552.16]
["150308","LABOR - 150308 - 1","Quadro de distribuição de energia, de embutir, com 24 divisões modulares, com barramento","und",1,603.23,603.23]
["150309","LABOR - 150309 - 1","Quadro de distribuição de energia, de embutir, com 32 divisões modulares, com barramento","und",1,788.42,788.42]
["150310","LABOR - 150310 - 1","Caixa de distribuição 20x20x15 cm","und",1,81.64,81.64]
["150311","LABOR - 150311 - 2","Quadro de distribuição de energia, de embutir, com 12 divisões modulares, sem barramento","und",1,134.72999999999999,134.72999999999999]
["150312","LABOR - 150312 - 1","Quadro de distribuição de energia, de embutir, com 3 divisões modulares, sem barramento","und",1,94.83,94.83]
["150313","LABOR - 150313 - 2","Quadro de distribuição de energia, de embutir, com 6 divisões modulares, com barramento trifásico 100A","und",1,198.23,198.23]
["150315","LABOR - 150315 - 1","Quadro distrib. energia, embutido ou semi embutido, capac. p/ 34 disj. DIN, c/barram trif. 150A barra. neutro e terra, fab. em chapa de aço 12 USG com porta, espelho, trinco com fechad ch yale, Ref. QDETG II-34DIN-CEMAR ou equiv.","und",1,1206.49,1206.49]
["150316","LABOR - 150316 - 1","Quadro distrib. energia, embutido ou semi embutido, capac. p/ 44 disj. DIN, c/barram trif. 150A barra. neutro e terra, fab. em chapa de aço 12 USG com porta, espelho, trinco com fechad ch yale, Ref. QDETG II-44DIN-CEMAR ou equiv.","und",1,1329.44,1329.44]
["150317","LABOR - 150317 - 1","Quadro distrib. energia, embutido ou semi embutido, capac. p/ 56 disj. DIN, c/barram trif. 225A barra. neutro e terra, fab. em chapa de aço 12 USG com porta, espelho, trinco com fechad ch","und",1,1867.59,1867.59]
["1506",null,"CAIXAS DE PASSAGEM"]
["150609","LABOR - 150609 - 3","Caixa para medidor polifásico carga até 41000W inclusive caixa para disjuntor polifásico até 100A","und",1,191.16,191.16]
["150610","LABOR - 150610 - 2","Caixa de aterramento de concreto simples, nas dimensões de 30x30x25cm, com revest. int. em chapisco e reboco, tampa de concreto esp.5cm e lastro de brita esp. 5 cm, incl. haste 5/8\"x2400mm","und",1,215.65,215.65]
["150612","LABOR - 150612 - 3","Caixa de passagem 100x100x80mm, chapa 18, com tampa parafusada","und",1,43.29,43.29]
["150614","LABOR - 150614 - 2","Caixa de passagem de alvenaria de blocos de concreto 9x19x39cm, dimensões de 30x30x50cm, com revestimento interno em chapisco e reboco, tampa de concreto esp.5cm e lastro de brita 5 cm","und",1,120.31,120.31]
["150615","LABOR - 150615 - 2","Caixa de passagem de alvenaria de blocos de concreto 9x19x39cm, dimensões de 40x40x50cm, com revestimento interno em chapisco e reboco, tampa de concreto esp.5cm e lastro de brita 5 cm","und",1,154.54,154.54]
["150616","LABOR - 150616 - 2","Caixa de passagem de alvenaria de blocos de concreto 9x19x39cm, dimensões de 50x50x50cm, com revestimento interno em chapisco e reboco, tampa de concreto esp.5cm e lastro de brita 5 cm","und",1,215.25,215.25]
["150626","LABOR - 150626 - 2","Conjunto caixa termoplástica para Medidor Padrão ESCELSA Monofáfico com tampa transparente em policarbonato P-980-009 inclusive caixa para disjuntor monof P-940-003 Padrão Escelsa","und",1,121.22,121.22]
["150628","LABOR - 150628 - 1","Caixa de embutir marca de referência Tigreflex, 4x2\"","und",1,7.64,7.64]
["150629","LABOR - 150629 - 1","Caixa de embutir marca de referência Tigreflex, 4x4\"","und",1,12.87,12.87]
["150632","LABOR - 150632 - 1","Caixa de passagem 150x150x80mm, chapa 18, com tampa parafusada","und",1,57.77,57.77]
["150633","LABOR - 150633 - 1","Caixa de passagem 200x200x100mm, chapa 18, com tampa parafusada","und",1,88.01,88.01]
["150634","LABOR - 150634 - 1","Caixa de passagem 300x300x120mm, chapa 18, com tampa parafusada","und",1,137.74,137.74]
["150635","LABOR - 150635 - 1","Caixa de passagem 400x400x120mm, chapa 18, com tampa parafusada","und",1,157.41,157.41]
["150636","LABOR - 150636 - 3","Caixa sextavada em PVC de 3x3x1 1/2\", marca de referência Tigreflex","und",1,9.51,9.51]
["1507",null,"ENVELOPAMENTO DE ELETRODUTOS"]
["150701","LABOR - 150701 - 1","Envelopamento de concreto simples com consumo mínimo de cimento de 250kg/m3, inclusive escavação para profundidade mínima do eletroduto de 50 cm, de 25 x 25 cm, para 1 eletroduto","m",1,46.09,46.09]
["150702","LABOR - 150702 - 1","Envelopamento de concreto simples com consumo mínimo de cimento de 250kg/m3, inclusive escavação para profundidade mínima do eletroduto de 50 cm, de 25 x 30 cm, para 2 eletrodutos","m",1,55.3,55.3]
["150703","LABOR - 150703 - 1","Envelopamento de concreto simples com consumo mínimo de cimento de 250kg/m3, inclusive escavação para profundidade mínima do eletroduto de 50cm, de 60 x 30 cm, para 3 eletrodutos","m",1,144.34,144.34]
["150704","LABOR - 150704 - 1","Envelopamento de concreto simples com consumo mínimo de cimento de 250kg/m3, inclusive escavação para profundidade mínima do eletroduto de 50cm, de 45 x 45 cm, para 3 eletrodutos","m",1,154.85,154.85]
["1508",null,"INSTALAÇÕES APARENTES"]
["150801","LABOR - 150801 - 2","Eletroduto aparente de PVC rígido roscável diâmetro 3/4\", inclusive abraçadeira de fixação","m",1,13.96,13.96]
["150802","LABOR - 150802 - 4","Caixa de ligação de alumínio silício, tipo CONDULETES,sem rosca, no formato B, inclusive tampa com vedação, diâmetro 3/4\"","und",1,19.5,19.5]
["150803","LABOR - 150803 - 4","Caixa de ligação de alumínio silício, tipo CONDULETES, sem rosca, no formato T, inclusive tampa com vedação, diâmetro 3/4\"","und",1,24.05,24.05]
["150804","LABOR - 150804 - 4","Caixa de ligação de alumínio silício, tipo CONDULETES, sem rosca, no formato LR, inclusive tampa com vedação, diâmetro 3/4\"","und",1,23.97,23.97]
["150805","LABOR - 150805 - 4","Caixa de ligação de alumínio silício, tipo CONDULETES, sem rosca, no formato X, inclusive tampa com vedação, diâmetro 3/4\"","und",1,27.01,27.01]
["150806","LABOR - 150806 - 2","Eletroduto aparente de PVC rígido roscável diâmetro 1\", inclusive abraçadeira de fixação","m",1,23,23]
["150807","LABOR - 150807 - 1","Canaleta sistema X da Pial ou equivalente, inclusive conexões","m",1,13.73,13.73]
["150835","LABOR - 150835 - 2","Eletrocalha perfurada em chapa de aço galvanizado nº16, 150x50mm, sem tampa","m",1,66.72,66.72]
["150836","LABOR - 150836 - 2","Eletrocalha perfurada em chapa de aço galvanizado nº16, 200x100mm, sem tampa","m",1,93.74,93.74]
["150837","LABOR - 150837 - 1","Eletrocalha perfurada em chapa de aço galvanizado nº16, 300x100mm, sem tampa","m",1,123.17,123.17]
["150838","LABOR - 150838 - 1","Eletrocalha perfurada em chapa de aço galvanizado nº16, 400x100mm, sem tampa","m",1,143.93,143.93]
["150843","LABOR - 150843 - 1","Redução concêntrica para eletrocalha perfurada, tipo \"U\", 200x150mm, aba 100","und",1,51.63,51.63]
["150844","LABOR - 150844 - 1","Redução concêntrica para eletrocalha perfurada, tipo \"U\", 300x150mm, aba 100","und",1,65.55,65.55]
["150845","LABOR - 150845 - 1","Redução concêntrica para eletrocalha perfurada, tipo \"U\", 400x150mm, aba 100","und",1,96.68,96.68]
["150850","LABOR - 150850 - 1","Saída horizontal para eletroduto de 3/4\"","und",1,9.84,9.84]
["150851","LABOR - 150851 - 1","Saída horizontal para eletroduto de 1\"","und",1,9.91,9.91]
["150852","LABOR - 150852 - 1","Saída horizontal para eletroduto de 2\"","und",1,12.25,12.25]
["150860","LABOR - 150860 - 1","Tampa de encaixe para eletrocalha em chapa de aço galvanizada 18, dim. 150mm","und",1,33.200000000000003,33.200000000000003]
["150861","LABOR - 150861 - 1","Tampa de encaixe para eletrocalha em chapa de aço galvanizada 18, dim. 200mm","und",1,41.19,41.19]
["150862","LABOR - 150862 - 1","Tampa de encaixe para eletrocalha em chapa de aço galvanizada 18, dim. 300mm","und",1,56.99,56.99]
["150863","LABOR - 150863 - 1","Tampa de encaixe para eletrocalha em chapa de aço galvanizada 18, dim. 400mm","und",1,73.650000000000006,73.650000000000006]
["150866","LABOR - 150866 - 1","Junção simples para eletrocalha metálica 200x100mm, galvanizada, ref. Mega MG 2760 ou equivalente","und",1,13.02,13.02]
["150867","LABOR - 150867 - 1","Junção simples para eletrocalha metálica 300x100mm, galvanizada, ref. Mega MG 2760 ou equivalente","und",1,16.079999999999998,16.079999999999998]
["150870","LABOR - 150870 - 1","TÊ horizontal 90º para eletrocalha metálica 200x100mm, galvanizada, ref. MEGA MG 2570 ou equivalente","und",1,117.81,117.81]
["150871","LABOR - 150871 - 1","TÊ horizontal 90º para eletrocalha metálica 300x100mm, galvanizada, ref. MEGA MG 2570 ou equivalente","und",1,154.87,154.87]
["150875","LABOR - 150875 - 1","Curva horizontal 90º para eletrocalha metálica, 200x100mm, galvanizada, ref. MEGA MG 2510","und",1,105.32,105.32]
["150876","LABOR - 150876 - 1","Curva horizontal 90º para eletrocalha metálica, 300x100mm, galvanizada, ref. MEGA MG 2510","und",1,154.75,154.75]
["150880","LABOR - 150880 - 1","Suporte de fixação de eletroduto no teto, através de fita metálica perfurada (Walsiwa) ou equiv (1,30m), cursor (1 und), h=60cm, suporte \"Y\" (1 und), parafuso e bucha S8 (1 und)","und",1,21.38,21.38]
["150881","LABOR - 150881 - 1","Suporte de fixação de eletrocalha de 200x100mm, na parede, através de suporte tipo mão francesa simples (1 und), parafuso e bucha S8 (2und)","und",1,29.03,29.03]
["150882","LABOR - 150882 - 1","Suporte de fixação de eletrocalha de 300x100mm, na parede, através de suporte tipo mão francesa reforçada (1 und), parafuso e bucha S8 (2 und)","und",1,64.459999999999994,64.459999999999994]
["150883","LABOR - 150883 - 1","Suporte de fixação de eletrocalha de 400x100mm, na parede, através de suporte tipo mão francesa reforçada (1 und), parafuso e bucha S8 (2 und)","und",1,78.05,78.05]
["150884","LABOR - 150884 - 1","Suporte de fixação de eletrocalha de 200x100mm, no teto, através de gancho vertical (1 und), porca sextavada e arruela 1/4\" (4 und), vergalhão rosca total 1/4\" (h=60cm), cantoneira ZZ (1 und) e parafuso e bucha S8 (2 und)","und",1,37.01,37.01]
["150885","LABOR - 150885 - 1","Suporte de fixação de eletrocalha de 300x100mm, no teto, através de suporte angular (1 und), porca sextavada e arruela 1/4' (4 und) , vergalhão com rosca total 1/4\" (h=60cm), cantoneira ZZ (2 und) e parafuso e bucha S8 (2 und)","und",1,52.11,52.11]
["150886","LABOR - 150886 - 2","Suporte de fixação de eletrocalha de 400x100mm, no teto, através de suporte angular (1 und), porca sextavada e arruela 1/4' (4 und), vergalhão rosca total 1/4\" (h=60cm), cantoneira ZZ (2 und) e parafuso e bucha S8 (2 und)","und",1,53.79,53.79]
["1509",null,"COMPOSIÇÕES INTERMEDIÁRIAS P/ ELETRICA"]
["150906","LABOR - 150906 - 1","Arame galvanizado 12 BWG (0.048 kg/m)","m",1,1.86,1.86]
["150910","LABOR - 150910 - 1","Cabeçote de alumínio de 3/4\"","und",1,10.42,10.42]
["150916","LABOR - 150916 - 1","Canaleta sistema X Pial ou equivalente, inclusive conecções, 20x10x2200 mm, cod. 30801","und",1,30.43,30.43]
["150918","LABOR - 150918 - 2","Fita isolante em rolo de 19mm x 20 m, número 33 Scoth ou equivalente","und",1,25.58,25.58]
["150932","LABOR - 150932 - 1","Receptáculo (bocal) de louça para lâmpada incandescente","und",1,7.88,7.88]
["150934","LABOR - 150934 - 1","Lâmpada fluorescente 40 W","und",1,15.17,15.17]
["150937","LABOR - 150937 - 1","Arame de aço 14 BWG para guia","m",1,4,4]
["150964","LABOR - 150964 - 1","Lâmpada fluorescente de 20W","und",1,15.17,15.17]
["150967","LABOR - 150967 - 1","Soquete para lâmpada fluorescente","und",1,6.7,6.7]
["1510",null,"CAIXAS DE PASSAGEM EMPREGANDO ARGAMASSA DE CIMENTO, CAL E AREIA"]
["151001","LABOR - 151001 - 2","Caixa de passagem de alvenaria de blocos cerâmicos 10 furos 10x20x20cm dimensões de 25x25x25cm, com revestimento interno em chapisco e reboco, tampa de concreto esp.5cm e lastro de brita 5 cm","und",1,109.4,109.4]
["151002","LABOR - 151002 - 3","Caixa de passagem de alvenaria de blocos cerâmicos 10 furos 10x20x20cm dimensões de 50x50x50cm, com revestimento interno em chapisco e reboco, tampa de concreto esp.5cm e lastro de brita 5 cm","und",1,249.86,249.86]
["151003","LABOR - 151003 - 2","Caixa de passagem de alvenaria de blocos cerâmicos 10 furos 10x20x20cm, dimensão de 30x30x30cm, com revestimento interno em chapisco e reboco, tampa de concreto esp. 5cm e lastro de brita 5cm","und",1,107.63,107.63]
["151004","LABOR - 151004 - 3","@(CANCELADA-UTILIZAR SERVIÇO 151002) - Caixa de passagem de alvenaria de blocos cerâmicos 10 furos 10x20x20cm, dimensão de 50x50x50cm, com revestimento interno em chapisco e reboco, tampa de concreto esp. 5cm e lastro de brita 5cm","und",1,240.9,240.9]
["151015","LABOR - 151015 - 3","Caixa de inspeção de alvenaria de blocos cerâmicos 10 furos 10x20x20cm dimensões de 30x30x60cm, com revestimento interno em chapisco e reboco, tampa de concreto esp.5cm e lastro de brita 5 cm","und",1,194.15,194.15]
["151016","LABOR - 151016 - 2","Caixa de passagem de alvenaria de blocos de concreto 9x19x39cm, dimensões de 80x80x80m, com revestimento interno em chapisco e reboco tampa de concreto esp. 5cm e lastro de brita 5cm","und",1,570.42999999999995,570.42999999999995]
["151017","LABOR - 151017 - 2","Caixa de passagem de alvenaria de blocos de concreto 9x19x39cm, dimensões de 1.00x1.00x1.00m, com revestimento interno em chapisco e reboco tampa de concreto esp. 5cm e lastro de brita 5cm","und",1,865.1,865.1]
["1511",null,"ELETRODUTOS E CONEXÕES"]
["151125","LABOR - 151125 - 1","Eletroduto de PVC rígido roscável, diâm. 1/2\" (20mm), inclusive conexões","m",1,14.53,14.53]
["151126","LABOR - 151126 - 1","Eletroduto de PVC rígido roscável, diâm. 3/4\" (25mm), inclusive conexões","m",1,15.55,15.55]
["151127","LABOR - 151127 - 1","Eletroduto de PVC rígido roscável, diâm. 1\" (32mm), inclusive conexões","m",1,23.23,23.23]
["151128","LABOR - 151128 - 1","Eletroduto de PVC rígido roscável, diâm. 1 1/4\" (40mm), inclusive conexões","m",1,28.31,28.31]
["151129","LABOR - 151129 - 1","Eletroduto de PVC rígido roscável, diâm. 1 1/2\" (50mm), inclusive conexões","m",1,34.35,34.35]
["151130","LABOR - 151130 - 1","Eletroduto de PVC rígido roscável, diâm. 2\" (60mm), inclusive conexões","m",1,46.1,46.1]
["151131","LABOR - 151131 - 1","Eletroduto de PVC rígido roscável, diâm. 3\" (85mm), inclusive conexões","m",1,77.11,77.11]
["151132","LABOR - 151132 - 1","Eletroduto flexível corrugado 3/4\" , marca de referência TIGRE","m",1,8.9,8.9]
["151133","LABOR - 151133 - 1","Eletroduto flexível corrugado 1\", marca de referência TIGRE","m",1,10.210000000000001,10.210000000000001]
["151135","LABOR - 151135 - 1","Eletroduto de PVC rígido roscável, diâm. 4\" (110mm), inclusive conexões","m",1,115.41,115.41]
["151136","LABOR - 151136 - 1","Eletroduto de PVC rígido roscável, diâm. 6\" (164mm), inclusive conexões","m",1,255.66,255.66]
["151137","LABOR - 151137 - 1","Eletroduto PEAD, cor preta, diam. 1.1/2\", marca ref. Kanaflex ou equivalente","m",1,22.42,22.42]
["151138","LABOR - 151138 - 1","Eletroduto PEAD, cor preta, diam. 1.1/4\", marca ref. Kanaflex ou equivalente","m",1,19.350000000000001,19.350000000000001]
["151139","LABOR - 151139 - 1","Eletroduto PEAD, cor preta, diam. 2\", marca ref. Kanaflex ou equivalente","m",1,23.92,23.92]
["151140","LABOR - 151140 - 1","Eletroduto PEAD, cor preta, diam. 3\", marca ref. Kanaflex ou equivalente","m",1,37.64,37.64]
["151141","LABOR - 151141 - 1","Eletroduto PEAD, cor preta, diam. 4\", marca ref. Kanaflex ou equivalente","m",1,50.31,50.31]
["151142","LABOR - 151142 - 1","Eletroduto PEAD, cor preta, diam. 6\", marca ref. Kanaflex ou equivalente","m",1,95.17,95.17]
["1513",null,"CHAVES, FUSIVEIS E DISJUNTORES"]
["151301","LABOR - 151301 - 2","Mini-Disjuntor monopolar 16 A, curva C - 5KA 220/127VCA (NBR IEC 60947-2), Ref. Siemens, GE, Schneider ou equivalente","und",1,19,19]
["151302","LABOR - 151302 - 2","Mini-Disjuntor monopolar 20 A, curva C - 5KA 220/127VCA (NBR IEC 60947-2), Ref. Siemens, GE, Schneider ou equivalente","und",1,19,19]
["151303","LABOR - 151303 - 2","Mini-Disjuntor monopolar 25 A, curva C - 5KA 220/127VCA (NBR IEC 60947-2), Ref. Siemens, GE, Schneider ou equivalente","und",1,19,19]
["151304","LABOR - 151304 - 2","Mini-Disjuntor monopolar 32 A, curva C - 5KA 220/127VCA (NBR IEC 60947-2), Ref. Siemens, GE, Schneider ou equivalente","und",1,19,19]
["151305","LABOR - 151305 - 2","Mini-Disjuntor monopolar 40 A, curva C - 5KA 220/127VCA (NBR IEC 60947-2), Ref. Siemens, GE, Schneider ou equivalente","und",1,23.1,23.1]
["151306","LABOR - 151306 - 2","Mini-Disjuntor bipolar 16 A, curva C - 5KA 220/127VCA (NBR IEC 60947-2), Ref. Siemens, GE, Schneider ou equivalente","und",1,53.36,53.36]
["151307","LABOR - 151307 - 2","Mini-Disjuntor bipolar 20 A, curva C - 5KA 220/127VCA (NBR IEC 60947-2), Ref. Siemens, GE, Schneider ou equivalente","und",1,53.36,53.36]
["151308","LABOR - 151308 - 2","Mini-Disjuntor bipolar 50 A, curva C - 5KA 220/127VCA (NBR IEC 60947-2), Ref. Siemens, GE, Schneider ou equivalente","und",1,65.150000000000006,65.150000000000006]
["151309","LABOR - 151309 - 2","Mini-Disjuntor tripolar 16 A, curva C - 5KA 220/127VCA (NBR IEC 60947-2), Ref. Siemens, GE, Schneider ou equivalente","und",1,78.95,78.95]
["151310","LABOR - 151310 - 2","Mini-Disjuntor tripolar 40 A, curva C - 5KA 220/127VCA (NBR IEC 60947-2), Ref. Siemens, GE, Schneider ou equivalente","und",1,87.1,87.1]
["151311","LABOR - 151311 - 2","Mini-Disjuntor tripolar 50 A, curva C - 5KA 220/127VCA (NBR IEC 60947-2), Ref. Siemens, GE, Schneider ou equivalente","und",1,94.79,94.79]
["151313","LABOR - 151313 - 2","Mini-Disjuntor tripolar 90 A, curva C - 5KA 220/127VCA (NBR IEC 60947-2), Ref. Siemens, GE, Schneider ou equivalente","und",1,153.77000000000001,153.77000000000001]
["151314","LABOR - 151314 - 2","Disjuntor Compacto em caixa moldada tripolar 100 A, curva C - 15KA 240VCA (NBR IEC 60947-2), Ref. Siemens, GE, Schneider ou equivalente","und",1,365.32,365.32]
["151315","LABOR - 151315 - 1","Chave blindada 600V / 160A, com terminais para cabo 70 mm2","und",1,2292.52,2292.52]
["151316","LABOR - 151316 - 2","Mini-Disjuntor tripolar 70 A, curva C - 5KA 220/127VCA (NBR IEC 60947-2), Ref. Siemens, GE, Schneider ou equivalente","und",1,132.81,132.81]
["151317","LABOR - 151317 - 3","Mini-Disjuntor monopolar 50 A, curva C - 5KA 220/127VCA (NBR IEC 60947-2), Ref. Siemens, GE, Schneider ou equivalente","und",1,24.04,24.04]
["151318","LABOR - 151318 - 2","Mini-Disjuntor monopolar 63 A, curva C - 5KA 220/127VCA (NBR IEC 60947-2), Ref. Siemens, GE, Schneider ou equivalente","und",1,25.94,25.94]
["151319","LABOR - 151319 - 2","Mini-Disjuntor monopolar 70 A, curva C - 5KA 220/127VCA (NBR IEC 60947-2), Ref. Siemens, GE, Schneider ou equivalente","und",1,25.31,25.31]
["151320","LABOR - 151320 - 2","Mini-Disjuntor monopolar 80 A, curva C - 10KA 240VCA (NBR IEC 60947-2), Ref. Siemens, GE, Schneider ou equivalente","und",1,29.13,29.13]
["151321","LABOR - 151321 - 2","Mini-Disjuntor bipolar 25 A, curva C - 5KA 220/127VCA (NBR IEC 60947-2), Ref. Siemens, GE, Schneider ou equivalente","und",1,53.36,53.36]
["151322","LABOR - 151322 - 2","Mini-Disjuntor bipolar 32 A, curva C - 5KA 220/127VCA (NBR IEC 60947-2), Ref. Siemens, GE, Schneider ou equivalente","und",1,53.36,53.36]
["151323","LABOR - 151323 - 2","Mini-Disjuntor bipolar 40 A, curva C - 5KA 220/127VCA (NBR IEC 60947-2), Ref. Siemens, GE, Schneider ou equivalente","und",1,65.150000000000006,65.150000000000006]
["151324","LABOR - 151324 - 2","Mini-Disjuntor bipolar 63 A, curva C - 5KA 220/127VCA (NBR IEC 60947-2), Ref. Siemens, GE, Schneider ou equivalente","und",1,86.8,86.8]
["151325","LABOR - 151325 - 2","Mini-Disjuntor bipolar 70 A, curva C - 5KA 220/127VCA (NBR IEC 60947-2), Ref. Siemens, GE, Schneider ou equivalente","und",1,93.49,93.49]
["151326","LABOR - 151326 - 3","Mini-Disjuntor bipolar 80 A, curva C - 5KA 240VCA (NBR IEC 60947-2), Ref. Siemens, GE, Schneider ou equivalente","und",1,123.7,123.7]
["151327","LABOR - 151327 - 2","Mini-Disjuntor tripolar 20 A, curva C - 5KA 220/127VCA (NBR IEC 60947-2), Ref. Siemens, GE, Schneider ou equivalente","und",1,78.95,78.95]
["151328","LABOR - 151328 - 2","Mini-Disjuntor tripolar 25 A, curva C - 5KA 220/127VCA (NBR IEC 60947-2), Ref. Siemens, GE, Schneider ou equivalente","und",1,78.95,78.95]
["151329","LABOR - 151329 - 3","Mini-Disjuntor tripolar 32 A, curva C - 5KA 220/127VCA (NBR IEC 60947-2), Ref. Siemens, GE, Schneider ou equivalente","und",1,78.95,78.95]
["151330","LABOR - 151330 - 2","Mini-Disjuntor tripolar 63 A, curva C - 5KA 220/127VCA (NBR IEC 60947-2), Ref. Siemens, GE, Schneider ou equivalente","und",1,127.35,127.35]
["151331","LABOR - 151331 - 3","Mini-Disjuntor tripolar 80 A, curva C - 5KA 240VCA (NBR IEC 60947-2), Ref. Siemens, GE, Schneider ou equivalente","und",1,151.56,151.56]
["151332","LABOR - 151332 - 2","Disjuntor caixa moldada termomagnético tripolar 125 A","und",1,393.67,393.67]
["151333","LABOR - 151333 - 2","Disjuntor Compacto em caixa moldada tripolar 175 A, 50KA 220/240V / 25KA 380/415V (NBR IEC 60947-2), Ref. Siemens, GE, Schneider ou equivalente","und",1,405.83,405.83]
["151334","LABOR - 151334 - 2","Disjuntor Compacto em caixa moldada tripolar 200 A, 50KA 220/240V / 25KA 380/415V 20KA/440V (NBR IEC 60947-2), Ref. Siemens, GE, Schneider ou equivalente","und",1,866.61,866.61]
["151335","LABOR - 151335 - 2","Disjuntor Compacto em caixa moldada tripolar 400 A, 65KA 220/240V / 36KA 380/415V 35KA 440/460V 25KA 600V (NBR IEC 60947-2), Ref. Siemens, GE, Schneider ou equivalente","und",1,1972.71,1972.71]
["151336","LABOR - 151336 - 4","Disjuntor DR bipolar 16A a 25A, corrente nominal 30 mA","und",1,148.1,148.1]
["151337","LABOR - 151337 - 1","Dispositivo de proteção contra surto (DPS) bipolar, tensão nominal máxima 275VCA, corente de surto máxima 40KA.","und",1,164.91,164.91]
["151338","LABOR - 151338 - 2","Mini-Disjuntor monopolar 10 A, curva C - 5KA 220/127VCA (NBR IEC 60947-2), Ref. Siemens, GE, Schneider ou equivalente","und",1,19,19]
["151339","LABOR - 151339 - 2","Mini-Disjuntor tripolar 125 A, curva C - 15KA 240VCA (NBR IEC 60947-2), Ref. Siemens, GE, Schneider ou equivalente","und",1,373.85,373.85]
["151340","LABOR - 151340 - 2","Chave blindada tripolar 600V/125A","und",1,1291.74,1291.74]
["151341","LABOR - 151341 - 2","Chave blindada tripolar 600V/200A","und",1,2640.93,2640.93]
["151342","LABOR - 151342 - 2","Chave blindada tripolar 600V/400A","und",1,3841.56,3841.56]
["151343","LABOR - 151343 - 2","Chave blindada tripolar 600V/800A","und",1,8367.66,8367.66]
["151344","LABOR - 151344 - 1","Fusivel NH 100A, tamanho 01","und",1,51.16,51.16]
["151345","LABOR - 151345 - 1","Fusive NH 160A, tamanho 01","und",1,51.16,51.16]
["151346","LABOR - 151346 - 1","Fusive NH 250A, tamanho 02","und",1,94.43,94.43]
["151347","LABOR - 151347 - 1","Fusive NH 300A, tamanho 02","und",1,94.43,94.43]
["151348","LABOR - 151348 - 1","Fusive NH 355A, tamanho 02","und",1,94.43,94.43]
["151349","LABOR - 151349 - 1","Fusive NH 125A, tamanho 01","und",1,51.16,51.16]
["151350","LABOR - 151350 - 2","Interruptor Diferencial DR 16A a 25A, 30mA, 2 módulos","und",1,148.1,148.1]
["151351","LABOR - 151351 - 2","Interruptor Diferencial DR 30A a 40A, 30mA, 2 módulos","und",1,148.1,148.1]
["1514",null,"FIOS E CABOS"]
["151401","LABOR - 151401 - 1","Fio de cobre termoplástico, com isolamento para 750V, seção de 1.5 mm2","m",1,5.33,5.33]
["151402","LABOR - 151402 - 1","Fio de cobre termoplástico, com isolamento para 750V, seção de 2.5 mm2","m",1,6.67,6.67]
["151403","LABOR - 151403 - 1","Fio ou cabo de cobre termoplástico, com isolamento para 750V, seção de 4.0 mm2","m",1,8.9,8.9]
["151404","LABOR - 151404 - 1","Fio ou cabo de cobre termoplástico, com isolamento para 750V, seção de 6.0 mm2","m",1,11.27,11.27]
["151405","LABOR - 151405 - 1","Fio ou cabo de cobre termoplástico, com isolamento para 750V, seção de 10.0 mm2","m",1,17.29,17.29]
["151406","LABOR - 151406 - 1","Fio ou cabo de cobre termoplástico, com isolamento para 750V, seção de 16.0 mm2","m",1,25.82,25.82]
["151407","LABOR - 151407 - 1","Cabo de cobre termoplástico, com isolamento para 750V, seção de 25.0 mm2","m",1,37.83,37.83]
["151413","LABOR - 151413 - 1","Cabo de cobre nú, seção de 25.0 mm2","m",1,36.729999999999997,36.729999999999997]
["151414","LABOR - 151414 - 2","Cabo de cobre nú, seção de 10.0 mm2","m",1,17.850000000000001,17.850000000000001]
["151417","LABOR - 151417 - 1","Cabo de cobre termoplástico, com isolamento para 1000V, seção de 2.5 mm2","m",1,7.86,7.86]
["151418","LABOR - 151418 - 1","Cabo de cobre termoplástico, com isolamento para 1000V, seção de 4.0 mm2","m",1,10.25,10.25]
["151419","LABOR - 151419 - 2","Cabo de cobre termoplástico, com isolamento para 1000V, seção de 6 mm2","m",1,12.8,12.8]
["151420","LABOR - 151420 - 2","Cabo de cobre termoplástico, com isolamento para 1000V, seção de 10 mm2","m",1,18,18]
["151421","LABOR - 151421 - 3","Cabo de cobre termoplástico, com isolamento para 1000V, seção de 16 mm2","m",1,25.87,25.87]
["151422","LABOR - 151422 - 2","Cabo de cobre termoplástico, com isolamento para 1000V, seção de 25.0 mm2","m",1,38.71,38.71]
["151423","LABOR - 151423 - 1","Cabo de cobre termoplástico, com isolamento para 1000V, seção de 35.0 mm2","m",1,50.93,50.93]
["151425","LABOR - 151425 - 1","Cabo de cobre termoplástico, com isolamento para 1000V, seção de 50 mm2","m",1,73.650000000000006,73.650000000000006]
["151426","LABOR - 151426 - 1","Cabo de cobre termoplástico, com isolamento para 1000V, seção de 95.0 mm2","m",1,129.53,129.53]
["151427","LABOR - 151427 - 1","Cabo de cobre termoplástico, com isolamento para 1000V, seção de 120.0 mm2","m",1,165.79,165.79]
["151428","LABOR - 151428 - 1","Cabo de cobre termoplástico, com isolamento para 1000V, seção de 300.0 mm2","m",1,428.17,428.17]
["151429","LABOR - 151429 - 2","Cabo de cobre termoplástico, com isolamento para 1000V, seção de 70,0mm2","m",1,96.44,96.44]
["151430","LABOR - 151430 - 1","Cabo de cobre termoplástico, com isolamento para 1000V, seção de 150,0mm2","m",1,193.85,193.85]
["151431","LABOR - 151431 - 1","Cabo de cobre termoplástico, com isolamento para 1000V, seção de 185,0mm2","m",1,253.16,253.16]
["151432","LABOR - 151432 - 1","Cabo de cobre termoplástico, com isolamento para 1000V, seção de 240,0mm2","m",1,339.59,339.59]
["151433","LABOR - 151433 - 1","Cabo de cobre termoplástico, com isolamento para 15KV, seção de 25,0mm2","m",1,83.69,83.69]
["151434","LABOR - 151434 - 1","Cabo de cobre termoplástico, com isolamento para 15KV, seção de 35,0mm2","m",1,99,99]
["151438","LABOR - 151438 - 1","Fio ou cabo paralelo de cobre, com isolamento para 1000V, seção de 2 x 2.5 mm2","m",1,29.33,29.33]
["151439","LABOR - 151439 - 1","Cabo paralelo PP de cobre, com isolamento para 1000V, seção 3x2,5mm2","m",1,15.62,15.62]
["151440","LABOR - 151440 - 1","Cabo paralelo PP de cobre, com isolamento para 1000V, seção 3x4,0mm2","m",1,21.94,21.94]
["1515",null,"SERVIÇOS DIVERSOS"]
["151503","LABOR - 151503 - 1","Cabeçote de alumínio de 1 1/4\"","und",1,15.6,15.6]
["151504","LABOR - 151504 - 1","Cabeçote de alumínio de 1 1/2\"","und",1,16.059999999999999,16.059999999999999]
["151506","LABOR - 151506 - 1","Haste de terra tipo COPPERWELD - 5/8\" x 2.40m","und",1,136.88,136.88]
["151507","LABOR - 151507 - 1","Sapatilha","und",1,10.72,10.72]
["151508","LABOR - 151508 - 1","Bucha e arruela de alumínio fundido diâmetro 20mm (3/4\")","und",1,2.13,2.13]
["151509","LABOR - 151509 - 1","Bucha e arruela de alumínio fundido diâmetro 25mm (1\")","und",1,3.02,3.02]
["151510","LABOR - 151510 - 1","Bucha e arruela de alumínio fundido diâmetro 40mm (1 1/2\")","und",1,6.04,6.04]
["151511","LABOR - 151511 - 1","Bucha e arruela de alumínio fundido diâmetro 80mm (3\")","und",1,22.94,22.94]
["151512","LABOR - 151512 - 2","Automático de bóia, 2 funções 25A","und",1,84.36,84.36]
["151513","LABOR - 151513 - 1","Parafuso de máquina de ferro galvanizado diâmetro 16mm","und",1,12.84,12.84]
["1516",null,"ABERTURA E FECHAMENTO DE RASGOS (inclusive preparo e aplicação de argamassa)"]
["151601","LABOR - 151601 - 1","Abertura e fechamento de rasgos em alvenaria, para passagem de eletrodutos diâm. 1/2\" a 1\"","m",1,10.28,10.28]
["151602","LABOR - 151602 - 1","Abertura e fechamento de rasgos em alvenaria, para passagem de eletroduto diâm. 1 1/4\"a 2\"","m",1,15.38,15.38]
["151603","LABOR - 151603 - 1","Abertura e fechamento de rasgos em alvenaria, para passagem de eletroduto diâm. 2 1/2\" a 4\"","m",1,23.16,23.16]
["151604","LABOR - 151604 - 1","Abertura e fechamento de rasgos em concreto, para passagem de eletroduto diâm. 1/2\" a 1\"","m",1,19.600000000000001,19.600000000000001]
["151605","LABOR - 151605 - 1","Abertura e fechamento de rasgos em concreto, para passagem de eletroduto diâm. 1 1/4\" a 2\"","m",1,29.84,29.84]
["151606","LABOR - 151606 - 1","Abertura e fechamento de rasgos em concreto, para passagem de eletroduto diâm. 2 1/2\" a 4\"","m",1,43.42,43.42]
["1517",null,"PADRAO DE ENTRADA DE ENERGIA - NORTEC-01 - ESCELSA"]
["151701","LABOR - 151701 - 5","Padrão de entrada de energia elétrica, monofásico, entrada aérea, a 2 fios, carga instalada em muro de 3500 até 9000W - 220/127V","und",1,2012.97,2012.97]
["151702","LABOR - 151702 - 7","Padrão de entrada de energia elétrica, bifásico, entrada aérea, a 3 fios, carga instalada em muro de 9001 até 15000W - 220/127V","und",1,2758.63,2758.63]
["151703","LABOR - 151703 - 6","Padrão de entrada de energia elétrica, trifásico, entrada aérea, a 4 fios, carga instalada em muro de 15001 até 26000W - 220/127V","und",1,3022.99,3022.99]
["151704","LABOR - 151704 - 7","Padrão de entrada de energia elétrica, trifásico, entrada aérea, a 4 fios, carga instalada em muro de 26001 até 34000W - 220/127V","und",1,3428.63,3428.63]
["151705","LABOR - 151705 - 5","Padrão de entrada de energia elétrica, trifásico, entrada aérea, a 4 fios, carga instalada em muro de 34001 até 41000W - 220/127V","und",1,3766.55,3766.55]
["151706","LABOR - 151706 - 4","Padrão de entrada de energia elétrica, trifásico, entrada aérea, a 4 fios, carga instalada em muro de 41001 até 47000W - 220/127V","und",1,7453.75,7453.75]
["151707","LABOR - 151707 - 3","Padrão de entrada de energia elétrica, trifásico, entrada subterrânea, a 4 fios, carga instalada em muro de 41001 até 47000W - 220/127V, exclusive derivação de ramal de entrada subterrânea","und",1,5700.79,5700.79]
["151708","LABOR - 151708 - 4","Padrão de entrada de energia elétrica, trifásico, entrada aérea, a 4 fios, carga instalada em muro de 47001 até 57000W - 220/127V","und",1,9079.67,9079.67]
["151709","LABOR - 151709 - 3","Padrão de entrada de energia elétrica, trifásico, entrada subterrânea, a 4 fios, carga instalada em muro de 47001 até 57000W - 220/127V, exclusive derivação de ramal de entrada subterrânea","und",1,7595.98,7595.98]
["151710","LABOR - 151710 - 5","Padrão de entrada de energia elétrica, trifásico, entrada aérea, a 4 fios, carga instalada em muro de 57001 até 75000W - 220/127V","und",1,10487.28,10487.28]
["151711","LABOR - 151711 - 3","Padrão de entrada de energia elétrica, trifásico, entrada subterrânea, a 4 fios, carga instalada em muro de 57001 até 75000W - 220/127V, exclusive derivação de ramal de entrada subterrânea","und",1,9118.59,9118.59]
["151712","LABOR - 151712 - 7","Subestação ext. aérea trifás. 75KVA, completa, c/ quadros de medição, transf. a óleo, chave geral tripolar, poste e acessórios, conf. NOR-TEC-01 da Escelsa, incl. mureta rev. c/ arg. cimento, cal hidrat. CH1 e areia traço 1:0.5:6","und",1,31844.84,31844.84]
["151713","LABOR - 151713 - 4","Subestação ext. aérea trifás. 112.5KVA, completa, c/ quadros de medição, transf. a óleo, chave geral trip., poste e acessórios, conf. NOR-TEC-01 da Escelsa, incl. mureta rev. c/ arg. cimento, cal hidrat. CH1 e areia traço 1:0.5:6","und",1,41272.050000000003,41272.050000000003]
["151714","LABOR - 151714 - 5","Subestação ext. aérea trifás. 150KVA, completa, c/ quadros de medição, transf. a óleo, chave geral trip., poste e acessórios, conf. NOR-TEC-01 da Escelsa, incl. mureta rev. c/ arg. cimento, cal hidrat. CH1 e areia traço 1:0.5:6","und",1,59706.29,59706.29]
["151715","LABOR - 151715 - 6","Subestação ext. aérea trifás. 225KVA, completa, c/ quadros de medição, transf. a óleo, chave geral trip., poste e acessórios, conf. NOR-TEC-01 da Escelsa, incl. mureta rev. c/ arg. cimento, cal hidrat. CH1 e areia traço 1:0.5:6","und",1,81222.740000000005,81222.740000000005]
["1518",null,"PONTOS ELETRICOS REVISAO NR-10"]
["151801","LABOR - 151801 - 2","Ponto padrão de luz no teto - considerando eletroduto PVC rígido de 3/4\" inclusive conexões (4.5m), fio isolado PVC de 2.5mm2 (16.2m) e caixa PVC 4x4\" (1 und)","und",1,197.57,197.57]
["151802","LABOR - 151802 - 2","Ponto padrão de luz na parede - considerando eletroduto PVC rígido de 3/4\" inclusive conexões (4.5m), fio isolado PVC de 2.5mm2 (16.2m) e caixa pvc 4x2\" (1 und)","und",1,174.66,174.66]
["151803","LABOR - 151803 - 2","Ponto padrão de tomada 2 pólos mais terra - considerando eletroduto PVC rígido de 3/4\" inclusive conexões (5.0m), fio isolado PVC de 2.5mm2 (16.5m) e caixa pvc 4x2\" (1 und)","und",1,199.57,199.57]
["151805","LABOR - 151805 - 2","Ponto padrão de tomada para chuveiro elétrico - considerando eletroduto PVC rígido de 3/4\" inclusive conexões (9.0m), fio isolado PVC de 6.0mm2 (32.5m) e caixa PVC 4x2\" (1 und)","und",1,518.22,518.22]
["151806","LABOR - 151806 - 2","Ponto padrão de tomada para ar refrigerado - considerando eletroduto PVC rígido de 3/4\" inclusive conexões (6.0m), fio isolado PVC de 4.0mm2 (21.6m) e caixa PVC 4x2\" (1 und)","und",1,295.11,295.11]
["151807","LABOR - 151807 - 2","Ponto padrão de ventilador no teto - considerando eletroduto PVC rígido de 3/4\" inclusive conexões (4.5m), fio isolado PVC de 2.5mm2 (21.6m) e caixa PVC 4x4\" (1 und)","und",1,233.54,233.54]
["151809","LABOR - 151809 - 2","Ponto padrão de interruptor de 2 teclas simples - considerando eletroduto PVC rígido de 3/4\" inclusive conexões (3.3m), fio isolado PVC de 2.5mm2 (17.2m) e caixa PVC 4x2\" (1 und)","und",1,177.79,177.79]
["151810","LABOR - 151810 - 2","Ponto padrão de interruptor de 1 tecla paralelo - considerando eletroduto PVC rígido de 3/4\" inclusive conexões (8.5m), fio isolado PVC de 2.5mm2 (28.8m) e caixa PVC 4x2\" (1 und)","und",1,335.92,335.92]
["151811","LABOR - 151811 - 2","Ponto padrão de interruptor de 1 tecla simples e 1 tomada dois pólos mais terra 10A/250V - considerando eletroduto PVC rígido de 3/4\" inclusive conexões (4.5m), fio isolado PVC de 2.5mm2 (19.4m) e caixa PVC 4x2\" (1 und)","und",1,210.78,210.78]
["151812","LABOR - 151812 - 2","Ponto padrão de interruptor de 2 teclas simples e 1 tomada dois pólos mais terra 10A/250V - considerando eletroduto PVC rígido de 3/4\" inclusive conexões (4.5m), fio isolado PVC de 2.5mm2 (22.9m) e caixa PVC 4x2\" (1 und)","und",1,234.09,234.09]
["151813","LABOR - 151813 - 2","Ponto padrão de campainha - considerando eletroduto PVC rígido de 3/4\" inclusive conexões (5.0m), fio isolado PVC de 2.5mm2 (12.0m) e caixa PVC 4x2\" (1 und)","und",1,178.4,178.4]
["151814","LABOR - 151814 - 1","Ponto padrão de poste para iluminação externa - considerando eletroduto PVC rígido de 3/4\" inclusive conexões (7.7m) e fio isolado PVC de 2.5mm2 (25.2.0m)","und",1,292.62,292.62]
["151815","LABOR - 151815 - 2","Ponto padrão de interruptor para ventilador - considerando eletroduto PVC rígido de 3/4\" inclusive conexões (3.3m), fio isolado PVC de 2.5mm2 (12.0m) e caixa PVC 4x2\" (1 und)","und",1,143.15,143.15]
["151816","LABOR - 151816 - 2","Ponto padrão de interruptor de 3 teclas simples - considerando eletroduto PVC rígido de 3/4\" inclusive conexões (4.5m), fio isolado PVC de 2.5mm2 (25.8m) e caixa PVC 4x2\" (1 und)","und",1,253.75,253.75]
["151817","LABOR - 151817 - 1","Ponto padrão de tomada de piso - considerando eletroduto PVC rígido de 3/4\" inclusive conexões (5.0m), fio isolado PVC de 2.5mm2 (18.0m) e caixa alumínio silício 4x4\" (1 und)","und",1,232.83,232.83]
["151819","LABOR - 151819 - 3","Ponto de antena de TV - considerando eletroduto PVC rígido de 3/4\" inclusive conexões (3.0m), cabo coaxial 67 Ohms (4.5m) e caixa PVC 4x2\" (1 und)","und",1,91.53,91.53]
["151820","LABOR - 151820 - 2","Ponto padrão de interruptor de 1 tecla intermediário - considerando eletroduto PVC rígido de 3/4\" inclusive conexões (3.3m), fio isolado PVC de 2.5mm2 (15.8m) e caixa PVC 4x2\" (1 und)","und",1,168.48,168.48]
["1519",null,"QUADROS DE DISTRIBUIÇÃO COM BARRAMENTO, TRINCO E FECHADURA"]
["151901","LABOR - 151901 - 1","Quadro distrib. energia, embutido ou semi embutido, capac. p/ 16 disj. DIN, c/barram trif. 100A barra. neutro e terra, fab. em chapa de aço 12 USG com porta, espelho, trinco com fechad ch yale, Ref. QDTN II-16DIN-CEMAR ou equiv.","und",1,520.22,520.22]
["151902","LABOR - 151902 - 2","Quadro distrib. energia, embutido ou semi embutido, capac. p/ 28 disj. DIN, c/barram trif. 100A barra. neutro e terra, fab. em chapa de aço 12 USG com porta, espelho, trinco com fechad ch yale, Ref. QDTN II-28DIN-CEMAR ou equiv.","und",1,640.04,640.04]
["151903","LABOR - 151903 - 2","Quadro distrib. energia, embutido ou semi embutido, capac. p/ 34 disj. DIN, c/barram trif. 100A barra. neutro e terra, fab. em chapa de aço 12 USG com porta, espelho, trinco com fechad ch yale, Ref. QDTN II-34DIN-CEMAR ou equiv","und",1,795.76,795.76]
["151904","LABOR - 151904 - 2","Quadro distrib. energia, embutido ou semi embutido, capac. p/ 44 disj. DIN, c/barram trif. 100A barra. neutro e terra, fab. em chapa de aço 12 USG com porta, espelho, trinco com fechad ch yale, Ref. QDTN II-44DIN-CEMAR ou equiv","und",1,830.9,830.9]
["151905","LABOR - 151905 - 2","Quadro distrib. energia, embutido ou semi embutido, capac. p/ 54 disj. DIN, c/barram trif. 100A barra. neutro e terra, fab. em chapa de aço 12 USG com porta, espelho, trinco com fechad ch yale, Ref. QDTN II-54DIN-CEMAR","und",1,1358.08,1358.08]
["1520",null,"TERMINAIS, CONECTORES E ABRAÇADEIRAS"]
["152001","LABOR - 152001 - 2","Terminal para ligação de cabo a barra até 4.0mm2","und",1,11.52,11.52]
["152002","LABOR - 152002 - 1","Terminal para ligação de cabo a barra de 6.0 mm2","und",1,13.58,13.58]
["152003","LABOR - 152003 - 1","Terminal para ligação de cabo a barra de 10.0 mm2","und",1,22.04,22.04]
["152004","LABOR - 152004 - 1","Terminal para ligação de cabo a barra de 16.0 mm2","und",1,22.27,22.27]
["152005","LABOR - 152005 - 1","Terminal para ligação de cabo a barra de 25.0 mm2","und",1,23.62,23.62]
["152006","LABOR - 152006 - 1","Terminal para ligação de cabo a barra de 35.0 mm2","und",1,26.88,26.88]
["152007","LABOR - 152007 - 1","Terminal para ligação de cabo a barra de 50.0 mm2","und",1,35.06,35.06]
["152010","LABOR - 152010 - 2","Terminal para ligação de cabo a barra de 70 mm2","und",1,35.549999999999997,35.549999999999997]
["152011","LABOR - 152011 - 1","Terminal para ligação de cabo a barra de 95 mm2","und",1,43.68,43.68]
["152012","LABOR - 152012 - 1","Terminal para ligação de cabo a barra de 120 mm2","und",1,77.23,77.23]
["152013","LABOR - 152013 - 1","Terminal para ligação de cabo a barra de 150 mm2","und",1,80.39,80.39]
["152014","LABOR - 152014 - 1","Terminal para ligação de cabo a barra de 185 mm2","und",1,90.26,90.26]
["152015","LABOR - 152015 - 1","Terminal para ligação de cabo a barra de 240 mm2","und",1,97.08,97.08]
["152016","LABOR - 152016 - 1","Terminal para ligação de cabo a barra de 300 mm2","und",1,100.25,100.25]
["152025","LABOR - 152025 - 1","Terminal para ligação de cabo a barra duplo de 185 mm2","und",1,318.22000000000003,318.22000000000003]
["152026","LABOR - 152026 - 1","Terminal para ligação de cabo a barra duplo de 240 mm2","und",1,357.56,357.56]
["152027","LABOR - 152027 - 1","Terminal para ligação de cabo a barra duplo de 300 mm2","und",1,380.6,380.6]
["152030","LABOR - 152030 - 1","Conector split bolt para cabo de 4.0 mm2","und",1,12.83,12.83]
["152031","LABOR - 152031 - 1","Conector split bolt para cabo de 35.0 mm2","und",1,22.09,22.09]
["152033","LABOR - 152033 - 1","Conector porcelana 3 polos para cabos de #4,0mm2","und",1,12.67,12.67]
["152034","LABOR - 152034 - 1","Conector porcelana 3 polos para cabo de #6,0mm2","und",1,13,13]
["152035","LABOR - 152035 - 1","Conector porcelana 3 polos para cabos de #10,0mm2","und",1,15.63,15.63]
["152040","LABOR - 152040 - 1","Prensa cabos para eletroduto 1/2\"","und",1,25.75,25.75]
["152041","LABOR - 152041 - 1","Prensa cabos para eletroduto 3/4\"","und",1,27.1,27.1]
["152042","LABOR - 152042 - 1","Prensa cabos para eletroduto de 1\"","und",1,33.43,33.43]
["16",null,"OUTRAS INSTALAÇÕES"]
["1601",null,"INSTALAÇÃO DE TELEFONE"]
["160105","LABOR - 160105 - 3","Caixa de telefone em chapa de aço padrão TELEBRAS N. 6, 1200x1200x150 mm, com fundo de madeira","und",1,1478.88,1478.88]
["160106","LABOR - 160106 - 2","Aterramento com haste de terra 5/8\"x2.40m, cabo de cobre nú 6mm2 em caixa de concreto de dimensões internas de 30x30x30cm","und",1,404.41,404.41]
["160108","LABOR - 160108 - 3","Caixa de telefone em chapa de aço padrão TELEBRAS do tipo CIE-2 200x200x120mm","und",1,136.5,136.5]
["160110","LABOR - 160110 - 3","Caixa de telefone em chapa de aço padrão TELEBRAS do tipo CIE-4 600x600x120 mm","und",1,426.57,426.57]
["160111","LABOR - 160111 - 1","Caixa para telefone padrão TELEMAR, dim. 1070 x 520 x 500 mm, com tampa de ferro tipo R2, assentada com argamassa de cimento, cal e areia","und",1,1046.3800000000001,1046.3800000000001]
["160115","LABOR - 160115 - 2","Cabo telefônico CI, diâmetro do condutor 50mm, 30 pares","m",1,28.04,28.04]
["160120","LABOR - 160120 - 1","Tomada para telefone com conector RJ 11","und",1,40.799999999999997,40.799999999999997]
["1602",null,"INSTALAÇÃO DE GÁS"]
["160207","LABOR - 160207 - 6","Abrigo de gás para 2 cilindros 45 Kg, exec. em alv. bloco conc cheio,dim 1,50x0.85x2.10m, inclusive cilindros e rede interna do abrigo compreendendo tubos e válvulas de esfera que interligam os cilindros","und",1,7392.66,7392.66]
["160208","LABOR - 160208 - 5","Abrigo de gás para 4 cilindros 45Kg , exec. em alv bloco concreto, dim.4.05x0,85x2.10m, inclusive cilindros e rede interna do abrigo compreendendo tubos e válvulas de esfera que interligam os cilindros","und",1,13155.73,13155.73]
["1603",null,"INSTALAÇÃO DE PÁRA-RAIO"]
["160303","LABOR - 160303 - 2","Aterramento com haste terra 5/8\" x 2.40, cabo de cobre nu 6mm2, inclusive caixa de concreto 30 x 30 cm","und",1,372.66,372.66]
["160304","LABOR - 160304 - 2","Pára-raios tipo franklim incluindo base de fixação, conjunto de contraventagem c/abraçadeira p/3 estais em tubo e demais acessórios c/exceção do cabo de cobre de descida e suportes isoladores","und",1,915.05,915.05]
["160305","LABOR - 160305 - 2","Condutor de cobre nú, seção de 35mm2, inclusive suportes isoladores e acessórios de fixação, conforme projeto","m",1,92.39,92.39]
["160308","LABOR - 160308 - 1","Cabo condutor de cobre eletrolítico nu, tempera meio dura, encordoamento classe 2, para aterramento, diam. 50mm2","m",1,75.3,75.3]
["160309","LABOR - 160309 - 2","Terminal aéreo em latão (minicaptor), com conector e fixação horizontal 250mm x 10mm, ref. TEL-2024, inclusive vedação dos furos com poliuretano ref. TEL 5905, marca de ref. Termotécnica ou equivalente","und",1,81.459999999999994,81.459999999999994]
["160310","LABOR - 160310 - 1","Conector de medição em latão com 2 parafusos para cabos de 16 a 50 mm2, ref. TEL-562, Termotécnica ou equivalente","und",1,54.15,54.15]
["160311","LABOR - 160311 - 1","Haste de terra tipo COPPERWELD - 5/8\" x 2.40m","und",1,136.88,136.88]
["160312","LABOR - 160312 - 1","Kit completo para solda Exotérmica (Molde HCL 5/8\" Ref: TEL905611 / Cartucho n° 115 Ref: TEL 909115 / Alicate Z 201 Ref: TEL 998201), marca de referência Termotécnica ou equivalente","und",1,41.9,41.9]
["160313","LABOR - 160313 - 1","Fixador universal latão estanhado p/ cabos 16 a 70 mm2 ref. 5024, incl. parafuso sextavado M6x45mm, arruela lisa 1/4\", bucha nº8, vedação dos furos c/ poliuretano ref. 5905, marca de ref. Termotécnica ou equivalente","und",1,52.07,52.07]
["160314","LABOR - 160314 - 2","Mastro simples 3mx1.1/2\", uma descida, incl. base de fixação, captor, conj.de contraventagem c/abraçadeira p/3 estais em tubo e demais acessórios, excl. cabo de cobre de descida e suportes isoladores, ref.Termotécnica ou equiv.","und",1,787.12,787.12]
["160315","LABOR - 160315 - 1","Mastro telescópico 5mx2\", uma descida, incl. base de fixação, captor, conj.de contraventagem c/abraçadeira p/3 estais em tubo e demais acessórios excl. cabo de cobre de descida e suportes isoladores, ref. Termotécnica ou equiv.","und",1,1250.83,1250.83]
["160316","LABOR - 160316 - 1","Caixa de inspeção em PVC, diâmetro 300 mm, ref TEL-552, marca de referência Termotécnica ou equivalente, inclusive escavação e reaterro","und",1,80.180000000000007,80.180000000000007]
["160317","LABOR - 160317 - 1","Cabo de cobre nú 50mm2, ref. TEL 5750, marca de referência Termotécnica ou equivalente","m",1,75.3,75.3]
["160318","LABOR - 160318 - 1","Cabo de cobre nú 35mm2, ref. TEL 5735, marca de referência Termotécnica ou equivalente","m",1,52.08,52.08]
["160319","LABOR - 160319 - 2","Presilha de latão ref. 744, inclusive parafuso fenda DN 4,2x32mm e bucha nylon DN 6mm e vedação dos furos com poliuretano ref. 5905, marca de ref. Termotécnica ou equivalente","und",1,9.1199999999999992,9.1199999999999992]
["160321","LABOR - 160321 - 1","Tampa reforçada em ferro fundido com escotilha TEL 536, inclusive assentamento, marca de referência Termotécnica ou equivalente","und",1,117.36,117.36]
["160322","LABOR - 160322 - 1","Abraçadeira tipo \"D\" com cunha, diâmetro 1\", ref. TEL-095, marca de referência Termotécnica ou equivalente","und",1,5.45,5.45]
["160323","LABOR - 160323 - 1","Tampão para eletroduto 1\", ref. TEL-5533, marca de referência Termotécnica ou equivalente","und",1,8.51,8.51]
["160324","LABOR - 160324 - 1","Caixa de equalização de potenciais para uso interno e externo com cinco (5) terminais para aterramento (BEP), em polipropileno, ref. TEL-902, marca de referência Termotécnica ou equivalente","und",1,260.25,260.25]
["160325","LABOR - 160325 - 1","Caixa de equalização de potenciais para uso interno e externo com nove (9) terminais para aterramento (BEP), em aço, com flange inferior e vedação na porta, ref. TEL-903, marca de referência Termotécnica ou equivalente","und",1,423.13,423.13]
["160326","LABOR - 160326 - 1","Barra chata em alumínio 7/8\"x1/8\" (70mm²), com furos diâmetro 7 mm ref. TEL-771, marca de referência Termotécnica ou equivalente","m",1,36.83,36.83]
["160327","LABOR - 160327 - 1","Barra chata em aço galvanizado a fogo 7/8\"x1/8\" (70mm²), com furos diâm. 7mm ref. TEL-761, marca de referência Termotécnica ou equivalente","m",1,37.880000000000003,37.880000000000003]
["160328","LABOR - 160328 - 1","Terminal estanhado de 1 compressão 1 furo, 35mm², ref. TEL-5135, marca de referência Termotécnica ou equivalente","und",1,23.4,23.4]
["160329","LABOR - 160329 - 1","Curva 90º de barra chata em alumínio 7/8\"x1/8\"x300mm, 70mm², ref. TEL-778, marca de referência Termotécnica ou equivalente","und",1,17.75,17.75]
["160330","LABOR - 160330 - 1","Fixador ômega em latão ref. 733, inclusive parafuso fenda DN 4,2x32mm, bucha nylon DN 6mm e vedação dos furos com poliuretano ref. 5905, marca de ref. Termotécnica ou equivalente","und",1,10.81,10.81]
["160331","LABOR - 160331 - 1","Cordoalha flexível 25x100 mm, com dois furos, diâmetro 11 mm, ref. TEL-5701, marca de referência Termotécnica ou equivalente","und",1,33.450000000000003,33.450000000000003]
["160332","LABOR - 160332 - 2","Fita perfurada em latão niquelado 20mm x 0,8mm, para equalização de potenciais, ref. TEL-750, marca de referência Termotécnica ou equivalente","m",1,28.51,28.51]
["160333","LABOR - 160333 - 2","Cabo de cobre nú 50 mm2, ref. TEL-5750, marca de referência Termotécnica ou equivalente, inclusive abertura e fechamento de vala para cabo dimensões 50x20cm","m",1,86.06,86.06]
["160334","LABOR - 160334 - 1","Terminal estanhado de 1 compressão 1 furo, 50mm², ref. TEL-5150, marca de referência Termotécnica ou equivalente","und",1,32.71,32.71]
["160335","LABOR - 160335 - 3","Chapa perfurada(tela casa da moeda) BELINOX, largura 245 mm, espessura 1.5mm, ref. TEL-754, marca de referência Termotécnica ou equivalente","m",1,53.03,53.03]
["1606",null,"INSTALAÇÃO DE INCÊNDIO"]
["160602","LABOR - 160602 - 4","Hidrante de parede, com abrigo em chapa, 60x90x17cm, com suporte e mangueira 20m 63mm, adaptador rosca fêmea e engate rápido, esguicho em latão regulavel, registro globo angular 45º/ 63mm","und",1,1528.76,1528.76]
["160603","LABOR - 160603 - 1","Hidrante de recalque no passeio em caixa metálica de 40x60x40cm, incl. registro globo angular 90º de 63mm, adaptador p/ engate rápido e tampa c/ corrente","und",1,683.6,683.6]
["160604","LABOR - 160604 - 4","Extintor de incêndio de água pressurizada capacidade 2A (10L), inclusive suporte para fixação e EXCLUSIVE placa sinalizadora em PVC Fotoluminescente","und",1,165.85,165.85]
["160605","LABOR - 160605 - 4","Extintor de incêndio portátil de pó químico ABC com capacidade 2A-20B:C (6 kg), inclusive suporte para fixação, EXCLUSIVE placa sinalizadora em PVC fotoluminescente","und",1,212.58,212.58]
["160606","LABOR - 160606 - 4","Extintor de incêndio de gás carbônico CO2 5 B:C (6 Kg), inclusive suporte para fixação, EXCLUSIVE placa sinalizadora em PVC fotoluminescente","und",1,482.06,482.06]
["160607","LABOR - 160607 - 4","Extintor de incêndio portátil de pó químico ABC com capacidade 2A-20B:C (4 kg), inclusive suporte para fixação, EXCLUSIVE placa sinalizadora em PVC fotoluminescente","und",1,195.31,195.31]
["160608","LABOR - 160608 - 2","Ponto para seta indicativa de saída, incl. seta em acrílico, com fonte alimentadora própria que assegure um funcionamento mínimo de 1h, para quando ocorrer falta de energia elétrica na rede pública, conforme projeto","und",1,292.27,292.27]
["160612","LABOR - 160612 - 2","Placa de sinalização de segurança CODIGO 14 - 315/158(NBR 13.434); CÓDIGO S3(NT 14/2010-ES) (\"SAIDA DE EMERGÊNCIA\" - seta vertical)","und",1,25.1,25.1]
["160613","LABOR - 160613 - 2","Ponto para iluminação de emergência completo, inclusive bloco autônomo de iluminação 2x9W com tomada universal","und",1,217.27,217.27]
["160625","LABOR - 160625 - 1","Abrigo para hidrante de recalque no passeio em caixa de alvenaria 60x40cm em bloco de concreto inclusive registro de recalque ø 65 mm (2 1/2\") e tampa de ferro fundido 40x40cm com inscrição incêndio","und",1,716.26,716.26]
["160663","LABOR - 160663 - 1","Fornecimento e instalação de Bateria selada 12V - 60 AH, para centrais de alarme / iluminação de emergência","und",1,432.57,432.57]
["160665","LABOR - 160665 - 1","Fornecimento e instalação de porta corta-fogo para saída de emergência Dim.: 100x210x5cm, conforme ABNT NBR 11742P, classe P-90, incl. marco, 3 pares de dobradiçaas c/mola, barra anti-panico, pintura esmalte sintetico cor vermelha","und",1,2943.92,2943.92]
["160671","LABOR - 160671 - 1","Hidrante de parede, com abrigo em chapa, 80x90x17cm, com suporte e mangueiras 2 x 15m 63mm, adaptador rosca fêmea e engate rápido, esguicho em latão regulavel, registro globo angular 45º/ 63mm","und",1,2110.04,2110.04]
["160673","LABOR - 160673 - 1","Fornecimento e instalação de Central de alarme de incêndio endereçável, capacidade até: 256 endereços, 4 laços com bateria Ref. Walmonof, Abafire, Deltafire ou equivalente","und",1,2092.56,2092.56]
["160674","LABOR - 160674 - 1","Fornecimento e instalação de Acionador manual de alarme de incêndio endereçavel, tipo quebra vidro","und",1,128.63,128.63]
["160675","LABOR - 160675 - 1","Fornecimento e instalação de Detector de fumaça óptico endereçavel Bivolt 12/24V para parede ou teto","und",1,177.17,177.17]
["160676","LABOR - 160676 - 1","Fornecimento e instalação de Sirene eletronica média tipo corneta","und",1,128.6,128.6]
["1607",null,"DEPÓSITO DE GÁS"]
["160702","LABOR - 160702 - 1","Chapisco com argamassa de cimento e areia média ou grossa sem peneirar no traço 1:3, espessura 5 mm","m2",1,5.71,5.71]
["160704","LABOR - 160704 - 2","Fornecimento, preparo e aplicação de concreto armado Fck=15 MPa, inclusive forma, armação e desforma para lajes maciças","m3",1,2355.7800000000002,2355.7800000000002]
["160707","LABOR - 160707 - 1","Pintura com tinta látex PVA Suvinil, Coral ou Metalatex, inclusive selador em paredes internas e forros a três demãos","m2",1,20.65,20.65]
["160708","LABOR - 160708 - 1","Pintura com tinta acrílica Suvinil, Coral ou Metalatex, inclusive selador acrílico, em paredes externas a três demãos","m2",1,20.73,20.73]
["160709","LABOR - 160709 - 1","Estrado de madeira de lei tipo Paraju ou equivalente conforme detalhe em projeto","m2",1,1436.67,1436.67]
["160710","LABOR - 160710 - 1","Alvenaria de blocos de concreto 9x19x39 c/ resist. min comp. 2.5MPa, assentado c/ argamassa de cimento, cal hidratada CH1 e areia traço 1:0,5:8, esp.juntas 10mm e esp. paredes, sem revestimento, 9cm","m2",1,54.25,54.25]
["160711","LABOR - 160711 - 1","Reboco tipo paulista com argamassa de cimento, cal hidratada CH1 e areia no traço 1:0,5:6, espessura 25mm","m2",1,47.64,47.64]
["160712","LABOR - 160712 - 1","Tela em arame galvanizado de 1\"e fio 10 para ventilação de casa de gás, chumbada com argamassa de cimento, cal e areia","m2",1,208.33,208.33]
["160713","LABOR - 160713 - 3","Porta de correr de chapa galvanizada nº 14 - pintura com esmalte sintetico acetinado sobre zarcão, com tela quebra chama em malha 2 a 5mm","m2",1,568.11,568.11]
["160714","LABOR - 160714 - 2","Lastro regularizado e impermeabilizado de concreto não estrutural, esp. de 8cm","m2",1,62.7,62.7]
["160715","LABOR - 160715 - 1","Indice de imperm.c/ manta asfáltica atendendo à norma 9952, asfalto polimerizado esp.3mm, reforçada com fio int. polietileno, reg. base com arg. 1:4 esp min 15mm, proteção mecânica arg. 1:4 esp. 20mm e juntas dilat.","m2",1,224.58,224.58]
["160716","LABOR - 160716 - 1","Fornecimento, preparo e aplicação de concreto Fck = 15MPa (brita 1 e 2) - (5% de perdas)","m3",1,542.03,542.03]
["160718","LABOR - 160718 - 1","Pintura com tinta esmalte sintético Suvinil, Coral ou Metalatex a duas demãos, inclusive fundo anti corrosivo a uma demão, em metal","m2",1,19.14,19.14]
["1608",null,"INSTALAÇÃO DE REDE LÓGICA"]
["160806","LABOR - 160806 - 3","Espelho 4\" x 2\" com conector RJ 45 fêmea CAT. 5e","und",1,27.27,27.27]
["160807","LABOR - 160807 - 1","Conector RJ 45 macho","und",1,10.11,10.11]
["160808","LABOR - 160808 - 3","Fornecimento e instalação de Cabo de rede par trançado 4 pares Categoria 5e","m",1,4.03,4.03]
["17",null,"APARELHOS HIDRO-SANITÁRIOS"]
["1701",null,"LOUÇAS"]
["170101","LABOR - 170101 - 1","Lavatório de louça branca com coluna, marcas de referência Deca, Celite ou Ideal Standard, inclusive sifão, válvula e engates cromados, exclusive torneira.","und",1,696.36,696.36]
["170107","LABOR - 170107 - 3","Mictório de louça branca, marcas de referência Deca, Celite ou Ideal Standard, inclusive engates cromados","und",1,500.71,500.71]
["170108","LABOR - 170108 - 1","Saboneteira de louça branca, 15x15cm, marcas de referência Deca, Celite ou Ideal Standard.","und",1,88.44,88.44]
["170110","LABOR - 170110 - 1","Cabide de louça branca com 2 ganchos, marcas de referência Deca, Celite ou Ideal Standard","und",1,73.569999999999993,73.569999999999993]
["170111","LABOR - 170111 - 1","Papeleira de louça branca, 15x15cm, marcas de referência Deca, Celite ou Ideal Standard.","und",1,91.13,91.13]
["170114","LABOR - 170114 - 2","Bacia sifonada infantil de louça branca, marcas de referência Deca, Celite ou Ideal Standard, inclusive tampa e acessórios","und",1,664.4,664.4]
["170115","LABOR - 170115 - 2","Cuba louça de embutir redonda, 30cm, L-41, completa, marcas de referência Deca, Celite ou Ideal Standard, incl. válvula e sifão, exclusive torneira","und",1,336.1,336.1]
["170116","LABOR - 170116 - 2","Vaso sanitário padrão popular completo com acessórios para ligação, marcas de referência Deca, Celite ou Ideal Standard, inclusive assento plástico","und",1,422.74,422.74]
["170117","LABOR - 170117 - 1","Lavatório de louça branca, padrão popular, marcas de referência Deca, Celite ou Ideal Standard, inclusive acessórios em PVC, exceto torneira","und",1,251.69,251.69]
["170118","LABOR - 170118 - 1","Saboneteira de louça branca de 7,5 x 15 cm, marcas de referência Deca, Celite ou Ideal Standard","und",1,83.31,83.31]
["170119","LABOR - 170119 - 1","Cabide de louça branca com um gancho, marcas de referência Deca, Celite ou Ideal Standard","und",1,58.57,58.57]
["170120","LABOR - 170120 - 1","Lavatório com coluna padrão popular, marcas de referência Deca, Celite ou Ideal Standard, inclusive acessórios em PVC, exceto aparelho misturador","und",1,321.76,321.76]
["170121","LABOR - 170121 - 2","Recolocação de vaso sanitário, inclusive fornecimento de acessórios (parafusos de fixação anel de vedação, bolsa e tubo de ligação, etc), exclusive fornecimento do vaso e tampa","und",1,199.47,199.47]
["170122","LABOR - 170122 - 1","Recolocação de lavatório sanitário, com acessórios em metal (engate, sifão, válvula), exclusive fornecimento do mesmo","und",1,345.01,345.01]
["170123","LABOR - 170123 - 1","Recolocação de lavatório sanitário, com acessórios em PVC (engate, sifão e válvula), exclusive fornecimento do mesmo","und",1,135.33000000000001,135.33000000000001]
["170124","LABOR - 170124 - 1","Lavatório de Canto ref. L101 DECA ou equivalente, inclusive válvula, sifão e engates cromados, exclusive torneira","und",1,518.14,518.14]
["170126","LABOR - 170126 - 6","Bacia sifonada de louça branca sem abertura frontal para portadores de necessidades especiais, Vogue Plus Conforto - Linha Conforto, mod P510, incl. assento poliester, ref.AP51,marca de ref. Deca ou equivalente, sem abertura frontal","und",1,2007.53,2007.53]
["170127","LABOR - 170127 - 2","Mictório de louça branca, marcas de referência Deca, Celite ou Ideal Standard, inclusive válvula de descarga linha anti-vandalismo, marcas de referência Fabrimar, Docol ou Deca e engates e acessórios cromados","und",1,1053.01,1053.01]
["170128","LABOR - 170128 - 2","Lavatório de louça branca com coluna suspensa, linha Vogue Plus Confort para portadores de necessidades especiais, marca de referencia DECA, Celite ou Ideal Standart, inclusive valvula, sifão e engates, exclusive torneira","und",1,1045.48,1045.48]
["170129","LABOR - 170129 - 1","Bacia sifonada de louça branca com caixa acoplada, inclusive acessórios","und",1,561.54999999999995,561.54999999999995]
["170130","LABOR - 170130 - 2","Lavatório de louça branca com coluna, Ravena L91 + C9 inclusive sifão, válvula e engates cromados, exclusive torneira","und",1,657.04,657.04]
["170131","LABOR - 170131 - 2","Lavatório de louça branca com coluna suspensa - ref L51 + CS 1v, cor branca, inclusive sifão, válvula e engates cromados, exclusive torneira, para PNE","und",1,1045.52,1045.52]
["170132","LABOR - 170132 - 2","Lavátorio de canto Coleção Master - ref. L76 marca de ref. Deca ou equivalente, inclusive válvula, sifão e engates cromados, exclusive torneira,para PNE","und",1,1410.44,1410.44]
["170133","LABOR - 170133 - 1","Cuba louça branca oval, de embutir, Mod. L37, marca de ref. Deca incl. válvula e sifão, exclusive torneira.","und",1,345.46,345.46]
["170134","LABOR - 170134 - 3","Bacia convencional em louça branca ref. Linha Ravena P9 Deca ou equiv., inclusive tubo de ligação, acessórios de fixação e assento plástico","und",1,527.23,527.23]
["170135","LABOR - 170135 - 3","Bacia sifonada de louça branca para portadores de necessidades especiais, Vogue Plus Conforto - Linha Conforto, mod P51, incl. assento com abertura frontal, ref.AP52,marca de ref. Deca ou equivalente","und",1,2129.67,2129.67]
["170136","LABOR - 170136 - 3","Bacia sanitária de louça branca, com caixa acoplada duplo acionamento, marca de ref. Deca Linha Ravena ou equivalente, inclusive assento plástico e acessórios de fixação","und",1,938.26,938.26]
["170137","LABOR - 170137 - 3","Mictório de louça branca, com sifão integrado, mod. M712 marca de ref. Deca ou equivalente, inclusive engates cromados","und",1,901.17,901.17]
["1702",null,"BANCADAS"]
["170205","LABOR - 170205 - 1","Bancada de mármore esp. 3cm","m2",1,388.5,388.5]
["170220","LABOR - 170220 - 1","Bancada de granito com espessura de 2 cm","m2",1,313.61,313.61]
["170221","LABOR - 170221 - 1","Laje armada espessura de 3cm p/ enchimento de fundo de bancada inox","m2",1,25.04,25.04]
["170222","LABOR - 170222 - 3","Bancada e tanque para panelões em granito cinza andorinha, esp. 2cm, dim. 0.80x1.10m, base de concreto e apoio em alvenaria, frontão h=10cm, incl. válvula e sifão, exclusive torneira, conf. det. projeto","und",1,1602.43,1602.43]
["1703",null,"TORNEIRAS, REGISTROS, VÁLVULAS E METAIS"]
["170304","LABOR - 170304 - 1","Torneira pressão cromada diâm. 1/2\" para lavatório, marcas de referência Fabrimar, Deca ou Docol","und",1,162.22999999999999,162.22999999999999]
["170306","LABOR - 170306 - 1","Torneira para tanque, marcas de referência Fabrimar, Deca ou Docol.","und",1,133.94,133.94]
["170309","LABOR - 170309 - 1","Torneira para jardim de 3/4\" marcas de referência Fabrimar, Deca ou Docol","und",1,92.16,92.16]
["170310","LABOR - 170310 - 1","Torneira pressão cromada diam. 3/4\" para uso geral, marcas de referência Fabrimar, Deca ou Docol","und",1,157.79,157.79]
["170311","LABOR - 170311 - 1","Torneira pressão em PVC para pia diam. 1/2\", marcas de referência Astra, Cipla ou Akros","und",1,52.81,52.81]
["170313","LABOR - 170313 - 1","Torneira pressão cromada, diam. 1/2\" para tanque, marcas de referência Fabrimar, Deca ou Docol","und",1,133.94,133.94]
["170315","LABOR - 170315 - 1","Torneira pressão cromada diam. 1/2\" para pia, marcas de referência Fabrimar, Deca ou Docol","und",1,178.2,178.2]
["170316","LABOR - 170316 - 1","Registro de pressão com canopla cromada diam. 15mm (1/2\"), marcas de referência Fabrimar, Deca ou Docol","und",1,108.49,108.49]
["170317","LABOR - 170317 - 1","Registro de pressão com canopla cromada diam. 20mm (3/4\"), marcas de referência Fabrimar, Deca ou Docol","und",1,110.54,110.54]
["170318","LABOR - 170318 - 1","Registro de pressão bruto, diam. 15mm (1/2\")","und",1,62.44,62.44]
["170319","LABOR - 170319 - 1","Registro de gaveta bruto diam. 15mm (1/2\")","und",1,45.94,45.94]
["170320","LABOR - 170320 - 1","Registro de gaveta bruto diam. 20mm (3/4\")","und",1,58.2,58.2]
["170321","LABOR - 170321 - 1","Registro de gaveta bruto diam. 25mm (1\")","und",1,65.12,65.12]
["170322","LABOR - 170322 - 1","Registro de gaveta bruto diam. 32mm (11/4\")","und",1,94.84,94.84]
["170323","LABOR - 170323 - 1","Registro de gaveta bruto diam. 40mm (11/2\")","und",1,111.32,111.32]
["170324","LABOR - 170324 - 1","Registro de gaveta bruto diam. 50mm (2\")","und",1,161.44999999999999,161.44999999999999]
["170325","LABOR - 170325 - 1","Registro de gaveta bruto diam. 65mm (21/2\")","und",1,323.19,323.19]
["170326","LABOR - 170326 - 1","Registro de gaveta bruto diam. 80mm (3\")","und",1,481.53,481.53]
["170327","LABOR - 170327 - 1","Registro de gaveta com canopla cromada diam. 15mm (1/2\"), marcas de referência Fabrimar, Deca ou Docol","und",1,104.63,104.63]
["170328","LABOR - 170328 - 1","Registro de gaveta com canopla cromada, diam. 20mm (3/4\"), marcas de referência Fabrimar, Deca ou Docol","und",1,109.77,109.77]
["170329","LABOR - 170329 - 1","Registro de gaveta com canopla cromada diam. 25mm (1\"), marcas de referência Fabrimar, Deca ou Docol","und",1,124.22,124.22]
["170330","LABOR - 170330 - 1","Registro de gaveta com canopla cromada diam 32mm (11/4\"), marcas de referência Fabrimar, Deca ou Docol","und",1,236.01,236.01]
["170331","LABOR - 170331 - 1","Registro de gaveta com canopla cromada, diam. 40mm (11/2\"), marcas de referência Fabrimar, Deca ou Docol","und",1,251.74,251.74]
["170332","LABOR - 170332 - 1","Válvula de retenção horizontal ou vertical diam. 15mm (1/2\")","und",1,70.959999999999994,70.959999999999994]
["170333","LABOR - 170333 - 1","Válvula de retenção horizontal ou vertical diam. 20mm (3/4\")","und",1,82.93,82.93]
["170334","LABOR - 170334 - 1","Válvula de retenção horizontal ou vertical diam. 25mm (1\")","und",1,99.49,99.49]
["170335","LABOR - 170335 - 1","Válvula de retenção horizontal ou vertical, diam. 32mm (11/4\")","und",1,163.19999999999999,163.19999999999999]
["170336","LABOR - 170336 - 1","Válvula de retenção horizontal ou vertical diam. 40mm (11/2\")","und",1,180.44,180.44]
["170337","LABOR - 170337 - 1","Válvula de retenção horizontal ou vertical diam. 50mm (2\")","und",1,223.88,223.88]
["170338","LABOR - 170338 - 1","Válvula de retenção horizontal ou vertical diam. 65mm (21/2\")","und",1,397.09,397.09]
["170339","LABOR - 170339 - 1","Válvula de retenção horizontal ou vertical, diam. 80mm (3\")","und",1,522.33000000000004,522.33000000000004]
["170345","LABOR - 170345 - 1","Válvula de descarga com canopla cromada de 32mm (11/4\"), marcas de referência Fabrimar, Deca ou Docol","und",1,389.31,389.31]
["170346","LABOR - 170346 - 1","Válvula de descarga com canopla cromada de 40mm (11/2\"), marcas de referência Fabrimar, Deca ou Docol","und",1,389.31,389.31]
["170347","LABOR - 170347 - 1","Válvula de PVC para lavatório, marcas de referência Astra, Cipla ou Akros","und",1,7.86,7.86]
["170348","LABOR - 170348 - 1","Válvula de PVC para tanque, marcas de referência Astra, Cipla ou Akros","und",1,11.81,11.81]
["170349","LABOR - 170349 - 1","Canopla para válvula de descarga, marcas de referência Fabrimar, Deca ou Docol","und",1,131.28,131.28]
["170350","LABOR - 170350 - 1","Parafuso de fixação para lavatório ou vaso, inclusive colocação","und",1,24.57,24.57]
["170351","LABOR - 170351 - 1","Torneira de parede cromada, marcas de referência Fabrimar (linha prática, ref.1157) , Deca ou Docol","und",1,329.77,329.77]
["170352","LABOR - 170352 - 2","Válvula de Descarga com acabamento anti-vandalismo, marcas de referência Fabrimar, Deca ou Docol","und",1,549.36,549.36]
["170353","LABOR - 170353 - 1","Torneira para lavatório linha anti-vandalismo, marcas de referência Fabrimar, Deca ou Docol","und",1,728.96,728.96]
["170354","LABOR - 170354 - 2","Chuveiro completo, linha anti-vandalismo, marcas de referência Fabrimar, Deca ou Docol","und",1,747.6,747.6]
["170357","LABOR - 170357 - 1","Chuveiro com desviador flexivel e ducha manual, mod. 1975C ref. Deca ou equivalente","und",1,921.53,921.53]
["1705",null,"OUTROS APARELHOS"]
["170502","LABOR - 170502 - 2","Caixa de descarga plástica de sobrepor 6/9 litros, ref. ASTRA, AKROS ou equivalente","und",1,157.65,157.65]
["170506","LABOR - 170506 - 3","Reservatório de polietileno de 500 L, inclusive adaptadores com flanges de PVC e torneira de bóia de 3/4\"","und",1,650.9,650.9]
["170507","LABOR - 170507 - 3","Lavatório de aço inox, liga AISI 304, N° 18, marcas de referência Fisher, Metalpress ou Mekal, inclusive apoio de concreto, argamassa de apoio e assentamento, válvula e sifão cromados, exclusive torneira, conf. projeto","m",1,1252.31,1252.31]
["170508","LABOR - 170508 - 3","Escovário de aço inox, liga AISI 304, N° 18, marcas de referência Fischer, Metalpress ou Mekal, inclusive apoio de concreto, argamassa de apoio e assentamento, válvula e sifão cromados, exclusive torneira, conf. projeto","m",1,1252.31,1252.31]
["170509","LABOR - 170509 - 1","Tanque de aço inox nº 2, marcas de referência Fisher, Metalpress ou Mekal, inclusive válvula de metal e sifão","und",1,1966.76,1966.76]
["170510","LABOR - 170510 - 1","Bebedouro de aço inox, marcas de referência Fisher, Metalpress ou Mekal, inclusive válvula, sifão cromado e torneiras, exclusive alvenaria, dim. 0.45x2.75 m, conforme detalhe em projeto","und",1,4341.07,4341.07]
["170511","LABOR - 170511 - 1","Mictório coletivo de aço inox, liga AISI-304 n.18, marcas de referência Fisher, Metalpress ou Mekal, dimensões 1.80x0.30m, com tubo espargidor","und",1,1756.19,1756.19]
["170512","LABOR - 170512 - 2","Cuba de aço inox n° 1(dim.460x300x150)mm, marcas de referência Franke, Strake, tramontina, inclusive válvula de metal 31/2\" e sifão cromado 1 x 1/2\", excl. torneira","und",1,531.34,531.34]
["170514","LABOR - 170514 - 1","Tanque simples de aço inox Fischer, mod. TQ1-S AISI 304, ou equivalente nas marcas Metalpress ou Mekal, inclusive válvula de metal 1 1/4\" e sifão cromado 2\", excl. torneira","und",1,1487.8,1487.8]
["170515","LABOR - 170515 - 1","Cuba p/ panelões de aço inox 80x60x40 cm, marcas de referência Fisher, Metalpress ou Mekal, inclusive válvula metal 1 1/4\" e sifão cromado 1 x 1 1/2\", excl. torneira","und",1,1537.85,1537.85]
["170516","LABOR - 170516 - 1","Tanque duplo de aço inox AISI 304, marcas de referência Fisher (mod TQI-D) Metalpress ou Mekal, inclusive válvulas de metal 1 1/4\" e sifão cromado 2\", excl. torneiras","und",1,3062.78,3062.78]
["170519","LABOR - 170519 - 1","Ducha manual Acqua jet , linha Aquarius, com registro ref.C 2195, marcas de referência Fabrimar, Deca ou Docol","und",1,264.97000000000003,264.97000000000003]
["170524","LABOR - 170524 - 1","Cabide simples de um gancho, linha Versailles, ref. 08, acabamento cromado, da Moldenox, Docol ou Deca","und",1,72.180000000000007,72.180000000000007]
["170528","LABOR - 170528 - 3","Reservatório de polietileno de 5.000 L, inclusive peça de madeira 6 x 16 cm para apoio, exclusive flanges e torneira de bóia","und",1,3638.72,3638.72]
["170530","LABOR - 170530 - 2","Cuba em aço inox nº 02(dim.560x340x150)mm, marcas de referência Franke, Strake, tramontina, inclusive válvula de metal 31/2\" e sifão cromado 1 x 1/2\", excl. torneira","und",1,419.15,419.15]
["170533","LABOR - 170533 - 1","Pia em aço inox com 01 cuba nº 1, dimensões de 0.60 x 1.50m, inclusive válvula tipo americana, exclusive sifão","und",1,1479.13,1479.13]
["170534","LABOR - 170534 - 1","Pia em aço inox com 02 cubas nº 1, dimensões 0.60 x 2.50, inclusive válvula tipo americana, exclusive sifão","und",1,2703.54,2703.54]
["170535","LABOR - 170535 - 1","Pia em aço inox com 01 cuba nº 1, dimensões de 0.60 x 1.80m, inclusive válvula americana, exclusive sifão","und",1,1726.04,1726.04]
["170536","LABOR - 170536 - 1","Pia em aço inox com 02 cubas nº 2, dimensões de 0.60 x 2.10m, inclusive válvula americana, exclusive sifão","und",1,2367.48,2367.48]
["170537","LABOR - 170537 - 1","Assento plástico para vaso sanitário, marcas de referência Deca, Celite ou Ideal Standard","und",1,42.91,42.91]
["170538","LABOR - 170538 - 1","Chuveiro frio de PVC, marcas de referência Atlas, Cipla ou Akros","und",1,25.35,25.35]
["170539","LABOR - 170539 - 3","Reservatório de polietileno de 500l, inclusive peça de madeira 6x16cm para apoio, exclusive flanges e torneira de bóia","und",1,796.87,796.87]
["170540","LABOR - 170540 - 3","Reservatório de polietileno de 1000l, inclusive peça de madeira 6x16cm para apoio, exclusive flanges e torneira de bóia","und",1,956.2,956.2]
["170541","LABOR - 170541 - 2","Filtro curto AP200, marca de referência Aqualar, inclusive refil(vela)","und",1,150.33000000000001,150.33000000000001]
["170545","LABOR - 170545 - 1","Mictório de aço inox, marcas de referência Fisher, Metalpress ou Mekal, com 30 cm de largura e comp. variável, inclusive válvula tipo americana, engate flexível cromado, válvula de descarga, sifão cromado e conjunto de fixação","m",1,1229.99,1229.99]
["170546","LABOR - 170546 - 1","Tanque em mármore sintético com 2 bojos, inclusive válvula e sifão em PVC","und",1,515.37,515.37]
["170547","LABOR - 170547 - 3","Reservatório de polietileno de 310l, inclusive peça de madeira 6 x 16 cm p/ apoio, exclusive flange e torneira de bóia","und",1,774.87,774.87]
["170548","LABOR - 170548 - 3","Reservatório de polietileno de 1500l, inclusive peça 6x16cm para apoio, exclusive flanges e torneira de bóia","und",1,1374.06,1374.06]
["170549","LABOR - 170549 - 3","Reservatório de polietileno de 3000 litros, inclusive peça de apoio de 6x16 cm, exclusive flanges e torneira de bóia","und",1,2655.93,2655.93]
["170550","LABOR - 170550 - 3","Reservatório de polietileno de 2000L, inclusive peça de apoio 6x16 cm, exclusive flanges e torneira de bóia","und",1,1889.47,1889.47]
["170555","LABOR - 170555 - 1","Tanque de mármore sintético com um bojo, inclusive válvula e sifão em PVC","und",1,259.43,259.43]
["170557","LABOR - 170557 - 3","Bebedouro em aço inox coletivo, marcas de referência Fisher, Metalpress ou Mekal, inclusive base de apoio em concreto e fechamento em alvenaria revestida com azulejo, inclusive válvula e sifão, exclusive torneiras","m",1,1596.07,1596.07]
["170561","LABOR - 170561 - 3","Reservatório de polietileno de 15.000l, inclusive peça de madeira 5 x 16cm para apoio, exclusive flanges e torneiras de boia","und",1,11207.9,11207.9]
["170562","LABOR - 170562 - 1","Bebebedouro elétrico de pressão para portadores de necessidades especiais IBBL BDF300 ou equivalente","und",1,2911.19,2911.19]
["18",null,"APARELHOS ELÉTRICOS"]
["1801",null,"LUMINÁRIAS"]
["180101","LABOR - 180101 - 1","Luminária p/ duas lâmpadas fluorescentes 20W, completa, c/ reator duplo-127V partida rápida e alto fator de potência, soquete antivibratório e lâmpada fluorescente 20W-127V","und",1,164.58,164.58]
["180102","LABOR - 180102 - 1","Luminária p/ duas lâmpadas fluorescentes 40W, completa, c/ reator duplo-127V partida rápida e alto fator de potência, soquete antivibratório e lâmpada fluorescente 40W-127V","und",1,180.74,180.74]
["180107","LABOR - 180107 - 3","Luminária industrial a prova de tempo, 45 graus, wetzel ou equivalente, inclusive lampada mista 160W","und",1,561.20000000000005,561.20000000000005]
["180108","LABOR - 180108 - 1","Luminária para uma lâmpada fluorescente 20W, completa, c/ reator simples-127V partida rápida alto fator de potência, soquete antivibratório e lâmpada fluorescente 20W-127V","und",1,119.42,119.42]
["180109","LABOR - 180109 - 1","Luminária para uma lâmpada fluorescente 40W, completa, c/ reator simples-127V partida rápida alto fator de potência, soquete antivibratório e lâmpada fluorescente 40W-127V","und",1,132.71,132.71]
["180110","LABOR - 180110 - 1","Arandela com lâmpada incandescente de 100W","und",1,80.16,80.16]
["180111","LABOR - 180111 - 1","Luminária p/ duas lâmpadas fluorescentes 40W, c/ difusor, completa, c/ reator duplo-127V partida rápida e alto fator de potência, soquete antivibratório e lâmpadas fluorescentes 40W-127V","und",1,354.84,354.84]
["180115","LABOR - 180115 - 1","Luminária tipo globo de plástico 9x4\", inclusive plafonier","und",1,62.43,62.43]
["1802",null,"INTERRUPTORES E TOMADAS"]
["180201","LABOR - 180201 - 5","Tomada padrão brasileiro linha branca, NBR 14136 2 polos + terra 10A/250V, com placa 4x2\"","und",1,34.79,34.79]
["180202","LABOR - 180202 - 3","Tomada padrão brasileiro linha branca, NBR 14136 2 polos + terra 20A/250V, com placa 4x2\"","und",1,39.96,39.96]
["180204","LABOR - 180204 - 1","Interruptor de uma tecla simples 10A/250V, com placa 4x2\"","und",1,33.5,33.5]
["180205","LABOR - 180205 - 2","Interruptor de duas teclas simples 10A/250V, com placa 4x2\"","und",1,57.59,57.59]
["180206","LABOR - 180206 - 1","Interruptor de uma tecla paralelo 10A/250V, com placa 4x2\"","und",1,40.409999999999997,40.409999999999997]
["180207","LABOR - 180207 - 3","Interruptor de uma tecla simples 10A/250V e uma tomada 3 polos 10A/250V, padrão brasileiro, NBR 14136, linha branca, com placa 4x2\"","und",1,58.88,58.88]
["180208","LABOR - 180208 - 2","Interruptor de duas teclas simples 10A/250V e uma tomada 3 polos universal 10A/250V, com placa 4x2\"","und",1,82.97,82.97]
["180209","LABOR - 180209 - 1","Interruptor pulsador de campainha 10A/250V, com placa 4x2\"","und",1,33.36,33.36]
["180210","LABOR - 180210 - 1","Tomada de 3 polos 20A/250V, com placa 4x2\"","und",1,39.32,39.32]
["180211","LABOR - 180211 - 2","Interruptor de três teclas simples 10 A/250 V e duas teclas simples 10A/250V, com placa 4x4\"","und",1,140.34,140.34]
["180212","LABOR - 180212 - 2","Interruptor de três teclas simples 10A/250V, c/ placa 4x2\"","und",1,81.680000000000007,81.680000000000007]
["180217","LABOR - 180217 - 1","Espelho para caixa estampada 4 x 2\"","und",1,7.64,7.64]
["180218","LABOR - 180218 - 1","Espelho para caixa estampada 4 x 4\"","und",1,16.37,16.37]
["180220","LABOR - 180220 - 1","Tomada coaxial 75 ohms para TV","und",1,28.54,28.54]
["1803",null,"BOMBAS"]
["180301","LABOR - 180301 - 3","Bomba centrífuga trifásica 5CV, modelo 620 Dancor, ou equivalente","und",1,3399.6,3399.6]
["180302","LABOR - 180302 - 1","Bomba centrífuga monofásica 1/2 CV","und",1,817.48,817.48]
["180303","LABOR - 180303 - 1","Bomba centrífuga monofásica 3/4 CV","und",1,1381.63,1381.63]
["180304","LABOR - 180304 - 2","Bomba centrifuga trifásica 2CV","und",1,1361.1,1361.1]
["180305","LABOR - 180305 - 1","Bomba elétrica centrífuga monofásica 1 CV","und",1,1449.61,1449.61]
["1804",null,"POSTES"]
["180405","LABOR - 180405 - 2","Poste circular de concreto 11 m padrão ESCELSA, incl. luminária tipo 1 pétala mod. BETA II c/1 lâmpada VS 400W, reator alto fator de potência 400W/220V e relé fotoelétrico, Tecnowatt ou equivalente","und",1,3880.63,3880.63]
["180408","LABOR - 180408 - 3","Poste circular de concreto 11m padrão ESCELSA, incl. 3 projetores PL 400 MA c/ lâmpada VM 400W, reator tipo externo 400 W /220V alto fator de potência, Tecnowatt ou equivalente.","und",1,4769.95,4769.95]
["1807",null,"VENTILADORES"]
["180702","LABOR - 180702 - 2","Ventilador de teto base madeira sem alojamento para luminária, ref. Tron ou equivalente, com comando de interruptor simples, sem dimer para regulagem de velocidade","und",1,236.22,236.22]
["1808",null,"OUTROS APARELHOS"]
["180803","LABOR - 180803 - 1","Campainha tipo timbre Pial, cod. 412.77 ou equivalente","und",1,108.5,108.5]
["180804","LABOR - 180804 - 1","Campainha tipo prato Pial, cod. 414.18","und",1,806.84,806.84]
["180809","LABOR - 180809 - 1","Chuveiro elétrico tipo ducha Lorenzet ou Corona","und",1,144.22999999999999,144.22999999999999]
["1810",null,"LUMINARIAS PARA LÂMPADAS LED"]
["181001","LABOR - 181001 - 4","Luminaria sobrepor compl., corpo ch. aço pintada branca, refletor, aletas parabólicas alum.alta pureza e refletância inclusive 2 lâmpadas LED T8 9W temp. de cor 5000k c/ 60cm - Ref. CS216AL-N - AMES, 663 - LUMAVI OU EQUIVALENTE","und",1,125.12,125.12]
["181002","LABOR - 181002 - 3","Luminaria sobrepor compl., corpo ch. aço pintada branca, refletor aletas parabólicas alum.alta pureza e refletância inclusive 2 lâmpadas LED T8 20W temp. de cor 5000k bivolt c/ 1,20m - Ref. CS232AL-N - AMES, 664 - LUMAVI OU EQUIVALENTE","und",1,180.75,180.75]
["181003","LABOR - 181003 - 3","Luminaria embutir compl., corpo ch. aço pintada branca, refletor aletas parabólicas alum.alta pureza e refletância inclusive 2 lâmpadas LED T8 9W temp. de cor 5000k c/ 60cm - REF. CE216AL-N - AMES, 901 - LUMAVI OU EQUIVALENTE","und",1,125.57,125.57]
["181004","LABOR - 181004 - 3","Luminaria embutir compl., corpo ch. aço pintada branca, refletor, aletas parabólicas alum.alta pureza e refletância inclusive 2 lâmpadas LED T8 18W temp. de cor 5000k c/ 1,20m - Ref. CE232AL-N - AMES, 900 - LUMAVI -LDEF 2X32W - LUMILUZ OU EQUIVALENTE","und",1,170.66,170.66]
["181005","LABOR - 181005 - 3","Luminária sobrepor compl., corpo ch. aço pintada branca, refletor,aletas parabólicas alum.alta pureza e refletância inclusive 4 lâmpadas LED T8 9W temp. de cor 5000k bivolt c/ 60cm - CS416AL-N - AMES, 665 - LUMAVI OU EQUIVALENTE","und",1,244.04,244.04]
["181007","LABOR - 181007 - 3","Luminária embutir compl., corpo ch. aço pintada branca, refletor,aletas parabólicas alum.alta pureza e refletância nclusive 4 lâmpadas LED T8 9W temp. de cor 5000k - Ref.CE416AL-N - AMES, 6026 - LUMAVI OU EQUIVALENTE","und",1,244.04,244.04]
["19",null,"PINTURA"]
["1901",null,"SOBRE PAREDES E FORROS"]
["190101","LABOR - 190101 - 1","Emassamento de paredes e forros, com duas demãos de massa à base de PVA, marcas de referência Suvinil, Coral ou Metalatex","m2",1,11.87,11.87]
["190102","LABOR - 190102 - 1","Emassamento de paredes e forros, com duas demãos de massa à base de óleo, marcas de referência Suvinil, Coral ou Metalatex","m2",1,17.440000000000001,17.440000000000001]
["190103","LABOR - 190103 - 1","Emassamento de paredes e forros, com duas demãos de massa acrílica, marcas de referência Suvinil, Coral ou Metalatex","m2",1,14.67,14.67]
["190104","LABOR - 190104 - 1","Pintura com tinta látex PVA, marcas de referência Suvinil, Coral ou Metalatex, inclusive selador em paredes e forros, a três demãos","m2",1,20.65,20.65]
["190105","LABOR - 190105 - 1","Pintura com tinta esmalte sintético, marcas de referência Suvinil, Coral ou Metalatex, inclusive selador acrílico, em paredes a três demãos","m2",1,24.3,24.3]
["190106","LABOR - 190106 - 1","Pintura com tinta acrílica, marcas de referência Suvinil, Coral ou Metalatex, inclusive selador acrílico, em paredes e forros, a três demãos","m2",1,20.73,20.73]
["190107","LABOR - 190107 - 1","Pintura com nata de cimento sobre superfície áspera a três demãos","m2",1,3.27,3.27]
["190108","LABOR - 190108 - 1","Pintura a cal a três demãos, em paredes internas ou externas","m2",1,11.68,11.68]
["190109","LABOR - 190109 - 1","Pintura de letra em parede dim. 20x30cm com tinta látex acrílica, marcas de referência Suvinil, Coral ou Metalatex","und",1,23.33,23.33]
["190114","LABOR - 190114 - 1","Selador acrílico a uma demão, marcas de referência Suvinil, Coral ou Metalatex","m2",1,4.7699999999999996,4.7699999999999996]
["190115","LABOR - 190115 - 1","Pintura com tinta látex PVA, marcas de referência Suvinil, Coral ou Metalatex, inclusive selador, em paredes e forros, a duas demãos","m2",1,16.829999999999998,16.829999999999998]
["190116","LABOR - 190116 - 1","Pintura com tinta esmalte sintético, marcas de referência Suvinil, Coral e Metalatex, inclusive selador acrílico, em paredes, a duas demãos","m2",1,19.600000000000001,19.600000000000001]
["190117","LABOR - 190117 - 1","Pintura com tinta acrílica, marcas de referência Suvinil, Coral e Metalatex, inclusive selador acrílico, em paredes e forros, a duas demãos","m2",1,16.89,16.89]
["190121","LABOR - 190121 - 1","Liquido selador para tinta PVA, a uma demão, marcas de referência Suvinil, Coral ou Metalatex","m2",1,2.0699999999999998,2.0699999999999998]
["1902",null,"SOBRE CONCRETO OU BLOCOS CERÂMICOS APARENTES"]
["190201","LABOR - 190201 - 1","Pintura com verniz acrílico, marcas de referência Suvinil, Coral ou Metalatex, sobre concreto ou blocos aparentes, a duas demãos","m2",1,9.1,9.1]
["190202","LABOR - 190202 - 1","Pintura à base de silicone, marcas de referência Suvinil, Coral ou Metalatex, sobre paredes de blocos cerâmicos ou concreto, a uma demão","m2",1,18.77,18.77]
["190203","LABOR - 190203 - 1","Pintura com tinta acrílica, marcas de referência Suvinil, Coral ou Metalatex, inclusive selador acrílico, sobre concreto ou blocos de concreto, a três demãos","m2",1,19.239999999999998,19.239999999999998]
["190204","LABOR - 190204 - 1","Pintura com tinta acrílica, marcas de referência Suvinil, Coral ou Metalatex, inclusive selador acrílico, em cobogós de concreto, a duas demãos","m2",1,25.71,25.71]
["190205","LABOR - 190205 - 1","Caiação de meio-fio, a três demãos","m2",1,9.3000000000000007,9.3000000000000007]
["190211","LABOR - 190211 - 1","Pintura com tinta PVA, sobre concreto ou bloco de concreto, a duas demãos, marcas de referência Suvinil, Coral ou Metalatex","m2",1,16.829999999999998,16.829999999999998]
["1903",null,"SOBRE MADEIRA"]
["190301","LABOR - 190301 - 1","Emassamento de esquadrias de madeira, com duas demãos de massa à base de óleo, marcas de referência Suvinil, Coral ou Metalatex","m2",1,16.84,16.84]
["190302","LABOR - 190302 - 1","Pintura com tinta esmalte sintético, marcas de referência Suvinil, Coral ou Metalatex, inclusive fundo branco nivelador, em madeira, a duas demãos","m2",1,21.87,21.87]
["190303","LABOR - 190303 - 2","Pintura com verniz brilhante, linha Premium, marcas de referência Suvinil, Coral ou Metalatex, em madeira, a três demãos","m2",1,30.6,30.6]
["190306","LABOR - 190306 - 2","Pintura com verniz filtro solar fosco, linha Premium, em madeira, a três demãos, marcas de referência Suvinil, Coral ou Metalatex","m2",1,20.63,20.63]
["1904",null,"SOBRE METAL"]
["190417","LABOR - 190417 - 1","Pintura com tinta esmalte sintético, marcas de referência Suvinil, Coral ou Metalatex, a duas demãos, inclusive fundo anticorrosivo a uma demão, em metal","m2",1,19.14,19.14]
["190418","LABOR - 190418 - 1","Pintura de superfície metálica com uma demão de primer Epoxi e duas demãos de tinta à base de Epoxi","m2",1,31.83,31.83]
["1905",null,"SOBRE ELEMENTOS ESPECIAIS"]
["190501","LABOR - 190501 - 1","Pintura de letras em chapas de ferro, dimensões 20x30cm, com tinta óleo ou esmalte, a duas demãos, marcas de referência Suvinil, Coral ou Metalatex","und",1,4.6100000000000003,4.6100000000000003]
["1906",null,"SOBRE PISOS"]
["190601","LABOR - 190601 - 1","Pintura à base de epoxi, marcas de referência Suvinil, Coral ou Metalatex, em faixas com largura de 5 cm, para demarcação de quadra de esportes","m",1,29.09,29.09]
["190602","LABOR - 190602 - 1","Pintura com tinta à base de resinas acrílicas, marcas de referência Suvinil, Coral ou Metalatex, sobre piso de concreto, a duas demãos","m2",1,31.71,31.71]
["190603","LABOR - 190603 - 2","Pintura sobre pisos, marcas de referência Novacor, Coral ou Suvinil, a duas demãos, Linha Premium","m2",1,17.98,17.98]
["190604","LABOR - 190604 - 1","Pintura à base de epoxi, marcas de referência Suvinil, Coral ou Metalatex, em faixas com largura de 8 cm, para demarcação de quadra de esportes","m",1,46.53,46.53]
["190605","LABOR - 190605 - 5","Aplicação de tinta epóxi de alta espessura semibrilhante sobre piso de concreto a três demãos, inclusive selador epóxi a uma demão - Ref. Intergard 2005 e 2001 - Internacional ou equivalente","m2",1,46.29,46.29]
["20",null,"SERVIÇOS COMPLEMENTARES EXTERNOS"]
["2001",null,"MUROS E FECHAMENTOS"]
["200101","LABOR - 200101 - 3","Alambrado c/ tela losangular de arame fio 12 malha 2\" revest. em PVC com tubo de ferro galvanizado vertical de 2 1/2\" e horizontal de 1\" incl. portão, pintados com esmalte sobre fundo anticorrosivo","m2",1,288.67,288.67]
["200104","LABOR - 200104 - 2","Cerca de madeira com ripas de 7 x 2 cm, altura de 1.50 m e caibro de 8 x 8 cm em madeira de lei espaçados a cada 2.0 m","m",1,296.45,296.45]
["200105","LABOR - 200105 - 2","Cerca com tela fio 16 malha losangular de 2\", fixadas c/ grampos em pontaletes de madeira de lei 8x8cm espaçados de 1.5m, com bases concretadas e com três fios tensores de arame galvanizado n.12","m",1,225.9,225.9]
["200107","LABOR - 200107 - 2","Cerca com cinco fios de arame liso n. 12 fixados com grampos em pontaletes de madeira de lei de 8 x 8cm a cada 2.0 m e altura livre de 1.6 m","m",1,126.95,126.95]
["200108","LABOR - 200108 - 4","Muro de arrimo de concreto ciclópico com aterro na parte posterior, inclusive forma de madeira e dreno de brita","m3",1,888.4,888.4]
["200120","LABOR - 200120 - 3","Cerca H=2.30cm, c/tela losang. arame fio 12 malha 2\" revest. em PVC com mourão curvo de concreto H=3,20m, secção T, fixado emsolo, a cada 3m, c/3 fios de arame farpado na parte curva, incl 3 fios tensores, chumbadores e sapata de 40x40x50cm","m",1,240.14,240.14]
["200124","LABOR - 200124 - 3","Muro de alvenaria de blocos cerâmicos 10x20x20cm, c/ pilares a cada 2 m, esp. 10cm e h=2.5m, revestido com chapisco, reboco e pintura acrílica a 2 demãos, incl. pilares, cintas e sapatas, empregando arg. cimento cal e areia","m",1,803.61,803.61]
["200128","LABOR - 200128 - 2","Alambrado sobre muro existente, executado em tela fio 12 malha 3\", com 02 fios tensores, fixados em tubos de FG 11/2\" colocados a cada 3m (h do alambrado =1,5m), inlcusive chumbamento no muro","m2",1,340.84,340.84]
["200129","LABOR - 200129 - 2","Cerca com mourão de concreto reto H=2.5, base quadrada 10x10cm, fixado em solo a cada 3.0m, com 10 fios de arame galvanizado liso nº 10","m",1,104.56,104.56]
["200130","LABOR - 200130 - 2","Gradil H = 1.90m padrão SEDU em tudo de FG 2\" e barra chata de 11/2\"x1/4\", para fixação sobre mureta conforme projeto, exclusive a mureta.","m",1,1069.6199999999999,1069.6199999999999]
["200131","LABOR - 200131 - 2","Gradil H = 1.90m padrão SEDU em tubo de FG 31/2\" e barra chata de 2\"x1/4\" para fixação sobre mureta conforme projeto, exclusive a mureta.","m",1,1870.46,1870.46]
["2002",null,"PAVIMENTAÇÃO"]
["200202","LABOR - 200202 - 1","Meio-fio de concreto pré-moldado com dimensões de 15x12x30x100 cm , rejuntados com argamassa de cimento e areia no traço 1:3","m",1,50.05,50.05]
["200206","LABOR - 200206 - 1","Blocos pré-moldados de concreto tipo pavi-s ou equivalente, espessura de 8 cm e resistência a compressão mínima de 35MPa, assentados sobre colchão de pó de pedra na espessura de 10 cm","m2",1,69.27,69.27]
["200209","LABOR - 200209 - 1","Passeio de cimentado camurçado com argamassa de cimento e areia no traço 1:3 esp. 1.5cm, e lastro de concreto com 8cm de espessura, inclusive preparo de caixa","m2",1,127.24,127.24]
["200214","LABOR - 200214 - 2","Blocos pré-moldados de concreto tipo pavi-s ou equivalente, espessura 10 cm e resistência a compressão mínima de 35MPa, assentados sobre colchão de pó de pedra na espessura de 10 cm","m2",1,85.59,85.59]
["200223","LABOR - 200223 - 1","Execução de lastro de brita nº 02 sob passeios e ciclovias, incl. escavação","m3",1,188.38,188.38]
["200229","LABOR - 200229 - 2","Meio-fio de concreto moldado in-loco com formas de chapa compensada resinada 6mm, nas dimensões 10 x 30 cm, incl. escavação, reaterro e bota-fora","m",1,67.98,67.98]
["200237","LABOR - 200237 - 1","Blocos pré-moldados de concreto tipo pavi-s ou equivalente, espessura de 6 cm e resistência a compressão mínima de 35MPa, assentados sobre colchão de pó de pedra na espessura de 10 cm","m2",1,62.55,62.55]
["200243","LABOR - 200243 - 3","Canaleta no piso em concreto simples com dimensões internas de 20 x 10 cm e grelha em ferro diam. 1/2\" a cada 3 cm fixados em cantoneira de 3/4\" x 1/8\" apoiada sobre requadro em cantoneira de 1\" x 3/16\"","m",1,290.63,290.63]
["200253","LABOR - 200253 - 1","Fornecimento e assentamento de ladrilho hidráulico pastilhado, vermelho, dim. 20x20 cm, esp. 1.5cm, assentado com pasta de cimento colante, exclusive regularização e lastro","m2",1,74.930000000000007,74.930000000000007]
["200254","LABOR - 200254 - 1","Fornecimento e assentamento de ladrilho hidráulico ranhurado, vermelho, dim. 20x20 cm, esp. 1.5cm, assentado com pasta de cimento colante, exclusive regularização e lastro","m2",1,74.930000000000007,74.930000000000007]
["2003",null,"PAISAGISMO"]
["200303","LABOR - 200303 - 1","Fornecimento de grama tipo esmeralda em placas com espessura de 0.06 m, exclusive plantio","m2",1,9.32,9.32]
["200305","LABOR - 200305 - 1","Fornecimento e espalhamento de areia média lavada","m3",1,156.51,156.51]
["200306","LABOR - 200306 - 2","Fornecimento e espalhamento de brita 1 ou 2","m3",1,152.75,152.75]
["200307","LABOR - 200307 - 1","Fornecimento e espalhamento de terra vegetal","m3",1,196.71,196.71]
["200323","LABOR - 200323 - 1","Fornecimento e espalhamento de pó de pedra","m3",1,118.99,118.99]
["200326","LABOR - 200326 - 1","Fornecimento e plantio de grama em placas tipo esmeralda, inclusive fornecimento de terra vegetal","m2",1,22.39,22.39]
["2004",null,"TRATAMENTO, CONSERVAÇÃO E LIMPEZA"]
["200401","LABOR - 200401 - 2","Limpeza geral da obra (edificação)","m2",1,9.84,9.84]
["200402","LABOR - 200402 - 1","Limpeza geral de obras (quadras, praças e jardins)","m2",1,0.98,0.98]
["200404","LABOR - 200404 - 2","Limpeza de pisos e revestimentos cerâmicos","m2",1,19.11,19.11]
["2005",null,"DIVERSOS EXTERNOS"]
["200511","LABOR - 200511 - 2","Banco de concreto aparente com tampo de 40x40x5 cm e base de 20x20x36 cm para mesa de jogos, conforme detalhe em projeto","und",1,144.57,144.57]
["200512","LABOR - 200512 - 2","Mesa de concreto aparente com tampo de 60x60x5 cm, base de 30x30x75 cm e tabuleiro 40x40cm embutido no concreto, feito com pastilhas de mármore branco e granito preto de 5x5x2cm conf. projeto","und",1,418.18,418.18]
["200513","LABOR - 200513 - 2","Escada tipo marinheiro de tubo de ferro 1\" e 3/4\", com h=4.20m, para acesso a caixa d'água, inclusive pintura em esmalte sintético, conforme detalhe em projeto","und",1,2020.06,2020.06]
["200549","LABOR - 200549 - 1","Brises de chapa de cimento amianto, acabamento esmalte sintético acetinado branco, peça com dimensões 110x25cm (exclusive pintura)","und",1,79.489999999999995,79.489999999999995]
["200562","LABOR - 200562 - 1","Caixa pré-moldada de concreto para aparelho de ar condicionado de 18.000 BTU","und",1,348.27,348.27]
["200563","LABOR - 200563 - 2","Banco de concreto armado aparente com apoios de alvenaria assentada com argamassa de cimento, cal e areia, largura de 0,50m e espessura de 0,05m","m",1,156.28,156.28]
["200572","LABOR - 200572 - 1","Poço c/ anéis pré-moldados diam. 1.5m e profundidade de 7m, inclusive fornecimento","und",1,2424.42,2424.42]
["200573","LABOR - 200573 - 2","Bicicletário em tubo de ferro galvanizado 1\" e ferro liso 1/2\", inclusive pintura, conforme projeto padrão SEDU","m",1,297.81,297.81]
["200576","LABOR - 200576 - 1","Placa para inauguração de obra em alumínio polido e=4mm, dimensões 40 x 50 cm, gravação em baixo relevo, inclusive pintura e fixação","und",1,750.11,750.11]
["2007",null,"QUADRA DE ESPORTES (Ver nota 9 da planilha)"]
["200702","LABOR - 200702 - 7","Piso quadra poliesp. fck=25MPa, esp.=10 cm, armado c/ tela Q138, concret camada única bombeável c/ brita n. 1, acab. sup. c/ rotoalisador, juntas c/ corte serra diamant. preench. c/ mastique, base 5cm solo brita 30% e resina endur","m2",1,120.42,120.42]
["200703","LABOR - 200703 - 1","Pintura à base de epoxi, marcas de referência Suvinil, Coral ou Novacor, em faixas com largura de 5cm, para demarcação de quadras de esportes","m",1,29.09,29.09]
["200704","LABOR - 200704 - 1","Pintura com tinta à base de resinas acrílicas, marcas de referencia Suvinil, Coral ou Novacor, sobre piso de concreto a duas demãos","m2",1,31.71,31.71]
["200705","LABOR - 200705 - 1","Rede para voleibol com malha grossa, faixas de lona superior e inferior","und",1,204.72,204.72]
["200706","LABOR - 200706 - 2","Suporte para tabela de basquete de concreto armado Fck = 15MPa, inclusive forma, armação, lançamento e desforma","und",1,3768.43,3768.43]
["200707","LABOR - 200707 - 2","Trave para futebol de salão de tubo de ferro galvanizado 3\", com recuo, removível, dimensões oficiais 3x2m","und",1,1573.48,1573.48]
["200708","LABOR - 200708 - 1","Conjunto de poste de voleibol de tubo de ferro galvanizado 3\"e parte móvel de 21/2\", inclusive carretilha, furo com tubo de ferro galvanizado de 31/2\"e tampão de furo","und",1,1269.46,1269.46]
["200709","LABOR - 200709 - 1","Tabela de basquete de madeira, com aro, inclusive colocação","und",1,838.63,838.63]
["200711","LABOR - 200711 - 2","Alambrado com tela fio 12, malha de 1\", tubos de ferro galvanizado verticais de 2\" e tubos de ferro galvanizado horizontais de 1\" soldados nas partes superior e inferior, inclusive portão","m2",1,360.6,360.6]
["200713","LABOR - 200713 - 1","Rede para futebol de salão","und",1,189.84,189.84]
["200714","LABOR - 200714 - 1","Preparo, regularização e compactação do terreno (compactador manual) para execução de piso de quadra","m2",1,13.04,13.04]
["200715","LABOR - 200715 - 2","Mureta em alvenaria de blocos cerâmicos 10x20x20cmm, h=0.60cm, para fechamento de quadra, com pilaretes de travamento em concreto armado a cada 3m, inclusive chapisco","m2",1,163.41,163.41]
["200716","LABOR - 200716 - 2","Parede em alvenaria de bloco cerâmico 10x20x20cm, h=2m, para proteção de fundo de gol (quadra poliesportiva), com pilares em concreto armado a cada 3m para travamento, inclusive chapisco","m2",1,133.02000000000001,133.02000000000001]
["200717","LABOR - 200717 - 1","Goivete nas dimensões 2x1 executado sobre alvenaria chapiscada e rebocada","m",1,5.05,5.05]
["200720","LABOR - 200720 - 1","Forn e assent de telhas de liga de alumínio e zinco (galvalume), ondulada, esp. mínima 0.43mm, alt. mínima de onda 17mm, sobrep. lateral de uma onda e longit. 200mm c/ mínimo de 3 apoios, assent. c/ utiliz. de fitas anti-corrosiva","m2",1,76.709999999999994,76.709999999999994]
["200721","LABOR - 200721 - 2","Rede de proteção em nylon malha 10x10 cm para proteção de quadra de esportes","m2",1,15.62,15.62]
["200722","LABOR - 200722 - 1","Projetor marca de referência tecnowatt PL 400MA com lâmpada Vapor de Mercúrio 400W","und",1,517.4,517.4]
["200725","LABOR - 200725 - 1","Pintura a base de epoxi, marcas de referência Suvinil, Coral ou Novacor, em faixas largura de 8cm para demarcação de quadra de esportes","m",1,46.53,46.53]
["200726","LABOR - 200726 - 2","Recuperação de piso de quadra com demolição parcial do concreto e aplicação de granilite, inclusive regularização","m2",1,137.74,137.74]
["200728","LABOR - 200728 - 2","Alambrado com tela losangular de arame fio 12, malha 2\" revestido em PVC com tubo de ferro galvanizado vertical de 21/2\" e horizontal de 1\", inclusive portão, pintados com esmalte sobre fundo anti corrosivo","m2",1,259.14,259.14]
["200738","LABOR - 200738 - 2","Estrut. metálica p/ quadra poliesp. coberta constituída por perfis formados a frio, aço estrutural ASTM A-570 G33 (terças) ASTM A-36 (demais perfis) c/ o sistema de trat. e pint conf descrito em notas da planilha","kg",1,33.590000000000003,33.590000000000003]
["21",null,"SERVIÇOS COMPLEMENTARES INTERNOS"]
["2101",null,"QUADROS DE GIZ / AVISO"]
["210102","LABOR - 210102 - 2","Quadro de giz novo, completo, de fórmica tipo lousa escolar, inclusive pintura do requadro e porta giz com esmalte sintetico","m2",1,366.99,366.99]
["210105","LABOR - 210105 - 2","Quadro de avisos de fórmica lisa brilhante","m2",1,105.43,105.43]
["210107","LABOR - 210107 - 1","Quadro de giz novo, completo, de laminado melamínico verde escolar, inclusive requadro de madeira 2.5 x 5.0 cm e porta giz, com dimensões de 3.95 x 1.29 m","und",1,3119.52,3119.52]
["210109","LABOR - 210109 - 1","Quadro mural de azulejo extra 15 x 15 cm e moldura de madeira de lei de 7.0 x 2.5 cm nas dimensões de 2.09 x 1.04 m","und",1,690.8,690.8]
["210113","LABOR - 210113 - 1","Quadro branco para pincel em laminado melamínico brilhante, dim. 3.00 x 1.50 m, inclusive requadro de alumínio anodizado natural largura de 3cm","und",1,2737.09,2737.09]
["2102",null,"ARMÁRIOS E PRATELEIRAS"]
["210210","LABOR - 210210 - 2","Prateleiras em granito cinza andorinha, esp. 2cm","m2",1,312,312]
["2103",null,"DIVERSOS INTERNOS"]
["210301","LABOR - 210301 - 2","Guarda corpo de tubo de ferro galvanizado, diâm. 3\" e 2\", h=0.8 m inclusive pintura a óleo ou esmalte","m",1,460.05,460.05]
["210302","LABOR - 210302 - 1","Corrimão de tubo de ferro galvanizado diâmetro 3\" com chumbadores a cada 1.50m, inclusive pintura a óleo ou esmalte","m",1,220.14,220.14]
["210304","LABOR - 210304 - 2","Banco de concreto armado aparente Fck=15 MPa, com apoios de concreto, largura de 45cm, espessura de 7cm e altura de 45cm","m",1,209.38,209.38]
["210316","LABOR - 210316 - 1","Alçapão de visita ao barrilete de chapa de madeira de lei medindo 60x60cm, inclusive dobradiça, marco, alizar e fechadura, emassamento e pintura","und",1,647.16,647.16]
["210321","LABOR - 210321 - 2","Proteção para caixa de descarga em malha de ferro 3/4\" fio 12, perfil \"L\" 1\" e barra chata 3/4\" x 1/8\", conf. detalhe","und",1,179.21,179.21]
["210322","LABOR - 210322 - 2","Corrimão em tubo de ferro galvanizado diam. 2\" com chumbadores a cada 1.5m","m",1,186.76,186.76]
["22",null,"APOIO"]
["2208",null,"Locação de veículo tipo Gol 1.000 a gasolina ou equivalente, com até 1 (um) ano de uso, em bom estado de conservação com:"]
["220803","LABOR - 220803 - 2","(Gol 1.000 4P- gasolina - preço LABOR) Seguro total, manutenção, combustível, eventuais taxas e emolumentos, bem como eventual substituição do veículo (se necessário), sem motorista, utilização até 2.000 (dois mil) km/mês","mês",1,3960.1,3960.1]
["31",null,"SERVIÇOS GERAIS"]
["3106",null,"MÃO DE OBRA - (MENSALISTAS - LEIS SOCIAIS = 5%)"]
["310601","LABOR - 310601 - 1","Estagiário 4 horas - UFES (Leis Sociais = 5%)","MS",1,1155,1155]
["3108",null,"ENCARGOS COMPLEMENTARES - EQUIPAMENTOS DE PROTEÇÃO INDIVIDUAL"]
["310801","LABOR - 310801 - 1","Capacete de obra","und",1,11.02,11.02]
["310802","LABOR - 310802 - 1","Uniforme de obra (Calça e camisa)","und",1,128.66999999999999,128.66999999999999]
["310803","LABOR - 310803 - 1","Veste de segurança","und",1,30.3,30.3]
["310804","LABOR - 310804 - 1","Bota de segurança (par)","und",1,54.79,54.79]
["310805","LABOR - 310805 - 1","Óculos de proteção","und",1,4.55,4.55]
["310806","LABOR - 310806 - 1","Luva de raspa (par)","und",1,10.029999999999999,10.029999999999999]
["310807","LABOR - 310807 - 1","Capa de chuva","und",1,18.440000000000001,18.440000000000001]
["310808","LABOR - 310808 - 1","Máscara de ar","und",1,3.06,3.06]
["310809","LABOR - 310809 - 1","Cinto de segurança","und",1,79.45,79.45]
["3109",null,"ENCARGOS COMPLEMENTARES - FERRAMENTAS MANUAIS"]
["310901","LABOR - 310901 - 1","Picareta com cabo","und",1,84.67,84.67]
["310902","LABOR - 310902 - 1","Pá de pedreiro com cabo","und",1,27.46,27.46]
["310903","LABOR - 310903 - 1","Enxada com cabo","und",1,45.63,45.63]
["310904","LABOR - 310904 - 1","Serrote 26\"","und",1,63.59,63.59]
["310905","LABOR - 310905 - 1","Martelo com cabo","und",1,28.78,28.78]
["310906","LABOR - 310906 - 1","Nivel de pedreiro","und",1,28.65,28.65]
["310907","LABOR - 310907 - 1","Alicate universal","und",1,37.72,37.72]
["310908","LABOR - 310908 - 1","Marreta 5 Kg com cabo","und",1,108.99,108.99]
["310909","LABOR - 310909 - 1","Chave de grifo 10\"","und",1,58.75,58.75]
["310910","LABOR - 310910 - 1","Jogo de chave de fenda","und",1,56.67,56.67]
["310911","LABOR - 310911 - 1","Cavadeira de braço","und",1,49.27,49.27]
["310912","LABOR - 310912 - 1","Serra Tico-tico","und",1,511.9,511.9]
["310913","LABOR - 310913 - 1","Serra de disco (circular)","und",1,756.92,756.92]
["310914","LABOR - 310914 - 1","Carrinho de mão","und",1,265.66000000000003,265.66000000000003]
["3125",null,"MÃO DE OBRA (MENSALISTAS - COM DESONERAÇÃO - LEIS SOCIAIS=49,11%)"]
["312501","LABOR - 312501 - 1","Tecnico Segundo Grau -A-(Leis Sociais = 49,11%)","mês",1,5495.45,5495.45]
["312502","LABOR - 312502 - 1","Engenheiro Senior(Leis Sociais = 49,11%)","mês",1,20666.650000000001,20666.650000000001]
["312503","LABOR - 312503 - 1","Programador (Leis Sociais = 49,11%)","mês",1,8603.65,8603.65]
["312504","LABOR - 312504 - 1","Digitador - 6 Horas(Leis Sociais = 49,11%)","mês",1,2633.28,2633.28]
["312505","LABOR - 312505 - 1","Engenheiro Junior (Leis Sociais = 49,11%)","mês",1,14761.89,14761.89]
["312506","LABOR - 312506 - 1","Tecnico Segundo Grau -B (Leis Sociais = 49,11%)","mês",1,4391.29,4391.29]
["312507","LABOR - 312507 - 1","Tecnico Segundo Grau-C - (Leis Sociais = 49,11%)","mês",1,3976.76,3976.76]
["312508","LABOR - 312508 - 1","Gerente de Projeto (Leis Sociais = 49,11%)","mês",1,11779.69,11779.69]
["312509","LABOR - 312509 - 1","Analista de Sistemas (Leis Sociais = 49,11%)","mês",1,9781.6200000000008,9781.6200000000008]
["312510","LABOR - 312510 - 1","Analista de Desenvolvimento (Leis Sociais = 49,11%)","mês",1,9781.6200000000008,9781.6200000000008]
["312511","LABOR - 312511 - 1","Gerente Bd/Servidores/Redes (Leis Sociais = 49,11%)","mês",1,9990.3700000000008,9990.3700000000008]
["312512","LABOR - 312512 - 1","Designer Gráfico (Leis Sociais = 49,11%)","mês",1,9155.35,9155.35]
["312513","LABOR - 312513 - 1","Analista Sistemas/Suporte(Leis Sociais = 49,11%)","mês",1,9785.34,9785.34]
["312514","LABOR - 312514 - 1","Coordenador Tecnico Especialista(Leis Sociais = 49,11%)","mês",1,21173.62,21173.62]
["312515","LABOR - 312515 - 1","Cotador(Leis Sociais = 49,11%)","mês",1,5487.25,5487.25]
["312516","LABOR - 312516 - 1","Tecnico Nivel Superior (Leis Sociais = 49,11%)","mês",1,11846.79,11846.79]
["312517","LABOR - 312517 - 1","Engenheiro Pleno(Leis Sociais = 49,11%)","mês",1,17714.27,17714.27]
["312518","LABOR - 312518 - 1","Almoxarife(Leis Sociais = 49,11%)","mês",1,2450.77,2450.77]
["312519","LABOR - 312519 - 1","Mestre Obras Senior (Leis Sociais = 49,11%)","mês",1,4409.62,4409.62]
["312520","LABOR - 312520 - 1","Vigia (Leis Sociais = 49,11%)","mês",1,1791.11,1791.11]
["312522","LABOR - 312522 - 1","Encarregado de Turma (Leis Sociais = 49,11%)","mês",1,3391.95,3391.95]
["3126",null,"MÃO DE OBRA (MENSALISTAS - SEM DESONERAÇÃO - LEIS SOCIAIS=72,68%)"]
["312601","LABOR - 312601 - 1","Tecnico Segundo Grau -A-(Leis Sociais = 72,68%)","mês",1,6364.12,6364.12]
["312602","LABOR - 312602 - 1","Engenheiro Senior (Leis Sociais = 72,68%)","mês",1,23933.45,23933.45]
["312603","LABOR - 312603 - 1","Programador (Leis Sociais = 72,68%)","mês",1,9963.64,9963.64]
["312604","LABOR - 312604 - 1","Digitador - 6 Horas (Leis Sociais = 72,68%)","mês",1,3049.53,3049.53]
["312605","LABOR - 312605 - 1","Engenheiro Junior (Leis Sociais = 72,68%)","mês",1,17095.32,17095.32]
["312606","LABOR - 312606 - 1","Tecnico Segundo Grau -B (Leis Sociais = 72,68%)","mês",1,5085.43,5085.43]
["312607","LABOR - 312607 - 1","Tecnico Segundo Grau-C - (Leis Sociais = 72,68%)","mês",1,4605.38,4605.38]
["312608","LABOR - 312608 - 1","Gerente de Projeto (Leis Sociais = 72,68%)","mês",1,13641.72,13641.72]
["312609","LABOR - 312609 - 1","Analista de Sistemas (Leis Sociais = 72,68%)","mês",1,11327.81,11327.81]
["312610","LABOR - 312610 - 1","Analista de Desenvolvimento (Leis Sociais = 72,68%)","mês",1,11327.81,11327.81]
["312611","LABOR - 312611 - 1","Gerente Bd/Servidores/Redes (Leis Sociais = 72,68%)","mês",1,11569.56,11569.56]
["312612","LABOR - 312612 - 1","Designer Gráfico (Leis Sociais = 72,68%)","mês",1,10602.55,10602.55]
["312613","LABOR - 312613 - 1","Analista Sistemas/Suporte (Leis Sociais = 72,68%)","mês",1,11332.13,11332.13]
["312614","LABOR - 312614 - 1","Coordenador Tecnico Especialista (Leis Sociais = 72,68%)","mês",1,24520.560000000001,24520.560000000001]
["312615","LABOR - 312615 - 1","Cotador (Leis Sociais = 72,68%)","mês",1,6354.62,6354.62]
["312616","LABOR - 312616 - 1","Tecnico Nivel Superior (Leis Sociais = 72,68%)","mês",1,13719.43,13719.43]
["312617","LABOR - 312617 - 1","Engenheiro Pleno (Leis Sociais = 72,68%)","mês",1,20514.38,20514.38]
["312618","LABOR - 312618 - 1","Almoxarife (Leis Sociais = 72,68%)","mês",1,2838.17,2838.17]
["312619","LABOR - 312619 - 1","Mestre Obras Senior (Leis Sociais = 72,68%)","mês",1,5106.6499999999996,5106.6499999999996]
["312620","LABOR - 312620 - 1","Vigia (Leis Sociais = 72,68%)","mês",1,2074.23,2074.23]
["312621","LABOR - 312621 - 1","Aux Almoxarife (Leis Sociais = 72,68%)","mês",1,2074.23,2074.23]
["312622","LABOR - 312622 - 1","Encarregado de Turma (Leis Sociais = 72,68%)","mês",1,3928.12,3928.12]
["312620","LABOR - 312620 - 1","Vigia (Leis Sociais = 72,68%)","mês",1,2074.23,2074.23]
["312621","LABOR - 312621 - 1","Aux Almoxarife (Leis Sociais = 72,68%)","mês",1,2074.23,2074.23]
["312622","LABOR - 312622 - 1","Encarregado de Turma (Leis Sociais = 72,68%)","mês",1,3928.12,3928.12]

{"sheet":"COMP.3_POÇO DE VISITA","index":6,"n_rows":25,"n_cols":8,"rows_kept":25,"cut":false,"hidden":true,"merged":[[23,1,23,7],[24,1,24,7],[2,7,7,7],[9,1,9,7],[13,1,13,7],[18,1,18,6],[22,1,22,7]]}
[]
[]
[null,{"$f":"PLANILHA!B3","v":"OBRA: RECONSTRUÇÃO GALPÃO DE DESTINAÇÃO DE LIXO"}]
[null,{"$f":"PLANILHA!B4","v":"LOCAL: BAIRRO BANANEIRAS-VENDA NOVA DO IMIGRANTE/ES"}]
[null,{"$f":"PLANILHA!B5","v":"PROPRIETÁRIO: PREFEITURA MUNICIPAL DE VENDA NOVA DO IMIGRANTE"}]
[null,{"$f":"PLANILHA!B6","v":"DATA: 24/12/2021"}]
[null,{"$f":"PLANILHA!B7","v":"REFERENCIAL DE PREÇOS: IOPES / SINAPI"}]
[]
[]
[null,"COMPOSIÇÃO 03"]
[]
[null,null,"COMP. 03","POÇO DE VISITA CIRCULAR PARA DRENAGEM, EM CONCRETO PRÉ-MOLDADO, DIÂMETRO INTERNO = 1,2 M, PROFUNDIDADE DE 1,50 A 2,00 M, INCLUINDO TAMPÃO DE FERRO FUNDIDO DIÂMETRO DE 60 CM.","M3",1]
[null,null,"Código","Descrição","Und","Coeficiente","Preço Unitário","Preço Total"]
[null,"MATERIAL"]
[null,"SINAPI",102457,"BASE PARA POÇO DE VISITA CIRCULAR PARA DRENAGEM, EM CONCRETO PRÉ-MOLDADO, DIÂMETRO INTERNO = 1,2 M, PROFUNDIDADE = 1,45 M, EXCLUINDO TAMPÃO. ","UN",0.5,1124.4100000000001,{"$f":"ROUND(F15*G15,2)","v":562.21}]
[null,"SINAPI",99240,"ACRÉSCIMO PARA POÇO DE VISITA CIRCULAR PARA DRENAGEM, EM CONCRETO PRÉ-MOLDADO, DIÂMETRO INTERNO = 1,2 M. ","M",1,422.41,{"$f":"ROUND(F16*G16,2)","v":422.41}]
[null,"SINAPI",98114,"TAMPA CIRCULAR PARA ESGOTO E DRENAGEM, EM FERRO FUNDIDO, DIÂMETRO INTERNO = 0,6 M. ","UN",1,720.85,{"$f":"ROUND(F17*G17,2)","v":720.85}]
[null,null,null,null,null,null,"SUBTOTAL:",{"$f":"SUM(H15:H17)","v":1705.4700000000003}]
[null,"TOTAL :",null,null,null,null,null,{"$f":"SUM(H15:H17)","v":1705.4700000000003}]
[]
[]
[]
[null,"_______________________________________________________________________"]
[null,"MACIEL CASAGRANDE"]
[null,"ENGENHEIRO CIVIL CREA ES 6698/D"]